{"text_format":"2","workbook":"xlsx","n_sheets":31,"sheets":["ATESTAÇÃO","RESUMO MODULO TOTAL","Planilha2","CPU CODEVASF","Codevasf.Aux","CURVA","MOMENTO DE TRANSPORTE - PRINC","MOMENTO DE TRANSPORTE - AUX","MC MODULO","ORSE","CPUs Auxs","COTAÇÕES","CRONOGRAMA TOTAL"," CONSUMO DE MAT. B TOTAL","Mob e Desmob","BDI","Transporte Cap 50-70","Transporte CM-30","Transporte RR-1C","RESUMO_Transp","ANP ESTADO","ANP REGIÃO","Planilha1","SINTÉTICO SICRO","MO Sicro","Consult SICRO","INSUMOS SINAPI","COMP Sint. Sinapi","ENC. SOCIAIS SINAPI","ENC. SOCIAIS SICRO","Ind Reaj Rodo"],"not_rendered":{"charts":0,"images":10,"macros":0,"external_links":5,"defined_names":55,"comments":2,"pivot_tables":0},"unopened":[],"bounds":{"document_bytes":16777216,"sheet_cells":100000,"run_cost":"one","rows_first":2000,"rows_last":500,"rows_between":2000,"halvings":0,"cell_chars":16384,"cell_head_chars":4096},"cells_cut":0,"cells_raw":0,"read":"whole","date_system":"1900"}

{"sheet":"ATESTAÇÃO","index":0,"n_rows":31,"n_cols":13,"rows_kept":31,"cut":false,"hidden":false,"merged":[[0,0,2,5],[3,0,3,12],[10,0,15,0],[10,6,15,6],[10,7,15,7],[10,8,15,8],[10,12,15,12],[4,0,4,5],[4,6,4,8],[6,6,8,6],[6,7,8,7],[6,8,8,8],[6,12,8,12],[6,0,8,0],[17,12,22,12],[17,8,22,8],[17,0,22,0],[17,6,22,6],[17,7,22,7]]}
[]
[]
[]
[" CONTRATAÇÃO DE EXECUÇÃO DE PAVIMENTO ASFÁLTICO COM CBUQ, EM VIAS DE DIVERSOS MUNICÍPIOS DA REGIÃO METROPOLITANA DE RECIFE/PE, ÁREA DE ATUAÇÃO DA 15ª SUPERINTENDÊNCIA REGIONAL DA CODEVASF."]
["PLANILHA",{"$nulls":5},"QUALIFICAÇÃO TÉCNICA",null,null,"BDI  DIFERENCIADO% =",0.15]
["ITEM","ORIGEM\nCOMPOSIÇÃO","CÓDIGO\nCOMPOSIÇÃO","DISCRIMINAÇÃO DOS SERVIÇOS","UND","QTDE","DISCRIMINAÇÃO DOS SERVIÇOS","UND","QTDE (50%)","PREÇO UNITÁRIO COM BDI","PREÇO TOTAL COM BDI ","%","% ACM"]
[1,"Codevasf.Aux","CPU 079","EXECUÇÃO E COMPACTAÇÃO DE BASE E OU SUB BASE PARA PAVIMENTAÇÃO DE MACADAME HIDRÁULICO - EXCLUSIVE CARGA E TRANSPORTE.","m³",4578.26,"EXECUÇÃO E COMPACTAÇÃO DE BASE E OU SUB BASE PARA PAVIMENTAÇÃO","m³",{"$f":"(F7+F8)/2","v":5066.63},236.79,{"$f":"TRUNC(F7*J7,2)","v":1084086.18},{"$f":"K7/$K$31","v":5.04E-2},{"$f":"SUM(L7:L9)","v":0.154}]
[null,"SINAPI","96396","EXECUÇÃO E COMPACTAÇÃO DE BASE E OU SUB BASE PARA PAVIMENTAÇÃO DE BRITA GRADUADA SIMPLES - EXCLUSIVE CARGA E TRANSPORTE. AF_11/2019","m³",5554.99,null,null,null,214.19,{"$f":"TRUNC(F8*J8,2)","v":1189823.3},{"$f":"K8/$K$31","v":5.5399999999999998E-2}]
[null,"SINAPI","95876","TRANSPORTE COM CAMINHÃO BASCULANTE DE 14 M³, EM VIA URBANA PAVIMENTADA, DMT ATÉ 30 KM","m³xkm",392472.87,null,null,null,2.64,{"$f":"TRUNC(F9*J9,2)","v":1036128.37},{"$f":"K9/$K$31","v":4.82E-2}]
[]
[2,"SINAPI","90747","ASSENTAMENTO DE TUBO DE PEAD CORRUGADO DE DUPLA PAREDE, DN 600 MM, JUNTA ELÁSTICA INTEGRADA (NÃO INCLUI FORNECIMENTO). AF_01/2021","m",1282.8800000000001,"FORNECIMENTO E ASSENTAMENTO DE TUBO DE PEAD CORRUGADO DE DUPLA PAREDE, 300MM <=DN<= 600 MM","m",{"$f":"(F12+F14+F16)/2","v":924.82},22.84,{"$f":"TRUNC(F11*J11,2)","v":29300.97},{"$f":"K11/$K$31","v":1.4E-3},{"$f":"SUM(L11:L16)","v":0.12859999999999999}]
[null,"SINAPI INS.",41782,"TUBO CORRUGADO PEAD, PAREDE DUPLA, INTERNA LISA, JEI, DN/DI 600 MM, PARA SANEAMENTO (DRENAGEM/ESGOTO)","m",1347.02,null,null,null,1778.87,2396173.46,0.1115]
[null,"SINAPI","90746","ASSENTAMENTO DE TUBO DE PEAD CORRUGADO DE DUPLA PAREDE, DN 450 MM, JUNTA ELÁSTICA INTEGRADA (NÃO INCLUI FORNECIMENTO). AF_01/2021","m",267.97000000000003,null,null,null,5.1100000000000003,1369.32,1E-4]
[null,"SINAPI INS.",41781,"TUBO CORRUGADO PEAD, PAREDE DUPLA, INTERNA LISA, JEI, DN/DI *400* MM, PARA SANEAMENTO (DRENAGEM/ESGOTO)","m",281.37,null,null,null,804.82,226452.2,1.0500000000000001E-2]
[null,"SINAPI","94872","ASSENTAMENTO DE TUBO DE PEAD CORRUGADO DE DUPLA PAREDE, DN 300 MM, JUNTA ELÁSTICA INTEGRADA (NÃO INCLUI FORNECIMENTO). AF_01/2021","m",210.7,null,null,null,3.41,718.48,0]
[null,"SINAPI INS.",41780,"TUBO CORRUGADO PEAD, PAREDE DUPLA, INTERNA LISA, JEI, DN/DI 300 MM, PARA SANEAMENTO (DRENAGEM/ESGOTO)","m",221.24,null,null,null,496.59,109865.57,5.1000000000000004E-3]
[]
[3,"SICRO",4011463,"Execução de pavimento com aplicação de concreto asfáltico - faixa C - areia e brita comerciais","t",2772,"Execução de pavimento com aplicação de concreto asfáltico - faixa C - areia e brita comerciais","t",{"$f":"F18/2","v":1386},235.7,{"$f":"TRUNC(F18*J18,2)","v":653360.4},{"$f":"K18/$K$31","v":3.04E-2},{"$f":"SUM(L18:L23)","v":0.109}]
[null,"SICRO",5914389,"Transporte com caminhão basculante de 10 m³ - rodovia pavimentada","tkm",{"$f":"'MOMENTO DE TRANSPORTE - PRINC'!K27+'MOMENTO DE TRANSPORTE - AUX'!K20+'MOMENTO DE TRANSPORTE - AUX'!K21+'MOMENTO DE TRANSPORTE - AUX'!K22+'MOMENTO DE TRANSPORTE - AUX'!K24","v":705056.24},null,null,null,0.95,669803.42000000004,3.1199999999999999E-2]
[null,"SICRO",5914479,"Transporte com caminhão carroceria de 15 t - rodovia pavimentada","tkm",20.96,null,null,null,0.88,18.440000000000001,0]
[null,"SICRO",5914366,"Transporte de cimento ou cal hidratada a granel com caminhão silo de 30 m³ - rodovia pavimentada","tkm",9534.1299999999992,null,null,null,0.72,6864.57,2.9999999999999997E-4]
[null,"CODEVASF","CPU-13","AQUISIÇÃO DE CIMENTO ASFALTICO CAP 50/70","t",175.27,null,null,null,5096.76,893309.12,4.1599999999999998E-2]
[null,"CODEVASF","CPU-17","TRANSPORTE CAP 50/70","t",175.27,null,null,null,671.89,117762.16,5.4999999999999997E-3]
[]
[4,"SICRO",2003939,"Meio-fio de concreto - MFC 01 moldado no local com extrusora e concreto usinado - areia e brita comerciais","m",14436.58,"Meio-fio de concreto - MFC 01 moldado no local com extrusora e concreto usinado - areia e brita comerciais","m",{"$f":"F25/2","v":7218.29},87.64,{"$f":"TRUNC(F25*J25,2)","v":1265221.8700000001},{"$f":"K25/$K$31","v":5.8900000000000001E-2},{"$f":"L25","v":5.8900000000000001E-2}]
[]
[5,"SINAPI","94991","EXECUÇÃO DE PASSEIO (CALÇADA) OU PISO DE CONCRETO COM CONCRETO MOLDADO IN LOCO, USINADO C20, ACABAMENTO CONVENCIONAL, NÃO ARMADO. AF_08/2022","m³",1176.2,"EXECUÇÃO DE PASSEIO (CALÇADA) OU PISO DE CONCRETO COM CONCRETO MOLDADO IN LOCO, USINADO C20, ACABAMENTO CONVENCIONAL, NÃO ARMADO. AF_08/2022","m³",1176.2,841.93,{"$f":"TRUNC(F27*J27,2)","v":990278.06},{"$f":"K27/$K$31","v":4.6100000000000002E-2},{"$f":"L27","v":4.6100000000000002E-2}]
[]
[6,"SINAPI","92745","MURO DE GABIÃO, ENCHIMENTO COM PEDRA DE MÃO TIPO RACHÃO, DE GRAVIDADE, COM GAIOLAS DE COMPRIMENTO IGUAL A 2 M, PARA MUROS COM ALTURA MAIOR QUE 4 M E MENOR OU IGUAL A 6 M \u0096 FORNECIMENTO E EXECUÇÃO. AF_12/2015","M3",708.98,"MURO DE GABIÃO, ENCHIMENTO COM PEDRA DE MÃO TIPO RACHÃO, DE GRAVIDADE, COM GAIOLAS DE COMPRIMENTO IGUAL A 2 M, PARA MUROS COM ALTURA MAIOR QUE 4 M E MENOR OU IGUAL A 6 M \u0096 FORNECIMENTO E EXECUÇÃO. AF_12/2015","M3",{"$f":"F29/2","v":354.49},1022.64,{"$f":"TRUNC(F29*J29,2)","v":725031.3},{"$f":"K29/$K$31","v":3.3700000000000001E-2},{"$f":"L29","v":3.3700000000000001E-2}]
[]
[{"$nulls":10},21488436]

{"sheet":"RESUMO MODULO TOTAL","index":1,"n_rows":133,"n_cols":14,"rows_kept":133,"cut":false,"hidden":false,"merged":[[1,0,3,5],[131,0,131,6],[5,3,6,3],[5,2,6,2],[5,1,6,1],[5,0,6,0],[4,0,4,7]]}
[" CONTRATAÇÃO DE EXECUÇÃO DE PAVIMENTO ASFÁLTICO COM CBUQ, EM VIAS URBANAS DE RECIFE/PE, ÁREA DE ATUAÇÃO DA 15ª SUPERINTENDÊNCIA REGIONAL DA CODEVASF."]
[{"$nulls":6},"SICRO:",{"$f":"'SINTÉTICO SICRO'!B2","v":"Pernambuco - Julho/2023"}]
[{"$nulls":6},"SINAPI:",{"$f":"RIGHT('INSUMOS SINAPI'!A3,7)","v":"09/2023"}]
[{"$nulls":6},"Data Base do Orçamento","2023-09-01"]
[{"$f":"A1","v":" CONTRATAÇÃO DE EXECUÇÃO DE PAVIMENTO ASFÁLTICO COM CBUQ, EM VIAS URBANAS DE RECIFE/PE, ÁREA DE ATUAÇÃO DA 15ª SUPERINTENDÊNCIA REGIONAL DA CODEVASF."}]
["ITEM","ORIGEM\nCOMPOSIÇÃO","CÓDIGO\nCOMPOSIÇÃO","DISCRIMINAÇÃO DOS SERVIÇOS","BDI % = ",{"$f":"BDI!$C$17","v":0.2339},"BDI  DIFERENCIADO% =",{"$f":"BDI!$C$65","v":0.15},{"$f":"H132","v":25847943.32}]
[{"$nulls":4},"UND","QTDE","PREÇO UNITÁRIO COM BDI","PREÇO TOTAL COM BDI "]
[null,null,null,"ADMINISTRAÇÃO DA OBRA"]
[1,"Codevasf","CPU-02","Atualização do projeto de drenagem e pavimentação - as built final","m",{"$f":"'[3]Planilha unificada'!$T$15","v":4067.42},{"$f":"IF(B9=\"Codevasf\",VLOOKUP(C9,'CPU CODEVASF'!E:H,4,0),IF(B9=\"SICRO\",VLOOKUP(C9,'SINTÉTICO SICRO'!A:D,4,0)*(1+$F$6),IF(B9=\"SINAPI\",VLOOKUP('RESUMO MODULO TOTAL'!C9,'COMP Sint. Sinapi'!G:M,5,0)*(1+$F$6),IF(B9=\"ORSE\",VLOOKUP(C9,ORSE!A:E,5,0)*(1+$F$6),IF(B9=\"COTAÇÃO\",VLOOKUP(C9,COTAÇÕES!A:E,5,0)*(1+$H$6),IF(B9=\"Codevasf.Aux\",VLOOKUP(C9,Codevasf.Aux!B:J,9,0)*(1+$F$6),IF(B9=\"SINAPI INS.\",VLOOKUP(C9,'INSUMOS SINAPI'!A:E,5,0)*(1+$H$6))))))))","v":13.28},{"$f":"TRUNC(F9*G9,2)","v":54015.33}]
[2,"Codevasf","CPU-03","Administração Local","%",1,{"$f":"IF(B10=\"Codevasf\",VLOOKUP(C10,'CPU CODEVASF'!E:H,4,0),IF(B10=\"SICRO\",VLOOKUP(C10,'SINTÉTICO SICRO'!A:D,4,0)*(1+$F$6),IF(B10=\"SINAPI\",VLOOKUP('RESUMO MODULO TOTAL'!C10,'COMP Sint. Sinapi'!G:M,5,0)*(1+$F$6),IF(B10=\"ORSE\",VLOOKUP(C10,ORSE!A:E,5,0)*(1+$F$6),IF(B10=\"COTAÇÃO\",VLOOKUP(C10,COTAÇÕES!A:E,5,0)*(1+$H$6),IF(B10=\"Codevasf.Aux\",VLOOKUP(C10,Codevasf.Aux!B:J,9,0)*(1+$F$6),IF(B10=\"SINAPI INS.\",VLOOKUP(C10,'INSUMOS SINAPI'!A:E,5,0)*(1+$H$6))))))))","v":635329.17000000004},{"$f":"TRUNC(F10*G10,2)","v":635329.17000000004},null,{"$f":"H10/$H$132","v":2.46E-2}]
[3,"Codevasf","CPU-04","Canteiro de Obras e Almoxarifado","%",1,{"$f":"IF(B11=\"Codevasf\",VLOOKUP(C11,'CPU CODEVASF'!E:H,4,0),IF(B11=\"SICRO\",VLOOKUP(C11,'SINTÉTICO SICRO'!A:D,4,0)*(1+$F$6),IF(B11=\"SINAPI\",VLOOKUP('RESUMO MODULO TOTAL'!C11,'COMP Sint. Sinapi'!G:M,5,0)*(1+$F$6),IF(B11=\"ORSE\",VLOOKUP(C11,ORSE!A:E,5,0)*(1+$F$6),IF(B11=\"COTAÇÃO\",VLOOKUP(C11,COTAÇÕES!A:E,5,0)*(1+$H$6),IF(B11=\"Codevasf.Aux\",VLOOKUP(C11,Codevasf.Aux!B:J,9,0)*(1+$F$6),IF(B11=\"SINAPI INS.\",VLOOKUP(C11,'INSUMOS SINAPI'!A:E,5,0)*(1+$H$6))))))))","v":340072.8},{"$f":"TRUNC(F11*G11,2)","v":340072.8},null,{"$f":"H11/$H$132","v":1.32E-2}]
[4,"Codevasf","CPU-01","Placa de Obra em Chapa de Aço Galvanizado","und",14,{"$f":"IF(B12=\"Codevasf\",VLOOKUP(C12,'CPU CODEVASF'!E:H,4,0),IF(B12=\"SICRO\",VLOOKUP(C12,'SINTÉTICO SICRO'!A:D,4,0)*(1+$F$6),IF(B12=\"SINAPI\",VLOOKUP('RESUMO MODULO TOTAL'!C12,'COMP Sint. Sinapi'!G:M,5,0)*(1+$F$6),IF(B12=\"ORSE\",VLOOKUP(C12,ORSE!A:E,5,0)*(1+$F$6),IF(B12=\"COTAÇÃO\",VLOOKUP(C12,COTAÇÕES!A:E,5,0)*(1+$H$6),IF(B12=\"Codevasf.Aux\",VLOOKUP(C12,Codevasf.Aux!B:J,9,0)*(1+$F$6),IF(B12=\"SINAPI INS.\",VLOOKUP(C12,'INSUMOS SINAPI'!A:E,5,0)*(1+$H$6))))))))","v":1388.69},{"$f":"TRUNC(F12*G12,2)","v":19441.66},null,{"$f":"H12/$H$132","v":8.0000000000000004E-4}]
[5,"Codevasf","CPU-29","Veículo para apoio a fiscalização da Codevasf","mês",12,{"$f":"IF(B13=\"Codevasf\",VLOOKUP(C13,'CPU CODEVASF'!E:H,4,0),IF(B13=\"SICRO\",VLOOKUP(C13,'SINTÉTICO SICRO'!A:D,4,0)*(1+$F$6),IF(B13=\"SINAPI\",VLOOKUP('RESUMO MODULO TOTAL'!C13,'COMP Sint. Sinapi'!G:M,5,0)*(1+$F$6),IF(B13=\"ORSE\",VLOOKUP(C13,ORSE!A:E,5,0)*(1+$F$6),IF(B13=\"COTAÇÃO\",VLOOKUP(C13,COTAÇÕES!A:E,5,0)*(1+$H$6),IF(B13=\"Codevasf.Aux\",VLOOKUP(C13,Codevasf.Aux!B:J,9,0)*(1+$F$6),IF(B13=\"SINAPI INS.\",VLOOKUP(C13,'INSUMOS SINAPI'!A:E,5,0)*(1+$H$6))))))))","v":10245.56},{"$f":"TRUNC(F13*G13,2)","v":122946.72}]
[null,null,null,"SERVIÇOS INICIAIS"]
[{"$f":"A13+1","v":6},"Codevasf","CPU-16","Serviços topográficos para pavimentação, inclusive notas de serviços, acompanhamento e greide","m²",{"$f":"'[3]Planilha unificada'!$T$79+'[3]Planilha unificada'!$T$82+'[3]Planilha unificada'!$T$85+'[3]Planilha unificada'!$T$87","v":44047.5},{"$f":"IF(B15=\"Codevasf\",VLOOKUP(C15,'CPU CODEVASF'!E:H,4,0),IF(B15=\"SICRO\",VLOOKUP(C15,'SINTÉTICO SICRO'!A:D,4,0)*(1+$F$6),IF(B15=\"SINAPI\",VLOOKUP('RESUMO MODULO TOTAL'!C15,'COMP Sint. Sinapi'!G:M,5,0)*(1+$F$6),IF(B15=\"ORSE\",VLOOKUP(C15,ORSE!A:E,5,0)*(1+$F$6),IF(B15=\"COTAÇÃO\",VLOOKUP(C15,COTAÇÕES!A:E,5,0)*(1+$H$6),IF(B15=\"Codevasf.Aux\",VLOOKUP(C15,Codevasf.Aux!B:J,9,0)*(1+$F$6),IF(B15=\"SINAPI INS.\",VLOOKUP(C15,'INSUMOS SINAPI'!A:E,5,0)*(1+$H$6))))))))","v":0.55000000000000004},{"$f":"TRUNC(F15*G15,2)","v":24226.12}]
[{"$f":"A15+1","v":7},"Codevasf","CPU-22","Fornecimento e montagem de tela de sinalização laranja (H=1,20m)","m",{"$f":"'[3]Planilha unificada'!$T$26","v":9884.69},{"$f":"IF(B16=\"Codevasf\",VLOOKUP(C16,'CPU CODEVASF'!E:H,4,0),IF(B16=\"SICRO\",VLOOKUP(C16,'SINTÉTICO SICRO'!A:D,4,0)*(1+$F$6),IF(B16=\"SINAPI\",VLOOKUP('RESUMO MODULO TOTAL'!C16,'COMP Sint. Sinapi'!G:M,5,0)*(1+$F$6),IF(B16=\"ORSE\",VLOOKUP(C16,ORSE!A:E,5,0)*(1+$F$6),IF(B16=\"COTAÇÃO\",VLOOKUP(C16,COTAÇÕES!A:E,5,0)*(1+$H$6),IF(B16=\"Codevasf.Aux\",VLOOKUP(C16,Codevasf.Aux!B:J,9,0)*(1+$F$6),IF(B16=\"SINAPI INS.\",VLOOKUP(C16,'INSUMOS SINAPI'!A:E,5,0)*(1+$H$6))))))))","v":19.91},196804.17]
[{"$f":"A16+1","v":8},"Codevasf","CPU-23","Fornecimento e implantação de cavalete de sinalização de obras","UND",{"$f":"'[3]Planilha unificada'!$T$27","v":35},{"$f":"IF(B17=\"Codevasf\",VLOOKUP(C17,'CPU CODEVASF'!E:H,4,0),IF(B17=\"SICRO\",VLOOKUP(C17,'SINTÉTICO SICRO'!A:D,4,0)*(1+$F$6),IF(B17=\"SINAPI\",VLOOKUP('RESUMO MODULO TOTAL'!C17,'COMP Sint. Sinapi'!G:M,5,0)*(1+$F$6),IF(B17=\"ORSE\",VLOOKUP(C17,ORSE!A:E,5,0)*(1+$F$6),IF(B17=\"COTAÇÃO\",VLOOKUP(C17,COTAÇÕES!A:E,5,0)*(1+$H$6),IF(B17=\"Codevasf.Aux\",VLOOKUP(C17,Codevasf.Aux!B:J,9,0)*(1+$F$6),IF(B17=\"SINAPI INS.\",VLOOKUP(C17,'INSUMOS SINAPI'!A:E,5,0)*(1+$H$6))))))))","v":17.13},599.54999999999995]
[9,"SICRO",5213835,"Cone plastico para sinalização","unid.dia",{"$f":"F19","v":836},{"$f":"IF(B18=\"Codevasf\",VLOOKUP(C18,'CPU CODEVASF'!E:H,4,0),IF(B18=\"SICRO\",VLOOKUP(C18,'SINTÉTICO SICRO'!A:D,4,0)*(1+$F$6),IF(B18=\"SINAPI\",VLOOKUP('RESUMO MODULO TOTAL'!C18,'COMP Sint. Sinapi'!G:M,5,0)*(1+$F$6),IF(B18=\"ORSE\",VLOOKUP(C18,ORSE!A:E,5,0)*(1+$F$6),IF(B18=\"COTAÇÃO\",VLOOKUP(C18,COTAÇÕES!A:E,5,0)*(1+$H$6),IF(B18=\"Codevasf.Aux\",VLOOKUP(C18,Codevasf.Aux!B:J,9,0)*(1+$F$6),IF(B18=\"SINAPI INS.\",VLOOKUP(C18,'INSUMOS SINAPI'!A:E,5,0)*(1+$H$6))))))))","v":1.01},844.36]
[10,"SICRO",5213383,"Cavalete zebrado","unid.dia",{"$f":"'[3]Planilha unificada'!$T$20*22","v":836},{"$f":"IF(B19=\"Codevasf\",VLOOKUP(C19,'CPU CODEVASF'!E:H,4,0),IF(B19=\"SICRO\",VLOOKUP(C19,'SINTÉTICO SICRO'!A:D,4,0)*(1+$F$6),IF(B19=\"SINAPI\",VLOOKUP('RESUMO MODULO TOTAL'!C19,'COMP Sint. Sinapi'!G:M,5,0)*(1+$F$6),IF(B19=\"ORSE\",VLOOKUP(C19,ORSE!A:E,5,0)*(1+$F$6),IF(B19=\"COTAÇÃO\",VLOOKUP(C19,COTAÇÕES!A:E,5,0)*(1+$H$6),IF(B19=\"Codevasf.Aux\",VLOOKUP(C19,Codevasf.Aux!B:J,9,0)*(1+$F$6),IF(B19=\"SINAPI INS.\",VLOOKUP(C19,'INSUMOS SINAPI'!A:E,5,0)*(1+$H$6))))))))","v":1.01},844.36]
[11,"SINAPI",{"$f":"\"99061\"","v":"99061"},"LOCAÇÃO COM CAVALETE COM ALTURA DE 0,50 M - 2 UTILIZAÇÕES. AF_10/2018","UND",{"$f":"'[3]Planilha unificada'!$T$30","v":48},{"$f":"IF(B20=\"Codevasf\",VLOOKUP(C20,'CPU CODEVASF'!E:H,4,0),IF(B20=\"SICRO\",VLOOKUP(C20,'SINTÉTICO SICRO'!A:D,4,0)*(1+$F$6),IF(B20=\"SINAPI\",VLOOKUP('RESUMO MODULO TOTAL'!C20,'COMP Sint. Sinapi'!G:M,5,0)*(1+$F$6),IF(B20=\"ORSE\",VLOOKUP(C20,ORSE!A:E,5,0)*(1+$F$6),IF(B20=\"COTAÇÃO\",VLOOKUP(C20,COTAÇÕES!A:E,5,0)*(1+$H$6),IF(B20=\"Codevasf.Aux\",VLOOKUP(C20,Codevasf.Aux!B:J,9,0)*(1+$F$6),IF(B20=\"SINAPI INS.\",VLOOKUP(C20,'INSUMOS SINAPI'!A:E,5,0)*(1+$H$6))))))))","v":133.15},6391.2]
[null,null,null,"PROJETO EXECUTIVO E CONTROLE TECNOLÓGICO"]
[12,"Codevasf","CPU-20","Projeto Executivo","m²",{"$f":"F15","v":44047.5},{"$f":"IF(B22=\"Codevasf\",VLOOKUP(C22,'CPU CODEVASF'!E:H,4,0),IF(B22=\"SICRO\",VLOOKUP(C22,'SINTÉTICO SICRO'!A:D,4,0)*(1+$F$6),IF(B22=\"SINAPI\",VLOOKUP('RESUMO MODULO TOTAL'!C22,'COMP Sint. Sinapi'!G:M,5,0)*(1+$F$6),IF(B22=\"ORSE\",VLOOKUP(C22,ORSE!A:E,5,0)*(1+$F$6),IF(B22=\"COTAÇÃO\",VLOOKUP(C22,COTAÇÕES!A:E,5,0)*(1+$H$6),IF(B22=\"Codevasf.Aux\",VLOOKUP(C22,Codevasf.Aux!B:J,9,0)*(1+$F$6),IF(B22=\"SINAPI INS.\",VLOOKUP(C22,'INSUMOS SINAPI'!A:E,5,0)*(1+$H$6))))))))","v":3.09},{"$f":"TRUNC(F22*G22,2)","v":136106.76999999999}]
[13,"Codevasf","CPU-21","Controle Tecnológico","m²",{"$f":"F15","v":44047.5},{"$f":"IF(B23=\"Codevasf\",VLOOKUP(C23,'CPU CODEVASF'!E:H,4,0),IF(B23=\"SICRO\",VLOOKUP(C23,'SINTÉTICO SICRO'!A:D,4,0)*(1+$F$6),IF(B23=\"SINAPI\",VLOOKUP('RESUMO MODULO TOTAL'!C23,'COMP Sint. Sinapi'!G:M,5,0)*(1+$F$6),IF(B23=\"ORSE\",VLOOKUP(C23,ORSE!A:E,5,0)*(1+$F$6),IF(B23=\"COTAÇÃO\",VLOOKUP(C23,COTAÇÕES!A:E,5,0)*(1+$H$6),IF(B23=\"Codevasf.Aux\",VLOOKUP(C23,Codevasf.Aux!B:J,9,0)*(1+$F$6),IF(B23=\"SINAPI INS.\",VLOOKUP(C23,'INSUMOS SINAPI'!A:E,5,0)*(1+$H$6))))))))","v":5.55},{"$f":"TRUNC(F23*G23,2)","v":244463.62}]
[null,null,null,"DEMOLIÇÕES",{"$nulls":5},{"$f":"H24/$H$132","v":0}]
[{"$f":"A23+1","v":14},"ORSE",{"$f":"\"21\"","v":"21"},"Demolição de meio-fio granítico ou pre-moldado","m",{"$f":"'[3]Planilha unificada'!$T$32","v":1086.1400000000001},{"$f":"IF(B25=\"Codevasf\",VLOOKUP(C25,'CPU CODEVASF'!E:H,4,0),IF(B25=\"SICRO\",VLOOKUP(C25,'SINTÉTICO SICRO'!A:D,4,0)*(1+$F$6),IF(B25=\"SINAPI\",VLOOKUP('RESUMO MODULO TOTAL'!C25,'COMP Sint. Sinapi'!G:M,5,0)*(1+$F$6),IF(B25=\"ORSE\",VLOOKUP(C25,ORSE!A:E,5,0)*(1+$F$6),IF(B25=\"COTAÇÃO\",VLOOKUP(C25,COTAÇÕES!A:E,5,0)*(1+$H$6),IF(B25=\"Codevasf.Aux\",VLOOKUP(C25,Codevasf.Aux!B:J,9,0)*(1+$F$6),IF(B25=\"SINAPI INS.\",VLOOKUP(C25,'INSUMOS SINAPI'!A:E,5,0)*(1+$H$6))))))))","v":14.26},{"$f":"TRUNC(F25*G25,2)","v":15488.35},null,{"$f":"H25/$H$132","v":5.9999999999999995E-4}]
[{"$f":"A25+1","v":15},"ORSE",9182,"Demolição de concreto com martelete e compressor","m³",{"$f":"'[3]Planilha unificada'!$T$33","v":258.73},{"$f":"IF(B26=\"Codevasf\",VLOOKUP(C26,'CPU CODEVASF'!E:H,4,0),IF(B26=\"SICRO\",VLOOKUP(C26,'SINTÉTICO SICRO'!A:D,4,0)*(1+$F$6),IF(B26=\"SINAPI\",VLOOKUP('RESUMO MODULO TOTAL'!C26,'COMP Sint. Sinapi'!G:M,5,0)*(1+$F$6),IF(B26=\"ORSE\",VLOOKUP(C26,ORSE!A:E,5,0)*(1+$F$6),IF(B26=\"COTAÇÃO\",VLOOKUP(C26,COTAÇÕES!A:E,5,0)*(1+$H$6),IF(B26=\"Codevasf.Aux\",VLOOKUP(C26,Codevasf.Aux!B:J,9,0)*(1+$F$6),IF(B26=\"SINAPI INS.\",VLOOKUP(C26,'INSUMOS SINAPI'!A:E,5,0)*(1+$H$6))))))))","v":117.8},30478.39]
[{"$f":"A26+1","v":16},"ORSE",7989,"Demolição de pavimentação em paralelepípedo sem reaproveitamento","m²",{"$f":"'[3]Planilha unificada'!$T$34","v":237.34},{"$f":"IF(B27=\"Codevasf\",VLOOKUP(C27,'CPU CODEVASF'!E:H,4,0),IF(B27=\"SICRO\",VLOOKUP(C27,'SINTÉTICO SICRO'!A:D,4,0)*(1+$F$6),IF(B27=\"SINAPI\",VLOOKUP('RESUMO MODULO TOTAL'!C27,'COMP Sint. Sinapi'!G:M,5,0)*(1+$F$6),IF(B27=\"ORSE\",VLOOKUP(C27,ORSE!A:E,5,0)*(1+$F$6),IF(B27=\"COTAÇÃO\",VLOOKUP(C27,COTAÇÕES!A:E,5,0)*(1+$H$6),IF(B27=\"Codevasf.Aux\",VLOOKUP(C27,Codevasf.Aux!B:J,9,0)*(1+$F$6),IF(B27=\"SINAPI INS.\",VLOOKUP(C27,'INSUMOS SINAPI'!A:E,5,0)*(1+$H$6))))))))","v":17.09},4056.14]
[17,"ORSE",3258,"Demolição de piso em lajota","m²",{"$f":"'[3]Planilha unificada'!$T$35","v":375.14},{"$f":"IF(B28=\"Codevasf\",VLOOKUP(C28,'CPU CODEVASF'!E:H,4,0),IF(B28=\"SICRO\",VLOOKUP(C28,'SINTÉTICO SICRO'!A:D,4,0)*(1+$F$6),IF(B28=\"SINAPI\",VLOOKUP('RESUMO MODULO TOTAL'!C28,'COMP Sint. Sinapi'!G:M,5,0)*(1+$F$6),IF(B28=\"ORSE\",VLOOKUP(C28,ORSE!A:E,5,0)*(1+$F$6),IF(B28=\"COTAÇÃO\",VLOOKUP(C28,COTAÇÕES!A:E,5,0)*(1+$H$6),IF(B28=\"Codevasf.Aux\",VLOOKUP(C28,Codevasf.Aux!B:J,9,0)*(1+$F$6),IF(B28=\"SINAPI INS.\",VLOOKUP(C28,'INSUMOS SINAPI'!A:E,5,0)*(1+$H$6))))))))","v":18.37},6891.32]
[18,"SINAPI",{"$f":"\"97624\"","v":"97624"},"Demolição manual de alvenaria de tijolo maciço (s/ reaproveitamento)","m³",{"$f":"'[3]Planilha unificada'!$T$36","v":162.83000000000001},{"$f":"IF(B29=\"Codevasf\",VLOOKUP(C29,'CPU CODEVASF'!E:H,4,0),IF(B29=\"SICRO\",VLOOKUP(C29,'SINTÉTICO SICRO'!A:D,4,0)*(1+$F$6),IF(B29=\"SINAPI\",VLOOKUP('RESUMO MODULO TOTAL'!C29,'COMP Sint. Sinapi'!G:M,5,0)*(1+$F$6),IF(B29=\"ORSE\",VLOOKUP(C29,ORSE!A:E,5,0)*(1+$F$6),IF(B29=\"COTAÇÃO\",VLOOKUP(C29,COTAÇÕES!A:E,5,0)*(1+$H$6),IF(B29=\"Codevasf.Aux\",VLOOKUP(C29,Codevasf.Aux!B:J,9,0)*(1+$F$6),IF(B29=\"SINAPI INS.\",VLOOKUP(C29,'INSUMOS SINAPI'!A:E,5,0)*(1+$H$6))))))))","v":130.15},21192.32]
[19,"ORSE",4801,"Demolição de piso em pedra calcárea","m²",{"$f":"'[3]Planilha unificada'!$T$37","v":39.94},{"$f":"IF(B30=\"Codevasf\",VLOOKUP(C30,'CPU CODEVASF'!E:H,4,0),IF(B30=\"SICRO\",VLOOKUP(C30,'SINTÉTICO SICRO'!A:D,4,0)*(1+$F$6),IF(B30=\"SINAPI\",VLOOKUP('RESUMO MODULO TOTAL'!C30,'COMP Sint. Sinapi'!G:M,5,0)*(1+$F$6),IF(B30=\"ORSE\",VLOOKUP(C30,ORSE!A:E,5,0)*(1+$F$6),IF(B30=\"COTAÇÃO\",VLOOKUP(C30,COTAÇÕES!A:E,5,0)*(1+$H$6),IF(B30=\"Codevasf.Aux\",VLOOKUP(C30,Codevasf.Aux!B:J,9,0)*(1+$F$6),IF(B30=\"SINAPI INS.\",VLOOKUP(C30,'INSUMOS SINAPI'!A:E,5,0)*(1+$H$6))))))))","v":37.04},1479.37]
[20,"SINAPI",{"$f":"\"97629\"","v":"97629"},"Demolição de lajes com martele (sem reaproveitamento)","m³",{"$f":"'[3]Planilha unificada'!$T$38*2.13","v":19.170000000000002},{"$f":"IF(B31=\"Codevasf\",VLOOKUP(C31,'CPU CODEVASF'!E:H,4,0),IF(B31=\"SICRO\",VLOOKUP(C31,'SINTÉTICO SICRO'!A:D,4,0)*(1+$F$6),IF(B31=\"SINAPI\",VLOOKUP('RESUMO MODULO TOTAL'!C31,'COMP Sint. Sinapi'!G:M,5,0)*(1+$F$6),IF(B31=\"ORSE\",VLOOKUP(C31,ORSE!A:E,5,0)*(1+$F$6),IF(B31=\"COTAÇÃO\",VLOOKUP(C31,COTAÇÕES!A:E,5,0)*(1+$H$6),IF(B31=\"Codevasf.Aux\",VLOOKUP(C31,Codevasf.Aux!B:J,9,0)*(1+$F$6),IF(B31=\"SINAPI INS.\",VLOOKUP(C31,'INSUMOS SINAPI'!A:E,5,0)*(1+$H$6))))))))","v":122.56},2349.4699999999998]
[21,"SINAPI",{"$f":"\"97634\"","v":"97634"},"Demolição de revestimento cerâmico com martele (sem reaproveitamento)","m²",{"$f":"'[3]Planilha unificada'!$T$39","v":212.69},{"$f":"IF(B32=\"Codevasf\",VLOOKUP(C32,'CPU CODEVASF'!E:H,4,0),IF(B32=\"SICRO\",VLOOKUP(C32,'SINTÉTICO SICRO'!A:D,4,0)*(1+$F$6),IF(B32=\"SINAPI\",VLOOKUP('RESUMO MODULO TOTAL'!C32,'COMP Sint. Sinapi'!G:M,5,0)*(1+$F$6),IF(B32=\"ORSE\",VLOOKUP(C32,ORSE!A:E,5,0)*(1+$F$6),IF(B32=\"COTAÇÃO\",VLOOKUP(C32,COTAÇÕES!A:E,5,0)*(1+$H$6),IF(B32=\"Codevasf.Aux\",VLOOKUP(C32,Codevasf.Aux!B:J,9,0)*(1+$F$6),IF(B32=\"SINAPI INS.\",VLOOKUP(C32,'INSUMOS SINAPI'!A:E,5,0)*(1+$H$6))))))))","v":9.2899999999999991},1975.89]
[{"$f":"A32+1","v":22},"SINAPI",{"$f":"\"98530\"","v":"98530"},"Corte raso e recorte de árvore","und",{"$f":"'[3]Planilha unificada'!$T$40","v":1},{"$f":"IF(B33=\"Codevasf\",VLOOKUP(C33,'CPU CODEVASF'!E:H,4,0),IF(B33=\"SICRO\",VLOOKUP(C33,'SINTÉTICO SICRO'!A:D,4,0)*(1+$F$6),IF(B33=\"SINAPI\",VLOOKUP('RESUMO MODULO TOTAL'!C33,'COMP Sint. Sinapi'!G:M,5,0)*(1+$F$6),IF(B33=\"ORSE\",VLOOKUP(C33,ORSE!A:E,5,0)*(1+$F$6),IF(B33=\"COTAÇÃO\",VLOOKUP(C33,COTAÇÕES!A:E,5,0)*(1+$H$6),IF(B33=\"Codevasf.Aux\",VLOOKUP(C33,Codevasf.Aux!B:J,9,0)*(1+$F$6),IF(B33=\"SINAPI INS.\",VLOOKUP(C33,'INSUMOS SINAPI'!A:E,5,0)*(1+$H$6))))))))","v":152.74},152.74]
[23,"SINAPI",{"$f":"\"100983\"","v":"100983"},"CARGA, MANOBRA E DESCARGA DE ENTULHO EM CAMINHÃO BASCULANTE 14 M³","m³",{"$f":"F31+F29+F26","v":440.73},{"$f":"IF(B34=\"Codevasf\",VLOOKUP(C34,'CPU CODEVASF'!E:H,4,0),IF(B34=\"SICRO\",VLOOKUP(C34,'SINTÉTICO SICRO'!A:D,4,0)*(1+$F$6),IF(B34=\"SINAPI\",VLOOKUP('RESUMO MODULO TOTAL'!C34,'COMP Sint. Sinapi'!G:M,5,0)*(1+$F$6),IF(B34=\"ORSE\",VLOOKUP(C34,ORSE!A:E,5,0)*(1+$F$6),IF(B34=\"COTAÇÃO\",VLOOKUP(C34,COTAÇÕES!A:E,5,0)*(1+$H$6),IF(B34=\"Codevasf.Aux\",VLOOKUP(C34,Codevasf.Aux!B:J,9,0)*(1+$F$6),IF(B34=\"SINAPI INS.\",VLOOKUP(C34,'INSUMOS SINAPI'!A:E,5,0)*(1+$H$6))))))))","v":11.38},5015.5]
[24,"SINAPI",{"$f":"\"95876\"","v":"95876"},"TRANSPORTE COM CAMINHÃO BASCULANTE DE 14 M³, EM VIA URBANA PAVIMENTADA, DMT ATÉ 30 KM","m³xkm",{"$f":"((F31+F29+F26))*30","v":13221.9},{"$f":"IF(B35=\"Codevasf\",VLOOKUP(C35,'CPU CODEVASF'!E:H,4,0),IF(B35=\"SICRO\",VLOOKUP(C35,'SINTÉTICO SICRO'!A:D,4,0)*(1+$F$6),IF(B35=\"SINAPI\",VLOOKUP('RESUMO MODULO TOTAL'!C35,'COMP Sint. Sinapi'!G:M,5,0)*(1+$F$6),IF(B35=\"ORSE\",VLOOKUP(C35,ORSE!A:E,5,0)*(1+$F$6),IF(B35=\"COTAÇÃO\",VLOOKUP(C35,COTAÇÕES!A:E,5,0)*(1+$H$6),IF(B35=\"Codevasf.Aux\",VLOOKUP(C35,Codevasf.Aux!B:J,9,0)*(1+$F$6),IF(B35=\"SINAPI INS.\",VLOOKUP(C35,'INSUMOS SINAPI'!A:E,5,0)*(1+$H$6))))))))","v":2.67},35302.47]
[null,null,null,"TERRAPLENAGEM E MOVIMENTO DE TERRA"]
[{"$f":"A35+1","v":25},"SICRO",5502166,"Escavação, carga e transporte de material de 1ª categoria - DMT de 1.000 a 1.200 m - caminho de serviço pavimentado- com escavadeira e caminhão basculante de 14 m³","m³",{"$f":"'[3]Planilha unificada'!$T$44","v":18711.419999999998},{"$f":"IF(B37=\"Codevasf\",VLOOKUP(C37,'CPU CODEVASF'!E:H,4,0),IF(B37=\"SICRO\",VLOOKUP(C37,'SINTÉTICO SICRO'!A:D,4,0)*(1+$F$6),IF(B37=\"SINAPI\",VLOOKUP('RESUMO MODULO TOTAL'!C37,'COMP Sint. Sinapi'!G:M,5,0)*(1+$F$6),IF(B37=\"ORSE\",VLOOKUP(C37,ORSE!A:E,5,0)*(1+$F$6),IF(B37=\"COTAÇÃO\",VLOOKUP(C37,COTAÇÕES!A:E,5,0)*(1+$H$6),IF(B37=\"Codevasf.Aux\",VLOOKUP(C37,Codevasf.Aux!B:J,9,0)*(1+$F$6),IF(B37=\"SINAPI INS.\",VLOOKUP(C37,'INSUMOS SINAPI'!A:E,5,0)*(1+$H$6))))))))","v":7.27},{"$f":"TRUNC(F37*G37,2)","v":136032.01999999999}]
[{"$f":"A37+1","v":26},"SINAPI",{"$f":"\"96386\"","v":"96386"},"EXECUÇÃO E COMPACTAÇÃO DE ATERRO COM SOLO PREDOMINANTEMENTE ARENOSO - EXCLUSIVE SOLO, ESCAVAÇÃO, CARGA E TRANSPORTE. AF_11/2019\t","m³",{"$f":"'[3]Planilha unificada'!$T$45","v":902.11},{"$f":"IF(B38=\"Codevasf\",VLOOKUP(C38,'CPU CODEVASF'!E:H,4,0),IF(B38=\"SICRO\",VLOOKUP(C38,'SINTÉTICO SICRO'!A:D,4,0)*(1+$F$6),IF(B38=\"SINAPI\",VLOOKUP('RESUMO MODULO TOTAL'!C38,'COMP Sint. Sinapi'!G:M,5,0)*(1+$F$6),IF(B38=\"ORSE\",VLOOKUP(C38,ORSE!A:E,5,0)*(1+$F$6),IF(B38=\"COTAÇÃO\",VLOOKUP(C38,COTAÇÕES!A:E,5,0)*(1+$H$6),IF(B38=\"Codevasf.Aux\",VLOOKUP(C38,Codevasf.Aux!B:J,9,0)*(1+$F$6),IF(B38=\"SINAPI INS.\",VLOOKUP(C38,'INSUMOS SINAPI'!A:E,5,0)*(1+$H$6))))))))","v":11.56},{"$f":"TRUNC(F38*G38,2)","v":10428.39}]
[{"$f":"A38+1","v":27},"SINAPI INS.",368,{"$f":"VLOOKUP(C39,'INSUMOS SINAPI'!A:E,2,0)","v":"AREIA PARA ATERRO - POSTO JAZIDA/FORNECEDOR (RETIRADO NA JAZIDA, SEM TRANSPORTE)"},"m³",{"$f":"F38*1.25","v":1127.6400000000001},{"$f":"IF(B39=\"Codevasf\",VLOOKUP(C39,'CPU CODEVASF'!E:H,4,0),IF(B39=\"SICRO\",VLOOKUP(C39,'SINTÉTICO SICRO'!A:D,4,0)*(1+$F$6),IF(B39=\"SINAPI\",VLOOKUP('RESUMO MODULO TOTAL'!C39,'COMP Sint. Sinapi'!G:M,5,0)*(1+$F$6),IF(B39=\"ORSE\",VLOOKUP(C39,ORSE!A:E,5,0)*(1+$F$6),IF(B39=\"COTAÇÃO\",VLOOKUP(C39,COTAÇÕES!A:E,5,0)*(1+$H$6),IF(B39=\"Codevasf.Aux\",VLOOKUP(C39,Codevasf.Aux!B:J,9,0)*(1+$F$6),IF(B39=\"SINAPI INS.\",VLOOKUP(C39,'INSUMOS SINAPI'!A:E,5,0)*(1+$H$6))))))))","v":74.75},{"$f":"TRUNC(F39*G39,2)","v":84291.09}]
[28,"SINAPI",{"$f":"\"100983\"","v":"100983"},"CARGA, MANOBRA E DESCARGA DE SOLO EM CAMINHÃO BASCULANTE 14 M³","m³",{"$f":"'[3]Planilha unificada'!$T$46","v":23389.31},{"$f":"IF(B40=\"Codevasf\",VLOOKUP(C40,'CPU CODEVASF'!E:H,4,0),IF(B40=\"SICRO\",VLOOKUP(C40,'SINTÉTICO SICRO'!A:D,4,0)*(1+$F$6),IF(B40=\"SINAPI\",VLOOKUP('RESUMO MODULO TOTAL'!C40,'COMP Sint. Sinapi'!G:M,5,0)*(1+$F$6),IF(B40=\"ORSE\",VLOOKUP(C40,ORSE!A:E,5,0)*(1+$F$6),IF(B40=\"COTAÇÃO\",VLOOKUP(C40,COTAÇÕES!A:E,5,0)*(1+$H$6),IF(B40=\"Codevasf.Aux\",VLOOKUP(C40,Codevasf.Aux!B:J,9,0)*(1+$F$6),IF(B40=\"SINAPI INS.\",VLOOKUP(C40,'INSUMOS SINAPI'!A:E,5,0)*(1+$H$6))))))))","v":11.38},{"$f":"TRUNC(F40*G40,2)","v":266170.34000000003}]
[29,"SINAPI",{"$f":"\"95876\"","v":"95876"},"TRANSPORTE COM CAMINHÃO BASCULANTE DE 14 M³, EM VIA URBANA PAVIMENTADA, DMT ATÉ 30 KM","m³xkm",{"$f":"((11405.87))*30","v":342176.1},{"$f":"IF(B41=\"Codevasf\",VLOOKUP(C41,'CPU CODEVASF'!E:H,4,0),IF(B41=\"SICRO\",VLOOKUP(C41,'SINTÉTICO SICRO'!A:D,4,0)*(1+$F$6),IF(B41=\"SINAPI\",VLOOKUP('RESUMO MODULO TOTAL'!C41,'COMP Sint. Sinapi'!G:M,5,0)*(1+$F$6),IF(B41=\"ORSE\",VLOOKUP(C41,ORSE!A:E,5,0)*(1+$F$6),IF(B41=\"COTAÇÃO\",VLOOKUP(C41,COTAÇÕES!A:E,5,0)*(1+$H$6),IF(B41=\"Codevasf.Aux\",VLOOKUP(C41,Codevasf.Aux!B:J,9,0)*(1+$F$6),IF(B41=\"SINAPI INS.\",VLOOKUP(C41,'INSUMOS SINAPI'!A:E,5,0)*(1+$H$6))))))))","v":2.67},{"$f":"TRUNC(F41*G41,2)","v":913610.18},null,{"$f":"H41/$H$132","v":3.5299999999999998E-2}]
[null,null,null,"DRENAGEM"]
[30,"SINAPI",{"$f":"\"90746\"","v":"90746"},"ASSENTAMENTO DE TUBO DE PEAD CORRUGADO DE DUPLA PAREDE, DN 450 MM, JUNTA ELÁSTICA INTEGRADA (NÃO INCLUI FORNECIMENTO). AF_01/2021","m",{"$f":"'[3]Planilha unificada'!$T$49","v":267.97000000000003},{"$f":"IF(B43=\"Codevasf\",VLOOKUP(C43,'CPU CODEVASF'!E:H,4,0),IF(B43=\"SICRO\",VLOOKUP(C43,'SINTÉTICO SICRO'!A:D,4,0)*(1+$F$6),IF(B43=\"SINAPI\",VLOOKUP('RESUMO MODULO TOTAL'!C43,'COMP Sint. Sinapi'!G:M,5,0)*(1+$F$6),IF(B43=\"ORSE\",VLOOKUP(C43,ORSE!A:E,5,0)*(1+$F$6),IF(B43=\"COTAÇÃO\",VLOOKUP(C43,COTAÇÕES!A:E,5,0)*(1+$H$6),IF(B43=\"Codevasf.Aux\",VLOOKUP(C43,Codevasf.Aux!B:J,9,0)*(1+$F$6),IF(B43=\"SINAPI INS.\",VLOOKUP(C43,'INSUMOS SINAPI'!A:E,5,0)*(1+$H$6))))))))","v":5.1100000000000003},{"$f":"TRUNC(F43*G43,2)","v":1369.32}]
[{"$f":"A43+1","v":31},"SINAPI INS.",41781,{"$f":"VLOOKUP(C44,'INSUMOS SINAPI'!A:E,2,0)","v":"TUBO CORRUGADO PEAD, PAREDE DUPLA, INTERNA LISA, JEI, DN/DI *400* MM, PARA SANEAMENTO (DRENAGEM/ESGOTO)"},"m",{"$f":"F43*1.05","v":281.37},{"$f":"IF(B44=\"Codevasf\",VLOOKUP(C44,'CPU CODEVASF'!E:H,4,0),IF(B44=\"SICRO\",VLOOKUP(C44,'SINTÉTICO SICRO'!A:D,4,0)*(1+$F$6),IF(B44=\"SINAPI\",VLOOKUP('RESUMO MODULO TOTAL'!C44,'COMP Sint. Sinapi'!G:M,5,0)*(1+$F$6),IF(B44=\"ORSE\",VLOOKUP(C44,ORSE!A:E,5,0)*(1+$F$6),IF(B44=\"COTAÇÃO\",VLOOKUP(C44,COTAÇÕES!A:E,5,0)*(1+$H$6),IF(B44=\"Codevasf.Aux\",VLOOKUP(C44,Codevasf.Aux!B:J,9,0)*(1+$F$6),IF(B44=\"SINAPI INS.\",VLOOKUP(C44,'INSUMOS SINAPI'!A:E,5,0)*(1+$H$6))))))))","v":804.82},226452.2]
[{"$f":"A44+1","v":32},"SINAPI",{"$f":"\"94872\"","v":"94872"},"ASSENTAMENTO DE TUBO DE PEAD CORRUGADO DE DUPLA PAREDE, DN 300 MM, JUNTA ELÁSTICA INTEGRADA (NÃO INCLUI FORNECIMENTO). AF_01/2021","m",{"$f":"'[3]Planilha unificada'!$T$50","v":210.7},{"$f":"IF(B45=\"Codevasf\",VLOOKUP(C45,'CPU CODEVASF'!E:H,4,0),IF(B45=\"SICRO\",VLOOKUP(C45,'SINTÉTICO SICRO'!A:D,4,0)*(1+$F$6),IF(B45=\"SINAPI\",VLOOKUP('RESUMO MODULO TOTAL'!C45,'COMP Sint. Sinapi'!G:M,5,0)*(1+$F$6),IF(B45=\"ORSE\",VLOOKUP(C45,ORSE!A:E,5,0)*(1+$F$6),IF(B45=\"COTAÇÃO\",VLOOKUP(C45,COTAÇÕES!A:E,5,0)*(1+$H$6),IF(B45=\"Codevasf.Aux\",VLOOKUP(C45,Codevasf.Aux!B:J,9,0)*(1+$F$6),IF(B45=\"SINAPI INS.\",VLOOKUP(C45,'INSUMOS SINAPI'!A:E,5,0)*(1+$H$6))))))))","v":3.41},718.48]
[33,"SINAPI INS.",41780,{"$f":"VLOOKUP(C46,'INSUMOS SINAPI'!A:E,2,0)","v":"TUBO CORRUGADO PEAD, PAREDE DUPLA, INTERNA LISA, JEI, DN/DI 300 MM, PARA SANEAMENTO (DRENAGEM/ESGOTO)"},"m",{"$f":"F45*1.05","v":221.24},{"$f":"IF(B46=\"Codevasf\",VLOOKUP(C46,'CPU CODEVASF'!E:H,4,0),IF(B46=\"SICRO\",VLOOKUP(C46,'SINTÉTICO SICRO'!A:D,4,0)*(1+$F$6),IF(B46=\"SINAPI\",VLOOKUP('RESUMO MODULO TOTAL'!C46,'COMP Sint. Sinapi'!G:M,5,0)*(1+$F$6),IF(B46=\"ORSE\",VLOOKUP(C46,ORSE!A:E,5,0)*(1+$F$6),IF(B46=\"COTAÇÃO\",VLOOKUP(C46,COTAÇÕES!A:E,5,0)*(1+$H$6),IF(B46=\"Codevasf.Aux\",VLOOKUP(C46,Codevasf.Aux!B:J,9,0)*(1+$F$6),IF(B46=\"SINAPI INS.\",VLOOKUP(C46,'INSUMOS SINAPI'!A:E,5,0)*(1+$H$6))))))))","v":496.59},109865.57]
[34,"SINAPI",{"$f":"\"90747\"","v":"90747"},"ASSENTAMENTO DE TUBO DE PEAD CORRUGADO DE DUPLA PAREDE, DN 600 MM, JUNTA ELÁSTICA INTEGRADA (NÃO INCLUI FORNECIMENTO). AF_01/2021","m",{"$f":"'[3]Planilha unificada'!$T$51","v":1282.8800000000001},{"$f":"IF(B47=\"Codevasf\",VLOOKUP(C47,'CPU CODEVASF'!E:H,4,0),IF(B47=\"SICRO\",VLOOKUP(C47,'SINTÉTICO SICRO'!A:D,4,0)*(1+$F$6),IF(B47=\"SINAPI\",VLOOKUP('RESUMO MODULO TOTAL'!C47,'COMP Sint. Sinapi'!G:M,5,0)*(1+$F$6),IF(B47=\"ORSE\",VLOOKUP(C47,ORSE!A:E,5,0)*(1+$F$6),IF(B47=\"COTAÇÃO\",VLOOKUP(C47,COTAÇÕES!A:E,5,0)*(1+$H$6),IF(B47=\"Codevasf.Aux\",VLOOKUP(C47,Codevasf.Aux!B:J,9,0)*(1+$F$6),IF(B47=\"SINAPI INS.\",VLOOKUP(C47,'INSUMOS SINAPI'!A:E,5,0)*(1+$H$6))))))))","v":22.9},29377.95]
[35,"SINAPI INS.",41782,{"$f":"VLOOKUP(C48,'INSUMOS SINAPI'!A:E,2,0)","v":"TUBO CORRUGADO PEAD, PAREDE DUPLA, INTERNA LISA, JEI, DN/DI 600 MM, PARA SANEAMENTO (DRENAGEM/ESGOTO)"},"m",{"$f":"F47*1.05","v":1347.02},{"$f":"IF(B48=\"Codevasf\",VLOOKUP(C48,'CPU CODEVASF'!E:H,4,0),IF(B48=\"SICRO\",VLOOKUP(C48,'SINTÉTICO SICRO'!A:D,4,0)*(1+$F$6),IF(B48=\"SINAPI\",VLOOKUP('RESUMO MODULO TOTAL'!C48,'COMP Sint. Sinapi'!G:M,5,0)*(1+$F$6),IF(B48=\"ORSE\",VLOOKUP(C48,ORSE!A:E,5,0)*(1+$F$6),IF(B48=\"COTAÇÃO\",VLOOKUP(C48,COTAÇÕES!A:E,5,0)*(1+$H$6),IF(B48=\"Codevasf.Aux\",VLOOKUP(C48,Codevasf.Aux!B:J,9,0)*(1+$F$6),IF(B48=\"SINAPI INS.\",VLOOKUP(C48,'INSUMOS SINAPI'!A:E,5,0)*(1+$H$6))))))))","v":1778.87},2396173.46]
[36,"Codevasf.Aux","CPU-036","CAIXA COM GRELHA DE FIBRA DE VIDRO (PRFV) SIMPLES RETANGULAR, ALVENARIA COM BLOCO DE CONCRETO 22X11X8CM, DE UMA VEZ, DIMENSÕES INTERNAS DE 0,72X0,30X1,00M","und",{"$f":"'[3]Planilha unificada'!$T$52","v":79},{"$f":"IF(B49=\"Codevasf\",VLOOKUP(C49,'CPU CODEVASF'!E:H,4,0),IF(B49=\"SICRO\",VLOOKUP(C49,'SINTÉTICO SICRO'!A:D,4,0)*(1+$F$6),IF(B49=\"SINAPI\",VLOOKUP('RESUMO MODULO TOTAL'!C49,'COMP Sint. Sinapi'!G:M,5,0)*(1+$F$6),IF(B49=\"ORSE\",VLOOKUP(C49,ORSE!A:E,5,0)*(1+$F$6),IF(B49=\"COTAÇÃO\",VLOOKUP(C49,COTAÇÕES!A:E,5,0)*(1+$H$6),IF(B49=\"Codevasf.Aux\",VLOOKUP(C49,Codevasf.Aux!B:J,9,0)*(1+$F$6),IF(B49=\"SINAPI INS.\",VLOOKUP(C49,'INSUMOS SINAPI'!A:E,5,0)*(1+$H$6))))))))","v":2887.51},228113.29]
[37,"Codevasf.Aux","CPU 048","EXECUÇÃO DE CAIXA DE LIGAÇÃO PARA CANALETA EM ALVENARIA DE BLOCO DE CONCRETO 20X10X10, ASSENTADOS SOBRE LAJE DE CONCRETO ARMADO FCK 15 MPA, DIMENSÕES INTERNAS DE 40X40CM, REVESTIDO COM CHAPISCO E EMBOÇO, COM FUNDO EM LASTRO DE CONCRETO.","und",{"$f":"'[3]Planilha unificada'!$T$53","v":4},{"$f":"IF(B50=\"Codevasf\",VLOOKUP(C50,'CPU CODEVASF'!E:H,4,0),IF(B50=\"SICRO\",VLOOKUP(C50,'SINTÉTICO SICRO'!A:D,4,0)*(1+$F$6),IF(B50=\"SINAPI\",VLOOKUP('RESUMO MODULO TOTAL'!C50,'COMP Sint. Sinapi'!G:M,5,0)*(1+$F$6),IF(B50=\"ORSE\",VLOOKUP(C50,ORSE!A:E,5,0)*(1+$F$6),IF(B50=\"COTAÇÃO\",VLOOKUP(C50,COTAÇÕES!A:E,5,0)*(1+$H$6),IF(B50=\"Codevasf.Aux\",VLOOKUP(C50,Codevasf.Aux!B:J,9,0)*(1+$F$6),IF(B50=\"SINAPI INS.\",VLOOKUP(C50,'INSUMOS SINAPI'!A:E,5,0)*(1+$H$6))))))))","v":2251.2600000000002},9005.0400000000009]
[38,"Codevasf.Aux","CPU 102","CONSTRUÇÃO DE CAIXA COLETORA GAVETA EM ALVENARIA DE BLOCOS ESTRUTURAL DE CONCRETO 4,5 MPA,  NAS DIMENSÕES INTERNAS  1,00 X 1,00 X 1,00 M, COM APLICAÇÃO DE CHAPISCO E EMBOÇO NAS FACES EXTERNAS E INTERNAS, INCLUINDO LAJE DE CONCRETO ARMADO DE 1,40 X 1,40 COM TAMPA REMOVÍVEL DE 0,80 X 0,80 M E CANTONEIRA DE AÇO, INCLUSIVE MEIO FIO DRENANTE CONFORME PROJETO. TIPO PARA VIAS LOCAIS.","und",{"$f":"'[3]Planilha unificada'!$T$54","v":84},{"$f":"IF(B51=\"Codevasf\",VLOOKUP(C51,'CPU CODEVASF'!E:H,4,0),IF(B51=\"SICRO\",VLOOKUP(C51,'SINTÉTICO SICRO'!A:D,4,0)*(1+$F$6),IF(B51=\"SINAPI\",VLOOKUP('RESUMO MODULO TOTAL'!C51,'COMP Sint. Sinapi'!G:M,5,0)*(1+$F$6),IF(B51=\"ORSE\",VLOOKUP(C51,ORSE!A:E,5,0)*(1+$F$6),IF(B51=\"COTAÇÃO\",VLOOKUP(C51,COTAÇÕES!A:E,5,0)*(1+$H$6),IF(B51=\"Codevasf.Aux\",VLOOKUP(C51,Codevasf.Aux!B:J,9,0)*(1+$F$6),IF(B51=\"SINAPI INS.\",VLOOKUP(C51,'INSUMOS SINAPI'!A:E,5,0)*(1+$H$6))))))))","v":4593.54},385857.36]
[39,"Codevasf.Aux","CPU 097","CONSTRUÇÃO DE CAIXA COLETORA GAVETA EM ALVENARIA DE BLOCOS ESTRUTURAL DE CONCRETO 4,5 MPA,  NAS DIMENSÕES INTERNAS  1,00 X 1,00 X 1,00 M, COM APLICAÇÃO DE CHAPISCO E EMBOÇO NAS FACES EXTERNAS E INTERNAS, INCLUINDO LAJE DE CONCRETO ARMADO DE 1,40 X 1,40 COM TAMPA REMOVÍVEL DE 0,80 X 0,80 M E CANTONEIRA DE AÇO, INCLUSIVE MEIO FIO DRENANTE CONFORME PROJETO. TIPO PARA VIAS LOCAIS.","und",{"$f":"'[3]Planilha unificada'!$T$55","v":41},{"$f":"IF(B52=\"Codevasf\",VLOOKUP(C52,'CPU CODEVASF'!E:H,4,0),IF(B52=\"SICRO\",VLOOKUP(C52,'SINTÉTICO SICRO'!A:D,4,0)*(1+$F$6),IF(B52=\"SINAPI\",VLOOKUP('RESUMO MODULO TOTAL'!C52,'COMP Sint. Sinapi'!G:M,5,0)*(1+$F$6),IF(B52=\"ORSE\",VLOOKUP(C52,ORSE!A:E,5,0)*(1+$F$6),IF(B52=\"COTAÇÃO\",VLOOKUP(C52,COTAÇÕES!A:E,5,0)*(1+$H$6),IF(B52=\"Codevasf.Aux\",VLOOKUP(C52,Codevasf.Aux!B:J,9,0)*(1+$F$6),IF(B52=\"SINAPI INS.\",VLOOKUP(C52,'INSUMOS SINAPI'!A:E,5,0)*(1+$H$6))))))))","v":7292.45},{"$f":"TRUNC(F52*G52,2)","v":298990.45}]
[40,"Codevasf.Aux","CPU 112","ACRÉSCIMO PARA POÇO DE VISITA RETANGULAR PARA DRENAGEM, EM ALVENARIA COM BLOCOS DE CONCRETO, DIMENSÕES INTERNAS = 1,0X1,0M. ","m",{"$f":"'[3]Planilha unificada'!$T$56","v":5.7},{"$f":"IF(B53=\"Codevasf\",VLOOKUP(C53,'CPU CODEVASF'!E:H,4,0),IF(B53=\"SICRO\",VLOOKUP(C53,'SINTÉTICO SICRO'!A:D,4,0)*(1+$F$6),IF(B53=\"SINAPI\",VLOOKUP('RESUMO MODULO TOTAL'!C53,'COMP Sint. Sinapi'!G:M,5,0)*(1+$F$6),IF(B53=\"ORSE\",VLOOKUP(C53,ORSE!A:E,5,0)*(1+$F$6),IF(B53=\"COTAÇÃO\",VLOOKUP(C53,COTAÇÕES!A:E,5,0)*(1+$H$6),IF(B53=\"Codevasf.Aux\",VLOOKUP(C53,Codevasf.Aux!B:J,9,0)*(1+$F$6),IF(B53=\"SINAPI INS.\",VLOOKUP(C53,'INSUMOS SINAPI'!A:E,5,0)*(1+$H$6))))))))","v":1595.4},9093.7800000000007]
[41,"Codevasf.Aux","CPU 051","CANALETA EM CONCRETO ARMADO NAS DIMENSÕES 0,40M X 0,40, INCLUINDO LAJE DE TAMPA COM 20CM, CONFORME PROJETO DE CÁLCULO ESTRUTURAL  (LINHA D'ÁGUA - TAMPA COM FUROS DN 50MM)","m",{"$f":"'[3]Planilha unificada'!$T$57","v":386.73},{"$f":"IF(B54=\"Codevasf\",VLOOKUP(C54,'CPU CODEVASF'!E:H,4,0),IF(B54=\"SICRO\",VLOOKUP(C54,'SINTÉTICO SICRO'!A:D,4,0)*(1+$F$6),IF(B54=\"SINAPI\",VLOOKUP('RESUMO MODULO TOTAL'!C54,'COMP Sint. Sinapi'!G:M,5,0)*(1+$F$6),IF(B54=\"ORSE\",VLOOKUP(C54,ORSE!A:E,5,0)*(1+$F$6),IF(B54=\"COTAÇÃO\",VLOOKUP(C54,COTAÇÕES!A:E,5,0)*(1+$H$6),IF(B54=\"Codevasf.Aux\",VLOOKUP(C54,Codevasf.Aux!B:J,9,0)*(1+$F$6),IF(B54=\"SINAPI INS.\",VLOOKUP(C54,'INSUMOS SINAPI'!A:E,5,0)*(1+$H$6))))))))","v":1731.46},669607.52]
[42,"SINAPI",{"$f":"\"102738\"","v":"102738"},"BOCA PARA BUEIRO SIMPLES TUBULAR D = 60 CM EM CONCRETO, ALAS COM ESCONSIDADE DE 0°, INCLUINDO FÔRMAS E MATERIAIS. AF_07/2021","und",{"$f":"'[3]Planilha unificada'!$T58","v":2},{"$f":"IF(B55=\"Codevasf\",VLOOKUP(C55,'CPU CODEVASF'!E:H,4,0),IF(B55=\"SICRO\",VLOOKUP(C55,'SINTÉTICO SICRO'!A:D,4,0)*(1+$F$6),IF(B55=\"SINAPI\",VLOOKUP('RESUMO MODULO TOTAL'!C55,'COMP Sint. Sinapi'!G:M,5,0)*(1+$F$6),IF(B55=\"ORSE\",VLOOKUP(C55,ORSE!A:E,5,0)*(1+$F$6),IF(B55=\"COTAÇÃO\",VLOOKUP(C55,COTAÇÕES!A:E,5,0)*(1+$H$6),IF(B55=\"Codevasf.Aux\",VLOOKUP(C55,Codevasf.Aux!B:J,9,0)*(1+$F$6),IF(B55=\"SINAPI INS.\",VLOOKUP(C55,'INSUMOS SINAPI'!A:E,5,0)*(1+$H$6))))))))","v":2790.05},{"$f":"TRUNC(F55*G55,2)","v":5580.1}]
[43,"SINAPI",{"$f":"\"90106\"","v":"90106"},"ESCAVAÇÃO MECANIZADA DE VALA COM PROFUNDIDADE ATÉ 1,5 M (MÉDIA MONTANTE E JUSANTE/UMA COMPOSIÇÃO POR TRECHO), RETROESCAV. (0,26 M3), LARGURA DE 0,8 M A 1,5 M, EM SOLO DE 1A CATEGORIA, LOCAIS COM BAIXO NÍVEL DE INTERFERÊNCIA. AF_02/2021","m³",{"$f":"'[3]Planilha unificada'!$T59","v":2647.79},{"$f":"IF(B56=\"Codevasf\",VLOOKUP(C56,'CPU CODEVASF'!E:H,4,0),IF(B56=\"SICRO\",VLOOKUP(C56,'SINTÉTICO SICRO'!A:D,4,0)*(1+$F$6),IF(B56=\"SINAPI\",VLOOKUP('RESUMO MODULO TOTAL'!C56,'COMP Sint. Sinapi'!G:M,5,0)*(1+$F$6),IF(B56=\"ORSE\",VLOOKUP(C56,ORSE!A:E,5,0)*(1+$F$6),IF(B56=\"COTAÇÃO\",VLOOKUP(C56,COTAÇÕES!A:E,5,0)*(1+$H$6),IF(B56=\"Codevasf.Aux\",VLOOKUP(C56,Codevasf.Aux!B:J,9,0)*(1+$F$6),IF(B56=\"SINAPI INS.\",VLOOKUP(C56,'INSUMOS SINAPI'!A:E,5,0)*(1+$H$6))))))))","v":10.130000000000001},26822.11]
[44,"SINAPI",{"$f":"\"90091\"","v":"90091"},"ESCAVAÇÃO MECANIZADA DE VALA COM PROF. ATÉ 1,5 M (MÉDIA MONTANTE E JUSANTE/UMA COMPOSIÇÃO POR TRECHO), ESCAVADEIRA (0,8 M3), LARG. DE 1,5 M A 2,5 M, EM SOLO DE 1A CATEGORIA, LOCAIS COM BAIXO NÍVEL DE INTERFERÊNCIA. AF_02/2021","m³",{"$f":"'[3]Planilha unificada'!$T60","v":1353.72},{"$f":"IF(B57=\"Codevasf\",VLOOKUP(C57,'CPU CODEVASF'!E:H,4,0),IF(B57=\"SICRO\",VLOOKUP(C57,'SINTÉTICO SICRO'!A:D,4,0)*(1+$F$6),IF(B57=\"SINAPI\",VLOOKUP('RESUMO MODULO TOTAL'!C57,'COMP Sint. Sinapi'!G:M,5,0)*(1+$F$6),IF(B57=\"ORSE\",VLOOKUP(C57,ORSE!A:E,5,0)*(1+$F$6),IF(B57=\"COTAÇÃO\",VLOOKUP(C57,COTAÇÕES!A:E,5,0)*(1+$H$6),IF(B57=\"Codevasf.Aux\",VLOOKUP(C57,Codevasf.Aux!B:J,9,0)*(1+$F$6),IF(B57=\"SINAPI INS.\",VLOOKUP(C57,'INSUMOS SINAPI'!A:E,5,0)*(1+$H$6))))))))","v":7.98},10802.68,"EXTENSAO",{"$f":"F44+F46+F48","v":1849.63}]
[45,"SINAPI",{"$f":"\"101572\"","v":"101572"},"ESCORAMENTO DE VALA, TIPO PONTALETEAMENTO, COM PROFUNDIDADE DE 1,5 A 3,0 M, LARGURA MENOR QUE 1,5 M. AF_08/2020","m²",{"$f":"J58","v":11097.78},{"$f":"IF(B58=\"Codevasf\",VLOOKUP(C58,'CPU CODEVASF'!E:H,4,0),IF(B58=\"SICRO\",VLOOKUP(C58,'SINTÉTICO SICRO'!A:D,4,0)*(1+$F$6),IF(B58=\"SINAPI\",VLOOKUP('RESUMO MODULO TOTAL'!C58,'COMP Sint. Sinapi'!G:M,5,0)*(1+$F$6),IF(B58=\"ORSE\",VLOOKUP(C58,ORSE!A:E,5,0)*(1+$F$6),IF(B58=\"COTAÇÃO\",VLOOKUP(C58,COTAÇÕES!A:E,5,0)*(1+$H$6),IF(B58=\"Codevasf.Aux\",VLOOKUP(C58,Codevasf.Aux!B:J,9,0)*(1+$F$6),IF(B58=\"SINAPI INS.\",VLOOKUP(C58,'INSUMOS SINAPI'!A:E,5,0)*(1+$H$6))))))))","v":23.23},{"$f":"TRUNC(F58*G58,2)","v":257801.42},null,{"$f":"J57*3*2","v":11097.78}]
[46,"SINAPI",{"$f":"\"94342\"","v":"94342"},"ATERRO MANUAL DE VALAS COM AREIA PARA ATERRO E COMPACTAÇÃO MECANIZADA. AF_05/2016","m³",{"$f":"'[3]Planilha unificada'!$T61","v":2644.55},{"$f":"IF(B59=\"Codevasf\",VLOOKUP(C59,'CPU CODEVASF'!E:H,4,0),IF(B59=\"SICRO\",VLOOKUP(C59,'SINTÉTICO SICRO'!A:D,4,0)*(1+$F$6),IF(B59=\"SINAPI\",VLOOKUP('RESUMO MODULO TOTAL'!C59,'COMP Sint. Sinapi'!G:M,5,0)*(1+$F$6),IF(B59=\"ORSE\",VLOOKUP(C59,ORSE!A:E,5,0)*(1+$F$6),IF(B59=\"COTAÇÃO\",VLOOKUP(C59,COTAÇÕES!A:E,5,0)*(1+$H$6),IF(B59=\"Codevasf.Aux\",VLOOKUP(C59,Codevasf.Aux!B:J,9,0)*(1+$F$6),IF(B59=\"SINAPI INS.\",VLOOKUP(C59,'INSUMOS SINAPI'!A:E,5,0)*(1+$H$6))))))))","v":144.21},381370.55,"ESCORAMENTO"]
[47,"SINAPI",{"$f":"\"100983\"","v":"100983"},"CARGA, MANOBRA E DESCARGA DE ENTULHO EM CAMINHÃO BASCULANTE 14 M³","m³",{"$f":"'[3]Planilha unificada'!$T62","v":4893.8500000000004},{"$f":"IF(B60=\"Codevasf\",VLOOKUP(C60,'CPU CODEVASF'!E:H,4,0),IF(B60=\"SICRO\",VLOOKUP(C60,'SINTÉTICO SICRO'!A:D,4,0)*(1+$F$6),IF(B60=\"SINAPI\",VLOOKUP('RESUMO MODULO TOTAL'!C60,'COMP Sint. Sinapi'!G:M,5,0)*(1+$F$6),IF(B60=\"ORSE\",VLOOKUP(C60,ORSE!A:E,5,0)*(1+$F$6),IF(B60=\"COTAÇÃO\",VLOOKUP(C60,COTAÇÕES!A:E,5,0)*(1+$H$6),IF(B60=\"Codevasf.Aux\",VLOOKUP(C60,Codevasf.Aux!B:J,9,0)*(1+$F$6),IF(B60=\"SINAPI INS.\",VLOOKUP(C60,'INSUMOS SINAPI'!A:E,5,0)*(1+$H$6))))))))","v":11.38},{"$f":"TRUNC(F60*G60,2)","v":55692.01}]
[48,"SINAPI",{"$f":"\"95876\"","v":"95876"},"TRANSPORTE COM CAMINHÃO BASCULANTE DE 14 M³, EM VIA URBANA PAVIMENTADA, DMT ATÉ 30 KM","m³xkm",{"$f":"'[3]Planilha unificada'!$T63","v":73407.75},{"$f":"IF(B61=\"Codevasf\",VLOOKUP(C61,'CPU CODEVASF'!E:H,4,0),IF(B61=\"SICRO\",VLOOKUP(C61,'SINTÉTICO SICRO'!A:D,4,0)*(1+$F$6),IF(B61=\"SINAPI\",VLOOKUP('RESUMO MODULO TOTAL'!C61,'COMP Sint. Sinapi'!G:M,5,0)*(1+$F$6),IF(B61=\"ORSE\",VLOOKUP(C61,ORSE!A:E,5,0)*(1+$F$6),IF(B61=\"COTAÇÃO\",VLOOKUP(C61,COTAÇÕES!A:E,5,0)*(1+$H$6),IF(B61=\"Codevasf.Aux\",VLOOKUP(C61,Codevasf.Aux!B:J,9,0)*(1+$F$6),IF(B61=\"SINAPI INS.\",VLOOKUP(C61,'INSUMOS SINAPI'!A:E,5,0)*(1+$H$6))))))))","v":2.67},195998.69]
[null,null,null,"PAVIMENTAÇÃO"]
[49,"SICRO",4011209,"Reguarização e compactação so subleito","m²",{"$f":"'[3]Planilha unificada'!$T65","v":29818.53},{"$f":"IF(B63=\"Codevasf\",VLOOKUP(C63,'CPU CODEVASF'!E:H,4,0),IF(B63=\"SICRO\",VLOOKUP(C63,'SINTÉTICO SICRO'!A:D,4,0)*(1+$F$6),IF(B63=\"SINAPI\",VLOOKUP('RESUMO MODULO TOTAL'!C63,'COMP Sint. Sinapi'!G:M,5,0)*(1+$F$6),IF(B63=\"ORSE\",VLOOKUP(C63,ORSE!A:E,5,0)*(1+$F$6),IF(B63=\"COTAÇÃO\",VLOOKUP(C63,COTAÇÕES!A:E,5,0)*(1+$H$6),IF(B63=\"Codevasf.Aux\",VLOOKUP(C63,Codevasf.Aux!B:J,9,0)*(1+$F$6),IF(B63=\"SINAPI INS.\",VLOOKUP(C63,'INSUMOS SINAPI'!A:E,5,0)*(1+$H$6))))))))","v":1.31},39062.269999999997]
[{"$f":"A63+1","v":50},"Codevasf.Aux","CPU 079","EXECUÇÃO E COMPACTAÇÃO DE BASE E OU SUB BASE PARA PAVIMENTAÇÃO DE MACADAME HIDRÁULICO - EXCLUSIVE CARGA E TRANSPORTE.","m³",{"$f":"'[3]Planilha unificada'!$T66","v":4578.26},{"$f":"IF(B64=\"Codevasf\",VLOOKUP(C64,'CPU CODEVASF'!E:H,4,0),IF(B64=\"SICRO\",VLOOKUP(C64,'SINTÉTICO SICRO'!A:D,4,0)*(1+$F$6),IF(B64=\"SINAPI\",VLOOKUP('RESUMO MODULO TOTAL'!C64,'COMP Sint. Sinapi'!G:M,5,0)*(1+$F$6),IF(B64=\"ORSE\",VLOOKUP(C64,ORSE!A:E,5,0)*(1+$F$6),IF(B64=\"COTAÇÃO\",VLOOKUP(C64,COTAÇÕES!A:E,5,0)*(1+$H$6),IF(B64=\"Codevasf.Aux\",VLOOKUP(C64,Codevasf.Aux!B:J,9,0)*(1+$F$6),IF(B64=\"SINAPI INS.\",VLOOKUP(C64,'INSUMOS SINAPI'!A:E,5,0)*(1+$H$6))))))))","v":236.79},{"$f":"TRUNC(F64*G64,2)","v":1084086.18},null,"valor menor que SICRO"]
[{"$f":"A64+1","v":51},"SINAPI",{"$f":"\"96396\"","v":"96396"},"EXECUÇÃO E COMPACTAÇÃO DE BASE E OU SUB BASE PARA PAVIMENTAÇÃO DE BRITA GRADUADA SIMPLES - EXCLUSIVE CARGA E TRANSPORTE. AF_11/2019","m³",{"$f":"'[3]Planilha unificada'!$T67","v":5554.99},{"$f":"IF(B65=\"Codevasf\",VLOOKUP(C65,'CPU CODEVASF'!E:H,4,0),IF(B65=\"SICRO\",VLOOKUP(C65,'SINTÉTICO SICRO'!A:D,4,0)*(1+$F$6),IF(B65=\"SINAPI\",VLOOKUP('RESUMO MODULO TOTAL'!C65,'COMP Sint. Sinapi'!G:M,5,0)*(1+$F$6),IF(B65=\"ORSE\",VLOOKUP(C65,ORSE!A:E,5,0)*(1+$F$6),IF(B65=\"COTAÇÃO\",VLOOKUP(C65,COTAÇÕES!A:E,5,0)*(1+$H$6),IF(B65=\"Codevasf.Aux\",VLOOKUP(C65,Codevasf.Aux!B:J,9,0)*(1+$F$6),IF(B65=\"SINAPI INS.\",VLOOKUP(C65,'INSUMOS SINAPI'!A:E,5,0)*(1+$H$6))))))))","v":222.66},{"$f":"TRUNC(F65*G65,2)","v":1236874.07},null,"valor menor que SICRO"]
[52,"SICRO",5503041,"Compactação de aterros a 100% do Proctor intermediário","m³",{"$f":"'[3]Planilha unificada'!$T68","v":210.41},{"$f":"IF(B66=\"Codevasf\",VLOOKUP(C66,'CPU CODEVASF'!E:H,4,0),IF(B66=\"SICRO\",VLOOKUP(C66,'SINTÉTICO SICRO'!A:D,4,0)*(1+$F$6),IF(B66=\"SINAPI\",VLOOKUP('RESUMO MODULO TOTAL'!C66,'COMP Sint. Sinapi'!G:M,5,0)*(1+$F$6),IF(B66=\"ORSE\",VLOOKUP(C66,ORSE!A:E,5,0)*(1+$F$6),IF(B66=\"COTAÇÃO\",VLOOKUP(C66,COTAÇÕES!A:E,5,0)*(1+$H$6),IF(B66=\"Codevasf.Aux\",VLOOKUP(C66,Codevasf.Aux!B:J,9,0)*(1+$F$6),IF(B66=\"SINAPI INS.\",VLOOKUP(C66,'INSUMOS SINAPI'!A:E,5,0)*(1+$H$6))))))))","v":9.77},2055.6999999999998]
[53,"SICRO",5914351,"Carga, manobra e descarga de agregados ou solos em caminhão basculante de 14 m³ - carga com carregadeira de 3,40 m³ e descarga livre","t",{"$f":"('[3]Planilha unificada'!$T$69+'[3]Planilha unificada'!$T$70+'[3]Planilha unificada'!$T$71)*1.5","v":22424.6},{"$f":"IF(B67=\"Codevasf\",VLOOKUP(C67,'CPU CODEVASF'!E:H,4,0),IF(B67=\"SICRO\",VLOOKUP(C67,'SINTÉTICO SICRO'!A:D,4,0)*(1+$F$6),IF(B67=\"SINAPI\",VLOOKUP('RESUMO MODULO TOTAL'!C67,'COMP Sint. Sinapi'!G:M,5,0)*(1+$F$6),IF(B67=\"ORSE\",VLOOKUP(C67,ORSE!A:E,5,0)*(1+$F$6),IF(B67=\"COTAÇÃO\",VLOOKUP(C67,COTAÇÕES!A:E,5,0)*(1+$H$6),IF(B67=\"Codevasf.Aux\",VLOOKUP(C67,Codevasf.Aux!B:J,9,0)*(1+$F$6),IF(B67=\"SINAPI INS.\",VLOOKUP(C67,'INSUMOS SINAPI'!A:E,5,0)*(1+$H$6))))))))","v":2.99},{"$f":"TRUNC(F67*G67,2)","v":67049.55}]
[54,"SINAPI",{"$f":"\"95876\"","v":"95876"},"TRANSPORTE COM CAMINHÃO BASCULANTE DE 14 M³, EM VIA URBANA PAVIMENTADA, DMT ATÉ 30 KM","m³xkm",{"$f":"'[3]Planilha unificada'!$T$72","v":392472.87},{"$f":"IF(B68=\"Codevasf\",VLOOKUP(C68,'CPU CODEVASF'!E:H,4,0),IF(B68=\"SICRO\",VLOOKUP(C68,'SINTÉTICO SICRO'!A:D,4,0)*(1+$F$6),IF(B68=\"SINAPI\",VLOOKUP('RESUMO MODULO TOTAL'!C68,'COMP Sint. Sinapi'!G:M,5,0)*(1+$F$6),IF(B68=\"ORSE\",VLOOKUP(C68,ORSE!A:E,5,0)*(1+$F$6),IF(B68=\"COTAÇÃO\",VLOOKUP(C68,COTAÇÕES!A:E,5,0)*(1+$H$6),IF(B68=\"Codevasf.Aux\",VLOOKUP(C68,Codevasf.Aux!B:J,9,0)*(1+$F$6),IF(B68=\"SINAPI INS.\",VLOOKUP(C68,'INSUMOS SINAPI'!A:E,5,0)*(1+$H$6))))))))","v":2.67},{"$f":"TRUNC(F68*G68,2)","v":1047902.56}]
[55,"SICRO",2003939,"Meio-fio de concreto - MFC 01 moldado no local com extrusora e concreto usinado - areia e brita comerciais","m",{"$f":"'[3]Planilha unificada'!$T$73+'[3]Planilha unificada'!$T$74+'[3]Planilha unificada'!$T$75+'[3]Planilha unificada'!$T$76","v":14436.58},{"$f":"IF(B69=\"Codevasf\",VLOOKUP(C69,'CPU CODEVASF'!E:H,4,0),IF(B69=\"SICRO\",VLOOKUP(C69,'SINTÉTICO SICRO'!A:D,4,0)*(1+$F$6),IF(B69=\"SINAPI\",VLOOKUP('RESUMO MODULO TOTAL'!C69,'COMP Sint. Sinapi'!G:M,5,0)*(1+$F$6),IF(B69=\"ORSE\",VLOOKUP(C69,ORSE!A:E,5,0)*(1+$F$6),IF(B69=\"COTAÇÃO\",VLOOKUP(C69,COTAÇÕES!A:E,5,0)*(1+$H$6),IF(B69=\"Codevasf.Aux\",VLOOKUP(C69,Codevasf.Aux!B:J,9,0)*(1+$F$6),IF(B69=\"SINAPI INS.\",VLOOKUP(C69,'INSUMOS SINAPI'!A:E,5,0)*(1+$H$6))))))))","v":86.3},{"$f":"TRUNC(F69*G69,2)","v":1245876.8500000001}]
[56,"SICRO",4011463,"Execução de pavimento com aplicação de concreto asfáltico - faixa C - areia e brita comerciais","t",{"$f":"'MC MODULO'!$N$30","v":5285.7},{"$f":"IF(B70=\"Codevasf\",VLOOKUP(C70,'CPU CODEVASF'!E:H,4,0),IF(B70=\"SICRO\",VLOOKUP(C70,'SINTÉTICO SICRO'!A:D,4,0)*(1+$F$6),IF(B70=\"SINAPI\",VLOOKUP('RESUMO MODULO TOTAL'!C70,'COMP Sint. Sinapi'!G:M,5,0)*(1+$F$6),IF(B70=\"ORSE\",VLOOKUP(C70,ORSE!A:E,5,0)*(1+$F$6),IF(B70=\"COTAÇÃO\",VLOOKUP(C70,COTAÇÕES!A:E,5,0)*(1+$H$6),IF(B70=\"Codevasf.Aux\",VLOOKUP(C70,Codevasf.Aux!B:J,9,0)*(1+$F$6),IF(B70=\"SINAPI INS.\",VLOOKUP(C70,'INSUMOS SINAPI'!A:E,5,0)*(1+$H$6))))))))","v":223.92},{"$f":"TRUNC(F70*G70,2)","v":1183573.94}]
[57,"SICRO",4011351,"Imprimação com asfalto diluído","m²",{"$f":"'MC MODULO'!$N$34","v":44047.5},{"$f":"IF(B71=\"Codevasf\",VLOOKUP(C71,'CPU CODEVASF'!E:H,4,0),IF(B71=\"SICRO\",VLOOKUP(C71,'SINTÉTICO SICRO'!A:D,4,0)*(1+$F$6),IF(B71=\"SINAPI\",VLOOKUP('RESUMO MODULO TOTAL'!C71,'COMP Sint. Sinapi'!G:M,5,0)*(1+$F$6),IF(B71=\"ORSE\",VLOOKUP(C71,ORSE!A:E,5,0)*(1+$F$6),IF(B71=\"COTAÇÃO\",VLOOKUP(C71,COTAÇÕES!A:E,5,0)*(1+$H$6),IF(B71=\"Codevasf.Aux\",VLOOKUP(C71,Codevasf.Aux!B:J,9,0)*(1+$F$6),IF(B71=\"SINAPI INS.\",VLOOKUP(C71,'INSUMOS SINAPI'!A:E,5,0)*(1+$H$6))))))))","v":0.43},{"$f":"TRUNC(F71*G71,2)","v":18940.419999999998}]
[58,"SICRO",4011353,"Pintura de ligação","m²",{"$f":"'MC MODULO'!$N$38","v":44047.5},{"$f":"IF(B72=\"Codevasf\",VLOOKUP(C72,'CPU CODEVASF'!E:H,4,0),IF(B72=\"SICRO\",VLOOKUP(C72,'SINTÉTICO SICRO'!A:D,4,0)*(1+$F$6),IF(B72=\"SINAPI\",VLOOKUP('RESUMO MODULO TOTAL'!C72,'COMP Sint. Sinapi'!G:M,5,0)*(1+$F$6),IF(B72=\"ORSE\",VLOOKUP(C72,ORSE!A:E,5,0)*(1+$F$6),IF(B72=\"COTAÇÃO\",VLOOKUP(C72,COTAÇÕES!A:E,5,0)*(1+$H$6),IF(B72=\"Codevasf.Aux\",VLOOKUP(C72,Codevasf.Aux!B:J,9,0)*(1+$F$6),IF(B72=\"SINAPI INS.\",VLOOKUP(C72,'INSUMOS SINAPI'!A:E,5,0)*(1+$H$6))))))))","v":0.33},{"$f":"TRUNC(F72*G72,2)","v":14535.67}]
[59,"CODEVASF","CPU-26","EXECUÇÃO DE PAVIMENTO EM PISO INTERTRAVADO","m²",{"$f":"'[3]Planilha unificada'!$T$82","v":275.72000000000003},{"$f":"IF(B73=\"Codevasf\",VLOOKUP(C73,'CPU CODEVASF'!E:H,4,0),IF(B73=\"SICRO\",VLOOKUP(C73,'SINTÉTICO SICRO'!A:D,4,0)*(1+$F$6),IF(B73=\"SINAPI\",VLOOKUP('RESUMO MODULO TOTAL'!C73,'COMP Sint. Sinapi'!G:M,5,0)*(1+$F$6),IF(B73=\"ORSE\",VLOOKUP(C73,ORSE!A:E,5,0)*(1+$F$6),IF(B73=\"COTAÇÃO\",VLOOKUP(C73,COTAÇÕES!A:E,5,0)*(1+$H$6),IF(B73=\"Codevasf.Aux\",VLOOKUP(C73,Codevasf.Aux!B:J,9,0)*(1+$F$6),IF(B73=\"SINAPI INS.\",VLOOKUP(C73,'INSUMOS SINAPI'!A:E,5,0)*(1+$H$6))))))))","v":26.49},{"$f":"TRUNC(F73*G73,2)","v":7303.82}]
[60,"SINAPI INS.",{"$f":"'CPU CODEVASF'!C232","v":36170},{"$f":"VLOOKUP(C74,'INSUMOS SINAPI'!A:E,2,0)","v":"BLOQUETE/PISO INTERTRAVADO DE CONCRETO - MODELO ONDA/16 FACES/RETANGULAR/TIJOLINHO/PAVER/HOLANDES/PARALELEPIPEDO, *22 CM X 11* CM, E = 8 CM, RESISTENCIA DE 35 MPA (NBR 9781), COR NATURAL"},"m²",{"$f":"F73*'CPU CODEVASF'!F232","v":279.33},{"$f":"IF(B74=\"Codevasf\",VLOOKUP(C74,'CPU CODEVASF'!E:H,4,0),IF(B74=\"SICRO\",VLOOKUP(C74,'SINTÉTICO SICRO'!A:D,4,0)*(1+$F$6),IF(B74=\"SINAPI\",VLOOKUP('RESUMO MODULO TOTAL'!C74,'COMP Sint. Sinapi'!G:M,5,0)*(1+$F$6),IF(B74=\"ORSE\",VLOOKUP(C74,ORSE!A:E,5,0)*(1+$F$6),IF(B74=\"COTAÇÃO\",VLOOKUP(C74,COTAÇÕES!A:E,5,0)*(1+$H$6),IF(B74=\"Codevasf.Aux\",VLOOKUP(C74,Codevasf.Aux!B:J,9,0)*(1+$F$6),IF(B74=\"SINAPI INS.\",VLOOKUP(C74,'INSUMOS SINAPI'!A:E,5,0)*(1+$H$6))))))))","v":62.96},{"$f":"TRUNC(F74*G74,2)","v":17586.61},"TRANSPORTE",{"$f":"ROUND(F74*45,0)","v":12570},{"$f":"J74*3.5/1000","v":44},"TONELADAS",null,"3,5KG/PEDRA"]
[61,"CODEVASF","CPU-28","TRANSPORTE COM CAMINHÃO CARROCERIA COM GUINDAUTO (MUNCK),  MOMENTO MÁXIMO DE CARGA 11,7 TM, EM VIA URBANA PAVIMENTADA, DMT ATÉ 30KM (UNIDADE: TXKM). AF_07/2020","TXKM",{"$f":"K75","v":1320},{"$f":"IF(B75=\"Codevasf\",VLOOKUP(C75,'CPU CODEVASF'!E:H,4,0),IF(B75=\"SICRO\",VLOOKUP(C75,'SINTÉTICO SICRO'!A:D,4,0)*(1+$F$6),IF(B75=\"SINAPI\",VLOOKUP('RESUMO MODULO TOTAL'!C75,'COMP Sint. Sinapi'!G:M,5,0)*(1+$F$6),IF(B75=\"ORSE\",VLOOKUP(C75,ORSE!A:E,5,0)*(1+$F$6),IF(B75=\"COTAÇÃO\",VLOOKUP(C75,COTAÇÕES!A:E,5,0)*(1+$H$6),IF(B75=\"Codevasf.Aux\",VLOOKUP(C75,Codevasf.Aux!B:J,9,0)*(1+$F$6),IF(B75=\"SINAPI INS.\",VLOOKUP(C75,'INSUMOS SINAPI'!A:E,5,0)*(1+$H$6))))))))","v":3.6},{"$f":"TRUNC(F75*G75,2)","v":4752},null,null,{"$f":"K74*30","v":1320},"DMT"]
[62,"CODEVASF","CPU-27","EXECUÇÃO DE PAVIMENTO EM PARALELEPÍPEDOS, REJUNTAMENTO COM ARGAMASSA TRAÇO 1:3 (CIMENTO E AREIA) - exclusive paralelo","m²",{"$f":"'[3]Planilha unificada'!$T$85","v":3140.86},{"$f":"IF(B76=\"Codevasf\",VLOOKUP(C76,'CPU CODEVASF'!E:H,4,0),IF(B76=\"SICRO\",VLOOKUP(C76,'SINTÉTICO SICRO'!A:D,4,0)*(1+$F$6),IF(B76=\"SINAPI\",VLOOKUP('RESUMO MODULO TOTAL'!C76,'COMP Sint. Sinapi'!G:M,5,0)*(1+$F$6),IF(B76=\"ORSE\",VLOOKUP(C76,ORSE!A:E,5,0)*(1+$F$6),IF(B76=\"COTAÇÃO\",VLOOKUP(C76,COTAÇÕES!A:E,5,0)*(1+$H$6),IF(B76=\"Codevasf.Aux\",VLOOKUP(C76,Codevasf.Aux!B:J,9,0)*(1+$F$6),IF(B76=\"SINAPI INS.\",VLOOKUP(C76,'INSUMOS SINAPI'!A:E,5,0)*(1+$H$6))))))))","v":55.22},{"$f":"TRUNC(F76*G76,2)","v":173438.28}]
[63,"SINAPI INS.",{"$f":"'CPU CODEVASF'!C247","v":4385},{"$f":"VLOOKUP(C77,'INSUMOS SINAPI'!A:E,2,0)","v":"PARALELEPIPEDO GRANITICO OU BASALTICO, PARA PAVIMENTACAO, SEM FRETE (VARIACAO REGIONAL DE PECAS POR M2)"},"mil",{"$f":"F76*'CPU CODEVASF'!$F$247","v":103.65},{"$f":"IF(B77=\"Codevasf\",VLOOKUP(C77,'CPU CODEVASF'!E:H,4,0),IF(B77=\"SICRO\",VLOOKUP(C77,'SINTÉTICO SICRO'!A:D,4,0)*(1+$F$6),IF(B77=\"SINAPI\",VLOOKUP('RESUMO MODULO TOTAL'!C77,'COMP Sint. Sinapi'!G:M,5,0)*(1+$F$6),IF(B77=\"ORSE\",VLOOKUP(C77,ORSE!A:E,5,0)*(1+$F$6),IF(B77=\"COTAÇÃO\",VLOOKUP(C77,COTAÇÕES!A:E,5,0)*(1+$H$6),IF(B77=\"Codevasf.Aux\",VLOOKUP(C77,Codevasf.Aux!B:J,9,0)*(1+$F$6),IF(B77=\"SINAPI INS.\",VLOOKUP(C77,'INSUMOS SINAPI'!A:E,5,0)*(1+$H$6))))))))","v":1120.96},{"$f":"TRUNC(F77*G77,2)","v":116187.5}]
[{"$f":"A77+1","v":64},"SINAPI",{"$f":"\"95876\"","v":"95876"},"TRANSPORTE COM CAMINHÃO BASCULANTE DE 14 M³, EM VIA URBANA PAVIMENTADA, DMT ATÉ 30 KM","m³xkm",{"$f":"F76*0.1*30","v":9422.58},{"$f":"IF(B78=\"Codevasf\",VLOOKUP(C78,'CPU CODEVASF'!E:H,4,0),IF(B78=\"SICRO\",VLOOKUP(C78,'SINTÉTICO SICRO'!A:D,4,0)*(1+$F$6),IF(B78=\"SINAPI\",VLOOKUP('RESUMO MODULO TOTAL'!C78,'COMP Sint. Sinapi'!G:M,5,0)*(1+$F$6),IF(B78=\"ORSE\",VLOOKUP(C78,ORSE!A:E,5,0)*(1+$F$6),IF(B78=\"COTAÇÃO\",VLOOKUP(C78,COTAÇÕES!A:E,5,0)*(1+$H$6),IF(B78=\"Codevasf.Aux\",VLOOKUP(C78,Codevasf.Aux!B:J,9,0)*(1+$F$6),IF(B78=\"SINAPI INS.\",VLOOKUP(C78,'INSUMOS SINAPI'!A:E,5,0)*(1+$H$6))))))))","v":2.67},{"$f":"TRUNC(F78*G78,2)","v":25158.28}]
[null,null,null,"AQUISIÇÃO E TRANSPORTE DO MATERIAL BETUMINOSO",{"$nulls":4},"ATUALIZAR PREÇO",{"$f":"H79/$H$132","v":0}]
[{"$f":"A78+1","v":65},"CODEVASF","CPU-13","AQUISIÇÃO DE CIMENTO ASFALTICO CAP 50/70","t",{"$f":"' CONSUMO DE MAT. B TOTAL'!P12","v":334.22},{"$f":"IF(B80=\"Codevasf\",VLOOKUP(C80,'CPU CODEVASF'!E:H,4,0),IF(B80=\"SICRO\",VLOOKUP(C80,'SINTÉTICO SICRO'!A:D,4,0)*(1+$F$6),IF(B80=\"SINAPI\",VLOOKUP('RESUMO MODULO TOTAL'!C80,'COMP Sint. Sinapi'!G:M,5,0)*(1+$F$6),IF(B80=\"ORSE\",VLOOKUP(C80,ORSE!A:E,5,0)*(1+$F$6),IF(B80=\"COTAÇÃO\",VLOOKUP(C80,COTAÇÕES!A:E,5,0)*(1+$H$6),IF(B80=\"Codevasf.Aux\",VLOOKUP(C80,Codevasf.Aux!B:J,9,0)*(1+$F$6),IF(B80=\"SINAPI INS.\",VLOOKUP(C80,'INSUMOS SINAPI'!A:E,5,0)*(1+$H$6))))))))","v":5096.76},{"$f":"TRUNC(F80*G80,2)","v":1703439.12},null,6.59E-2]
[{"$f":"A80+1","v":66},"CODEVASF","CPU-17","TRANSPORTE CAP 50/70","t",{"$f":"' CONSUMO DE MAT. B TOTAL'!P12","v":334.22},{"$f":"IF(B81=\"Codevasf\",VLOOKUP(C81,'CPU CODEVASF'!E:H,4,0),IF(B81=\"SICRO\",VLOOKUP(C81,'SINTÉTICO SICRO'!A:D,4,0)*(1+$F$6),IF(B81=\"SINAPI\",VLOOKUP('RESUMO MODULO TOTAL'!C81,'COMP Sint. Sinapi'!G:M,5,0)*(1+$F$6),IF(B81=\"ORSE\",VLOOKUP(C81,ORSE!A:E,5,0)*(1+$F$6),IF(B81=\"COTAÇÃO\",VLOOKUP(C81,COTAÇÕES!A:E,5,0)*(1+$H$6),IF(B81=\"Codevasf.Aux\",VLOOKUP(C81,Codevasf.Aux!B:J,9,0)*(1+$F$6),IF(B81=\"SINAPI INS.\",VLOOKUP(C81,'INSUMOS SINAPI'!A:E,5,0)*(1+$H$6))))))))","v":671.32},224368.57,null,8.6999999999999994E-3]
[{"$f":"A81+1","v":67},"CODEVASF","CPU-14","AQUISIÇÃO DE CM-30","t",{"$f":"' CONSUMO DE MAT. B TOTAL'!P8","v":48.63},{"$f":"IF(B82=\"Codevasf\",VLOOKUP(C82,'CPU CODEVASF'!E:H,4,0),IF(B82=\"SICRO\",VLOOKUP(C82,'SINTÉTICO SICRO'!A:D,4,0)*(1+$F$6),IF(B82=\"SINAPI\",VLOOKUP('RESUMO MODULO TOTAL'!C82,'COMP Sint. Sinapi'!G:M,5,0)*(1+$F$6),IF(B82=\"ORSE\",VLOOKUP(C82,ORSE!A:E,5,0)*(1+$F$6),IF(B82=\"COTAÇÃO\",VLOOKUP(C82,COTAÇÕES!A:E,5,0)*(1+$H$6),IF(B82=\"Codevasf.Aux\",VLOOKUP(C82,Codevasf.Aux!B:J,9,0)*(1+$F$6),IF(B82=\"SINAPI INS.\",VLOOKUP(C82,'INSUMOS SINAPI'!A:E,5,0)*(1+$H$6))))))))","v":6302.73},306501.75,null,1.1900000000000001E-2]
[68,"CODEVASF","CPU-18","TRANSPORTE DE CM-30","t",{"$f":"' CONSUMO DE MAT. B TOTAL'!P8","v":48.63},{"$f":"IF(B83=\"Codevasf\",VLOOKUP(C83,'CPU CODEVASF'!E:H,4,0),IF(B83=\"SICRO\",VLOOKUP(C83,'SINTÉTICO SICRO'!A:D,4,0)*(1+$F$6),IF(B83=\"SINAPI\",VLOOKUP('RESUMO MODULO TOTAL'!C83,'COMP Sint. Sinapi'!G:M,5,0)*(1+$F$6),IF(B83=\"ORSE\",VLOOKUP(C83,ORSE!A:E,5,0)*(1+$F$6),IF(B83=\"COTAÇÃO\",VLOOKUP(C83,COTAÇÕES!A:E,5,0)*(1+$H$6),IF(B83=\"Codevasf.Aux\",VLOOKUP(C83,Codevasf.Aux!B:J,9,0)*(1+$F$6),IF(B83=\"SINAPI INS.\",VLOOKUP(C83,'INSUMOS SINAPI'!A:E,5,0)*(1+$H$6))))))))","v":537.01},26114.79,null,1E-3]
[69,"CODEVASF","CPU-15","AQUISIÇÃO DE EMULSÃO ASFÁLTICA RR-1C","t",{"$f":"' CONSUMO DE MAT. B TOTAL'!P10","v":17.62},{"$f":"IF(B84=\"Codevasf\",VLOOKUP(C84,'CPU CODEVASF'!E:H,4,0),IF(B84=\"SICRO\",VLOOKUP(C84,'SINTÉTICO SICRO'!A:D,4,0)*(1+$F$6),IF(B84=\"SINAPI\",VLOOKUP('RESUMO MODULO TOTAL'!C84,'COMP Sint. Sinapi'!G:M,5,0)*(1+$F$6),IF(B84=\"ORSE\",VLOOKUP(C84,ORSE!A:E,5,0)*(1+$F$6),IF(B84=\"COTAÇÃO\",VLOOKUP(C84,COTAÇÕES!A:E,5,0)*(1+$H$6),IF(B84=\"Codevasf.Aux\",VLOOKUP(C84,Codevasf.Aux!B:J,9,0)*(1+$F$6),IF(B84=\"SINAPI INS.\",VLOOKUP(C84,'INSUMOS SINAPI'!A:E,5,0)*(1+$H$6))))))))","v":3717.59},65503.93,null,2.5000000000000001E-3]
[70,"CODEVASF","CPU-19","TRANSPORTE RR-1C","t",{"$f":"' CONSUMO DE MAT. B TOTAL'!P10","v":17.62},{"$f":"IF(B85=\"Codevasf\",VLOOKUP(C85,'CPU CODEVASF'!E:H,4,0),IF(B85=\"SICRO\",VLOOKUP(C85,'SINTÉTICO SICRO'!A:D,4,0)*(1+$F$6),IF(B85=\"SINAPI\",VLOOKUP('RESUMO MODULO TOTAL'!C85,'COMP Sint. Sinapi'!G:M,5,0)*(1+$F$6),IF(B85=\"ORSE\",VLOOKUP(C85,ORSE!A:E,5,0)*(1+$F$6),IF(B85=\"COTAÇÃO\",VLOOKUP(C85,COTAÇÕES!A:E,5,0)*(1+$H$6),IF(B85=\"Codevasf.Aux\",VLOOKUP(C85,Codevasf.Aux!B:J,9,0)*(1+$F$6),IF(B85=\"SINAPI INS.\",VLOOKUP(C85,'INSUMOS SINAPI'!A:E,5,0)*(1+$H$6))))))))","v":663.58},11692.27,null,5.0000000000000001E-4]
[null,null,null,"PASSEIOS"]
[71,"SINAPI",{"$f":"\"97084\"","v":"97084"},"COMPACTAÇÃO MECÂNICA DE SOLO PARA EXECUÇÃO DE RADIER, PISO DE CONCRETO OU LAJE SOBRE SOLO, COM COMPACTADOR DE SOLOS TIPO PLACA VIBRATÓRIA. AF_09/2021","m²",{"$f":"'[3]Planilha unificada'!$T$87","v":19603.490000000002},{"$f":"IF(B87=\"Codevasf\",VLOOKUP(C87,'CPU CODEVASF'!E:H,4,0),IF(B87=\"SICRO\",VLOOKUP(C87,'SINTÉTICO SICRO'!A:D,4,0)*(1+$F$6),IF(B87=\"SINAPI\",VLOOKUP('RESUMO MODULO TOTAL'!C87,'COMP Sint. Sinapi'!G:M,5,0)*(1+$F$6),IF(B87=\"ORSE\",VLOOKUP(C87,ORSE!A:E,5,0)*(1+$F$6),IF(B87=\"COTAÇÃO\",VLOOKUP(C87,COTAÇÕES!A:E,5,0)*(1+$H$6),IF(B87=\"Codevasf.Aux\",VLOOKUP(C87,Codevasf.Aux!B:J,9,0)*(1+$F$6),IF(B87=\"SINAPI INS.\",VLOOKUP(C87,'INSUMOS SINAPI'!A:E,5,0)*(1+$H$6))))))))","v":0.83},{"$f":"TRUNC(F87*G87,2)","v":16270.89}]
[72,"SINAPI",{"$f":"\"94991\"","v":"94991"},"EXECUÇÃO DE PASSEIO (CALÇADA) OU PISO DE CONCRETO COM CONCRETO MOLDADO IN LOCO, USINADO C20, ACABAMENTO CONVENCIONAL, NÃO ARMADO. AF_08/2022","m³",{"$f":"'[3]Planilha unificada'!$T$88","v":1176.2},{"$f":"IF(B88=\"Codevasf\",VLOOKUP(C88,'CPU CODEVASF'!E:H,4,0),IF(B88=\"SICRO\",VLOOKUP(C88,'SINTÉTICO SICRO'!A:D,4,0)*(1+$F$6),IF(B88=\"SINAPI\",VLOOKUP('RESUMO MODULO TOTAL'!C88,'COMP Sint. Sinapi'!G:M,5,0)*(1+$F$6),IF(B88=\"ORSE\",VLOOKUP(C88,ORSE!A:E,5,0)*(1+$F$6),IF(B88=\"COTAÇÃO\",VLOOKUP(C88,COTAÇÕES!A:E,5,0)*(1+$H$6),IF(B88=\"Codevasf.Aux\",VLOOKUP(C88,Codevasf.Aux!B:J,9,0)*(1+$F$6),IF(B88=\"SINAPI INS.\",VLOOKUP(C88,'INSUMOS SINAPI'!A:E,5,0)*(1+$H$6))))))))","v":827.19},{"$f":"TRUNC(F88*G88,2)","v":972940.87}]
[null,null,null,"SINALIZAÇÃO",{"$nulls":5},{"$f":"H89/$H$132","v":0}]
[73,"SINAPI",{"$f":"\"103696\"","v":"103696"},"FORNECIMENTO E INSTALAÇÃO DE SUPORTE DE MADEIRA PARA PLACAS DE SINALIZAÇÃO EM CONCRETO, COM H= DE 2,5 M E SEÇÃO DE 7,5 X 7,5 CM. AF_03/2022","und",{"$f":"'[3]Planilha unificada'!$T$90","v":193},{"$f":"IF(B90=\"Codevasf\",VLOOKUP(C90,'CPU CODEVASF'!E:H,4,0),IF(B90=\"SICRO\",VLOOKUP(C90,'SINTÉTICO SICRO'!A:D,4,0)*(1+$F$6),IF(B90=\"SINAPI\",VLOOKUP('RESUMO MODULO TOTAL'!C90,'COMP Sint. Sinapi'!G:M,5,0)*(1+$F$6),IF(B90=\"ORSE\",VLOOKUP(C90,ORSE!A:E,5,0)*(1+$F$6),IF(B90=\"COTAÇÃO\",VLOOKUP(C90,COTAÇÕES!A:E,5,0)*(1+$H$6),IF(B90=\"Codevasf.Aux\",VLOOKUP(C90,Codevasf.Aux!B:J,9,0)*(1+$F$6),IF(B90=\"SINAPI INS.\",VLOOKUP(C90,'INSUMOS SINAPI'!A:E,5,0)*(1+$H$6))))))))","v":166.81},{"$f":"TRUNC(F90*G90,2)","v":32194.33},null,{"$f":"H90/$H$132","v":1.1999999999999999E-3}]
[{"$f":"A90+1","v":74},"Codevasf.Aux","CPU 002","Suporte metálico galvanizado para placa de advertência ou regulamentação - lado ou diâmetro de 0,60 m - fornecimento e implantação","m²",{"$f":"'[3]Planilha unificada'!$T$91","v":123.01},{"$f":"IF(B91=\"Codevasf\",VLOOKUP(C91,'CPU CODEVASF'!E:H,4,0),IF(B91=\"SICRO\",VLOOKUP(C91,'SINTÉTICO SICRO'!A:D,4,0)*(1+$F$6),IF(B91=\"SINAPI\",VLOOKUP('RESUMO MODULO TOTAL'!C91,'COMP Sint. Sinapi'!G:M,5,0)*(1+$F$6),IF(B91=\"ORSE\",VLOOKUP(C91,ORSE!A:E,5,0)*(1+$F$6),IF(B91=\"COTAÇÃO\",VLOOKUP(C91,COTAÇÕES!A:E,5,0)*(1+$H$6),IF(B91=\"Codevasf.Aux\",VLOOKUP(C91,Codevasf.Aux!B:J,9,0)*(1+$F$6),IF(B91=\"SINAPI INS.\",VLOOKUP(C91,'INSUMOS SINAPI'!A:E,5,0)*(1+$H$6))))))))","v":918.49},{"$f":"TRUNC(F91*G91,2)","v":112983.45},null,{"$f":"H91/$H$132","v":4.4000000000000003E-3}]
[{"$f":"A91+1","v":75},"Codevasf.Aux","CPU 132","INSTALAÇÃO E FORNECIMENTO DE PLACA PARA IDENTIFICAÇÃO DE LOGRADOURO EM CHAPA METÁLICA, NA COR AZUL, COM DIMENSÕES 45 X 20CM.","und",{"$f":"'[3]Planilha unificada'!$T$92","v":48},{"$f":"IF(B92=\"Codevasf\",VLOOKUP(C92,'CPU CODEVASF'!E:H,4,0),IF(B92=\"SICRO\",VLOOKUP(C92,'SINTÉTICO SICRO'!A:D,4,0)*(1+$F$6),IF(B92=\"SINAPI\",VLOOKUP('RESUMO MODULO TOTAL'!C92,'COMP Sint. Sinapi'!G:M,5,0)*(1+$F$6),IF(B92=\"ORSE\",VLOOKUP(C92,ORSE!A:E,5,0)*(1+$F$6),IF(B92=\"COTAÇÃO\",VLOOKUP(C92,COTAÇÕES!A:E,5,0)*(1+$H$6),IF(B92=\"Codevasf.Aux\",VLOOKUP(C92,Codevasf.Aux!B:J,9,0)*(1+$F$6),IF(B92=\"SINAPI INS.\",VLOOKUP(C92,'INSUMOS SINAPI'!A:E,5,0)*(1+$H$6))))))))","v":142.21},6826.08,null,{"$f":"H92/$H$132","v":2.9999999999999997E-4}]
[76,"SICRO",5213400,"Pintura de faixa com tinta acrílica - espessura de 0,4 mm","m²",{"$f":"'[3]Planilha unificada'!$T$93","v":971.97},{"$f":"IF(B93=\"Codevasf\",VLOOKUP(C93,'CPU CODEVASF'!E:H,4,0),IF(B93=\"SICRO\",VLOOKUP(C93,'SINTÉTICO SICRO'!A:D,4,0)*(1+$F$6),IF(B93=\"SINAPI\",VLOOKUP('RESUMO MODULO TOTAL'!C93,'COMP Sint. Sinapi'!G:M,5,0)*(1+$F$6),IF(B93=\"ORSE\",VLOOKUP(C93,ORSE!A:E,5,0)*(1+$F$6),IF(B93=\"COTAÇÃO\",VLOOKUP(C93,COTAÇÕES!A:E,5,0)*(1+$H$6),IF(B93=\"Codevasf.Aux\",VLOOKUP(C93,Codevasf.Aux!B:J,9,0)*(1+$F$6),IF(B93=\"SINAPI INS.\",VLOOKUP(C93,'INSUMOS SINAPI'!A:E,5,0)*(1+$H$6))))))))","v":37.99},36925.14]
[77,"SINAPI",{"$f":"\"102512\"","v":"102512"},"PINTURA DE EIXO VIÁRIO SOBRE ASFALTO COM TINTA RETRORREFLETIVA A BASE DE RESINA ACRÍLICA COM MICROESFERAS DE VIDRO, APLICAÇÃO MECÂNICA COM DEMARCADORA AUTOPROPELIDA. AF_05/2021","m",{"$f":"'[3]Planilha unificada'!$T$94","v":8504.39},{"$f":"IF(B94=\"Codevasf\",VLOOKUP(C94,'CPU CODEVASF'!E:H,4,0),IF(B94=\"SICRO\",VLOOKUP(C94,'SINTÉTICO SICRO'!A:D,4,0)*(1+$F$6),IF(B94=\"SINAPI\",VLOOKUP('RESUMO MODULO TOTAL'!C94,'COMP Sint. Sinapi'!G:M,5,0)*(1+$F$6),IF(B94=\"ORSE\",VLOOKUP(C94,ORSE!A:E,5,0)*(1+$F$6),IF(B94=\"COTAÇÃO\",VLOOKUP(C94,COTAÇÕES!A:E,5,0)*(1+$H$6),IF(B94=\"Codevasf.Aux\",VLOOKUP(C94,Codevasf.Aux!B:J,9,0)*(1+$F$6),IF(B94=\"SINAPI INS.\",VLOOKUP(C94,'INSUMOS SINAPI'!A:E,5,0)*(1+$H$6))))))))","v":7.03},{"$f":"TRUNC(F94*G94,2)","v":59785.86}]
[null,null,null,"SERVIÇOS COMPLEMENTARES",{"$nulls":5},{"$f":"H95/$H$132","v":0}]
[78,"Codevasf.Aux","CPU 045","PISO TÁTIL DIRECIONAL E/OU ALERTA, DE CONCRETO, NA COR NATURAL, P/PORTADORES DE DEFICIÊNCIA MOTORA OU VISUAL, DIMENSÕES 40X40CM, APLICADO COM ARGAMASSA INDUSTRIALIZADA AC-II, REJUNTADO, EXCLUSIVE REGULARIZAÇÃO DE BASE.","M2",{"$f":"'[3]Planilha unificada'!$T96","v":229.02},{"$f":"IF(B96=\"Codevasf\",VLOOKUP(C96,'CPU CODEVASF'!E:H,4,0),IF(B96=\"SICRO\",VLOOKUP(C96,'SINTÉTICO SICRO'!A:D,4,0)*(1+$F$6),IF(B96=\"SINAPI\",VLOOKUP('RESUMO MODULO TOTAL'!C96,'COMP Sint. Sinapi'!G:M,5,0)*(1+$F$6),IF(B96=\"ORSE\",VLOOKUP(C96,ORSE!A:E,5,0)*(1+$F$6),IF(B96=\"COTAÇÃO\",VLOOKUP(C96,COTAÇÕES!A:E,5,0)*(1+$H$6),IF(B96=\"Codevasf.Aux\",VLOOKUP(C96,Codevasf.Aux!B:J,9,0)*(1+$F$6),IF(B96=\"SINAPI INS.\",VLOOKUP(C96,'INSUMOS SINAPI'!A:E,5,0)*(1+$H$6))))))))","v":179.68},{"$f":"TRUNC(F96*G96,2)","v":41150.31},null,{"$f":"H96/$H$132","v":1.6000000000000001E-3}]
[{"$f":"A96+1","v":79},"Codevasf.Aux","CPU 046","PISO TÁTIL DIRECIONAL E/OU ALERTA, DE CONCRETO, NA COR NATURAL P/PORTADORES DE DEFICIÊNCIA MOTORA OU VISUAL, DIMENSÕES 25X25CM, APLICADO COM ARGAMASSA INDUSTRIALIZADA AC-II, REJUNTADO, EXCLUSIVE REGULARIZAÇÃO DE BASE.","M2",{"$f":"'[3]Planilha unificada'!$T97","v":282.02999999999997},{"$f":"IF(B97=\"Codevasf\",VLOOKUP(C97,'CPU CODEVASF'!E:H,4,0),IF(B97=\"SICRO\",VLOOKUP(C97,'SINTÉTICO SICRO'!A:D,4,0)*(1+$F$6),IF(B97=\"SINAPI\",VLOOKUP('RESUMO MODULO TOTAL'!C97,'COMP Sint. Sinapi'!G:M,5,0)*(1+$F$6),IF(B97=\"ORSE\",VLOOKUP(C97,ORSE!A:E,5,0)*(1+$F$6),IF(B97=\"COTAÇÃO\",VLOOKUP(C97,COTAÇÕES!A:E,5,0)*(1+$H$6),IF(B97=\"Codevasf.Aux\",VLOOKUP(C97,Codevasf.Aux!B:J,9,0)*(1+$F$6),IF(B97=\"SINAPI INS.\",VLOOKUP(C97,'INSUMOS SINAPI'!A:E,5,0)*(1+$H$6))))))))","v":197.98},{"$f":"TRUNC(F97*G97,2)","v":55836.29}]
[{"$f":"A97+1","v":80},"Codevasf.Aux","CPU 043","REBAIXAMENTO DE PENA D'ÁGUA, INCLUINDO COMPLEMENTO DE TUBULAÇÃO, CONEXÕES, ESCAVAÇÃO E REATERRO.","UN",{"$f":"'[3]Planilha unificada'!$T98","v":476},{"$f":"IF(B98=\"Codevasf\",VLOOKUP(C98,'CPU CODEVASF'!E:H,4,0),IF(B98=\"SICRO\",VLOOKUP(C98,'SINTÉTICO SICRO'!A:D,4,0)*(1+$F$6),IF(B98=\"SINAPI\",VLOOKUP('RESUMO MODULO TOTAL'!C98,'COMP Sint. Sinapi'!G:M,5,0)*(1+$F$6),IF(B98=\"ORSE\",VLOOKUP(C98,ORSE!A:E,5,0)*(1+$F$6),IF(B98=\"COTAÇÃO\",VLOOKUP(C98,COTAÇÕES!A:E,5,0)*(1+$H$6),IF(B98=\"Codevasf.Aux\",VLOOKUP(C98,Codevasf.Aux!B:J,9,0)*(1+$F$6),IF(B98=\"SINAPI INS.\",VLOOKUP(C98,'INSUMOS SINAPI'!A:E,5,0)*(1+$H$6))))))))","v":148.49},70681.240000000005]
[81,"Codevasf.Aux","CPU 044","IMPLANTAÇÃO DE DISTRIBUIDOR, INCLUSIVE TUBULAÇÃO DE 50MM, CONEXÕES, ESCAVAÇÃO, ESCORAMENTO E ATERRO.","M",{"$f":"'[3]Planilha unificada'!$T99","v":6099.69},{"$f":"IF(B99=\"Codevasf\",VLOOKUP(C99,'CPU CODEVASF'!E:H,4,0),IF(B99=\"SICRO\",VLOOKUP(C99,'SINTÉTICO SICRO'!A:D,4,0)*(1+$F$6),IF(B99=\"SINAPI\",VLOOKUP('RESUMO MODULO TOTAL'!C99,'COMP Sint. Sinapi'!G:M,5,0)*(1+$F$6),IF(B99=\"ORSE\",VLOOKUP(C99,ORSE!A:E,5,0)*(1+$F$6),IF(B99=\"COTAÇÃO\",VLOOKUP(C99,COTAÇÕES!A:E,5,0)*(1+$H$6),IF(B99=\"Codevasf.Aux\",VLOOKUP(C99,Codevasf.Aux!B:J,9,0)*(1+$F$6),IF(B99=\"SINAPI INS.\",VLOOKUP(C99,'INSUMOS SINAPI'!A:E,5,0)*(1+$H$6))))))))","v":128.61000000000001},784481.13]
[82,"Codevasf.Aux","CPU 041","ASSENTAMENTO DE GUIA (MEIO-FIO) EM TRECHO RETO, CONFECCIONADA EM CONCRETO PRÉ-FABRICADO, DIMENSÕES 100x15x30 CM (COMPRIMENTO X BASE INFERIOR X BASE SUPERIOR X ALTURA). ","M",{"$f":"'[3]Planilha unificada'!$T100","v":1485.6},{"$f":"IF(B100=\"Codevasf\",VLOOKUP(C100,'CPU CODEVASF'!E:H,4,0),IF(B100=\"SICRO\",VLOOKUP(C100,'SINTÉTICO SICRO'!A:D,4,0)*(1+$F$6),IF(B100=\"SINAPI\",VLOOKUP('RESUMO MODULO TOTAL'!C100,'COMP Sint. Sinapi'!G:M,5,0)*(1+$F$6),IF(B100=\"ORSE\",VLOOKUP(C100,ORSE!A:E,5,0)*(1+$F$6),IF(B100=\"COTAÇÃO\",VLOOKUP(C100,COTAÇÕES!A:E,5,0)*(1+$H$6),IF(B100=\"Codevasf.Aux\",VLOOKUP(C100,Codevasf.Aux!B:J,9,0)*(1+$F$6),IF(B100=\"SINAPI INS.\",VLOOKUP(C100,'INSUMOS SINAPI'!A:E,5,0)*(1+$H$6))))))))","v":118.18},175568.2]
[83,"SINAPI",{"$f":"\"98504\"","v":"98504"},"PLANTIO DE GRAMA BATATAIS EM PLACAS. AF_05/2018","M2",{"$f":"'[3]Planilha unificada'!$T101","v":141.09},{"$f":"IF(B101=\"Codevasf\",VLOOKUP(C101,'CPU CODEVASF'!E:H,4,0),IF(B101=\"SICRO\",VLOOKUP(C101,'SINTÉTICO SICRO'!A:D,4,0)*(1+$F$6),IF(B101=\"SINAPI\",VLOOKUP('RESUMO MODULO TOTAL'!C101,'COMP Sint. Sinapi'!G:M,5,0)*(1+$F$6),IF(B101=\"ORSE\",VLOOKUP(C101,ORSE!A:E,5,0)*(1+$F$6),IF(B101=\"COTAÇÃO\",VLOOKUP(C101,COTAÇÕES!A:E,5,0)*(1+$H$6),IF(B101=\"Codevasf.Aux\",VLOOKUP(C101,Codevasf.Aux!B:J,9,0)*(1+$F$6),IF(B101=\"SINAPI INS.\",VLOOKUP(C101,'INSUMOS SINAPI'!A:E,5,0)*(1+$H$6))))))))","v":18.89},{"$f":"TRUNC(F101*G101,2)","v":2665.19}]
[84,"SINAPI",{"$f":"\"98520\"","v":"98520"},"APLICAÇÃO DE ADUBO EM SOLO. AF_05/2018","M2",{"$f":"'[3]Planilha unificada'!$T102","v":141.16},{"$f":"IF(B102=\"Codevasf\",VLOOKUP(C102,'CPU CODEVASF'!E:H,4,0),IF(B102=\"SICRO\",VLOOKUP(C102,'SINTÉTICO SICRO'!A:D,4,0)*(1+$F$6),IF(B102=\"SINAPI\",VLOOKUP('RESUMO MODULO TOTAL'!C102,'COMP Sint. Sinapi'!G:M,5,0)*(1+$F$6),IF(B102=\"ORSE\",VLOOKUP(C102,ORSE!A:E,5,0)*(1+$F$6),IF(B102=\"COTAÇÃO\",VLOOKUP(C102,COTAÇÕES!A:E,5,0)*(1+$H$6),IF(B102=\"Codevasf.Aux\",VLOOKUP(C102,Codevasf.Aux!B:J,9,0)*(1+$F$6),IF(B102=\"SINAPI INS.\",VLOOKUP(C102,'INSUMOS SINAPI'!A:E,5,0)*(1+$H$6))))))))","v":5.56},784.84]
[85,"Codevasf.Aux",90695,"TUBO DE PVC PARA REDE COLETORA DE ESGOTO DE PAREDE MACIÇA, DN 150 MM, JUNTA ELÁSTICA  - ASSENTAMENTO. AF_01/2021","M",{"$f":"'[3]Planilha unificada'!$T103","v":5866.13},{"$f":"IF(B103=\"Codevasf\",VLOOKUP(C103,'CPU CODEVASF'!E:H,4,0),IF(B103=\"SICRO\",VLOOKUP(C103,'SINTÉTICO SICRO'!A:D,4,0)*(1+$F$6),IF(B103=\"SINAPI\",VLOOKUP('RESUMO MODULO TOTAL'!C103,'COMP Sint. Sinapi'!G:M,5,0)*(1+$F$6),IF(B103=\"ORSE\",VLOOKUP(C103,ORSE!A:E,5,0)*(1+$F$6),IF(B103=\"COTAÇÃO\",VLOOKUP(C103,COTAÇÕES!A:E,5,0)*(1+$H$6),IF(B103=\"Codevasf.Aux\",VLOOKUP(C103,Codevasf.Aux!B:J,9,0)*(1+$F$6),IF(B103=\"SINAPI INS.\",VLOOKUP(C103,'INSUMOS SINAPI'!A:E,5,0)*(1+$H$6))))))))","v":7.32},42940.07]
[86,"SINAPI INS.",41936,"'TUBO DE PVC PARA REDE COLETORA DE ESGOTO DE PAREDE MACIÇA, DN 150 MM, JUNTA ELÁSTICA  - FORNECIMENTO",null,{"$f":"F103*Codevasf.Aux!E205","v":6159.44},{"$f":"IF(B104=\"Codevasf\",VLOOKUP(C104,'CPU CODEVASF'!E:H,4,0),IF(B104=\"SICRO\",VLOOKUP(C104,'SINTÉTICO SICRO'!A:D,4,0)*(1+$F$6),IF(B104=\"SINAPI\",VLOOKUP('RESUMO MODULO TOTAL'!C104,'COMP Sint. Sinapi'!G:M,5,0)*(1+$F$6),IF(B104=\"ORSE\",VLOOKUP(C104,ORSE!A:E,5,0)*(1+$F$6),IF(B104=\"COTAÇÃO\",VLOOKUP(C104,COTAÇÕES!A:E,5,0)*(1+$H$6),IF(B104=\"Codevasf.Aux\",VLOOKUP(C104,Codevasf.Aux!B:J,9,0)*(1+$F$6),IF(B104=\"SINAPI INS.\",VLOOKUP(C104,'INSUMOS SINAPI'!A:E,5,0)*(1+$H$6))))))))","v":100.22},{"$f":"TRUNC(F104*G104,2)","v":617299.06999999995}]
[87,"Codevasf.Aux","CPU 080","CAIXA ENTERRADA HIDRÁULICA RETANGULAR, EM ALVENARIA COM BLOCOS DE CONCRETO, DIMENSÕES INTERNAS: 0,4X0,4X0,4 M PARA REDE DE ESGOTO. ","UN",{"$f":"'[3]Planilha unificada'!$T104","v":476},{"$f":"IF(B105=\"Codevasf\",VLOOKUP(C105,'CPU CODEVASF'!E:H,4,0),IF(B105=\"SICRO\",VLOOKUP(C105,'SINTÉTICO SICRO'!A:D,4,0)*(1+$F$6),IF(B105=\"SINAPI\",VLOOKUP('RESUMO MODULO TOTAL'!C105,'COMP Sint. Sinapi'!G:M,5,0)*(1+$F$6),IF(B105=\"ORSE\",VLOOKUP(C105,ORSE!A:E,5,0)*(1+$F$6),IF(B105=\"COTAÇÃO\",VLOOKUP(C105,COTAÇÕES!A:E,5,0)*(1+$H$6),IF(B105=\"Codevasf.Aux\",VLOOKUP(C105,Codevasf.Aux!B:J,9,0)*(1+$F$6),IF(B105=\"SINAPI INS.\",VLOOKUP(C105,'INSUMOS SINAPI'!A:E,5,0)*(1+$H$6))))))))","v":409.4},194874.4]
[88,"SINAPI",{"$f":"\"97906\"","v":"97906"},"CAIXA ENTERRADA HIDRÁULICA RETANGULAR, EM ALVENARIA COM BLOCOS DE CONCRETO, DIMENSÕES INTERNAS: 0,6X0,6X0,6 M PARA REDE DE ESGOTO. AF_12/2020","UN",{"$f":"'[3]Planilha unificada'!$T105","v":29},{"$f":"IF(B106=\"Codevasf\",VLOOKUP(C106,'CPU CODEVASF'!E:H,4,0),IF(B106=\"SICRO\",VLOOKUP(C106,'SINTÉTICO SICRO'!A:D,4,0)*(1+$F$6),IF(B106=\"SINAPI\",VLOOKUP('RESUMO MODULO TOTAL'!C106,'COMP Sint. Sinapi'!G:M,5,0)*(1+$F$6),IF(B106=\"ORSE\",VLOOKUP(C106,ORSE!A:E,5,0)*(1+$F$6),IF(B106=\"COTAÇÃO\",VLOOKUP(C106,COTAÇÕES!A:E,5,0)*(1+$H$6),IF(B106=\"Codevasf.Aux\",VLOOKUP(C106,Codevasf.Aux!B:J,9,0)*(1+$F$6),IF(B106=\"SINAPI INS.\",VLOOKUP(C106,'INSUMOS SINAPI'!A:E,5,0)*(1+$H$6))))))))","v":533.91999999999996},15483.68]
[89,"SINAPI",{"$f":"\"90105\"","v":"90105"},"ESCAVAÇÃO MECANIZADA DE VALA COM PROFUNDIDADE ATÉ 1,5 M (MÉDIA MONTANTE E JUSANTE/UMA COMPOSIÇÃO POR TRECHO), RETROESCAV. (0,26 M3), LARGURA MENOR QUE 0,8 M, EM SOLO DE 1A CATEGORIA, LOCAIS COM BAIXO NÍVEL DE INTERFERÊNCIA. AF_02/2021","M3",{"$f":"'[3]Planilha unificada'!$T106","v":1034},{"$f":"IF(B107=\"Codevasf\",VLOOKUP(C107,'CPU CODEVASF'!E:H,4,0),IF(B107=\"SICRO\",VLOOKUP(C107,'SINTÉTICO SICRO'!A:D,4,0)*(1+$F$6),IF(B107=\"SINAPI\",VLOOKUP('RESUMO MODULO TOTAL'!C107,'COMP Sint. Sinapi'!G:M,5,0)*(1+$F$6),IF(B107=\"ORSE\",VLOOKUP(C107,ORSE!A:E,5,0)*(1+$F$6),IF(B107=\"COTAÇÃO\",VLOOKUP(C107,COTAÇÕES!A:E,5,0)*(1+$H$6),IF(B107=\"Codevasf.Aux\",VLOOKUP(C107,Codevasf.Aux!B:J,9,0)*(1+$F$6),IF(B107=\"SINAPI INS.\",VLOOKUP(C107,'INSUMOS SINAPI'!A:E,5,0)*(1+$H$6))))))))","v":11.92},12325.28]
[90,"SINAPI",{"$f":"\"90106\"","v":"90106"},"ESCAVAÇÃO MECANIZADA DE VALA COM PROFUNDIDADE ATÉ 1,5 M (MÉDIA MONTANTE E JUSANTE/UMA COMPOSIÇÃO POR TRECHO), RETROESCAV. (0,26 M3), LARGURA DE 0,8 M A 1,5 M, EM SOLO DE 1A CATEGORIA, LOCAIS COM BAIXO NÍVEL DE INTERFERÊNCIA. AF_02/2021","M3",{"$f":"'[3]Planilha unificada'!$T107","v":1002.46},{"$f":"IF(B108=\"Codevasf\",VLOOKUP(C108,'CPU CODEVASF'!E:H,4,0),IF(B108=\"SICRO\",VLOOKUP(C108,'SINTÉTICO SICRO'!A:D,4,0)*(1+$F$6),IF(B108=\"SINAPI\",VLOOKUP('RESUMO MODULO TOTAL'!C108,'COMP Sint. Sinapi'!G:M,5,0)*(1+$F$6),IF(B108=\"ORSE\",VLOOKUP(C108,ORSE!A:E,5,0)*(1+$F$6),IF(B108=\"COTAÇÃO\",VLOOKUP(C108,COTAÇÕES!A:E,5,0)*(1+$H$6),IF(B108=\"Codevasf.Aux\",VLOOKUP(C108,Codevasf.Aux!B:J,9,0)*(1+$F$6),IF(B108=\"SINAPI INS.\",VLOOKUP(C108,'INSUMOS SINAPI'!A:E,5,0)*(1+$H$6))))))))","v":10.130000000000001},10154.91]
[91,"SINAPI",{"$f":"\"94342\"","v":"94342"},"ATERRO MANUAL DE VALAS COM AREIA PARA ATERRO E COMPACTAÇÃO MECANIZADA. AF_05/2016","M3",{"$f":"'[3]Planilha unificada'!$T$108","v":1345.68},{"$f":"IF(B109=\"Codevasf\",VLOOKUP(C109,'CPU CODEVASF'!E:H,4,0),IF(B109=\"SICRO\",VLOOKUP(C109,'SINTÉTICO SICRO'!A:D,4,0)*(1+$F$6),IF(B109=\"SINAPI\",VLOOKUP('RESUMO MODULO TOTAL'!C109,'COMP Sint. Sinapi'!G:M,5,0)*(1+$F$6),IF(B109=\"ORSE\",VLOOKUP(C109,ORSE!A:E,5,0)*(1+$F$6),IF(B109=\"COTAÇÃO\",VLOOKUP(C109,COTAÇÕES!A:E,5,0)*(1+$H$6),IF(B109=\"Codevasf.Aux\",VLOOKUP(C109,Codevasf.Aux!B:J,9,0)*(1+$F$6),IF(B109=\"SINAPI INS.\",VLOOKUP(C109,'INSUMOS SINAPI'!A:E,5,0)*(1+$H$6))))))))","v":144.21},{"$f":"TRUNC(F109*G109,2)","v":194060.51}]
[92,"SINAPI",{"$f":"\"100974\"","v":"100974"},"CARGA, MANOBRA E DESCARGA DE SOLOS E MATERIAIS GRANULARES EM CAMINHÃO BASCULANTE 10 M³ - CARGA COM PÁ CARREGADEIRA (CAÇAMBA DE 1,7 A 2,8 M³ / 128 HP) E DESCARGA LIVRE (UNIDADE: M3). AF_07/2020","M3",{"$f":"'[3]Planilha unificada'!$T$109","v":1952.56},{"$f":"IF(B110=\"Codevasf\",VLOOKUP(C110,'CPU CODEVASF'!E:H,4,0),IF(B110=\"SICRO\",VLOOKUP(C110,'SINTÉTICO SICRO'!A:D,4,0)*(1+$F$6),IF(B110=\"SINAPI\",VLOOKUP('RESUMO MODULO TOTAL'!C110,'COMP Sint. Sinapi'!G:M,5,0)*(1+$F$6),IF(B110=\"ORSE\",VLOOKUP(C110,ORSE!A:E,5,0)*(1+$F$6),IF(B110=\"COTAÇÃO\",VLOOKUP(C110,COTAÇÕES!A:E,5,0)*(1+$H$6),IF(B110=\"Codevasf.Aux\",VLOOKUP(C110,Codevasf.Aux!B:J,9,0)*(1+$F$6),IF(B110=\"SINAPI INS.\",VLOOKUP(C110,'INSUMOS SINAPI'!A:E,5,0)*(1+$H$6))))))))","v":10.99},21458.63]
[93,"SINAPI",{"$f":"\"95874\"","v":"95874"},"TRANSPORTE COM CAMINHÃO BASCULANTE DE 14 M³, EM VIA URBANA PAVIMENTADA, DMT ATÉ 30 KM (UNIDADE: M3XKM). AF_07/2020","M3XKM",{"$f":"'[3]Planilha unificada'!$T$110","v":29288.400000000001},{"$f":"IF(B111=\"Codevasf\",VLOOKUP(C111,'CPU CODEVASF'!E:H,4,0),IF(B111=\"SICRO\",VLOOKUP(C111,'SINTÉTICO SICRO'!A:D,4,0)*(1+$F$6),IF(B111=\"SINAPI\",VLOOKUP('RESUMO MODULO TOTAL'!C111,'COMP Sint. Sinapi'!G:M,5,0)*(1+$F$6),IF(B111=\"ORSE\",VLOOKUP(C111,ORSE!A:E,5,0)*(1+$F$6),IF(B111=\"COTAÇÃO\",VLOOKUP(C111,COTAÇÕES!A:E,5,0)*(1+$H$6),IF(B111=\"Codevasf.Aux\",VLOOKUP(C111,Codevasf.Aux!B:J,9,0)*(1+$F$6),IF(B111=\"SINAPI INS.\",VLOOKUP(C111,'INSUMOS SINAPI'!A:E,5,0)*(1+$H$6))))))))","v":12.46},364933.46]
[null,null,null,"CONSTRUÇÃO DE MURO DE ARRIMO",{"$nulls":5},{"$f":"H112/$H$132","v":0}]
[94,"SINAPI",{"$f":"\"90102\"","v":"90102"},"ESCAVAÇÃO MECANIZADA DE VALA COM PROF. MAIOR QUE 1,5 M ATÉ 3,0 M (MÉDIA MONTANTE E JUSANTE/UMA COMPOSIÇÃO POR TRECHO), RETROESCAV. (0,26 M3), LARGURA DE 0,8 M A 1,5 M, EM SOLO DE 1A CATEGORIA, EM LOCAIS COM ALTO NÍVEL DE INTERFERÊNCIA. AF_02/2021","M3",{"$f":"'[3]Planilha unificada'!$T112","v":33.08},{"$f":"IF(B113=\"Codevasf\",VLOOKUP(C113,'CPU CODEVASF'!E:H,4,0),IF(B113=\"SICRO\",VLOOKUP(C113,'SINTÉTICO SICRO'!A:D,4,0)*(1+$F$6),IF(B113=\"SINAPI\",VLOOKUP('RESUMO MODULO TOTAL'!C113,'COMP Sint. Sinapi'!G:M,5,0)*(1+$F$6),IF(B113=\"ORSE\",VLOOKUP(C113,ORSE!A:E,5,0)*(1+$F$6),IF(B113=\"COTAÇÃO\",VLOOKUP(C113,COTAÇÕES!A:E,5,0)*(1+$H$6),IF(B113=\"Codevasf.Aux\",VLOOKUP(C113,Codevasf.Aux!B:J,9,0)*(1+$F$6),IF(B113=\"SINAPI INS.\",VLOOKUP(C113,'INSUMOS SINAPI'!A:E,5,0)*(1+$H$6))))))))","v":16.510000000000002},{"$f":"TRUNC(F113*G113,2)","v":546.15}]
[{"$f":"A113+1","v":95},"SINAPI",{"$f":"\"102312\"","v":"102312"},"ESCAVAÇÃO MECANIZADA DE VALA COM PROF. DE 3,0 M ATÉ 4,5 M (MÉDIA MONTANTE E JUSANTE/UMA COMPOSIÇÃO POR TRECHO), ESCAVADEIRA (1,2 M3), LARG. DE 1,5 M A 2,5 M, EM SOLO DE 2A CATEGORIA, EM LOCAIS COM ALTO NÍVEL DE INTERFERÊNCIA. AF_02/2021","M3",{"$f":"'[3]Planilha unificada'!$T113","v":250.6},{"$f":"IF(B114=\"Codevasf\",VLOOKUP(C114,'CPU CODEVASF'!E:H,4,0),IF(B114=\"SICRO\",VLOOKUP(C114,'SINTÉTICO SICRO'!A:D,4,0)*(1+$F$6),IF(B114=\"SINAPI\",VLOOKUP('RESUMO MODULO TOTAL'!C114,'COMP Sint. Sinapi'!G:M,5,0)*(1+$F$6),IF(B114=\"ORSE\",VLOOKUP(C114,ORSE!A:E,5,0)*(1+$F$6),IF(B114=\"COTAÇÃO\",VLOOKUP(C114,COTAÇÕES!A:E,5,0)*(1+$H$6),IF(B114=\"Codevasf.Aux\",VLOOKUP(C114,Codevasf.Aux!B:J,9,0)*(1+$F$6),IF(B114=\"SINAPI INS.\",VLOOKUP(C114,'INSUMOS SINAPI'!A:E,5,0)*(1+$H$6))))))))","v":15.44},{"$f":"TRUNC(F114*G114,2)","v":3869.26}]
[{"$f":"A114+1","v":96},"SINAPI",{"$f":"\"93382\"","v":"93382"},"REATERRO MANUAL DE VALAS COM COMPACTAÇÃO MECANIZADA. AF_04/2016","M3",{"$f":"'[3]Planilha unificada'!$T114","v":23.77},{"$f":"IF(B115=\"Codevasf\",VLOOKUP(C115,'CPU CODEVASF'!E:H,4,0),IF(B115=\"SICRO\",VLOOKUP(C115,'SINTÉTICO SICRO'!A:D,4,0)*(1+$F$6),IF(B115=\"SINAPI\",VLOOKUP('RESUMO MODULO TOTAL'!C115,'COMP Sint. Sinapi'!G:M,5,0)*(1+$F$6),IF(B115=\"ORSE\",VLOOKUP(C115,ORSE!A:E,5,0)*(1+$F$6),IF(B115=\"COTAÇÃO\",VLOOKUP(C115,COTAÇÕES!A:E,5,0)*(1+$H$6),IF(B115=\"Codevasf.Aux\",VLOOKUP(C115,Codevasf.Aux!B:J,9,0)*(1+$F$6),IF(B115=\"SINAPI INS.\",VLOOKUP(C115,'INSUMOS SINAPI'!A:E,5,0)*(1+$H$6))))))))","v":32.82},780.13]
[97,"SINAPI",{"$f":"\"100974\"","v":"100974"},"CARGA, MANOBRA E DESCARGA DE SOLOS E MATERIAIS GRANULARES EM CAMINHÃO BASCULANTE 10 M³ - CARGA COM PÁ CARREGADEIRA (CAÇAMBA DE 1,7 A 2,8 M³ / 128 HP) E DESCARGA LIVRE (UNIDADE: M3). AF_07/2020","M3",{"$f":"'[3]Planilha unificada'!$T115","v":324.89},{"$f":"IF(B116=\"Codevasf\",VLOOKUP(C116,'CPU CODEVASF'!E:H,4,0),IF(B116=\"SICRO\",VLOOKUP(C116,'SINTÉTICO SICRO'!A:D,4,0)*(1+$F$6),IF(B116=\"SINAPI\",VLOOKUP('RESUMO MODULO TOTAL'!C116,'COMP Sint. Sinapi'!G:M,5,0)*(1+$F$6),IF(B116=\"ORSE\",VLOOKUP(C116,ORSE!A:E,5,0)*(1+$F$6),IF(B116=\"COTAÇÃO\",VLOOKUP(C116,COTAÇÕES!A:E,5,0)*(1+$H$6),IF(B116=\"Codevasf.Aux\",VLOOKUP(C116,Codevasf.Aux!B:J,9,0)*(1+$F$6),IF(B116=\"SINAPI INS.\",VLOOKUP(C116,'INSUMOS SINAPI'!A:E,5,0)*(1+$H$6))))))))","v":10.99},3570.54]
[98,"SINAPI",{"$f":"\"95876\"","v":"95876"},"TRANSPORTE COM CAMINHÃO BASCULANTE DE 14 M³, EM VIA URBANA PAVIMENTADA, DMT ATÉ 30 KM (UNIDADE: M3XKM). AF_07/2020","M3XKM",{"$f":"'[3]Planilha unificada'!$T116","v":4873.3500000000004},{"$f":"IF(B117=\"Codevasf\",VLOOKUP(C117,'CPU CODEVASF'!E:H,4,0),IF(B117=\"SICRO\",VLOOKUP(C117,'SINTÉTICO SICRO'!A:D,4,0)*(1+$F$6),IF(B117=\"SINAPI\",VLOOKUP('RESUMO MODULO TOTAL'!C117,'COMP Sint. Sinapi'!G:M,5,0)*(1+$F$6),IF(B117=\"ORSE\",VLOOKUP(C117,ORSE!A:E,5,0)*(1+$F$6),IF(B117=\"COTAÇÃO\",VLOOKUP(C117,COTAÇÕES!A:E,5,0)*(1+$H$6),IF(B117=\"Codevasf.Aux\",VLOOKUP(C117,Codevasf.Aux!B:J,9,0)*(1+$F$6),IF(B117=\"SINAPI INS.\",VLOOKUP(C117,'INSUMOS SINAPI'!A:E,5,0)*(1+$H$6))))))))","v":2.67},13011.84]
[99,"SINAPI",{"$f":"\"101584\"","v":"101584"},"ESCORAMENTO DE VALA, TIPO CONTÍNUO, COM PROFUNDIDADE DE 1,5 M A 3,0 M, LARGURA MENOR QUE 1,5 M. AF_08/2020","M2",{"$f":"'[3]Planilha unificada'!$T117","v":33.15},{"$f":"IF(B118=\"Codevasf\",VLOOKUP(C118,'CPU CODEVASF'!E:H,4,0),IF(B118=\"SICRO\",VLOOKUP(C118,'SINTÉTICO SICRO'!A:D,4,0)*(1+$F$6),IF(B118=\"SINAPI\",VLOOKUP('RESUMO MODULO TOTAL'!C118,'COMP Sint. Sinapi'!G:M,5,0)*(1+$F$6),IF(B118=\"ORSE\",VLOOKUP(C118,ORSE!A:E,5,0)*(1+$F$6),IF(B118=\"COTAÇÃO\",VLOOKUP(C118,COTAÇÕES!A:E,5,0)*(1+$H$6),IF(B118=\"Codevasf.Aux\",VLOOKUP(C118,Codevasf.Aux!B:J,9,0)*(1+$F$6),IF(B118=\"SINAPI INS.\",VLOOKUP(C118,'INSUMOS SINAPI'!A:E,5,0)*(1+$H$6))))))))","v":73.23},2427.5700000000002]
[100,"SINAPI",{"$f":"\"101586\"","v":"101586"},"ESCORAMENTO DE VALA, TIPO CONTÍNUO, COM PROFUNDIDADE DE 3,0 A 4,5 M, LARGURA MENOR QUE 1,5 M. AF_08/2020","M2",{"$f":"'[3]Planilha unificada'!$T118","v":97.79},{"$f":"IF(B119=\"Codevasf\",VLOOKUP(C119,'CPU CODEVASF'!E:H,4,0),IF(B119=\"SICRO\",VLOOKUP(C119,'SINTÉTICO SICRO'!A:D,4,0)*(1+$F$6),IF(B119=\"SINAPI\",VLOOKUP('RESUMO MODULO TOTAL'!C119,'COMP Sint. Sinapi'!G:M,5,0)*(1+$F$6),IF(B119=\"ORSE\",VLOOKUP(C119,ORSE!A:E,5,0)*(1+$F$6),IF(B119=\"COTAÇÃO\",VLOOKUP(C119,COTAÇÕES!A:E,5,0)*(1+$H$6),IF(B119=\"Codevasf.Aux\",VLOOKUP(C119,Codevasf.Aux!B:J,9,0)*(1+$F$6),IF(B119=\"SINAPI INS.\",VLOOKUP(C119,'INSUMOS SINAPI'!A:E,5,0)*(1+$H$6))))))))","v":64.08},6266.38]
[101,"SINAPI",{"$f":"\"97084\"","v":"97084"},"COMPACTAÇÃO MECÂNICA DE SOLO PARA EXECUÇÃO DE RADIER, PISO DE CONCRETO OU LAJE SOBRE SOLO, COM COMPACTADOR DE SOLOS TIPO PLACA VIBRATÓRIA. AF_09/2021","M2",{"$f":"'[3]Planilha unificada'!$T119","v":362.31},{"$f":"IF(B120=\"Codevasf\",VLOOKUP(C120,'CPU CODEVASF'!E:H,4,0),IF(B120=\"SICRO\",VLOOKUP(C120,'SINTÉTICO SICRO'!A:D,4,0)*(1+$F$6),IF(B120=\"SINAPI\",VLOOKUP('RESUMO MODULO TOTAL'!C120,'COMP Sint. Sinapi'!G:M,5,0)*(1+$F$6),IF(B120=\"ORSE\",VLOOKUP(C120,ORSE!A:E,5,0)*(1+$F$6),IF(B120=\"COTAÇÃO\",VLOOKUP(C120,COTAÇÕES!A:E,5,0)*(1+$H$6),IF(B120=\"Codevasf.Aux\",VLOOKUP(C120,Codevasf.Aux!B:J,9,0)*(1+$F$6),IF(B120=\"SINAPI INS.\",VLOOKUP(C120,'INSUMOS SINAPI'!A:E,5,0)*(1+$H$6))))))))","v":0.83},300.70999999999998]
[102,"SINAPI",{"$f":"\"94968\"","v":"94968"},"CONCRETO MAGRO PARA LASTRO, TRAÇO 1:4,5:4,5 (EM MASSA SECA DE CIMENTO/ AREIA MÉDIA/ BRITA 1) - PREPARO MECÂNICO COM BETONEIRA 600 L. AF_05/2021","M3",{"$f":"'[3]Planilha unificada'!$T120","v":14.63},{"$f":"IF(B121=\"Codevasf\",VLOOKUP(C121,'CPU CODEVASF'!E:H,4,0),IF(B121=\"SICRO\",VLOOKUP(C121,'SINTÉTICO SICRO'!A:D,4,0)*(1+$F$6),IF(B121=\"SINAPI\",VLOOKUP('RESUMO MODULO TOTAL'!C121,'COMP Sint. Sinapi'!G:M,5,0)*(1+$F$6),IF(B121=\"ORSE\",VLOOKUP(C121,ORSE!A:E,5,0)*(1+$F$6),IF(B121=\"COTAÇÃO\",VLOOKUP(C121,COTAÇÕES!A:E,5,0)*(1+$H$6),IF(B121=\"Codevasf.Aux\",VLOOKUP(C121,Codevasf.Aux!B:J,9,0)*(1+$F$6),IF(B121=\"SINAPI INS.\",VLOOKUP(C121,'INSUMOS SINAPI'!A:E,5,0)*(1+$H$6))))))))","v":500.63},7324.21]
[{"$f":"A121+1","v":103},"SINAPI",{"$f":"\"96620\"","v":"96620"},"LASTRO DE CONCRETO MAGRO, APLICADO EM PISOS, LAJES SOBRE SOLO OU RADIERS. AF_08/2017","M3",{"$f":"'[3]Planilha unificada'!$T121","v":3.48},{"$f":"IF(B122=\"Codevasf\",VLOOKUP(C122,'CPU CODEVASF'!E:H,4,0),IF(B122=\"SICRO\",VLOOKUP(C122,'SINTÉTICO SICRO'!A:D,4,0)*(1+$F$6),IF(B122=\"SINAPI\",VLOOKUP('RESUMO MODULO TOTAL'!C122,'COMP Sint. Sinapi'!G:M,5,0)*(1+$F$6),IF(B122=\"ORSE\",VLOOKUP(C122,ORSE!A:E,5,0)*(1+$F$6),IF(B122=\"COTAÇÃO\",VLOOKUP(C122,COTAÇÕES!A:E,5,0)*(1+$H$6),IF(B122=\"Codevasf.Aux\",VLOOKUP(C122,Codevasf.Aux!B:J,9,0)*(1+$F$6),IF(B122=\"SINAPI INS.\",VLOOKUP(C122,'INSUMOS SINAPI'!A:E,5,0)*(1+$H$6))))))))","v":782.48},2723.03]
[104,"SINAPI",{"$f":"\"92745\"","v":"92745"},"MURO DE GABIÃO, ENCHIMENTO COM PEDRA DE MÃO TIPO RACHÃO, DE GRAVIDADE, COM GAIOLAS DE COMPRIMENTO IGUAL A 2 M, PARA MUROS COM ALTURA MAIOR QUE 4 M E MENOR OU IGUAL A 6 M \u0096 FORNECIMENTO E EXECUÇÃO. AF_12/2015","M3",{"$f":"'[3]Planilha unificada'!$T122","v":708.98},{"$f":"IF(B123=\"Codevasf\",VLOOKUP(C123,'CPU CODEVASF'!E:H,4,0),IF(B123=\"SICRO\",VLOOKUP(C123,'SINTÉTICO SICRO'!A:D,4,0)*(1+$F$6),IF(B123=\"SINAPI\",VLOOKUP('RESUMO MODULO TOTAL'!C123,'COMP Sint. Sinapi'!G:M,5,0)*(1+$F$6),IF(B123=\"ORSE\",VLOOKUP(C123,ORSE!A:E,5,0)*(1+$F$6),IF(B123=\"COTAÇÃO\",VLOOKUP(C123,COTAÇÕES!A:E,5,0)*(1+$H$6),IF(B123=\"Codevasf.Aux\",VLOOKUP(C123,Codevasf.Aux!B:J,9,0)*(1+$F$6),IF(B123=\"SINAPI INS.\",VLOOKUP(C123,'INSUMOS SINAPI'!A:E,5,0)*(1+$H$6))))))))","v":1029.53},{"$f":"TRUNC(F123*G123,2)","v":729916.17},"GABIAO"]
[105,"SINAPI",{"$f":"\"95876\"","v":"95876"},"TRANSPORTE COM CAMINHÃO BASCULANTE DE 14 M³, EM VIA URBANA PAVIMENTADA, DMT ATÉ 30 KM","m³xkm",{"$f":"(1.3*F123*30)","v":27650.22},{"$f":"IF(B124=\"Codevasf\",VLOOKUP(C124,'CPU CODEVASF'!E:H,4,0),IF(B124=\"SICRO\",VLOOKUP(C124,'SINTÉTICO SICRO'!A:D,4,0)*(1+$F$6),IF(B124=\"SINAPI\",VLOOKUP('RESUMO MODULO TOTAL'!C124,'COMP Sint. Sinapi'!G:M,5,0)*(1+$F$6),IF(B124=\"ORSE\",VLOOKUP(C124,ORSE!A:E,5,0)*(1+$F$6),IF(B124=\"COTAÇÃO\",VLOOKUP(C124,COTAÇÕES!A:E,5,0)*(1+$H$6),IF(B124=\"Codevasf.Aux\",VLOOKUP(C124,Codevasf.Aux!B:J,9,0)*(1+$F$6),IF(B124=\"SINAPI INS.\",VLOOKUP(C124,'INSUMOS SINAPI'!A:E,5,0)*(1+$H$6))))))))","v":2.67},{"$f":"TRUNC(F124*G124,2)","v":73826.080000000002}]
[106,"Codevasf.Aux","CPU 055","DRENO BARBACÃ, DN 100 MM.","M",{"$f":"'[3]Planilha unificada'!$T123","v":5649.73},{"$f":"IF(B125=\"Codevasf\",VLOOKUP(C125,'CPU CODEVASF'!E:H,4,0),IF(B125=\"SICRO\",VLOOKUP(C125,'SINTÉTICO SICRO'!A:D,4,0)*(1+$F$6),IF(B125=\"SINAPI\",VLOOKUP('RESUMO MODULO TOTAL'!C125,'COMP Sint. Sinapi'!G:M,5,0)*(1+$F$6),IF(B125=\"ORSE\",VLOOKUP(C125,ORSE!A:E,5,0)*(1+$F$6),IF(B125=\"COTAÇÃO\",VLOOKUP(C125,COTAÇÕES!A:E,5,0)*(1+$H$6),IF(B125=\"Codevasf.Aux\",VLOOKUP(C125,Codevasf.Aux!B:J,9,0)*(1+$F$6),IF(B125=\"SINAPI INS.\",VLOOKUP(C125,'INSUMOS SINAPI'!A:E,5,0)*(1+$H$6))))))))","v":49.05},{"$f":"TRUNC(F125*G125,2)","v":277119.25}]
[{"$f":"A125+1","v":107},"SINAPI",{"$f":"\"102716\"","v":"102716"},"ENCHIMENTO DE AREIA PARA DRENO, LANÇAMENTO MECANIZADO. AF_07/2021","M3",{"$f":"'[3]Planilha unificada'!$T124","v":57.04},{"$f":"IF(B126=\"Codevasf\",VLOOKUP(C126,'CPU CODEVASF'!E:H,4,0),IF(B126=\"SICRO\",VLOOKUP(C126,'SINTÉTICO SICRO'!A:D,4,0)*(1+$F$6),IF(B126=\"SINAPI\",VLOOKUP('RESUMO MODULO TOTAL'!C126,'COMP Sint. Sinapi'!G:M,5,0)*(1+$F$6),IF(B126=\"ORSE\",VLOOKUP(C126,ORSE!A:E,5,0)*(1+$F$6),IF(B126=\"COTAÇÃO\",VLOOKUP(C126,COTAÇÕES!A:E,5,0)*(1+$H$6),IF(B126=\"Codevasf.Aux\",VLOOKUP(C126,Codevasf.Aux!B:J,9,0)*(1+$F$6),IF(B126=\"SINAPI INS.\",VLOOKUP(C126,'INSUMOS SINAPI'!A:E,5,0)*(1+$H$6))))))))","v":212.37},12113.58]
[108,"SINAPI",{"$f":"\"102717\"","v":"102717"},"ENCHIMENTO DE BRITA PARA DRENO, LANÇAMENTO MECANIZADO. AF_07/2021","M3",{"$f":"'[3]Planilha unificada'!$T125","v":57.04},{"$f":"IF(B127=\"Codevasf\",VLOOKUP(C127,'CPU CODEVASF'!E:H,4,0),IF(B127=\"SICRO\",VLOOKUP(C127,'SINTÉTICO SICRO'!A:D,4,0)*(1+$F$6),IF(B127=\"SINAPI\",VLOOKUP('RESUMO MODULO TOTAL'!C127,'COMP Sint. Sinapi'!G:M,5,0)*(1+$F$6),IF(B127=\"ORSE\",VLOOKUP(C127,ORSE!A:E,5,0)*(1+$F$6),IF(B127=\"COTAÇÃO\",VLOOKUP(C127,COTAÇÕES!A:E,5,0)*(1+$H$6),IF(B127=\"Codevasf.Aux\",VLOOKUP(C127,Codevasf.Aux!B:J,9,0)*(1+$F$6),IF(B127=\"SINAPI INS.\",VLOOKUP(C127,'INSUMOS SINAPI'!A:E,5,0)*(1+$H$6))))))))","v":176.19},10049.870000000001]
[null,null,null,"MOMENTO DE TRANSPORTE",{"$nulls":5},{"$f":"H128/$H$132","v":0}]
[109,"SICRO",5914389,{"$f":"IF(B129=\"CODEVASF\",VLOOKUP(C129,'CPU CODEVASF'!E:H,2,FALSE),VLOOKUP(C129,'SINTÉTICO SICRO'!A:D,2,FALSE))","v":"Transporte com caminhão basculante de 10 m³ - rodovia pavimentada"},"tkm",{"$f":"ROUND(SUMIF('MOMENTO DE TRANSPORTE - PRINC'!A:A,'RESUMO MODULO TOTAL'!C129,'MOMENTO DE TRANSPORTE - PRINC'!K:K)+SUMIF('MOMENTO DE TRANSPORTE - AUX'!A:A,'RESUMO MODULO TOTAL'!C129,'MOMENTO DE TRANSPORTE - AUX'!K:K),2)","v":4053901.12},{"$f":"IF(B129=\"Codevasf\",VLOOKUP(C129,'CPU CODEVASF'!E:H,4,0),IF(B129=\"SICRO\",VLOOKUP(C129,'SINTÉTICO SICRO'!A:D,4,0)*(1+$F$6),IF(B129=\"SINAPI\",VLOOKUP('RESUMO MODULO TOTAL'!C129,'COMP Sint. Sinapi'!G:M,5,0)*(1+$F$6),IF(B129=\"ORSE\",VLOOKUP(C129,ORSE!A:E,5,0)*(1+$F$6),IF(B129=\"COTAÇÃO\",VLOOKUP(C129,COTAÇÕES!A:E,5,0)*(1+$H$6),IF(B129=\"Codevasf.Aux\",VLOOKUP(C129,Codevasf.Aux!B:J,9,0)*(1+$F$6),IF(B129=\"SINAPI INS.\",VLOOKUP(C129,'INSUMOS SINAPI'!A:E,5,0)*(1+$H$6))))))))","v":0.89},{"$f":"TRUNC(F129*G129,2)","v":3607971.99},null,{"$f":"H129/$H$132","v":0.1396}]
[{"$f":"A129+1","v":110},"SICRO",5914479,{"$f":"IF(B130=\"CODEVASF\",VLOOKUP(C130,'CPU CODEVASF'!E:H,2,FALSE),VLOOKUP(C130,'SINTÉTICO SICRO'!A:D,2,FALSE))","v":"Transporte com caminhão carroceria de 15 t - rodovia pavimentada"},"tkm",{"$f":"ROUND(SUMIF('MOMENTO DE TRANSPORTE - PRINC'!A:A,'RESUMO MODULO TOTAL'!C130,'MOMENTO DE TRANSPORTE - PRINC'!K:K)+SUMIF('MOMENTO DE TRANSPORTE - AUX'!A:A,'RESUMO MODULO TOTAL'!C130,'MOMENTO DE TRANSPORTE - AUX'!K:K),2)","v":62.89},{"$f":"IF(B130=\"Codevasf\",VLOOKUP(C130,'CPU CODEVASF'!E:H,4,0),IF(B130=\"SICRO\",VLOOKUP(C130,'SINTÉTICO SICRO'!A:D,4,0)*(1+$F$6),IF(B130=\"SINAPI\",VLOOKUP('RESUMO MODULO TOTAL'!C130,'COMP Sint. Sinapi'!G:M,5,0)*(1+$F$6),IF(B130=\"ORSE\",VLOOKUP(C130,ORSE!A:E,5,0)*(1+$F$6),IF(B130=\"COTAÇÃO\",VLOOKUP(C130,COTAÇÕES!A:E,5,0)*(1+$H$6),IF(B130=\"Codevasf.Aux\",VLOOKUP(C130,Codevasf.Aux!B:J,9,0)*(1+$F$6),IF(B130=\"SINAPI INS.\",VLOOKUP(C130,'INSUMOS SINAPI'!A:E,5,0)*(1+$H$6))))))))","v":0.81},50.94,null,{"$f":"H130/$H$132","v":0}]
[{"$f":"A130+1","v":111},"SICRO",5914366,{"$f":"IF(B131=\"CODEVASF\",VLOOKUP(C131,'CPU CODEVASF'!E:H,2,FALSE),VLOOKUP(C131,'SINTÉTICO SICRO'!A:D,2,FALSE))","v":"Transporte de cimento ou cal hidratada a granel com caminhão silo de 30 m³ - rodovia pavimentada"},"tkm",{"$f":"ROUND(SUMIF('MOMENTO DE TRANSPORTE - PRINC'!A:A,'RESUMO MODULO TOTAL'!C131,'MOMENTO DE TRANSPORTE - PRINC'!K:K)+SUMIF('MOMENTO DE TRANSPORTE - AUX'!A:A,'RESUMO MODULO TOTAL'!C131,'MOMENTO DE TRANSPORTE - AUX'!K:K),2)","v":24239.8},{"$f":"IF(B131=\"Codevasf\",VLOOKUP(C131,'CPU CODEVASF'!E:H,4,0),IF(B131=\"SICRO\",VLOOKUP(C131,'SINTÉTICO SICRO'!A:D,4,0)*(1+$F$6),IF(B131=\"SINAPI\",VLOOKUP('RESUMO MODULO TOTAL'!C131,'COMP Sint. Sinapi'!G:M,5,0)*(1+$F$6),IF(B131=\"ORSE\",VLOOKUP(C131,ORSE!A:E,5,0)*(1+$F$6),IF(B131=\"COTAÇÃO\",VLOOKUP(C131,COTAÇÕES!A:E,5,0)*(1+$H$6),IF(B131=\"Codevasf.Aux\",VLOOKUP(C131,Codevasf.Aux!B:J,9,0)*(1+$F$6),IF(B131=\"SINAPI INS.\",VLOOKUP(C131,'INSUMOS SINAPI'!A:E,5,0)*(1+$H$6))))))))","v":0.65},15755.87,null,{"$f":"H131/$H$132","v":5.9999999999999995E-4}]
["VALOR TOTAL DO SRP",{"$nulls":6},{"$f":"SUM(H9:H131)","v":25847943.32}]
["Obs.: Os valores estão apresentados com apenas 2 casas decimais, mas os valores da presente planilha foram calculados utilizando a precisão de 6 casas decimais. "]

{"sheet":"Planilha2","index":2,"n_rows":133,"n_cols":14,"rows_kept":133,"cut":false,"hidden":false,"merged":[[131,0,131,6],[1,0,3,5],[4,0,4,7],[5,0,6,0],[5,1,6,1],[5,2,6,2],[5,3,6,3]]}
[" CONTRATAÇÃO DE EXECUÇÃO DE PAVIMENTO ASFÁLTICO COM CBUQ, EM VIAS URBANAS DE RECIFE/PE, ÁREA DE ATUAÇÃO DA 15ª SUPERINTENDÊNCIA REGIONAL DA CODEVASF."]
[{"$nulls":6},"SICRO:",{"$f":"'SINTÉTICO SICRO'!B2","v":"Pernambuco - Julho/2023"}]
[{"$nulls":6},"SINAPI:",{"$f":"RIGHT('INSUMOS SINAPI'!A3,7)","v":"09/2023"}]
[{"$nulls":6},"Data Base do Orçamento","2023-09-01"]
[{"$f":"A1","v":" CONTRATAÇÃO DE EXECUÇÃO DE PAVIMENTO ASFÁLTICO COM CBUQ, EM VIAS URBANAS DE RECIFE/PE, ÁREA DE ATUAÇÃO DA 15ª SUPERINTENDÊNCIA REGIONAL DA CODEVASF."}]
["ITEM","ORIGEM\nCOMPOSIÇÃO","CÓDIGO\nCOMPOSIÇÃO","DISCRIMINAÇÃO DOS SERVIÇOS","BDI % = ",{"$f":"BDI!$C$17","v":0.2339},"BDI  DIFERENCIADO% =",{"$f":"BDI!$C$65","v":0.15},{"$f":"H132","v":0}]
[{"$nulls":4},"UND","QTDE","PREÇO UNITÁRIO COM BDI","PREÇO TOTAL COM BDI "]
[null,null,null,"ADMINISTRAÇÃO DA OBRA"]
[1,"Codevasf","CPU-02","Atualização do projeto de drenagem e pavimentação - as built final","m",{"$f":"'[3]Planilha unificada'!$T$15","v":4067.42}]
[2,"Codevasf","CPU-03","Administração Local","%",1,null,null,null,{"$f":"H10/$H$132","v":{"$error":"#DIV/0!"}}]
[3,"Codevasf","CPU-04","Canteiro de Obras e Almoxarifado","%",1,null,null,null,{"$f":"H11/$H$132","v":{"$error":"#DIV/0!"}}]
[4,"Codevasf","CPU-01","Placa de Obra em Chapa de Aço Galvanizado","und",14,null,null,null,{"$f":"H12/$H$132","v":{"$error":"#DIV/0!"}}]
[5,"Codevasf","CPU-29","Veículo para apoio a fiscalização da Codevasf","mês",12]
[null,null,null,"SERVIÇOS INICIAIS"]
[{"$f":"A13+1","v":6},"Codevasf","CPU-16","Serviços topográficos para pavimentação, inclusive notas de serviços, acompanhamento e greide","m²",{"$f":"'[3]Planilha unificada'!$T$79+'[3]Planilha unificada'!$T$82+'[3]Planilha unificada'!$T$85+'[3]Planilha unificada'!$T$87","v":44047.5}]
[{"$f":"A15+1","v":7},"Codevasf","CPU-22","Fornecimento e montagem de tela de sinalização laranja (H=1,20m)","m",{"$f":"'[3]Planilha unificada'!$T$26","v":9884.69}]
[{"$f":"A16+1","v":8},"Codevasf","CPU-23","Fornecimento e implantação de cavalete de sinalização de obras","UND",{"$f":"'[3]Planilha unificada'!$T$27","v":35}]
[9,"SICRO",5213835,"Cone plastico para sinalização","unid.dia",{"$f":"F19","v":836}]
[10,"SICRO",5213383,"Cavalete zebrado","unid.dia",{"$f":"'[3]Planilha unificada'!$T$20*22","v":836}]
[11,"SINAPI",{"$f":"\"99061\"","v":"99061"},"LOCAÇÃO COM CAVALETE COM ALTURA DE 0,50 M - 2 UTILIZAÇÕES. AF_10/2018","UND",{"$f":"'[3]Planilha unificada'!$T$30","v":48}]
[null,null,null,"PROJETO EXECUTIVO E CONTROLE TECNOLÓGICO"]
[12,"Codevasf","CPU-20","Projeto Executivo","m²",{"$f":"F15","v":44047.5}]
[13,"Codevasf","CPU-21","Controle Tecnológico","m²",{"$f":"F15","v":44047.5}]
[null,null,null,"DEMOLIÇÕES",{"$nulls":5},{"$f":"H24/$H$132","v":{"$error":"#DIV/0!"}}]
[{"$f":"A23+1","v":14},"ORSE",{"$f":"\"21\"","v":"21"},"Demolição de meio-fio granítico ou pre-moldado","m",{"$f":"'[3]Planilha unificada'!$T$32","v":1086.1400000000001},null,null,null,{"$f":"H25/$H$132","v":{"$error":"#DIV/0!"}}]
[{"$f":"A25+1","v":15},"ORSE",9182,"Demolição de concreto com martelete e compressor","m³",{"$f":"'[3]Planilha unificada'!$T$33","v":258.73}]
[{"$f":"A26+1","v":16},"ORSE",7989,"Demolição de pavimentação em paralelepípedo sem reaproveitamento","m²",{"$f":"'[3]Planilha unificada'!$T$34","v":237.34}]
[17,"ORSE",3258,"Demolição de piso em lajota","m²",{"$f":"'[3]Planilha unificada'!$T$35","v":375.14}]
[18,"SINAPI",{"$f":"\"97624\"","v":"97624"},"Demolição manual de alvenaria de tijolo maciço (s/ reaproveitamento)","m³",{"$f":"'[3]Planilha unificada'!$T$36","v":162.83000000000001}]
[19,"ORSE",4801,"Demolição de piso em pedra calcárea","m²",{"$f":"'[3]Planilha unificada'!$T$37","v":39.94}]
[20,"SINAPI",{"$f":"\"97629\"","v":"97629"},"Demolição de lajes com martele (sem reaproveitamento)","m³",{"$f":"'[3]Planilha unificada'!$T$38*2.13","v":19.170000000000002}]
[21,"SINAPI",{"$f":"\"97634\"","v":"97634"},"Demolição de revestimento cerâmico com martele (sem reaproveitamento)","m²",{"$f":"'[3]Planilha unificada'!$T$39","v":212.69}]
[{"$f":"A32+1","v":22},"SINAPI",{"$f":"\"98530\"","v":"98530"},"Corte raso e recorte de árvore","und",{"$f":"'[3]Planilha unificada'!$T$40","v":1}]
[23,"SINAPI",{"$f":"\"100983\"","v":"100983"},"CARGA, MANOBRA E DESCARGA DE ENTULHO EM CAMINHÃO BASCULANTE 14 M³","m³",{"$f":"F31+F29+F26","v":440.73}]
[24,"SINAPI",{"$f":"\"95876\"","v":"95876"},"TRANSPORTE COM CAMINHÃO BASCULANTE DE 14 M³, EM VIA URBANA PAVIMENTADA, DMT ATÉ 30 KM","m³xkm",{"$f":"((F31+F29+F26))*30","v":13221.9}]
[null,null,null,"TERRAPLENAGEM E MOVIMENTO DE TERRA"]
[{"$f":"A35+1","v":25},"SICRO",5502166,"Escavação, carga e transporte de material de 1ª categoria - DMT de 1.000 a 1.200 m - caminho de serviço pavimentado- com escavadeira e caminhão basculante de 14 m³","m³",{"$f":"'[3]Planilha unificada'!$T$44","v":18711.419999999998}]
[{"$f":"A37+1","v":26},"SINAPI",{"$f":"\"96386\"","v":"96386"},"EXECUÇÃO E COMPACTAÇÃO DE ATERRO COM SOLO PREDOMINANTEMENTE ARENOSO - EXCLUSIVE SOLO, ESCAVAÇÃO, CARGA E TRANSPORTE. AF_11/2019\t","m³",{"$f":"'[3]Planilha unificada'!$T$45","v":902.11}]
[{"$f":"A38+1","v":27},"SINAPI INS.",368,{"$f":"VLOOKUP(C39,'INSUMOS SINAPI'!A:E,2,0)","v":"AREIA PARA ATERRO - POSTO JAZIDA/FORNECEDOR (RETIRADO NA JAZIDA, SEM TRANSPORTE)"},"m³",{"$f":"F38*1.25","v":1127.6400000000001}]
[28,"SINAPI",{"$f":"\"100983\"","v":"100983"},"CARGA, MANOBRA E DESCARGA DE SOLO EM CAMINHÃO BASCULANTE 14 M³","m³",{"$f":"'[3]Planilha unificada'!$T$46","v":23389.31}]
[29,"SINAPI",{"$f":"\"95876\"","v":"95876"},"TRANSPORTE COM CAMINHÃO BASCULANTE DE 14 M³, EM VIA URBANA PAVIMENTADA, DMT ATÉ 30 KM","m³xkm",{"$f":"((11405.87))*30","v":342176.1},null,null,null,{"$f":"H41/$H$132","v":{"$error":"#DIV/0!"}}]
[null,null,null,"DRENAGEM"]
[30,"SINAPI",{"$f":"\"90746\"","v":"90746"},"ASSENTAMENTO DE TUBO DE PEAD CORRUGADO DE DUPLA PAREDE, DN 450 MM, JUNTA ELÁSTICA INTEGRADA (NÃO INCLUI FORNECIMENTO). AF_01/2021","m",{"$f":"'[3]Planilha unificada'!$T$49","v":267.97000000000003}]
[{"$f":"A43+1","v":31},"SINAPI INS.",41781,{"$f":"VLOOKUP(C44,'INSUMOS SINAPI'!A:E,2,0)","v":"TUBO CORRUGADO PEAD, PAREDE DUPLA, INTERNA LISA, JEI, DN/DI *400* MM, PARA SANEAMENTO (DRENAGEM/ESGOTO)"},"m",{"$f":"F43*1.05","v":281.37}]
[{"$f":"A44+1","v":32},"SINAPI",{"$f":"\"94872\"","v":"94872"},"ASSENTAMENTO DE TUBO DE PEAD CORRUGADO DE DUPLA PAREDE, DN 300 MM, JUNTA ELÁSTICA INTEGRADA (NÃO INCLUI FORNECIMENTO). AF_01/2021","m",{"$f":"'[3]Planilha unificada'!$T$50","v":210.7}]
[33,"SINAPI INS.",41780,{"$f":"VLOOKUP(C46,'INSUMOS SINAPI'!A:E,2,0)","v":"TUBO CORRUGADO PEAD, PAREDE DUPLA, INTERNA LISA, JEI, DN/DI 300 MM, PARA SANEAMENTO (DRENAGEM/ESGOTO)"},"m",{"$f":"F45*1.05","v":221.24}]
[34,"SINAPI",{"$f":"\"90747\"","v":"90747"},"ASSENTAMENTO DE TUBO DE PEAD CORRUGADO DE DUPLA PAREDE, DN 600 MM, JUNTA ELÁSTICA INTEGRADA (NÃO INCLUI FORNECIMENTO). AF_01/2021","m",{"$f":"'[3]Planilha unificada'!$T$51","v":1282.8800000000001}]
[35,"SINAPI INS.",41782,{"$f":"VLOOKUP(C48,'INSUMOS SINAPI'!A:E,2,0)","v":"TUBO CORRUGADO PEAD, PAREDE DUPLA, INTERNA LISA, JEI, DN/DI 600 MM, PARA SANEAMENTO (DRENAGEM/ESGOTO)"},"m",{"$f":"F47*1.05","v":1347.02}]
[36,"Codevasf.Aux","CPU-036","CAIXA COM GRELHA DE FIBRA DE VIDRO (PRFV) SIMPLES RETANGULAR, ALVENARIA COM BLOCO DE CONCRETO 22X11X8CM, DE UMA VEZ, DIMENSÕES INTERNAS DE 0,72X0,30X1,00M","und",{"$f":"'[3]Planilha unificada'!$T$52","v":79}]
[37,"Codevasf.Aux","CPU 048","EXECUÇÃO DE CAIXA DE LIGAÇÃO PARA CANALETA EM ALVENARIA DE BLOCO DE CONCRETO 20X10X10, ASSENTADOS SOBRE LAJE DE CONCRETO ARMADO FCK 15 MPA, DIMENSÕES INTERNAS DE 40X40CM, REVESTIDO COM CHAPISCO E EMBOÇO, COM FUNDO EM LASTRO DE CONCRETO.","und",{"$f":"'[3]Planilha unificada'!$T$53","v":4}]
[38,"Codevasf.Aux","CPU 102","CONSTRUÇÃO DE CAIXA COLETORA GAVETA EM ALVENARIA DE BLOCOS ESTRUTURAL DE CONCRETO 4,5 MPA,  NAS DIMENSÕES INTERNAS  1,00 X 1,00 X 1,00 M, COM APLICAÇÃO DE CHAPISCO E EMBOÇO NAS FACES EXTERNAS E INTERNAS, INCLUINDO LAJE DE CONCRETO ARMADO DE 1,40 X 1,40 COM TAMPA REMOVÍVEL DE 0,80 X 0,80 M E CANTONEIRA DE AÇO, INCLUSIVE MEIO FIO DRENANTE CONFORME PROJETO. TIPO PARA VIAS LOCAIS.","und",{"$f":"'[3]Planilha unificada'!$T$54","v":84}]
[39,"Codevasf.Aux","CPU 097","CONSTRUÇÃO DE CAIXA COLETORA GAVETA EM ALVENARIA DE BLOCOS ESTRUTURAL DE CONCRETO 4,5 MPA,  NAS DIMENSÕES INTERNAS  1,00 X 1,00 X 1,00 M, COM APLICAÇÃO DE CHAPISCO E EMBOÇO NAS FACES EXTERNAS E INTERNAS, INCLUINDO LAJE DE CONCRETO ARMADO DE 1,40 X 1,40 COM TAMPA REMOVÍVEL DE 0,80 X 0,80 M E CANTONEIRA DE AÇO, INCLUSIVE MEIO FIO DRENANTE CONFORME PROJETO. TIPO PARA VIAS LOCAIS.","und",{"$f":"'[3]Planilha unificada'!$T$55","v":41}]
[40,"Codevasf.Aux","CPU 112","ACRÉSCIMO PARA POÇO DE VISITA RETANGULAR PARA DRENAGEM, EM ALVENARIA COM BLOCOS DE CONCRETO, DIMENSÕES INTERNAS = 1,0X1,0M. ","m",{"$f":"'[3]Planilha unificada'!$T$56","v":5.7}]
[41,"Codevasf.Aux","CPU 051","CANALETA EM CONCRETO ARMADO NAS DIMENSÕES 0,40M X 0,40, INCLUINDO LAJE DE TAMPA COM 20CM, CONFORME PROJETO DE CÁLCULO ESTRUTURAL  (LINHA D'ÁGUA - TAMPA COM FUROS DN 50MM)","m",{"$f":"'[3]Planilha unificada'!$T$57","v":386.73}]
[42,"SINAPI",{"$f":"\"102738\"","v":"102738"},"BOCA PARA BUEIRO SIMPLES TUBULAR D = 60 CM EM CONCRETO, ALAS COM ESCONSIDADE DE 0°, INCLUINDO FÔRMAS E MATERIAIS. AF_07/2021","und",{"$f":"'[3]Planilha unificada'!$T58","v":2}]
[43,"SINAPI",{"$f":"\"90106\"","v":"90106"},"ESCAVAÇÃO MECANIZADA DE VALA COM PROFUNDIDADE ATÉ 1,5 M (MÉDIA MONTANTE E JUSANTE/UMA COMPOSIÇÃO POR TRECHO), RETROESCAV. (0,26 M3), LARGURA DE 0,8 M A 1,5 M, EM SOLO DE 1A CATEGORIA, LOCAIS COM BAIXO NÍVEL DE INTERFERÊNCIA. AF_02/2021","m³",{"$f":"'[3]Planilha unificada'!$T59","v":2647.79}]
[44,"SINAPI",{"$f":"\"90091\"","v":"90091"},"ESCAVAÇÃO MECANIZADA DE VALA COM PROF. ATÉ 1,5 M (MÉDIA MONTANTE E JUSANTE/UMA COMPOSIÇÃO POR TRECHO), ESCAVADEIRA (0,8 M3), LARG. DE 1,5 M A 2,5 M, EM SOLO DE 1A CATEGORIA, LOCAIS COM BAIXO NÍVEL DE INTERFERÊNCIA. AF_02/2021","m³",{"$f":"'[3]Planilha unificada'!$T60","v":1353.72},null,null,"EXTENSAO",{"$f":"F44+F46+F48","v":1849.63}]
[45,"SINAPI",{"$f":"\"101572\"","v":"101572"},"ESCORAMENTO DE VALA, TIPO PONTALETEAMENTO, COM PROFUNDIDADE DE 1,5 A 3,0 M, LARGURA MENOR QUE 1,5 M. AF_08/2020","m²",{"$f":"J58","v":11097.78},null,null,null,{"$f":"J57*3*2","v":11097.78}]
[46,"SINAPI",{"$f":"\"94342\"","v":"94342"},"ATERRO MANUAL DE VALAS COM AREIA PARA ATERRO E COMPACTAÇÃO MECANIZADA. AF_05/2016","m³",{"$f":"'[3]Planilha unificada'!$T61","v":2644.55},null,null,"ESCORAMENTO"]
[47,"SINAPI",{"$f":"\"100983\"","v":"100983"},"CARGA, MANOBRA E DESCARGA DE ENTULHO EM CAMINHÃO BASCULANTE 14 M³","m³",{"$f":"'[3]Planilha unificada'!$T62","v":4893.8500000000004}]
[48,"SINAPI",{"$f":"\"95876\"","v":"95876"},"TRANSPORTE COM CAMINHÃO BASCULANTE DE 14 M³, EM VIA URBANA PAVIMENTADA, DMT ATÉ 30 KM","m³xkm",{"$f":"'[3]Planilha unificada'!$T63","v":73407.75}]
[null,null,null,"PAVIMENTAÇÃO"]
[49,"SICRO",4011209,"Reguarização e compactação so subleito","m²",{"$f":"'[3]Planilha unificada'!$T65","v":29818.53}]
[{"$f":"A63+1","v":50},"Codevasf.Aux","CPU 079","EXECUÇÃO E COMPACTAÇÃO DE BASE E OU SUB BASE PARA PAVIMENTAÇÃO DE MACADAME HIDRÁULICO - EXCLUSIVE CARGA E TRANSPORTE.","m³",{"$f":"'[3]Planilha unificada'!$T66","v":4578.26},null,null,null,"valor menor que SICRO"]
[{"$f":"A64+1","v":51},"SINAPI",{"$f":"\"96396\"","v":"96396"},"EXECUÇÃO E COMPACTAÇÃO DE BASE E OU SUB BASE PARA PAVIMENTAÇÃO DE BRITA GRADUADA SIMPLES - EXCLUSIVE CARGA E TRANSPORTE. AF_11/2019","m³",{"$f":"'[3]Planilha unificada'!$T67","v":5554.99},null,null,null,"valor menor que SICRO"]
[52,"SICRO",5503041,"Compactação de aterros a 100% do Proctor intermediário","m³",{"$f":"'[3]Planilha unificada'!$T68","v":210.41}]
[53,"SICRO",5914351,"Carga, manobra e descarga de agregados ou solos em caminhão basculante de 14 m³ - carga com carregadeira de 3,40 m³ e descarga livre","t",{"$f":"('[3]Planilha unificada'!$T$69+'[3]Planilha unificada'!$T$70+'[3]Planilha unificada'!$T$71)*1.5","v":22424.6}]
[54,"SINAPI",{"$f":"\"95876\"","v":"95876"},"TRANSPORTE COM CAMINHÃO BASCULANTE DE 14 M³, EM VIA URBANA PAVIMENTADA, DMT ATÉ 30 KM","m³xkm",{"$f":"'[3]Planilha unificada'!$T$72","v":392472.87}]
[55,"SICRO",2003939,"Meio-fio de concreto - MFC 01 moldado no local com extrusora e concreto usinado - areia e brita comerciais","m",{"$f":"'[3]Planilha unificada'!$T$73+'[3]Planilha unificada'!$T$74+'[3]Planilha unificada'!$T$75+'[3]Planilha unificada'!$T$76","v":14436.58}]
[56,"SICRO",4011463,"Execução de pavimento com aplicação de concreto asfáltico - faixa C - areia e brita comerciais","t",{"$f":"'MC MODULO'!$N$30","v":5285.7}]
[57,"SICRO",4011351,"Imprimação com asfalto diluído","m²",{"$f":"'MC MODULO'!$N$34","v":44047.5}]
[58,"SICRO",4011353,"Pintura de ligação","m²",{"$f":"'MC MODULO'!$N$38","v":44047.5}]
[59,"CODEVASF","CPU-26","EXECUÇÃO DE PAVIMENTO EM PISO INTERTRAVADO","m²",{"$f":"'[3]Planilha unificada'!$T$82","v":275.72000000000003}]
[60,"SINAPI INS.",{"$f":"'CPU CODEVASF'!C232","v":36170},{"$f":"VLOOKUP(C74,'INSUMOS SINAPI'!A:E,2,0)","v":"BLOQUETE/PISO INTERTRAVADO DE CONCRETO - MODELO ONDA/16 FACES/RETANGULAR/TIJOLINHO/PAVER/HOLANDES/PARALELEPIPEDO, *22 CM X 11* CM, E = 8 CM, RESISTENCIA DE 35 MPA (NBR 9781), COR NATURAL"},"m²",{"$f":"F73*'CPU CODEVASF'!F232","v":279.33},null,null,"TRANSPORTE",{"$f":"ROUND(F74*45,0)","v":12570},{"$f":"J74*3.5/1000","v":44},"TONELADAS",null,"3,5KG/PEDRA"]
[61,"CODEVASF","CPU-28","TRANSPORTE COM CAMINHÃO CARROCERIA COM GUINDAUTO (MUNCK),  MOMENTO MÁXIMO DE CARGA 11,7 TM, EM VIA URBANA PAVIMENTADA, DMT ATÉ 30KM (UNIDADE: TXKM). AF_07/2020","TXKM",{"$f":"K75","v":1320},{"$nulls":4},{"$f":"K74*30","v":1320},"DMT"]
[62,"CODEVASF","CPU-27","EXECUÇÃO DE PAVIMENTO EM PARALELEPÍPEDOS, REJUNTAMENTO COM ARGAMASSA TRAÇO 1:3 (CIMENTO E AREIA) - exclusive paralelo","m²",{"$f":"'[3]Planilha unificada'!$T$85","v":3140.86}]
[63,"SINAPI INS.",{"$f":"'CPU CODEVASF'!C247","v":4385},{"$f":"VLOOKUP(C77,'INSUMOS SINAPI'!A:E,2,0)","v":"PARALELEPIPEDO GRANITICO OU BASALTICO, PARA PAVIMENTACAO, SEM FRETE (VARIACAO REGIONAL DE PECAS POR M2)"},"mil",{"$f":"F76*'CPU CODEVASF'!$F$247","v":103.65}]
[{"$f":"A77+1","v":64},"SINAPI",{"$f":"\"95876\"","v":"95876"},"TRANSPORTE COM CAMINHÃO BASCULANTE DE 14 M³, EM VIA URBANA PAVIMENTADA, DMT ATÉ 30 KM","m³xkm",{"$f":"F76*0.1*30","v":9422.58}]
[null,null,null,"AQUISIÇÃO E TRANSPORTE DO MATERIAL BETUMINOSO",{"$nulls":4},"ATUALIZAR PREÇO",{"$f":"H79/$H$132","v":{"$error":"#DIV/0!"}}]
[{"$f":"A78+1","v":65},"CODEVASF","CPU-13","AQUISIÇÃO DE CIMENTO ASFALTICO CAP 50/70","t",{"$f":"' CONSUMO DE MAT. B TOTAL'!P12","v":334.22},null,null,null,{"$error":"#DIV/0!"}]
[{"$f":"A80+1","v":66},"CODEVASF","CPU-17","TRANSPORTE CAP 50/70","t",{"$f":"' CONSUMO DE MAT. B TOTAL'!P12","v":334.22},null,null,null,{"$error":"#DIV/0!"}]
[{"$f":"A81+1","v":67},"CODEVASF","CPU-14","AQUISIÇÃO DE CM-30","t",{"$f":"' CONSUMO DE MAT. B TOTAL'!P8","v":48.63},null,null,null,{"$error":"#DIV/0!"}]
[68,"CODEVASF","CPU-18","TRANSPORTE DE CM-30","t",{"$f":"' CONSUMO DE MAT. B TOTAL'!P8","v":48.63},null,null,null,{"$error":"#DIV/0!"}]
[69,"CODEVASF","CPU-15","AQUISIÇÃO DE EMULSÃO ASFÁLTICA RR-1C","t",{"$f":"' CONSUMO DE MAT. B TOTAL'!P10","v":17.62},null,null,null,{"$error":"#DIV/0!"}]
[70,"CODEVASF","CPU-19","TRANSPORTE RR-1C","t",{"$f":"' CONSUMO DE MAT. B TOTAL'!P10","v":17.62},null,null,null,{"$error":"#DIV/0!"}]
[null,null,null,"PASSEIOS"]
[71,"SINAPI",{"$f":"\"97084\"","v":"97084"},"COMPACTAÇÃO MECÂNICA DE SOLO PARA EXECUÇÃO DE RADIER, PISO DE CONCRETO OU LAJE SOBRE SOLO, COM COMPACTADOR DE SOLOS TIPO PLACA VIBRATÓRIA. AF_09/2021","m²",{"$f":"'[3]Planilha unificada'!$T$87","v":19603.490000000002}]
[72,"SINAPI",{"$f":"\"94991\"","v":"94991"},"EXECUÇÃO DE PASSEIO (CALÇADA) OU PISO DE CONCRETO COM CONCRETO MOLDADO IN LOCO, USINADO C20, ACABAMENTO CONVENCIONAL, NÃO ARMADO. AF_08/2022","m³",{"$f":"'[3]Planilha unificada'!$T$88","v":1176.2}]
[null,null,null,"SINALIZAÇÃO",{"$nulls":5},{"$f":"H89/$H$132","v":{"$error":"#DIV/0!"}}]
[73,"SINAPI",{"$f":"\"103696\"","v":"103696"},"FORNECIMENTO E INSTALAÇÃO DE SUPORTE DE MADEIRA PARA PLACAS DE SINALIZAÇÃO EM CONCRETO, COM H= DE 2,5 M E SEÇÃO DE 7,5 X 7,5 CM. AF_03/2022","und",{"$f":"'[3]Planilha unificada'!$T$90","v":193},null,null,null,{"$f":"H90/$H$132","v":{"$error":"#DIV/0!"}}]
[{"$f":"A90+1","v":74},"Codevasf.Aux","CPU 002","Suporte metálico galvanizado para placa de advertência ou regulamentação - lado ou diâmetro de 0,60 m - fornecimento e implantação","m²",{"$f":"'[3]Planilha unificada'!$T$91","v":123.01},null,null,null,{"$f":"H91/$H$132","v":{"$error":"#DIV/0!"}}]
[{"$f":"A91+1","v":75},"Codevasf.Aux","CPU 132","INSTALAÇÃO E FORNECIMENTO DE PLACA PARA IDENTIFICAÇÃO DE LOGRADOURO EM CHAPA METÁLICA, NA COR AZUL, COM DIMENSÕES 45 X 20CM.","und",{"$f":"'[3]Planilha unificada'!$T$92","v":48},null,null,null,{"$f":"H92/$H$132","v":{"$error":"#DIV/0!"}}]
[76,"SICRO",5213400,"Pintura de faixa com tinta acrílica - espessura de 0,4 mm","m²",{"$f":"'[3]Planilha unificada'!$T$93","v":971.97}]
[77,"SINAPI",{"$f":"\"102512\"","v":"102512"},"PINTURA DE EIXO VIÁRIO SOBRE ASFALTO COM TINTA RETRORREFLETIVA A BASE DE RESINA ACRÍLICA COM MICROESFERAS DE VIDRO, APLICAÇÃO MECÂNICA COM DEMARCADORA AUTOPROPELIDA. AF_05/2021","m",{"$f":"'[3]Planilha unificada'!$T$94","v":8504.39}]
[null,null,null,"SERVIÇOS COMPLEMENTARES",{"$nulls":5},{"$f":"H95/$H$132","v":{"$error":"#DIV/0!"}}]
[78,"Codevasf.Aux","CPU 045","PISO TÁTIL DIRECIONAL E/OU ALERTA, DE CONCRETO, NA COR NATURAL, P/PORTADORES DE DEFICIÊNCIA MOTORA OU VISUAL, DIMENSÕES 40X40CM, APLICADO COM ARGAMASSA INDUSTRIALIZADA AC-II, REJUNTADO, EXCLUSIVE REGULARIZAÇÃO DE BASE.","M2",{"$f":"'[3]Planilha unificada'!$T96","v":229.02},null,null,null,{"$f":"H96/$H$132","v":{"$error":"#DIV/0!"}}]
[{"$f":"A96+1","v":79},"Codevasf.Aux","CPU 046","PISO TÁTIL DIRECIONAL E/OU ALERTA, DE CONCRETO, NA COR NATURAL P/PORTADORES DE DEFICIÊNCIA MOTORA OU VISUAL, DIMENSÕES 25X25CM, APLICADO COM ARGAMASSA INDUSTRIALIZADA AC-II, REJUNTADO, EXCLUSIVE REGULARIZAÇÃO DE BASE.","M2",{"$f":"'[3]Planilha unificada'!$T97","v":282.02999999999997}]
[{"$f":"A97+1","v":80},"Codevasf.Aux","CPU 043","REBAIXAMENTO DE PENA D'ÁGUA, INCLUINDO COMPLEMENTO DE TUBULAÇÃO, CONEXÕES, ESCAVAÇÃO E REATERRO.","UN",{"$f":"'[3]Planilha unificada'!$T98","v":476}]
[81,"Codevasf.Aux","CPU 044","IMPLANTAÇÃO DE DISTRIBUIDOR, INCLUSIVE TUBULAÇÃO DE 50MM, CONEXÕES, ESCAVAÇÃO, ESCORAMENTO E ATERRO.","M",{"$f":"'[3]Planilha unificada'!$T99","v":6099.69}]
[82,"Codevasf.Aux","CPU 041","ASSENTAMENTO DE GUIA (MEIO-FIO) EM TRECHO RETO, CONFECCIONADA EM CONCRETO PRÉ-FABRICADO, DIMENSÕES 100x15x30 CM (COMPRIMENTO X BASE INFERIOR X BASE SUPERIOR X ALTURA). ","M",{"$f":"'[3]Planilha unificada'!$T100","v":1485.6}]
[83,"SINAPI",{"$f":"\"98504\"","v":"98504"},"PLANTIO DE GRAMA BATATAIS EM PLACAS. AF_05/2018","M2",{"$f":"'[3]Planilha unificada'!$T101","v":141.09}]
[84,"SINAPI",{"$f":"\"98520\"","v":"98520"},"APLICAÇÃO DE ADUBO EM SOLO. AF_05/2018","M2",{"$f":"'[3]Planilha unificada'!$T102","v":141.16}]
[85,"Codevasf.Aux",90695,"TUBO DE PVC PARA REDE COLETORA DE ESGOTO DE PAREDE MACIÇA, DN 150 MM, JUNTA ELÁSTICA  - ASSENTAMENTO. AF_01/2021","M",{"$f":"'[3]Planilha unificada'!$T103","v":5866.13}]
[86,"SINAPI INS.",41936,"'TUBO DE PVC PARA REDE COLETORA DE ESGOTO DE PAREDE MACIÇA, DN 150 MM, JUNTA ELÁSTICA  - FORNECIMENTO",null,{"$f":"F103*Codevasf.Aux!E205","v":6159.44}]
[87,"Codevasf.Aux","CPU 080","CAIXA ENTERRADA HIDRÁULICA RETANGULAR, EM ALVENARIA COM BLOCOS DE CONCRETO, DIMENSÕES INTERNAS: 0,4X0,4X0,4 M PARA REDE DE ESGOTO. ","UN",{"$f":"'[3]Planilha unificada'!$T104","v":476}]
[88,"SINAPI",{"$f":"\"97906\"","v":"97906"},"CAIXA ENTERRADA HIDRÁULICA RETANGULAR, EM ALVENARIA COM BLOCOS DE CONCRETO, DIMENSÕES INTERNAS: 0,6X0,6X0,6 M PARA REDE DE ESGOTO. AF_12/2020","UN",{"$f":"'[3]Planilha unificada'!$T105","v":29}]
[89,"SINAPI",{"$f":"\"90105\"","v":"90105"},"ESCAVAÇÃO MECANIZADA DE VALA COM PROFUNDIDADE ATÉ 1,5 M (MÉDIA MONTANTE E JUSANTE/UMA COMPOSIÇÃO POR TRECHO), RETROESCAV. (0,26 M3), LARGURA MENOR QUE 0,8 M, EM SOLO DE 1A CATEGORIA, LOCAIS COM BAIXO NÍVEL DE INTERFERÊNCIA. AF_02/2021","M3",{"$f":"'[3]Planilha unificada'!$T106","v":1034}]
[90,"SINAPI",{"$f":"\"90106\"","v":"90106"},"ESCAVAÇÃO MECANIZADA DE VALA COM PROFUNDIDADE ATÉ 1,5 M (MÉDIA MONTANTE E JUSANTE/UMA COMPOSIÇÃO POR TRECHO), RETROESCAV. (0,26 M3), LARGURA DE 0,8 M A 1,5 M, EM SOLO DE 1A CATEGORIA, LOCAIS COM BAIXO NÍVEL DE INTERFERÊNCIA. AF_02/2021","M3",{"$f":"'[3]Planilha unificada'!$T107","v":1002.46}]
[91,"SINAPI",{"$f":"\"94342\"","v":"94342"},"ATERRO MANUAL DE VALAS COM AREIA PARA ATERRO E COMPACTAÇÃO MECANIZADA. AF_05/2016","M3",{"$f":"'[3]Planilha unificada'!$T$108","v":1345.68}]
[92,"SINAPI",{"$f":"\"100974\"","v":"100974"},"CARGA, MANOBRA E DESCARGA DE SOLOS E MATERIAIS GRANULARES EM CAMINHÃO BASCULANTE 10 M³ - CARGA COM PÁ CARREGADEIRA (CAÇAMBA DE 1,7 A 2,8 M³ / 128 HP) E DESCARGA LIVRE (UNIDADE: M3). AF_07/2020","M3",{"$f":"'[3]Planilha unificada'!$T$109","v":1952.56}]
[93,"SINAPI",{"$f":"\"95874\"","v":"95874"},"TRANSPORTE COM CAMINHÃO BASCULANTE DE 14 M³, EM VIA URBANA PAVIMENTADA, DMT ATÉ 30 KM (UNIDADE: M3XKM). AF_07/2020","M3XKM",{"$f":"'[3]Planilha unificada'!$T$110","v":29288.400000000001}]
[null,null,null,"CONSTRUÇÃO DE MURO DE ARRIMO",{"$nulls":5},{"$f":"H112/$H$132","v":{"$error":"#DIV/0!"}}]
[94,"SINAPI",{"$f":"\"90102\"","v":"90102"},"ESCAVAÇÃO MECANIZADA DE VALA COM PROF. MAIOR QUE 1,5 M ATÉ 3,0 M (MÉDIA MONTANTE E JUSANTE/UMA COMPOSIÇÃO POR TRECHO), RETROESCAV. (0,26 M3), LARGURA DE 0,8 M A 1,5 M, EM SOLO DE 1A CATEGORIA, EM LOCAIS COM ALTO NÍVEL DE INTERFERÊNCIA. AF_02/2021","M3",{"$f":"'[3]Planilha unificada'!$T112","v":33.08}]
[{"$f":"A113+1","v":95},"SINAPI",{"$f":"\"102312\"","v":"102312"},"ESCAVAÇÃO MECANIZADA DE VALA COM PROF. DE 3,0 M ATÉ 4,5 M (MÉDIA MONTANTE E JUSANTE/UMA COMPOSIÇÃO POR TRECHO), ESCAVADEIRA (1,2 M3), LARG. DE 1,5 M A 2,5 M, EM SOLO DE 2A CATEGORIA, EM LOCAIS COM ALTO NÍVEL DE INTERFERÊNCIA. AF_02/2021","M3",{"$f":"'[3]Planilha unificada'!$T113","v":250.6}]
[{"$f":"A114+1","v":96},"SINAPI",{"$f":"\"93382\"","v":"93382"},"REATERRO MANUAL DE VALAS COM COMPACTAÇÃO MECANIZADA. AF_04/2016","M3",{"$f":"'[3]Planilha unificada'!$T114","v":23.77}]
[97,"SINAPI",{"$f":"\"100974\"","v":"100974"},"CARGA, MANOBRA E DESCARGA DE SOLOS E MATERIAIS GRANULARES EM CAMINHÃO BASCULANTE 10 M³ - CARGA COM PÁ CARREGADEIRA (CAÇAMBA DE 1,7 A 2,8 M³ / 128 HP) E DESCARGA LIVRE (UNIDADE: M3). AF_07/2020","M3",{"$f":"'[3]Planilha unificada'!$T115","v":324.89}]
[98,"SINAPI",{"$f":"\"95876\"","v":"95876"},"TRANSPORTE COM CAMINHÃO BASCULANTE DE 14 M³, EM VIA URBANA PAVIMENTADA, DMT ATÉ 30 KM (UNIDADE: M3XKM). AF_07/2020","M3XKM",{"$f":"'[3]Planilha unificada'!$T116","v":4873.3500000000004}]
[99,"SINAPI",{"$f":"\"101584\"","v":"101584"},"ESCORAMENTO DE VALA, TIPO CONTÍNUO, COM PROFUNDIDADE DE 1,5 M A 3,0 M, LARGURA MENOR QUE 1,5 M. AF_08/2020","M2",{"$f":"'[3]Planilha unificada'!$T117","v":33.15}]
[100,"SINAPI",{"$f":"\"101586\"","v":"101586"},"ESCORAMENTO DE VALA, TIPO CONTÍNUO, COM PROFUNDIDADE DE 3,0 A 4,5 M, LARGURA MENOR QUE 1,5 M. AF_08/2020","M2",{"$f":"'[3]Planilha unificada'!$T118","v":97.79}]
[101,"SINAPI",{"$f":"\"97084\"","v":"97084"},"COMPACTAÇÃO MECÂNICA DE SOLO PARA EXECUÇÃO DE RADIER, PISO DE CONCRETO OU LAJE SOBRE SOLO, COM COMPACTADOR DE SOLOS TIPO PLACA VIBRATÓRIA. AF_09/2021","M2",{"$f":"'[3]Planilha unificada'!$T119","v":362.31}]
[102,"SINAPI",{"$f":"\"94968\"","v":"94968"},"CONCRETO MAGRO PARA LASTRO, TRAÇO 1:4,5:4,5 (EM MASSA SECA DE CIMENTO/ AREIA MÉDIA/ BRITA 1) - PREPARO MECÂNICO COM BETONEIRA 600 L. AF_05/2021","M3",{"$f":"'[3]Planilha unificada'!$T120","v":14.63}]
[{"$f":"A121+1","v":103},"SINAPI",{"$f":"\"96620\"","v":"96620"},"LASTRO DE CONCRETO MAGRO, APLICADO EM PISOS, LAJES SOBRE SOLO OU RADIERS. AF_08/2017","M3",{"$f":"'[3]Planilha unificada'!$T121","v":3.48}]
[104,"SINAPI",{"$f":"\"92745\"","v":"92745"},"MURO DE GABIÃO, ENCHIMENTO COM PEDRA DE MÃO TIPO RACHÃO, DE GRAVIDADE, COM GAIOLAS DE COMPRIMENTO IGUAL A 2 M, PARA MUROS COM ALTURA MAIOR QUE 4 M E MENOR OU IGUAL A 6 M \u0096 FORNECIMENTO E EXECUÇÃO. AF_12/2015","M3",{"$f":"'[3]Planilha unificada'!$T122","v":708.98},null,null,"GABIAO"]
[105,"SINAPI",{"$f":"\"95876\"","v":"95876"},"TRANSPORTE COM CAMINHÃO BASCULANTE DE 14 M³, EM VIA URBANA PAVIMENTADA, DMT ATÉ 30 KM","m³xkm",{"$f":"(1.3*F123*30)","v":27650.22}]
[106,"Codevasf.Aux","CPU 055","DRENO BARBACÃ, DN 100 MM.","M",{"$f":"'[3]Planilha unificada'!$T123","v":5649.73}]
[{"$f":"A125+1","v":107},"SINAPI",{"$f":"\"102716\"","v":"102716"},"ENCHIMENTO DE AREIA PARA DRENO, LANÇAMENTO MECANIZADO. AF_07/2021","M3",{"$f":"'[3]Planilha unificada'!$T124","v":57.04}]
[108,"SINAPI",{"$f":"\"102717\"","v":"102717"},"ENCHIMENTO DE BRITA PARA DRENO, LANÇAMENTO MECANIZADO. AF_07/2021","M3",{"$f":"'[3]Planilha unificada'!$T125","v":57.04}]
[null,null,null,"MOMENTO DE TRANSPORTE",{"$nulls":5},{"$f":"H128/$H$132","v":{"$error":"#DIV/0!"}}]
[109,"SICRO",5914389,{"$f":"IF(B129=\"CODEVASF\",VLOOKUP(C129,'CPU CODEVASF'!E:H,2,FALSE),VLOOKUP(C129,'SINTÉTICO SICRO'!A:D,2,FALSE))","v":"Transporte com caminhão basculante de 10 m³ - rodovia pavimentada"},"tkm",{"$f":"ROUND(SUMIF('MOMENTO DE TRANSPORTE - PRINC'!A:A,'RESUMO MODULO TOTAL'!C129,'MOMENTO DE TRANSPORTE - PRINC'!K:K)+SUMIF('MOMENTO DE TRANSPORTE - AUX'!A:A,'RESUMO MODULO TOTAL'!C129,'MOMENTO DE TRANSPORTE - AUX'!K:K),2)","v":4053901.12},null,null,null,{"$f":"H129/$H$132","v":{"$error":"#DIV/0!"}}]
[{"$f":"A129+1","v":110},"SICRO",5914479,{"$f":"IF(B130=\"CODEVASF\",VLOOKUP(C130,'CPU CODEVASF'!E:H,2,FALSE),VLOOKUP(C130,'SINTÉTICO SICRO'!A:D,2,FALSE))","v":"Transporte com caminhão carroceria de 15 t - rodovia pavimentada"},"tkm",{"$f":"ROUND(SUMIF('MOMENTO DE TRANSPORTE - PRINC'!A:A,'RESUMO MODULO TOTAL'!C130,'MOMENTO DE TRANSPORTE - PRINC'!K:K)+SUMIF('MOMENTO DE TRANSPORTE - AUX'!A:A,'RESUMO MODULO TOTAL'!C130,'MOMENTO DE TRANSPORTE - AUX'!K:K),2)","v":62.89},null,null,null,{"$f":"H130/$H$132","v":{"$error":"#DIV/0!"}}]
[{"$f":"A130+1","v":111},"SICRO",5914366,{"$f":"IF(B131=\"CODEVASF\",VLOOKUP(C131,'CPU CODEVASF'!E:H,2,FALSE),VLOOKUP(C131,'SINTÉTICO SICRO'!A:D,2,FALSE))","v":"Transporte de cimento ou cal hidratada a granel com caminhão silo de 30 m³ - rodovia pavimentada"},"tkm",{"$f":"ROUND(SUMIF('MOMENTO DE TRANSPORTE - PRINC'!A:A,'RESUMO MODULO TOTAL'!C131,'MOMENTO DE TRANSPORTE - PRINC'!K:K)+SUMIF('MOMENTO DE TRANSPORTE - AUX'!A:A,'RESUMO MODULO TOTAL'!C131,'MOMENTO DE TRANSPORTE - AUX'!K:K),2)","v":24239.8},null,null,null,{"$f":"H131/$H$132","v":{"$error":"#DIV/0!"}}]
["VALOR TOTAL DO SRP"]
["Obs.: Os valores estão apresentados com apenas 2 casas decimais, mas os valores da presente planilha foram calculados utilizando a precisão de 6 casas decimais. "]

{"sheet":"CPU CODEVASF","index":3,"n_rows":275,"n_cols":9,"rows_kept":275,"cut":false,"hidden":false,"merged":[[274,5,274,6],[265,0,266,0],[265,1,266,1],[265,2,266,2],[265,3,266,3],[265,4,266,4],[265,5,266,5],[265,6,266,6],[265,7,266,7],[271,4,271,6],[243,3,244,3],[243,4,244,4],[243,5,244,5],[243,6,244,6],[243,7,244,7],[251,4,251,6],[254,5,254,6],[238,4,238,6],[227,0,228,0],[227,1,228,1],[227,2,228,2],[241,5,241,6],[227,3,228,3],[227,4,228,4],[227,5,228,5],[227,6,228,6],[227,7,228,7],[243,0,244,0],[243,1,244,1],[243,2,244,2],[3,0,3,7],[4,6,4,7],[7,0,7,7],[20,4,20,6],[23,5,23,6],[28,4,28,6],[31,5,31,6],[42,4,42,6],[43,4,43,6],[33,1,34,1],[8,3,9,3],[25,3,26,3],[33,3,34,3],[8,5,9,5],[25,5,26,5],[33,5,34,5],[8,7,9,7],[25,7,26,7],[33,7,34,7],[45,5,45,6],[53,4,53,6],[56,5,56,6],[61,4,61,6],[64,5,64,6],[73,4,73,6],[76,5,76,6],[81,4,81,6],[84,5,84,6],[47,5,48,5],[58,5,59,5],[66,5,67,5],[78,5,79,5],[47,6,48,6],[58,6,59,6],[66,6,67,6],[78,6,79,6],[154,4,154,6],[156,5,156,6],[171,4,171,6],[173,5,173,6],[8,0,9,0],[25,0,26,0],[33,0,34,0],[47,0,48,0],[58,0,59,0],[66,0,67,0],[78,0,79,0],[86,0,87,0],[94,0,95,0],[102,0,103,0],[116,0,117,0],[124,0,125,0],[132,0,133,0],[140,0,141,0],[158,0,159,0],[8,1,9,1],[25,1,26,1],[111,4,111,6],[114,5,114,6],[119,4,119,6],[140,1,141,1],[158,1,159,1],[8,2,9,2],[25,2,26,2],[33,2,34,2],[47,2,48,2],[58,2,59,2],[66,2,67,2],[78,2,79,2],[86,2,87,2],[94,2,95,2],[102,2,103,2],[116,2,117,2],[124,2,125,2],[132,2,133,2],[140,2,141,2],[158,2,159,2],[47,1,48,1],[58,1,59,1],[66,1,67,1],[78,1,79,1],[86,1,87,1],[94,1,95,1],[102,1,103,1],[78,3,79,3],[86,3,87,3],[94,3,95,3],[102,3,103,3],[116,3,117,3],[124,3,125,3],[132,1,133,1],[116,1,117,1],[124,1,125,1],[158,6,159,6],[132,3,133,3],[140,3,141,3],[158,3,159,3],[8,4,9,4],[25,4,26,4],[33,4,34,4],[47,4,48,4],[58,4,59,4],[66,4,67,4],[78,4,79,4],[86,4,87,4],[94,4,95,4],[102,4,103,4],[116,4,117,4],[124,4,125,4],[132,4,133,4],[140,4,141,4],[158,4,159,4],[47,3,48,3],[25,6,26,6],[33,6,34,6],[58,3,59,3],[66,3,67,3],[102,6,103,6],[89,4,89,6],[92,5,92,6],[97,4,97,6],[100,5,100,6],[132,7,133,7],[140,7,141,7],[132,6,133,6],[140,6,141,6],[130,5,130,6],[135,4,135,6],[138,5,138,6],[122,5,122,6],[127,4,127,6],[116,6,117,6],[124,6,125,6],[158,7,159,7],[0,0,2,7],[4,0,6,3],[5,4,6,5],[47,7,48,7],[58,7,59,7],[66,7,67,7],[78,7,79,7],[86,7,87,7],[94,7,95,7],[102,7,103,7],[116,7,117,7],[124,7,125,7],[86,5,87,5],[94,5,95,5],[102,5,103,5],[116,5,117,5],[124,5,125,5],[132,5,133,5],[140,5,141,5],[158,5,159,5],[8,6,9,6],[86,6,87,6],[94,6,95,6],[175,0,176,0],[175,1,176,1],[175,2,176,2],[175,3,176,3],[175,4,176,4],[175,5,176,5],[175,6,176,6],[175,7,176,7],[186,4,186,6],[189,5,189,6],[191,0,192,0],[191,1,192,1],[191,2,192,2],[191,3,192,3],[191,4,192,4],[191,5,192,5],[191,6,192,6],[191,7,192,7],[200,7,201,7],[204,4,204,6],[207,5,207,6],[195,4,195,6],[198,5,198,6],[200,0,201,0],[200,1,201,1],[200,2,201,2],[200,3,201,3],[200,4,201,4],[200,5,201,5],[200,6,201,6],[209,7,210,7],[221,4,221,6],[224,5,224,6],[209,0,210,0],[209,1,210,1],[209,2,210,2],[209,3,210,3],[209,4,210,4],[209,5,210,5],[209,6,210,6],[263,5,263,6],[256,0,257,0],[256,1,257,1],[256,2,257,2],[256,3,257,3],[256,4,257,4],[256,5,257,5],[256,6,257,6],[256,7,257,7],[260,4,260,6]]}
[]
[]
[]
[{"$f":"'RESUMO MODULO TOTAL'!A1","v":" CONTRATAÇÃO DE EXECUÇÃO DE PAVIMENTO ASFÁLTICO COM CBUQ, EM VIAS URBANAS DE RECIFE/PE, ÁREA DE ATUAÇÃO DA 15ª SUPERINTENDÊNCIA REGIONAL DA CODEVASF."}]
["Tabelas de Referência: SICRO/PE 07/2023; SINAPI/PE 09/2023; ORSE 09/2023  e ANP 10/2023.\nVALORES NÃO DESONERADOS\nData base deste orçamento: Setembro/2023.",{"$nulls":4},"BDI %:",{"$f":"BDI!$C$17","v":0.2339}]
[{"$nulls":4},"Encargos Sociais:",null,"Horista","Mensalista"]
[{"$nulls":6},1.1455,0.70109999999999995]
["COMPOSIÇÕES DE CUSTO UNITARIO"]
["CPU-01","CODEVASF","74209/1","PLACA DE OBRA EM CHAPA DE ACO GALVANIZADO","und","COEF.","PRECO UNITÁRIO (R$)","TOTAL (R$)"]
[]
["INS. SINAPI","SINAPI",5075,"PREGO 18X30.","kg",0.11,{"$f":"IFERROR(VLOOKUP(C11,'INSUMOS SINAPI'!A:E,5,FALSE),VLOOKUP(C11,'COMP Sint. Sinapi'!G:K,5,FALSE))","v":"18,31"},{"$f":"TRUNC(F11*G11,2)","v":2.0099999999999998}]
["INS. SINAPI","SINAPI",4491,"PECA DE MADEIRA NATIVA / REGIONAL 7,5 X 7,5CM (3X3) NAO APARELHADA (P/FORMA)","m",4,{"$f":"IFERROR(VLOOKUP(C12,'INSUMOS SINAPI'!A:E,5,FALSE),VLOOKUP(C12,'COMP Sint. Sinapi'!G:K,5,FALSE))","v":"10,58"},{"$f":"TRUNC(F12*G12,2)","v":42.32}]
["INS. SINAPI","SINAPI",4417,"PECA DE MADEIRA DE LEI *2,5 X 7,5* CM (1\" X 3\"), NÃO APARELHADA, (P/TELHADO)","m",1,{"$f":"IFERROR(VLOOKUP(C13,'INSUMOS SINAPI'!A:E,5,FALSE),VLOOKUP(C13,'COMP Sint. Sinapi'!G:K,5,FALSE))","v":"8,43"},{"$f":"TRUNC(F13*G13,2)","v":8.43}]
["INS. SINAPI","SINAPI",4813,"PLACA DE OBRA (PARA CONSTRUCAO CIVIL) EM CHAPA GALVANIZADA *Nº 22*, DE *2,0 X 1,125* M","m²",4,{"$f":"IFERROR(VLOOKUP(C14,'INSUMOS SINAPI'!A:E,5,FALSE),VLOOKUP(C14,'COMP Sint. Sinapi'!G:K,5,FALSE))","v":"250,00"},1000]
["INS. SINAPI","SINAPI",370,"AREIA MÉDIA","m³",4.8999999999999998E-3,{"$f":"IFERROR(VLOOKUP(C15,'INSUMOS SINAPI'!A:E,5,FALSE),VLOOKUP(C15,'COMP Sint. Sinapi'!G:K,5,FALSE))","v":"130,00"},0.63]
["INS. SINAPI","SINAPI",1379,"CIMENTO PORTLAND COMPOSTO CP II-32      ","kg",1.5,{"$f":"IFERROR(VLOOKUP(C16,'INSUMOS SINAPI'!A:E,5,FALSE),VLOOKUP(C16,'COMP Sint. Sinapi'!G:K,5,FALSE))","v":"0,70"},1.05]
["INS. SINAPI","SINAPI",4718,"PEDRA BRITADA Nº 2","m³",9.7999999999999997E-3,{"$f":"IFERROR(VLOOKUP(C17,'INSUMOS SINAPI'!A:E,5,FALSE),VLOOKUP(C17,'COMP Sint. Sinapi'!G:K,5,FALSE))","v":"105,03"},1.02]
["COMP. SINAPI","SINAPI",{"$f":"\"87445\"","v":"87445"},"BETONEIRA CAPACIDADE NOMINAL 400 L, CAPACIDADE DE MISTURA 310 L, MOTOR A DIESEL POTÊNCIA 5,0 HP, SEM CARREGADOR MECANICO (LOCACAO)","h",6.4999999999999997E-3,{"$f":"IFERROR(VLOOKUP(C18,'INSUMOS SINAPI'!A:E,5,FALSE),VLOOKUP(C18,'COMP Sint. Sinapi'!G:K,5,FALSE))","v":"5,64"},0.03]
["COMP. SINAPI","SINAPI",{"$f":"\"88262\"","v":"88262"},"CARPINTEIRO DE FORMAS COM ENCARGOS COMPLEMENTARES","h",1,{"$f":"IFERROR(VLOOKUP(C19,'INSUMOS SINAPI'!A:E,5,FALSE),VLOOKUP(C19,'COMP Sint. Sinapi'!G:K,5,FALSE))","v":"26,13"},26.13]
["COMP. SINAPI","SINAPI",{"$f":"\"88316\"","v":"88316"},"SERVENTE COM ENCARGOS COMPLEMENTARES","h",2.06,{"$f":"IFERROR(VLOOKUP(C20,'INSUMOS SINAPI'!A:E,5,FALSE),VLOOKUP(C20,'COMP Sint. Sinapi'!G:K,5,FALSE))","v":"21,28"},43.83]
[{"$nulls":4},"Sub total:",null,null,{"$f":"SUM(H11:H20)","v":1125.45}]
[{"$nulls":5},"BDI ",{"$f":"BDI!$C$17","v":0.2339},{"$f":"TRUNC(H21*G22,2)","v":263.24}]
[{"$nulls":6},"Total Serviços:",{"$f":"H21+H22","v":1388.69}]
[{"$nulls":4},{"$f":"A9","v":"CPU-01"},"PREÇO UNITÁRIO TOTAL:",null,{"$f":"H23","v":1388.69},{"$f":"H21","v":1125.45}]
[]
["CPU-02","CODEVASF","Propria","ATUALIZAÇÃO DO PROJETO DE DRENAGEM E PAVIMENTAÇÃO - AS BUILT FINAL (*Admitido via com largura média de 10m²)","m","COEF.","PRECO UNITÁRIO (R$)","TOTAL (R$)"]
[]
["COMP. SINAPI","SINAPI",{"$f":"\"90773\"","v":"90773"},{"$f":"VLOOKUP(C28,'COMP Sint. Sinapi'!G:K,2,0)","v":"DESENHISTA COPISTA COM ENCARGOS COMPLEMENTARES"},"H",0.57999999999999996,{"$f":"IFERROR(VLOOKUP(C28,'INSUMOS SINAPI'!A:E,5,FALSE),VLOOKUP(C28,'COMP Sint. Sinapi'!G:K,5,FALSE))","v":"18,58"},{"$f":"TRUNC(F28*G28,2)","v":10.77}]
[{"$nulls":4},"Sub total:",null,null,{"$f":"SUM(H28:H28)","v":10.77}]
[{"$nulls":5},"BDI ",{"$f":"BDI!$C$17","v":0.2339},{"$f":"TRUNC(H29*G30,2)","v":2.5099999999999998}]
[{"$nulls":6},"Total Serviços:",{"$f":"H29+H30","v":13.28}]
[{"$nulls":4},"CPU-02","PREÇO UNITÁRIO TOTAL:",null,{"$f":"H31","v":13.28},{"$f":"H29","v":10.77}]
[{"$nulls":6},"PREÇO POR M²:",{"$f":"TRUNC(H32/('MC MODULO'!$J$7*'MC MODULO'!$J$6),2)","v":0}]
["CPU-03","CODEVASF",null,"ADMINISTRAÇÃO DA OBRA","m2","COEF.","PRECO UNITÁRIO (R$)","TOTAL (R$)"]
[]
["COMP. SINAPI","SINAPI",{"$f":"\"93565\"","v":"93565"},"ENGENHEIRO CIVIL DE OBRA JUNIOR COM ENCARGOS COMPLEMENTARES","MÊS",13,{"$f":"IFERROR(VLOOKUP(C36,'INSUMOS SINAPI'!A:E,5,FALSE),VLOOKUP(C36,'COMP Sint. Sinapi'!G:K,5,FALSE))","v":"19.758,88"},{"$f":"TRUNC(F36*G36,2)","v":256865.44}]
["COMP. SINAPI","SINAPI",{"$f":"\"93572\"","v":"93572"},"ENCARREGADO GERAL DE OBRAS COM ENCARGOS COMPLEMENTARES","MÊS",13,{"$f":"IFERROR(VLOOKUP(C37,'INSUMOS SINAPI'!A:E,5,FALSE),VLOOKUP(C37,'COMP Sint. Sinapi'!G:K,5,FALSE))","v":"6.786,45"},{"$f":"TRUNC(F37*G37,2)","v":88223.85}]
["COMP. SINAPI","SINAPI",{"$f":"\"100321\"","v":"100321"},"TÉCNICO EM SEGURANÇA DO TRABALHO COM ENCARGOS COMPLEMENTARES","MÊS",{"$f":"F36","v":13},{"$f":"IFERROR(VLOOKUP(C38,'INSUMOS SINAPI'!A:E,5,FALSE),VLOOKUP(C38,'COMP Sint. Sinapi'!G:K,5,FALSE))","v":"4.824,36"},{"$f":"TRUNC(F38*G38,2)","v":62716.68}]
["COMP. SINAPI","SINAPI",{"$f":"\"93566\"","v":"93566"},"AUXILIAR DE ESCRITORIO COM ENCARGOS COMPLEMENTARES","MÊS",13,{"$f":"IFERROR(VLOOKUP(C39,'INSUMOS SINAPI'!A:E,5,FALSE),VLOOKUP(C39,'COMP Sint. Sinapi'!G:K,5,FALSE))","v":"3.158,58"},{"$f":"TRUNC(F39*G39,2)","v":41061.54}]
["INS. SINAPI","SINAPI",14250,"ENERGIA","KW/H",{"$f":"100*13","v":1300},{"$f":"IFERROR(VLOOKUP(C40,'INSUMOS SINAPI'!A:E,5,FALSE),VLOOKUP(C40,'COMP Sint. Sinapi'!G:K,5,FALSE))","v":"0,97"},1261]
["INS. SINAPI","SINAPI",44480,"ÁGUA TARIFA \"A\" ENTRE 0 E 20M3 FORNECIMENTO D'AGUA","M3",{"$f":"8.311876*14","v":116.366264},{"$f":"IFERROR(VLOOKUP(C41,'INSUMOS SINAPI'!A:E,5,FALSE),VLOOKUP(C41,'COMP Sint. Sinapi'!G:K,5,FALSE))","v":"18,35"},2135.3200000000002]
["INSUMO","ORSE",4415,"VEÍCULO LEVE - VOLKSWAGEN:GOL 1000 - AUTOMÓVEL ATÉ 100 HP","h",{"$f":"(8*22)*27","v":4752},13.18,62631.360000000001]
[{"$nulls":4},"ADM. LOCAL :",null,null,{"$f":"SUM(H36:H42)","v":514895.19}]
[]
[{"$nulls":6},{"$f":"BDI!$C$17","v":0.2339},{"$f":"TRUNC(G45*H43,2)","v":120433.98}]
[{"$nulls":4},"CPU-03","PREÇO TOTAL:",null,{"$f":"H43+H45","v":635329.17000000004},{"$f":"H43","v":514895.19}]
[{"$nulls":6},"PREÇO POR M²:",{"$f":"TRUNC(H46/('MC MODULO'!$C$7*'MC MODULO'!$C$6),2)","v":90.76},{"$f":"H43/(('MC MODULO'!$C$7*'MC MODULO'!$C$6))","v":73.56}]
["CPU-04","CODEVASF",null,"CANTEIRO DE OBRAS E ALMOXARIFADO","und","COEF.","PRECO UNITÁRIO (R$)","TOTAL (R$)"]
[]
["INS. SINAPI","SINAPI",10775,"LOCACAO DE CONTAINER 2,30 X 6,00 M, ALT. 2,50 M, COM 1 SANITARIO, PARA ESCRITORIO, COMPLETO, SEM DIVISORIAS INTERNAS (NAO INCLUI MOBILIZACAO/DESMOBILIZACAO)","mês",38,{"$f":"IFERROR(VLOOKUP(C50,'INSUMOS SINAPI'!A:E,5,FALSE),VLOOKUP(C50,'COMP Sint. Sinapi'!G:K,5,FALSE))","v":"890,00"},{"$f":"TRUNC(F50*G50,2)","v":33820}]
["INSUMO","ORSE",4656,"LOCAÇÃO DE SANITÁRIO QUÍMICO","mês",38,956.58,{"$f":"TRUNC(F51*G51,2)","v":36350.04}]
["INSUMO","COTAÇÃO","COT.029","FORNECIMENTO DE AGUA MINERAL EM BUJÃO DE 20 LITROS.","UN",836,{"$f":"VLOOKUP(C52,Planilha1!A:E,5,0)","v":7.33},{"$f":"TRUNC(F52*G52,2)","v":6127.88}]
["COMP. SINAPI","SINAPI",{"$f":"\"88326\"","v":"88326"},{"$f":"VLOOKUP(C53,'COMP Sint. Sinapi'!G:K,2,0)","v":"VIGIA NOTURNO COM ENCARGOS COMPLEMENTARES"},{"$f":"VLOOKUP(C53,'COMP Sint. Sinapi'!G:K,3,0)","v":"H"},{"$f":"(178*3)*14","v":7476},{"$f":"VLOOKUP(C53,'COMP Sint. Sinapi'!G:K,5,0)","v":"26,66"},{"$f":"TRUNC(F53*G53,2)","v":199310.16}]
[{"$nulls":4},"Sub total:",null,null,{"$f":"SUM(H50:H53)","v":275608.08}]
[{"$nulls":5},"BDI ",{"$f":"BDI!$C$17","v":0.2339},{"$f":"TRUNC(H54*G55,2)","v":64464.72}]
[{"$nulls":6},"Total Serviços:",{"$f":"H54+H55","v":340072.8}]
[{"$nulls":4},{"$f":"A48","v":"CPU-04"},"PREÇO UNITÁRIO TOTAL:",null,{"$f":"H56","v":340072.8},{"$f":"H54","v":275608.08}]
[]
["CPU-11","CODEVASF",null,"LIMPEZA GERAL","UNID","COEF.","PRECO UNITÁRIO (R$)","TOTAL (R$)"]
[]
["COMP. SINAPI","SINAPI",{"$f":"\"88316\"","v":"88316"},"SERVENTE COM ENCARGOS COMPLEMENTARES","H",0.05,{"$f":"IFERROR(VLOOKUP(C61,'INSUMOS SINAPI'!A:E,5,FALSE),VLOOKUP(C61,'COMP Sint. Sinapi'!G:K,5,FALSE))","v":"21,28"},{"$f":"TRUNC(F61*G61,2)","v":1.06}]
[{"$nulls":4},"Sub total:",null,null,{"$f":"SUM(H61:H61)","v":1.06}]
[{"$nulls":5},"BDI",{"$f":"BDI!$C$17","v":0.2339},{"$f":"TRUNC(H62*G63,2)","v":0.24}]
[{"$nulls":6},"Total Serviços:",{"$f":"H62+H63","v":1.3}]
[{"$nulls":4},{"$f":"A59","v":"CPU-11"},"PREÇO UNITÁRIO TOTAL:",null,{"$f":"H64","v":1.3},{"$f":"H62","v":1.06}]
[]
["CPU-12","CODEVASF",null,"Correção de vazamentos no ramal na rua sem pavimento com fornecimento do material hidráulico","M","COEF.","PRECO UNITÁRIO (R$)","TOTAL (R$)"]
[]
["COMP. SINAPI","SINAPI",{"$f":"\"88316\"","v":"88316"},"SERVENTE COM ENCARGOS COMPLEMENTARES","H",0.2,{"$f":"IFERROR(VLOOKUP(C69,'INSUMOS SINAPI'!A:E,5,FALSE),VLOOKUP(C69,'COMP Sint. Sinapi'!G:K,5,FALSE))","v":"21,28"},{"$f":"TRUNC(F69*G69,2)","v":4.25}]
["COMP. SINAPI","SINAPI",{"$f":"\"88267\"","v":"88267"},"ENCANADOR OU BOMBEIRO HIDRÁULICO COM ENCARGOS COMPLEMENTARES","H",0.1,{"$f":"IFERROR(VLOOKUP(C70,'INSUMOS SINAPI'!A:E,5,FALSE),VLOOKUP(C70,'COMP Sint. Sinapi'!G:K,5,FALSE))","v":"25,76"},{"$f":"TRUNC(F70*G70,2)","v":2.57}]
["INS. SINAPI","SINAPI",9867,"TUBO PVC, SOLDAVEL, DN 20 MM, AGUA FRIA (NBR-5648)","m",1,{"$f":"IFERROR(VLOOKUP(C71,'INSUMOS SINAPI'!A:E,5,FALSE),VLOOKUP(C71,'COMP Sint. Sinapi'!G:K,5,FALSE))","v":"4,06"},4.0599999999999996]
["INSUMO","ORSE",10585,"Arco de serra","un",0.1,22.49,2.2400000000000002]
["INS. SINAPI","SINAPI",3859,"LUVA SOLDAVEL COM ROSCA, PVC, 20 MM X 1/2\", PARA AGUA FRIA PREDIAL","un",2,{"$f":"IFERROR(VLOOKUP(C73,'INSUMOS SINAPI'!A:E,5,FALSE),VLOOKUP(C73,'COMP Sint. Sinapi'!G:K,5,FALSE))","v":"1,46"},2.92]
[{"$nulls":4},"Sub total:",null,null,{"$f":"SUM(H69:H73)","v":16.04}]
[{"$nulls":5},"BDI",{"$f":"BDI!$C$17","v":0.2339},{"$f":"TRUNC(H74*G75,2)","v":3.75}]
[{"$nulls":6},"Total Serviços:",{"$f":"H74+H75","v":19.79}]
[{"$nulls":4},{"$f":"A67","v":"CPU-12"},"PREÇO UNITÁRIO TOTAL:",null,{"$f":"H76","v":19.79},{"$f":"H74","v":16.04}]
[]
["CPU-13","CODEVASF",null,"AQUISIÇÃO DE CIMENTO ASFALTICO CAP 50/70","t","COEF.","PRECO UNITÁRIO (R$)","TOTAL (R$)"]
[]
["COMPOSIÇÃO",null,null,"CIMENTO ASFALTICO 50/70","t",1,{"$f":"RESUMO_Transp!V17","v":4431.97},{"$f":"TRUNC(F81*G81,2)","v":4431.97}]
[{"$nulls":4},"Sub total:",null,null,{"$f":"SUM(H81)","v":4431.97}]
[{"$nulls":5},"BDI",0.15,{"$f":"TRUNC(H82*G83,2)","v":664.79}]
[{"$nulls":6},"Total Serviços:",{"$f":"H82+H83","v":5096.76}]
[{"$nulls":4},{"$f":"A79","v":"CPU-13"},"PREÇO UNITÁRIO TOTAL:",null,{"$f":"H84","v":5096.76},{"$f":"H82","v":4431.97}]
[]
["CPU-14","CODEVASF",null,"AQUISIÇÃO DE CM-30","t","COEF.","PRECO UNITÁRIO (R$)","TOTAL (R$)"]
[]
["COMPOSIÇÃO",null,null,"CM-30","t",1,{"$f":"RESUMO_Transp!V22","v":5480.64},{"$f":"TRUNC(F89*G89,2)","v":5480.64}]
[{"$nulls":4},"Sub total:",null,null,{"$f":"SUM(H89)","v":5480.64}]
[{"$nulls":5},"BDI",0.15,{"$f":"TRUNC(H90*G91,2)","v":822.09}]
[{"$nulls":6},"Total Serviços:",{"$f":"H90+H91","v":6302.73}]
[{"$nulls":4},{"$f":"A87","v":"CPU-14"},"PREÇO UNITÁRIO TOTAL:",null,{"$f":"H92","v":6302.73},{"$f":"H90","v":5480.64}]
[]
["CPU-15","CODEVASF",null,"AQUISIÇÃO DE EMULSÃO ASFÁLTICA RR-1C","t","COEF.","PRECO UNITÁRIO (R$)","TOTAL (R$)"]
[]
["COMPOSIÇÃO",null,null,"EMULSÃO ASFÁLTICA RR-1C","t",1,{"$f":"RESUMO_Transp!V27","v":3232.69},{"$f":"TRUNC(F97*G97,2)","v":3232.69}]
[{"$nulls":4},"Sub total:",null,null,{"$f":"SUM(H97)","v":3232.69}]
[{"$nulls":5},"BDI",0.15,{"$f":"TRUNC(H98*G99,2)","v":484.9}]
[{"$nulls":6},"Total Serviços:",{"$f":"H98+H99","v":3717.59}]
[{"$nulls":4},{"$f":"A95","v":"CPU-15"},"PREÇO UNITÁRIO TOTAL:",null,{"$f":"H100","v":3717.59},{"$f":"H98","v":3232.69}]
[]
["CPU-16","CODEVASF",null,"SERVIÇOS TOPOGRÁFICOS PARA PAVIMENTAÇÃO, INCLUSIVE NOTAS DE SERVIÇOS, ACOMPANHAMENTO E GREIDE","M²","COEF.","PRECO UNITÁRIO (R$)","TOTAL (R$)"]
[]
["Composição","SINAPI",{"$f":"\"90781\"","v":"90781"},{"$f":"VLOOKUP(C105,'COMP Sint. Sinapi'!G:K,2,0)","v":"TOPOGRAFO COM ENCARGOS COMPLEMENTARES"},"h",2.5000000000000001E-3,{"$f":"IFERROR(VLOOKUP(C105,'INSUMOS SINAPI'!A:E,5,FALSE),VLOOKUP(C105,'COMP Sint. Sinapi'!G:K,5,FALSE))","v":"29,90"},{"$f":"TRUNC(F105*G105,2)","v":7.0000000000000007E-2}]
["Insumo","SINAPI",20206,{"$f":"VLOOKUP(C106,'INSUMOS SINAPI'!A:E,2,0)","v":"SARRAFO APARELHADO *2 X 10* CM, EM MACARANDUBA/MASSARANDUBA, ANGELIM OU EQUIVALENTE DA REGIAO"},"m",2.8860000000000001E-3,{"$f":"IFERROR(VLOOKUP(C106,'INSUMOS SINAPI'!A:E,5,FALSE),VLOOKUP(C106,'COMP Sint. Sinapi'!G:K,5,FALSE))","v":"10,65"},{"$f":"TRUNC(F106*G106,2)","v":0.03}]
["Composição","SINAPI",{"$f":"\"88253\"","v":"88253"},{"$f":"VLOOKUP(C107,'COMP Sint. Sinapi'!G:K,2,0)","v":"AUXILIAR DE TOPÓGRAFO COM ENCARGOS COMPLEMENTARES"},"h",2.5000000000000001E-3,{"$f":"IFERROR(VLOOKUP(C107,'INSUMOS SINAPI'!A:E,5,FALSE),VLOOKUP(C107,'COMP Sint. Sinapi'!G:K,5,FALSE))","v":"14,48"},0.03]
["Composição","SINAPI",{"$f":"\"88288\"","v":"88288"},{"$f":"VLOOKUP(C108,'COMP Sint. Sinapi'!G:K,2,0)","v":"NIVELADOR COM ENCARGOS COMPLEMENTARES"},"h",2.5000000000000001E-3,{"$f":"IFERROR(VLOOKUP(C108,'INSUMOS SINAPI'!A:E,5,FALSE),VLOOKUP(C108,'COMP Sint. Sinapi'!G:K,5,FALSE))","v":"17,97"},0.04]
["Composição","SINAPI",{"$f":"\"88316\"","v":"88316"},{"$f":"VLOOKUP(C109,'COMP Sint. Sinapi'!G:K,2,0)","v":"SERVENTE COM ENCARGOS COMPLEMENTARES"},"h",7.4999999999999997E-3,{"$f":"IFERROR(VLOOKUP(C109,'INSUMOS SINAPI'!A:E,5,FALSE),VLOOKUP(C109,'COMP Sint. Sinapi'!G:K,5,FALSE))","v":"21,28"},0.15]
["Composição","SINAPI",{"$f":"\"88597\"","v":"88597"},{"$f":"VLOOKUP(C110,'COMP Sint. Sinapi'!G:K,2,0)","v":"DESENHISTA DETALHISTA COM ENCARGOS COMPLEMENTARES"},"h",2E-3,{"$f":"IFERROR(VLOOKUP(C110,'INSUMOS SINAPI'!A:E,5,FALSE),VLOOKUP(C110,'COMP Sint. Sinapi'!G:K,5,FALSE))","v":"31,40"},0.06]
["Composição","SINAPI",{"$f":"\"92145\"","v":"92145"},{"$f":"VLOOKUP(C111,'COMP Sint. Sinapi'!G:K,2,0)","v":"CAMINHONETE CABINE SIMPLES COM MOTOR 1.6 FLEX, CÂMBIO MANUAL, POTÊNCIA 101/104 CV, 2 PORTAS - CHP DIURNO. AF_11/2015"},"chp",1E-3,{"$f":"IFERROR(VLOOKUP(C111,'INSUMOS SINAPI'!A:E,5,FALSE),VLOOKUP(C111,'COMP Sint. Sinapi'!G:K,5,FALSE))","v":"74,50"},7.0000000000000007E-2]
[{"$nulls":4},"Sub total:",null,null,{"$f":"SUM(H105:H111)","v":0.45}]
[{"$nulls":5},"BDI",{"$f":"BDI!$C$17","v":0.2339},{"$f":"TRUNC(H112*G113,2)","v":0.1}]
[{"$nulls":6},"Total Serviços:",{"$f":"H112+H113","v":0.55000000000000004}]
[{"$nulls":4},{"$f":"A103","v":"CPU-16"},"PREÇO UNITÁRIO TOTAL:",null,{"$f":"H114","v":0.55000000000000004},{"$f":"H112","v":0.45}]
[]
["CPU-17","CODEVASF",null,"TRANSPORTE DE CIMENTO ASFALTICO CAP 50/70","t","COEF.","PRECO UNITÁRIO (R$)","TOTAL (R$)"]
[]
[null,null,null,"TRANSPORTE DE CIMENTO ASFALTICO 50/70","t",1,{"$f":"RESUMO_Transp!U17","v":583.76},{"$f":"TRUNC(F119*G119,2)","v":583.76}]
[{"$nulls":4},"Sub total:",null,null,{"$f":"SUM(H119)","v":583.76}]
[{"$nulls":5},"BDI",0.15,{"$f":"TRUNC(H120*G121,2)","v":87.56}]
[{"$nulls":6},"Total Serviços:",{"$f":"H120+H121","v":671.32}]
[{"$nulls":4},{"$f":"A117","v":"CPU-17"},"PREÇO UNITÁRIO TOTAL:",null,{"$f":"H122","v":671.32},{"$f":"H120","v":583.76}]
[]
["CPU-18","CODEVASF",null,"TRANSPORTE DE CM-30","t","COEF.","PRECO UNITÁRIO (R$)","TOTAL (R$)"]
[]
[null,null,null,"TRANSPORTE DE CM-30","t",1,{"$f":"RESUMO_Transp!U22","v":466.97},{"$f":"TRUNC(F127*G127,2)","v":466.97}]
[{"$nulls":4},"Sub total:",null,null,{"$f":"SUM(H127)","v":466.97}]
[{"$nulls":5},"BDI",0.15,{"$f":"TRUNC(H128*G129,2)","v":70.040000000000006}]
[{"$nulls":6},"Total Serviços:",{"$f":"H128+H129","v":537.01}]
[{"$nulls":4},{"$f":"A125","v":"CPU-18"},"PREÇO UNITÁRIO TOTAL:",null,{"$f":"H130","v":537.01},{"$f":"H128","v":466.97}]
[]
["CPU-19","CODEVASF",null,"TRANSPORTE DE EMULSÃO ASFÁLTICA RR-1C","t","COEF.","PRECO UNITÁRIO (R$)","TOTAL (R$)"]
[]
[null,null,null,"TRANSPORTE DE EMULSÃO ASFÁLTICA RR-1C","t",1,{"$f":"RESUMO_Transp!U27","v":577.03},{"$f":"TRUNC(F135*G135,2)","v":577.03}]
[{"$nulls":4},"Sub total:",null,null,{"$f":"SUM(H135)","v":577.03}]
[{"$nulls":5},"BDI",0.15,{"$f":"TRUNC(H136*G137,2)","v":86.55}]
[{"$nulls":6},"Total Serviços:",{"$f":"H136+H137","v":663.58}]
[{"$nulls":4},{"$f":"A133","v":"CPU-19"},"PREÇO UNITÁRIO TOTAL:",null,{"$f":"H138","v":663.58},{"$f":"H136","v":577.03}]
[]
["CPU-20","CODEVASF",null,"PROJETO EXECUTIVO","m²","COEF.","PRECO UNITÁRIO (R$)","TOTAL (R$)"]
[]
["Composição","SINAPI",100306,"Engenheiro","h",{"$f":"20*'MC MODULO'!C77/'MC MODULO'!$G$77","v":1.9143000000000001E-3},{"$f":"IFERROR(VLOOKUP(C143,'[4]INSUMOS SINAPI'!A:E,5,FALSE),VLOOKUP(C143,'[4]COMP Sint. Sinapi'!G:K,5,FALSE))*1","v":129.19999999999999},{"$f":"TRUNC(F143*G143,4)","v":0.24729999999999999}]
["Composição","SINAPI",90781,"Topógrafo","h",{"$f":"10*'MC MODULO'!$C$77/'MC MODULO'!$G$77","v":9.5710000000000001E-4},{"$f":"IFERROR(VLOOKUP(C144,'[4]INSUMOS SINAPI'!A:E,5,FALSE),VLOOKUP(C144,'[4]COMP Sint. Sinapi'!G:K,5,FALSE))*1","v":41.89},{"$f":"TRUNC(F144*G144,4)","v":0.04}]
["Composição","SINAPI",88253,"Auxiliar de topógrafo","h",{"$f":"10*'MC MODULO'!$C$77/'MC MODULO'!$G$77","v":9.5710000000000001E-4},{"$f":"IFERROR(VLOOKUP(C145,'[4]INSUMOS SINAPI'!A:E,5,FALSE),VLOOKUP(C145,'[4]COMP Sint. Sinapi'!G:K,5,FALSE))*1","v":19.920000000000002},{"$f":"TRUNC(F145*G145,4)","v":1.9E-2}]
["Composição","SINAPI",90775,"Cadista/calculista","h",{"$f":"20*'MC MODULO'!$C$77/'MC MODULO'!$G$77","v":1.9143000000000001E-3},{"$f":"IFERROR(VLOOKUP(C146,'[4]INSUMOS SINAPI'!A:E,5,FALSE),VLOOKUP(C146,'[4]COMP Sint. Sinapi'!G:K,5,FALSE))*1","v":29.46},5.6300000000000003E-2]
["Mao de Obra","SICRO","P9858","Laboratorista","mês",{"$f":"('MC MODULO'!$C$77/'MC MODULO'!$G$77)","v":9.5699999999999995E-5},{"$f":"'MO Sicro'!F49","v":6939.06},0.66400000000000003]
["Mao de Obra","SICRO","P9833","Auxiliar de Laboratório","mês",{"$f":"('MC MODULO'!$C$77/'MC MODULO'!$G$77)","v":9.5699999999999995E-5},{"$f":"'MO Sicro'!F29","v":5376.08},0.51439999999999997]
["Insumo","Taxa 3% Eq. Técnica","-","MATERIAIS DE CONSUMO","%",1,0.03,0.03]
["Insumo","SINAPI",92144,"VEÍCULOS","h",{"$f":"8*'MC MODULO'!$C$77/'MC MODULO'!$G$77","v":7.6570000000000002E-4},{"$f":"IFERROR(VLOOKUP(C150,'[4]INSUMOS SINAPI'!A:E,5,FALSE),VLOOKUP(C150,'[4]COMP Sint. Sinapi'!G:K,5,FALSE))","v":"38,33"},2.93E-2]
["Insumo","SINAPI",4221,"COMBUSTÍVEL","L",{"$f":"5*'MC MODULO'!$C$77/'MC MODULO'!$G$77","v":4.7859999999999998E-4},{"$f":"IFERROR(VLOOKUP(C151,'[4]INSUMOS SINAPI'!A:E,5,FALSE),VLOOKUP(C151,'[4]COMP Sint. Sinapi'!G:K,5,FALSE))","v":"6,18"},2.8999999999999998E-3]
["Composição","SINAPI",7247,"EQUIPAMENTOS, INSTALAÇÕES E MOBILIÁRIO","h",{"$f":"16*'MC MODULO'!$C$77/'MC MODULO'!$G$77","v":1.5314E-3},{"$f":"IFERROR(VLOOKUP(C152,'[4]INSUMOS SINAPI'!A:E,5,FALSE),VLOOKUP(C152,'[4]COMP Sint. Sinapi'!G:K,5,FALSE))","v":"2,25"},3.3999999999999998E-3]
["Eng. Consultiva","SICRO","*B8957","Laboratório de Solos","mês",{"$f":"'MC MODULO'!$C$77/'MC MODULO'!$G$77","v":9.5699999999999995E-5},{"$f":"'Consult SICRO'!G20","v":4235.59},0.40529999999999999]
["Eng. Consultiva","SICRO","*B8955","Laboratório de Asfalto","mês",{"$f":"('MC MODULO'!$C$77/'MC MODULO'!$G$77)","v":9.5699999999999995E-5},{"$f":"'Consult SICRO'!G18","v":5144.99},0.49230000000000002]
[null,"*Relatório de Custos Gerais do DNIT, página 1",null,null,"Sub total:",null,null,{"$f":"SUM(H143:H154)","v":2.5042}]
[{"$nulls":5},"BDI",{"$f":"BDI!$C$17","v":0.2339},{"$f":"TRUNC(H155*G156,4)","v":0.5857}]
[{"$nulls":4},"CPU-20","PREÇO UNITÁRIO TOTAL:",null,{"$f":"H155+H156","v":3.09},{"$f":"H155","v":2.5}]
[]
["CPU-21","CODEVASF",null,"CONTROLE TECNOLÓGICO - OBRA","m²","COEF.","PRECO UNITÁRIO (R$)","TOTAL (R$)"]
[]
["Composição","SINAPI",90781,"Topógrafo","h",{"$f":"10*('MC MODULO'!$C$82/'MC MODULO'!$G$82)","v":1.9E-3},{"$f":"IFERROR(VLOOKUP(C161,'[4]INSUMOS SINAPI'!A:E,5,FALSE),VLOOKUP(C161,'[4]COMP Sint. Sinapi'!G:K,5,FALSE))*1","v":41.89},{"$f":"TRUNC(F161*G161,4)","v":7.9500000000000001E-2}]
["Composição","SINAPI",88253,"Auxiliar de topógrafo","h",{"$f":"10*('MC MODULO'!$C$82/'MC MODULO'!$G$82)","v":1.9E-3},{"$f":"IFERROR(VLOOKUP(C162,'[4]INSUMOS SINAPI'!A:E,5,FALSE),VLOOKUP(C162,'[4]COMP Sint. Sinapi'!G:K,5,FALSE))*1","v":19.920000000000002},{"$f":"TRUNC(F162*G162,4)","v":3.78E-2}]
["Composição","SINAPI",90775,"Cadista/calculista","h",{"$f":"20*('MC MODULO'!$C$82/'MC MODULO'!$G$82)","v":3.8E-3},{"$f":"IFERROR(VLOOKUP(C163,'[4]INSUMOS SINAPI'!A:E,5,FALSE),VLOOKUP(C163,'[4]COMP Sint. Sinapi'!G:K,5,FALSE))*1","v":29.46},{"$f":"TRUNC(F163*G163,4)","v":0.1119}]
["Mao de Obra","SICRO","P9858","Laboratorista","mês",{"$f":"('MC MODULO'!$C$82/'MC MODULO'!$G$82)","v":1.9000000000000001E-4},{"$f":"'MO Sicro'!F49","v":6939.06},1.3184]
["Mao de Obra","SICRO","P9833","Auxiliar de Laboratório","mês",{"$f":"('MC MODULO'!$C$82/'MC MODULO'!$G$82)","v":1.9000000000000001E-4},{"$f":"'MO Sicro'!F29","v":5376.08},1.0214000000000001]
["Insumo","Taxa 3% Eq. Técnica","-","MATERIAIS DE CONSUMO","%",1,0.03,0.03]
["Insumo","SINAPI",92144,"VEÍCULOS","h",{"$f":"8*('MC MODULO'!$C$82/'MC MODULO'!$G$82)","v":1.5200000000000001E-3},{"$f":"IFERROR(VLOOKUP(C167,'[4]INSUMOS SINAPI'!A:E,5,FALSE),VLOOKUP(C167,'[4]COMP Sint. Sinapi'!G:K,5,FALSE))","v":"38,33"},5.8200000000000002E-2]
["Insumo","SINAPI",4221,"COMBUSTÍVEL","L",{"$f":"5*('MC MODULO'!$C$82/'MC MODULO'!$G$82)","v":9.5E-4},{"$f":"IFERROR(VLOOKUP(C168,'[4]INSUMOS SINAPI'!A:E,5,FALSE),VLOOKUP(C168,'[4]COMP Sint. Sinapi'!G:K,5,FALSE))","v":"6,18"},5.7999999999999996E-3]
["Composição","SINAPI",7247,"EQUIPAMENTOS, INSTALAÇÕES E MOBILIÁRIO","h",{"$f":"16*('MC MODULO'!$C$82/'MC MODULO'!$G$82)","v":3.0400000000000002E-3},{"$f":"IFERROR(VLOOKUP(C169,'[4]INSUMOS SINAPI'!A:E,5,FALSE),VLOOKUP(C169,'[4]COMP Sint. Sinapi'!G:K,5,FALSE))","v":"2,25"},{"$f":"TRUNC(F169*G169,4)","v":6.7999999999999996E-3}]
["Eng. Consultiva","SICRO","*B8957","Laboratório de Solos","mês",{"$f":"('MC MODULO'!$C$82/'MC MODULO'!$G$82)","v":1.9000000000000001E-4},{"$f":"'Consult SICRO'!G20","v":4235.59},0.80469999999999997]
["Eng. Consultiva","SICRO","*B8955","Laboratório de Asfalto","mês",{"$f":"('MC MODULO'!$C$82/'MC MODULO'!$G$82)","v":1.9000000000000001E-4},5400.53,1.0261]
[null,"*Relatório de Custos Gerais do DNIT, página 1",null,null,"Sub total:",null,null,{"$f":"SUM(H161:H171)","v":4.5006000000000004}]
[{"$nulls":5},"BDI",{"$f":"BDI!$C$17","v":0.2339},{"$f":"TRUNC(H172*G173,4)","v":1.0526}]
[{"$nulls":4},"CPU-21","PREÇO UNITÁRIO TOTAL:",null,{"$f":"H172+H173","v":5.55},{"$f":"H172","v":4.5}]
[]
["CPU-22","CODEVASF",null,"FORNECIMENTO E MONTAGEM DE TELA DE SINALIZAÇÃO LARANJA (H=1,2M) FIXADA EM MONTANTES DE FERRO DE 1/2 POL. OU EM BARROTES DE MADEIRA 3X3 POL. COLOCADOS SOBRE BASE DE CONCRETO TRAÇO 1:4:8, ESPAÇADOS A CADA 2 M, INCLUSIVE POSTERIOR RETIRADA E REAPROVEITAMENTO.","M","COEF.","PRECO UNITÁRIO (R$)","TOTAL (R$)"]
[]
["INS. SINAPI","SINAPI",1379,{"$f":"IFERROR(VLOOKUP(C178,'INSUMOS SINAPI'!A:E,2,FALSE),VLOOKUP(C178,'COMP Sint. Sinapi'!G:K,2,FALSE))","v":"CIMENTO PORTLAND COMPOSTO CP II-32"},{"$f":"IFERROR(VLOOKUP(C178,'INSUMOS SINAPI'!A:E,3,FALSE),VLOOKUP(C178,'COMP Sint. Sinapi'!G:K,3,FALSE))","v":"KG    "},1.1339999999999999,{"$f":"IFERROR(VLOOKUP(C178,'INSUMOS SINAPI'!A:E,5,FALSE),VLOOKUP(C178,'COMP Sint. Sinapi'!G:K,5,FALSE))","v":"0,70"},{"$f":"TRUNC(F178*G178,2)","v":0.79}]
["INS. SINAPI","SINAPI",367,{"$f":"IFERROR(VLOOKUP(C179,'INSUMOS SINAPI'!A:E,2,FALSE),VLOOKUP(C179,'COMP Sint. Sinapi'!G:K,2,FALSE))","v":"AREIA GROSSA - POSTO JAZIDA/FORNECEDOR (RETIRADO NA JAZIDA, SEM TRANSPORTE)"},{"$f":"IFERROR(VLOOKUP(C179,'INSUMOS SINAPI'!A:E,3,FALSE),VLOOKUP(C179,'COMP Sint. Sinapi'!G:K,3,FALSE))","v":"M3    "},4.0000000000000001E-3,{"$f":"IFERROR(VLOOKUP(C179,'INSUMOS SINAPI'!A:E,5,FALSE),VLOOKUP(C179,'COMP Sint. Sinapi'!G:K,5,FALSE))","v":"131,69"},{"$f":"TRUNC(F179*G179,2)","v":0.52}]
["INS. SINAPI","SINAPI",4718,{"$f":"IFERROR(VLOOKUP(C180,'INSUMOS SINAPI'!A:E,2,FALSE),VLOOKUP(C180,'COMP Sint. Sinapi'!G:K,2,FALSE))","v":"PEDRA BRITADA N. 2 (19 A 38 MM) POSTO PEDREIRA/FORNECEDOR, SEM FRETE"},{"$f":"IFERROR(VLOOKUP(C180,'INSUMOS SINAPI'!A:E,3,FALSE),VLOOKUP(C180,'COMP Sint. Sinapi'!G:K,3,FALSE))","v":"M3    "},5.0000000000000001E-3,{"$f":"IFERROR(VLOOKUP(C180,'INSUMOS SINAPI'!A:E,5,FALSE),VLOOKUP(C180,'COMP Sint. Sinapi'!G:K,5,FALSE))","v":"105,03"},{"$f":"TRUNC(F180*G180,2)","v":0.52}]
["INS. SINAPI","SINAPI",5061,{"$f":"IFERROR(VLOOKUP(C181,'INSUMOS SINAPI'!A:E,2,FALSE),VLOOKUP(C181,'COMP Sint. Sinapi'!G:K,2,FALSE))","v":"PREGO DE ACO POLIDO COM CABECA 18 X 27 (2 1/2 X 10)"},{"$f":"IFERROR(VLOOKUP(C181,'INSUMOS SINAPI'!A:E,3,FALSE),VLOOKUP(C181,'COMP Sint. Sinapi'!G:K,3,FALSE))","v":"KG    "},0.01,{"$f":"IFERROR(VLOOKUP(C181,'INSUMOS SINAPI'!A:E,5,FALSE),VLOOKUP(C181,'COMP Sint. Sinapi'!G:K,5,FALSE))","v":"18,00"},{"$f":"TRUNC(F181*G181,2)","v":0.18}]
["INS. SINAPI","SINAPI",43055,{"$f":"IFERROR(VLOOKUP(C182,'INSUMOS SINAPI'!A:E,2,FALSE),VLOOKUP(C182,'COMP Sint. Sinapi'!G:K,2,FALSE))","v":"ACO CA-50, 12,5 MM OU 16,0 MM, VERGALHAO"},{"$f":"IFERROR(VLOOKUP(C182,'INSUMOS SINAPI'!A:E,3,FALSE),VLOOKUP(C182,'COMP Sint. Sinapi'!G:K,3,FALSE))","v":"KG    "},0.27700000000000002,{"$f":"IFERROR(VLOOKUP(C182,'INSUMOS SINAPI'!A:E,5,FALSE),VLOOKUP(C182,'COMP Sint. Sinapi'!G:K,5,FALSE))","v":"8,52"},2.36]
["INS. SINAPI","SINAPI",4491,{"$f":"IFERROR(VLOOKUP(C183,'INSUMOS SINAPI'!A:E,2,FALSE),VLOOKUP(C183,'COMP Sint. Sinapi'!G:K,2,FALSE))","v":"PONTALETE *7,5 X 7,5* CM EM PINUS, MISTA OU EQUIVALENTE DA REGIAO - BRUTA"},{"$f":"IFERROR(VLOOKUP(C183,'INSUMOS SINAPI'!A:E,3,FALSE),VLOOKUP(C183,'COMP Sint. Sinapi'!G:K,3,FALSE))","v":"M     "},0.28000000000000003,{"$f":"IFERROR(VLOOKUP(C183,'INSUMOS SINAPI'!A:E,5,FALSE),VLOOKUP(C183,'COMP Sint. Sinapi'!G:K,5,FALSE))","v":"10,58"},2.96]
["INS. SINAPI","SINAPI",37524,{"$f":"IFERROR(VLOOKUP(C184,'INSUMOS SINAPI'!A:E,2,FALSE),VLOOKUP(C184,'COMP Sint. Sinapi'!G:K,2,FALSE))","v":"TELA PLASTICA LARANJA, TIPO TAPUME PARA SINALIZACAO, MALHA RETANGULAR, ROLO 1.20 X 50 M (L X C)"},{"$f":"IFERROR(VLOOKUP(C184,'INSUMOS SINAPI'!A:E,3,FALSE),VLOOKUP(C184,'COMP Sint. Sinapi'!G:K,3,FALSE))","v":"M     "},0.24,{"$f":"IFERROR(VLOOKUP(C184,'INSUMOS SINAPI'!A:E,5,FALSE),VLOOKUP(C184,'COMP Sint. Sinapi'!G:K,5,FALSE))","v":"3,18"},0.76]
["COMP. SINAPI","SINAPI",{"$f":"\"88309\"","v":"88309"},{"$f":"IFERROR(VLOOKUP(C185,'INSUMOS SINAPI'!A:E,2,FALSE),VLOOKUP(C185,'COMP Sint. Sinapi'!G:K,2,FALSE))","v":"PEDREIRO COM ENCARGOS COMPLEMENTARES"},{"$f":"IFERROR(VLOOKUP(C185,'INSUMOS SINAPI'!A:E,3,FALSE),VLOOKUP(C185,'COMP Sint. Sinapi'!G:K,3,FALSE))","v":"H"},1.0999999999999999E-2,{"$f":"IFERROR(VLOOKUP(C185,'INSUMOS SINAPI'!A:E,5,FALSE),VLOOKUP(C185,'COMP Sint. Sinapi'!G:K,5,FALSE))","v":"26,51"},0.28999999999999998]
["COMP. SINAPI","SINAPI",{"$f":"\"88316\"","v":"88316"},{"$f":"IFERROR(VLOOKUP(C186,'INSUMOS SINAPI'!A:E,2,FALSE),VLOOKUP(C186,'COMP Sint. Sinapi'!G:K,2,FALSE))","v":"SERVENTE COM ENCARGOS COMPLEMENTARES"},{"$f":"IFERROR(VLOOKUP(C186,'INSUMOS SINAPI'!A:E,3,FALSE),VLOOKUP(C186,'COMP Sint. Sinapi'!G:K,3,FALSE))","v":"H"},0.36499999999999999,{"$f":"IFERROR(VLOOKUP(C186,'INSUMOS SINAPI'!A:E,5,FALSE),VLOOKUP(C186,'COMP Sint. Sinapi'!G:K,5,FALSE))","v":"21,28"},7.76]
[{"$nulls":4},"Sub total:",null,null,{"$f":"SUM(H178:H186)","v":16.14}]
[{"$nulls":5},"BDI",{"$f":"BDI!$C$17","v":0.2339},{"$f":"TRUNC(H187*G188,2)","v":3.77}]
[{"$nulls":6},"Total Serviços:",{"$f":"H187+H188","v":19.91}]
[{"$nulls":4},{"$f":"A176","v":"CPU-22"},"PREÇO UNITÁRIO TOTAL:",null,{"$f":"H189","v":19.91},{"$f":"H187","v":16.14}]
[]
["CPU-23","CODEVASF",null,"FORNECIMENTO E IMPLANTAÇÃO DE CAVALETE DE OBRA DE FERRO SINALIZAÇÃO DE OBRAS EM VIAS PUBLICAS COM LOGOMARCA DA EMLURB, CONFORME AV. 042/2000. CONSIDERADO REUTILIZAÇÃO DE 10 VEZES, INCLUSIVE FORNECIMENTO, COLOCAÇÃO E TRANSPORTE.","unid","COEF.","PRECO UNITÁRIO (R$)","TOTAL (R$)"]
[]
["INSUMO","ORSE",11284,"CAVALETE DE FERRO","unid",0.1,111.37,{"$f":"TRUNC(F194*G194,2)","v":11.13}]
["COMP. SINAPI","SINAPI",{"$f":"\"88316\"","v":"88316"},{"$f":"IFERROR(VLOOKUP(C195,'INSUMOS SINAPI'!A:E,2,FALSE),VLOOKUP(C195,'COMP Sint. Sinapi'!G:K,2,FALSE))","v":"SERVENTE COM ENCARGOS COMPLEMENTARES"},{"$f":"IFERROR(VLOOKUP(C195,'INSUMOS SINAPI'!A:E,3,FALSE),VLOOKUP(C195,'COMP Sint. Sinapi'!G:K,3,FALSE))","v":"H"},0.13,{"$f":"IFERROR(VLOOKUP(C195,'INSUMOS SINAPI'!A:E,5,FALSE),VLOOKUP(C195,'COMP Sint. Sinapi'!G:K,5,FALSE))","v":"21,28"},2.76]
[{"$nulls":4},"Sub total:",null,null,{"$f":"SUM(H194:H195)","v":13.89}]
[{"$nulls":5},"BDI",{"$f":"BDI!$C$17","v":0.2339},{"$f":"TRUNC(H196*G197,2)","v":3.24}]
[{"$nulls":6},"Total Serviços:",{"$f":"H196+H197","v":17.13}]
[{"$nulls":4},{"$f":"A192","v":"CPU-23"},"PREÇO UNITÁRIO TOTAL:",null,{"$f":"H198","v":17.13},{"$f":"H196","v":13.89}]
[]
["CPU-24","CODEVASF",null,"CONE DE SINALIZACAO ABNT 15071 EM PVC RIGIDO COM FAIXA REFLETIVA, H = 70 / 76 CM , CONSIDERADO REUTILIZAÇÃO DE 10 VEZES CONFORME ORIENTAÇÃO DO CADERNO TÉCNICO DE SINALIZAÇÃO DO SICRO VOL. 10, CONT. 03, PAG. 48 E 49, INCLUSIVE FORNECIMENTO, TRANSPORTE E COLOCAÇÃO.","unid","COEF.","PRECO UNITÁRIO (R$)","TOTAL (R$)"]
[]
["INS. SINAPI","SINAPI",13244,{"$f":"IFERROR(VLOOKUP(C203,'INSUMOS SINAPI'!A:E,2,FALSE),VLOOKUP(C203,'COMP Sint. Sinapi'!G:K,2,FALSE))","v":"CONE DE SINALIZACAO EM PVC RIGIDO COM FAIXA REFLETIVA, H = 70 / 76 CM"},{"$f":"IFERROR(VLOOKUP(C203,'INSUMOS SINAPI'!A:E,3,FALSE),VLOOKUP(C203,'COMP Sint. Sinapi'!G:K,3,FALSE))","v":"UN    "},0.1,{"$f":"IFERROR(VLOOKUP(C203,'INSUMOS SINAPI'!A:E,5,FALSE),VLOOKUP(C203,'COMP Sint. Sinapi'!G:K,5,FALSE))","v":"55,50"},{"$f":"TRUNC(F203*G203,2)","v":5.55}]
["COMP. SINAPI","SINAPI",{"$f":"\"88316\"","v":"88316"},{"$f":"IFERROR(VLOOKUP(C204,'INSUMOS SINAPI'!A:E,2,FALSE),VLOOKUP(C204,'COMP Sint. Sinapi'!G:K,2,FALSE))","v":"SERVENTE COM ENCARGOS COMPLEMENTARES"},{"$f":"IFERROR(VLOOKUP(C204,'INSUMOS SINAPI'!A:E,3,FALSE),VLOOKUP(C204,'COMP Sint. Sinapi'!G:K,3,FALSE))","v":"H"},0.13,{"$f":"IFERROR(VLOOKUP(C204,'INSUMOS SINAPI'!A:E,5,FALSE),VLOOKUP(C204,'COMP Sint. Sinapi'!G:K,5,FALSE))","v":"21,28"},{"$f":"TRUNC(F204*G204,2)","v":2.76}]
[{"$nulls":4},"Sub total:",null,null,{"$f":"SUM(H203:H204)","v":8.31}]
[{"$nulls":5},"BDI",{"$f":"BDI!$C$17","v":0.2339},{"$f":"TRUNC(H205*G206,2)","v":1.94}]
[{"$nulls":6},"Total Serviços:",{"$f":"H205+H206","v":10.25}]
[{"$nulls":4},{"$f":"A201","v":"CPU-24"},"PREÇO UNITÁRIO TOTAL:",null,{"$f":"H207","v":10.25},{"$f":"H205","v":8.31}]
[]
["CPU-25","CODEVASF",null,"CAIXA COM GRELHA DE FIBRA DE VIDRO (PRFV) SIMPLES RETANGULAR, ALVENARIA COM BLOCO DE CONCRETO 22X11X8CM, DE UMA VEZ, DIMENSÕES INTERNAS DE 0,72X0,30X1,00M.","unid","COEF.","PRECO UNITÁRIO (R$)","TOTAL (R$)"]
[]
["COMP.SINAPI","SINAPI",{"$f":"\"101616\"","v":"101616"},{"$f":"IFERROR(VLOOKUP(C212,'INSUMOS SINAPI'!A:E,2,FALSE),VLOOKUP(C212,'COMP Sint. Sinapi'!G:K,2,FALSE))","v":"PREPARO DE FUNDO DE VALA COM LARGURA MENOR QUE 1,5 M (ACERTO DO SOLO NATURAL). AF_08/2020"},"M2",1.1879999999999999,{"$f":"IFERROR(VLOOKUP(C212,'INSUMOS SINAPI'!A:E,5,FALSE),VLOOKUP(C212,'COMP Sint. Sinapi'!G:K,5,FALSE))","v":"6,21"},{"$f":"TRUNC(F212*G212,2)","v":7.37}]
["COMP.SINAPI","SINAPI",{"$f":"\"96536\"","v":"96536"},{"$f":"IFERROR(VLOOKUP(C213,'INSUMOS SINAPI'!A:E,2,FALSE),VLOOKUP(C213,'COMP Sint. Sinapi'!G:K,2,FALSE))","v":"FABRICAÇÃO, MONTAGEM E DESMONTAGEM DE FÔRMA PARA VIGA BALDRAME, EM MADEIRA SERRADA, E=25 MM, 4 UTILIZAÇÕES. AF_06/2017"},"M2",1.226,{"$f":"IFERROR(VLOOKUP(C213,'INSUMOS SINAPI'!A:E,5,FALSE),VLOOKUP(C213,'COMP Sint. Sinapi'!G:K,5,FALSE))","v":"82,96"},{"$f":"TRUNC(F213*G213,2)","v":101.7}]
["COMP.SINAPI","SINAPI",{"$f":"\"96620\"","v":"96620"},{"$f":"IFERROR(VLOOKUP(C214,'INSUMOS SINAPI'!A:E,2,FALSE),VLOOKUP(C214,'COMP Sint. Sinapi'!G:K,2,FALSE))","v":"LASTRO DE CONCRETO MAGRO, APLICADO EM PISOS, LAJES SOBRE SOLO OU RADIERS. AF_08/2017"},"M3",5.9400000000000001E-2,{"$f":"IFERROR(VLOOKUP(C214,'INSUMOS SINAPI'!A:E,5,FALSE),VLOOKUP(C214,'COMP Sint. Sinapi'!G:K,5,FALSE))","v":"634,15"},37.659999999999997]
["COMP.AUX","AUX","AUX.009",{"$f":"IF(A215=\"comp.Aux\",VLOOKUP(C215,'CPUs Auxs'!A:F,2,0),IF('CPU CODEVASF'!A215=\"comp.Sinapi\",VLOOKUP('CPU CODEVASF'!C215,'COMP Sint. Sinapi'!G:K,2,0),))","v":"CONCRETAGEM DE RADIER, PISO DE CONCRETO OU LAJE SOBRE SOLO, FCK 25 MPA - LANÇAMENTO, ADENSAMENTO E ACABAMENTO."},{"$f":"IF(A215=\"comp.Aux\",VLOOKUP(C215,'CPUs Auxs'!A:F,3,0),IF('CPU CODEVASF'!A215=\"comp.Sinapi\",VLOOKUP('CPU CODEVASF'!C215,'COMP Sint. Sinapi'!G:K,3,0),))","v":" M3"},0.16572000000000001,{"$f":"IF(A215=\"comp.Aux\",VLOOKUP(C215,'CPUs Auxs'!A:F,6,0),IF('CPU CODEVASF'!A215=\"comp.Sinapi\",VLOOKUP('CPU CODEVASF'!C215,'COMP Sint. Sinapi'!G:K,5,0),))","v":543.79},90.11]
["COMP.AUX","AUX","AUX.010",{"$f":"IF(A216=\"comp.Aux\",VLOOKUP(C216,'CPUs Auxs'!A:F,2,0),IF('CPU CODEVASF'!A216=\"comp.Sinapi\",VLOOKUP('CPU CODEVASF'!C216,'COMP Sint. Sinapi'!G:K,2,0),))","v":"ALVENARIA DE VEDAÇÃO DE BLOCOS DE CONCRETO MACIÇOS DE 22X11X8CM (ESPESSURA 8CM), DE UMA VEZ, E ARGAMASSA DE ASSENTAMENTO COM PREPARO EM BETONEIRA."},"M2",2.1918099999999998,{"$f":"IF(A216=\"comp.Aux\",VLOOKUP(C216,'CPUs Auxs'!A:F,6,0),IF('CPU CODEVASF'!A216=\"comp.Sinapi\",VLOOKUP('CPU CODEVASF'!C216,'COMP Sint. Sinapi'!G:K,5,0),))","v":224.64},492.36]
["COTAÇÃO",null,"COT.023",{"$f":"IF(A217=\"comp.Aux\",VLOOKUP(C217,'CPUs Auxs'!A:F,2,0),IF('CPU CODEVASF'!A217=\"comp.Sinapi\",VLOOKUP('CPU CODEVASF'!C217,'COMP Sint. Sinapi'!G:K,2,0),IF(A217=\"COTAÇÃO\",VLOOKUP(C217,COTAÇÕES!A:E,2,0),)))","v":"GRADE DE FIBRA DE VIDRO COM CAIXILHO, 0,90X0,30X0,07M CAP. CARGA DE 25T."},"UN",1,{"$f":"IF(A217=\"comp.Aux\",VLOOKUP(C217,'CPUs Auxs'!A:F,6,0),IF('CPU CODEVASF'!A217=\"comp.Sinapi\",VLOOKUP('CPU CODEVASF'!C217,'COMP Sint. Sinapi'!G:K,5,0),IF(A217=\"COTAÇÃO\",VLOOKUP(C217,COTAÇÕES!A:E,5,0),)))","v":1020},1020]
["COMP.SINAPI","SINAPI",{"$f":"\"87879\"","v":"87879"},{"$f":"IFERROR(VLOOKUP(C218,'INSUMOS SINAPI'!A:E,2,FALSE),VLOOKUP(C218,'COMP Sint. Sinapi'!G:K,2,FALSE))","v":"CHAPISCO APLICADO EM ALVENARIAS E ESTRUTURAS DE CONCRETO INTERNAS, COM COLHER DE PEDREIRO.  ARGAMASSA TRAÇO 1:3 COM PREPARO EM BETONEIRA 400L. AF_10/2022"},"M2",1.5318099999999999,{"$f":"IFERROR(VLOOKUP(C218,'INSUMOS SINAPI'!A:E,5,FALSE),VLOOKUP(C218,'COMP Sint. Sinapi'!G:K,5,FALSE))","v":"4,36"},6.67]
["COMP.SINAPI","SINAPI",{"$f":"\"87777\"","v":"87777"},{"$f":"IFERROR(VLOOKUP(C219,'INSUMOS SINAPI'!A:E,2,FALSE),VLOOKUP(C219,'COMP Sint. Sinapi'!G:K,2,FALSE))","v":"EMBOÇO OU MASSA ÚNICA EM ARGAMASSA TRAÇO 1:2:8, PREPARO MANUAL, APLICADA MANUALMENTE EM PANOS DE FACHADA COM PRESENÇA DE VÃOS, ESPESSURA DE 25 MM. AF_08/2022"},"M2",1.5318099999999999,{"$f":"IFERROR(VLOOKUP(C219,'INSUMOS SINAPI'!A:E,5,FALSE),VLOOKUP(C219,'COMP Sint. Sinapi'!G:K,5,FALSE))","v":"58,98"},90.34]
["COMP.AUX","AUX","AUX.013",{"$f":"IF(A220=\"comp.Aux\",VLOOKUP(C220,'CPUs Auxs'!A:F,2,0),IF('CPU CODEVASF'!A220=\"comp.Sinapi\",VLOOKUP('CPU CODEVASF'!C220,'COMP Sint. Sinapi'!G:K,2,0),))","v":"ARMAÇÃO DE CINTA DE ALVENARIA ESTRUTURAL; DIÂMETRO DE 5,0 MM"},"KG",2,{"$f":"IF(A220=\"comp.Aux\",VLOOKUP(C220,'CPUs Auxs'!A:F,6,0),IF('CPU CODEVASF'!A220=\"comp.Sinapi\",VLOOKUP('CPU CODEVASF'!C220,'COMP Sint. Sinapi'!G:K,5,0),))","v":10.29},20.58]
["COMP.AUX","AUX","AUX.014",{"$f":"IF(A221=\"comp.Aux\",VLOOKUP(C221,'CPUs Auxs'!A:F,2,0),IF('CPU CODEVASF'!A221=\"comp.Sinapi\",VLOOKUP('CPU CODEVASF'!C221,'COMP Sint. Sinapi'!G:K,2,0),))","v":"ARMAÇÃO DE CINTA DE ALVENARIA ESTRUTURAL; DIÂMETRO DE 6,3 MM"},"KG",3,{"$f":"IF(A221=\"comp.Aux\",VLOOKUP(C221,'CPUs Auxs'!A:F,6,0),IF('CPU CODEVASF'!A221=\"comp.Sinapi\",VLOOKUP('CPU CODEVASF'!C221,'COMP Sint. Sinapi'!G:K,5,0),))","v":11.61},34.83]
[{"$nulls":4},"Sub total:",null,null,{"$f":"SUM(H212:H221)","v":1901.62}]
[{"$nulls":5},"BDI",{"$f":"BDI!$C$17","v":0.2339},{"$f":"TRUNC(H222*G223,2)","v":444.78}]
[{"$nulls":6},"Total Serviços:",{"$f":"H222+H223","v":2346.4}]
[{"$nulls":4},{"$f":"A210","v":"CPU-25"},"PREÇO UNITÁRIO TOTAL:",null,{"$f":"H224","v":2346.4},{"$f":"H222","v":1901.62}]
[]
[]
["CPU-26","CODEVASF","92399 SINAPI ADAPTADA","EXECUÇÃO DE VIA EM PISO INTERTRAVADO, COM BLOCO RETANGULAR COR NATURAL DE 20 X 10 CM, ESPESSURA 8 CM. AF_12/2015 - EXCLUSIVE FORNECIMENTO DE BLOQUETE","M2","COEF.","PRECO UNITÁRIO (R$)","TOTAL (R$)"]
[]
["INS. SINAPI","SINAPI",370,"AREIA MEDIA - POSTO JAZIDA/FORNECEDOR (RETIRADO NA JAZIDA, SEM TRANSPORTE)","M3",5.6800000000000003E-2,{"$f":"IFERROR(VLOOKUP(C230,'INSUMOS SINAPI'!A:E,5,FALSE),VLOOKUP(C230,'COMP Sint. Sinapi'!G:K,5,FALSE))","v":"130,00"},{"$f":"TRUNC(TRUNC(F230,5)*TRUNC(G230,2),2)","v":7.38}]
["INS. SINAPI","SINAPI",4741,"PO DE PEDRA (POSTO PEDREIRA/FORNECEDOR, SEM FRETE)","M3",8.6999999999999994E-3,{"$f":"IFERROR(VLOOKUP(C231,'INSUMOS SINAPI'!A:E,5,FALSE),VLOOKUP(C231,'COMP Sint. Sinapi'!G:K,5,FALSE))","v":"98,69"},{"$f":"TRUNC(TRUNC(F231,5)*TRUNC(G231,2),2)","v":0.85}]
["INS. SINAPI","SINAPI",36170,"BLOQUETE/PISO INTERTRAVADO DE CONCRETO - MODELO ONDA/16 FACES/RETANGULAR/T IJOLINHO/PAVER/HOLANDES/PARALELEPIPEDO, *22 CM X 11* CM, E = 8 CM, RESISTENCIA DE 35 MPA (NBR 9781), COR NATURAL","M2",1.0130999999999999,null,{"$f":"ROUND(ROUND(F232,5)*ROUND(G232,2),2)","v":0}]
["COMP.SINAPI","SINAPI",{"$f":"\"88260\"","v":"88260"},"CALCETEIRO COM ENCARGOS COMPLEMENTARES","H",0.27029999999999998,{"$f":"IFERROR(VLOOKUP(C233,'INSUMOS SINAPI'!A:E,5,FALSE),VLOOKUP(C233,'COMP Sint. Sinapi'!G:K,5,FALSE))","v":"26,31"},{"$f":"TRUNC(TRUNC(F233,5)*TRUNC(G233,2),2)","v":7.11}]
["COMP.SINAPI","SINAPI",{"$f":"\"88316\"","v":"88316"},"SERVENTE COM ENCARGOS COMPLEMENTARES","H",0.27029999999999998,{"$f":"IFERROR(VLOOKUP(C234,'INSUMOS SINAPI'!A:E,5,FALSE),VLOOKUP(C234,'COMP Sint. Sinapi'!G:K,5,FALSE))","v":"21,28"},5.75]
["COMP.SINAPI","SINAPI",{"$f":"\"91277\"","v":"91277"},"PLACA VIBRATÓRIA REVERSÍVEL COM MOTOR 4 TEMPOS A GASOLINA, FORÇA CENTRÍFUG A DE 25 KN (2500 KGF), POTÊNCIA 5,5 CV - CHP DIURNO. AF_08/2015","CHP",5.4999999999999997E-3,{"$f":"IFERROR(VLOOKUP(C235,'INSUMOS SINAPI'!A:E,5,FALSE),VLOOKUP(C235,'COMP Sint. Sinapi'!G:K,5,FALSE))","v":"9,94"},0.05]
["COMP.SINAPI","SINAPI",{"$f":"\"91278\"","v":"91278"},"PLACA VIBRATÓRIA REVERSÍVEL COM MOTOR 4 TEMPOS A GASOLINA, FORÇA CENTRÍFUG A DE 25 KN (2500 KGF), POTÊNCIA 5,5 CV - CHI DIURNO. AF_08/2015","CHI",0.12970000000000001,{"$f":"IFERROR(VLOOKUP(C236,'INSUMOS SINAPI'!A:E,5,FALSE),VLOOKUP(C236,'COMP Sint. Sinapi'!G:K,5,FALSE))","v":"0,69"},0.08]
["COMP.SINAPI","SINAPI",{"$f":"\"91283\"","v":"91283"},"CORTADORA DE PISO COM MOTOR 4 TEMPOS A GASOLINA, POTÊNCIA DE 13 HP, COM DISCO DE CORTE DIAMANTADO SEGMENTADO PARA CONCRETO, DIÂMETRO DE 350 MM, FURO DE 1\" (14 X 1\") - CHP DIURNO. AF_08/2015","CHP",1.35E-2,{"$f":"IFERROR(VLOOKUP(C237,'INSUMOS SINAPI'!A:E,5,FALSE),VLOOKUP(C237,'COMP Sint. Sinapi'!G:K,5,FALSE))","v":"10,49"},0.14000000000000001]
["COMP.SINAPI","SINAPI",{"$f":"\"91285\"","v":"91285"},"CORTADORA DE PISO COM MOTOR 4 TEMPOS A GASOLINA, POTÊNCIA DE 13 HP, COM DISCO DE CORTE DIAMANTADO SEGMENTADO PARA CONCRETO, DIÂMETRO DE 350 MM, FURO DE 1\" (14 X 1\") - CHI DIURNO. AF_08/2015","CHI",0.1217,{"$f":"IFERROR(VLOOKUP(C238,'INSUMOS SINAPI'!A:E,5,FALSE),VLOOKUP(C238,'COMP Sint. Sinapi'!G:K,5,FALSE))","v":"0,92"},0.11]
[{"$nulls":4},"Sub total:",null,null,{"$f":"SUM(H230:H238)","v":21.47}]
[{"$nulls":5},"BDI",{"$f":"BDI!$C$17","v":0.2339},{"$f":"TRUNC(H239*G240,2)","v":5.0199999999999996}]
[]
[{"$nulls":4},{"$f":"A228","v":"CPU-26"},"PREÇO UNITÁRIO TOTAL:",null,{"$f":"H239+H240","v":26.49},{"$f":"H239","v":21.47}]
[]
["CPU-27","CODEVASF","101169 SINAPI ADAPTADA","EXECUÇÃO DE PAVIMENTO EM PARALELEPÍPEDOS, REJUNTAMENTO COM ARGAMASSA TRAÇO 1:3 (CIMENTO E AREIA). AF_05/2020","M2","COEF.","PRECO UNITÁRIO (R$)","TOTAL (R$)"]
[]
["INS. SINAPI","SINAPI",367,"AREIA GROSSA - POSTO JAZIDA/FORNECEDOR (RETIRADO NA JAZIDA, SEM TRANSPORTE)","M3",0.114,{"$f":"IFERROR(VLOOKUP(C246,'INSUMOS SINAPI'!A:E,5,FALSE),VLOOKUP(C246,'COMP Sint. Sinapi'!G:K,5,FALSE))","v":"131,69"},{"$f":"TRUNC(TRUNC(F246,5)*TRUNC(G246,2),2)","v":15.01}]
["INS. SINAPI","SINAPI",4385,"PARALELEPIPEDO GRANITICO OU BASALTICO, PARA PAVIMENTACAO, SEM FRETE (VARIACAO REGIONAL DE PECAS POR M2)","MIL",3.3000000000000002E-2,null,{"$f":"TRUNC(TRUNC(F247,5)*TRUNC(G247,2),2)","v":0}]
["COMP.SINAPI","SINAPI",{"$f":"\"88260\"","v":"88260"},"CALCETEIRO COM ENCARGOS COMPLEMENTARES","H",0.40210000000000001,{"$f":"IFERROR(VLOOKUP(C248,'INSUMOS SINAPI'!A:E,5,FALSE),VLOOKUP(C248,'COMP Sint. Sinapi'!G:K,5,FALSE))","v":"26,31"},{"$f":"TRUNC(TRUNC(F248,5)*TRUNC(G248,2),2)","v":10.57}]
["COMP.SINAPI","SINAPI",{"$f":"\"88316\"","v":"88316"},"SERVENTE COM ENCARGOS COMPLEMENTARES","H",0.40210000000000001,{"$f":"IFERROR(VLOOKUP(C249,'INSUMOS SINAPI'!A:E,5,FALSE),VLOOKUP(C249,'COMP Sint. Sinapi'!G:K,5,FALSE))","v":"21,28"},8.5500000000000007]
["COMP.SINAPI","SINAPI",{"$f":"\"5684\"","v":"5684"},"ROLO COMPACTADOR VIBRATÓRIO DE UM CILINDRO AÇO LISO, POTÊNCIA 80 HP, PESO OPERACIONAL MÁXIMO 8,1 T, IMPACTO DINÂMICO 16,15 / 9,5 T, LARGURA DE TRABALHO 1,68 M - CHP DIURNO. AF_06/2014","CHP",3.0999999999999999E-3,{"$f":"IFERROR(VLOOKUP(C250,'INSUMOS SINAPI'!A:E,5,FALSE),VLOOKUP(C250,'COMP Sint. Sinapi'!G:K,5,FALSE))","v":"176,54"},0.54]
["COMP.SINAPI","SINAPI",{"$f":"\"5685\"","v":"5685"},"ROLO COMPACTADOR VIBRATÓRIO DE UM CILINDRO AÇO LISO, POTÊNCIA 80 HP, PESO OPERACIONAL MÁXIMO 8,1 T, IMPACTO DINÂMICO 16,15 / 9,5 T, LARGURA DE TRABALHO 1,68 M - CHI DIURNO. AF_06/2014","CHI",0.13089999999999999,{"$f":"IFERROR(VLOOKUP(C251,'INSUMOS SINAPI'!A:E,5,FALSE),VLOOKUP(C251,'COMP Sint. Sinapi'!G:K,5,FALSE))","v":"77,12"},10.09]
[{"$nulls":4},"Sub total:",null,null,{"$f":"SUM(H246:H251)","v":44.76}]
[{"$nulls":5},"BDI",{"$f":"BDI!$C$17","v":0.2339},{"$f":"TRUNC(H252*G253,2)","v":10.46}]
[]
[{"$nulls":4},{"$f":"A244","v":"CPU-27"},"PREÇO UNITÁRIO TOTAL:",null,{"$f":"H252+H253","v":55.22}]
[]
["CPU-28","CODEVASF",100952,"TRANSPORTE COM CAMINHÃO CARROCERIA COM GUINDAUTO (MUNCK),  MOMENTO MÁXIMO DE CARGA 11,7 TM, EM VIA URBANA PAVIMENTADA, DMT ATÉ 30KM (UNIDADE: TXKM). AF_07/2020","TXKM","COEF.","PRECO UNITÁRIO (R$)","TOTAL (R$)"]
[]
["COMP.SINAPI","SINAPI",{"$f":"\"5928\"","v":"5928"},"GUINDAUTO HIDRÁULICO, CAPACIDADE MÁXIMA DE CARGA 6200 KG, MOMENTO MÁXIMO DE CARGA 11,7 TM, ALCANCE MÁXIMO HORIZONTAL 9,70 M, INCLUSIVE CAMINHÃO TOCO PBT 16.000 KG, POTÊNCIA DE 189 CV - CHP DIURNO. AF_06/2014","CHP","0,0093",{"$f":"IFERROR(VLOOKUP(C259,'INSUMOS SINAPI'!A:E,5,FALSE),VLOOKUP(C259,'COMP Sint. Sinapi'!G:K,5,FALSE))","v":"284,87"},{"$f":"TRUNC(TRUNC(F259,5)*TRUNC(G259,2),2)","v":2.64}]
["COMP.SINAPI","SINAPI",{"$f":"\"5930\"","v":"5930"},"GUINDAUTO HIDRÁULICO, CAPACIDADE MÁXIMA DE CARGA 6200 KG, MOMENTO MÁXIMO DE CARGA 11,7 TM, ALCANCE MÁXIMO HORIZONTAL 9,70 M, INCLUSIVE CAMINHÃO TOCO PBT 16.000 KG, POTÊNCIA DE 189 CV - CHI DIURNO. AF_06/2014","CHI","0,004",{"$f":"IFERROR(VLOOKUP(C260,'INSUMOS SINAPI'!A:E,5,FALSE),VLOOKUP(C260,'COMP Sint. Sinapi'!G:K,5,FALSE))","v":"70,51"},0.28000000000000003]
[{"$nulls":4},"Sub total:",null,null,{"$f":"SUM(H259:H260)","v":2.92}]
[{"$nulls":5},"BDI",{"$f":"BDI!$C$17","v":0.2339},{"$f":"TRUNC(H261*G262,2)","v":0.68}]
[]
[{"$nulls":4},{"$f":"A257","v":"CPU-28"},"PREÇO UNITÁRIO TOTAL:",null,{"$f":"H261+H262","v":3.6}]
[]
["CPU-29","CODEVASF",100952,"VEICULO PARA APOIO A FISCALIZAÇÃO","MÊS","COEF.","PRECO UNITÁRIO (R$)","TOTAL (R$)"]
[]
["COMP.SINAPI","SINAPI",{"$f":"\"92134\"","v":"92134"},"CAMINHONETE COM MOTOR A DIESEL, POTÊNCIA 180 CV, CABINE DUPLA, 4X4 - JUROS. AF_11/2015","H",140,{"$f":"IFERROR(VLOOKUP(C268,'INSUMOS SINAPI'!A:E,5,FALSE),VLOOKUP(C268,'COMP Sint. Sinapi'!G:K,5,FALSE))","v":"4,08"},{"$f":"TRUNC(TRUNC(F268,5)*TRUNC(G268,2),2)","v":571.20000000000005}]
["COMP.SINAPI","SINAPI",{"$f":"\"92135\"","v":"92135"},"CAMINHONETE COM MOTOR A DIESEL, POTÊNCIA 180 CV, CABINE DUPLA, 4X4 - IMPOSTOS E SEGUROS. AF_11/2015","H",140,{"$f":"IFERROR(VLOOKUP(C269,'INSUMOS SINAPI'!A:E,5,FALSE),VLOOKUP(C269,'COMP Sint. Sinapi'!G:K,5,FALSE))","v":"1,65"},{"$f":"TRUNC(TRUNC(F269,5)*TRUNC(G269,2),2)","v":231}]
["COMP.SINAPI","SINAPI",{"$f":"\"92136\"","v":"92136"},"CAMINHONETE COM MOTOR A DIESEL, POTÊNCIA 180 CV, CABINE DUPLA, 4X4 - MANUTENÇÃO. AF_11/2015","H",140,{"$f":"IFERROR(VLOOKUP(C270,'INSUMOS SINAPI'!A:E,5,FALSE),VLOOKUP(C270,'COMP Sint. Sinapi'!G:K,5,FALSE))","v":"16,54"},2315.6]
["COMP.SINAPI","SINAPI",{"$f":"\"92137\"","v":"92137"},"CAMINHONETE COM MOTOR A DIESEL, POTÊNCIA 180 CV, CABINE DUPLA, 4X4 - MATERIAIS NA OPERAÇÃO. AF_11/2015","H",140,{"$f":"IFERROR(VLOOKUP(C271,'INSUMOS SINAPI'!A:E,5,FALSE),VLOOKUP(C271,'COMP Sint. Sinapi'!G:K,5,FALSE))","v":"37,04"},5185.6000000000004]
[{"$nulls":4},"Sub total:",null,null,{"$f":"SUM(H268:H271)","v":8303.4}]
[{"$nulls":5},"BDI",{"$f":"BDI!$C$17","v":0.2339},{"$f":"TRUNC(H272*G273,2)","v":1942.16}]
[]
[{"$nulls":4},{"$f":"A266","v":"CPU-29"},"PREÇO UNITÁRIO TOTAL:",null,{"$f":"H272+H273","v":10245.56}]

{"sheet":"Codevasf.Aux","index":4,"n_rows":205,"n_cols":11,"rows_kept":205,"cut":false,"hidden":false,"merged":[[0,1,3,8],[5,1,5,4],[5,5,5,6],[5,7,5,8],[7,1,7,4],[28,1,28,4],[36,1,36,4],[45,1,45,4],[14,1,14,4],[89,1,89,4],[101,1,101,4],[55,1,55,4],[63,1,63,4],[71,1,71,4],[109,1,109,4],[123,1,123,4],[142,1,142,4],[162,1,162,4],[184,1,184,4],[199,1,199,4],[192,1,192,4]]}
[null,"COMPOSIÇÕES \"Codevasf.Aux\""]
[]
[]
[]
[]
[null,"COMPOSIÇÕES",null,null,null,"DESONERADAS",null,"ONERADAS",null,"C/bdi"]
[null,"CPU 002","FORNECIMENTO E INSTALAÇÃO DE PLACA DE SINALIZAÇÃO EM CHAPA DE AÇO EM SUPORTE DE MADEIRA.","M2",null,null,{"$f":"TRUNC(SUM(G10:G13),2)","v":600.72},null,{"$f":"TRUNC(SUM(I10:I13),2)","v":603.28},{"$f":"TRUNC(I7*(1+BDI!$C$17),2)","v":744.38}]
[null,"BASEADA NA COMPOSIÇÃO 103701 SINAPI AGOSTO/2022 - CADERNO TÉCNICO"]
[null,"CÓDIGO","DESCRIÇÃO","UN","COEF.","PREÇO","TOTAL","PREÇO","TOTAL"]
[null,5069,{"$f":"IFERROR(VLOOKUP(B10,Sinapi,2,0),IFERROR(VLOOKUP(B10,Auxiliar,2,0),IFERROR(VLOOKUP(B10,Auxiliar,2,0),IFERROR(VLOOKUP(B10,MAPA,2,0), ))))","v":"PREGO DE ACO POLIDO COM CABECA 17 X 27 (2 1/2 X 11)"},{"$f":"IFERROR(VLOOKUP(B10,Sinapi,3,0),IFERROR(VLOOKUP(B10,Auxiliar,3,0),IFERROR(VLOOKUP(B10,Auxiliar,3,0),IFERROR(VLOOKUP(B10,MAPA,3,0), ))))","v":"KG    "},3.0300000000000001E-2,{"$f":"IFERROR(VLOOKUP(B10,Sinapi,4,0),IFERROR(VLOOKUP(B10,Auxiliar,6,0),IFERROR(VLOOKUP(B10,MAPA,5,0),)))","v":19.18},{"$f":"TRUNC(E10*F10,2)","v":0.57999999999999996},{"$f":"IFERROR(VLOOKUP(B10,Sinapi,5,0),IFERROR(VLOOKUP(B10,Auxiliar,8,0),IFERROR(VLOOKUP(B10,MAPA,5,0),)))","v":19.18},{"$f":"TRUNC(E10*H10,2)","v":0.57999999999999996}]
[null,34723,{"$f":"IFERROR(VLOOKUP(B11,Sinapi,2,0),IFERROR(VLOOKUP(B11,Auxiliar,2,0),IFERROR(VLOOKUP(B11,Auxiliar,2,0),IFERROR(VLOOKUP(B11,MAPA,2,0), ))))","v":"PLACA DE SINALIZACAO EM CHAPA DE ACO NUM 16 COM PINTURA REFLETIVA"},{"$f":"IFERROR(VLOOKUP(B11,Sinapi,3,0),IFERROR(VLOOKUP(B11,Auxiliar,3,0),IFERROR(VLOOKUP(B11,Auxiliar,3,0),IFERROR(VLOOKUP(B11,MAPA,3,0), ))))","v":"M2    "},1,{"$f":"IFERROR(VLOOKUP(B11,Sinapi,4,0),IFERROR(VLOOKUP(B11,Auxiliar,6,0),IFERROR(VLOOKUP(B11,MAPA,5,0),)))","v":577.5},577.5,{"$f":"IFERROR(VLOOKUP(B11,Sinapi,5,0),IFERROR(VLOOKUP(B11,Auxiliar,8,0),IFERROR(VLOOKUP(B11,MAPA,5,0),)))","v":577.5},577.5]
[null,88309,{"$f":"IFERROR(VLOOKUP(B12,Sinapi,2,0),IFERROR(VLOOKUP(B12,Auxiliar,2,0),IFERROR(VLOOKUP(B12,Auxiliar,2,0),IFERROR(VLOOKUP(B12,MAPA,2,0), ))))","v":"PEDREIRO COM ENCARGOS COMPLEMENTARES"},{"$f":"IFERROR(VLOOKUP(B12,Sinapi,3,0),IFERROR(VLOOKUP(B12,Auxiliar,3,0),IFERROR(VLOOKUP(B12,Auxiliar,3,0),IFERROR(VLOOKUP(B12,MAPA,3,0), ))))","v":"H"},0.27910000000000001,{"$f":"IFERROR(VLOOKUP(B12,Sinapi,4,0),IFERROR(VLOOKUP(B12,Auxiliar,6,0),IFERROR(VLOOKUP(B12,MAPA,5,0),)))","v":23.69},6.61,{"$f":"IFERROR(VLOOKUP(B12,Sinapi,5,0),IFERROR(VLOOKUP(B12,Auxiliar,8,0),IFERROR(VLOOKUP(B12,MAPA,5,0),)))","v":26.51},7.39]
[null,88316,{"$f":"IFERROR(VLOOKUP(B13,Sinapi,2,0),IFERROR(VLOOKUP(B13,Auxiliar,2,0),IFERROR(VLOOKUP(B13,Auxiliar,2,0),IFERROR(VLOOKUP(B13,MAPA,2,0), ))))","v":"SERVENTE COM ENCARGOS COMPLEMENTARES"},{"$f":"IFERROR(VLOOKUP(B13,Sinapi,3,0),IFERROR(VLOOKUP(B13,Auxiliar,3,0),IFERROR(VLOOKUP(B13,Auxiliar,3,0),IFERROR(VLOOKUP(B13,MAPA,3,0), ))))","v":"H"},0.83730000000000004,{"$f":"IFERROR(VLOOKUP(B13,Sinapi,4,0),IFERROR(VLOOKUP(B13,Auxiliar,6,0),IFERROR(VLOOKUP(B13,MAPA,5,0),)))","v":19.149999999999999},16.03,{"$f":"IFERROR(VLOOKUP(B13,Sinapi,5,0),IFERROR(VLOOKUP(B13,Auxiliar,8,0),IFERROR(VLOOKUP(B13,MAPA,5,0),)))","v":21.28},17.809999999999999]
[{"$f":"IF(OR(COUNTBLANK(B14)=0,(COUNTBLANK(C14)=0),(COUNTBLANK(D14)=0)),\"imprimir\",\"\")","v":"imprimir"},"CPU-036","CAIXA COM GRELHA DE FIBRA DE VIDRO (PRFV) SIMPLES RETANGULAR, ALVENARIA COM BLOCO DE CONCRETO 22X11X8CM, DE UMA VEZ, DIMENSÕES INTERNAS DE 0,72X0,30X1,00M.","UN",null,null,{"$f":"TRUNC(SUM(G18:G27),2)","v":1862.3},null,{"$f":"TRUNC(SUM(I18:I27),2)","v":1896.55},{"$f":"TRUNC(I14*(1+BDI!$C$17),2)","v":2340.15}]
["imprimir","REFERÊNCIA SINAPI 97953 AGO/2022"]
["imprimir","CONFORME PROJETO DETALHE DE CAIXA COM GRELHA"]
["imprimir","CÓDIGO","DESCRIÇÃO","UN","COEF.","PREÇO","TOTAL","PREÇO","TOTAL"]
["imprimir",101616,{"$f":"IFERROR(VLOOKUP(B18,Sinapi,2,0),IFERROR(VLOOKUP(B18,Auxiliar,2,0),IFERROR(VLOOKUP(B18,Auxiliar,2,0),IFERROR(VLOOKUP(B18,MAPA,2,0), ))))","v":"PREPARO DE FUNDO DE VALA COM LARGURA MENOR QUE 1,5 M (ACERTO DO SOLO NATURAL). AF_08/2020"},{"$f":"IFERROR(VLOOKUP(B18,Sinapi,3,0),IFERROR(VLOOKUP(B18,Auxiliar,3,0),IFERROR(VLOOKUP(B18,Auxiliar,3,0),IFERROR(VLOOKUP(B18,MAPA,3,0), ))))","v":"M2"},{"$f":"1.32*0.9","v":1.1879999999999999},{"$f":"IFERROR(VLOOKUP(B18,Sinapi,4,0),IFERROR(VLOOKUP(B18,Auxiliar,6,0),IFERROR(VLOOKUP(B18,MAPA,5,0),)))","v":5.57},{"$f":"TRUNC(E18*F18,2)","v":6.61},{"$f":"IFERROR(VLOOKUP(B18,Sinapi,5,0),IFERROR(VLOOKUP(B18,Auxiliar,8,0),IFERROR(VLOOKUP(B18,MAPA,5,0),)))","v":6.21},{"$f":"TRUNC(E18*H18,2)","v":7.37}]
["imprimir",96536,"FABRICAÇÃO, MONTAGEM E DESMONTAGEM DE FÔRMA PARA VIGA BALDRAME, EM MADEIRA SERRADA, E=25 MM, 4 UTILIZAÇÕES. AF_06/2017","M2",{"$f":"(1.22*0.1*2)+(0.8*0.1*2)+(1.12*0.15*2)+(0.7*0.15*2)+(0.08*0.67*2)+(0.08*0.25*2)+(0.07*0.67*2)+(0.07*0.25*2)","v":1.226},{"$f":"IFERROR(VLOOKUP(B19,Sinapi,4,0),IFERROR(VLOOKUP(B19,Auxiliar,6,0),IFERROR(VLOOKUP(B19,MAPA,5,0),)))","v":78.53},96.27,{"$f":"IFERROR(VLOOKUP(B19,Sinapi,5,0),IFERROR(VLOOKUP(B19,Auxiliar,8,0),IFERROR(VLOOKUP(B19,MAPA,5,0),)))","v":82.85},101.57]
["imprimir",96620,"LASTRO DE CONCRETO MAGRO, APLICADO EM PISOS, LAJES SOBRE SOLO OU RADIERS. AF_08/2017",{"$f":"IFERROR(VLOOKUP(B20,Sinapi,3,0),IFERROR(VLOOKUP(B20,Auxiliar,3,0),IFERROR(VLOOKUP(B20,Auxiliar,3,0),IFERROR(VLOOKUP(B20,MAPA,3,0), ))))","v":"M3"},{"$f":"0.9*1.32*0.05","v":5.9400000000000001E-2},{"$f":"IFERROR(VLOOKUP(B20,Sinapi,4,0),IFERROR(VLOOKUP(B20,Auxiliar,6,0),IFERROR(VLOOKUP(B20,MAPA,5,0),)))","v":601.91},35.75,{"$f":"IFERROR(VLOOKUP(B20,Sinapi,5,0),IFERROR(VLOOKUP(B20,Auxiliar,8,0),IFERROR(VLOOKUP(B20,MAPA,5,0),)))","v":630.30999999999995},37.44]
["imprimir","AUX.009","CONCRETAGEM DE RADIER, PISO DE CONCRETO OU LAJE SOBRE SOLO, FCK 25 MPA - LANÇAMENTO, ADENSAMENTO E ACABAMENTO."," M3",{"$f":"(0.8*1.22*0.1)+((1.12*0.7*0.15)-(0.92*0.5*0.07)-(0.72*0.3*0.08))","v":0.16569999999999999},529.36,87.71,540.11,89.49]
["imprimir","AUX.010","ALVENARIA DE VEDAÇÃO DE BLOCOS DE CONCRETO MACIÇOS DE 22X11X8CM (ESPESSURA 8CM), DE UMA VEZ, E ARGAMASSA DE ASSENTAMENTO COM PREPARO EM BETONEIRA.","M2",{"$f":"((1.12*0.85)-(PI()*((0.46/2)^2)))+(1.12*0.8)+(0.3*0.85*2)","v":2.1918000000000002},213.99,469.02,221.94,486.44]
["imprimir","COT.023","GRADE DE FIBRA DE VIDRO COM CAIXILHO, 0,90X0,30X0,07M CAP. CARGA DE 25T.","UN",1,1020,1020,1020,1020]
["imprimir",87879,"CHAPISCO APLICADO EM ALVENARIAS E ESTRUTURAS DE CONCRETO INTERNAS, COM COLHER DE PEDREIRO.  ARGAMASSA TRAÇO 1:3 COM PREPARO EM BETONEIRA 400L. AF_10/2022","M2",{"$f":"(0.3*0.85*2)+(0.72*0.8)+((0.72*0.85)-(PI()*((0.46/2)^2)))","v":1.5318000000000001},4.0599999999999996,6.21,4.3600000000000003,6.67]
["imprimir",87777,"EMBOÇO OU MASSA ÚNICA EM ARGAMASSA TRAÇO 1:2:8, PREPARO MANUAL, APLICADA MANUALMENTE EM PANOS DE FACHADA COM PRESENÇA DE VÃOS, ESPESSURA DE 25 MM. AF_08/2022","M2",{"$f":"E24","v":1.5318000000000001},54.9,84.09,59,90.37]
["imprimir","AUX.013",{"$f":"IFERROR(VLOOKUP(B26,Sinapi,2,0),IFERROR(VLOOKUP(B26,Auxiliar,2,0),IFERROR(VLOOKUP(B26,Auxiliar,2,0),IFERROR(VLOOKUP(B26,MAPA,2,0), ))))","v":"ARMAÇÃO DE CINTA DE ALVENARIA ESTRUTURAL; DIÂMETRO DE 5,0 MM"},{"$f":"IFERROR(VLOOKUP(B26,Sinapi,3,0),IFERROR(VLOOKUP(B26,Auxiliar,3,0),IFERROR(VLOOKUP(B26,Auxiliar,3,0),IFERROR(VLOOKUP(B26,MAPA,3,0), ))))","v":"KG"},2,{"$f":"IFERROR(VLOOKUP(B26,Sinapi,4,0),IFERROR(VLOOKUP(B26,Auxiliar,6,0),IFERROR(VLOOKUP(B26,MAPA,5,0),)))","v":10.53},21.06,{"$f":"IFERROR(VLOOKUP(B26,Sinapi,5,0),IFERROR(VLOOKUP(B26,Auxiliar,8,0),IFERROR(VLOOKUP(B26,MAPA,5,0),)))","v":10.63},21.26]
["imprimir","AUX.014",{"$f":"IFERROR(VLOOKUP(B27,Sinapi,2,0),IFERROR(VLOOKUP(B27,Auxiliar,2,0),IFERROR(VLOOKUP(B27,MAPA,2,0), )))","v":"ARMAÇÃO DE CINTA DE ALVENARIA ESTRUTURAL; DIÂMETRO DE 6,3 MM"},{"$f":"IFERROR(VLOOKUP(B27,Sinapi,3,0),IFERROR(VLOOKUP(B27,Auxiliar,3,0),IFERROR(VLOOKUP(B27,MAPA,3,0), )))","v":"KG"},3,{"$f":"IFERROR(VLOOKUP(B27,Sinapi,4,0),IFERROR(VLOOKUP(B27,Auxiliar,6,0),IFERROR(VLOOKUP(B27,MAPA,5,0),)))","v":11.86},35.58,{"$f":"IFERROR(VLOOKUP(B27,Sinapi,5,0),IFERROR(VLOOKUP(B27,Auxiliar,8,0),IFERROR(VLOOKUP(B27,MAPA,5,0),)))","v":11.98},35.94]
[{"$f":"IF(OR(COUNTBLANK(B28)=0,(COUNTBLANK(C28)=0),(COUNTBLANK(D28)=0)),\"imprimir\",\"\")","v":"imprimir"},"CPU 041","ASSENTAMENTO DE GUIA (MEIO-FIO) EM TRECHO RETO, CONFECCIONADA EM CONCRETO PRÉ-FABRICADO, DIMENSÕES 100x15x30 CM (COMPRIMENTO X BASE INFERIOR X BASE SUPERIOR X ALTURA). ","M",null,null,{"$f":"TRUNC(SUM(G31:G35),2)","v":74.64},null,{"$f":"TRUNC(SUM(I31:I35),2)","v":77.63},{"$f":"TRUNC(I28*(1+BDI!$C$17),2)","v":95.78}]
["imprimir","BASEADA NA COMPOSIÇÃO 94277 SINAPI JUL/2022"]
["imprimir","CÓDIGO","DESCRIÇÃO","UN","COEF.","PREÇO","TOTAL","PREÇO","TOTAL"]
["imprimir",370,{"$f":"IFERROR(VLOOKUP(B31,Sinapi,2,0),IFERROR(VLOOKUP(B31,Auxiliar,2,0),IFERROR(VLOOKUP(B31,Auxiliar,2,0),IFERROR(VLOOKUP(B31,MAPA,2,0), ))))","v":"AREIA MEDIA - POSTO JAZIDA/FORNECEDOR (RETIRADO NA JAZIDA, SEM TRANSPORTE)"},{"$f":"IFERROR(VLOOKUP(B31,Sinapi,3,0),IFERROR(VLOOKUP(B31,Auxiliar,3,0),IFERROR(VLOOKUP(B31,Auxiliar,3,0),IFERROR(VLOOKUP(B31,MAPA,3,0), ))))","v":"M3    "},{"$f":"(0.007*(0.15*1))/(0.08*0.8)","v":1.6400000000000001E-2},{"$f":"IFERROR(VLOOKUP(B31,Sinapi,4,0),IFERROR(VLOOKUP(B31,Auxiliar,6,0),IFERROR(VLOOKUP(B31,MAPA,5,0),)))","v":130},{"$f":"TRUNC(E31*F31,2)","v":2.13},{"$f":"IFERROR(VLOOKUP(B31,Sinapi,5,0),IFERROR(VLOOKUP(B31,Auxiliar,8,0),IFERROR(VLOOKUP(B31,MAPA,5,0),)))","v":130},{"$f":"TRUNC(E31*H31,2)","v":2.13}]
["imprimir",4062,{"$f":"IFERROR(VLOOKUP(B32,Sinapi,2,0),IFERROR(VLOOKUP(B32,Auxiliar,2,0),IFERROR(VLOOKUP(B32,Auxiliar,2,0),IFERROR(VLOOKUP(B32,MAPA,2,0), ))))","v":"MEIO-FIO OU GUIA DE CONCRETO, PRE-MOLDADO, COMP 1 M, *30 X 15* CM (H X L)"},{"$f":"IFERROR(VLOOKUP(B32,Sinapi,3,0),IFERROR(VLOOKUP(B32,Auxiliar,3,0),IFERROR(VLOOKUP(B32,Auxiliar,3,0),IFERROR(VLOOKUP(B32,MAPA,3,0), ))))","v":"UN    "},1.0049999999999999,{"$f":"IFERROR(VLOOKUP(B32,Sinapi,4,0),IFERROR(VLOOKUP(B32,Auxiliar,6,0),IFERROR(VLOOKUP(B32,MAPA,5,0),)))","v":45.55},45.77,{"$f":"IFERROR(VLOOKUP(B32,Sinapi,5,0),IFERROR(VLOOKUP(B32,Auxiliar,8,0),IFERROR(VLOOKUP(B32,MAPA,5,0),)))","v":45.55},45.77]
["imprimir",88309,{"$f":"IFERROR(VLOOKUP(B33,Sinapi,2,0),IFERROR(VLOOKUP(B33,Auxiliar,2,0),IFERROR(VLOOKUP(B33,Auxiliar,2,0),IFERROR(VLOOKUP(B33,MAPA,2,0), ))))","v":"PEDREIRO COM ENCARGOS COMPLEMENTARES"},{"$f":"IFERROR(VLOOKUP(B33,Sinapi,3,0),IFERROR(VLOOKUP(B33,Auxiliar,3,0),IFERROR(VLOOKUP(B33,Auxiliar,3,0),IFERROR(VLOOKUP(B33,MAPA,3,0), ))))","v":"H"},{"$f":"(0.332*E35)/0.001","v":0.59760000000000002},{"$f":"IFERROR(VLOOKUP(B33,Sinapi,4,0),IFERROR(VLOOKUP(B33,Auxiliar,6,0),IFERROR(VLOOKUP(B33,MAPA,5,0),)))","v":23.69},14.15,{"$f":"IFERROR(VLOOKUP(B33,Sinapi,5,0),IFERROR(VLOOKUP(B33,Auxiliar,8,0),IFERROR(VLOOKUP(B33,MAPA,5,0),)))","v":26.51},15.84]
["imprimir",88316,{"$f":"IFERROR(VLOOKUP(B34,Sinapi,2,0),IFERROR(VLOOKUP(B34,Auxiliar,2,0),IFERROR(VLOOKUP(B34,Auxiliar,2,0),IFERROR(VLOOKUP(B34,MAPA,2,0), ))))","v":"SERVENTE COM ENCARGOS COMPLEMENTARES"},{"$f":"IFERROR(VLOOKUP(B34,Sinapi,3,0),IFERROR(VLOOKUP(B34,Auxiliar,3,0),IFERROR(VLOOKUP(B34,Auxiliar,3,0),IFERROR(VLOOKUP(B34,MAPA,3,0), ))))","v":"H"},{"$f":"(0.332*E35)/0.001","v":0.59760000000000002},{"$f":"IFERROR(VLOOKUP(B34,Sinapi,4,0),IFERROR(VLOOKUP(B34,Auxiliar,6,0),IFERROR(VLOOKUP(B34,MAPA,5,0),)))","v":19.149999999999999},11.44,{"$f":"IFERROR(VLOOKUP(B34,Sinapi,5,0),IFERROR(VLOOKUP(B34,Auxiliar,8,0),IFERROR(VLOOKUP(B34,MAPA,5,0),)))","v":21.28},12.71]
["imprimir",88629,{"$f":"IFERROR(VLOOKUP(B35,Sinapi,2,0),IFERROR(VLOOKUP(B35,Auxiliar,2,0),IFERROR(VLOOKUP(B35,Auxiliar,2,0),IFERROR(VLOOKUP(B35,MAPA,2,0), ))))","v":"ARGAMASSA TRAÇO 1:3 (EM VOLUME DE CIMENTO E AREIA MÉDIA ÚMIDA), PREPARO MANUAL. AF_08/2019"},{"$f":"IFERROR(VLOOKUP(B35,Sinapi,3,0),IFERROR(VLOOKUP(B35,Auxiliar,3,0),IFERROR(VLOOKUP(B35,Auxiliar,3,0),IFERROR(VLOOKUP(B35,MAPA,3,0), ))))","v":"M3"},{"$f":"0.001*(0.15*0.3)/((0.08*0.25)*(1/0.8))","v":1.8E-3},{"$f":"IFERROR(VLOOKUP(B35,Sinapi,4,0),IFERROR(VLOOKUP(B35,Auxiliar,6,0),IFERROR(VLOOKUP(B35,MAPA,5,0),)))","v":641.28},1.1499999999999999,{"$f":"IFERROR(VLOOKUP(B35,Sinapi,5,0),IFERROR(VLOOKUP(B35,Auxiliar,8,0),IFERROR(VLOOKUP(B35,MAPA,5,0),)))","v":659.53},1.18]
["imprimir","CPU 043","REBAIXAMENTO DE PENA D'ÁGUA, INCLUINDO COMPLEMENTO DE TUBULAÇÃO, CONEXÕES, ESCAVAÇÃO E REATERRO.","UN",null,null,{"$f":"TRUNC(SUM(G39:G44),2)","v":88.33},null,{"$f":"TRUNC(SUM(I39:I44),2)","v":97.53},{"$f":"TRUNC(I36*(1+BDI!$C$17),2)","v":120.34}]
["imprimir","BASEADA NA COMPOSIÇÃO EMLURB 19.07.580"]
["imprimir","CÓDIGO","DESCRIÇÃO","UN","COEF.","PREÇO","TOTAL","PREÇO","TOTAL"]
["imprimir",9868,{"$f":"IFERROR(VLOOKUP(B39,Sinapi,2,0),IFERROR(VLOOKUP(B39,Auxiliar,2,0),IFERROR(VLOOKUP(B39,Auxiliar,2,0),IFERROR(VLOOKUP(B39,MAPA,2,0), ))))","v":"TUBO PVC, SOLDAVEL, DE 25 MM, AGUA FRIA (NBR-5648)"},{"$f":"IFERROR(VLOOKUP(B39,Sinapi,3,0),IFERROR(VLOOKUP(B39,Auxiliar,3,0),IFERROR(VLOOKUP(B39,Auxiliar,3,0),IFERROR(VLOOKUP(B39,MAPA,3,0), ))))","v":"M     "},1,{"$f":"IFERROR(VLOOKUP(B39,Sinapi,4,0),IFERROR(VLOOKUP(B39,Auxiliar,6,0),IFERROR(VLOOKUP(B39,MAPA,5,0),)))","v":4.41},{"$f":"TRUNC(E39*F39,2)","v":4.41},{"$f":"IFERROR(VLOOKUP(B39,Sinapi,5,0),IFERROR(VLOOKUP(B39,Auxiliar,8,0),IFERROR(VLOOKUP(B39,MAPA,5,0),)))","v":4.41},{"$f":"TRUNC(E39*H39,2)","v":4.41}]
["imprimir",3529,"JOELHO PVC, SOLDAVEL, 90 GRAUS, 25 MM, COR MARROM, PARA AGUA FRIA PREDIAL","UN    ",3,0.77,2.31,0.77,2.31]
["imprimir",122,"ADESIVO PLASTICO PARA PVC, FRASCO COM *850* GR","UN    ",7.4999999999999997E-3,57.7,0.43,57.7,0.43]
["imprimir",20083,"SOLUCAO PREPARADORA / LIMPADORA PARA PVC, FRASCO COM 1000 CM3","UN    ",1.2E-2,65.38,0.78,65.38,0.78]
["imprimir",88316,"SERVENTE COM ENCARGOS COMPLEMENTARES","H",3,19.149999999999999,57.45,21.28,63.84]
["imprimir",88267,"ENCANADOR OU BOMBEIRO HIDRÁULICO COM ENCARGOS COMPLEMENTARES","H",1,22.95,22.95,25.76,25.76]
["imprimir","CPU 044","IMPLANTAÇÃO DE DISTRIBUIDOR, INCLUSIVE TUBULAÇÃO DE 50MM, CONEXÕES, ESCAVAÇÃO, ESCORAMENTO E ATERRO.","M",null,null,{"$f":"TRUNC(SUM(G48:G54),2)","v":80.94},null,{"$f":"TRUNC(SUM(I48:I54),2)","v":84.48},{"$f":"TRUNC(I45*(1+BDI!$C$17),2)","v":104.23}]
[{"$f":"IF(OR(COUNTBLANK(B46)=0,(COUNTBLANK(C46)=0),(COUNTBLANK(D46)=0)),\"imprimir\",\"\")","v":"imprimir"},"BASEADA NA COMPOSIÇÃO EMLURB 19.07.600"]
["imprimir","CÓDIGO","DESCRIÇÃO","UN","COEF.","PREÇO","TOTAL","PREÇO","TOTAL"]
["imprimir",6212,{"$f":"IFERROR(VLOOKUP(B48,Sinapi,2,0),IFERROR(VLOOKUP(B48,Auxiliar,2,0),IFERROR(VLOOKUP(B48,Auxiliar,2,0),IFERROR(VLOOKUP(B48,MAPA,2,0), ))))","v":"TABUA *2,5 X 30 CM EM PINUS, MISTA OU EQUIVALENTE DA REGIAO - BRUTA"},{"$f":"IFERROR(VLOOKUP(B48,Sinapi,3,0),IFERROR(VLOOKUP(B48,Auxiliar,3,0),IFERROR(VLOOKUP(B48,Auxiliar,3,0),IFERROR(VLOOKUP(B48,MAPA,3,0), ))))","v":"M     "},0.8,{"$f":"IFERROR(VLOOKUP(B48,Sinapi,4,0),IFERROR(VLOOKUP(B48,Auxiliar,6,0),IFERROR(VLOOKUP(B48,MAPA,5,0),)))","v":17.239999999999998},{"$f":"TRUNC(E48*F48,2)","v":13.79},{"$f":"IFERROR(VLOOKUP(B48,Sinapi,5,0),IFERROR(VLOOKUP(B48,Auxiliar,8,0),IFERROR(VLOOKUP(B48,MAPA,5,0),)))","v":17.239999999999998},{"$f":"TRUNC(E48*H48,2)","v":13.79}]
["imprimir",9875,"TUBO PVC, SOLDAVEL, DE 50 MM, AGUA FRIA (NBR-5648)","M     ",1,16.39,16.39,16.39,16.39]
["imprimir",122,"ADESIVO PLASTICO PARA PVC, FRASCO COM *850* GR","UN    ",0.12,57.7,6.92,57.7,6.92]
["imprimir",20083,"SOLUCAO PREPARADORA / LIMPADORA PARA PVC, FRASCO COM 1000 CM3","UN    ",0.184,65.38,12.02,65.38,12.02]
["imprimir",2745,"PONTALETE ROLIÇO SEM TRATAMENTO, D = 8 A 11 CM, H = 3 M, EM EUCALIPTO OU EQUIVALENTE DA REGIAO - BRUTA (PARA ESCORAMENTO)","M     ",0.3,4.01,1.2,4.01,1.2]
["imprimir",88316,"SERVENTE COM ENCARGOS COMPLEMENTARES","H",1,19.149999999999999,19.149999999999999,21.28,21.28]
["imprimir",88267,"ENCANADOR OU BOMBEIRO HIDRÁULICO COM ENCARGOS COMPLEMENTARES","H",0.5,22.95,11.47,25.76,12.88]
["imprimir","CPU 045","PISO TÁTIL DIRECIONAL E/OU ALERTA, DE CONCRETO, NA COR NATURAL, P/PORTADORES DE DEFICIÊNCIA MOTORA OU VISUAL, DIMENSÕES 40X40CM, APLICADO COM ARGAMASSA INDUSTRIALIZADA AC-II, REJUNTADO, EXCLUSIVE REGULARIZAÇÃO DE BASE.","M2",null,null,{"$f":"TRUNC(SUM(G58:G62),2)","v":114.06},null,{"$f":"TRUNC(SUM(I58:I62),2)","v":118.02},{"$f":"TRUNC(I55*(1+BDI!$C$17),2)","v":145.62}]
["imprimir","BASEADA NA COMPOSIÇÃO 12039/ORSE JUL/2022"]
["imprimir","CÓDIGO","DESCRIÇÃO","UN","COEF.","PREÇO","TOTAL","PREÇO","TOTAL"]
["imprimir",88316,{"$f":"IFERROR(VLOOKUP(B58,Sinapi,2,0),IFERROR(VLOOKUP(B58,Auxiliar,2,0),IFERROR(VLOOKUP(B58,Auxiliar,2,0),IFERROR(VLOOKUP(B58,MAPA,2,0), ))))","v":"SERVENTE COM ENCARGOS COMPLEMENTARES"},{"$f":"IFERROR(VLOOKUP(B58,Sinapi,3,0),IFERROR(VLOOKUP(B58,Auxiliar,3,0),IFERROR(VLOOKUP(B58,Auxiliar,3,0),IFERROR(VLOOKUP(B58,MAPA,3,0), ))))","v":"H"},1.2,{"$f":"IFERROR(VLOOKUP(B58,Sinapi,4,0),IFERROR(VLOOKUP(B58,Auxiliar,6,0),IFERROR(VLOOKUP(B58,MAPA,5,0),)))","v":19.149999999999999},{"$f":"TRUNC(E58*F58,2)","v":22.98},{"$f":"IFERROR(VLOOKUP(B58,Sinapi,5,0),IFERROR(VLOOKUP(B58,Auxiliar,8,0),IFERROR(VLOOKUP(B58,MAPA,5,0),)))","v":21.28},{"$f":"TRUNC(E58*H58,2)","v":25.53}]
["imprimir",88309,{"$f":"IFERROR(VLOOKUP(B59,Sinapi,2,0),IFERROR(VLOOKUP(B59,Auxiliar,2,0),IFERROR(VLOOKUP(B59,Auxiliar,2,0),IFERROR(VLOOKUP(B59,MAPA,2,0), ))))","v":"PEDREIRO COM ENCARGOS COMPLEMENTARES"},{"$f":"IFERROR(VLOOKUP(B59,Sinapi,3,0),IFERROR(VLOOKUP(B59,Auxiliar,3,0),IFERROR(VLOOKUP(B59,Auxiliar,3,0),IFERROR(VLOOKUP(B59,MAPA,3,0), ))))","v":"H"},0.5,{"$f":"IFERROR(VLOOKUP(B59,Sinapi,4,0),IFERROR(VLOOKUP(B59,Auxiliar,6,0),IFERROR(VLOOKUP(B59,MAPA,5,0),)))","v":23.69},11.84,{"$f":"IFERROR(VLOOKUP(B59,Sinapi,5,0),IFERROR(VLOOKUP(B59,Auxiliar,8,0),IFERROR(VLOOKUP(B59,MAPA,5,0),)))","v":26.51},13.25]
["imprimir",34353,{"$f":"IFERROR(VLOOKUP(B60,Sinapi,2,0),IFERROR(VLOOKUP(B60,Auxiliar,2,0),IFERROR(VLOOKUP(B60,Auxiliar,2,0),IFERROR(VLOOKUP(B60,MAPA,2,0), ))))","v":"ARGAMASSA COLANTE AC II"},{"$f":"IFERROR(VLOOKUP(B60,Sinapi,3,0),IFERROR(VLOOKUP(B60,Auxiliar,3,0),IFERROR(VLOOKUP(B60,Auxiliar,3,0),IFERROR(VLOOKUP(B60,MAPA,3,0), ))))","v":"KG    "},4,{"$f":"IFERROR(VLOOKUP(B60,Sinapi,4,0),IFERROR(VLOOKUP(B60,Auxiliar,6,0),IFERROR(VLOOKUP(B60,MAPA,5,0),)))","v":1.76},7.04,{"$f":"IFERROR(VLOOKUP(B60,Sinapi,5,0),IFERROR(VLOOKUP(B60,Auxiliar,8,0),IFERROR(VLOOKUP(B60,MAPA,5,0),)))","v":1.76},7.04]
["imprimir",34357,{"$f":"IFERROR(VLOOKUP(B61,Sinapi,2,0),IFERROR(VLOOKUP(B61,Auxiliar,2,0),IFERROR(VLOOKUP(B61,Auxiliar,2,0),IFERROR(VLOOKUP(B61,MAPA,2,0), ))))","v":"REJUNTE CIMENTICIO, QUALQUER COR"},{"$f":"IFERROR(VLOOKUP(B61,Sinapi,3,0),IFERROR(VLOOKUP(B61,Auxiliar,3,0),IFERROR(VLOOKUP(B61,Auxiliar,3,0),IFERROR(VLOOKUP(B61,MAPA,3,0), ))))","v":"KG    "},0.33,{"$f":"IFERROR(VLOOKUP(B61,Sinapi,4,0),IFERROR(VLOOKUP(B61,Auxiliar,6,0),IFERROR(VLOOKUP(B61,MAPA,5,0),)))","v":5.57},1.83,{"$f":"IFERROR(VLOOKUP(B61,Sinapi,5,0),IFERROR(VLOOKUP(B61,Auxiliar,8,0),IFERROR(VLOOKUP(B61,MAPA,5,0),)))","v":5.57},1.83]
["imprimir",36178,{"$f":"IFERROR(VLOOKUP(B62,Sinapi,2,0),IFERROR(VLOOKUP(B62,Auxiliar,2,0),IFERROR(VLOOKUP(B62,Auxiliar,2,0),IFERROR(VLOOKUP(B62,MAPA,2,0), ))))","v":"PISO PODOTATIL DE CONCRETO - DIRECIONAL E ALERTA, *40 X 40 X 2,5* CM"},{"$f":"IFERROR(VLOOKUP(B62,Sinapi,3,0),IFERROR(VLOOKUP(B62,Auxiliar,3,0),IFERROR(VLOOKUP(B62,Auxiliar,3,0),IFERROR(VLOOKUP(B62,MAPA,3,0), ))))","v":"UN    "},{"$f":"1/(0.4*0.4)","v":6.25},{"$f":"IFERROR(VLOOKUP(B62,Sinapi,4,0),IFERROR(VLOOKUP(B62,Auxiliar,6,0),IFERROR(VLOOKUP(B62,MAPA,5,0),)))","v":11.26},70.37,{"$f":"IFERROR(VLOOKUP(B62,Sinapi,5,0),IFERROR(VLOOKUP(B62,Auxiliar,8,0),IFERROR(VLOOKUP(B62,MAPA,5,0),)))","v":11.26},70.37]
["imprimir","CPU 046","PISO TÁTIL DIRECIONAL E/OU ALERTA, DE CONCRETO, NA COR NATURAL P/PORTADORES DE DEFICIÊNCIA MOTORA OU VISUAL, DIMENSÕES 25X25CM, APLICADO COM ARGAMASSA INDUSTRIALIZADA AC-II, REJUNTADO, EXCLUSIVE REGULARIZAÇÃO DE BASE.","M2",null,null,{"$f":"TRUNC(SUM(G66:G70),2)","v":126.08},null,{"$f":"TRUNC(SUM(I66:I70),2)","v":130.04},{"$f":"TRUNC(I63*(1+BDI!$C$17),2)","v":160.44999999999999}]
["imprimir","BASEADA NA COMPOSIÇÃO 07324/ORSE JUL/2022 9418"]
["imprimir","CÓDIGO","DESCRIÇÃO","UN","COEF.","PREÇO","TOTAL","PREÇO","TOTAL"]
["imprimir",88316,{"$f":"IFERROR(VLOOKUP(B66,Sinapi,2,0),IFERROR(VLOOKUP(B66,Auxiliar,2,0),IFERROR(VLOOKUP(B66,Auxiliar,2,0),IFERROR(VLOOKUP(B66,MAPA,2,0), ))))","v":"SERVENTE COM ENCARGOS COMPLEMENTARES"},{"$f":"IFERROR(VLOOKUP(B66,Sinapi,3,0),IFERROR(VLOOKUP(B66,Auxiliar,3,0),IFERROR(VLOOKUP(B66,Auxiliar,3,0),IFERROR(VLOOKUP(B66,MAPA,3,0), ))))","v":"H"},1.2,{"$f":"IFERROR(VLOOKUP(B66,Sinapi,4,0),IFERROR(VLOOKUP(B66,Auxiliar,6,0),IFERROR(VLOOKUP(B66,MAPA,5,0),)))","v":19.149999999999999},{"$f":"TRUNC(E66*F66,2)","v":22.98},{"$f":"IFERROR(VLOOKUP(B66,Sinapi,5,0),IFERROR(VLOOKUP(B66,Auxiliar,8,0),IFERROR(VLOOKUP(B66,MAPA,5,0),)))","v":21.28},{"$f":"TRUNC(E66*H66,2)","v":25.53}]
["imprimir",88309,{"$f":"IFERROR(VLOOKUP(B67,Sinapi,2,0),IFERROR(VLOOKUP(B67,Auxiliar,2,0),IFERROR(VLOOKUP(B67,Auxiliar,2,0),IFERROR(VLOOKUP(B67,MAPA,2,0), ))))","v":"PEDREIRO COM ENCARGOS COMPLEMENTARES"},{"$f":"IFERROR(VLOOKUP(B67,Sinapi,3,0),IFERROR(VLOOKUP(B67,Auxiliar,3,0),IFERROR(VLOOKUP(B67,Auxiliar,3,0),IFERROR(VLOOKUP(B67,MAPA,3,0), ))))","v":"H"},0.5,{"$f":"IFERROR(VLOOKUP(B67,Sinapi,4,0),IFERROR(VLOOKUP(B67,Auxiliar,6,0),IFERROR(VLOOKUP(B67,MAPA,5,0),)))","v":23.69},11.84,{"$f":"IFERROR(VLOOKUP(B67,Sinapi,5,0),IFERROR(VLOOKUP(B67,Auxiliar,8,0),IFERROR(VLOOKUP(B67,MAPA,5,0),)))","v":26.51},13.25]
["imprimir",34353,{"$f":"IFERROR(VLOOKUP(B68,Sinapi,2,0),IFERROR(VLOOKUP(B68,Auxiliar,2,0),IFERROR(VLOOKUP(B68,Auxiliar,2,0),IFERROR(VLOOKUP(B68,MAPA,2,0), ))))","v":"ARGAMASSA COLANTE AC II"},{"$f":"IFERROR(VLOOKUP(B68,Sinapi,3,0),IFERROR(VLOOKUP(B68,Auxiliar,3,0),IFERROR(VLOOKUP(B68,Auxiliar,3,0),IFERROR(VLOOKUP(B68,MAPA,3,0), ))))","v":"KG    "},4,{"$f":"IFERROR(VLOOKUP(B68,Sinapi,4,0),IFERROR(VLOOKUP(B68,Auxiliar,6,0),IFERROR(VLOOKUP(B68,MAPA,5,0),)))","v":1.76},7.04,{"$f":"IFERROR(VLOOKUP(B68,Sinapi,5,0),IFERROR(VLOOKUP(B68,Auxiliar,8,0),IFERROR(VLOOKUP(B68,MAPA,5,0),)))","v":1.76},7.04]
["imprimir",34357,{"$f":"IFERROR(VLOOKUP(B69,Sinapi,2,0),IFERROR(VLOOKUP(B69,Auxiliar,2,0),IFERROR(VLOOKUP(B69,Auxiliar,2,0),IFERROR(VLOOKUP(B69,MAPA,2,0), ))))","v":"REJUNTE CIMENTICIO, QUALQUER COR"},{"$f":"IFERROR(VLOOKUP(B69,Sinapi,3,0),IFERROR(VLOOKUP(B69,Auxiliar,3,0),IFERROR(VLOOKUP(B69,Auxiliar,3,0),IFERROR(VLOOKUP(B69,MAPA,3,0), ))))","v":"KG    "},0.52,{"$f":"IFERROR(VLOOKUP(B69,Sinapi,4,0),IFERROR(VLOOKUP(B69,Auxiliar,6,0),IFERROR(VLOOKUP(B69,MAPA,5,0),)))","v":5.57},2.89,{"$f":"IFERROR(VLOOKUP(B69,Sinapi,5,0),IFERROR(VLOOKUP(B69,Auxiliar,8,0),IFERROR(VLOOKUP(B69,MAPA,5,0),)))","v":5.57},2.89]
["imprimir","COT.027",{"$f":"IFERROR(VLOOKUP(B70,Sinapi,2,0),IFERROR(VLOOKUP(B70,Auxiliar,2,0),IFERROR(VLOOKUP(B70,Auxiliar,2,0),IFERROR(VLOOKUP(B70,MAPA,2,0), ))))","v":"PISO TÁTIL DIRECIONAL E/OU ALERTA DE CONCRETO DIM 25X25X0,25 CM, PARA PESSOA COM DEFICIÊNCIA VISUAL., POSTO OBRA."},{"$f":"IFERROR(VLOOKUP(B70,Sinapi,3,0),IFERROR(VLOOKUP(B70,Auxiliar,3,0),IFERROR(VLOOKUP(B70,Auxiliar,3,0),IFERROR(VLOOKUP(B70,MAPA,3,0), ))))","v":"M2"},1.05,{"$f":"IFERROR(VLOOKUP(B70,Sinapi,4,0),IFERROR(VLOOKUP(B70,Auxiliar,6,0),IFERROR(VLOOKUP(B70,MAPA,5,0),)))","v":77.459999999999994},81.33,{"$f":"IFERROR(VLOOKUP(B70,Sinapi,5,0),IFERROR(VLOOKUP(B70,Auxiliar,8,0),IFERROR(VLOOKUP(B70,MAPA,5,0),)))","v":77.459999999999994},81.33]
["imprimir","CPU 048","EXECUÇÃO DE CAIXA DE LIGAÇÃO PARA CANALETA EM ALVENARIA DE BLOCO DE CONCRETO 20X10X10, ASSENTADOS SOBRE LAJE DE CONCRETO ARMADO FCK 15 MPA, DIMENSÕES INTERNAS DE 40X40CM, REVESTIDO COM CHAPISCO E EMBOÇO, COM FUNDO EM LASTRO DE CONCRETO.","UN",null,null,{"$f":"TRUNC(SUM(G74:G88),2)","v":1440.14},null,{"$f":"TRUNC(SUM(I74:I88),2)","v":1478.66},{"$f":"TRUNC(I71*(1+BDI!$C$17),2)","v":1824.51}]
["imprimir","REFERÊNCIA DETALHE PROJETO"]
["imprimir","CÓDIGO","DESCRIÇÃO","UN","COEF.","PREÇO","TOTAL","PREÇO","TOTAL"]
["imprimir","AUX.009",{"$f":"IFERROR(VLOOKUP(B74,Sinapi,2,0),IFERROR(VLOOKUP(B74,Auxiliar,2,0),IFERROR(VLOOKUP(B74,Auxiliar,2,0),IFERROR(VLOOKUP(B74,MAPA,2,0),))))","v":"CONCRETAGEM DE RADIER, PISO DE CONCRETO OU LAJE SOBRE SOLO, FCK 25 MPA - LANÇAMENTO, ADENSAMENTO E ACABAMENTO."},{"$f":"IFERROR(VLOOKUP(B74,Sinapi,3,0),IFERROR(VLOOKUP(B74,Auxiliar,3,0),IFERROR(VLOOKUP(B74,Auxiliar,3,0),IFERROR(VLOOKUP(B74,MAPA,3,0),))))","v":" M3"},{"$f":"1.5*1.5*0.7","v":1.575},{"$f":"IFERROR(VLOOKUP(B74,Sinapi,4,0),IFERROR(VLOOKUP(B74,Auxiliar,6,0),IFERROR(VLOOKUP(B74,MAPA,5,0),)))","v":529.36},{"$f":"TRUNC(E74*F74,2)","v":833.74},{"$f":"IFERROR(VLOOKUP(B74,Sinapi,5,0),IFERROR(VLOOKUP(B74,Auxiliar,8,0),IFERROR(VLOOKUP(B74,MAPA,5,0),)))","v":540.11},{"$f":"TRUNC(E74*H74,2)","v":850.67}]
[null,96995,"REATERRO MANUAL APILOADO COM SOQUETE. AF_10/2017","M3",{"$f":"E74-(0.8*0.8*0.7)","v":1.127},45.93,51.76,51.04,57.52]
[null,368,"AREIA PARA ATERRO - POSTO JAZIDA/FORNECEDOR (RETIRADO NA JAZIDA, SEM TRANSPORTE)","M3    ",{"$f":"E75","v":1.127},65,73.25,65,73.25]
[null,100974,"CARGA, MANOBRA E DESCARGA DE SOLOS E MATERIAIS GRANULARES EM CAMINHÃO BASCULANTE 10 M³ - CARGA COM PÁ CARREGADEIRA (CAÇAMBA DE 1,7 A 2,8 M³ / 128 HP) E DESCARGA LIVRE (UNIDADE: M3). AF_07/2020","M3",{"$f":"E74*1.25","v":1.9688000000000001},7.81,15.37,7.98,15.71]
[null,95875,"TRANSPORTE COM CAMINHÃO BASCULANTE DE 10 M³, EM VIA URBANA PAVIMENTADA, DMT ATÉ 30 KM (UNIDADE: M3XKM). AF_07/2020","M3XKM",{"$f":"E77*15","v":29.532},2.14,63.19,2.17,64.08]
[null,"AUX.012","EMBOÇO C/ ARGAMASSA DE CIMENTO E AREIA S/ PENEIRAR, TRAÇO 1:3.","M2",{"$f":"1*1","v":1},39.479999999999997,39.479999999999997,42.87,42.87]
[null,94969,"CONCRETO FCK = 15MPA, TRAÇO 1:3,4:3,5 (EM MASSA SECA DE CIMENTO/ AREIA MÉDIA/ BRITA 1) - PREPARO MECÂNICO COM BETONEIRA 600 L. AF_05/2021","M3",{"$f":"E79*0.1","v":0.1},429.75,42.97,438.19,43.81]
[null,103670,"LANÇAMENTO COM USO DE BALDES, ADENSAMENTO E ACABAMENTO DE CONCRETO EM ESTRUTURAS. AF_02/2022","M3",{"$f":"E80","v":0.1},258.81,25.88,288.35000000000002,28.83]
[null,92915,"ARMAÇÃO DE ESTRUTURAS DIVERSAS DE CONCRETO ARMADO, EXCETO VIGAS, PILARES, LAJES E FUNDAÇÕES, UTILIZANDO AÇO CA-60 DE 5,0 MM - MONTAGEM. AF_06/2022","KG",{"$f":"(CONVERT(40,\"cm\",\"m\")*0.154)","v":6.1600000000000002E-2},17.84,1.0900000000000001,18.63,1.1399999999999999]
[null,92919,"ARMAÇÃO DE ESTRUTURAS DIVERSAS DE CONCRETO ARMADO, EXCETO VIGAS, PILARES, LAJES E FUNDAÇÕES, UTILIZANDO AÇO CA-50 DE 10,0 MM - MONTAGEM. AF_06/2022","KG",{"$f":"(CONVERT(80,\"cm\",\"m\")*0.617)+10","v":10.493600000000001},14.13,148.27000000000001,14.38,150.88999999999999]
[null,92921,"ARMAÇÃO DE ESTRUTURAS DIVERSAS DE CONCRETO ARMADO, EXCETO VIGAS, PILARES, LAJES E FUNDAÇÕES, UTILIZANDO AÇO CA-50 DE 12,5 MM - MONTAGEM. AF_06/2022","KG",{"$f":"(CONVERT(90,\"cm\",\"m\")*0.963)","v":0.86670000000000003},11.84,10.26,12,10.4]
[null,97086,"FABRICAÇÃO, MONTAGEM E DESMONTAGEM DE FORMA PARA RADIER, PISO DE CONCRETO OU LAJE SOBRE SOLO, EM MADEIRA SERRADA, 4 UTILIZAÇÕES. AF_09/2021","M2",{"$f":"0.8*0.8*0.1+0.8*0.8*0.2","v":0.192},120,23.04,129.63,24.88]
[null,87878,"CHAPISCO APLICADO EM ALVENARIAS E ESTRUTURAS DE CONCRETO INTERNAS, COM COLHER DE PEDREIRO.  ARGAMASSA TRAÇO 1:3 COM PREPARO MANUAL. AF_10/2022","M2",{"$f":"0.4*0.4*2*2","v":0.64},4.42,2.82,4.76,3.04]
[null,"AUX.010","ALVENARIA DE VEDAÇÃO DE BLOCOS DE CONCRETO MACIÇOS DE 22X11X8CM (ESPESSURA 8CM), DE UMA VEZ, E ARGAMASSA DE ASSENTAMENTO COM PREPARO EM BETONEIRA.","M2",{"$f":"0.4*0.4*2","v":0.32},213.99,68.47,221.94,71.02]
[null,40524,"BLOQUETE/PISO INTERTRAVADO DE CONCRETO - MODELO ONDA/16 FACES/RETANGULAR/TIJOLINHO/PAVER/HOLANDES/PARALELEPIPEDO, 20 CM X 10 CM, E = 10 CM, RESISTENCIA DE 35 MPA (NBR 9781), COR NATURAL","M2    ",{"$f":"0.4*0.4*2*2","v":0.64},63.37,40.549999999999997,63.37,40.549999999999997]
[{"$f":"IF(OR(COUNTBLANK(B89)=0,(COUNTBLANK(C89)=0),(COUNTBLANK(D89)=0)),\"imprimir\",\"\")","v":"imprimir"},"CPU 051","CANALETA EM CONCRETO ARMADO NAS DIMENSÕES 0,40M X 0,40, INCLUINDO LAJE DE TAMPA COM 20CM, CONFORME PROJETO DE CÁLCULO ESTRUTURAL  (LINHA D'ÁGUA - TAMPA COM FUROS DN 50MM)","M",null,null,{"$f":"TRUNC(SUM(G92:G100),2)","v":1100.05},null,{"$f":"TRUNC(SUM(I92:I100),2)","v":1137.24},{"$f":"TRUNC(I89*(1+BDI!$C$17),2)","v":1403.24}]
["imprimir","CANALETA EM CONCRETO DIMENSÕES INTERNAS 0,40X0,40M, NA LINHA D'ÁGUA"]
["imprimir","CÓDIGO","DESCRIÇÃO","UN","COEF.","PREÇO","TOTAL","PREÇO","TOTAL"]
["imprimir",101616,{"$f":"IFERROR(VLOOKUP(B92,Sinapi,2,0),IFERROR(VLOOKUP(B92,Auxiliar,2,0),IFERROR(VLOOKUP(B92,Auxiliar,2,0),IFERROR(VLOOKUP(B92,MAPA,2,0), ))))","v":"PREPARO DE FUNDO DE VALA COM LARGURA MENOR QUE 1,5 M (ACERTO DO SOLO NATURAL). AF_08/2020"},{"$f":"IFERROR(VLOOKUP(B92,Sinapi,3,0),IFERROR(VLOOKUP(B92,Auxiliar,3,0),IFERROR(VLOOKUP(B92,Auxiliar,3,0),IFERROR(VLOOKUP(B92,MAPA,3,0),))))","v":"M2"},{"$f":"1*1","v":1},{"$f":"IFERROR(VLOOKUP(B92,Sinapi,4,0),IFERROR(VLOOKUP(B92,Auxiliar,6,0),IFERROR(VLOOKUP(B92,MAPA,5,0),)))","v":5.57},{"$f":"TRUNC(E92*F92,2)","v":5.57},{"$f":"IFERROR(VLOOKUP(B92,Sinapi,5,0),IFERROR(VLOOKUP(B92,Auxiliar,8,0),IFERROR(VLOOKUP(B92,MAPA,5,0),)))","v":6.21},{"$f":"TRUNC(E92*H92,2)","v":6.21}]
["imprimir",96620,{"$f":"IFERROR(VLOOKUP(B93,Sinapi,2,0),IFERROR(VLOOKUP(B93,Auxiliar,2,0),IFERROR(VLOOKUP(B93,Auxiliar,2,0),IFERROR(VLOOKUP(B93,MAPA,2,0), ))))","v":"LASTRO DE CONCRETO MAGRO, APLICADO EM PISOS, LAJES SOBRE SOLO OU RADIERS. AF_08/2017"},{"$f":"IFERROR(VLOOKUP(B93,Sinapi,3,0),IFERROR(VLOOKUP(B93,Auxiliar,3,0),IFERROR(VLOOKUP(B93,Auxiliar,3,0),IFERROR(VLOOKUP(B93,MAPA,3,0),))))","v":"M3"},{"$f":"1*0.05*1","v":0.05},{"$f":"IFERROR(VLOOKUP(B93,Sinapi,4,0),IFERROR(VLOOKUP(B93,Auxiliar,6,0),IFERROR(VLOOKUP(B93,MAPA,5,0),)))","v":601.91},30.09,{"$f":"IFERROR(VLOOKUP(B93,Sinapi,5,0),IFERROR(VLOOKUP(B93,Auxiliar,8,0),IFERROR(VLOOKUP(B93,MAPA,5,0),)))","v":630.30999999999995},31.51]
["imprimir",96536,"FABRICAÇÃO, MONTAGEM E DESMONTAGEM DE FÔRMA PARA VIGA BALDRAME, EM MADEIRA SERRADA, E=25 MM, 4 UTILIZAÇÕES. AF_06/2017",{"$f":"IFERROR(VLOOKUP(B94,Sinapi,3,0),IFERROR(VLOOKUP(B94,Auxiliar,3,0),IFERROR(VLOOKUP(B94,Auxiliar,3,0),IFERROR(VLOOKUP(B94,MAPA,3,0), ))))","v":"M2"},{"$f":"0.6*1*4+(1*0.8)+(0.2*1*2)+(0.2*0.8*2)","v":3.92},{"$f":"IFERROR(VLOOKUP(B94,Sinapi,4,0),IFERROR(VLOOKUP(B94,Auxiliar,6,0),IFERROR(VLOOKUP(B94,MAPA,5,0),)))","v":78.53},307.83,{"$f":"IFERROR(VLOOKUP(B94,Sinapi,5,0),IFERROR(VLOOKUP(B94,Auxiliar,8,0),IFERROR(VLOOKUP(B94,MAPA,5,0),)))","v":82.85},324.77]
["imprimir",96544,"ARMAÇÃO DE BLOCO, VIGA BALDRAME OU SAPATA UTILIZANDO AÇO CA-50 DE 6,3 MM - MONTAGEM. AF_06/2017","KG",{"$f":"3.7+2.29+1.84+1.38","v":9.2100000000000009},17.63,162.37,18.260000000000002,168.17]
["imprimir",96545,"ARMAÇÃO DE BLOCO, VIGA BALDRAME OU SAPATA UTILIZANDO AÇO CA-50 DE 8 MM - MONTAGEM. AF_06/2017","KG",4.46,16.59,73.989999999999995,17.04,75.989999999999995]
["imprimir",92921,"ARMAÇÃO DE ESTRUTURAS DIVERSAS DE CONCRETO ARMADO, EXCETO VIGAS, PILARES, LAJES E FUNDAÇÕES, UTILIZANDO AÇO CA-50 DE 12,5 MM - MONTAGEM. AF_06/2022","KG",{"$f":"8.86+8.23","v":17.09},11.84,202.34,12,205.08]
["imprimir","AUX.018",{"$f":"IFERROR(VLOOKUP(B98,Sinapi,2,0),IFERROR(VLOOKUP(B98,INSUMOS,2,0),IFERROR(VLOOKUP(B98,Auxiliar,2,0),IFERROR(VLOOKUP(B98,MAPA,2,0), ))))","v":"CONCRETAGEM DE BLOCOS DE COROAMENTO E VIGAS BALDRAME, FCK 25 MPA, COM USO DE JERICA \u0096 LANÇAMENTO, ADENSAMENTO E ACABAMENTO. "},{"$f":"IFERROR(VLOOKUP(B98,Sinapi,3,0),IFERROR(VLOOKUP(B98,INSUMOS,3,0),IFERROR(VLOOKUP(B98,Auxiliar,3,0),IFERROR(VLOOKUP(B98,MAPA,3,0), ))))","v":"M3"},{"$f":"(0.6*0.2*1*2)","v":0.24},{"$f":"IFERROR(VLOOKUP(B98,Sinapi,4,0),IFERROR(VLOOKUP(B98,INSUMOS,4,0),IFERROR(VLOOKUP(B98,Auxiliar,6,0),IFERROR(VLOOKUP(B98,MAPA,5,0), ))))","v":659.34},158.24,{"$f":"IFERROR(VLOOKUP(B98,Sinapi,5,0),IFERROR(VLOOKUP(B98,INSUMOS,5,0),IFERROR(VLOOKUP(B98,Auxiliar,8,0),IFERROR(VLOOKUP(B98,MAPA,5,0), ))))","v":680.76},163.38]
["imprimir","AUX.009","CONCRETAGEM DE RADIER, PISO DE CONCRETO OU LAJE SOBRE SOLO, FCK 25 MPA - LANÇAMENTO, ADENSAMENTO E ACABAMENTO."," M3",{"$f":"((1*0.8*0.2)-(3.14*0.025^2*15*0.2))+(0.4*0.2*1)","v":0.2341},529.36,123.92,540.11,126.43]
["imprimir",9838,"TUBO PVC SERIE NORMAL, DN 50 MM, PARA ESGOTO PREDIAL (NBR 5688)","M     ",3,11.9,35.700000000000003,11.9,35.700000000000003]
["imprimir","CPU 055","DRENO BARBACÃ, DN 100 MM.","M",null,null,{"$f":"TRUNC(SUM(G104:G108),2)","v":31.96},null,{"$f":"TRUNC(SUM(I104:I108),2)","v":32.22},{"$f":"TRUNC(I101*(1+BDI!$C$17),2)","v":39.75}]
["imprimir","REFERÊNCIA SINAPI 102723 E 102724 SET/22"]
["imprimir","CÓDIGO","DESCRIÇÃO","UN","COEF.","PREÇO","TOTAL","PREÇO","TOTAL"]
["imprimir",345,{"$f":"IFERROR(VLOOKUP(B104,Sinapi,2,0),IFERROR(VLOOKUP(B104,Auxiliar,2,0),IFERROR(VLOOKUP(B104,Auxiliar,2,0),IFERROR(VLOOKUP(B104,MAPA,2,0), ))))","v":"ARAME GALVANIZADO 18 BWG, D = 1,24MM (0,009 KG/M)"},{"$f":"IFERROR(VLOOKUP(B104,Sinapi,3,0),IFERROR(VLOOKUP(B104,Auxiliar,3,0),IFERROR(VLOOKUP(B104,Auxiliar,3,0),IFERROR(VLOOKUP(B104,MAPA,3,0),))))","v":"KG    "},1.7000000000000001E-2,{"$f":"IFERROR(VLOOKUP(B104,Sinapi,4,0),IFERROR(VLOOKUP(B104,Auxiliar,6,0),IFERROR(VLOOKUP(B104,MAPA,5,0),)))","v":36.369999999999997},{"$f":"TRUNC(E104*F104,2)","v":0.61},{"$f":"IFERROR(VLOOKUP(B104,Sinapi,5,0),IFERROR(VLOOKUP(B104,Auxiliar,8,0),IFERROR(VLOOKUP(B104,MAPA,5,0),)))","v":36.369999999999997},{"$f":"TRUNC(E104*H104,2)","v":0.61}]
[null,4013,"GEOTEXTIL NAO TECIDO AGULHADO DE FILAMENTOS CONTINUOS 100% POLIESTER, RESITENCIA A TRACAO = 09 KN/M",{"$f":"IFERROR(VLOOKUP(B105,Sinapi,3,0),IFERROR(VLOOKUP(B105,Auxiliar,3,0),IFERROR(VLOOKUP(B105,Auxiliar,3,0),IFERROR(VLOOKUP(B105,MAPA,3,0),))))","v":"M2    "},1.06,{"$f":"IFERROR(VLOOKUP(B105,Sinapi,4,0),IFERROR(VLOOKUP(B105,Auxiliar,6,0),IFERROR(VLOOKUP(B105,MAPA,5,0),)))","v":8.33},8.82,{"$f":"IFERROR(VLOOKUP(B105,Sinapi,5,0),IFERROR(VLOOKUP(B105,Auxiliar,8,0),IFERROR(VLOOKUP(B105,MAPA,5,0),)))","v":8.33},8.82]
[null,4720,"PEDRA BRITADA N. 0, OU PEDRISCO (4,8 A 9,5 MM) POSTO PEDREIRA/FORNECEDOR, SEM FRETE",{"$f":"IFERROR(VLOOKUP(B106,Sinapi,3,0),IFERROR(VLOOKUP(B106,Auxiliar,3,0),IFERROR(VLOOKUP(B106,Auxiliar,3,0),IFERROR(VLOOKUP(B106,MAPA,3,0),))))","v":"M3    "},2.5399999999999999E-2,{"$f":"IFERROR(VLOOKUP(B106,Sinapi,4,0),IFERROR(VLOOKUP(B106,Auxiliar,6,0),IFERROR(VLOOKUP(B106,MAPA,5,0),)))","v":114.37},2.9,{"$f":"IFERROR(VLOOKUP(B106,Sinapi,5,0),IFERROR(VLOOKUP(B106,Auxiliar,8,0),IFERROR(VLOOKUP(B106,MAPA,5,0),)))","v":114.37},2.9]
["imprimir",9836,"TUBO PVC  SERIE NORMAL, DN 100 MM, PARA ESGOTO  PREDIAL (NBR 5688)",{"$f":"IFERROR(VLOOKUP(B107,Sinapi,3,0),IFERROR(VLOOKUP(B107,Auxiliar,3,0),IFERROR(VLOOKUP(B107,Auxiliar,3,0),IFERROR(VLOOKUP(B107,MAPA,3,0), ))))","v":"M     "},1.05,{"$f":"IFERROR(VLOOKUP(B107,Sinapi,4,0),IFERROR(VLOOKUP(B107,Auxiliar,6,0),IFERROR(VLOOKUP(B107,MAPA,5,0),)))","v":16.5},17.32,{"$f":"IFERROR(VLOOKUP(B107,Sinapi,5,0),IFERROR(VLOOKUP(B107,Auxiliar,8,0),IFERROR(VLOOKUP(B107,MAPA,5,0),)))","v":16.5},17.32]
["imprimir",88316,"SERVENTE COM ENCARGOS COMPLEMENTARES","H",0.1211,19.149999999999999,2.31,21.28,2.57]
[null,"CPU 079","EXECUÇÃO E COMPACTAÇÃO DE BASE E OU SUB BASE PARA PAVIMENTAÇÃO DE MACADAME HIDRÁULICO - EXCLUSIVE CARGA E TRANSPORTE.","M3",null,null,{"$f":"TRUNC(SUM(G112:G122),2)","v":154.41999999999999},null,{"$f":"TRUNC(SUM(I112:I122),2)","v":155.53},{"$f":"TRUNC(I109*(1+BDI!$C$17),2)","v":191.9},{"$f":"171.59*(1+'RESUMO MODULO TOTAL'!F6)","v":211.72490099999999}]
[null,"REFERÊNCIA SINAPI 96400 NOV/2022"]
[null,"CÓDIGO","DESCRIÇÃO","UN","COEF.","PREÇO","TOTAL","PREÇO","TOTAL"]
[null,5631,{"$f":"IFERROR(VLOOKUP(B112,Sinapi,2,0),IFERROR(VLOOKUP(B112,Auxiliar,2,0),IFERROR(VLOOKUP(B112,Auxiliar,2,0),IFERROR(VLOOKUP(B112,MAPA,2,0), ))))","v":"ESCAVADEIRA HIDRÁULICA SOBRE ESTEIRAS, CAÇAMBA 0,80 M3, PESO OPERACIONAL 17 T, POTENCIA BRUTA 111 HP - CHP DIURNO. AF_06/2014"},{"$f":"IFERROR(VLOOKUP(B112,Sinapi,3,0),IFERROR(VLOOKUP(B112,Auxiliar,3,0),IFERROR(VLOOKUP(B112,Auxiliar,3,0),IFERROR(VLOOKUP(B112,MAPA,3,0),))))","v":"CHP"},1.9E-2,{"$f":"IFERROR(VLOOKUP(B112,Sinapi,4,0),IFERROR(VLOOKUP(B112,Auxiliar,6,0),IFERROR(VLOOKUP(B112,MAPA,5,0),)))","v":193.6},{"$f":"TRUNC(E112*F112,2)","v":3.67},{"$f":"IFERROR(VLOOKUP(B112,Sinapi,5,0),IFERROR(VLOOKUP(B112,Auxiliar,8,0),IFERROR(VLOOKUP(B112,MAPA,5,0),)))","v":198.11},{"$f":"TRUNC(E112*H112,2)","v":3.76}]
[null,5632,"ESCAVADEIRA HIDRÁULICA SOBRE ESTEIRAS, CAÇAMBA 0,80 M3, PESO OPERACIONAL 17 T, POTENCIA BRUTA 111 HP - CHI DIURNO. AF_06/2014","CHI",4.4999999999999998E-2,85.31,3.83,89.82,4.04]
[null,5684,"ROLO COMPACTADOR VIBRATÓRIO DE UM CILINDRO AÇO LISO, POTÊNCIA 80 HP, PESO OPERACIONAL MÁXIMO 8,1 T, IMPACTO DINÂMICO 16,15 / 9,5 T, LARGURA DE TRABALHO 1,68 M - CHP DIURNO. AF_06/2014","CHP",8.9999999999999993E-3,152.93,1.37,157.38999999999999,1.41]
[null,5685,"ROLO COMPACTADOR VIBRATÓRIO DE UM CILINDRO AÇO LISO, POTÊNCIA 80 HP, PESO OPERACIONAL MÁXIMO 8,1 T, IMPACTO DINÂMICO 16,15 / 9,5 T, LARGURA DE TRABALHO 1,68 M - CHI DIURNO. AF_06/2014","CHI",5.5E-2,68.59,3.77,73.05,4.01]
[null,5932,"MOTONIVELADORA POTÊNCIA BÁSICA LÍQUIDA (PRIMEIRA MARCHA) 125 HP, PESO BRUTO 13032 KG, LARGURA DA LÂMINA DE 3,7 M - CHP DIURNO. AF_06/2014","CHP",1.0999999999999999E-2,249.59,2.74,254.71,2.8]
[null,5934,"MOTONIVELADORA POTÊNCIA BÁSICA LÍQUIDA (PRIMEIRA MARCHA) 125 HP, PESO BRUTO 13032 KG, LARGURA DA LÂMINA DE 3,7 M - CHI DIURNO. AF_06/2014","CHI",5.2999999999999999E-2,98.99,5.24,104.11,5.51]
[null,88316,"SERVENTE COM ENCARGOS COMPLEMENTARES","H",6.4000000000000001E-2,19.149999999999999,1.22,21.28,1.36]
[null,4730,"PEDRA DE MAO OU PEDRA RACHAO PARA ARRIMO/FUNDACAO (POSTO PEDREIRA/FORNECEDOR, SEM FRETE)","M3    ",1.1000000000000001,93.12,102.43,93.12,102.43]
[null,4741,{"$f":"IFERROR(VLOOKUP(B120,Sinapi,2,0),IFERROR(VLOOKUP(B120,Auxiliar,2,0),IFERROR(VLOOKUP(B120,Auxiliar,2,0),IFERROR(VLOOKUP(B120,MAPA,2,0), ))))","v":"PO DE PEDRA (POSTO PEDREIRA/FORNECEDOR, SEM FRETE)"},"M3    ",0.3,93.58,28.07,93.58,28.07]
[null,5901,"CAMINHÃO PIPA 10.000 L TRUCADO, PESO BRUTO TOTAL 23.000 KG, CARGA ÚTIL MÁXIMA 15.935 KG, DISTÂNCIA ENTRE EIXOS 4,8 M, POTÊNCIA 230 CV, INCLUSIVE TANQUE DE AÇO PARA TRANSPORTE DE ÁGUA - CHP DIURNO. AF_06/2014","CHP",4.0000000000000001E-3,269.45,1.07,272.22000000000003,1.08]
[null,5903,"CAMINHÃO PIPA 10.000 L TRUCADO, PESO BRUTO TOTAL 23.000 KG, CARGA ÚTIL MÁXIMA 15.935 KG, DISTÂNCIA ENTRE EIXOS 4,8 M, POTÊNCIA 230 CV, INCLUSIVE TANQUE DE AÇO PARA TRANSPORTE DE ÁGUA - CHI DIURNO. AF_06/2014","CHI",1.6E-2,63.59,1.01,66.36,1.06]
[null,"CPU 080","CAIXA ENTERRADA HIDRÁULICA RETANGULAR, EM ALVENARIA COM BLOCOS DE CONCRETO, DIMENSÕES INTERNAS: 0,4X0,4X0,4 M PARA REDE DE ESGOTO. ","UN",null,null,{"$f":"TRUNC(SUM(G126:G141),2)","v":254.62},null,{"$f":"TRUNC(SUM(I126:I141),2)","v":268.89999999999998},{"$f":"TRUNC(I123*(1+BDI!$C$17),2)","v":331.79}]
[null,"REFERÊNCIA SINAPI 97905 JAN/2023"]
[null,"CÓDIGO","DESCRIÇÃO","UN","COEF.","PREÇO","TOTAL","PREÇO","TOTAL"]
[null,650,{"$f":"IFERROR(VLOOKUP(B126,Sinapi,2,0),IFERROR(VLOOKUP(B126,Auxiliar,2,0),IFERROR(VLOOKUP(B126,Auxiliar,2,0),IFERROR(VLOOKUP(B126,MAPA,2,0), ))))","v":"BLOCO DE VEDACAO DE CONCRETO, 9 X 19 X 39 CM (CLASSE C - NBR 6136)"},{"$f":"IFERROR(VLOOKUP(B126,Sinapi,3,0),IFERROR(VLOOKUP(B126,Auxiliar,3,0),IFERROR(VLOOKUP(B126,Auxiliar,3,0),IFERROR(VLOOKUP(B126,MAPA,3,0),))))","v":"UN    "},10.036099999999999,{"$f":"IFERROR(VLOOKUP(B126,Sinapi,4,0),IFERROR(VLOOKUP(B126,Auxiliar,6,0),IFERROR(VLOOKUP(B126,MAPA,5,0),)))","v":2.5},{"$f":"TRUNC(E126*F126,2)","v":25.09},{"$f":"IFERROR(VLOOKUP(B126,Sinapi,5,0),IFERROR(VLOOKUP(B126,Auxiliar,8,0),IFERROR(VLOOKUP(B126,MAPA,5,0),)))","v":2.5},{"$f":"TRUNC(E126*H126,2)","v":25.09}]
[null,2692,"DESMOLDANTE PROTETOR PARA FORMAS DE MADEIRA, DE BASE OLEOSA EMULSIONADA EM AGUA","L     ",4.1000000000000003E-3,7.5,0.03,7.5,0.03]
[null,4491,"PONTALETE *7,5 X 7,5* CM EM PINUS, MISTA OU EQUIVALENTE DA REGIAO - BRUTA","M     ",8.8800000000000004E-2,10.4,0.92,10.4,0.92]
[null,4517,"SARRAFO *2,5 X 7,5* CM EM PINUS, MISTA OU EQUIVALENTE DA REGIAO - BRUTA","M     ",0.1056,3.64,0.38,3.64,0.38]
[null,5069,"PREGO DE ACO POLIDO COM CABECA 17 X 27 (2 1/2 X 11)","KG    ",9.4000000000000004E-3,19.18,0.18,19.18,0.18]
[null,6193,"TABUA  NAO  APARELHADA  *2,5 X 20* CM, EM MACARANDUBA, ANGELIM OU EQUIVALENTE DA REGIAO - BRUTA","M     ",0.33119999999999999,21.9,7.25,21.9,7.25]
[null,87316,"ARGAMASSA TRAÇO 1:4 (EM VOLUME DE CIMENTO E AREIA GROSSA ÚMIDA) PARA CHAPISCO CONVENCIONAL, PREPARO MECÂNICO COM BETONEIRA 400 L. AF_08/2019","M3",7.1000000000000004E-3,493.81,3.5,508.75,3.61]
[null,88309,"PEDREIRO COM ENCARGOS COMPLEMENTARES","H",1.7093,23.69,40.49,26.51,45.31]
[null,88316,"SERVENTE COM ENCARGOS COMPLEMENTARES","H",1.343,19.149999999999999,25.71,21.28,28.57]
[null,94970,"CONCRETO FCK = 20MPA, TRAÇO 1:2,7:3 (EM MASSA SECA DE CIMENTO/ AREIA MÉDIA/ BRITA 1) - PREPARO MECÂNICO COM BETONEIRA 600 L. AF_05/2021","M3",4.19E-2,460.29,19.28,468.71,19.63]
[null,97734,"PEÇA RETANGULAR PRÉ-MOLDADA, VOLUME DE CONCRETO DE 10 A 30 LITROS, TAXA DE AÇO APROXIMADA DE 30KG/M³. AF_01/2018","M3",2.52E-2,2732.12,68.84,2938.51,74.05]
[null,100475,{"$f":"IFERROR(VLOOKUP(B137,Sinapi,2,0),IFERROR(VLOOKUP(B137,Auxiliar,2,0),IFERROR(VLOOKUP(B137,Auxiliar,2,0),IFERROR(VLOOKUP(B137,MAPA,2,0), ))))","v":"ARGAMASSA TRAÇO 1:3 (EM VOLUME DE CIMENTO E AREIA MÉDIA ÚMIDA) COM ADIÇÃO DE IMPERMEABILIZANTE, PREPARO MECÂNICO COM BETONEIRA 400 L. AF_08/2019"},{"$f":"IFERROR(VLOOKUP(B137,Sinapi,3,0),IFERROR(VLOOKUP(B137,Auxiliar,3,0),IFERROR(VLOOKUP(B137,Auxiliar,3,0),IFERROR(VLOOKUP(B137,MAPA,3,0),))))","v":"M3"},3.27E-2,{"$f":"IFERROR(VLOOKUP(B137,Sinapi,4,0),IFERROR(VLOOKUP(B137,Auxiliar,6,0),IFERROR(VLOOKUP(B137,MAPA,5,0),)))","v":728.62},23.82,{"$f":"IFERROR(VLOOKUP(B137,Sinapi,5,0),IFERROR(VLOOKUP(B137,Auxiliar,8,0),IFERROR(VLOOKUP(B137,MAPA,5,0),)))","v":740.69},24.22]
[null,101616,"PREPARO DE FUNDO DE VALA COM LARGURA MENOR QUE 1,5 M (ACERTO DO SOLO NATURAL). AF_08/2020","M2",0.49,5.57,2.72,6.21,3.04]
[null,3899,{"$f":"IFERROR(VLOOKUP(B139,Sinapi,2,0),IFERROR(VLOOKUP(B139,Auxiliar,2,0),IFERROR(VLOOKUP(B139,Auxiliar,2,0),IFERROR(VLOOKUP(B139,MAPA,2,0), ))))","v":"LUVA SIMPLES, PVC, SOLDAVEL, DN 100 MM, SERIE NORMAL, PARA ESGOTO PREDIAL"},{"$f":"IFERROR(VLOOKUP(B139,Sinapi,3,0),IFERROR(VLOOKUP(B139,Auxiliar,3,0),IFERROR(VLOOKUP(B139,Auxiliar,3,0),IFERROR(VLOOKUP(B139,MAPA,3,0),))))","v":"UN    "},1,{"$f":"IFERROR(VLOOKUP(B139,Sinapi,4,0),IFERROR(VLOOKUP(B139,Auxiliar,6,0),IFERROR(VLOOKUP(B139,MAPA,5,0),)))","v":7.26},7.26,{"$f":"IFERROR(VLOOKUP(B139,Sinapi,5,0),IFERROR(VLOOKUP(B139,Auxiliar,8,0),IFERROR(VLOOKUP(B139,MAPA,5,0),)))","v":7.26},7.26]
[null,301,"ANEL BORRACHA PARA TUBO ESGOTO PREDIAL, DN 100 MM (NBR 5688)","UN    ",1,4,4,4,4]
[null,90694,"TUBO DE PVC PARA REDE COLETORA DE ESGOTO DE PAREDE MACIÇA, DN 100 MM, JUNTA ELÁSTICA - FORNECIMENTO E ASSENTAMENTO. AF_01/2021","M",0.5,50.31,25.15,50.73,25.36]
[null,"CPU 097","CONSTRUÇÃO DE POÇO DE VISITA EM ALVENARIA DE BLOCOS ESTRUTURAL DE CONCRETO 4,5 MPA,  NAS DIMENSÕES INTERNAS  1,00 X 1,00 X 1,00 M INCLUINDO LAJE DE CONCRETO ARMADO DE 1,40 X 1,40 COM CHAMINÉ E LAJE DE TOPO EM CONCRETO ARMADO, COM APLICAÇÃO DE CHAPISCO E EMBOÇO NAS FACES EXTERNAS E INTERNAS, INCLUSIVE TAMPÃO DE FIBRA DE VIDRO DE DN 600MM.","UN",null,null,{"$f":"TRUNC(SUM(G145:G161),2)","v":4652.03},null,{"$f":"TRUNC(SUM(I145:I161),2)","v":4789.76},{"$f":"TRUNC(I142*(1+BDI!$C$17),2)","v":5910.08}]
[null,"REFERENCIA: CONFORME PROJETO ESTRUTURAL PVCR-EST-080523-P31-R02-01_05"]
[null,"CÓDIGO","DESCRIÇÃO","UN","COEF.","PREÇO","TOTAL","PREÇO","TOTAL"]
[null,101617,{"$f":"IFERROR(VLOOKUP(B145,Sinapi,2,0),IFERROR(VLOOKUP(B145,Auxiliar,2,0),IFERROR(VLOOKUP(B145,Auxiliar,2,0),IFERROR(VLOOKUP(B145,MAPA,2,0), ))))","v":"PREPARO DE FUNDO DE VALA COM LARGURA MAIOR OU IGUAL A 1,5 M E MENOR QUE 2,5 M (ACERTO DO SOLO NATURAL). AF_08/2020"},{"$f":"IFERROR(VLOOKUP(B145,Sinapi,3,0),IFERROR(VLOOKUP(B145,Auxiliar,3,0),IFERROR(VLOOKUP(B145,Auxiliar,3,0),IFERROR(VLOOKUP(B145,MAPA,3,0),))))","v":"M2"},2.56,{"$f":"IFERROR(VLOOKUP(B145,Sinapi,4,0),IFERROR(VLOOKUP(B145,Auxiliar,6,0),IFERROR(VLOOKUP(B145,MAPA,5,0),)))","v":2.74},{"$f":"TRUNC(E145*F145,2)","v":7.01},{"$f":"IFERROR(VLOOKUP(B145,Sinapi,5,0),IFERROR(VLOOKUP(B145,Auxiliar,8,0),IFERROR(VLOOKUP(B145,MAPA,5,0),)))","v":3.06},{"$f":"TRUNC(E145*H145,2)","v":7.83}]
[null,95241,"LASTRO DE CONCRETO MAGRO, APLICADO EM PISOS, LAJES SOBRE SOLO OU RADIERS, ESPESSURA DE 5 CM. AF_07/2016","M2",{"$f":"E145","v":2.56},30.07,76.97,31.5,80.64]
[null,"AUX.021","FABRICAÇÃO, MONTAGEM E DESMONTAGEM DE FÔRMA PARA VIGA BALDRAME, EM MADEIRA SERRADA, E=25 MM, 4 UTILIZAÇÕES.","M2",7.0915299999999997,67.7,480.09,72.02,510.73]
[null,"AUX.022","ARMAÇÃO PARA EXECUÇÃO DE RADIER, PISO DE CONCRETO OU LAJE SOBRE SOLO, COM USO DE TELA Q-283. ","KG    ",{"$f":"5.88+5.92","v":11.8},16.829999999999998,198.59,17.34,204.61]
[null,94970,{"$f":"IFERROR(VLOOKUP(B149,Sinapi,2,0),IFERROR(VLOOKUP(B149,Auxiliar,2,0),IFERROR(VLOOKUP(B149,Auxiliar,2,0),IFERROR(VLOOKUP(B149,MAPA,2,0), ))))","v":"CONCRETO FCK = 20MPA, TRAÇO 1:2,7:3 (EM MASSA SECA DE CIMENTO/ AREIA MÉDIA/ BRITA 1) - PREPARO MECÂNICO COM BETONEIRA 600 L. AF_05/2021"},{"$f":"IFERROR(VLOOKUP(B149,Sinapi,3,0),IFERROR(VLOOKUP(B149,Auxiliar,3,0),IFERROR(VLOOKUP(B149,Auxiliar,3,0),IFERROR(VLOOKUP(B149,MAPA,3,0),))))","v":"M3"},{"$f":"0.07+0.22+0.24+0.12","v":0.65},{"$f":"IFERROR(VLOOKUP(B149,Sinapi,4,0),IFERROR(VLOOKUP(B149,Auxiliar,6,0),IFERROR(VLOOKUP(B149,MAPA,5,0),)))","v":460.29},299.18,{"$f":"IFERROR(VLOOKUP(B149,Sinapi,5,0),IFERROR(VLOOKUP(B149,Auxiliar,8,0),IFERROR(VLOOKUP(B149,MAPA,5,0),)))","v":468.71},304.66000000000003]
[null,103670,"LANÇAMENTO COM USO DE BALDES, ADENSAMENTO E ACABAMENTO DE CONCRETO EM ESTRUTURAS. AF_02/2022","M3",{"$f":"E149","v":0.65},258.81,168.22,288.35000000000002,187.42]
[null,"AUX.026","CINTA DE AMARRAÇÃO DE ALVENARIA MOLDADA IN LOCO COM UTILIZAÇÃO DE BLOCOS CANALETA.","M",4.8,31.28,150.13999999999999,32.5,156]
[null,89993,"GRAUTEAMENTO VERTICAL EM ALVENARIA ESTRUTURAL. AF_09/2021","M3",0.02,972.22,19.440000000000001,1020.16,20.399999999999999]
[null,87904,"CHAPISCO APLICADO EM ALVENARIA (COM PRESENÇA DE VÃOS) E ESTRUTURAS DE CONCRETO DE FACHADA, COM COLHER DE PEDREIRO.  ARGAMASSA TRAÇO 1:3 COM PREPARO MANUAL. AF_10/2022","M2",7.9035399999999996,7.51,59.35,8.2100000000000009,64.88]
[null,"AUX.023","ALVENARIA DE BLOCOS DE CONCRETO ESTRUTURAL 19X19X39 CM (ESPESSURA 14 CM), FBK = 4,5 MPA, UTILIZANDO COLHER DE PEDREIRO. ","M2    ",3.9517699999999998,82.32,325.3,85.62,338.35]
[null,"AUX.024","EMBOÇO OU MASSA ÚNICA EM ARGAMASSA TRAÇO 1:3, PREPARO COM BETONEIRA 400L, APLICADA MANUALMENTE EM PANOS DE FACHADA COM PRESENÇA DE VÃOS, ESPESSURA DE 25 MM.","M2",{"$f":"E153","v":7.9035399999999996},46.04,363.87,49.73,393.04]
[null,92769,"ARMAÇÃO DE LAJE DE ESTRUTURA CONVENCIONAL DE CONCRETO ARMADO UTILIZANDO AÇO CA-50 DE 6,3 MM - MONTAGEM. AF_06/2022","KG",{"$f":"(9.02+2.27+2.88)+(1.32+0.69+0.7+0.77+0.79+0.91+0.98+10)","v":30.33},14.75,447.36,15.04,456.16]
[null,92771,"ARMAÇÃO DE LAJE DE ESTRUTURA CONVENCIONAL DE CONCRETO ARMADO UTILIZANDO AÇO CA-50 DE 10,0 MM - MONTAGEM. AF_06/2022","KG",{"$f":"2.92+3.7+2*1.87+2*2.17+36.63","v":51.33},12.9,662.15,13.01,667.8]
[null,89996,"ARMAÇÃO VERTICAL DE ALVENARIA ESTRUTURAL; DIÂMETRO DE 10,0 MM. AF_09/2021","KG",5.86,12.41,72.72,12.67,74.239999999999995]
[null,"COT.020","TAMPÃO EM POLIESTER REFORÇADO EM FIBRA DE VIDRO, COM DIÂMETRO DE 600MM E CAPACIDADE DE CARGA DE 40T E TEMP. 180°C","UN",1,1294.43,1294.43,1294.43,1294.43]
[null,5678,"RETROESCAVADEIRA SOBRE RODAS COM CARREGADEIRA, TRAÇÃO 4X4, POTÊNCIA LÍQ. 88 HP, CAÇAMBA CARREG. CAP. MÍN. 1 M3, CAÇAMBA RETRO CAP. 0,26 M3, PESO OPERACIONAL MÍN. 6.674 KG, PROFUNDIDADE ESCAVAÇÃO MÁX. 4,37 M - CHP DIURNO. AF_06/2014","CHP",9.9299999999999999E-2,141.02000000000001,14,145.53,14.45]
[null,5679,"RETROESCAVADEIRA SOBRE RODAS COM CARREGADEIRA, TRAÇÃO 4X4, POTÊNCIA LÍQ. 88 HP, CAÇAMBA CARREG. CAP. MÍN. 1 M3, CAÇAMBA RETRO CAP. 0,26 M3, PESO OPERACIONAL MÍN. 6.674 KG, PROFUNDIDADE ESCAVAÇÃO MÁX. 4,37 M - CHI DIURNO. AF_06/2014","CHI",0.2024,65.3,13.21,69.81,14.12]
[null,"CPU 102","CONSTRUÇÃO DE CAIXA COLETORA GAVETA EM ALVENARIA DE BLOCOS ESTRUTURAL DE CONCRETO 4,5 MPA,  NAS DIMENSÕES INTERNAS  1,00 X 1,00 X 1,00 M, COM APLICAÇÃO DE CHAPISCO E EMBOÇO NAS FACES EXTERNAS E INTERNAS, INCLUINDO LAJE DE CONCRETO ARMADO DE 1,40 X 1,40 COM TAMPA REMOVÍVEL DE 0,80 X 0,80 M E CANTONEIRA DE AÇO, INCLUSIVE MEIO FIO DRENANTE CONFORME PROJETO. TIPO PARA VIAS LOCAIS.","UN",null,null,{"$f":"TRUNC(SUM(G165:G183),2)","v":2883.73},null,{"$f":"TRUNC(SUM(I165:I183),2)","v":3017.09},{"$f":"TRUNC(I162*(1+BDI!$C$17),2)","v":3722.78}]
[null,"CONFORME PROJETO ESTRUTURAL PVVL-EST-110523-P31-R02-01_05"]
[null,"CÓDIGO","DESCRIÇÃO","UN","COEF.","PREÇO","TOTAL","PREÇO","TOTAL"]
[null,101617,{"$f":"IFERROR(VLOOKUP(B165,Sinapi,2,0),IFERROR(VLOOKUP(B165,Auxiliar,2,0),IFERROR(VLOOKUP(B165,Auxiliar,2,0),IFERROR(VLOOKUP(B165,MAPA,2,0), ))))","v":"PREPARO DE FUNDO DE VALA COM LARGURA MAIOR OU IGUAL A 1,5 M E MENOR QUE 2,5 M (ACERTO DO SOLO NATURAL). AF_08/2020"},{"$f":"IFERROR(VLOOKUP(B165,Sinapi,3,0),IFERROR(VLOOKUP(B165,Auxiliar,3,0),IFERROR(VLOOKUP(B165,Auxiliar,3,0),IFERROR(VLOOKUP(B165,MAPA,3,0),))))","v":"M2"},2.56,{"$f":"IFERROR(VLOOKUP(B165,Sinapi,4,0),IFERROR(VLOOKUP(B165,Auxiliar,6,0),IFERROR(VLOOKUP(B165,MAPA,5,0),)))","v":2.74},{"$f":"TRUNC(E165*F165,2)","v":7.01},{"$f":"IFERROR(VLOOKUP(B165,Sinapi,5,0),IFERROR(VLOOKUP(B165,Auxiliar,8,0),IFERROR(VLOOKUP(B165,MAPA,5,0),)))","v":3.06},{"$f":"TRUNC(E165*H165,2)","v":7.83}]
[null,95241,"LASTRO DE CONCRETO MAGRO, APLICADO EM PISOS, LAJES SOBRE SOLO OU RADIERS, ESPESSURA DE 5 CM. AF_07/2016","M2",{"$f":"E165","v":2.56},30.07,76.97,31.5,80.64]
[null,"AUX.021",{"$f":"IFERROR(VLOOKUP(B167,Sinapi,2,0),IFERROR(VLOOKUP(B167,Auxiliar,2,0),IFERROR(VLOOKUP(B167,Auxiliar,2,0),IFERROR(VLOOKUP(B167,MAPA,2,0), ))))","v":"FABRICAÇÃO, MONTAGEM E DESMONTAGEM DE FÔRMA PARA VIGA BALDRAME, EM MADEIRA SERRADA, E=25 MM, 4 UTILIZAÇÕES."},{"$f":"IFERROR(VLOOKUP(B167,Sinapi,3,0),IFERROR(VLOOKUP(B167,Auxiliar,3,0),IFERROR(VLOOKUP(B167,Auxiliar,3,0),IFERROR(VLOOKUP(B167,MAPA,3,0),))))","v":"M2"},3.6240000000000001,{"$f":"IFERROR(VLOOKUP(B167,Sinapi,4,0),IFERROR(VLOOKUP(B167,Auxiliar,6,0),IFERROR(VLOOKUP(B167,MAPA,5,0),)))","v":67.7},245.34,{"$f":"IFERROR(VLOOKUP(B167,Sinapi,5,0),IFERROR(VLOOKUP(B167,Auxiliar,8,0),IFERROR(VLOOKUP(B167,MAPA,5,0),)))","v":72.02},261]
[null,"AUX.022","ARMAÇÃO PARA EXECUÇÃO DE RADIER, PISO DE CONCRETO OU LAJE SOBRE SOLO, COM USO DE TELA Q-283. ","KG    ",{"$f":"5.88+5.91+3.22","v":15.01},16.829999999999998,252.61,17.34,260.27]
[null,94970,"CONCRETO FCK = 20MPA, TRAÇO 1:2,7:3 (EM MASSA SECA DE CIMENTO/ AREIA MÉDIA/ BRITA 1) - PREPARO MECÂNICO COM BETONEIRA 600 L. AF_05/2021","M3",{"$f":"0.01+0.22+0.19+0.04","v":0.46},460.29,211.73,468.71,215.6]
[null,103670,"LANÇAMENTO COM USO DE BALDES, ADENSAMENTO E ACABAMENTO DE CONCRETO EM ESTRUTURAS. AF_02/2022","M3",{"$f":"E169","v":0.46},258.81,119.05,288.35000000000002,132.63999999999999]
[null,"AUX.026","CINTA DE AMARRAÇÃO DE ALVENARIA MOLDADA IN LOCO COM UTILIZAÇÃO DE BLOCOS CANALETA.","M",4.8,31.28,150.13999999999999,32.5,156]
[null,89993,"GRAUTEAMENTO VERTICAL EM ALVENARIA ESTRUTURAL. AF_09/2021","M3",0.02,972.22,19.440000000000001,1020.16,20.399999999999999]
[null,87904,"CHAPISCO APLICADO EM ALVENARIA (COM PRESENÇA DE VÃOS) E ESTRUTURAS DE CONCRETO DE FACHADA, COM COLHER DE PEDREIRO.  ARGAMASSA TRAÇO 1:3 COM PREPARO MANUAL. AF_10/2022","M2",11.668670000000001,7.51,87.63,8.2100000000000009,95.79]
[null,"AUX.023","ALVENARIA DE BLOCOS DE CONCRETO ESTRUTURAL 19X19X39 CM (ESPESSURA 14 CM), FBK = 4,5 MPA, UTILIZANDO COLHER DE PEDREIRO. ","M2    ",5.0343400000000003,82.32,414.42,85.62,431.04]
[null,"AUX.024","EMBOÇO OU MASSA ÚNICA EM ARGAMASSA TRAÇO 1:3, PREPARO COM BETONEIRA 400L, APLICADA MANUALMENTE EM PANOS DE FACHADA COM PRESENÇA DE VÃOS, ESPESSURA DE 25 MM.","M2",{"$f":"E173","v":11.668670000000001},46.04,537.22,49.73,580.28]
[null,92770,"ARMAÇÃO DE LAJE DE ESTRUTURA CONVENCIONAL DE CONCRETO ARMADO UTILIZANDO AÇO CA-50 DE 8,0 MM - MONTAGEM. AF_06/2022","KG",{"$f":"1.98+2*2.87+3.12+18.88","v":29.72},14.23,422.91,14.42,428.56]
[null,92772,"ARMAÇÃO DE LAJE DE ESTRUTURA CONVENCIONAL DE CONCRETO ARMADO UTILIZANDO AÇO CA-50 DE 12,5 MM - MONTAGEM. AF_06/2022","KG",0.87,10.94,9.51,10.99,9.56]
[null,92768,"ARMAÇÃO DE LAJE DE ESTRUTURA CONVENCIONAL DE CONCRETO ARMADO UTILIZANDO AÇO CA-60 DE 5,0 MM - MONTAGEM. AF_06/2022","KG",1.21,15.09,18.25,15.52,18.77]
[null,89996,"ARMAÇÃO VERTICAL DE ALVENARIA ESTRUTURAL; DIÂMETRO DE 10,0 MM. AF_09/2021","KG",5.86,12.41,72.72,12.67,74.239999999999995]
[null,4777,"CANTONEIRA ACO ABAS IGUAIS (QUALQUER BITOLA), ESPESSURA ENTRE 1/8\" E 1/4\"","KG    ",11.61,10.25,119,10.25,119]
[null,"AUX.025","MEIO-FIO OU GUIA DE CONCRETO PRE-MOLDADO, TIPO CHAPEU PARA BOCA DE LOBO,  DIMENSOES *1,20* X 0,15 X 0,30 M. ","M",1,92.57,92.57,96.9,96.9]
[null,5678,"RETROESCAVADEIRA SOBRE RODAS COM CARREGADEIRA, TRAÇÃO 4X4, POTÊNCIA LÍQ. 88 HP, CAÇAMBA CARREG. CAP. MÍN. 1 M3, CAÇAMBA RETRO CAP. 0,26 M3, PESO OPERACIONAL MÍN. 6.674 KG, PROFUNDIDADE ESCAVAÇÃO MÁX. 4,37 M - CHP DIURNO. AF_06/2014","CHP",9.9299999999999999E-2,141.02000000000001,14,145.53,14.45]
[null,5679,"RETROESCAVADEIRA SOBRE RODAS COM CARREGADEIRA, TRAÇÃO 4X4, POTÊNCIA LÍQ. 88 HP, CAÇAMBA CARREG. CAP. MÍN. 1 M3, CAÇAMBA RETRO CAP. 0,26 M3, PESO OPERACIONAL MÍN. 6.674 KG, PROFUNDIDADE ESCAVAÇÃO MÁX. 4,37 M - CHI DIURNO. AF_06/2014","CHI",0.2024,65.3,13.21,69.81,14.12]
[null,"CPU 112","ACRÉSCIMO PARA POÇO DE VISITA RETANGULAR PARA DRENAGEM, EM ALVENARIA COM BLOCOS DE CONCRETO, DIMENSÕES INTERNAS = 1,0X1,0M. ","M",null,null,{"$f":"TRUNC(SUM(G187:G191),2)","v":987.71},null,{"$f":"TRUNC(SUM(I187:I191),2)","v":1047.8800000000001},{"$f":"TRUNC(I184*(1+BDI!$C$17),2)","v":1292.97}]
[null,"CONFORME PROJETO ESTRUTURAL ACDD-EST-080523-P31-R00-01_05"]
[null,"CÓDIGO","DESCRIÇÃO","UN","COEF.","PREÇO","TOTAL","PREÇO","TOTAL"]
[null,89993,{"$f":"IFERROR(VLOOKUP(B187,Sinapi,2,0),IFERROR(VLOOKUP(B187,Auxiliar,2,0),IFERROR(VLOOKUP(B187,Auxiliar,2,0),IFERROR(VLOOKUP(B187,MAPA,2,0), ))))","v":"GRAUTEAMENTO VERTICAL EM ALVENARIA ESTRUTURAL. AF_09/2021"},{"$f":"IFERROR(VLOOKUP(B187,Sinapi,3,0),IFERROR(VLOOKUP(B187,Auxiliar,3,0),IFERROR(VLOOKUP(B187,Auxiliar,3,0),IFERROR(VLOOKUP(B187,MAPA,3,0),))))","v":"M3"},0.02,{"$f":"IFERROR(VLOOKUP(B187,Sinapi,4,0),IFERROR(VLOOKUP(B187,Auxiliar,6,0),IFERROR(VLOOKUP(B187,MAPA,5,0),)))","v":972.22},{"$f":"TRUNC(E187*F187,2)","v":19.440000000000001},{"$f":"IFERROR(VLOOKUP(B187,Sinapi,5,0),IFERROR(VLOOKUP(B187,Auxiliar,8,0),IFERROR(VLOOKUP(B187,MAPA,5,0),)))","v":1020.16},{"$f":"TRUNC(E187*H187,2)","v":20.399999999999999}]
[null,87904,"CHAPISCO APLICADO EM ALVENARIA (COM PRESENÇA DE VÃOS) E ESTRUTURAS DE CONCRETO DE FACHADA, COM COLHER DE PEDREIRO.  ARGAMASSA TRAÇO 1:3 COM PREPARO MANUAL. AF_10/2022","M2",{"$f":"(4*1.4*1)+(4*1*1)","v":9.6},7.51,72.09,8.2100000000000009,78.81]
[null,"AUX.023","ALVENARIA DE BLOCOS DE CONCRETO ESTRUTURAL 19X19X39 CM (ESPESSURA 14 CM), FBK = 4,5 MPA, UTILIZANDO COLHER DE PEDREIRO. ","M2    ",{"$f":"4*1.2*1","v":4.8},82.32,395.13,85.62,410.97]
[null,"AUX.024","EMBOÇO OU MASSA ÚNICA EM ARGAMASSA TRAÇO 1:3, PREPARO COM BETONEIRA 400L, APLICADA MANUALMENTE EM PANOS DE FACHADA COM PRESENÇA DE VÃOS, ESPESSURA DE 25 MM.","M2",{"$f":"E188","v":9.6},46.04,441.98,49.73,477.4]
[null,89996,"ARMAÇÃO VERTICAL DE ALVENARIA ESTRUTURAL; DIÂMETRO DE 10,0 MM. AF_09/2021","KG",4.76,12.41,59.07,12.67,60.3]
[null,"CPU 132","INSTALAÇÃO E FORNECIMENTO DE PLACA PARA IDENTIFICAÇÃO DE LOGRADOURO EM CHAPA METÁLICA, NA COR AZUL, COM DIMENSÕES 45 X 20CM.","UN",null,null,{"$f":"TRUNC(SUM(G195:G198),2)","v":92.42},null,{"$f":"TRUNC(SUM(I195:I198),2)","v":93.41},{"$f":"TRUNC(I192*(1+BDI!$C$17),2)","v":115.25}]
[null,"REFERÊNCIA: BASEADA NA COMPOSIÇÃO 2555 ORSE/SE 04/2023"]
[null,"CÓDIGO","DESCRIÇÃO","UN","COEF.","PREÇO","TOTAL","PREÇO","TOTAL"]
[null,13521,{"$f":"IFERROR(VLOOKUP(B195,Sinapi,2,0),IFERROR(VLOOKUP(B195,Auxiliar,2,0),IFERROR(VLOOKUP(B195,Auxiliar,2,0),IFERROR(VLOOKUP(B195,MAPA,2,0), ))))","v":"PLACA DE ACO ESMALTADA PARA  IDENTIFICACAO DE RUA, *45 CM X 20* CM"},{"$f":"IFERROR(VLOOKUP(B195,Sinapi,3,0),IFERROR(VLOOKUP(B195,Auxiliar,3,0),IFERROR(VLOOKUP(B195,Auxiliar,3,0),IFERROR(VLOOKUP(B195,MAPA,3,0), ))))","v":"UN    "},1,{"$f":"IFERROR(VLOOKUP(B195,Sinapi,4,0),IFERROR(VLOOKUP(B195,Auxiliar,6,0),IFERROR(VLOOKUP(B195,MAPA,5,0),)))","v":82.5},{"$f":"TRUNC(E195*F195,2)","v":82.5},{"$f":"IFERROR(VLOOKUP(B195,Sinapi,5,0),IFERROR(VLOOKUP(B195,Auxiliar,8,0),IFERROR(VLOOKUP(B195,MAPA,5,0),)))","v":82.5},{"$f":"TRUNC(E195*H195,2)","v":82.5}]
[null,"COT.035",{"$f":"IFERROR(VLOOKUP(B196,Sinapi,2,0),IFERROR(VLOOKUP(B196,Auxiliar,2,0),IFERROR(VLOOKUP(B196,Auxiliar,2,0),IFERROR(VLOOKUP(B196,MAPA,2,0), ))))","v":"PARAFUSO SEXTAVADO ROSCA SOBERBA 1/4\" X 30MM DE FERRO ZINCADO."},{"$f":"IFERROR(VLOOKUP(B196,Sinapi,3,0),IFERROR(VLOOKUP(B196,Auxiliar,3,0),IFERROR(VLOOKUP(B196,Auxiliar,3,0),IFERROR(VLOOKUP(B196,MAPA,3,0), ))))","v":"UN"},4,{"$f":"IFERROR(VLOOKUP(B196,Sinapi,4,0),IFERROR(VLOOKUP(B196,Auxiliar,6,0),IFERROR(VLOOKUP(B196,MAPA,5,0),)))","v":0.34},1.36,{"$f":"IFERROR(VLOOKUP(B196,Sinapi,5,0),IFERROR(VLOOKUP(B196,Auxiliar,8,0),IFERROR(VLOOKUP(B196,MAPA,5,0),)))","v":0.34},1.36]
[null,88309,"PEDREIRO COM ENCARGOS COMPLEMENTARES","H",0.2,23.69,4.7300000000000004,26.51,5.3]
[null,88316,"SERVENTE COM ENCARGOS COMPLEMENTARES","H",0.2,19.149999999999999,3.83,21.28,4.25]
[null,90695,"TUBO DE PVC PARA REDE COLETORA DE ESGOTO DE PAREDE MACIÇA, DN 150 MM, JUNTA ELÁSTICA -  ASSENTAMENTO. ","m",null,null,{"$f":"TRUNC(SUM(G202:G205),2)","v":95.81},null,{"$f":"TRUNC(SUM(I202:I205),2)","v":4.8099999999999996},{"$f":"TRUNC(I199*(1+BDI!$C$17),2)","v":5.93}]
[null,"sinapi"]
[null,"CÓDIGO","DESCRIÇÃO","UN","COEF.","PREÇO","TOTAL","PREÇO","TOTAL"]
[null,88246,{"$f":"IFERROR(VLOOKUP(B202,Sinapi,2,0),IFERROR(VLOOKUP(B202,Auxiliar,2,0),IFERROR(VLOOKUP(B202,Auxiliar,2,0),IFERROR(VLOOKUP(B202,MAPA,2,0), ))))","v":"ASSENTADOR DE TUBOS COM ENCARGOS COMPLEMENTARES"},{"$f":"IFERROR(VLOOKUP(B202,Sinapi,3,0),IFERROR(VLOOKUP(B202,Auxiliar,3,0),IFERROR(VLOOKUP(B202,Auxiliar,3,0),IFERROR(VLOOKUP(B202,MAPA,3,0), ))))","v":"H"},0.09,{"$f":"IFERROR(VLOOKUP(B202,Sinapi,4,0),IFERROR(VLOOKUP(B202,Auxiliar,6,0),IFERROR(VLOOKUP(B202,MAPA,5,0),)))","v":26.26},{"$f":"TRUNC(E202*F202,2)","v":2.36},{"$f":"IFERROR(VLOOKUP(B202,Sinapi,5,0),IFERROR(VLOOKUP(B202,Auxiliar,8,0),IFERROR(VLOOKUP(B202,MAPA,5,0),)))","v":29.68},{"$f":"TRUNC(E202*H202,2)","v":2.67}]
[null,88316,"SERVENTE COM ENCARGOS COMPLEMENTARES","H",0.09,19.149999999999999,1.72,21.28,1.91]
[null,20078,"PASTA LUBRIFICANTE PARA TUBOS E CONEXOES COM JUNTA ELASTICA, EMBALAGEM DE *400* GR (USO EM PVC, ACO, POLIETILENO E OUTROS)","UN    ",0.01,23.81,0.23,23.81,0.23]
[null,41936,"TUBO COLETOR DE ESGOTO, PVC, JEI, DN 150 MM  (NBR 7362)","M     ",1.05,87.15,91.5,null,0]

{"sheet":"CURVA","index":5,"n_rows":105,"n_cols":10,"rows_kept":105,"cut":false,"hidden":false,"merged":[[1,0,3,5],[4,0,4,9],[5,0,6,0],[5,1,6,1],[5,2,6,2],[5,3,6,3]]}
[" CONTRATAÇÃO DE EXECUÇÃO DE PAVIMENTO ASFÁLTICO COM CBUQ, EM VIAS DE DIVERSOS MUNICÍPIOS DA REGIÃO METROPOLITANA DE RECIFE/PE, ÁREA DE ATUAÇÃO DA 15ª SUPERINTENDÊNCIA REGIONAL DA CODEVASF."]
[{"$nulls":6},"SICRO:","Pernambuco - Abril/2023"]
[{"$nulls":6},"SINAPI:","08/2023"]
[{"$nulls":6},"Data Base do Orçamento","2023-09-01"]
[" CONTRATAÇÃO DE EXECUÇÃO DE PAVIMENTO ASFÁLTICO COM CBUQ, EM VIAS DE DIVERSOS MUNICÍPIOS DA REGIÃO METROPOLITANA DE RECIFE/PE, ÁREA DE ATUAÇÃO DA 15ª SUPERINTENDÊNCIA REGIONAL DA CODEVASF."]
["ITEM","ORIGEM\nCOMPOSIÇÃO","CÓDIGO\nCOMPOSIÇÃO","DISCRIMINAÇÃO DOS SERVIÇOS","BDI % = ",0.2339,"BDI  DIFERENCIADO% =",0.15]
[{"$nulls":4},"UND","QTDE","PREÇO UNITÁRIO COM BDI","PREÇO TOTAL COM BDI ","%","% ACM"]
[1,"SICRO",5914389,"Transporte com caminhão basculante de 10 m³ - rodovia pavimentada","tkm",2964583.91,0.95,{"$f":"TRUNC(F8*G8,2)","v":2816354.71},{"$f":"H8/$H$105","v":0.11981344427},{"$f":"I8","v":0.1198134}]
[2,"SINAPI INS.",41782,"TUBO CORRUGADO PEAD, PAREDE DUPLA, INTERNA LISA, JEI, DN/DI 600 MM, PARA SANEAMENTO (DRENAGEM/ESGOTO)","m",1347.02,1778.87,2396173.46,0.10193808126999999,{"$f":"I9+J8","v":0.22175149999999999}]
[3,"SINAPI","95876","TRANSPORTE COM CAMINHÃO BASCULANTE DE 14 M³, EM VIA URBANA PAVIMENTADA, DMT ATÉ 30 KM","m³xkm",863224.77,2.64,2278913.39,9.6949599950000007E-2,{"$f":"I10+J9","v":0.31870110000000001}]
[4,"SICRO",2003939,"Meio-fio de concreto - MFC 01 moldado no local com extrusora e concreto usinado - areia e brita comerciais","m",14436.58,87.64,1265221.8700000001,5.3825105720000002E-2,0.37252619999999997]
[5,"SINAPI","96396","EXECUÇÃO E COMPACTAÇÃO DE BASE E OU SUB BASE PARA PAVIMENTAÇÃO DE BRITA GRADUADA SIMPLES - EXCLUSIVE CARGA E TRANSPORTE. AF_11/2019","m³",5554.99,214.19,1189823.3,5.0617497550000001E-2,0.42314370000000001]
[6,"Codevasf","CPU-03","Administração Local","%",1,1089513.47,1089513.47,4.6350113839999998E-2,0.46949380000000002]
[7,"Codevasf.Aux","CPU 079","EXECUÇÃO E COMPACTAÇÃO DE BASE E OU SUB BASE PARA PAVIMENTAÇÃO DE MACADAME HIDRÁULICO - EXCLUSIVE CARGA E TRANSPORTE.","m³",4578.26,236.79,1084086.18,4.6119225909999999E-2,0.51561299999999999]
[8,"SINAPI","94991","EXECUÇÃO DE PASSEIO (CALÇADA) OU PISO DE CONCRETO COM CONCRETO MOLDADO IN LOCO, USINADO C20, ACABAMENTO CONVENCIONAL, NÃO ARMADO. AF_08/2022","m³",1176.2,841.93,990278.06,4.2128438130000001E-2,0.55774140000000005]
[9,"CODEVASF","CPU-13","AQUISIÇÃO DE CIMENTO ASFALTICO CAP 50/70","t",175.27,5096.76,893309.12,3.8003182650000002E-2,0.59574459999999996]
[10,"Codevasf.Aux","CPU 044","IMPLANTAÇÃO DE DISTRIBUIDOR, INCLUSIVE TUBULAÇÃO DE 50MM, CONEXÕES, ESCAVAÇÃO, ESCORAMENTO E ATERRO.","M",6099.69,128.61000000000001,784481.13,3.3373419129999998E-2,0.62911799999999996]
[11,"SINAPI","92745","MURO DE GABIÃO, ENCHIMENTO COM PEDRA DE MÃO TIPO RACHÃO, DE GRAVIDADE, COM GAIOLAS DE COMPRIMENTO IGUAL A 2 M, PARA MUROS COM ALTURA MAIOR QUE 4 M E MENOR OU IGUAL A 6 M \u0096 FORNECIMENTO E EXECUÇÃO. AF_12/2015","M3",708.98,1022.64,725031.3,3.0844302720000001E-2,0.6599623]
[12,"Codevasf.Aux","CPU 051","CANALETA EM CONCRETO ARMADO NAS DIMENSÕES 0,40M X 0,40, INCLUINDO LAJE DE TAMPA COM 20CM, CONFORME PROJETO DE CÁLCULO ESTRUTURAL  (LINHA D'ÁGUA - TAMPA COM FUROS DN 50MM)","m",386.73,1731.46,669607.52,2.848646266E-2,0.68844879999999997]
[13,"SICRO",4011463,"Execução de pavimento com aplicação de concreto asfáltico - faixa C - areia e brita comerciais","t",2772,235.7,653360.4,2.779527721E-2,0.71624410000000005]
[14,"SINAPI INS.",41936,"'TUBO DE PVC PARA REDE COLETORA DE ESGOTO DE PAREDE MACIÇA, DN 150 MM, JUNTA ELÁSTICA  - FORNECIMENTO",null,6159.44,100.22,617299.06999999995,2.6261155049999999E-2,0.74250530000000003]
[15,"SINAPI","94342","ATERRO MANUAL DE VALAS COM AREIA PARA ATERRO E COMPACTAÇÃO MECANIZADA. AF_05/2016","m³",3990.23,144.16999999999999,575271.44999999995,2.4473214819999999E-2,0.76697850000000001]
[16,"Codevasf","CPU-04","Canteiro de Obras e Almoxarifado","%",1,539392.47,539392.47,2.29468502E-2,0.7899254]
[17,"Codevasf.Aux","CPU 102","CONSTRUÇÃO DE CAIXA COLETORA GAVETA EM ALVENARIA DE BLOCOS ESTRUTURAL DE CONCRETO 4,5 MPA,  NAS DIMENSÕES INTERNAS  1,00 X 1,00 X 1,00 M, COM APLICAÇÃO DE CHAPISCO E EMBOÇO NAS FACES EXTERNAS E INTERNAS, INCLUINDO LAJE DE CONCRETO ARMADO DE 1,40 X 1,40 COM TAMPA REMOVÍVEL DE 0,80 X 0,80 M E CANTONEIRA DE AÇO, INCLUSIVE MEIO FIO DRENANTE CONFORME PROJETO. TIPO PARA VIAS LOCAIS.","und",84,4593.54,385857.36,1.641515507E-2,0.80634059999999996]
[18,"SINAPI","95874","TRANSPORTE COM CAMINHÃO BASCULANTE DE 14 M³, EM VIA URBANA PAVIMENTADA, DMT ATÉ 30 KM (UNIDADE: M3XKM). AF_07/2020","M3XKM",29288.400000000001,12.49,365812.11,1.5562389459999999E-2,{"$f":"I25+J24","v":0.82190300000000005}]
[19,"SINAPI","100983","CARGA, MANOBRA E DESCARGA DE ENTULHO EM CAMINHÃO BASCULANTE 14 M³","m³",28723.89,11.27,323718.24,1.3771630809999999E-2,0.83567460000000005]
[20,"Codevasf.Aux","CPU 097","CONSTRUÇÃO DE CAIXA COLETORA GAVETA EM ALVENARIA DE BLOCOS ESTRUTURAL DE CONCRETO 4,5 MPA,  NAS DIMENSÕES INTERNAS  1,00 X 1,00 X 1,00 M, COM APLICAÇÃO DE CHAPISCO E EMBOÇO NAS FACES EXTERNAS E INTERNAS, INCLUINDO LAJE DE CONCRETO ARMADO DE 1,40 X 1,40 COM TAMPA REMOVÍVEL DE 0,80 X 0,80 M E CANTONEIRA DE AÇO, INCLUSIVE MEIO FIO DRENANTE CONFORME PROJETO. TIPO PARA VIAS LOCAIS.","und",41,7292.45,298990.45,1.271966045E-2,0.84839430000000005]
[21,"Codevasf.Aux","CPU 055","DRENO BARBACÃ, DN 100 MM.","M",5649.73,49.05,277119.25,1.178921522E-2,0.86018349999999999]
[22,"SINAPI","101572","ESCORAMENTO DE VALA, TIPO PONTALETEAMENTO, COM PROFUNDIDADE DE 1,5 A 3,0 M, LARGURA MENOR QUE 1,5 M. AF_08/2020","m²",11097.78,23.23,257801.42,1.096739553E-2,0.87115089999999995]
[23,"Codevasf.Aux","CPU-036","CAIXA COM GRELHA DE FIBRA DE VIDRO (PRFV) SIMPLES RETANGULAR, ALVENARIA COM BLOCO DE CONCRETO 22X11X8CM, DE UMA VEZ, DIMENSÕES INTERNAS DE 0,72X0,30X1,00M","und",79,2887.51,228113.29,9.7044022399999999E-3,0.88085530000000001]
[24,"SINAPI INS.",41781,"TUBO CORRUGADO PEAD, PAREDE DUPLA, INTERNA LISA, JEI, DN/DI *400* MM, PARA SANEAMENTO (DRENAGEM/ESGOTO)","m",281.37,804.82,226452.2,9.6337361E-3,{"$f":"I31+J40","v":0.94953489999999996}]
[25,"Codevasf","CPU-22","Fornecimento e montagem de tela de sinalização laranja (H=1,20m)","m",9884.69,19.809999999999999,195815.7,8.3303972200000007E-3,{"$f":"I32+J30","v":0.88918569999999997}]
[26,"Codevasf.Aux","CPU 080","CAIXA ENTERRADA HIDRÁULICA RETANGULAR, EM ALVENARIA COM BLOCOS DE CONCRETO, DIMENSÕES INTERNAS: 0,4X0,4X0,4 M PARA REDE DE ESGOTO. ","UN",476,409.4,194874.4,8.2903524100000001E-3,0.8974761]
[27,"Codevasf.Aux","CPU 041","ASSENTAMENTO DE GUIA (MEIO-FIO) EM TRECHO RETO, CONFECCIONADA EM CONCRETO PRÉ-FABRICADO, DIMENSÕES 100x15x30 CM (COMPRIMENTO X BASE INFERIOR X BASE SUPERIOR X ALTURA). ","M",1485.6,118.18,175568.2,7.4690274900000003E-3,0.90494509999999995]
[28,"CODEVASF","CPU-27","EXECUÇÃO DE PAVIMENTO EM PARALELEPÍPEDOS, REJUNTAMENTO COM ARGAMASSA TRAÇO 1:3 (CIMENTO E AREIA) - exclusive paralelo","m²",3140.86,55.22,173438.28,7.3784163699999999E-3,0.91232349999999995]
[29,"CODEVASF","CPU-14","AQUISIÇÃO DE CM-30","t",25.5,6302.73,160719.60999999999,6.8373383399999996E-3,0.9191608]
[30,"SICRO",5502166,"Escavação, carga e transporte de material de 1ª categoria - DMT de 1.000 a 1.200 m - caminho de serviço pavimentado- com escavadeira e caminhão basculante de 14 m³","m³",18711.419999999998,7.79,145761.96,6.2010095599999999E-3,0.92536180000000001]
[31,"CODEVASF","CPU-17","TRANSPORTE CAP 50/70","t",175.27,671.89,117762.16,5.00984125E-3,0.93037159999999997]
[32,"Codevasf.Aux","CPU 002","Suporte metálico galvanizado para placa de advertência ou regulamentação - lado ou diâmetro de 0,60 m - fornecimento e implantação","m²",123.01,918.49,112983.45,4.8065452299999997E-3,0.93517810000000001]
[33,"SINAPI INS.",4385,"PARALELEPIPEDO GRANITICO OU BASALTICO, PARA PAVIMENTACAO, SEM FRETE (VARIACAO REGIONAL DE PECAS POR M2)","mil",103.65,1071.1199999999999,111021.58,{"$f":"H40/$H$105","v":4.7230833E-3},0.93990119999999999]
[34,"SINAPI INS.",41780,"TUBO CORRUGADO PEAD, PAREDE DUPLA, INTERNA LISA, JEI, DN/DI 300 MM, PARA SANEAMENTO (DRENAGEM/ESGOTO)","m",221.24,496.59,109865.57,4.6739042900000001E-3,{"$f":"I41+J52","v":0.97940530000000003}]
[35,"SINAPI INS.",368,"AREIA PARA ATERRO - POSTO JAZIDA/FORNECEDOR (RETIRADO NA JAZIDA, SEM TRANSPORTE)","m³",1127.6400000000001,74.75,{"$f":"TRUNC(F42*G42,2)","v":84291.09},3.5859140099999999E-3,{"$f":"I42+J31","v":0.95312079999999999}]
[36,"Codevasf.Aux","CPU 043","REBAIXAMENTO DE PENA D'ÁGUA, INCLUINDO COMPLEMENTO DE TUBULAÇÃO, CONEXÕES, ESCAVAÇÃO E REATERRO.","UN",476,148.49,70681.240000000005,3.0069233700000001E-3,0.95612770000000002]
[37,"SICRO",5914351,"Carga, manobra e descarga de agregados ou solos em caminhão basculante de 14 m³ - carga com carregadeira de 3,40 m³ e descarga livre","t",22424.6,3.08,69067.759999999995,2.9382826599999999E-3,0.95906599999999997]
[38,"SINAPI","102512","PINTURA DE EIXO VIÁRIO SOBRE ASFALTO COM TINTA RETRORREFLETIVA A BASE DE RESINA ACRÍLICA COM MICROESFERAS DE VIDRO, APLICAÇÃO MECÂNICA COM DEMARCADORA AUTOPROPELIDA. AF_05/2021","m",8504.39,7.02,59700.81,2.5397936E-3,0.96160579999999996]
[39,"Codevasf.Aux","CPU 046","PISO TÁTIL DIRECIONAL E/OU ALERTA, DE CONCRETO, NA COR NATURAL P/PORTADORES DE DEFICIÊNCIA MOTORA OU VISUAL, DIMENSÕES 25X25CM, APLICADO COM ARGAMASSA INDUSTRIALIZADA AC-II, REJUNTADO, EXCLUSIVE REGULARIZAÇÃO DE BASE.","M2",282.02999999999997,197.98,55836.29,2.37538908E-3,0.96398119999999998]
[40,"Codevasf","CPU-02","Atualização do projeto de drenagem e pavimentação - as built final","m",4067.42,13.3,54096.68,2.3013825399999998E-3,0.96628259999999999]
[41,"Codevasf.Aux",90695,"TUBO DE PVC PARA REDE COLETORA DE ESGOTO DE PAREDE MACIÇA, DN 150 MM, JUNTA ELÁSTICA  - ASSENTAMENTO. AF_01/2021","M",5866.13,7.32,42940.07,1.82675771E-3,0.96810940000000001]
[42,"Codevasf.Aux","CPU 045","PISO TÁTIL DIRECIONAL E/OU ALERTA, DE CONCRETO, NA COR NATURAL, P/PORTADORES DE DEFICIÊNCIA MOTORA OU VISUAL, DIMENSÕES 40X40CM, APLICADO COM ARGAMASSA INDUSTRIALIZADA AC-II, REJUNTADO, EXCLUSIVE REGULARIZAÇÃO DE BASE.","M2",229.02,179.68,41150.31,1.7506176899999999E-3,0.96986000000000006]
[43,"SICRO",4011209,"Reguarização e compactação so subleito","m²",29818.53,1.36,40553.199999999997,1.7252154200000001E-3,0.97158520000000004]
[44,"SICRO",5213400,"Pintura de faixa com tinta acrílica - espessura de 0,4 mm","m²",971.97,38.119999999999997,37051.49,1.5762455700000001E-3,0.97316139999999995]
[45,"SINAPI","90106","ESCAVAÇÃO MECANIZADA DE VALA COM PROFUNDIDADE ATÉ 1,5 M (MÉDIA MONTANTE E JUSANTE/UMA COMPOSIÇÃO POR TRECHO), RETROESCAV. (0,26 M3), LARGURA DE 0,8 M A 1,5 M, EM SOLO DE 1A CATEGORIA, LOCAIS COM BAIXO NÍVEL DE INTERFERÊNCIA. AF_02/2021","m³",3650.25,10.11,36904.019999999997,1.5699719E-3,0.97473140000000003]
[46,"CODEVASF","CPU-15","AQUISIÇÃO DE EMULSÃO ASFÁLTICA RR-1C","t",9.24,3717.59,34350.53,1.46134125E-3,{"$f":"I53+J41","v":0.98086660000000003}]
[47,"SINAPI","103696","FORNECIMENTO E INSTALAÇÃO DE SUPORTE DE MADEIRA PARA PLACAS DE SINALIZAÇÃO EM CONCRETO, COM H= DE 2,5 M E SEÇÃO DE 7,5 X 7,5 CM. AF_03/2022","und",193,165.93,32024.49,1.36238679E-3,0.98222900000000002]
[48,"ORSE",9182,"Demolição de concreto com martelete e compressor","m³",258.73,117.8,30478.39,1.2966125600000001E-3,0.9835256]
[49,"SINAPI","90747","ASSENTAMENTO DE TUBO DE PEAD CORRUGADO DE DUPLA PAREDE, DN 600 MM, JUNTA ELÁSTICA INTEGRADA (NÃO INCLUI FORNECIMENTO). AF_01/2021","m",1282.8800000000001,22.84,29300.97,1.2465227200000001E-3,0.98477210000000004]
[50,"Codevasf","CPU-16","Serviços topográficos para pavimentação, inclusive notas de serviços, acompanhamento e greide","m²",44047.5,0.55000000000000004,24226.12,1.0306282999999999E-3,0.98580270000000003]
[51,"SINAPI","100974","CARGA, MANOBRA E DESCARGA DE SOLOS E MATERIAIS GRANULARES EM CAMINHÃO BASCULANTE 10 M³ - CARGA COM PÁ CARREGADEIRA (CAÇAMBA DE 1,7 A 2,8 M³ / 128 HP) E DESCARGA LIVRE (UNIDADE: M3). AF_07/2020","M3",1952.56,11.19,21849.14,9.2950675000000001E-4,0.98673219999999995]
[52,"SINAPI","97624","Demolição manual de alvenaria de tijolo maciço (s/ reaproveitamento)","m³",162.83000000000001,128.58000000000001,20936.68,8.9068885000000001E-4,0.98762289999999997]
[53,"Codevasf","CPU-01","Placa de Obra em Chapa de Aço Galvanizado","und",14,1387.73,19428.22,8.2651589999999998E-4,0.98844940000000003]
[54,"SINAPI INS.",36170,"BLOQUETE/PISO INTERTRAVADO DE CONCRETO - MODELO ONDA/16 FACES/RETANGULAR/TIJOLINHO/PAVER/HOLANDES/PARALELEPIPEDO, *22 CM X 11* CM, E = 8 CM, RESISTENCIA DE 35 MPA (NBR 9781), COR NATURAL","m²",279.33,62.8,17541.919999999998,7.4626887000000001E-4,0.98919570000000001]
[55,"SINAPI","97084","COMPACTAÇÃO MECÂNICA DE SOLO PARA EXECUÇÃO DE RADIER, PISO DE CONCRETO OU LAJE SOBRE SOLO, COM COMPACTADOR DE SOLOS TIPO PLACA VIBRATÓRIA. AF_09/2021","m²",19965.8,0.83,16571.61,7.0498991999999995E-4,0.98990069999999997]
[56,"SINAPI","97906","CAIXA ENTERRADA HIDRÁULICA RETANGULAR, EM ALVENARIA COM BLOCOS DE CONCRETO, DIMENSÕES INTERNAS: 0,6X0,6X0,6 M PARA REDE DE ESGOTO. AF_12/2020","UN",29,536.39,15555.31,6.6175445000000001E-4,0.99056250000000001]
[57,"ORSE","21","Demolição de meio-fio granítico ou pre-moldado","m",1086.1400000000001,14.26,15488.35,6.5890584E-4,0.99122140000000003]
[58,"CODEVASF","CPU-18","TRANSPORTE DE CM-30","t",25.5,536.75,13687.12,5.8227786E-4,0.99180369999999995]
[59,"SINAPI","90105","ESCAVAÇÃO MECANIZADA DE VALA COM PROFUNDIDADE ATÉ 1,5 M (MÉDIA MONTANTE E JUSANTE/UMA COMPOSIÇÃO POR TRECHO), RETROESCAV. (0,26 M3), LARGURA MENOR QUE 0,8 M, EM SOLO DE 1A CATEGORIA, LOCAIS COM BAIXO NÍVEL DE INTERFERÊNCIA. AF_02/2021","M3",1034,11.87,12273.58,5.2214299999999998E-4,0.99232580000000004]
[60,"SINAPI","102716","ENCHIMENTO DE AREIA PARA DRENO, LANÇAMENTO MECANIZADO. AF_07/2021","M3",57.04,212.32,12110.73,5.1521502999999995E-4,0.99284099999999997]
[61,"SINAPI","90091","ESCAVAÇÃO MECANIZADA DE VALA COM PROF. ATÉ 1,5 M (MÉDIA MONTANTE E JUSANTE/UMA COMPOSIÇÃO POR TRECHO), ESCAVADEIRA (0,8 M3), LARG. DE 1,5 M A 2,5 M, EM SOLO DE 1A CATEGORIA, LOCAIS COM BAIXO NÍVEL DE INTERFERÊNCIA. AF_02/2021","m³",1353.72,7.96,10775.61,4.5841631999999998E-4,0.99329940000000005]
[62,"SICRO",4011351,"Imprimação com asfalto diluído","m²",23100,0.46,10626,4.5205160000000001E-4,0.99375150000000001]
[63,"SINAPI","96386","EXECUÇÃO E COMPACTAÇÃO DE ATERRO COM SOLO PREDOMINANTEMENTE ARENOSO - EXCLUSIVE SOLO, ESCAVAÇÃO, CARGA E TRANSPORTE. AF_11/2019\t","m³",902.11,11.55,10419.370000000001,4.4326114000000001E-4,0.99419480000000005]
[64,"SINAPI","102717","ENCHIMENTO DE BRITA PARA DRENO, LANÇAMENTO MECANIZADO. AF_07/2021","M3",57.04,169.8,9685.39,4.1203613999999999E-4,0.99460680000000001]
[65,"Codevasf.Aux","CPU 112","ACRÉSCIMO PARA POÇO DE VISITA RETANGULAR PARA DRENAGEM, EM ALVENARIA COM BLOCOS DE CONCRETO, DIMENSÕES INTERNAS = 1,0X1,0M. ","m",5.7,1595.4,{"$f":"TRUNC(F72*G72,2)","v":9093.7800000000007},{"$f":"H72/$H$105","v":3.8686785000000001E-4},0.99499369999999998]
[66,"Codevasf.Aux","CPU 048","EXECUÇÃO DE CAIXA DE LIGAÇÃO PARA CANALETA EM ALVENARIA DE BLOCO DE CONCRETO 20X10X10, ASSENTADOS SOBRE LAJE DE CONCRETO ARMADO FCK 15 MPA, DIMENSÕES INTERNAS DE 40X40CM, REVESTIDO COM CHAPISCO E EMBOÇO, COM FUNDO EM LASTRO DE CONCRETO.","und",4,2251.2600000000002,9005.0400000000009,3.8309267E-4,0.99537679999999995]
[67,"SICRO",4011353,"Pintura de ligação","m²",23100,0.35,8085,{"$f":"H74/$H$105","v":3.4395231000000002E-4},{"$f":"I74+J73","v":0.99572079999999996}]
[68,"CODEVASF","CPU-26","EXECUÇÃO DE PAVIMENTO EM PISO INTERTRAVADO","m²",275.72000000000003,26.46,7295.55,3.1036749999999999E-4,0.99603120000000001]
[69,"SINAPI","94968","CONCRETO MAGRO PARA LASTRO, TRAÇO 1:4,5:4,5 (EM MASSA SECA DE CIMENTO/ AREIA MÉDIA/ BRITA 1) - PREPARO MECÂNICO COM BETONEIRA 600 L. AF_05/2021","M3",14.63,497.01,7271.25,3.0933373000000003E-4,0.99634049999999996]
[70,"ORSE",3258,"Demolição de piso em lajota","m²",375.14,18.37,6891.32,2.9317074000000001E-4,0.99663369999999996]
[71,"SICRO",5914366,"Transporte de cimento ou cal hidratada a granel com caminhão silo de 30 m³ - rodovia pavimentada","tkm",9534.1299999999992,0.72,6864.57,2.9203273999999998E-4,0.99692570000000003]
[72,"Codevasf.Aux","CPU 132","INSTALAÇÃO E FORNECIMENTO DE PLACA PARA IDENTIFICAÇÃO DE LOGRADOURO EM CHAPA METÁLICA, NA COR AZUL, COM DIMENSÕES 45 X 20CM.","und",48,142.21,6826.08,2.9039529000000002E-4,0.99721610000000005]
[73,"SINAPI","99061","LOCAÇÃO COM CAVALETE COM ALTURA DE 0,50 M - 2 UTILIZAÇÕES. AF_10/2018","UND",48,133,6384,2.7158831000000002E-4,0.99748769999999998]
[74,"SINAPI","101586","ESCORAMENTO DE VALA, TIPO CONTÍNUO, COM PROFUNDIDADE DE 3,0 A 4,5 M, LARGURA MENOR QUE 1,5 M. AF_08/2020","M2",97.79,64.13,6271.27,2.6679254999999999E-4,0.99775449999999999]
[75,"CODEVASF","CPU-19","TRANSPORTE RR-1C","t",9.24,676.86,6254.18,2.6606550999999998E-4,0.99802060000000004]
[76,"SINAPI","102738","BOCA PARA BUEIRO SIMPLES TUBULAR D = 60 CM EM CONCRETO, ALAS COM ESCONSIDADE DE 0°, INCLUINDO FÔRMAS E MATERIAIS. AF_07/2021","und",2,2800.37,5600.74,2.3826684E-4,0.99825889999999995]
[77,"CODEVASF","CPU-28","TRANSPORTE COM CAMINHÃO CARROCERIA COM GUINDAUTO (MUNCK),  MOMENTO MÁXIMO DE CARGA 11,7 TM, EM VIA URBANA PAVIMENTADA, DMT ATÉ 30KM (UNIDADE: TXKM). AF_07/2020","TXKM",1320,3.57,4712.3999999999996,2.0047506000000001E-4,0.9984594]
[78,"ORSE",7989,"Demolição de pavimentação em paralelepípedo sem reaproveitamento","m²",237.34,17.09,4056.14,1.7255643E-4,0.99863199999999996]
[79,"SINAPI","102312","ESCAVAÇÃO MECANIZADA DE VALA COM PROF. DE 3,0 M ATÉ 4,5 M (MÉDIA MONTANTE E JUSANTE/UMA COMPOSIÇÃO POR TRECHO), ESCAVADEIRA (1,2 M3), LARG. DE 1,5 M A 2,5 M, EM SOLO DE 2A CATEGORIA, EM LOCAIS COM ALTO NÍVEL DE INTERFERÊNCIA. AF_02/2021","M3",250.6,15.37,3851.72,1.6385997999999999E-4,0.99879589999999996]
[80,"SINAPI","100974","CARGA, MANOBRA E DESCARGA DE SOLOS E MATERIAIS GRANULARES EM CAMINHÃO BASCULANTE 10 M³ - CARGA COM PÁ CARREGADEIRA (CAÇAMBA DE 1,7 A 2,8 M³ / 128 HP) E DESCARGA LIVRE (UNIDADE: M3). AF_07/2020","M3",324.89,11.19,3635.51,1.5466197E-4,0.99895060000000002]
[81,"SINAPI","97634","Demolição de revestimento cerâmico com martele (sem reaproveitamento)","m²",212.69,15.88,3377.51,1.4368612999999999E-4,0.99909429999999999]
[82,"SINAPI","97629","Demolição de lajes com martele (sem reaproveitamento)","m³",19.170000000000002,172.39,3304.71,1.4058907000000001E-4,0.99923490000000004]
[83,"SINAPI","96620","LASTRO DE CONCRETO MAGRO, APLICADO EM PISOS, LAJES SOBRE SOLO OU RADIERS. AF_08/2017","M3",3.48,778.39,2708.79,1.1523742E-4,0.99935010000000002]
[84,"SINAPI","98504","PLANTIO DE GRAMA BATATAIS EM PLACAS. AF_05/2018","M2",141.09,18.89,2665.19,1.1338258999999999E-4,0.99946349999999995]
[85,"SINAPI","101584","ESCORAMENTO DE VALA, TIPO CONTÍNUO, COM PROFUNDIDADE DE 1,5 M A 3,0 M, LARGURA MENOR QUE 1,5 M. AF_08/2020","M2",33.15,73.260000000000005,2428.56,1.0331587E-4,0.99956679999999998]
[86,"SICRO",5503041,"Compactação de aterros a 100% do Proctor intermediário","m³",210.41,9.98,2099.89,8.9333580000000007E-5,0.99965610000000005]
[87,"ORSE",4801,"Demolição de piso em pedra calcárea","m²",39.94,37.04,1479.37,6.2935399999999994E-5,0.99971900000000002]
[88,"SINAPI","90746","ASSENTAMENTO DE TUBO DE PEAD CORRUGADO DE DUPLA PAREDE, DN 450 MM, JUNTA ELÁSTICA INTEGRADA (NÃO INCLUI FORNECIMENTO). AF_01/2021","m",267.97000000000003,5.1100000000000003,1369.32,5.8253649999999997E-5,0.99977729999999998]
[89,"SICRO",5213383,"Cavalete zebrado","unid.dia",836,1.04,869.44,3.6987740000000001E-5,0.99981430000000004]
[90,"SICRO",5213835,"Cone plastico para sinalização","unid.dia",836,1.01,844.36,3.5920790000000003E-5,0.99985020000000002]
[91,"SINAPI","93382","REATERRO MANUAL DE VALAS COM COMPACTAÇÃO MECANIZADA. AF_04/2016","M3",23.77,32.78,779.18,3.3147900000000002E-5,0.99988330000000003]
[92,"SINAPI","94872","ASSENTAMENTO DE TUBO DE PEAD CORRUGADO DE DUPLA PAREDE, DN 300 MM, JUNTA ELÁSTICA INTEGRADA (NÃO INCLUI FORNECIMENTO). AF_01/2021","m",210.7,3.41,718.48,3.0565599999999998E-5,0.99991390000000002]
[93,"SINAPI","98520","APLICAÇÃO DE ADUBO EM SOLO. AF_05/2018","M2",141.16,5.05,712.85,3.032609E-5,0.99994419999999995]
[94,"Codevasf","CPU-23","Fornecimento e implantação de cavalete de sinalização de obras","UND",35,17.13,599.54999999999995,2.5506070000000001E-5,0.99996969999999996]
[95,"SINAPI","90102","ESCAVAÇÃO MECANIZADA DE VALA COM PROF. MAIOR QUE 1,5 M ATÉ 3,0 M (MÉDIA MONTANTE E JUSANTE/UMA COMPOSIÇÃO POR TRECHO), RETROESCAV. (0,26 M3), LARGURA DE 0,8 M A 1,5 M, EM SOLO DE 1A CATEGORIA, EM LOCAIS COM ALTO NÍVEL DE INTERFERÊNCIA. AF_02/2021","M3",33.08,16.46,544.49,2.3163710000000001E-5,0.99999289999999996]
[96,"SINAPI","98530","Corte raso e recorte de árvore","und",1,152.74,152.74,6.4978699999999997E-6,0.99999939999999998]
[97,"SICRO",5914479,"Transporte com caminhão carroceria de 15 t - rodovia pavimentada","tkm",20.96,0.88,{"$f":"TRUNC(F104*G104,2)","v":18.440000000000001},7.8448000000000005E-7,1.0000001999999999]
["VALOR TOTAL DO SRP",{"$nulls":6},{"$f":"INT(SUM(H8:H104))","v":23506166}]

{"sheet":"MOMENTO DE TRANSPORTE - PRINC","index":6,"n_rows":67,"n_cols":11,"rows_kept":67,"cut":false,"hidden":false,"merged":[[33,9,33,10],[34,7,34,10],[36,3,36,7],[37,5,37,7],[20,2,20,7],[20,9,20,10],[21,7,21,10],[23,3,23,7],[24,5,24,7],[37,1,38,2],[24,1,25,2],[45,9,45,10],[46,7,46,10],[48,3,48,7],[49,5,49,7],[49,1,50,2],[57,9,57,10],[58,7,58,10],[63,3,63,7],[64,5,64,7],[64,1,65,2],[66,5,66,7],[24,3,25,3],[37,3,38,3],[49,3,50,3],[64,3,65,3],[24,4,25,4],[37,4,38,4],[49,4,50,4],[64,4,65,4],[57,2,57,7],[45,2,45,7],[27,5,27,7]]}
[null,"ESTADO:","Pernambuco","DATA BASE:","2023-09-01"]
[]
[null,null,null,"TIPO (P, RP ou LN)","DMT ESTIMADA"]
[null,null,null,"P",80]
[null,null,"RESUMO DO TRANSPORTE PRINCIPAL"]
[null,"CODIGO ","DESCRIÇÃO","TKM"]
[null,5914359,{"$f":"VLOOKUP(B7,'[5]SINTÉTICO SICRO'!$A:$D,2,0)","v":"Transporte com caminhão basculante de 10 m³ - rodovia em leito natural"},{"$f":"ROUND(SUMIF('MOMENTO DE TRANSPORTE - PRINC'!A:A,B7,'MOMENTO DE TRANSPORTE - PRINC'!K:K),2)","v":0}]
[null,5914374,{"$f":"VLOOKUP(B8,'[5]SINTÉTICO SICRO'!$A:$D,2,0)","v":"Transporte com caminhão basculante de 10 m³ - rodovia em revestimento primário"},{"$f":"ROUND(SUMIF('MOMENTO DE TRANSPORTE - PRINC'!A:A,B8,'MOMENTO DE TRANSPORTE - PRINC'!K:K),2)","v":0}]
[null,5914389,{"$f":"VLOOKUP(B9,'[5]SINTÉTICO SICRO'!$A:$D,2,0)","v":"Transporte com caminhão basculante de 10 m³ - rodovia pavimentada"},{"$f":"ROUND(SUMIF('MOMENTO DE TRANSPORTE - PRINC'!A:A,B9,'MOMENTO DE TRANSPORTE - PRINC'!K:K),2)","v":3780158}]
[null,5914449,{"$f":"VLOOKUP(B10,'[5]SINTÉTICO SICRO'!$A:$D,2,0)","v":"Transporte com caminhão carroceria de 15 t - rodovia em leito natural"},{"$f":"ROUND(SUMIF('MOMENTO DE TRANSPORTE - PRINC'!A:A,B10,'MOMENTO DE TRANSPORTE - PRINC'!K:K),2)","v":0}]
[null,5914464,{"$f":"VLOOKUP(B11,'[5]SINTÉTICO SICRO'!$A:$D,2,0)","v":"Transporte com caminhão carroceria de 15 t - rodovia em revestimento primário"},{"$f":"ROUND(SUMIF('MOMENTO DE TRANSPORTE - PRINC'!A:A,B11,'MOMENTO DE TRANSPORTE - PRINC'!K:K),2)","v":0}]
[null,5914479,{"$f":"VLOOKUP(B12,'[5]SINTÉTICO SICRO'!$A:$D,2,0)","v":"Transporte com caminhão carroceria de 15 t - rodovia pavimentada"},{"$f":"ROUND(SUMIF('MOMENTO DE TRANSPORTE - PRINC'!A:A,B12,'MOMENTO DE TRANSPORTE - PRINC'!K:K),2)","v":0}]
[null,5914364,{"$f":"VLOOKUP(B13,'[5]SINTÉTICO SICRO'!$A:$D,2,0)","v":"Transporte de cimento ou cal hidratada a granel com caminhão silo de 30 m³ - rodovia em leito natural"},{"$f":"ROUND(SUMIF('MOMENTO DE TRANSPORTE - PRINC'!A:A,B13,'MOMENTO DE TRANSPORTE - PRINC'!K:K),2)","v":0}]
[null,5914365,{"$f":"VLOOKUP(B14,'[5]SINTÉTICO SICRO'!$A:$D,2,0)","v":"Transporte de cimento ou cal hidratada a granel com caminhão silo de 30 m³ - rodovia em revestimento primário"},{"$f":"ROUND(SUMIF('MOMENTO DE TRANSPORTE - PRINC'!A:A,B14,'MOMENTO DE TRANSPORTE - PRINC'!K:K),2)","v":0}]
[null,5914366,{"$f":"VLOOKUP(B15,'[5]SINTÉTICO SICRO'!$A:$D,2,0)","v":"Transporte de cimento ou cal hidratada a granel com caminhão silo de 30 m³ - rodovia pavimentada"},{"$f":"ROUND(SUMIF('MOMENTO DE TRANSPORTE - PRINC'!A:A,B15,'MOMENTO DE TRANSPORTE - PRINC'!K:K),2)","v":0}]
[]
[null,"PRINCIPAL"]
[]
[null,"SISTEMA DE CUSTOS REFERENCIAIS DE OBRAS - SICRO",null,null,{"$f":"$C$1","v":"Pernambuco"}]
[null,"Custo Unitário de Referência",null,null,{"$f":"$E$1","v":"2023-09-01"},null,null,null,"Quantitativo",null,"t"]
[null,4011463,"Concreto asfáltico - faixa C - areia e brita comerciais",{"$nulls":5},{"$f":"SUMIF('RESUMO MODULO TOTAL'!C:C,B21,'RESUMO MODULO TOTAL'!F:F)","v":5285.7}]
[null,"D - ATIVIDADES AUXILIARES",null,"Quantidade","Unidade"]
[null,6416078,"Usinagem de concreto asfáltico - faixa C - areia e brita comerciais",1.02,"t"]
[]
[null,"F - MOMENTO DE TRANSPORTE",null,"Quantidade","Unidade","CÓDIGO TRANSPORTE"]
[{"$nulls":5},"LN","RP","P","TIPO (P, RP ou LN)","DMT ESTIMADA (km)","QUANTITATIVO TOTAL DE TRANSPORTE (tkm)"]
[{"$f":"IF(I27=\"P\",H27,IF(I27=\"RP\",G27,IF(I27=\"LN\",F27,\"\")))","v":5914389},"6416078","Usinagem de concreto asfáltico - faixa C - areia e brita comerciais - Caminhão basculante 10 m³",1.02,"tkm",5914359,5914374,5914389,"P",{"$f":"E4","v":80},{"$f":"IF(ISBLANK(J27),\"\",J27*D27)*I21","v":431313.12}]
[""]
["","Obs."]
[]
[""]
["","SISTEMA DE CUSTOS REFERENCIAIS DE OBRAS - SICRO",null,null,{"$f":"$C$1","v":"Pernambuco"}]
["","Custo Unitário de Referência",null,null,{"$f":"$E$1","v":"2023-09-01"},null,null,null,"Quantitativo",null,"m³"]
["",4011256,"Base estabilizada granulometricamente com mistura solo brita (70% - 30%) na pista com material de jazida e brita comercial",{"$nulls":5},{"$f":"SUMIF('RESUMO MODULO TOTAL'!C:C,B34,'RESUMO MODULO TOTAL'!F:F)","v":0}]
["","D - ATIVIDADES AUXILIARES",null,"Quantidade","Unidade"]
["","4016096","Escavação e carga de material de jazida com escavadeira hidráulica de 1,56 m³",0.77019000000000004,"m³"]
[""]
["","F - MOMENTO DE TRANSPORTE",null,"Quantidade","Unidade","CÓDIGO TRANSPORTE"]
["",{"$nulls":4},"LN","RP","P","TIPO (P, RP ou LN)","DMT ESTIMADA (km)","QUANTITATIVO TOTAL DE TRANSPORTE (tkm)"]
[{"$f":"IF(I40=\"P\",H40,IF(I40=\"RP\",G40,IF(I40=\"LN\",F40,\"\")))","v":5914389},"4016096","Escavação e carga de material de jazida com escavadeira hidráulica de 1,56 m³ - Caminhão basculante 10 m³",1.44411,"tkm",5914359,5914374,5914389,"P",{"$f":"E4","v":80},{"$f":"IF(ISBLANK(J40),\"\",J40*D40)*$I$34","v":0}]
[{"$f":"IF(I41=\"P\",H41,IF(I41=\"RP\",G41,IF(I41=\"LN\",F41,\"\")))","v":5914389},"M0191","Brita 1 - Caminhão basculante 10 m³",0.61890000000000001,"tkm",5914359,5914374,5914389,"P",{"$f":"E4","v":80},{"$f":"IF(ISBLANK(J41),\"\",J41*D41)*$I$34","v":0}]
["","Obs."]
[""]
["","SISTEMA DE CUSTOS REFERENCIAIS DE OBRAS - SICRO",null,null,{"$f":"$C$1","v":"Pernambuco"}]
["","Custo Unitário de Referência",null,null,{"$f":"$E$1","v":"2023-09-01"},null,null,null,"Quantitativo",null,"m³"]
["",5914351,"Carga, manobra e descarga de agregados ou solos em caminhão basculante de 14 m³ - carga com carregadeira de 3,40 m³ e descarga livre",{"$nulls":5},{"$f":"SUMIF('RESUMO MODULO TOTAL'!C:C,B46,'RESUMO MODULO TOTAL'!F:F)","v":22424.6}]
["","D - ATIVIDADES AUXILIARES",null,"Quantidade","Unidade"]
["","4016096","Escavação e carga de material de jazida com escavadeira hidráulica de 1,56 m³",0.77019000000000004,"m³"]
[""]
["","F - MOMENTO DE TRANSPORTE",null,"Quantidade","Unidade","CÓDIGO TRANSPORTE"]
["",{"$nulls":4},"LN","RP","P","TIPO (P, RP ou LN)","DMT ESTIMADA (km)","QUANTITATIVO TOTAL DE TRANSPORTE (tkm)"]
[{"$f":"IF(I52=\"P\",H52,IF(I52=\"RP\",G52,IF(I52=\"LN\",F52,\"\")))","v":5914389},"4016096","Escavação e carga de material de jazida com escavadeira hidráulica de 1,56 m³ - Caminhão basculante 10 m³",1.44411,"tkm",5914359,5914374,5914389,"P",{"$f":"E4","v":80},{"$f":"IF(ISBLANK(J52),\"\",J52*D52)*I46","v":2590687.13}]
[{"$f":"IF(I53=\"P\",H53,IF(I53=\"RP\",G53,IF(I53=\"LN\",F53,\"\")))","v":5914389},"M0191","Brita 1 - Caminhão basculante 10 m³",0.61890000000000001,"tkm",5914359,5914374,5914389,"P",{"$f":"E4","v":80},758157.75]
[null,"Obs."]
[]
["","SISTEMA DE CUSTOS REFERENCIAIS DE OBRAS - SICRO",null,null,{"$f":"$C$1","v":"Pernambuco"}]
["","Custo Unitário de Referência",null,null,{"$f":"$E$1","v":"2023-09-01"},null,null,null,"Quantitativo",null,"m"]
["",2003939,"Meio-fio de concreto - MFC 01 moldado no local com extrusora e concreto usinado - areia e brita comerciais",{"$nulls":5},{"$f":"SUMIF('RESUMO MODULO TOTAL'!C:C,B58,'RESUMO MODULO TOTAL'!F:F)","v":14436.58}]
["","D - ATIVIDADES AUXILIARES",null,"Quantidade","Unidade"]
[null,1107928," Concreto fck = 20 MPa - confecção em betoneira e lançamento manual - areia e brita comerciais",0.10249999999999999,"m³"]
[null,2003842,"Enchimento de junta de concreto com argamassa asfáltica de densidade 1.700 kg/m³ - espessura de 1 cm",0.1452,"kg"]
[null,4805750,"Escavação manual em material de 1ª categoria na profundidade de até 1 m",9.7500000000000003E-2,"m³"]
[]
[""]
["","F - MOMENTO DE TRANSPORTE",null,"Quantidade","Unidade","CÓDIGO TRANSPORTE"]
["",{"$nulls":4},"LN","RP","P","TIPO (P, RP ou LN)","DMT ESTIMADA (km)","QUANTITATIVO TOTAL DE TRANSPORTE (tkm)"]
[""]

{"sheet":"MOMENTO DE TRANSPORTE - AUX","index":7,"n_rows":49,"n_cols":11,"rows_kept":49,"cut":false,"hidden":false,"merged":[[2,1,2,3],[16,2,16,7],[16,9,16,10],[17,5,17,7],[24,5,24,7],[17,1,18,2],[17,3,18,3],[17,4,18,4],[44,5,44,7],[47,5,47,7],[44,1,45,2],[30,2,30,7],[30,9,30,10],[31,5,31,7],[38,5,38,7],[43,2,43,7],[43,9,43,10],[31,1,32,2],[31,3,32,3],[44,3,45,3],[31,4,32,4],[44,4,45,4]]}
[]
[null,"AUXILIAR",null,30]
[null,"RESUMO DO TRANSPORTE AUXILIAR"]
[null,"CODIGO ","DESCRIÇÃO","TKM"]
[null,5914359,{"$f":"VLOOKUP(B5,'[5]SINTÉTICO SICRO'!$A:$D,2,0)","v":"Transporte com caminhão basculante de 10 m³ - rodovia em leito natural"},{"$f":"ROUND(SUMIF(A:A,B5,K:K),2)","v":0}]
[null,5914374,{"$f":"VLOOKUP(B6,'[5]SINTÉTICO SICRO'!$A:$D,2,0)","v":"Transporte com caminhão basculante de 10 m³ - rodovia em revestimento primário"},0]
[null,5914389,{"$f":"VLOOKUP(B7,'[5]SINTÉTICO SICRO'!$A:$D,2,0)","v":"Transporte com caminhão basculante de 10 m³ - rodovia pavimentada"},273743.12]
[null,5914449,{"$f":"VLOOKUP(B8,'[5]SINTÉTICO SICRO'!$A:$D,2,0)","v":"Transporte com caminhão carroceria de 15 t - rodovia em leito natural"},0]
[null,5914464,{"$f":"VLOOKUP(B9,'[5]SINTÉTICO SICRO'!$A:$D,2,0)","v":"Transporte com caminhão carroceria de 15 t - rodovia em revestimento primário"},0]
[null,5914479,{"$f":"VLOOKUP(B10,'[5]SINTÉTICO SICRO'!$A:$D,2,0)","v":"Transporte com caminhão carroceria de 15 t - rodovia pavimentada"},62.89]
[null,5914364,{"$f":"VLOOKUP(B11,'[5]SINTÉTICO SICRO'!$A:$D,2,0)","v":"Transporte de cimento ou cal hidratada a granel com caminhão silo de 30 m³ - rodovia em leito natural"},0]
[null,5914365,{"$f":"VLOOKUP(B12,'[5]SINTÉTICO SICRO'!$A:$D,2,0)","v":"Transporte de cimento ou cal hidratada a granel com caminhão silo de 30 m³ - rodovia em revestimento primário"},0]
[null,5914366,{"$f":"VLOOKUP(B13,'[5]SINTÉTICO SICRO'!$A:$D,2,0)","v":"Transporte de cimento ou cal hidratada a granel com caminhão silo de 30 m³ - rodovia pavimentada"},24239.8]
[]
[null,"SISTEMA DE CUSTOS REFERENCIAIS DE OBRAS - SICRO",null,null,{"$f":"'MOMENTO DE TRANSPORTE - PRINC'!$C$1","v":"Pernambuco"},null,null,null,"Quantitivo"]
[null,"Custo Unitário de Referência",null,null,{"$f":"'MOMENTO DE TRANSPORTE - PRINC'!$E$1","v":"2023-09-01"},null,null,null,"(Coeficiente na composição principal) x (quantidade da principal no orçamento)",null,"t"]
[null,6416078,"Usinagem de concreto asfáltico - faixa C - areia e brita comerciais",{"$nulls":5},{"$f":"'MOMENTO DE TRANSPORTE - PRINC'!D23*VLOOKUP(C26,'RESUMO MODULO TOTAL'!C:H,4,FALSE)","v":5391.4139999999998}]
[null,"F - MOMENTO DE TRANSPORTE",null,"Quantidade","Unidade","DMT"]
[{"$nulls":5},"LN","RP","P","TIPO (P, RP ou LN)","DMT ESTIMADA (km)","QUANTITATIVO TOTAL DE TRANSPORTE DE MATERIAL (tkm)"]
[{"$f":"IF(I20=\"P\",H20,IF(I20=\"RP\",G20,IF(I20=\"LN\",F20,\"\")))","v":5914389},"M0028","Areia média - Caminhão basculante 10 m³",0.48713000000000001,"tkm",5914359,5914374,5914389,"P",{"$f":"'MOMENTO DE TRANSPORTE - PRINC'!E4","v":80},{"$f":"IF(ISBLANK(J20),\"\",J20*(D20*$I$17))","v":210105.5601}]
[{"$f":"IF(I21=\"P\",H21,IF(I21=\"RP\",G21,IF(I21=\"LN\",F21,\"\")))","v":5914389},"M0005","Brita 0 - Caminhão basculante 10 m³",9.3679999999999999E-2,"tkm",5914359,5914374,5914389,"P",{"$f":"$D$2","v":30},{"$f":"IF(ISBLANK(J21),\"\",J21*(D21*$I$17))","v":15152.0299}]
[5914389,"M0191","Brita 1 - Caminhão basculante 10 m³",9.3679999999999999E-2,"tkm",5914359,5914374,5914389,"P",{"$f":"$D$2","v":30},15152.0299]
[5914366,"M0344","Cal hidratada - a granel - Caminhão silo 30 m³",5.62E-2,"tkm",5914364,5914365,5914366,"P",{"$f":"'MOMENTO DE TRANSPORTE - PRINC'!E4","v":80},24239.797299999998]
[5914389,"M1103","Pedrisco - Caminhão basculante 10 m³",0.20609,"tkm",5914359,5914374,5914389,"P",30,33333.495300000002]
[""]
[null,"PRINCIPAL:",4011463]
[]
[]
["","SISTEMA DE CUSTOS REFERENCIAIS DE OBRAS - SICRO",null,null,{"$f":"'MOMENTO DE TRANSPORTE - PRINC'!$C$1","v":"Pernambuco"},null,null,null,"Quantitivo"]
["","Custo Unitário de Referência",null,null,{"$f":"'MOMENTO DE TRANSPORTE - PRINC'!$E$1","v":"2023-09-01"},null,null,null,"(Coeficiente na composição principal) x (quantidade da principal no orçamento)",null,"m³"]
["",1107928,"Concreto fck = 20 MPa - confecção em betoneira e lançamento manual - areia e brita comerciais",{"$nulls":5},{"$f":"'MOMENTO DE TRANSPORTE - PRINC'!D37*VLOOKUP(C40,'RESUMO MODULO TOTAL'!C:H,4,FALSE)","v":0}]
["","F - MOMENTO DE TRANSPORTE",null,"Quantidade","Unidade","DMT"]
["",{"$nulls":4},"LN","RP","P","TIPO (P, RP ou LN)","DMT ESTIMADA (km)","QUANTITATIVO TOTAL DE TRANSPORTE DE MATERIAL (tkm)"]
[{"$f":"IF(I34=\"P\",H34,IF(I34=\"RP\",G34,IF(I34=\"LN\",F34,\"\")))","v":5914479},"M0030","Aditivo plastificante e retardador de pega para concreto e argamassa - Caminhão carroceria 15 t",8.1999999999999998E-4,"tkm",5914449,5914464,5914479,"P",{"$f":"$D$2","v":30},{"$f":"IF(ISBLANK(J34),\"\",J34*(D34*$I$31))","v":0}]
[{"$f":"IF(I35=\"P\",H35,IF(I35=\"RP\",G35,IF(I35=\"LN\",F35,\"\")))","v":5914389},"M0082","Areia média lavada - Caminhão basculante 10 m³",0.95638999999999996,"tkm",5914359,5914374,5914389,"P",{"$f":"J20","v":80},{"$f":"IF(ISBLANK(J35),\"\",J35*(D35*$I$31))","v":0}]
[5914389,"M0191","Brita 1 - Caminhão basculante 10 m³",0.55130999999999997,"tkm",5914359,5914374,5914389,"P",{"$f":"$D$2","v":30},{"$f":"IF(ISBLANK(J36),\"\",J36*(D36*$I$31))","v":0}]
[5914389,"M0192","Brita 2 - Caminhão basculante 10 m³",0.55130999999999997,"tkm",5914359,5914374,5914389,"P",30,{"$f":"IF(ISBLANK(J37),\"\",J37*(D37*$I$31))","v":0}]
[5914479,"M0424","Cimento Portland CP II - 32 - saco - Caminhão carroceria 15 t",0.27464,"tkm",5914449,5914464,5914479,"P",30,{"$f":"IF(ISBLANK(J38),\"\",J38*(D38*$I$31))","v":0}]
[""]
[null,"PRINCIPAL:",2003939]
[]
["","SISTEMA DE CUSTOS REFERENCIAIS DE OBRAS - SICRO",null,null,{"$f":"'MOMENTO DE TRANSPORTE - PRINC'!$C$1","v":"Pernambuco"},null,null,null,"Quantitivo"]
["","Custo Unitário de Referência",null,null,{"$f":"'MOMENTO DE TRANSPORTE - PRINC'!$E$1","v":"2023-09-01"},null,null,null,"(Coeficiente na composição principal) x (quantidade da principal no orçamento)",null,"kg"]
["",2003842,"Enchimento de junta de concreto com argamassa asfáltica de densidade 1.700 kg/m³ - espessura de 1 cm",{"$nulls":5},{"$f":"'MOMENTO DE TRANSPORTE - PRINC'!D61*VLOOKUP(C49,'RESUMO MODULO TOTAL'!C:H,4,FALSE)","v":2096.1914000000002}]
["","F - MOMENTO DE TRANSPORTE",null,"Quantidade","Unidade","DMT"]
["",{"$nulls":4},"LN","RP","P","TIPO (P, RP ou LN)","DMT ESTIMADA (km)","QUANTITATIVO TOTAL DE TRANSPORTE DE MATERIAL (tkm)"]
[{"$f":"IF(I47=\"P\",H47,IF(I47=\"RP\",G47,IF(I47=\"LN\",F47,\"\")))","v":5914479},"M2158","Argamassa asfáltica - Caminhão carroceria com capacidade de 15 t - 188 Kw",1E-3,"tkm",5914449,5914464,5914479,"P",{"$f":"$D$2","v":30},{"$f":"IF(ISBLANK(J47),\"\",J47*(D47*$I$44))","v":62.8857}]
[]
[null,"PRINCIPAL:",2003939]

{"sheet":"MC MODULO","index":8,"n_rows":82,"n_cols":18,"rows_kept":82,"cut":false,"hidden":false,"merged":[[0,1,2,11],[3,1,3,13],[4,1,4,6],[4,8,4,13],[5,4,5,5],[43,2,43,6],[43,9,43,13],[39,2,39,6],[39,9,39,13],[6,4,6,5]]}
[{"$nulls":12},"SICRO:",{"$f":"'RESUMO MODULO TOTAL'!H2","v":"Pernambuco - Julho/2023"}]
[{"$nulls":12},"SINAPI:",{"$f":"'RESUMO MODULO TOTAL'!H3","v":"09/2023"}]
[{"$nulls":12},"Data base do orçamento: ","2023-10-01"]
[null,{"$f":"'RESUMO MODULO TOTAL'!A1","v":" CONTRATAÇÃO DE EXECUÇÃO DE PAVIMENTO ASFÁLTICO COM CBUQ, EM VIAS URBANAS DE RECIFE/PE, ÁREA DE ATUAÇÃO DA 15ª SUPERINTENDÊNCIA REGIONAL DA CODEVASF."}]
[null,"Memória de Cálculo - MÓDULO MÍNIMO",{"$nulls":6},{"$f":"CONCATENATE(B5,\"  x\",N7)","v":"Memória de Cálculo - MÓDULO MÍNIMO  x6,2925"}]
[null,"Extensão:",1000,"metros","Nº DE MESES:",null,{"$f":"(N6/N7)*1","v":2},null,"Extensão:",{"$f":"'RESUMO MODULO TOTAL'!F15/7","v":6292.5},"m",null,"Nº DE MESES:",{"$f":"N7*2","v":12.585000000000001}]
[null,"Largura:",7,"metros","Nº DE MODULOS:",null,1,null,"Largura:",7,"m",null,"Nº DE MODULOS:",{"$f":"(J6*J7)/G10","v":6.2925000000000004},null,null,null,22000]
[null,"ITEM","DISCRIMINAÇÃO DOS CÁLCULOS",null,null,null,"Qtd total",null,"ITEM","DESCRIÇÃO",null,null,null,"Qtd total"]
[null,null,"MOBILIZAÇÃO",{"$nulls":6},"MOBILIZAÇÃO"]
[null,1,"Mobilizações e Desmobilizações (m²)",null,null,null,{"$f":"C6*C7","v":7000},null,1,"Mobilizações e Desmobilizações (m²)",null,null,null,{"$f":"N7*G10","v":44047.5}]
[null,2,"Administração da obra (m²)",null,null,null,{"$f":"C7*C6","v":7000},null,2,"Administração da obra",null,null,null,{"$f":"N7*G11","v":44047.5}]
[null,3,"Canteiro de Obras e Almoxarifado (mês)",null,null,null,{"$f":"N6/N7","v":2},null,3,"Canteiro de Obras e Almoxarifado",null,null,null,{"$f":"G12*N7","v":12.59}]
[null,4,"Placa de Obra em Chapa de Aço Galvanizado (und)",null,null,null,1,null,4,"Placa de Obra em Chapa de Aço Galvanizado",null,null,null,{"$f":"G13*N7","v":6.29}]
[null,null,{"$f":"'RESUMO MODULO TOTAL'!D24","v":"DEMOLIÇÕES"},{"$nulls":6},{"$f":"C14","v":"DEMOLIÇÕES"}]
[null,5,{"$f":"'RESUMO MODULO TOTAL'!D25","v":"Demolição de meio-fio granítico ou pre-moldado"},{"$nulls":5},{"$f":"B15","v":5},{"$f":"C15","v":"Demolição de meio-fio granítico ou pre-moldado"}]
[null,null,"Extensão (m)","Largura (m)",null,null,"Area (m²)",null,null,"Extensão (m)","Largura (m)",null,null,"Area (m²)"]
[null,null,{"$f":"C6","v":1000},{"$f":"C7","v":7},null,null,{"$f":"C17*D17","v":7000},null,null,{"$f":"C17*N7","v":6292.5},{"$f":"D17","v":7},null,null,{"$f":"J17*K17","v":44047.5}]
[]
[null,6,{"$f":"'RESUMO MODULO TOTAL'!D41","v":"TRANSPORTE COM CAMINHÃO BASCULANTE DE 14 M³, EM VIA URBANA PAVIMENTADA, DMT ATÉ 30 KM"},{"$nulls":4}," ",{"$f":"B19","v":6},{"$f":"C19","v":"TRANSPORTE COM CAMINHÃO BASCULANTE DE 14 M³, EM VIA URBANA PAVIMENTADA, DMT ATÉ 30 KM"}]
[null,null,"Extensão (m)","Largura (m)","Espessura (m)",null,"Volume (m3)",null,null,"Extensão (m)","Largura (m)","Espessura (m)",null,"Volume (m3)"]
[null,null,{"$f":"C6","v":1000},{"$f":"C7","v":7},0.35,null,{"$f":"C21*D21*E21","v":2450},null,null,{"$f":"C21*N7","v":6292.5},{"$f":"D21","v":7},{"$f":"E21","v":0.35},null,{"$f":"J21*K21*L21","v":15416.625}]
[]
[null,7,{"$f":"'RESUMO MODULO TOTAL'!#REF!","v":{"$error":"#REF!"}},{"$nulls":5},{"$f":"B23","v":7},{"$f":"C23","v":{"$error":"#REF!"}}]
[null,null,"Extensão (m)","Largura (m)","Espessura (m)","Empolamento","Volume (m3)",null,null,"Extensão (m)","Largura (m)","Espessura (m)","Empolamento","Volume (m3)"]
[null,null,{"$f":"C6","v":1000},{"$f":"C7","v":7},0.35,1.2,{"$f":"C25*D25*E25*F25","v":2940},null,null,{"$f":"J6","v":6292.5},{"$f":"J7","v":7},0.35,1.2,{"$f":"J25*K25*L25*M25","v":18499.95}]
[]
[null,null,"PAVIMENTAÇÃO",{"$nulls":6},"PAVIMENTAÇÃO"]
[null,8,{"$f":"'RESUMO MODULO TOTAL'!#REF!","v":{"$error":"#REF!"}},{"$nulls":5},8,"Concreto asfáltico - faixa C - areia e brita comerciais"]
[null,null,"Extensão (m)","Largura (m)","Espessura (m)","Densidade (t/m³)","Massa(t)",null,null,"Extensão (m)","Largura (m)","Espessura (m)","Densidade (t/m³)","Massa (t)"]
[null,null,{"$f":"C6","v":1000},{"$f":"C7","v":7},0.05,2.4,{"$f":"C30*D30*E30*F30","v":840},null,null,{"$f":"C30*N7","v":6292.5},{"$f":"D30","v":7},0.05,2.4,{"$f":"J30*K30*L30*M30","v":5285.7}]
[]
[null,9,{"$f":"'RESUMO MODULO TOTAL'!#REF!","v":{"$error":"#REF!"}},{"$nulls":5},9,{"$f":"C32","v":{"$error":"#REF!"}}]
[null,null,"Extensão (m)",null,"Largura (m)",null,"Área (m2)",null,null,"Extensão (m)",null,"Largura (m)",null,"area (m2)"]
[null,null,{"$f":"C6","v":1000},null,{"$f":"C7","v":7},null,{"$f":"C34*E34","v":7000},null,null,{"$f":"C34*N7","v":6292.5},null,{"$f":"E34","v":7},null,{"$f":"J34*L34","v":44047.5}]
[]
[null,10,{"$f":"'RESUMO MODULO TOTAL'!#REF!","v":{"$error":"#REF!"}},{"$nulls":5},10,{"$f":"C36","v":{"$error":"#REF!"}}]
[null,null,"Extensão (m)",null,"Largura (m)",null,"Área (m2)",null,null,"Extensão (m)",null,"Largura (m)",null,"area (m2)"]
[null,null,{"$f":"C6","v":1000},null,7,null,{"$f":"C38*E38","v":7000},null,null,{"$f":"C38*N7","v":6292.5},null,{"$f":"E38","v":7},null,{"$f":"J38*L38","v":44047.5}]
[]
[null,11,{"$f":"'RESUMO MODULO TOTAL'!#REF!","v":{"$error":"#REF!"}},{"$nulls":5},11,{"$f":"C40","v":{"$error":"#REF!"}}]
[null,null,"Comprimento (m)","Largura (m)","profundidade (m)",null,"Vol.(m3)",null,null,"Comprimento (m)","Largura (m)","profundidade (m)",null,"Volume (m3)"]
[null,null,{"$f":"C6","v":1000},{"$f":"C7","v":7},0.15,null,{"$f":"C42*D42*E42","v":1050},null,null,{"$f":"C42*N7","v":6292.5},{"$f":"D42","v":7},{"$f":"E42","v":0.15},null,{"$f":"J42*K42*L42","v":6607.13}]
[]
[null,12,{"$f":"'RESUMO MODULO TOTAL'!#REF!","v":{"$error":"#REF!"}},{"$nulls":5},12,{"$f":"C44","v":{"$error":"#REF!"}}]
[null,null,"Comprimento (m)","Largura (m)","profundidade (m)",null,"Vol.(m3)",null,null,"Comprimento (m)","Largura (m)","profundidade (m)",null,"Volume (m3)"]
[null,null,{"$f":"C6","v":1000},{"$f":"C7","v":7},0.15,null,{"$f":"C46*D46*E46","v":1050},null,null,{"$f":"C46*N7","v":6292.5},{"$f":"D46","v":7},0.15,null,{"$f":"J46*K46*L46","v":6607.13}]
[]
[null,13,{"$f":"'RESUMO MODULO TOTAL'!#REF!","v":{"$error":"#REF!"}},{"$nulls":5},{"$f":"B48","v":13},{"$f":"C48","v":{"$error":"#REF!"}}]
[null,null,"Comprimento (m)","Largura (m)",null,null,"Área (m2)",null,null,"Comprimento (m)","Largura (m)",null,null,"area (m2)"]
[null,null,{"$f":"C6","v":1000},{"$f":"C7","v":7},null,null,{"$f":"C50*D50","v":7000},null,null,{"$f":"C50*N7","v":6292.5},{"$f":"D50","v":7},null,null,{"$f":"J50*K50","v":44047.5}]
[null,null,"SINALIZAÇÃO",{"$nulls":6},"SINALIZAÇÃO"]
[null,20,"Placa de regulamentação em aço D = 0,60 m - película retrorrefletiva tipo I + SI",{"$nulls":5},20,{"$f":"C52","v":"Placa de regulamentação em aço D = 0,60 m - película retrorrefletiva tipo I + SI"}]
[null,null,"Extensão (km)",null,"Quant. (un) por mão",null,"Quant. (un)",null,null,"Extensão (km)",null,"Quant. (un)",null,"Quant. (un)"]
[null,null,{"$f":"C6/1000","v":1},null,8,null,{"$f":"C54*E54","v":8},null,null,{"$f":"C54*N7","v":6.29},null,{"$f":"E54","v":8},null,{"$f":"J54*L54","v":50.32}]
[]
[null,21,"Suporte metálico galvanizado para placa de regulamentação - D = 0,60 m",{"$nulls":5},21,{"$f":"C56","v":"Suporte metálico galvanizado para placa de regulamentação - D = 0,60 m"}]
[null,null,"Extensão (km)",null,"Quant. (un) por mão",null,"Quant. (un)",null,null,"Extensão (km)",null,"Quant. (un)",null,"Quant. (un)"]
[null,null,{"$f":"C6/1000","v":1},null,8,null,{"$f":"C58*E58","v":8},null,null,{"$f":"C58*N7","v":6.29},null,{"$f":"E58","v":8},null,{"$f":"J58*L58","v":50.32}]
[]
[null,22,"Pintura de faixa com tinta acrílica - espessura de 0,4 mm (bordos)",{"$nulls":5},22,"Pintura de faixa com tinta acrílica - espessura de 0,4 mm (bordos)"]
[null,null,"Extensão (m)","Espessura (m)","nº de linhas faixas",null,"Quant. (m²)",null,null,"Extensão (m)",null,"Espessura (m)","nº de linhas faixas","Quant. (m²)"]
[null,null,{"$f":"C6","v":1000},0.1,3,null,{"$f":"C62*D62*E62","v":300},null,null,{"$f":"C6*N7","v":6292.5},null,0.1,3,{"$f":"J62*L62*M62","v":1887.75}]
[]
[null,null,"DRENAGEM",{"$nulls":6},"DRENAGEM"]
[null,23,{"$f":"'RESUMO MODULO TOTAL'!#REF!","v":{"$error":"#REF!"}},{"$nulls":5},23,"Limpeza de sarjeta e meio-fio"]
[null,null,"Extensão (m)",null,"Quant. (un)",null,"Extensão(m)",null,null,"Extensão (m)",null,"Quant. (un)",null,"Extensão(m)"]
[null,null,{"$f":"C6","v":1000},null,2,null,{"$f":"C67*E67","v":2000},null,null,{"$f":"C67*N7","v":6292.5},null,2,"=",{"$f":"J67*L67","v":12585}]
[]
[null,null,"SERVIÇOS COMPLEMENTARES",{"$nulls":6},"SERVIÇOS COMPLEMENTARES"]
[null,24,"Conserto de ramal rompido",{"$nulls":5},24,{"$f":"C70","v":"Conserto de ramal rompido"}]
[null,null,"extensão de tubulação rompida","qtd",null,null,"extensão (m)",null,null,"extensão de tubulação rompida","qtd",null,null,"extensão (m)"]
[null,null,7,{"$f":"N7","v":6.29},null,null,{"$f":"C72*D72","v":44.03},null,null,7,{"$f":"D72*N7","v":39.58},null,null,{"$f":"J72*K72","v":277.06}]
[]
[null,null,"PROJETO EXECUTIVO",{"$nulls":6},"PROJETO EXECUTIVO"]
[null,25,"Projeto Executivo",{"$nulls":5},25,"Projeto Executivo"]
[null,null,"Meses","área (m2)",null,null,"Área (m2)",null,null,"Meses","área (m2)",null,null,"área (m2)"]
[null,null,{"$f":"G6*(1/3)","v":0.67},{"$f":"C6*C7","v":7000},null,null,{"$f":"D77","v":7000},null,null,{"$f":"C77*N7","v":4.22},{"$f":"D77*N7","v":44047.5},null,null,{"$f":"G77*N7","v":44047.5}]
[]
[null,null,"CONTROLE TECNOLOGICO - OBRA",{"$nulls":6},"CONTROLE TECNOLOGICO - OBRA"]
[null,26,"Projeto Executivo",{"$nulls":5},26,"Projeto Executivo"]
[null,null,"Meses","área (m2)",null,"Quant. (un)","Área (m2)",null,null,"Meses","área (m2)",null,null,"área (m2)"]
[null,null,{"$f":"G6*(2/3)","v":1.33},{"$f":"C6*C7","v":7000},null,null,{"$f":"D82","v":7000},null,null,{"$f":"C82*N7","v":8.3699999999999992},{"$f":"D82*N7","v":44047.5},null,null,{"$f":"G82*N7","v":44047.5}]

{"sheet":"ORSE","index":9,"n_rows":6,"n_cols":5,"rows_kept":6,"cut":false,"hidden":false,"merged":[]}
[null,null,null,"R$/unit","R$ c/ BDI"]
[{"$f":"\"21\"","v":"21"},"Demolição de meio-fio granítico ou pre-moldado","m",9.3699999999999992,{"$f":"TRUNC(D2*(1+BDI!$C$17),2)","v":11.56}]
[9182,"Demolição de concreto com martelete e compressor","m³",77.38,{"$f":"TRUNC(D3*(1+BDI!$C$17),2)","v":95.47}]
[7989,"Demolição de pavimentação em paralelepípedo sem reaproveitamento","m²",11.23,{"$f":"TRUNC(D4*(1+BDI!$C$17),2)","v":13.85}]
[3258,"Demolição de piso em lajota","m²",12.07,{"$f":"TRUNC(D5*(1+BDI!$C$17),2)","v":14.89}]
[4801,"Demolição de piso em pedra calcárea","m²",24.33,{"$f":"TRUNC(D6*(1+BDI!$C$17),2)","v":30.02}]

{"sheet":"CPUs Auxs","index":10,"n_rows":27,"n_cols":6,"rows_kept":27,"cut":false,"hidden":false,"merged":[[1,0,1,3],[9,0,9,3],[16,0,16,3],[22,0,22,3]]}
["AUX.009","CONCRETAGEM DE RADIER, PISO DE CONCRETO OU LAJE SOBRE SOLO, FCK 25 MPA - LANÇAMENTO, ADENSAMENTO E ACABAMENTO."," M3",null,null,{"$f":"TRUNC(SUM(F4:F8),2)","v":543.79}]
["REFERÊNCIA SINAPI 97096 SET/22"]
["CÓDIGO","DESCRIÇÃO","UN","COEF.","PREÇO","TOTAL"]
[{"$f":"\"94971\"","v":"94971"},{"$f":"IFERROR(VLOOKUP(A4,'INSUMOS SINAPI'!A:E,2,0),IFERROR(VLOOKUP('CPUs Auxs'!A4,'SINTÉTICO SICRO'!A:D,2,0),IFERROR(VLOOKUP('CPUs Auxs'!A4,'COMP Sint. Sinapi'!G:K,2,0),)))","v":"CONCRETO FCK = 25MPA, TRAÇO 1:2,3:2,7 (EM MASSA SECA DE CIMENTO/ AREIA MÉDIA/ BRITA 1) - PREPARO MECÂNICO COM BETONEIRA 600 L. AF_05/2021"},{"$f":"IFERROR(VLOOKUP(A4,'INSUMOS SINAPI'!A:E,3,0),IFERROR(VLOOKUP('CPUs Auxs'!A4,'SINTÉTICO SICRO'!A:D,3,0),IFERROR(VLOOKUP('CPUs Auxs'!A4,'COMP Sint. Sinapi'!G:K,3,0),)))","v":"M3"},1.06,{"$f":"IFERROR(VLOOKUP(A4,'INSUMOS SINAPI'!A:E,5,0),IFERROR(VLOOKUP('CPUs Auxs'!A4,'SINTÉTICO SICRO'!A:D,4,0),IFERROR(VLOOKUP('CPUs Auxs'!A4,'COMP Sint. Sinapi'!G:K,5,0),)))","v":"494,42"},{"$f":"TRUNC(D4*E4,2)","v":524.08000000000004}]
[{"$f":"\"88309\"","v":"88309"},{"$f":"IFERROR(VLOOKUP(A5,'INSUMOS SINAPI'!A:E,2,0),IFERROR(VLOOKUP('CPUs Auxs'!A5,'SINTÉTICO SICRO'!A:D,2,0),IFERROR(VLOOKUP('CPUs Auxs'!A5,'COMP Sint. Sinapi'!G:K,2,0),)))","v":"PEDREIRO COM ENCARGOS COMPLEMENTARES"},{"$f":"IFERROR(VLOOKUP(A5,'INSUMOS SINAPI'!A:E,3,0),IFERROR(VLOOKUP('CPUs Auxs'!A5,'SINTÉTICO SICRO'!A:D,3,0),IFERROR(VLOOKUP('CPUs Auxs'!A5,'COMP Sint. Sinapi'!G:K,3,0),)))","v":"H"},0.41099999999999998,{"$f":"IFERROR(VLOOKUP(A5,'INSUMOS SINAPI'!A:E,5,0),IFERROR(VLOOKUP('CPUs Auxs'!A5,'SINTÉTICO SICRO'!A:D,4,0),IFERROR(VLOOKUP('CPUs Auxs'!A5,'COMP Sint. Sinapi'!G:K,5,0),)))","v":"26,51"},{"$f":"TRUNC(D5*E5,2)","v":10.89}]
[{"$f":"\"88316\"","v":"88316"},{"$f":"IFERROR(VLOOKUP(A6,'INSUMOS SINAPI'!A:E,2,0),IFERROR(VLOOKUP('CPUs Auxs'!A6,'SINTÉTICO SICRO'!A:D,2,0),IFERROR(VLOOKUP('CPUs Auxs'!A6,'COMP Sint. Sinapi'!G:K,2,0),)))","v":"SERVENTE COM ENCARGOS COMPLEMENTARES"},{"$f":"IFERROR(VLOOKUP(A6,'INSUMOS SINAPI'!A:E,3,0),IFERROR(VLOOKUP('CPUs Auxs'!A6,'SINTÉTICO SICRO'!A:D,3,0),IFERROR(VLOOKUP('CPUs Auxs'!A6,'COMP Sint. Sinapi'!G:K,3,0),)))","v":"H"},0.41099999999999998,{"$f":"IFERROR(VLOOKUP(A6,'INSUMOS SINAPI'!A:E,5,0),IFERROR(VLOOKUP('CPUs Auxs'!A6,'SINTÉTICO SICRO'!A:D,4,0),IFERROR(VLOOKUP('CPUs Auxs'!A6,'COMP Sint. Sinapi'!G:K,5,0),)))","v":"21,28"},{"$f":"TRUNC(D6*E6,2)","v":8.74}]
[{"$f":"\"90586\"","v":"90586"},{"$f":"IFERROR(VLOOKUP(A7,'INSUMOS SINAPI'!A:E,2,0),IFERROR(VLOOKUP('CPUs Auxs'!A7,'SINTÉTICO SICRO'!A:D,2,0),IFERROR(VLOOKUP('CPUs Auxs'!A7,'COMP Sint. Sinapi'!G:K,2,0),)))","v":"VIBRADOR DE IMERSÃO, DIÂMETRO DE PONTEIRA 45MM, MOTOR ELÉTRICO TRIFÁSICO POTÊNCIA DE 2 CV - CHP DIURNO. AF_06/2015"},{"$f":"IFERROR(VLOOKUP(A7,'INSUMOS SINAPI'!A:E,3,0),IFERROR(VLOOKUP('CPUs Auxs'!A7,'SINTÉTICO SICRO'!A:D,3,0),IFERROR(VLOOKUP('CPUs Auxs'!A7,'COMP Sint. Sinapi'!G:K,3,0),)))","v":"CHP"},5.2999999999999999E-2,{"$f":"IFERROR(VLOOKUP(A7,'INSUMOS SINAPI'!A:E,5,0),IFERROR(VLOOKUP('CPUs Auxs'!A7,'SINTÉTICO SICRO'!A:D,4,0),IFERROR(VLOOKUP('CPUs Auxs'!A7,'COMP Sint. Sinapi'!G:K,5,0),)))","v":"1,31"},0.06]
[{"$f":"\"90587\"","v":"90587"},{"$f":"IFERROR(VLOOKUP(A8,'INSUMOS SINAPI'!A:E,2,0),IFERROR(VLOOKUP('CPUs Auxs'!A8,'SINTÉTICO SICRO'!A:D,2,0),IFERROR(VLOOKUP('CPUs Auxs'!A8,'COMP Sint. Sinapi'!G:K,2,0),)))","v":"VIBRADOR DE IMERSÃO, DIÂMETRO DE PONTEIRA 45MM, MOTOR ELÉTRICO TRIFÁSICO POTÊNCIA DE 2 CV - CHI DIURNO. AF_06/2015"},{"$f":"IFERROR(VLOOKUP(A8,'INSUMOS SINAPI'!A:E,3,0),IFERROR(VLOOKUP('CPUs Auxs'!A8,'SINTÉTICO SICRO'!A:D,3,0),IFERROR(VLOOKUP('CPUs Auxs'!A8,'COMP Sint. Sinapi'!G:K,3,0),)))","v":"CHI"},4.9000000000000002E-2,{"$f":"IFERROR(VLOOKUP(A8,'INSUMOS SINAPI'!A:E,5,0),IFERROR(VLOOKUP('CPUs Auxs'!A8,'SINTÉTICO SICRO'!A:D,4,0),IFERROR(VLOOKUP('CPUs Auxs'!A8,'COMP Sint. Sinapi'!G:K,5,0),)))","v":"0,50"},0.02]
["AUX.010","ALVENARIA DE VEDAÇÃO DE BLOCOS DE CONCRETO MACIÇOS DE 22X11X8CM (ESPESSURA 8CM), DE UMA VEZ, E ARGAMASSA DE ASSENTAMENTO COM PREPARO EM BETONEIRA.","M2",null,null,{"$f":"TRUNC(SUM(F12:F15),2)","v":224.64}]
["REFERÊNCIA SINAPI 101159 SET/22"]
["CÓDIGO","DESCRIÇÃO","UN","COEF.","PREÇO","TOTAL"]
[{"$f":"\"88309\"","v":"88309"},{"$f":"IFERROR(VLOOKUP(A12,'INSUMOS SINAPI'!A:E,2,0),IFERROR(VLOOKUP('CPUs Auxs'!A12,'SINTÉTICO SICRO'!A:D,2,0),IFERROR(VLOOKUP('CPUs Auxs'!A12,'COMP Sint. Sinapi'!G:K,2,0),)))","v":"PEDREIRO COM ENCARGOS COMPLEMENTARES"},{"$f":"IFERROR(VLOOKUP(A12,'INSUMOS SINAPI'!A:E,3,0),IFERROR(VLOOKUP('CPUs Auxs'!A12,'SINTÉTICO SICRO'!A:D,3,0),IFERROR(VLOOKUP('CPUs Auxs'!A12,'COMP Sint. Sinapi'!G:K,3,0),)))","v":"H"},1.9390000000000001,{"$f":"IFERROR(VLOOKUP(A12,'INSUMOS SINAPI'!A:E,5,0),IFERROR(VLOOKUP('CPUs Auxs'!A12,'SINTÉTICO SICRO'!A:D,4,0),IFERROR(VLOOKUP('CPUs Auxs'!A12,'COMP Sint. Sinapi'!G:K,5,0),)))","v":"26,51"},{"$f":"TRUNC(D12*E12,2)","v":51.4}]
[{"$f":"\"88316\"","v":"88316"},{"$f":"IFERROR(VLOOKUP(A13,'INSUMOS SINAPI'!A:E,2,0),IFERROR(VLOOKUP('CPUs Auxs'!A13,'SINTÉTICO SICRO'!A:D,2,0),IFERROR(VLOOKUP('CPUs Auxs'!A13,'COMP Sint. Sinapi'!G:K,2,0),)))","v":"SERVENTE COM ENCARGOS COMPLEMENTARES"},{"$f":"IFERROR(VLOOKUP(A13,'INSUMOS SINAPI'!A:E,3,0),IFERROR(VLOOKUP('CPUs Auxs'!A13,'SINTÉTICO SICRO'!A:D,3,0),IFERROR(VLOOKUP('CPUs Auxs'!A13,'COMP Sint. Sinapi'!G:K,3,0),)))","v":"H"},0.97,{"$f":"IFERROR(VLOOKUP(A13,'INSUMOS SINAPI'!A:E,5,0),IFERROR(VLOOKUP('CPUs Auxs'!A13,'SINTÉTICO SICRO'!A:D,4,0),IFERROR(VLOOKUP('CPUs Auxs'!A13,'COMP Sint. Sinapi'!G:K,5,0),)))","v":"21,28"},{"$f":"TRUNC(D13*E13,2)","v":20.64}]
[{"$f":"36170","v":36170},{"$f":"IFERROR(VLOOKUP(A14,'INSUMOS SINAPI'!A:E,2,0),IFERROR(VLOOKUP('CPUs Auxs'!A14,'SINTÉTICO SICRO'!A:D,2,0),IFERROR(VLOOKUP('CPUs Auxs'!A14,'COMP Sint. Sinapi'!G:K,2,0),)))","v":"BLOQUETE/PISO INTERTRAVADO DE CONCRETO - MODELO ONDA/16 FACES/RETANGULAR/TIJOLINHO/PAVER/HOLANDES/PARALELEPIPEDO, *22 CM X 11* CM, E = 8 CM, RESISTENCIA DE 35 MPA (NBR 9781), COR NATURAL"},{"$f":"IFERROR(VLOOKUP(A14,'INSUMOS SINAPI'!A:E,3,0),IFERROR(VLOOKUP('CPUs Auxs'!A14,'SINTÉTICO SICRO'!A:D,3,0),IFERROR(VLOOKUP('CPUs Auxs'!A14,'COMP Sint. Sinapi'!G:K,3,0),)))","v":"M2    "},{"$f":"(1/(0.09*0.11))*(0.22*0.11)","v":2.4443999999999999},{"$f":"IFERROR(VLOOKUP(A14,'INSUMOS SINAPI'!A:E,5,0),IFERROR(VLOOKUP('CPUs Auxs'!A14,'SINTÉTICO SICRO'!A:D,4,0),IFERROR(VLOOKUP('CPUs Auxs'!A14,'COMP Sint. Sinapi'!G:K,5,0),)))","v":"54,75"},{"$f":"TRUNC(D14*E14,2)","v":133.83000000000001}]
[{"$f":"\"87292\"","v":"87292"},{"$f":"IFERROR(VLOOKUP(A15,'INSUMOS SINAPI'!A:E,2,0),IFERROR(VLOOKUP('CPUs Auxs'!A15,'SINTÉTICO SICRO'!A:D,2,0),IFERROR(VLOOKUP('CPUs Auxs'!A15,'COMP Sint. Sinapi'!G:K,2,0),)))","v":"ARGAMASSA TRAÇO 1:2:8 (EM VOLUME DE CIMENTO, CAL E AREIA MÉDIA ÚMIDA) PARA EMBOÇO/MASSA ÚNICA/ASSENTAMENTO DE ALVENARIA DE VEDAÇÃO, PREPARO MECÂNICO COM BETONEIRA 400 L. AF_08/2019"},{"$f":"IFERROR(VLOOKUP(A15,'INSUMOS SINAPI'!A:E,3,0),IFERROR(VLOOKUP('CPUs Auxs'!A15,'SINTÉTICO SICRO'!A:D,3,0),IFERROR(VLOOKUP('CPUs Auxs'!A15,'COMP Sint. Sinapi'!G:K,3,0),)))","v":"M3"},2.8000000000000001E-2,{"$f":"IFERROR(VLOOKUP(A15,'INSUMOS SINAPI'!A:E,5,0),IFERROR(VLOOKUP('CPUs Auxs'!A15,'SINTÉTICO SICRO'!A:D,4,0),IFERROR(VLOOKUP('CPUs Auxs'!A15,'COMP Sint. Sinapi'!G:K,5,0),)))","v":"670,49"},{"$f":"TRUNC(D15*E15,2)","v":18.77}]
["AUX.013","ARMAÇÃO DE CINTA DE ALVENARIA ESTRUTURAL; DIÂMETRO DE 5,0 MM","KG",null,null,{"$f":"TRUNC(SUM(F19:F21),2)","v":10.29}]
["REFERÊNCIA SINAPI 89998 / 96543"]
["CÓDIGO","DESCRIÇÃO","UN","COEF.","PREÇO","TOTAL"]
[43059,{"$f":"IFERROR(VLOOKUP(A19,'INSUMOS SINAPI'!A:E,2,0),IFERROR(VLOOKUP('CPUs Auxs'!A19,'SINTÉTICO SICRO'!A:D,2,0),IFERROR(VLOOKUP('CPUs Auxs'!A19,'COMP Sint. Sinapi'!G:K,2,0),)))","v":"ACO CA-60, 4,2 MM, OU 5,0 MM, OU 6,0 MM, OU 7,0 MM, VERGALHAO"},{"$f":"IFERROR(VLOOKUP(A19,'INSUMOS SINAPI'!A:E,3,0),IFERROR(VLOOKUP('CPUs Auxs'!A19,'SINTÉTICO SICRO'!A:D,3,0),IFERROR(VLOOKUP('CPUs Auxs'!A19,'COMP Sint. Sinapi'!G:K,3,0),)))","v":"KG    "},1,{"$f":"IFERROR(VLOOKUP(A19,'INSUMOS SINAPI'!A:E,5,0),IFERROR(VLOOKUP('CPUs Auxs'!A19,'SINTÉTICO SICRO'!A:D,4,0),IFERROR(VLOOKUP('CPUs Auxs'!A19,'COMP Sint. Sinapi'!G:K,5,0),)))","v":"9,31"},{"$f":"TRUNC(D19*E19,2)","v":9.31}]
[{"$f":"\"88238\"","v":"88238"},{"$f":"IFERROR(VLOOKUP(A20,'INSUMOS SINAPI'!A:E,2,0),IFERROR(VLOOKUP('CPUs Auxs'!A20,'SINTÉTICO SICRO'!A:D,2,0),IFERROR(VLOOKUP('CPUs Auxs'!A20,'COMP Sint. Sinapi'!G:K,2,0),)))","v":"AJUDANTE DE ARMADOR COM ENCARGOS COMPLEMENTARES"},{"$f":"IFERROR(VLOOKUP(A20,'INSUMOS SINAPI'!A:E,3,0),IFERROR(VLOOKUP('CPUs Auxs'!A20,'SINTÉTICO SICRO'!A:D,3,0),IFERROR(VLOOKUP('CPUs Auxs'!A20,'COMP Sint. Sinapi'!G:K,3,0),)))","v":"H"},1.6299999999999999E-2,{"$f":"IFERROR(VLOOKUP(A20,'INSUMOS SINAPI'!A:E,5,0),IFERROR(VLOOKUP('CPUs Auxs'!A20,'SINTÉTICO SICRO'!A:D,4,0),IFERROR(VLOOKUP('CPUs Auxs'!A20,'COMP Sint. Sinapi'!G:K,5,0),)))","v":"21,28"},{"$f":"TRUNC(D20*E20,2)","v":0.34}]
[{"$f":"\"88245\"","v":"88245"},{"$f":"IFERROR(VLOOKUP(A21,'INSUMOS SINAPI'!A:E,2,0),IFERROR(VLOOKUP('CPUs Auxs'!A21,'SINTÉTICO SICRO'!A:D,2,0),IFERROR(VLOOKUP('CPUs Auxs'!A21,'COMP Sint. Sinapi'!G:K,2,0),)))","v":"ARMADOR COM ENCARGOS COMPLEMENTARES"},{"$f":"IFERROR(VLOOKUP(A21,'INSUMOS SINAPI'!A:E,3,0),IFERROR(VLOOKUP('CPUs Auxs'!A21,'SINTÉTICO SICRO'!A:D,3,0),IFERROR(VLOOKUP('CPUs Auxs'!A21,'COMP Sint. Sinapi'!G:K,3,0),)))","v":"H"},2.4400000000000002E-2,{"$f":"IFERROR(VLOOKUP(A21,'INSUMOS SINAPI'!A:E,5,0),IFERROR(VLOOKUP('CPUs Auxs'!A21,'SINTÉTICO SICRO'!A:D,4,0),IFERROR(VLOOKUP('CPUs Auxs'!A21,'COMP Sint. Sinapi'!G:K,5,0),)))","v":"26,31"},{"$f":"TRUNC(D21*E21,2)","v":0.64}]
["AUX.014","ARMAÇÃO DE CINTA DE ALVENARIA ESTRUTURAL; DIÂMETRO DE 6,3 MM","KG",null,null,{"$f":"TRUNC(SUM(F25:F27),2)","v":11.61}]
["REFERÊNCIA SINAPI 89998 / 96544"]
["CÓDIGO","DESCRIÇÃO","UN","COEF.","PREÇO","TOTAL"]
[32,{"$f":"IFERROR(VLOOKUP(A25,'INSUMOS SINAPI'!A:E,2,0),IFERROR(VLOOKUP('CPUs Auxs'!A25,'SINTÉTICO SICRO'!A:D,2,0),IFERROR(VLOOKUP('CPUs Auxs'!A25,'COMP Sint. Sinapi'!G:K,2,0),)))","v":"ACO CA-50, 6,3 MM, VERGALHAO"},{"$f":"IFERROR(VLOOKUP(A25,'INSUMOS SINAPI'!A:E,3,0),IFERROR(VLOOKUP('CPUs Auxs'!A25,'SINTÉTICO SICRO'!A:D,3,0),IFERROR(VLOOKUP('CPUs Auxs'!A25,'COMP Sint. Sinapi'!G:K,3,0),)))","v":"KG    "},1,{"$f":"IFERROR(VLOOKUP(A25,'INSUMOS SINAPI'!A:E,5,0),IFERROR(VLOOKUP('CPUs Auxs'!A25,'SINTÉTICO SICRO'!A:D,4,0),IFERROR(VLOOKUP('CPUs Auxs'!A25,'COMP Sint. Sinapi'!G:K,5,0),)))","v":"10,38"},{"$f":"TRUNC(D25*E25,2)","v":10.38}]
[{"$f":"\"88238\"","v":"88238"},{"$f":"IFERROR(VLOOKUP(A26,'INSUMOS SINAPI'!A:E,2,0),IFERROR(VLOOKUP('CPUs Auxs'!A26,'SINTÉTICO SICRO'!A:D,2,0),IFERROR(VLOOKUP('CPUs Auxs'!A26,'COMP Sint. Sinapi'!G:K,2,0),)))","v":"AJUDANTE DE ARMADOR COM ENCARGOS COMPLEMENTARES"},{"$f":"IFERROR(VLOOKUP(A26,'INSUMOS SINAPI'!A:E,3,0),IFERROR(VLOOKUP('CPUs Auxs'!A26,'SINTÉTICO SICRO'!A:D,3,0),IFERROR(VLOOKUP('CPUs Auxs'!A26,'COMP Sint. Sinapi'!G:K,3,0),)))","v":"H"},2.0500000000000001E-2,{"$f":"IFERROR(VLOOKUP(A26,'INSUMOS SINAPI'!A:E,5,0),IFERROR(VLOOKUP('CPUs Auxs'!A26,'SINTÉTICO SICRO'!A:D,4,0),IFERROR(VLOOKUP('CPUs Auxs'!A26,'COMP Sint. Sinapi'!G:K,5,0),)))","v":"21,28"},{"$f":"TRUNC(D26*E26,2)","v":0.43}]
[{"$f":"\"88245\"","v":"88245"},{"$f":"IFERROR(VLOOKUP(A27,'INSUMOS SINAPI'!A:E,2,0),IFERROR(VLOOKUP('CPUs Auxs'!A27,'SINTÉTICO SICRO'!A:D,2,0),IFERROR(VLOOKUP('CPUs Auxs'!A27,'COMP Sint. Sinapi'!G:K,2,0),)))","v":"ARMADOR COM ENCARGOS COMPLEMENTARES"},{"$f":"IFERROR(VLOOKUP(A27,'INSUMOS SINAPI'!A:E,3,0),IFERROR(VLOOKUP('CPUs Auxs'!A27,'SINTÉTICO SICRO'!A:D,3,0),IFERROR(VLOOKUP('CPUs Auxs'!A27,'COMP Sint. Sinapi'!G:K,3,0),)))","v":"H"},3.0700000000000002E-2,{"$f":"IFERROR(VLOOKUP(A27,'INSUMOS SINAPI'!A:E,5,0),IFERROR(VLOOKUP('CPUs Auxs'!A27,'SINTÉTICO SICRO'!A:D,4,0),IFERROR(VLOOKUP('CPUs Auxs'!A27,'COMP Sint. Sinapi'!G:K,5,0),)))","v":"26,31"},{"$f":"TRUNC(D27*E27,2)","v":0.8}]

{"sheet":"COTAÇÕES","index":11,"n_rows":26,"n_cols":6,"rows_kept":26,"cut":false,"hidden":false,"merged":[[7,0,7,4],[0,0,2,4],[4,0,4,2],[4,3,5,3],[4,4,5,4],[5,0,5,2],[6,0,6,4]]}
[]
[]
[]
[]
["OBRA: "]
["LOCAL: "]
[]
["MAPA DE COTAÇÕES"]
[]
["COT.020","TAMPÃO EM POLIESTER REFORÇADO EM FIBRA DE VIDRO, COM DIÂMETRO DE 600MM E CAPACIDADE DE CARGA DE 40T E TEMP. 180°C","UN",null,{"$f":"ROUND((AVERAGE(E11:E13)),2)","v":1294.43},"2023-05-25"]
["EMPRESA 1","ECOLOGICA ENGENHARIA SUSTENTAVEL","(71) 99192-0179","Jackson Mazzei",1590]
["EMPRESA 2","RTC EC","(71) 98717-0962","José Pedro",998.85]
[]
["COT.023","GRADE DE FIBRA DE VIDRO COM CAIXILHO, 0,90X0,30X0,07M CAP. CARGA DE 25T.","UN",null,{"$f":"AVERAGE(E15:E16)","v":1020}]
["EMPRESA 1","MADEIRA.COM INDUSTRIA E COMERCIO LTDA","(11) 4035-5241",null,850,"2023-05-18"]
["EMPRESA 2","ECOLOGICA ENGENHARIA SUSTENTAVEL","(71) 99192-0179","Jackson Mazzei",1190,"2023-05-26"]
["COT.027","PISO TÁTIL DIRECIONAL E/OU ALERTA DE CONCRETO DIM 25X25X0,25 CM, PARA PESSOA COM DEFICIÊNCIA VISUAL., POSTO OBRA.","M2",null,{"$f":"ROUND((AVERAGE(E18:E21)),2)","v":77.459999999999994},"2023-06-29"]
["EMPRESA 1","FÁBRICA DO FORTE","(81) 3227-2990 / 3228-2380 fabricadoforte@gmail.com","EDMILSON",{"$f":"3.8*(1/(0.25*0.25))","v":60.8}]
["EMPRESA 2","LAJES TIMBÍ","(81) 3458-1211","CRISTIANE",{"$f":"37+(400/(6.92*2))","v":65.900000000000006}]
["EMPRESA 3","ISO PRÉ MOLDADOS","(81)3132-6757/ isoengenharia@yahoo.com.br","RISOMAR",{"$f":"84+(300/(6.92*2))","v":105.68}]
["EMPRESA 4","PREMACIL"]
["COT.035","PARAFUSO SEXTAVADO ROSCA SOBERBA 1/4\" X 30MM DE FERRO ZINCADO.","UN",null,{"$f":"ROUND((AVERAGE(E23:E25)),2)","v":0.28999999999999998},"2023-07-20"]
["EMPRESA 1","ATLAS PARAFUSO","https://www.atlasparafusos.com.br/","SITE",0.27]
["EMPRESA 2","CASA DOS PARAFUSOS FRANCA","https://www.casadosparafusosfranca.com.br/?gad=1&gclid=CjwKCAjwtuOlBhBREiwA7agf1kFh0jW2rpoLRKjRzXHBhuVcUHe3g4UA4mGObYGGkAIXY53Vzih2HhoCzbIQAvD_BwE","SITE",0.26]
["EMPRESA 3","CCP PARAFUSOS E FERRAMENTAS","https://www.ccpvirtual.com.br/","SITE",{"$f":"17.66/50","v":0.35320000000000001}]
["EMPRESA 4","JOFEPAR","https://www.jofepar.com.br/","SITE",0.47]

{"sheet":"CRONOGRAMA TOTAL","index":12,"n_rows":31,"n_cols":19,"rows_kept":31,"cut":false,"hidden":false,"merged":[]}
[]
[{"$f":"'RESUMO MODULO TOTAL'!A1","v":" CONTRATAÇÃO DE EXECUÇÃO DE PAVIMENTO ASFÁLTICO COM CBUQ, EM VIAS URBANAS DE RECIFE/PE, ÁREA DE ATUAÇÃO DA 15ª SUPERINTENDÊNCIA REGIONAL DA CODEVASF."}]
["Cronograma Físico e Financeiro "]
["Item","Descrição","Total Por Etapa","15 DIAS","30 DIAS","45 DIAS","60 DIAS","75 DIAS","90 DIAS","105 DIAS","120 DIAS","135 DIAS","150 DIAS","165 DIAS","180 DIAS"]
[null,{"$f":"'RESUMO MODULO TOTAL'!D8","v":"ADMINISTRAÇÃO DA OBRA"},1,null,null,{"$f":"$C$5/10","v":0.1},{"$f":"$C$5/10","v":0.1},0.1,0.1,0.1,0.1,0.1,0.1,0.1,0.1,null,{"$f":"SUM(D5:O5)","v":1}]
[null,null,{"$f":"SUM('RESUMO MODULO TOTAL'!H10:H12)","v":994843.63},null,null,{"$f":"$C$6*F5","v":99484.36},99484.36,99484.36,99484.36,99484.36,99484.36,99484.36,99484.36,99484.36,99484.36,null,{"$f":"SUM(D6:O6)","v":994843.6},{"$f":"C6","v":994843.63},{"$f":"Q6-R6","v":-0.03}]
[null,{"$f":"'RESUMO MODULO TOTAL'!D24","v":"DEMOLIÇÕES"},1,null,null,0.16669999999999999,0.16669999999999999,0.16669999999999999,0.16669999999999999,0.16669999999999999,{"$f":"16.67%-0.0002","v":0.16650000000000001},{"$nulls":5},{"$f":"SUM(F7:O7)","v":1}]
[null,null,{"$f":"SUM('RESUMO MODULO TOTAL'!H25:H41)","v":1534913.98},null,null,{"$f":"$C$8*F7","v":255870.16},{"$f":"$C$8*G7","v":255870.16},255870.16,255870.16,255870.16,255563.18,{"$nulls":5},1534913.98,{"$f":"C8","v":1534913.98},{"$f":"Q8-R8","v":0}]
[null,{"$f":"'RESUMO MODULO TOTAL'!D62","v":"PAVIMENTAÇÃO"},1,{"$nulls":5},0.1429,0.1429,0.1429,0.1429,0.1429,0.1429,{"$f":"14.29%-0.0003","v":0.1426},null,{"$f":"SUM(F9:O9)","v":1}]
[null,null,{"$f":"SUM('RESUMO MODULO TOTAL'!#REF!)","v":{"$error":"#REF!"}},{"$nulls":5},{"$f":"$C$10*I9","v":{"$error":"#REF!"}},{"$error":"#REF!"},{"$error":"#REF!"},{"$error":"#REF!"},{"$error":"#REF!"},{"$error":"#REF!"},{"$error":"#REF!"},null,{"$error":"#REF!"},{"$f":"C10","v":{"$error":"#REF!"}},{"$f":"Q10-R10","v":{"$error":"#REF!"}}]
[null,{"$f":"'RESUMO MODULO TOTAL'!D89","v":"SINALIZAÇÃO"},1,{"$nulls":10},0.5,0.5,null,1]
[null,null,{"$f":"SUM('RESUMO MODULO TOTAL'!H90:H92)","v":152003.85999999999},{"$nulls":10},{"$f":"$C$12*N11","v":76001.929999999993},76001.929999999993,null,152003.85999999999,{"$f":"C12","v":152003.85999999999},0]
[null,{"$f":"'RESUMO MODULO TOTAL'!#REF!","v":{"$error":"#REF!"}},1,{"$nulls":10},0.5,0.5,null,{"$f":"SUM(D13:O13)","v":1}]
[null,null,{"$f":"'RESUMO MODULO TOTAL'!#REF!","v":{"$error":"#REF!"}},{"$nulls":10},{"$f":"$C$14*N13","v":{"$error":"#REF!"}},{"$error":"#REF!"},null,{"$error":"#REF!"},{"$f":"C14","v":{"$error":"#REF!"}},{"$error":"#REF!"}]
[null,"AQUISIÇÃO E TRANSPORTE DE MATERIAL BETUMINOSO",1,{"$nulls":5},0.1429,0.1429,0.1429,0.1429,0.1429,0.1429,0.1426]
[null,null,{"$f":"SUM('RESUMO MODULO TOTAL'!H80:H85)","v":2337620.4300000002},{"$nulls":5},{"$f":"$C$16*I15","v":334045.96000000002},334045.96000000002,334045.96000000002,334045.96000000002,334045.96000000002,334045.96000000002,333344.67]
[null,{"$f":"'RESUMO MODULO TOTAL'!D95","v":"SERVIÇOS COMPLEMENTARES"},1,null,null,0.1,0.1,0.1,0.1,0.1,0.1,0.1,0.1,0.1,0.1,null,{"$f":"SUM(D17:O17)","v":1}]
[null,null,{"$f":"SUM('RESUMO MODULO TOTAL'!H96)","v":41150.31},null,null,{"$f":"$C$18*F17","v":4115.03},{"$f":"$C$18*G17","v":4115.03},4115.03,4115.03,4115.03,4115.03,4115.03,4115.03,4115.03,4115.03,null,41150.300000000003,{"$f":"C18","v":41150.31},{"$f":"Q18-R18","v":-0.01}]
[null,{"$f":"'RESUMO MODULO TOTAL'!D112","v":"CONSTRUÇÃO DE MURO DE ARRIMO"},1,0.5,0.5,{"$nulls":11},1]
[null,null,{"$f":"SUM('RESUMO MODULO TOTAL'!#REF!)","v":{"$error":"#REF!"}},{"$f":"$C$20*D19","v":{"$error":"#REF!"}},{"$f":"$C$20*E19","v":{"$error":"#REF!"}},{"$nulls":11},{"$error":"#REF!"},{"$f":"C20","v":{"$error":"#REF!"}},{"$f":"Q20-R20","v":{"$error":"#REF!"}}]
[null,{"$f":"'RESUMO MODULO TOTAL'!#REF!","v":{"$error":"#REF!"}},1,8.3400000000000002E-2,8.3400000000000002E-2,8.3400000000000002E-2,8.3400000000000002E-2,8.3400000000000002E-2,8.3400000000000002E-2,8.3400000000000002E-2,8.3400000000000002E-2,8.3400000000000002E-2,8.3400000000000002E-2,8.3400000000000002E-2,{"$f":"8.34%-0.0008","v":8.2600000000000007E-2},null,{"$f":"SUM(D21:O21)","v":1}]
[null,null,{"$f":"SUM('RESUMO MODULO TOTAL'!#REF!)","v":{"$error":"#REF!"}},{"$f":"$C$22*D21","v":{"$error":"#REF!"}},{"$error":"#REF!"},{"$error":"#REF!"},{"$error":"#REF!"},{"$error":"#REF!"},{"$error":"#REF!"},{"$error":"#REF!"},{"$error":"#REF!"},{"$error":"#REF!"},{"$error":"#REF!"},{"$error":"#REF!"},{"$error":"#REF!"},null,{"$error":"#REF!"},{"$f":"C22","v":{"$error":"#REF!"}},{"$f":"Q22-R22","v":{"$error":"#REF!"}}]
[null,{"$f":"'RESUMO MODULO TOTAL'!D128","v":"MOMENTO DE TRANSPORTE"},1,null,null,0.1,0.1,0.1,0.1,0.1,0.1,0.1,0.1,0.1,0.1,null,{"$f":"SUM(D23:O23)","v":1}]
[null,null,{"$f":"SUM('RESUMO MODULO TOTAL'!H129:H131)","v":3623778.8},null,null,{"$f":"$C$24*F23","v":362377.88},{"$f":"$C$24*G23","v":362377.88},362377.88,362377.88,362377.88,362377.88,362377.88,362377.88,362377.88,362377.88,null,3623778.8,{"$f":"C24","v":3623778.8},{"$f":"Q24-R24","v":0}]
[]
["Porcentagem",null,null,{"$f":"SUM(D6+D10+D12+D14+D16+D8+D18+D20+D22)/$O$31","v":{"$error":"#REF!"}},{"$f":"SUM(E6+E10+E12+E14+E16+E8+E18+E20+E22)/$O$31","v":{"$error":"#REF!"}},{"$f":"SUM(F6+F10+F12+F14+F16+F18+F20+F22+F8+F24)/$O$31","v":{"$error":"#REF!"}},{"$f":"SUM(G6+G10+G12+G14+G16+G18+G20+G22+G8+G24)/$O$31","v":{"$error":"#REF!"}},{"$error":"#REF!"},{"$error":"#REF!"},{"$error":"#REF!"},{"$error":"#REF!"},{"$error":"#REF!"},{"$error":"#REF!"},{"$error":"#REF!"},{"$error":"#REF!"}]
["Custo",null,null,{"$f":"$O$31*D26","v":{"$error":"#REF!"}},{"$f":"$O$31*E26","v":{"$error":"#REF!"}},{"$f":"$O$31*F26","v":{"$error":"#REF!"}},{"$error":"#REF!"},{"$error":"#REF!"},{"$error":"#REF!"},{"$error":"#REF!"},{"$error":"#REF!"},{"$error":"#REF!"},{"$error":"#REF!"},{"$error":"#REF!"},{"$error":"#REF!"}]
["Porcentagem Acumulado",null,null,{"$f":"D26","v":{"$error":"#REF!"}},{"$f":"D28+E26","v":{"$error":"#REF!"}},{"$f":"E28+F26","v":{"$error":"#REF!"}},{"$error":"#REF!"},{"$error":"#REF!"},{"$error":"#REF!"},{"$error":"#REF!"},{"$error":"#REF!"},{"$error":"#REF!"},{"$error":"#REF!"},{"$error":"#REF!"},{"$error":"#REF!"}]
["Custo Acumulado",null,null,{"$f":"D27","v":{"$error":"#REF!"}},{"$f":"D29+E27","v":{"$error":"#REF!"}},{"$error":"#REF!"},{"$error":"#REF!"},{"$error":"#REF!"},{"$error":"#REF!"},{"$error":"#REF!"},{"$error":"#REF!"},{"$error":"#REF!"},{"$error":"#REF!"},{"$error":"#REF!"},{"$error":"#REF!"}]
[]
[null,null,null,"Total Geral",{"$nulls":9},"R$",{"$f":"'RESUMO MODULO TOTAL'!$H$132","v":25847943.32}]

{"sheet":" CONSUMO DE MAT. B TOTAL","index":13,"n_rows":29,"n_cols":16,"rows_kept":29,"cut":false,"hidden":false,"merged":[[28,2,28,11],[10,1,10,15],[12,1,12,15],[0,1,1,15],[2,1,3,15],[4,1,4,2],[4,3,4,11],[4,12,4,15],[6,1,6,15],[8,1,8,15]]}
[]
[]
[null,"CONSUMO DO MATERIAL BETUMINOSO TOTAL"]
[]
[null,"TRECHO",null,"QUANTIDADES",{"$nulls":8},"MAT. BETUMINOSO"]
[null,"Inicio           (km)","Fim              (km)","Extensão     (m)","Largura       (m)","Espess.       (m)","Área            (m2)","Volume              (m3)","Densidade (t/m3)","Massa            (t)","Unid","Quant.","Tipo","Consumo Taxa de Aplicação","Unid. ","Quant."]
[null,"IMPRIMAÇÃO"]
[{"$nulls":5},1,{"$f":"'MC MODULO'!N38","v":44047.5},null,0.92,null,null,null,"CM-30","1,2 l/m2","t",{"$f":"ROUND(I8*(G8*LEFT(N8,3))/1000,2)","v":48.63}]
[null,"PINTURA DE LIGAÇÃO"]
[{"$nulls":5},1,{"$f":"'MC MODULO'!N34","v":44047.5},null,1,null,null,null,"RR-1C","0,40 l/m2","t",{"$f":"ROUND((G10*LEFT(N10,4))/1000,2)","v":17.62}]
[null,"CBUQ FAIXA \"C\""]
[{"$nulls":5},{"$f":"'MC MODULO'!L30","v":0.05},{"$f":"'MC MODULO'!J30*'MC MODULO'!K30","v":44047.5},{"$f":"G12*F12","v":2202.38},{"$f":"'MC MODULO'!M30","v":2.4},{"$f":"H12*I12","v":5285.71},null,null,"CAP-50/70","0,06323 t/m3","t",{"$f":"J12*0.06323","v":334.21499999999997}]
{"$rows_empty":16}
[null,null,"Caderno Técnico - Usinagem (Out/2022)"]

{"sheet":"Mob e Desmob","index":14,"n_rows":74,"n_cols":9,"rows_kept":74,"cut":false,"hidden":false,"merged":[[1,0,1,13],[2,0,2,13],[3,0,3,13],[4,0,4,13],[8,0,8,1],[10,0,10,1],[11,0,11,1],[12,0,12,1],[13,0,13,1],[14,0,14,1],[15,0,15,3],[16,0,16,3],[18,0,18,1],[19,4,19,8],[24,4,24,8],[37,0,37,1],[38,0,38,3],[39,0,39,3],[43,1,43,7],[44,1,44,7],[45,1,45,7],[46,1,46,7],[47,1,47,7],[48,1,48,7],[49,1,49,7],[61,1,61,7],[50,1,50,7],[51,1,51,7],[52,1,52,7],[53,1,53,7],[54,1,54,7],[73,1,73,7],[6,0,7,13],[68,1,68,7],[69,1,69,7],[70,1,70,7],[71,1,71,7],[72,1,72,7],[62,1,62,7],[63,1,63,7],[64,1,64,7],[66,1,66,7],[67,1,67,7],[57,1,57,7],[58,1,58,7],[59,1,59,7],[60,1,60,7]]}
[]
[]
[]
[]
[{"$f":"'RESUMO MODULO TOTAL'!A1","v":" CONTRATAÇÃO DE EXECUÇÃO DE PAVIMENTO ASFÁLTICO COM CBUQ, EM VIAS URBANAS DE RECIFE/PE, ÁREA DE ATUAÇÃO DA 15ª SUPERINTENDÊNCIA REGIONAL DA CODEVASF."}]
[]
["MEMÓRIA DE CÁLCULO DOS MOMENTOS DE TRANSPORTE PARA MOBILIZAÇÕES E DESMOBILIZAÇÕES"]
[]
["Deslocamento Patrulha de Serviço:"]
[null,null,"Distancia méd. (Km)","Qtde. ","Subtotal (Km)"]
["Mobilização da Usina:",null,80,1,{"$f":"C11*D11","v":80}]
["Desmobilização da Usina:",null,{"$f":"C11","v":80},1,{"$f":"C12*D12","v":80}]
["Mobilização (entre os trechos de serviço):",null,3,{"$f":"ROUND(D14*2,)","v":13},{"$f":"C13*D13","v":39},null," - Considerado quantidade média de 2 mobin p/ cada 2 Módulos mínimos"]
["Mobilização inter-municipal (entre as localidades):",null,60,{"$f":"'MC MODULO'!N7","v":6.2925000000000004},{"$f":"C14*D14","v":377.55},null," - Considerado quantidade média de  1 mob/desmob a cada 2 módulos mínimos"]
["Desmobilização   inter-municipal (entre as localidades):",null,60,1,{"$f":"C15*D15","v":60}]
["Mobilização da Patrulha de Serviço (km)",null,null,null,{"$f":"E13+E14","v":416.55}]
["Desmobilização da Patrulha de Serviço (km)",null,null,null,{"$f":"E15","v":60}]
[]
["Peso das máquinas:"]
[{"$nulls":4},"USINA FIXA"]
[{"$nulls":4},"Pá carregadeira ",null,null,10.1," ton"]
[{"$nulls":4},"Usina misturadora",null,null,20," ton"]
[{"$nulls":4},"Tanque de Armazenamento 30 ton",null,null,5," ton"]
[{"$nulls":4},"Total",null,null,{"$f":"ROUND(SUM(H21:H23),2)","v":35.1}," ton"]
[{"$nulls":4},"PATRULHA DE SERVIÇO"]
[{"$nulls":4},"Motoniveladora ",null,null,12.47," ton"]
[{"$nulls":4},"Trator de pneus",null,null,2.8," ton"]
[{"$nulls":4},"Grade de disco",null,null,1," ton"]
[{"$nulls":4},"Acabadora",null,null,12.6," ton"]
[{"$nulls":4},"Rolo Vibratório de Pneus",null,null,27," ton"]
[{"$nulls":4},"Rolo Liso Tandem grande",null,null,10.4," ton"]
[{"$nulls":4},"Rolo compactador pé de carneiro vibratório",null,null,11.6]
[{"$nulls":4},"Caminhão Basculannte",null,null,null," ton"]
[{"$nulls":4},"Caminhão Espagidor",null,null,null," ton"]
[{"$nulls":4},"Caminhão de Apoio ",null,null,null," ton"]
[{"$nulls":4},"Total",null,null,{"$f":"ROUND(SUM(H26:H35),2)","v":77.87}," ton"]
[]
["Portanto:","Portanto"]
["Mobilizações - Total",null,null,null,{"$f":"E16*H36+H24*E11","v":35244.75}," t x km"]
["Desmobilizações - Total",null,null,null,{"$f":"E17*H36+H24*E12","v":7480.2}," t x km"]
[]
[]
[]
["E9010","Balança plataforma digital com mesa de 75 x 75 cm com capacidade de 500 kg",{"$nulls":6},"Caminhão carroceria"]
["E9064","Transportador manual gerica com capacidade de 180 l",{"$nulls":6},"Caminhão carroceria"]
["E9066","Grupo gerador - 13/14 kVA",{"$nulls":6},"Caminhão carroceria"]
["E9071","Transportador manual carrinho de mão com capacidade de 80 l",{"$nulls":6},"Caminhão carroceria"]
["E9076","Equipamento de pintura com cabine de 7,00 kW e estufa de 80.000 kCal para pintura eletrostática",{"$nulls":6},"Caminhão carroceria"]
["E9519","Betoneira com motor a gasolina com capacidade de 600 l - 10 kW",{"$nulls":6},"Caminhão carroceria"]
["E9521","Grupo gerador - 2,5/3 kVA",{"$nulls":6},"Caminhão carroceria"]
["E9568","Furadeira de impacto de 12,5 mm - 0,8 kW",{"$nulls":6},"Caminhão carroceria"]
["E9622","Máquina de bancada universal para corte de chapa - 1,5 kW",{"$nulls":6},"Caminhão carroceria"]
["E9623","Máquina de bancada guilhotina - 4 kW",{"$nulls":6},"Caminhão carroceria"]
["E9675","Martelete perfurador/rompedor elétrico - 1,5 kW",{"$nulls":6},"Caminhão carroceria"]
["E9779","Grupo gerador - 100/110 kVA",{"$nulls":6},"Caminhão carroceria"]
[]
[]
["E9506","Caminhão basculante com capacidade de 6 m³ - 136 kW",{"$nulls":6},"Rodoviario"]
["E9571","Caminhão tanque com capacidade de 10.000 l - 188 kW",{"$nulls":6},"Rodoviario"]
["E9579","Caminhão basculante com capacidade de 10 m³ - 188 kW",{"$nulls":6},"Rodoviario"]
["E9592","Caminhão carroceria com capacidade de 15 t - 188 kW",{"$nulls":6},"Rodoviario"]
["E9644","Caminhão demarcador de faixas com sistema de pintura a frio - 28 kW/115 kW",{"$nulls":6},"Rodoviario"]
["E9686","Caminhão carroceria com guindauto com capacidade de 20 t.m - 136 kW",{"$nulls":6},"Rodoviario"]
["E9687","Caminhão carroceria com capacidade de 5 t - 115 kW",{"$nulls":6},"Rodoviario"]
["E9514","Distribuidor de agregados autopropelido - 130 kW",{"$nulls":6},"Rodoviario"]
[]
["E9511","Carregadeira de pneus com capacidade de 3,40 m³ - 195 kW",{"$nulls":6},"TRANSPORTE COM CAVALO MECÂNICO COM SEMIRREBOQUE COM CAPACIDADE DE 30 T - RODOVIA PAVIMENTADA"]
["E9524","Motoniveladora - 93 kW",{"$nulls":6},"TRANSPORTE COM CAVALO MECÂNICO COM SEMIRREBOQUE COM CAPACIDADE DE 30 T - RODOVIA PAVIMENTADA"]
["E9530","Rolo compactador liso autopropelido vibratório de 11 t - 97 kW",{"$nulls":6},"TRANSPORTE COM CAVALO MECÂNICO COM SEMIRREBOQUE COM CAPACIDADE DE 30 T - RODOVIA PAVIMENTADA"]
["E9577","Trator agrícola - 77 kW",{"$nulls":6},"TRANSPORTE COM CAVALO MECÂNICO COM SEMIRREBOQUE COM CAPACIDADE DE 30 T - RODOVIA PAVIMENTADA"]
["E9685","Rolo compactador pé de carneiro vibratório autopropelido de 11,6 t - 82 kW",{"$nulls":6},"TRANSPORTE COM CAVALO MECÂNICO COM SEMIRREBOQUE COM CAPACIDADE DE 30 T - RODOVIA PAVIMENTADA"]
["E9762","Rolo compactador de pneus autopropelido de 27 t - 85 kW",{"$nulls":6},"TRANSPORTE COM CAVALO MECÂNICO COM SEMIRREBOQUE COM CAPACIDADE DE 30 T - RODOVIA PAVIMENTADA"]
["E9518","Grade de 24 discos rebocável de 24\"",{"$nulls":6},"TRANSPORTE COM CAVALO MECÂNICO COM SEMIRREBOQUE COM CAPACIDADE DE 30 T - RODOVIA PAVIMENTADA"]
["E9615","Usina misturadora de solos com capacidade de 300 t/h",{"$nulls":6},"TRANSPORTE COM CAVALO MECÂNICO COM SEMIRREBOQUE COM CAPACIDADE DE 30 T - RODOVIA PAVIMENTADA"]

{"sheet":"BDI","index":15,"n_rows":66,"n_cols":3,"rows_kept":66,"cut":false,"hidden":false,"merged":[[4,0,4,2],[5,0,5,2],[51,0,51,2],[52,0,52,2],[53,1,53,2]]}
[]
["OBRA:"]
["LOCAL: "]
["DATA BASE: "]
["DETALHAMENTO DO BDI  - SEM DESONERAÇÃO"]
[{"$f":"'RESUMO MODULO TOTAL'!A1","v":" CONTRATAÇÃO DE EXECUÇÃO DE PAVIMENTO ASFÁLTICO COM CBUQ, EM VIAS URBANAS DE RECIFE/PE, ÁREA DE ATUAÇÃO DA 15ª SUPERINTENDÊNCIA REGIONAL DA CODEVASF."}]
["DESCRIÇÃO DOS SERVIÇOS","PREÇO DE VENDA (%)","CUSTO DIRETO (%)"]
["ADMINISTRAÇÃO CENTRAL",null,0.06]
["DESPESA FINANCEIRAS",1.0200000000000001E-2]
["SEGUROS E GARANTIAS CONTRATUAIS",2.5000000000000001E-3]
["RISCOS",5.0000000000000001E-3]
["LUCRO OPERACIONAL",null,7.0000000000000007E-2]
["PIS",6.4999999999999997E-3]
["COFINS",0.03]
["ISSQN",0.03]
["Contribuição Previdenciaria",0]
[null,"BDI",{"$f":"ROUND((1+(C8+C12))/(1-(B9+B10+B11+B13+B14+B15+B16))-1,4)","v":0.2339}]
["Observação: O percentual de ISSQN aqui utilizado consiste apenas em um referencial médio."]
[" O valor real do ISSQN a ser adotado deve ser aquele proveniente das alíquotas dos municípios situados na área de "]
["influência das obras."]
{"$rows_empty":31}
["DETALHAMENTO DO BDI DIFERENCIADO  - SEM DESONERAÇÃO"]
[{"$f":"'RESUMO MODULO TOTAL'!A1","v":" CONTRATAÇÃO DE EXECUÇÃO DE PAVIMENTO ASFÁLTICO COM CBUQ, EM VIAS URBANAS DE RECIFE/PE, ÁREA DE ATUAÇÃO DA 15ª SUPERINTENDÊNCIA REGIONAL DA CODEVASF."}]
[]
["DESCRIÇÃO DOS SERVIÇOS","PREÇO DE VENDA (%)","CUSTO DIRETO (%)"]
["ADMINISTRAÇÃO CENTRAL",null,3.7699999999999997E-2]
["DESPESA FINANCEIRAS",1.0200000000000001E-2]
["SEGUROS E GARANTIAS CONTRATUAIS",2.5000000000000001E-3]
["RISCOS",5.0000000000000001E-3]
["LUCRO OPERACIONAL",null,0.05]
["PIS",6.4999999999999997E-3]
["COFINS",0.03]
["ISSQN",0]
["Contribuição Previdenciaria",0]
[null,"BDI",{"$f":"ROUND((1+(C56+C60))/(1-(B57+B58+B59+B61+B62+B63+B64))-1,4)","v":0.15}]
["Fonte da composição, valores de referência e fórmula do BDI:  Instrução Normativa N° 62/DNIT SEDE"]

{"sheet":"Transporte Cap 50-70","index":16,"n_rows":82,"n_cols":34,"rows_kept":82,"cut":false,"hidden":false,"merged":[[12,3,15,3],[1,2,3,26]]}
[]
[null,null,"MEMÓRIA DE CÁLCULO"]
[]
[]
[]
[]
[null,null,"REAJUSTE",null,null,"TIPOLOGIA DO MATERIAL",null,null,"CIMENTOS ASFÁLTICOS CAP-50-70",null,null,null,"IMPOSTOS","COFINS (BDI DIF)",6.4999999999999997E-3,6.4999999999999997E-3]
[{"$nulls":6},"ÍNDICE DE PAVIMENTAÇÃO DNIT","2014-07-01","ÍNDICE INICIAL",270.23700000000002,null,null,null,"PIS",0.03,0.03,null,null,null,"LEGENDA",{"$nulls":8},"As empresas tributadas pelo Lucro Presumido pagam 0,65% de PIS e 3% de COFINS"]
[{"$nulls":7},"2023-10-01","ÍNDICE FINAL",557.54300000000001,null,null,null," ICMS",0.18,0.18,{"$f":"1-(O9/1)","v":0.82},{"$f":"1-(P9/1)","v":0.82},{"$f":"1-(Q9/1)","v":0.18},"ENTRADA DE DADOS",{"$nulls":8},"As empresas tributadas pelo Lucro Real pagam 1,65% de PIS e 7,60% de COFINS"]
[{"$nulls":5},"CAP50/70","Data ANP","2023-10-01"]
[null,null,"DATA-BASE","PRODUTOS","LOCALIDADES",{"$nulls":4},"CUSTO ANP (R$/Kg)",null,"CUSTO ANP","IMPOSTOS DO PRODUTO","CUSTO DO PRODUTO COM IMPOSTOS","DMT's","DMT's FLUVIAL","CUSTO DO TRANSPORTE RODOVIA PAVIMENTADA","CUSTO DO TRANSPORTE FLUVIAL","CUSTO DO TRANSPORTE TOTAL","ICMS","ATUALIZAÇÃO DO CUSTO DE TRANSPORTE","CUSTO DO TRANSPORTE RODOVIA PAVIMENTADA COM IMPOSTOS E ATUALIZAÇÃO MONETÁRIA","PEDÁGIO ",null,"TOTAL TRANSPORTE","AQUISIÇÃO DO PRODUTO","TOTAL GERAL ( TRANSP + AQUISIÇÃO)",null,1,2,3]
[null,null,{"$f":"H9","v":"2023-10-01"},null,"REFINARIAS","ENDEREÇO","ESTADO","CIDADE","DESTINO","ESTADO","REGIÃO","R$/t","R$/t","R$/t","KM","KM","R$/t","R$/t","R$/t","R$/t","R$/t","R$/t","CUSTO ","R$/t","R$/t","R$/t","R$/t",null,"TOTAL GERAL ( TRANSP + AQUISIÇÃO)","TOTAL TRANSPORTE","AQUISIÇÃO DO PRODUTO"]
[null,{"$f":"AA13","v":5164.38},1,{"$f":"I7","v":"CIMENTOS ASFÁLTICOS CAP-50-70"},"ASFALTOS NORDESTE LTDA.","Avenida Parque Sul, 1998 - Maracanau - CE CEP:61939-000","Ceará","Maracanau /CE","Recife - PE",{"$f":"VLOOKUP('Transporte Cap 50-70'!G13,OFFSET('ANP ESTADO'!$A$1,MATCH('Transporte Cap 50-70'!$I$7,'ANP ESTADO'!B:B,0)+MATCH('Transporte Cap 50-70'!$H$10,OFFSET('ANP ESTADO'!$A$1,MATCH('Transporte Cap 50-70'!$I$7,'ANP ESTADO'!B:B,0),0,100000,1),0),2,100000,2),2,FALSE)","v":3.68092},{"$f":"VLOOKUP($H$10,OFFSET('ANP REGIÃO'!$A$9,MATCH('Transporte Cap 50-70'!$I$7,'ANP REGIÃO'!A:A,0),1,10000,10000),MATCH('Transporte Cap 50-70'!AH13,'ANP REGIÃO'!$B$8:$G$8,0),FALSE)","v":3.6154600000000001},{"$f":"IF(AND(J13=\"-\",K13=\"-\"),\"\",IF(AND(J13<>0,K13=\"-\"),J13*1000,IF(AND(J13=\"-\",K13<>0),K13*1000,IF(AND(J13<>0,K13<>0),J13*1000,\"\"))))","v":3680.92},{"$f":"ROUND(((L13/(1-$O$7-$O$8-$O$9))-L13),2)","v":1017.13},{"$f":"L13+M13","v":4698.05},778.5,null,{"$f":"ROUND((26.939+0.253*O13),2)","v":223.9},null,{"$f":"Q13+R13","v":223.9},0,{"$f":"TRUNC(IF($J$8=\"\",\"\",(($J$9-$J$8)/$J$8)*(S13+T13)),2)","v":238.04},{"$f":"S13+T13+U13","v":461.94},61.2,{"$f":"EVEN(' CONSUMO DE MAT. B TOTAL'!$P$12*2/28)*W13/' CONSUMO DE MAT. B TOTAL'!$P$12","v":4.3899999999999997},{"$f":"IF(AND(Q13=\"\",T13=\"\"),\"\",V13+X13)","v":466.33},{"$f":"IF(OR(L13=\"\",M13=\"\"),\"\",L13+M13)","v":4698.05},{"$f":"IF(OR(Y13=\"\",Z13=\"\"),\"\",Y13+Z13)","v":5164.38},null,{"$f":"AA13","v":5164.38},{"$f":"Y13","v":466.33},4698.05,null,null,{"$f":"IF(OR(G13=$D$42,G13=$D$43,G13=$D$45,G13=$D$51,G13=$D$35,G13=$D$31,G13=$D$27,G13=$D$40,G13=$D$30),\"NORDESTE\",IF(OR(G13=$D$26,G13=$D$28,G13=$D$29,G13=$D$39,G13=$D$47,G13=$D$48,G13=$D$52),\"NORTE\",IF(OR(G13=$D$32,G13=$D$34,G13=$D$36,G13=$D$37),\"CENTRO-OESTE\",IF(OR(G13=$D$50,G13=$D$44,G13=$D$38,G13=$D$33),\"SUDESTE\",IF(OR(G13=$D$49,G13=$D$41,G13=$D$46),\"SUL\",\"\")))))","v":"NORDESTE"}]
[null,{"$f":"AA14","v":5275.05},2,null,"EMAM - EMULSÕES E TRANSPORTES LTDA.","RODOVIA CE 060, KM 11,5 - Pacatuba - CE CEP:61800-000","Ceará","Pacatuba/CE","Recife - PE",{"$f":"VLOOKUP('Transporte Cap 50-70'!G14,OFFSET('ANP ESTADO'!$A$1,MATCH('Transporte Cap 50-70'!$I$7,'ANP ESTADO'!B:B,0)+MATCH('Transporte Cap 50-70'!$H$10,OFFSET('ANP ESTADO'!$A$1,MATCH('Transporte Cap 50-70'!$I$7,'ANP ESTADO'!B:B,0),0,100000,1),0),2,100000,2),2,FALSE)","v":3.68092},{"$f":"VLOOKUP($H$10,OFFSET('ANP REGIÃO'!$A$9,MATCH('Transporte Cap 50-70'!$I$7,'ANP REGIÃO'!A:A,0),1,10000,10000),MATCH('Transporte Cap 50-70'!AH14,'ANP REGIÃO'!$B$8:$G$8,0),FALSE)","v":3.6154600000000001},{"$f":"IF(AND(J14=\"-\",K14=\"\"),\"\",IF(AND(J14<>0,K14=\"\"),J14*1000,IF(AND(J14=\"-\",K14<>0),K14*1000,IF(AND(J14<>0,K14<>0),J14*1000,\"\"))))","v":3680.92},{"$f":"ROUND(((L14/(1-$O$7-$O$8-$O$9))-L14),2)","v":1017.13},{"$f":"L14+M14","v":4698.05},780,null,{"$f":"ROUND((26.939+0.253*O14),2)","v":224.28},null,{"$f":"Q14+R14","v":224.28},{"$f":"TRUNC(S14*($O$9/(1-$O$9)),2)","v":49.23},{"$f":"TRUNC(IF($J$8=\"\",\"\",(($J$9-$J$8)/$J$8)*(S14+T14)),2)","v":290.77999999999997},{"$f":"S14+T14+U14","v":564.29},177,{"$f":"EVEN(' CONSUMO DE MAT. B TOTAL'!$P$12*2/28)*W14/' CONSUMO DE MAT. B TOTAL'!$P$12","v":12.71},{"$f":"IF(AND(Q14=\"\",T14=\"\"),\"\",V14+X14)","v":577},{"$f":"IF(OR(L14=\"\",M14=\"\"),\"\",L14+M14)","v":4698.05},{"$f":"IF(OR(Y14=\"\",Z14=\"\"),\"\",Y14+Z14)","v":5275.05},null,{"$f":"AA14","v":5275.05},577,4698.05,null,null,{"$f":"IF(OR(G14=$D$42,G14=$D$43,G14=$D$45,G14=$D$51,G14=$D$35,G14=$D$31,G14=$D$27,G14=$D$40,G14=$D$30),\"NORDESTE\",IF(OR(G14=$D$26,G14=$D$28,G14=$D$29,G14=$D$39,G14=$D$47,G14=$D$48,G14=$D$52),\"NORTE\",IF(OR(G14=$D$32,G14=$D$34,G14=$D$36,G14=$D$37),\"CENTRO-OESTE\",IF(OR(G14=$D$50,G14=$D$44,G14=$D$38,G14=$D$33),\"SUDESTE\",IF(OR(G14=$D$49,G14=$D$41,G14=$D$46),\"SUL\",\"\")))))","v":"NORDESTE"}]
[null,{"$f":"AA15","v":5015.7299999999996},3,null,"CBAA - ASFALTOS LTDA","Avenida Banco do Nordeste, S/N – Feira de Santana - BA CEP:44063-640","Bahia","Feira de Santana - BA","Recife - PE",{"$f":"VLOOKUP('Transporte Cap 50-70'!G15,OFFSET('ANP ESTADO'!$A$1,MATCH('Transporte Cap 50-70'!$I$7,'ANP ESTADO'!B:B,0)+MATCH('Transporte Cap 50-70'!$H$10,OFFSET('ANP ESTADO'!$A$1,MATCH('Transporte Cap 50-70'!$I$7,'ANP ESTADO'!B:B,0),0,100000,1),0),2,100000,2),2,FALSE)","v":3.4724499999999998},{"$f":"VLOOKUP($H$10,OFFSET('ANP REGIÃO'!$A$9,MATCH('Transporte Cap 50-70'!$I$7,'ANP REGIÃO'!A:A,0),1,10000,10000),MATCH('Transporte Cap 50-70'!AH15,'ANP REGIÃO'!$B$8:$G$8,0),FALSE)","v":3.6154600000000001},{"$f":"IF(AND(J15=\"-\",K15=\"\"),\"\",IF(AND(J15<>0,K15=\"\"),J15*1000,IF(AND(J15=\"-\",K15<>0),K15*1000,IF(AND(J15<>0,K15<>0),J15*1000,\"\"))))","v":3472.45},{"$f":"ROUND(((L15/(1-$O$7-$O$8-$O$9))-L15),2)","v":959.52},{"$f":"L15+M15","v":4431.97},803.7,null,{"$f":"ROUND((26.939+0.253*O15),2)","v":230.28},null,{"$f":"Q15+R15","v":230.28},{"$f":"TRUNC(S15*($O$9/(1-$O$9)),2)","v":50.54},{"$f":"TRUNC(IF($J$8=\"\",\"\",(($J$9-$J$8)/$J$8)*(S15+T15)),2)","v":298.55},{"$f":"S15+T15+U15","v":579.37},61.2,{"$f":"EVEN(' CONSUMO DE MAT. B TOTAL'!$P$12*2/28)*W15/' CONSUMO DE MAT. B TOTAL'!$P$12","v":4.3899999999999997},{"$f":"IF(AND(Q15=\"\",T15=\"\"),\"\",V15+X15)","v":583.76},{"$f":"IF(OR(L15=\"\",M15=\"\"),\"\",L15+M15)","v":4431.97},{"$f":"IF(OR(Y15=\"\",Z15=\"\"),\"\",Y15+Z15)","v":5015.7299999999996},null,{"$f":"AA15","v":5015.7299999999996},583.76,4431.97,null,null,{"$f":"IF(OR(G15=$D$42,G15=$D$43,G15=$D$45,G15=$D$51,G15=$D$35,G15=$D$31,G15=$D$27,G15=$D$40,G15=$D$30),\"NORDESTE\",IF(OR(G15=$D$26,G15=$D$28,G15=$D$29,G15=$D$39,G15=$D$47,G15=$D$48,G15=$D$52),\"NORTE\",IF(OR(G15=$D$32,G15=$D$34,G15=$D$36,G15=$D$37),\"CENTRO-OESTE\",IF(OR(G15=$D$50,G15=$D$44,G15=$D$38,G15=$D$33),\"SUDESTE\",IF(OR(G15=$D$49,G15=$D$41,G15=$D$46),\"SUL\",\"\")))))","v":"NORDESTE"}]
[2403,{"$f":"AA16","v":5038.2},4,null,"Brasil Asfaltos Ltda","Rodovia BA 522, s/nº, KM 01, Distrito Industrial - Candeias - BA CEP:43813-300","Bahia","Candeias/BA","Recife - PE",{"$f":"VLOOKUP('Transporte Cap 50-70'!G16,OFFSET('ANP ESTADO'!$A$1,MATCH('Transporte Cap 50-70'!$I$7,'ANP ESTADO'!B:B,0)+MATCH('Transporte Cap 50-70'!$H$10,OFFSET('ANP ESTADO'!$A$1,MATCH('Transporte Cap 50-70'!$I$7,'ANP ESTADO'!B:B,0),0,100000,1),0),2,100000,2),2,FALSE)","v":3.4724499999999998},{"$f":"VLOOKUP($H$10,OFFSET('ANP REGIÃO'!$A$9,MATCH('Transporte Cap 50-70'!$I$7,'ANP REGIÃO'!A:A,0),1,10000,10000),MATCH('Transporte Cap 50-70'!AH16,'ANP REGIÃO'!$B$8:$G$8,0),FALSE)","v":3.6154600000000001},{"$f":"IF(AND(J16=\"-\",K16=\"\"),\"\",IF(AND(J16<>0,K16=\"\"),J16*1000,IF(AND(J16=\"-\",K16<>0),K16*1000,IF(AND(J16<>0,K16<>0),J16*1000,\"\"))))","v":3472.45},{"$f":"ROUND(((L16/(1-$O$7-$O$8-$O$9))-L16),2)","v":959.52},{"$f":"L16+M16","v":4431.97},845.9,null,{"$f":"ROUND((26.939+0.253*O16),2)","v":240.95},null,{"$f":"Q16+R16","v":240.95},{"$f":"TRUNC(S16*($O$9/(1-$O$9)),2)","v":52.89},{"$f":"TRUNC(IF($J$8=\"\",\"\",(($J$9-$J$8)/$J$8)*(S16+T16)),2)","v":312.39},{"$f":"S16+T16+U16","v":606.23},0,{"$f":"EVEN(' CONSUMO DE MAT. B TOTAL'!$P$12*2/28)*W16/' CONSUMO DE MAT. B TOTAL'!$P$12","v":0},{"$f":"IF(AND(Q16=\"\",T16=\"\"),\"\",V16+X16)","v":606.23},{"$f":"IF(OR(L16=\"\",M16=\"\"),\"\",L16+M16)","v":4431.97},{"$f":"IF(OR(Y16=\"\",Z16=\"\"),\"\",Y16+Z16)","v":5038.2},null,{"$f":"AA16","v":5038.2},606.23,4431.97,null,null,{"$f":"IF(OR(G16=$D$42,G16=$D$43,G16=$D$45,G16=$D$51,G16=$D$35,G16=$D$31,G16=$D$27,G16=$D$40,G16=$D$30),\"NORDESTE\",IF(OR(G16=$D$26,G16=$D$28,G16=$D$29,G16=$D$39,G16=$D$47,G16=$D$48,G16=$D$52),\"NORTE\",IF(OR(G16=$D$32,G16=$D$34,G16=$D$36,G16=$D$37),\"CENTRO-OESTE\",IF(OR(G16=$D$50,G16=$D$44,G16=$D$38,G16=$D$33),\"SUDESTE\",IF(OR(G16=$D$49,G16=$D$41,G16=$D$46),\"SUL\",\"\")))))","v":"NORDESTE"}]
{"$rows_empty":9}
[null,null,null,"Acre"]
[null,null,null,"Alagoas"]
[null,null,null,"Amapá"]
[null,null,null,"Amazonas"]
[null,null,null,"Bahia"]
[null,null,null,"Ceará"]
[null,null,null,"Distrito Federal"]
[null,null,null,"Espírito Santo"]
[null,null,null,"Goiás"]
[null,null,null,"Maranhão"]
[null,null,null,"Mato Grosso"]
[null,null,null,"Mato Grosso do Sul"]
[null,null,null,"Minas Gerais"]
[null,null,null,"Pará"]
[null,null,null,"Paraíba"]
[null,null,null,"Paraná"]
[null,null,null,"Pernambuco"]
[null,null,null,"Piauí"]
[null,null,null,"Rio de Janeiro"]
[null,null,null,"Rio Grande do Norte"]
[null,null,null,"Rio Grande do Sul"]
[null,null,null,"Rondônia"]
[null,null,null,"Roraima"]
[null,null,null,"Santa Catarina"]
[null,null,null,"São Paulo"]
[null,null,null,"Sergipe"]
[null,null,null,"Tocantins"]
[]
[]
[]
[null,null,null,"ASFALTOS DILUÍDOS CM-30"]
[null,null,null,"ASFALTOS DILUÍDOS CM-70"]
[null,null,null,"ASFALTOS DILUÍDOS CR-250"]
[null,null,null,"ASFALTOS DILUÍDOS CR-70"]
[null,null,null,"CAP MODIFICADO POR BORRACHA DE PNEU AB22"]
[null,null,null,"CAP MODIFICADO POR BORRACHA DE PNEU AB8"]
[null,null,null,"CAP MODIFICADO POR POLÍMERO 55-75-E"]
[null,null,null,"CAP MODIFICADO POR POLÍMERO 60-85-E"]
[null,null,null,"CAP MODIFICADO POR POLÍMERO 65-90-E"]
[null,null,null,"CIMENTOS ASFÁLTICOS CAP-150-200"]
[null,null,null,"CIMENTOS ASFÁLTICOS CAP-30-45"]
[null,null,null,"CIMENTOS ASFÁLTICOS CAP-50-70"]
[null,null,null,"CIMENTOS ASFÁLTICOS CAP-85-100"]
[null,null,null,"EMULSÃO ASFÁLTICA CATIÔNICA DE RUPTURA CONTROLADA PARA SERVIÇO DE LAMA ASFÁLTICA"]
[null,null,null,"EMULSÃO ASFÁLTICA DE RUPTURA LENTA CATIÔNICA PARA SERVIÇO DE LAMA ASFÁLTICA"]
[null,null,null,"EMULSÃO ASFÁLTICA DE RUPTURA LENTA DE CARGA NEUTRA PARA SERVIÇO DE LAMA ASFÁLTICA"]
[null,null,null,"EMULSÃO ASFÁLTICA PARA SERVIÇO DE IMPRIMAÇÃO"]
[null,null,null,"EMULSÕES ASF. MOD. POR POLÍMEROS RC1C-E"]
[null,null,null,"EMULSÕES ASF. MOD. POR POLÍMEROS RL1C-E"]
[null,null,null,"EMULSÕES ASF. MOD. POR POLÍMEROS RM1C-E"]
[null,null,null,"EMULSÕES ASF. MOD. POR POLÍMEROS RR1C-E"]
[null,null,null,"EMULSÕES ASF. MOD. POR POLÍMEROS RR2C-E"]
[null,null,null,"EMULSÕES ASFÁLTICAS RL-1C"]
[null,null,null,"EMULSÕES ASFÁLTICAS RM-1C"]
[null,null,null,"EMULSÕES ASFÁLTICAS RM-2C"]
[null,null,null,"EMULSÕES ASFÁLTICAS RR-1C"]
[null,null,null,"EMULSÕES ASFÁLTICAS RR-2C"]

{"sheet":"Transporte CM-30","index":17,"n_rows":82,"n_cols":34,"rows_kept":82,"cut":false,"hidden":false,"merged":[[1,2,3,26],[10,22,10,23],[6,2,8,2],[12,3,15,3],[7,6,8,6],[6,12,8,12],[6,5,6,7],[7,4,7,5],[7,19,7,20],[10,4,10,8],[10,9,10,10]]}
[]
[null,null,"MEMÓRIA DE CÁLCULO"]
[]
[]
[]
[]
[null,null,"REAJUSTE",null,null,"TIPOLOGIA DO MATERIAL",null,null,"ASFALTOS DILUÍDOS CM-30",null,null,null,"IMPOSTOS","COFINS (BDI DIF)",6.4999999999999997E-3,6.4999999999999997E-3]
[{"$nulls":6},"ÍNDICE DE PAVIMENTAÇÃO DNIT","2014-07-01","ÍNDICE INICIAL",270.23700000000002,null,null,null,"PIS (BDI DIF)",0.03,0.03,null,null,null,"LEGENDA",{"$nulls":8},"As empresas tributadas pelo Lucro Presumido pagam 0,65% de PIS e 3% de COFINS"]
[{"$nulls":7},"2023-10-01","ÍNDICE FINAL",557.54300000000001,null,null,null," ICMS",0.18,0.18,{"$f":"1-(O9/1)","v":0.82},{"$f":"1-(P9/1)","v":0.82},{"$f":"1-(Q9/1)","v":0.18},"ENTRADA DE DADOS",{"$nulls":8},"As empresas tributadas pelo Lucro Real pagam 1,65% de PIS e 7,60% de COFINS"]
[{"$nulls":5},"Asfalto diluído CM-30","Data ANP","2023-10-01"]
[null,null,"DATA-BASE","PRODUTOS","LOCALIDADES",{"$nulls":4},"CUSTO ANP (R$/Kg)",null,"CUSTO ANP","IMPOSTOS DO PRODUTO","CUSTO DO PRODUTO COM IMPOSTOS","DMT's","DMT's FLUVIAL","CUSTO DO TRANSPORTE RODOVIA PAVIMENTADA","CUSTO DO TRANSPORTE FLUVIAL","CUSTO DO TRANSPORTE TOTAL","ICMS","ATUALIZAÇÃO DO CUSTO DE TRANSPORTE","CUSTO DO TRANSPORTE RODOVIA PAVIMENTADA COM IMPOSTOS E ATUALIZAÇÃO MONETÁRIA","PEDÁGIO ",null,"TOTAL TRANSPORTE","AQUISIÇÃO DO PRODUTO","TOTAL GERAL ( TRANSP + AQUISIÇÃO)",null,1,2,3]
[null,null,{"$f":"H9","v":"2023-10-01"},null,"REFINARIAS","ENDEREÇO","ESTADO","CIDADE","DESTINO","ESTADO","REGIÃO","R$/t","R$/t","R$/t","KM","KM","R$/t","R$/t","R$/t","R$/t","R$/t","R$/t","CUSTO ","R$/t","R$/t","R$/t","R$/t",null,"TOTAL GERAL ( TRANSP + AQUISIÇÃO)","TOTAL TRANSPORTE","AQUISIÇÃO DO PRODUTO"]
[null,{"$f":"AA13","v":5947.61},1,{"$f":"I7","v":"ASFALTOS DILUÍDOS CM-30"},"ASFALTOS NORDESTE LTDA.","Avenida Parque Sul, 1998 - Maracanau - CE CEP:61939-000","Ceará","Maracanau /CE","Recife - PE",{"$f":"VLOOKUP('Transporte CM-30'!G13,OFFSET('ANP ESTADO'!$A$1,MATCH('Transporte CM-30'!$I$7,'ANP ESTADO'!B:B,0)+MATCH('Transporte CM-30'!$H$10,OFFSET('ANP ESTADO'!$A$1,MATCH('Transporte CM-30'!$I$7,'ANP ESTADO'!B:B,0),0,100000,1),0),2,100000,2),2,FALSE)","v":4.2940800000000001},{"$f":"VLOOKUP($H$10,OFFSET('ANP REGIÃO'!$A$9,MATCH('Transporte CM-30'!$I$7,'ANP REGIÃO'!A:A,0),1,10000,10000),MATCH('Transporte CM-30'!AH13,'ANP REGIÃO'!$B$8:$G$8,0),FALSE)","v":4.2940800000000001},{"$f":"IF(AND(J13=\"-\",K13=\"-\"),\"\",IF(AND(J13<>0,K13=\"-\"),J13*1000,IF(AND(J13=\"-\",K13<>0),K13*1000,IF(AND(J13<>0,K13<>0),J13*1000,\"\"))))","v":4294.08},{"$f":"ROUND(((L13/(1-$O$7-$O$8-$O$9))-L13),2)","v":1186.56},{"$f":"L13+M13","v":5480.64},{"$f":"'Transporte Cap 50-70'!O13","v":778.5},null,{"$f":"ROUND((26.939+0.253*O13),2)","v":223.9},null,{"$f":"Q13+R13","v":223.9},0,{"$f":"TRUNC(IF($J$8=\"\",\"\",(($J$9-$J$8)/$J$8)*(S13+T13)),2)","v":238.04},{"$f":"S13+T13+U13","v":461.94},61.2,{"$f":"EVEN(' CONSUMO DE MAT. B TOTAL'!$P$8*2/28)*W13/' CONSUMO DE MAT. B TOTAL'!$P$8","v":5.03},{"$f":"IF(AND(S13=\"\",T13=\"\"),\"\",V13+X13)","v":466.97},{"$f":"IF(OR(L13=\"\",M13=\"\"),\"\",L13+M13)","v":5480.64},{"$f":"IF(OR(Y13=\"\",Z13=\"\"),\"\",Y13+Z13)","v":5947.61},null,{"$f":"AA13","v":5947.61},{"$f":"Y13","v":466.97},{"$f":"Z13","v":5480.64},null,null,{"$f":"IF(OR(G13=$D$42,G13=$D$43,G13=$D$45,G13=$D$51,G13=$D$35,G13=$D$31,G13=$D$27,G13=$D$40,G13=$D$30),\"NORDESTE\",IF(OR(G13=$D$26,G13=$D$28,G13=$D$29,G13=$D$39,G13=$D$47,G13=$D$48,G13=$D$52),\"NORTE\",IF(OR(G13=$D$32,G13=$D$34,G13=$D$36,G13=$D$37),\"CENTRO-OESTE\",IF(OR(G13=$D$50,G13=$D$44,G13=$D$38,G13=$D$33),\"SUDESTE\",IF(OR(G13=$D$49,G13=$D$41,G13=$D$46),\"SUL\",\"\")))))","v":"NORDESTE"}]
[null,{"$f":"AA14","v":6059.49},2,null,"EMAM - EMULSÕES E TRANSPORTES LTDA.","RODOVIA CE 060, KM 11,5 - Pacatuba - CE CEP:61800-000","Ceará","Pacatuba/CE","Recife -PE",{"$f":"VLOOKUP('Transporte CM-30'!G14,OFFSET('ANP ESTADO'!$A$1,MATCH('Transporte CM-30'!$I$7,'ANP ESTADO'!B:B,0)+MATCH('Transporte CM-30'!$H$10,OFFSET('ANP ESTADO'!$A$1,MATCH('Transporte CM-30'!$I$7,'ANP ESTADO'!B:B,0),0,100000,1),0),2,100000,2),2,FALSE)","v":4.2940800000000001},{"$f":"VLOOKUP($H$10,OFFSET('ANP REGIÃO'!$A$9,MATCH('Transporte CM-30'!$I$7,'ANP REGIÃO'!A:A,0),1,10000,10000),MATCH('Transporte CM-30'!AH14,'ANP REGIÃO'!$B$8:$G$8,0),FALSE)","v":4.2940800000000001},{"$f":"IF(AND(J14=\"-\",K14=\"\"),\"\",IF(AND(J14<>0,K14=\"\"),J14*1000,IF(AND(J14=\"-\",K14<>0),K14*1000,IF(AND(J14<>0,K14<>0),J14*1000,\"\"))))","v":4294.08},{"$f":"ROUND(((L14/(1-$O$7-$O$8-$O$9))-L14),2)","v":1186.56},{"$f":"L14+M14","v":5480.64},{"$f":"'Transporte Cap 50-70'!O14","v":780},null,{"$f":"ROUND((26.939+0.253*O14),2)","v":224.28},null,{"$f":"Q14+R14","v":224.28},{"$f":"TRUNC(S14*($O$9/(1-$O$9)),2)","v":49.23},{"$f":"TRUNC(IF($J$8=\"\",\"\",(($J$9-$J$8)/$J$8)*(S14+T14)),2)","v":290.77999999999997},{"$f":"S14+T14+U14","v":564.29},177,{"$f":"EVEN(' CONSUMO DE MAT. B TOTAL'!$P$8*2/28)*W14/' CONSUMO DE MAT. B TOTAL'!$P$8","v":14.56},{"$f":"IF(AND(S14=\"\",T14=\"\"),\"\",V14+X14)","v":578.85},{"$f":"IF(OR(L14=\"\",M14=\"\"),\"\",L14+M14)","v":5480.64},{"$f":"IF(OR(Y14=\"\",Z14=\"\"),\"\",Y14+Z14)","v":6059.49},null,{"$f":"AA14","v":6059.49},{"$f":"Y14","v":578.85},5480.64,null,null,{"$f":"IF(OR(G14=$D$42,G14=$D$43,G14=$D$45,G14=$D$51,G14=$D$35,G14=$D$31,G14=$D$27,G14=$D$40,G14=$D$30),\"NORDESTE\",IF(OR(G14=$D$26,G14=$D$28,G14=$D$29,G14=$D$39,G14=$D$47,G14=$D$48,G14=$D$52),\"NORTE\",IF(OR(G14=$D$32,G14=$D$34,G14=$D$36,G14=$D$37),\"CENTRO-OESTE\",IF(OR(G14=$D$50,G14=$D$44,G14=$D$38,G14=$D$33),\"SUDESTE\",IF(OR(G14=$D$49,G14=$D$41,G14=$D$46),\"SUL\",\"\")))))","v":"NORDESTE"}]
[null,{"$f":"AA15","v":6065.04},3,null,"CBAA - ASFALTOS LTDA","Avenida Banco do Nordeste, S/N – Feira de Santana - BA CEP:44063-640","Bahia","Feira de Santana - BA","Recife -PE",{"$f":"VLOOKUP('Transporte CM-30'!G15,OFFSET('ANP ESTADO'!$A$1,MATCH('Transporte CM-30'!$I$7,'ANP ESTADO'!B:B,0)+MATCH('Transporte CM-30'!$H$10,OFFSET('ANP ESTADO'!$A$1,MATCH('Transporte CM-30'!$I$7,'ANP ESTADO'!B:B,0),0,100000,1),0),2,100000,2),2,FALSE)","v":"-"},{"$f":"VLOOKUP($H$10,OFFSET('ANP REGIÃO'!$A$9,MATCH('Transporte CM-30'!$I$7,'ANP REGIÃO'!A:A,0),1,10000,10000),MATCH('Transporte CM-30'!AH15,'ANP REGIÃO'!$B$8:$G$8,0),FALSE)","v":4.2940800000000001},{"$f":"IF(AND(J15=\"-\",K15=\"\"),\"\",IF(AND(J15<>0,K15=\"\"),J15*1000,IF(AND(J15=\"-\",K15<>0),K15*1000,IF(AND(J15<>0,K15<>0),J15*1000,\"\"))))","v":4294.08},{"$f":"ROUND(((L15/(1-$O$7-$O$8-$O$9))-L15),2)","v":1186.56},{"$f":"L15+M15","v":5480.64},{"$f":"'Transporte Cap 50-70'!O15","v":803.7},null,{"$f":"ROUND((26.939+0.253*O15),2)","v":230.28},null,{"$f":"Q15+R15","v":230.28},{"$f":"TRUNC(S15*($O$9/(1-$O$9)),2)","v":50.54},{"$f":"TRUNC(IF($J$8=\"\",\"\",(($J$9-$J$8)/$J$8)*(S15+T15)),2)","v":298.55},{"$f":"S15+T15+U15","v":579.37},61.2,{"$f":"EVEN(' CONSUMO DE MAT. B TOTAL'!$P$8*2/28)*W15/' CONSUMO DE MAT. B TOTAL'!$P$8","v":5.03},{"$f":"IF(AND(S15=\"\",T15=\"\"),\"\",V15+X15)","v":584.4},{"$f":"IF(OR(L15=\"\",M15=\"\"),\"\",L15+M15)","v":5480.64},{"$f":"IF(OR(Y15=\"\",Z15=\"\"),\"\",Y15+Z15)","v":6065.04},null,{"$f":"AA15","v":6065.04},584.4,5480.64,null,null,{"$f":"IF(OR(G15=$D$42,G15=$D$43,G15=$D$45,G15=$D$51,G15=$D$35,G15=$D$31,G15=$D$27,G15=$D$40,G15=$D$30),\"NORDESTE\",IF(OR(G15=$D$26,G15=$D$28,G15=$D$29,G15=$D$39,G15=$D$47,G15=$D$48,G15=$D$52),\"NORTE\",IF(OR(G15=$D$32,G15=$D$34,G15=$D$36,G15=$D$37),\"CENTRO-OESTE\",IF(OR(G15=$D$50,G15=$D$44,G15=$D$38,G15=$D$33),\"SUDESTE\",IF(OR(G15=$D$49,G15=$D$41,G15=$D$46),\"SUL\",\"\")))))","v":"NORDESTE"}]
[2403,{"$f":"AA16","v":6086.87},4,null,"Brasil Asfaltos Ltda","Rodovia BA 522, s/nº, KM 01, Distrito Industrial - Candeias - BA CEP:43813-300","Bahia","Candeias/BA","Recife -PE",{"$f":"VLOOKUP('Transporte CM-30'!G16,OFFSET('ANP ESTADO'!$A$1,MATCH('Transporte CM-30'!$I$7,'ANP ESTADO'!B:B,0)+MATCH('Transporte CM-30'!$H$10,OFFSET('ANP ESTADO'!$A$1,MATCH('Transporte CM-30'!$I$7,'ANP ESTADO'!B:B,0),0,100000,1),0),2,100000,2),2,FALSE)","v":"-"},{"$f":"VLOOKUP($H$10,OFFSET('ANP REGIÃO'!$A$9,MATCH('Transporte CM-30'!$I$7,'ANP REGIÃO'!A:A,0),1,10000,10000),MATCH('Transporte CM-30'!AH16,'ANP REGIÃO'!$B$8:$G$8,0),FALSE)","v":4.2940800000000001},{"$f":"IF(AND(J16=\"-\",K16=\"\"),\"\",IF(AND(J16<>0,K16=\"\"),J16*1000,IF(AND(J16=\"-\",K16<>0),K16*1000,IF(AND(J16<>0,K16<>0),J16*1000,\"\"))))","v":4294.08},{"$f":"ROUND(((L16/(1-$O$7-$O$8-$O$9))-L16),2)","v":1186.56},{"$f":"L16+M16","v":5480.64},{"$f":"'Transporte Cap 50-70'!O16","v":845.9},null,{"$f":"ROUND((26.939+0.253*O16),2)","v":240.95},null,{"$f":"Q16+R16","v":240.95},{"$f":"TRUNC(S16*($O$9/(1-$O$9)),2)","v":52.89},{"$f":"TRUNC(IF($J$8=\"\",\"\",(($J$9-$J$8)/$J$8)*(S16+T16)),2)","v":312.39},{"$f":"S16+T16+U16","v":606.23},0,{"$f":"EVEN(' CONSUMO DE MAT. B TOTAL'!$P$8*2/28)*W16/' CONSUMO DE MAT. B TOTAL'!$P$8","v":0},{"$f":"IF(AND(S16=\"\",T16=\"\"),\"\",V16+X16)","v":606.23},{"$f":"IF(OR(L16=\"\",M16=\"\"),\"\",L16+M16)","v":5480.64},{"$f":"IF(OR(Y16=\"\",Z16=\"\"),\"\",Y16+Z16)","v":6086.87},null,{"$f":"AA16","v":6086.87},606.23,5480.64,null,null,{"$f":"IF(OR(G16=$D$42,G16=$D$43,G16=$D$45,G16=$D$51,G16=$D$35,G16=$D$31,G16=$D$27,G16=$D$40,G16=$D$30),\"NORDESTE\",IF(OR(G16=$D$26,G16=$D$28,G16=$D$29,G16=$D$39,G16=$D$47,G16=$D$48,G16=$D$52),\"NORTE\",IF(OR(G16=$D$32,G16=$D$34,G16=$D$36,G16=$D$37),\"CENTRO-OESTE\",IF(OR(G16=$D$50,G16=$D$44,G16=$D$38,G16=$D$33),\"SUDESTE\",IF(OR(G16=$D$49,G16=$D$41,G16=$D$46),\"SUL\",\"\")))))","v":"NORDESTE"}]
{"$rows_empty":9}
[null,null,null,"Acre"]
[null,null,null,"Alagoas"]
[null,null,null,"Amapá"]
[null,null,null,"Amazonas"]
[null,null,null,"Bahia"]
[null,null,null,"Ceará"]
[null,null,null,"Distrito Federal"]
[null,null,null,"Espírito Santo"]
[null,null,null,"Goiás"]
[null,null,null,"Maranhão"]
[null,null,null,"Mato Grosso"]
[null,null,null,"Mato Grosso do Sul"]
[null,null,null,"Minas Gerais"]
[null,null,null,"Pará"]
[null,null,null,"Paraíba"]
[null,null,null,"Paraná"]
[null,null,null,"Pernambuco"]
[null,null,null,"Piauí"]
[null,null,null,"Rio de Janeiro"]
[null,null,null,"Rio Grande do Norte"]
[null,null,null,"Rio Grande do Sul"]
[null,null,null,"Rondônia"]
[null,null,null,"Roraima"]
[null,null,null,"Santa Catarina"]
[null,null,null,"São Paulo"]
[null,null,null,"Sergipe"]
[null,null,null,"Tocantins"]
[]
[]
[]
[null,null,null,"ASFALTOS DILUÍDOS CM-30"]
[null,null,null,"ASFALTOS DILUÍDOS CM-70"]
[null,null,null,"ASFALTOS DILUÍDOS CR-250"]
[null,null,null,"ASFALTOS DILUÍDOS CR-70"]
[null,null,null,"CAP MODIFICADO POR BORRACHA DE PNEU AB22"]
[null,null,null,"CAP MODIFICADO POR BORRACHA DE PNEU AB8"]
[null,null,null,"CAP MODIFICADO POR POLÍMERO 55-75-E"]
[null,null,null,"CAP MODIFICADO POR POLÍMERO 60-85-E"]
[null,null,null,"CAP MODIFICADO POR POLÍMERO 65-90-E"]
[null,null,null,"CIMENTOS ASFÁLTICOS CAP-150-200"]
[null,null,null,"CIMENTOS ASFÁLTICOS CAP-30-45"]
[null,null,null,"CIMENTOS ASFÁLTICOS CAP-50-70"]
[null,null,null,"CIMENTOS ASFÁLTICOS CAP-85-100"]
[null,null,null,"EMULSÃO ASFÁLTICA CATIÔNICA DE RUPTURA CONTROLADA PARA SERVIÇO DE LAMA ASFÁLTICA"]
[null,null,null,"EMULSÃO ASFÁLTICA DE RUPTURA LENTA CATIÔNICA PARA SERVIÇO DE LAMA ASFÁLTICA"]
[null,null,null,"EMULSÃO ASFÁLTICA DE RUPTURA LENTA DE CARGA NEUTRA PARA SERVIÇO DE LAMA ASFÁLTICA"]
[null,null,null,"EMULSÃO ASFÁLTICA PARA SERVIÇO DE IMPRIMAÇÃO"]
[null,null,null,"EMULSÕES ASF. MOD. POR POLÍMEROS RC1C-E"]
[null,null,null,"EMULSÕES ASF. MOD. POR POLÍMEROS RL1C-E"]
[null,null,null,"EMULSÕES ASF. MOD. POR POLÍMEROS RM1C-E"]
[null,null,null,"EMULSÕES ASF. MOD. POR POLÍMEROS RR1C-E"]
[null,null,null,"EMULSÕES ASF. MOD. POR POLÍMEROS RR2C-E"]
[null,null,null,"EMULSÕES ASFÁLTICAS RL-1C"]
[null,null,null,"EMULSÕES ASFÁLTICAS RM-1C"]
[null,null,null,"EMULSÕES ASFÁLTICAS RM-2C"]
[null,null,null,"EMULSÕES ASFÁLTICAS RR-1C"]
[null,null,null,"EMULSÕES ASFÁLTICAS RR-2C"]

{"sheet":"Transporte RR-1C","index":18,"n_rows":82,"n_cols":34,"rows_kept":82,"cut":false,"hidden":false,"merged":[[1,2,3,26],[12,3,15,3],[10,22,10,23],[6,2,8,2],[7,6,8,6],[6,12,8,12],[6,5,6,7],[7,4,7,5],[7,19,7,20],[10,4,10,8],[10,9,10,10]]}
[]
[null,null,"MEMÓRIA DE CÁLCULO"]
[]
[]
[]
[]
[null,null,"REAJUSTE",null,null,"TIPOLOGIA DO MATERIAL",null,null,"EMULSÕES ASFÁLTICAS RR-1C",null,null,null,"IMPOSTOS","COFINS",6.4999999999999997E-3,6.4999999999999997E-3]
[{"$nulls":6},"ÍNDICE DE PAVIMENTAÇÃO DNIT","2014-07-01","ÍNDICE INICIAL",270.23700000000002,null,null,null,"PIS",0.03,0.03,null,null,null,"LEGENDA",{"$nulls":8},"As empresas tributadas pelo Lucro Presumido pagam 0,65% de PIS e 3% de COFINS"]
[{"$nulls":7},"2023-10-01","ÍNDICE FINAL",557.54300000000001,null,null,null," ICMS",0.18,0.18,{"$f":"1-(O9/1)","v":0.82},{"$f":"1-(P9/1)","v":0.82},{"$f":"1-(Q9/1)","v":0.18},"ENTRADA DE DADOS",{"$nulls":8},"As empresas tributadas pelo Lucro Real pagam 1,65% de PIS e 7,60% de COFINS"]
[{"$nulls":6},"Data ANP","2023-10-01"]
[null,null,"DATA-BASE","PRODUTOS","LOCALIDADES",{"$nulls":4},"CUSTO ANP (R$/Kg)",null,"CUSTO ANP","IMPOSTOS DO PRODUTO","CUSTO DO PRODUTO COM IMPOSTOS","DMT's","DMT'S FLUVIAL","CUSTO DO TRANSPORTE RODOVIA PAVIMENTADA","CUSTO DO TRANSPORTE FLUVIAL","CUSTO DO TRANSPORTE TOTAL","ICMS","ATUALIZAÇÃO DO CUSTO DE TRANSPORTE","CUSTO DO TRANSPORTE RODOVIA PAVIMENTADA COM IMPOSTOS E ATUALIZAÇÃO MONETÁRIA","PEDÁGIO ",null,"TOTAL TRANSPORTE","AQUISIÇÃO DO PRODUTO","TOTAL GERAL ( TRANSP + AQUISIÇÃO)",null,1,2,3]
[null,null,{"$f":"H9","v":"2023-10-01"},null,"REFINARIAS","ENDEREÇO","ESTADO","CIDADE","DESTINO","ESTADO","REGIÃO","R$/t","R$/t","R$/t","KM","KM","R$/t","R$/t","R$/t","R$/t","R$/t","R$/t","CUSTO ","R$/t","R$/t","R$/t","R$/t",null,"TOTAL GERAL ( TRANSP + AQUISIÇÃO)","TOTAL TRANSPORTE","AQUISIÇÃO DO PRODUTO"]
[null,{"$f":"AA13","v":3841.37},1,{"$f":"I7","v":"EMULSÕES ASFÁLTICAS RR-1C"},"ASFALTOS NORDESTE LTDA.","Avenida Parque Sul, 1998 - Maracanau - CE CEP:61939-000","Ceará","Maracanau /CE","Recife - PE",{"$f":"VLOOKUP(G13,OFFSET('ANP ESTADO'!$A$1,MATCH($I$7,'ANP ESTADO'!B:B,0)+MATCH($H$10,OFFSET('ANP ESTADO'!$A$1,MATCH($I$7,'ANP ESTADO'!B:B,0),0,100000,1),0),2,100000,2),2,FALSE)","v":2.53281},{"$f":"VLOOKUP($H$10,OFFSET('ANP REGIÃO'!$A$9,MATCH('Transporte RR-1C'!$I$7,'ANP REGIÃO'!A:A,0),1,10000,10000),MATCH('Transporte RR-1C'!AH13,'ANP REGIÃO'!$B$8:$G$8,0),FALSE)","v":3.4503200000000001},{"$f":"IF(AND(J13=\"-\",K13=\"-\"),\"\",IF(AND(J13<>0,K13=\"-\"),J13*1000,IF(AND(J13=\"-\",K13<>0),K13*1000,IF(AND(J13<>0,K13<>0),J13*1000,\"\"))))","v":2532.81},{"$f":"ROUND(((L13/(1-$O$7-$O$8-$O$9))-L13),2)","v":699.88},{"$f":"L13+M13","v":3232.69},{"$f":"'Transporte CM-30'!O13","v":778.5},null,{"$f":"ROUND((26.939+0.253*O13),2)","v":223.9},null,{"$f":"Q13+R13","v":223.9},{"$f":"TRUNC(S13*($O$9/(1-$O$9)),2)","v":49.14},{"$f":"TRUNC(IF($J$8=\"\",\"\",(($J$9-$J$8)/$J$8)*(S13+T13)),2)","v":290.27999999999997},{"$f":"S13+T13+U13","v":563.32000000000005},399.6,{"$f":"EVEN(' CONSUMO DE MAT. B TOTAL'!$P$10*2/28)*W13/' CONSUMO DE MAT. B TOTAL'!$P$10","v":45.36},{"$f":"IF(AND(Q13=\"\",T13=\"\"),\"\",V13+X13)","v":608.67999999999995},{"$f":"IF(OR(L13=\"\",M13=\"\"),\"\",L13+M13)","v":3232.69},{"$f":"IF(OR(Y13=\"\",Z13=\"\"),\"\",Y13+Z13)","v":3841.37},null,{"$f":"AA13","v":3841.37},{"$f":"Y13","v":608.67999999999995},{"$f":"Z13","v":3232.69},null,null,{"$f":"IF(OR(G13=$D$42,G13=$D$43,G13=$D$45,G13=$D$51,G13=$D$35,G13=$D$31,G13=$D$27,G13=$D$40,G13=$D$30),\"NORDESTE\",IF(OR(G13=$D$26,G13=$D$28,G13=$D$29,G13=$D$39,G13=$D$47,G13=$D$48,G13=$D$52),\"NORTE\",IF(OR(G13=$D$32,G13=$D$34,G13=$D$36,G13=$D$37),\"CENTRO-OESTE\",IF(OR(G13=$D$50,G13=$D$44,G13=$D$38,G13=$D$33),\"SUDESTE\",IF(OR(G13=$D$49,G13=$D$41,G13=$D$46),\"SUL\",\"\")))))","v":"NORDESTE"}]
[null,{"$f":"AA14","v":3809.72},2,null,"EMAM - EMULSÕES E TRANSPORTES LTDA.","RODOVIA CE 060, KM 11,5 - Pacatuba - CE CEP:61800-000","Ceará","Pacatuba/CE","Recife - PE",{"$f":"VLOOKUP(G14,OFFSET('ANP ESTADO'!$A$1,MATCH($I$7,'ANP ESTADO'!B:B,0)+MATCH($H$10,OFFSET('ANP ESTADO'!$A$1,MATCH($I$7,'ANP ESTADO'!B:B,0),0,100000,1),0),2,100000,2),2,FALSE)","v":2.53281},{"$f":"VLOOKUP($H$10,OFFSET('ANP REGIÃO'!$A$9,MATCH('Transporte RR-1C'!$I$7,'ANP REGIÃO'!A:A,0),1,10000,10000),MATCH('Transporte RR-1C'!AH14,'ANP REGIÃO'!$B$8:$G$8,0),FALSE)","v":3.4503200000000001},{"$f":"IF(AND(J14=\"-\",K14=\"-\"),\"\",IF(AND(J14<>0,K14=\"-\"),J14*1000,IF(AND(J14=\"-\",K14<>0),K14*1000,IF(AND(J14<>0,K14<>0),J14*1000,\"\"))))","v":2532.81},{"$f":"ROUND(((L14/(1-$O$7-$O$8-$O$9))-L14),2)","v":699.88},{"$f":"L14+M14","v":3232.69},{"$f":"'Transporte CM-30'!O14","v":780},null,{"$f":"ROUND((26.939+0.253*O14),2)","v":224.28},null,{"$f":"Q14+R14","v":224.28},{"$f":"TRUNC(S14*($O$9/(1-$O$9)),2)","v":49.23},{"$f":"TRUNC(IF($J$8=\"\",\"\",(($J$9-$J$8)/$J$8)*(S14+T14)),2)","v":290.77999999999997},{"$f":"S14+T14+U14","v":564.29},112.2,{"$f":"EVEN(' CONSUMO DE MAT. B TOTAL'!$P$10*2/28)*W14/' CONSUMO DE MAT. B TOTAL'!$P$10","v":12.74},577.03,3232.69,{"$f":"IF(OR(Y14=\"\",Z14=\"\"),\"\",Y14+Z14)","v":3809.72},null,{"$f":"AA14","v":3809.72},{"$f":"Y14","v":577.03},3232.69,null,null,{"$f":"IF(OR(G14=$D$42,G14=$D$43,G14=$D$45,G14=$D$51,G14=$D$35,G14=$D$31,G14=$D$27,G14=$D$40,G14=$D$30),\"NORDESTE\",IF(OR(G14=$D$26,G14=$D$28,G14=$D$29,G14=$D$39,G14=$D$47,G14=$D$48,G14=$D$52),\"NORTE\",IF(OR(G14=$D$32,G14=$D$34,G14=$D$36,G14=$D$37),\"CENTRO-OESTE\",IF(OR(G14=$D$50,G14=$D$44,G14=$D$38,G14=$D$33),\"SUDESTE\",IF(OR(G14=$D$49,G14=$D$41,G14=$D$46),\"SUL\",\"\")))))","v":"NORDESTE"}]
[null,4999.3100000000004,3,null,"CBAA - ASFALTOS LTDA","Avenida Banco do Nordeste, S/N – Feira de Santana - BA CEP:44063-640","Bahia","Feira de Santana - BA","Recife - PE",{"$f":"VLOOKUP(G15,OFFSET('ANP ESTADO'!$A$1,MATCH($I$7,'ANP ESTADO'!B:B,0)+MATCH($H$10,OFFSET('ANP ESTADO'!$A$1,MATCH($I$7,'ANP ESTADO'!B:B,0),0,100000,1),0),2,100000,2),2,FALSE)","v":"-"},{"$f":"VLOOKUP($H$10,OFFSET('ANP REGIÃO'!$A$9,MATCH('Transporte RR-1C'!$I$7,'ANP REGIÃO'!A:A,0),1,10000,10000),MATCH('Transporte RR-1C'!AH15,'ANP REGIÃO'!$B$8:$G$8,0),FALSE)","v":3.4503200000000001},3450.32,953.41,4403.7299999999996,{"$f":"'Transporte CM-30'!O15","v":803.7},null,230.28,null,230.28,50.54,298.55,579.37,142.80000000000001,{"$f":"EVEN(' CONSUMO DE MAT. B TOTAL'!$P$10*2/28)*W15/' CONSUMO DE MAT. B TOTAL'!$P$10","v":16.21},595.58000000000004,4403.7299999999996,4999.3100000000004,null,4999.3100000000004,595.58000000000004,4403.7299999999996,null,null,{"$f":"IF(OR(G15=$D$42,G15=$D$43,G15=$D$45,G15=$D$51,G15=$D$35,G15=$D$31,G15=$D$27,G15=$D$40,G15=$D$30),\"NORDESTE\",IF(OR(G15=$D$26,G15=$D$28,G15=$D$29,G15=$D$39,G15=$D$47,G15=$D$48,G15=$D$52),\"NORTE\",IF(OR(G15=$D$32,G15=$D$34,G15=$D$36,G15=$D$37),\"CENTRO-OESTE\",IF(OR(G15=$D$50,G15=$D$44,G15=$D$38,G15=$D$33),\"SUDESTE\",IF(OR(G15=$D$49,G15=$D$41,G15=$D$46),\"SUL\",\"\")))))","v":"NORDESTE"}]
[2403,5022.7,4,null,"Brasil Asfaltos Ltda","Rodovia BA 522, s/nº, KM 01, Distrito Industrial - Candeias - BA CEP:43813-300","Bahia","Candeias/BA","Recife - PE",{"$f":"VLOOKUP(G16,OFFSET('ANP ESTADO'!$A$1,MATCH($I$7,'ANP ESTADO'!B:B,0)+MATCH($H$10,OFFSET('ANP ESTADO'!$A$1,MATCH($I$7,'ANP ESTADO'!B:B,0),0,100000,1),0),2,100000,2),2,FALSE)","v":"-"},{"$f":"VLOOKUP($H$10,OFFSET('ANP REGIÃO'!$A$9,MATCH('Transporte RR-1C'!$I$7,'ANP REGIÃO'!A:A,0),1,10000,10000),MATCH('Transporte RR-1C'!AH16,'ANP REGIÃO'!$B$8:$G$8,0),FALSE)","v":3.4503200000000001},3450.32,953.41,4403.7299999999996,{"$f":"'Transporte CM-30'!O16","v":845.9},null,240.95,null,240.95,52.89,312.39,606.23,112.2,{"$f":"EVEN(' CONSUMO DE MAT. B TOTAL'!$P$10*2/28)*W16/' CONSUMO DE MAT. B TOTAL'!$P$10","v":12.74},618.97,4403.7299999999996,5022.7,null,5022.7,618.97,4403.7299999999996,null,null,{"$f":"IF(OR(G16=$D$42,G16=$D$43,G16=$D$45,G16=$D$51,G16=$D$35,G16=$D$31,G16=$D$27,G16=$D$40,G16=$D$30),\"NORDESTE\",IF(OR(G16=$D$26,G16=$D$28,G16=$D$29,G16=$D$39,G16=$D$47,G16=$D$48,G16=$D$52),\"NORTE\",IF(OR(G16=$D$32,G16=$D$34,G16=$D$36,G16=$D$37),\"CENTRO-OESTE\",IF(OR(G16=$D$50,G16=$D$44,G16=$D$38,G16=$D$33),\"SUDESTE\",IF(OR(G16=$D$49,G16=$D$41,G16=$D$46),\"SUL\",\"\")))))","v":"NORDESTE"}]
[{"$nulls":14},3155]
{"$rows_empty":8}
[null,null,null,"Acre"]
[null,null,null,"Alagoas"]
[null,null,null,"Amapá"]
[null,null,null,"Amazonas"]
[null,null,null,"Bahia"]
[null,null,null,"Ceará"]
[null,null,null,"Distrito Federal"]
[null,null,null,"Espírito Santo"]
[null,null,null,"Goiás"]
[null,null,null,"Maranhão"]
[null,null,null,"Mato Grosso"]
[null,null,null,"Mato Grosso do Sul"]
[null,null,null,"Minas Gerais"]
[null,null,null,"Pará"]
[null,null,null,"Paraíba"]
[null,null,null,"Paraná"]
[null,null,null,"Pernambuco"]
[null,null,null,"Piauí"]
[null,null,null,"Rio de Janeiro"]
[null,null,null,"Rio Grande do Norte"]
[null,null,null,"Rio Grande do Sul"]
[null,null,null,"Rondônia"]
[null,null,null,"Roraima"]
[null,null,null,"Santa Catarina"]
[null,null,null,"São Paulo"]
[null,null,null,"Sergipe"]
[null,null,null,"Tocantins"]
[]
[]
[]
[null,null,null,"ASFALTOS DILUÍDOS CM-30"]
[null,null,null,"ASFALTOS DILUÍDOS CM-70"]
[null,null,null,"ASFALTOS DILUÍDOS CR-250"]
[null,null,null,"ASFALTOS DILUÍDOS CR-70"]
[null,null,null,"CAP MODIFICADO POR BORRACHA DE PNEU AB22"]
[null,null,null,"CAP MODIFICADO POR BORRACHA DE PNEU AB8"]
[null,null,null,"CAP MODIFICADO POR POLÍMERO 55-75-E"]
[null,null,null,"CAP MODIFICADO POR POLÍMERO 60-85-E"]
[null,null,null,"CAP MODIFICADO POR POLÍMERO 65-90-E"]
[null,null,null,"CIMENTOS ASFÁLTICOS CAP-150-200"]
[null,null,null,"CIMENTOS ASFÁLTICOS CAP-30-45"]
[null,null,null,"CIMENTOS ASFÁLTICOS CAP-50-70"]
[null,null,null,"CIMENTOS ASFÁLTICOS CAP-85-100"]
[null,null,null,"EMULSÃO ASFÁLTICA CATIÔNICA DE RUPTURA CONTROLADA PARA SERVIÇO DE LAMA ASFÁLTICA"]
[null,null,null,"EMULSÃO ASFÁLTICA DE RUPTURA LENTA CATIÔNICA PARA SERVIÇO DE LAMA ASFÁLTICA"]
[null,null,null,"EMULSÃO ASFÁLTICA DE RUPTURA LENTA DE CARGA NEUTRA PARA SERVIÇO DE LAMA ASFÁLTICA"]
[null,null,null,"EMULSÃO ASFÁLTICA PARA SERVIÇO DE IMPRIMAÇÃO"]
[null,null,null,"EMULSÕES ASF. MOD. POR POLÍMEROS RC1C-E"]
[null,null,null,"EMULSÕES ASF. MOD. POR POLÍMEROS RL1C-E"]
[null,null,null,"EMULSÕES ASF. MOD. POR POLÍMEROS RM1C-E"]
[null,null,null,"EMULSÕES ASF. MOD. POR POLÍMEROS RR1C-E"]
[null,null,null,"EMULSÕES ASF. MOD. POR POLÍMEROS RR2C-E"]
[null,null,null,"EMULSÕES ASFÁLTICAS RL-1C"]
[null,null,null,"EMULSÕES ASFÁLTICAS RM-1C"]
[null,null,null,"EMULSÕES ASFÁLTICAS RM-2C"]
[null,null,null,"EMULSÕES ASFÁLTICAS RR-1C"]
[null,null,null,"EMULSÕES ASFÁLTICAS RR-2C"]

{"sheet":"RESUMO_Transp","index":19,"n_rows":30,"n_cols":23,"rows_kept":30,"cut":false,"hidden":false,"merged":[[2,1,2,8],[3,1,3,8],[4,1,4,8],[5,1,5,8],[6,1,6,22],[16,2,19,2],[21,2,24,2],[26,2,29,2],[10,10,12,10],[7,1,7,19],[10,4,10,5],[10,6,10,7],[11,15,11,16],[14,3,14,6],[14,7,14,8],[14,18,14,19],[10,1,12,1]]}
{"$rows_empty":10}
[null,"ÍNDICE DE PAVIMENTAÇÃO DNIT",null,null,"TIPOLOGIA DO MATERIAL",null,"LIGANTE BETUMINOSO",null,null,null,"IMPOSTOS","COFINS (BDI DIF)",6.4999999999999997E-3,{"$f":"'Transporte Cap 50-70'!P7","v":6.4999999999999997E-3}]
[null,null,"DATA INICIAL",null,null,"2014-07-01","ÍNDICE INICIAL",{"$f":"'Transporte Cap 50-70'!J8","v":270.23700000000002},null,null,null,"PIS",0.03,{"$f":"'Transporte Cap 50-70'!P8","v":0.03},null,"LEGENDA"]
[null,null,"DATA FINAL",null,null,"2023-10-01","ÍNDICE FINAL",{"$f":"'Transporte Cap 50-70'!J9","v":557.54300000000001},null,null,null," ICMS",{"$f":"'Transporte Cap 50-70'!O9","v":0.18},{"$f":"'Transporte Cap 50-70'!P9","v":0.18},null,"ENTRADA DE DADOS"]
[]
[null,"DATA-BASE","PRODUTOS","LOCALIDADES",null,null,null,"CUSTO ANP (R$/Kg)",null,"CUSTO ANP","IMPOSTOS DO PRODUTO","CUSTO DO PRODUTO COM IMPOSTOS","DMT's","DMT's","CUSTO DO TRANSPORTE TOTAL","ICMS","ATUALIZAÇÃO DO CUSTO DE TRANSPORTE","CUSTO DO TRANSPORTE RODOVIA PAVIMENTADA COM IMPOSTOS E ATUALIZAÇÃO MONETÁRIA","PEDÁGIO ",null,"TOTAL TRANSPORTE","TOTAL PRODUTO","TOTAL GERAL"]
[null,{"$f":"F13","v":"2023-10-01"},null,"REFINARIAS","ENDEREÇO","ORIGEM\nREFINARIAS / DISTRIBUIDORAS","DESTINO","ESTADO","REGIÃO","R$/t","R$/t","R$/t","KM","KM","R$/t","R$/t","R$/t","R$/t","CUSTO POR EIXO","R$/t","R$/t","R$/t","R$/t"]
[null,1,"CAP 50/70","Refinaria Abreu e Lima","Rodovia PE 60, Km 10 - Ipojuca - PE CEP:55590-000",{"$f":"VLOOKUP($W17,'Transporte Cap 50-70'!$B:$AA,7,FALSE)","v":"Feira de Santana - BA"},{"$f":"VLOOKUP($W17,'Transporte Cap 50-70'!$B:$AA,8,FALSE)","v":"Recife - PE"},{"$f":"VLOOKUP($W17,'Transporte Cap 50-70'!$B:$AA,9,FALSE)","v":3.4724499999999998},{"$f":"VLOOKUP($W17,'Transporte Cap 50-70'!$B:$AA,10,FALSE)","v":3.6154600000000001},{"$f":"VLOOKUP($W17,'Transporte Cap 50-70'!$B:$AA,11,FALSE)","v":3472.45},{"$f":"VLOOKUP($W17,'Transporte Cap 50-70'!$B:$AA,12,FALSE)","v":959.52},{"$f":"VLOOKUP($W17,'Transporte Cap 50-70'!$B:$AA,13,FALSE)","v":4431.97},{"$f":"VLOOKUP($W17,'Transporte Cap 50-70'!$B$13:$AA$16,14,FALSE)","v":803.7},{"$f":"VLOOKUP($W17,'Transporte Cap 50-70'!$B:$AA,15,FALSE)","v":0},{"$f":"VLOOKUP($W17,'Transporte Cap 50-70'!$B:$AA,18,FALSE)","v":230.28},{"$f":"VLOOKUP($W17,'Transporte Cap 50-70'!$B:$AA,19,FALSE)","v":50.54},{"$f":"VLOOKUP($W17,'Transporte Cap 50-70'!$B:$AA,20,FALSE)","v":298.55},{"$f":"VLOOKUP($W17,'Transporte Cap 50-70'!$B:$AA,21,FALSE)","v":579.37},{"$f":"VLOOKUP($W17,'Transporte Cap 50-70'!$B:$AA,22,FALSE)","v":61.2},{"$f":"VLOOKUP($W17,'Transporte Cap 50-70'!$B:$AA,23,FALSE)","v":4.3899999999999997},{"$f":"VLOOKUP($W17,'Transporte Cap 50-70'!$B:$AA,24,FALSE)","v":583.76},{"$f":"VLOOKUP($W17,'Transporte Cap 50-70'!$B:$AA,25,FALSE)","v":4431.97},{"$f":"SMALL('Transporte Cap 50-70'!$AA:$AA,1)","v":5015.7299999999996}]
[null,2,null,"Refinaria Potiguar Clara Camarão","Rodovia RN 221, KM 25 - Guamaré - RN CEP:59598-000",{"$f":"VLOOKUP($W18,'Transporte Cap 50-70'!$B:$AA,7,FALSE)","v":"Candeias/BA"},{"$f":"VLOOKUP($W18,'Transporte Cap 50-70'!$B:$AA,8,FALSE)","v":"Recife - PE"},{"$f":"VLOOKUP($W18,'Transporte Cap 50-70'!$B:$AA,9,FALSE)","v":3.4724499999999998},{"$f":"VLOOKUP($W18,'Transporte Cap 50-70'!$B:$AA,10,FALSE)","v":3.6154600000000001},{"$f":"VLOOKUP($W18,'Transporte Cap 50-70'!$B:$AA,11,FALSE)","v":3472.45},{"$f":"VLOOKUP($W18,'Transporte Cap 50-70'!$B:$AA,12,FALSE)","v":959.52},{"$f":"VLOOKUP($W18,'Transporte Cap 50-70'!$B:$AA,13,FALSE)","v":4431.97},{"$f":"VLOOKUP($W18,'Transporte Cap 50-70'!$B$13:$AA$16,14,FALSE)","v":845.9},{"$f":"VLOOKUP($W18,'Transporte Cap 50-70'!$B:$AA,15,FALSE)","v":0},{"$f":"VLOOKUP($W18,'Transporte Cap 50-70'!$B:$AA,18,FALSE)","v":240.95},{"$f":"VLOOKUP($W18,'Transporte Cap 50-70'!$B:$AA,19,FALSE)","v":52.89},{"$f":"VLOOKUP($W18,'Transporte Cap 50-70'!$B:$AA,20,FALSE)","v":312.39},{"$f":"VLOOKUP($W18,'Transporte Cap 50-70'!$B:$AA,21,FALSE)","v":606.23},{"$f":"VLOOKUP($W18,'Transporte Cap 50-70'!$B:$AA,22,FALSE)","v":0},{"$f":"VLOOKUP($W18,'Transporte Cap 50-70'!$B:$AA,23,FALSE)","v":0},{"$f":"VLOOKUP($W18,'Transporte Cap 50-70'!$B:$AA,24,FALSE)","v":606.23},{"$f":"VLOOKUP($W18,'Transporte Cap 50-70'!$B:$AA,25,FALSE)","v":4431.97},{"$f":"SMALL('Transporte Cap 50-70'!$AA:$AA,2)","v":5038.2}]
[null,3,null,"Complexo Petroquímico do Rio de Janeiro (Comperj)","Rodovia Estadual RJ-116 - Km 5,2 - Acesso A-1, s/n, Complemento Sambaetiba - Zona Urbana do 4º Distrito de Itaboraí - RJ CEP:24841-203",{"$f":"VLOOKUP($W19,'Transporte Cap 50-70'!$B:$AA,7,FALSE)","v":"Maracanau /CE"},{"$f":"VLOOKUP($W19,'Transporte Cap 50-70'!$B:$AA,8,FALSE)","v":"Recife - PE"},{"$f":"VLOOKUP($W19,'Transporte Cap 50-70'!$B:$AA,9,FALSE)","v":3.68092},{"$f":"VLOOKUP($W19,'Transporte Cap 50-70'!$B:$AA,10,FALSE)","v":3.6154600000000001},{"$f":"VLOOKUP($W19,'Transporte Cap 50-70'!$B:$AA,11,FALSE)","v":3680.92},{"$f":"VLOOKUP($W19,'Transporte Cap 50-70'!$B:$AA,12,FALSE)","v":1017.13},{"$f":"VLOOKUP($W19,'Transporte Cap 50-70'!$B:$AA,13,FALSE)","v":4698.05},{"$f":"VLOOKUP($W19,'Transporte Cap 50-70'!$B$13:$AA$16,14,FALSE)","v":778.5},{"$f":"VLOOKUP($W19,'Transporte Cap 50-70'!$B:$AA,15,FALSE)","v":0},{"$f":"VLOOKUP($W19,'Transporte Cap 50-70'!$B:$AA,18,FALSE)","v":223.9},{"$f":"VLOOKUP($W19,'Transporte Cap 50-70'!$B:$AA,19,FALSE)","v":0},{"$f":"VLOOKUP($W19,'Transporte Cap 50-70'!$B:$AA,20,FALSE)","v":238.04},{"$f":"VLOOKUP($W19,'Transporte Cap 50-70'!$B:$AA,21,FALSE)","v":461.94},{"$f":"VLOOKUP($W19,'Transporte Cap 50-70'!$B:$AA,22,FALSE)","v":61.2},{"$f":"VLOOKUP($W19,'Transporte Cap 50-70'!$B:$AA,23,FALSE)","v":4.3899999999999997},{"$f":"VLOOKUP($W19,'Transporte Cap 50-70'!$B:$AA,24,FALSE)","v":466.33},{"$f":"VLOOKUP($W19,'Transporte Cap 50-70'!$B:$AA,25,FALSE)","v":4698.05},{"$f":"SMALL('Transporte Cap 50-70'!$AA:$AA,3)","v":5164.38}]
[null,4,null,null,null,{"$f":"VLOOKUP($W20,'Transporte Cap 50-70'!$B:$AA,7,FALSE)","v":"Pacatuba/CE"},{"$f":"VLOOKUP($W20,'Transporte Cap 50-70'!$B:$AA,8,FALSE)","v":"Recife - PE"},{"$f":"VLOOKUP($W20,'Transporte Cap 50-70'!$B:$AA,9,FALSE)","v":3.68092},{"$f":"VLOOKUP($W20,'Transporte Cap 50-70'!$B:$AA,10,FALSE)","v":3.6154600000000001},{"$f":"VLOOKUP($W20,'Transporte Cap 50-70'!$B:$AA,11,FALSE)","v":3680.92},{"$f":"VLOOKUP($W20,'Transporte Cap 50-70'!$B:$AA,12,FALSE)","v":1017.13},{"$f":"VLOOKUP($W20,'Transporte Cap 50-70'!$B:$AA,13,FALSE)","v":4698.05},{"$f":"VLOOKUP($W20,'Transporte Cap 50-70'!$B$13:$AA$16,14,FALSE)","v":780},{"$f":"VLOOKUP($W20,'Transporte Cap 50-70'!$B:$AA,15,FALSE)","v":0},{"$f":"VLOOKUP($W20,'Transporte Cap 50-70'!$B:$AA,18,FALSE)","v":224.28},{"$f":"VLOOKUP($W20,'Transporte Cap 50-70'!$B:$AA,19,FALSE)","v":49.23},{"$f":"VLOOKUP($W20,'Transporte Cap 50-70'!$B:$AA,20,FALSE)","v":290.77999999999997},{"$f":"VLOOKUP($W20,'Transporte Cap 50-70'!$B:$AA,21,FALSE)","v":564.29},{"$f":"VLOOKUP($W20,'Transporte Cap 50-70'!$B:$AA,22,FALSE)","v":177},{"$f":"VLOOKUP($W20,'Transporte Cap 50-70'!$B:$AA,23,FALSE)","v":12.71},{"$f":"VLOOKUP($W20,'Transporte Cap 50-70'!$B:$AA,24,FALSE)","v":577},{"$f":"VLOOKUP($W20,'Transporte Cap 50-70'!$B:$AA,25,FALSE)","v":4698.05},{"$f":"SMALL('Transporte Cap 50-70'!$AA:$AA,4)","v":5275.05}]
[]
[null,1,"CM-30","Refinaria Abreu e Lima","Rodovia PE 60, Km 10 - Ipojuca - PE CEP:55590-000",{"$f":"VLOOKUP($W22,'Transporte CM-30'!$B$13:$AA$16,7,FALSE)","v":"Maracanau /CE"},{"$f":"VLOOKUP($W22,'Transporte CM-30'!$B$13:$AA$16,8,FALSE)","v":"Recife - PE"},{"$f":"VLOOKUP($W22,'Transporte CM-30'!$B$13:$AA$16,9,FALSE)","v":4.2940800000000001},{"$f":"VLOOKUP($W22,'Transporte CM-30'!$B$13:$AA$16,10,FALSE)","v":4.2940800000000001},{"$f":"VLOOKUP($W22,'Transporte CM-30'!$B$13:$AA$16,11,FALSE)","v":4294.08},{"$f":"VLOOKUP($W22,'Transporte CM-30'!$B$13:$AA$16,12,FALSE)","v":1186.56},{"$f":"VLOOKUP($W22,'Transporte CM-30'!$B$13:$AA$16,13,FALSE)","v":5480.64},{"$f":"VLOOKUP($W22,'Transporte CM-30'!$B$13:$AA$16,14,FALSE)","v":778.5},{"$f":"VLOOKUP($W22,'Transporte CM-30'!$B$13:$AA$16,15,FALSE)","v":0},{"$f":"VLOOKUP($W22,'Transporte CM-30'!$B$13:$AA$16,18,FALSE)","v":223.9},{"$f":"VLOOKUP($W22,'Transporte CM-30'!$B$13:$AA$16,19,FALSE)","v":0},{"$f":"VLOOKUP($W22,'Transporte CM-30'!$B$13:$AA$16,20,FALSE)","v":238.04},{"$f":"VLOOKUP($W22,'Transporte CM-30'!$B$13:$AA$16,21,FALSE)","v":461.94},{"$f":"VLOOKUP($W22,'Transporte CM-30'!$B$13:$AA$16,22,FALSE)","v":61.2},{"$f":"VLOOKUP($W22,'Transporte CM-30'!$B$13:$AA$16,23,FALSE)","v":5.03},{"$f":"VLOOKUP($W22,'Transporte CM-30'!$B$13:$AA$16,24,FALSE)","v":466.97},{"$f":"VLOOKUP($W22,'Transporte CM-30'!$B:$AA,25,FALSE)","v":5480.64},{"$f":"SMALL('Transporte CM-30'!$AA:$AA,1)","v":5947.61}]
[null,2,null,"Refinaria Potiguar Clara Camarão","Rodovia RN 221, KM 25 - Guamaré - RN CEP:59598-000",{"$f":"VLOOKUP($W23,'Transporte CM-30'!$B$13:$AA$16,7,FALSE)","v":"Pacatuba/CE"},{"$f":"VLOOKUP($W23,'Transporte CM-30'!$B$13:$AA$16,8,FALSE)","v":"Recife -PE"},{"$f":"VLOOKUP($W23,'Transporte CM-30'!$B$13:$AA$16,9,FALSE)","v":4.2940800000000001},{"$f":"VLOOKUP($W23,'Transporte CM-30'!$B$13:$AA$16,10,FALSE)","v":4.2940800000000001},{"$f":"VLOOKUP($W23,'Transporte CM-30'!$B$13:$AA$16,11,FALSE)","v":4294.08},{"$f":"VLOOKUP($W23,'Transporte CM-30'!$B$13:$AA$16,12,FALSE)","v":1186.56},{"$f":"VLOOKUP($W23,'Transporte CM-30'!$B$13:$AA$16,13,FALSE)","v":5480.64},{"$f":"VLOOKUP($W23,'Transporte CM-30'!$B$13:$AA$16,14,FALSE)","v":780},{"$f":"VLOOKUP($W23,'Transporte CM-30'!$B$13:$AA$16,15,FALSE)","v":0},{"$f":"VLOOKUP($W23,'Transporte CM-30'!$B$13:$AA$16,18,FALSE)","v":224.28},{"$f":"VLOOKUP($W23,'Transporte CM-30'!$B$13:$AA$16,19,FALSE)","v":49.23},{"$f":"VLOOKUP($W23,'Transporte CM-30'!$B$13:$AA$16,20,FALSE)","v":290.77999999999997},{"$f":"VLOOKUP($W23,'Transporte CM-30'!$B$13:$AA$16,21,FALSE)","v":564.29},{"$f":"VLOOKUP($W23,'Transporte CM-30'!$B$13:$AA$16,22,FALSE)","v":177},{"$f":"VLOOKUP($W23,'Transporte CM-30'!$B$13:$AA$16,23,FALSE)","v":14.56},{"$f":"VLOOKUP($W23,'Transporte CM-30'!$B$13:$AA$16,24,FALSE)","v":578.85},{"$f":"VLOOKUP($W23,'Transporte CM-30'!$B:$AA,25,FALSE)","v":5480.64},{"$f":"SMALL('Transporte CM-30'!$AA:$AA,2)","v":6059.49}]
[null,3,null,"Complexo Petroquímico do Rio de Janeiro (Comperj)","Rodovia Estadual RJ-116 - Km 5,2 - Acesso A-1, s/n, Complemento Sambaetiba - Zona Urbana do 4º Distrito de Itaboraí - RJ CEP:24841-203",{"$f":"VLOOKUP($W24,'Transporte CM-30'!$B$13:$AA$16,7,FALSE)","v":"Feira de Santana - BA"},{"$f":"VLOOKUP($W24,'Transporte CM-30'!$B$13:$AA$16,8,FALSE)","v":"Recife -PE"},{"$f":"VLOOKUP($W24,'Transporte CM-30'!$B$13:$AA$16,9,FALSE)","v":"-"},{"$f":"VLOOKUP($W24,'Transporte CM-30'!$B$13:$AA$16,10,FALSE)","v":4.2940800000000001},{"$f":"VLOOKUP($W24,'Transporte CM-30'!$B$13:$AA$16,11,FALSE)","v":4294.08},{"$f":"VLOOKUP($W24,'Transporte CM-30'!$B$13:$AA$16,12,FALSE)","v":1186.56},{"$f":"VLOOKUP($W24,'Transporte CM-30'!$B$13:$AA$16,13,FALSE)","v":5480.64},{"$f":"VLOOKUP($W24,'Transporte CM-30'!$B$13:$AA$16,14,FALSE)","v":803.7},{"$f":"VLOOKUP($W24,'Transporte CM-30'!$B$13:$AA$16,15,FALSE)","v":0},{"$f":"VLOOKUP($W24,'Transporte CM-30'!$B$13:$AA$16,18,FALSE)","v":230.28},{"$f":"VLOOKUP($W24,'Transporte CM-30'!$B$13:$AA$16,19,FALSE)","v":50.54},{"$f":"VLOOKUP($W24,'Transporte CM-30'!$B$13:$AA$16,20,FALSE)","v":298.55},{"$f":"VLOOKUP($W24,'Transporte CM-30'!$B$13:$AA$16,21,FALSE)","v":579.37},{"$f":"VLOOKUP($W24,'Transporte CM-30'!$B$13:$AA$16,22,FALSE)","v":61.2},{"$f":"VLOOKUP($W24,'Transporte CM-30'!$B$13:$AA$16,23,FALSE)","v":5.03},{"$f":"VLOOKUP($W24,'Transporte CM-30'!$B$13:$AA$16,24,FALSE)","v":584.4},{"$f":"VLOOKUP($W24,'Transporte CM-30'!$B:$AA,25,FALSE)","v":5480.64},{"$f":"SMALL('Transporte CM-30'!$AA:$AA,3)","v":6065.04}]
[null,4,null,null,null,{"$f":"VLOOKUP($W25,'Transporte CM-30'!$B$13:$AA$16,7,FALSE)","v":"Candeias/BA"},{"$f":"VLOOKUP($W25,'Transporte CM-30'!$B$13:$AA$16,8,FALSE)","v":"Recife -PE"},{"$f":"VLOOKUP($W25,'Transporte CM-30'!$B$13:$AA$16,9,FALSE)","v":"-"},{"$f":"VLOOKUP($W25,'Transporte CM-30'!$B$13:$AA$16,10,FALSE)","v":4.2940800000000001},{"$f":"VLOOKUP($W25,'Transporte CM-30'!$B$13:$AA$16,11,FALSE)","v":4294.08},{"$f":"VLOOKUP($W25,'Transporte CM-30'!$B$13:$AA$16,12,FALSE)","v":1186.56},{"$f":"VLOOKUP($W25,'Transporte CM-30'!$B$13:$AA$16,13,FALSE)","v":5480.64},{"$f":"VLOOKUP($W25,'Transporte CM-30'!$B$13:$AA$16,14,FALSE)","v":845.9},{"$f":"VLOOKUP($W25,'Transporte CM-30'!$B$13:$AA$16,15,FALSE)","v":0},{"$f":"VLOOKUP($W25,'Transporte CM-30'!$B$13:$AA$16,18,FALSE)","v":240.95},{"$f":"VLOOKUP($W25,'Transporte CM-30'!$B$13:$AA$16,19,FALSE)","v":52.89},{"$f":"VLOOKUP($W25,'Transporte CM-30'!$B$13:$AA$16,20,FALSE)","v":312.39},{"$f":"VLOOKUP($W25,'Transporte CM-30'!$B$13:$AA$16,21,FALSE)","v":606.23},{"$f":"VLOOKUP($W25,'Transporte CM-30'!$B$13:$AA$16,22,FALSE)","v":0},{"$f":"VLOOKUP($W25,'Transporte CM-30'!$B$13:$AA$16,23,FALSE)","v":0},{"$f":"VLOOKUP($W25,'Transporte CM-30'!$B$13:$AA$16,24,FALSE)","v":606.23},{"$f":"VLOOKUP($W25,'Transporte CM-30'!$B:$AA,25,FALSE)","v":5480.64},{"$f":"SMALL('Transporte CM-30'!$AA:$AA,4)","v":6086.87}]
[]
[null,1,"RR1-C","Refinaria Abreu e Lima","Rodovia PE 60, Km 10 - Ipojuca - PE CEP:55590-000",{"$f":"VLOOKUP($W27,'Transporte RR-1C'!$B:$AA,7,FALSE)","v":"Pacatuba/CE"},{"$f":"VLOOKUP($W27,'Transporte RR-1C'!$B:$AA,8,FALSE)","v":"Recife - PE"},{"$f":"VLOOKUP($W27,'Transporte RR-1C'!$B:$AA,9,FALSE)","v":2.53281},{"$f":"VLOOKUP($W27,'Transporte RR-1C'!$B:$AA,10,FALSE)","v":3.4503200000000001},{"$f":"VLOOKUP($W27,'Transporte RR-1C'!$B:$AA,11,FALSE)","v":2532.81},{"$f":"VLOOKUP($W27,'Transporte RR-1C'!$B:$AA,12,FALSE)","v":699.88},{"$f":"VLOOKUP($W27,'Transporte RR-1C'!$B:$AA,13,FALSE)","v":3232.69},{"$f":"VLOOKUP($W27,'Transporte RR-1C'!$B:$AA,14,FALSE)","v":780},{"$f":"VLOOKUP($W27,'Transporte RR-1C'!$B:$AA,15,FALSE)","v":0},{"$f":"VLOOKUP($W27,'Transporte RR-1C'!$B:$AA,18,FALSE)","v":224.28},{"$f":"VLOOKUP($W27,'Transporte RR-1C'!$B:$AA,19,FALSE)","v":49.23},{"$f":"VLOOKUP($W27,'Transporte RR-1C'!$B:$AA,20,FALSE)","v":290.77999999999997},{"$f":"VLOOKUP($W27,'Transporte RR-1C'!$B:$AA,21,FALSE)","v":564.29},{"$f":"VLOOKUP($W27,'Transporte RR-1C'!$B:$AA,22,FALSE)","v":112.2},{"$f":"VLOOKUP($W27,'Transporte RR-1C'!$B:$AA,23,FALSE)","v":12.74},{"$f":"VLOOKUP($W27,'Transporte RR-1C'!$B:$AA,24,FALSE)","v":577.03},{"$f":"VLOOKUP($W27,'Transporte RR-1C'!$B:$AA,25,FALSE)","v":3232.69},{"$f":"SMALL('Transporte RR-1C'!$AA:$AA,1)","v":3809.72}]
[null,2,null,"Refinaria Potiguar Clara Camarão","Rodovia RN 221, KM 25 - Guamaré - RN CEP:59598-000",{"$f":"VLOOKUP($W28,'Transporte RR-1C'!$B:$AA,7,FALSE)","v":"Maracanau /CE"},{"$f":"VLOOKUP($W28,'Transporte RR-1C'!$B:$AA,8,FALSE)","v":"Recife - PE"},{"$f":"VLOOKUP($W28,'Transporte RR-1C'!$B:$AA,9,FALSE)","v":2.53281},{"$f":"VLOOKUP($W28,'Transporte RR-1C'!$B:$AA,10,FALSE)","v":3.4503200000000001},{"$f":"VLOOKUP($W28,'Transporte RR-1C'!$B:$AA,11,FALSE)","v":2532.81},{"$f":"VLOOKUP($W28,'Transporte RR-1C'!$B:$AA,12,FALSE)","v":699.88},{"$f":"VLOOKUP($W28,'Transporte RR-1C'!$B:$AA,13,FALSE)","v":3232.69},{"$f":"VLOOKUP($W28,'Transporte RR-1C'!$B:$AA,14,FALSE)","v":778.5},{"$f":"VLOOKUP($W28,'Transporte RR-1C'!$B:$AA,15,FALSE)","v":0},{"$f":"VLOOKUP($W28,'Transporte RR-1C'!$B:$AA,18,FALSE)","v":223.9},{"$f":"VLOOKUP($W28,'Transporte RR-1C'!$B:$AA,19,FALSE)","v":49.14},{"$f":"VLOOKUP($W28,'Transporte RR-1C'!$B:$AA,20,FALSE)","v":290.27999999999997},{"$f":"VLOOKUP($W28,'Transporte RR-1C'!$B:$AA,21,FALSE)","v":563.32000000000005},{"$f":"VLOOKUP($W28,'Transporte RR-1C'!$B:$AA,22,FALSE)","v":399.6},{"$f":"VLOOKUP($W28,'Transporte RR-1C'!$B:$AA,23,FALSE)","v":45.36},{"$f":"VLOOKUP($W28,'Transporte RR-1C'!$B:$AA,24,FALSE)","v":608.67999999999995},{"$f":"VLOOKUP($W28,'Transporte RR-1C'!$B:$AA,25,FALSE)","v":3232.69},{"$f":"SMALL('Transporte RR-1C'!$AA:$AA,2)","v":3841.37}]
[null,3,null,"Complexo Petroquímico do Rio de Janeiro (Comperj)","Rodovia Estadual RJ-116 - Km 5,2 - Acesso A-1, s/n, Complemento Sambaetiba - Zona Urbana do 4º Distrito de Itaboraí - RJ CEP:24841-203",{"$f":"VLOOKUP($W29,'Transporte RR-1C'!$B:$AA,7,FALSE)","v":"Feira de Santana - BA"},{"$f":"VLOOKUP($W29,'Transporte RR-1C'!$B:$AA,8,FALSE)","v":"Recife - PE"},{"$f":"VLOOKUP($W29,'Transporte RR-1C'!$B:$AA,9,FALSE)","v":"-"},{"$f":"VLOOKUP($W29,'Transporte RR-1C'!$B:$AA,10,FALSE)","v":3.4503200000000001},{"$f":"VLOOKUP($W29,'Transporte RR-1C'!$B:$AA,11,FALSE)","v":3450.32},{"$f":"VLOOKUP($W29,'Transporte RR-1C'!$B:$AA,12,FALSE)","v":953.41},{"$f":"VLOOKUP($W29,'Transporte RR-1C'!$B:$AA,13,FALSE)","v":4403.7299999999996},{"$f":"VLOOKUP($W29,'Transporte RR-1C'!$B:$AA,14,FALSE)","v":803.7},{"$f":"VLOOKUP($W29,'Transporte RR-1C'!$B:$AA,15,FALSE)","v":0},{"$f":"VLOOKUP($W29,'Transporte RR-1C'!$B:$AA,18,FALSE)","v":230.28},{"$f":"VLOOKUP($W29,'Transporte RR-1C'!$B:$AA,19,FALSE)","v":50.54},{"$f":"VLOOKUP($W29,'Transporte RR-1C'!$B:$AA,20,FALSE)","v":298.55},{"$f":"VLOOKUP($W29,'Transporte RR-1C'!$B:$AA,21,FALSE)","v":579.37},{"$f":"VLOOKUP($W29,'Transporte RR-1C'!$B:$AA,22,FALSE)","v":142.80000000000001},{"$f":"VLOOKUP($W29,'Transporte RR-1C'!$B:$AA,23,FALSE)","v":16.21},{"$f":"VLOOKUP($W29,'Transporte RR-1C'!$B:$AA,24,FALSE)","v":595.58000000000004},{"$f":"VLOOKUP($W29,'Transporte RR-1C'!$B:$AA,25,FALSE)","v":4403.7299999999996},{"$f":"SMALL('Transporte RR-1C'!$AA:$AA,3)","v":4999.3100000000004}]
[null,4,null,"Refinaria Abreu e Lima","Rodovia PE 60, Km 10 - Ipojuca - PE CEP:55590-000",{"$f":"VLOOKUP($W30,'Transporte RR-1C'!$B:$AA,7,FALSE)","v":"Candeias/BA"},{"$f":"VLOOKUP($W30,'Transporte RR-1C'!$B:$AA,8,FALSE)","v":"Recife - PE"},{"$f":"VLOOKUP($W30,'Transporte RR-1C'!$B:$AA,9,FALSE)","v":"-"},{"$f":"VLOOKUP($W30,'Transporte RR-1C'!$B:$AA,10,FALSE)","v":3.4503200000000001},{"$f":"VLOOKUP($W30,'Transporte RR-1C'!$B:$AA,11,FALSE)","v":3450.32},{"$f":"VLOOKUP($W30,'Transporte RR-1C'!$B:$AA,12,FALSE)","v":953.41},{"$f":"VLOOKUP($W30,'Transporte RR-1C'!$B:$AA,13,FALSE)","v":4403.7299999999996},{"$f":"VLOOKUP($W30,'Transporte RR-1C'!$B:$AA,14,FALSE)","v":845.9},{"$f":"VLOOKUP($W30,'Transporte RR-1C'!$B:$AA,15,FALSE)","v":0},{"$f":"VLOOKUP($W30,'Transporte RR-1C'!$B:$AA,18,FALSE)","v":240.95},{"$f":"VLOOKUP($W30,'Transporte RR-1C'!$B:$AA,19,FALSE)","v":52.89},{"$f":"VLOOKUP($W30,'Transporte RR-1C'!$B:$AA,20,FALSE)","v":312.39},{"$f":"VLOOKUP($W30,'Transporte RR-1C'!$B:$AA,21,FALSE)","v":606.23},{"$f":"VLOOKUP($W30,'Transporte RR-1C'!$B:$AA,22,FALSE)","v":112.2},{"$f":"VLOOKUP($W30,'Transporte RR-1C'!$B:$AA,23,FALSE)","v":12.74},{"$f":"VLOOKUP($W30,'Transporte RR-1C'!$B:$AA,24,FALSE)","v":618.97},{"$f":"VLOOKUP($W30,'Transporte RR-1C'!$B:$AA,25,FALSE)","v":4403.7299999999996},{"$f":"SMALL('Transporte RR-1C'!$AA:$AA,4)","v":5022.7}]

{"sheet":"ANP ESTADO","index":20,"n_rows":93053,"n_cols":4,"rows_kept":4500,"cut":true,"hidden":false,"merged":[[4,0,4,3],[4,7,4,13]],"bounds":{"rows_first":2000,"rows_last":500,"rows_between":2000,"halvings":0}}
["                       Agência Nacional do Petróleo, Gás Natural e Biocombustíveis"]
["                       Superintendência de Defesa da Concorrência"]
[]
[]
["PREÇO MÉDIO MENSAL PONDERADO PRATICADO PELOS DISTRIBUIDORES DE PRODUTOS ASFÁLTICOS (R$/KG)"]
[]
["Importante:","Quando não houver declaração de venda do produto selecionado, ou quando a declaração de venda do produto ocorrer por menos de 03 (três) distribuidoras, a tabela indicará campo vazio."]
["Mês","Produto","Estado","Preço"]
["2013-01-01","ASFALTOS DILUÍDOS CM-30","Acre","-"]
["2013-01-01","ASFALTOS DILUÍDOS CM-30","Alagoas","-"]
["2013-01-01","ASFALTOS DILUÍDOS CM-30","Amapá","-"]
["2013-01-01","ASFALTOS DILUÍDOS CM-30","Amazonas",1.45353]
["2013-01-01","ASFALTOS DILUÍDOS CM-30","Bahia",1.46404]
["2013-01-01","ASFALTOS DILUÍDOS CM-30","Ceará",1.448]
["2013-01-01","ASFALTOS DILUÍDOS CM-30","Distrito Federal","-"]
["2013-01-01","ASFALTOS DILUÍDOS CM-30","Espírito Santo","-"]
["2013-01-01","ASFALTOS DILUÍDOS CM-30","Goiás",1.68638]
["2013-01-01","ASFALTOS DILUÍDOS CM-30","Maranhão","-"]
["2013-01-01","ASFALTOS DILUÍDOS CM-30","Mato Grosso","-"]
["2013-01-01","ASFALTOS DILUÍDOS CM-30","Mato Grosso do Sul","-"]
["2013-01-01","ASFALTOS DILUÍDOS CM-30","Minas Gerais",1.4511099999999999]
["2013-01-01","ASFALTOS DILUÍDOS CM-30","Pará","-"]
["2013-01-01","ASFALTOS DILUÍDOS CM-30","Paraíba","-"]
["2013-01-01","ASFALTOS DILUÍDOS CM-30","Paraná",1.52013]
["2013-01-01","ASFALTOS DILUÍDOS CM-30","Pernambuco","-"]
["2013-01-01","ASFALTOS DILUÍDOS CM-30","Piauí","-"]
["2013-01-01","ASFALTOS DILUÍDOS CM-30","Rio de Janeiro",1.3304800000000001]
["2013-01-01","ASFALTOS DILUÍDOS CM-30","Rio Grande do Norte","-"]
["2013-01-01","ASFALTOS DILUÍDOS CM-30","Rio Grande do Sul",1.5986100000000001]
["2013-01-01","ASFALTOS DILUÍDOS CM-30","Rondônia","-"]
["2013-01-01","ASFALTOS DILUÍDOS CM-30","Roraima","-"]
["2013-01-01","ASFALTOS DILUÍDOS CM-30","Santa Catarina","-"]
["2013-01-01","ASFALTOS DILUÍDOS CM-30","São Paulo",1.4710099999999999]
["2013-01-01","ASFALTOS DILUÍDOS CM-30","Sergipe","-"]
["2013-01-01","ASFALTOS DILUÍDOS CM-30","Tocantins","-"]
["2013-02-01","ASFALTOS DILUÍDOS CM-30","Acre","-"]
["2013-02-01","ASFALTOS DILUÍDOS CM-30","Alagoas","-"]
["2013-02-01","ASFALTOS DILUÍDOS CM-30","Amapá","-"]
["2013-02-01","ASFALTOS DILUÍDOS CM-30","Amazonas",1.4855799999999999]
["2013-02-01","ASFALTOS DILUÍDOS CM-30","Bahia",1.4570099999999999]
["2013-02-01","ASFALTOS DILUÍDOS CM-30","Ceará",1.4131899999999999]
["2013-02-01","ASFALTOS DILUÍDOS CM-30","Distrito Federal","-"]
["2013-02-01","ASFALTOS DILUÍDOS CM-30","Espírito Santo","-"]
["2013-02-01","ASFALTOS DILUÍDOS CM-30","Goiás",1.6674599999999999]
["2013-02-01","ASFALTOS DILUÍDOS CM-30","Maranhão","-"]
["2013-02-01","ASFALTOS DILUÍDOS CM-30","Mato Grosso","-"]
["2013-02-01","ASFALTOS DILUÍDOS CM-30","Mato Grosso do Sul","-"]
["2013-02-01","ASFALTOS DILUÍDOS CM-30","Minas Gerais",1.4521200000000001]
["2013-02-01","ASFALTOS DILUÍDOS CM-30","Pará","-"]
["2013-02-01","ASFALTOS DILUÍDOS CM-30","Paraíba","-"]
["2013-02-01","ASFALTOS DILUÍDOS CM-30","Paraná",1.4937800000000001]
["2013-02-01","ASFALTOS DILUÍDOS CM-30","Pernambuco","-"]
["2013-02-01","ASFALTOS DILUÍDOS CM-30","Piauí","-"]
["2013-02-01","ASFALTOS DILUÍDOS CM-30","Rio de Janeiro",1.4182300000000001]
["2013-02-01","ASFALTOS DILUÍDOS CM-30","Rio Grande do Norte","-"]
["2013-02-01","ASFALTOS DILUÍDOS CM-30","Rio Grande do Sul",1.4358599999999999]
["2013-02-01","ASFALTOS DILUÍDOS CM-30","Rondônia","-"]
["2013-02-01","ASFALTOS DILUÍDOS CM-30","Roraima","-"]
["2013-02-01","ASFALTOS DILUÍDOS CM-30","Santa Catarina","-"]
["2013-02-01","ASFALTOS DILUÍDOS CM-30","São Paulo",1.4341900000000001]
["2013-02-01","ASFALTOS DILUÍDOS CM-30","Sergipe","-"]
["2013-02-01","ASFALTOS DILUÍDOS CM-30","Tocantins","-"]
["2013-03-01","ASFALTOS DILUÍDOS CM-30","Acre","-"]
["2013-03-01","ASFALTOS DILUÍDOS CM-30","Alagoas","-"]
["2013-03-01","ASFALTOS DILUÍDOS CM-30","Amapá","-"]
["2013-03-01","ASFALTOS DILUÍDOS CM-30","Amazonas",1.5079199999999999]
["2013-03-01","ASFALTOS DILUÍDOS CM-30","Bahia",1.4494400000000001]
["2013-03-01","ASFALTOS DILUÍDOS CM-30","Ceará",1.40161]
["2013-03-01","ASFALTOS DILUÍDOS CM-30","Distrito Federal","-"]
["2013-03-01","ASFALTOS DILUÍDOS CM-30","Espírito Santo","-"]
["2013-03-01","ASFALTOS DILUÍDOS CM-30","Goiás",1.6617599999999999]
["2013-03-01","ASFALTOS DILUÍDOS CM-30","Maranhão","-"]
["2013-03-01","ASFALTOS DILUÍDOS CM-30","Mato Grosso","-"]
["2013-03-01","ASFALTOS DILUÍDOS CM-30","Mato Grosso do Sul","-"]
["2013-03-01","ASFALTOS DILUÍDOS CM-30","Minas Gerais",1.4432400000000001]
["2013-03-01","ASFALTOS DILUÍDOS CM-30","Pará","-"]
["2013-03-01","ASFALTOS DILUÍDOS CM-30","Paraíba","-"]
["2013-03-01","ASFALTOS DILUÍDOS CM-30","Paraná",1.4690000000000001]
["2013-03-01","ASFALTOS DILUÍDOS CM-30","Pernambuco","-"]
["2013-03-01","ASFALTOS DILUÍDOS CM-30","Piauí","-"]
["2013-03-01","ASFALTOS DILUÍDOS CM-30","Rio de Janeiro",1.4380599999999999]
["2013-03-01","ASFALTOS DILUÍDOS CM-30","Rio Grande do Norte","-"]
["2013-03-01","ASFALTOS DILUÍDOS CM-30","Rio Grande do Sul",1.5814299999999999]
["2013-03-01","ASFALTOS DILUÍDOS CM-30","Rondônia","-"]
["2013-03-01","ASFALTOS DILUÍDOS CM-30","Roraima","-"]
["2013-03-01","ASFALTOS DILUÍDOS CM-30","Santa Catarina","-"]
["2013-03-01","ASFALTOS DILUÍDOS CM-30","São Paulo",1.4660599999999999]
["2013-03-01","ASFALTOS DILUÍDOS CM-30","Sergipe","-"]
["2013-03-01","ASFALTOS DILUÍDOS CM-30","Tocantins","-"]
["2013-04-01","ASFALTOS DILUÍDOS CM-30","Acre","-"]
["2013-04-01","ASFALTOS DILUÍDOS CM-30","Alagoas","-"]
["2013-04-01","ASFALTOS DILUÍDOS CM-30","Amapá","-"]
["2013-04-01","ASFALTOS DILUÍDOS CM-30","Amazonas",1.4847999999999999]
["2013-04-01","ASFALTOS DILUÍDOS CM-30","Bahia",1.4548399999999999]
["2013-04-01","ASFALTOS DILUÍDOS CM-30","Ceará",1.38707]
["2013-04-01","ASFALTOS DILUÍDOS CM-30","Distrito Federal","-"]
["2013-04-01","ASFALTOS DILUÍDOS CM-30","Espírito Santo","-"]
["2013-04-01","ASFALTOS DILUÍDOS CM-30","Goiás",1.6734800000000001]
["2013-04-01","ASFALTOS DILUÍDOS CM-30","Maranhão","-"]
["2013-04-01","ASFALTOS DILUÍDOS CM-30","Mato Grosso",1.92194]
["2013-04-01","ASFALTOS DILUÍDOS CM-30","Mato Grosso do Sul","-"]
["2013-04-01","ASFALTOS DILUÍDOS CM-30","Minas Gerais",1.4565600000000001]
["2013-04-01","ASFALTOS DILUÍDOS CM-30","Pará","-"]
["2013-04-01","ASFALTOS DILUÍDOS CM-30","Paraíba","-"]
["2013-04-01","ASFALTOS DILUÍDOS CM-30","Paraná",1.5344199999999999]
["2013-04-01","ASFALTOS DILUÍDOS CM-30","Pernambuco","-"]
["2013-04-01","ASFALTOS DILUÍDOS CM-30","Piauí","-"]
["2013-04-01","ASFALTOS DILUÍDOS CM-30","Rio de Janeiro",1.41842]
["2013-04-01","ASFALTOS DILUÍDOS CM-30","Rio Grande do Norte","-"]
["2013-04-01","ASFALTOS DILUÍDOS CM-30","Rio Grande do Sul",1.5725800000000001]
["2013-04-01","ASFALTOS DILUÍDOS CM-30","Rondônia","-"]
["2013-04-01","ASFALTOS DILUÍDOS CM-30","Roraima","-"]
["2013-04-01","ASFALTOS DILUÍDOS CM-30","Santa Catarina","-"]
["2013-04-01","ASFALTOS DILUÍDOS CM-30","São Paulo",1.47576]
["2013-04-01","ASFALTOS DILUÍDOS CM-30","Sergipe","-"]
["2013-04-01","ASFALTOS DILUÍDOS CM-30","Tocantins","-"]
["2013-05-01","ASFALTOS DILUÍDOS CM-30","Acre","-"]
["2013-05-01","ASFALTOS DILUÍDOS CM-30","Alagoas","-"]
["2013-05-01","ASFALTOS DILUÍDOS CM-30","Amapá","-"]
["2013-05-01","ASFALTOS DILUÍDOS CM-30","Amazonas","-"]
["2013-05-01","ASFALTOS DILUÍDOS CM-30","Bahia",1.4925900000000001]
["2013-05-01","ASFALTOS DILUÍDOS CM-30","Ceará",1.37626]
["2013-05-01","ASFALTOS DILUÍDOS CM-30","Distrito Federal","-"]
["2013-05-01","ASFALTOS DILUÍDOS CM-30","Espírito Santo","-"]
["2013-05-01","ASFALTOS DILUÍDOS CM-30","Goiás",1.66821]
["2013-05-01","ASFALTOS DILUÍDOS CM-30","Maranhão","-"]
["2013-05-01","ASFALTOS DILUÍDOS CM-30","Mato Grosso",1.9031]
["2013-05-01","ASFALTOS DILUÍDOS CM-30","Mato Grosso do Sul","-"]
["2013-05-01","ASFALTOS DILUÍDOS CM-30","Minas Gerais",1.46471]
["2013-05-01","ASFALTOS DILUÍDOS CM-30","Pará","-"]
["2013-05-01","ASFALTOS DILUÍDOS CM-30","Paraíba","-"]
["2013-05-01","ASFALTOS DILUÍDOS CM-30","Paraná",1.4890300000000001]
["2013-05-01","ASFALTOS DILUÍDOS CM-30","Pernambuco","-"]
["2013-05-01","ASFALTOS DILUÍDOS CM-30","Piauí","-"]
["2013-05-01","ASFALTOS DILUÍDOS CM-30","Rio de Janeiro",1.3992599999999999]
["2013-05-01","ASFALTOS DILUÍDOS CM-30","Rio Grande do Norte","-"]
["2013-05-01","ASFALTOS DILUÍDOS CM-30","Rio Grande do Sul",1.5396399999999999]
["2013-05-01","ASFALTOS DILUÍDOS CM-30","Rondônia","-"]
["2013-05-01","ASFALTOS DILUÍDOS CM-30","Roraima","-"]
["2013-05-01","ASFALTOS DILUÍDOS CM-30","Santa Catarina","-"]
["2013-05-01","ASFALTOS DILUÍDOS CM-30","São Paulo",1.45122]
["2013-05-01","ASFALTOS DILUÍDOS CM-30","Sergipe","-"]
["2013-05-01","ASFALTOS DILUÍDOS CM-30","Tocantins","-"]
["2013-06-01","ASFALTOS DILUÍDOS CM-30","Acre","-"]
["2013-06-01","ASFALTOS DILUÍDOS CM-30","Alagoas","-"]
["2013-06-01","ASFALTOS DILUÍDOS CM-30","Amapá","-"]
["2013-06-01","ASFALTOS DILUÍDOS CM-30","Amazonas",1.58633]
["2013-06-01","ASFALTOS DILUÍDOS CM-30","Bahia",1.4481299999999999]
["2013-06-01","ASFALTOS DILUÍDOS CM-30","Ceará",1.3827]
["2013-06-01","ASFALTOS DILUÍDOS CM-30","Distrito Federal","-"]
["2013-06-01","ASFALTOS DILUÍDOS CM-30","Espírito Santo","-"]
["2013-06-01","ASFALTOS DILUÍDOS CM-30","Goiás",1.6996100000000001]
["2013-06-01","ASFALTOS DILUÍDOS CM-30","Maranhão","-"]
["2013-06-01","ASFALTOS DILUÍDOS CM-30","Mato Grosso",1.91598]
["2013-06-01","ASFALTOS DILUÍDOS CM-30","Mato Grosso do Sul","-"]
["2013-06-01","ASFALTOS DILUÍDOS CM-30","Minas Gerais",1.4753700000000001]
["2013-06-01","ASFALTOS DILUÍDOS CM-30","Pará","-"]
["2013-06-01","ASFALTOS DILUÍDOS CM-30","Paraíba","-"]
["2013-06-01","ASFALTOS DILUÍDOS CM-30","Paraná",1.4321699999999999]
["2013-06-01","ASFALTOS DILUÍDOS CM-30","Pernambuco","-"]
["2013-06-01","ASFALTOS DILUÍDOS CM-30","Piauí","-"]
["2013-06-01","ASFALTOS DILUÍDOS CM-30","Rio de Janeiro",1.52742]
["2013-06-01","ASFALTOS DILUÍDOS CM-30","Rio Grande do Norte","-"]
["2013-06-01","ASFALTOS DILUÍDOS CM-30","Rio Grande do Sul",1.5986800000000001]
["2013-06-01","ASFALTOS DILUÍDOS CM-30","Rondônia","-"]
["2013-06-01","ASFALTOS DILUÍDOS CM-30","Roraima","-"]
["2013-06-01","ASFALTOS DILUÍDOS CM-30","Santa Catarina","-"]
["2013-06-01","ASFALTOS DILUÍDOS CM-30","São Paulo",1.43275]
["2013-06-01","ASFALTOS DILUÍDOS CM-30","Sergipe","-"]
["2013-06-01","ASFALTOS DILUÍDOS CM-30","Tocantins","-"]
["2013-07-01","ASFALTOS DILUÍDOS CM-30","Acre","-"]
["2013-07-01","ASFALTOS DILUÍDOS CM-30","Alagoas","-"]
["2013-07-01","ASFALTOS DILUÍDOS CM-30","Amapá","-"]
["2013-07-01","ASFALTOS DILUÍDOS CM-30","Amazonas",1.50989]
["2013-07-01","ASFALTOS DILUÍDOS CM-30","Bahia",1.43615]
["2013-07-01","ASFALTOS DILUÍDOS CM-30","Ceará",1.4248400000000001]
["2013-07-01","ASFALTOS DILUÍDOS CM-30","Distrito Federal","-"]
["2013-07-01","ASFALTOS DILUÍDOS CM-30","Espírito Santo","-"]
["2013-07-01","ASFALTOS DILUÍDOS CM-30","Goiás",1.66378]
["2013-07-01","ASFALTOS DILUÍDOS CM-30","Maranhão","-"]
["2013-07-01","ASFALTOS DILUÍDOS CM-30","Mato Grosso",1.93059]
["2013-07-01","ASFALTOS DILUÍDOS CM-30","Mato Grosso do Sul","-"]
["2013-07-01","ASFALTOS DILUÍDOS CM-30","Minas Gerais",1.4765699999999999]
["2013-07-01","ASFALTOS DILUÍDOS CM-30","Pará","-"]
["2013-07-01","ASFALTOS DILUÍDOS CM-30","Paraíba","-"]
["2013-07-01","ASFALTOS DILUÍDOS CM-30","Paraná",1.4771700000000001]
["2013-07-01","ASFALTOS DILUÍDOS CM-30","Pernambuco","-"]
["2013-07-01","ASFALTOS DILUÍDOS CM-30","Piauí","-"]
["2013-07-01","ASFALTOS DILUÍDOS CM-30","Rio de Janeiro",1.58446]
["2013-07-01","ASFALTOS DILUÍDOS CM-30","Rio Grande do Norte","-"]
["2013-07-01","ASFALTOS DILUÍDOS CM-30","Rio Grande do Sul",1.61249]
["2013-07-01","ASFALTOS DILUÍDOS CM-30","Rondônia","-"]
["2013-07-01","ASFALTOS DILUÍDOS CM-30","Roraima","-"]
["2013-07-01","ASFALTOS DILUÍDOS CM-30","Santa Catarina","-"]
["2013-07-01","ASFALTOS DILUÍDOS CM-30","São Paulo",1.5078400000000001]
["2013-07-01","ASFALTOS DILUÍDOS CM-30","Sergipe","-"]
["2013-07-01","ASFALTOS DILUÍDOS CM-30","Tocantins","-"]
["2013-08-01","ASFALTOS DILUÍDOS CM-30","Acre","-"]
["2013-08-01","ASFALTOS DILUÍDOS CM-30","Alagoas","-"]
["2013-08-01","ASFALTOS DILUÍDOS CM-30","Amapá","-"]
["2013-08-01","ASFALTOS DILUÍDOS CM-30","Amazonas",1.50928]
["2013-08-01","ASFALTOS DILUÍDOS CM-30","Bahia",1.4167000000000001]
["2013-08-01","ASFALTOS DILUÍDOS CM-30","Ceará",1.4474]
["2013-08-01","ASFALTOS DILUÍDOS CM-30","Distrito Federal","-"]
["2013-08-01","ASFALTOS DILUÍDOS CM-30","Espírito Santo","-"]
["2013-08-01","ASFALTOS DILUÍDOS CM-30","Goiás",1.7334099999999999]
["2013-08-01","ASFALTOS DILUÍDOS CM-30","Maranhão","-"]
["2013-08-01","ASFALTOS DILUÍDOS CM-30","Mato Grosso",1.9368700000000001]
["2013-08-01","ASFALTOS DILUÍDOS CM-30","Mato Grosso do Sul","-"]
["2013-08-01","ASFALTOS DILUÍDOS CM-30","Minas Gerais",1.4971399999999999]
["2013-08-01","ASFALTOS DILUÍDOS CM-30","Pará","-"]
["2013-08-01","ASFALTOS DILUÍDOS CM-30","Paraíba","-"]
["2013-08-01","ASFALTOS DILUÍDOS CM-30","Paraná",1.5549599999999999]
["2013-08-01","ASFALTOS DILUÍDOS CM-30","Pernambuco","-"]
["2013-08-01","ASFALTOS DILUÍDOS CM-30","Piauí","-"]
["2013-08-01","ASFALTOS DILUÍDOS CM-30","Rio de Janeiro",1.6100699999999999]
["2013-08-01","ASFALTOS DILUÍDOS CM-30","Rio Grande do Norte","-"]
["2013-08-01","ASFALTOS DILUÍDOS CM-30","Rio Grande do Sul",1.4857499999999999]
["2013-08-01","ASFALTOS DILUÍDOS CM-30","Rondônia","-"]
["2013-08-01","ASFALTOS DILUÍDOS CM-30","Roraima","-"]
["2013-08-01","ASFALTOS DILUÍDOS CM-30","Santa Catarina","-"]
["2013-08-01","ASFALTOS DILUÍDOS CM-30","São Paulo",1.4933700000000001]
["2013-08-01","ASFALTOS DILUÍDOS CM-30","Sergipe","-"]
["2013-08-01","ASFALTOS DILUÍDOS CM-30","Tocantins","-"]
["2013-09-01","ASFALTOS DILUÍDOS CM-30","Acre","-"]
["2013-09-01","ASFALTOS DILUÍDOS CM-30","Alagoas","-"]
["2013-09-01","ASFALTOS DILUÍDOS CM-30","Amapá","-"]
["2013-09-01","ASFALTOS DILUÍDOS CM-30","Amazonas",1.4609000000000001]
["2013-09-01","ASFALTOS DILUÍDOS CM-30","Bahia",1.45523]
["2013-09-01","ASFALTOS DILUÍDOS CM-30","Ceará",1.48326]
["2013-09-01","ASFALTOS DILUÍDOS CM-30","Distrito Federal","-"]
["2013-09-01","ASFALTOS DILUÍDOS CM-30","Espírito Santo","-"]
["2013-09-01","ASFALTOS DILUÍDOS CM-30","Goiás",1.7695399999999999]
["2013-09-01","ASFALTOS DILUÍDOS CM-30","Maranhão","-"]
["2013-09-01","ASFALTOS DILUÍDOS CM-30","Mato Grosso",1.9944500000000001]
["2013-09-01","ASFALTOS DILUÍDOS CM-30","Mato Grosso do Sul","-"]
["2013-09-01","ASFALTOS DILUÍDOS CM-30","Minas Gerais",1.5520400000000001]
["2013-09-01","ASFALTOS DILUÍDOS CM-30","Pará","-"]
["2013-09-01","ASFALTOS DILUÍDOS CM-30","Paraíba","-"]
["2013-09-01","ASFALTOS DILUÍDOS CM-30","Paraná",1.4988300000000001]
["2013-09-01","ASFALTOS DILUÍDOS CM-30","Pernambuco","-"]
["2013-09-01","ASFALTOS DILUÍDOS CM-30","Piauí","-"]
["2013-09-01","ASFALTOS DILUÍDOS CM-30","Rio de Janeiro",1.5485199999999999]
["2013-09-01","ASFALTOS DILUÍDOS CM-30","Rio Grande do Norte","-"]
["2013-09-01","ASFALTOS DILUÍDOS CM-30","Rio Grande do Sul",1.4662299999999999]
["2013-09-01","ASFALTOS DILUÍDOS CM-30","Rondônia","-"]
["2013-09-01","ASFALTOS DILUÍDOS CM-30","Roraima","-"]
["2013-09-01","ASFALTOS DILUÍDOS CM-30","Santa Catarina","-"]
["2013-09-01","ASFALTOS DILUÍDOS CM-30","São Paulo",1.51833]
["2013-09-01","ASFALTOS DILUÍDOS CM-30","Sergipe","-"]
["2013-09-01","ASFALTOS DILUÍDOS CM-30","Tocantins","-"]
["2013-10-01","ASFALTOS DILUÍDOS CM-30","Acre","-"]
["2013-10-01","ASFALTOS DILUÍDOS CM-30","Alagoas","-"]
["2013-10-01","ASFALTOS DILUÍDOS CM-30","Amapá","-"]
["2013-10-01","ASFALTOS DILUÍDOS CM-30","Amazonas",1.52433]
["2013-10-01","ASFALTOS DILUÍDOS CM-30","Bahia",1.47278]
["2013-10-01","ASFALTOS DILUÍDOS CM-30","Ceará",1.48034]
["2013-10-01","ASFALTOS DILUÍDOS CM-30","Distrito Federal","-"]
["2013-10-01","ASFALTOS DILUÍDOS CM-30","Espírito Santo","-"]
["2013-10-01","ASFALTOS DILUÍDOS CM-30","Goiás",1.7002699999999999]
["2013-10-01","ASFALTOS DILUÍDOS CM-30","Maranhão","-"]
["2013-10-01","ASFALTOS DILUÍDOS CM-30","Mato Grosso",1.9560500000000001]
["2013-10-01","ASFALTOS DILUÍDOS CM-30","Mato Grosso do Sul","-"]
["2013-10-01","ASFALTOS DILUÍDOS CM-30","Minas Gerais",1.50613]
["2013-10-01","ASFALTOS DILUÍDOS CM-30","Pará",1.7431000000000001]
["2013-10-01","ASFALTOS DILUÍDOS CM-30","Paraíba","-"]
["2013-10-01","ASFALTOS DILUÍDOS CM-30","Paraná",1.51234]
["2013-10-01","ASFALTOS DILUÍDOS CM-30","Pernambuco","-"]
["2013-10-01","ASFALTOS DILUÍDOS CM-30","Piauí","-"]
["2013-10-01","ASFALTOS DILUÍDOS CM-30","Rio de Janeiro",1.51048]
["2013-10-01","ASFALTOS DILUÍDOS CM-30","Rio Grande do Norte","-"]
["2013-10-01","ASFALTOS DILUÍDOS CM-30","Rio Grande do Sul",1.4366699999999999]
["2013-10-01","ASFALTOS DILUÍDOS CM-30","Rondônia","-"]
["2013-10-01","ASFALTOS DILUÍDOS CM-30","Roraima","-"]
["2013-10-01","ASFALTOS DILUÍDOS CM-30","Santa Catarina","-"]
["2013-10-01","ASFALTOS DILUÍDOS CM-30","São Paulo",1.4793499999999999]
["2013-10-01","ASFALTOS DILUÍDOS CM-30","Sergipe","-"]
["2013-10-01","ASFALTOS DILUÍDOS CM-30","Tocantins","-"]
["2013-11-01","ASFALTOS DILUÍDOS CM-30","Acre","-"]
["2013-11-01","ASFALTOS DILUÍDOS CM-30","Alagoas","-"]
["2013-11-01","ASFALTOS DILUÍDOS CM-30","Amapá","-"]
["2013-11-01","ASFALTOS DILUÍDOS CM-30","Amazonas",1.4995499999999999]
["2013-11-01","ASFALTOS DILUÍDOS CM-30","Bahia",1.50088]
["2013-11-01","ASFALTOS DILUÍDOS CM-30","Ceará",1.48756]
["2013-11-01","ASFALTOS DILUÍDOS CM-30","Distrito Federal","-"]
["2013-11-01","ASFALTOS DILUÍDOS CM-30","Espírito Santo","-"]
["2013-11-01","ASFALTOS DILUÍDOS CM-30","Goiás",1.79294]
["2013-11-01","ASFALTOS DILUÍDOS CM-30","Maranhão","-"]
["2013-11-01","ASFALTOS DILUÍDOS CM-30","Mato Grosso",1.9434800000000001]
["2013-11-01","ASFALTOS DILUÍDOS CM-30","Mato Grosso do Sul","-"]
["2013-11-01","ASFALTOS DILUÍDOS CM-30","Minas Gerais",1.48515]
["2013-11-01","ASFALTOS DILUÍDOS CM-30","Pará",1.7240899999999999]
["2013-11-01","ASFALTOS DILUÍDOS CM-30","Paraíba","-"]
["2013-11-01","ASFALTOS DILUÍDOS CM-30","Paraná",1.5581]
["2013-11-01","ASFALTOS DILUÍDOS CM-30","Pernambuco","-"]
["2013-11-01","ASFALTOS DILUÍDOS CM-30","Piauí","-"]
["2013-11-01","ASFALTOS DILUÍDOS CM-30","Rio de Janeiro",1.56734]
["2013-11-01","ASFALTOS DILUÍDOS CM-30","Rio Grande do Norte","-"]
["2013-11-01","ASFALTOS DILUÍDOS CM-30","Rio Grande do Sul",1.42577]
["2013-11-01","ASFALTOS DILUÍDOS CM-30","Rondônia","-"]
["2013-11-01","ASFALTOS DILUÍDOS CM-30","Roraima","-"]
["2013-11-01","ASFALTOS DILUÍDOS CM-30","Santa Catarina","-"]
["2013-11-01","ASFALTOS DILUÍDOS CM-30","São Paulo",1.48851]
["2013-11-01","ASFALTOS DILUÍDOS CM-30","Sergipe","-"]
["2013-11-01","ASFALTOS DILUÍDOS CM-30","Tocantins","-"]
["2013-12-01","ASFALTOS DILUÍDOS CM-30","Acre","-"]
["2013-12-01","ASFALTOS DILUÍDOS CM-30","Alagoas","-"]
["2013-12-01","ASFALTOS DILUÍDOS CM-30","Amapá","-"]
["2013-12-01","ASFALTOS DILUÍDOS CM-30","Amazonas",1.52603]
["2013-12-01","ASFALTOS DILUÍDOS CM-30","Bahia",1.47671]
["2013-12-01","ASFALTOS DILUÍDOS CM-30","Ceará",1.5036]
["2013-12-01","ASFALTOS DILUÍDOS CM-30","Distrito Federal","-"]
["2013-12-01","ASFALTOS DILUÍDOS CM-30","Espírito Santo","-"]
["2013-12-01","ASFALTOS DILUÍDOS CM-30","Goiás",1.8117399999999999]
["2013-12-01","ASFALTOS DILUÍDOS CM-30","Maranhão","-"]
["2013-12-01","ASFALTOS DILUÍDOS CM-30","Mato Grosso",1.9339200000000001]
["2013-12-01","ASFALTOS DILUÍDOS CM-30","Mato Grosso do Sul","-"]
["2013-12-01","ASFALTOS DILUÍDOS CM-30","Minas Gerais",1.4674499999999999]
["2013-12-01","ASFALTOS DILUÍDOS CM-30","Pará",1.7439]
["2013-12-01","ASFALTOS DILUÍDOS CM-30","Paraíba","-"]
["2013-12-01","ASFALTOS DILUÍDOS CM-30","Paraná",1.6568700000000001]
["2013-12-01","ASFALTOS DILUÍDOS CM-30","Pernambuco","-"]
["2013-12-01","ASFALTOS DILUÍDOS CM-30","Piauí","-"]
["2013-12-01","ASFALTOS DILUÍDOS CM-30","Rio de Janeiro",1.5549999999999999]
["2013-12-01","ASFALTOS DILUÍDOS CM-30","Rio Grande do Norte","-"]
["2013-12-01","ASFALTOS DILUÍDOS CM-30","Rio Grande do Sul",1.4462999999999999]
["2013-12-01","ASFALTOS DILUÍDOS CM-30","Rondônia","-"]
["2013-12-01","ASFALTOS DILUÍDOS CM-30","Roraima","-"]
["2013-12-01","ASFALTOS DILUÍDOS CM-30","Santa Catarina","-"]
["2013-12-01","ASFALTOS DILUÍDOS CM-30","São Paulo",1.51309]
["2013-12-01","ASFALTOS DILUÍDOS CM-30","Sergipe","-"]
["2013-12-01","ASFALTOS DILUÍDOS CM-30","Tocantins","-"]
["2014-01-01","ASFALTOS DILUÍDOS CM-30","Acre","-"]
["2014-01-01","ASFALTOS DILUÍDOS CM-30","Alagoas","-"]
["2014-01-01","ASFALTOS DILUÍDOS CM-30","Amapá","-"]
["2014-01-01","ASFALTOS DILUÍDOS CM-30","Amazonas",1.54704]
["2014-01-01","ASFALTOS DILUÍDOS CM-30","Bahia",1.49203]
["2014-01-01","ASFALTOS DILUÍDOS CM-30","Ceará",1.50065]
["2014-01-01","ASFALTOS DILUÍDOS CM-30","Distrito Federal","-"]
["2014-01-01","ASFALTOS DILUÍDOS CM-30","Espírito Santo","-"]
["2014-01-01","ASFALTOS DILUÍDOS CM-30","Goiás",1.77386]
["2014-01-01","ASFALTOS DILUÍDOS CM-30","Maranhão","-"]
["2014-01-01","ASFALTOS DILUÍDOS CM-30","Mato Grosso",1.9580599999999999]
["2014-01-01","ASFALTOS DILUÍDOS CM-30","Mato Grosso do Sul","-"]
["2014-01-01","ASFALTOS DILUÍDOS CM-30","Minas Gerais",1.4379200000000001]
["2014-01-01","ASFALTOS DILUÍDOS CM-30","Pará","-"]
["2014-01-01","ASFALTOS DILUÍDOS CM-30","Paraíba","-"]
["2014-01-01","ASFALTOS DILUÍDOS CM-30","Paraná",1.5931599999999999]
["2014-01-01","ASFALTOS DILUÍDOS CM-30","Pernambuco","-"]
["2014-01-01","ASFALTOS DILUÍDOS CM-30","Piauí","-"]
["2014-01-01","ASFALTOS DILUÍDOS CM-30","Rio de Janeiro",1.5297000000000001]
["2014-01-01","ASFALTOS DILUÍDOS CM-30","Rio Grande do Norte","-"]
["2014-01-01","ASFALTOS DILUÍDOS CM-30","Rio Grande do Sul",1.4383600000000001]
["2014-01-01","ASFALTOS DILUÍDOS CM-30","Rondônia","-"]
["2014-01-01","ASFALTOS DILUÍDOS CM-30","Roraima","-"]
["2014-01-01","ASFALTOS DILUÍDOS CM-30","Santa Catarina","-"]
["2014-01-01","ASFALTOS DILUÍDOS CM-30","São Paulo",1.5095099999999999]
["2014-01-01","ASFALTOS DILUÍDOS CM-30","Sergipe","-"]
["2014-01-01","ASFALTOS DILUÍDOS CM-30","Tocantins","-"]
["2014-02-01","ASFALTOS DILUÍDOS CM-30","Acre","-"]
["2014-02-01","ASFALTOS DILUÍDOS CM-30","Alagoas","-"]
["2014-02-01","ASFALTOS DILUÍDOS CM-30","Amapá","-"]
["2014-02-01","ASFALTOS DILUÍDOS CM-30","Amazonas",1.5421100000000001]
["2014-02-01","ASFALTOS DILUÍDOS CM-30","Bahia",1.4756899999999999]
["2014-02-01","ASFALTOS DILUÍDOS CM-30","Ceará",1.4903999999999999]
["2014-02-01","ASFALTOS DILUÍDOS CM-30","Distrito Federal","-"]
["2014-02-01","ASFALTOS DILUÍDOS CM-30","Espírito Santo","-"]
["2014-02-01","ASFALTOS DILUÍDOS CM-30","Goiás",1.74973]
["2014-02-01","ASFALTOS DILUÍDOS CM-30","Maranhão","-"]
["2014-02-01","ASFALTOS DILUÍDOS CM-30","Mato Grosso",1.94526]
["2014-02-01","ASFALTOS DILUÍDOS CM-30","Mato Grosso do Sul","-"]
["2014-02-01","ASFALTOS DILUÍDOS CM-30","Minas Gerais",1.5017199999999999]
["2014-02-01","ASFALTOS DILUÍDOS CM-30","Pará","-"]
["2014-02-01","ASFALTOS DILUÍDOS CM-30","Paraíba","-"]
["2014-02-01","ASFALTOS DILUÍDOS CM-30","Paraná",1.56237]
["2014-02-01","ASFALTOS DILUÍDOS CM-30","Pernambuco","-"]
["2014-02-01","ASFALTOS DILUÍDOS CM-30","Piauí","-"]
["2014-02-01","ASFALTOS DILUÍDOS CM-30","Rio de Janeiro",1.57043]
["2014-02-01","ASFALTOS DILUÍDOS CM-30","Rio Grande do Norte","-"]
["2014-02-01","ASFALTOS DILUÍDOS CM-30","Rio Grande do Sul",1.44712]
["2014-02-01","ASFALTOS DILUÍDOS CM-30","Rondônia","-"]
["2014-02-01","ASFALTOS DILUÍDOS CM-30","Roraima","-"]
["2014-02-01","ASFALTOS DILUÍDOS CM-30","Santa Catarina","-"]
["2014-02-01","ASFALTOS DILUÍDOS CM-30","São Paulo",1.4940500000000001]
["2014-02-01","ASFALTOS DILUÍDOS CM-30","Sergipe","-"]
["2014-02-01","ASFALTOS DILUÍDOS CM-30","Tocantins","-"]
["2014-03-01","ASFALTOS DILUÍDOS CM-30","Acre","-"]
["2014-03-01","ASFALTOS DILUÍDOS CM-30","Alagoas","-"]
["2014-03-01","ASFALTOS DILUÍDOS CM-30","Amapá","-"]
["2014-03-01","ASFALTOS DILUÍDOS CM-30","Amazonas",1.6042400000000001]
["2014-03-01","ASFALTOS DILUÍDOS CM-30","Bahia",1.4923500000000001]
["2014-03-01","ASFALTOS DILUÍDOS CM-30","Ceará",1.4823900000000001]
["2014-03-01","ASFALTOS DILUÍDOS CM-30","Distrito Federal","-"]
["2014-03-01","ASFALTOS DILUÍDOS CM-30","Espírito Santo","-"]
["2014-03-01","ASFALTOS DILUÍDOS CM-30","Goiás","-"]
["2014-03-01","ASFALTOS DILUÍDOS CM-30","Maranhão","-"]
["2014-03-01","ASFALTOS DILUÍDOS CM-30","Mato Grosso",2.01484]
["2014-03-01","ASFALTOS DILUÍDOS CM-30","Mato Grosso do Sul","-"]
["2014-03-01","ASFALTOS DILUÍDOS CM-30","Minas Gerais",1.48089]
["2014-03-01","ASFALTOS DILUÍDOS CM-30","Pará",1.7897799999999999]
["2014-03-01","ASFALTOS DILUÍDOS CM-30","Paraíba","-"]
["2014-03-01","ASFALTOS DILUÍDOS CM-30","Paraná",1.5533300000000001]
["2014-03-01","ASFALTOS DILUÍDOS CM-30","Pernambuco","-"]
["2014-03-01","ASFALTOS DILUÍDOS CM-30","Piauí","-"]
["2014-03-01","ASFALTOS DILUÍDOS CM-30","Rio de Janeiro",1.55254]
["2014-03-01","ASFALTOS DILUÍDOS CM-30","Rio Grande do Norte","-"]
["2014-03-01","ASFALTOS DILUÍDOS CM-30","Rio Grande do Sul",1.4386000000000001]
["2014-03-01","ASFALTOS DILUÍDOS CM-30","Rondônia","-"]
["2014-03-01","ASFALTOS DILUÍDOS CM-30","Roraima","-"]
["2014-03-01","ASFALTOS DILUÍDOS CM-30","Santa Catarina","-"]
["2014-03-01","ASFALTOS DILUÍDOS CM-30","São Paulo",1.5331999999999999]
["2014-03-01","ASFALTOS DILUÍDOS CM-30","Sergipe","-"]
["2014-03-01","ASFALTOS DILUÍDOS CM-30","Tocantins","-"]
["2014-04-01","ASFALTOS DILUÍDOS CM-30","Acre","-"]
["2014-04-01","ASFALTOS DILUÍDOS CM-30","Alagoas","-"]
["2014-04-01","ASFALTOS DILUÍDOS CM-30","Amapá","-"]
["2014-04-01","ASFALTOS DILUÍDOS CM-30","Amazonas","-"]
["2014-04-01","ASFALTOS DILUÍDOS CM-30","Bahia",1.49343]
["2014-04-01","ASFALTOS DILUÍDOS CM-30","Ceará",1.5100899999999999]
["2014-04-01","ASFALTOS DILUÍDOS CM-30","Distrito Federal","-"]
["2014-04-01","ASFALTOS DILUÍDOS CM-30","Espírito Santo","-"]
["2014-04-01","ASFALTOS DILUÍDOS CM-30","Goiás",1.7163200000000001]
["2014-04-01","ASFALTOS DILUÍDOS CM-30","Maranhão","-"]
["2014-04-01","ASFALTOS DILUÍDOS CM-30","Mato Grosso",1.87507]
["2014-04-01","ASFALTOS DILUÍDOS CM-30","Mato Grosso do Sul","-"]
["2014-04-01","ASFALTOS DILUÍDOS CM-30","Minas Gerais",1.5067299999999999]
["2014-04-01","ASFALTOS DILUÍDOS CM-30","Pará","-"]
["2014-04-01","ASFALTOS DILUÍDOS CM-30","Paraíba","-"]
["2014-04-01","ASFALTOS DILUÍDOS CM-30","Paraná",1.5652900000000001]
["2014-04-01","ASFALTOS DILUÍDOS CM-30","Pernambuco","-"]
["2014-04-01","ASFALTOS DILUÍDOS CM-30","Piauí","-"]
["2014-04-01","ASFALTOS DILUÍDOS CM-30","Rio de Janeiro",1.5716000000000001]
["2014-04-01","ASFALTOS DILUÍDOS CM-30","Rio Grande do Norte","-"]
["2014-04-01","ASFALTOS DILUÍDOS CM-30","Rio Grande do Sul",1.47461]
["2014-04-01","ASFALTOS DILUÍDOS CM-30","Rondônia","-"]
["2014-04-01","ASFALTOS DILUÍDOS CM-30","Roraima","-"]
["2014-04-01","ASFALTOS DILUÍDOS CM-30","Santa Catarina","-"]
["2014-04-01","ASFALTOS DILUÍDOS CM-30","São Paulo",1.5535699999999999]
["2014-04-01","ASFALTOS DILUÍDOS CM-30","Sergipe","-"]
["2014-04-01","ASFALTOS DILUÍDOS CM-30","Tocantins","-"]
["2014-05-01","ASFALTOS DILUÍDOS CM-30","Acre","-"]
["2014-05-01","ASFALTOS DILUÍDOS CM-30","Alagoas","-"]
["2014-05-01","ASFALTOS DILUÍDOS CM-30","Amapá","-"]
["2014-05-01","ASFALTOS DILUÍDOS CM-30","Amazonas",1.4912399999999999]
["2014-05-01","ASFALTOS DILUÍDOS CM-30","Bahia",1.4910300000000001]
["2014-05-01","ASFALTOS DILUÍDOS CM-30","Ceará",1.5001599999999999]
["2014-05-01","ASFALTOS DILUÍDOS CM-30","Distrito Federal","-"]
["2014-05-01","ASFALTOS DILUÍDOS CM-30","Espírito Santo","-"]
["2014-05-01","ASFALTOS DILUÍDOS CM-30","Goiás",1.73088]
["2014-05-01","ASFALTOS DILUÍDOS CM-30","Maranhão","-"]
["2014-05-01","ASFALTOS DILUÍDOS CM-30","Mato Grosso",2.0017999999999998]
["2014-05-01","ASFALTOS DILUÍDOS CM-30","Mato Grosso do Sul","-"]
["2014-05-01","ASFALTOS DILUÍDOS CM-30","Minas Gerais",1.49509]
["2014-05-01","ASFALTOS DILUÍDOS CM-30","Pará",1.9122600000000001]
["2014-05-01","ASFALTOS DILUÍDOS CM-30","Paraíba","-"]
["2014-05-01","ASFALTOS DILUÍDOS CM-30","Paraná",1.6033500000000001]
["2014-05-01","ASFALTOS DILUÍDOS CM-30","Pernambuco","-"]
["2014-05-01","ASFALTOS DILUÍDOS CM-30","Piauí","-"]
["2014-05-01","ASFALTOS DILUÍDOS CM-30","Rio de Janeiro",1.51786]
["2014-05-01","ASFALTOS DILUÍDOS CM-30","Rio Grande do Norte","-"]
["2014-05-01","ASFALTOS DILUÍDOS CM-30","Rio Grande do Sul",1.5079]
["2014-05-01","ASFALTOS DILUÍDOS CM-30","Rondônia","-"]
["2014-05-01","ASFALTOS DILUÍDOS CM-30","Roraima","-"]
["2014-05-01","ASFALTOS DILUÍDOS CM-30","Santa Catarina","-"]
["2014-05-01","ASFALTOS DILUÍDOS CM-30","São Paulo",1.50431]
["2014-05-01","ASFALTOS DILUÍDOS CM-30","Sergipe","-"]
["2014-05-01","ASFALTOS DILUÍDOS CM-30","Tocantins","-"]
["2014-06-01","ASFALTOS DILUÍDOS CM-30","Acre","-"]
["2014-06-01","ASFALTOS DILUÍDOS CM-30","Alagoas","-"]
["2014-06-01","ASFALTOS DILUÍDOS CM-30","Amapá","-"]
["2014-06-01","ASFALTOS DILUÍDOS CM-30","Amazonas","-"]
["2014-06-01","ASFALTOS DILUÍDOS CM-30","Bahia",1.49214]
["2014-06-01","ASFALTOS DILUÍDOS CM-30","Ceará",1.5140400000000001]
["2014-06-01","ASFALTOS DILUÍDOS CM-30","Distrito Federal","-"]
["2014-06-01","ASFALTOS DILUÍDOS CM-30","Espírito Santo","-"]
["2014-06-01","ASFALTOS DILUÍDOS CM-30","Goiás",1.7754000000000001]
["2014-06-01","ASFALTOS DILUÍDOS CM-30","Maranhão","-"]
["2014-06-01","ASFALTOS DILUÍDOS CM-30","Mato Grosso",1.9738]
["2014-06-01","ASFALTOS DILUÍDOS CM-30","Mato Grosso do Sul","-"]
["2014-06-01","ASFALTOS DILUÍDOS CM-30","Minas Gerais",1.4929399999999999]
["2014-06-01","ASFALTOS DILUÍDOS CM-30","Pará",1.82152]
["2014-06-01","ASFALTOS DILUÍDOS CM-30","Paraíba","-"]
["2014-06-01","ASFALTOS DILUÍDOS CM-30","Paraná",1.5321499999999999]
["2014-06-01","ASFALTOS DILUÍDOS CM-30","Pernambuco","-"]
["2014-06-01","ASFALTOS DILUÍDOS CM-30","Piauí","-"]
["2014-06-01","ASFALTOS DILUÍDOS CM-30","Rio de Janeiro",1.56389]
["2014-06-01","ASFALTOS DILUÍDOS CM-30","Rio Grande do Norte","-"]
["2014-06-01","ASFALTOS DILUÍDOS CM-30","Rio Grande do Sul",1.5009999999999999]
["2014-06-01","ASFALTOS DILUÍDOS CM-30","Rondônia","-"]
["2014-06-01","ASFALTOS DILUÍDOS CM-30","Roraima","-"]
["2014-06-01","ASFALTOS DILUÍDOS CM-30","Santa Catarina","-"]
["2014-06-01","ASFALTOS DILUÍDOS CM-30","São Paulo",1.50579]
["2014-06-01","ASFALTOS DILUÍDOS CM-30","Sergipe","-"]
["2014-06-01","ASFALTOS DILUÍDOS CM-30","Tocantins","-"]
["2014-07-01","ASFALTOS DILUÍDOS CM-30","Acre","-"]
["2014-07-01","ASFALTOS DILUÍDOS CM-30","Alagoas","-"]
["2014-07-01","ASFALTOS DILUÍDOS CM-30","Amapá","-"]
["2014-07-01","ASFALTOS DILUÍDOS CM-30","Amazonas",1.5126299999999999]
["2014-07-01","ASFALTOS DILUÍDOS CM-30","Bahia",1.4865600000000001]
["2014-07-01","ASFALTOS DILUÍDOS CM-30","Ceará",1.5093000000000001]
["2014-07-01","ASFALTOS DILUÍDOS CM-30","Distrito Federal","-"]
["2014-07-01","ASFALTOS DILUÍDOS CM-30","Espírito Santo","-"]
["2014-07-01","ASFALTOS DILUÍDOS CM-30","Goiás",1.5204299999999999]
["2014-07-01","ASFALTOS DILUÍDOS CM-30","Maranhão","-"]
["2014-07-01","ASFALTOS DILUÍDOS CM-30","Mato Grosso",1.891]
["2014-07-01","ASFALTOS DILUÍDOS CM-30","Mato Grosso do Sul","-"]
["2014-07-01","ASFALTOS DILUÍDOS CM-30","Minas Gerais",1.4541999999999999]
["2014-07-01","ASFALTOS DILUÍDOS CM-30","Pará",1.8277600000000001]
["2014-07-01","ASFALTOS DILUÍDOS CM-30","Paraíba","-"]
["2014-07-01","ASFALTOS DILUÍDOS CM-30","Paraná",1.5101800000000001]
["2014-07-01","ASFALTOS DILUÍDOS CM-30","Pernambuco","-"]
["2014-07-01","ASFALTOS DILUÍDOS CM-30","Piauí","-"]
["2014-07-01","ASFALTOS DILUÍDOS CM-30","Rio de Janeiro",1.4398299999999999]
["2014-07-01","ASFALTOS DILUÍDOS CM-30","Rio Grande do Norte","-"]
["2014-07-01","ASFALTOS DILUÍDOS CM-30","Rio Grande do Sul",1.4952799999999999]
["2014-07-01","ASFALTOS DILUÍDOS CM-30","Rondônia","-"]
["2014-07-01","ASFALTOS DILUÍDOS CM-30","Roraima","-"]
["2014-07-01","ASFALTOS DILUÍDOS CM-30","Santa Catarina","-"]
["2014-07-01","ASFALTOS DILUÍDOS CM-30","São Paulo",1.5692299999999999]
["2014-07-01","ASFALTOS DILUÍDOS CM-30","Sergipe","-"]
["2014-07-01","ASFALTOS DILUÍDOS CM-30","Tocantins","-"]
["2014-08-01","ASFALTOS DILUÍDOS CM-30","Acre","-"]
["2014-08-01","ASFALTOS DILUÍDOS CM-30","Alagoas","-"]
["2014-08-01","ASFALTOS DILUÍDOS CM-30","Amapá","-"]
["2014-08-01","ASFALTOS DILUÍDOS CM-30","Amazonas",1.52081]
["2014-08-01","ASFALTOS DILUÍDOS CM-30","Bahia",1.4784999999999999]
["2014-08-01","ASFALTOS DILUÍDOS CM-30","Ceará",1.51552]
["2014-08-01","ASFALTOS DILUÍDOS CM-30","Distrito Federal","-"]
["2014-08-01","ASFALTOS DILUÍDOS CM-30","Espírito Santo","-"]
["2014-08-01","ASFALTOS DILUÍDOS CM-30","Goiás",1.4631700000000001]
["2014-08-01","ASFALTOS DILUÍDOS CM-30","Maranhão","-"]
["2014-08-01","ASFALTOS DILUÍDOS CM-30","Mato Grosso",1.9304600000000001]
["2014-08-01","ASFALTOS DILUÍDOS CM-30","Mato Grosso do Sul","-"]
["2014-08-01","ASFALTOS DILUÍDOS CM-30","Minas Gerais",1.4992399999999999]
["2014-08-01","ASFALTOS DILUÍDOS CM-30","Pará","-"]
["2014-08-01","ASFALTOS DILUÍDOS CM-30","Paraíba","-"]
["2014-08-01","ASFALTOS DILUÍDOS CM-30","Paraná",1.52403]
["2014-08-01","ASFALTOS DILUÍDOS CM-30","Pernambuco","-"]
["2014-08-01","ASFALTOS DILUÍDOS CM-30","Piauí","-"]
["2014-08-01","ASFALTOS DILUÍDOS CM-30","Rio de Janeiro",1.4057900000000001]
["2014-08-01","ASFALTOS DILUÍDOS CM-30","Rio Grande do Norte","-"]
["2014-08-01","ASFALTOS DILUÍDOS CM-30","Rio Grande do Sul",1.47021]
["2014-08-01","ASFALTOS DILUÍDOS CM-30","Rondônia","-"]
["2014-08-01","ASFALTOS DILUÍDOS CM-30","Roraima","-"]
["2014-08-01","ASFALTOS DILUÍDOS CM-30","Santa Catarina","-"]
["2014-08-01","ASFALTOS DILUÍDOS CM-30","São Paulo",1.4709700000000001]
["2014-08-01","ASFALTOS DILUÍDOS CM-30","Sergipe","-"]
["2014-08-01","ASFALTOS DILUÍDOS CM-30","Tocantins","-"]
["2014-09-01","ASFALTOS DILUÍDOS CM-30","Acre","-"]
["2014-09-01","ASFALTOS DILUÍDOS CM-30","Alagoas","-"]
["2014-09-01","ASFALTOS DILUÍDOS CM-30","Amapá","-"]
["2014-09-01","ASFALTOS DILUÍDOS CM-30","Amazonas",1.51352]
["2014-09-01","ASFALTOS DILUÍDOS CM-30","Bahia",1.5106599999999999]
["2014-09-01","ASFALTOS DILUÍDOS CM-30","Ceará",1.5673299999999999]
["2014-09-01","ASFALTOS DILUÍDOS CM-30","Distrito Federal","-"]
["2014-09-01","ASFALTOS DILUÍDOS CM-30","Espírito Santo","-"]
["2014-09-01","ASFALTOS DILUÍDOS CM-30","Goiás",1.7775799999999999]
["2014-09-01","ASFALTOS DILUÍDOS CM-30","Maranhão","-"]
["2014-09-01","ASFALTOS DILUÍDOS CM-30","Mato Grosso",2.03817]
["2014-09-01","ASFALTOS DILUÍDOS CM-30","Mato Grosso do Sul","-"]
["2014-09-01","ASFALTOS DILUÍDOS CM-30","Minas Gerais",1.4837899999999999]
["2014-09-01","ASFALTOS DILUÍDOS CM-30","Pará",1.85924]
["2014-09-01","ASFALTOS DILUÍDOS CM-30","Paraíba","-"]
["2014-09-01","ASFALTOS DILUÍDOS CM-30","Paraná",1.5760099999999999]
["2014-09-01","ASFALTOS DILUÍDOS CM-30","Pernambuco","-"]
["2014-09-01","ASFALTOS DILUÍDOS CM-30","Piauí","-"]
["2014-09-01","ASFALTOS DILUÍDOS CM-30","Rio de Janeiro",1.47837]
["2014-09-01","ASFALTOS DILUÍDOS CM-30","Rio Grande do Norte","-"]
["2014-09-01","ASFALTOS DILUÍDOS CM-30","Rio Grande do Sul",1.5571999999999999]
["2014-09-01","ASFALTOS DILUÍDOS CM-30","Rondônia","-"]
["2014-09-01","ASFALTOS DILUÍDOS CM-30","Roraima","-"]
["2014-09-01","ASFALTOS DILUÍDOS CM-30","Santa Catarina","-"]
["2014-09-01","ASFALTOS DILUÍDOS CM-30","São Paulo",1.53471]
["2014-09-01","ASFALTOS DILUÍDOS CM-30","Sergipe","-"]
["2014-09-01","ASFALTOS DILUÍDOS CM-30","Tocantins","-"]
["2014-10-01","ASFALTOS DILUÍDOS CM-30","Acre","-"]
["2014-10-01","ASFALTOS DILUÍDOS CM-30","Alagoas","-"]
["2014-10-01","ASFALTOS DILUÍDOS CM-30","Amapá","-"]
["2014-10-01","ASFALTOS DILUÍDOS CM-30","Amazonas",1.5696000000000001]
["2014-10-01","ASFALTOS DILUÍDOS CM-30","Bahia",1.5092399999999999]
["2014-10-01","ASFALTOS DILUÍDOS CM-30","Ceará",1.51109]
["2014-10-01","ASFALTOS DILUÍDOS CM-30","Distrito Federal","-"]
["2014-10-01","ASFALTOS DILUÍDOS CM-30","Espírito Santo","-"]
["2014-10-01","ASFALTOS DILUÍDOS CM-30","Goiás",1.6246100000000001]
["2014-10-01","ASFALTOS DILUÍDOS CM-30","Maranhão","-"]
["2014-10-01","ASFALTOS DILUÍDOS CM-30","Mato Grosso",1.93811]
["2014-10-01","ASFALTOS DILUÍDOS CM-30","Mato Grosso do Sul","-"]
["2014-10-01","ASFALTOS DILUÍDOS CM-30","Minas Gerais",1.47692]
["2014-10-01","ASFALTOS DILUÍDOS CM-30","Pará",1.9147700000000001]
["2014-10-01","ASFALTOS DILUÍDOS CM-30","Paraíba","-"]
["2014-10-01","ASFALTOS DILUÍDOS CM-30","Paraná",1.4365699999999999]
["2014-10-01","ASFALTOS DILUÍDOS CM-30","Pernambuco","-"]
["2014-10-01","ASFALTOS DILUÍDOS CM-30","Piauí","-"]
["2014-10-01","ASFALTOS DILUÍDOS CM-30","Rio de Janeiro",1.4391099999999999]
["2014-10-01","ASFALTOS DILUÍDOS CM-30","Rio Grande do Norte","-"]
["2014-10-01","ASFALTOS DILUÍDOS CM-30","Rio Grande do Sul",1.48983]
["2014-10-01","ASFALTOS DILUÍDOS CM-30","Rondônia","-"]
["2014-10-01","ASFALTOS DILUÍDOS CM-30","Roraima","-"]
["2014-10-01","ASFALTOS DILUÍDOS CM-30","Santa Catarina","-"]
["2014-10-01","ASFALTOS DILUÍDOS CM-30","São Paulo",1.47017]
["2014-10-01","ASFALTOS DILUÍDOS CM-30","Sergipe","-"]
["2014-10-01","ASFALTOS DILUÍDOS CM-30","Tocantins","-"]
["2014-11-01","ASFALTOS DILUÍDOS CM-30","Acre","-"]
["2014-11-01","ASFALTOS DILUÍDOS CM-30","Alagoas","-"]
["2014-11-01","ASFALTOS DILUÍDOS CM-30","Amapá","-"]
["2014-11-01","ASFALTOS DILUÍDOS CM-30","Amazonas",1.4787600000000001]
["2014-11-01","ASFALTOS DILUÍDOS CM-30","Bahia",1.5527899999999999]
["2014-11-01","ASFALTOS DILUÍDOS CM-30","Ceará",1.59267]
["2014-11-01","ASFALTOS DILUÍDOS CM-30","Distrito Federal","-"]
["2014-11-01","ASFALTOS DILUÍDOS CM-30","Espírito Santo","-"]
["2014-11-01","ASFALTOS DILUÍDOS CM-30","Goiás",1.57568]
["2014-11-01","ASFALTOS DILUÍDOS CM-30","Maranhão","-"]
["2014-11-01","ASFALTOS DILUÍDOS CM-30","Mato Grosso",1.9929699999999999]
["2014-11-01","ASFALTOS DILUÍDOS CM-30","Mato Grosso do Sul","-"]
["2014-11-01","ASFALTOS DILUÍDOS CM-30","Minas Gerais",1.43903]
["2014-11-01","ASFALTOS DILUÍDOS CM-30","Pará","-"]
["2014-11-01","ASFALTOS DILUÍDOS CM-30","Paraíba","-"]
["2014-11-01","ASFALTOS DILUÍDOS CM-30","Paraná",1.5536700000000001]
["2014-11-01","ASFALTOS DILUÍDOS CM-30","Pernambuco","-"]
["2014-11-01","ASFALTOS DILUÍDOS CM-30","Piauí","-"]
["2014-11-01","ASFALTOS DILUÍDOS CM-30","Rio de Janeiro",1.4800500000000001]
["2014-11-01","ASFALTOS DILUÍDOS CM-30","Rio Grande do Norte","-"]
["2014-11-01","ASFALTOS DILUÍDOS CM-30","Rio Grande do Sul",1.49257]
["2014-11-01","ASFALTOS DILUÍDOS CM-30","Rondônia","-"]
["2014-11-01","ASFALTOS DILUÍDOS CM-30","Roraima","-"]
["2014-11-01","ASFALTOS DILUÍDOS CM-30","Santa Catarina","-"]
["2014-11-01","ASFALTOS DILUÍDOS CM-30","São Paulo",1.51227]
["2014-11-01","ASFALTOS DILUÍDOS CM-30","Sergipe","-"]
["2014-11-01","ASFALTOS DILUÍDOS CM-30","Tocantins","-"]
["2014-12-01","ASFALTOS DILUÍDOS CM-30","Acre","-"]
["2014-12-01","ASFALTOS DILUÍDOS CM-30","Alagoas","-"]
["2014-12-01","ASFALTOS DILUÍDOS CM-30","Amapá","-"]
["2014-12-01","ASFALTOS DILUÍDOS CM-30","Amazonas",1.58223]
["2014-12-01","ASFALTOS DILUÍDOS CM-30","Bahia",1.67872]
["2014-12-01","ASFALTOS DILUÍDOS CM-30","Ceará",1.7166300000000001]
["2014-12-01","ASFALTOS DILUÍDOS CM-30","Distrito Federal","-"]
["2014-12-01","ASFALTOS DILUÍDOS CM-30","Espírito Santo","-"]
["2014-12-01","ASFALTOS DILUÍDOS CM-30","Goiás",1.9356199999999999]
["2014-12-01","ASFALTOS DILUÍDOS CM-30","Maranhão","-"]
["2014-12-01","ASFALTOS DILUÍDOS CM-30","Mato Grosso",2.01118]
["2014-12-01","ASFALTOS DILUÍDOS CM-30","Mato Grosso do Sul","-"]
["2014-12-01","ASFALTOS DILUÍDOS CM-30","Minas Gerais",1.67015]
["2014-12-01","ASFALTOS DILUÍDOS CM-30","Pará",1.96671]
["2014-12-01","ASFALTOS DILUÍDOS CM-30","Paraíba","-"]
["2014-12-01","ASFALTOS DILUÍDOS CM-30","Paraná",1.68869]
["2014-12-01","ASFALTOS DILUÍDOS CM-30","Pernambuco","-"]
["2014-12-01","ASFALTOS DILUÍDOS CM-30","Piauí","-"]
["2014-12-01","ASFALTOS DILUÍDOS CM-30","Rio de Janeiro",1.5883799999999999]
["2014-12-01","ASFALTOS DILUÍDOS CM-30","Rio Grande do Norte","-"]
["2014-12-01","ASFALTOS DILUÍDOS CM-30","Rio Grande do Sul",1.6099699999999999]
["2014-12-01","ASFALTOS DILUÍDOS CM-30","Rondônia","-"]
["2014-12-01","ASFALTOS DILUÍDOS CM-30","Roraima","-"]
["2014-12-01","ASFALTOS DILUÍDOS CM-30","Santa Catarina","-"]
["2014-12-01","ASFALTOS DILUÍDOS CM-30","São Paulo",1.5955299999999999]
["2014-12-01","ASFALTOS DILUÍDOS CM-30","Sergipe","-"]
["2014-12-01","ASFALTOS DILUÍDOS CM-30","Tocantins","-"]
["2015-01-01","ASFALTOS DILUÍDOS CM-30","Acre","-"]
["2015-01-01","ASFALTOS DILUÍDOS CM-30","Alagoas","-"]
["2015-01-01","ASFALTOS DILUÍDOS CM-30","Amapá","-"]
["2015-01-01","ASFALTOS DILUÍDOS CM-30","Amazonas",1.84368]
["2015-01-01","ASFALTOS DILUÍDOS CM-30","Bahia",2.0380699999999998]
["2015-01-01","ASFALTOS DILUÍDOS CM-30","Ceará",2.0263399999999998]
["2015-01-01","ASFALTOS DILUÍDOS CM-30","Distrito Federal","-"]
["2015-01-01","ASFALTOS DILUÍDOS CM-30","Espírito Santo","-"]
["2015-01-01","ASFALTOS DILUÍDOS CM-30","Goiás",2.2253799999999999]
["2015-01-01","ASFALTOS DILUÍDOS CM-30","Maranhão","-"]
["2015-01-01","ASFALTOS DILUÍDOS CM-30","Mato Grosso",2.4857800000000001]
["2015-01-01","ASFALTOS DILUÍDOS CM-30","Mato Grosso do Sul","-"]
["2015-01-01","ASFALTOS DILUÍDOS CM-30","Minas Gerais",1.8108599999999999]
["2015-01-01","ASFALTOS DILUÍDOS CM-30","Pará","-"]
["2015-01-01","ASFALTOS DILUÍDOS CM-30","Paraíba","-"]
["2015-01-01","ASFALTOS DILUÍDOS CM-30","Paraná",1.8471]
["2015-01-01","ASFALTOS DILUÍDOS CM-30","Pernambuco","-"]
["2015-01-01","ASFALTOS DILUÍDOS CM-30","Piauí","-"]
["2015-01-01","ASFALTOS DILUÍDOS CM-30","Rio de Janeiro",1.90442]
["2015-01-01","ASFALTOS DILUÍDOS CM-30","Rio Grande do Norte","-"]
["2015-01-01","ASFALTOS DILUÍDOS CM-30","Rio Grande do Sul",1.9850399999999999]
["2015-01-01","ASFALTOS DILUÍDOS CM-30","Rondônia","-"]
["2015-01-01","ASFALTOS DILUÍDOS CM-30","Roraima","-"]
["2015-01-01","ASFALTOS DILUÍDOS CM-30","Santa Catarina","-"]
["2015-01-01","ASFALTOS DILUÍDOS CM-30","São Paulo",1.9806299999999999]
["2015-01-01","ASFALTOS DILUÍDOS CM-30","Sergipe","-"]
["2015-01-01","ASFALTOS DILUÍDOS CM-30","Tocantins","-"]
["2015-02-01","ASFALTOS DILUÍDOS CM-30","Acre","-"]
["2015-02-01","ASFALTOS DILUÍDOS CM-30","Alagoas","-"]
["2015-02-01","ASFALTOS DILUÍDOS CM-30","Amapá","-"]
["2015-02-01","ASFALTOS DILUÍDOS CM-30","Amazonas",1.90574]
["2015-02-01","ASFALTOS DILUÍDOS CM-30","Bahia",1.9590399999999999]
["2015-02-01","ASFALTOS DILUÍDOS CM-30","Ceará",2.0116700000000001]
["2015-02-01","ASFALTOS DILUÍDOS CM-30","Distrito Federal","-"]
["2015-02-01","ASFALTOS DILUÍDOS CM-30","Espírito Santo","-"]
["2015-02-01","ASFALTOS DILUÍDOS CM-30","Goiás","-"]
["2015-02-01","ASFALTOS DILUÍDOS CM-30","Maranhão","-"]
["2015-02-01","ASFALTOS DILUÍDOS CM-30","Mato Grosso",2.4281999999999999]
["2015-02-01","ASFALTOS DILUÍDOS CM-30","Mato Grosso do Sul","-"]
["2015-02-01","ASFALTOS DILUÍDOS CM-30","Minas Gerais",1.79165]
["2015-02-01","ASFALTOS DILUÍDOS CM-30","Pará","-"]
["2015-02-01","ASFALTOS DILUÍDOS CM-30","Paraíba","-"]
["2015-02-01","ASFALTOS DILUÍDOS CM-30","Paraná",1.9195199999999999]
["2015-02-01","ASFALTOS DILUÍDOS CM-30","Pernambuco","-"]
["2015-02-01","ASFALTOS DILUÍDOS CM-30","Piauí","-"]
["2015-02-01","ASFALTOS DILUÍDOS CM-30","Rio de Janeiro",1.84877]
["2015-02-01","ASFALTOS DILUÍDOS CM-30","Rio Grande do Norte","-"]
["2015-02-01","ASFALTOS DILUÍDOS CM-30","Rio Grande do Sul",1.93648]
["2015-02-01","ASFALTOS DILUÍDOS CM-30","Rondônia","-"]
["2015-02-01","ASFALTOS DILUÍDOS CM-30","Roraima","-"]
["2015-02-01","ASFALTOS DILUÍDOS CM-30","Santa Catarina","-"]
["2015-02-01","ASFALTOS DILUÍDOS CM-30","São Paulo",2.0779299999999998]
["2015-02-01","ASFALTOS DILUÍDOS CM-30","Sergipe","-"]
["2015-02-01","ASFALTOS DILUÍDOS CM-30","Tocantins","-"]
["2015-03-01","ASFALTOS DILUÍDOS CM-30","Acre","-"]
["2015-03-01","ASFALTOS DILUÍDOS CM-30","Alagoas","-"]
["2015-03-01","ASFALTOS DILUÍDOS CM-30","Amapá","-"]
["2015-03-01","ASFALTOS DILUÍDOS CM-30","Amazonas",1.80358]
["2015-03-01","ASFALTOS DILUÍDOS CM-30","Bahia",1.9797100000000001]
["2015-03-01","ASFALTOS DILUÍDOS CM-30","Ceará",1.9514499999999999]
["2015-03-01","ASFALTOS DILUÍDOS CM-30","Distrito Federal","-"]
["2015-03-01","ASFALTOS DILUÍDOS CM-30","Espírito Santo","-"]
["2015-03-01","ASFALTOS DILUÍDOS CM-30","Goiás",2.1927300000000001]
["2015-03-01","ASFALTOS DILUÍDOS CM-30","Maranhão","-"]
["2015-03-01","ASFALTOS DILUÍDOS CM-30","Mato Grosso","-"]
["2015-03-01","ASFALTOS DILUÍDOS CM-30","Mato Grosso do Sul","-"]
["2015-03-01","ASFALTOS DILUÍDOS CM-30","Minas Gerais",1.8592500000000001]
["2015-03-01","ASFALTOS DILUÍDOS CM-30","Pará","-"]
["2015-03-01","ASFALTOS DILUÍDOS CM-30","Paraíba","-"]
["2015-03-01","ASFALTOS DILUÍDOS CM-30","Paraná",1.9391]
["2015-03-01","ASFALTOS DILUÍDOS CM-30","Pernambuco","-"]
["2015-03-01","ASFALTOS DILUÍDOS CM-30","Piauí","-"]
["2015-03-01","ASFALTOS DILUÍDOS CM-30","Rio de Janeiro",1.8656200000000001]
["2015-03-01","ASFALTOS DILUÍDOS CM-30","Rio Grande do Norte","-"]
["2015-03-01","ASFALTOS DILUÍDOS CM-30","Rio Grande do Sul",1.92211]
["2015-03-01","ASFALTOS DILUÍDOS CM-30","Rondônia","-"]
["2015-03-01","ASFALTOS DILUÍDOS CM-30","Roraima","-"]
["2015-03-01","ASFALTOS DILUÍDOS CM-30","Santa Catarina","-"]
["2015-03-01","ASFALTOS DILUÍDOS CM-30","São Paulo",1.98261]
["2015-03-01","ASFALTOS DILUÍDOS CM-30","Sergipe","-"]
["2015-03-01","ASFALTOS DILUÍDOS CM-30","Tocantins","-"]
["2015-04-01","ASFALTOS DILUÍDOS CM-30","Acre","-"]
["2015-04-01","ASFALTOS DILUÍDOS CM-30","Alagoas","-"]
["2015-04-01","ASFALTOS DILUÍDOS CM-30","Amapá","-"]
["2015-04-01","ASFALTOS DILUÍDOS CM-30","Amazonas","-"]
["2015-04-01","ASFALTOS DILUÍDOS CM-30","Bahia",2.0182199999999999]
["2015-04-01","ASFALTOS DILUÍDOS CM-30","Ceará",1.9781]
["2015-04-01","ASFALTOS DILUÍDOS CM-30","Distrito Federal","-"]
["2015-04-01","ASFALTOS DILUÍDOS CM-30","Espírito Santo","-"]
["2015-04-01","ASFALTOS DILUÍDOS CM-30","Goiás",2.2521]
["2015-04-01","ASFALTOS DILUÍDOS CM-30","Maranhão","-"]
["2015-04-01","ASFALTOS DILUÍDOS CM-30","Mato Grosso",2.4706399999999999]
["2015-04-01","ASFALTOS DILUÍDOS CM-30","Mato Grosso do Sul","-"]
["2015-04-01","ASFALTOS DILUÍDOS CM-30","Minas Gerais",1.8213200000000001]
["2015-04-01","ASFALTOS DILUÍDOS CM-30","Pará","-"]
["2015-04-01","ASFALTOS DILUÍDOS CM-30","Paraíba","-"]
["2015-04-01","ASFALTOS DILUÍDOS CM-30","Paraná",1.9699]
["2015-04-01","ASFALTOS DILUÍDOS CM-30","Pernambuco","-"]
["2015-04-01","ASFALTOS DILUÍDOS CM-30","Piauí","-"]
["2015-04-01","ASFALTOS DILUÍDOS CM-30","Rio de Janeiro",1.8408199999999999]
["2015-04-01","ASFALTOS DILUÍDOS CM-30","Rio Grande do Norte","-"]
["2015-04-01","ASFALTOS DILUÍDOS CM-30","Rio Grande do Sul",1.9063000000000001]
["2015-04-01","ASFALTOS DILUÍDOS CM-30","Rondônia","-"]
["2015-04-01","ASFALTOS DILUÍDOS CM-30","Roraima","-"]
["2015-04-01","ASFALTOS DILUÍDOS CM-30","Santa Catarina","-"]
["2015-04-01","ASFALTOS DILUÍDOS CM-30","São Paulo",1.9037299999999999]
["2015-04-01","ASFALTOS DILUÍDOS CM-30","Sergipe","-"]
["2015-04-01","ASFALTOS DILUÍDOS CM-30","Tocantins","-"]
["2015-05-01","ASFALTOS DILUÍDOS CM-30","Acre","-"]
["2015-05-01","ASFALTOS DILUÍDOS CM-30","Alagoas","-"]
["2015-05-01","ASFALTOS DILUÍDOS CM-30","Amapá","-"]
["2015-05-01","ASFALTOS DILUÍDOS CM-30","Amazonas",1.9113500000000001]
["2015-05-01","ASFALTOS DILUÍDOS CM-30","Bahia",1.9643600000000001]
["2015-05-01","ASFALTOS DILUÍDOS CM-30","Ceará",1.93855]
["2015-05-01","ASFALTOS DILUÍDOS CM-30","Distrito Federal","-"]
["2015-05-01","ASFALTOS DILUÍDOS CM-30","Espírito Santo","-"]
["2015-05-01","ASFALTOS DILUÍDOS CM-30","Goiás",2.2060200000000001]
["2015-05-01","ASFALTOS DILUÍDOS CM-30","Maranhão","-"]
["2015-05-01","ASFALTOS DILUÍDOS CM-30","Mato Grosso",2.40855]
["2015-05-01","ASFALTOS DILUÍDOS CM-30","Mato Grosso do Sul","-"]
["2015-05-01","ASFALTOS DILUÍDOS CM-30","Minas Gerais",1.7646900000000001]
["2015-05-01","ASFALTOS DILUÍDOS CM-30","Pará","-"]
["2015-05-01","ASFALTOS DILUÍDOS CM-30","Paraíba","-"]
["2015-05-01","ASFALTOS DILUÍDOS CM-30","Paraná",2.07626]
["2015-05-01","ASFALTOS DILUÍDOS CM-30","Pernambuco","-"]
["2015-05-01","ASFALTOS DILUÍDOS CM-30","Piauí","-"]
["2015-05-01","ASFALTOS DILUÍDOS CM-30","Rio de Janeiro",1.85131]
["2015-05-01","ASFALTOS DILUÍDOS CM-30","Rio Grande do Norte","-"]
["2015-05-01","ASFALTOS DILUÍDOS CM-30","Rio Grande do Sul",1.94672]
["2015-05-01","ASFALTOS DILUÍDOS CM-30","Rondônia","-"]
["2015-05-01","ASFALTOS DILUÍDOS CM-30","Roraima","-"]
["2015-05-01","ASFALTOS DILUÍDOS CM-30","Santa Catarina","-"]
["2015-05-01","ASFALTOS DILUÍDOS CM-30","São Paulo",1.8818699999999999]
["2015-05-01","ASFALTOS DILUÍDOS CM-30","Sergipe","-"]
["2015-05-01","ASFALTOS DILUÍDOS CM-30","Tocantins","-"]
["2015-06-01","ASFALTOS DILUÍDOS CM-30","Acre","-"]
["2015-06-01","ASFALTOS DILUÍDOS CM-30","Alagoas","-"]
["2015-06-01","ASFALTOS DILUÍDOS CM-30","Amapá","-"]
["2015-06-01","ASFALTOS DILUÍDOS CM-30","Amazonas","-"]
["2015-06-01","ASFALTOS DILUÍDOS CM-30","Bahia",2.0649700000000002]
["2015-06-01","ASFALTOS DILUÍDOS CM-30","Ceará",1.92201]
["2015-06-01","ASFALTOS DILUÍDOS CM-30","Distrito Federal","-"]
["2015-06-01","ASFALTOS DILUÍDOS CM-30","Espírito Santo","-"]
["2015-06-01","ASFALTOS DILUÍDOS CM-30","Goiás",2.2506200000000001]
["2015-06-01","ASFALTOS DILUÍDOS CM-30","Maranhão","-"]
["2015-06-01","ASFALTOS DILUÍDOS CM-30","Mato Grosso",2.4281999999999999]
["2015-06-01","ASFALTOS DILUÍDOS CM-30","Mato Grosso do Sul","-"]
["2015-06-01","ASFALTOS DILUÍDOS CM-30","Minas Gerais",1.8123400000000001]
["2015-06-01","ASFALTOS DILUÍDOS CM-30","Pará","-"]
["2015-06-01","ASFALTOS DILUÍDOS CM-30","Paraíba","-"]
["2015-06-01","ASFALTOS DILUÍDOS CM-30","Paraná",2.0003700000000002]
["2015-06-01","ASFALTOS DILUÍDOS CM-30","Pernambuco","-"]
["2015-06-01","ASFALTOS DILUÍDOS CM-30","Piauí","-"]
["2015-06-01","ASFALTOS DILUÍDOS CM-30","Rio de Janeiro",1.7576400000000001]
["2015-06-01","ASFALTOS DILUÍDOS CM-30","Rio Grande do Norte","-"]
["2015-06-01","ASFALTOS DILUÍDOS CM-30","Rio Grande do Sul",1.9147799999999999]
["2015-06-01","ASFALTOS DILUÍDOS CM-30","Rondônia","-"]
["2015-06-01","ASFALTOS DILUÍDOS CM-30","Roraima","-"]
["2015-06-01","ASFALTOS DILUÍDOS CM-30","Santa Catarina","-"]
["2015-06-01","ASFALTOS DILUÍDOS CM-30","São Paulo",1.9205700000000001]
["2015-06-01","ASFALTOS DILUÍDOS CM-30","Sergipe","-"]
["2015-06-01","ASFALTOS DILUÍDOS CM-30","Tocantins","-"]
["2015-07-01","ASFALTOS DILUÍDOS CM-30","Acre","-"]
["2015-07-01","ASFALTOS DILUÍDOS CM-30","Alagoas","-"]
["2015-07-01","ASFALTOS DILUÍDOS CM-30","Amapá","-"]
["2015-07-01","ASFALTOS DILUÍDOS CM-30","Amazonas","-"]
["2015-07-01","ASFALTOS DILUÍDOS CM-30","Bahia",1.9525699999999999]
["2015-07-01","ASFALTOS DILUÍDOS CM-30","Ceará",2.0101]
["2015-07-01","ASFALTOS DILUÍDOS CM-30","Distrito Federal","-"]
["2015-07-01","ASFALTOS DILUÍDOS CM-30","Espírito Santo","-"]
["2015-07-01","ASFALTOS DILUÍDOS CM-30","Goiás",1.9893099999999999]
["2015-07-01","ASFALTOS DILUÍDOS CM-30","Maranhão","-"]
["2015-07-01","ASFALTOS DILUÍDOS CM-30","Mato Grosso",2.24065]
["2015-07-01","ASFALTOS DILUÍDOS CM-30","Mato Grosso do Sul","-"]
["2015-07-01","ASFALTOS DILUÍDOS CM-30","Minas Gerais",1.72248]
["2015-07-01","ASFALTOS DILUÍDOS CM-30","Pará","-"]
["2015-07-01","ASFALTOS DILUÍDOS CM-30","Paraíba","-"]
["2015-07-01","ASFALTOS DILUÍDOS CM-30","Paraná",1.93093]
["2015-07-01","ASFALTOS DILUÍDOS CM-30","Pernambuco","-"]
["2015-07-01","ASFALTOS DILUÍDOS CM-30","Piauí","-"]
["2015-07-01","ASFALTOS DILUÍDOS CM-30","Rio de Janeiro",1.83066]
["2015-07-01","ASFALTOS DILUÍDOS CM-30","Rio Grande do Norte","-"]
["2015-07-01","ASFALTOS DILUÍDOS CM-30","Rio Grande do Sul",1.9332199999999999]
["2015-07-01","ASFALTOS DILUÍDOS CM-30","Rondônia","-"]
["2015-07-01","ASFALTOS DILUÍDOS CM-30","Roraima","-"]
["2015-07-01","ASFALTOS DILUÍDOS CM-30","Santa Catarina","-"]
["2015-07-01","ASFALTOS DILUÍDOS CM-30","São Paulo",1.8809199999999999]
["2015-07-01","ASFALTOS DILUÍDOS CM-30","Sergipe","-"]
["2015-07-01","ASFALTOS DILUÍDOS CM-30","Tocantins","-"]
["2015-08-01","ASFALTOS DILUÍDOS CM-30","Acre","-"]
["2015-08-01","ASFALTOS DILUÍDOS CM-30","Alagoas","-"]
["2015-08-01","ASFALTOS DILUÍDOS CM-30","Amapá","-"]
["2015-08-01","ASFALTOS DILUÍDOS CM-30","Amazonas","-"]
["2015-08-01","ASFALTOS DILUÍDOS CM-30","Bahia",1.9943500000000001]
["2015-08-01","ASFALTOS DILUÍDOS CM-30","Ceará",2.0461100000000001]
["2015-08-01","ASFALTOS DILUÍDOS CM-30","Distrito Federal","-"]
["2015-08-01","ASFALTOS DILUÍDOS CM-30","Espírito Santo","-"]
["2015-08-01","ASFALTOS DILUÍDOS CM-30","Goiás",2.2295600000000002]
["2015-08-01","ASFALTOS DILUÍDOS CM-30","Maranhão","-"]
["2015-08-01","ASFALTOS DILUÍDOS CM-30","Mato Grosso",2.39195]
["2015-08-01","ASFALTOS DILUÍDOS CM-30","Mato Grosso do Sul","-"]
["2015-08-01","ASFALTOS DILUÍDOS CM-30","Minas Gerais",1.8251900000000001]
["2015-08-01","ASFALTOS DILUÍDOS CM-30","Pará","-"]
["2015-08-01","ASFALTOS DILUÍDOS CM-30","Paraíba","-"]
["2015-08-01","ASFALTOS DILUÍDOS CM-30","Paraná",1.9779800000000001]
["2015-08-01","ASFALTOS DILUÍDOS CM-30","Pernambuco","-"]
["2015-08-01","ASFALTOS DILUÍDOS CM-30","Piauí","-"]
["2015-08-01","ASFALTOS DILUÍDOS CM-30","Rio de Janeiro",1.7638400000000001]
["2015-08-01","ASFALTOS DILUÍDOS CM-30","Rio Grande do Norte","-"]
["2015-08-01","ASFALTOS DILUÍDOS CM-30","Rio Grande do Sul",1.8718999999999999]
["2015-08-01","ASFALTOS DILUÍDOS CM-30","Rondônia","-"]
["2015-08-01","ASFALTOS DILUÍDOS CM-30","Roraima","-"]
["2015-08-01","ASFALTOS DILUÍDOS CM-30","Santa Catarina","-"]
["2015-08-01","ASFALTOS DILUÍDOS CM-30","São Paulo",1.8560000000000001]
["2015-08-01","ASFALTOS DILUÍDOS CM-30","Sergipe","-"]
["2015-08-01","ASFALTOS DILUÍDOS CM-30","Tocantins","-"]
["2015-09-01","ASFALTOS DILUÍDOS CM-30","Acre","-"]
["2015-09-01","ASFALTOS DILUÍDOS CM-30","Alagoas","-"]
["2015-09-01","ASFALTOS DILUÍDOS CM-30","Amapá","-"]
["2015-09-01","ASFALTOS DILUÍDOS CM-30","Amazonas","-"]
["2015-09-01","ASFALTOS DILUÍDOS CM-30","Bahia",2.07775]
["2015-09-01","ASFALTOS DILUÍDOS CM-30","Ceará",2.0931600000000001]
["2015-09-01","ASFALTOS DILUÍDOS CM-30","Distrito Federal","-"]
["2015-09-01","ASFALTOS DILUÍDOS CM-30","Espírito Santo","-"]
["2015-09-01","ASFALTOS DILUÍDOS CM-30","Goiás",2.2631399999999999]
["2015-09-01","ASFALTOS DILUÍDOS CM-30","Maranhão","-"]
["2015-09-01","ASFALTOS DILUÍDOS CM-30","Mato Grosso",2.4318399999999998]
["2015-09-01","ASFALTOS DILUÍDOS CM-30","Mato Grosso do Sul","-"]
["2015-09-01","ASFALTOS DILUÍDOS CM-30","Minas Gerais",1.91862]
["2015-09-01","ASFALTOS DILUÍDOS CM-30","Pará","-"]
["2015-09-01","ASFALTOS DILUÍDOS CM-30","Paraíba","-"]
["2015-09-01","ASFALTOS DILUÍDOS CM-30","Paraná",2.0515300000000001]
["2015-09-01","ASFALTOS DILUÍDOS CM-30","Pernambuco","-"]
["2015-09-01","ASFALTOS DILUÍDOS CM-30","Piauí","-"]
["2015-09-01","ASFALTOS DILUÍDOS CM-30","Rio de Janeiro",1.91604]
["2015-09-01","ASFALTOS DILUÍDOS CM-30","Rio Grande do Norte","-"]
["2015-09-01","ASFALTOS DILUÍDOS CM-30","Rio Grande do Sul",1.93404]
["2015-09-01","ASFALTOS DILUÍDOS CM-30","Rondônia","-"]
["2015-09-01","ASFALTOS DILUÍDOS CM-30","Roraima","-"]
["2015-09-01","ASFALTOS DILUÍDOS CM-30","Santa Catarina","-"]
["2015-09-01","ASFALTOS DILUÍDOS CM-30","São Paulo",1.9898400000000001]
["2015-09-01","ASFALTOS DILUÍDOS CM-30","Sergipe","-"]
["2015-09-01","ASFALTOS DILUÍDOS CM-30","Tocantins","-"]
["2015-10-01","ASFALTOS DILUÍDOS CM-30","Acre","-"]
["2015-10-01","ASFALTOS DILUÍDOS CM-30","Alagoas","-"]
["2015-10-01","ASFALTOS DILUÍDOS CM-30","Amapá","-"]
["2015-10-01","ASFALTOS DILUÍDOS CM-30","Amazonas",2.08223]
["2015-10-01","ASFALTOS DILUÍDOS CM-30","Bahia",2.2050800000000002]
["2015-10-01","ASFALTOS DILUÍDOS CM-30","Ceará",2.1476299999999999]
["2015-10-01","ASFALTOS DILUÍDOS CM-30","Distrito Federal","-"]
["2015-10-01","ASFALTOS DILUÍDOS CM-30","Espírito Santo","-"]
["2015-10-01","ASFALTOS DILUÍDOS CM-30","Goiás",2.35256]
["2015-10-01","ASFALTOS DILUÍDOS CM-30","Maranhão","-"]
["2015-10-01","ASFALTOS DILUÍDOS CM-30","Mato Grosso",2.53287]
["2015-10-01","ASFALTOS DILUÍDOS CM-30","Mato Grosso do Sul","-"]
["2015-10-01","ASFALTOS DILUÍDOS CM-30","Minas Gerais",1.9920199999999999]
["2015-10-01","ASFALTOS DILUÍDOS CM-30","Pará","-"]
["2015-10-01","ASFALTOS DILUÍDOS CM-30","Paraíba","-"]
["2015-10-01","ASFALTOS DILUÍDOS CM-30","Paraná",2.1713200000000001]
["2015-10-01","ASFALTOS DILUÍDOS CM-30","Pernambuco","-"]
["2015-10-01","ASFALTOS DILUÍDOS CM-30","Piauí","-"]
["2015-10-01","ASFALTOS DILUÍDOS CM-30","Rio de Janeiro",1.99959]
["2015-10-01","ASFALTOS DILUÍDOS CM-30","Rio Grande do Norte","-"]
["2015-10-01","ASFALTOS DILUÍDOS CM-30","Rio Grande do Sul",2.0476999999999999]
["2015-10-01","ASFALTOS DILUÍDOS CM-30","Rondônia","-"]
["2015-10-01","ASFALTOS DILUÍDOS CM-30","Roraima","-"]
["2015-10-01","ASFALTOS DILUÍDOS CM-30","Santa Catarina","-"]
["2015-10-01","ASFALTOS DILUÍDOS CM-30","São Paulo",2.1378900000000001]
["2015-10-01","ASFALTOS DILUÍDOS CM-30","Sergipe","-"]
["2015-10-01","ASFALTOS DILUÍDOS CM-30","Tocantins","-"]
["2015-11-01","ASFALTOS DILUÍDOS CM-30","Acre","-"]
["2015-11-01","ASFALTOS DILUÍDOS CM-30","Alagoas","-"]
["2015-11-01","ASFALTOS DILUÍDOS CM-30","Amapá","-"]
["2015-11-01","ASFALTOS DILUÍDOS CM-30","Amazonas","-"]
["2015-11-01","ASFALTOS DILUÍDOS CM-30","Bahia",2.4911599999999998]
["2015-11-01","ASFALTOS DILUÍDOS CM-30","Ceará",2.4076200000000001]
["2015-11-01","ASFALTOS DILUÍDOS CM-30","Distrito Federal","-"]
["2015-11-01","ASFALTOS DILUÍDOS CM-30","Espírito Santo","-"]
["2015-11-01","ASFALTOS DILUÍDOS CM-30","Goiás",2.65198]
["2015-11-01","ASFALTOS DILUÍDOS CM-30","Maranhão","-"]
["2015-11-01","ASFALTOS DILUÍDOS CM-30","Mato Grosso",2.7763499999999999]
["2015-11-01","ASFALTOS DILUÍDOS CM-30","Mato Grosso do Sul","-"]
["2015-11-01","ASFALTOS DILUÍDOS CM-30","Minas Gerais",2.2476600000000002]
["2015-11-01","ASFALTOS DILUÍDOS CM-30","Pará","-"]
["2015-11-01","ASFALTOS DILUÍDOS CM-30","Paraíba","-"]
["2015-11-01","ASFALTOS DILUÍDOS CM-30","Paraná",2.3898100000000002]
["2015-11-01","ASFALTOS DILUÍDOS CM-30","Pernambuco","-"]
["2015-11-01","ASFALTOS DILUÍDOS CM-30","Piauí","-"]
["2015-11-01","ASFALTOS DILUÍDOS CM-30","Rio de Janeiro",2.2904399999999998]
["2015-11-01","ASFALTOS DILUÍDOS CM-30","Rio Grande do Norte","-"]
["2015-11-01","ASFALTOS DILUÍDOS CM-30","Rio Grande do Sul",2.24187]
["2015-11-01","ASFALTOS DILUÍDOS CM-30","Rondônia","-"]
["2015-11-01","ASFALTOS DILUÍDOS CM-30","Roraima","-"]
["2015-11-01","ASFALTOS DILUÍDOS CM-30","Santa Catarina","-"]
["2015-11-01","ASFALTOS DILUÍDOS CM-30","São Paulo",2.3526099999999999]
["2015-11-01","ASFALTOS DILUÍDOS CM-30","Sergipe","-"]
["2015-11-01","ASFALTOS DILUÍDOS CM-30","Tocantins","-"]
["2015-12-01","ASFALTOS DILUÍDOS CM-30","Acre","-"]
["2015-12-01","ASFALTOS DILUÍDOS CM-30","Alagoas","-"]
["2015-12-01","ASFALTOS DILUÍDOS CM-30","Amapá","-"]
["2015-12-01","ASFALTOS DILUÍDOS CM-30","Amazonas",2.6565699999999999]
["2015-12-01","ASFALTOS DILUÍDOS CM-30","Bahia",2.46793]
["2015-12-01","ASFALTOS DILUÍDOS CM-30","Ceará",2.36172]
["2015-12-01","ASFALTOS DILUÍDOS CM-30","Distrito Federal","-"]
["2015-12-01","ASFALTOS DILUÍDOS CM-30","Espírito Santo","-"]
["2015-12-01","ASFALTOS DILUÍDOS CM-30","Goiás","-"]
["2015-12-01","ASFALTOS DILUÍDOS CM-30","Maranhão","-"]
["2015-12-01","ASFALTOS DILUÍDOS CM-30","Mato Grosso",2.7808899999999999]
["2015-12-01","ASFALTOS DILUÍDOS CM-30","Mato Grosso do Sul","-"]
["2015-12-01","ASFALTOS DILUÍDOS CM-30","Minas Gerais",2.2162099999999998]
["2015-12-01","ASFALTOS DILUÍDOS CM-30","Pará","-"]
["2015-12-01","ASFALTOS DILUÍDOS CM-30","Paraíba","-"]
["2015-12-01","ASFALTOS DILUÍDOS CM-30","Paraná",2.5178199999999999]
["2015-12-01","ASFALTOS DILUÍDOS CM-30","Pernambuco","-"]
["2015-12-01","ASFALTOS DILUÍDOS CM-30","Piauí","-"]
["2015-12-01","ASFALTOS DILUÍDOS CM-30","Rio de Janeiro",2.2919800000000001]
["2015-12-01","ASFALTOS DILUÍDOS CM-30","Rio Grande do Norte","-"]
["2015-12-01","ASFALTOS DILUÍDOS CM-30","Rio Grande do Sul",2.2498900000000002]
["2015-12-01","ASFALTOS DILUÍDOS CM-30","Rondônia","-"]
["2015-12-01","ASFALTOS DILUÍDOS CM-30","Roraima","-"]
["2015-12-01","ASFALTOS DILUÍDOS CM-30","Santa Catarina","-"]
["2015-12-01","ASFALTOS DILUÍDOS CM-30","São Paulo",2.4276200000000001]
["2015-12-01","ASFALTOS DILUÍDOS CM-30","Sergipe","-"]
["2015-12-01","ASFALTOS DILUÍDOS CM-30","Tocantins","-"]
["2016-01-01","ASFALTOS DILUÍDOS CM-30","Acre","-"]
["2016-01-01","ASFALTOS DILUÍDOS CM-30","Alagoas","-"]
["2016-01-01","ASFALTOS DILUÍDOS CM-30","Amapá","-"]
["2016-01-01","ASFALTOS DILUÍDOS CM-30","Amazonas",2.6918799999999998]
["2016-01-01","ASFALTOS DILUÍDOS CM-30","Bahia",2.4471500000000002]
["2016-01-01","ASFALTOS DILUÍDOS CM-30","Ceará",2.3121200000000002]
["2016-01-01","ASFALTOS DILUÍDOS CM-30","Distrito Federal","-"]
["2016-01-01","ASFALTOS DILUÍDOS CM-30","Espírito Santo","-"]
["2016-01-01","ASFALTOS DILUÍDOS CM-30","Goiás","-"]
["2016-01-01","ASFALTOS DILUÍDOS CM-30","Maranhão","-"]
["2016-01-01","ASFALTOS DILUÍDOS CM-30","Mato Grosso",3.10737]
["2016-01-01","ASFALTOS DILUÍDOS CM-30","Mato Grosso do Sul","-"]
["2016-01-01","ASFALTOS DILUÍDOS CM-30","Minas Gerais",2.2423700000000002]
["2016-01-01","ASFALTOS DILUÍDOS CM-30","Pará","-"]
["2016-01-01","ASFALTOS DILUÍDOS CM-30","Paraíba","-"]
["2016-01-01","ASFALTOS DILUÍDOS CM-30","Paraná",2.21943]
["2016-01-01","ASFALTOS DILUÍDOS CM-30","Pernambuco","-"]
["2016-01-01","ASFALTOS DILUÍDOS CM-30","Piauí","-"]
["2016-01-01","ASFALTOS DILUÍDOS CM-30","Rio de Janeiro",2.2977099999999999]
["2016-01-01","ASFALTOS DILUÍDOS CM-30","Rio Grande do Norte","-"]
["2016-01-01","ASFALTOS DILUÍDOS CM-30","Rio Grande do Sul",2.2462]
["2016-01-01","ASFALTOS DILUÍDOS CM-30","Rondônia","-"]
["2016-01-01","ASFALTOS DILUÍDOS CM-30","Roraima","-"]
["2016-01-01","ASFALTOS DILUÍDOS CM-30","Santa Catarina","-"]
["2016-01-01","ASFALTOS DILUÍDOS CM-30","São Paulo",2.2560600000000002]
["2016-01-01","ASFALTOS DILUÍDOS CM-30","Sergipe","-"]
["2016-01-01","ASFALTOS DILUÍDOS CM-30","Tocantins","-"]
["2016-02-01","ASFALTOS DILUÍDOS CM-30","Acre","-"]
["2016-02-01","ASFALTOS DILUÍDOS CM-30","Alagoas","-"]
["2016-02-01","ASFALTOS DILUÍDOS CM-30","Amapá","-"]
["2016-02-01","ASFALTOS DILUÍDOS CM-30","Amazonas",2.4455800000000001]
["2016-02-01","ASFALTOS DILUÍDOS CM-30","Bahia",2.5877500000000002]
["2016-02-01","ASFALTOS DILUÍDOS CM-30","Ceará",2.4143400000000002]
["2016-02-01","ASFALTOS DILUÍDOS CM-30","Distrito Federal","-"]
["2016-02-01","ASFALTOS DILUÍDOS CM-30","Espírito Santo","-"]
["2016-02-01","ASFALTOS DILUÍDOS CM-30","Goiás","-"]
["2016-02-01","ASFALTOS DILUÍDOS CM-30","Maranhão","-"]
["2016-02-01","ASFALTOS DILUÍDOS CM-30","Mato Grosso",2.9804900000000001]
["2016-02-01","ASFALTOS DILUÍDOS CM-30","Mato Grosso do Sul","-"]
["2016-02-01","ASFALTOS DILUÍDOS CM-30","Minas Gerais",2.2482700000000002]
["2016-02-01","ASFALTOS DILUÍDOS CM-30","Pará","-"]
["2016-02-01","ASFALTOS DILUÍDOS CM-30","Paraíba","-"]
["2016-02-01","ASFALTOS DILUÍDOS CM-30","Paraná",2.38184]
["2016-02-01","ASFALTOS DILUÍDOS CM-30","Pernambuco","-"]
["2016-02-01","ASFALTOS DILUÍDOS CM-30","Piauí","-"]
["2016-02-01","ASFALTOS DILUÍDOS CM-30","Rio de Janeiro","-"]
["2016-02-01","ASFALTOS DILUÍDOS CM-30","Rio Grande do Norte","-"]
["2016-02-01","ASFALTOS DILUÍDOS CM-30","Rio Grande do Sul",2.32111]
["2016-02-01","ASFALTOS DILUÍDOS CM-30","Rondônia","-"]
["2016-02-01","ASFALTOS DILUÍDOS CM-30","Roraima","-"]
["2016-02-01","ASFALTOS DILUÍDOS CM-30","Santa Catarina","-"]
["2016-02-01","ASFALTOS DILUÍDOS CM-30","São Paulo",2.4229099999999999]
["2016-02-01","ASFALTOS DILUÍDOS CM-30","Sergipe","-"]
["2016-02-01","ASFALTOS DILUÍDOS CM-30","Tocantins","-"]
["2016-03-01","ASFALTOS DILUÍDOS CM-30","Acre","-"]
["2016-03-01","ASFALTOS DILUÍDOS CM-30","Alagoas","-"]
["2016-03-01","ASFALTOS DILUÍDOS CM-30","Amapá","-"]
["2016-03-01","ASFALTOS DILUÍDOS CM-30","Amazonas",2.30185]
["2016-03-01","ASFALTOS DILUÍDOS CM-30","Bahia",2.6029599999999999]
["2016-03-01","ASFALTOS DILUÍDOS CM-30","Ceará",2.4111600000000002]
["2016-03-01","ASFALTOS DILUÍDOS CM-30","Distrito Federal","-"]
["2016-03-01","ASFALTOS DILUÍDOS CM-30","Espírito Santo","-"]
["2016-03-01","ASFALTOS DILUÍDOS CM-30","Goiás",2.7119399999999998]
["2016-03-01","ASFALTOS DILUÍDOS CM-30","Maranhão","-"]
["2016-03-01","ASFALTOS DILUÍDOS CM-30","Mato Grosso",2.9865900000000001]
["2016-03-01","ASFALTOS DILUÍDOS CM-30","Mato Grosso do Sul","-"]
["2016-03-01","ASFALTOS DILUÍDOS CM-30","Minas Gerais",2.2101299999999999]
["2016-03-01","ASFALTOS DILUÍDOS CM-30","Pará","-"]
["2016-03-01","ASFALTOS DILUÍDOS CM-30","Paraíba","-"]
["2016-03-01","ASFALTOS DILUÍDOS CM-30","Paraná",2.5717599999999998]
["2016-03-01","ASFALTOS DILUÍDOS CM-30","Pernambuco","-"]
["2016-03-01","ASFALTOS DILUÍDOS CM-30","Piauí","-"]
["2016-03-01","ASFALTOS DILUÍDOS CM-30","Rio de Janeiro",2.1024500000000002]
["2016-03-01","ASFALTOS DILUÍDOS CM-30","Rio Grande do Norte","-"]
["2016-03-01","ASFALTOS DILUÍDOS CM-30","Rio Grande do Sul",2.2380900000000001]
["2016-03-01","ASFALTOS DILUÍDOS CM-30","Rondônia","-"]
["2016-03-01","ASFALTOS DILUÍDOS CM-30","Roraima","-"]
["2016-03-01","ASFALTOS DILUÍDOS CM-30","Santa Catarina","-"]
["2016-03-01","ASFALTOS DILUÍDOS CM-30","São Paulo",2.3578399999999999]
["2016-03-01","ASFALTOS DILUÍDOS CM-30","Sergipe","-"]
["2016-03-01","ASFALTOS DILUÍDOS CM-30","Tocantins","-"]
["2016-04-01","ASFALTOS DILUÍDOS CM-30","Acre","-"]
["2016-04-01","ASFALTOS DILUÍDOS CM-30","Alagoas","-"]
["2016-04-01","ASFALTOS DILUÍDOS CM-30","Amapá","-"]
["2016-04-01","ASFALTOS DILUÍDOS CM-30","Amazonas","-"]
["2016-04-01","ASFALTOS DILUÍDOS CM-30","Bahia",2.73122]
["2016-04-01","ASFALTOS DILUÍDOS CM-30","Ceará",2.74674]
["2016-04-01","ASFALTOS DILUÍDOS CM-30","Distrito Federal","-"]
["2016-04-01","ASFALTOS DILUÍDOS CM-30","Espírito Santo","-"]
["2016-04-01","ASFALTOS DILUÍDOS CM-30","Goiás",2.6770200000000002]
["2016-04-01","ASFALTOS DILUÍDOS CM-30","Maranhão","-"]
["2016-04-01","ASFALTOS DILUÍDOS CM-30","Mato Grosso",3.02603]
["2016-04-01","ASFALTOS DILUÍDOS CM-30","Mato Grosso do Sul","-"]
["2016-04-01","ASFALTOS DILUÍDOS CM-30","Minas Gerais",2.50617]
["2016-04-01","ASFALTOS DILUÍDOS CM-30","Pará","-"]
["2016-04-01","ASFALTOS DILUÍDOS CM-30","Paraíba","-"]
["2016-04-01","ASFALTOS DILUÍDOS CM-30","Paraná",2.8512300000000002]
["2016-04-01","ASFALTOS DILUÍDOS CM-30","Pernambuco","-"]
["2016-04-01","ASFALTOS DILUÍDOS CM-30","Piauí","-"]
["2016-04-01","ASFALTOS DILUÍDOS CM-30","Rio de Janeiro",2.61287]
["2016-04-01","ASFALTOS DILUÍDOS CM-30","Rio Grande do Norte","-"]
["2016-04-01","ASFALTOS DILUÍDOS CM-30","Rio Grande do Sul",2.5896300000000001]
["2016-04-01","ASFALTOS DILUÍDOS CM-30","Rondônia","-"]
["2016-04-01","ASFALTOS DILUÍDOS CM-30","Roraima","-"]
["2016-04-01","ASFALTOS DILUÍDOS CM-30","Santa Catarina","-"]
["2016-04-01","ASFALTOS DILUÍDOS CM-30","São Paulo",2.5813999999999999]
["2016-04-01","ASFALTOS DILUÍDOS CM-30","Sergipe","-"]
["2016-04-01","ASFALTOS DILUÍDOS CM-30","Tocantins","-"]
["2016-05-01","ASFALTOS DILUÍDOS CM-30","Acre","-"]
["2016-05-01","ASFALTOS DILUÍDOS CM-30","Alagoas","-"]
["2016-05-01","ASFALTOS DILUÍDOS CM-30","Amapá","-"]
["2016-05-01","ASFALTOS DILUÍDOS CM-30","Amazonas","-"]
["2016-05-01","ASFALTOS DILUÍDOS CM-30","Bahia",2.7469700000000001]
["2016-05-01","ASFALTOS DILUÍDOS CM-30","Ceará",2.6236100000000002]
["2016-05-01","ASFALTOS DILUÍDOS CM-30","Distrito Federal","-"]
["2016-05-01","ASFALTOS DILUÍDOS CM-30","Espírito Santo","-"]
["2016-05-01","ASFALTOS DILUÍDOS CM-30","Goiás",2.6880500000000001]
["2016-05-01","ASFALTOS DILUÍDOS CM-30","Maranhão","-"]
["2016-05-01","ASFALTOS DILUÍDOS CM-30","Mato Grosso",3.1569699999999998]
["2016-05-01","ASFALTOS DILUÍDOS CM-30","Mato Grosso do Sul","-"]
["2016-05-01","ASFALTOS DILUÍDOS CM-30","Minas Gerais",2.5838000000000001]
["2016-05-01","ASFALTOS DILUÍDOS CM-30","Pará","-"]
["2016-05-01","ASFALTOS DILUÍDOS CM-30","Paraíba","-"]
["2016-05-01","ASFALTOS DILUÍDOS CM-30","Paraná",2.9391799999999999]
["2016-05-01","ASFALTOS DILUÍDOS CM-30","Pernambuco","-"]
["2016-05-01","ASFALTOS DILUÍDOS CM-30","Piauí","-"]
["2016-05-01","ASFALTOS DILUÍDOS CM-30","Rio de Janeiro",2.5668500000000001]
["2016-05-01","ASFALTOS DILUÍDOS CM-30","Rio Grande do Norte","-"]
["2016-05-01","ASFALTOS DILUÍDOS CM-30","Rio Grande do Sul",2.6476500000000001]
["2016-05-01","ASFALTOS DILUÍDOS CM-30","Rondônia","-"]
["2016-05-01","ASFALTOS DILUÍDOS CM-30","Roraima","-"]
["2016-05-01","ASFALTOS DILUÍDOS CM-30","Santa Catarina","-"]
["2016-05-01","ASFALTOS DILUÍDOS CM-30","São Paulo",2.56284]
["2016-05-01","ASFALTOS DILUÍDOS CM-30","Sergipe","-"]
["2016-05-01","ASFALTOS DILUÍDOS CM-30","Tocantins","-"]
["2016-06-01","ASFALTOS DILUÍDOS CM-30","Acre","-"]
["2016-06-01","ASFALTOS DILUÍDOS CM-30","Alagoas","-"]
["2016-06-01","ASFALTOS DILUÍDOS CM-30","Amapá","-"]
["2016-06-01","ASFALTOS DILUÍDOS CM-30","Amazonas",2.4521299999999999]
["2016-06-01","ASFALTOS DILUÍDOS CM-30","Bahia",2.6918000000000002]
["2016-06-01","ASFALTOS DILUÍDOS CM-30","Ceará",2.5980599999999998]
["2016-06-01","ASFALTOS DILUÍDOS CM-30","Distrito Federal","-"]
["2016-06-01","ASFALTOS DILUÍDOS CM-30","Espírito Santo","-"]
["2016-06-01","ASFALTOS DILUÍDOS CM-30","Goiás",2.8016700000000001]
["2016-06-01","ASFALTOS DILUÍDOS CM-30","Maranhão","-"]
["2016-06-01","ASFALTOS DILUÍDOS CM-30","Mato Grosso",3.1930800000000001]
["2016-06-01","ASFALTOS DILUÍDOS CM-30","Mato Grosso do Sul","-"]
["2016-06-01","ASFALTOS DILUÍDOS CM-30","Minas Gerais",2.6912600000000002]
["2016-06-01","ASFALTOS DILUÍDOS CM-30","Pará","-"]
["2016-06-01","ASFALTOS DILUÍDOS CM-30","Paraíba","-"]
["2016-06-01","ASFALTOS DILUÍDOS CM-30","Paraná",2.78051]
["2016-06-01","ASFALTOS DILUÍDOS CM-30","Pernambuco","-"]
["2016-06-01","ASFALTOS DILUÍDOS CM-30","Piauí","-"]
["2016-06-01","ASFALTOS DILUÍDOS CM-30","Rio de Janeiro",2.6951700000000001]
["2016-06-01","ASFALTOS DILUÍDOS CM-30","Rio Grande do Norte","-"]
["2016-06-01","ASFALTOS DILUÍDOS CM-30","Rio Grande do Sul",2.5920299999999998]
["2016-06-01","ASFALTOS DILUÍDOS CM-30","Rondônia","-"]
["2016-06-01","ASFALTOS DILUÍDOS CM-30","Roraima","-"]
["2016-06-01","ASFALTOS DILUÍDOS CM-30","Santa Catarina","-"]
["2016-06-01","ASFALTOS DILUÍDOS CM-30","São Paulo",2.5594999999999999]
["2016-06-01","ASFALTOS DILUÍDOS CM-30","Sergipe","-"]
["2016-06-01","ASFALTOS DILUÍDOS CM-30","Tocantins","-"]
["2016-07-01","ASFALTOS DILUÍDOS CM-30","Acre","-"]
["2016-07-01","ASFALTOS DILUÍDOS CM-30","Alagoas","-"]
["2016-07-01","ASFALTOS DILUÍDOS CM-30","Amapá","-"]
["2016-07-01","ASFALTOS DILUÍDOS CM-30","Amazonas","-"]
["2016-07-01","ASFALTOS DILUÍDOS CM-30","Bahia",2.7113900000000002]
["2016-07-01","ASFALTOS DILUÍDOS CM-30","Ceará",2.5356700000000001]
["2016-07-01","ASFALTOS DILUÍDOS CM-30","Distrito Federal","-"]
["2016-07-01","ASFALTOS DILUÍDOS CM-30","Espírito Santo","-"]
["2016-07-01","ASFALTOS DILUÍDOS CM-30","Goiás",2.8865500000000002]
["2016-07-01","ASFALTOS DILUÍDOS CM-30","Maranhão","-"]
["2016-07-01","ASFALTOS DILUÍDOS CM-30","Mato Grosso",3.2169500000000002]
["2016-07-01","ASFALTOS DILUÍDOS CM-30","Mato Grosso do Sul","-"]
["2016-07-01","ASFALTOS DILUÍDOS CM-30","Minas Gerais",2.5883099999999999]
["2016-07-01","ASFALTOS DILUÍDOS CM-30","Pará","-"]
["2016-07-01","ASFALTOS DILUÍDOS CM-30","Paraíba","-"]
["2016-07-01","ASFALTOS DILUÍDOS CM-30","Paraná",2.7495599999999998]
["2016-07-01","ASFALTOS DILUÍDOS CM-30","Pernambuco","-"]
["2016-07-01","ASFALTOS DILUÍDOS CM-30","Piauí","-"]
["2016-07-01","ASFALTOS DILUÍDOS CM-30","Rio de Janeiro",2.6186799999999999]
["2016-07-01","ASFALTOS DILUÍDOS CM-30","Rio Grande do Norte","-"]
["2016-07-01","ASFALTOS DILUÍDOS CM-30","Rio Grande do Sul",2.5812900000000001]
["2016-07-01","ASFALTOS DILUÍDOS CM-30","Rondônia","-"]
["2016-07-01","ASFALTOS DILUÍDOS CM-30","Roraima","-"]
["2016-07-01","ASFALTOS DILUÍDOS CM-30","Santa Catarina","-"]
["2016-07-01","ASFALTOS DILUÍDOS CM-30","São Paulo",2.6258300000000001]
["2016-07-01","ASFALTOS DILUÍDOS CM-30","Sergipe","-"]
["2016-07-01","ASFALTOS DILUÍDOS CM-30","Tocantins","-"]
["2016-08-01","ASFALTOS DILUÍDOS CM-30","Acre","-"]
["2016-08-01","ASFALTOS DILUÍDOS CM-30","Alagoas","-"]
["2016-08-01","ASFALTOS DILUÍDOS CM-30","Amapá","-"]
["2016-08-01","ASFALTOS DILUÍDOS CM-30","Amazonas",2.6299299999999999]
["2016-08-01","ASFALTOS DILUÍDOS CM-30","Bahia",2.6986699999999999]
["2016-08-01","ASFALTOS DILUÍDOS CM-30","Ceará",2.5996700000000001]
["2016-08-01","ASFALTOS DILUÍDOS CM-30","Distrito Federal","-"]
["2016-08-01","ASFALTOS DILUÍDOS CM-30","Espírito Santo","-"]
["2016-08-01","ASFALTOS DILUÍDOS CM-30","Goiás",2.86707]
["2016-08-01","ASFALTOS DILUÍDOS CM-30","Maranhão","-"]
["2016-08-01","ASFALTOS DILUÍDOS CM-30","Mato Grosso",3.1268500000000001]
["2016-08-01","ASFALTOS DILUÍDOS CM-30","Mato Grosso do Sul","-"]
["2016-08-01","ASFALTOS DILUÍDOS CM-30","Minas Gerais",2.71475]
["2016-08-01","ASFALTOS DILUÍDOS CM-30","Pará","-"]
["2016-08-01","ASFALTOS DILUÍDOS CM-30","Paraíba","-"]
["2016-08-01","ASFALTOS DILUÍDOS CM-30","Paraná",2.8536100000000002]
["2016-08-01","ASFALTOS DILUÍDOS CM-30","Pernambuco","-"]
["2016-08-01","ASFALTOS DILUÍDOS CM-30","Piauí","-"]
["2016-08-01","ASFALTOS DILUÍDOS CM-30","Rio de Janeiro",2.5675300000000001]
["2016-08-01","ASFALTOS DILUÍDOS CM-30","Rio Grande do Norte","-"]
["2016-08-01","ASFALTOS DILUÍDOS CM-30","Rio Grande do Sul",2.6449400000000001]
["2016-08-01","ASFALTOS DILUÍDOS CM-30","Rondônia","-"]
["2016-08-01","ASFALTOS DILUÍDOS CM-30","Roraima","-"]
["2016-08-01","ASFALTOS DILUÍDOS CM-30","Santa Catarina","-"]
["2016-08-01","ASFALTOS DILUÍDOS CM-30","São Paulo",2.6465800000000002]
["2016-08-01","ASFALTOS DILUÍDOS CM-30","Sergipe","-"]
["2016-08-01","ASFALTOS DILUÍDOS CM-30","Tocantins","-"]
["2016-09-01","ASFALTOS DILUÍDOS CM-30","Acre","-"]
["2016-09-01","ASFALTOS DILUÍDOS CM-30","Alagoas","-"]
["2016-09-01","ASFALTOS DILUÍDOS CM-30","Amapá","-"]
["2016-09-01","ASFALTOS DILUÍDOS CM-30","Amazonas","-"]
["2016-09-01","ASFALTOS DILUÍDOS CM-30","Bahia",2.6372800000000001]
["2016-09-01","ASFALTOS DILUÍDOS CM-30","Ceará",2.44889]
["2016-09-01","ASFALTOS DILUÍDOS CM-30","Distrito Federal","-"]
["2016-09-01","ASFALTOS DILUÍDOS CM-30","Espírito Santo","-"]
["2016-09-01","ASFALTOS DILUÍDOS CM-30","Goiás",2.7830699999999999]
["2016-09-01","ASFALTOS DILUÍDOS CM-30","Maranhão","-"]
["2016-09-01","ASFALTOS DILUÍDOS CM-30","Mato Grosso",2.8643700000000001]
["2016-09-01","ASFALTOS DILUÍDOS CM-30","Mato Grosso do Sul","-"]
["2016-09-01","ASFALTOS DILUÍDOS CM-30","Minas Gerais",2.49187]
["2016-09-01","ASFALTOS DILUÍDOS CM-30","Pará","-"]
["2016-09-01","ASFALTOS DILUÍDOS CM-30","Paraíba","-"]
["2016-09-01","ASFALTOS DILUÍDOS CM-30","Paraná",2.4421200000000001]
["2016-09-01","ASFALTOS DILUÍDOS CM-30","Pernambuco","-"]
["2016-09-01","ASFALTOS DILUÍDOS CM-30","Piauí","-"]
["2016-09-01","ASFALTOS DILUÍDOS CM-30","Rio de Janeiro",2.4485600000000001]
["2016-09-01","ASFALTOS DILUÍDOS CM-30","Rio Grande do Norte","-"]
["2016-09-01","ASFALTOS DILUÍDOS CM-30","Rio Grande do Sul",2.3330600000000001]
["2016-09-01","ASFALTOS DILUÍDOS CM-30","Rondônia","-"]
["2016-09-01","ASFALTOS DILUÍDOS CM-30","Roraima","-"]
["2016-09-01","ASFALTOS DILUÍDOS CM-30","Santa Catarina","-"]
["2016-09-01","ASFALTOS DILUÍDOS CM-30","São Paulo",2.6107499999999999]
["2016-09-01","ASFALTOS DILUÍDOS CM-30","Sergipe","-"]
["2016-09-01","ASFALTOS DILUÍDOS CM-30","Tocantins","-"]
["2016-10-01","ASFALTOS DILUÍDOS CM-30","Acre","-"]
["2016-10-01","ASFALTOS DILUÍDOS CM-30","Alagoas","-"]
["2016-10-01","ASFALTOS DILUÍDOS CM-30","Amapá","-"]
["2016-10-01","ASFALTOS DILUÍDOS CM-30","Amazonas","-"]
["2016-10-01","ASFALTOS DILUÍDOS CM-30","Bahia",2.5017399999999999]
["2016-10-01","ASFALTOS DILUÍDOS CM-30","Ceará",2.3940700000000001]
["2016-10-01","ASFALTOS DILUÍDOS CM-30","Distrito Federal","-"]
["2016-10-01","ASFALTOS DILUÍDOS CM-30","Espírito Santo","-"]
["2016-10-01","ASFALTOS DILUÍDOS CM-30","Goiás",2.7675800000000002]
["2016-10-01","ASFALTOS DILUÍDOS CM-30","Maranhão","-"]
["2016-10-01","ASFALTOS DILUÍDOS CM-30","Mato Grosso",2.8803200000000002]
["2016-10-01","ASFALTOS DILUÍDOS CM-30","Mato Grosso do Sul","-"]
["2016-10-01","ASFALTOS DILUÍDOS CM-30","Minas Gerais",2.5162800000000001]
["2016-10-01","ASFALTOS DILUÍDOS CM-30","Pará",2.6664300000000001]
["2016-10-01","ASFALTOS DILUÍDOS CM-30","Paraíba","-"]
["2016-10-01","ASFALTOS DILUÍDOS CM-30","Paraná",2.4296799999999998]
["2016-10-01","ASFALTOS DILUÍDOS CM-30","Pernambuco","-"]
["2016-10-01","ASFALTOS DILUÍDOS CM-30","Piauí","-"]
["2016-10-01","ASFALTOS DILUÍDOS CM-30","Rio de Janeiro",2.3020200000000002]
["2016-10-01","ASFALTOS DILUÍDOS CM-30","Rio Grande do Norte","-"]
["2016-10-01","ASFALTOS DILUÍDOS CM-30","Rio Grande do Sul",2.3639299999999999]
["2016-10-01","ASFALTOS DILUÍDOS CM-30","Rondônia","-"]
["2016-10-01","ASFALTOS DILUÍDOS CM-30","Roraima","-"]
["2016-10-01","ASFALTOS DILUÍDOS CM-30","Santa Catarina","-"]
["2016-10-01","ASFALTOS DILUÍDOS CM-30","São Paulo",2.54413]
["2016-10-01","ASFALTOS DILUÍDOS CM-30","Sergipe","-"]
["2016-10-01","ASFALTOS DILUÍDOS CM-30","Tocantins","-"]
["2016-11-01","ASFALTOS DILUÍDOS CM-30","Acre","-"]
["2016-11-01","ASFALTOS DILUÍDOS CM-30","Alagoas","-"]
["2016-11-01","ASFALTOS DILUÍDOS CM-30","Amapá","-"]
["2016-11-01","ASFALTOS DILUÍDOS CM-30","Amazonas",2.28437]
["2016-11-01","ASFALTOS DILUÍDOS CM-30","Bahia","-"]
["2016-11-01","ASFALTOS DILUÍDOS CM-30","Ceará",2.3328600000000002]
["2016-11-01","ASFALTOS DILUÍDOS CM-30","Distrito Federal","-"]
["2016-11-01","ASFALTOS DILUÍDOS CM-30","Espírito Santo","-"]
["2016-11-01","ASFALTOS DILUÍDOS CM-30","Goiás",3.2334000000000001]
["2016-11-01","ASFALTOS DILUÍDOS CM-30","Maranhão","-"]
["2016-11-01","ASFALTOS DILUÍDOS CM-30","Mato Grosso",2.7493099999999999]
["2016-11-01","ASFALTOS DILUÍDOS CM-30","Mato Grosso do Sul","-"]
["2016-11-01","ASFALTOS DILUÍDOS CM-30","Minas Gerais",2.4173100000000001]
["2016-11-01","ASFALTOS DILUÍDOS CM-30","Pará","-"]
["2016-11-01","ASFALTOS DILUÍDOS CM-30","Paraíba","-"]
["2016-11-01","ASFALTOS DILUÍDOS CM-30","Paraná",2.4686300000000001]
["2016-11-01","ASFALTOS DILUÍDOS CM-30","Pernambuco","-"]
["2016-11-01","ASFALTOS DILUÍDOS CM-30","Piauí","-"]
["2016-11-01","ASFALTOS DILUÍDOS CM-30","Rio de Janeiro","-"]
["2016-11-01","ASFALTOS DILUÍDOS CM-30","Rio Grande do Norte","-"]
["2016-11-01","ASFALTOS DILUÍDOS CM-30","Rio Grande do Sul",2.3084799999999999]
["2016-11-01","ASFALTOS DILUÍDOS CM-30","Rondônia","-"]
["2016-11-01","ASFALTOS DILUÍDOS CM-30","Roraima","-"]
["2016-11-01","ASFALTOS DILUÍDOS CM-30","Santa Catarina","-"]
["2016-11-01","ASFALTOS DILUÍDOS CM-30","São Paulo",2.6043400000000001]
["2016-11-01","ASFALTOS DILUÍDOS CM-30","Sergipe","-"]
["2016-11-01","ASFALTOS DILUÍDOS CM-30","Tocantins","-"]
["2016-12-01","ASFALTOS DILUÍDOS CM-30","Acre","-"]
["2016-12-01","ASFALTOS DILUÍDOS CM-30","Alagoas","-"]
["2016-12-01","ASFALTOS DILUÍDOS CM-30","Amapá","-"]
["2016-12-01","ASFALTOS DILUÍDOS CM-30","Amazonas",2.2830499999999998]
["2016-12-01","ASFALTOS DILUÍDOS CM-30","Bahia",3.0030700000000001]
["2016-12-01","ASFALTOS DILUÍDOS CM-30","Ceará",2.2189199999999998]
["2016-12-01","ASFALTOS DILUÍDOS CM-30","Distrito Federal","-"]
["2016-12-01","ASFALTOS DILUÍDOS CM-30","Espírito Santo","-"]
["2016-12-01","ASFALTOS DILUÍDOS CM-30","Goiás","-"]
["2016-12-01","ASFALTOS DILUÍDOS CM-30","Maranhão","-"]
["2016-12-01","ASFALTOS DILUÍDOS CM-30","Mato Grosso",2.8655300000000001]
["2016-12-01","ASFALTOS DILUÍDOS CM-30","Mato Grosso do Sul","-"]
["2016-12-01","ASFALTOS DILUÍDOS CM-30","Minas Gerais",2.6274199999999999]
["2016-12-01","ASFALTOS DILUÍDOS CM-30","Pará","-"]
["2016-12-01","ASFALTOS DILUÍDOS CM-30","Paraíba","-"]
["2016-12-01","ASFALTOS DILUÍDOS CM-30","Paraná",2.5107900000000001]
["2016-12-01","ASFALTOS DILUÍDOS CM-30","Pernambuco","-"]
["2016-12-01","ASFALTOS DILUÍDOS CM-30","Piauí","-"]
["2016-12-01","ASFALTOS DILUÍDOS CM-30","Rio de Janeiro","-"]
["2016-12-01","ASFALTOS DILUÍDOS CM-30","Rio Grande do Norte","-"]
["2016-12-01","ASFALTOS DILUÍDOS CM-30","Rio Grande do Sul",2.28105]
["2016-12-01","ASFALTOS DILUÍDOS CM-30","Rondônia","-"]
["2016-12-01","ASFALTOS DILUÍDOS CM-30","Roraima","-"]
["2016-12-01","ASFALTOS DILUÍDOS CM-30","Santa Catarina","-"]
["2016-12-01","ASFALTOS DILUÍDOS CM-30","São Paulo",2.5581999999999998]
["2016-12-01","ASFALTOS DILUÍDOS CM-30","Sergipe","-"]
["2016-12-01","ASFALTOS DILUÍDOS CM-30","Tocantins","-"]
["2017-01-01","ASFALTOS DILUÍDOS CM-30","Acre","-"]
["2017-01-01","ASFALTOS DILUÍDOS CM-30","Alagoas","-"]
["2017-01-01","ASFALTOS DILUÍDOS CM-30","Amapá","-"]
["2017-01-01","ASFALTOS DILUÍDOS CM-30","Amazonas","-"]
["2017-01-01","ASFALTOS DILUÍDOS CM-30","Bahia","-"]
["2017-01-01","ASFALTOS DILUÍDOS CM-30","Ceará",2.18981]
["2017-01-01","ASFALTOS DILUÍDOS CM-30","Distrito Federal","-"]
["2017-01-01","ASFALTOS DILUÍDOS CM-30","Espírito Santo","-"]
["2017-01-01","ASFALTOS DILUÍDOS CM-30","Goiás","-"]
["2017-01-01","ASFALTOS DILUÍDOS CM-30","Maranhão","-"]
["2017-01-01","ASFALTOS DILUÍDOS CM-30","Mato Grosso",2.8395299999999999]
["2017-01-01","ASFALTOS DILUÍDOS CM-30","Mato Grosso do Sul","-"]
["2017-01-01","ASFALTOS DILUÍDOS CM-30","Minas Gerais",2.5192299999999999]
["2017-01-01","ASFALTOS DILUÍDOS CM-30","Pará","-"]
["2017-01-01","ASFALTOS DILUÍDOS CM-30","Paraíba","-"]
["2017-01-01","ASFALTOS DILUÍDOS CM-30","Paraná",2.4342800000000002]
["2017-01-01","ASFALTOS DILUÍDOS CM-30","Pernambuco","-"]
["2017-01-01","ASFALTOS DILUÍDOS CM-30","Piauí","-"]
["2017-01-01","ASFALTOS DILUÍDOS CM-30","Rio de Janeiro","-"]
["2017-01-01","ASFALTOS DILUÍDOS CM-30","Rio Grande do Norte","-"]
["2017-01-01","ASFALTOS DILUÍDOS CM-30","Rio Grande do Sul",2.3438699999999999]
["2017-01-01","ASFALTOS DILUÍDOS CM-30","Rondônia","-"]
["2017-01-01","ASFALTOS DILUÍDOS CM-30","Roraima","-"]
["2017-01-01","ASFALTOS DILUÍDOS CM-30","Santa Catarina","-"]
["2017-01-01","ASFALTOS DILUÍDOS CM-30","São Paulo",2.61077]
["2017-01-01","ASFALTOS DILUÍDOS CM-30","Sergipe","-"]
["2017-01-01","ASFALTOS DILUÍDOS CM-30","Tocantins","-"]
["2017-02-01","ASFALTOS DILUÍDOS CM-30","Acre","-"]
["2017-02-01","ASFALTOS DILUÍDOS CM-30","Alagoas","-"]
["2017-02-01","ASFALTOS DILUÍDOS CM-30","Amapá","-"]
["2017-02-01","ASFALTOS DILUÍDOS CM-30","Amazonas","-"]
["2017-02-01","ASFALTOS DILUÍDOS CM-30","Bahia","-"]
["2017-02-01","ASFALTOS DILUÍDOS CM-30","Ceará",2.23394]
["2017-02-01","ASFALTOS DILUÍDOS CM-30","Distrito Federal","-"]
["2017-02-01","ASFALTOS DILUÍDOS CM-30","Espírito Santo","-"]
["2017-02-01","ASFALTOS DILUÍDOS CM-30","Goiás","-"]
["2017-02-01","ASFALTOS DILUÍDOS CM-30","Maranhão","-"]
["2017-02-01","ASFALTOS DILUÍDOS CM-30","Mato Grosso",2.77311]
["2017-02-01","ASFALTOS DILUÍDOS CM-30","Mato Grosso do Sul","-"]
["2017-02-01","ASFALTOS DILUÍDOS CM-30","Minas Gerais",2.5819299999999998]
["2017-02-01","ASFALTOS DILUÍDOS CM-30","Pará","-"]
["2017-02-01","ASFALTOS DILUÍDOS CM-30","Paraíba","-"]
["2017-02-01","ASFALTOS DILUÍDOS CM-30","Paraná",2.5419999999999998]
["2017-02-01","ASFALTOS DILUÍDOS CM-30","Pernambuco","-"]
["2017-02-01","ASFALTOS DILUÍDOS CM-30","Piauí","-"]
["2017-02-01","ASFALTOS DILUÍDOS CM-30","Rio de Janeiro","-"]
["2017-02-01","ASFALTOS DILUÍDOS CM-30","Rio Grande do Norte","-"]
["2017-02-01","ASFALTOS DILUÍDOS CM-30","Rio Grande do Sul",2.2606899999999999]
["2017-02-01","ASFALTOS DILUÍDOS CM-30","Rondônia","-"]
["2017-02-01","ASFALTOS DILUÍDOS CM-30","Roraima","-"]
["2017-02-01","ASFALTOS DILUÍDOS CM-30","Santa Catarina","-"]
["2017-02-01","ASFALTOS DILUÍDOS CM-30","São Paulo",2.5541900000000002]
["2017-02-01","ASFALTOS DILUÍDOS CM-30","Sergipe","-"]
["2017-02-01","ASFALTOS DILUÍDOS CM-30","Tocantins","-"]
["2017-03-01","ASFALTOS DILUÍDOS CM-30","Acre","-"]
["2017-03-01","ASFALTOS DILUÍDOS CM-30","Alagoas","-"]
["2017-03-01","ASFALTOS DILUÍDOS CM-30","Amapá","-"]
["2017-03-01","ASFALTOS DILUÍDOS CM-30","Amazonas","-"]
["2017-03-01","ASFALTOS DILUÍDOS CM-30","Bahia",2.80708]
["2017-03-01","ASFALTOS DILUÍDOS CM-30","Ceará",2.3073199999999998]
["2017-03-01","ASFALTOS DILUÍDOS CM-30","Distrito Federal","-"]
["2017-03-01","ASFALTOS DILUÍDOS CM-30","Espírito Santo","-"]
["2017-03-01","ASFALTOS DILUÍDOS CM-30","Goiás","-"]
["2017-03-01","ASFALTOS DILUÍDOS CM-30","Maranhão","-"]
["2017-03-01","ASFALTOS DILUÍDOS CM-30","Mato Grosso",2.7880400000000001]
["2017-03-01","ASFALTOS DILUÍDOS CM-30","Mato Grosso do Sul","-"]
["2017-03-01","ASFALTOS DILUÍDOS CM-30","Minas Gerais",2.3506999999999998]
["2017-03-01","ASFALTOS DILUÍDOS CM-30","Pará","-"]
["2017-03-01","ASFALTOS DILUÍDOS CM-30","Paraíba","-"]
["2017-03-01","ASFALTOS DILUÍDOS CM-30","Paraná",2.3912100000000001]
["2017-03-01","ASFALTOS DILUÍDOS CM-30","Pernambuco","-"]
["2017-03-01","ASFALTOS DILUÍDOS CM-30","Piauí","-"]
["2017-03-01","ASFALTOS DILUÍDOS CM-30","Rio de Janeiro",2.2805499999999999]
["2017-03-01","ASFALTOS DILUÍDOS CM-30","Rio Grande do Norte","-"]
["2017-03-01","ASFALTOS DILUÍDOS CM-30","Rio Grande do Sul",2.2386499999999998]
["2017-03-01","ASFALTOS DILUÍDOS CM-30","Rondônia","-"]
["2017-03-01","ASFALTOS DILUÍDOS CM-30","Roraima","-"]
["2017-03-01","ASFALTOS DILUÍDOS CM-30","Santa Catarina","-"]
["2017-03-01","ASFALTOS DILUÍDOS CM-30","São Paulo",2.5084300000000002]
["2017-03-01","ASFALTOS DILUÍDOS CM-30","Sergipe","-"]
["2017-03-01","ASFALTOS DILUÍDOS CM-30","Tocantins","-"]
["2017-04-01","ASFALTOS DILUÍDOS CM-30","Acre","-"]
["2017-04-01","ASFALTOS DILUÍDOS CM-30","Alagoas","-"]
["2017-04-01","ASFALTOS DILUÍDOS CM-30","Amapá","-"]
["2017-04-01","ASFALTOS DILUÍDOS CM-30","Amazonas",2.43791]
["2017-04-01","ASFALTOS DILUÍDOS CM-30","Bahia","-"]
["2017-04-01","ASFALTOS DILUÍDOS CM-30","Ceará",2.2128100000000002]
["2017-04-01","ASFALTOS DILUÍDOS CM-30","Distrito Federal","-"]
["2017-04-01","ASFALTOS DILUÍDOS CM-30","Espírito Santo","-"]
["2017-04-01","ASFALTOS DILUÍDOS CM-30","Goiás",2.9329100000000001]
["2017-04-01","ASFALTOS DILUÍDOS CM-30","Maranhão","-"]
["2017-04-01","ASFALTOS DILUÍDOS CM-30","Mato Grosso",2.6034000000000002]
["2017-04-01","ASFALTOS DILUÍDOS CM-30","Mato Grosso do Sul","-"]
["2017-04-01","ASFALTOS DILUÍDOS CM-30","Minas Gerais",2.2279]
["2017-04-01","ASFALTOS DILUÍDOS CM-30","Pará","-"]
["2017-04-01","ASFALTOS DILUÍDOS CM-30","Paraíba","-"]
["2017-04-01","ASFALTOS DILUÍDOS CM-30","Paraná",2.25549]
["2017-04-01","ASFALTOS DILUÍDOS CM-30","Pernambuco","-"]
["2017-04-01","ASFALTOS DILUÍDOS CM-30","Piauí","-"]
["2017-04-01","ASFALTOS DILUÍDOS CM-30","Rio de Janeiro","-"]
["2017-04-01","ASFALTOS DILUÍDOS CM-30","Rio Grande do Norte","-"]
["2017-04-01","ASFALTOS DILUÍDOS CM-30","Rio Grande do Sul",2.2572199999999998]
["2017-04-01","ASFALTOS DILUÍDOS CM-30","Rondônia","-"]
["2017-04-01","ASFALTOS DILUÍDOS CM-30","Roraima","-"]
["2017-04-01","ASFALTOS DILUÍDOS CM-30","Santa Catarina","-"]
["2017-04-01","ASFALTOS DILUÍDOS CM-30","São Paulo",2.54603]
["2017-04-01","ASFALTOS DILUÍDOS CM-30","Sergipe","-"]
["2017-04-01","ASFALTOS DILUÍDOS CM-30","Tocantins","-"]
["2017-05-01","ASFALTOS DILUÍDOS CM-30","Acre","-"]
["2017-05-01","ASFALTOS DILUÍDOS CM-30","Alagoas","-"]
["2017-05-01","ASFALTOS DILUÍDOS CM-30","Amapá","-"]
["2017-05-01","ASFALTOS DILUÍDOS CM-30","Amazonas",2.10724]
["2017-05-01","ASFALTOS DILUÍDOS CM-30","Bahia",2.82551]
["2017-05-01","ASFALTOS DILUÍDOS CM-30","Ceará",2.1232099999999998]
["2017-05-01","ASFALTOS DILUÍDOS CM-30","Distrito Federal","-"]
["2017-05-01","ASFALTOS DILUÍDOS CM-30","Espírito Santo","-"]
["2017-05-01","ASFALTOS DILUÍDOS CM-30","Goiás","-"]
["2017-05-01","ASFALTOS DILUÍDOS CM-30","Maranhão","-"]
["2017-05-01","ASFALTOS DILUÍDOS CM-30","Mato Grosso",2.6509200000000002]
["2017-05-01","ASFALTOS DILUÍDOS CM-30","Mato Grosso do Sul","-"]
["2017-05-01","ASFALTOS DILUÍDOS CM-30","Minas Gerais",2.2115499999999999]
["2017-05-01","ASFALTOS DILUÍDOS CM-30","Pará","-"]
["2017-05-01","ASFALTOS DILUÍDOS CM-30","Paraíba","-"]
["2017-05-01","ASFALTOS DILUÍDOS CM-30","Paraná",2.2482500000000001]
["2017-05-01","ASFALTOS DILUÍDOS CM-30","Pernambuco","-"]
["2017-05-01","ASFALTOS DILUÍDOS CM-30","Piauí","-"]
["2017-05-01","ASFALTOS DILUÍDOS CM-30","Rio de Janeiro",2.0497999999999998]
["2017-05-01","ASFALTOS DILUÍDOS CM-30","Rio Grande do Norte","-"]
["2017-05-01","ASFALTOS DILUÍDOS CM-30","Rio Grande do Sul",2.1673300000000002]
["2017-05-01","ASFALTOS DILUÍDOS CM-30","Rondônia","-"]
["2017-05-01","ASFALTOS DILUÍDOS CM-30","Roraima","-"]
["2017-05-01","ASFALTOS DILUÍDOS CM-30","Santa Catarina","-"]
["2017-05-01","ASFALTOS DILUÍDOS CM-30","São Paulo",2.4310499999999999]
["2017-05-01","ASFALTOS DILUÍDOS CM-30","Sergipe","-"]
["2017-05-01","ASFALTOS DILUÍDOS CM-30","Tocantins","-"]
["2017-06-01","ASFALTOS DILUÍDOS CM-30","Acre","-"]
["2017-06-01","ASFALTOS DILUÍDOS CM-30","Alagoas","-"]
["2017-06-01","ASFALTOS DILUÍDOS CM-30","Amapá","-"]
["2017-06-01","ASFALTOS DILUÍDOS CM-30","Amazonas",2.1914500000000001]
["2017-06-01","ASFALTOS DILUÍDOS CM-30","Bahia",2.6691600000000002]
["2017-06-01","ASFALTOS DILUÍDOS CM-30","Ceará",2.1496900000000001]
["2017-06-01","ASFALTOS DILUÍDOS CM-30","Distrito Federal","-"]
["2017-06-01","ASFALTOS DILUÍDOS CM-30","Espírito Santo","-"]
["2017-06-01","ASFALTOS DILUÍDOS CM-30","Goiás",2.8652700000000002]
["2017-06-01","ASFALTOS DILUÍDOS CM-30","Maranhão","-"]
["2017-06-01","ASFALTOS DILUÍDOS CM-30","Mato Grosso",2.6905999999999999]
["2017-06-01","ASFALTOS DILUÍDOS CM-30","Mato Grosso do Sul","-"]
["2017-06-01","ASFALTOS DILUÍDOS CM-30","Minas Gerais",2.19956]
["2017-06-01","ASFALTOS DILUÍDOS CM-30","Pará","-"]
["2017-06-01","ASFALTOS DILUÍDOS CM-30","Paraíba","-"]
["2017-06-01","ASFALTOS DILUÍDOS CM-30","Paraná",2.3662800000000002]
["2017-06-01","ASFALTOS DILUÍDOS CM-30","Pernambuco","-"]
["2017-06-01","ASFALTOS DILUÍDOS CM-30","Piauí","-"]
["2017-06-01","ASFALTOS DILUÍDOS CM-30","Rio de Janeiro",2.1221899999999998]
["2017-06-01","ASFALTOS DILUÍDOS CM-30","Rio Grande do Norte","-"]
["2017-06-01","ASFALTOS DILUÍDOS CM-30","Rio Grande do Sul",2.2665999999999999]
["2017-06-01","ASFALTOS DILUÍDOS CM-30","Rondônia","-"]
["2017-06-01","ASFALTOS DILUÍDOS CM-30","Roraima","-"]
["2017-06-01","ASFALTOS DILUÍDOS CM-30","Santa Catarina","-"]
["2017-06-01","ASFALTOS DILUÍDOS CM-30","São Paulo",2.3429799999999998]
["2017-06-01","ASFALTOS DILUÍDOS CM-30","Sergipe","-"]
["2017-06-01","ASFALTOS DILUÍDOS CM-30","Tocantins","-"]
["2017-07-01","ASFALTOS DILUÍDOS CM-30","Acre","-"]
["2017-07-01","ASFALTOS DILUÍDOS CM-30","Alagoas","-"]
["2017-07-01","ASFALTOS DILUÍDOS CM-30","Amapá","-"]
["2017-07-01","ASFALTOS DILUÍDOS CM-30","Amazonas",2.34307]
["2017-07-01","ASFALTOS DILUÍDOS CM-30","Bahia","-"]
["2017-07-01","ASFALTOS DILUÍDOS CM-30","Ceará",2.2049699999999999]
["2017-07-01","ASFALTOS DILUÍDOS CM-30","Distrito Federal","-"]
["2017-07-01","ASFALTOS DILUÍDOS CM-30","Espírito Santo","-"]
["2017-07-01","ASFALTOS DILUÍDOS CM-30","Goiás","-"]
["2017-07-01","ASFALTOS DILUÍDOS CM-30","Maranhão","-"]
["2017-07-01","ASFALTOS DILUÍDOS CM-30","Mato Grosso",2.6621299999999999]
["2017-07-01","ASFALTOS DILUÍDOS CM-30","Mato Grosso do Sul","-"]
["2017-07-01","ASFALTOS DILUÍDOS CM-30","Minas Gerais",2.4534099999999999]
["2017-07-01","ASFALTOS DILUÍDOS CM-30","Pará","-"]
["2017-07-01","ASFALTOS DILUÍDOS CM-30","Paraíba","-"]
["2017-07-01","ASFALTOS DILUÍDOS CM-30","Paraná",2.3514200000000001]
["2017-07-01","ASFALTOS DILUÍDOS CM-30","Pernambuco","-"]
["2017-07-01","ASFALTOS DILUÍDOS CM-30","Piauí","-"]
["2017-07-01","ASFALTOS DILUÍDOS CM-30","Rio de Janeiro","-"]
["2017-07-01","ASFALTOS DILUÍDOS CM-30","Rio Grande do Norte","-"]
["2017-07-01","ASFALTOS DILUÍDOS CM-30","Rio Grande do Sul",2.2122299999999999]
["2017-07-01","ASFALTOS DILUÍDOS CM-30","Rondônia","-"]
["2017-07-01","ASFALTOS DILUÍDOS CM-30","Roraima","-"]
["2017-07-01","ASFALTOS DILUÍDOS CM-30","Santa Catarina","-"]
["2017-07-01","ASFALTOS DILUÍDOS CM-30","São Paulo",2.33473]
["2017-07-01","ASFALTOS DILUÍDOS CM-30","Sergipe","-"]
["2017-07-01","ASFALTOS DILUÍDOS CM-30","Tocantins","-"]
["2017-08-01","ASFALTOS DILUÍDOS CM-30","Acre","-"]
["2017-08-01","ASFALTOS DILUÍDOS CM-30","Alagoas","-"]
["2017-08-01","ASFALTOS DILUÍDOS CM-30","Amapá","-"]
["2017-08-01","ASFALTOS DILUÍDOS CM-30","Amazonas",2.20356]
["2017-08-01","ASFALTOS DILUÍDOS CM-30","Bahia","-"]
["2017-08-01","ASFALTOS DILUÍDOS CM-30","Ceará",2.1351499999999999]
["2017-08-01","ASFALTOS DILUÍDOS CM-30","Distrito Federal","-"]
["2017-08-01","ASFALTOS DILUÍDOS CM-30","Espírito Santo","-"]
["2017-08-01","ASFALTOS DILUÍDOS CM-30","Goiás",2.64086]
["2017-08-01","ASFALTOS DILUÍDOS CM-30","Maranhão","-"]
["2017-08-01","ASFALTOS DILUÍDOS CM-30","Mato Grosso",2.6210499999999999]
["2017-08-01","ASFALTOS DILUÍDOS CM-30","Mato Grosso do Sul","-"]
["2017-08-01","ASFALTOS DILUÍDOS CM-30","Minas Gerais",2.3778999999999999]
["2017-08-01","ASFALTOS DILUÍDOS CM-30","Pará",2.70058]
["2017-08-01","ASFALTOS DILUÍDOS CM-30","Paraíba","-"]
["2017-08-01","ASFALTOS DILUÍDOS CM-30","Paraná",2.10182]
["2017-08-01","ASFALTOS DILUÍDOS CM-30","Pernambuco","-"]
["2017-08-01","ASFALTOS DILUÍDOS CM-30","Piauí","-"]
["2017-08-01","ASFALTOS DILUÍDOS CM-30","Rio de Janeiro","-"]
["2017-08-01","ASFALTOS DILUÍDOS CM-30","Rio Grande do Norte","-"]
["2017-08-01","ASFALTOS DILUÍDOS CM-30","Rio Grande do Sul",2.2245400000000002]
["2017-08-01","ASFALTOS DILUÍDOS CM-30","Rondônia","-"]
["2017-08-01","ASFALTOS DILUÍDOS CM-30","Roraima","-"]
["2017-08-01","ASFALTOS DILUÍDOS CM-30","Santa Catarina","-"]
["2017-08-01","ASFALTOS DILUÍDOS CM-30","São Paulo",2.2125599999999999]
["2017-08-01","ASFALTOS DILUÍDOS CM-30","Sergipe","-"]
["2017-08-01","ASFALTOS DILUÍDOS CM-30","Tocantins","-"]
["2017-09-01","ASFALTOS DILUÍDOS CM-30","Acre","-"]
["2017-09-01","ASFALTOS DILUÍDOS CM-30","Alagoas","-"]
["2017-09-01","ASFALTOS DILUÍDOS CM-30","Amapá","-"]
["2017-09-01","ASFALTOS DILUÍDOS CM-30","Amazonas",2.3313799999999998]
["2017-09-01","ASFALTOS DILUÍDOS CM-30","Bahia","-"]
["2017-09-01","ASFALTOS DILUÍDOS CM-30","Ceará",2.1213199999999999]
["2017-09-01","ASFALTOS DILUÍDOS CM-30","Distrito Federal","-"]
["2017-09-01","ASFALTOS DILUÍDOS CM-30","Espírito Santo","-"]
["2017-09-01","ASFALTOS DILUÍDOS CM-30","Goiás",2.6367799999999999]
["2017-09-01","ASFALTOS DILUÍDOS CM-30","Maranhão","-"]
["2017-09-01","ASFALTOS DILUÍDOS CM-30","Mato Grosso",2.6973099999999999]
["2017-09-01","ASFALTOS DILUÍDOS CM-30","Mato Grosso do Sul","-"]
["2017-09-01","ASFALTOS DILUÍDOS CM-30","Minas Gerais",2.5108899999999998]
["2017-09-01","ASFALTOS DILUÍDOS CM-30","Pará",2.7090399999999999]
["2017-09-01","ASFALTOS DILUÍDOS CM-30","Paraíba","-"]
["2017-09-01","ASFALTOS DILUÍDOS CM-30","Paraná",2.3966599999999998]
["2017-09-01","ASFALTOS DILUÍDOS CM-30","Pernambuco","-"]
["2017-09-01","ASFALTOS DILUÍDOS CM-30","Piauí","-"]
["2017-09-01","ASFALTOS DILUÍDOS CM-30","Rio de Janeiro","-"]
["2017-09-01","ASFALTOS DILUÍDOS CM-30","Rio Grande do Norte","-"]
["2017-09-01","ASFALTOS DILUÍDOS CM-30","Rio Grande do Sul",2.1912099999999999]
["2017-09-01","ASFALTOS DILUÍDOS CM-30","Rondônia","-"]
["2017-09-01","ASFALTOS DILUÍDOS CM-30","Roraima","-"]
["2017-09-01","ASFALTOS DILUÍDOS CM-30","Santa Catarina","-"]
["2017-09-01","ASFALTOS DILUÍDOS CM-30","São Paulo",2.3097400000000001]
["2017-09-01","ASFALTOS DILUÍDOS CM-30","Sergipe","-"]
["2017-09-01","ASFALTOS DILUÍDOS CM-30","Tocantins","-"]
["2017-10-01","ASFALTOS DILUÍDOS CM-30","Acre","-"]
["2017-10-01","ASFALTOS DILUÍDOS CM-30","Alagoas","-"]
["2017-10-01","ASFALTOS DILUÍDOS CM-30","Amapá","-"]
["2017-10-01","ASFALTOS DILUÍDOS CM-30","Amazonas",2.2091799999999999]
["2017-10-01","ASFALTOS DILUÍDOS CM-30","Bahia","-"]
["2017-10-01","ASFALTOS DILUÍDOS CM-30","Ceará",2.1602399999999999]
["2017-10-01","ASFALTOS DILUÍDOS CM-30","Distrito Federal","-"]
["2017-10-01","ASFALTOS DILUÍDOS CM-30","Espírito Santo","-"]
["2017-10-01","ASFALTOS DILUÍDOS CM-30","Goiás",2.5482200000000002]
["2017-10-01","ASFALTOS DILUÍDOS CM-30","Maranhão","-"]
["2017-10-01","ASFALTOS DILUÍDOS CM-30","Mato Grosso",2.7848600000000001]
["2017-10-01","ASFALTOS DILUÍDOS CM-30","Mato Grosso do Sul","-"]
["2017-10-01","ASFALTOS DILUÍDOS CM-30","Minas Gerais",2.6378400000000002]
["2017-10-01","ASFALTOS DILUÍDOS CM-30","Pará","-"]
["2017-10-01","ASFALTOS DILUÍDOS CM-30","Paraíba","-"]
["2017-10-01","ASFALTOS DILUÍDOS CM-30","Paraná",2.2164799999999998]
["2017-10-01","ASFALTOS DILUÍDOS CM-30","Pernambuco","-"]
["2017-10-01","ASFALTOS DILUÍDOS CM-30","Piauí","-"]
["2017-10-01","ASFALTOS DILUÍDOS CM-30","Rio de Janeiro","-"]
["2017-10-01","ASFALTOS DILUÍDOS CM-30","Rio Grande do Norte","-"]
["2017-10-01","ASFALTOS DILUÍDOS CM-30","Rio Grande do Sul",2.1730999999999998]
["2017-10-01","ASFALTOS DILUÍDOS CM-30","Rondônia","-"]
["2017-10-01","ASFALTOS DILUÍDOS CM-30","Roraima","-"]
["2017-10-01","ASFALTOS DILUÍDOS CM-30","Santa Catarina","-"]
["2017-10-01","ASFALTOS DILUÍDOS CM-30","São Paulo",2.2040899999999999]
["2017-10-01","ASFALTOS DILUÍDOS CM-30","Sergipe","-"]
["2017-10-01","ASFALTOS DILUÍDOS CM-30","Tocantins","-"]
["2017-11-01","ASFALTOS DILUÍDOS CM-30","Acre","-"]
["2017-11-01","ASFALTOS DILUÍDOS CM-30","Alagoas","-"]
["2017-11-01","ASFALTOS DILUÍDOS CM-30","Amapá","-"]
["2017-11-01","ASFALTOS DILUÍDOS CM-30","Amazonas",2.3845700000000001]
["2017-11-01","ASFALTOS DILUÍDOS CM-30","Bahia","-"]
["2017-11-01","ASFALTOS DILUÍDOS CM-30","Ceará",2.3883299999999998]
["2017-11-01","ASFALTOS DILUÍDOS CM-30","Distrito Federal","-"]
["2017-11-01","ASFALTOS DILUÍDOS CM-30","Espírito Santo","-"]
["2017-11-01","ASFALTOS DILUÍDOS CM-30","Goiás",2.9942299999999999]
["2017-11-01","ASFALTOS DILUÍDOS CM-30","Maranhão","-"]
["2017-11-01","ASFALTOS DILUÍDOS CM-30","Mato Grosso",2.8890199999999999]
["2017-11-01","ASFALTOS DILUÍDOS CM-30","Mato Grosso do Sul","-"]
["2017-11-01","ASFALTOS DILUÍDOS CM-30","Minas Gerais",2.5727099999999998]
["2017-11-01","ASFALTOS DILUÍDOS CM-30","Pará",2.7305799999999998]
["2017-11-01","ASFALTOS DILUÍDOS CM-30","Paraíba","-"]
["2017-11-01","ASFALTOS DILUÍDOS CM-30","Paraná",2.48177]
["2017-11-01","ASFALTOS DILUÍDOS CM-30","Pernambuco","-"]
["2017-11-01","ASFALTOS DILUÍDOS CM-30","Piauí","-"]
["2017-11-01","ASFALTOS DILUÍDOS CM-30","Rio de Janeiro","-"]
["2017-11-01","ASFALTOS DILUÍDOS CM-30","Rio Grande do Norte","-"]
["2017-11-01","ASFALTOS DILUÍDOS CM-30","Rio Grande do Sul",2.32959]
["2017-11-01","ASFALTOS DILUÍDOS CM-30","Rondônia","-"]
["2017-11-01","ASFALTOS DILUÍDOS CM-30","Roraima","-"]
["2017-11-01","ASFALTOS DILUÍDOS CM-30","Santa Catarina","-"]
["2017-11-01","ASFALTOS DILUÍDOS CM-30","São Paulo",2.6140300000000001]
["2017-11-01","ASFALTOS DILUÍDOS CM-30","Sergipe","-"]
["2017-11-01","ASFALTOS DILUÍDOS CM-30","Tocantins","-"]
["2017-12-01","ASFALTOS DILUÍDOS CM-30","Acre","-"]
["2017-12-01","ASFALTOS DILUÍDOS CM-30","Alagoas","-"]
["2017-12-01","ASFALTOS DILUÍDOS CM-30","Amapá","-"]
["2017-12-01","ASFALTOS DILUÍDOS CM-30","Amazonas",2.33432]
["2017-12-01","ASFALTOS DILUÍDOS CM-30","Bahia","-"]
["2017-12-01","ASFALTOS DILUÍDOS CM-30","Ceará",2.4048099999999999]
["2017-12-01","ASFALTOS DILUÍDOS CM-30","Distrito Federal","-"]
["2017-12-01","ASFALTOS DILUÍDOS CM-30","Espírito Santo","-"]
["2017-12-01","ASFALTOS DILUÍDOS CM-30","Goiás","-"]
["2017-12-01","ASFALTOS DILUÍDOS CM-30","Maranhão","-"]
["2017-12-01","ASFALTOS DILUÍDOS CM-30","Mato Grosso",3.0400700000000001]
["2017-12-01","ASFALTOS DILUÍDOS CM-30","Mato Grosso do Sul","-"]
["2017-12-01","ASFALTOS DILUÍDOS CM-30","Minas Gerais",2.7240099999999998]
["2017-12-01","ASFALTOS DILUÍDOS CM-30","Pará","-"]
["2017-12-01","ASFALTOS DILUÍDOS CM-30","Paraíba","-"]
["2017-12-01","ASFALTOS DILUÍDOS CM-30","Paraná",2.4397799999999998]
["2017-12-01","ASFALTOS DILUÍDOS CM-30","Pernambuco","-"]
["2017-12-01","ASFALTOS DILUÍDOS CM-30","Piauí","-"]
["2017-12-01","ASFALTOS DILUÍDOS CM-30","Rio de Janeiro","-"]
["2017-12-01","ASFALTOS DILUÍDOS CM-30","Rio Grande do Norte","-"]
["2017-12-01","ASFALTOS DILUÍDOS CM-30","Rio Grande do Sul",2.3957099999999998]
["2017-12-01","ASFALTOS DILUÍDOS CM-30","Rondônia","-"]
["2017-12-01","ASFALTOS DILUÍDOS CM-30","Roraima","-"]
["2017-12-01","ASFALTOS DILUÍDOS CM-30","Santa Catarina","-"]
["2017-12-01","ASFALTOS DILUÍDOS CM-30","São Paulo",2.5688399999999998]
["2017-12-01","ASFALTOS DILUÍDOS CM-30","Sergipe","-"]
["2017-12-01","ASFALTOS DILUÍDOS CM-30","Tocantins","-"]
["2018-01-01","ASFALTOS DILUÍDOS CM-30","Acre","-"]
["2018-01-01","ASFALTOS DILUÍDOS CM-30","Alagoas","-"]
["2018-01-01","ASFALTOS DILUÍDOS CM-30","Amapá","-"]
["2018-01-01","ASFALTOS DILUÍDOS CM-30","Amazonas",2.8296100000000002]
["2018-01-01","ASFALTOS DILUÍDOS CM-30","Bahia",2.6390799999999999]
["2018-01-01","ASFALTOS DILUÍDOS CM-30","Ceará",2.6594699999999998]
["2018-01-01","ASFALTOS DILUÍDOS CM-30","Distrito Federal","-"]
["2018-01-01","ASFALTOS DILUÍDOS CM-30","Espírito Santo","-"]
["2018-01-01","ASFALTOS DILUÍDOS CM-30","Goiás","-"]
["2018-01-01","ASFALTOS DILUÍDOS CM-30","Maranhão","-"]
["2018-01-01","ASFALTOS DILUÍDOS CM-30","Mato Grosso",2.9353799999999999]
["2018-01-01","ASFALTOS DILUÍDOS CM-30","Mato Grosso do Sul","-"]
["2018-01-01","ASFALTOS DILUÍDOS CM-30","Minas Gerais",2.7077399999999998]
["2018-01-01","ASFALTOS DILUÍDOS CM-30","Pará","-"]
["2018-01-01","ASFALTOS DILUÍDOS CM-30","Paraíba","-"]
["2018-01-01","ASFALTOS DILUÍDOS CM-30","Paraná",2.7148400000000001]
["2018-01-01","ASFALTOS DILUÍDOS CM-30","Pernambuco","-"]
["2018-01-01","ASFALTOS DILUÍDOS CM-30","Piauí","-"]
["2018-01-01","ASFALTOS DILUÍDOS CM-30","Rio de Janeiro","-"]
["2018-01-01","ASFALTOS DILUÍDOS CM-30","Rio Grande do Norte","-"]
["2018-01-01","ASFALTOS DILUÍDOS CM-30","Rio Grande do Sul",2.4958200000000001]
["2018-01-01","ASFALTOS DILUÍDOS CM-30","Rondônia","-"]
["2018-01-01","ASFALTOS DILUÍDOS CM-30","Roraima","-"]
["2018-01-01","ASFALTOS DILUÍDOS CM-30","Santa Catarina","-"]
["2018-01-01","ASFALTOS DILUÍDOS CM-30","São Paulo",2.5734300000000001]
["2018-01-01","ASFALTOS DILUÍDOS CM-30","Sergipe","-"]
["2018-01-01","ASFALTOS DILUÍDOS CM-30","Tocantins","-"]
["2018-02-01","ASFALTOS DILUÍDOS CM-30","Acre","-"]
["2018-02-01","ASFALTOS DILUÍDOS CM-30","Alagoas","-"]
["2018-02-01","ASFALTOS DILUÍDOS CM-30","Amapá","-"]
["2018-02-01","ASFALTOS DILUÍDOS CM-30","Amazonas",2.7677200000000002]
["2018-02-01","ASFALTOS DILUÍDOS CM-30","Bahia","-"]
["2018-02-01","ASFALTOS DILUÍDOS CM-30","Ceará",2.6714000000000002]
["2018-02-01","ASFALTOS DILUÍDOS CM-30","Distrito Federal","-"]
["2018-02-01","ASFALTOS DILUÍDOS CM-30","Espírito Santo","-"]
["2018-02-01","ASFALTOS DILUÍDOS CM-30","Goiás","-"]
["2018-02-01","ASFALTOS DILUÍDOS CM-30","Maranhão","-"]
["2018-02-01","ASFALTOS DILUÍDOS CM-30","Mato Grosso",3.4155199999999999]
["2018-02-01","ASFALTOS DILUÍDOS CM-30","Mato Grosso do Sul","-"]
["2018-02-01","ASFALTOS DILUÍDOS CM-30","Minas Gerais",2.5914899999999998]
["2018-02-01","ASFALTOS DILUÍDOS CM-30","Pará","-"]
["2018-02-01","ASFALTOS DILUÍDOS CM-30","Paraíba","-"]
["2018-02-01","ASFALTOS DILUÍDOS CM-30","Paraná",2.6021200000000002]
["2018-02-01","ASFALTOS DILUÍDOS CM-30","Pernambuco","-"]
["2018-02-01","ASFALTOS DILUÍDOS CM-30","Piauí","-"]
["2018-02-01","ASFALTOS DILUÍDOS CM-30","Rio de Janeiro","-"]
["2018-02-01","ASFALTOS DILUÍDOS CM-30","Rio Grande do Norte","-"]
["2018-02-01","ASFALTOS DILUÍDOS CM-30","Rio Grande do Sul",2.5200200000000001]
["2018-02-01","ASFALTOS DILUÍDOS CM-30","Rondônia","-"]
["2018-02-01","ASFALTOS DILUÍDOS CM-30","Roraima","-"]
["2018-02-01","ASFALTOS DILUÍDOS CM-30","Santa Catarina","-"]
["2018-02-01","ASFALTOS DILUÍDOS CM-30","São Paulo",2.6492300000000002]
["2018-02-01","ASFALTOS DILUÍDOS CM-30","Sergipe","-"]
["2018-02-01","ASFALTOS DILUÍDOS CM-30","Tocantins","-"]
["2018-03-01","ASFALTOS DILUÍDOS CM-30","Acre","-"]
["2018-03-01","ASFALTOS DILUÍDOS CM-30","Alagoas","-"]
["2018-03-01","ASFALTOS DILUÍDOS CM-30","Amapá","-"]
["2018-03-01","ASFALTOS DILUÍDOS CM-30","Amazonas","-"]
["2018-03-01","ASFALTOS DILUÍDOS CM-30","Bahia","-"]
["2018-03-01","ASFALTOS DILUÍDOS CM-30","Ceará",2.5305399999999998]
["2018-03-01","ASFALTOS DILUÍDOS CM-30","Distrito Federal","-"]
["2018-03-01","ASFALTOS DILUÍDOS CM-30","Espírito Santo","-"]
["2018-03-01","ASFALTOS DILUÍDOS CM-30","Goiás",2.5723099999999999]
["2018-03-01","ASFALTOS DILUÍDOS CM-30","Maranhão","-"]
["2018-03-01","ASFALTOS DILUÍDOS CM-30","Mato Grosso","-"]
["2018-03-01","ASFALTOS DILUÍDOS CM-30","Mato Grosso do Sul","-"]
["2018-03-01","ASFALTOS DILUÍDOS CM-30","Minas Gerais",2.5803199999999999]
["2018-03-01","ASFALTOS DILUÍDOS CM-30","Pará","-"]
["2018-03-01","ASFALTOS DILUÍDOS CM-30","Paraíba","-"]
["2018-03-01","ASFALTOS DILUÍDOS CM-30","Paraná",2.6389]
["2018-03-01","ASFALTOS DILUÍDOS CM-30","Pernambuco","-"]
["2018-03-01","ASFALTOS DILUÍDOS CM-30","Piauí","-"]
["2018-03-01","ASFALTOS DILUÍDOS CM-30","Rio de Janeiro","-"]
["2018-03-01","ASFALTOS DILUÍDOS CM-30","Rio Grande do Norte","-"]
["2018-03-01","ASFALTOS DILUÍDOS CM-30","Rio Grande do Sul",2.5392100000000002]
["2018-03-01","ASFALTOS DILUÍDOS CM-30","Rondônia","-"]
["2018-03-01","ASFALTOS DILUÍDOS CM-30","Roraima","-"]
["2018-03-01","ASFALTOS DILUÍDOS CM-30","Santa Catarina","-"]
["2018-03-01","ASFALTOS DILUÍDOS CM-30","São Paulo",2.5654499999999998]
["2018-03-01","ASFALTOS DILUÍDOS CM-30","Sergipe","-"]
["2018-03-01","ASFALTOS DILUÍDOS CM-30","Tocantins","-"]
["2018-04-01","ASFALTOS DILUÍDOS CM-30","Acre","-"]
["2018-04-01","ASFALTOS DILUÍDOS CM-30","Alagoas","-"]
["2018-04-01","ASFALTOS DILUÍDOS CM-30","Amapá","-"]
["2018-04-01","ASFALTOS DILUÍDOS CM-30","Amazonas","-"]
["2018-04-01","ASFALTOS DILUÍDOS CM-30","Bahia","-"]
["2018-04-01","ASFALTOS DILUÍDOS CM-30","Ceará",2.5690599999999999]
["2018-04-01","ASFALTOS DILUÍDOS CM-30","Distrito Federal","-"]
["2018-04-01","ASFALTOS DILUÍDOS CM-30","Espírito Santo","-"]
["2018-04-01","ASFALTOS DILUÍDOS CM-30","Goiás","-"]
["2018-04-01","ASFALTOS DILUÍDOS CM-30","Maranhão","-"]
["2018-04-01","ASFALTOS DILUÍDOS CM-30","Mato Grosso",3.0150100000000002]
["2018-04-01","ASFALTOS DILUÍDOS CM-30","Mato Grosso do Sul","-"]
["2018-04-01","ASFALTOS DILUÍDOS CM-30","Minas Gerais",2.6038899999999998]
["2018-04-01","ASFALTOS DILUÍDOS CM-30","Pará","-"]
["2018-04-01","ASFALTOS DILUÍDOS CM-30","Paraíba","-"]
["2018-04-01","ASFALTOS DILUÍDOS CM-30","Paraná",2.5665399999999998]
["2018-04-01","ASFALTOS DILUÍDOS CM-30","Pernambuco","-"]
["2018-04-01","ASFALTOS DILUÍDOS CM-30","Piauí","-"]
["2018-04-01","ASFALTOS DILUÍDOS CM-30","Rio de Janeiro","-"]
["2018-04-01","ASFALTOS DILUÍDOS CM-30","Rio Grande do Norte","-"]
["2018-04-01","ASFALTOS DILUÍDOS CM-30","Rio Grande do Sul",2.5227300000000001]
["2018-04-01","ASFALTOS DILUÍDOS CM-30","Rondônia","-"]
["2018-04-01","ASFALTOS DILUÍDOS CM-30","Roraima","-"]
["2018-04-01","ASFALTOS DILUÍDOS CM-30","Santa Catarina","-"]
["2018-04-01","ASFALTOS DILUÍDOS CM-30","São Paulo",2.6267100000000001]
["2018-04-01","ASFALTOS DILUÍDOS CM-30","Sergipe","-"]
["2018-04-01","ASFALTOS DILUÍDOS CM-30","Tocantins","-"]
["2018-05-01","ASFALTOS DILUÍDOS CM-30","Acre","-"]
["2018-05-01","ASFALTOS DILUÍDOS CM-30","Alagoas","-"]
["2018-05-01","ASFALTOS DILUÍDOS CM-30","Amapá","-"]
["2018-05-01","ASFALTOS DILUÍDOS CM-30","Amazonas","-"]
["2018-05-01","ASFALTOS DILUÍDOS CM-30","Bahia","-"]
["2018-05-01","ASFALTOS DILUÍDOS CM-30","Ceará",2.6703800000000002]
["2018-05-01","ASFALTOS DILUÍDOS CM-30","Distrito Federal","-"]
["2018-05-01","ASFALTOS DILUÍDOS CM-30","Espírito Santo","-"]
["2018-05-01","ASFALTOS DILUÍDOS CM-30","Goiás",2.6850200000000002]
["2018-05-01","ASFALTOS DILUÍDOS CM-30","Maranhão","-"]
["2018-05-01","ASFALTOS DILUÍDOS CM-30","Mato Grosso",3.2947799999999998]
["2018-05-01","ASFALTOS DILUÍDOS CM-30","Mato Grosso do Sul","-"]
["2018-05-01","ASFALTOS DILUÍDOS CM-30","Minas Gerais",2.69306]
["2018-05-01","ASFALTOS DILUÍDOS CM-30","Pará","-"]
["2018-05-01","ASFALTOS DILUÍDOS CM-30","Paraíba","-"]
["2018-05-01","ASFALTOS DILUÍDOS CM-30","Paraná",2.7220200000000001]
["2018-05-01","ASFALTOS DILUÍDOS CM-30","Pernambuco","-"]
["2018-05-01","ASFALTOS DILUÍDOS CM-30","Piauí","-"]
["2018-05-01","ASFALTOS DILUÍDOS CM-30","Rio de Janeiro","-"]
["2018-05-01","ASFALTOS DILUÍDOS CM-30","Rio Grande do Norte","-"]
["2018-05-01","ASFALTOS DILUÍDOS CM-30","Rio Grande do Sul",2.7692199999999998]
["2018-05-01","ASFALTOS DILUÍDOS CM-30","Rondônia","-"]
["2018-05-01","ASFALTOS DILUÍDOS CM-30","Roraima","-"]
["2018-05-01","ASFALTOS DILUÍDOS CM-30","Santa Catarina","-"]
["2018-05-01","ASFALTOS DILUÍDOS CM-30","São Paulo",2.6873399999999998]
["2018-05-01","ASFALTOS DILUÍDOS CM-30","Sergipe","-"]
["2018-05-01","ASFALTOS DILUÍDOS CM-30","Tocantins","-"]
["2018-06-01","ASFALTOS DILUÍDOS CM-30","Acre","-"]
["2018-06-01","ASFALTOS DILUÍDOS CM-30","Alagoas","-"]
["2018-06-01","ASFALTOS DILUÍDOS CM-30","Amapá","-"]
["2018-06-01","ASFALTOS DILUÍDOS CM-30","Amazonas","-"]
["2018-06-01","ASFALTOS DILUÍDOS CM-30","Bahia",3.9829599999999998]
["2018-06-01","ASFALTOS DILUÍDOS CM-30","Ceará",2.8220700000000001]
["2018-06-01","ASFALTOS DILUÍDOS CM-30","Distrito Federal","-"]
["2018-06-01","ASFALTOS DILUÍDOS CM-30","Espírito Santo","-"]
["2018-06-01","ASFALTOS DILUÍDOS CM-30","Goiás",3.0409199999999998]
["2018-06-01","ASFALTOS DILUÍDOS CM-30","Maranhão","-"]
["2018-06-01","ASFALTOS DILUÍDOS CM-30","Mato Grosso",3.3874399999999998]
["2018-06-01","ASFALTOS DILUÍDOS CM-30","Mato Grosso do Sul","-"]
["2018-06-01","ASFALTOS DILUÍDOS CM-30","Minas Gerais",2.81935]
["2018-06-01","ASFALTOS DILUÍDOS CM-30","Pará","-"]
["2018-06-01","ASFALTOS DILUÍDOS CM-30","Paraíba","-"]
["2018-06-01","ASFALTOS DILUÍDOS CM-30","Paraná",3]
["2018-06-01","ASFALTOS DILUÍDOS CM-30","Pernambuco","-"]
["2018-06-01","ASFALTOS DILUÍDOS CM-30","Piauí","-"]
["2018-06-01","ASFALTOS DILUÍDOS CM-30","Rio de Janeiro","-"]
["2018-06-01","ASFALTOS DILUÍDOS CM-30","Rio Grande do Norte","-"]
["2018-06-01","ASFALTOS DILUÍDOS CM-30","Rio Grande do Sul",2.87669]
["2018-06-01","ASFALTOS DILUÍDOS CM-30","Rondônia","-"]
["2018-06-01","ASFALTOS DILUÍDOS CM-30","Roraima","-"]
["2018-06-01","ASFALTOS DILUÍDOS CM-30","Santa Catarina","-"]
["2018-06-01","ASFALTOS DILUÍDOS CM-30","São Paulo",2.8970199999999999]
["2018-06-01","ASFALTOS DILUÍDOS CM-30","Sergipe","-"]
["2018-06-01","ASFALTOS DILUÍDOS CM-30","Tocantins","-"]
["2018-07-01","ASFALTOS DILUÍDOS CM-30","Acre","-"]
["2018-07-01","ASFALTOS DILUÍDOS CM-30","Alagoas","-"]
["2018-07-01","ASFALTOS DILUÍDOS CM-30","Amapá","-"]
["2018-07-01","ASFALTOS DILUÍDOS CM-30","Amazonas",3.2498399999999998]
["2018-07-01","ASFALTOS DILUÍDOS CM-30","Bahia","-"]
["2018-07-01","ASFALTOS DILUÍDOS CM-30","Ceará",3.0054799999999999]
["2018-07-01","ASFALTOS DILUÍDOS CM-30","Distrito Federal","-"]
["2018-07-01","ASFALTOS DILUÍDOS CM-30","Espírito Santo","-"]
["2018-07-01","ASFALTOS DILUÍDOS CM-30","Goiás",3.11599]
["2018-07-01","ASFALTOS DILUÍDOS CM-30","Maranhão","-"]
["2018-07-01","ASFALTOS DILUÍDOS CM-30","Mato Grosso",3.7325200000000001]
["2018-07-01","ASFALTOS DILUÍDOS CM-30","Mato Grosso do Sul","-"]
["2018-07-01","ASFALTOS DILUÍDOS CM-30","Minas Gerais",3.0120100000000001]
["2018-07-01","ASFALTOS DILUÍDOS CM-30","Pará","-"]
["2018-07-01","ASFALTOS DILUÍDOS CM-30","Paraíba","-"]
["2018-07-01","ASFALTOS DILUÍDOS CM-30","Paraná",3.27955]
["2018-07-01","ASFALTOS DILUÍDOS CM-30","Pernambuco","-"]
["2018-07-01","ASFALTOS DILUÍDOS CM-30","Piauí","-"]
["2018-07-01","ASFALTOS DILUÍDOS CM-30","Rio de Janeiro","-"]
["2018-07-01","ASFALTOS DILUÍDOS CM-30","Rio Grande do Norte","-"]
["2018-07-01","ASFALTOS DILUÍDOS CM-30","Rio Grande do Sul",2.9644300000000001]
["2018-07-01","ASFALTOS DILUÍDOS CM-30","Rondônia","-"]
["2018-07-01","ASFALTOS DILUÍDOS CM-30","Roraima","-"]
["2018-07-01","ASFALTOS DILUÍDOS CM-30","Santa Catarina","-"]
["2018-07-01","ASFALTOS DILUÍDOS CM-30","São Paulo",3.1122899999999998]
["2018-07-01","ASFALTOS DILUÍDOS CM-30","Sergipe","-"]
["2018-07-01","ASFALTOS DILUÍDOS CM-30","Tocantins","-"]
["2018-08-01","ASFALTOS DILUÍDOS CM-30","Acre","-"]
["2018-08-01","ASFALTOS DILUÍDOS CM-30","Alagoas","-"]
["2018-08-01","ASFALTOS DILUÍDOS CM-30","Amapá","-"]
["2018-08-01","ASFALTOS DILUÍDOS CM-30","Amazonas",3.4297399999999998]
["2018-08-01","ASFALTOS DILUÍDOS CM-30","Bahia",5.2119299999999997]
["2018-08-01","ASFALTOS DILUÍDOS CM-30","Ceará",3.3082799999999999]
["2018-08-01","ASFALTOS DILUÍDOS CM-30","Distrito Federal","-"]
["2018-08-01","ASFALTOS DILUÍDOS CM-30","Espírito Santo","-"]
["2018-08-01","ASFALTOS DILUÍDOS CM-30","Goiás",3.5604499999999999]
["2018-08-01","ASFALTOS DILUÍDOS CM-30","Maranhão","-"]
["2018-08-01","ASFALTOS DILUÍDOS CM-30","Mato Grosso",3.8921000000000001]
["2018-08-01","ASFALTOS DILUÍDOS CM-30","Mato Grosso do Sul","-"]
["2018-08-01","ASFALTOS DILUÍDOS CM-30","Minas Gerais",3.4957500000000001]
["2018-08-01","ASFALTOS DILUÍDOS CM-30","Pará","-"]
["2018-08-01","ASFALTOS DILUÍDOS CM-30","Paraíba","-"]
["2018-08-01","ASFALTOS DILUÍDOS CM-30","Paraná",3.3526899999999999]
["2018-08-01","ASFALTOS DILUÍDOS CM-30","Pernambuco","-"]
["2018-08-01","ASFALTOS DILUÍDOS CM-30","Piauí","-"]
["2018-08-01","ASFALTOS DILUÍDOS CM-30","Rio de Janeiro","-"]
["2018-08-01","ASFALTOS DILUÍDOS CM-30","Rio Grande do Norte","-"]
["2018-08-01","ASFALTOS DILUÍDOS CM-30","Rio Grande do Sul",3.3614000000000002]
["2018-08-01","ASFALTOS DILUÍDOS CM-30","Rondônia","-"]
["2018-08-01","ASFALTOS DILUÍDOS CM-30","Roraima","-"]
["2018-08-01","ASFALTOS DILUÍDOS CM-30","Santa Catarina","-"]
["2018-08-01","ASFALTOS DILUÍDOS CM-30","São Paulo",3.3334899999999998]
["2018-08-01","ASFALTOS DILUÍDOS CM-30","Sergipe","-"]
["2018-08-01","ASFALTOS DILUÍDOS CM-30","Tocantins","-"]
["2018-09-01","ASFALTOS DILUÍDOS CM-30","Acre","-"]
["2018-09-01","ASFALTOS DILUÍDOS CM-30","Alagoas","-"]
["2018-09-01","ASFALTOS DILUÍDOS CM-30","Amapá","-"]
["2018-09-01","ASFALTOS DILUÍDOS CM-30","Amazonas","-"]
["2018-09-01","ASFALTOS DILUÍDOS CM-30","Bahia",4.7018899999999997]
["2018-09-01","ASFALTOS DILUÍDOS CM-30","Ceará",3.3527399999999998]
["2018-09-01","ASFALTOS DILUÍDOS CM-30","Distrito Federal","-"]
["2018-09-01","ASFALTOS DILUÍDOS CM-30","Espírito Santo","-"]
["2018-09-01","ASFALTOS DILUÍDOS CM-30","Goiás","-"]
["2018-09-01","ASFALTOS DILUÍDOS CM-30","Maranhão","-"]
["2018-09-01","ASFALTOS DILUÍDOS CM-30","Mato Grosso",3.9586800000000002]
["2018-09-01","ASFALTOS DILUÍDOS CM-30","Mato Grosso do Sul","-"]
["2018-09-01","ASFALTOS DILUÍDOS CM-30","Minas Gerais",3.3366600000000002]
["2018-09-01","ASFALTOS DILUÍDOS CM-30","Pará",2.9665400000000002]
["2018-09-01","ASFALTOS DILUÍDOS CM-30","Paraíba","-"]
["2018-09-01","ASFALTOS DILUÍDOS CM-30","Paraná",3.70119]
["2018-09-01","ASFALTOS DILUÍDOS CM-30","Pernambuco","-"]
["2018-09-01","ASFALTOS DILUÍDOS CM-30","Piauí","-"]
["2018-09-01","ASFALTOS DILUÍDOS CM-30","Rio de Janeiro","-"]
["2018-09-01","ASFALTOS DILUÍDOS CM-30","Rio Grande do Norte","-"]
["2018-09-01","ASFALTOS DILUÍDOS CM-30","Rio Grande do Sul",3.4224199999999998]
["2018-09-01","ASFALTOS DILUÍDOS CM-30","Rondônia","-"]
["2018-09-01","ASFALTOS DILUÍDOS CM-30","Roraima","-"]
["2018-09-01","ASFALTOS DILUÍDOS CM-30","Santa Catarina","-"]
["2018-09-01","ASFALTOS DILUÍDOS CM-30","São Paulo",3.4525899999999998]
["2018-09-01","ASFALTOS DILUÍDOS CM-30","Sergipe","-"]
["2018-09-01","ASFALTOS DILUÍDOS CM-30","Tocantins","-"]
["2018-10-01","ASFALTOS DILUÍDOS CM-30","Acre","-"]
["2018-10-01","ASFALTOS DILUÍDOS CM-30","Alagoas","-"]
["2018-10-01","ASFALTOS DILUÍDOS CM-30","Amapá","-"]
["2018-10-01","ASFALTOS DILUÍDOS CM-30","Amazonas","-"]
["2018-10-01","ASFALTOS DILUÍDOS CM-30","Bahia",3.6442800000000002]
["2018-10-01","ASFALTOS DILUÍDOS CM-30","Ceará",3.4327999999999999]
["2018-10-01","ASFALTOS DILUÍDOS CM-30","Distrito Federal","-"]
["2018-10-01","ASFALTOS DILUÍDOS CM-30","Espírito Santo","-"]
["2018-10-01","ASFALTOS DILUÍDOS CM-30","Goiás","-"]
["2018-10-01","ASFALTOS DILUÍDOS CM-30","Maranhão","-"]
["2018-10-01","ASFALTOS DILUÍDOS CM-30","Mato Grosso",3.9925899999999999]
["2018-10-01","ASFALTOS DILUÍDOS CM-30","Mato Grosso do Sul","-"]
["2018-10-01","ASFALTOS DILUÍDOS CM-30","Minas Gerais",3.5004599999999999]
["2018-10-01","ASFALTOS DILUÍDOS CM-30","Pará","-"]
["2018-10-01","ASFALTOS DILUÍDOS CM-30","Paraíba","-"]
["2018-10-01","ASFALTOS DILUÍDOS CM-30","Paraná",3.7650000000000001]
["2018-10-01","ASFALTOS DILUÍDOS CM-30","Pernambuco","-"]
["2018-10-01","ASFALTOS DILUÍDOS CM-30","Piauí","-"]
["2018-10-01","ASFALTOS DILUÍDOS CM-30","Rio de Janeiro","-"]
["2018-10-01","ASFALTOS DILUÍDOS CM-30","Rio Grande do Norte","-"]
["2018-10-01","ASFALTOS DILUÍDOS CM-30","Rio Grande do Sul",3.3743599999999998]
["2018-10-01","ASFALTOS DILUÍDOS CM-30","Rondônia","-"]
["2018-10-01","ASFALTOS DILUÍDOS CM-30","Roraima","-"]
["2018-10-01","ASFALTOS DILUÍDOS CM-30","Santa Catarina","-"]
["2018-10-01","ASFALTOS DILUÍDOS CM-30","São Paulo",3.3592399999999998]
["2018-10-01","ASFALTOS DILUÍDOS CM-30","Sergipe","-"]
["2018-10-01","ASFALTOS DILUÍDOS CM-30","Tocantins","-"]
["2018-11-01","ASFALTOS DILUÍDOS CM-30","Acre","-"]
["2018-11-01","ASFALTOS DILUÍDOS CM-30","Alagoas","-"]
["2018-11-01","ASFALTOS DILUÍDOS CM-30","Amapá","-"]
["2018-11-01","ASFALTOS DILUÍDOS CM-30","Amazonas","-"]
["2018-11-01","ASFALTOS DILUÍDOS CM-30","Bahia","-"]
["2018-11-01","ASFALTOS DILUÍDOS CM-30","Ceará",3.78559]
["2018-11-01","ASFALTOS DILUÍDOS CM-30","Distrito Federal","-"]
["2018-11-01","ASFALTOS DILUÍDOS CM-30","Espírito Santo","-"]
["2018-11-01","ASFALTOS DILUÍDOS CM-30","Goiás","-"]
["2018-11-01","ASFALTOS DILUÍDOS CM-30","Maranhão","-"]
["2018-11-01","ASFALTOS DILUÍDOS CM-30","Mato Grosso",4.4419000000000004]
["2018-11-01","ASFALTOS DILUÍDOS CM-30","Mato Grosso do Sul","-"]
["2018-11-01","ASFALTOS DILUÍDOS CM-30","Minas Gerais",4.4644399999999997]
["2018-11-01","ASFALTOS DILUÍDOS CM-30","Pará","-"]
["2018-11-01","ASFALTOS DILUÍDOS CM-30","Paraíba","-"]
["2018-11-01","ASFALTOS DILUÍDOS CM-30","Paraná",4.1721599999999999]
["2018-11-01","ASFALTOS DILUÍDOS CM-30","Pernambuco","-"]
["2018-11-01","ASFALTOS DILUÍDOS CM-30","Piauí","-"]
["2018-11-01","ASFALTOS DILUÍDOS CM-30","Rio de Janeiro","-"]
["2018-11-01","ASFALTOS DILUÍDOS CM-30","Rio Grande do Norte","-"]
["2018-11-01","ASFALTOS DILUÍDOS CM-30","Rio Grande do Sul",3.6804700000000001]
["2018-11-01","ASFALTOS DILUÍDOS CM-30","Rondônia","-"]
["2018-11-01","ASFALTOS DILUÍDOS CM-30","Roraima","-"]
["2018-11-01","ASFALTOS DILUÍDOS CM-30","Santa Catarina","-"]
["2018-11-01","ASFALTOS DILUÍDOS CM-30","São Paulo",3.92157]
["2018-11-01","ASFALTOS DILUÍDOS CM-30","Sergipe","-"]
["2018-11-01","ASFALTOS DILUÍDOS CM-30","Tocantins","-"]
["2018-12-01","ASFALTOS DILUÍDOS CM-30","Acre","-"]
["2018-12-01","ASFALTOS DILUÍDOS CM-30","Alagoas","-"]
["2018-12-01","ASFALTOS DILUÍDOS CM-30","Amapá","-"]
["2018-12-01","ASFALTOS DILUÍDOS CM-30","Amazonas","-"]
["2018-12-01","ASFALTOS DILUÍDOS CM-30","Bahia","-"]
["2018-12-01","ASFALTOS DILUÍDOS CM-30","Ceará",3.8755899999999999]
["2018-12-01","ASFALTOS DILUÍDOS CM-30","Distrito Federal","-"]
["2018-12-01","ASFALTOS DILUÍDOS CM-30","Espírito Santo","-"]
["2018-12-01","ASFALTOS DILUÍDOS CM-30","Goiás","-"]
["2018-12-01","ASFALTOS DILUÍDOS CM-30","Maranhão","-"]
["2018-12-01","ASFALTOS DILUÍDOS CM-30","Mato Grosso",4.6329900000000004]
["2018-12-01","ASFALTOS DILUÍDOS CM-30","Mato Grosso do Sul","-"]
["2018-12-01","ASFALTOS DILUÍDOS CM-30","Minas Gerais",3.8118099999999999]
["2018-12-01","ASFALTOS DILUÍDOS CM-30","Pará","-"]
["2018-12-01","ASFALTOS DILUÍDOS CM-30","Paraíba","-"]
["2018-12-01","ASFALTOS DILUÍDOS CM-30","Paraná",4.0169199999999998]
["2018-12-01","ASFALTOS DILUÍDOS CM-30","Pernambuco","-"]
["2018-12-01","ASFALTOS DILUÍDOS CM-30","Piauí","-"]
["2018-12-01","ASFALTOS DILUÍDOS CM-30","Rio de Janeiro","-"]
["2018-12-01","ASFALTOS DILUÍDOS CM-30","Rio Grande do Norte","-"]
["2018-12-01","ASFALTOS DILUÍDOS CM-30","Rio Grande do Sul",3.8229899999999999]
["2018-12-01","ASFALTOS DILUÍDOS CM-30","Rondônia","-"]
["2018-12-01","ASFALTOS DILUÍDOS CM-30","Roraima","-"]
["2018-12-01","ASFALTOS DILUÍDOS CM-30","Santa Catarina","-"]
["2018-12-01","ASFALTOS DILUÍDOS CM-30","São Paulo",4.0561699999999998]
["2018-12-01","ASFALTOS DILUÍDOS CM-30","Sergipe","-"]
["2018-12-01","ASFALTOS DILUÍDOS CM-30","Tocantins","-"]
["2019-01-01","ASFALTOS DILUÍDOS CM-30","Acre","-"]
["2019-01-01","ASFALTOS DILUÍDOS CM-30","Alagoas","-"]
["2019-01-01","ASFALTOS DILUÍDOS CM-30","Amapá","-"]
["2019-01-01","ASFALTOS DILUÍDOS CM-30","Amazonas","-"]
["2019-01-01","ASFALTOS DILUÍDOS CM-30","Bahia","-"]
["2019-01-01","ASFALTOS DILUÍDOS CM-30","Ceará",3.8049300000000001]
["2019-01-01","ASFALTOS DILUÍDOS CM-30","Distrito Federal","-"]
["2019-01-01","ASFALTOS DILUÍDOS CM-30","Espírito Santo","-"]
["2019-01-01","ASFALTOS DILUÍDOS CM-30","Goiás","-"]
["2019-01-01","ASFALTOS DILUÍDOS CM-30","Maranhão","-"]
["2019-01-01","ASFALTOS DILUÍDOS CM-30","Mato Grosso","-"]
["2019-01-01","ASFALTOS DILUÍDOS CM-30","Mato Grosso do Sul","-"]
["2019-01-01","ASFALTOS DILUÍDOS CM-30","Minas Gerais",3.9111699999999998]
["2019-01-01","ASFALTOS DILUÍDOS CM-30","Pará","-"]
["2019-01-01","ASFALTOS DILUÍDOS CM-30","Paraíba","-"]
["2019-01-01","ASFALTOS DILUÍDOS CM-30","Paraná",4.3746099999999997]
["2019-01-01","ASFALTOS DILUÍDOS CM-30","Pernambuco","-"]
["2019-01-01","ASFALTOS DILUÍDOS CM-30","Piauí","-"]
["2019-01-01","ASFALTOS DILUÍDOS CM-30","Rio de Janeiro","-"]
["2019-01-01","ASFALTOS DILUÍDOS CM-30","Rio Grande do Norte","-"]
["2019-01-01","ASFALTOS DILUÍDOS CM-30","Rio Grande do Sul",3.8213300000000001]
["2019-01-01","ASFALTOS DILUÍDOS CM-30","Rondônia","-"]
["2019-01-01","ASFALTOS DILUÍDOS CM-30","Roraima","-"]
["2019-01-01","ASFALTOS DILUÍDOS CM-30","Santa Catarina","-"]
["2019-01-01","ASFALTOS DILUÍDOS CM-30","São Paulo",4.0145499999999998]
["2019-01-01","ASFALTOS DILUÍDOS CM-30","Sergipe","-"]
["2019-01-01","ASFALTOS DILUÍDOS CM-30","Tocantins","-"]
["2019-02-01","ASFALTOS DILUÍDOS CM-30","Acre","-"]
["2019-02-01","ASFALTOS DILUÍDOS CM-30","Alagoas","-"]
["2019-02-01","ASFALTOS DILUÍDOS CM-30","Amapá","-"]
["2019-02-01","ASFALTOS DILUÍDOS CM-30","Amazonas","-"]
["2019-02-01","ASFALTOS DILUÍDOS CM-30","Bahia","-"]
["2019-02-01","ASFALTOS DILUÍDOS CM-30","Ceará",4.0057299999999998]
["2019-02-01","ASFALTOS DILUÍDOS CM-30","Distrito Federal","-"]
["2019-02-01","ASFALTOS DILUÍDOS CM-30","Espírito Santo","-"]
["2019-02-01","ASFALTOS DILUÍDOS CM-30","Goiás","-"]
["2019-02-01","ASFALTOS DILUÍDOS CM-30","Maranhão","-"]
["2019-02-01","ASFALTOS DILUÍDOS CM-30","Mato Grosso","-"]
["2019-02-01","ASFALTOS DILUÍDOS CM-30","Mato Grosso do Sul","-"]
["2019-02-01","ASFALTOS DILUÍDOS CM-30","Minas Gerais",4.6118899999999998]
["2019-02-01","ASFALTOS DILUÍDOS CM-30","Pará","-"]
["2019-02-01","ASFALTOS DILUÍDOS CM-30","Paraíba","-"]
["2019-02-01","ASFALTOS DILUÍDOS CM-30","Paraná",4.4203599999999996]
["2019-02-01","ASFALTOS DILUÍDOS CM-30","Pernambuco","-"]
["2019-02-01","ASFALTOS DILUÍDOS CM-30","Piauí","-"]
["2019-02-01","ASFALTOS DILUÍDOS CM-30","Rio de Janeiro","-"]
["2019-02-01","ASFALTOS DILUÍDOS CM-30","Rio Grande do Norte","-"]
["2019-02-01","ASFALTOS DILUÍDOS CM-30","Rio Grande do Sul",4.1843399999999997]
["2019-03-01","ASFALTOS DILUÍDOS CM-30","Maranhão","-"]
["2019-05-01","ASFALTOS DILUÍDOS CM-30","Pernambuco","-"]
["2019-06-01","ASFALTOS DILUÍDOS CM-30","Rio Grande do Norte","-"]
["2019-09-01","ASFALTOS DILUÍDOS CM-30","Ceará",3.83074]
["2019-10-01","ASFALTOS DILUÍDOS CM-30","Amazonas",4.4323600000000001]
["2019-11-01","ASFALTOS DILUÍDOS CM-30","Distrito Federal","-"]
["2020-01-01","ASFALTOS DILUÍDOS CM-30","Pará","-"]
["2020-02-01","ASFALTOS DILUÍDOS CM-30","Pará","-"]
["2020-04-01","ASFALTOS DILUÍDOS CM-30","São Paulo",3.9267699999999999]
["2020-06-01","ASFALTOS DILUÍDOS CM-30","Acre","-"]
["2020-07-01","ASFALTOS DILUÍDOS CM-30","Santa Catarina","-"]
["2020-09-01","ASFALTOS DILUÍDOS CM-30","Mato Grosso do Sul","-"]
["2020-12-01","ASFALTOS DILUÍDOS CM-30","Ceará",3.8138999999999998]
["2021-01-01","ASFALTOS DILUÍDOS CM-30","Goiás","-"]
["2021-03-01","ASFALTOS DILUÍDOS CM-30","Goiás","-"]
["2021-04-01","ASFALTOS DILUÍDOS CM-30","Rio Grande do Norte","-"]
["2021-06-01","ASFALTOS DILUÍDOS CM-30","Tocantins","-"]
["2021-08-01","ASFALTOS DILUÍDOS CM-30","Amapá","-"]
["2021-10-01","ASFALTOS DILUÍDOS CM-30","Goiás","-"]
["2021-11-01","ASFALTOS DILUÍDOS CM-30","Pará","-"]
["2021-12-01","ASFALTOS DILUÍDOS CM-30","Pernambuco","-"]
["2022-02-01","ASFALTOS DILUÍDOS CM-30","Mato Grosso do Sul","-"]
["2022-04-01","ASFALTOS DILUÍDOS CM-30","Acre","-"]
["2022-06-01","ASFALTOS DILUÍDOS CM-30","Rondônia","-"]
["2022-07-01","ASFALTOS DILUÍDOS CM-30","Mato Grosso",5.9590199999999998]
["2022-09-01","ASFALTOS DILUÍDOS CM-30","Mato Grosso do Sul","-"]
["2022-11-01","ASFALTOS DILUÍDOS CM-30","Goiás",4.7646800000000002]
["2023-01-01","ASFALTOS DILUÍDOS CM-30","Paraná",4.1938899999999997]
["2023-02-01","ASFALTOS DILUÍDOS CM-30","Rondônia","-"]
["2023-04-01","ASFALTOS DILUÍDOS CM-30","Tocantins","-"]
["2023-06-01","ASFALTOS DILUÍDOS CM-30","Amapá","-"]
["2023-07-01","ASFALTOS DILUÍDOS CM-30","Ceará",4.2360899999999999]
["2023-08-01","ASFALTOS DILUÍDOS CM-30","Paraíba","-"]
["2023-10-01","ASFALTOS DILUÍDOS CM-30","Pernambuco","-"]
["2013-03-01","ASFALTOS DILUÍDOS CM-70","Mato Grosso","-"]
["2013-03-01","ASFALTOS DILUÍDOS CM-70","Tocantins","-"]
["2013-05-01","ASFALTOS DILUÍDOS CM-70","Paraíba","-"]
["2013-07-01","ASFALTOS DILUÍDOS CM-70","Mato Grosso","-"]
["2013-08-01","ASFALTOS DILUÍDOS CM-70","Pará","-"]
["2013-10-01","ASFALTOS DILUÍDOS CM-70","São Paulo","-"]
["2013-11-01","ASFALTOS DILUÍDOS CM-70","São Paulo","-"]
["2014-02-01","ASFALTOS DILUÍDOS CM-70","Rio de Janeiro","-"]
["2014-03-01","ASFALTOS DILUÍDOS CM-70","Espírito Santo","-"]
["2014-06-01","ASFALTOS DILUÍDOS CM-70","Maranhão","-"]
["2014-07-01","ASFALTOS DILUÍDOS CM-70","Ceará","-"]
["2014-09-01","ASFALTOS DILUÍDOS CM-70","Minas Gerais","-"]
["2014-10-01","ASFALTOS DILUÍDOS CM-70","Paraná","-"]
["2014-11-01","ASFALTOS DILUÍDOS CM-70","Piauí","-"]
["2015-01-01","ASFALTOS DILUÍDOS CM-70","Tocantins","-"]
["2015-03-01","ASFALTOS DILUÍDOS CM-70","Amapá","-"]
["2015-05-01","ASFALTOS DILUÍDOS CM-70","Minas Gerais","-"]
["2015-06-01","ASFALTOS DILUÍDOS CM-70","Pará","-"]
["2015-09-01","ASFALTOS DILUÍDOS CM-70","Espírito Santo","-"]
["2015-09-01","ASFALTOS DILUÍDOS CM-70","Santa Catarina","-"]
["2015-12-01","ASFALTOS DILUÍDOS CM-70","Minas Gerais","-"]
["2016-01-01","ASFALTOS DILUÍDOS CM-70","Espírito Santo","-"]
["2016-04-01","ASFALTOS DILUÍDOS CM-70","Alagoas","-"]
["2016-05-01","ASFALTOS DILUÍDOS CM-70","Roraima","-"]
["2016-07-01","ASFALTOS DILUÍDOS CM-70","Minas Gerais","-"]
["2016-08-01","ASFALTOS DILUÍDOS CM-70","Paraná","-"]
["2016-09-01","ASFALTOS DILUÍDOS CM-70","Rio de Janeiro","-"]
["2016-11-01","ASFALTOS DILUÍDOS CM-70","Paraná","-"]
["2017-01-01","ASFALTOS DILUÍDOS CM-70","Amapá","-"]
["2017-03-01","ASFALTOS DILUÍDOS CM-70","Maranhão","-"]
["2017-04-01","ASFALTOS DILUÍDOS CM-70","Minas Gerais","-"]
["2017-06-01","ASFALTOS DILUÍDOS CM-70","Paraná","-"]
["2017-07-01","ASFALTOS DILUÍDOS CM-70","Santa Catarina","-"]
["2017-10-01","ASFALTOS DILUÍDOS CM-70","Piauí","-"]
["2017-11-01","ASFALTOS DILUÍDOS CM-70","Sergipe","-"]
["2018-02-01","ASFALTOS DILUÍDOS CM-70","Alagoas","-"]
["2018-03-01","ASFALTOS DILUÍDOS CM-70","Bahia","-"]
["2018-05-01","ASFALTOS DILUÍDOS CM-70","Mato Grosso do Sul","-"]
["2018-05-01","ASFALTOS DILUÍDOS CM-70","Rio de Janeiro","-"]
["2018-07-01","ASFALTOS DILUÍDOS CM-70","Rio de Janeiro","-"]
["2018-09-01","ASFALTOS DILUÍDOS CM-70","Sergipe","-"]
["2018-11-01","ASFALTOS DILUÍDOS CM-70","Alagoas","-"]
["2019-01-01","ASFALTOS DILUÍDOS CM-70","Maranhão","-"]
["2019-02-01","ASFALTOS DILUÍDOS CM-70","Minas Gerais","-"]
["2019-03-01","ASFALTOS DILUÍDOS CM-70","Paraná","-"]
["2019-06-01","ASFALTOS DILUÍDOS CM-70","Pará","-"]
["2019-06-01","ASFALTOS DILUÍDOS CM-70","Tocantins","-"]
["2019-09-01","ASFALTOS DILUÍDOS CM-70","Rio Grande do Sul","-"]
["2019-10-01","ASFALTOS DILUÍDOS CM-70","Maranhão","-"]
["2020-01-01","ASFALTOS DILUÍDOS CM-70","Pará","-"]
["2020-01-01","ASFALTOS DILUÍDOS CM-70","Rio Grande do Sul","-"]
["2020-04-01","ASFALTOS DILUÍDOS CM-70","Paraíba","-"]
["2020-05-01","ASFALTOS DILUÍDOS CM-70","Bahia","-"]
["2020-07-01","ASFALTOS DILUÍDOS CM-70","Sergipe","-"]
["2020-09-01","ASFALTOS DILUÍDOS CM-70","Alagoas","-"]
["2020-10-01","ASFALTOS DILUÍDOS CM-70","Bahia","-"]
["2020-12-01","ASFALTOS DILUÍDOS CM-70","Pernambuco","-"]
["2021-01-01","ASFALTOS DILUÍDOS CM-70","Paraná","-"]
["2021-03-01","ASFALTOS DILUÍDOS CM-70","Roraima","-"]
["2021-04-01","ASFALTOS DILUÍDOS CM-70","Sergipe","-"]
["2021-07-01","ASFALTOS DILUÍDOS CM-70","Pernambuco","-"]
["2021-08-01","ASFALTOS DILUÍDOS CM-70","Maranhão","-"]
["2021-11-01","ASFALTOS DILUÍDOS CM-70","Amazonas","-"]
["2021-11-01","ASFALTOS DILUÍDOS CM-70","Rio Grande do Norte","-"]
["2022-02-01","ASFALTOS DILUÍDOS CM-70","Paraíba","-"]
["2022-03-01","ASFALTOS DILUÍDOS CM-70","Piauí","-"]
["2022-05-01","ASFALTOS DILUÍDOS CM-70","São Paulo","-"]
["2022-06-01","ASFALTOS DILUÍDOS CM-70","Rio Grande do Norte","-"]
["2022-08-01","ASFALTOS DILUÍDOS CM-70","Bahia","-"]
["2022-10-01","ASFALTOS DILUÍDOS CM-70","Mato Grosso do Sul","-"]
["2022-12-01","ASFALTOS DILUÍDOS CM-70","Amapá","-"]
["2023-01-01","ASFALTOS DILUÍDOS CM-70","Roraima","-"]
["2023-02-01","ASFALTOS DILUÍDOS CM-70","Sergipe","-"]
["2023-05-01","ASFALTOS DILUÍDOS CM-70","Rio Grande do Norte","-"]
["2023-07-01","ASFALTOS DILUÍDOS CM-70","Paraíba","-"]
["2023-09-01","ASFALTOS DILUÍDOS CM-70","Amazonas","-"]
["2023-09-01","ASFALTOS DILUÍDOS CM-70","Rio Grande do Norte","-"]
["2013-02-01","ASFALTOS DILUÍDOS CR-250","Pará","-"]
["2013-02-01","ASFALTOS DILUÍDOS CR-250","Roraima","-"]
["2013-05-01","ASFALTOS DILUÍDOS CR-250","São Paulo","-"]
["2013-07-01","ASFALTOS DILUÍDOS CR-250","Acre","-"]
["2013-08-01","ASFALTOS DILUÍDOS CR-250","Ceará","-"]
["2013-10-01","ASFALTOS DILUÍDOS CR-250","Mato Grosso do Sul","-"]
["2013-11-01","ASFALTOS DILUÍDOS CR-250","Paraíba","-"]
["2014-01-01","ASFALTOS DILUÍDOS CR-250","Rondônia","-"]
["2014-03-01","ASFALTOS DILUÍDOS CR-250","Piauí","-"]
["2014-04-01","ASFALTOS DILUÍDOS CR-250","Alagoas","-"]
["2014-06-01","ASFALTOS DILUÍDOS CR-250","Goiás","-"]
["2014-09-01","ASFALTOS DILUÍDOS CR-250","Acre","-"]
["2014-10-01","ASFALTOS DILUÍDOS CR-250","Distrito Federal","-"]
["2014-10-01","ASFALTOS DILUÍDOS CR-250","Roraima","-"]
["2015-01-01","ASFALTOS DILUÍDOS CR-250","Pernambuco","-"]
["2015-02-01","ASFALTOS DILUÍDOS CR-250","Rio Grande do Sul","-"]
["2015-05-01","ASFALTOS DILUÍDOS CR-250","Acre","-"]
["2015-06-01","ASFALTOS DILUÍDOS CR-250","Amazonas","-"]
["2015-08-01","ASFALTOS DILUÍDOS CR-250","Mato Grosso","-"]
["2015-09-01","ASFALTOS DILUÍDOS CR-250","Rio Grande do Sul","-"]
["2015-11-01","ASFALTOS DILUÍDOS CR-250","Rondônia","-"]
["2015-12-01","ASFALTOS DILUÍDOS CR-250","São Paulo","-"]
["2016-03-01","ASFALTOS DILUÍDOS CR-250","Amazonas","-"]
["2016-04-01","ASFALTOS DILUÍDOS CR-250","Goiás","-"]
["2016-05-01","ASFALTOS DILUÍDOS CR-250","Mato Grosso do Sul","-"]
["2016-08-01","ASFALTOS DILUÍDOS CR-250","Ceará","-"]
["2016-08-01","ASFALTOS DILUÍDOS CR-250","Santa Catarina","-"]
["2016-11-01","ASFALTOS DILUÍDOS CR-250","Pernambuco","-"]
["2016-12-01","ASFALTOS DILUÍDOS CR-250","Ceará","-"]
["2017-02-01","ASFALTOS DILUÍDOS CR-250","Tocantins","-"]
["2017-03-01","ASFALTOS DILUÍDOS CR-250","Santa Catarina","-"]
["2017-06-01","ASFALTOS DILUÍDOS CR-250","Mato Grosso","-"]
["2017-07-01","ASFALTOS DILUÍDOS CR-250","Pará","-"]
["2017-09-01","ASFALTOS DILUÍDOS CR-250","Rio de Janeiro","-"]
["2017-10-01","ASFALTOS DILUÍDOS CR-250","São Paulo","-"]
["2017-12-01","ASFALTOS DILUÍDOS CR-250","Acre","-"]
["2018-02-01","ASFALTOS DILUÍDOS CR-250","Espírito Santo","-"]
["2018-02-01","ASFALTOS DILUÍDOS CR-250","Tocantins","-"]
["2018-06-01","ASFALTOS DILUÍDOS CR-250","Ceará","-"]
["2018-06-01","ASFALTOS DILUÍDOS CR-250","Rondônia","-"]
["2018-08-01","ASFALTOS DILUÍDOS CR-250","Maranhão","-"]
["2018-10-01","ASFALTOS DILUÍDOS CR-250","Ceará","-"]
["2018-12-01","ASFALTOS DILUÍDOS CR-250","Tocantins","-"]
["2019-02-01","ASFALTOS DILUÍDOS CR-250","Amapá","-"]
["2019-03-01","ASFALTOS DILUÍDOS CR-250","Rondônia","-"]
["2019-05-01","ASFALTOS DILUÍDOS CR-250","Pará","-"]
["2019-06-01","ASFALTOS DILUÍDOS CR-250","Pernambuco","-"]
["2019-08-01","ASFALTOS DILUÍDOS CR-250","Santa Catarina","-"]
["2019-10-01","ASFALTOS DILUÍDOS CR-250","Rondônia","-"]
["2019-12-01","ASFALTOS DILUÍDOS CR-250","Espírito Santo","-"]
["2020-01-01","ASFALTOS DILUÍDOS CR-250","Mato Grosso","-"]
["2020-02-01","ASFALTOS DILUÍDOS CR-250","Minas Gerais","-"]
["2020-04-01","ASFALTOS DILUÍDOS CR-250","Rondônia","-"]
["2020-05-01","ASFALTOS DILUÍDOS CR-250","São Paulo","-"]
["2020-08-01","ASFALTOS DILUÍDOS CR-250","Bahia","-"]
["2020-09-01","ASFALTOS DILUÍDOS CR-250","São Paulo","-"]
["2020-12-01","ASFALTOS DILUÍDOS CR-250","Amapá","-"]
["2020-12-01","ASFALTOS DILUÍDOS CR-250","Rio de Janeiro","-"]
["2021-03-01","ASFALTOS DILUÍDOS CR-250","Espírito Santo","-"]
["2021-04-01","ASFALTOS DILUÍDOS CR-250","Pernambuco","-"]
["2021-06-01","ASFALTOS DILUÍDOS CR-250","Santa Catarina","-"]
["2021-07-01","ASFALTOS DILUÍDOS CR-250","Tocantins","-"]
["2021-09-01","ASFALTOS DILUÍDOS CR-250","Acre","-"]
["2021-11-01","ASFALTOS DILUÍDOS CR-250","Mato Grosso","-"]
["2021-12-01","ASFALTOS DILUÍDOS CR-250","Pará","-"]
["2022-02-01","ASFALTOS DILUÍDOS CR-250","Rio Grande do Sul","-"]
["2022-04-01","ASFALTOS DILUÍDOS CR-250","Acre","-"]
["2022-06-01","ASFALTOS DILUÍDOS CR-250","Rio de Janeiro","-"]
["2022-07-01","ASFALTOS DILUÍDOS CR-250","Espírito Santo","-"]
["2022-09-01","ASFALTOS DILUÍDOS CR-250","Mato Grosso","-"]
["2022-10-01","ASFALTOS DILUÍDOS CR-250","Rio de Janeiro","-"]
["2023-01-01","ASFALTOS DILUÍDOS CR-250","Minas Gerais","-"]
["2023-02-01","ASFALTOS DILUÍDOS CR-250","Paraná","-"]
["2023-04-01","ASFALTOS DILUÍDOS CR-250","Roraima","-"]
["2023-05-01","ASFALTOS DILUÍDOS CR-250","Tocantins","-"]
["2023-08-01","ASFALTOS DILUÍDOS CR-250","Distrito Federal","-"]
["2023-09-01","ASFALTOS DILUÍDOS CR-250","Maranhão","-"]
["2023-10-01","ASFALTOS DILUÍDOS CR-250","Amazonas","-"]
["2013-02-01","ASFALTOS DILUÍDOS CR-70","Rio Grande do Sul","-"]
["2013-03-01","ASFALTOS DILUÍDOS CR-70","Santa Catarina","-"]
["2013-05-01","ASFALTOS DILUÍDOS CR-70","Pará","-"]
["2013-07-01","ASFALTOS DILUÍDOS CR-70","Espírito Santo","-"]
["2013-10-01","ASFALTOS DILUÍDOS CR-70","Alagoas","-"]
["2013-10-01","ASFALTOS DILUÍDOS CR-70","Piauí","-"]
["2013-12-01","ASFALTOS DILUÍDOS CR-70","Sergipe","-"]
["2014-02-01","ASFALTOS DILUÍDOS CR-70","Paraná","-"]
["2014-03-01","ASFALTOS DILUÍDOS CR-70","Bahia","-"]
["2014-06-01","ASFALTOS DILUÍDOS CR-70","Goiás","-"]
["2014-06-01","ASFALTOS DILUÍDOS CR-70","Paraná","-"]
["2014-09-01","ASFALTOS DILUÍDOS CR-70","Maranhão","-"]
["2014-10-01","ASFALTOS DILUÍDOS CR-70","Minas Gerais","-"]
["2014-12-01","ASFALTOS DILUÍDOS CR-70","Alagoas","-"]
["2015-01-01","ASFALTOS DILUÍDOS CR-70","Santa Catarina","-"]
["2015-02-01","ASFALTOS DILUÍDOS CR-70","Tocantins","-"]
["2015-05-01","ASFALTOS DILUÍDOS CR-70","Distrito Federal","-"]
["2015-07-01","ASFALTOS DILUÍDOS CR-70","Alagoas","-"]
["2015-08-01","ASFALTOS DILUÍDOS CR-70","Piauí","-"]
["2015-09-01","ASFALTOS DILUÍDOS CR-70","Rio Grande do Sul","-"]
["2015-12-01","ASFALTOS DILUÍDOS CR-70","Mato Grosso do Sul","-"]
["2016-01-01","ASFALTOS DILUÍDOS CR-70","Bahia","-"]
["2016-03-01","ASFALTOS DILUÍDOS CR-70","Sergipe","-"]
["2016-05-01","ASFALTOS DILUÍDOS CR-70","Alagoas","-"]
["2016-06-01","ASFALTOS DILUÍDOS CR-70","Bahia","-"]
["2016-08-01","ASFALTOS DILUÍDOS CR-70","Minas Gerais","-"]
["2016-10-01","ASFALTOS DILUÍDOS CR-70","Rio Grande do Norte","-"]
["2016-11-01","ASFALTOS DILUÍDOS CR-70","Paraíba","-"]
["2016-12-01","ASFALTOS DILUÍDOS CR-70","Tocantins","-"]
["2017-03-01","ASFALTOS DILUÍDOS CR-70","Distrito Federal","-"]
["2017-04-01","ASFALTOS DILUÍDOS CR-70","Maranhão","-"]
["2017-06-01","ASFALTOS DILUÍDOS CR-70","Tocantins","-"]
["2017-07-01","ASFALTOS DILUÍDOS CR-70","Rio Grande do Sul","-"]
["2017-10-01","ASFALTOS DILUÍDOS CR-70","Paraíba","-"]
["2017-11-01","ASFALTOS DILUÍDOS CR-70","Amazonas","-"]
["2018-01-01","ASFALTOS DILUÍDOS CR-70","Tocantins","-"]
["2018-03-01","ASFALTOS DILUÍDOS CR-70","Alagoas","-"]
["2018-05-01","ASFALTOS DILUÍDOS CR-70","Goiás","-"]
["2018-05-01","ASFALTOS DILUÍDOS CR-70","Piauí","-"]
["2018-08-01","ASFALTOS DILUÍDOS CR-70","Rio Grande do Norte","-"]
["2018-09-01","ASFALTOS DILUÍDOS CR-70","Roraima","-"]
["2018-10-01","ASFALTOS DILUÍDOS CR-70","Sergipe","-"]
["2019-01-01","ASFALTOS DILUÍDOS CR-70","Amapá","-"]
["2019-02-01","ASFALTOS DILUÍDOS CR-70","Maranhão","-"]
["2019-05-01","ASFALTOS DILUÍDOS CR-70","Amazonas","-"]
["2019-05-01","ASFALTOS DILUÍDOS CR-70","Rio Grande do Norte","-"]
["2019-08-01","ASFALTOS DILUÍDOS CR-70","Amapá","-"]
["2019-09-01","ASFALTOS DILUÍDOS CR-70","Amazonas","-"]
["2019-10-01","ASFALTOS DILUÍDOS CR-70","Distrito Federal","-"]
["2020-01-01","ASFALTOS DILUÍDOS CR-70","Minas Gerais","-"]
["2020-01-01","ASFALTOS DILUÍDOS CR-70","Piauí","-"]
["2020-04-01","ASFALTOS DILUÍDOS CR-70","Mato Grosso do Sul","-"]
["2020-05-01","ASFALTOS DILUÍDOS CR-70","Acre","-"]
["2020-07-01","ASFALTOS DILUÍDOS CR-70","Ceará","-"]
["2020-08-01","ASFALTOS DILUÍDOS CR-70","Sergipe","-"]
["2020-11-01","ASFALTOS DILUÍDOS CR-70","Ceará","-"]
["2020-12-01","ASFALTOS DILUÍDOS CR-70","Paraná","-"]
["2021-01-01","ASFALTOS DILUÍDOS CR-70","Minas Gerais","-"]
["2021-03-01","ASFALTOS DILUÍDOS CR-70","Rio Grande do Norte","-"]
["2021-04-01","ASFALTOS DILUÍDOS CR-70","Roraima","-"]
["2021-06-01","ASFALTOS DILUÍDOS CR-70","Goiás","-"]
["2021-08-01","ASFALTOS DILUÍDOS CR-70","Distrito Federal","-"]
["2021-11-01","ASFALTOS DILUÍDOS CR-70","Acre","-"]
["2021-11-01","ASFALTOS DILUÍDOS CR-70","Pernambuco","-"]
["2022-01-01","ASFALTOS DILUÍDOS CR-70","Goiás","-"]
["2022-03-01","ASFALTOS DILUÍDOS CR-70","Acre","-"]
["2022-05-01","ASFALTOS DILUÍDOS CR-70","Rondônia","-"]
["2022-06-01","ASFALTOS DILUÍDOS CR-70","Rio de Janeiro","-"]
["2022-09-01","ASFALTOS DILUÍDOS CR-70","Ceará","-"]
["2022-10-01","ASFALTOS DILUÍDOS CR-70","Goiás","-"]
["2022-11-01","ASFALTOS DILUÍDOS CR-70","Mato Grosso do Sul","-"]
["2023-02-01","ASFALTOS DILUÍDOS CR-70","Amazonas","-"]
["2023-02-01","ASFALTOS DILUÍDOS CR-70","Roraima","-"]
["2023-05-01","ASFALTOS DILUÍDOS CR-70","Amapá","-"]
["2023-06-01","ASFALTOS DILUÍDOS CR-70","Ceará","-"]
["2023-09-01","ASFALTOS DILUÍDOS CR-70","Amazonas","-"]
["2023-09-01","ASFALTOS DILUÍDOS CR-70","Pernambuco","-"]
["2013-02-01","CAP MODIFICADO POR BORRACHA DE PNEU AB22","Mato Grosso","-"]
["2013-02-01","CAP MODIFICADO POR BORRACHA DE PNEU AB22","Rondônia","-"]
["2013-05-01","CAP MODIFICADO POR BORRACHA DE PNEU AB22","Rondônia","-"]
["2013-06-01","CAP MODIFICADO POR BORRACHA DE PNEU AB22","São Paulo","-"]
["2013-09-01","CAP MODIFICADO POR BORRACHA DE PNEU AB22","Bahia","-"]
["2013-10-01","CAP MODIFICADO POR BORRACHA DE PNEU AB22","Distrito Federal","-"]
["2013-11-01","CAP MODIFICADO POR BORRACHA DE PNEU AB22","Mato Grosso do Sul","-"]
["2014-01-01","CAP MODIFICADO POR BORRACHA DE PNEU AB22","Rio de Janeiro","-"]
["2014-03-01","CAP MODIFICADO POR BORRACHA DE PNEU AB22","Pernambuco","-"]
["2014-05-01","CAP MODIFICADO POR BORRACHA DE PNEU AB22","Amapá","-"]
["2014-06-01","CAP MODIFICADO POR BORRACHA DE PNEU AB22","Ceará","-"]
["2014-07-01","CAP MODIFICADO POR BORRACHA DE PNEU AB22","Goiás","-"]
["2014-09-01","CAP MODIFICADO POR BORRACHA DE PNEU AB22","Maranhão","-"]
["2014-10-01","CAP MODIFICADO POR BORRACHA DE PNEU AB22","Rio Grande do Norte","-"]
["2015-01-01","CAP MODIFICADO POR BORRACHA DE PNEU AB22","Pará","-"]
["2015-02-01","CAP MODIFICADO POR BORRACHA DE PNEU AB22","Amapá","-"]
["2015-04-01","CAP MODIFICADO POR BORRACHA DE PNEU AB22","Maranhão","-"]
["2015-05-01","CAP MODIFICADO POR BORRACHA DE PNEU AB22","Pará","-"]
["2015-08-01","CAP MODIFICADO POR BORRACHA DE PNEU AB22","Espírito Santo","-"]
["2015-09-01","CAP MODIFICADO POR BORRACHA DE PNEU AB22","Rio Grande do Norte","-"]
["2015-11-01","CAP MODIFICADO POR BORRACHA DE PNEU AB22","Rio de Janeiro","-"]
["2015-12-01","CAP MODIFICADO POR BORRACHA DE PNEU AB22","Rondônia","-"]
["2016-03-01","CAP MODIFICADO POR BORRACHA DE PNEU AB22","Alagoas","-"]
["2016-03-01","CAP MODIFICADO POR BORRACHA DE PNEU AB22","Minas Gerais","-"]
["2016-05-01","CAP MODIFICADO POR BORRACHA DE PNEU AB22","Goiás","-"]
["2016-07-01","CAP MODIFICADO POR BORRACHA DE PNEU AB22","Paraná","-"]
["2016-08-01","CAP MODIFICADO POR BORRACHA DE PNEU AB22","Roraima","-"]
["2016-11-01","CAP MODIFICADO POR BORRACHA DE PNEU AB22","Pará","-"]
["2016-12-01","CAP MODIFICADO POR BORRACHA DE PNEU AB22","Amapá","-"]
["2017-02-01","CAP MODIFICADO POR BORRACHA DE PNEU AB22","Santa Catarina","-"]
["2017-04-01","CAP MODIFICADO POR BORRACHA DE PNEU AB22","Espírito Santo","-"]
["2017-06-01","CAP MODIFICADO POR BORRACHA DE PNEU AB22","Espírito Santo","-"]
["2017-07-01","CAP MODIFICADO POR BORRACHA DE PNEU AB22","Mato Grosso","-"]
["2017-09-01","CAP MODIFICADO POR BORRACHA DE PNEU AB22","Piauí","-"]
["2017-11-01","CAP MODIFICADO POR BORRACHA DE PNEU AB22","Espírito Santo","-"]
["2017-11-01","CAP MODIFICADO POR BORRACHA DE PNEU AB22","São Paulo","-"]
["2018-02-01","CAP MODIFICADO POR BORRACHA DE PNEU AB22","Bahia","-"]
["2018-02-01","CAP MODIFICADO POR BORRACHA DE PNEU AB22","Sergipe","-"]
["2018-05-01","CAP MODIFICADO POR BORRACHA DE PNEU AB22","Paraná","-"]
["2018-06-01","CAP MODIFICADO POR BORRACHA DE PNEU AB22","Rio de Janeiro","-"]
["2018-09-01","CAP MODIFICADO POR BORRACHA DE PNEU AB22","Minas Gerais","-"]
["2018-10-01","CAP MODIFICADO POR BORRACHA DE PNEU AB22","Mato Grosso","-"]
["2018-12-01","CAP MODIFICADO POR BORRACHA DE PNEU AB22","Santa Catarina","-"]
["2019-01-01","CAP MODIFICADO POR BORRACHA DE PNEU AB22","Minas Gerais","-"]
["2019-04-01","CAP MODIFICADO POR BORRACHA DE PNEU AB22","Distrito Federal","-"]
["2019-05-01","CAP MODIFICADO POR BORRACHA DE PNEU AB22","Mato Grosso","-"]
["2019-05-01","CAP MODIFICADO POR BORRACHA DE PNEU AB22","Tocantins","-"]
["2019-08-01","CAP MODIFICADO POR BORRACHA DE PNEU AB22","Rio Grande do Sul","-"]
["2019-10-01","CAP MODIFICADO POR BORRACHA DE PNEU AB22","Rio Grande do Sul","-"]
["2019-12-01","CAP MODIFICADO POR BORRACHA DE PNEU AB22","Bahia","-"]
["2020-01-01","CAP MODIFICADO POR BORRACHA DE PNEU AB22","Espírito Santo","-"]
["2020-03-01","CAP MODIFICADO POR BORRACHA DE PNEU AB22","Paraíba","-"]
["2020-04-01","CAP MODIFICADO POR BORRACHA DE PNEU AB22","Pará","-"]
["2020-05-01","CAP MODIFICADO POR BORRACHA DE PNEU AB22","Rondônia","-"]
["2020-08-01","CAP MODIFICADO POR BORRACHA DE PNEU AB22","Alagoas","-"]
["2020-09-01","CAP MODIFICADO POR BORRACHA DE PNEU AB22","Santa Catarina","-"]
["2020-11-01","CAP MODIFICADO POR BORRACHA DE PNEU AB22","Tocantins","-"]
["2020-12-01","CAP MODIFICADO POR BORRACHA DE PNEU AB22","Paraná","-"]
["2021-03-01","CAP MODIFICADO POR BORRACHA DE PNEU AB22","Maranhão","-"]
["2021-05-01","CAP MODIFICADO POR BORRACHA DE PNEU AB22","Goiás","-"]
["2021-06-01","CAP MODIFICADO POR BORRACHA DE PNEU AB22","Rio Grande do Sul","-"]
["2021-07-01","CAP MODIFICADO POR BORRACHA DE PNEU AB22","Santa Catarina","-"]
["2021-10-01","CAP MODIFICADO POR BORRACHA DE PNEU AB22","Amazonas","-"]
["2021-10-01","CAP MODIFICADO POR BORRACHA DE PNEU AB22","Pernambuco","-"]
["2022-01-01","CAP MODIFICADO POR BORRACHA DE PNEU AB22","Paraíba","-"]
["2022-02-01","CAP MODIFICADO POR BORRACHA DE PNEU AB22","Piauí","-"]
["2022-03-01","CAP MODIFICADO POR BORRACHA DE PNEU AB22","Tocantins","-"]
["2022-06-01","CAP MODIFICADO POR BORRACHA DE PNEU AB22","Alagoas","-"]
["2022-07-01","CAP MODIFICADO POR BORRACHA DE PNEU AB22","Bahia","-"]
["2022-09-01","CAP MODIFICADO POR BORRACHA DE PNEU AB22","Sergipe","-"]
["2022-11-01","CAP MODIFICADO POR BORRACHA DE PNEU AB22","Mato Grosso do Sul","-"]
["2023-01-01","CAP MODIFICADO POR BORRACHA DE PNEU AB22","Maranhão","-"]
["2023-01-01","CAP MODIFICADO POR BORRACHA DE PNEU AB22","Sergipe","-"]
["2023-04-01","CAP MODIFICADO POR BORRACHA DE PNEU AB22","Rondônia","-"]
["2023-05-01","CAP MODIFICADO POR BORRACHA DE PNEU AB22","Santa Catarina","-"]
["2023-08-01","CAP MODIFICADO POR BORRACHA DE PNEU AB22","Amazonas","-"]
["2023-09-01","CAP MODIFICADO POR BORRACHA DE PNEU AB22","Distrito Federal","-"]
["2023-10-01","CAP MODIFICADO POR BORRACHA DE PNEU AB22","Paraíba","-"]
["2013-02-01","CAP MODIFICADO POR BORRACHA DE PNEU AB8","Piauí","-"]
["2013-03-01","CAP MODIFICADO POR BORRACHA DE PNEU AB8","Rio Grande do Sul","-"]
["2013-06-01","CAP MODIFICADO POR BORRACHA DE PNEU AB8","Acre","-"]
["2013-07-01","CAP MODIFICADO POR BORRACHA DE PNEU AB8","Paraíba","-"]
["2013-09-01","CAP MODIFICADO POR BORRACHA DE PNEU AB8","Sergipe","-"]
["2013-10-01","CAP MODIFICADO POR BORRACHA DE PNEU AB8","Paraíba","-"]
["2013-12-01","CAP MODIFICADO POR BORRACHA DE PNEU AB8","São Paulo","-"]
["2014-01-01","CAP MODIFICADO POR BORRACHA DE PNEU AB8","Sergipe","-"]
["2014-03-01","CAP MODIFICADO POR BORRACHA DE PNEU AB8","Alagoas","-"]
["2014-05-01","CAP MODIFICADO POR BORRACHA DE PNEU AB8","Roraima","-"]
["2014-06-01","CAP MODIFICADO POR BORRACHA DE PNEU AB8","Piauí","-"]
["2014-09-01","CAP MODIFICADO POR BORRACHA DE PNEU AB8","Distrito Federal","-"]
["2014-10-01","CAP MODIFICADO POR BORRACHA DE PNEU AB8","Maranhão","-"]
["2014-12-01","CAP MODIFICADO POR BORRACHA DE PNEU AB8","Pernambuco","-"]
["2015-01-01","CAP MODIFICADO POR BORRACHA DE PNEU AB8","Piauí","-"]
["2015-04-01","CAP MODIFICADO POR BORRACHA DE PNEU AB8","Acre","-"]
["2015-05-01","CAP MODIFICADO POR BORRACHA DE PNEU AB8","Amazonas","-"]
["2015-07-01","CAP MODIFICADO POR BORRACHA DE PNEU AB8","Acre","-"]
["2015-08-01","CAP MODIFICADO POR BORRACHA DE PNEU AB8","Paraíba","-"]
["2015-09-01","CAP MODIFICADO POR BORRACHA DE PNEU AB8","Piauí","-"]
["2015-11-01","CAP MODIFICADO POR BORRACHA DE PNEU AB8","São Paulo","-"]
["2016-02-01","CAP MODIFICADO POR BORRACHA DE PNEU AB8","Minas Gerais","-"]
["2016-03-01","CAP MODIFICADO POR BORRACHA DE PNEU AB8","Roraima","-"]
["2016-04-01","CAP MODIFICADO POR BORRACHA DE PNEU AB8","Mato Grosso do Sul","-"]
["2016-06-01","CAP MODIFICADO POR BORRACHA DE PNEU AB8","Amazonas","-"]
["2016-08-01","CAP MODIFICADO POR BORRACHA DE PNEU AB8","Maranhão","-"]
["2016-10-01","CAP MODIFICADO POR BORRACHA DE PNEU AB8","Pernambuco","-"]
["2016-11-01","CAP MODIFICADO POR BORRACHA DE PNEU AB8","Rio Grande do Norte","-"]
["2017-01-01","CAP MODIFICADO POR BORRACHA DE PNEU AB8","Paraná",1.8809499999999999]
["2017-03-01","CAP MODIFICADO POR BORRACHA DE PNEU AB8","Amazonas","-"]
["2017-04-01","CAP MODIFICADO POR BORRACHA DE PNEU AB8","Distrito Federal","-"]
["2017-06-01","CAP MODIFICADO POR BORRACHA DE PNEU AB8","Pará","-"]
["2017-08-01","CAP MODIFICADO POR BORRACHA DE PNEU AB8","Paraná",1.8858900000000001]
["2017-09-01","CAP MODIFICADO POR BORRACHA DE PNEU AB8","São Paulo","-"]
["2017-11-01","CAP MODIFICADO POR BORRACHA DE PNEU AB8","Acre","-"]
["2018-01-01","CAP MODIFICADO POR BORRACHA DE PNEU AB8","Sergipe","-"]
["2018-02-01","CAP MODIFICADO POR BORRACHA DE PNEU AB8","Mato Grosso do Sul","-"]
["2018-05-01","CAP MODIFICADO POR BORRACHA DE PNEU AB8","Ceará","-"]
["2018-06-01","CAP MODIFICADO POR BORRACHA DE PNEU AB8","Goiás","-"]
["2018-07-01","CAP MODIFICADO POR BORRACHA DE PNEU AB8","Rio de Janeiro","-"]
["2018-09-01","CAP MODIFICADO POR BORRACHA DE PNEU AB8","Rio Grande do Norte","-"]
["2018-11-01","CAP MODIFICADO POR BORRACHA DE PNEU AB8","Tocantins","-"]
["2019-01-01","CAP MODIFICADO POR BORRACHA DE PNEU AB8","Alagoas","-"]
["2019-02-01","CAP MODIFICADO POR BORRACHA DE PNEU AB8","Distrito Federal","-"]
["2019-04-01","CAP MODIFICADO POR BORRACHA DE PNEU AB8","Pará","-"]
["2019-05-01","CAP MODIFICADO POR BORRACHA DE PNEU AB8","Pernambuco","-"]
["2019-08-01","CAP MODIFICADO POR BORRACHA DE PNEU AB8","Alagoas","-"]
["2019-09-01","CAP MODIFICADO POR BORRACHA DE PNEU AB8","Acre","-"]
["2019-10-01","CAP MODIFICADO POR BORRACHA DE PNEU AB8","Amazonas","-"]
["2019-12-01","CAP MODIFICADO POR BORRACHA DE PNEU AB8","Mato Grosso","-"]
["2020-01-01","CAP MODIFICADO POR BORRACHA DE PNEU AB8","Rondônia","-"]
["2020-04-01","CAP MODIFICADO POR BORRACHA DE PNEU AB8","Goiás","-"]
["2020-04-01","CAP MODIFICADO POR BORRACHA DE PNEU AB8","São Paulo","-"]
["2020-07-01","CAP MODIFICADO POR BORRACHA DE PNEU AB8","Bahia","-"]
["2020-08-01","CAP MODIFICADO POR BORRACHA DE PNEU AB8","Goiás","-"]
["2020-11-01","CAP MODIFICADO POR BORRACHA DE PNEU AB8","Amapá","-"]
["2020-12-01","CAP MODIFICADO POR BORRACHA DE PNEU AB8","Ceará","-"]
["2021-02-01","CAP MODIFICADO POR BORRACHA DE PNEU AB8","Pernambuco","-"]
["2021-03-01","CAP MODIFICADO POR BORRACHA DE PNEU AB8","Pernambuco","-"]
["2021-04-01","CAP MODIFICADO POR BORRACHA DE PNEU AB8","Rio Grande do Norte","-"]
["2021-06-01","CAP MODIFICADO POR BORRACHA DE PNEU AB8","Tocantins","-"]
["2021-07-01","CAP MODIFICADO POR BORRACHA DE PNEU AB8","São Paulo",3.1351200000000001]
["2021-10-01","CAP MODIFICADO POR BORRACHA DE PNEU AB8","Mato Grosso","-"]
["2021-11-01","CAP MODIFICADO POR BORRACHA DE PNEU AB8","Pará","-"]
["2022-01-01","CAP MODIFICADO POR BORRACHA DE PNEU AB8","Espírito Santo","-"]
["2022-02-01","CAP MODIFICADO POR BORRACHA DE PNEU AB8","São Paulo",4.3289]
["2022-05-01","CAP MODIFICADO POR BORRACHA DE PNEU AB8","Rio de Janeiro","-"]
["2022-06-01","CAP MODIFICADO POR BORRACHA DE PNEU AB8","Rondônia","-"]
["2022-08-01","CAP MODIFICADO POR BORRACHA DE PNEU AB8","Rio Grande do Norte","-"]
["2022-10-01","CAP MODIFICADO POR BORRACHA DE PNEU AB8","Ceará","-"]
["2022-12-01","CAP MODIFICADO POR BORRACHA DE PNEU AB8","Minas Gerais","-"]
["2023-02-01","CAP MODIFICADO POR BORRACHA DE PNEU AB8","Amapá","-"]
["2023-02-01","CAP MODIFICADO POR BORRACHA DE PNEU AB8","Rio Grande do Norte","-"]
["2023-04-01","CAP MODIFICADO POR BORRACHA DE PNEU AB8","Tocantins","-"]
["2023-06-01","CAP MODIFICADO POR BORRACHA DE PNEU AB8","Amapá","-"]
["2023-07-01","CAP MODIFICADO POR BORRACHA DE PNEU AB8","Roraima","-"]
["2023-09-01","CAP MODIFICADO POR BORRACHA DE PNEU AB8","Pará","-"]
["2015-10-01","CAP MODIFICADO POR POLÍMERO 55-75-E","Espírito Santo","-"]
["2015-10-01","CAP MODIFICADO POR POLÍMERO 55-75-E","Santa Catarina","-"]
["2015-12-01","CAP MODIFICADO POR POLÍMERO 55-75-E","Roraima","-"]
["2016-02-01","CAP MODIFICADO POR POLÍMERO 55-75-E","Rondônia","-"]
["2016-05-01","CAP MODIFICADO POR POLÍMERO 55-75-E","Alagoas","-"]
["2016-06-01","CAP MODIFICADO POR POLÍMERO 55-75-E","Ceará",2.16439]
["2016-08-01","CAP MODIFICADO POR POLÍMERO 55-75-E","Minas Gerais","-"]
["2016-09-01","CAP MODIFICADO POR POLÍMERO 55-75-E","Paraná","-"]
["2016-10-01","CAP MODIFICADO POR POLÍMERO 55-75-E","Rio de Janeiro","-"]
["2016-11-01","CAP MODIFICADO POR POLÍMERO 55-75-E","Sergipe","-"]
["2017-02-01","CAP MODIFICADO POR POLÍMERO 55-75-E","Amapá","-"]
["2017-04-01","CAP MODIFICADO POR POLÍMERO 55-75-E","Maranhão","-"]
["2017-05-01","CAP MODIFICADO POR POLÍMERO 55-75-E","Goiás","-"]
["2017-06-01","CAP MODIFICADO POR POLÍMERO 55-75-E","Pernambuco","-"]
["2017-08-01","CAP MODIFICADO POR POLÍMERO 55-75-E","Santa Catarina","-"]
["2017-09-01","CAP MODIFICADO POR POLÍMERO 55-75-E","Tocantins","-"]
["2017-12-01","CAP MODIFICADO POR POLÍMERO 55-75-E","Goiás","-"]
["2018-01-01","CAP MODIFICADO POR POLÍMERO 55-75-E","Mato Grosso","-"]
["2018-04-01","CAP MODIFICADO POR POLÍMERO 55-75-E","Bahia","-"]
["2018-04-01","CAP MODIFICADO POR POLÍMERO 55-75-E","Rio Grande do Sul","-"]
["2018-07-01","CAP MODIFICADO POR POLÍMERO 55-75-E","Rio Grande do Sul",2.6103200000000002]
["2018-08-01","CAP MODIFICADO POR POLÍMERO 55-75-E","Rio de Janeiro","-"]
["2018-10-01","CAP MODIFICADO POR POLÍMERO 55-75-E","Sergipe","-"]
["2018-11-01","CAP MODIFICADO POR POLÍMERO 55-75-E","Mato Grosso do Sul","-"]
["2019-01-01","CAP MODIFICADO POR POLÍMERO 55-75-E","Ceará","-"]
["2019-03-01","CAP MODIFICADO POR POLÍMERO 55-75-E","Minas Gerais","-"]
["2019-04-01","CAP MODIFICADO POR POLÍMERO 55-75-E","Paraná","-"]
["2019-06-01","CAP MODIFICADO POR POLÍMERO 55-75-E","Santa Catarina","-"]
["2019-07-01","CAP MODIFICADO POR POLÍMERO 55-75-E","Tocantins","-"]
["2019-10-01","CAP MODIFICADO POR POLÍMERO 55-75-E","Rio Grande do Sul","-"]
["2019-11-01","CAP MODIFICADO POR POLÍMERO 55-75-E","Maranhão","-"]
["2020-01-01","CAP MODIFICADO POR POLÍMERO 55-75-E","Santa Catarina","-"]
["2020-02-01","CAP MODIFICADO POR POLÍMERO 55-75-E","Rio Grande do Sul","-"]
["2020-05-01","CAP MODIFICADO POR POLÍMERO 55-75-E","Paraíba","-"]
["2020-07-01","CAP MODIFICADO POR POLÍMERO 55-75-E","Distrito Federal","-"]
["2020-08-01","CAP MODIFICADO POR POLÍMERO 55-75-E","Sergipe","-"]
["2020-10-01","CAP MODIFICADO POR POLÍMERO 55-75-E","Alagoas","-"]
["2020-11-01","CAP MODIFICADO POR POLÍMERO 55-75-E","Bahia","-"]
["2020-12-01","CAP MODIFICADO POR POLÍMERO 55-75-E","Tocantins","-"]
["2021-02-01","CAP MODIFICADO POR POLÍMERO 55-75-E","Paraná",3.2287300000000001]
["2021-04-01","CAP MODIFICADO POR POLÍMERO 55-75-E","Roraima","-"]
["2021-06-01","CAP MODIFICADO POR POLÍMERO 55-75-E","Maranhão","-"]
["2021-08-01","CAP MODIFICADO POR POLÍMERO 55-75-E","Rio Grande do Sul","-"]
["2021-09-01","CAP MODIFICADO POR POLÍMERO 55-75-E","Maranhão","-"]
["2021-12-01","CAP MODIFICADO POR POLÍMERO 55-75-E","Amazonas","-"]
["2022-01-01","CAP MODIFICADO POR POLÍMERO 55-75-E","Maranhão","-"]
["2022-03-01","CAP MODIFICADO POR POLÍMERO 55-75-E","Paraíba","-"]
["2022-04-01","CAP MODIFICADO POR POLÍMERO 55-75-E","Piauí","-"]
["2022-05-01","CAP MODIFICADO POR POLÍMERO 55-75-E","Distrito Federal","-"]
["2022-07-01","CAP MODIFICADO POR POLÍMERO 55-75-E","Amapá","-"]
["2022-09-01","CAP MODIFICADO POR POLÍMERO 55-75-E","Bahia","-"]
["2022-11-01","CAP MODIFICADO POR POLÍMERO 55-75-E","Mato Grosso do Sul","-"]
["2022-12-01","CAP MODIFICADO POR POLÍMERO 55-75-E","Minas Gerais","-"]
["2023-02-01","CAP MODIFICADO POR POLÍMERO 55-75-E","Roraima","-"]
["2023-03-01","CAP MODIFICADO POR POLÍMERO 55-75-E","Sergipe","-"]
["2023-05-01","CAP MODIFICADO POR POLÍMERO 55-75-E","Alagoas","-"]
["2023-07-01","CAP MODIFICADO POR POLÍMERO 55-75-E","São Paulo","-"]
["2023-08-01","CAP MODIFICADO POR POLÍMERO 55-75-E","Minas Gerais","-"]
["2015-09-01","CAP MODIFICADO POR POLÍMERO 60-85-E","Distrito Federal","-"]
["2015-09-01","CAP MODIFICADO POR POLÍMERO 60-85-E","Roraima","-"]
["2015-12-01","CAP MODIFICADO POR POLÍMERO 60-85-E","São Paulo",2.2513000000000001]
["2016-01-01","CAP MODIFICADO POR POLÍMERO 60-85-E","Distrito Federal","-"]
["2016-04-01","CAP MODIFICADO POR POLÍMERO 60-85-E","Acre","-"]
["2016-04-01","CAP MODIFICADO POR POLÍMERO 60-85-E","Paraná",2.32423]
["2016-07-01","CAP MODIFICADO POR POLÍMERO 60-85-E","Mato Grosso do Sul","-"]
["2016-08-01","CAP MODIFICADO POR POLÍMERO 60-85-E","Paraíba","-"]
["2016-10-01","CAP MODIFICADO POR POLÍMERO 60-85-E","Rondônia","-"]
["2016-12-01","CAP MODIFICADO POR POLÍMERO 60-85-E","Acre","-"]
["2017-01-01","CAP MODIFICADO POR POLÍMERO 60-85-E","Alagoas","-"]
["2017-03-01","CAP MODIFICADO POR POLÍMERO 60-85-E","Goiás","-"]
["2017-05-01","CAP MODIFICADO POR POLÍMERO 60-85-E","Mato Grosso","-"]
["2017-07-01","CAP MODIFICADO POR POLÍMERO 60-85-E","Distrito Federal","-"]
["2017-07-01","CAP MODIFICADO POR POLÍMERO 60-85-E","Roraima","-"]
["2017-10-01","CAP MODIFICADO POR POLÍMERO 60-85-E","Pernambuco","-"]
["2017-11-01","CAP MODIFICADO POR POLÍMERO 60-85-E","Amazonas","-"]
["2018-02-01","CAP MODIFICADO POR POLÍMERO 60-85-E","Acre","-"]
["2018-03-01","CAP MODIFICADO POR POLÍMERO 60-85-E","Amazonas","-"]
["2018-05-01","CAP MODIFICADO POR POLÍMERO 60-85-E","Mato Grosso","-"]
["2018-06-01","CAP MODIFICADO POR POLÍMERO 60-85-E","Amazonas","-"]
["2018-07-01","CAP MODIFICADO POR POLÍMERO 60-85-E","Piauí","-"]
["2018-09-01","CAP MODIFICADO POR POLÍMERO 60-85-E","São Paulo",2.8401000000000001]
["2018-11-01","CAP MODIFICADO POR POLÍMERO 60-85-E","Pará","-"]
["2019-01-01","CAP MODIFICADO POR POLÍMERO 60-85-E","Goiás","-"]
["2019-02-01","CAP MODIFICADO POR POLÍMERO 60-85-E","Mato Grosso do Sul","-"]
["2019-05-01","CAP MODIFICADO POR POLÍMERO 60-85-E","Ceará","-"]
["2019-06-01","CAP MODIFICADO POR POLÍMERO 60-85-E","Sergipe","-"]
["2019-08-01","CAP MODIFICADO POR POLÍMERO 60-85-E","Pernambuco","-"]
["2019-09-01","CAP MODIFICADO POR POLÍMERO 60-85-E","Ceará","-"]
["2019-10-01","CAP MODIFICADO POR POLÍMERO 60-85-E","Pernambuco","-"]
["2020-01-01","CAP MODIFICADO POR POLÍMERO 60-85-E","Amazonas","-"]
["2020-01-01","CAP MODIFICADO POR POLÍMERO 60-85-E","Rio Grande do Norte","-"]
["2020-04-01","CAP MODIFICADO POR POLÍMERO 60-85-E","Pará","-"]
["2020-05-01","CAP MODIFICADO POR POLÍMERO 60-85-E","Pernambuco","-"]
["2020-07-01","CAP MODIFICADO POR POLÍMERO 60-85-E","São Paulo",2.8469600000000002]
["2020-09-01","CAP MODIFICADO POR POLÍMERO 60-85-E","Acre","-"]
["2020-11-01","CAP MODIFICADO POR POLÍMERO 60-85-E","Espírito Santo","-"]
["2021-01-01","CAP MODIFICADO POR POLÍMERO 60-85-E","Alagoas","-"]
["2021-01-01","CAP MODIFICADO POR POLÍMERO 60-85-E","Paraíba","-"]
["2021-03-01","CAP MODIFICADO POR POLÍMERO 60-85-E","Rondônia","-"]
["2021-06-01","CAP MODIFICADO POR POLÍMERO 60-85-E","Mato Grosso do Sul","-"]
["2021-07-01","CAP MODIFICADO POR POLÍMERO 60-85-E","Ceará","-"]
["2021-08-01","CAP MODIFICADO POR POLÍMERO 60-85-E","Goiás","-"]
["2021-11-01","CAP MODIFICADO POR POLÍMERO 60-85-E","Amapá","-"]
["2021-12-01","CAP MODIFICADO POR POLÍMERO 60-85-E","Bahia","-"]
["2022-02-01","CAP MODIFICADO POR POLÍMERO 60-85-E","Pará","-"]
["2022-03-01","CAP MODIFICADO POR POLÍMERO 60-85-E","Pernambuco","-"]
["2022-05-01","CAP MODIFICADO POR POLÍMERO 60-85-E","Santa Catarina","-"]
["2022-07-01","CAP MODIFICADO POR POLÍMERO 60-85-E","Bahia","-"]
["2022-09-01","CAP MODIFICADO POR POLÍMERO 60-85-E","Espírito Santo","-"]
["2022-10-01","CAP MODIFICADO POR POLÍMERO 60-85-E","Mato Grosso","-"]
["2022-12-01","CAP MODIFICADO POR POLÍMERO 60-85-E","Paraíba","-"]
["2023-01-01","CAP MODIFICADO POR POLÍMERO 60-85-E","Rondônia","-"]
["2023-02-01","CAP MODIFICADO POR POLÍMERO 60-85-E","São Paulo",4.0718199999999998]
["2023-05-01","CAP MODIFICADO POR POLÍMERO 60-85-E","Rio de Janeiro","-"]
["2023-06-01","CAP MODIFICADO POR POLÍMERO 60-85-E","Espírito Santo","-"]
["2023-09-01","CAP MODIFICADO POR POLÍMERO 60-85-E","Amapá","-"]
["2023-09-01","CAP MODIFICADO POR POLÍMERO 60-85-E","Rio de Janeiro","-"]
["2015-09-01","CAP MODIFICADO POR POLÍMERO 65-90-E","Piauí","-"]
["2015-11-01","CAP MODIFICADO POR POLÍMERO 65-90-E","Pernambuco","-"]
["2016-01-01","CAP MODIFICADO POR POLÍMERO 65-90-E","Santa Catarina","-"]
["2016-02-01","CAP MODIFICADO POR POLÍMERO 65-90-E","Tocantins","-"]
["2016-05-01","CAP MODIFICADO POR POLÍMERO 65-90-E","Amapá","-"]
["2016-06-01","CAP MODIFICADO POR POLÍMERO 65-90-E","Mato Grosso","-"]
["2016-07-01","CAP MODIFICADO POR POLÍMERO 65-90-E","Pará","-"]
["2016-09-01","CAP MODIFICADO POR POLÍMERO 65-90-E","Rio Grande do Sul","-"]
["2016-10-01","CAP MODIFICADO POR POLÍMERO 65-90-E","Mato Grosso","-"]
["2017-01-01","CAP MODIFICADO POR POLÍMERO 65-90-E","Rio de Janeiro","-"]
["2017-02-01","CAP MODIFICADO POR POLÍMERO 65-90-E","Espírito Santo","-"]
["2017-03-01","CAP MODIFICADO POR POLÍMERO 65-90-E","Rio Grande do Sul","-"]
["2017-05-01","CAP MODIFICADO POR POLÍMERO 65-90-E","Rio de Janeiro","-"]
["2017-06-01","CAP MODIFICADO POR POLÍMERO 65-90-E","Rondônia","-"]
["2017-09-01","CAP MODIFICADO POR POLÍMERO 65-90-E","Paraná","-"]
["2017-11-01","CAP MODIFICADO POR POLÍMERO 65-90-E","Ceará","-"]
["2017-12-01","CAP MODIFICADO POR POLÍMERO 65-90-E","Tocantins","-"]
["2018-02-01","CAP MODIFICADO POR POLÍMERO 65-90-E","Amapá","-"]
["2018-04-01","CAP MODIFICADO POR POLÍMERO 65-90-E","Paraná","-"]
["2018-05-01","CAP MODIFICADO POR POLÍMERO 65-90-E","Pará","-"]
["2018-07-01","CAP MODIFICADO POR POLÍMERO 65-90-E","Rio Grande do Sul","-"]
["2018-08-01","CAP MODIFICADO POR POLÍMERO 65-90-E","Santa Catarina","-"]
["2018-09-01","CAP MODIFICADO POR POLÍMERO 65-90-E","Santa Catarina","-"]
["2018-12-01","CAP MODIFICADO POR POLÍMERO 65-90-E","Espírito Santo","-"]
["2019-01-01","CAP MODIFICADO POR POLÍMERO 65-90-E","Mato Grosso","-"]
["2019-03-01","CAP MODIFICADO POR POLÍMERO 65-90-E","Piauí","-"]
["2019-05-01","CAP MODIFICADO POR POLÍMERO 65-90-E","Goiás","-"]
["2019-07-01","CAP MODIFICADO POR POLÍMERO 65-90-E","Paraná","-"]
["2019-08-01","CAP MODIFICADO POR POLÍMERO 65-90-E","Bahia","-"]
["2019-10-01","CAP MODIFICADO POR POLÍMERO 65-90-E","Rio de Janeiro","-"]
["2019-12-01","CAP MODIFICADO POR POLÍMERO 65-90-E","Amapá","-"]
["2020-02-01","CAP MODIFICADO POR POLÍMERO 65-90-E","Maranhão","-"]
["2020-03-01","CAP MODIFICADO POR POLÍMERO 65-90-E","Minas Gerais","-"]
["2020-04-01","CAP MODIFICADO POR POLÍMERO 65-90-E","Mato Grosso do Sul","-"]
["2020-06-01","CAP MODIFICADO POR POLÍMERO 65-90-E","Santa Catarina","-"]
["2020-07-01","CAP MODIFICADO POR POLÍMERO 65-90-E","Tocantins","-"]
["2020-10-01","CAP MODIFICADO POR POLÍMERO 65-90-E","Distrito Federal","-"]
["2020-11-01","CAP MODIFICADO POR POLÍMERO 65-90-E","Mato Grosso do Sul","-"]
["2021-01-01","CAP MODIFICADO POR POLÍMERO 65-90-E","Piauí","-"]
["2021-02-01","CAP MODIFICADO POR POLÍMERO 65-90-E","Rio Grande do Sul","-"]
["2021-04-01","CAP MODIFICADO POR POLÍMERO 65-90-E","Rondônia","-"]
["2021-06-01","CAP MODIFICADO POR POLÍMERO 65-90-E","Bahia","-"]
["2021-08-01","CAP MODIFICADO POR POLÍMERO 65-90-E","Sergipe","-"]
["2021-10-01","CAP MODIFICADO POR POLÍMERO 65-90-E","Alagoas","-"]
["2021-12-01","CAP MODIFICADO POR POLÍMERO 65-90-E","Distrito Federal","-"]
["2022-01-01","CAP MODIFICADO POR POLÍMERO 65-90-E","Minas Gerais","-"]
["2022-03-01","CAP MODIFICADO POR POLÍMERO 65-90-E","Rio Grande do Norte","-"]
["2022-03-01","CAP MODIFICADO POR POLÍMERO 65-90-E","São Paulo","-"]
["2022-05-01","CAP MODIFICADO POR POLÍMERO 65-90-E","Tocantins","-"]
["2022-08-01","CAP MODIFICADO POR POLÍMERO 65-90-E","Distrito Federal","-"]
["2022-09-01","CAP MODIFICADO POR POLÍMERO 65-90-E","Maranhão","-"]
["2022-10-01","CAP MODIFICADO POR POLÍMERO 65-90-E","São Paulo","-"]
["2022-12-01","CAP MODIFICADO POR POLÍMERO 65-90-E","Rio Grande do Sul","-"]
["2023-01-01","CAP MODIFICADO POR POLÍMERO 65-90-E","Santa Catarina","-"]
["2023-04-01","CAP MODIFICADO POR POLÍMERO 65-90-E","Amazonas","-"]
["2023-06-01","CAP MODIFICADO POR POLÍMERO 65-90-E","Maranhão","-"]
["2023-08-01","CAP MODIFICADO POR POLÍMERO 65-90-E","Alagoas","-"]
["2023-08-01","CAP MODIFICADO POR POLÍMERO 65-90-E","Piauí","-"]
["2013-01-01","CIMENTO ASFÁLTICO MODIFICADO POR POLÍMERO SBS 50-65","Rio Grande do Norte","-"]
["2013-02-01","CIMENTO ASFÁLTICO MODIFICADO POR POLÍMERO SBS 50-65","Alagoas","-"]
["2013-04-01","CIMENTO ASFÁLTICO MODIFICADO POR POLÍMERO SBS 50-65","Roraima","-"]
["2013-05-01","CIMENTO ASFÁLTICO MODIFICADO POR POLÍMERO SBS 50-65","Sergipe","-"]
["2013-07-01","CIMENTO ASFÁLTICO MODIFICADO POR POLÍMERO SBS 50-65","Minas Gerais","-"]
["2013-09-01","CIMENTO ASFÁLTICO MODIFICADO POR POLÍMERO SBS 50-65","Maranhão","-"]
["2013-10-01","CIMENTO ASFÁLTICO MODIFICADO POR POLÍMERO SBS 50-65","Minas Gerais","-"]
["2013-12-01","CIMENTO ASFÁLTICO MODIFICADO POR POLÍMERO SBS 50-65","Roraima","-"]
["2014-01-01","CIMENTO ASFÁLTICO MODIFICADO POR POLÍMERO SBS 50-65","Santa Catarina","-"]
["2014-04-01","CIMENTO ASFÁLTICO MODIFICADO POR POLÍMERO SBS 50-65","Amazonas","-"]
["2014-05-01","CIMENTO ASFÁLTICO MODIFICADO POR POLÍMERO SBS 50-65","Distrito Federal","-"]
["2014-07-01","CIMENTO ASFÁLTICO MODIFICADO POR POLÍMERO SBS 50-65","Roraima","-"]
["2014-08-01","CIMENTO ASFÁLTICO MODIFICADO POR POLÍMERO SBS 50-65","Piauí","-"]
["2014-11-01","CIMENTO ASFÁLTICO MODIFICADO POR POLÍMERO SBS 50-65","Mato Grosso do Sul","-"]
["2014-12-01","CIMENTO ASFÁLTICO MODIFICADO POR POLÍMERO SBS 50-65","Paraíba","-"]
["2015-01-01","CIMENTO ASFÁLTICO MODIFICADO POR POLÍMERO SBS 50-65","Paraná","-"]
["2015-03-01","CIMENTO ASFÁLTICO MODIFICADO POR POLÍMERO SBS 50-65","Sergipe","-"]
["2015-06-01","CIMENTO ASFÁLTICO MODIFICADO POR POLÍMERO SBS 50-65","Ceará","-"]
["2015-06-01","CIMENTO ASFÁLTICO MODIFICADO POR POLÍMERO SBS 50-65","Sergipe","-"]
["2015-08-01","CIMENTO ASFÁLTICO MODIFICADO POR POLÍMERO SBS 50-65","Minas Gerais","-"]
["2013-02-01","CIMENTO ASFÁLTICO MODIFICADO POR POLÍMERO SBS 55-75","Rio Grande do Norte","-"]
["2013-03-01","CIMENTO ASFÁLTICO MODIFICADO POR POLÍMERO SBS 55-75","Roraima","-"]
["2013-06-01","CIMENTO ASFÁLTICO MODIFICADO POR POLÍMERO SBS 55-75","Mato Grosso","-"]
["2013-07-01","CIMENTO ASFÁLTICO MODIFICADO POR POLÍMERO SBS 55-75","Distrito Federal","-"]
["2013-10-01","CIMENTO ASFÁLTICO MODIFICADO POR POLÍMERO SBS 55-75","Acre","-"]
["2013-10-01","CIMENTO ASFÁLTICO MODIFICADO POR POLÍMERO SBS 55-75","Pernambuco","-"]
["2014-01-01","CIMENTO ASFÁLTICO MODIFICADO POR POLÍMERO SBS 55-75","Mato Grosso","-"]
["2014-02-01","CIMENTO ASFÁLTICO MODIFICADO POR POLÍMERO SBS 55-75","Paraíba","-"]
["2014-04-01","CIMENTO ASFÁLTICO MODIFICADO POR POLÍMERO SBS 55-75","Rondônia","-"]
["2014-05-01","CIMENTO ASFÁLTICO MODIFICADO POR POLÍMERO SBS 55-75","Alagoas","-"]
["2014-06-01","CIMENTO ASFÁLTICO MODIFICADO POR POLÍMERO SBS 55-75","Paraíba","-"]
["2014-09-01","CIMENTO ASFÁLTICO MODIFICADO POR POLÍMERO SBS 55-75","Goiás","-"]
["2014-10-01","CIMENTO ASFÁLTICO MODIFICADO POR POLÍMERO SBS 55-75","Mato Grosso do Sul","-"]
["2014-12-01","CIMENTO ASFÁLTICO MODIFICADO POR POLÍMERO SBS 55-75","Pará","-"]
["2015-01-01","CIMENTO ASFÁLTICO MODIFICADO POR POLÍMERO SBS 55-75","Roraima","-"]
["2015-04-01","CIMENTO ASFÁLTICO MODIFICADO POR POLÍMERO SBS 55-75","Amapá","-"]
["2015-05-01","CIMENTO ASFÁLTICO MODIFICADO POR POLÍMERO SBS 55-75","Santa Catarina","-"]
["2015-06-01","CIMENTO ASFÁLTICO MODIFICADO POR POLÍMERO SBS 55-75","Maranhão","-"]
["2015-08-01","CIMENTO ASFÁLTICO MODIFICADO POR POLÍMERO SBS 55-75","Pernambuco","-"]
["2013-01-01","CIMENTO ASFÁLTICO MODIFICADO POR POLÍMERO SBS 60-85","Rio Grande do Norte","-"]
["2013-04-01","CIMENTO ASFÁLTICO MODIFICADO POR POLÍMERO SBS 60-85","Santa Catarina","-"]
["2013-05-01","CIMENTO ASFÁLTICO MODIFICADO POR POLÍMERO SBS 60-85","Amazonas","-"]
["2013-07-01","CIMENTO ASFÁLTICO MODIFICADO POR POLÍMERO SBS 60-85","São Paulo",1.4777400000000001]
["2013-08-01","CIMENTO ASFÁLTICO MODIFICADO POR POLÍMERO SBS 60-85","Pará","-"]
["2013-10-01","CIMENTO ASFÁLTICO MODIFICADO POR POLÍMERO SBS 60-85","Pernambuco","-"]
["2013-12-01","CIMENTO ASFÁLTICO MODIFICADO POR POLÍMERO SBS 60-85","Mato Grosso do Sul","-"]
["2014-02-01","CIMENTO ASFÁLTICO MODIFICADO POR POLÍMERO SBS 60-85","Rio de Janeiro","-"]
["2014-03-01","CIMENTO ASFÁLTICO MODIFICADO POR POLÍMERO SBS 60-85","Tocantins","-"]
["2014-04-01","CIMENTO ASFÁLTICO MODIFICADO POR POLÍMERO SBS 60-85","Sergipe","-"]
["2014-07-01","CIMENTO ASFÁLTICO MODIFICADO POR POLÍMERO SBS 60-85","Ceará","-"]
["2014-08-01","CIMENTO ASFÁLTICO MODIFICADO POR POLÍMERO SBS 60-85","Goiás","-"]
["2014-09-01","CIMENTO ASFÁLTICO MODIFICADO POR POLÍMERO SBS 60-85","Rio Grande do Norte","-"]
["2014-11-01","CIMENTO ASFÁLTICO MODIFICADO POR POLÍMERO SBS 60-85","Rio Grande do Norte","-"]
["2015-02-01","CIMENTO ASFÁLTICO MODIFICADO POR POLÍMERO SBS 60-85","Pará","-"]
["2015-03-01","CIMENTO ASFÁLTICO MODIFICADO POR POLÍMERO SBS 60-85","Amapá","-"]
["2015-05-01","CIMENTO ASFÁLTICO MODIFICADO POR POLÍMERO SBS 60-85","São Paulo",1.7271700000000001]
["2015-06-01","CIMENTO ASFÁLTICO MODIFICADO POR POLÍMERO SBS 60-85","Pará","-"]
["2013-01-01","CIMENTO ASFÁLTICO MODIFICADO POR POLÍMERO SBS 65-90","Espírito Santo","-"]
["2013-02-01","CIMENTO ASFÁLTICO MODIFICADO POR POLÍMERO SBS 65-90","Amapá","-"]
["2013-04-01","CIMENTO ASFÁLTICO MODIFICADO POR POLÍMERO SBS 65-90","Rio de Janeiro","-"]
["2013-05-01","CIMENTO ASFÁLTICO MODIFICADO POR POLÍMERO SBS 65-90","Rondônia","-"]
["2013-06-01","CIMENTO ASFÁLTICO MODIFICADO POR POLÍMERO SBS 65-90","São Paulo","-"]
["2013-09-01","CIMENTO ASFÁLTICO MODIFICADO POR POLÍMERO SBS 65-90","Paraíba","-"]
["2013-10-01","CIMENTO ASFÁLTICO MODIFICADO POR POLÍMERO SBS 65-90","Goiás","-"]
["2013-12-01","CIMENTO ASFÁLTICO MODIFICADO POR POLÍMERO SBS 65-90","Paraná","-"]
["2014-01-01","CIMENTO ASFÁLTICO MODIFICADO POR POLÍMERO SBS 65-90","Ceará","-"]
["2014-04-01","CIMENTO ASFÁLTICO MODIFICADO POR POLÍMERO SBS 65-90","Pará","-"]
["2014-05-01","CIMENTO ASFÁLTICO MODIFICADO POR POLÍMERO SBS 65-90","Amapá","-"]
["2014-07-01","CIMENTO ASFÁLTICO MODIFICADO POR POLÍMERO SBS 65-90","Santa Catarina","-"]
["2014-08-01","CIMENTO ASFÁLTICO MODIFICADO POR POLÍMERO SBS 65-90","Piauí","-"]
["2014-09-01","CIMENTO ASFÁLTICO MODIFICADO POR POLÍMERO SBS 65-90","Pernambuco","-"]
["2014-12-01","CIMENTO ASFÁLTICO MODIFICADO POR POLÍMERO SBS 65-90","Mato Grosso","-"]
["2014-12-01","CIMENTO ASFÁLTICO MODIFICADO POR POLÍMERO SBS 65-90","Tocantins","-"]
["2015-03-01","CIMENTO ASFÁLTICO MODIFICADO POR POLÍMERO SBS 65-90","Piauí","-"]
["2015-04-01","CIMENTO ASFÁLTICO MODIFICADO POR POLÍMERO SBS 65-90","São Paulo","-"]
["2015-07-01","CIMENTO ASFÁLTICO MODIFICADO POR POLÍMERO SBS 65-90","Bahia","-"]
["2013-01-01","CIMENTOS ASFÁLTICOS CAP-150-200","Acre","-"]
["2013-02-01","CIMENTOS ASFÁLTICOS CAP-150-200","Paraná","-"]
["2013-03-01","CIMENTOS ASFÁLTICOS CAP-150-200","Rio de Janeiro","-"]
["2013-04-01","CIMENTOS ASFÁLTICOS CAP-150-200","Rondônia","-"]
["2013-06-01","CIMENTOS ASFÁLTICOS CAP-150-200","Rio Grande do Sul","-"]
["2013-08-01","CIMENTOS ASFÁLTICOS CAP-150-200","Ceará","-"]
["2013-10-01","CIMENTOS ASFÁLTICOS CAP-150-200","Tocantins","-"]
["2013-12-01","CIMENTOS ASFÁLTICOS CAP-150-200","Amazonas","-"]
["2014-02-01","CIMENTOS ASFÁLTICOS CAP-150-200","Mato Grosso","-"]
["2014-02-01","CIMENTOS ASFÁLTICOS CAP-150-200","Tocantins","-"]
["2014-05-01","CIMENTOS ASFÁLTICOS CAP-150-200","Rio Grande do Sul","-"]
["2014-07-01","CIMENTOS ASFÁLTICOS CAP-150-200","Amazonas","-"]
["2014-09-01","CIMENTOS ASFÁLTICOS CAP-150-200","Bahia","-"]
["2014-10-01","CIMENTOS ASFÁLTICOS CAP-150-200","Espírito Santo","-"]
["2014-12-01","CIMENTOS ASFÁLTICOS CAP-150-200","Paraíba","-"]
["2014-12-01","CIMENTOS ASFÁLTICOS CAP-150-200","Santa Catarina","-"]
["2015-02-01","CIMENTOS ASFÁLTICOS CAP-150-200","Rondônia","-"]
["2015-05-01","CIMENTOS ASFÁLTICOS CAP-150-200","Alagoas","-"]
["2015-06-01","CIMENTOS ASFÁLTICOS CAP-150-200","Distrito Federal","-"]
["2015-08-01","CIMENTOS ASFÁLTICOS CAP-150-200","Tocantins","-"]
["2015-09-01","CIMENTOS ASFÁLTICOS CAP-150-200","Paraná","-"]
["2015-12-01","CIMENTOS ASFÁLTICOS CAP-150-200","Maranhão","-"]
["2016-01-01","CIMENTOS ASFÁLTICOS CAP-150-200","Rio de Janeiro","-"]
["2016-03-01","CIMENTOS ASFÁLTICOS CAP-150-200","Rio Grande do Sul","-"]
["2016-04-01","CIMENTOS ASFÁLTICOS CAP-150-200","Santa Catarina","-"]
["2016-07-01","CIMENTOS ASFÁLTICOS CAP-150-200","Amazonas","-"]
["2016-08-01","CIMENTOS ASFÁLTICOS CAP-150-200","Rio de Janeiro","-"]
["2016-09-01","CIMENTOS ASFÁLTICOS CAP-150-200","Mato Grosso","-"]
["2016-11-01","CIMENTOS ASFÁLTICOS CAP-150-200","Piauí","-"]
["2016-12-01","CIMENTOS ASFÁLTICOS CAP-150-200","Maranhão","-"]
["2017-03-01","CIMENTOS ASFÁLTICOS CAP-150-200","Alagoas","-"]
["2017-04-01","CIMENTOS ASFÁLTICOS CAP-150-200","Bahia","-"]
["2017-06-01","CIMENTOS ASFÁLTICOS CAP-150-200","Sergipe","-"]
["2017-07-01","CIMENTOS ASFÁLTICOS CAP-150-200","Rondônia","-"]
["2017-08-01","CIMENTOS ASFÁLTICOS CAP-150-200","Rio de Janeiro","-"]
["2017-10-01","CIMENTOS ASFÁLTICOS CAP-150-200","Sergipe","-"]
["2018-01-01","CIMENTOS ASFÁLTICOS CAP-150-200","Bahia","-"]
["2018-02-01","CIMENTOS ASFÁLTICOS CAP-150-200","Santa Catarina","-"]
["2018-03-01","CIMENTOS ASFÁLTICOS CAP-150-200","Minas Gerais","-"]
["2018-06-01","CIMENTOS ASFÁLTICOS CAP-150-200","Distrito Federal","-"]
["2018-08-01","CIMENTOS ASFÁLTICOS CAP-150-200","Bahia","-"]
["2018-09-01","CIMENTOS ASFÁLTICOS CAP-150-200","Piauí","-"]
["2018-10-01","CIMENTOS ASFÁLTICOS CAP-150-200","Rio Grande do Sul","-"]
["2019-01-01","CIMENTOS ASFÁLTICOS CAP-150-200","Acre","-"]
["2019-01-01","CIMENTOS ASFÁLTICOS CAP-150-200","São Paulo","-"]
["2019-03-01","CIMENTOS ASFÁLTICOS CAP-150-200","Espírito Santo","-"]
["2019-05-01","CIMENTOS ASFÁLTICOS CAP-150-200","Paraíba","-"]
["2019-07-01","CIMENTOS ASFÁLTICOS CAP-150-200","Espírito Santo","-"]
["2019-08-01","CIMENTOS ASFÁLTICOS CAP-150-200","Sergipe","-"]
["2019-10-01","CIMENTOS ASFÁLTICOS CAP-150-200","Alagoas","-"]
["2019-12-01","CIMENTOS ASFÁLTICOS CAP-150-200","Roraima","-"]
["2020-02-01","CIMENTOS ASFÁLTICOS CAP-150-200","Rio Grande do Norte","-"]
["2020-04-01","CIMENTOS ASFÁLTICOS CAP-150-200","Distrito Federal","-"]
["2020-05-01","CIMENTOS ASFÁLTICOS CAP-150-200","Maranhão","-"]
["2020-06-01","CIMENTOS ASFÁLTICOS CAP-150-200","Mato Grosso","-"]
["2020-08-01","CIMENTOS ASFÁLTICOS CAP-150-200","Rio Grande do Sul","-"]
["2020-11-01","CIMENTOS ASFÁLTICOS CAP-150-200","Acre","-"]
["2020-12-01","CIMENTOS ASFÁLTICOS CAP-150-200","Amazonas","-"]
["2021-01-01","CIMENTOS ASFÁLTICOS CAP-150-200","Mato Grosso","-"]
["2021-03-01","CIMENTOS ASFÁLTICOS CAP-150-200","Paraíba","-"]
["2021-04-01","CIMENTOS ASFÁLTICOS CAP-150-200","Piauí","-"]
["2021-07-01","CIMENTOS ASFÁLTICOS CAP-150-200","Mato Grosso do Sul","-"]
["2021-08-01","CIMENTOS ASFÁLTICOS CAP-150-200","Roraima","-"]
["2021-10-01","CIMENTOS ASFÁLTICOS CAP-150-200","Roraima","-"]
["2021-11-01","CIMENTOS ASFÁLTICOS CAP-150-200","Mato Grosso do Sul","-"]
["2022-02-01","CIMENTOS ASFÁLTICOS CAP-150-200","Ceará","-"]
["2022-03-01","CIMENTOS ASFÁLTICOS CAP-150-200","Maranhão","-"]
["2022-05-01","CIMENTOS ASFÁLTICOS CAP-150-200","Pernambuco","-"]
["2022-06-01","CIMENTOS ASFÁLTICOS CAP-150-200","Rio Grande do Norte","-"]
["2022-07-01","CIMENTOS ASFÁLTICOS CAP-150-200","Sergipe","-"]
["2022-10-01","CIMENTOS ASFÁLTICOS CAP-150-200","Amazonas","-"]
["2022-11-01","CIMENTOS ASFÁLTICOS CAP-150-200","Distrito Federal","-"]
["2023-01-01","CIMENTOS ASFÁLTICOS CAP-150-200","Pará","-"]
["2023-02-01","CIMENTOS ASFÁLTICOS CAP-150-200","Sergipe","-"]
["2023-03-01","CIMENTOS ASFÁLTICOS CAP-150-200","Rio Grande do Sul","-"]
["2023-06-01","CIMENTOS ASFÁLTICOS CAP-150-200","Acre","-"]
["2023-08-01","CIMENTOS ASFÁLTICOS CAP-150-200","Goiás","-"]
["2023-09-01","CIMENTOS ASFÁLTICOS CAP-150-200","Mato Grosso do Sul","-"]
["2023-10-01","CIMENTOS ASFÁLTICOS CAP-150-200","Paraíba","-"]
["2013-03-01","CIMENTOS ASFÁLTICOS CAP-30-45","Goiás","-"]
["2013-04-01","CIMENTOS ASFÁLTICOS CAP-30-45","Alagoas","-"]
["2013-06-01","CIMENTOS ASFÁLTICOS CAP-30-45","Rio Grande do Norte","-"]
["2013-07-01","CIMENTOS ASFÁLTICOS CAP-30-45","Goiás","-"]
["2013-09-01","CIMENTOS ASFÁLTICOS CAP-30-45","Mato Grosso do Sul","-"]
["2013-11-01","CIMENTOS ASFÁLTICOS CAP-30-45","Distrito Federal","-"]
["2014-01-01","CIMENTOS ASFÁLTICOS CAP-30-45","Pará","-"]
["2014-02-01","CIMENTOS ASFÁLTICOS CAP-30-45","Pernambuco","-"]
["2014-04-01","CIMENTOS ASFÁLTICOS CAP-30-45","Mato Grosso do Sul","-"]
["2014-06-01","CIMENTOS ASFÁLTICOS CAP-30-45","Acre","-"]
["2014-07-01","CIMENTOS ASFÁLTICOS CAP-30-45","Amazonas","-"]
["2014-09-01","CIMENTOS ASFÁLTICOS CAP-30-45","Mato Grosso","-"]
["2014-11-01","CIMENTOS ASFÁLTICOS CAP-30-45","Santa Catarina","-"]
["2015-01-01","CIMENTOS ASFÁLTICOS CAP-30-45","Goiás","-"]
["2015-01-01","CIMENTOS ASFÁLTICOS CAP-30-45","São Paulo",1.1990700000000001]
["2015-03-01","CIMENTOS ASFÁLTICOS CAP-30-45","Paraíba","-"]
["2015-05-01","CIMENTOS ASFÁLTICOS CAP-30-45","Roraima","-"]
["2015-08-01","CIMENTOS ASFÁLTICOS CAP-30-45","Amapá","-"]
["2015-09-01","CIMENTOS ASFÁLTICOS CAP-30-45","Ceará","-"]
["2015-10-01","CIMENTOS ASFÁLTICOS CAP-30-45","Tocantins","-"]
["2015-12-01","CIMENTOS ASFÁLTICOS CAP-30-45","Pernambuco","-"]
["2016-01-01","CIMENTOS ASFÁLTICOS CAP-30-45","Rio Grande do Norte","-"]
["2016-04-01","CIMENTOS ASFÁLTICOS CAP-30-45","Maranhão","-"]
["2016-05-01","CIMENTOS ASFÁLTICOS CAP-30-45","Amazonas","-"]
["2016-07-01","CIMENTOS ASFÁLTICOS CAP-30-45","Mato Grosso","-"]
["2016-08-01","CIMENTOS ASFÁLTICOS CAP-30-45","Pará","-"]
["2016-11-01","CIMENTOS ASFÁLTICOS CAP-30-45","Maranhão","-"]
["2016-11-01","CIMENTOS ASFÁLTICOS CAP-30-45","São Paulo",1.5362499999999999]
["2017-02-01","CIMENTOS ASFÁLTICOS CAP-30-45","Rio de Janeiro",1.3805700000000001]
["2017-03-01","CIMENTOS ASFÁLTICOS CAP-30-45","Rondônia","-"]
["2017-05-01","CIMENTOS ASFÁLTICOS CAP-30-45","Amapá","-"]
["2017-07-01","CIMENTOS ASFÁLTICOS CAP-30-45","Ceará","-"]
["2017-07-01","CIMENTOS ASFÁLTICOS CAP-30-45","Rondônia","-"]
["2017-10-01","CIMENTOS ASFÁLTICOS CAP-30-45","Minas Gerais",1.47766]
["2017-11-01","CIMENTOS ASFÁLTICOS CAP-30-45","Rio Grande do Norte","-"]
["2018-01-01","CIMENTOS ASFÁLTICOS CAP-30-45","Tocantins","-"]
["2018-03-01","CIMENTOS ASFÁLTICOS CAP-30-45","Amapá","-"]
["2018-05-01","CIMENTOS ASFÁLTICOS CAP-30-45","Minas Gerais",1.6411]
["2018-06-01","CIMENTOS ASFÁLTICOS CAP-30-45","Pará","-"]
["2018-07-01","CIMENTOS ASFÁLTICOS CAP-30-45","Pernambuco","-"]
["2018-09-01","CIMENTOS ASFÁLTICOS CAP-30-45","Santa Catarina","-"]
["2018-11-01","CIMENTOS ASFÁLTICOS CAP-30-45","Ceará","-"]
["2019-01-01","CIMENTOS ASFÁLTICOS CAP-30-45","Rondônia","-"]
["2019-02-01","CIMENTOS ASFÁLTICOS CAP-30-45","Mato Grosso",3.14263]
["2019-04-01","CIMENTOS ASFÁLTICOS CAP-30-45","Paraná","-"]
["2019-05-01","CIMENTOS ASFÁLTICOS CAP-30-45","Rondônia","-"]
["2019-08-01","CIMENTOS ASFÁLTICOS CAP-30-45","Paraná","-"]
["2019-09-01","CIMENTOS ASFÁLTICOS CAP-30-45","Rio de Janeiro",2.4146000000000001]
["2019-12-01","CIMENTOS ASFÁLTICOS CAP-30-45","Acre","-"]
["2020-01-01","CIMENTOS ASFÁLTICOS CAP-30-45","Amapá","-"]
["2020-02-01","CIMENTOS ASFÁLTICOS CAP-30-45","Ceará","-"]
["2020-03-01","CIMENTOS ASFÁLTICOS CAP-30-45","Rio de Janeiro",2.4634800000000001]
["2020-05-01","CIMENTOS ASFÁLTICOS CAP-30-45","Pernambuco","-"]
["2020-07-01","CIMENTOS ASFÁLTICOS CAP-30-45","Santa Catarina","-"]
["2020-08-01","CIMENTOS ASFÁLTICOS CAP-30-45","Tocantins","-"]
["2020-10-01","CIMENTOS ASFÁLTICOS CAP-30-45","Rio de Janeiro",2.3738800000000002]
["2020-12-01","CIMENTOS ASFÁLTICOS CAP-30-45","Mato Grosso",3.12121]
["2021-03-01","CIMENTOS ASFÁLTICOS CAP-30-45","Bahia","-"]
["2021-03-01","CIMENTOS ASFÁLTICOS CAP-30-45","Rio Grande do Sul","-"]
["2021-06-01","CIMENTOS ASFÁLTICOS CAP-30-45","Amazonas","-"]
["2021-07-01","CIMENTOS ASFÁLTICOS CAP-30-45","Rio de Janeiro",3.17306]
["2021-09-01","CIMENTOS ASFÁLTICOS CAP-30-45","Sergipe","-"]
["2021-11-01","CIMENTOS ASFÁLTICOS CAP-30-45","Pará","-"]
["2021-12-01","CIMENTOS ASFÁLTICOS CAP-30-45","Ceará","-"]
["2022-02-01","CIMENTOS ASFÁLTICOS CAP-30-45","Minas Gerais",4.3369999999999997]
["2022-03-01","CIMENTOS ASFÁLTICOS CAP-30-45","Paraná",4.6404100000000001]
["2022-05-01","CIMENTOS ASFÁLTICOS CAP-30-45","Distrito Federal","-"]
["2022-06-01","CIMENTOS ASFÁLTICOS CAP-30-45","Tocantins","-"]
["2022-09-01","CIMENTOS ASFÁLTICOS CAP-30-45","Rio Grande do Sul","-"]
["2022-10-01","CIMENTOS ASFÁLTICOS CAP-30-45","Pernambuco","-"]
["2023-01-01","CIMENTOS ASFÁLTICOS CAP-30-45","Bahia","-"]
["2023-02-01","CIMENTOS ASFÁLTICOS CAP-30-45","Espírito Santo",3.2225299999999999]
["2023-02-01","CIMENTOS ASFÁLTICOS CAP-30-45","Santa Catarina","-"]
["2023-05-01","CIMENTOS ASFÁLTICOS CAP-30-45","Pernambuco","-"]
["2023-06-01","CIMENTOS ASFÁLTICOS CAP-30-45","Espírito Santo",3.1055899999999999]
["2023-09-01","CIMENTOS ASFÁLTICOS CAP-30-45","Alagoas","-"]
["2023-10-01","CIMENTOS ASFÁLTICOS CAP-30-45","Bahia","-"]
["2013-01-01","CIMENTOS ASFÁLTICOS CAP-50-70","Maranhão","-"]
["2013-03-01","CIMENTOS ASFÁLTICOS CAP-50-70","Paraná",0.94767999999999997]
["2013-05-01","CIMENTOS ASFÁLTICOS CAP-50-70","Roraima","-"]
["2013-06-01","CIMENTOS ASFÁLTICOS CAP-50-70","Rio Grande do Norte","-"]
["2013-08-01","CIMENTOS ASFÁLTICOS CAP-50-70","Amapá","-"]
["2013-10-01","CIMENTOS ASFÁLTICOS CAP-50-70","Maranhão","-"]
["2013-11-01","CIMENTOS ASFÁLTICOS CAP-50-70","Minas Gerais",0.91542999999999997]
["2014-01-01","CIMENTOS ASFÁLTICOS CAP-50-70","Rio Grande do Norte","-"]
["2014-02-01","CIMENTOS ASFÁLTICOS CAP-50-70","Santa Catarina","-"]
["2014-05-01","CIMENTOS ASFÁLTICOS CAP-50-70","Piauí","-"]
["2014-06-01","CIMENTOS ASFÁLTICOS CAP-50-70","Distrito Federal","-"]
["2014-09-01","CIMENTOS ASFÁLTICOS CAP-50-70","Bahia",0.93281000000000003]
["2014-10-01","CIMENTOS ASFÁLTICOS CAP-50-70","Bahia",0.91291]
["2014-12-01","CIMENTOS ASFÁLTICOS CAP-50-70","Mato Grosso do Sul","-"]
["2014-12-01","CIMENTOS ASFÁLTICOS CAP-50-70","Roraima","-"]
["2015-02-01","CIMENTOS ASFÁLTICOS CAP-50-70","Rio de Janeiro",1.1226100000000001]
["2015-04-01","CIMENTOS ASFÁLTICOS CAP-50-70","Sergipe","-"]
["2015-06-01","CIMENTOS ASFÁLTICOS CAP-50-70","Alagoas","-"]
["2015-08-01","CIMENTOS ASFÁLTICOS CAP-50-70","Espírito Santo","-"]
["2015-09-01","CIMENTOS ASFÁLTICOS CAP-50-70","Minas Gerais",1.1540299999999999]
["2015-12-01","CIMENTOS ASFÁLTICOS CAP-50-70","Distrito Federal","-"]
["2016-01-01","CIMENTOS ASFÁLTICOS CAP-50-70","Piauí","-"]
["2016-03-01","CIMENTOS ASFÁLTICOS CAP-50-70","Piauí","-"]
["2016-04-01","CIMENTOS ASFÁLTICOS CAP-50-70","Distrito Federal","-"]
["2016-07-01","CIMENTOS ASFÁLTICOS CAP-50-70","Acre","-"]
["2016-08-01","CIMENTOS ASFÁLTICOS CAP-50-70","Piauí","-"]
["2016-10-01","CIMENTOS ASFÁLTICOS CAP-50-70","Mato Grosso do Sul","-"]
["2016-11-01","CIMENTOS ASFÁLTICOS CAP-50-70","Paraíba","-"]
["2016-12-01","CIMENTOS ASFÁLTICOS CAP-50-70","Piauí","-"]
["2017-02-01","CIMENTOS ASFÁLTICOS CAP-50-70","Mato Grosso",1.8006800000000001]
["2017-04-01","CIMENTOS ASFÁLTICOS CAP-50-70","Alagoas","-"]
["2017-06-01","CIMENTOS ASFÁLTICOS CAP-50-70","Goiás",1.79592]
["2017-07-01","CIMENTOS ASFÁLTICOS CAP-50-70","Rio Grande do Sul",1.34463]
["2017-10-01","CIMENTOS ASFÁLTICOS CAP-50-70","Distrito Federal","-"]
["2017-10-01","CIMENTOS ASFÁLTICOS CAP-50-70","Roraima","-"]
["2017-11-01","CIMENTOS ASFÁLTICOS CAP-50-70","Sergipe","-"]
["2018-03-01","CIMENTOS ASFÁLTICOS CAP-50-70","Ceará",1.6773400000000001]
["2018-03-01","CIMENTOS ASFÁLTICOS CAP-50-70","Maranhão","-"]
["2018-06-01","CIMENTOS ASFÁLTICOS CAP-50-70","Amazonas",1.9326700000000001]
["2018-06-01","CIMENTOS ASFÁLTICOS CAP-50-70","Santa Catarina","-"]
["2018-09-01","CIMENTOS ASFÁLTICOS CAP-50-70","Paraíba","-"]
["2018-10-01","CIMENTOS ASFÁLTICOS CAP-50-70","Piauí","-"]
["2018-12-01","CIMENTOS ASFÁLTICOS CAP-50-70","São Paulo",2.4013499999999999]
["2019-01-01","CIMENTOS ASFÁLTICOS CAP-50-70","Santa Catarina","-"]
["2019-04-01","CIMENTOS ASFÁLTICOS CAP-50-70","Goiás","-"]
["2019-05-01","CIMENTOS ASFÁLTICOS CAP-50-70","Mato Grosso do Sul","-"]
["2019-06-01","CIMENTOS ASFÁLTICOS CAP-50-70","Paraíba","-"]
["2019-09-01","CIMENTOS ASFÁLTICOS CAP-50-70","Goiás",3.0185900000000001]
["2019-09-01","CIMENTOS ASFÁLTICOS CAP-50-70","Sergipe","-"]
["2019-12-01","CIMENTOS ASFÁLTICOS CAP-50-70","Rio Grande do Norte","-"]
["2020-02-01","CIMENTOS ASFÁLTICOS CAP-50-70","Rio de Janeiro",2.4226999999999999]
["2020-04-01","CIMENTOS ASFÁLTICOS CAP-50-70","Amazonas","-"]
["2020-04-01","CIMENTOS ASFÁLTICOS CAP-50-70","Rio Grande do Norte","-"]
["2020-07-01","CIMENTOS ASFÁLTICOS CAP-50-70","Pará",2.5038999999999998]
["2020-07-01","CIMENTOS ASFÁLTICOS CAP-50-70","Tocantins",2.08487]
["2020-10-01","CIMENTOS ASFÁLTICOS CAP-50-70","São Paulo",2.40578]
["2020-12-01","CIMENTOS ASFÁLTICOS CAP-50-70","Acre","-"]
["2021-02-01","CIMENTOS ASFÁLTICOS CAP-50-70","Espírito Santo",2.63252]
["2021-03-01","CIMENTOS ASFÁLTICOS CAP-50-70","Mato Grosso do Sul",2.8631099999999998]
["2021-04-01","CIMENTOS ASFÁLTICOS CAP-50-70","Paraíba","-"]
["2021-06-01","CIMENTOS ASFÁLTICOS CAP-50-70","Rondônia","-"]
["2021-08-01","CIMENTOS ASFÁLTICOS CAP-50-70","Rondônia","-"]
["2021-10-01","CIMENTOS ASFÁLTICOS CAP-50-70","Rio Grande do Norte","-"]
["2021-11-01","CIMENTOS ASFÁLTICOS CAP-50-70","Goiás",3.9497100000000001]
["2022-02-01","CIMENTOS ASFÁLTICOS CAP-50-70","Amapá","-"]
["2022-02-01","CIMENTOS ASFÁLTICOS CAP-50-70","Paraíba","-"]
["2022-05-01","CIMENTOS ASFÁLTICOS CAP-50-70","Pará","-"]
["2022-06-01","CIMENTOS ASFÁLTICOS CAP-50-70","Pernambuco","-"]
["2022-07-01","CIMENTOS ASFÁLTICOS CAP-50-70","São Paulo",4.3417599999999998]
["2022-10-01","CIMENTOS ASFÁLTICOS CAP-50-70","Acre","-"]
["2022-12-01","CIMENTOS ASFÁLTICOS CAP-50-70","Espírito Santo",3.4717899999999999]
["2023-01-01","CIMENTOS ASFÁLTICOS CAP-50-70","Mato Grosso",4.1851700000000003]
["2023-02-01","CIMENTOS ASFÁLTICOS CAP-50-70","São Paulo",3.1275499999999998]
["2023-04-01","CIMENTOS ASFÁLTICOS CAP-50-70","Rondônia","-"]
["2023-05-01","CIMENTOS ASFÁLTICOS CAP-50-70","São Paulo",3.1366100000000001]
["2023-07-01","CIMENTOS ASFÁLTICOS CAP-50-70","Acre","-"]
["2023-10-01","CIMENTOS ASFÁLTICOS CAP-50-70","Maranhão","-"]
["2023-10-01","CIMENTOS ASFÁLTICOS CAP-50-70","Mato Grosso do Sul",3.4296500000000001]
["2013-02-01","CIMENTOS ASFÁLTICOS CAP-85-100","Rio de Janeiro","-"]
["2013-04-01","CIMENTOS ASFÁLTICOS CAP-85-100","Acre","-"]
["2013-06-01","CIMENTOS ASFÁLTICOS CAP-85-100","Pernambuco","-"]
["2013-07-01","CIMENTOS ASFÁLTICOS CAP-85-100","Ceará","-"]
["2013-09-01","CIMENTOS ASFÁLTICOS CAP-85-100","Tocantins","-"]
["2013-11-01","CIMENTOS ASFÁLTICOS CAP-85-100","Acre","-"]
["2014-01-01","CIMENTOS ASFÁLTICOS CAP-85-100","Mato Grosso","-"]
["2014-02-01","CIMENTOS ASFÁLTICOS CAP-85-100","Pará","-"]
["2014-04-01","CIMENTOS ASFÁLTICOS CAP-85-100","Rio Grande do Sul","-"]
["2014-06-01","CIMENTOS ASFÁLTICOS CAP-85-100","Minas Gerais","-"]
["2014-07-01","CIMENTOS ASFÁLTICOS CAP-85-100","Acre","-"]
["2014-09-01","CIMENTOS ASFÁLTICOS CAP-85-100","Espírito Santo","-"]
["2014-11-01","CIMENTOS ASFÁLTICOS CAP-85-100","Roraima","-"]
["2014-12-01","CIMENTOS ASFÁLTICOS CAP-85-100","Rio de Janeiro","-"]
["2015-01-01","CIMENTOS ASFÁLTICOS CAP-85-100","Rondônia","-"]
["2015-04-01","CIMENTOS ASFÁLTICOS CAP-85-100","Paraná","-"]
["2015-05-01","CIMENTOS ASFÁLTICOS CAP-85-100","Paraná","-"]
["2015-07-01","CIMENTOS ASFÁLTICOS CAP-85-100","Tocantins","-"]
["2015-09-01","CIMENTOS ASFÁLTICOS CAP-85-100","Amapá","-"]
["2015-10-01","CIMENTOS ASFÁLTICOS CAP-85-100","Sergipe","-"]
["2015-12-01","CIMENTOS ASFÁLTICOS CAP-85-100","Pará","-"]
["2016-02-01","CIMENTOS ASFÁLTICOS CAP-85-100","Rio Grande do Sul","-"]
["2016-03-01","CIMENTOS ASFÁLTICOS CAP-85-100","Santa Catarina","-"]
["2016-05-01","CIMENTOS ASFÁLTICOS CAP-85-100","Sergipe","-"]
["2016-07-01","CIMENTOS ASFÁLTICOS CAP-85-100","Espírito Santo","-"]
["2016-08-01","CIMENTOS ASFÁLTICOS CAP-85-100","Mato Grosso","-"]
["2016-11-01","CIMENTOS ASFÁLTICOS CAP-85-100","Bahia","-"]
["2016-11-01","CIMENTOS ASFÁLTICOS CAP-85-100","Rio de Janeiro","-"]
["2017-02-01","CIMENTOS ASFÁLTICOS CAP-85-100","Paraná","-"]
["2017-03-01","CIMENTOS ASFÁLTICOS CAP-85-100","Bahia","-"]
["2017-05-01","CIMENTOS ASFÁLTICOS CAP-85-100","Alagoas","-"]
["2017-07-01","CIMENTOS ASFÁLTICOS CAP-85-100","Amapá","-"]
["2017-09-01","CIMENTOS ASFÁLTICOS CAP-85-100","Maranhão","-"]
["2017-10-01","CIMENTOS ASFÁLTICOS CAP-85-100","Minas Gerais","-"]
["2017-12-01","CIMENTOS ASFÁLTICOS CAP-85-100","Pará","-"]
["2018-01-01","CIMENTOS ASFÁLTICOS CAP-85-100","Santa Catarina","-"]
["2018-02-01","CIMENTOS ASFÁLTICOS CAP-85-100","Tocantins","-"]
["2018-04-01","CIMENTOS ASFÁLTICOS CAP-85-100","Bahia","-"]
["2018-06-01","CIMENTOS ASFÁLTICOS CAP-85-100","Mato Grosso","-"]
["2018-07-01","CIMENTOS ASFÁLTICOS CAP-85-100","Pará","-"]
["2018-09-01","CIMENTOS ASFÁLTICOS CAP-85-100","Rio Grande do Sul","-"]
["2018-11-01","CIMENTOS ASFÁLTICOS CAP-85-100","Bahia","-"]
["2019-01-01","CIMENTOS ASFÁLTICOS CAP-85-100","Bahia","-"]
["2019-02-01","CIMENTOS ASFÁLTICOS CAP-85-100","Espírito Santo","-"]
["2019-05-01","CIMENTOS ASFÁLTICOS CAP-85-100","Alagoas","-"]
["2019-06-01","CIMENTOS ASFÁLTICOS CAP-85-100","Pernambuco","-"]
["2019-08-01","CIMENTOS ASFÁLTICOS CAP-85-100","Minas Gerais","-"]
["2019-09-01","CIMENTOS ASFÁLTICOS CAP-85-100","Alagoas","-"]
["2019-11-01","CIMENTOS ASFÁLTICOS CAP-85-100","Tocantins","-"]
["2019-12-01","CIMENTOS ASFÁLTICOS CAP-85-100","Tocantins","-"]
["2020-03-01","CIMENTOS ASFÁLTICOS CAP-85-100","Distrito Federal","-"]
["2020-04-01","CIMENTOS ASFÁLTICOS CAP-85-100","Maranhão","-"]
["2020-05-01","CIMENTOS ASFÁLTICOS CAP-85-100","Espírito Santo","-"]
["2020-07-01","CIMENTOS ASFÁLTICOS CAP-85-100","Rio Grande do Sul","-"]
["2020-08-01","CIMENTOS ASFÁLTICOS CAP-85-100","Santa Catarina","-"]
["2020-11-01","CIMENTOS ASFÁLTICOS CAP-85-100","Amazonas","-"]
["2020-12-01","CIMENTOS ASFÁLTICOS CAP-85-100","Rio Grande do Norte","-"]
["2021-03-01","CIMENTOS ASFÁLTICOS CAP-85-100","Alagoas","-"]
["2021-03-01","CIMENTOS ASFÁLTICOS CAP-85-100","Piauí","-"]
["2021-06-01","CIMENTOS ASFÁLTICOS CAP-85-100","Amapá","-"]
["2021-07-01","CIMENTOS ASFÁLTICOS CAP-85-100","Paraná","-"]
["2021-09-01","CIMENTOS ASFÁLTICOS CAP-85-100","Roraima","-"]
["2021-10-01","CIMENTOS ASFÁLTICOS CAP-85-100","Sergipe","-"]
["2021-11-01","CIMENTOS ASFÁLTICOS CAP-85-100","Roraima","-"]
["2022-02-01","CIMENTOS ASFÁLTICOS CAP-85-100","Maranhão","-"]
["2022-03-01","CIMENTOS ASFÁLTICOS CAP-85-100","Minas Gerais","-"]
["2022-05-01","CIMENTOS ASFÁLTICOS CAP-85-100","Ceará","-"]
["2022-06-01","CIMENTOS ASFÁLTICOS CAP-85-100","Santa Catarina","-"]
["2022-09-01","CIMENTOS ASFÁLTICOS CAP-85-100","Amazonas","-"]
["2022-10-01","CIMENTOS ASFÁLTICOS CAP-85-100","Distrito Federal","-"]
["2022-12-01","CIMENTOS ASFÁLTICOS CAP-85-100","Ceará","-"]
["2023-01-01","CIMENTOS ASFÁLTICOS CAP-85-100","Piauí","-"]
["2023-04-01","CIMENTOS ASFÁLTICOS CAP-85-100","Mato Grosso do Sul","-"]
["2023-05-01","CIMENTOS ASFÁLTICOS CAP-85-100","Paraíba","-"]
["2023-07-01","CIMENTOS ASFÁLTICOS CAP-85-100","Piauí","-"]
["2023-08-01","CIMENTOS ASFÁLTICOS CAP-85-100","Sergipe","-"]
["2023-09-01","CIMENTOS ASFÁLTICOS CAP-85-100","Paraíba","-"]
["2015-09-01","EMULSÃO ASFÁLTICA CATIÔNICA DE RUPTURA CONTROLADA PARA SERVIÇO DE LAMA ASFÁLTICA","Goiás","-"]
["2015-11-01","EMULSÃO ASFÁLTICA CATIÔNICA DE RUPTURA CONTROLADA PARA SERVIÇO DE LAMA ASFÁLTICA","Minas Gerais","-"]
["2016-01-01","EMULSÃO ASFÁLTICA CATIÔNICA DE RUPTURA CONTROLADA PARA SERVIÇO DE LAMA ASFÁLTICA","Rio Grande do Norte","-"]
["2016-02-01","EMULSÃO ASFÁLTICA CATIÔNICA DE RUPTURA CONTROLADA PARA SERVIÇO DE LAMA ASFÁLTICA","Roraima","-"]
["2016-04-01","EMULSÃO ASFÁLTICA CATIÔNICA DE RUPTURA CONTROLADA PARA SERVIÇO DE LAMA ASFÁLTICA","Rio Grande do Sul","-"]
["2016-06-01","EMULSÃO ASFÁLTICA CATIÔNICA DE RUPTURA CONTROLADA PARA SERVIÇO DE LAMA ASFÁLTICA","Distrito Federal","-"]
["2016-07-01","EMULSÃO ASFÁLTICA CATIÔNICA DE RUPTURA CONTROLADA PARA SERVIÇO DE LAMA ASFÁLTICA","Maranhão","-"]
["2016-10-01","EMULSÃO ASFÁLTICA CATIÔNICA DE RUPTURA CONTROLADA PARA SERVIÇO DE LAMA ASFÁLTICA","Amazonas","-"]
["2016-10-01","EMULSÃO ASFÁLTICA CATIÔNICA DE RUPTURA CONTROLADA PARA SERVIÇO DE LAMA ASFÁLTICA","Rio Grande do Sul","-"]
["2017-01-01","EMULSÃO ASFÁLTICA CATIÔNICA DE RUPTURA CONTROLADA PARA SERVIÇO DE LAMA ASFÁLTICA","Paraíba","-"]
["2017-02-01","EMULSÃO ASFÁLTICA CATIÔNICA DE RUPTURA CONTROLADA PARA SERVIÇO DE LAMA ASFÁLTICA","Amazonas","-"]
["2017-05-01","EMULSÃO ASFÁLTICA CATIÔNICA DE RUPTURA CONTROLADA PARA SERVIÇO DE LAMA ASFÁLTICA","Amazonas","-"]
["2017-05-01","EMULSÃO ASFÁLTICA CATIÔNICA DE RUPTURA CONTROLADA PARA SERVIÇO DE LAMA ASFÁLTICA","Paraíba","-"]
["2017-08-01","EMULSÃO ASFÁLTICA CATIÔNICA DE RUPTURA CONTROLADA PARA SERVIÇO DE LAMA ASFÁLTICA","Goiás","-"]
["2017-09-01","EMULSÃO ASFÁLTICA CATIÔNICA DE RUPTURA CONTROLADA PARA SERVIÇO DE LAMA ASFÁLTICA","Mato Grosso do Sul","-"]
["2017-10-01","EMULSÃO ASFÁLTICA CATIÔNICA DE RUPTURA CONTROLADA PARA SERVIÇO DE LAMA ASFÁLTICA","Santa Catarina","-"]
["2017-12-01","EMULSÃO ASFÁLTICA CATIÔNICA DE RUPTURA CONTROLADA PARA SERVIÇO DE LAMA ASFÁLTICA","Roraima","-"]
["2018-01-01","EMULSÃO ASFÁLTICA CATIÔNICA DE RUPTURA CONTROLADA PARA SERVIÇO DE LAMA ASFÁLTICA","Sergipe","-"]
["2018-04-01","EMULSÃO ASFÁLTICA CATIÔNICA DE RUPTURA CONTROLADA PARA SERVIÇO DE LAMA ASFÁLTICA","Distrito Federal","-"]
["2018-05-01","EMULSÃO ASFÁLTICA CATIÔNICA DE RUPTURA CONTROLADA PARA SERVIÇO DE LAMA ASFÁLTICA","Maranhão","-"]
["2018-07-01","EMULSÃO ASFÁLTICA CATIÔNICA DE RUPTURA CONTROLADA PARA SERVIÇO DE LAMA ASFÁLTICA","Pernambuco","-"]
["2018-08-01","EMULSÃO ASFÁLTICA CATIÔNICA DE RUPTURA CONTROLADA PARA SERVIÇO DE LAMA ASFÁLTICA","Rio Grande do Norte","-"]
["2018-11-01","EMULSÃO ASFÁLTICA CATIÔNICA DE RUPTURA CONTROLADA PARA SERVIÇO DE LAMA ASFÁLTICA","Distrito Federal","-"]
["2018-12-01","EMULSÃO ASFÁLTICA CATIÔNICA DE RUPTURA CONTROLADA PARA SERVIÇO DE LAMA ASFÁLTICA","Amazonas","-"]
["2019-02-01","EMULSÃO ASFÁLTICA CATIÔNICA DE RUPTURA CONTROLADA PARA SERVIÇO DE LAMA ASFÁLTICA","São Paulo","-"]
["2019-03-01","EMULSÃO ASFÁLTICA CATIÔNICA DE RUPTURA CONTROLADA PARA SERVIÇO DE LAMA ASFÁLTICA","Pará","-"]
["2019-04-01","EMULSÃO ASFÁLTICA CATIÔNICA DE RUPTURA CONTROLADA PARA SERVIÇO DE LAMA ASFÁLTICA","Tocantins","-"]
["2019-07-01","EMULSÃO ASFÁLTICA CATIÔNICA DE RUPTURA CONTROLADA PARA SERVIÇO DE LAMA ASFÁLTICA","Mato Grosso do Sul","-"]
["2019-09-01","EMULSÃO ASFÁLTICA CATIÔNICA DE RUPTURA CONTROLADA PARA SERVIÇO DE LAMA ASFÁLTICA","Rio de Janeiro","-"]
["2019-10-01","EMULSÃO ASFÁLTICA CATIÔNICA DE RUPTURA CONTROLADA PARA SERVIÇO DE LAMA ASFÁLTICA","Maranhão","-"]
["2019-11-01","EMULSÃO ASFÁLTICA CATIÔNICA DE RUPTURA CONTROLADA PARA SERVIÇO DE LAMA ASFÁLTICA","Sergipe","-"]
["2020-02-01","EMULSÃO ASFÁLTICA CATIÔNICA DE RUPTURA CONTROLADA PARA SERVIÇO DE LAMA ASFÁLTICA","Ceará","-"]
["2020-03-01","EMULSÃO ASFÁLTICA CATIÔNICA DE RUPTURA CONTROLADA PARA SERVIÇO DE LAMA ASFÁLTICA","Goiás","-"]
["2020-05-01","EMULSÃO ASFÁLTICA CATIÔNICA DE RUPTURA CONTROLADA PARA SERVIÇO DE LAMA ASFÁLTICA","Rondônia","-"]
["2020-06-01","EMULSÃO ASFÁLTICA CATIÔNICA DE RUPTURA CONTROLADA PARA SERVIÇO DE LAMA ASFÁLTICA","Rio Grande do Norte","-"]
["2020-09-01","EMULSÃO ASFÁLTICA CATIÔNICA DE RUPTURA CONTROLADA PARA SERVIÇO DE LAMA ASFÁLTICA","Pará","-"]
["2020-11-01","EMULSÃO ASFÁLTICA CATIÔNICA DE RUPTURA CONTROLADA PARA SERVIÇO DE LAMA ASFÁLTICA","Bahia","-"]
["2020-11-01","EMULSÃO ASFÁLTICA CATIÔNICA DE RUPTURA CONTROLADA PARA SERVIÇO DE LAMA ASFÁLTICA","Distrito Federal","-"]
["2021-02-01","EMULSÃO ASFÁLTICA CATIÔNICA DE RUPTURA CONTROLADA PARA SERVIÇO DE LAMA ASFÁLTICA","Acre","-"]
["2021-02-01","EMULSÃO ASFÁLTICA CATIÔNICA DE RUPTURA CONTROLADA PARA SERVIÇO DE LAMA ASFÁLTICA","Pernambuco","-"]
["2021-04-01","EMULSÃO ASFÁLTICA CATIÔNICA DE RUPTURA CONTROLADA PARA SERVIÇO DE LAMA ASFÁLTICA","Minas Gerais","-"]
["2021-06-01","EMULSÃO ASFÁLTICA CATIÔNICA DE RUPTURA CONTROLADA PARA SERVIÇO DE LAMA ASFÁLTICA","Acre","-"]
["2021-08-01","EMULSÃO ASFÁLTICA CATIÔNICA DE RUPTURA CONTROLADA PARA SERVIÇO DE LAMA ASFÁLTICA","Rondônia","-"]
["2021-09-01","EMULSÃO ASFÁLTICA CATIÔNICA DE RUPTURA CONTROLADA PARA SERVIÇO DE LAMA ASFÁLTICA","São Paulo","-"]
["2021-11-01","EMULSÃO ASFÁLTICA CATIÔNICA DE RUPTURA CONTROLADA PARA SERVIÇO DE LAMA ASFÁLTICA","São Paulo","-"]
["2022-01-01","EMULSÃO ASFÁLTICA CATIÔNICA DE RUPTURA CONTROLADA PARA SERVIÇO DE LAMA ASFÁLTICA","Goiás","-"]
["2022-03-01","EMULSÃO ASFÁLTICA CATIÔNICA DE RUPTURA CONTROLADA PARA SERVIÇO DE LAMA ASFÁLTICA","Paraná","-"]
["2022-05-01","EMULSÃO ASFÁLTICA CATIÔNICA DE RUPTURA CONTROLADA PARA SERVIÇO DE LAMA ASFÁLTICA","Espírito Santo","-"]
["2022-05-01","EMULSÃO ASFÁLTICA CATIÔNICA DE RUPTURA CONTROLADA PARA SERVIÇO DE LAMA ASFÁLTICA","Roraima","-"]
["2022-08-01","EMULSÃO ASFÁLTICA CATIÔNICA DE RUPTURA CONTROLADA PARA SERVIÇO DE LAMA ASFÁLTICA","Amapá","-"]
["2022-09-01","EMULSÃO ASFÁLTICA CATIÔNICA DE RUPTURA CONTROLADA PARA SERVIÇO DE LAMA ASFÁLTICA","Ceará","-"]
["2022-12-01","EMULSÃO ASFÁLTICA CATIÔNICA DE RUPTURA CONTROLADA PARA SERVIÇO DE LAMA ASFÁLTICA","Espírito Santo","-"]
["2022-12-01","EMULSÃO ASFÁLTICA CATIÔNICA DE RUPTURA CONTROLADA PARA SERVIÇO DE LAMA ASFÁLTICA","Pernambuco","-"]
["2023-03-01","EMULSÃO ASFÁLTICA CATIÔNICA DE RUPTURA CONTROLADA PARA SERVIÇO DE LAMA ASFÁLTICA","Mato Grosso","-"]
["2023-04-01","EMULSÃO ASFÁLTICA CATIÔNICA DE RUPTURA CONTROLADA PARA SERVIÇO DE LAMA ASFÁLTICA","Mato Grosso","-"]
["2023-06-01","EMULSÃO ASFÁLTICA CATIÔNICA DE RUPTURA CONTROLADA PARA SERVIÇO DE LAMA ASFÁLTICA","Rondônia","-"]
["2023-07-01","EMULSÃO ASFÁLTICA CATIÔNICA DE RUPTURA CONTROLADA PARA SERVIÇO DE LAMA ASFÁLTICA","São Paulo","-"]
["2023-10-01","EMULSÃO ASFÁLTICA CATIÔNICA DE RUPTURA CONTROLADA PARA SERVIÇO DE LAMA ASFÁLTICA","Bahia","-"]
["2015-09-01","EMULSÃO ASFÁLTICA DE RUPTURA LENTA CATIÔNICA PARA SERVIÇO DE LAMA ASFÁLTICA","Mato Grosso","-"]
["2015-11-01","EMULSÃO ASFÁLTICA DE RUPTURA LENTA CATIÔNICA PARA SERVIÇO DE LAMA ASFÁLTICA","Paraná","-"]
["2015-12-01","EMULSÃO ASFÁLTICA DE RUPTURA LENTA CATIÔNICA PARA SERVIÇO DE LAMA ASFÁLTICA","Rio de Janeiro","-"]
["2016-01-01","EMULSÃO ASFÁLTICA DE RUPTURA LENTA CATIÔNICA PARA SERVIÇO DE LAMA ASFÁLTICA","Rondônia","-"]
["2016-03-01","EMULSÃO ASFÁLTICA DE RUPTURA LENTA CATIÔNICA PARA SERVIÇO DE LAMA ASFÁLTICA","Amazonas","-"]
["2016-05-01","EMULSÃO ASFÁLTICA DE RUPTURA LENTA CATIÔNICA PARA SERVIÇO DE LAMA ASFÁLTICA","Ceará","-"]
["2016-07-01","EMULSÃO ASFÁLTICA DE RUPTURA LENTA CATIÔNICA PARA SERVIÇO DE LAMA ASFÁLTICA","Tocantins","-"]
["2016-08-01","EMULSÃO ASFÁLTICA DE RUPTURA LENTA CATIÔNICA PARA SERVIÇO DE LAMA ASFÁLTICA","Pará","-"]
["2016-11-01","EMULSÃO ASFÁLTICA DE RUPTURA LENTA CATIÔNICA PARA SERVIÇO DE LAMA ASFÁLTICA","Mato Grosso","-"]
["2016-11-01","EMULSÃO ASFÁLTICA DE RUPTURA LENTA CATIÔNICA PARA SERVIÇO DE LAMA ASFÁLTICA","Tocantins","-"]
["2017-02-01","EMULSÃO ASFÁLTICA DE RUPTURA LENTA CATIÔNICA PARA SERVIÇO DE LAMA ASFÁLTICA","Rio Grande do Sul","-"]
["2017-03-01","EMULSÃO ASFÁLTICA DE RUPTURA LENTA CATIÔNICA PARA SERVIÇO DE LAMA ASFÁLTICA","Pará","-"]
["2017-06-01","EMULSÃO ASFÁLTICA DE RUPTURA LENTA CATIÔNICA PARA SERVIÇO DE LAMA ASFÁLTICA","Bahia","-"]
["2017-07-01","EMULSÃO ASFÁLTICA DE RUPTURA LENTA CATIÔNICA PARA SERVIÇO DE LAMA ASFÁLTICA","Espírito Santo","-"]
["2017-08-01","EMULSÃO ASFÁLTICA DE RUPTURA LENTA CATIÔNICA PARA SERVIÇO DE LAMA ASFÁLTICA","Mato Grosso","-"]
["2017-10-01","EMULSÃO ASFÁLTICA DE RUPTURA LENTA CATIÔNICA PARA SERVIÇO DE LAMA ASFÁLTICA","Sergipe","-"]
["2017-11-01","EMULSÃO ASFÁLTICA DE RUPTURA LENTA CATIÔNICA PARA SERVIÇO DE LAMA ASFÁLTICA","Rondônia","-"]
["2018-02-01","EMULSÃO ASFÁLTICA DE RUPTURA LENTA CATIÔNICA PARA SERVIÇO DE LAMA ASFÁLTICA","Alagoas","-"]
["2018-02-01","EMULSÃO ASFÁLTICA DE RUPTURA LENTA CATIÔNICA PARA SERVIÇO DE LAMA ASFÁLTICA","Pernambuco","-"]
["2018-04-01","EMULSÃO ASFÁLTICA DE RUPTURA LENTA CATIÔNICA PARA SERVIÇO DE LAMA ASFÁLTICA","Goiás","-"]
["2018-06-01","EMULSÃO ASFÁLTICA DE RUPTURA LENTA CATIÔNICA PARA SERVIÇO DE LAMA ASFÁLTICA","Paraná","-"]
["2018-07-01","EMULSÃO ASFÁLTICA DE RUPTURA LENTA CATIÔNICA PARA SERVIÇO DE LAMA ASFÁLTICA","Rio de Janeiro","-"]
["2018-10-01","EMULSÃO ASFÁLTICA DE RUPTURA LENTA CATIÔNICA PARA SERVIÇO DE LAMA ASFÁLTICA","Alagoas","-"]
["2018-11-01","EMULSÃO ASFÁLTICA DE RUPTURA LENTA CATIÔNICA PARA SERVIÇO DE LAMA ASFÁLTICA","Amapá","-"]
["2019-01-01","EMULSÃO ASFÁLTICA DE RUPTURA LENTA CATIÔNICA PARA SERVIÇO DE LAMA ASFÁLTICA","Santa Catarina","-"]
["2019-03-01","EMULSÃO ASFÁLTICA DE RUPTURA LENTA CATIÔNICA PARA SERVIÇO DE LAMA ASFÁLTICA","Mato Grosso do Sul","-"]
["2019-05-01","EMULSÃO ASFÁLTICA DE RUPTURA LENTA CATIÔNICA PARA SERVIÇO DE LAMA ASFÁLTICA","Espírito Santo","-"]
["2019-06-01","EMULSÃO ASFÁLTICA DE RUPTURA LENTA CATIÔNICA PARA SERVIÇO DE LAMA ASFÁLTICA","Mato Grosso","-"]
["2019-08-01","EMULSÃO ASFÁLTICA DE RUPTURA LENTA CATIÔNICA PARA SERVIÇO DE LAMA ASFÁLTICA","Piauí","-"]
["2019-10-01","EMULSÃO ASFÁLTICA DE RUPTURA LENTA CATIÔNICA PARA SERVIÇO DE LAMA ASFÁLTICA","Mato Grosso do Sul","-"]
["2019-12-01","EMULSÃO ASFÁLTICA DE RUPTURA LENTA CATIÔNICA PARA SERVIÇO DE LAMA ASFÁLTICA","Alagoas","-"]
["2020-01-01","EMULSÃO ASFÁLTICA DE RUPTURA LENTA CATIÔNICA PARA SERVIÇO DE LAMA ASFÁLTICA","Bahia","-"]
["2020-02-01","EMULSÃO ASFÁLTICA DE RUPTURA LENTA CATIÔNICA PARA SERVIÇO DE LAMA ASFÁLTICA","Espírito Santo","-"]
["2020-04-01","EMULSÃO ASFÁLTICA DE RUPTURA LENTA CATIÔNICA PARA SERVIÇO DE LAMA ASFÁLTICA","Bahia","-"]
["2020-05-01","EMULSÃO ASFÁLTICA DE RUPTURA LENTA CATIÔNICA PARA SERVIÇO DE LAMA ASFÁLTICA","Rio de Janeiro","-"]
["2020-08-01","EMULSÃO ASFÁLTICA DE RUPTURA LENTA CATIÔNICA PARA SERVIÇO DE LAMA ASFÁLTICA","Minas Gerais","-"]
["2020-09-01","EMULSÃO ASFÁLTICA DE RUPTURA LENTA CATIÔNICA PARA SERVIÇO DE LAMA ASFÁLTICA","Paraíba","-"]
["2020-11-01","EMULSÃO ASFÁLTICA DE RUPTURA LENTA CATIÔNICA PARA SERVIÇO DE LAMA ASFÁLTICA","Santa Catarina","-"]
["2020-12-01","EMULSÃO ASFÁLTICA DE RUPTURA LENTA CATIÔNICA PARA SERVIÇO DE LAMA ASFÁLTICA","Minas Gerais","-"]
["2021-03-01","EMULSÃO ASFÁLTICA DE RUPTURA LENTA CATIÔNICA PARA SERVIÇO DE LAMA ASFÁLTICA","Distrito Federal","-"]
["2021-04-01","EMULSÃO ASFÁLTICA DE RUPTURA LENTA CATIÔNICA PARA SERVIÇO DE LAMA ASFÁLTICA","Paraíba","-"]
["2021-06-01","EMULSÃO ASFÁLTICA DE RUPTURA LENTA CATIÔNICA PARA SERVIÇO DE LAMA ASFÁLTICA","Piauí","-"]
["2021-07-01","EMULSÃO ASFÁLTICA DE RUPTURA LENTA CATIÔNICA PARA SERVIÇO DE LAMA ASFÁLTICA","Rio Grande do Sul","-"]
["2021-08-01","EMULSÃO ASFÁLTICA DE RUPTURA LENTA CATIÔNICA PARA SERVIÇO DE LAMA ASFÁLTICA","Piauí","-"]
["2021-11-01","EMULSÃO ASFÁLTICA DE RUPTURA LENTA CATIÔNICA PARA SERVIÇO DE LAMA ASFÁLTICA","Bahia","-"]
["2021-12-01","EMULSÃO ASFÁLTICA DE RUPTURA LENTA CATIÔNICA PARA SERVIÇO DE LAMA ASFÁLTICA","Espírito Santo","-"]
["2022-02-01","EMULSÃO ASFÁLTICA DE RUPTURA LENTA CATIÔNICA PARA SERVIÇO DE LAMA ASFÁLTICA","Paraíba","-"]
["2022-03-01","EMULSÃO ASFÁLTICA DE RUPTURA LENTA CATIÔNICA PARA SERVIÇO DE LAMA ASFÁLTICA","Piauí","-"]
["2022-06-01","EMULSÃO ASFÁLTICA DE RUPTURA LENTA CATIÔNICA PARA SERVIÇO DE LAMA ASFÁLTICA","Minas Gerais","-"]
["2022-07-01","EMULSÃO ASFÁLTICA DE RUPTURA LENTA CATIÔNICA PARA SERVIÇO DE LAMA ASFÁLTICA","Alagoas","-"]
["2022-09-01","EMULSÃO ASFÁLTICA DE RUPTURA LENTA CATIÔNICA PARA SERVIÇO DE LAMA ASFÁLTICA","Roraima","-"]
["2022-11-01","EMULSÃO ASFÁLTICA DE RUPTURA LENTA CATIÔNICA PARA SERVIÇO DE LAMA ASFÁLTICA","Amapá","-"]
["2023-01-01","EMULSÃO ASFÁLTICA DE RUPTURA LENTA CATIÔNICA PARA SERVIÇO DE LAMA ASFÁLTICA","Distrito Federal","-"]
["2023-02-01","EMULSÃO ASFÁLTICA DE RUPTURA LENTA CATIÔNICA PARA SERVIÇO DE LAMA ASFÁLTICA","Maranhão","-"]
["2023-04-01","EMULSÃO ASFÁLTICA DE RUPTURA LENTA CATIÔNICA PARA SERVIÇO DE LAMA ASFÁLTICA","Minas Gerais","-"]
["2023-05-01","EMULSÃO ASFÁLTICA DE RUPTURA LENTA CATIÔNICA PARA SERVIÇO DE LAMA ASFÁLTICA","Rio Grande do Sul","-"]
["2023-06-01","EMULSÃO ASFÁLTICA DE RUPTURA LENTA CATIÔNICA PARA SERVIÇO DE LAMA ASFÁLTICA","Maranhão","-"]
["2023-09-01","EMULSÃO ASFÁLTICA DE RUPTURA LENTA CATIÔNICA PARA SERVIÇO DE LAMA ASFÁLTICA","Amazonas","-"]
["2023-09-01","EMULSÃO ASFÁLTICA DE RUPTURA LENTA CATIÔNICA PARA SERVIÇO DE LAMA ASFÁLTICA","Rio Grande do Sul","-"]
["2015-10-01","EMULSÃO ASFÁLTICA DE RUPTURA LENTA DE CARGA NEUTRA PARA SERVIÇO DE LAMA ASFÁLTICA","Paraíba","-"]
["2015-11-01","EMULSÃO ASFÁLTICA DE RUPTURA LENTA DE CARGA NEUTRA PARA SERVIÇO DE LAMA ASFÁLTICA","Piauí","-"]
["2015-12-01","EMULSÃO ASFÁLTICA DE RUPTURA LENTA DE CARGA NEUTRA PARA SERVIÇO DE LAMA ASFÁLTICA","Rio Grande do Sul","-"]
["2016-03-01","EMULSÃO ASFÁLTICA DE RUPTURA LENTA DE CARGA NEUTRA PARA SERVIÇO DE LAMA ASFÁLTICA","Ceará","-"]
["2016-04-01","EMULSÃO ASFÁLTICA DE RUPTURA LENTA DE CARGA NEUTRA PARA SERVIÇO DE LAMA ASFÁLTICA","Bahia","-"]
["2016-06-01","EMULSÃO ASFÁLTICA DE RUPTURA LENTA DE CARGA NEUTRA PARA SERVIÇO DE LAMA ASFÁLTICA","Mato Grosso do Sul","-"]
["2016-08-01","EMULSÃO ASFÁLTICA DE RUPTURA LENTA DE CARGA NEUTRA PARA SERVIÇO DE LAMA ASFÁLTICA","Paraná","-"]
["2016-10-01","EMULSÃO ASFÁLTICA DE RUPTURA LENTA DE CARGA NEUTRA PARA SERVIÇO DE LAMA ASFÁLTICA","Maranhão","-"]
["2016-10-01","EMULSÃO ASFÁLTICA DE RUPTURA LENTA DE CARGA NEUTRA PARA SERVIÇO DE LAMA ASFÁLTICA","Sergipe","-"]
["2017-01-01","EMULSÃO ASFÁLTICA DE RUPTURA LENTA DE CARGA NEUTRA PARA SERVIÇO DE LAMA ASFÁLTICA","Rio Grande do Norte","-"]
["2017-03-01","EMULSÃO ASFÁLTICA DE RUPTURA LENTA DE CARGA NEUTRA PARA SERVIÇO DE LAMA ASFÁLTICA","Paraná","-"]
["2017-05-01","EMULSÃO ASFÁLTICA DE RUPTURA LENTA DE CARGA NEUTRA PARA SERVIÇO DE LAMA ASFÁLTICA","Amazonas","-"]
["2017-06-01","EMULSÃO ASFÁLTICA DE RUPTURA LENTA DE CARGA NEUTRA PARA SERVIÇO DE LAMA ASFÁLTICA","Distrito Federal","-"]
["2017-07-01","EMULSÃO ASFÁLTICA DE RUPTURA LENTA DE CARGA NEUTRA PARA SERVIÇO DE LAMA ASFÁLTICA","Rio de Janeiro","-"]
["2017-09-01","EMULSÃO ASFÁLTICA DE RUPTURA LENTA DE CARGA NEUTRA PARA SERVIÇO DE LAMA ASFÁLTICA","Piauí","-"]
["2017-10-01","EMULSÃO ASFÁLTICA DE RUPTURA LENTA DE CARGA NEUTRA PARA SERVIÇO DE LAMA ASFÁLTICA","Rio Grande do Sul","-"]
["2018-01-01","EMULSÃO ASFÁLTICA DE RUPTURA LENTA DE CARGA NEUTRA PARA SERVIÇO DE LAMA ASFÁLTICA","Acre","-"]
["2018-02-01","EMULSÃO ASFÁLTICA DE RUPTURA LENTA DE CARGA NEUTRA PARA SERVIÇO DE LAMA ASFÁLTICA","Rio de Janeiro","-"]
["2018-04-01","EMULSÃO ASFÁLTICA DE RUPTURA LENTA DE CARGA NEUTRA PARA SERVIÇO DE LAMA ASFÁLTICA","Mato Grosso do Sul","-"]
["2018-05-01","EMULSÃO ASFÁLTICA DE RUPTURA LENTA DE CARGA NEUTRA PARA SERVIÇO DE LAMA ASFÁLTICA","Paraíba","-"]
["2018-08-01","EMULSÃO ASFÁLTICA DE RUPTURA LENTA DE CARGA NEUTRA PARA SERVIÇO DE LAMA ASFÁLTICA","Goiás","-"]
["2018-10-01","EMULSÃO ASFÁLTICA DE RUPTURA LENTA DE CARGA NEUTRA PARA SERVIÇO DE LAMA ASFÁLTICA","Amazonas","-"]
["2018-11-01","EMULSÃO ASFÁLTICA DE RUPTURA LENTA DE CARGA NEUTRA PARA SERVIÇO DE LAMA ASFÁLTICA","Rio Grande do Norte","-"]
["2018-12-01","EMULSÃO ASFÁLTICA DE RUPTURA LENTA DE CARGA NEUTRA PARA SERVIÇO DE LAMA ASFÁLTICA","Roraima","-"]
["2019-01-01","EMULSÃO ASFÁLTICA DE RUPTURA LENTA DE CARGA NEUTRA PARA SERVIÇO DE LAMA ASFÁLTICA","Rondônia","-"]
["2019-04-01","EMULSÃO ASFÁLTICA DE RUPTURA LENTA DE CARGA NEUTRA PARA SERVIÇO DE LAMA ASFÁLTICA","Distrito Federal","-"]
["2019-06-01","EMULSÃO ASFÁLTICA DE RUPTURA LENTA DE CARGA NEUTRA PARA SERVIÇO DE LAMA ASFÁLTICA","Pará","-"]
["2019-07-01","EMULSÃO ASFÁLTICA DE RUPTURA LENTA DE CARGA NEUTRA PARA SERVIÇO DE LAMA ASFÁLTICA","Pernambuco","-"]
["2019-08-01","EMULSÃO ASFÁLTICA DE RUPTURA LENTA DE CARGA NEUTRA PARA SERVIÇO DE LAMA ASFÁLTICA","Rondônia","-"]
["2019-11-01","EMULSÃO ASFÁLTICA DE RUPTURA LENTA DE CARGA NEUTRA PARA SERVIÇO DE LAMA ASFÁLTICA","Acre","-"]
["2019-12-01","EMULSÃO ASFÁLTICA DE RUPTURA LENTA DE CARGA NEUTRA PARA SERVIÇO DE LAMA ASFÁLTICA","Amazonas","-"]
["2020-02-01","EMULSÃO ASFÁLTICA DE RUPTURA LENTA DE CARGA NEUTRA PARA SERVIÇO DE LAMA ASFÁLTICA","Mato Grosso","-"]
["2020-04-01","EMULSÃO ASFÁLTICA DE RUPTURA LENTA DE CARGA NEUTRA PARA SERVIÇO DE LAMA ASFÁLTICA","Distrito Federal","-"]
["2020-06-01","EMULSÃO ASFÁLTICA DE RUPTURA LENTA DE CARGA NEUTRA PARA SERVIÇO DE LAMA ASFÁLTICA","Goiás","-"]
["2020-06-01","EMULSÃO ASFÁLTICA DE RUPTURA LENTA DE CARGA NEUTRA PARA SERVIÇO DE LAMA ASFÁLTICA","São Paulo","-"]
["2020-09-01","EMULSÃO ASFÁLTICA DE RUPTURA LENTA DE CARGA NEUTRA PARA SERVIÇO DE LAMA ASFÁLTICA","Pernambuco","-"]
["2020-10-01","EMULSÃO ASFÁLTICA DE RUPTURA LENTA DE CARGA NEUTRA PARA SERVIÇO DE LAMA ASFÁLTICA","Roraima","-"]
["2020-11-01","EMULSÃO ASFÁLTICA DE RUPTURA LENTA DE CARGA NEUTRA PARA SERVIÇO DE LAMA ASFÁLTICA","Mato Grosso do Sul","-"]
["2021-02-01","EMULSÃO ASFÁLTICA DE RUPTURA LENTA DE CARGA NEUTRA PARA SERVIÇO DE LAMA ASFÁLTICA","Ceará","-"]
["2021-03-01","EMULSÃO ASFÁLTICA DE RUPTURA LENTA DE CARGA NEUTRA PARA SERVIÇO DE LAMA ASFÁLTICA","Maranhão","-"]
["2021-05-01","EMULSÃO ASFÁLTICA DE RUPTURA LENTA DE CARGA NEUTRA PARA SERVIÇO DE LAMA ASFÁLTICA","Pernambuco","-"]
["2021-06-01","EMULSÃO ASFÁLTICA DE RUPTURA LENTA DE CARGA NEUTRA PARA SERVIÇO DE LAMA ASFÁLTICA","Rio Grande do Norte","-"]
["2021-08-01","EMULSÃO ASFÁLTICA DE RUPTURA LENTA DE CARGA NEUTRA PARA SERVIÇO DE LAMA ASFÁLTICA","Rio Grande do Norte","-"]
["2021-10-01","EMULSÃO ASFÁLTICA DE RUPTURA LENTA DE CARGA NEUTRA PARA SERVIÇO DE LAMA ASFÁLTICA","Amazonas","-"]
["2021-11-01","EMULSÃO ASFÁLTICA DE RUPTURA LENTA DE CARGA NEUTRA PARA SERVIÇO DE LAMA ASFÁLTICA","Distrito Federal","-"]
["2022-01-01","EMULSÃO ASFÁLTICA DE RUPTURA LENTA DE CARGA NEUTRA PARA SERVIÇO DE LAMA ASFÁLTICA","Pará","-"]
["2022-03-01","EMULSÃO ASFÁLTICA DE RUPTURA LENTA DE CARGA NEUTRA PARA SERVIÇO DE LAMA ASFÁLTICA","Rio Grande do Norte","-"]
["2022-04-01","EMULSÃO ASFÁLTICA DE RUPTURA LENTA DE CARGA NEUTRA PARA SERVIÇO DE LAMA ASFÁLTICA","São Paulo","-"]
["2022-06-01","EMULSÃO ASFÁLTICA DE RUPTURA LENTA DE CARGA NEUTRA PARA SERVIÇO DE LAMA ASFÁLTICA","Acre","-"]
["2022-08-01","EMULSÃO ASFÁLTICA DE RUPTURA LENTA DE CARGA NEUTRA PARA SERVIÇO DE LAMA ASFÁLTICA","Rondônia","-"]
["2022-09-01","EMULSÃO ASFÁLTICA DE RUPTURA LENTA DE CARGA NEUTRA PARA SERVIÇO DE LAMA ASFÁLTICA","Minas Gerais","-"]
["2022-12-01","EMULSÃO ASFÁLTICA DE RUPTURA LENTA DE CARGA NEUTRA PARA SERVIÇO DE LAMA ASFÁLTICA","Ceará","-"]
["2022-12-01","EMULSÃO ASFÁLTICA DE RUPTURA LENTA DE CARGA NEUTRA PARA SERVIÇO DE LAMA ASFÁLTICA","Rondônia","-"]
["2023-02-01","EMULSÃO ASFÁLTICA DE RUPTURA LENTA DE CARGA NEUTRA PARA SERVIÇO DE LAMA ASFÁLTICA","Roraima","-"]
["2023-04-01","EMULSÃO ASFÁLTICA DE RUPTURA LENTA DE CARGA NEUTRA PARA SERVIÇO DE LAMA ASFÁLTICA","Rio Grande do Norte","-"]
["2023-06-01","EMULSÃO ASFÁLTICA DE RUPTURA LENTA DE CARGA NEUTRA PARA SERVIÇO DE LAMA ASFÁLTICA","Tocantins","-"]
["2023-08-01","EMULSÃO ASFÁLTICA DE RUPTURA LENTA DE CARGA NEUTRA PARA SERVIÇO DE LAMA ASFÁLTICA","Amapá","-"]
["2023-09-01","EMULSÃO ASFÁLTICA DE RUPTURA LENTA DE CARGA NEUTRA PARA SERVIÇO DE LAMA ASFÁLTICA","Roraima","-"]
["2015-09-01","EMULSÃO ASFÁLTICA PARA SERVIÇO DE IMPRIMAÇÃO","Pará","-"]
["2015-10-01","EMULSÃO ASFÁLTICA PARA SERVIÇO DE IMPRIMAÇÃO","Pernambuco","-"]
["2016-01-01","EMULSÃO ASFÁLTICA PARA SERVIÇO DE IMPRIMAÇÃO","Piauí","-"]
["2016-02-01","EMULSÃO ASFÁLTICA PARA SERVIÇO DE IMPRIMAÇÃO","Acre","-"]
["2016-04-01","EMULSÃO ASFÁLTICA PARA SERVIÇO DE IMPRIMAÇÃO","Rondônia","-"]
["2016-05-01","EMULSÃO ASFÁLTICA PARA SERVIÇO DE IMPRIMAÇÃO","Mato Grosso","-"]
["2016-06-01","EMULSÃO ASFÁLTICA PARA SERVIÇO DE IMPRIMAÇÃO","Sergipe","-"]
["2016-09-01","EMULSÃO ASFÁLTICA PARA SERVIÇO DE IMPRIMAÇÃO","Goiás","-"]
["2016-11-01","EMULSÃO ASFÁLTICA PARA SERVIÇO DE IMPRIMAÇÃO","Paraná",1.62619]
["2016-12-01","EMULSÃO ASFÁLTICA PARA SERVIÇO DE IMPRIMAÇÃO","Rio de Janeiro","-"]
["2017-02-01","EMULSÃO ASFÁLTICA PARA SERVIÇO DE IMPRIMAÇÃO","Mato Grosso","-"]
["2017-04-01","EMULSÃO ASFÁLTICA PARA SERVIÇO DE IMPRIMAÇÃO","Amapá","-"]
["2017-05-01","EMULSÃO ASFÁLTICA PARA SERVIÇO DE IMPRIMAÇÃO","Ceará","-"]
["2017-07-01","EMULSÃO ASFÁLTICA PARA SERVIÇO DE IMPRIMAÇÃO","Rio Grande do Sul","-"]
["2017-08-01","EMULSÃO ASFÁLTICA PARA SERVIÇO DE IMPRIMAÇÃO","Pernambuco","-"]
["2017-10-01","EMULSÃO ASFÁLTICA PARA SERVIÇO DE IMPRIMAÇÃO","Santa Catarina","-"]
["2017-11-01","EMULSÃO ASFÁLTICA PARA SERVIÇO DE IMPRIMAÇÃO","Tocantins","-"]
["2018-02-01","EMULSÃO ASFÁLTICA PARA SERVIÇO DE IMPRIMAÇÃO","Rio Grande do Sul","-"]
["2018-03-01","EMULSÃO ASFÁLTICA PARA SERVIÇO DE IMPRIMAÇÃO","Mato Grosso","-"]
["2018-04-01","EMULSÃO ASFÁLTICA PARA SERVIÇO DE IMPRIMAÇÃO","Pará","-"]
["2018-07-01","EMULSÃO ASFÁLTICA PARA SERVIÇO DE IMPRIMAÇÃO","Espírito Santo","-"]
["2018-08-01","EMULSÃO ASFÁLTICA PARA SERVIÇO DE IMPRIMAÇÃO","Pará","-"]
["2018-10-01","EMULSÃO ASFÁLTICA PARA SERVIÇO DE IMPRIMAÇÃO","Rio de Janeiro","-"]
["2018-11-01","EMULSÃO ASFÁLTICA PARA SERVIÇO DE IMPRIMAÇÃO","Espírito Santo","-"]
["2019-01-01","EMULSÃO ASFÁLTICA PARA SERVIÇO DE IMPRIMAÇÃO","Santa Catarina","-"]
["2019-03-01","EMULSÃO ASFÁLTICA PARA SERVIÇO DE IMPRIMAÇÃO","Ceará","-"]
["2019-05-01","EMULSÃO ASFÁLTICA PARA SERVIÇO DE IMPRIMAÇÃO","Minas Gerais","-"]
["2019-06-01","EMULSÃO ASFÁLTICA PARA SERVIÇO DE IMPRIMAÇÃO","Paraná",2.2825500000000001]
["2019-07-01","EMULSÃO ASFÁLTICA PARA SERVIÇO DE IMPRIMAÇÃO","Pernambuco","-"]
["2019-09-01","EMULSÃO ASFÁLTICA PARA SERVIÇO DE IMPRIMAÇÃO","Tocantins","-"]
["2019-11-01","EMULSÃO ASFÁLTICA PARA SERVIÇO DE IMPRIMAÇÃO","Amapá","-"]
["2019-12-01","EMULSÃO ASFÁLTICA PARA SERVIÇO DE IMPRIMAÇÃO","Tocantins","-"]
["2020-02-01","EMULSÃO ASFÁLTICA PARA SERVIÇO DE IMPRIMAÇÃO","Pará","-"]
["2020-05-01","EMULSÃO ASFÁLTICA PARA SERVIÇO DE IMPRIMAÇÃO","Espírito Santo","-"]
["2020-05-01","EMULSÃO ASFÁLTICA PARA SERVIÇO DE IMPRIMAÇÃO","Santa Catarina","-"]
["2020-07-01","EMULSÃO ASFÁLTICA PARA SERVIÇO DE IMPRIMAÇÃO","Tocantins","-"]
["2020-09-01","EMULSÃO ASFÁLTICA PARA SERVIÇO DE IMPRIMAÇÃO","Espírito Santo","-"]
["2020-12-01","EMULSÃO ASFÁLTICA PARA SERVIÇO DE IMPRIMAÇÃO","Alagoas","-"]
["2021-01-01","EMULSÃO ASFÁLTICA PARA SERVIÇO DE IMPRIMAÇÃO","Bahia","-"]
["2021-03-01","EMULSÃO ASFÁLTICA PARA SERVIÇO DE IMPRIMAÇÃO","Mato Grosso do Sul","-"]
["2021-04-01","EMULSÃO ASFÁLTICA PARA SERVIÇO DE IMPRIMAÇÃO","Paraná",2.3483200000000002]
["2021-05-01","EMULSÃO ASFÁLTICA PARA SERVIÇO DE IMPRIMAÇÃO","Rio de Janeiro","-"]
["2021-07-01","EMULSÃO ASFÁLTICA PARA SERVIÇO DE IMPRIMAÇÃO","Amapá","-"]
["2021-09-01","EMULSÃO ASFÁLTICA PARA SERVIÇO DE IMPRIMAÇÃO","Amapá","-"]
["2021-11-01","EMULSÃO ASFÁLTICA PARA SERVIÇO DE IMPRIMAÇÃO","Maranhão","-"]
["2021-12-01","EMULSÃO ASFÁLTICA PARA SERVIÇO DE IMPRIMAÇÃO","Minas Gerais",2.64567]
["2022-02-01","EMULSÃO ASFÁLTICA PARA SERVIÇO DE IMPRIMAÇÃO","Amapá","-"]
["2022-03-01","EMULSÃO ASFÁLTICA PARA SERVIÇO DE IMPRIMAÇÃO","Santa Catarina","-"]
["2022-06-01","EMULSÃO ASFÁLTICA PARA SERVIÇO DE IMPRIMAÇÃO","Piauí","-"]
["2022-07-01","EMULSÃO ASFÁLTICA PARA SERVIÇO DE IMPRIMAÇÃO","São Paulo",3.20682]
["2022-10-01","EMULSÃO ASFÁLTICA PARA SERVIÇO DE IMPRIMAÇÃO","Alagoas","-"]
["2022-11-01","EMULSÃO ASFÁLTICA PARA SERVIÇO DE IMPRIMAÇÃO","Bahia","-"]
["2023-01-01","EMULSÃO ASFÁLTICA PARA SERVIÇO DE IMPRIMAÇÃO","Mato Grosso do Sul","-"]
["2023-02-01","EMULSÃO ASFÁLTICA PARA SERVIÇO DE IMPRIMAÇÃO","São Paulo",2.87995]
["2023-03-01","EMULSÃO ASFÁLTICA PARA SERVIÇO DE IMPRIMAÇÃO","Rio de Janeiro","-"]
["2023-05-01","EMULSÃO ASFÁLTICA PARA SERVIÇO DE IMPRIMAÇÃO","Sergipe","-"]
["2023-07-01","EMULSÃO ASFÁLTICA PARA SERVIÇO DE IMPRIMAÇÃO","Alagoas","-"]
["2023-08-01","EMULSÃO ASFÁLTICA PARA SERVIÇO DE IMPRIMAÇÃO","Piauí","-"]
["2023-10-01","EMULSÃO ASFÁLTICA PARA SERVIÇO DE IMPRIMAÇÃO","Minas Gerais",2.2194400000000001]
["2013-01-01","EMULSÕES ASF. MOD. POR POLÍMEROS RC1C-E","Paraná",1.19364]
["2013-04-01","EMULSÕES ASF. MOD. POR POLÍMEROS RC1C-E","Acre","-"]
["2013-04-01","EMULSÕES ASF. MOD. POR POLÍMEROS RC1C-E","Tocantins","-"]
["2013-07-01","EMULSÕES ASF. MOD. POR POLÍMEROS RC1C-E","Rio Grande do Sul","-"]
["2013-08-01","EMULSÕES ASF. MOD. POR POLÍMEROS RC1C-E","Maranhão","-"]
["2013-11-01","EMULSÕES ASF. MOD. POR POLÍMEROS RC1C-E","Acre","-"]
["2013-11-01","EMULSÕES ASF. MOD. POR POLÍMEROS RC1C-E","Rio Grande do Sul","-"]
["2014-02-01","EMULSÕES ASF. MOD. POR POLÍMEROS RC1C-E","Paraíba","-"]
["2014-03-01","EMULSÕES ASF. MOD. POR POLÍMEROS RC1C-E","Piauí","-"]
["2014-04-01","EMULSÕES ASF. MOD. POR POLÍMEROS RC1C-E","Rio Grande do Sul","-"]
["2014-07-01","EMULSÕES ASF. MOD. POR POLÍMEROS RC1C-E","Alagoas","-"]
["2014-09-01","EMULSÕES ASF. MOD. POR POLÍMEROS RC1C-E","Goiás","-"]
["2014-10-01","EMULSÕES ASF. MOD. POR POLÍMEROS RC1C-E","Amazonas","-"]
["2014-11-01","EMULSÕES ASF. MOD. POR POLÍMEROS RC1C-E","Paraná",1.3575600000000001]
["2015-01-01","EMULSÕES ASF. MOD. POR POLÍMEROS RC1C-E","Roraima","-"]
["2015-02-01","EMULSÕES ASF. MOD. POR POLÍMEROS RC1C-E","Sergipe","-"]
["2015-05-01","EMULSÕES ASF. MOD. POR POLÍMEROS RC1C-E","Amazonas","-"]
["2015-06-01","EMULSÕES ASF. MOD. POR POLÍMEROS RC1C-E","Maranhão","-"]
["2015-09-01","EMULSÕES ASF. MOD. POR POLÍMEROS RC1C-E","Amazonas","-"]
["2015-10-01","EMULSÕES ASF. MOD. POR POLÍMEROS RC1C-E","Sergipe","-"]
["2015-12-01","EMULSÕES ASF. MOD. POR POLÍMEROS RC1C-E","Paraíba","-"]
["2016-01-01","EMULSÕES ASF. MOD. POR POLÍMEROS RC1C-E","Piauí","-"]
["2016-03-01","EMULSÕES ASF. MOD. POR POLÍMEROS RC1C-E","São Paulo","-"]
["2016-04-01","EMULSÕES ASF. MOD. POR POLÍMEROS RC1C-E","Distrito Federal","-"]
["2016-07-01","EMULSÕES ASF. MOD. POR POLÍMEROS RC1C-E","Goiás","-"]
["2016-08-01","EMULSÕES ASF. MOD. POR POLÍMEROS RC1C-E","Mato Grosso do Sul","-"]
["2016-09-01","EMULSÕES ASF. MOD. POR POLÍMEROS RC1C-E","Paraíba","-"]
["2016-11-01","EMULSÕES ASF. MOD. POR POLÍMEROS RC1C-E","Rio de Janeiro","-"]
["2016-12-01","EMULSÕES ASF. MOD. POR POLÍMEROS RC1C-E","Sergipe","-"]
["2017-03-01","EMULSÕES ASF. MOD. POR POLÍMEROS RC1C-E","Rio Grande do Norte","-"]
["2017-05-01","EMULSÕES ASF. MOD. POR POLÍMEROS RC1C-E","Alagoas","-"]
["2017-07-01","EMULSÕES ASF. MOD. POR POLÍMEROS RC1C-E","Amazonas","-"]
["2017-07-01","EMULSÕES ASF. MOD. POR POLÍMEROS RC1C-E","Rio Grande do Norte","-"]
["2017-10-01","EMULSÕES ASF. MOD. POR POLÍMEROS RC1C-E","Pará","-"]
["2017-12-01","EMULSÕES ASF. MOD. POR POLÍMEROS RC1C-E","Alagoas","-"]
["2018-01-01","EMULSÕES ASF. MOD. POR POLÍMEROS RC1C-E","São Paulo",1.58521]
["2018-03-01","EMULSÕES ASF. MOD. POR POLÍMEROS RC1C-E","Acre","-"]
["2018-03-01","EMULSÕES ASF. MOD. POR POLÍMEROS RC1C-E","Rio Grande do Norte","-"]
["2018-06-01","EMULSÕES ASF. MOD. POR POLÍMEROS RC1C-E","Mato Grosso do Sul","-"]
["2018-07-01","EMULSÕES ASF. MOD. POR POLÍMEROS RC1C-E","Paraíba","-"]
["2018-09-01","EMULSÕES ASF. MOD. POR POLÍMEROS RC1C-E","Rondônia","-"]
["2018-11-01","EMULSÕES ASF. MOD. POR POLÍMEROS RC1C-E","Bahia","-"]
["2018-12-01","EMULSÕES ASF. MOD. POR POLÍMEROS RC1C-E","Alagoas","-"]
["2019-02-01","EMULSÕES ASF. MOD. POR POLÍMEROS RC1C-E","Goiás","-"]
["2019-03-01","EMULSÕES ASF. MOD. POR POLÍMEROS RC1C-E","Mato Grosso do Sul","-"]
["2019-06-01","EMULSÕES ASF. MOD. POR POLÍMEROS RC1C-E","Pernambuco","-"]
["2019-06-01","EMULSÕES ASF. MOD. POR POLÍMEROS RC1C-E","Roraima","-"]
["2019-09-01","EMULSÕES ASF. MOD. POR POLÍMEROS RC1C-E","Pernambuco","-"]
["2019-10-01","EMULSÕES ASF. MOD. POR POLÍMEROS RC1C-E","Espírito Santo","-"]
["2020-01-01","EMULSÕES ASF. MOD. POR POLÍMEROS RC1C-E","Acre","-"]
["2020-02-01","EMULSÕES ASF. MOD. POR POLÍMEROS RC1C-E","Amazonas","-"]
["2020-04-01","EMULSÕES ASF. MOD. POR POLÍMEROS RC1C-E","Mato Grosso",2.3781099999999999]
["2020-05-01","EMULSÕES ASF. MOD. POR POLÍMEROS RC1C-E","Espírito Santo","-"]
["2020-07-01","EMULSÕES ASF. MOD. POR POLÍMEROS RC1C-E","Rondônia","-"]
["2020-08-01","EMULSÕES ASF. MOD. POR POLÍMEROS RC1C-E","São Paulo",2.2670599999999999]
["2020-10-01","EMULSÕES ASF. MOD. POR POLÍMEROS RC1C-E","Acre","-"]
["2020-12-01","EMULSÕES ASF. MOD. POR POLÍMEROS RC1C-E","Rio Grande do Norte","-"]
["2021-01-01","EMULSÕES ASF. MOD. POR POLÍMEROS RC1C-E","Mato Grosso do Sul","-"]
["2021-03-01","EMULSÕES ASF. MOD. POR POLÍMEROS RC1C-E","Rio de Janeiro","-"]
["2021-06-01","EMULSÕES ASF. MOD. POR POLÍMEROS RC1C-E","Amapá","-"]
["2021-07-01","EMULSÕES ASF. MOD. POR POLÍMEROS RC1C-E","Pernambuco","-"]
["2021-08-01","EMULSÕES ASF. MOD. POR POLÍMEROS RC1C-E","Ceará",3.0582699999999998]
["2021-10-01","EMULSÕES ASF. MOD. POR POLÍMEROS RC1C-E","Tocantins","-"]
["2021-11-01","EMULSÕES ASF. MOD. POR POLÍMEROS RC1C-E","Mato Grosso","-"]
["2022-02-01","EMULSÕES ASF. MOD. POR POLÍMEROS RC1C-E","Mato Grosso","-"]
["2022-03-01","EMULSÕES ASF. MOD. POR POLÍMEROS RC1C-E","Pará","-"]
["2022-05-01","EMULSÕES ASF. MOD. POR POLÍMEROS RC1C-E","Ceará",4.0813699999999997]
["2022-06-01","EMULSÕES ASF. MOD. POR POLÍMEROS RC1C-E","São Paulo",3.79921]
["2022-08-01","EMULSÕES ASF. MOD. POR POLÍMEROS RC1C-E","Acre","-"]
["2022-10-01","EMULSÕES ASF. MOD. POR POLÍMEROS RC1C-E","Espírito Santo","-"]
["2022-12-01","EMULSÕES ASF. MOD. POR POLÍMEROS RC1C-E","Ceará",4.0021800000000001]
["2023-02-01","EMULSÕES ASF. MOD. POR POLÍMEROS RC1C-E","Ceará",3.3001299999999998]
["2023-02-01","EMULSÕES ASF. MOD. POR POLÍMEROS RC1C-E","Rondônia","-"]
["2023-05-01","EMULSÕES ASF. MOD. POR POLÍMEROS RC1C-E","Paraná",3.11382]
["2023-05-01","EMULSÕES ASF. MOD. POR POLÍMEROS RC1C-E","Sergipe","-"]
["2023-08-01","EMULSÕES ASF. MOD. POR POLÍMEROS RC1C-E","Tocantins","-"]
["2023-10-01","EMULSÕES ASF. MOD. POR POLÍMEROS RC1C-E","Amapá","-"]
["2013-01-01","EMULSÕES ASF. MOD. POR POLÍMEROS RL1C-E","Goiás","-"]
["2013-03-01","EMULSÕES ASF. MOD. POR POLÍMEROS RL1C-E","Pará","-"]
["2013-04-01","EMULSÕES ASF. MOD. POR POLÍMEROS RL1C-E","Amapá","-"]
["2013-06-01","EMULSÕES ASF. MOD. POR POLÍMEROS RL1C-E","Santa Catarina","-"]
["2013-08-01","EMULSÕES ASF. MOD. POR POLÍMEROS RL1C-E","Goiás",1.2415499999999999]
["2013-10-01","EMULSÕES ASF. MOD. POR POLÍMEROS RL1C-E","Espírito Santo","-"]
["2013-11-01","EMULSÕES ASF. MOD. POR POLÍMEROS RL1C-E","Mato Grosso","-"]
["2014-01-01","EMULSÕES ASF. MOD. POR POLÍMEROS RL1C-E","Rio de Janeiro","-"]
["2014-02-01","EMULSÕES ASF. MOD. POR POLÍMEROS RL1C-E","Rondônia","-"]
["2014-03-01","EMULSÕES ASF. MOD. POR POLÍMEROS RL1C-E","São Paulo","-"]
["2014-06-01","EMULSÕES ASF. MOD. POR POLÍMEROS RL1C-E","Bahia","-"]
["2014-07-01","EMULSÕES ASF. MOD. POR POLÍMEROS RL1C-E","Mato Grosso do Sul","-"]
["2014-10-01","EMULSÕES ASF. MOD. POR POLÍMEROS RL1C-E","Amapá","-"]
["2014-10-01","EMULSÕES ASF. MOD. POR POLÍMEROS RL1C-E","Rio de Janeiro","-"]
["2015-01-01","EMULSÕES ASF. MOD. POR POLÍMEROS RL1C-E","Minas Gerais","-"]
["2015-02-01","EMULSÕES ASF. MOD. POR POLÍMEROS RL1C-E","Mato Grosso do Sul","-"]
["2015-04-01","EMULSÕES ASF. MOD. POR POLÍMEROS RL1C-E","Santa Catarina","-"]
["2015-05-01","EMULSÕES ASF. MOD. POR POLÍMEROS RL1C-E","Tocantins","-"]
["2015-08-01","EMULSÕES ASF. MOD. POR POLÍMEROS RL1C-E","Distrito Federal","-"]
["2015-09-01","EMULSÕES ASF. MOD. POR POLÍMEROS RL1C-E","Mato Grosso","-"]
["2015-10-01","EMULSÕES ASF. MOD. POR POLÍMEROS RL1C-E","Pará","-"]
["2015-12-01","EMULSÕES ASF. MOD. POR POLÍMEROS RL1C-E","Rio Grande do Sul","-"]
["2016-03-01","EMULSÕES ASF. MOD. POR POLÍMEROS RL1C-E","Distrito Federal","-"]
["2016-04-01","EMULSÕES ASF. MOD. POR POLÍMEROS RL1C-E","Bahia","-"]
["2016-05-01","EMULSÕES ASF. MOD. POR POLÍMEROS RL1C-E","Espírito Santo","-"]
["2016-08-01","EMULSÕES ASF. MOD. POR POLÍMEROS RL1C-E","Alagoas","-"]
["2016-08-01","EMULSÕES ASF. MOD. POR POLÍMEROS RL1C-E","Tocantins","-"]
["2016-11-01","EMULSÕES ASF. MOD. POR POLÍMEROS RL1C-E","Minas Gerais","-"]
["2016-12-01","EMULSÕES ASF. MOD. POR POLÍMEROS RL1C-E","Paraná","-"]
["2017-02-01","EMULSÕES ASF. MOD. POR POLÍMEROS RL1C-E","Maranhão","-"]
["2017-03-01","EMULSÕES ASF. MOD. POR POLÍMEROS RL1C-E","Tocantins","-"]
["2017-06-01","EMULSÕES ASF. MOD. POR POLÍMEROS RL1C-E","Distrito Federal","-"]
["2017-07-01","EMULSÕES ASF. MOD. POR POLÍMEROS RL1C-E","Maranhão","-"]
["2017-09-01","EMULSÕES ASF. MOD. POR POLÍMEROS RL1C-E","Maranhão","-"]
["2017-10-01","EMULSÕES ASF. MOD. POR POLÍMEROS RL1C-E","Rio Grande do Sul","-"]
["2017-11-01","EMULSÕES ASF. MOD. POR POLÍMEROS RL1C-E","Santa Catarina","-"]
["2018-01-01","EMULSÕES ASF. MOD. POR POLÍMEROS RL1C-E","Minas Gerais","-"]
["2018-03-01","EMULSÕES ASF. MOD. POR POLÍMEROS RL1C-E","Espírito Santo","-"]
["2018-06-01","EMULSÕES ASF. MOD. POR POLÍMEROS RL1C-E","Alagoas","-"]
["2018-06-01","EMULSÕES ASF. MOD. POR POLÍMEROS RL1C-E","Piauí","-"]
["2018-08-01","EMULSÕES ASF. MOD. POR POLÍMEROS RL1C-E","Minas Gerais","-"]
["2018-10-01","EMULSÕES ASF. MOD. POR POLÍMEROS RL1C-E","Paraná","-"]
["2018-11-01","EMULSÕES ASF. MOD. POR POLÍMEROS RL1C-E","Bahia","-"]
["2019-01-01","EMULSÕES ASF. MOD. POR POLÍMEROS RL1C-E","Sergipe","-"]
["2019-03-01","EMULSÕES ASF. MOD. POR POLÍMEROS RL1C-E","São Paulo","-"]
["2019-05-01","EMULSÕES ASF. MOD. POR POLÍMEROS RL1C-E","Maranhão","-"]
["2019-06-01","EMULSÕES ASF. MOD. POR POLÍMEROS RL1C-E","Minas Gerais","-"]
["2019-07-01","EMULSÕES ASF. MOD. POR POLÍMEROS RL1C-E","Paraná","-"]
["2019-09-01","EMULSÕES ASF. MOD. POR POLÍMEROS RL1C-E","Santa Catarina","-"]
["2019-10-01","EMULSÕES ASF. MOD. POR POLÍMEROS RL1C-E","Tocantins","-"]
["2020-01-01","EMULSÕES ASF. MOD. POR POLÍMEROS RL1C-E","Distrito Federal","-"]
["2020-02-01","EMULSÕES ASF. MOD. POR POLÍMEROS RL1C-E","Paraná","-"]
["2020-04-01","EMULSÕES ASF. MOD. POR POLÍMEROS RL1C-E","Piauí","-"]
["2020-05-01","EMULSÕES ASF. MOD. POR POLÍMEROS RL1C-E","Rio Grande do Sul","-"]
["2020-08-01","EMULSÕES ASF. MOD. POR POLÍMEROS RL1C-E","Paraíba","-"]
["2020-10-01","EMULSÕES ASF. MOD. POR POLÍMEROS RL1C-E","Acre","-"]
["2020-11-01","EMULSÕES ASF. MOD. POR POLÍMEROS RL1C-E","Sergipe","-"]
["2020-12-01","EMULSÕES ASF. MOD. POR POLÍMEROS RL1C-E","Paraíba","-"]
["2021-03-01","EMULSÕES ASF. MOD. POR POLÍMEROS RL1C-E","Mato Grosso","-"]
["2021-04-01","EMULSÕES ASF. MOD. POR POLÍMEROS RL1C-E","Minas Gerais","-"]
["2021-06-01","EMULSÕES ASF. MOD. POR POLÍMEROS RL1C-E","Rio Grande do Norte","-"]
["2021-07-01","EMULSÕES ASF. MOD. POR POLÍMEROS RL1C-E","Roraima","-"]
["2021-08-01","EMULSÕES ASF. MOD. POR POLÍMEROS RL1C-E","Rio de Janeiro","-"]
["2021-11-01","EMULSÕES ASF. MOD. POR POLÍMEROS RL1C-E","Distrito Federal","-"]
["2021-12-01","EMULSÕES ASF. MOD. POR POLÍMEROS RL1C-E","Maranhão","-"]
["2022-02-01","EMULSÕES ASF. MOD. POR POLÍMEROS RL1C-E","Pará","-"]
["2022-03-01","EMULSÕES ASF. MOD. POR POLÍMEROS RL1C-E","Rio Grande do Sul","-"]
["2022-06-01","EMULSÕES ASF. MOD. POR POLÍMEROS RL1C-E","Paraíba","-"]
["2022-07-01","EMULSÕES ASF. MOD. POR POLÍMEROS RL1C-E","Amazonas","-"]
["2022-09-01","EMULSÕES ASF. MOD. POR POLÍMEROS RL1C-E","Pará","-"]
["2022-10-01","EMULSÕES ASF. MOD. POR POLÍMEROS RL1C-E","Paraíba","-"]
["2023-01-01","EMULSÕES ASF. MOD. POR POLÍMEROS RL1C-E","Goiás","-"]
["2023-02-01","EMULSÕES ASF. MOD. POR POLÍMEROS RL1C-E","Mato Grosso do Sul","-"]
["2023-03-01","EMULSÕES ASF. MOD. POR POLÍMEROS RL1C-E","Distrito Federal","-"]
["2023-05-01","EMULSÕES ASF. MOD. POR POLÍMEROS RL1C-E","Roraima","-"]
["2023-06-01","EMULSÕES ASF. MOD. POR POLÍMEROS RL1C-E","Sergipe","-"]
["2023-08-01","EMULSÕES ASF. MOD. POR POLÍMEROS RL1C-E","Pernambuco","-"]
["2023-10-01","EMULSÕES ASF. MOD. POR POLÍMEROS RL1C-E","Maranhão","-"]
["2013-02-01","EMULSÕES ASF. MOD. POR POLÍMEROS RM1C-E","Pernambuco","-"]
["2013-03-01","EMULSÕES ASF. MOD. POR POLÍMEROS RM1C-E","Rio Grande do Norte","-"]
["2013-05-01","EMULSÕES ASF. MOD. POR POLÍMEROS RM1C-E","Pernambuco","-"]
["2013-07-01","EMULSÕES ASF. MOD. POR POLÍMEROS RM1C-E","Amazonas","-"]
["2013-08-01","EMULSÕES ASF. MOD. POR POLÍMEROS RM1C-E","Distrito Federal","-"]
["2013-10-01","EMULSÕES ASF. MOD. POR POLÍMEROS RM1C-E","Tocantins","-"]
["2013-11-01","EMULSÕES ASF. MOD. POR POLÍMEROS RM1C-E","Piauí","-"]
["2014-02-01","EMULSÕES ASF. MOD. POR POLÍMEROS RM1C-E","Mato Grosso do Sul","-"]
["2014-03-01","EMULSÕES ASF. MOD. POR POLÍMEROS RM1C-E","Acre","-"]
["2014-04-01","EMULSÕES ASF. MOD. POR POLÍMEROS RM1C-E","Rio Grande do Norte","-"]
["2014-06-01","EMULSÕES ASF. MOD. POR POLÍMEROS RM1C-E","Sergipe","-"]
["2014-09-01","EMULSÕES ASF. MOD. POR POLÍMEROS RM1C-E","Ceará","-"]
["2014-10-01","EMULSÕES ASF. MOD. POR POLÍMEROS RM1C-E","Goiás","-"]
["2014-12-01","EMULSÕES ASF. MOD. POR POLÍMEROS RM1C-E","Bahia","-"]
["2015-01-01","EMULSÕES ASF. MOD. POR POLÍMEROS RM1C-E","Rio Grande do Norte","-"]
["2015-02-01","EMULSÕES ASF. MOD. POR POLÍMEROS RM1C-E","Roraima","-"]
["2015-05-01","EMULSÕES ASF. MOD. POR POLÍMEROS RM1C-E","Paraíba","-"]
["2015-06-01","EMULSÕES ASF. MOD. POR POLÍMEROS RM1C-E","Distrito Federal","-"]
["2015-09-01","EMULSÕES ASF. MOD. POR POLÍMEROS RM1C-E","Acre","-"]
["2015-09-01","EMULSÕES ASF. MOD. POR POLÍMEROS RM1C-E","Pernambuco","-"]
["2015-12-01","EMULSÕES ASF. MOD. POR POLÍMEROS RM1C-E","Paraíba","-"]
["2016-01-01","EMULSÕES ASF. MOD. POR POLÍMEROS RM1C-E","Acre","-"]
["2016-03-01","EMULSÕES ASF. MOD. POR POLÍMEROS RM1C-E","Rondônia","-"]
["2016-04-01","EMULSÕES ASF. MOD. POR POLÍMEROS RM1C-E","São Paulo","-"]
["2016-06-01","EMULSÕES ASF. MOD. POR POLÍMEROS RM1C-E","Espírito Santo","-"]
["2016-08-01","EMULSÕES ASF. MOD. POR POLÍMEROS RM1C-E","Goiás","-"]
["2016-09-01","EMULSÕES ASF. MOD. POR POLÍMEROS RM1C-E","Mato Grosso do Sul","-"]
["2016-11-01","EMULSÕES ASF. MOD. POR POLÍMEROS RM1C-E","Piauí","-"]
["2016-12-01","EMULSÕES ASF. MOD. POR POLÍMEROS RM1C-E","Roraima","-"]
["2017-03-01","EMULSÕES ASF. MOD. POR POLÍMEROS RM1C-E","Amapá","-"]
["2017-04-01","EMULSÕES ASF. MOD. POR POLÍMEROS RM1C-E","Ceará","-"]
["2017-06-01","EMULSÕES ASF. MOD. POR POLÍMEROS RM1C-E","Piauí","-"]
["2017-07-01","EMULSÕES ASF. MOD. POR POLÍMEROS RM1C-E","Pernambuco","-"]
["2017-10-01","EMULSÕES ASF. MOD. POR POLÍMEROS RM1C-E","Mato Grosso","-"]
["2017-10-01","EMULSÕES ASF. MOD. POR POLÍMEROS RM1C-E","Rio Grande do Sul","-"]
["2018-01-01","EMULSÕES ASF. MOD. POR POLÍMEROS RM1C-E","Rondônia","-"]
["2018-02-01","EMULSÕES ASF. MOD. POR POLÍMEROS RM1C-E","São Paulo","-"]
["2018-05-01","EMULSÕES ASF. MOD. POR POLÍMEROS RM1C-E","Bahia","-"]
["2018-05-01","EMULSÕES ASF. MOD. POR POLÍMEROS RM1C-E","Rio Grande do Sul","-"]
["2018-07-01","EMULSÕES ASF. MOD. POR POLÍMEROS RM1C-E","Mato Grosso do Sul","-"]
["2018-09-01","EMULSÕES ASF. MOD. POR POLÍMEROS RM1C-E","Rio de Janeiro","-"]
["2018-10-01","EMULSÕES ASF. MOD. POR POLÍMEROS RM1C-E","Rondônia","-"]
["2019-01-01","EMULSÕES ASF. MOD. POR POLÍMEROS RM1C-E","Ceará","-"]
["2019-02-01","EMULSÕES ASF. MOD. POR POLÍMEROS RM1C-E","Ceará","-"]
["2019-03-01","EMULSÕES ASF. MOD. POR POLÍMEROS RM1C-E","Goiás","-"]
["2019-06-01","EMULSÕES ASF. MOD. POR POLÍMEROS RM1C-E","Paraná","-"]
["2019-06-01","EMULSÕES ASF. MOD. POR POLÍMEROS RM1C-E","Rio Grande do Norte","-"]
["2019-08-01","EMULSÕES ASF. MOD. POR POLÍMEROS RM1C-E","Tocantins","-"]
["2019-10-01","EMULSÕES ASF. MOD. POR POLÍMEROS RM1C-E","Amapá","-"]
["2019-11-01","EMULSÕES ASF. MOD. POR POLÍMEROS RM1C-E","Santa Catarina","-"]
["2020-01-01","EMULSÕES ASF. MOD. POR POLÍMEROS RM1C-E","Pará","-"]
["2020-04-01","EMULSÕES ASF. MOD. POR POLÍMEROS RM1C-E","Espírito Santo","-"]
["2020-05-01","EMULSÕES ASF. MOD. POR POLÍMEROS RM1C-E","Distrito Federal","-"]
["2020-07-01","EMULSÕES ASF. MOD. POR POLÍMEROS RM1C-E","Rio de Janeiro","-"]
["2020-08-01","EMULSÕES ASF. MOD. POR POLÍMEROS RM1C-E","Rondônia","-"]
["2020-11-01","EMULSÕES ASF. MOD. POR POLÍMEROS RM1C-E","Alagoas","-"]
["2020-12-01","EMULSÕES ASF. MOD. POR POLÍMEROS RM1C-E","Rio de Janeiro","-"]
["2021-01-01","EMULSÕES ASF. MOD. POR POLÍMEROS RM1C-E","Goiás","-"]
["2021-03-01","EMULSÕES ASF. MOD. POR POLÍMEROS RM1C-E","Paraná","-"]
["2021-04-01","EMULSÕES ASF. MOD. POR POLÍMEROS RM1C-E","Rio de Janeiro","-"]
["2021-07-01","EMULSÕES ASF. MOD. POR POLÍMEROS RM1C-E","Rio de Janeiro","-"]
["2021-08-01","EMULSÕES ASF. MOD. POR POLÍMEROS RM1C-E","Amapá","-"]
["2021-10-01","EMULSÕES ASF. MOD. POR POLÍMEROS RM1C-E","Santa Catarina","-"]
["2021-11-01","EMULSÕES ASF. MOD. POR POLÍMEROS RM1C-E","Rondônia","-"]
["2022-02-01","EMULSÕES ASF. MOD. POR POLÍMEROS RM1C-E","Espírito Santo","-"]
["2022-03-01","EMULSÕES ASF. MOD. POR POLÍMEROS RM1C-E","Mato Grosso","-"]
["2022-05-01","EMULSÕES ASF. MOD. POR POLÍMEROS RM1C-E","Piauí","-"]
["2022-06-01","EMULSÕES ASF. MOD. POR POLÍMEROS RM1C-E","Rondônia","-"]
["2022-09-01","EMULSÕES ASF. MOD. POR POLÍMEROS RM1C-E","Alagoas","-"]
["2022-10-01","EMULSÕES ASF. MOD. POR POLÍMEROS RM1C-E","Bahia","-"]
["2022-11-01","EMULSÕES ASF. MOD. POR POLÍMEROS RM1C-E","Espírito Santo","-"]
["2022-12-01","EMULSÕES ASF. MOD. POR POLÍMEROS RM1C-E","Paraíba","-"]
["2023-02-01","EMULSÕES ASF. MOD. POR POLÍMEROS RM1C-E","Rio de Janeiro","-"]
["2023-05-01","EMULSÕES ASF. MOD. POR POLÍMEROS RM1C-E","Minas Gerais","-"]
["2023-05-01","EMULSÕES ASF. MOD. POR POLÍMEROS RM1C-E","São Paulo","-"]
["2023-08-01","EMULSÕES ASF. MOD. POR POLÍMEROS RM1C-E","Santa Catarina","-"]
["2023-09-01","EMULSÕES ASF. MOD. POR POLÍMEROS RM1C-E","Minas Gerais","-"]
["2013-02-01","EMULSÕES ASF. MOD. POR POLÍMEROS RR1C-E","Distrito Federal","-"]
["2013-02-01","EMULSÕES ASF. MOD. POR POLÍMEROS RR1C-E","São Paulo","-"]
["2013-03-01","EMULSÕES ASF. MOD. POR POLÍMEROS RR1C-E","Tocantins","-"]
["2013-06-01","EMULSÕES ASF. MOD. POR POLÍMEROS RR1C-E","Rio Grande do Sul","-"]
["2013-08-01","EMULSÕES ASF. MOD. POR POLÍMEROS RR1C-E","Espírito Santo","-"]
["2013-10-01","EMULSÕES ASF. MOD. POR POLÍMEROS RR1C-E","Bahia","-"]
["2013-11-01","EMULSÕES ASF. MOD. POR POLÍMEROS RR1C-E","Espírito Santo","-"]
["2014-01-01","EMULSÕES ASF. MOD. POR POLÍMEROS RR1C-E","Paraíba","-"]
["2014-02-01","EMULSÕES ASF. MOD. POR POLÍMEROS RR1C-E","Acre","-"]
["2014-03-01","EMULSÕES ASF. MOD. POR POLÍMEROS RR1C-E","Rondônia","-"]
["2014-06-01","EMULSÕES ASF. MOD. POR POLÍMEROS RR1C-E","Alagoas","-"]
["2014-07-01","EMULSÕES ASF. MOD. POR POLÍMEROS RR1C-E","Bahia","-"]
["2014-09-01","EMULSÕES ASF. MOD. POR POLÍMEROS RR1C-E","Minas Gerais","-"]
["2014-10-01","EMULSÕES ASF. MOD. POR POLÍMEROS RR1C-E","Paraná",1.1422600000000001]
["2015-01-01","EMULSÕES ASF. MOD. POR POLÍMEROS RR1C-E","Maranhão","-"]
["2015-02-01","EMULSÕES ASF. MOD. POR POLÍMEROS RR1C-E","Roraima","-"]
["2015-04-01","EMULSÕES ASF. MOD. POR POLÍMEROS RR1C-E","Rio Grande do Sul","-"]
["2015-05-01","EMULSÕES ASF. MOD. POR POLÍMEROS RR1C-E","Santa Catarina","-"]
["2015-08-01","EMULSÕES ASF. MOD. POR POLÍMEROS RR1C-E","Amazonas","-"]
["2015-09-01","EMULSÕES ASF. MOD. POR POLÍMEROS RR1C-E","Roraima","-"]
["2015-11-01","EMULSÕES ASF. MOD. POR POLÍMEROS RR1C-E","Paraíba","-"]
["2015-12-01","EMULSÕES ASF. MOD. POR POLÍMEROS RR1C-E","Piauí","-"]
["2016-01-01","EMULSÕES ASF. MOD. POR POLÍMEROS RR1C-E","Pará","-"]
["2016-04-01","EMULSÕES ASF. MOD. POR POLÍMEROS RR1C-E","Alagoas","-"]
["2016-05-01","EMULSÕES ASF. MOD. POR POLÍMEROS RR1C-E","Bahia","-"]
["2016-07-01","EMULSÕES ASF. MOD. POR POLÍMEROS RR1C-E","Mato Grosso do Sul","-"]
["2016-08-01","EMULSÕES ASF. MOD. POR POLÍMEROS RR1C-E","Sergipe","-"]
["2016-11-01","EMULSÕES ASF. MOD. POR POLÍMEROS RR1C-E","Maranhão","-"]
["2016-11-01","EMULSÕES ASF. MOD. POR POLÍMEROS RR1C-E","Sergipe","-"]
["2017-02-01","EMULSÕES ASF. MOD. POR POLÍMEROS RR1C-E","Rio Grande do Norte","-"]
["2017-03-01","EMULSÕES ASF. MOD. POR POLÍMEROS RR1C-E","Sergipe","-"]
["2017-06-01","EMULSÕES ASF. MOD. POR POLÍMEROS RR1C-E","Amazonas","-"]
["2017-07-01","EMULSÕES ASF. MOD. POR POLÍMEROS RR1C-E","Distrito Federal","-"]
["2017-08-01","EMULSÕES ASF. MOD. POR POLÍMEROS RR1C-E","Alagoas","-"]
["2017-10-01","EMULSÕES ASF. MOD. POR POLÍMEROS RR1C-E","Piauí","-"]
["2017-11-01","EMULSÕES ASF. MOD. POR POLÍMEROS RR1C-E","Rio Grande do Sul","-"]
["2018-02-01","EMULSÕES ASF. MOD. POR POLÍMEROS RR1C-E","Acre","-"]
["2018-03-01","EMULSÕES ASF. MOD. POR POLÍMEROS RR1C-E","Alagoas","-"]
["2018-05-01","EMULSÕES ASF. MOD. POR POLÍMEROS RR1C-E","Sergipe","-"]
["2018-06-01","EMULSÕES ASF. MOD. POR POLÍMEROS RR1C-E","Paraíba","-"]
["2018-09-01","EMULSÕES ASF. MOD. POR POLÍMEROS RR1C-E","Goiás","-"]
["2018-10-01","EMULSÕES ASF. MOD. POR POLÍMEROS RR1C-E","Pará","-"]
["2018-11-01","EMULSÕES ASF. MOD. POR POLÍMEROS RR1C-E","Alagoas","-"]
["2019-01-01","EMULSÕES ASF. MOD. POR POLÍMEROS RR1C-E","Roraima","-"]
["2019-03-01","EMULSÕES ASF. MOD. POR POLÍMEROS RR1C-E","Santa Catarina","-"]
["2019-05-01","EMULSÕES ASF. MOD. POR POLÍMEROS RR1C-E","Distrito Federal","-"]
["2019-05-01","EMULSÕES ASF. MOD. POR POLÍMEROS RR1C-E","Roraima","-"]
["2019-08-01","EMULSÕES ASF. MOD. POR POLÍMEROS RR1C-E","Pernambuco","-"]
["2019-09-01","EMULSÕES ASF. MOD. POR POLÍMEROS RR1C-E","Bahia","-"]
["2019-12-01","EMULSÕES ASF. MOD. POR POLÍMEROS RR1C-E","Acre","-"]
["2020-01-01","EMULSÕES ASF. MOD. POR POLÍMEROS RR1C-E","Amazonas","-"]
["2020-02-01","EMULSÕES ASF. MOD. POR POLÍMEROS RR1C-E","Paraíba","-"]
["2020-04-01","EMULSÕES ASF. MOD. POR POLÍMEROS RR1C-E","Paraíba","-"]
["2020-05-01","EMULSÕES ASF. MOD. POR POLÍMEROS RR1C-E","Piauí","-"]
["2020-07-01","EMULSÕES ASF. MOD. POR POLÍMEROS RR1C-E","São Paulo","-"]
["2020-09-01","EMULSÕES ASF. MOD. POR POLÍMEROS RR1C-E","Tocantins","-"]
["2020-11-01","EMULSÕES ASF. MOD. POR POLÍMEROS RR1C-E","Roraima","-"]
["2020-12-01","EMULSÕES ASF. MOD. POR POLÍMEROS RR1C-E","Mato Grosso do Sul","-"]
["2021-03-01","EMULSÕES ASF. MOD. POR POLÍMEROS RR1C-E","Ceará","-"]
["2021-03-01","EMULSÕES ASF. MOD. POR POLÍMEROS RR1C-E","Rio Grande do Norte","-"]
["2021-06-01","EMULSÕES ASF. MOD. POR POLÍMEROS RR1C-E","Pernambuco","-"]
["2021-07-01","EMULSÕES ASF. MOD. POR POLÍMEROS RR1C-E","Rio Grande do Norte","-"]
["2021-09-01","EMULSÕES ASF. MOD. POR POLÍMEROS RR1C-E","Amapá","-"]
["2021-11-01","EMULSÕES ASF. MOD. POR POLÍMEROS RR1C-E","Amazonas","-"]
["2021-12-01","EMULSÕES ASF. MOD. POR POLÍMEROS RR1C-E","Distrito Federal","-"]
["2022-02-01","EMULSÕES ASF. MOD. POR POLÍMEROS RR1C-E","Pará","-"]
["2022-04-01","EMULSÕES ASF. MOD. POR POLÍMEROS RR1C-E","Amapá","-"]
["2022-05-01","EMULSÕES ASF. MOD. POR POLÍMEROS RR1C-E","São Paulo","-"]
["2022-07-01","EMULSÕES ASF. MOD. POR POLÍMEROS RR1C-E","Acre","-"]
["2022-09-01","EMULSÕES ASF. MOD. POR POLÍMEROS RR1C-E","Minas Gerais","-"]
["2022-10-01","EMULSÕES ASF. MOD. POR POLÍMEROS RR1C-E","Mato Grosso do Sul","-"]
["2023-01-01","EMULSÕES ASF. MOD. POR POLÍMEROS RR1C-E","Ceará","-"]
["2023-02-01","EMULSÕES ASF. MOD. POR POLÍMEROS RR1C-E","Goiás","-"]
["2023-03-01","EMULSÕES ASF. MOD. POR POLÍMEROS RR1C-E","Ceará","-"]
["2023-05-01","EMULSÕES ASF. MOD. POR POLÍMEROS RR1C-E","Rio Grande do Norte","-"]
["2023-07-01","EMULSÕES ASF. MOD. POR POLÍMEROS RR1C-E","Tocantins","-"]
["2023-09-01","EMULSÕES ASF. MOD. POR POLÍMEROS RR1C-E","Amapá","-"]
["2023-10-01","EMULSÕES ASF. MOD. POR POLÍMEROS RR1C-E","Ceará","-"]
["2013-02-01","EMULSÕES ASF. MOD. POR POLÍMEROS RR2C-E","Pará","-"]
["2013-03-01","EMULSÕES ASF. MOD. POR POLÍMEROS RR2C-E","Pernambuco","-"]
["2013-06-01","EMULSÕES ASF. MOD. POR POLÍMEROS RR2C-E","Acre","-"]
["2013-07-01","EMULSÕES ASF. MOD. POR POLÍMEROS RR2C-E","Acre","-"]
["2013-08-01","EMULSÕES ASF. MOD. POR POLÍMEROS RR2C-E","Amazonas","-"]
["2013-10-01","EMULSÕES ASF. MOD. POR POLÍMEROS RR2C-E","Mato Grosso",1.4348399999999999]
["2014-01-01","EMULSÕES ASF. MOD. POR POLÍMEROS RR2C-E","Acre","-"]
["2014-02-01","EMULSÕES ASF. MOD. POR POLÍMEROS RR2C-E","Goiás","-"]
["2014-02-01","EMULSÕES ASF. MOD. POR POLÍMEROS RR2C-E","São Paulo","-"]
["2014-05-01","EMULSÕES ASF. MOD. POR POLÍMEROS RR2C-E","Rio de Janeiro","-"]
["2014-06-01","EMULSÕES ASF. MOD. POR POLÍMEROS RR2C-E","Rio Grande do Sul","-"]
["2014-09-01","EMULSÕES ASF. MOD. POR POLÍMEROS RR2C-E","Amapá","-"]
["2014-10-01","EMULSÕES ASF. MOD. POR POLÍMEROS RR2C-E","Ceará","-"]
["2014-12-01","EMULSÕES ASF. MOD. POR POLÍMEROS RR2C-E","Amazonas","-"]
["2015-01-01","EMULSÕES ASF. MOD. POR POLÍMEROS RR2C-E","Pernambuco","-"]
["2015-02-01","EMULSÕES ASF. MOD. POR POLÍMEROS RR2C-E","Rio Grande do Norte","-"]
["2015-04-01","EMULSÕES ASF. MOD. POR POLÍMEROS RR2C-E","Tocantins","-"]
["2015-07-01","EMULSÕES ASF. MOD. POR POLÍMEROS RR2C-E","Amazonas","-"]
["2015-08-01","EMULSÕES ASF. MOD. POR POLÍMEROS RR2C-E","Mato Grosso","-"]
["2015-09-01","EMULSÕES ASF. MOD. POR POLÍMEROS RR2C-E","Pará","-"]
["2015-12-01","EMULSÕES ASF. MOD. POR POLÍMEROS RR2C-E","Pará","-"]
["2015-12-01","EMULSÕES ASF. MOD. POR POLÍMEROS RR2C-E","São Paulo",1.5359]
["2016-03-01","EMULSÕES ASF. MOD. POR POLÍMEROS RR2C-E","Rio de Janeiro","-"]
["2016-04-01","EMULSÕES ASF. MOD. POR POLÍMEROS RR2C-E","Espírito Santo","-"]
["2016-06-01","EMULSÕES ASF. MOD. POR POLÍMEROS RR2C-E","Distrito Federal","-"]
["2016-08-01","EMULSÕES ASF. MOD. POR POLÍMEROS RR2C-E","Ceará","-"]
["2016-10-01","EMULSÕES ASF. MOD. POR POLÍMEROS RR2C-E","Minas Gerais","-"]
["2016-11-01","EMULSÕES ASF. MOD. POR POLÍMEROS RR2C-E","Paraná",1.49414]
["2017-01-01","EMULSÕES ASF. MOD. POR POLÍMEROS RR2C-E","Distrito Federal","-"]
["2017-02-01","EMULSÕES ASF. MOD. POR POLÍMEROS RR2C-E","Tocantins","-"]
["2017-04-01","EMULSÕES ASF. MOD. POR POLÍMEROS RR2C-E","Amapá","-"]
["2017-07-01","EMULSÕES ASF. MOD. POR POLÍMEROS RR2C-E","Alagoas","-"]
["2017-07-01","EMULSÕES ASF. MOD. POR POLÍMEROS RR2C-E","Pará","-"]
["2017-10-01","EMULSÕES ASF. MOD. POR POLÍMEROS RR2C-E","Espírito Santo","-"]
["2017-10-01","EMULSÕES ASF. MOD. POR POLÍMEROS RR2C-E","Santa Catarina","-"]
["2017-12-01","EMULSÕES ASF. MOD. POR POLÍMEROS RR2C-E","Maranhão","-"]
["2018-02-01","EMULSÕES ASF. MOD. POR POLÍMEROS RR2C-E","Espírito Santo","-"]
["2018-05-01","EMULSÕES ASF. MOD. POR POLÍMEROS RR2C-E","Alagoas","-"]
["2018-06-01","EMULSÕES ASF. MOD. POR POLÍMEROS RR2C-E","Bahia","-"]
["2018-07-01","EMULSÕES ASF. MOD. POR POLÍMEROS RR2C-E","Rondônia","-"]
["2018-09-01","EMULSÕES ASF. MOD. POR POLÍMEROS RR2C-E","Paraná","-"]
["2018-10-01","EMULSÕES ASF. MOD. POR POLÍMEROS RR2C-E","Rio de Janeiro","-"]
["2019-01-01","EMULSÕES ASF. MOD. POR POLÍMEROS RR2C-E","Bahia","-"]
["2019-02-01","EMULSÕES ASF. MOD. POR POLÍMEROS RR2C-E","Amapá","-"]
["2019-04-01","EMULSÕES ASF. MOD. POR POLÍMEROS RR2C-E","Maranhão","-"]
["2019-05-01","EMULSÕES ASF. MOD. POR POLÍMEROS RR2C-E","Minas Gerais","-"]
["2019-08-01","EMULSÕES ASF. MOD. POR POLÍMEROS RR2C-E","Bahia","-"]
["2019-08-01","EMULSÕES ASF. MOD. POR POLÍMEROS RR2C-E","Santa Catarina","-"]
["2019-09-01","EMULSÕES ASF. MOD. POR POLÍMEROS RR2C-E","Tocantins","-"]
["2019-11-01","EMULSÕES ASF. MOD. POR POLÍMEROS RR2C-E","Roraima","-"]
["2020-01-01","EMULSÕES ASF. MOD. POR POLÍMEROS RR2C-E","Mato Grosso","-"]
["2020-04-01","EMULSÕES ASF. MOD. POR POLÍMEROS RR2C-E","Bahia","-"]
["2020-04-01","EMULSÕES ASF. MOD. POR POLÍMEROS RR2C-E","Rio Grande do Sul","-"]
["2020-07-01","EMULSÕES ASF. MOD. POR POLÍMEROS RR2C-E","Espírito Santo","-"]
["2020-08-01","EMULSÕES ASF. MOD. POR POLÍMEROS RR2C-E","Rio de Janeiro","-"]
["2020-10-01","EMULSÕES ASF. MOD. POR POLÍMEROS RR2C-E","Sergipe","-"]
["2020-12-01","EMULSÕES ASF. MOD. POR POLÍMEROS RR2C-E","Alagoas","-"]
["2021-01-01","EMULSÕES ASF. MOD. POR POLÍMEROS RR2C-E","Acre","-"]
["2021-03-01","EMULSÕES ASF. MOD. POR POLÍMEROS RR2C-E","Minas Gerais","-"]
["2021-04-01","EMULSÕES ASF. MOD. POR POLÍMEROS RR2C-E","Paraná","-"]
["2021-06-01","EMULSÕES ASF. MOD. POR POLÍMEROS RR2C-E","Mato Grosso","-"]
["2021-07-01","EMULSÕES ASF. MOD. POR POLÍMEROS RR2C-E","Tocantins","-"]
["2021-10-01","EMULSÕES ASF. MOD. POR POLÍMEROS RR2C-E","Rio Grande do Sul","-"]
["2021-11-01","EMULSÕES ASF. MOD. POR POLÍMEROS RR2C-E","Maranhão","-"]
["2022-01-01","EMULSÕES ASF. MOD. POR POLÍMEROS RR2C-E","Mato Grosso","-"]
["2022-02-01","EMULSÕES ASF. MOD. POR POLÍMEROS RR2C-E","Rio Grande do Sul","-"]
["2022-05-01","EMULSÕES ASF. MOD. POR POLÍMEROS RR2C-E","Paraíba","-"]
["2022-06-01","EMULSÕES ASF. MOD. POR POLÍMEROS RR2C-E","Rio Grande do Sul","-"]
["2022-08-01","EMULSÕES ASF. MOD. POR POLÍMEROS RR2C-E","Sergipe","-"]
["2022-10-01","EMULSÕES ASF. MOD. POR POLÍMEROS RR2C-E","Alagoas","-"]
["2022-11-01","EMULSÕES ASF. MOD. POR POLÍMEROS RR2C-E","Bahia","-"]
["2022-12-01","EMULSÕES ASF. MOD. POR POLÍMEROS RR2C-E","Pará","-"]
["2023-02-01","EMULSÕES ASF. MOD. POR POLÍMEROS RR2C-E","Paraná","-"]
["2023-04-01","EMULSÕES ASF. MOD. POR POLÍMEROS RR2C-E","Roraima","-"]
["2023-05-01","EMULSÕES ASF. MOD. POR POLÍMEROS RR2C-E","Sergipe","-"]
["2023-07-01","EMULSÕES ASF. MOD. POR POLÍMEROS RR2C-E","Pará","-"]
["2023-09-01","EMULSÕES ASF. MOD. POR POLÍMEROS RR2C-E","Maranhão","-"]
["2013-02-01","EMULSÕES ASFÁLTICAS LA-E","Amazonas","-"]
["2013-03-01","EMULSÕES ASFÁLTICAS LA-E","Goiás","-"]
["2013-05-01","EMULSÕES ASFÁLTICAS LA-E","Paraíba","-"]
["2013-06-01","EMULSÕES ASFÁLTICAS LA-E","Piauí","-"]
["2013-07-01","EMULSÕES ASFÁLTICAS LA-E","Distrito Federal","-"]
["2013-10-01","EMULSÕES ASFÁLTICAS LA-E","Goiás","-"]
["2013-11-01","EMULSÕES ASFÁLTICAS LA-E","Bahia","-"]
["2014-01-01","EMULSÕES ASFÁLTICAS LA-E","Mato Grosso do Sul","-"]
["2014-02-01","EMULSÕES ASFÁLTICAS LA-E","Paraíba","-"]
["2014-04-01","EMULSÕES ASFÁLTICAS LA-E","Alagoas","-"]
["2014-05-01","EMULSÕES ASFÁLTICAS LA-E","Sergipe","-"]
["2014-07-01","EMULSÕES ASFÁLTICAS LA-E","Alagoas","-"]
["2014-09-01","EMULSÕES ASFÁLTICAS LA-E","Mato Grosso do Sul","-"]
["2014-10-01","EMULSÕES ASFÁLTICAS LA-E","Minas Gerais","-"]
["2014-12-01","EMULSÕES ASFÁLTICAS LA-E","Rio Grande do Norte","-"]
["2015-01-01","EMULSÕES ASFÁLTICAS LA-E","Roraima","-"]
["2015-04-01","EMULSÕES ASFÁLTICAS LA-E","Mato Grosso do Sul","-"]
["2015-05-01","EMULSÕES ASFÁLTICAS LA-E","Distrito Federal","-"]
["2015-08-01","EMULSÕES ASFÁLTICAS LA-E","Acre","-"]
["2013-01-01","EMULSÕES ASFÁLTICAS RL-1C","Rondônia","-"]
["2013-03-01","EMULSÕES ASFÁLTICAS RL-1C","Mato Grosso do Sul","-"]
["2013-04-01","EMULSÕES ASFÁLTICAS RL-1C","Paraíba","-"]
["2013-06-01","EMULSÕES ASFÁLTICAS RL-1C","Rondônia","-"]
["2013-07-01","EMULSÕES ASFÁLTICAS RL-1C","Paraíba","-"]
["2013-09-01","EMULSÕES ASFÁLTICAS RL-1C","Alagoas","-"]
["2013-11-01","EMULSÕES ASFÁLTICAS RL-1C","Goiás","-"]
["2013-12-01","EMULSÕES ASFÁLTICAS RL-1C","Mato Grosso do Sul","-"]
["2014-02-01","EMULSÕES ASFÁLTICAS RL-1C","Paraíba","-"]
["2014-03-01","EMULSÕES ASFÁLTICAS RL-1C","Roraima","-"]
["2014-06-01","EMULSÕES ASFÁLTICAS RL-1C","Pernambuco","-"]
["2014-08-01","EMULSÕES ASFÁLTICAS RL-1C","Maranhão","-"]
["2014-10-01","EMULSÕES ASFÁLTICAS RL-1C","Acre","-"]
["2014-11-01","EMULSÕES ASFÁLTICAS RL-1C","Amazonas","-"]
["2015-01-01","EMULSÕES ASFÁLTICAS RL-1C","Mato Grosso",1.4357]
["2015-01-01","EMULSÕES ASFÁLTICAS RL-1C","Piauí","-"]
["2015-04-01","EMULSÕES ASFÁLTICAS RL-1C","Rondônia","-"]
["2015-05-01","EMULSÕES ASFÁLTICAS RL-1C","São Paulo",0.98512]
["2015-07-01","EMULSÕES ASFÁLTICAS RL-1C","Acre","-"]
["2015-09-01","EMULSÕES ASFÁLTICAS RL-1C","Goiás",1.1509499999999999]
["2015-10-01","EMULSÕES ASFÁLTICAS RL-1C","Mato Grosso do Sul","-"]
["2016-01-01","EMULSÕES ASFÁLTICAS RL-1C","Ceará",1.3003800000000001]
["2016-02-01","EMULSÕES ASFÁLTICAS RL-1C","Minas Gerais",1.21174]
["2016-04-01","EMULSÕES ASFÁLTICAS RL-1C","Pernambuco","-"]
["2016-05-01","EMULSÕES ASFÁLTICAS RL-1C","Ceará","-"]
["2016-06-01","EMULSÕES ASFÁLTICAS RL-1C","Goiás",1.63568]
["2016-09-01","EMULSÕES ASFÁLTICAS RL-1C","Minas Gerais",1.23163]
["2016-09-01","EMULSÕES ASFÁLTICAS RL-1C","Rio Grande do Norte","-"]
["2016-12-01","EMULSÕES ASFÁLTICAS RL-1C","Pará","-"]
["2017-01-01","EMULSÕES ASFÁLTICAS RL-1C","Paraná",1.33009]
["2017-03-01","EMULSÕES ASFÁLTICAS RL-1C","São Paulo",1.2454000000000001]
["2017-05-01","EMULSÕES ASFÁLTICAS RL-1C","Acre","-"]
["2017-07-01","EMULSÕES ASFÁLTICAS RL-1C","Espírito Santo","-"]
["2017-08-01","EMULSÕES ASFÁLTICAS RL-1C","Paraná",1.2566600000000001]
["2017-09-01","EMULSÕES ASFÁLTICAS RL-1C","Paraíba","-"]
["2017-11-01","EMULSÕES ASFÁLTICAS RL-1C","Rondônia","-"]
["2017-12-01","EMULSÕES ASFÁLTICAS RL-1C","São Paulo",1.2673000000000001]
["2018-04-01","EMULSÕES ASFÁLTICAS RL-1C","Acre","-"]
["2018-04-01","EMULSÕES ASFÁLTICAS RL-1C","Goiás",1.4406300000000001]
["2018-07-01","EMULSÕES ASFÁLTICAS RL-1C","Amapá","-"]
["2018-07-01","EMULSÕES ASFÁLTICAS RL-1C","Rio de Janeiro","-"]
["2018-10-01","EMULSÕES ASFÁLTICAS RL-1C","Pará","-"]
["2018-11-01","EMULSÕES ASFÁLTICAS RL-1C","Pernambuco","-"]
["2019-01-01","EMULSÕES ASFÁLTICAS RL-1C","Santa Catarina","-"]
["2019-02-01","EMULSÕES ASFÁLTICAS RL-1C","Rio de Janeiro","-"]
["2019-05-01","EMULSÕES ASFÁLTICAS RL-1C","Espírito Santo","-"]
["2019-06-01","EMULSÕES ASFÁLTICAS RL-1C","Mato Grosso",2.40808]
["2019-08-01","EMULSÕES ASFÁLTICAS RL-1C","Alagoas","-"]
["2019-09-01","EMULSÕES ASFÁLTICAS RL-1C","Rondônia","-"]
["2019-10-01","EMULSÕES ASFÁLTICAS RL-1C","São Paulo",1.94767]
["2020-01-01","EMULSÕES ASFÁLTICAS RL-1C","Bahia","-"]
["2020-03-01","EMULSÕES ASFÁLTICAS RL-1C","Pará","-"]
["2020-05-01","EMULSÕES ASFÁLTICAS RL-1C","Amapá","-"]
["2020-05-01","EMULSÕES ASFÁLTICAS RL-1C","Rio de Janeiro","-"]
["2020-08-01","EMULSÕES ASFÁLTICAS RL-1C","Minas Gerais",1.8517399999999999]
["2020-08-01","EMULSÕES ASFÁLTICAS RL-1C","Rondônia","-"]
["2020-11-01","EMULSÕES ASFÁLTICAS RL-1C","Santa Catarina","-"]
["2020-12-01","EMULSÕES ASFÁLTICAS RL-1C","Tocantins","-"]
["2021-02-01","EMULSÕES ASFÁLTICAS RL-1C","Pernambuco","-"]
["2021-04-01","EMULSÕES ASFÁLTICAS RL-1C","Mato Grosso",2.36707]
["2021-05-01","EMULSÕES ASFÁLTICAS RL-1C","Pará","-"]
["2021-07-01","EMULSÕES ASFÁLTICAS RL-1C","Rio Grande do Sul","-"]
["2021-09-01","EMULSÕES ASFÁLTICAS RL-1C","Pernambuco","-"]
["2021-11-01","EMULSÕES ASFÁLTICAS RL-1C","Rio de Janeiro","-"]
["2021-12-01","EMULSÕES ASFÁLTICAS RL-1C","Espírito Santo","-"]
["2022-02-01","EMULSÕES ASFÁLTICAS RL-1C","Tocantins","-"]
["2022-03-01","EMULSÕES ASFÁLTICAS RL-1C","Rio de Janeiro","-"]
["2022-04-01","EMULSÕES ASFÁLTICAS RL-1C","Rondônia","-"]
["2022-07-01","EMULSÕES ASFÁLTICAS RL-1C","Paraná",3.0510600000000001]
["2022-08-01","EMULSÕES ASFÁLTICAS RL-1C","Rio Grande do Norte","-"]
["2022-10-01","EMULSÕES ASFÁLTICAS RL-1C","Tocantins","-"]
["2022-11-01","EMULSÕES ASFÁLTICAS RL-1C","Paraná",2.9746000000000001]
["2023-02-01","EMULSÕES ASFÁLTICAS RL-1C","Maranhão","-"]
["2023-03-01","EMULSÕES ASFÁLTICAS RL-1C","Rio Grande do Norte","-"]
["2023-05-01","EMULSÕES ASFÁLTICAS RL-1C","Rio Grande do Sul","-"]
["2023-06-01","EMULSÕES ASFÁLTICAS RL-1C","Santa Catarina","-"]
["2023-09-01","EMULSÕES ASFÁLTICAS RL-1C","Amapá","-"]
["2023-10-01","EMULSÕES ASFÁLTICAS RL-1C","Espírito Santo","-"]
["2013-01-01","EMULSÕES ASFÁLTICAS RM-1C","Mato Grosso","-"]
["2013-03-01","EMULSÕES ASFÁLTICAS RM-1C","Piauí","-"]
["2013-04-01","EMULSÕES ASFÁLTICAS RM-1C","Roraima","-"]
["2013-07-01","EMULSÕES ASFÁLTICAS RM-1C","Paraná",0.94972000000000001]
["2013-08-01","EMULSÕES ASFÁLTICAS RM-1C","Bahia","-"]
["2013-10-01","EMULSÕES ASFÁLTICAS RM-1C","Sergipe","-"]
["2013-12-01","EMULSÕES ASFÁLTICAS RM-1C","Espírito Santo","-"]
["2014-02-01","EMULSÕES ASFÁLTICAS RM-1C","Maranhão","-"]
["2014-03-01","EMULSÕES ASFÁLTICAS RM-1C","Minas Gerais",0.86677999999999999]
["2014-05-01","EMULSÕES ASFÁLTICAS RM-1C","Piauí","-"]
["2014-06-01","EMULSÕES ASFÁLTICAS RM-1C","Santa Catarina","-"]
["2014-07-01","EMULSÕES ASFÁLTICAS RM-1C","Tocantins","-"]
["2014-10-01","EMULSÕES ASFÁLTICAS RM-1C","Distrito Federal","-"]
["2014-12-01","EMULSÕES ASFÁLTICAS RM-1C","Piauí","-"]
["2015-01-01","EMULSÕES ASFÁLTICAS RM-1C","Piauí","-"]
["2015-02-01","EMULSÕES ASFÁLTICAS RM-1C","Rio Grande do Sul",1.0953599999999999]
["2015-04-01","EMULSÕES ASFÁLTICAS RM-1C","Goiás",1.4166099999999999]
["2015-06-01","EMULSÕES ASFÁLTICAS RM-1C","Bahia","-"]
["2015-08-01","EMULSÕES ASFÁLTICAS RM-1C","Sergipe","-"]
["2015-10-01","EMULSÕES ASFÁLTICAS RM-1C","Alagoas","-"]
["2015-11-01","EMULSÕES ASFÁLTICAS RM-1C","Rio Grande do Sul",1.1958500000000001]
["2016-01-01","EMULSÕES ASFÁLTICAS RM-1C","Minas Gerais","-"]
["2016-03-01","EMULSÕES ASFÁLTICAS RM-1C","Rio Grande do Norte","-"]
["2016-04-01","EMULSÕES ASFÁLTICAS RM-1C","Roraima","-"]
["2016-06-01","EMULSÕES ASFÁLTICAS RM-1C","Rio Grande do Sul",1.3331900000000001]
["2016-08-01","EMULSÕES ASFÁLTICAS RM-1C","Distrito Federal","-"]
["2016-09-01","EMULSÕES ASFÁLTICAS RM-1C","Maranhão","-"]
["2016-10-01","EMULSÕES ASFÁLTICAS RM-1C","Santa Catarina","-"]
["2016-12-01","EMULSÕES ASFÁLTICAS RM-1C","Rio Grande do Sul",1.1964999999999999]
["2017-01-01","EMULSÕES ASFÁLTICAS RM-1C","Santa Catarina","-"]
["2017-04-01","EMULSÕES ASFÁLTICAS RM-1C","Amazonas","-"]
["2017-05-01","EMULSÕES ASFÁLTICAS RM-1C","Santa Catarina","-"]
["2017-08-01","EMULSÕES ASFÁLTICAS RM-1C","Alagoas","-"]
["2017-08-01","EMULSÕES ASFÁLTICAS RM-1C","Piauí","-"]
["2017-11-01","EMULSÕES ASFÁLTICAS RM-1C","Distrito Federal","-"]
["2017-12-01","EMULSÕES ASFÁLTICAS RM-1C","Alagoas","-"]
["2018-02-01","EMULSÕES ASFÁLTICAS RM-1C","Roraima","-"]
["2018-03-01","EMULSÕES ASFÁLTICAS RM-1C","Sergipe","-"]
["2018-04-01","EMULSÕES ASFÁLTICAS RM-1C","Tocantins","-"]
["2018-07-01","EMULSÕES ASFÁLTICAS RM-1C","Maranhão","-"]
["2018-09-01","EMULSÕES ASFÁLTICAS RM-1C","Pernambuco","-"]
["2018-10-01","EMULSÕES ASFÁLTICAS RM-1C","Rio Grande do Norte","-"]
["2018-11-01","EMULSÕES ASFÁLTICAS RM-1C","Tocantins","-"]
["2019-02-01","EMULSÕES ASFÁLTICAS RM-1C","Amazonas","-"]
["2019-03-01","EMULSÕES ASFÁLTICAS RM-1C","Distrito Federal","-"]
["2019-05-01","EMULSÕES ASFÁLTICAS RM-1C","Maranhão","-"]
["2019-06-01","EMULSÕES ASFÁLTICAS RM-1C","Piauí","-"]
["2019-09-01","EMULSÕES ASFÁLTICAS RM-1C","Mato Grosso do Sul","-"]
["2019-10-01","EMULSÕES ASFÁLTICAS RM-1C","Acre","-"]
["2019-12-01","EMULSÕES ASFÁLTICAS RM-1C","Rondônia","-"]
["2020-01-01","EMULSÕES ASFÁLTICAS RM-1C","Sergipe","-"]
["2020-04-01","EMULSÕES ASFÁLTICAS RM-1C","Ceará",1.7320199999999999]
["2020-05-01","EMULSÕES ASFÁLTICAS RM-1C","Goiás","-"]
["2020-06-01","EMULSÕES ASFÁLTICAS RM-1C","Amapá","-"]
["2020-08-01","EMULSÕES ASFÁLTICAS RM-1C","Rio Grande do Norte","-"]
["2020-09-01","EMULSÕES ASFÁLTICAS RM-1C","Roraima","-"]
["2020-11-01","EMULSÕES ASFÁLTICAS RM-1C","São Paulo","-"]
["2021-01-01","EMULSÕES ASFÁLTICAS RM-1C","Distrito Federal","-"]
["2021-04-01","EMULSÕES ASFÁLTICAS RM-1C","Acre","-"]
["2021-04-01","EMULSÕES ASFÁLTICAS RM-1C","Pernambuco","-"]
["2021-06-01","EMULSÕES ASFÁLTICAS RM-1C","São Paulo","-"]
["2021-08-01","EMULSÕES ASFÁLTICAS RM-1C","Acre","-"]
["2021-10-01","EMULSÕES ASFÁLTICAS RM-1C","Rondônia","-"]
["2021-12-01","EMULSÕES ASFÁLTICAS RM-1C","Espírito Santo","-"]
["2021-12-01","EMULSÕES ASFÁLTICAS RM-1C","Paraíba","-"]
["2022-03-01","EMULSÕES ASFÁLTICAS RM-1C","Goiás","-"]
["2022-04-01","EMULSÕES ASFÁLTICAS RM-1C","Mato Grosso do Sul","-"]
["2022-06-01","EMULSÕES ASFÁLTICAS RM-1C","Acre","-"]
["2022-07-01","EMULSÕES ASFÁLTICAS RM-1C","Roraima","-"]
["2022-10-01","EMULSÕES ASFÁLTICAS RM-1C","Amapá","-"]
["2022-11-01","EMULSÕES ASFÁLTICAS RM-1C","Ceará",2.9910800000000002]
["2023-01-01","EMULSÕES ASFÁLTICAS RM-1C","Acre","-"]
["2023-02-01","EMULSÕES ASFÁLTICAS RM-1C","Pernambuco","-"]
["2023-03-01","EMULSÕES ASFÁLTICAS RM-1C","Rio Grande do Norte","-"]
["2023-06-01","EMULSÕES ASFÁLTICAS RM-1C","Mato Grosso","-"]
["2023-07-01","EMULSÕES ASFÁLTICAS RM-1C","Amazonas","-"]
["2023-09-01","EMULSÕES ASFÁLTICAS RM-1C","São Paulo","-"]
["2023-10-01","EMULSÕES ASFÁLTICAS RM-1C","Pará","-"]
["2013-02-01","EMULSÕES ASFÁLTICAS RM-2C","Amazonas","-"]
["2013-04-01","EMULSÕES ASFÁLTICAS RM-2C","Mato Grosso do Sul","-"]
["2013-06-01","EMULSÕES ASFÁLTICAS RM-2C","Rio de Janeiro","-"]
["2013-07-01","EMULSÕES ASFÁLTICAS RM-2C","Rondônia","-"]
["2013-09-01","EMULSÕES ASFÁLTICAS RM-2C","Paraná","-"]
["2013-11-01","EMULSÕES ASFÁLTICAS RM-2C","Ceará","-"]
["2013-12-01","EMULSÕES ASFÁLTICAS RM-2C","Goiás","-"]
["2014-02-01","EMULSÕES ASFÁLTICAS RM-2C","Sergipe","-"]
["2014-03-01","EMULSÕES ASFÁLTICAS RM-2C","Rio Grande do Norte","-"]
["2014-06-01","EMULSÕES ASFÁLTICAS RM-2C","Pará","-"]
["2014-07-01","EMULSÕES ASFÁLTICAS RM-2C","Amapá","-"]
["2014-09-01","EMULSÕES ASFÁLTICAS RM-2C","Sergipe","-"]
["2014-10-01","EMULSÕES ASFÁLTICAS RM-2C","Pará","-"]
["2015-01-01","EMULSÕES ASFÁLTICAS RM-2C","Espírito Santo","-"]
["2015-01-01","EMULSÕES ASFÁLTICAS RM-2C","Pernambuco","-"]
["2015-04-01","EMULSÕES ASFÁLTICAS RM-2C","Rio de Janeiro","-"]
["2015-05-01","EMULSÕES ASFÁLTICAS RM-2C","Rondônia","-"]
["2015-08-01","EMULSÕES ASFÁLTICAS RM-2C","Alagoas","-"]
["2015-09-01","EMULSÕES ASFÁLTICAS RM-2C","Alagoas","-"]
["2015-10-01","EMULSÕES ASFÁLTICAS RM-2C","Goiás","-"]
["2015-12-01","EMULSÕES ASFÁLTICAS RM-2C","Paraná","-"]
["2016-01-01","EMULSÕES ASFÁLTICAS RM-2C","Rio de Janeiro","-"]
["2016-04-01","EMULSÕES ASFÁLTICAS RM-2C","Alagoas","-"]
["2016-05-01","EMULSÕES ASFÁLTICAS RM-2C","Amapá","-"]
["2016-07-01","EMULSÕES ASFÁLTICAS RM-2C","Santa Catarina","-"]
["2016-08-01","EMULSÕES ASFÁLTICAS RM-2C","Bahia","-"]
["2016-09-01","EMULSÕES ASFÁLTICAS RM-2C","Pernambuco","-"]
["2016-12-01","EMULSÕES ASFÁLTICAS RM-2C","Mato Grosso","-"]
["2016-12-01","EMULSÕES ASFÁLTICAS RM-2C","Tocantins","-"]
["2017-03-01","EMULSÕES ASFÁLTICAS RM-2C","Bahia","-"]
["2017-04-01","EMULSÕES ASFÁLTICAS RM-2C","São Paulo","-"]
["2017-07-01","EMULSÕES ASFÁLTICAS RM-2C","Bahia","-"]
["2017-08-01","EMULSÕES ASFÁLTICAS RM-2C","Paraíba","-"]
["2017-10-01","EMULSÕES ASFÁLTICAS RM-2C","Paraná","-"]
["2017-11-01","EMULSÕES ASFÁLTICAS RM-2C","Rio de Janeiro","-"]
["2017-12-01","EMULSÕES ASFÁLTICAS RM-2C","Rondônia","-"]
["2018-03-01","EMULSÕES ASFÁLTICAS RM-2C","Tocantins","-"]
["2018-04-01","EMULSÕES ASFÁLTICAS RM-2C","Ceará","-"]
["2018-06-01","EMULSÕES ASFÁLTICAS RM-2C","Minas Gerais","-"]
["2018-07-01","EMULSÕES ASFÁLTICAS RM-2C","Paraná","-"]
["2018-09-01","EMULSÕES ASFÁLTICAS RM-2C","Espírito Santo","-"]
["2018-10-01","EMULSÕES ASFÁLTICAS RM-2C","Tocantins","-"]
["2019-01-01","EMULSÕES ASFÁLTICAS RM-2C","Rio Grande do Sul","-"]
["2019-02-01","EMULSÕES ASFÁLTICAS RM-2C","Piauí","-"]
["2019-05-01","EMULSÕES ASFÁLTICAS RM-2C","Bahia","-"]
["2019-06-01","EMULSÕES ASFÁLTICAS RM-2C","Espírito Santo","-"]
["2019-08-01","EMULSÕES ASFÁLTICAS RM-2C","Paraíba","-"]
["2019-10-01","EMULSÕES ASFÁLTICAS RM-2C","Amapá","-"]
["2019-10-01","EMULSÕES ASFÁLTICAS RM-2C","Rondônia","-"]
["2020-01-01","EMULSÕES ASFÁLTICAS RM-2C","Alagoas","-"]
["2020-02-01","EMULSÕES ASFÁLTICAS RM-2C","Bahia","-"]
["2020-05-01","EMULSÕES ASFÁLTICAS RM-2C","Amapá","-"]
["2020-05-01","EMULSÕES ASFÁLTICAS RM-2C","Paraná","-"]
["2020-08-01","EMULSÕES ASFÁLTICAS RM-2C","Maranhão","-"]
["2020-09-01","EMULSÕES ASFÁLTICAS RM-2C","Ceará","-"]
["2020-11-01","EMULSÕES ASFÁLTICAS RM-2C","Rio Grande do Sul","-"]
["2020-12-01","EMULSÕES ASFÁLTICAS RM-2C","Santa Catarina","-"]
["2021-03-01","EMULSÕES ASFÁLTICAS RM-2C","Amazonas","-"]
["2021-04-01","EMULSÕES ASFÁLTICAS RM-2C","Ceará","-"]
["2021-06-01","EMULSÕES ASFÁLTICAS RM-2C","Paraíba","-"]
["2021-07-01","EMULSÕES ASFÁLTICAS RM-2C","Piauí","-"]
["2021-09-01","EMULSÕES ASFÁLTICAS RM-2C","Paraná","-"]
["2021-11-01","EMULSÕES ASFÁLTICAS RM-2C","Alagoas","-"]
["2021-12-01","EMULSÕES ASFÁLTICAS RM-2C","Bahia","-"]
["2022-02-01","EMULSÕES ASFÁLTICAS RM-2C","Sergipe","-"]
["2022-03-01","EMULSÕES ASFÁLTICAS RM-2C","Goiás","-"]
["2022-04-01","EMULSÕES ASFÁLTICAS RM-2C","Rio de Janeiro","-"]
["2022-06-01","EMULSÕES ASFÁLTICAS RM-2C","Sergipe","-"]
["2022-08-01","EMULSÕES ASFÁLTICAS RM-2C","Alagoas","-"]
["2022-10-01","EMULSÕES ASFÁLTICAS RM-2C","Goiás","-"]
["2022-11-01","EMULSÕES ASFÁLTICAS RM-2C","Minas Gerais","-"]
["2023-02-01","EMULSÕES ASFÁLTICAS RM-2C","Distrito Federal","-"]
["2023-04-01","EMULSÕES ASFÁLTICAS RM-2C","Amazonas","-"]
["2023-05-01","EMULSÕES ASFÁLTICAS RM-2C","Piauí","-"]
["2023-06-01","EMULSÕES ASFÁLTICAS RM-2C","Rio Grande do Sul","-"]
["2023-09-01","EMULSÕES ASFÁLTICAS RM-2C","Acre","-"]
["2023-09-01","EMULSÕES ASFÁLTICAS RM-2C","Mato Grosso do Sul","-"]
["2013-01-01","EMULSÕES ASFÁLTICAS RR-1C","Espírito Santo","-"]
["2013-03-01","EMULSÕES ASFÁLTICAS RR-1C","Paraíba","-"]
["2013-04-01","EMULSÕES ASFÁLTICAS RR-1C","Rondônia","-"]
["2013-06-01","EMULSÕES ASFÁLTICAS RR-1C","Sergipe","-"]
["2013-08-01","EMULSÕES ASFÁLTICAS RR-1C","Alagoas","-"]
["2013-10-01","EMULSÕES ASFÁLTICAS RR-1C","Roraima","-"]
["2013-12-01","EMULSÕES ASFÁLTICAS RR-1C","Distrito Federal","-"]
["2014-02-01","EMULSÕES ASFÁLTICAS RR-1C","Distrito Federal","-"]
["2014-03-01","EMULSÕES ASFÁLTICAS RR-1C","Maranhão","-"]
["2014-05-01","EMULSÕES ASFÁLTICAS RR-1C","Pernambuco","-"]
["2014-07-01","EMULSÕES ASFÁLTICAS RR-1C","Distrito Federal","-"]
["2014-09-01","EMULSÕES ASFÁLTICAS RR-1C","Acre","-"]
["2014-10-01","EMULSÕES ASFÁLTICAS RR-1C","Amazonas","-"]
["2014-10-01","EMULSÕES ASFÁLTICAS RR-1C","São Paulo",0.74761]
["2015-01-01","EMULSÕES ASFÁLTICAS RR-1C","Paraíba","-"]
["2015-02-01","EMULSÕES ASFÁLTICAS RR-1C","Piauí","-"]
["2015-04-01","EMULSÕES ASFÁLTICAS RR-1C","São Paulo",0.92659999999999998]
["2015-06-01","EMULSÕES ASFÁLTICAS RR-1C","Maranhão","-"]
["2015-08-01","EMULSÕES ASFÁLTICAS RR-1C","Roraima","-"]
["2015-09-01","EMULSÕES ASFÁLTICAS RR-1C","Mato Grosso do Sul","-"]
["2015-12-01","EMULSÕES ASFÁLTICAS RR-1C","Ceará",1.3923700000000001]
["2016-01-01","EMULSÕES ASFÁLTICAS RR-1C","Maranhão","-"]
["2016-03-01","EMULSÕES ASFÁLTICAS RR-1C","Pernambuco","-"]
["2016-04-01","EMULSÕES ASFÁLTICAS RR-1C","Rio Grande do Norte","-"]
["2016-05-01","EMULSÕES ASFÁLTICAS RR-1C","Minas Gerais",1.16997]
["2016-08-01","EMULSÕES ASFÁLTICAS RR-1C","Amazonas","-"]
["2016-09-01","EMULSÕES ASFÁLTICAS RR-1C","Distrito Federal","-"]
["2016-11-01","EMULSÕES ASFÁLTICAS RR-1C","Pará","-"]
["2016-12-01","EMULSÕES ASFÁLTICAS RR-1C","Minas Gerais",1.0773600000000001]
["2017-02-01","EMULSÕES ASFÁLTICAS RR-1C","São Paulo",1.1066400000000001]
["2017-04-01","EMULSÕES ASFÁLTICAS RR-1C","Acre","-"]
["2017-05-01","EMULSÕES ASFÁLTICAS RR-1C","Roraima","-"]
["2017-07-01","EMULSÕES ASFÁLTICAS RR-1C","Mato Grosso do Sul","-"]
["2017-08-01","EMULSÕES ASFÁLTICAS RR-1C","Paraíba","-"]
["2017-11-01","EMULSÕES ASFÁLTICAS RR-1C","Goiás",1.7343999999999999]
["2018-01-01","EMULSÕES ASFÁLTICAS RR-1C","Espírito Santo","-"]
["2018-02-01","EMULSÕES ASFÁLTICAS RR-1C","Rio Grande do Norte","-"]
["2018-03-01","EMULSÕES ASFÁLTICAS RR-1C","Goiás",1.4747600000000001]
["2018-06-01","EMULSÕES ASFÁLTICAS RR-1C","Amapá","-"]
["2018-06-01","EMULSÕES ASFÁLTICAS RR-1C","Paraná",1.3697999999999999]
["2018-09-01","EMULSÕES ASFÁLTICAS RR-1C","Pará","-"]
["2018-10-01","EMULSÕES ASFÁLTICAS RR-1C","Pernambuco","-"]
["2018-11-01","EMULSÕES ASFÁLTICAS RR-1C","Sergipe","-"]
["2019-02-01","EMULSÕES ASFÁLTICAS RR-1C","Acre","-"]
["2019-03-01","EMULSÕES ASFÁLTICAS RR-1C","Amazonas","-"]
["2019-05-01","EMULSÕES ASFÁLTICAS RR-1C","Mato Grosso",2.1709999999999998]
["2019-07-01","EMULSÕES ASFÁLTICAS RR-1C","Mato Grosso",2.22139]
["2019-09-01","EMULSÕES ASFÁLTICAS RR-1C","Goiás",2.07884]
["2019-09-01","EMULSÕES ASFÁLTICAS RR-1C","São Paulo",2.0782400000000001]
["2019-12-01","EMULSÕES ASFÁLTICAS RR-1C","Rio Grande do Sul",1.8424100000000001]
["2020-01-01","EMULSÕES ASFÁLTICAS RR-1C","Goiás","-"]
["2020-04-01","EMULSÕES ASFÁLTICAS RR-1C","Amapá","-"]
["2020-05-01","EMULSÕES ASFÁLTICAS RR-1C","Ceará",1.6107899999999999]
["2020-06-01","EMULSÕES ASFÁLTICAS RR-1C","Pará","-"]
["2020-08-01","EMULSÕES ASFÁLTICAS RR-1C","Pernambuco","-"]
["2020-09-01","EMULSÕES ASFÁLTICAS RR-1C","Rio Grande do Norte","-"]
["2020-11-01","EMULSÕES ASFÁLTICAS RR-1C","Tocantins","-"]
["2021-01-01","EMULSÕES ASFÁLTICAS RR-1C","Pará","-"]
["2021-03-01","EMULSÕES ASFÁLTICAS RR-1C","Mato Grosso","-"]
["2021-04-01","EMULSÕES ASFÁLTICAS RR-1C","Pará","-"]
["2021-06-01","EMULSÕES ASFÁLTICAS RR-1C","Santa Catarina","-"]
["2021-07-01","EMULSÕES ASFÁLTICAS RR-1C","São Paulo",2.4689399999999999]
["2021-10-01","EMULSÕES ASFÁLTICAS RR-1C","Rio de Janeiro","-"]
["2021-11-01","EMULSÕES ASFÁLTICAS RR-1C","Rondônia","-"]
["2021-12-01","EMULSÕES ASFÁLTICAS RR-1C","Pernambuco","-"]
["2022-03-01","EMULSÕES ASFÁLTICAS RR-1C","Ceará",2.8845299999999998]
["2022-03-01","EMULSÕES ASFÁLTICAS RR-1C","Rondônia","-"]
["2022-06-01","EMULSÕES ASFÁLTICAS RR-1C","Paraná",3.0257499999999999]
["2022-07-01","EMULSÕES ASFÁLTICAS RR-1C","Pernambuco","-"]
["2022-09-01","EMULSÕES ASFÁLTICAS RR-1C","Tocantins",2.85609]
["2022-11-01","EMULSÕES ASFÁLTICAS RR-1C","Amapá","-"]
["2023-01-01","EMULSÕES ASFÁLTICAS RR-1C","Mato Grosso do Sul","-"]
["2023-02-01","EMULSÕES ASFÁLTICAS RR-1C","Pará","-"]
["2023-03-01","EMULSÕES ASFÁLTICAS RR-1C","Pernambuco","-"]
["2023-05-01","EMULSÕES ASFÁLTICAS RR-1C","Santa Catarina","-"]
["2023-08-01","EMULSÕES ASFÁLTICAS RR-1C","Mato Grosso do Sul",2.56142]
["2023-09-01","EMULSÕES ASFÁLTICAS RR-1C","Rondônia","-"]
["2023-10-01","EMULSÕES ASFÁLTICAS RR-1C","Mato Grosso",3.23691]
["2013-02-01","EMULSÕES ASFÁLTICAS RR-2C","Amapá","-"]
["2013-03-01","EMULSÕES ASFÁLTICAS RR-2C","Rondônia","-"]
["2013-06-01","EMULSÕES ASFÁLTICAS RR-2C","Paraná",0.84843999999999997]
["2013-07-01","EMULSÕES ASFÁLTICAS RR-2C","Rio de Janeiro",0.99441999999999997]
["2013-09-01","EMULSÕES ASFÁLTICAS RR-2C","Paraíba","-"]
["2013-11-01","EMULSÕES ASFÁLTICAS RR-2C","Amapá","-"]
["2014-01-01","EMULSÕES ASFÁLTICAS RR-2C","Maranhão","-"]
["2014-02-01","EMULSÕES ASFÁLTICAS RR-2C","Minas Gerais",0.80471000000000004]
["2014-04-01","EMULSÕES ASFÁLTICAS RR-2C","Paraíba","-"]
["2014-05-01","EMULSÕES ASFÁLTICAS RR-2C","Santa Catarina","-"]
["2014-06-01","EMULSÕES ASFÁLTICAS RR-2C","Tocantins","-"]
["2014-09-01","EMULSÕES ASFÁLTICAS RR-2C","São Paulo",0.86243000000000003]
["2014-10-01","EMULSÕES ASFÁLTICAS RR-2C","Mato Grosso",1.0728599999999999]
["2015-01-01","EMULSÕES ASFÁLTICAS RR-2C","Bahia","-"]
["2015-01-01","EMULSÕES ASFÁLTICAS RR-2C","Rio Grande do Sul",1.0543899999999999]
["2015-03-01","EMULSÕES ASFÁLTICAS RR-2C","Piauí","-"]
["2015-05-01","EMULSÕES ASFÁLTICAS RR-2C","Rio de Janeiro",1.0075700000000001]
["2015-07-01","EMULSÕES ASFÁLTICAS RR-2C","Sergipe","-"]
["2015-09-01","EMULSÕES ASFÁLTICAS RR-2C","Acre","-"]
["2015-10-01","EMULSÕES ASFÁLTICAS RR-2C","Ceará",1.17231]
["2015-12-01","EMULSÕES ASFÁLTICAS RR-2C","Minas Gerais",1.14706]
["2016-01-01","EMULSÕES ASFÁLTICAS RR-2C","Paraná",1.33067]
["2016-04-01","EMULSÕES ASFÁLTICAS RR-2C","Minas Gerais",1.2725900000000001]
["2016-04-01","EMULSÕES ASFÁLTICAS RR-2C","Tocantins","-"]
["2016-07-01","EMULSÕES ASFÁLTICAS RR-2C","Rio Grande do Sul",1.27956]
["2016-08-01","EMULSÕES ASFÁLTICAS RR-2C","Maranhão","-"]
["2016-09-01","EMULSÕES ASFÁLTICAS RR-2C","Rio Grande do Sul",1.1587000000000001]
["2016-11-01","EMULSÕES ASFÁLTICAS RR-2C","Rio Grande do Sul",1.1703699999999999]
["2016-12-01","EMULSÕES ASFÁLTICAS RR-2C","Santa Catarina","-"]
["2017-03-01","EMULSÕES ASFÁLTICAS RR-2C","Amazonas","-"]
["2017-04-01","EMULSÕES ASFÁLTICAS RR-2C","Espírito Santo","-"]
["2017-07-01","EMULSÕES ASFÁLTICAS RR-2C","Alagoas","-"]
["2017-08-01","EMULSÕES ASFÁLTICAS RR-2C","Bahia","-"]
["2017-10-01","EMULSÕES ASFÁLTICAS RR-2C","Paraná",1.23011]
["2017-11-01","EMULSÕES ASFÁLTICAS RR-2C","Paraná",1.3641300000000001]
["2018-01-01","EMULSÕES ASFÁLTICAS RR-2C","Roraima","-"]
["2018-02-01","EMULSÕES ASFÁLTICAS RR-2C","Sergipe","-"]
["2018-05-01","EMULSÕES ASFÁLTICAS RR-2C","Paraná",1.3845000000000001]
["2018-06-01","EMULSÕES ASFÁLTICAS RR-2C","Maranhão","-"]
["2018-07-01","EMULSÕES ASFÁLTICAS RR-2C","Minas Gerais",1.57124]
["2018-09-01","EMULSÕES ASFÁLTICAS RR-2C","Rio de Janeiro","-"]
["2018-10-01","EMULSÕES ASFÁLTICAS RR-2C","Santa Catarina","-"]
["2019-01-01","EMULSÕES ASFÁLTICAS RR-2C","Piauí","-"]
["2019-02-01","EMULSÕES ASFÁLTICAS RR-2C","Distrito Federal","-"]
["2019-04-01","EMULSÕES ASFÁLTICAS RR-2C","Rio de Janeiro","-"]
["2019-06-01","EMULSÕES ASFÁLTICAS RR-2C","Bahia","-"]
["2019-08-01","EMULSÕES ASFÁLTICAS RR-2C","Mato Grosso do Sul",1.9095800000000001]
["2019-10-01","EMULSÕES ASFÁLTICAS RR-2C","Alagoas","-"]
["2019-11-01","EMULSÕES ASFÁLTICAS RR-2C","Roraima","-"]
["2019-12-01","EMULSÕES ASFÁLTICAS RR-2C","Sergipe","-"]
["2020-02-01","EMULSÕES ASFÁLTICAS RR-2C","Alagoas","-"]
["2020-03-01","EMULSÕES ASFÁLTICAS RR-2C","Rondônia","-"]
["2020-05-01","EMULSÕES ASFÁLTICAS RR-2C","Minas Gerais",1.8949199999999999]
["2020-08-01","EMULSÕES ASFÁLTICAS RR-2C","Distrito Federal","-"]
["2020-08-01","EMULSÕES ASFÁLTICAS RR-2C","Roraima","-"]
["2020-10-01","EMULSÕES ASFÁLTICAS RR-2C","Rondônia","-"]
["2020-12-01","EMULSÕES ASFÁLTICAS RR-2C","Distrito Federal","-"]
["2021-03-01","EMULSÕES ASFÁLTICAS RR-2C","Acre","-"]
["2021-04-01","EMULSÕES ASFÁLTICAS RR-2C","Bahia","-"]
["2021-06-01","EMULSÕES ASFÁLTICAS RR-2C","Mato Grosso do Sul",2.6952099999999999]
["2021-07-01","EMULSÕES ASFÁLTICAS RR-2C","Paraíba","-"]
["2021-09-01","EMULSÕES ASFÁLTICAS RR-2C","Rondônia","-"]
["2021-09-01","EMULSÕES ASFÁLTICAS RR-2C","São Paulo",2.89974]
["2021-12-01","EMULSÕES ASFÁLTICAS RR-2C","Alagoas","-"]
["2022-02-01","EMULSÕES ASFÁLTICAS RR-2C","Goiás","-"]
["2022-03-01","EMULSÕES ASFÁLTICAS RR-2C","Espírito Santo","-"]
["2022-04-01","EMULSÕES ASFÁLTICAS RR-2C","Pernambuco","-"]
["2022-04-01","EMULSÕES ASFÁLTICAS RR-2C","Piauí","-"]
["2022-04-01","EMULSÕES ASFÁLTICAS RR-2C","Rio de Janeiro","-"]
["2022-04-01","EMULSÕES ASFÁLTICAS RR-2C","Rio Grande do Norte","-"]
["2022-04-01","EMULSÕES ASFÁLTICAS RR-2C","Rio Grande do Sul","-"]
["2022-04-01","EMULSÕES ASFÁLTICAS RR-2C","Rondônia","-"]
["2022-04-01","EMULSÕES ASFÁLTICAS RR-2C","Roraima","-"]
["2022-04-01","EMULSÕES ASFÁLTICAS RR-2C","Santa Catarina","-"]
["2022-04-01","EMULSÕES ASFÁLTICAS RR-2C","São Paulo",3.51939]
["2022-04-01","EMULSÕES ASFÁLTICAS RR-2C","Sergipe","-"]
["2022-04-01","EMULSÕES ASFÁLTICAS RR-2C","Tocantins","-"]
["2022-05-01","EMULSÕES ASFÁLTICAS RR-2C","Acre","-"]
["2022-05-01","EMULSÕES ASFÁLTICAS RR-2C","Alagoas","-"]
["2022-05-01","EMULSÕES ASFÁLTICAS RR-2C","Amapá","-"]
["2022-05-01","EMULSÕES ASFÁLTICAS RR-2C","Amazonas","-"]
["2022-05-01","EMULSÕES ASFÁLTICAS RR-2C","Bahia","-"]
["2022-05-01","EMULSÕES ASFÁLTICAS RR-2C","Ceará",3.12432]
["2022-05-01","EMULSÕES ASFÁLTICAS RR-2C","Distrito Federal","-"]
["2022-05-01","EMULSÕES ASFÁLTICAS RR-2C","Espírito Santo","-"]
["2022-05-01","EMULSÕES ASFÁLTICAS RR-2C","Goiás",3.4521000000000002]
["2022-05-01","EMULSÕES ASFÁLTICAS RR-2C","Maranhão","-"]
["2022-05-01","EMULSÕES ASFÁLTICAS RR-2C","Mato Grosso",3.5392100000000002]
["2022-05-01","EMULSÕES ASFÁLTICAS RR-2C","Mato Grosso do Sul",3.4796999999999998]
["2022-05-01","EMULSÕES ASFÁLTICAS RR-2C","Minas Gerais",3.59138]
["2022-05-01","EMULSÕES ASFÁLTICAS RR-2C","Pará","-"]
["2022-05-01","EMULSÕES ASFÁLTICAS RR-2C","Paraíba","-"]
["2022-05-01","EMULSÕES ASFÁLTICAS RR-2C","Paraná",3.1782400000000002]
["2022-05-01","EMULSÕES ASFÁLTICAS RR-2C","Pernambuco","-"]
["2022-05-01","EMULSÕES ASFÁLTICAS RR-2C","Piauí","-"]
["2022-05-01","EMULSÕES ASFÁLTICAS RR-2C","Rio de Janeiro","-"]
["2022-05-01","EMULSÕES ASFÁLTICAS RR-2C","Rio Grande do Norte","-"]
["2022-05-01","EMULSÕES ASFÁLTICAS RR-2C","Rio Grande do Sul","-"]
["2022-05-01","EMULSÕES ASFÁLTICAS RR-2C","Rondônia","-"]
["2022-05-01","EMULSÕES ASFÁLTICAS RR-2C","Roraima","-"]
["2022-05-01","EMULSÕES ASFÁLTICAS RR-2C","Santa Catarina","-"]
["2022-05-01","EMULSÕES ASFÁLTICAS RR-2C","São Paulo",2.52597]
["2022-05-01","EMULSÕES ASFÁLTICAS RR-2C","Sergipe","-"]
["2022-05-01","EMULSÕES ASFÁLTICAS RR-2C","Tocantins",3.1949200000000002]
["2022-06-01","EMULSÕES ASFÁLTICAS RR-2C","Acre","-"]
["2022-06-01","EMULSÕES ASFÁLTICAS RR-2C","Alagoas","-"]
["2022-06-01","EMULSÕES ASFÁLTICAS RR-2C","Amapá","-"]
["2022-06-01","EMULSÕES ASFÁLTICAS RR-2C","Amazonas","-"]
["2022-06-01","EMULSÕES ASFÁLTICAS RR-2C","Bahia","-"]
["2022-06-01","EMULSÕES ASFÁLTICAS RR-2C","Ceará",3.09632]
["2022-06-01","EMULSÕES ASFÁLTICAS RR-2C","Distrito Federal","-"]
["2022-06-01","EMULSÕES ASFÁLTICAS RR-2C","Espírito Santo","-"]
["2022-06-01","EMULSÕES ASFÁLTICAS RR-2C","Goiás",3.48515]
["2022-06-01","EMULSÕES ASFÁLTICAS RR-2C","Maranhão","-"]
["2022-06-01","EMULSÕES ASFÁLTICAS RR-2C","Mato Grosso",3.4387799999999999]
["2022-06-01","EMULSÕES ASFÁLTICAS RR-2C","Mato Grosso do Sul","-"]
["2022-06-01","EMULSÕES ASFÁLTICAS RR-2C","Minas Gerais",3.4623200000000001]
["2022-06-01","EMULSÕES ASFÁLTICAS RR-2C","Pará",3.8239700000000001]
["2022-06-01","EMULSÕES ASFÁLTICAS RR-2C","Paraíba","-"]
["2022-06-01","EMULSÕES ASFÁLTICAS RR-2C","Paraná",3.1490200000000002]
["2022-06-01","EMULSÕES ASFÁLTICAS RR-2C","Pernambuco","-"]
["2022-06-01","EMULSÕES ASFÁLTICAS RR-2C","Piauí","-"]
["2022-06-01","EMULSÕES ASFÁLTICAS RR-2C","Rio de Janeiro","-"]
["2022-06-01","EMULSÕES ASFÁLTICAS RR-2C","Rio Grande do Norte","-"]
["2022-06-01","EMULSÕES ASFÁLTICAS RR-2C","Rio Grande do Sul","-"]
["2022-06-01","EMULSÕES ASFÁLTICAS RR-2C","Rondônia","-"]
["2022-06-01","EMULSÕES ASFÁLTICAS RR-2C","Roraima","-"]
["2022-06-01","EMULSÕES ASFÁLTICAS RR-2C","Santa Catarina","-"]
["2022-06-01","EMULSÕES ASFÁLTICAS RR-2C","São Paulo",3.4139599999999999]
["2022-06-01","EMULSÕES ASFÁLTICAS RR-2C","Sergipe","-"]
["2022-06-01","EMULSÕES ASFÁLTICAS RR-2C","Tocantins","-"]
["2022-07-01","EMULSÕES ASFÁLTICAS RR-2C","Acre","-"]
["2022-07-01","EMULSÕES ASFÁLTICAS RR-2C","Alagoas","-"]
["2022-07-01","EMULSÕES ASFÁLTICAS RR-2C","Amapá","-"]
["2022-07-01","EMULSÕES ASFÁLTICAS RR-2C","Amazonas","-"]
["2022-07-01","EMULSÕES ASFÁLTICAS RR-2C","Bahia","-"]
["2022-07-01","EMULSÕES ASFÁLTICAS RR-2C","Ceará",3.2183199999999998]
["2022-07-01","EMULSÕES ASFÁLTICAS RR-2C","Distrito Federal","-"]
["2022-07-01","EMULSÕES ASFÁLTICAS RR-2C","Espírito Santo","-"]
["2022-07-01","EMULSÕES ASFÁLTICAS RR-2C","Goiás",3.3912100000000001]
["2022-07-01","EMULSÕES ASFÁLTICAS RR-2C","Maranhão","-"]
["2022-07-01","EMULSÕES ASFÁLTICAS RR-2C","Mato Grosso",3.6456]
["2022-07-01","EMULSÕES ASFÁLTICAS RR-2C","Mato Grosso do Sul","-"]
["2022-07-01","EMULSÕES ASFÁLTICAS RR-2C","Minas Gerais",3.5442100000000001]
["2022-07-01","EMULSÕES ASFÁLTICAS RR-2C","Pará",3.4582000000000002]
["2022-07-01","EMULSÕES ASFÁLTICAS RR-2C","Paraíba","-"]
["2022-07-01","EMULSÕES ASFÁLTICAS RR-2C","Paraná",3.3068599999999999]
["2022-07-01","EMULSÕES ASFÁLTICAS RR-2C","Pernambuco","-"]
["2022-07-01","EMULSÕES ASFÁLTICAS RR-2C","Piauí","-"]
["2022-07-01","EMULSÕES ASFÁLTICAS RR-2C","Rio de Janeiro","-"]
["2022-07-01","EMULSÕES ASFÁLTICAS RR-2C","Rio Grande do Norte","-"]
["2022-07-01","EMULSÕES ASFÁLTICAS RR-2C","Rio Grande do Sul","-"]
["2022-07-01","EMULSÕES ASFÁLTICAS RR-2C","Rondônia","-"]
["2022-07-01","EMULSÕES ASFÁLTICAS RR-2C","Roraima","-"]
["2022-07-01","EMULSÕES ASFÁLTICAS RR-2C","Santa Catarina","-"]
["2022-07-01","EMULSÕES ASFÁLTICAS RR-2C","São Paulo",3.4577499999999999]
["2022-07-01","EMULSÕES ASFÁLTICAS RR-2C","Sergipe","-"]
["2022-07-01","EMULSÕES ASFÁLTICAS RR-2C","Tocantins",3.3660600000000001]
["2022-08-01","EMULSÕES ASFÁLTICAS RR-2C","Acre","-"]
["2022-08-01","EMULSÕES ASFÁLTICAS RR-2C","Alagoas","-"]
["2022-08-01","EMULSÕES ASFÁLTICAS RR-2C","Amapá","-"]
["2022-08-01","EMULSÕES ASFÁLTICAS RR-2C","Amazonas","-"]
["2022-08-01","EMULSÕES ASFÁLTICAS RR-2C","Bahia","-"]
["2022-08-01","EMULSÕES ASFÁLTICAS RR-2C","Ceará",3.1727599999999998]
["2022-08-01","EMULSÕES ASFÁLTICAS RR-2C","Distrito Federal","-"]
["2022-08-01","EMULSÕES ASFÁLTICAS RR-2C","Espírito Santo","-"]
["2022-08-01","EMULSÕES ASFÁLTICAS RR-2C","Goiás",3.5503499999999999]
["2022-08-01","EMULSÕES ASFÁLTICAS RR-2C","Maranhão","-"]
["2022-08-01","EMULSÕES ASFÁLTICAS RR-2C","Mato Grosso",3.5470899999999999]
["2022-08-01","EMULSÕES ASFÁLTICAS RR-2C","Mato Grosso do Sul","-"]
["2022-08-01","EMULSÕES ASFÁLTICAS RR-2C","Minas Gerais",3.38679]
["2022-08-01","EMULSÕES ASFÁLTICAS RR-2C","Pará",3.9657200000000001]
["2022-08-01","EMULSÕES ASFÁLTICAS RR-2C","Paraíba","-"]
["2022-08-01","EMULSÕES ASFÁLTICAS RR-2C","Paraná",3.15754]
["2022-08-01","EMULSÕES ASFÁLTICAS RR-2C","Pernambuco","-"]
["2022-08-01","EMULSÕES ASFÁLTICAS RR-2C","Piauí","-"]
["2022-08-01","EMULSÕES ASFÁLTICAS RR-2C","Rio de Janeiro","-"]
["2022-08-01","EMULSÕES ASFÁLTICAS RR-2C","Rio Grande do Norte","-"]
["2022-08-01","EMULSÕES ASFÁLTICAS RR-2C","Rio Grande do Sul","-"]
["2022-08-01","EMULSÕES ASFÁLTICAS RR-2C","Rondônia","-"]
["2022-08-01","EMULSÕES ASFÁLTICAS RR-2C","Roraima","-"]
["2022-08-01","EMULSÕES ASFÁLTICAS RR-2C","Santa Catarina","-"]
["2022-08-01","EMULSÕES ASFÁLTICAS RR-2C","São Paulo",3.36978]
["2022-08-01","EMULSÕES ASFÁLTICAS RR-2C","Sergipe","-"]
["2022-08-01","EMULSÕES ASFÁLTICAS RR-2C","Tocantins",3.3357199999999998]
["2022-09-01","EMULSÕES ASFÁLTICAS RR-2C","Acre","-"]
["2022-09-01","EMULSÕES ASFÁLTICAS RR-2C","Alagoas","-"]
["2022-09-01","EMULSÕES ASFÁLTICAS RR-2C","Amapá","-"]
["2022-09-01","EMULSÕES ASFÁLTICAS RR-2C","Amazonas","-"]
["2022-09-01","EMULSÕES ASFÁLTICAS RR-2C","Bahia","-"]
["2022-09-01","EMULSÕES ASFÁLTICAS RR-2C","Ceará",3.1466500000000002]
["2022-09-01","EMULSÕES ASFÁLTICAS RR-2C","Distrito Federal","-"]
["2022-09-01","EMULSÕES ASFÁLTICAS RR-2C","Espírito Santo","-"]
["2022-09-01","EMULSÕES ASFÁLTICAS RR-2C","Goiás",3.22621]
["2022-09-01","EMULSÕES ASFÁLTICAS RR-2C","Maranhão","-"]
["2022-09-01","EMULSÕES ASFÁLTICAS RR-2C","Mato Grosso",3.4203100000000002]
["2022-09-01","EMULSÕES ASFÁLTICAS RR-2C","Mato Grosso do Sul","-"]
["2022-09-01","EMULSÕES ASFÁLTICAS RR-2C","Minas Gerais",3.2887]
["2022-09-01","EMULSÕES ASFÁLTICAS RR-2C","Pará",3.9863400000000002]
["2022-09-01","EMULSÕES ASFÁLTICAS RR-2C","Paraíba","-"]
["2022-09-01","EMULSÕES ASFÁLTICAS RR-2C","Paraná",3.1101100000000002]
["2022-09-01","EMULSÕES ASFÁLTICAS RR-2C","Pernambuco","-"]
["2022-09-01","EMULSÕES ASFÁLTICAS RR-2C","Piauí","-"]
["2022-09-01","EMULSÕES ASFÁLTICAS RR-2C","Rio de Janeiro","-"]
["2022-09-01","EMULSÕES ASFÁLTICAS RR-2C","Rio Grande do Norte","-"]
["2022-09-01","EMULSÕES ASFÁLTICAS RR-2C","Rio Grande do Sul","-"]
["2022-09-01","EMULSÕES ASFÁLTICAS RR-2C","Rondônia","-"]
["2022-09-01","EMULSÕES ASFÁLTICAS RR-2C","Roraima","-"]
["2022-09-01","EMULSÕES ASFÁLTICAS RR-2C","Santa Catarina","-"]
["2022-09-01","EMULSÕES ASFÁLTICAS RR-2C","São Paulo",3.2128199999999998]
["2022-09-01","EMULSÕES ASFÁLTICAS RR-2C","Sergipe","-"]
["2022-09-01","EMULSÕES ASFÁLTICAS RR-2C","Tocantins",3.1639300000000001]
["2022-10-01","EMULSÕES ASFÁLTICAS RR-2C","Acre","-"]
["2022-10-01","EMULSÕES ASFÁLTICAS RR-2C","Alagoas","-"]
["2022-10-01","EMULSÕES ASFÁLTICAS RR-2C","Amapá","-"]
["2022-10-01","EMULSÕES ASFÁLTICAS RR-2C","Amazonas",3.80002]
["2022-10-01","EMULSÕES ASFÁLTICAS RR-2C","Bahia","-"]
["2022-10-01","EMULSÕES ASFÁLTICAS RR-2C","Ceará",2.9824899999999999]
["2022-10-01","EMULSÕES ASFÁLTICAS RR-2C","Distrito Federal","-"]
["2022-10-01","EMULSÕES ASFÁLTICAS RR-2C","Espírito Santo","-"]
["2022-10-01","EMULSÕES ASFÁLTICAS RR-2C","Goiás",2.69529]
["2022-10-01","EMULSÕES ASFÁLTICAS RR-2C","Maranhão","-"]
["2022-10-01","EMULSÕES ASFÁLTICAS RR-2C","Mato Grosso",3.1811699999999998]
["2022-10-01","EMULSÕES ASFÁLTICAS RR-2C","Mato Grosso do Sul","-"]
["2022-10-01","EMULSÕES ASFÁLTICAS RR-2C","Minas Gerais",3.1113300000000002]
["2022-10-01","EMULSÕES ASFÁLTICAS RR-2C","Pará","-"]
["2022-10-01","EMULSÕES ASFÁLTICAS RR-2C","Paraíba","-"]
["2022-10-01","EMULSÕES ASFÁLTICAS RR-2C","Paraná",3.0825999999999998]
["2022-10-01","EMULSÕES ASFÁLTICAS RR-2C","Pernambuco","-"]
["2022-10-01","EMULSÕES ASFÁLTICAS RR-2C","Piauí","-"]
["2022-10-01","EMULSÕES ASFÁLTICAS RR-2C","Rio de Janeiro","-"]
["2022-10-01","EMULSÕES ASFÁLTICAS RR-2C","Rio Grande do Norte","-"]
["2022-10-01","EMULSÕES ASFÁLTICAS RR-2C","Rio Grande do Sul","-"]
["2022-10-01","EMULSÕES ASFÁLTICAS RR-2C","Rondônia","-"]
["2022-10-01","EMULSÕES ASFÁLTICAS RR-2C","Roraima","-"]
["2022-10-01","EMULSÕES ASFÁLTICAS RR-2C","Santa Catarina","-"]
["2022-10-01","EMULSÕES ASFÁLTICAS RR-2C","São Paulo",3.07762]
["2022-10-01","EMULSÕES ASFÁLTICAS RR-2C","Sergipe","-"]
["2022-10-01","EMULSÕES ASFÁLTICAS RR-2C","Tocantins","-"]
["2022-11-01","EMULSÕES ASFÁLTICAS RR-2C","Acre","-"]
["2022-11-01","EMULSÕES ASFÁLTICAS RR-2C","Alagoas","-"]
["2022-11-01","EMULSÕES ASFÁLTICAS RR-2C","Amapá","-"]
["2022-11-01","EMULSÕES ASFÁLTICAS RR-2C","Amazonas",3.7312500000000002]
["2022-11-01","EMULSÕES ASFÁLTICAS RR-2C","Bahia","-"]
["2022-11-01","EMULSÕES ASFÁLTICAS RR-2C","Ceará",2.87635]
["2022-11-01","EMULSÕES ASFÁLTICAS RR-2C","Distrito Federal","-"]
["2022-11-01","EMULSÕES ASFÁLTICAS RR-2C","Espírito Santo","-"]
["2022-11-01","EMULSÕES ASFÁLTICAS RR-2C","Goiás",2.9567700000000001]
["2022-11-01","EMULSÕES ASFÁLTICAS RR-2C","Maranhão","-"]
["2022-11-01","EMULSÕES ASFÁLTICAS RR-2C","Mato Grosso",3.2876500000000002]
["2022-11-01","EMULSÕES ASFÁLTICAS RR-2C","Mato Grosso do Sul","-"]
["2022-11-01","EMULSÕES ASFÁLTICAS RR-2C","Minas Gerais",3.0772200000000001]
["2022-11-01","EMULSÕES ASFÁLTICAS RR-2C","Pará","-"]
["2022-11-01","EMULSÕES ASFÁLTICAS RR-2C","Paraíba","-"]
["2022-11-01","EMULSÕES ASFÁLTICAS RR-2C","Paraná",2.8755999999999999]
["2022-11-01","EMULSÕES ASFÁLTICAS RR-2C","Pernambuco","-"]
["2022-11-01","EMULSÕES ASFÁLTICAS RR-2C","Piauí","-"]
["2022-11-01","EMULSÕES ASFÁLTICAS RR-2C","Rio de Janeiro","-"]
["2022-11-01","EMULSÕES ASFÁLTICAS RR-2C","Rio Grande do Norte","-"]
["2022-11-01","EMULSÕES ASFÁLTICAS RR-2C","Rio Grande do Sul",2.6206499999999999]
["2022-11-01","EMULSÕES ASFÁLTICAS RR-2C","Rondônia","-"]
["2022-11-01","EMULSÕES ASFÁLTICAS RR-2C","Roraima","-"]
["2022-11-01","EMULSÕES ASFÁLTICAS RR-2C","Santa Catarina","-"]
["2022-11-01","EMULSÕES ASFÁLTICAS RR-2C","São Paulo",2.85562]
["2022-11-01","EMULSÕES ASFÁLTICAS RR-2C","Sergipe","-"]
["2022-11-01","EMULSÕES ASFÁLTICAS RR-2C","Tocantins",3.0291999999999999]
["2022-12-01","EMULSÕES ASFÁLTICAS RR-2C","Acre","-"]
["2022-12-01","EMULSÕES ASFÁLTICAS RR-2C","Alagoas","-"]
["2022-12-01","EMULSÕES ASFÁLTICAS RR-2C","Amapá","-"]
["2022-12-01","EMULSÕES ASFÁLTICAS RR-2C","Amazonas",3.4546199999999998]
["2022-12-01","EMULSÕES ASFÁLTICAS RR-2C","Bahia","-"]
["2022-12-01","EMULSÕES ASFÁLTICAS RR-2C","Ceará",2.90774]
["2022-12-01","EMULSÕES ASFÁLTICAS RR-2C","Distrito Federal","-"]
["2022-12-01","EMULSÕES ASFÁLTICAS RR-2C","Espírito Santo","-"]
["2022-12-01","EMULSÕES ASFÁLTICAS RR-2C","Goiás",2.45696]
["2022-12-01","EMULSÕES ASFÁLTICAS RR-2C","Maranhão","-"]
["2022-12-01","EMULSÕES ASFÁLTICAS RR-2C","Mato Grosso",3.2241300000000002]
["2022-12-01","EMULSÕES ASFÁLTICAS RR-2C","Mato Grosso do Sul",3.0140799999999999]
["2022-12-01","EMULSÕES ASFÁLTICAS RR-2C","Minas Gerais",3.0247299999999999]
["2022-12-01","EMULSÕES ASFÁLTICAS RR-2C","Pará",3.07538]
["2022-12-01","EMULSÕES ASFÁLTICAS RR-2C","Paraíba","-"]
["2022-12-01","EMULSÕES ASFÁLTICAS RR-2C","Paraná",2.8046500000000001]
["2022-12-01","EMULSÕES ASFÁLTICAS RR-2C","Pernambuco","-"]
["2022-12-01","EMULSÕES ASFÁLTICAS RR-2C","Piauí","-"]
["2022-12-01","EMULSÕES ASFÁLTICAS RR-2C","Rio de Janeiro","-"]
["2022-12-01","EMULSÕES ASFÁLTICAS RR-2C","Rio Grande do Norte","-"]
["2022-12-01","EMULSÕES ASFÁLTICAS RR-2C","Rio Grande do Sul",2.60988]
["2022-12-01","EMULSÕES ASFÁLTICAS RR-2C","Rondônia","-"]
["2022-12-01","EMULSÕES ASFÁLTICAS RR-2C","Roraima","-"]
["2022-12-01","EMULSÕES ASFÁLTICAS RR-2C","Santa Catarina","-"]
["2022-12-01","EMULSÕES ASFÁLTICAS RR-2C","São Paulo",2.93445]
["2022-12-01","EMULSÕES ASFÁLTICAS RR-2C","Sergipe","-"]
["2022-12-01","EMULSÕES ASFÁLTICAS RR-2C","Tocantins","-"]
["2023-01-01","EMULSÕES ASFÁLTICAS RR-2C","Acre","-"]
["2023-01-01","EMULSÕES ASFÁLTICAS RR-2C","Alagoas","-"]
["2023-01-01","EMULSÕES ASFÁLTICAS RR-2C","Amapá","-"]
["2023-01-01","EMULSÕES ASFÁLTICAS RR-2C","Amazonas",3.34226]
["2023-01-01","EMULSÕES ASFÁLTICAS RR-2C","Bahia","-"]
["2023-01-01","EMULSÕES ASFÁLTICAS RR-2C","Ceará",2.6347700000000001]
["2023-01-01","EMULSÕES ASFÁLTICAS RR-2C","Distrito Federal","-"]
["2023-01-01","EMULSÕES ASFÁLTICAS RR-2C","Espírito Santo","-"]
["2023-01-01","EMULSÕES ASFÁLTICAS RR-2C","Goiás",3.1818200000000001]
["2023-01-01","EMULSÕES ASFÁLTICAS RR-2C","Maranhão","-"]
["2023-01-01","EMULSÕES ASFÁLTICAS RR-2C","Mato Grosso",3.2422800000000001]
["2023-01-01","EMULSÕES ASFÁLTICAS RR-2C","Mato Grosso do Sul","-"]
["2023-01-01","EMULSÕES ASFÁLTICAS RR-2C","Minas Gerais",3.0437699999999999]
["2023-01-01","EMULSÕES ASFÁLTICAS RR-2C","Pará","-"]
["2023-01-01","EMULSÕES ASFÁLTICAS RR-2C","Paraíba","-"]
["2023-01-01","EMULSÕES ASFÁLTICAS RR-2C","Paraná",2.7814399999999999]
["2023-01-01","EMULSÕES ASFÁLTICAS RR-2C","Pernambuco","-"]
["2023-01-01","EMULSÕES ASFÁLTICAS RR-2C","Piauí","-"]
["2023-01-01","EMULSÕES ASFÁLTICAS RR-2C","Rio de Janeiro","-"]
["2023-01-01","EMULSÕES ASFÁLTICAS RR-2C","Rio Grande do Norte","-"]
["2023-01-01","EMULSÕES ASFÁLTICAS RR-2C","Rio Grande do Sul","-"]
["2023-01-01","EMULSÕES ASFÁLTICAS RR-2C","Rondônia","-"]
["2023-01-01","EMULSÕES ASFÁLTICAS RR-2C","Roraima","-"]
["2023-01-01","EMULSÕES ASFÁLTICAS RR-2C","Santa Catarina","-"]
["2023-01-01","EMULSÕES ASFÁLTICAS RR-2C","São Paulo",2.7745799999999998]
["2023-01-01","EMULSÕES ASFÁLTICAS RR-2C","Sergipe","-"]
["2023-01-01","EMULSÕES ASFÁLTICAS RR-2C","Tocantins",3.0146600000000001]
["2023-02-01","EMULSÕES ASFÁLTICAS RR-2C","Acre","-"]
["2023-02-01","EMULSÕES ASFÁLTICAS RR-2C","Alagoas","-"]
["2023-02-01","EMULSÕES ASFÁLTICAS RR-2C","Amapá","-"]
["2023-02-01","EMULSÕES ASFÁLTICAS RR-2C","Amazonas","-"]
["2023-02-01","EMULSÕES ASFÁLTICAS RR-2C","Bahia","-"]
["2023-02-01","EMULSÕES ASFÁLTICAS RR-2C","Ceará",2.5076900000000002]
["2023-02-01","EMULSÕES ASFÁLTICAS RR-2C","Distrito Federal","-"]
["2023-02-01","EMULSÕES ASFÁLTICAS RR-2C","Espírito Santo","-"]
["2023-02-01","EMULSÕES ASFÁLTICAS RR-2C","Goiás",2.59049]
["2023-02-01","EMULSÕES ASFÁLTICAS RR-2C","Maranhão","-"]
["2023-02-01","EMULSÕES ASFÁLTICAS RR-2C","Mato Grosso",3.4700700000000002]
["2023-02-01","EMULSÕES ASFÁLTICAS RR-2C","Mato Grosso do Sul","-"]
["2023-02-01","EMULSÕES ASFÁLTICAS RR-2C","Minas Gerais",3.0798700000000001]
["2023-02-01","EMULSÕES ASFÁLTICAS RR-2C","Pará","-"]
["2023-02-01","EMULSÕES ASFÁLTICAS RR-2C","Paraíba","-"]
["2023-02-01","EMULSÕES ASFÁLTICAS RR-2C","Paraná",2.75874]
["2023-02-01","EMULSÕES ASFÁLTICAS RR-2C","Pernambuco","-"]
["2023-02-01","EMULSÕES ASFÁLTICAS RR-2C","Piauí","-"]
["2023-02-01","EMULSÕES ASFÁLTICAS RR-2C","Rio de Janeiro","-"]
["2023-02-01","EMULSÕES ASFÁLTICAS RR-2C","Rio Grande do Norte","-"]
["2023-02-01","EMULSÕES ASFÁLTICAS RR-2C","Rio Grande do Sul",2.57708]
["2023-02-01","EMULSÕES ASFÁLTICAS RR-2C","Rondônia","-"]
["2023-02-01","EMULSÕES ASFÁLTICAS RR-2C","Roraima","-"]
["2023-02-01","EMULSÕES ASFÁLTICAS RR-2C","Santa Catarina","-"]
["2023-02-01","EMULSÕES ASFÁLTICAS RR-2C","São Paulo",2.6240999999999999]
["2023-02-01","EMULSÕES ASFÁLTICAS RR-2C","Sergipe","-"]
["2023-02-01","EMULSÕES ASFÁLTICAS RR-2C","Tocantins",2.9203800000000002]
["2023-03-01","EMULSÕES ASFÁLTICAS RR-2C","Acre","-"]
["2023-03-01","EMULSÕES ASFÁLTICAS RR-2C","Alagoas","-"]
["2023-03-01","EMULSÕES ASFÁLTICAS RR-2C","Amapá","-"]
["2023-03-01","EMULSÕES ASFÁLTICAS RR-2C","Amazonas",3.5192399999999999]
["2023-03-01","EMULSÕES ASFÁLTICAS RR-2C","Bahia","-"]
["2023-03-01","EMULSÕES ASFÁLTICAS RR-2C","Ceará",2.5325600000000001]
["2023-03-01","EMULSÕES ASFÁLTICAS RR-2C","Distrito Federal","-"]
["2023-03-01","EMULSÕES ASFÁLTICAS RR-2C","Espírito Santo","-"]
["2023-03-01","EMULSÕES ASFÁLTICAS RR-2C","Goiás",2.8495200000000001]
["2023-03-01","EMULSÕES ASFÁLTICAS RR-2C","Maranhão","-"]
["2023-03-01","EMULSÕES ASFÁLTICAS RR-2C","Mato Grosso",2.9706299999999999]
["2023-03-01","EMULSÕES ASFÁLTICAS RR-2C","Mato Grosso do Sul","-"]
["2023-03-01","EMULSÕES ASFÁLTICAS RR-2C","Minas Gerais",3.0576500000000002]
["2023-03-01","EMULSÕES ASFÁLTICAS RR-2C","Pará",3.1011799999999998]
["2023-03-01","EMULSÕES ASFÁLTICAS RR-2C","Paraíba","-"]
["2023-03-01","EMULSÕES ASFÁLTICAS RR-2C","Paraná",2.57267]
["2023-03-01","EMULSÕES ASFÁLTICAS RR-2C","Pernambuco","-"]
["2023-03-01","EMULSÕES ASFÁLTICAS RR-2C","Piauí","-"]
["2023-03-01","EMULSÕES ASFÁLTICAS RR-2C","Rio de Janeiro","-"]
["2023-03-01","EMULSÕES ASFÁLTICAS RR-2C","Rio Grande do Norte","-"]
["2023-03-01","EMULSÕES ASFÁLTICAS RR-2C","Rio Grande do Sul","-"]
["2023-03-01","EMULSÕES ASFÁLTICAS RR-2C","Rondônia","-"]
["2023-03-01","EMULSÕES ASFÁLTICAS RR-2C","Roraima","-"]
["2023-03-01","EMULSÕES ASFÁLTICAS RR-2C","Santa Catarina","-"]
["2023-03-01","EMULSÕES ASFÁLTICAS RR-2C","São Paulo",2.62906]
["2023-03-01","EMULSÕES ASFÁLTICAS RR-2C","Sergipe","-"]
["2023-03-01","EMULSÕES ASFÁLTICAS RR-2C","Tocantins",2.9969700000000001]
["2023-04-01","EMULSÕES ASFÁLTICAS RR-2C","Acre","-"]
["2023-04-01","EMULSÕES ASFÁLTICAS RR-2C","Alagoas","-"]
["2023-04-01","EMULSÕES ASFÁLTICAS RR-2C","Amapá","-"]
["2023-04-01","EMULSÕES ASFÁLTICAS RR-2C","Amazonas",3.88259]
["2023-04-01","EMULSÕES ASFÁLTICAS RR-2C","Bahia","-"]
["2023-04-01","EMULSÕES ASFÁLTICAS RR-2C","Ceará",2.5196299999999998]
["2023-04-01","EMULSÕES ASFÁLTICAS RR-2C","Distrito Federal","-"]
["2023-04-01","EMULSÕES ASFÁLTICAS RR-2C","Espírito Santo","-"]
["2023-04-01","EMULSÕES ASFÁLTICAS RR-2C","Goiás",2.82199]
["2023-04-01","EMULSÕES ASFÁLTICAS RR-2C","Maranhão","-"]
["2023-04-01","EMULSÕES ASFÁLTICAS RR-2C","Mato Grosso",3.008]
["2023-04-01","EMULSÕES ASFÁLTICAS RR-2C","Mato Grosso do Sul","-"]
["2023-04-01","EMULSÕES ASFÁLTICAS RR-2C","Minas Gerais",2.7903799999999999]
["2023-04-01","EMULSÕES ASFÁLTICAS RR-2C","Pará","-"]
["2023-04-01","EMULSÕES ASFÁLTICAS RR-2C","Paraíba","-"]
["2023-04-01","EMULSÕES ASFÁLTICAS RR-2C","Paraná",2.58066]
["2023-04-01","EMULSÕES ASFÁLTICAS RR-2C","Pernambuco","-"]
["2023-04-01","EMULSÕES ASFÁLTICAS RR-2C","Piauí","-"]
["2023-04-01","EMULSÕES ASFÁLTICAS RR-2C","Rio de Janeiro","-"]
["2023-04-01","EMULSÕES ASFÁLTICAS RR-2C","Rio Grande do Norte","-"]
["2023-04-01","EMULSÕES ASFÁLTICAS RR-2C","Rio Grande do Sul","-"]
["2023-04-01","EMULSÕES ASFÁLTICAS RR-2C","Rondônia","-"]
["2023-04-01","EMULSÕES ASFÁLTICAS RR-2C","Roraima","-"]
["2023-04-01","EMULSÕES ASFÁLTICAS RR-2C","Santa Catarina","-"]
["2023-04-01","EMULSÕES ASFÁLTICAS RR-2C","São Paulo",2.68784]
["2023-04-01","EMULSÕES ASFÁLTICAS RR-2C","Sergipe","-"]
["2023-04-01","EMULSÕES ASFÁLTICAS RR-2C","Tocantins",2.9386999999999999]
["2023-05-01","EMULSÕES ASFÁLTICAS RR-2C","Acre","-"]
["2023-05-01","EMULSÕES ASFÁLTICAS RR-2C","Alagoas","-"]
["2023-05-01","EMULSÕES ASFÁLTICAS RR-2C","Amapá","-"]
["2023-05-01","EMULSÕES ASFÁLTICAS RR-2C","Amazonas",3.6815699999999998]
["2023-05-01","EMULSÕES ASFÁLTICAS RR-2C","Bahia","-"]
["2023-05-01","EMULSÕES ASFÁLTICAS RR-2C","Ceará",2.5701299999999998]
["2023-05-01","EMULSÕES ASFÁLTICAS RR-2C","Distrito Federal","-"]
["2023-05-01","EMULSÕES ASFÁLTICAS RR-2C","Espírito Santo","-"]
["2023-05-01","EMULSÕES ASFÁLTICAS RR-2C","Goiás",2.7922799999999999]
["2023-05-01","EMULSÕES ASFÁLTICAS RR-2C","Maranhão","-"]
["2023-05-01","EMULSÕES ASFÁLTICAS RR-2C","Mato Grosso",3.0023499999999999]
["2023-05-01","EMULSÕES ASFÁLTICAS RR-2C","Mato Grosso do Sul","-"]
["2023-05-01","EMULSÕES ASFÁLTICAS RR-2C","Minas Gerais",2.77685]
["2023-05-01","EMULSÕES ASFÁLTICAS RR-2C","Pará",3.1712199999999999]
["2023-05-01","EMULSÕES ASFÁLTICAS RR-2C","Paraíba","-"]
["2023-05-01","EMULSÕES ASFÁLTICAS RR-2C","Paraná",2.3876200000000001]
["2023-05-01","EMULSÕES ASFÁLTICAS RR-2C","Pernambuco","-"]
["2023-05-01","EMULSÕES ASFÁLTICAS RR-2C","Piauí","-"]
["2023-05-01","EMULSÕES ASFÁLTICAS RR-2C","Rio de Janeiro","-"]
["2023-05-01","EMULSÕES ASFÁLTICAS RR-2C","Rio Grande do Norte","-"]
["2023-05-01","EMULSÕES ASFÁLTICAS RR-2C","Rio Grande do Sul","-"]
["2023-05-01","EMULSÕES ASFÁLTICAS RR-2C","Rondônia","-"]
["2023-05-01","EMULSÕES ASFÁLTICAS RR-2C","Roraima","-"]
["2023-05-01","EMULSÕES ASFÁLTICAS RR-2C","Santa Catarina","-"]
["2023-05-01","EMULSÕES ASFÁLTICAS RR-2C","São Paulo",2.4961700000000002]
["2023-05-01","EMULSÕES ASFÁLTICAS RR-2C","Sergipe","-"]
["2023-05-01","EMULSÕES ASFÁLTICAS RR-2C","Tocantins","-"]
["2023-06-01","EMULSÕES ASFÁLTICAS RR-2C","Acre","-"]
["2023-06-01","EMULSÕES ASFÁLTICAS RR-2C","Alagoas","-"]
["2023-06-01","EMULSÕES ASFÁLTICAS RR-2C","Amapá","-"]
["2023-06-01","EMULSÕES ASFÁLTICAS RR-2C","Amazonas",4.0092999999999996]
["2023-06-01","EMULSÕES ASFÁLTICAS RR-2C","Bahia","-"]
["2023-06-01","EMULSÕES ASFÁLTICAS RR-2C","Ceará",2.5524800000000001]
["2023-06-01","EMULSÕES ASFÁLTICAS RR-2C","Distrito Federal","-"]
["2023-06-01","EMULSÕES ASFÁLTICAS RR-2C","Espírito Santo","-"]
["2023-06-01","EMULSÕES ASFÁLTICAS RR-2C","Goiás",2.7315499999999999]
["2023-06-01","EMULSÕES ASFÁLTICAS RR-2C","Maranhão","-"]
["2023-06-01","EMULSÕES ASFÁLTICAS RR-2C","Mato Grosso",2.98143]
["2023-06-01","EMULSÕES ASFÁLTICAS RR-2C","Mato Grosso do Sul","-"]
["2023-06-01","EMULSÕES ASFÁLTICAS RR-2C","Minas Gerais",2.7246100000000002]
["2023-06-01","EMULSÕES ASFÁLTICAS RR-2C","Pará","-"]
["2023-06-01","EMULSÕES ASFÁLTICAS RR-2C","Paraíba","-"]
["2023-06-01","EMULSÕES ASFÁLTICAS RR-2C","Paraná",2.5597400000000001]
["2023-06-01","EMULSÕES ASFÁLTICAS RR-2C","Pernambuco","-"]
["2023-06-01","EMULSÕES ASFÁLTICAS RR-2C","Piauí","-"]
["2023-06-01","EMULSÕES ASFÁLTICAS RR-2C","Rio de Janeiro","-"]
["2023-06-01","EMULSÕES ASFÁLTICAS RR-2C","Rio Grande do Norte","-"]
["2023-06-01","EMULSÕES ASFÁLTICAS RR-2C","Rio Grande do Sul","-"]
["2023-06-01","EMULSÕES ASFÁLTICAS RR-2C","Rondônia","-"]
["2023-06-01","EMULSÕES ASFÁLTICAS RR-2C","Roraima","-"]
["2023-06-01","EMULSÕES ASFÁLTICAS RR-2C","Santa Catarina","-"]
["2023-06-01","EMULSÕES ASFÁLTICAS RR-2C","São Paulo",2.4924499999999998]
["2023-06-01","EMULSÕES ASFÁLTICAS RR-2C","Sergipe","-"]
["2023-06-01","EMULSÕES ASFÁLTICAS RR-2C","Tocantins",2.6752899999999999]
["2023-07-01","EMULSÕES ASFÁLTICAS RR-2C","Acre","-"]
["2023-07-01","EMULSÕES ASFÁLTICAS RR-2C","Alagoas","-"]
["2023-07-01","EMULSÕES ASFÁLTICAS RR-2C","Amapá","-"]
["2023-07-01","EMULSÕES ASFÁLTICAS RR-2C","Amazonas",3.6065200000000002]
["2023-07-01","EMULSÕES ASFÁLTICAS RR-2C","Bahia","-"]
["2023-07-01","EMULSÕES ASFÁLTICAS RR-2C","Ceará",2.56724]
["2023-07-01","EMULSÕES ASFÁLTICAS RR-2C","Distrito Federal","-"]
["2023-07-01","EMULSÕES ASFÁLTICAS RR-2C","Espírito Santo","-"]
["2023-07-01","EMULSÕES ASFÁLTICAS RR-2C","Goiás",2.6796099999999998]
["2023-07-01","EMULSÕES ASFÁLTICAS RR-2C","Maranhão","-"]
["2023-07-01","EMULSÕES ASFÁLTICAS RR-2C","Mato Grosso",2.9798300000000002]
["2023-07-01","EMULSÕES ASFÁLTICAS RR-2C","Mato Grosso do Sul",2.7378399999999998]
["2023-07-01","EMULSÕES ASFÁLTICAS RR-2C","Minas Gerais",2.6455700000000002]
["2023-07-01","EMULSÕES ASFÁLTICAS RR-2C","Pará","-"]
["2023-07-01","EMULSÕES ASFÁLTICAS RR-2C","Paraíba","-"]
["2023-07-01","EMULSÕES ASFÁLTICAS RR-2C","Paraná",2.5631900000000001]
["2023-07-01","EMULSÕES ASFÁLTICAS RR-2C","Pernambuco","-"]
["2023-07-01","EMULSÕES ASFÁLTICAS RR-2C","Piauí","-"]
["2023-07-01","EMULSÕES ASFÁLTICAS RR-2C","Rio de Janeiro","-"]
["2023-07-01","EMULSÕES ASFÁLTICAS RR-2C","Rio Grande do Norte","-"]
["2023-07-01","EMULSÕES ASFÁLTICAS RR-2C","Rio Grande do Sul","-"]
["2023-07-01","EMULSÕES ASFÁLTICAS RR-2C","Rondônia","-"]
["2023-07-01","EMULSÕES ASFÁLTICAS RR-2C","Roraima","-"]
["2023-07-01","EMULSÕES ASFÁLTICAS RR-2C","Santa Catarina","-"]
["2023-07-01","EMULSÕES ASFÁLTICAS RR-2C","São Paulo",2.5241400000000001]
["2023-07-01","EMULSÕES ASFÁLTICAS RR-2C","Sergipe","-"]
["2023-07-01","EMULSÕES ASFÁLTICAS RR-2C","Tocantins",2.7042000000000002]
["2023-08-01","EMULSÕES ASFÁLTICAS RR-2C","Acre","-"]
["2023-08-01","EMULSÕES ASFÁLTICAS RR-2C","Alagoas","-"]
["2023-08-01","EMULSÕES ASFÁLTICAS RR-2C","Amapá","-"]
["2023-08-01","EMULSÕES ASFÁLTICAS RR-2C","Amazonas",3.68479]
["2023-08-01","EMULSÕES ASFÁLTICAS RR-2C","Bahia","-"]
["2023-08-01","EMULSÕES ASFÁLTICAS RR-2C","Ceará",2.5832700000000002]
["2023-08-01","EMULSÕES ASFÁLTICAS RR-2C","Distrito Federal","-"]
["2023-08-01","EMULSÕES ASFÁLTICAS RR-2C","Espírito Santo","-"]
["2023-08-01","EMULSÕES ASFÁLTICAS RR-2C","Goiás",2.8803200000000002]
["2023-08-01","EMULSÕES ASFÁLTICAS RR-2C","Maranhão","-"]
["2023-08-01","EMULSÕES ASFÁLTICAS RR-2C","Mato Grosso",2.9733000000000001]
["2023-08-01","EMULSÕES ASFÁLTICAS RR-2C","Mato Grosso do Sul",2.7770100000000002]
["2023-08-01","EMULSÕES ASFÁLTICAS RR-2C","Minas Gerais",2.68167]
["2023-08-01","EMULSÕES ASFÁLTICAS RR-2C","Pará","-"]
["2023-08-01","EMULSÕES ASFÁLTICAS RR-2C","Paraíba","-"]
["2023-08-01","EMULSÕES ASFÁLTICAS RR-2C","Paraná",2.6621899999999998]
["2023-08-01","EMULSÕES ASFÁLTICAS RR-2C","Pernambuco","-"]
["2023-08-01","EMULSÕES ASFÁLTICAS RR-2C","Piauí","-"]
["2023-08-01","EMULSÕES ASFÁLTICAS RR-2C","Rio de Janeiro","-"]
["2023-08-01","EMULSÕES ASFÁLTICAS RR-2C","Rio Grande do Norte","-"]
["2023-08-01","EMULSÕES ASFÁLTICAS RR-2C","Rio Grande do Sul","-"]
["2023-08-01","EMULSÕES ASFÁLTICAS RR-2C","Rondônia","-"]
["2023-08-01","EMULSÕES ASFÁLTICAS RR-2C","Roraima","-"]
["2023-08-01","EMULSÕES ASFÁLTICAS RR-2C","Santa Catarina","-"]
["2023-08-01","EMULSÕES ASFÁLTICAS RR-2C","São Paulo",2.5738099999999999]
["2023-08-01","EMULSÕES ASFÁLTICAS RR-2C","Sergipe","-"]
["2023-08-01","EMULSÕES ASFÁLTICAS RR-2C","Tocantins",2.7318099999999998]
["2023-09-01","EMULSÕES ASFÁLTICAS RR-2C","Acre","-"]
["2023-09-01","EMULSÕES ASFÁLTICAS RR-2C","Alagoas","-"]
["2023-09-01","EMULSÕES ASFÁLTICAS RR-2C","Amapá","-"]
["2023-09-01","EMULSÕES ASFÁLTICAS RR-2C","Amazonas",3.75739]
["2023-09-01","EMULSÕES ASFÁLTICAS RR-2C","Bahia","-"]
["2023-09-01","EMULSÕES ASFÁLTICAS RR-2C","Ceará",2.6987800000000002]
["2023-09-01","EMULSÕES ASFÁLTICAS RR-2C","Distrito Federal","-"]
["2023-09-01","EMULSÕES ASFÁLTICAS RR-2C","Espírito Santo","-"]
["2023-09-01","EMULSÕES ASFÁLTICAS RR-2C","Goiás",3.0014400000000001]
["2023-09-01","EMULSÕES ASFÁLTICAS RR-2C","Maranhão","-"]
["2023-09-01","EMULSÕES ASFÁLTICAS RR-2C","Mato Grosso",3.1578300000000001]
["2023-09-01","EMULSÕES ASFÁLTICAS RR-2C","Mato Grosso do Sul",2.9057599999999999]
["2023-09-01","EMULSÕES ASFÁLTICAS RR-2C","Minas Gerais",2.8867400000000001]
["2023-09-01","EMULSÕES ASFÁLTICAS RR-2C","Pará","-"]
["2023-09-01","EMULSÕES ASFÁLTICAS RR-2C","Paraíba","-"]
["2023-09-01","EMULSÕES ASFÁLTICAS RR-2C","Paraná",2.3875999999999999]
["2023-09-01","EMULSÕES ASFÁLTICAS RR-2C","Pernambuco","-"]
["2023-09-01","EMULSÕES ASFÁLTICAS RR-2C","Piauí","-"]
["2023-09-01","EMULSÕES ASFÁLTICAS RR-2C","Rio de Janeiro","-"]
["2023-09-01","EMULSÕES ASFÁLTICAS RR-2C","Rio Grande do Norte","-"]
["2023-09-01","EMULSÕES ASFÁLTICAS RR-2C","Rio Grande do Sul",2.61836]
["2023-09-01","EMULSÕES ASFÁLTICAS RR-2C","Rondônia","-"]
["2023-09-01","EMULSÕES ASFÁLTICAS RR-2C","Roraima","-"]
["2023-09-01","EMULSÕES ASFÁLTICAS RR-2C","Santa Catarina","-"]
["2023-09-01","EMULSÕES ASFÁLTICAS RR-2C","São Paulo",2.6086900000000002]
["2023-09-01","EMULSÕES ASFÁLTICAS RR-2C","Sergipe","-"]
["2023-09-01","EMULSÕES ASFÁLTICAS RR-2C","Tocantins","-"]
["2023-10-01","EMULSÕES ASFÁLTICAS RR-2C","Acre","-"]
["2023-10-01","EMULSÕES ASFÁLTICAS RR-2C","Alagoas","-"]
["2023-10-01","EMULSÕES ASFÁLTICAS RR-2C","Amapá","-"]
["2023-10-01","EMULSÕES ASFÁLTICAS RR-2C","Amazonas",4.1309399999999998]
["2023-10-01","EMULSÕES ASFÁLTICAS RR-2C","Bahia","-"]
["2023-10-01","EMULSÕES ASFÁLTICAS RR-2C","Ceará",2.7088199999999998]
["2023-10-01","EMULSÕES ASFÁLTICAS RR-2C","Distrito Federal","-"]
["2023-10-01","EMULSÕES ASFÁLTICAS RR-2C","Espírito Santo","-"]
["2023-10-01","EMULSÕES ASFÁLTICAS RR-2C","Goiás",2.9767700000000001]
["2023-10-01","EMULSÕES ASFÁLTICAS RR-2C","Maranhão","-"]
["2023-10-01","EMULSÕES ASFÁLTICAS RR-2C","Mato Grosso",2.9709099999999999]
["2023-10-01","EMULSÕES ASFÁLTICAS RR-2C","Mato Grosso do Sul","-"]
["2023-10-01","EMULSÕES ASFÁLTICAS RR-2C","Minas Gerais",2.7764899999999999]
["2023-10-01","EMULSÕES ASFÁLTICAS RR-2C","Pará",3.4577200000000001]
["2023-10-01","EMULSÕES ASFÁLTICAS RR-2C","Paraíba","-"]
["2023-10-01","EMULSÕES ASFÁLTICAS RR-2C","Paraná",2.5944199999999999]
["2023-10-01","EMULSÕES ASFÁLTICAS RR-2C","Pernambuco","-"]
["2023-10-01","EMULSÕES ASFÁLTICAS RR-2C","Piauí","-"]
["2023-10-01","EMULSÕES ASFÁLTICAS RR-2C","Rio de Janeiro","-"]
["2023-10-01","EMULSÕES ASFÁLTICAS RR-2C","Rio Grande do Norte","-"]
["2023-10-01","EMULSÕES ASFÁLTICAS RR-2C","Rio Grande do Sul",2.6346099999999999]
["2023-10-01","EMULSÕES ASFÁLTICAS RR-2C","Rondônia","-"]
["2023-10-01","EMULSÕES ASFÁLTICAS RR-2C","Roraima","-"]
["2023-10-01","EMULSÕES ASFÁLTICAS RR-2C","Santa Catarina","-"]
["2023-10-01","EMULSÕES ASFÁLTICAS RR-2C","São Paulo",2.64642]
["2023-10-01","EMULSÕES ASFÁLTICAS RR-2C","Sergipe","-"]
["2023-10-01","EMULSÕES ASFÁLTICAS RR-2C","Tocantins",2.9293100000000001]
["Nota 1: Preços à vista, sem frete, com todos os impostos inclusos, à exceção do ICMS, do PIS/Pasep e da Cofins."]
["Nota 2: As informações são baseadas em dados preliminares, portanto sujeitos a reprocessamento por parte dos informantes nos moldes da Resolução ANP nº 729/2018."]
["Nota 3: Quando não houver declaração de venda do produto selecionado, ou quando a declaração de venda do produto ocorrer por menos de 03 (três) distribuidoras, a tabela indicará campo vazio."]

{"sheet":"ANP REGIÃO","index":21,"n_rows":4561,"n_cols":8,"rows_kept":4561,"cut":false,"hidden":false,"merged":[[5,0,5,7],[4,11,4,17]]}
["                       Agência Nacional do Petróleo, Gás Natural e Biocombustíveis"]
["                       Superintendência de Defesa da Concorrência"]
[]
[]
[]
["PREÇO MÉDIO MENSAL PONDERADO PRATICADO PELOS DISTRIBUIDORES DE PRODUTOS ASFÁLTICOS (R$/KG)"]
[]
["Produto","Mês","Norte","Nordeste","Centro-Oeste","Sudeste","Sul","Brasil"]
["ASFALTOS DILUÍDOS CM-30","2008-11-01",1.7754700000000001,1.55088,2.0221399999999998,1.5544899999999999,1.58453,1.6428700000000001]
["ASFALTOS DILUÍDOS CM-30","2008-12-01",1.80684,1.50912,2.01302,1.6109,1.6071899999999999,1.63758]
["ASFALTOS DILUÍDOS CM-30","2009-01-01",1.49705,1.5043,1.9631000000000001,1.52467,1.58514,1.5649500000000001]
["ASFALTOS DILUÍDOS CM-30","2009-02-01",1.42787,1.49769,1.9810700000000001,1.5834900000000001,1.59592,1.56545]
["ASFALTOS DILUÍDOS CM-30","2009-03-01",1.4049400000000001,1.4976499999999999,1.8934299999999999,1.52755,1.5887199999999999,1.53271]
["ASFALTOS DILUÍDOS CM-30","2009-04-01",1.4105099999999999,1.4848300000000001,1.90923,1.4641500000000001,1.55383,1.5167200000000001]
["ASFALTOS DILUÍDOS CM-30","2009-05-01",1.4803599999999999,1.4669000000000001,1.8915900000000001,1.43544,1.5416099999999999,1.5375700000000001]
["ASFALTOS DILUÍDOS CM-30","2009-06-01",1.5807500000000001,1.44489,1.8420700000000001,1.4242600000000001,1.50153,1.54132]
["ASFALTOS DILUÍDOS CM-30","2009-07-01",1.90543,1.48262,1.9490499999999999,1.5844400000000001,1.6103099999999999,1.65103]
["ASFALTOS DILUÍDOS CM-30","2009-08-01",1.7170000000000001,1.4238500000000001,1.7123900000000001,1.4179999999999999,1.52064,1.50491]
["ASFALTOS DILUÍDOS CM-30","2009-09-01",1.6432899999999999,1.4453199999999999,1.7315199999999999,1.41937,1.50074,1.50552]
["ASFALTOS DILUÍDOS CM-30","2009-10-01",1.5880300000000001,1.4589300000000001,1.7620199999999999,1.42902,1.5137499999999999,1.5116799999999999]
["ASFALTOS DILUÍDOS CM-30","2009-11-01",1.6393500000000001,1.44906,1.7726500000000001,1.4341200000000001,1.5260400000000001,1.49966]
["ASFALTOS DILUÍDOS CM-30","2009-12-01",1.6642699999999999,1.44197,1.8905700000000001,1.4290799999999999,1.52054,1.5088600000000001]
["ASFALTOS DILUÍDOS CM-30","2010-01-01",1.8425100000000001,1.4549799999999999,1.8650199999999999,1.41482,1.47445,1.4977400000000001]
["ASFALTOS DILUÍDOS CM-30","2010-02-01",1.7098899999999999,1.44296,1.91984,1.4331499999999999,1.50088,1.49654]
["ASFALTOS DILUÍDOS CM-30","2010-03-01",1.5357400000000001,1.4488799999999999,1.93506,1.43503,1.48062,1.4867900000000001]
["ASFALTOS DILUÍDOS CM-30","2010-04-01",1.7100500000000001,1.4402999999999999,1.91194,1.4211,1.4812700000000001,1.51109]
["ASFALTOS DILUÍDOS CM-30","2010-05-01",1.7556099999999999,1.4352799999999999,1.8732899999999999,1.4069400000000001,1.4817800000000001,1.5371699999999999]
["ASFALTOS DILUÍDOS CM-30","2010-06-01",1.60222,1.3959999999999999,1.73173,1.4,1.49194,1.49807]
["ASFALTOS DILUÍDOS CM-30","2010-07-01",1.5599000000000001,1.3810199999999999,1.7326900000000001,1.4029,1.4738500000000001,1.4900800000000001]
["ASFALTOS DILUÍDOS CM-30","2010-08-01",1.52664,1.38818,1.73895,1.3987499999999999,1.4557500000000001,1.49583]
["ASFALTOS DILUÍDOS CM-30","2010-09-01",1.56538,1.4081999999999999,1.7570300000000001,1.41164,1.48726,1.5122599999999999]
["ASFALTOS DILUÍDOS CM-30","2010-10-01",1.4817100000000001,1.4043600000000001,1.75116,1.4034899999999999,1.4693400000000001,1.4998899999999999]
["ASFALTOS DILUÍDOS CM-30","2010-11-01",1.5192699999999999,1.4101300000000001,1.7794099999999999,1.4212800000000001,1.4585600000000001,1.48166]
["ASFALTOS DILUÍDOS CM-30","2010-12-01",1.5592900000000001,1.4098200000000001,1.8251900000000001,1.41767,1.4732400000000001,1.4691099999999999]
["ASFALTOS DILUÍDOS CM-30","2011-01-01",1.5259199999999999,1.4457899999999999,1.7746,1.40327,1.466,1.45726]
["ASFALTOS DILUÍDOS CM-30","2011-02-01",1.5528299999999999,1.39209,1.7638400000000001,1.3851899999999999,1.44956,1.42625]
["ASFALTOS DILUÍDOS CM-30","2011-03-01",1.46922,1.36944,1.6960200000000001,1.35381,1.4351700000000001,1.4001300000000001]
["ASFALTOS DILUÍDOS CM-30","2011-04-01",1.4705699999999999,1.3732200000000001,1.65083,1.3459300000000001,1.4219999999999999,1.40049]
["ASFALTOS DILUÍDOS CM-30","2011-05-01",1.4285300000000001,1.3226500000000001,1.70038,1.34507,1.43936,1.4280600000000001]
["ASFALTOS DILUÍDOS CM-30","2011-06-01",1.4076200000000001,1.3057099999999999,1.7418400000000001,1.3546199999999999,1.3995,1.4402999999999999]
["ASFALTOS DILUÍDOS CM-30","2011-07-01",1.2592300000000001,1.31203,1.73749,1.33656,1.4224699999999999,1.4208400000000001]
["ASFALTOS DILUÍDOS CM-30","2011-08-01",1.47068,1.2997799999999999,1.7274400000000001,1.34148,1.3530199999999999,1.4256800000000001]
["ASFALTOS DILUÍDOS CM-30","2011-09-01",1.5613300000000001,1.3211999999999999,1.7298199999999999,1.35745,1.39568,1.4552]
["ASFALTOS DILUÍDOS CM-30","2011-10-01",1.52057,1.32622,1.7173799999999999,1.3326899999999999,1.35778,1.4422999999999999]
["ASFALTOS DILUÍDOS CM-30","2011-11-01",1.4658899999999999,1.33704,1.7410000000000001,1.3454900000000001,1.4475800000000001,1.4453499999999999]
["ASFALTOS DILUÍDOS CM-30","2011-12-01",1.47088,1.3355900000000001,1.7787200000000001,1.40829,1.42811,1.42242]
["ASFALTOS DILUÍDOS CM-30","2012-01-01",1.38496,1.3501300000000001,1.78078,1.4213499999999999,1.43035,1.39466]
["ASFALTOS DILUÍDOS CM-30","2012-02-01",1.3321799999999999,1.3681399999999999,1.74102,1.4001999999999999,1.4254,1.4106099999999999]
["ASFALTOS DILUÍDOS CM-30","2012-03-01",1.4116200000000001,1.3491200000000001,1.6201000000000001,1.3933,1.4061300000000001,1.40977]
["ASFALTOS DILUÍDOS CM-30","2012-04-01",1.54901,1.38398,1.6407099999999999,1.40472,1.44062,1.45608]
["ASFALTOS DILUÍDOS CM-30","2012-05-01",1.5961799999999999,1.38636,1.7120599999999999,1.39924,1.44835,1.4984599999999999]
["ASFALTOS DILUÍDOS CM-30","2012-06-01",1.70143,1.38805,1.7403500000000001,1.4221200000000001,1.4492,1.52772]
["ASFALTOS DILUÍDOS CM-30","2012-07-01",1.6520300000000001,1.3943700000000001,1.7186399999999999,1.43967,1.4618800000000001,1.5230699999999999]
["ASFALTOS DILUÍDOS CM-30","2012-08-01",1.69,1.40334,1.7419,1.4217200000000001,1.4456899999999999,1.53653]
["ASFALTOS DILUÍDOS CM-30","2012-09-01",1.69018,1.4215,1.7809200000000001,1.4451799999999999,1.4836499999999999,1.54941]
["ASFALTOS DILUÍDOS CM-30","2012-10-01",1.57484,1.4170700000000001,1.7948299999999999,1.4513,1.48204,1.55063]
["ASFALTOS DILUÍDOS CM-30","2012-11-01",1.65516,1.4558800000000001,1.84013,1.4612000000000001,1.4835,1.5525]
["ASFALTOS DILUÍDOS CM-30","2012-12-01",1.71488,1.4358500000000001,1.8040700000000001,1.4522299999999999,1.50942,1.5234099999999999]
["ASFALTOS DILUÍDOS CM-30","2013-01-01",1.4957800000000001,1.4494899999999999,1.85405,1.4463900000000001,1.56375,1.50214]
["ASFALTOS DILUÍDOS CM-30","2013-02-01",1.63507,1.4206099999999999,1.7310700000000001,1.44275,1.46183,1.4739599999999999]
["ASFALTOS DILUÍDOS CM-30","2013-03-01",1.6462300000000001,1.4133,1.8382799999999999,1.4500200000000001,1.52576,1.50654]
["ASFALTOS DILUÍDOS CM-30","2013-04-01",1.58186,1.3991899999999999,1.79383,1.4587000000000001,1.5519099999999999,1.52362]
["ASFALTOS DILUÍDOS CM-30","2013-05-01",1.81565,1.3901399999999999,1.8127800000000001,1.4495100000000001,1.50423,1.54992]
["ASFALTOS DILUÍDOS CM-30","2013-06-01",1.6311,1.3831899999999999,1.81664,1.4742299999999999,1.5030399999999999,1.5810500000000001]
["ASFALTOS DILUÍDOS CM-30","2013-07-01",1.8659699999999999,1.42205,1.7930699999999999,1.4980199999999999,1.53339,1.5988100000000001]
["ASFALTOS DILUÍDOS CM-30","2013-08-01",1.7003299999999999,1.43509,1.82145,1.51172,1.5307900000000001,1.6061799999999999]
["ASFALTOS DILUÍDOS CM-30","2013-09-01",1.56287,1.4722,1.87984,1.5426500000000001,1.4906699999999999,1.62795]
["ASFALTOS DILUÍDOS CM-30","2013-10-01",1.6485000000000001,1.4721500000000001,1.8254900000000001,1.50118,1.4837899999999999,1.59754]
["ASFALTOS DILUÍDOS CM-30","2013-11-01",1.6191800000000001,1.48641,1.8440099999999999,1.4963299999999999,1.5061,1.5816699999999999]
["ASFALTOS DILUÍDOS CM-30","2013-12-01",1.6333599999999999,1.49482,1.8972,1.5028600000000001,1.5170699999999999,1.5724800000000001]
["ASFALTOS DILUÍDOS CM-30","2014-01-01",1.68831,1.4941800000000001,1.79836,1.4842,1.53335,1.54291]
["ASFALTOS DILUÍDOS CM-30","2014-02-01",1.5983000000000001,1.4797100000000001,1.8143899999999999,1.5148299999999999,1.5227999999999999,1.5289699999999999]
["ASFALTOS DILUÍDOS CM-30","2014-03-01",1.64829,1.47285,1.76657,1.51302,1.5061899999999999,1.5301800000000001]
["ASFALTOS DILUÍDOS CM-30","2014-04-01",1.5344599999999999,1.4939,1.7572700000000001,1.53302,1.5242800000000001,1.55057]
["ASFALTOS DILUÍDOS CM-30","2014-05-01",1.5865800000000001,1.4908300000000001,1.8043400000000001,1.5011399999999999,1.56704,1.5864499999999999]
["ASFALTOS DILUÍDOS CM-30","2014-06-01",1.65828,1.5058,1.8395900000000001,1.5068600000000001,1.5237799999999999,1.6360699999999999]
["ASFALTOS DILUÍDOS CM-30","2014-07-01",1.8903000000000001,1.5007299999999999,1.70828,1.48729,1.50596,1.58707]
["ASFALTOS DILUÍDOS CM-30","2014-08-01",1.6327400000000001,1.5019499999999999,1.6712,1.4823599999999999,1.5063299999999999,1.5579099999999999]
["ASFALTOS DILUÍDOS CM-30","2014-09-01",1.66957,1.5468299999999999,1.8648,1.4967600000000001,1.57053,1.6392800000000001]
["ASFALTOS DILUÍDOS CM-30","2014-10-01",1.74288,1.50898,1.74665,1.4707699999999999,1.45427,1.5791200000000001]
["ASFALTOS DILUÍDOS CM-30","2014-11-01",1.8647199999999999,1.5794299999999999,1.74916,1.4650799999999999,1.52915,1.6013599999999999]
["ASFALTOS DILUÍDOS CM-30","2014-12-01",1.81267,1.7048399999999999,1.9633100000000001,1.62368,1.64964,1.7188300000000001]
["ASFALTOS DILUÍDOS CM-30","2015-01-01",2.1548099999999999,2.0237599999999998,2.3188599999999999,1.86659,1.89838,2.00779]
["ASFALTOS DILUÍDOS CM-30","2015-02-01",2.26024,2.0056699999999998,2.3938799999999998,1.8545199999999999,1.9274,2.0076499999999999]
["ASFALTOS DILUÍDOS CM-30","2015-03-01",2.12418,1.96882,2.2796400000000001,1.8877600000000001,1.93022,1.98482]
["ASFALTOS DILUÍDOS CM-30","2015-04-01",2.0300500000000001,2.0015100000000001,2.3791199999999999,1.8524499999999999,1.94903,1.98064]
["ASFALTOS DILUÍDOS CM-30","2015-05-01",2.5072700000000001,1.9468700000000001,2.2547600000000001,1.8074699999999999,2.0169299999999999,2.0054699999999999]
["ASFALTOS DILUÍDOS CM-30","2015-06-01",2.2483200000000001,1.9442600000000001,2.31433,1.847,1.9685699999999999,2.0425800000000001]
["ASFALTOS DILUÍDOS CM-30","2015-07-01",1.9922200000000001,1.9927900000000001,2.04677,1.7826500000000001,1.93167,1.9426300000000001]
["ASFALTOS DILUÍDOS CM-30","2015-08-01",2.3076099999999999,2.03809,2.2527499999999998,1.8281000000000001,1.9398200000000001,2.0819399999999999]
["ASFALTOS DILUÍDOS CM-30","2015-09-01",2.3142900000000002,2.09531,2.34456,1.94255,2.00535,2.16818]
["ASFALTOS DILUÍDOS CM-30","2015-10-01",2.3294600000000001,2.1705700000000001,2.4327299999999998,2.0356200000000002,2.1102599999999998,2.23753]
["ASFALTOS DILUÍDOS CM-30","2015-11-01",2.6060599999999998,2.4371,2.7116099999999999,2.2801100000000001,2.3264499999999999,2.4750000000000001]
["ASFALTOS DILUÍDOS CM-30","2015-12-01",2.63537,2.3959199999999998,2.69353,2.2725300000000002,2.33074,2.4528500000000002]
["ASFALTOS DILUÍDOS CM-30","2016-01-01",2.7158600000000002,2.3738600000000001,2.8446699999999998,2.2636500000000002,2.2326299999999999,2.40056]
["ASFALTOS DILUÍDOS CM-30","2016-02-01",2.8046799999999998,2.46685,2.7917900000000002,2.2956400000000001,2.3465600000000002,2.46435]
["ASFALTOS DILUÍDOS CM-30","2016-03-01",2.5804999999999998,2.4706800000000002,2.7076899999999999,2.2353000000000001,2.3831199999999999,2.4235600000000002]
["ASFALTOS DILUÍDOS CM-30","2016-04-01",2.9420099999999998,2.7407400000000002,2.7590699999999999,2.5444399999999998,2.71075,2.6802700000000002]
["ASFALTOS DILUÍDOS CM-30","2016-05-01",3.01058,2.65028,2.8571200000000001,2.57558,2.77041,2.70973]
["ASFALTOS DILUÍDOS CM-30","2016-06-01",2.9091800000000001,2.6213899999999999,2.9434900000000002,2.6591100000000001,2.6847599999999998,2.7436199999999999]
["ASFALTOS DILUÍDOS CM-30","2016-07-01",2.9857399999999998,2.5916399999999999,2.9892799999999999,2.6044,2.6608800000000001,2.7451400000000001]
["ASFALTOS DILUÍDOS CM-30","2016-08-01",2.9352399999999998,2.62392,2.9704899999999999,2.6794899999999999,2.7270300000000001,2.78139]
["ASFALTOS DILUÍDOS CM-30","2016-09-01",2.6491400000000001,2.5210499999999998,2.7815799999999999,2.5139300000000002,2.37127,2.5956199999999998]
["ASFALTOS DILUÍDOS CM-30","2016-10-01",2.6261100000000002,2.4444699999999999,2.7816200000000002,2.5073799999999999,2.3832499999999999,2.5670000000000002]
["ASFALTOS DILUÍDOS CM-30","2016-11-01",2.5350899999999998,2.3741500000000002,2.9527700000000001,2.4812599999999998,2.3822100000000002,2.54284]
["ASFALTOS DILUÍDOS CM-30","2016-12-01",2.5003899999999999,2.2534100000000001,3.0385200000000001,2.5894400000000002,2.3955899999999999,2.4764400000000002]
["ASFALTOS DILUÍDOS CM-30","2017-01-01",2.3928799999999999,2.2326999999999999,3.08908,2.5357400000000001,2.3786900000000002,2.3742200000000002]
["ASFALTOS DILUÍDOS CM-30","2017-02-01",2.6803900000000001,2.2719,2.7644099999999998,2.5739299999999998,2.3846400000000001,2.47072]
["ASFALTOS DILUÍDOS CM-30","2017-03-01",2.2388400000000002,2.3869600000000002,2.6672199999999999,2.3721700000000001,2.3012199999999998,2.3788]
["ASFALTOS DILUÍDOS CM-30","2017-04-01",2.4201899999999998,2.3079700000000001,2.7940900000000002,2.25841,2.2564299999999999,2.3802699999999999]
["ASFALTOS DILUÍDOS CM-30","2017-05-01",2.4321100000000002,2.1679200000000001,2.69984,2.2553899999999998,2.2040299999999999,2.3615200000000001]
["ASFALTOS DILUÍDOS CM-30","2017-06-01",2.4283000000000001,2.18194,2.7566700000000002,2.23455,2.3057799999999999,2.4455300000000002]
["ASFALTOS DILUÍDOS CM-30","2017-07-01",2.4537499999999999,2.2180800000000001,2.6946300000000001,2.4143300000000001,2.2696000000000001,2.4734400000000001]
["ASFALTOS DILUÍDOS CM-30","2017-08-01",2.4479299999999999,2.1531099999999999,2.5953499999999998,2.3029199999999999,2.17015,2.3808799999999999]
["ASFALTOS DILUÍDOS CM-30","2017-09-01",2.4945499999999998,2.1424400000000001,2.62317,2.3713099999999998,2.3037000000000001,2.3935399999999998]
["ASFALTOS DILUÍDOS CM-30","2017-10-01",2.3499500000000002,2.1805599999999998,2.61416,2.4152499999999999,2.2008000000000001,2.36795]
["ASFALTOS DILUÍDOS CM-30","2017-11-01",2.6701299999999999,2.4331700000000001,2.90863,2.5846900000000002,2.4151899999999999,2.6021000000000001]
["ASFALTOS DILUÍDOS CM-30","2017-12-01",2.5873499999999998,2.42536,2.9066299999999998,2.6028899999999999,2.4228900000000002,2.5317599999999998]
["ASFALTOS DILUÍDOS CM-30","2018-01-01",2.9503599999999999,2.6628599999999998,2.87595,2.6207400000000001,2.64696,2.7359599999999999]
["ASFALTOS DILUÍDOS CM-30","2018-02-01",2.6779000000000002,2.6724999999999999,2.9426000000000001,2.6204299999999998,2.5678899999999998,2.6683699999999999]
["ASFALTOS DILUÍDOS CM-30","2018-03-01",2.7333599999999998,2.5890499999999999,2.8091699999999999,2.5619299999999998,2.5759500000000002,2.6348799999999999]
["ASFALTOS DILUÍDOS CM-30","2018-04-01",2.7578,2.6695500000000001,2.7739099999999999,2.5954700000000002,2.5560399999999999,2.6643300000000001]
["ASFALTOS DILUÍDOS CM-30","2018-05-01",2.8412099999999998,2.6720299999999999,2.8845000000000001,2.6867200000000002,2.7364899999999999,2.77738]
["ASFALTOS DILUÍDOS CM-30","2018-06-01",3.0084399999999998,2.91961,3.1584500000000002,2.84673,2.9535200000000001,2.9822899999999999]
["ASFALTOS DILUÍDOS CM-30","2018-07-01",3.26824,3.0365199999999999,3.3993600000000002,3.0264700000000002,3.1978,3.1641300000000001]
["ASFALTOS DILUÍDOS CM-30","2018-08-01",3.5644100000000001,3.4151899999999999,3.7077100000000001,3.4250799999999999,3.3567200000000001,3.5155599999999998]
["ASFALTOS DILUÍDOS CM-30","2018-09-01",3.1739099999999998,3.4450599999999998,3.7352599999999998,3.3858199999999998,3.60731,3.4832399999999999]
["ASFALTOS DILUÍDOS CM-30","2018-10-01",3.4877799999999999,3.4605100000000002,3.7214399999999999,3.4325299999999999,3.60602,3.5453899999999998]
["ASFALTOS DILUÍDOS CM-30","2018-11-01",4.0472700000000001,3.8148900000000001,4.2801299999999998,4.1781300000000003,3.9676800000000001,3.9901499999999999]
["ASFALTOS DILUÍDOS CM-30","2018-12-01",3.9514900000000002,3.9671099999999999,4.3411400000000002,3.9167700000000001,3.9119899999999999,3.9997400000000001]
["ASFALTOS DILUÍDOS CM-30","2019-01-01",3.7968600000000001,3.8700199999999998,4.2019000000000002,3.9542000000000002,3.9767899999999998,3.9339499999999998]
["ASFALTOS DILUÍDOS CM-30","2019-02-01",3.5165799999999998,4.0903600000000004,4.4984200000000003,4.4699400000000002,4.2545900000000003,4.1885399999999997]
["ASFALTOS DILUÍDOS CM-30","2019-03-01",4.2167599999999998,4.36191,4.9071899999999999,4.39872,4.2908200000000001,4.3602999999999996]
["ASFALTOS DILUÍDOS CM-30","2019-04-01",4.28165,4.2346599999999999,4.5316299999999998,4.4372299999999996,4.4668799999999997,4.3808199999999999]
["ASFALTOS DILUÍDOS CM-30","2019-05-01",4.2876399999999997,4.1906999999999996,4.8579100000000004,4.2674599999999998,4.6338100000000004,4.3663999999999996]
["ASFALTOS DILUÍDOS CM-30","2019-06-01",4.4756099999999996,3.9650500000000002,4.6627299999999998,4.3506,4.2112299999999996,4.3193200000000003]
["ASFALTOS DILUÍDOS CM-30","2019-07-01",4.3944999999999999,4.0580400000000001,4.8342200000000002,4.0946600000000002,4.2329999999999997,4.3469800000000003]
["ASFALTOS DILUÍDOS CM-30","2019-08-01",4.4817400000000003,3.91066,4.5763299999999996,4.1116200000000003,4.25542,4.2583500000000001]
["ASFALTOS DILUÍDOS CM-30","2019-09-01",4.4395800000000003,3.8599000000000001,4.49526,4.1113200000000001,4.1173599999999997,4.2516100000000003]
["ASFALTOS DILUÍDOS CM-30","2019-10-01",4.33589,3.7723200000000001,4.4592400000000003,4.0560799999999997,3.9424600000000001,4.0774100000000004]
["ASFALTOS DILUÍDOS CM-30","2019-11-01",4.3162399999999996,3.91025,4.5818399999999997,4.0790199999999999,4.1066200000000004,4.0945600000000004]
["ASFALTOS DILUÍDOS CM-30","2019-12-01",4.1994400000000001,3.9801199999999999,4.6737700000000002,4.4342699999999997,3.9864099999999998,4.1646900000000002]
["ASFALTOS DILUÍDOS CM-30","2020-01-01",3.5929799999999998,3.8953199999999999,4.6854199999999997,4.3870699999999996,4.1244699999999996,4.0533400000000004]
["ASFALTOS DILUÍDOS CM-30","2020-02-01",3.6426699999999999,3.8774000000000002,4.4381899999999996,3.6999399999999998,3.7781600000000002,3.83901]
["ASFALTOS DILUÍDOS CM-30","2020-03-01",4.6766699999999997,3.79114,4.2892200000000003,3.7183999999999999,3.6090900000000001,3.9311699999999998]
["ASFALTOS DILUÍDOS CM-30","2020-04-01",4.3133600000000003,3.69577,4.2553999999999998,3.8658999999999999,3.7322500000000001,3.9641299999999999]
["ASFALTOS DILUÍDOS CM-30","2020-05-01",3.2491300000000001,3.6377700000000002,4.1135400000000004,3.7605499999999998,3.71062,3.65618]
["ASFALTOS DILUÍDOS CM-30","2020-06-01",4.0179,3.5670299999999999,4.2773700000000003,3.9378899999999999,3.6258300000000001,3.9245199999999998]
["ASFALTOS DILUÍDOS CM-30","2020-07-01",3.8405,3.5132699999999999,4.21549,3.9542199999999998,3.6888399999999999,3.8437700000000001]
["ASFALTOS DILUÍDOS CM-30","2020-08-01",4.1744700000000003,3.4653900000000002,4.2777099999999999,4.0674599999999996,3.62859,3.9471699999999998]
["ASFALTOS DILUÍDOS CM-30","2020-09-01",4.16737,3.7463600000000001,4.1674199999999999,3.79562,3.6277300000000001,3.9731299999999998]
["ASFALTOS DILUÍDOS CM-30","2020-10-01",4.4081000000000001,3.7189899999999998,4.2789799999999998,4.00875,3.5910500000000001,4.0396400000000003]
["ASFALTOS DILUÍDOS CM-30","2020-11-01",4.0563099999999999,3.9692099999999999,4.5479000000000003,4.2794600000000003,3.9733499999999999,4.1758300000000004]
["ASFALTOS DILUÍDOS CM-30","2020-12-01",4.1320600000000001,3.8516300000000001,4.4267000000000003,3.9062399999999999,3.87094,4.0353500000000002]
["ASFALTOS DILUÍDOS CM-30","2021-01-01",3.4898400000000001,3.95153,4.6282699999999997,4.0115800000000004,3.9351400000000001,3.91709]
["ASFALTOS DILUÍDOS CM-30","2021-02-01",4.0993199999999996,4.2671099999999997,4.8320600000000002,4.4142000000000001,4.1490499999999999,4.2682000000000002]
["ASFALTOS DILUÍDOS CM-30","2021-03-01",4.5283600000000002,4.2398300000000004,4.92631,4.2697000000000003,4.1306599999999998,4.3778300000000003]
["ASFALTOS DILUÍDOS CM-30","2021-04-01",4.3492699999999997,4.0869999999999997,4.4775999999999998,4.15611,4.0441900000000004,4.2533599999999998]
["ASFALTOS DILUÍDOS CM-30","2021-05-01",4.4888899999999996,4.7079500000000003,5.1014900000000001,4.7840299999999996,4.5239900000000004,4.7905499999999996]
["ASFALTOS DILUÍDOS CM-30","2021-06-01",4.0104699999999998,4.47959,5.1130399999999998,4.7797400000000003,4.7212100000000001,4.7648900000000003]
["ASFALTOS DILUÍDOS CM-30","2021-07-01",4.75223,4.5593500000000002,5.0047600000000001,4.8027300000000004,4.7485499999999998,4.81759]
["ASFALTOS DILUÍDOS CM-30","2021-08-01",5.08528,4.7725,5.1985400000000004,5.2447400000000002,4.7613099999999999,5.0981699999999996]
["ASFALTOS DILUÍDOS CM-30","2021-09-01",5.1102999999999996,4.5380700000000003,5.2417199999999999,5.0171400000000004,4.8628600000000004,5.0169600000000001]
["ASFALTOS DILUÍDOS CM-30","2021-10-01",5.0807000000000002,4.6682699999999997,5.1195399999999998,5.3847800000000001,4.6585200000000002,5.0212899999999996]
["ASFALTOS DILUÍDOS CM-30","2021-11-01",5.4365199999999998,5.0877699999999999,5.1500599999999999,5.6342600000000003,5.1745299999999999,5.2281399999999998]
["ASFALTOS DILUÍDOS CM-30","2021-12-01",5.1842899999999998,4.9754899999999997,5.57212,6.1356599999999997,5.0118099999999997,5.3395700000000001]
["ASFALTOS DILUÍDOS CM-30","2022-01-01",4.9281899999999998,5.0235599999999998,6.0184100000000003,5.2147699999999997,5.4819800000000001,5.2507900000000003]
["ASFALTOS DILUÍDOS CM-30","2022-02-01",5.5456799999999999,5.7086300000000003,6.0110700000000001,4.8651,5.7633700000000001,5.7360600000000002]
["ASFALTOS DILUÍDOS CM-30","2022-03-01",6.3268399999999998,5.6446899999999998,5.9308100000000001,6.1811400000000001,5.4980399999999996,5.9227800000000004]
["ASFALTOS DILUÍDOS CM-30","2022-04-01",5.9742199999999999,5.8327499999999999,6.20669,5.7203299999999997,6.1779999999999999,6.0123499999999996]
["ASFALTOS DILUÍDOS CM-30","2022-05-01",5.3540200000000002,5.46434,6.0076099999999997,5.9950999999999999,5.4909499999999998,5.6707200000000002]
["ASFALTOS DILUÍDOS CM-30","2022-06-01",5.8024399999999998,5.3169599999999999,5.2526799999999998,5.81393,5.6449999999999996,5.4695]
["ASFALTOS DILUÍDOS CM-30","2022-07-01",5.9656099999999999,5.8293100000000004,5.9191000000000003,5.7424799999999996,5.6744300000000001,5.8620200000000002]
["ASFALTOS DILUÍDOS CM-30","2022-08-01",6.4242299999999997,5.7582599999999999,5.7523499999999999,5.7919099999999997,5.3127199999999997,5.8231900000000003]
["ASFALTOS DILUÍDOS CM-30","2022-09-01",5.5400999999999998,5.6099199999999998,5.9635899999999999,5.3021799999999999,4.9779299999999997,5.6994300000000004]
["ASFALTOS DILUÍDOS CM-30","2022-10-01",4.7856699999999996,4.7275200000000002,5.3391099999999998,4.8511600000000001,4.5325800000000003,5.0416600000000003]
["ASFALTOS DILUÍDOS CM-30","2022-11-01",7.76586,4.7756499999999997,5.2376300000000002,4.6363799999999999,4.4605899999999998,5.0749899999999997]
["ASFALTOS DILUÍDOS CM-30","2022-12-01",4.6572500000000003,4.9669100000000004,5.6551600000000004,4.8409399999999998,4.6610100000000001,5.1132499999999999]
["ASFALTOS DILUÍDOS CM-30","2023-01-01",4.94895,5.05626,5.3596000000000004,4.4264999999999999,4.1032700000000002,4.7156099999999999]
["ASFALTOS DILUÍDOS CM-30","2023-02-01",5.4074900000000001,4.3357700000000001,4.7466499999999998,4.6748799999999999,4.0145499999999998,4.4177999999999997]
["ASFALTOS DILUÍDOS CM-30","2023-03-01",4.9913100000000004,4.0135500000000004,4.7462499999999999,4.0807200000000003,4.0824800000000003,4.2703499999999996]
["ASFALTOS DILUÍDOS CM-30","2023-04-01",4.4384800000000002,4.0941999999999998,5.1358199999999998,4.3682699999999999,3.8593099999999998,4.1538199999999996]
["ASFALTOS DILUÍDOS CM-30","2023-05-01",5.0185899999999997,4.5062800000000003,5.6166400000000003,4.0347600000000003,4.0636999999999999,4.68649]
["ASFALTOS DILUÍDOS CM-30","2023-06-01",4.4396399999999998,4.4958099999999996,5.2281700000000004,3.77203,4.0090399999999997,4.58805]
["ASFALTOS DILUÍDOS CM-30","2023-07-01",4.3604000000000003,4.2501899999999999,6.1880499999999996,3.69922,4.3157699999999997,4.7907200000000003]
["ASFALTOS DILUÍDOS CM-30","2023-08-01",4.0432199999999998,4.1009000000000002,5.4142000000000001,3.9643000000000002,4.0559900000000004,4.6078099999999997]
["ASFALTOS DILUÍDOS CM-30","2023-09-01",5.6950200000000004,4.3585900000000004,5.1872499999999997,4.1125100000000003,4.2116499999999997,4.74864]
["ASFALTOS DILUÍDOS CM-30","2023-10-01",5.6851900000000004,4.2940800000000001,4.9129199999999997,4.3651,4.2573699999999999,4.6094499999999998]
["ASFALTOS DILUÍDOS CM-70","2008-11-01","***","***","***","***","***","***"]
["ASFALTOS DILUÍDOS CM-70","2008-12-01","***","***","***","***","***","***"]
["ASFALTOS DILUÍDOS CM-70","2009-01-01","***","***","***","***","***","***"]
["ASFALTOS DILUÍDOS CM-70","2009-02-01","***","***","***","***","***","***"]
["ASFALTOS DILUÍDOS CM-70","2009-03-01","***","***","***","***","***","***"]
["ASFALTOS DILUÍDOS CM-70","2009-04-01","***","***","***","***","***","***"]
["ASFALTOS DILUÍDOS CM-70","2009-05-01","***","***","***","***","***","***"]
["ASFALTOS DILUÍDOS CM-70","2009-06-01","***","***","***","***","***","***"]
["ASFALTOS DILUÍDOS CM-70","2009-07-01","***","***","***","***","***","***"]
["ASFALTOS DILUÍDOS CM-70","2009-08-01","***","***","***","***","***","***"]
["ASFALTOS DILUÍDOS CM-70","2009-09-01","***","***","***","***","***","***"]
["ASFALTOS DILUÍDOS CM-70","2009-10-01","***","***","***","***","***","***"]
["ASFALTOS DILUÍDOS CM-70","2009-11-01","***","***","***","***","***","***"]
["ASFALTOS DILUÍDOS CM-70","2009-12-01","***","***","***","***","***","***"]
["ASFALTOS DILUÍDOS CM-70","2010-01-01","***","***","***","***","***","***"]
["ASFALTOS DILUÍDOS CM-70","2010-02-01","***","***","***","***","***","***"]
["ASFALTOS DILUÍDOS CM-70","2010-03-01","***","***","***","***","***","***"]
["ASFALTOS DILUÍDOS CM-70","2010-04-01","***","***","***","***","***","***"]
["ASFALTOS DILUÍDOS CM-70","2010-05-01","***","***","***","***","***","***"]
["ASFALTOS DILUÍDOS CM-70","2010-06-01","***","***","***","***","***","***"]
["ASFALTOS DILUÍDOS CM-70","2010-07-01","***","***","***","***","***","***"]
["ASFALTOS DILUÍDOS CM-70","2010-08-01","***","***","***","***","***","***"]
["ASFALTOS DILUÍDOS CM-70","2010-09-01","***","***","***","***","***","***"]
["ASFALTOS DILUÍDOS CM-70","2010-10-01","***","***","***","***","***","***"]
["ASFALTOS DILUÍDOS CM-70","2010-11-01","***","***","***","***","***","***"]
["ASFALTOS DILUÍDOS CM-70","2010-12-01","***","***","***","***","***","***"]
["ASFALTOS DILUÍDOS CM-70","2011-01-01","***","***","***","***","***","***"]
["ASFALTOS DILUÍDOS CM-70","2011-02-01","***","***","***","***","***","***"]
["ASFALTOS DILUÍDOS CM-70","2011-03-01","***","***","***","***","***","***"]
["ASFALTOS DILUÍDOS CM-70","2011-04-01","***","***","***","***","***","***"]
["ASFALTOS DILUÍDOS CM-70","2011-05-01","***","***","***","***","***","***"]
["ASFALTOS DILUÍDOS CM-70","2011-06-01","***","***","***","***","***","***"]
["ASFALTOS DILUÍDOS CM-70","2011-07-01","***","***","***","***","***","***"]
["ASFALTOS DILUÍDOS CM-70","2011-08-01","***","***","***","***","***","***"]
["ASFALTOS DILUÍDOS CM-70","2011-09-01","***","***","***","***","***","***"]
["ASFALTOS DILUÍDOS CM-70","2011-10-01","***","***","***","***","***","***"]
["ASFALTOS DILUÍDOS CM-70","2011-11-01","***","***","***","***","***","***"]
["ASFALTOS DILUÍDOS CM-70","2011-12-01","***","***","***","***","***","***"]
["ASFALTOS DILUÍDOS CM-70","2012-01-01","***","***","***","***","***","***"]
["ASFALTOS DILUÍDOS CM-70","2012-02-01","***","***","***","***","***","***"]
["ASFALTOS DILUÍDOS CM-70","2012-03-01","***","***","***","***","***","***"]
["ASFALTOS DILUÍDOS CM-70","2012-04-01","***","***","***","***","***","***"]
["ASFALTOS DILUÍDOS CM-70","2012-05-01","***","***","***","***","***","***"]
["ASFALTOS DILUÍDOS CM-70","2012-06-01","***","***","***","***","***","***"]
["ASFALTOS DILUÍDOS CM-70","2012-07-01","***","***","***","***","***","***"]
["ASFALTOS DILUÍDOS CM-70","2012-08-01","***","***","***","***","***","***"]
["ASFALTOS DILUÍDOS CM-70","2012-09-01","***","***","***","***","***","***"]
["ASFALTOS DILUÍDOS CM-70","2012-10-01","***","***","***","***","***","***"]
["ASFALTOS DILUÍDOS CM-70","2012-11-01","***","***","***","***","***","***"]
["ASFALTOS DILUÍDOS CM-70","2012-12-01","***","***","***","***","***","***"]
["ASFALTOS DILUÍDOS CM-70","2013-01-01","***","***","***","***","***","***"]
["ASFALTOS DILUÍDOS CM-70","2013-02-01","***","***","***","***","***","***"]
["ASFALTOS DILUÍDOS CM-70","2013-03-01","***","***","***","***","***","***"]
["ASFALTOS DILUÍDOS CM-70","2013-04-01","***","***","***","***","***","***"]
["ASFALTOS DILUÍDOS CM-70","2013-05-01","***","***","***","***","***","***"]
["ASFALTOS DILUÍDOS CM-70","2013-06-01","***","***","***","***","***","***"]
["ASFALTOS DILUÍDOS CM-70","2013-07-01","***","***","***","***","***","***"]
["ASFALTOS DILUÍDOS CM-70","2013-08-01","***","***","***","***","***","***"]
["ASFALTOS DILUÍDOS CM-70","2013-09-01","***","***","***","***","***","***"]
["ASFALTOS DILUÍDOS CM-70","2013-10-01","***","***","***","***","***","***"]
["ASFALTOS DILUÍDOS CM-70","2013-11-01","***","***","***","***","***","***"]
["ASFALTOS DILUÍDOS CM-70","2013-12-01","***","***","***","***","***","***"]
["ASFALTOS DILUÍDOS CM-70","2014-01-01","***","***","***","***","***","***"]
["ASFALTOS DILUÍDOS CM-70","2014-02-01","***","***","***","***","***","***"]
["ASFALTOS DILUÍDOS CM-70","2014-03-01","***","***","***","***","***","***"]
["ASFALTOS DILUÍDOS CM-70","2014-04-01","***","***","***","***","***","***"]
["ASFALTOS DILUÍDOS CM-70","2014-05-01","***","***","***","***","***","***"]
["ASFALTOS DILUÍDOS CM-70","2014-06-01","***","***","***","***","***","***"]
["ASFALTOS DILUÍDOS CM-70","2014-07-01","***","***","***","***","***","***"]
["ASFALTOS DILUÍDOS CM-70","2014-08-01","***","***","***","***","***","***"]
["ASFALTOS DILUÍDOS CM-70","2014-09-01","***","***","***","***","***","***"]
["ASFALTOS DILUÍDOS CM-70","2014-10-01","***","***","***","***","***","***"]
["ASFALTOS DILUÍDOS CM-70","2014-11-01","***","***","***","***","***","***"]
["ASFALTOS DILUÍDOS CM-70","2014-12-01","***","***","***","***","***","***"]
["ASFALTOS DILUÍDOS CM-70","2015-01-01","***","***","***","***","***","***"]
["ASFALTOS DILUÍDOS CM-70","2015-02-01","***","***","***","***","***","***"]
["ASFALTOS DILUÍDOS CM-70","2015-03-01","***","***","***","***","***","***"]
["ASFALTOS DILUÍDOS CM-70","2015-04-01","***","***","***","***","***","***"]
["ASFALTOS DILUÍDOS CM-70","2015-05-01","***","***","***","***","***","***"]
["ASFALTOS DILUÍDOS CM-70","2015-06-01","***","***","***","***","***","***"]
["ASFALTOS DILUÍDOS CM-70","2015-07-01","***","***","***","***","***","***"]
["ASFALTOS DILUÍDOS CM-70","2015-08-01","***","***","***","***","***","***"]
["ASFALTOS DILUÍDOS CM-70","2015-09-01","***","***","***","***","***","***"]
["ASFALTOS DILUÍDOS CM-70","2015-10-01","***","***","***","***","***","***"]
["ASFALTOS DILUÍDOS CM-70","2015-11-01","***","***","***","***","***","***"]
["ASFALTOS DILUÍDOS CM-70","2015-12-01","***","***","***","***","***","***"]
["ASFALTOS DILUÍDOS CM-70","2016-01-01","***","***","***","***","***","***"]
["ASFALTOS DILUÍDOS CM-70","2016-02-01","***","***","***","***","***","***"]
["ASFALTOS DILUÍDOS CM-70","2016-03-01","***","***","***","***","***","***"]
["ASFALTOS DILUÍDOS CM-70","2016-04-01","***","***","***","***","***","***"]
["ASFALTOS DILUÍDOS CM-70","2016-05-01","***","***","***","***","***","***"]
["ASFALTOS DILUÍDOS CM-70","2016-06-01","***","***","***","***","***","***"]
["ASFALTOS DILUÍDOS CM-70","2016-07-01","***","***","***","***","***","***"]
["ASFALTOS DILUÍDOS CM-70","2016-08-01","***","***","***","***","***","***"]
["ASFALTOS DILUÍDOS CM-70","2016-09-01","***","***","***","***","***","***"]
["ASFALTOS DILUÍDOS CM-70","2016-10-01","***","***","***","***","***","***"]
["ASFALTOS DILUÍDOS CM-70","2016-11-01","***","***","***","***","***","***"]
["ASFALTOS DILUÍDOS CM-70","2016-12-01","***","***","***","***","***","***"]
["ASFALTOS DILUÍDOS CM-70","2017-01-01","***","***","***","***","***","***"]
["ASFALTOS DILUÍDOS CM-70","2017-02-01","***","***","***","***","***","***"]
["ASFALTOS DILUÍDOS CM-70","2017-03-01","***","***","***","***","***","***"]
["ASFALTOS DILUÍDOS CM-70","2017-04-01","***","***","***","***","***","***"]
["ASFALTOS DILUÍDOS CM-70","2017-05-01","***","***","***","***","***","***"]
["ASFALTOS DILUÍDOS CM-70","2017-06-01","***","***","***","***","***","***"]
["ASFALTOS DILUÍDOS CM-70","2017-07-01","***","***","***","***","***","***"]
["ASFALTOS DILUÍDOS CM-70","2017-08-01","***","***","***","***","***","***"]
["ASFALTOS DILUÍDOS CM-70","2017-09-01","***","***","***","***","***","***"]
["ASFALTOS DILUÍDOS CM-70","2017-10-01","***","***","***","***","***","***"]
["ASFALTOS DILUÍDOS CM-70","2017-11-01","***","***","***","***","***","***"]
["ASFALTOS DILUÍDOS CM-70","2017-12-01","***","***","***","***","***","***"]
["ASFALTOS DILUÍDOS CM-70","2018-01-01","***","***","***","***","***","***"]
["ASFALTOS DILUÍDOS CM-70","2018-02-01","***","***","***","***","***","***"]
["ASFALTOS DILUÍDOS CM-70","2018-03-01","***","***","***","***","***","***"]
["ASFALTOS DILUÍDOS CM-70","2018-04-01","***","***","***","***","***","***"]
["ASFALTOS DILUÍDOS CM-70","2018-05-01","***","***","***","***","***","***"]
["ASFALTOS DILUÍDOS CM-70","2018-06-01","***","***","***","***","***","***"]
["ASFALTOS DILUÍDOS CM-70","2018-07-01","***","***","***","***","***","***"]
["ASFALTOS DILUÍDOS CM-70","2018-08-01","***","***","***","***","***","***"]
["ASFALTOS DILUÍDOS CM-70","2018-09-01","***","***","***","***","***","***"]
["ASFALTOS DILUÍDOS CM-70","2018-10-01","***","***","***","***","***","***"]
["ASFALTOS DILUÍDOS CM-70","2018-11-01","***","***","***","***","***","***"]
["ASFALTOS DILUÍDOS CM-70","2018-12-01","***","***","***","***","***","***"]
["ASFALTOS DILUÍDOS CM-70","2019-01-01","***","***","***","***","***","***"]
["ASFALTOS DILUÍDOS CM-70","2019-02-01","***","***","***","***","***","***"]
["ASFALTOS DILUÍDOS CM-70","2019-03-01","***","***","***","***","***","***"]
["ASFALTOS DILUÍDOS CM-70","2019-04-01","***","***","***","***","***","***"]
["ASFALTOS DILUÍDOS CM-70","2019-05-01","***","***","***","***","***","***"]
["ASFALTOS DILUÍDOS CM-70","2019-06-01","***","***","***","***","***","***"]
["ASFALTOS DILUÍDOS CM-70","2019-07-01","***","***","***","***","***","***"]
["ASFALTOS DILUÍDOS CM-70","2019-08-01","***","***","***","***","***","***"]
["ASFALTOS DILUÍDOS CM-70","2019-09-01","***","***","***","***","***","***"]
["ASFALTOS DILUÍDOS CM-70","2019-10-01","***","***","***","***","***","***"]
["ASFALTOS DILUÍDOS CM-70","2019-11-01","***","***","***","***","***","***"]
["ASFALTOS DILUÍDOS CM-70","2019-12-01","***","***","***","***","***","***"]
["ASFALTOS DILUÍDOS CM-70","2020-01-01","***","***","***","***","***","***"]
["ASFALTOS DILUÍDOS CM-70","2020-02-01","***","***","***","***","***","***"]
["ASFALTOS DILUÍDOS CM-70","2020-03-01","***","***","***","***","***","***"]
["ASFALTOS DILUÍDOS CM-70","2020-04-01","***","***","***","***","***","***"]
["ASFALTOS DILUÍDOS CM-70","2020-05-01","***","***","***","***","***","***"]
["ASFALTOS DILUÍDOS CM-70","2020-06-01","***","***","***","***","***","***"]
["ASFALTOS DILUÍDOS CM-70","2020-07-01","***","***","***","***","***","***"]
["ASFALTOS DILUÍDOS CM-70","2020-08-01","***","***","***","***","***","***"]
["ASFALTOS DILUÍDOS CM-70","2020-09-01","***","***","***","***","***","***"]
["ASFALTOS DILUÍDOS CM-70","2020-10-01","***","***","***","***","***","***"]
["ASFALTOS DILUÍDOS CM-70","2020-11-01","***","***","***","***","***","***"]
["ASFALTOS DILUÍDOS CM-70","2020-12-01","***","***","***","***","***","***"]
["ASFALTOS DILUÍDOS CM-70","2021-01-01","***","***","***","***","***","***"]
["ASFALTOS DILUÍDOS CM-70","2021-02-01","***","***","***","***","***","***"]
["ASFALTOS DILUÍDOS CM-70","2021-03-01","***","***","***","***","***","***"]
["ASFALTOS DILUÍDOS CM-70","2021-04-01","***","***","***","***","***","***"]
["ASFALTOS DILUÍDOS CM-70","2021-05-01","***","***","***","***","***","***"]
["ASFALTOS DILUÍDOS CM-70","2021-06-01","***","***","***","***","***","***"]
["ASFALTOS DILUÍDOS CM-70","2021-07-01","***","***","***","***","***","***"]
["ASFALTOS DILUÍDOS CM-70","2021-08-01","***","***","***","***","***","***"]
["ASFALTOS DILUÍDOS CM-70","2021-09-01","***","***","***","***","***","***"]
["ASFALTOS DILUÍDOS CM-70","2021-10-01","***","***","***","***","***","***"]
["ASFALTOS DILUÍDOS CM-70","2021-11-01","***","***","***","***","***","***"]
["ASFALTOS DILUÍDOS CM-70","2021-12-01","***","***","***","***","***","***"]
["ASFALTOS DILUÍDOS CM-70","2022-01-01","***","***","***","***","***","***"]
["ASFALTOS DILUÍDOS CM-70","2022-02-01","***","***","***","***","***","***"]
["ASFALTOS DILUÍDOS CM-70","2022-03-01","***","***","***","***","***","***"]
["ASFALTOS DILUÍDOS CM-70","2022-04-01","***","***","***","***","***","***"]
["ASFALTOS DILUÍDOS CM-70","2022-05-01","***","***","***","***","***","***"]
["ASFALTOS DILUÍDOS CM-70","2022-06-01","***","***","***","***","***","***"]
["ASFALTOS DILUÍDOS CM-70","2022-07-01","***","***","***","***","***","***"]
["ASFALTOS DILUÍDOS CM-70","2022-08-01","***","***","***","***","***","***"]
["ASFALTOS DILUÍDOS CM-70","2022-09-01","***","***","***","***","***","***"]
["ASFALTOS DILUÍDOS CM-70","2022-10-01","***","***","***","***","***","***"]
["ASFALTOS DILUÍDOS CM-70","2022-11-01","***","***","***","***","***","***"]
["ASFALTOS DILUÍDOS CM-70","2022-12-01","***","***","***","***","***","***"]
["ASFALTOS DILUÍDOS CM-70","2023-01-01","***","***","***","***","***","***"]
["ASFALTOS DILUÍDOS CM-70","2023-02-01","***","***","***","***","***","***"]
["ASFALTOS DILUÍDOS CM-70","2023-03-01","***","***","***","***","***","***"]
["ASFALTOS DILUÍDOS CM-70","2023-04-01","***","***","***","***","***","***"]
["ASFALTOS DILUÍDOS CM-70","2023-05-01","***","***","***","***","***","***"]
["ASFALTOS DILUÍDOS CM-70","2023-06-01","***","***","***","***","***","***"]
["ASFALTOS DILUÍDOS CM-70","2023-07-01","***","***","***","***","***","***"]
["ASFALTOS DILUÍDOS CM-70","2023-08-01","***","***","***","***","***","***"]
["ASFALTOS DILUÍDOS CM-70","2023-09-01","***","***","***","***","***","***"]
["ASFALTOS DILUÍDOS CM-70","2023-10-01","***","***","***","***","***","***"]
["ASFALTOS DILUÍDOS CR-250","2008-11-01",1.5293300000000001,1.3827799999999999,"***",1.6455599999999999,"***",1.52712]
["ASFALTOS DILUÍDOS CR-250","2008-12-01","***",1.3644000000000001,"***","***",1.97516,1.3680600000000001]
["ASFALTOS DILUÍDOS CR-250","2009-01-01",1.46539,1.3161400000000001,"***","***","***",1.34727]
["ASFALTOS DILUÍDOS CR-250","2009-02-01",1.46539,"***","***",1.6850400000000001,"***",1.49251]
["ASFALTOS DILUÍDOS CR-250","2009-03-01","***","***",2.0878399999999999,1.25746,1.9751700000000001,1.99386]
["ASFALTOS DILUÍDOS CR-250","2009-04-01","***",1.3165800000000001,2.10161,1.53739,1.3759999999999999,2.0235699999999999]
["ASFALTOS DILUÍDOS CR-250","2009-05-01","***",1.2917000000000001,2.0112399999999999,"***",1.44496,1.9630399999999999]
["ASFALTOS DILUÍDOS CR-250","2009-06-01","***","***",2.04867,1.62178,1.77067,2.0431599999999999]
["ASFALTOS DILUÍDOS CR-250","2009-07-01","***",1.37853,2.0497899999999998,1.5477000000000001,2.2229999999999999,1.9808399999999999]
["ASFALTOS DILUÍDOS CR-250","2009-08-01","***",1.2607600000000001,2.0687700000000002,1.5838699999999999,"***",1.9820899999999999]
["ASFALTOS DILUÍDOS CR-250","2009-09-01","***",1.3536999999999999,2.0540600000000002,1.5477000000000001,"***",1.9975799999999999]
["ASFALTOS DILUÍDOS CR-250","2009-10-01","***",1.34605,2.1048800000000001,"***","***",2.0575000000000001]
["ASFALTOS DILUÍDOS CR-250","2009-11-01","***",1.34677,2.0478399999999999,1.6655,"***",1.9823599999999999]
["ASFALTOS DILUÍDOS CR-250","2009-12-01",2.0884,"***","***",1.5476000000000001,"***",2.05192]
["ASFALTOS DILUÍDOS CR-250","2010-01-01",1.4896,1.35378,"***",1.5476000000000001,"***",1.4123300000000001]
["ASFALTOS DILUÍDOS CR-250","2010-02-01","***","***","***","***","***","***"]
["ASFALTOS DILUÍDOS CR-250","2010-03-01","***","***","***",1.5476799999999999,1.5329999999999999,1.5361800000000001]
["ASFALTOS DILUÍDOS CR-250","2010-04-01","***",1.3786799999999999,"***",1.5476799999999999,"***",1.39734]
["ASFALTOS DILUÍDOS CR-250","2010-05-01","***",1.4693400000000001,"***",1.5476799999999999,"***",1.4871399999999999]
["ASFALTOS DILUÍDOS CR-250","2010-06-01","***",1.2052,"***","***",1.5427500000000001,1.3357000000000001]
["ASFALTOS DILUÍDOS CR-250","2010-07-01","***","***","***",1.5476799999999999,"***",1.5476799999999999]
["ASFALTOS DILUÍDOS CR-250","2010-08-01","***","***","***","***","***","***"]
["ASFALTOS DILUÍDOS CR-250","2010-09-01","***","***","***",1.5476799999999999,1.7222500000000001,1.5990200000000001]
["ASFALTOS DILUÍDOS CR-250","2010-10-01",1.6425000000000001,1.3476300000000001,"***","***","***",1.47194]
["ASFALTOS DILUÍDOS CR-250","2010-11-01",1.5969199999999999,"***","***","***","***",1.5969199999999999]
["ASFALTOS DILUÍDOS CR-250","2010-12-01",1.5969199999999999,"***","***",1.5476799999999999,"***",1.59118]
["ASFALTOS DILUÍDOS CR-250","2011-01-01",1.4896,"***","***",1.5476799999999999,"***",1.4920899999999999]
["ASFALTOS DILUÍDOS CR-250","2011-02-01",1.4896,"***","***","***","***",1.4896]
["ASFALTOS DILUÍDOS CR-250","2011-03-01","***","***","***","***","***","***"]
["ASFALTOS DILUÍDOS CR-250","2011-04-01","***","***","***",1.6362000000000001,1.4339,1.52176]
["ASFALTOS DILUÍDOS CR-250","2011-05-01","***","***","***","***","***","***"]
["ASFALTOS DILUÍDOS CR-250","2011-06-01","***","***","***",1.5476700000000001,"***",1.5476700000000001]
["ASFALTOS DILUÍDOS CR-250","2011-07-01",1.4896,"***","***","***",1.8260000000000001,1.5280499999999999]
["ASFALTOS DILUÍDOS CR-250","2011-08-01","***","***","***","***","***","***"]
["ASFALTOS DILUÍDOS CR-250","2011-09-01","***","***","***","***","***","***"]
["ASFALTOS DILUÍDOS CR-250","2011-10-01","***","***","***","***","***","***"]
["ASFALTOS DILUÍDOS CR-250","2011-11-01","***","***","***","***","***","***"]
["ASFALTOS DILUÍDOS CR-250","2011-12-01","***","***","***","***","***","***"]
["ASFALTOS DILUÍDOS CR-250","2012-01-01","***","***","***","***","***","***"]
["ASFALTOS DILUÍDOS CR-250","2012-02-01",1.4896,"***","***",1.57168,"***",1.51007]
["ASFALTOS DILUÍDOS CR-250","2012-03-01","***","***","***","***","***","***"]
["ASFALTOS DILUÍDOS CR-250","2012-04-01","***","***","***","***","***","***"]
["ASFALTOS DILUÍDOS CR-250","2012-05-01","***","***","***","***",1.4343999999999999,1.4343999999999999]
["ASFALTOS DILUÍDOS CR-250","2012-06-01",1.4896,"***","***","***","***",1.4896]
["ASFALTOS DILUÍDOS CR-250","2012-07-01","***","***","***","***","***","***"]
["ASFALTOS DILUÍDOS CR-250","2012-08-01","***","***","***",1.6972,"***",1.6972]
["ASFALTOS DILUÍDOS CR-250","2012-09-01","***","***","***","***","***","***"]
["ASFALTOS DILUÍDOS CR-250","2012-10-01","***","***","***","***","***","***"]
["ASFALTOS DILUÍDOS CR-250","2012-11-01","***","***","***","***","***","***"]
["ASFALTOS DILUÍDOS CR-250","2012-12-01","***","***","***","***","***","***"]
["ASFALTOS DILUÍDOS CR-250","2013-01-01",1.95122,"***","***",1.39585,"***",1.4617599999999999]
["ASFALTOS DILUÍDOS CR-250","2013-02-01",1.95122,"***","***","***","***",1.95122]
["ASFALTOS DILUÍDOS CR-250","2013-03-01",1.95122,"***","***","***","***",1.95122]
["ASFALTOS DILUÍDOS CR-250","2013-04-01","***","***","***",1.7104999999999999,"***",1.7104999999999999]
["ASFALTOS DILUÍDOS CR-250","2013-05-01","***","***","***","***","***","***"]
["ASFALTOS DILUÍDOS CR-250","2013-06-01","***","***","***","***",1.3348,1.3348]
["ASFALTOS DILUÍDOS CR-250","2013-07-01","***","***","***","***","***","***"]
["ASFALTOS DILUÍDOS CR-250","2013-08-01","***","***","***",1.7069000000000001,"***",1.7069000000000001]
["ASFALTOS DILUÍDOS CR-250","2013-09-01","***","***","***","***","***","***"]
["ASFALTOS DILUÍDOS CR-250","2013-10-01","***","***","***",1.7071000000000001,"***",1.7071000000000001]
["ASFALTOS DILUÍDOS CR-250","2013-11-01","***","***","***","***","***","***"]
["ASFALTOS DILUÍDOS CR-250","2013-12-01","***","***","***","***","***","***"]
["ASFALTOS DILUÍDOS CR-250","2014-01-01","***","***","***",1.7055,"***",1.7055]
["ASFALTOS DILUÍDOS CR-250","2014-02-01","***","***","***","***","***","***"]
["ASFALTOS DILUÍDOS CR-250","2014-03-01","***","***","***","***","***","***"]
["ASFALTOS DILUÍDOS CR-250","2014-04-01","***","***","***","***","***","***"]
["ASFALTOS DILUÍDOS CR-250","2014-05-01","***","***","***","***",1.3340000000000001,1.3340000000000001]
["ASFALTOS DILUÍDOS CR-250","2014-06-01","***","***","***","***",1.7875000000000001,1.7875000000000001]
["ASFALTOS DILUÍDOS CR-250","2014-07-01","***","***","***","***","***","***"]
["ASFALTOS DILUÍDOS CR-250","2014-08-01","***","***","***",1.7021999999999999,"***",1.7021999999999999]
["ASFALTOS DILUÍDOS CR-250","2014-09-01","***","***","***",1.7039,"***",1.7039]
["ASFALTOS DILUÍDOS CR-250","2014-10-01","***","***","***",1.7030000000000001,"***",1.7030000000000001]
["ASFALTOS DILUÍDOS CR-250","2014-11-01","***","***","***","***","***","***"]
["ASFALTOS DILUÍDOS CR-250","2014-12-01","***","***","***","***","***","***"]
["ASFALTOS DILUÍDOS CR-250","2015-01-01","***","***","***","***","***","***"]
["ASFALTOS DILUÍDOS CR-250","2015-02-01","***","***","***","***",1.5871,1.5871]
["ASFALTOS DILUÍDOS CR-250","2015-03-01","***","***","***","***","***","***"]
["ASFALTOS DILUÍDOS CR-250","2015-04-01","***","***","***","***","***","***"]
["ASFALTOS DILUÍDOS CR-250","2015-05-01","***","***","***","***","***","***"]
["ASFALTOS DILUÍDOS CR-250","2015-06-01","***","***","***",2.3921000000000001,"***",2.3921000000000001]
["ASFALTOS DILUÍDOS CR-250","2015-07-01","***","***","***","***","***","***"]
["ASFALTOS DILUÍDOS CR-250","2015-08-01","***","***","***","***","***","***"]
["ASFALTOS DILUÍDOS CR-250","2015-09-01","***","***","***",2.3885999999999998,"***",2.3885999999999998]
["ASFALTOS DILUÍDOS CR-250","2015-10-01","***","***","***","***","***","***"]
["ASFALTOS DILUÍDOS CR-250","2015-11-01","***","***","***","***",1.2641,1.2641]
["ASFALTOS DILUÍDOS CR-250","2015-12-01","***","***","***","***","***","***"]
["ASFALTOS DILUÍDOS CR-250","2016-01-01","***","***","***","***","***","***"]
["ASFALTOS DILUÍDOS CR-250","2016-02-01","***","***","***","***","***","***"]
["ASFALTOS DILUÍDOS CR-250","2016-03-01","***","***","***","***","***","***"]
["ASFALTOS DILUÍDOS CR-250","2016-04-01","***","***","***","***","***","***"]
["ASFALTOS DILUÍDOS CR-250","2016-05-01","***","***","***","***","***","***"]
["ASFALTOS DILUÍDOS CR-250","2016-06-01","***","***","***","***","***","***"]
["ASFALTOS DILUÍDOS CR-250","2016-07-01","***","***","***","***","***","***"]
["ASFALTOS DILUÍDOS CR-250","2016-08-01","***","***","***","***","***","***"]
["ASFALTOS DILUÍDOS CR-250","2016-09-01","***","***","***","***","***","***"]
["ASFALTOS DILUÍDOS CR-250","2016-10-01","***","***","***","***","***","***"]
["ASFALTOS DILUÍDOS CR-250","2016-11-01","***","***","***","***","***","***"]
["ASFALTOS DILUÍDOS CR-250","2016-12-01","***","***","***","***","***","***"]
["ASFALTOS DILUÍDOS CR-250","2017-01-01","***","***","***","***","***","***"]
["ASFALTOS DILUÍDOS CR-250","2017-02-01","***","***","***","***","***","***"]
["ASFALTOS DILUÍDOS CR-250","2017-03-01","***","***","***","***","***","***"]
["ASFALTOS DILUÍDOS CR-250","2017-04-01","***","***","***","***","***","***"]
["ASFALTOS DILUÍDOS CR-250","2017-05-01","***","***","***","***","***","***"]
["ASFALTOS DILUÍDOS CR-250","2017-06-01","***","***","***","***","***","***"]
["ASFALTOS DILUÍDOS CR-250","2017-07-01","***","***","***","***","***","***"]
["ASFALTOS DILUÍDOS CR-250","2017-08-01","***","***","***","***","***","***"]
["ASFALTOS DILUÍDOS CR-250","2017-09-01","***","***","***","***","***","***"]
["ASFALTOS DILUÍDOS CR-250","2017-10-01","***","***","***","***","***","***"]
["ASFALTOS DILUÍDOS CR-250","2017-11-01","***","***","***","***","***","***"]
["ASFALTOS DILUÍDOS CR-250","2017-12-01","***","***","***","***","***","***"]
["ASFALTOS DILUÍDOS CR-250","2018-01-01","***","***","***","***","***","***"]
["ASFALTOS DILUÍDOS CR-250","2018-02-01","***","***","***","***","***","***"]
["ASFALTOS DILUÍDOS CR-250","2018-03-01","***","***","***","***","***","***"]
["ASFALTOS DILUÍDOS CR-250","2018-04-01","***","***","***","***","***","***"]
["ASFALTOS DILUÍDOS CR-250","2018-05-01","***","***","***","***","***","***"]
["ASFALTOS DILUÍDOS CR-250","2018-06-01","***","***","***","***","***","***"]
["ASFALTOS DILUÍDOS CR-250","2018-07-01","***","***","***","***","***","***"]
["ASFALTOS DILUÍDOS CR-250","2018-08-01","***","***","***","***","***","***"]
["ASFALTOS DILUÍDOS CR-250","2018-09-01","***","***","***","***","***","***"]
["ASFALTOS DILUÍDOS CR-250","2018-10-01","***","***","***","***","***","***"]
["ASFALTOS DILUÍDOS CR-250","2018-11-01","***","***","***","***","***","***"]
["ASFALTOS DILUÍDOS CR-250","2018-12-01","***","***","***","***","***","***"]
["ASFALTOS DILUÍDOS CR-250","2019-01-01","***","***","***","***","***","***"]
["ASFALTOS DILUÍDOS CR-250","2019-02-01","***","***","***","***","***","***"]
["ASFALTOS DILUÍDOS CR-250","2019-03-01","***","***","***","***","***","***"]
["ASFALTOS DILUÍDOS CR-250","2019-04-01","***","***","***","***","***","***"]
["ASFALTOS DILUÍDOS CR-250","2019-05-01","***","***","***","***","***","***"]
["ASFALTOS DILUÍDOS CR-250","2019-06-01","***","***","***","***","***","***"]
["ASFALTOS DILUÍDOS CR-250","2019-07-01","***","***","***","***","***","***"]
["ASFALTOS DILUÍDOS CR-250","2019-08-01","***","***","***","***","***","***"]
["ASFALTOS DILUÍDOS CR-250","2019-09-01","***","***","***","***","***","***"]
["ASFALTOS DILUÍDOS CR-250","2019-10-01","***","***","***","***","***","***"]
["ASFALTOS DILUÍDOS CR-250","2019-11-01","***","***","***","***","***","***"]
["ASFALTOS DILUÍDOS CR-250","2019-12-01","***","***","***","***","***","***"]
["ASFALTOS DILUÍDOS CR-250","2020-01-01","***","***","***","***","***","***"]
["ASFALTOS DILUÍDOS CR-250","2020-02-01","***","***","***","***","***","***"]
["ASFALTOS DILUÍDOS CR-250","2020-03-01","***","***","***","***","***","***"]
["ASFALTOS DILUÍDOS CR-250","2020-04-01","***","***","***","***","***","***"]
["ASFALTOS DILUÍDOS CR-250","2020-05-01","***","***","***","***","***","***"]
["ASFALTOS DILUÍDOS CR-250","2020-06-01","***","***","***","***","***","***"]
["ASFALTOS DILUÍDOS CR-250","2020-07-01","***","***","***","***","***","***"]
["ASFALTOS DILUÍDOS CR-250","2020-08-01","***","***","***","***","***","***"]
["ASFALTOS DILUÍDOS CR-250","2020-09-01","***","***","***","***","***","***"]
["ASFALTOS DILUÍDOS CR-250","2020-10-01","***","***","***","***","***","***"]
["ASFALTOS DILUÍDOS CR-250","2020-11-01","***","***","***","***","***","***"]
["ASFALTOS DILUÍDOS CR-250","2020-12-01","***","***","***","***","***","***"]
["ASFALTOS DILUÍDOS CR-250","2021-01-01","***","***","***","***","***","***"]
["ASFALTOS DILUÍDOS CR-250","2021-02-01","***","***","***","***","***","***"]
["ASFALTOS DILUÍDOS CR-250","2021-03-01","***","***","***","***","***","***"]
["ASFALTOS DILUÍDOS CR-250","2021-04-01","***","***","***","***","***","***"]
["ASFALTOS DILUÍDOS CR-250","2021-05-01","***","***","***","***","***","***"]
["ASFALTOS DILUÍDOS CR-250","2021-06-01","***","***","***","***","***","***"]
["ASFALTOS DILUÍDOS CR-250","2021-07-01","***","***","***","***","***","***"]
["ASFALTOS DILUÍDOS CR-250","2021-08-01","***","***","***","***","***","***"]
["ASFALTOS DILUÍDOS CR-250","2021-09-01","***","***","***","***","***","***"]
["ASFALTOS DILUÍDOS CR-250","2021-10-01","***","***","***","***","***","***"]
["ASFALTOS DILUÍDOS CR-250","2021-11-01","***","***","***","***","***","***"]
["ASFALTOS DILUÍDOS CR-250","2021-12-01","***","***","***","***","***","***"]
["ASFALTOS DILUÍDOS CR-250","2022-01-01","***","***","***","***","***","***"]
["ASFALTOS DILUÍDOS CR-250","2022-02-01","***","***","***","***","***","***"]
["ASFALTOS DILUÍDOS CR-250","2022-03-01","***","***","***","***","***","***"]
["ASFALTOS DILUÍDOS CR-250","2022-04-01","***","***","***","***","***","***"]
["ASFALTOS DILUÍDOS CR-250","2022-05-01","***","***","***","***","***","***"]
["ASFALTOS DILUÍDOS CR-250","2022-06-01","***","***","***","***","***","***"]
["ASFALTOS DILUÍDOS CR-250","2022-07-01","***","***","***","***","***","***"]
["ASFALTOS DILUÍDOS CR-250","2022-08-01","***","***","***","***","***","***"]
["ASFALTOS DILUÍDOS CR-250","2022-09-01","***","***","***","***","***","***"]
["ASFALTOS DILUÍDOS CR-250","2022-10-01","***","***","***","***","***","***"]
["ASFALTOS DILUÍDOS CR-250","2022-11-01","***","***","***","***","***","***"]
["ASFALTOS DILUÍDOS CR-250","2022-12-01","***","***","***","***","***","***"]
["ASFALTOS DILUÍDOS CR-250","2023-01-01","***","***","***","***","***","***"]
["ASFALTOS DILUÍDOS CR-250","2023-02-01","***","***","***","***","***","***"]
["ASFALTOS DILUÍDOS CR-250","2023-03-01","***","***","***","***","***","***"]
["ASFALTOS DILUÍDOS CR-250","2023-04-01","***","***","***","***","***","***"]
["ASFALTOS DILUÍDOS CR-250","2023-05-01","***","***","***","***","***","***"]
["ASFALTOS DILUÍDOS CR-250","2023-06-01","***","***","***","***","***","***"]
["ASFALTOS DILUÍDOS CR-250","2023-07-01","***","***","***","***","***","***"]
["ASFALTOS DILUÍDOS CR-250","2023-08-01","***","***","***","***","***","***"]
["ASFALTOS DILUÍDOS CR-250","2023-09-01","***","***","***","***","***","***"]
["ASFALTOS DILUÍDOS CR-250","2023-10-01","***","***","***","***","***","***"]
["ASFALTOS DILUÍDOS CR-70","2008-11-01","***","***","***","***","***","***"]
["ASFALTOS DILUÍDOS CR-70","2008-12-01","***","***","***",1.9236200000000001,"***",1.9236200000000001]
["ASFALTOS DILUÍDOS CR-70","2009-01-01","***","***","***","***","***","***"]
["ASFALTOS DILUÍDOS CR-70","2009-02-01","***","***","***","***","***","***"]
["ASFALTOS DILUÍDOS CR-70","2009-03-01","***","***","***","***","***","***"]
["ASFALTOS DILUÍDOS CR-70","2009-04-01","***","***","***","***","***","***"]
["ASFALTOS DILUÍDOS CR-70","2009-05-01","***","***","***","***","***","***"]
["ASFALTOS DILUÍDOS CR-70","2009-06-01","***","***","***","***","***","***"]
["ASFALTOS DILUÍDOS CR-70","2009-07-01","***","***","***","***","***","***"]
["ASFALTOS DILUÍDOS CR-70","2009-08-01","***","***","***","***","***","***"]
["ASFALTOS DILUÍDOS CR-70","2009-09-01","***","***","***","***","***","***"]
["ASFALTOS DILUÍDOS CR-70","2009-10-01","***","***","***","***","***","***"]
["ASFALTOS DILUÍDOS CR-70","2009-11-01","***","***","***","***","***","***"]
["ASFALTOS DILUÍDOS CR-70","2009-12-01","***","***","***","***","***","***"]
["ASFALTOS DILUÍDOS CR-70","2010-01-01","***","***","***","***","***","***"]
["ASFALTOS DILUÍDOS CR-70","2010-02-01","***","***","***","***","***","***"]
["ASFALTOS DILUÍDOS CR-70","2010-03-01","***","***","***","***","***","***"]
["ASFALTOS DILUÍDOS CR-70","2010-04-01","***","***","***","***","***","***"]
["ASFALTOS DILUÍDOS CR-70","2010-05-01","***","***","***","***","***","***"]
["ASFALTOS DILUÍDOS CR-70","2010-06-01","***","***","***","***","***","***"]
["ASFALTOS DILUÍDOS CR-70","2010-07-01","***","***","***","***","***","***"]
["ASFALTOS DILUÍDOS CR-70","2010-08-01","***","***","***","***","***","***"]
["ASFALTOS DILUÍDOS CR-70","2010-09-01","***","***","***","***","***","***"]
["ASFALTOS DILUÍDOS CR-70","2010-10-01","***","***","***","***","***","***"]
["ASFALTOS DILUÍDOS CR-70","2010-11-01","***","***","***","***","***","***"]
["ASFALTOS DILUÍDOS CR-70","2010-12-01","***","***","***","***","***","***"]
["ASFALTOS DILUÍDOS CR-70","2011-01-01","***","***","***","***","***","***"]
["ASFALTOS DILUÍDOS CR-70","2011-02-01","***","***","***","***","***","***"]
["ASFALTOS DILUÍDOS CR-70","2011-03-01","***","***","***","***","***","***"]
["ASFALTOS DILUÍDOS CR-70","2011-04-01","***","***","***","***","***","***"]
["ASFALTOS DILUÍDOS CR-70","2011-05-01","***","***","***","***","***","***"]
["ASFALTOS DILUÍDOS CR-70","2011-06-01","***","***","***","***","***","***"]
["ASFALTOS DILUÍDOS CR-70","2011-07-01","***","***","***","***","***","***"]
["ASFALTOS DILUÍDOS CR-70","2011-08-01","***","***","***","***","***","***"]
["ASFALTOS DILUÍDOS CR-70","2011-09-01","***","***","***","***","***","***"]
["ASFALTOS DILUÍDOS CR-70","2011-10-01","***","***","***","***","***","***"]
["ASFALTOS DILUÍDOS CR-70","2011-11-01","***","***","***","***","***","***"]
["ASFALTOS DILUÍDOS CR-70","2011-12-01","***","***","***","***","***","***"]
["ASFALTOS DILUÍDOS CR-70","2012-01-01","***","***","***","***","***","***"]
["ASFALTOS DILUÍDOS CR-70","2012-02-01","***","***","***","***","***","***"]
["ASFALTOS DILUÍDOS CR-70","2012-03-01","***","***","***","***","***","***"]
["ASFALTOS DILUÍDOS CR-70","2012-04-01","***","***","***","***","***","***"]
["ASFALTOS DILUÍDOS CR-70","2012-05-01","***","***","***","***","***","***"]
["ASFALTOS DILUÍDOS CR-70","2012-06-01","***","***","***","***","***","***"]
["ASFALTOS DILUÍDOS CR-70","2012-07-01","***","***","***","***","***","***"]
["ASFALTOS DILUÍDOS CR-70","2012-08-01","***","***","***","***","***","***"]
["ASFALTOS DILUÍDOS CR-70","2012-09-01","***","***","***","***","***","***"]
["ASFALTOS DILUÍDOS CR-70","2012-10-01","***","***","***","***","***","***"]
["ASFALTOS DILUÍDOS CR-70","2012-11-01","***","***","***","***","***","***"]
["ASFALTOS DILUÍDOS CR-70","2012-12-01","***","***","***","***","***","***"]
["ASFALTOS DILUÍDOS CR-70","2013-01-01","***","***","***","***","***","***"]
["ASFALTOS DILUÍDOS CR-70","2013-02-01","***","***","***","***","***","***"]
["ASFALTOS DILUÍDOS CR-70","2013-03-01","***","***","***","***","***","***"]
["ASFALTOS DILUÍDOS CR-70","2013-04-01","***","***","***","***","***","***"]
["ASFALTOS DILUÍDOS CR-70","2013-05-01","***","***","***","***","***","***"]
["ASFALTOS DILUÍDOS CR-70","2013-06-01","***","***","***","***","***","***"]
["ASFALTOS DILUÍDOS CR-70","2013-07-01","***","***","***","***","***","***"]
["ASFALTOS DILUÍDOS CR-70","2013-08-01","***","***","***","***","***","***"]
["ASFALTOS DILUÍDOS CR-70","2013-09-01","***","***","***","***","***","***"]
["ASFALTOS DILUÍDOS CR-70","2013-10-01","***","***","***","***","***","***"]
["ASFALTOS DILUÍDOS CR-70","2013-11-01","***","***","***","***","***","***"]
["ASFALTOS DILUÍDOS CR-70","2013-12-01","***","***","***","***","***","***"]
["ASFALTOS DILUÍDOS CR-70","2014-01-01","***","***","***","***","***","***"]
["ASFALTOS DILUÍDOS CR-70","2014-02-01","***","***","***","***","***","***"]
["ASFALTOS DILUÍDOS CR-70","2014-03-01","***","***","***","***","***","***"]
["ASFALTOS DILUÍDOS CR-70","2014-04-01","***","***","***","***","***","***"]
["ASFALTOS DILUÍDOS CR-70","2014-05-01","***","***","***","***","***","***"]
["ASFALTOS DILUÍDOS CR-70","2014-06-01","***","***","***","***","***","***"]
["ASFALTOS DILUÍDOS CR-70","2014-07-01","***","***","***","***","***","***"]
["ASFALTOS DILUÍDOS CR-70","2014-08-01","***","***","***","***","***","***"]
["ASFALTOS DILUÍDOS CR-70","2014-09-01","***","***","***","***","***","***"]
["ASFALTOS DILUÍDOS CR-70","2014-10-01","***","***","***","***","***","***"]
["ASFALTOS DILUÍDOS CR-70","2014-11-01","***","***","***","***","***","***"]
["ASFALTOS DILUÍDOS CR-70","2014-12-01","***","***","***","***","***","***"]
["ASFALTOS DILUÍDOS CR-70","2015-01-01","***","***","***","***","***","***"]
["ASFALTOS DILUÍDOS CR-70","2015-02-01","***","***","***","***","***","***"]
["ASFALTOS DILUÍDOS CR-70","2015-03-01","***","***","***","***","***","***"]
["ASFALTOS DILUÍDOS CR-70","2015-04-01","***","***","***","***","***","***"]
["ASFALTOS DILUÍDOS CR-70","2015-05-01","***","***","***","***","***","***"]
["ASFALTOS DILUÍDOS CR-70","2015-06-01","***","***","***","***","***","***"]
["ASFALTOS DILUÍDOS CR-70","2015-07-01","***","***","***","***","***","***"]
["ASFALTOS DILUÍDOS CR-70","2015-08-01","***","***","***","***","***","***"]
["ASFALTOS DILUÍDOS CR-70","2015-09-01","***","***","***","***","***","***"]
["ASFALTOS DILUÍDOS CR-70","2015-10-01","***","***","***","***","***","***"]
["ASFALTOS DILUÍDOS CR-70","2015-11-01","***","***","***","***","***","***"]
["ASFALTOS DILUÍDOS CR-70","2015-12-01","***","***","***","***","***","***"]
["ASFALTOS DILUÍDOS CR-70","2016-01-01","***","***","***","***","***","***"]
["ASFALTOS DILUÍDOS CR-70","2016-02-01","***","***","***","***","***","***"]
["ASFALTOS DILUÍDOS CR-70","2016-03-01","***","***","***","***","***","***"]
["ASFALTOS DILUÍDOS CR-70","2016-04-01","***","***","***","***","***","***"]
["ASFALTOS DILUÍDOS CR-70","2016-05-01","***","***","***","***","***","***"]
["ASFALTOS DILUÍDOS CR-70","2016-06-01","***","***","***","***","***","***"]
["ASFALTOS DILUÍDOS CR-70","2016-07-01","***","***","***","***","***","***"]
["ASFALTOS DILUÍDOS CR-70","2016-08-01","***","***","***","***","***","***"]
["ASFALTOS DILUÍDOS CR-70","2016-09-01","***","***","***","***","***","***"]
["ASFALTOS DILUÍDOS CR-70","2016-10-01","***","***","***","***","***","***"]
["ASFALTOS DILUÍDOS CR-70","2016-11-01","***","***","***","***","***","***"]
["ASFALTOS DILUÍDOS CR-70","2016-12-01","***","***","***","***","***","***"]
["ASFALTOS DILUÍDOS CR-70","2017-01-01","***","***","***","***","***","***"]
["ASFALTOS DILUÍDOS CR-70","2017-02-01","***","***","***","***","***","***"]
["ASFALTOS DILUÍDOS CR-70","2017-03-01","***","***","***","***","***","***"]
["ASFALTOS DILUÍDOS CR-70","2017-04-01","***","***","***","***","***","***"]
["ASFALTOS DILUÍDOS CR-70","2017-05-01","***","***","***","***","***","***"]
["ASFALTOS DILUÍDOS CR-70","2017-06-01","***","***","***","***","***","***"]
["ASFALTOS DILUÍDOS CR-70","2017-07-01","***","***","***","***","***","***"]
["ASFALTOS DILUÍDOS CR-70","2017-08-01","***","***","***","***","***","***"]
["ASFALTOS DILUÍDOS CR-70","2017-09-01","***","***","***","***","***","***"]
["ASFALTOS DILUÍDOS CR-70","2017-10-01","***","***","***","***","***","***"]
["ASFALTOS DILUÍDOS CR-70","2017-11-01","***","***","***","***","***","***"]
["ASFALTOS DILUÍDOS CR-70","2017-12-01","***","***","***","***","***","***"]
["ASFALTOS DILUÍDOS CR-70","2018-01-01","***","***","***","***","***","***"]
["ASFALTOS DILUÍDOS CR-70","2018-02-01","***","***","***","***","***","***"]
["ASFALTOS DILUÍDOS CR-70","2018-03-01","***","***","***","***","***","***"]
["ASFALTOS DILUÍDOS CR-70","2018-04-01","***","***","***","***","***","***"]
["ASFALTOS DILUÍDOS CR-70","2018-05-01","***","***","***","***","***","***"]
["ASFALTOS DILUÍDOS CR-70","2018-06-01","***","***","***","***","***","***"]
["ASFALTOS DILUÍDOS CR-70","2018-07-01","***","***","***","***","***","***"]
["ASFALTOS DILUÍDOS CR-70","2018-08-01","***","***","***","***","***","***"]
["ASFALTOS DILUÍDOS CR-70","2018-09-01","***","***","***","***","***","***"]
["ASFALTOS DILUÍDOS CR-70","2018-10-01","***","***","***","***","***","***"]
["ASFALTOS DILUÍDOS CR-70","2018-11-01","***","***","***","***","***","***"]
["ASFALTOS DILUÍDOS CR-70","2018-12-01","***","***","***","***","***","***"]
["ASFALTOS DILUÍDOS CR-70","2019-01-01","***","***","***","***","***","***"]
["ASFALTOS DILUÍDOS CR-70","2019-02-01","***","***","***","***","***","***"]
["ASFALTOS DILUÍDOS CR-70","2019-03-01","***","***","***","***","***","***"]
["ASFALTOS DILUÍDOS CR-70","2019-04-01","***","***","***","***","***","***"]
["ASFALTOS DILUÍDOS CR-70","2019-05-01","***","***","***","***","***","***"]
["ASFALTOS DILUÍDOS CR-70","2019-06-01","***","***","***","***","***","***"]
["ASFALTOS DILUÍDOS CR-70","2019-07-01","***","***","***","***","***","***"]
["ASFALTOS DILUÍDOS CR-70","2019-08-01","***","***","***","***","***","***"]
["ASFALTOS DILUÍDOS CR-70","2019-09-01","***","***","***","***","***","***"]
["ASFALTOS DILUÍDOS CR-70","2019-10-01","***","***","***","***","***","***"]
["ASFALTOS DILUÍDOS CR-70","2019-11-01","***","***","***","***","***","***"]
["ASFALTOS DILUÍDOS CR-70","2019-12-01","***","***","***","***","***","***"]
["ASFALTOS DILUÍDOS CR-70","2020-01-01","***","***","***","***","***","***"]
["ASFALTOS DILUÍDOS CR-70","2020-02-01","***","***","***","***","***","***"]
["ASFALTOS DILUÍDOS CR-70","2020-03-01","***","***","***","***","***","***"]
["ASFALTOS DILUÍDOS CR-70","2020-04-01","***","***","***","***","***","***"]
["ASFALTOS DILUÍDOS CR-70","2020-05-01","***","***","***","***","***","***"]
["ASFALTOS DILUÍDOS CR-70","2020-06-01","***","***","***","***","***","***"]
["ASFALTOS DILUÍDOS CR-70","2020-07-01","***","***","***","***","***","***"]
["ASFALTOS DILUÍDOS CR-70","2020-08-01","***","***","***","***","***","***"]
["ASFALTOS DILUÍDOS CR-70","2020-09-01","***","***","***","***","***","***"]
["ASFALTOS DILUÍDOS CR-70","2020-10-01","***","***","***","***","***","***"]
["ASFALTOS DILUÍDOS CR-70","2020-11-01","***","***","***","***","***","***"]
["ASFALTOS DILUÍDOS CR-70","2020-12-01","***","***","***","***","***","***"]
["ASFALTOS DILUÍDOS CR-70","2021-01-01","***","***","***","***","***","***"]
["ASFALTOS DILUÍDOS CR-70","2021-02-01","***","***","***","***","***","***"]
["ASFALTOS DILUÍDOS CR-70","2021-03-01","***","***","***","***","***","***"]
["ASFALTOS DILUÍDOS CR-70","2021-04-01","***","***","***","***","***","***"]
["ASFALTOS DILUÍDOS CR-70","2021-05-01","***","***","***","***","***","***"]
["ASFALTOS DILUÍDOS CR-70","2021-06-01","***","***","***","***","***","***"]
["ASFALTOS DILUÍDOS CR-70","2021-07-01","***","***","***","***","***","***"]
["ASFALTOS DILUÍDOS CR-70","2021-08-01","***","***","***","***","***","***"]
["ASFALTOS DILUÍDOS CR-70","2021-09-01","***","***","***","***","***","***"]
["ASFALTOS DILUÍDOS CR-70","2021-10-01","***","***","***","***","***","***"]
["ASFALTOS DILUÍDOS CR-70","2021-11-01","***","***","***","***","***","***"]
["ASFALTOS DILUÍDOS CR-70","2021-12-01","***","***","***","***","***","***"]
["ASFALTOS DILUÍDOS CR-70","2022-01-01","***","***","***","***","***","***"]
["ASFALTOS DILUÍDOS CR-70","2022-02-01","***","***","***","***","***","***"]
["ASFALTOS DILUÍDOS CR-70","2022-03-01","***","***","***","***","***","***"]
["ASFALTOS DILUÍDOS CR-70","2022-04-01","***","***","***","***","***","***"]
["ASFALTOS DILUÍDOS CR-70","2022-05-01","***","***","***","***","***","***"]
["ASFALTOS DILUÍDOS CR-70","2022-06-01","***","***","***","***","***","***"]
["ASFALTOS DILUÍDOS CR-70","2022-07-01","***","***","***","***","***","***"]
["ASFALTOS DILUÍDOS CR-70","2022-08-01","***","***","***","***","***","***"]
["ASFALTOS DILUÍDOS CR-70","2022-09-01","***","***","***","***","***","***"]
["ASFALTOS DILUÍDOS CR-70","2022-10-01","***","***","***","***","***","***"]
["ASFALTOS DILUÍDOS CR-70","2022-11-01","***","***","***","***","***","***"]
["ASFALTOS DILUÍDOS CR-70","2022-12-01","***","***","***","***","***","***"]
["ASFALTOS DILUÍDOS CR-70","2023-01-01","***","***","***","***","***","***"]
["ASFALTOS DILUÍDOS CR-70","2023-02-01","***","***","***","***","***","***"]
["ASFALTOS DILUÍDOS CR-70","2023-03-01","***","***","***","***","***","***"]
["ASFALTOS DILUÍDOS CR-70","2023-04-01","***","***","***","***","***","***"]
["ASFALTOS DILUÍDOS CR-70","2023-05-01","***","***","***","***","***","***"]
["ASFALTOS DILUÍDOS CR-70","2023-06-01","***","***","***","***","***","***"]
["ASFALTOS DILUÍDOS CR-70","2023-07-01","***","***","***","***","***","***"]
["ASFALTOS DILUÍDOS CR-70","2023-08-01","***","***","***","***","***","***"]
["ASFALTOS DILUÍDOS CR-70","2023-09-01","***","***","***","***","***","***"]
["ASFALTOS DILUÍDOS CR-70","2023-10-01","***","***","***","***","***","***"]
["CAP MODIFICADO POR BORRACHA DE PNEU AB22","2009-12-01","***","***","***",1.12347,1.14842,1.1435299999999999]
["CAP MODIFICADO POR BORRACHA DE PNEU AB22","2010-01-01","***","***","***",1.15307,1.1135600000000001,1.11727]
["CAP MODIFICADO POR BORRACHA DE PNEU AB22","2010-02-01","***","***","***",1.15263,1.0478499999999999,1.0558399999999999]
["CAP MODIFICADO POR BORRACHA DE PNEU AB22","2010-03-01","***","***","***",1.15307,1.31,1.2378800000000001]
["CAP MODIFICADO POR BORRACHA DE PNEU AB22","2010-04-01","***","***","***",1.15307,1.23837,1.2235]
["CAP MODIFICADO POR BORRACHA DE PNEU AB22","2010-05-01","***","***","***",1.15307,1.33599,1.2764899999999999]
["CAP MODIFICADO POR BORRACHA DE PNEU AB22","2010-06-01","***","***","***",1.15307,1.2380500000000001,1.23292]
["CAP MODIFICADO POR BORRACHA DE PNEU AB22","2010-07-01","***","***","***",1.22255,1.19692,1.19872]
["CAP MODIFICADO POR BORRACHA DE PNEU AB22","2010-08-01","***","***","***",1.15198,1.1095200000000001,1.11016]
["CAP MODIFICADO POR BORRACHA DE PNEU AB22","2010-09-01","***","***","***",1.1499200000000001,1.10836,1.1101799999999999]
["CAP MODIFICADO POR BORRACHA DE PNEU AB22","2010-10-01","***","***","***",1.1834,1.11934,1.12605]
["CAP MODIFICADO POR BORRACHA DE PNEU AB22","2010-11-01","***","***","***",1.2288600000000001,1.0641400000000001,1.0888500000000001]
["CAP MODIFICADO POR BORRACHA DE PNEU AB22","2010-12-01","***","***","***",1.2462800000000001,1.0719799999999999,1.0789299999999999]
["CAP MODIFICADO POR BORRACHA DE PNEU AB22","2011-01-01","***","***","***",1.2462800000000001,0.9869,1.0349999999999999]
["CAP MODIFICADO POR BORRACHA DE PNEU AB22","2011-02-01","***","***","***",1.2226300000000001,1.0927500000000001,1.1180600000000001]
["CAP MODIFICADO POR BORRACHA DE PNEU AB22","2011-03-01","***","***","***",1.23556,1.09456,1.1461699999999999]
["CAP MODIFICADO POR BORRACHA DE PNEU AB22","2011-04-01","***","***","***",1.10592,1.0814299999999999,1.09981]
["CAP MODIFICADO POR BORRACHA DE PNEU AB22","2011-05-01","***","***","***",1.12768,1.1728099999999999,1.1345499999999999]
["CAP MODIFICADO POR BORRACHA DE PNEU AB22","2011-06-01","***","***","***",1.1088199999999999,1.0417400000000001,1.09883]
["CAP MODIFICADO POR BORRACHA DE PNEU AB22","2011-07-01","***","***","***",1.1690499999999999,1.1984399999999999,1.17702]
["CAP MODIFICADO POR BORRACHA DE PNEU AB22","2011-08-01","***","***","***",1.1739900000000001,1.1978800000000001,1.17702]
["CAP MODIFICADO POR BORRACHA DE PNEU AB22","2011-09-01","***","***","***",1.2120599999999999,1.1975499999999999,1.20946]
["CAP MODIFICADO POR BORRACHA DE PNEU AB22","2011-10-01","***","***","***",1.2806200000000001,1.0520499999999999,1.1902299999999999]
["CAP MODIFICADO POR BORRACHA DE PNEU AB22","2011-11-01","***","***","***",1.23827,1.0559700000000001,1.1651199999999999]
["CAP MODIFICADO POR BORRACHA DE PNEU AB22","2011-12-01","***","***","***",1.2793000000000001,1.1310199999999999,1.23204]
["CAP MODIFICADO POR BORRACHA DE PNEU AB22","2012-01-01","***","***","***",1.2823,1.17347,1.2535000000000001]
["CAP MODIFICADO POR BORRACHA DE PNEU AB22","2012-02-01","***","***","***",1.2966,1.0784100000000001,1.2235]
["CAP MODIFICADO POR BORRACHA DE PNEU AB22","2012-03-01","***","***","***",1.29782,1.1457999999999999,1.2304299999999999]
["CAP MODIFICADO POR BORRACHA DE PNEU AB22","2012-04-01","***","***","***",1.2948900000000001,1.0499700000000001,1.1535299999999999]
["CAP MODIFICADO POR BORRACHA DE PNEU AB22","2012-05-01","***","***","***",1.33,1.1488100000000001,1.1660699999999999]
["CAP MODIFICADO POR BORRACHA DE PNEU AB22","2012-06-01","***","***","***","***",1.10931,1.10931]
["CAP MODIFICADO POR BORRACHA DE PNEU AB22","2012-07-01","***","***","***","***",1.1635899999999999,1.1635899999999999]
["CAP MODIFICADO POR BORRACHA DE PNEU AB22","2012-08-01","***","***","***",1.0637399999999999,1.14141,1.1363099999999999]
["CAP MODIFICADO POR BORRACHA DE PNEU AB22","2012-09-01","***","***","***",1.0637399999999999,1.2797799999999999,1.20692]
["CAP MODIFICADO POR BORRACHA DE PNEU AB22","2012-10-01","***","***","***",1.06867,1.2379100000000001,1.2158899999999999]
["CAP MODIFICADO POR BORRACHA DE PNEU AB22","2012-11-01","***","***","***","***",1.2617499999999999,1.2617499999999999]
["CAP MODIFICADO POR BORRACHA DE PNEU AB22","2012-12-01","***","***","***","***",1.3118099999999999,1.3118099999999999]
["CAP MODIFICADO POR BORRACHA DE PNEU AB22","2013-01-01","***","***","***","***",1.2906,1.2906]
["CAP MODIFICADO POR BORRACHA DE PNEU AB22","2013-02-01","***","***","***","***",1.1556999999999999,1.1556999999999999]
["CAP MODIFICADO POR BORRACHA DE PNEU AB22","2013-03-01","***","***","***","***",1.3071999999999999,1.3071999999999999]
["CAP MODIFICADO POR BORRACHA DE PNEU AB22","2013-04-01","***","***","***","***",1.1964300000000001,1.1964300000000001]
["CAP MODIFICADO POR BORRACHA DE PNEU AB22","2013-05-01","***","***","***","***",1.2685500000000001,1.2685500000000001]
["CAP MODIFICADO POR BORRACHA DE PNEU AB22","2013-06-01","***","***","***","***",1.1563600000000001,1.1563600000000001]
["CAP MODIFICADO POR BORRACHA DE PNEU AB22","2013-07-01","***","***","***","***",1.2872600000000001,1.2872600000000001]
["CAP MODIFICADO POR BORRACHA DE PNEU AB22","2013-08-01","***","***","***","***",1.32931,1.32931]
["CAP MODIFICADO POR BORRACHA DE PNEU AB22","2013-09-01","***","***","***","***","***","***"]
["CAP MODIFICADO POR BORRACHA DE PNEU AB22","2013-10-01","***","***","***","***","***","***"]
["CAP MODIFICADO POR BORRACHA DE PNEU AB22","2013-11-01","***","***","***",1.2402,"***",1.2402]
["CAP MODIFICADO POR BORRACHA DE PNEU AB22","2013-12-01","***","***","***",1.2402,"***",1.2402]
["CAP MODIFICADO POR BORRACHA DE PNEU AB22","2014-01-01","***","***","***",1.2376,"***",1.2376]
["CAP MODIFICADO POR BORRACHA DE PNEU AB22","2014-02-01","***","***","***",1.2376,"***",1.2376]
["CAP MODIFICADO POR BORRACHA DE PNEU AB22","2014-03-01","***","***","***",1.258,1.5686,1.28525]
["CAP MODIFICADO POR BORRACHA DE PNEU AB22","2014-04-01","***","***","***",1.2566999999999999,"***",1.2566999999999999]
["CAP MODIFICADO POR BORRACHA DE PNEU AB22","2014-05-01","***","***","***",1.26485,"***",1.26485]
["CAP MODIFICADO POR BORRACHA DE PNEU AB22","2014-06-01","***","***","***",1.26966,"***",1.26966]
["CAP MODIFICADO POR BORRACHA DE PNEU AB22","2014-07-01","***","***","***",1.2954000000000001,"***",1.2954000000000001]
["CAP MODIFICADO POR BORRACHA DE PNEU AB22","2014-08-01","***","***","***",1.31185,"***",1.31185]
["CAP MODIFICADO POR BORRACHA DE PNEU AB22","2014-09-01","***","***","***","***","***","***"]
["CAP MODIFICADO POR BORRACHA DE PNEU AB22","2014-10-01","***","***","***","***",1.2496400000000001,1.2496400000000001]
["CAP MODIFICADO POR BORRACHA DE PNEU AB22","2014-11-01","***","***","***","***","***","***"]
["CAP MODIFICADO POR BORRACHA DE PNEU AB22","2014-12-01","***","***","***","***","***","***"]
["CAP MODIFICADO POR BORRACHA DE PNEU AB22","2015-01-01","***","***","***","***","***","***"]
["CAP MODIFICADO POR BORRACHA DE PNEU AB22","2015-02-01","***","***","***","***","***","***"]
["CAP MODIFICADO POR BORRACHA DE PNEU AB22","2015-03-01","***","***","***","***","***","***"]
["CAP MODIFICADO POR BORRACHA DE PNEU AB22","2015-04-01","***","***","***","***","***","***"]
["CAP MODIFICADO POR BORRACHA DE PNEU AB22","2015-05-01","***","***","***","***","***","***"]
["CAP MODIFICADO POR BORRACHA DE PNEU AB22","2015-06-01","***","***","***","***","***","***"]
["CAP MODIFICADO POR BORRACHA DE PNEU AB22","2015-07-01","***","***","***","***","***","***"]
["CAP MODIFICADO POR BORRACHA DE PNEU AB22","2015-08-01","***","***","***",1.2886,1.575,1.4316899999999999]
["CAP MODIFICADO POR BORRACHA DE PNEU AB22","2015-09-01","***","***","***",1.3493999999999999,1.63025,1.4605900000000001]
["CAP MODIFICADO POR BORRACHA DE PNEU AB22","2015-10-01","***","***","***",1.3831199999999999,1.6719900000000001,1.4617199999999999]
["CAP MODIFICADO POR BORRACHA DE PNEU AB22","2015-11-01","***","***","***",1.4775499999999999,"***",1.4775499999999999]
["CAP MODIFICADO POR BORRACHA DE PNEU AB22","2015-12-01","***","***","***","***","***","***"]
["CAP MODIFICADO POR BORRACHA DE PNEU AB22","2016-01-01","***","***","***","***","***","***"]
["CAP MODIFICADO POR BORRACHA DE PNEU AB22","2016-02-01","***","***","***","***","***","***"]
["CAP MODIFICADO POR BORRACHA DE PNEU AB22","2016-03-01","***","***","***","***",1.6474,1.6474]
["CAP MODIFICADO POR BORRACHA DE PNEU AB22","2016-04-01","***","***","***","***",1.9315,1.9315]
["CAP MODIFICADO POR BORRACHA DE PNEU AB22","2016-05-01","***","***","***","***",1.9306000000000001,1.9306000000000001]
["CAP MODIFICADO POR BORRACHA DE PNEU AB22","2016-06-01","***","***","***","***",1.9298,1.9298]
["CAP MODIFICADO POR BORRACHA DE PNEU AB22","2016-07-01","***","***","***","***",1.9291,1.9291]
["CAP MODIFICADO POR BORRACHA DE PNEU AB22","2016-08-01","***","***","***","***",1.75627,1.75627]
["CAP MODIFICADO POR BORRACHA DE PNEU AB22","2016-09-01","***","***",1.9316,1.70238,1.63228,1.6837200000000001]
["CAP MODIFICADO POR BORRACHA DE PNEU AB22","2016-10-01","***","***",1.9358,1.70302,1.6143000000000001,1.72007]
["CAP MODIFICADO POR BORRACHA DE PNEU AB22","2016-11-01","***","***",1.9358,"***",1.62578,1.6876599999999999]
["CAP MODIFICADO POR BORRACHA DE PNEU AB22","2016-12-01","***","***","***","***",1.68726,1.68726]
["CAP MODIFICADO POR BORRACHA DE PNEU AB22","2017-01-01","***","***","***","***",1.6734100000000001,1.6734100000000001]
["CAP MODIFICADO POR BORRACHA DE PNEU AB22","2017-02-01","***","***","***","***",1.64194,1.64194]
["CAP MODIFICADO POR BORRACHA DE PNEU AB22","2017-03-01","***","***","***","***",1.6301099999999999,1.6301099999999999]
["CAP MODIFICADO POR BORRACHA DE PNEU AB22","2017-04-01","***","***","***","***","***","***"]
["CAP MODIFICADO POR BORRACHA DE PNEU AB22","2017-05-01","***","***","***",1.7444,1.61608,1.65072]
["CAP MODIFICADO POR BORRACHA DE PNEU AB22","2017-06-01","***","***","***",1.7341800000000001,1.6137300000000001,1.67266]
["CAP MODIFICADO POR BORRACHA DE PNEU AB22","2017-07-01","***","***","***","***",1.5218700000000001,1.5218700000000001]
["CAP MODIFICADO POR BORRACHA DE PNEU AB22","2017-08-01","***","***","***","***",1.5154300000000001,1.5154300000000001]
["CAP MODIFICADO POR BORRACHA DE PNEU AB22","2017-09-01","***","***","***","***",1.43008,1.43008]
["CAP MODIFICADO POR BORRACHA DE PNEU AB22","2017-10-01","***","***","***","***",1.65001,1.65001]
["CAP MODIFICADO POR BORRACHA DE PNEU AB22","2017-11-01","***","***","***","***",1.6011299999999999,1.6011299999999999]
["CAP MODIFICADO POR BORRACHA DE PNEU AB22","2017-12-01","***","***","***",1.67927,1.5867199999999999,1.59023]
["CAP MODIFICADO POR BORRACHA DE PNEU AB22","2018-01-01","***","***","***","***",1.90395,1.90395]
["CAP MODIFICADO POR BORRACHA DE PNEU AB22","2018-02-01","***","***","***","***",1.7922199999999999,1.7922199999999999]
["CAP MODIFICADO POR BORRACHA DE PNEU AB22","2018-03-01","***","***",2.0981999999999998,"***",2.0236700000000001,2.0342799999999999]
["CAP MODIFICADO POR BORRACHA DE PNEU AB22","2018-04-01","***","***",2.1002000000000001,"***",2.0674899999999998,2.0740599999999998]
["CAP MODIFICADO POR BORRACHA DE PNEU AB22","2018-05-01","***","***","***",1.8197000000000001,2.1875300000000002,2.1613799999999999]
["CAP MODIFICADO POR BORRACHA DE PNEU AB22","2018-06-01","***","***","***",1.9635,2.2124299999999999,2.1202299999999998]
["CAP MODIFICADO POR BORRACHA DE PNEU AB22","2018-07-01","***","***","***",2.1217000000000001,2.2766500000000001,2.2429600000000001]
["CAP MODIFICADO POR BORRACHA DE PNEU AB22","2018-08-01","***","***","***",2.2972399999999999,2.39635,2.37202]
["CAP MODIFICADO POR BORRACHA DE PNEU AB22","2018-09-01","***","***","***",2.2942,2.2647400000000002,2.2707700000000002]
["CAP MODIFICADO POR BORRACHA DE PNEU AB22","2018-10-01","***","***","***",2.2988300000000002,2.33568,2.3247800000000001]
["CAP MODIFICADO POR BORRACHA DE PNEU AB22","2018-11-01","***","***","***","***",2.4298299999999999,2.4298299999999999]
["CAP MODIFICADO POR BORRACHA DE PNEU AB22","2018-12-01","***","***","***","***",2.7139600000000002,2.7139600000000002]
["CAP MODIFICADO POR BORRACHA DE PNEU AB22","2019-01-01","***","***","***","***",2.5396000000000001,2.5396000000000001]
["CAP MODIFICADO POR BORRACHA DE PNEU AB22","2019-02-01","***","***","***","***",2.8893599999999999,2.8893599999999999]
["CAP MODIFICADO POR BORRACHA DE PNEU AB22","2019-03-01","***","***","***","***",2.9102800000000002,2.9102800000000002]
["CAP MODIFICADO POR BORRACHA DE PNEU AB22","2019-04-01","***","***","***","***",3.0029300000000001,3.0029300000000001]
["CAP MODIFICADO POR BORRACHA DE PNEU AB22","2019-05-01","***","***","***","***",2.9835199999999999,2.9835199999999999]
["CAP MODIFICADO POR BORRACHA DE PNEU AB22","2019-06-01","***","***","***","***",3.0021800000000001,3.0021800000000001]
["CAP MODIFICADO POR BORRACHA DE PNEU AB22","2019-07-01","***","***","***","***",2.96313,2.96313]
["CAP MODIFICADO POR BORRACHA DE PNEU AB22","2019-08-01","***","***","***","***",2.91222,2.91222]
["CAP MODIFICADO POR BORRACHA DE PNEU AB22","2019-09-01","***","***","***","***",2.9973399999999999,2.9973399999999999]
["CAP MODIFICADO POR BORRACHA DE PNEU AB22","2019-10-01","***","***","***","***",2.97282,2.97282]
["CAP MODIFICADO POR BORRACHA DE PNEU AB22","2019-11-01","***","***","***","***",2.9257900000000001,2.9257900000000001]
["CAP MODIFICADO POR BORRACHA DE PNEU AB22","2019-12-01","***","***","***","***",2.9262899999999998,2.9262899999999998]
["CAP MODIFICADO POR BORRACHA DE PNEU AB22","2020-01-01","***","***","***","***",3.06149,3.06149]
["CAP MODIFICADO POR BORRACHA DE PNEU AB22","2020-02-01","***","***","***","***",2.9441199999999998,2.9441199999999998]
["CAP MODIFICADO POR BORRACHA DE PNEU AB22","2020-03-01","***","***","***",2.3338100000000002,2.87018,2.6026400000000001]
["CAP MODIFICADO POR BORRACHA DE PNEU AB22","2020-04-01","***","***","***","***",2.6665299999999998,2.6665299999999998]
["CAP MODIFICADO POR BORRACHA DE PNEU AB22","2020-05-01","***","***","***","***",2.54515,2.54515]
["CAP MODIFICADO POR BORRACHA DE PNEU AB22","2020-06-01","***","***","***","***",2.5092599999999998,2.5092599999999998]
["CAP MODIFICADO POR BORRACHA DE PNEU AB22","2020-07-01","***","***","***","***",2.59246,2.59246]
["CAP MODIFICADO POR BORRACHA DE PNEU AB22","2020-08-01","***","***","***","***",2.7246199999999998,2.7246199999999998]
["CAP MODIFICADO POR BORRACHA DE PNEU AB22","2020-09-01","***","***","***","***",2.8353299999999999,2.8353299999999999]
["CAP MODIFICADO POR BORRACHA DE PNEU AB22","2020-10-01","***","***","***","***",2.9223699999999999,2.9223699999999999]
["CAP MODIFICADO POR BORRACHA DE PNEU AB22","2020-11-01","***","***","***","***",3.0233699999999999,3.0233699999999999]
["CAP MODIFICADO POR BORRACHA DE PNEU AB22","2020-12-01","***","***","***","***",2.7597200000000002,2.7597200000000002]
["CAP MODIFICADO POR BORRACHA DE PNEU AB22","2021-01-01","***","***","***","***",2.6898300000000002,2.6898300000000002]
["CAP MODIFICADO POR BORRACHA DE PNEU AB22","2021-02-01","***","***","***","***",2.9053300000000002,2.9053300000000002]
["CAP MODIFICADO POR BORRACHA DE PNEU AB22","2021-03-01","***","***","***","***",2.9823200000000001,2.9823200000000001]
["CAP MODIFICADO POR BORRACHA DE PNEU AB22","2021-04-01","***","***","***","***",2.9887600000000001,2.9887600000000001]
["CAP MODIFICADO POR BORRACHA DE PNEU AB22","2021-05-01","***","***","***",3.1898499999999999,"***",3.1898499999999999]
["CAP MODIFICADO POR BORRACHA DE PNEU AB22","2021-06-01","***","***","***",3.1898499999999999,3.4306800000000002,3.3592200000000001]
["CAP MODIFICADO POR BORRACHA DE PNEU AB22","2021-07-01","***","***",3.33216,3.1898499999999999,3.5997499999999998,3.5507900000000001]
["CAP MODIFICADO POR BORRACHA DE PNEU AB22","2021-08-01","***","***",3.4804200000000001,3.4194599999999999,3.7650899999999998,3.6250399999999998]
["CAP MODIFICADO POR BORRACHA DE PNEU AB22","2021-09-01","***","***",3.4876999999999998,3.4194599999999999,3.7067800000000002,3.5710999999999999]
["CAP MODIFICADO POR BORRACHA DE PNEU AB22","2021-10-01","***","***",3.4891000000000001,"***",3.84273,3.7267199999999998]
["CAP MODIFICADO POR BORRACHA DE PNEU AB22","2021-11-01","***","***",3.8336100000000002,"***",3.69442,3.7600699999999998]
["CAP MODIFICADO POR BORRACHA DE PNEU AB22","2021-12-01","***","***",3.8336999999999999,"***",4.0219100000000001,3.97132]
["CAP MODIFICADO POR BORRACHA DE PNEU AB22","2022-01-01","***","***","***","***",4.3282400000000001,4.3282400000000001]
["CAP MODIFICADO POR BORRACHA DE PNEU AB22","2022-02-01","***","***","***","***","***","***"]
["CAP MODIFICADO POR BORRACHA DE PNEU AB22","2022-03-01","***","***","***","***",4.1055599999999997,4.1055599999999997]
["CAP MODIFICADO POR BORRACHA DE PNEU AB22","2022-04-01","***","***","***","***",4.8064499999999999,4.8064499999999999]
["CAP MODIFICADO POR BORRACHA DE PNEU AB22","2022-05-01","***","***","***","***",4.3426200000000001,4.3426200000000001]
["CAP MODIFICADO POR BORRACHA DE PNEU AB22","2022-06-01","***","***","***",4.73407,4.3603300000000003,4.5433500000000002]
["CAP MODIFICADO POR BORRACHA DE PNEU AB22","2022-07-01","***","***","***",4.8250599999999997,4.4706000000000001,4.6680900000000003]
["CAP MODIFICADO POR BORRACHA DE PNEU AB22","2022-08-01","***","***",4.3657899999999996,4.71021,4.2637200000000002,4.4502300000000004]
["CAP MODIFICADO POR BORRACHA DE PNEU AB22","2022-09-01","***","***","***",4.4624899999999998,4.3553199999999999,4.4290799999999999]
["CAP MODIFICADO POR BORRACHA DE PNEU AB22","2022-10-01","***","***","***",4.1182600000000003,3.9235099999999998,4.0391199999999996]
["CAP MODIFICADO POR BORRACHA DE PNEU AB22","2022-11-01","***","***","***",4.1808399999999999,3.7396799999999999,4.0042]
["CAP MODIFICADO POR BORRACHA DE PNEU AB22","2022-12-01","***","***","***",4.0950600000000001,3.8371300000000002,4.0170300000000001]
["CAP MODIFICADO POR BORRACHA DE PNEU AB22","2023-01-01","***","***","***","***",3.57403,3.57403]
["CAP MODIFICADO POR BORRACHA DE PNEU AB22","2023-02-01","***","***","***","***",3.6251799999999998,3.6251799999999998]
["CAP MODIFICADO POR BORRACHA DE PNEU AB22","2023-03-01","***","***","***","***",3.4189799999999999,3.4189799999999999]
["CAP MODIFICADO POR BORRACHA DE PNEU AB22","2023-04-01","***","***","***","***",3.6497600000000001,3.6497600000000001]
["CAP MODIFICADO POR BORRACHA DE PNEU AB22","2023-05-01","***","***","***",3.8208299999999999,3.5150399999999999,3.6932900000000002]
["CAP MODIFICADO POR BORRACHA DE PNEU AB22","2023-06-01","***","***","***",3.5966,"***",3.5966]
["CAP MODIFICADO POR BORRACHA DE PNEU AB22","2023-07-01","***","***","***",3.3800400000000002,"***",3.3800400000000002]
["CAP MODIFICADO POR BORRACHA DE PNEU AB22","2023-08-01","***","***","***",3.3800300000000001,"***",3.3800300000000001]
["CAP MODIFICADO POR BORRACHA DE PNEU AB22","2023-09-01","***","***","***","***","***","***"]
["CAP MODIFICADO POR BORRACHA DE PNEU AB22","2023-10-01","***","***","***","***","***","***"]
["CAP MODIFICADO POR BORRACHA DE PNEU AB8","2009-12-01","***",1.61917,"***",1.0609500000000001,1.3098799999999999,1.2964599999999999]
["CAP MODIFICADO POR BORRACHA DE PNEU AB8","2010-01-01","***",1.52874,"***",1.0437099999999999,1.2331300000000001,1.24926]
["CAP MODIFICADO POR BORRACHA DE PNEU AB8","2010-02-01","***",1.6189,"***",1.1343300000000001,1.25945,1.2952999999999999]
["CAP MODIFICADO POR BORRACHA DE PNEU AB8","2010-03-01","***",1.5337700000000001,"***",1.12033,1.25874,1.25448]
["CAP MODIFICADO POR BORRACHA DE PNEU AB8","2010-04-01","***","***",1.5584,1.13202,1.23349,1.19587]
["CAP MODIFICADO POR BORRACHA DE PNEU AB8","2010-05-01","***","***",1.5570999999999999,1.12687,1.1358600000000001,1.1448199999999999]
["CAP MODIFICADO POR BORRACHA DE PNEU AB8","2010-06-01","***","***","***","***",1.1009899999999999,1.1009899999999999]
["CAP MODIFICADO POR BORRACHA DE PNEU AB8","2010-07-01","***","***","***","***",1.1575899999999999,1.1575899999999999]
["CAP MODIFICADO POR BORRACHA DE PNEU AB8","2010-08-01","***","***","***",1.1467799999999999,1.13696,1.1393899999999999]
["CAP MODIFICADO POR BORRACHA DE PNEU AB8","2010-09-01","***","***","***",1.00593,1.10571,1.09128]
["CAP MODIFICADO POR BORRACHA DE PNEU AB8","2010-10-01","***",1.5018,"***",1.0477000000000001,1.0983400000000001,1.1034999999999999]
["CAP MODIFICADO POR BORRACHA DE PNEU AB8","2010-11-01","***",1.46329,"***",1.17658,1.20322,1.20739]
["CAP MODIFICADO POR BORRACHA DE PNEU AB8","2010-12-01","***",1.4986999999999999,"***",1.1608700000000001,1.2140599999999999,1.2103900000000001]
["CAP MODIFICADO POR BORRACHA DE PNEU AB8","2011-01-01","***",1.4986999999999999,"***",1.2285999999999999,1.07744,1.09585]
["CAP MODIFICADO POR BORRACHA DE PNEU AB8","2011-02-01","***","***","***","***",1.15317,1.15317]
["CAP MODIFICADO POR BORRACHA DE PNEU AB8","2011-03-01","***",1.4990000000000001,"***",1.1689799999999999,1.1981299999999999,1.1968300000000001]
["CAP MODIFICADO POR BORRACHA DE PNEU AB8","2011-04-01","***","***","***",1.0036099999999999,1.1113599999999999,1.10859]
["CAP MODIFICADO POR BORRACHA DE PNEU AB8","2011-05-01","***",1.6555,"***",1.0112000000000001,1.08754,1.09307]
["CAP MODIFICADO POR BORRACHA DE PNEU AB8","2011-06-01","***",1.4972000000000001,"***",1.0694999999999999,1.0794299999999999,1.1146400000000001]
["CAP MODIFICADO POR BORRACHA DE PNEU AB8","2011-07-01","***",1.6524000000000001,"***","***",1.0616699999999999,1.1323000000000001]
["CAP MODIFICADO POR BORRACHA DE PNEU AB8","2011-08-01","***","***","***",0.9768,1.0587899999999999,1.0557399999999999]
["CAP MODIFICADO POR BORRACHA DE PNEU AB8","2011-09-01","***","***","***",1.1866000000000001,1.1261300000000001,1.1275200000000001]
["CAP MODIFICADO POR BORRACHA DE PNEU AB8","2011-10-01","***","***","***",0.98040000000000005,1.0811999999999999,1.08005]
["CAP MODIFICADO POR BORRACHA DE PNEU AB8","2011-11-01","***",1.6526000000000001,"***",1.1781999999999999,1.1690400000000001,1.1787700000000001]
["CAP MODIFICADO POR BORRACHA DE PNEU AB8","2011-12-01","***","***","***",1.1021799999999999,1.262,1.1892199999999999]
["CAP MODIFICADO POR BORRACHA DE PNEU AB8","2012-01-01","***","***","***",1.0661700000000001,1.1428199999999999,1.1021799999999999]
["CAP MODIFICADO POR BORRACHA DE PNEU AB8","2012-02-01","***","***","***",1.10225,1.2572700000000001,1.1660699999999999]
["CAP MODIFICADO POR BORRACHA DE PNEU AB8","2012-03-01","***","***","***",1.0549299999999999,1.0884499999999999,1.0679799999999999]
["CAP MODIFICADO POR BORRACHA DE PNEU AB8","2012-04-01","***",1.6051,"***",1.0777099999999999,1.0738300000000001,1.0802099999999999]
["CAP MODIFICADO POR BORRACHA DE PNEU AB8","2012-05-01","***","***","***",1.0919000000000001,1.1161399999999999,1.1026800000000001]
["CAP MODIFICADO POR BORRACHA DE PNEU AB8","2012-06-01","***","***","***",1.1527000000000001,1.1715,1.1647400000000001]
["CAP MODIFICADO POR BORRACHA DE PNEU AB8","2012-07-01","***","***","***",1.1570400000000001,1.3422700000000001,1.2741]
["CAP MODIFICADO POR BORRACHA DE PNEU AB8","2012-08-01","***","***","***",1.16195,1.2164299999999999,1.1896]
["CAP MODIFICADO POR BORRACHA DE PNEU AB8","2012-09-01","***","***","***",1.1731,1.3704700000000001,1.2885899999999999]
["CAP MODIFICADO POR BORRACHA DE PNEU AB8","2012-10-01","***","***","***",1.1673,1.1875100000000001,1.1788400000000001]
["CAP MODIFICADO POR BORRACHA DE PNEU AB8","2012-11-01","***","***","***",1.19815,1.3567499999999999,1.2711600000000001]
["CAP MODIFICADO POR BORRACHA DE PNEU AB8","2012-12-01","***","***","***",1.1870000000000001,1.3408,1.2310000000000001]
["CAP MODIFICADO POR BORRACHA DE PNEU AB8","2013-01-01","***","***","***",1.1566399999999999,1.3590599999999999,1.25925]
["CAP MODIFICADO POR BORRACHA DE PNEU AB8","2013-02-01","***","***","***",1.17066,1.23268,1.1983299999999999]
["CAP MODIFICADO POR BORRACHA DE PNEU AB8","2013-03-01","***","***","***",1.17811,1.3873899999999999,1.25352]
["CAP MODIFICADO POR BORRACHA DE PNEU AB8","2013-04-01","***","***",1.65,1.1754800000000001,1.29653,1.2382899999999999]
["CAP MODIFICADO POR BORRACHA DE PNEU AB8","2013-05-01","***","***",1.65,1.2187699999999999,1.20147,1.23343]
["CAP MODIFICADO POR BORRACHA DE PNEU AB8","2013-06-01","***","***","***",1.23367,1.20652,1.22254]
["CAP MODIFICADO POR BORRACHA DE PNEU AB8","2013-07-01","***","***","***",1.2330399999999999,1.3989499999999999,1.34416]
["CAP MODIFICADO POR BORRACHA DE PNEU AB8","2013-08-01","***","***","***",1.2452399999999999,1.3716999999999999,1.3445]
["CAP MODIFICADO POR BORRACHA DE PNEU AB8","2013-09-01","***","***","***",1.2484599999999999,1.2757099999999999,1.26694]
["CAP MODIFICADO POR BORRACHA DE PNEU AB8","2013-10-01","***","***","***",1.2574399999999999,1.2513099999999999,1.2532099999999999]
["CAP MODIFICADO POR BORRACHA DE PNEU AB8","2013-11-01","***","***","***",1.25614,1.2749200000000001,1.2680499999999999]
["CAP MODIFICADO POR BORRACHA DE PNEU AB8","2013-12-01","***","***","***",1.24779,1.2720499999999999,1.2619]
["CAP MODIFICADO POR BORRACHA DE PNEU AB8","2014-01-01","***","***","***",1.29328,1.3161799999999999,1.3066]
["CAP MODIFICADO POR BORRACHA DE PNEU AB8","2014-02-01","***","***","***",1.2193099999999999,1.2594399999999999,1.2486999999999999]
["CAP MODIFICADO POR BORRACHA DE PNEU AB8","2014-03-01","***","***","***",1.3125800000000001,1.3201400000000001,1.3186800000000001]
["CAP MODIFICADO POR BORRACHA DE PNEU AB8","2014-04-01","***","***",1.2971999999999999,1.2298,1.29078,1.26756]
["CAP MODIFICADO POR BORRACHA DE PNEU AB8","2014-05-01","***","***",1.2981,1.23123,1.29512,1.2687200000000001]
["CAP MODIFICADO POR BORRACHA DE PNEU AB8","2014-06-01","***","***",1.2937700000000001,1.1498299999999999,1.2705200000000001,1.2293000000000001]
["CAP MODIFICADO POR BORRACHA DE PNEU AB8","2014-07-01","***","***",1.2969999999999999,1.08297,1.3217699999999999,1.2307600000000001]
["CAP MODIFICADO POR BORRACHA DE PNEU AB8","2014-08-01","***","***",1.3862000000000001,1.2233700000000001,1.3645700000000001,1.3129200000000001]
["CAP MODIFICADO POR BORRACHA DE PNEU AB8","2014-09-01","***","***",1.3862000000000001,1.22184,1.31203,1.29565]
["CAP MODIFICADO POR BORRACHA DE PNEU AB8","2014-10-01","***","***",1.2613799999999999,1.0620000000000001,1.2619100000000001,1.2150399999999999]
["CAP MODIFICADO POR BORRACHA DE PNEU AB8","2014-11-01","***","***",1.4453400000000001,1.0669999999999999,1.40663,1.32206]
["CAP MODIFICADO POR BORRACHA DE PNEU AB8","2014-12-01","***","***","***","***","***","***"]
["CAP MODIFICADO POR BORRACHA DE PNEU AB8","2015-01-01","***","***",1.5611999999999999,1.4800800000000001,1.81749,1.6579999999999999]
["CAP MODIFICADO POR BORRACHA DE PNEU AB8","2015-02-01","***","***",1.4702,1.4210199999999999,1.7601,1.66421]
["CAP MODIFICADO POR BORRACHA DE PNEU AB8","2015-03-01","***","***",1.5611999999999999,1.41046,1.7216899999999999,1.6758200000000001]
["CAP MODIFICADO POR BORRACHA DE PNEU AB8","2015-04-01","***","***","***",1.60887,1.58609,1.5909800000000001]
["CAP MODIFICADO POR BORRACHA DE PNEU AB8","2015-05-01","***","***",1.4702,1.6912100000000001,1.6208,1.62391]
["CAP MODIFICADO POR BORRACHA DE PNEU AB8","2015-06-01","***","***",1.5179,1.61452,1.60175,1.5935600000000001]
["CAP MODIFICADO POR BORRACHA DE PNEU AB8","2015-07-01","***","***",1.59779,1.7166399999999999,1.6046199999999999,1.6229100000000001]
["CAP MODIFICADO POR BORRACHA DE PNEU AB8","2015-08-01","***","***",1.5943400000000001,1.55019,1.7220899999999999,1.65439]
["CAP MODIFICADO POR BORRACHA DE PNEU AB8","2015-09-01","***","***",1.6926600000000001,1.5738399999999999,1.6553199999999999,1.66479]
["CAP MODIFICADO POR BORRACHA DE PNEU AB8","2015-10-01","***","***",1.81829,1.75061,1.7862499999999999,1.78457]
["CAP MODIFICADO POR BORRACHA DE PNEU AB8","2015-11-01","***","***",1.7654000000000001,1.6974199999999999,1.8979900000000001,1.8565400000000001]
["CAP MODIFICADO POR BORRACHA DE PNEU AB8","2015-12-01","***","***","***",1.61076,1.85392,1.79548]
["CAP MODIFICADO POR BORRACHA DE PNEU AB8","2016-01-01","***","***","***",1.4357599999999999,1.8849100000000001,1.8137099999999999]
["CAP MODIFICADO POR BORRACHA DE PNEU AB8","2016-02-01","***","***","***",1.4452700000000001,1.8161799999999999,1.6799900000000001]
["CAP MODIFICADO POR BORRACHA DE PNEU AB8","2016-03-01","***","***",1.7392000000000001,1.71919,1.8393699999999999,1.8108200000000001]
["CAP MODIFICADO POR BORRACHA DE PNEU AB8","2016-04-01","***","***","***",1.98441,2.0758899999999998,2.0604499999999999]
["CAP MODIFICADO POR BORRACHA DE PNEU AB8","2016-05-01","***","***","***",1.87469,1.97881,1.96139]
["CAP MODIFICADO POR BORRACHA DE PNEU AB8","2016-06-01","***","***","***",2.0889000000000002,2.0706500000000001,2.0731600000000001]
["CAP MODIFICADO POR BORRACHA DE PNEU AB8","2016-07-01","***","***","***",1.8777299999999999,2.0655000000000001,2.0511200000000001]
["CAP MODIFICADO POR BORRACHA DE PNEU AB8","2016-08-01","***","***","***",1.5725499999999999,2.0024999999999999,1.8897600000000001]
["CAP MODIFICADO POR BORRACHA DE PNEU AB8","2016-09-01","***","***","***",1.67882,1.9116899999999999,1.87286]
["CAP MODIFICADO POR BORRACHA DE PNEU AB8","2016-10-01","***","***","***",1.7255199999999999,1.89191,1.8304100000000001]
["CAP MODIFICADO POR BORRACHA DE PNEU AB8","2016-11-01","***","***",1.7460500000000001,1.7110399999999999,1.87795,1.8500700000000001]
["CAP MODIFICADO POR BORRACHA DE PNEU AB8","2016-12-01","***","***",1.74638,1.67692,1.90513,1.87185]
["CAP MODIFICADO POR BORRACHA DE PNEU AB8","2017-01-01","***","***",1.7464500000000001,"***",1.89422,1.87544]
["CAP MODIFICADO POR BORRACHA DE PNEU AB8","2017-02-01","***","***",1.8445400000000001,1.6538999999999999,1.89344,1.88879]
["CAP MODIFICADO POR BORRACHA DE PNEU AB8","2017-03-01","***","***",1.85351,1.8960300000000001,1.8885799999999999,1.8872199999999999]
["CAP MODIFICADO POR BORRACHA DE PNEU AB8","2017-04-01","***","***","***","***","***","***"]
["CAP MODIFICADO POR BORRACHA DE PNEU AB8","2017-05-01","***","***",1.8065899999999999,1.6954100000000001,1.8804099999999999,1.8276399999999999]
["CAP MODIFICADO POR BORRACHA DE PNEU AB8","2017-06-01","***","***",1.8247500000000001,1.58508,1.88243,1.80609]
["CAP MODIFICADO POR BORRACHA DE PNEU AB8","2017-07-01","***","***",1.81839,1.4795499999999999,1.8879999999999999,1.8123199999999999]
["CAP MODIFICADO POR BORRACHA DE PNEU AB8","2017-08-01","***","***",1.78725,1.5738000000000001,1.8791599999999999,1.8361499999999999]
["CAP MODIFICADO POR BORRACHA DE PNEU AB8","2017-09-01","***","***",1.7902499999999999,1.53349,1.82324,1.8084100000000001]
["CAP MODIFICADO POR BORRACHA DE PNEU AB8","2017-10-01","***","***",1.9343300000000001,1.6278999999999999,1.84148,1.82524]
["CAP MODIFICADO POR BORRACHA DE PNEU AB8","2017-11-01","***","***",1.95631,1.79101,1.91404,1.9041999999999999]
["CAP MODIFICADO POR BORRACHA DE PNEU AB8","2017-12-01","***","***",2.0670500000000001,1.9287399999999999,1.9171899999999999,1.9387000000000001]
["CAP MODIFICADO POR BORRACHA DE PNEU AB8","2018-01-01","***","***",2.4436200000000001,1.87121,2.08751,2.1116799999999998]
["CAP MODIFICADO POR BORRACHA DE PNEU AB8","2018-02-01","***","***",2.4573,2.1259700000000001,2.1320800000000002,2.1526999999999998]
["CAP MODIFICADO POR BORRACHA DE PNEU AB8","2018-03-01","***","***",2.35127,1.9081699999999999,2.11978,2.10669]
["CAP MODIFICADO POR BORRACHA DE PNEU AB8","2018-04-01","***","***",2.17937,1.9260299999999999,2.0594700000000001,2.0285099999999998]
["CAP MODIFICADO POR BORRACHA DE PNEU AB8","2018-05-01","***","***",2.27684,1.9658199999999999,2.1288900000000002,2.0898699999999999]
["CAP MODIFICADO POR BORRACHA DE PNEU AB8","2018-06-01","***","***",2.37696,1.9730700000000001,2.25082,2.2230599999999998]
["CAP MODIFICADO POR BORRACHA DE PNEU AB8","2018-07-01","***","***",2.4770599999999998,2.1013999999999999,2.3730600000000002,2.3398300000000001]
["CAP MODIFICADO POR BORRACHA DE PNEU AB8","2018-08-01","***","***",2.69963,2.3462499999999999,2.4977399999999998,2.4786299999999999]
["CAP MODIFICADO POR BORRACHA DE PNEU AB8","2018-09-01","***","***",2.66479,2.4329800000000001,2.5821800000000001,2.5362200000000001]
["CAP MODIFICADO POR BORRACHA DE PNEU AB8","2018-10-01","***","***",2.6701299999999999,2.3900100000000002,2.7108500000000002,2.5876600000000001]
["CAP MODIFICADO POR BORRACHA DE PNEU AB8","2018-11-01","***","***",2.8751199999999999,2.4821200000000001,2.8874599999999999,2.7797399999999999]
["CAP MODIFICADO POR BORRACHA DE PNEU AB8","2018-12-01","***","***",2.9100999999999999,2.48102,3.1577299999999999,2.9227599999999998]
["CAP MODIFICADO POR BORRACHA DE PNEU AB8","2019-01-01","***","***","***",2.4797899999999999,2.9447100000000002,2.7176200000000001]
["CAP MODIFICADO POR BORRACHA DE PNEU AB8","2019-02-01","***","***","***",2.5774400000000002,3.0767099999999998,2.9299499999999998]
["CAP MODIFICADO POR BORRACHA DE PNEU AB8","2019-03-01","***","***","***",2.6794099999999998,3.11259,2.96759]
["CAP MODIFICADO POR BORRACHA DE PNEU AB8","2019-04-01","***","***","***",2.70282,3.1538400000000002,2.9966499999999998]
["CAP MODIFICADO POR BORRACHA DE PNEU AB8","2019-05-01","***","***","***",2.6686200000000002,3.0376699999999999,2.8702399999999999]
["CAP MODIFICADO POR BORRACHA DE PNEU AB8","2019-06-01","***","***","***",2.7315999999999998,3.6481400000000002,3.3805000000000001]
["CAP MODIFICADO POR BORRACHA DE PNEU AB8","2019-07-01",2.7736200000000002,"***",3.0228199999999998,2.9923799999999998,3.4390000000000001,3.2237100000000001]
["CAP MODIFICADO POR BORRACHA DE PNEU AB8","2019-08-01","***","***",2.8423099999999999,2.5535700000000001,3.01396,2.8622700000000001]
["CAP MODIFICADO POR BORRACHA DE PNEU AB8","2019-09-01","***","***",2.7282500000000001,2.7603800000000001,2.97546,2.89147]
["CAP MODIFICADO POR BORRACHA DE PNEU AB8","2019-10-01","***","***",2.6810399999999999,2.5449099999999998,2.9588800000000002,2.8563399999999999]
["CAP MODIFICADO POR BORRACHA DE PNEU AB8","2019-11-01","***","***",2.70824,2.5758700000000001,3.00631,2.8370299999999999]
["CAP MODIFICADO POR BORRACHA DE PNEU AB8","2019-12-01","***","***","***",2.6215000000000002,3.0415800000000002,2.8895499999999998]
["CAP MODIFICADO POR BORRACHA DE PNEU AB8","2020-01-01","***",2.9613999999999998,2.8285399999999998,2.6420499999999998,3.0642200000000002,2.87521]
["CAP MODIFICADO POR BORRACHA DE PNEU AB8","2020-02-01","***","***","***",2.4590200000000002,2.8902700000000001,2.7252999999999998]
["CAP MODIFICADO POR BORRACHA DE PNEU AB8","2020-03-01","***","***","***",2.3603999999999998,2.83135,2.65591]
["CAP MODIFICADO POR BORRACHA DE PNEU AB8","2020-04-01","***","***","***",2.33961,2.8244400000000001,2.6730999999999998]
["CAP MODIFICADO POR BORRACHA DE PNEU AB8","2020-05-01","***","***","***",2.3850899999999999,2.79575,2.74173]
["CAP MODIFICADO POR BORRACHA DE PNEU AB8","2020-06-01","***","***",2.5771700000000002,2.3767399999999999,2.82185,2.7419099999999998]
["CAP MODIFICADO POR BORRACHA DE PNEU AB8","2020-07-01","***","***",2.5771700000000002,2.3129900000000001,2.8328000000000002,2.7472599999999998]
["CAP MODIFICADO POR BORRACHA DE PNEU AB8","2020-08-01","***","***",2.6570100000000001,2.3621599999999998,2.9730500000000002,2.8776299999999999]
["CAP MODIFICADO POR BORRACHA DE PNEU AB8","2020-09-01","***","***",2.68574,2.39202,2.8995899999999999,2.8048199999999999]
["CAP MODIFICADO POR BORRACHA DE PNEU AB8","2020-10-01","***","***",2.7115300000000002,2.5988899999999999,2.9456600000000002,2.8601299999999998]
["CAP MODIFICADO POR BORRACHA DE PNEU AB8","2020-11-01","***","***",2.9355799999999999,2.6757300000000002,3.10364,2.9821200000000001]
["CAP MODIFICADO POR BORRACHA DE PNEU AB8","2020-12-01","***","***","***",2.8104,3.1560000000000001,3.0198299999999998]
["CAP MODIFICADO POR BORRACHA DE PNEU AB8","2021-01-01","***","***","***",2.60676,3.0235500000000002,2.9169499999999999]
["CAP MODIFICADO POR BORRACHA DE PNEU AB8","2021-02-01","***","***","***",2.75393,3.2378300000000002,3.2143000000000002]
["CAP MODIFICADO POR BORRACHA DE PNEU AB8","2021-03-01","***","***","***",2.8667500000000001,3.2664499999999999,3.2444299999999999]
["CAP MODIFICADO POR BORRACHA DE PNEU AB8","2021-04-01","***","***","***",3.2412800000000002,3.2403499999999998,3.2404799999999998]
["CAP MODIFICADO POR BORRACHA DE PNEU AB8","2021-05-01","***","***","***",3.4580299999999999,3.9605700000000001,3.8989799999999999]
["CAP MODIFICADO POR BORRACHA DE PNEU AB8","2021-06-01","***","***","***",3.38951,3.9960200000000001,3.7901400000000001]
["CAP MODIFICADO POR BORRACHA DE PNEU AB8","2021-07-01","***","***","***",3.3634499999999998,4.0446,3.7593800000000002]
["CAP MODIFICADO POR BORRACHA DE PNEU AB8","2021-08-01","***","***","***",3.5297900000000002,4.2221099999999998,3.89425]
["CAP MODIFICADO POR BORRACHA DE PNEU AB8","2021-09-01",3.1511999999999998,"***","***",3.6011600000000001,4.2437300000000002,3.9834999999999998]
["CAP MODIFICADO POR BORRACHA DE PNEU AB8","2021-10-01",3.1511999999999998,"***","***",3.5245799999999998,4.2745899999999999,3.9325700000000001]
["CAP MODIFICADO POR BORRACHA DE PNEU AB8","2021-11-01",3.5204499999999999,"***","***",3.8006600000000001,4.6212499999999999,4.2402199999999999]
["CAP MODIFICADO POR BORRACHA DE PNEU AB8","2021-12-01",3.5833499999999998,"***","***",3.8033800000000002,4.6854500000000003,4.2649999999999997]
["CAP MODIFICADO POR BORRACHA DE PNEU AB8","2022-01-01",3.4970599999999998,"***","***",4.0144399999999996,4.7195600000000004,4.3815900000000001]
["CAP MODIFICADO POR BORRACHA DE PNEU AB8","2022-02-01",3.91371,"***","***",4.1654200000000001,4.9238600000000003,4.57165]
["CAP MODIFICADO POR BORRACHA DE PNEU AB8","2022-03-01",3.9304800000000002,"***","***",4.6131200000000003,4.9770300000000001,4.6989400000000003]
["CAP MODIFICADO POR BORRACHA DE PNEU AB8","2022-04-01",3.87744,"***","***",4.8242799999999999,5.19658,4.7874299999999996]
["CAP MODIFICADO POR BORRACHA DE PNEU AB8","2022-05-01",3.6608299999999998,"***","***",4.8243999999999998,5.0464200000000003,4.6548999999999996]
["CAP MODIFICADO POR BORRACHA DE PNEU AB8","2022-06-01",3.67191,"***","***",4.7438000000000002,5.0290299999999997,4.6866300000000001]
["CAP MODIFICADO POR BORRACHA DE PNEU AB8","2022-07-01",3.7343500000000001,"***","***",4.6606300000000003,5.0825100000000001,4.66181]
["CAP MODIFICADO POR BORRACHA DE PNEU AB8","2022-08-01",3.5750299999999999,"***",4.0312700000000001,4.4489599999999996,4.8768500000000001,4.4361499999999996]
["CAP MODIFICADO POR BORRACHA DE PNEU AB8","2022-09-01",3.3365900000000002,"***",3.8240599999999998,4.6197600000000003,4.6217100000000002,4.5503]
["CAP MODIFICADO POR BORRACHA DE PNEU AB8","2022-10-01","***","***",3.47411,4.3021700000000003,4.4511500000000002,4.3405300000000002]
["CAP MODIFICADO POR BORRACHA DE PNEU AB8","2022-11-01","***","***",3.47411,4.0708299999999999,4.43459,4.1906999999999996]
["CAP MODIFICADO POR BORRACHA DE PNEU AB8","2022-12-01","***","***",3.47411,4.0976400000000002,4.3463200000000004,4.1922100000000002]
["CAP MODIFICADO POR BORRACHA DE PNEU AB8","2023-01-01","***","***",3.2876799999999999,3.94313,4.0941400000000003,3.9702899999999999]
["CAP MODIFICADO POR BORRACHA DE PNEU AB8","2023-02-01","***","***",3.1648200000000002,3.8471500000000001,3.94889,3.8264399999999998]
["CAP MODIFICADO POR BORRACHA DE PNEU AB8","2023-03-01","***","***",3.1110199999999999,3.7512099999999999,3.7377199999999999,3.7405499999999998]
["CAP MODIFICADO POR BORRACHA DE PNEU AB8","2023-04-01","***","***",3.42144,3.7576700000000001,3.80938,3.7689599999999999]
["CAP MODIFICADO POR BORRACHA DE PNEU AB8","2023-05-01","***","***",3.03627,3.6646700000000001,3.7394799999999999,3.6750500000000001]
["CAP MODIFICADO POR BORRACHA DE PNEU AB8","2023-06-01","***","***",3.06854,3.5802399999999999,3.66927,3.6010599999999999]
["CAP MODIFICADO POR BORRACHA DE PNEU AB8","2023-07-01","***","***",3.0727600000000002,3.6019800000000002,3.7160600000000001,3.6278100000000002]
["CAP MODIFICADO POR BORRACHA DE PNEU AB8","2023-08-01","***","***",3.1472500000000001,3.5125899999999999,3.7738800000000001,3.5787900000000001]
["CAP MODIFICADO POR BORRACHA DE PNEU AB8","2023-09-01","***","***",3.3503699999999998,3.6843300000000001,3.8835899999999999,3.7265899999999998]
["CAP MODIFICADO POR BORRACHA DE PNEU AB8","2023-10-01","***","***",3.4329999999999998,3.7877800000000001,3.9085200000000002,3.8052199999999998]
["CAP MODIFICADO POR POLÍMERO 55-75-E","2015-09-01","***",1.6954,"***",1.7171799999999999,1.84277,1.7930900000000001]
["CAP MODIFICADO POR POLÍMERO 55-75-E","2015-10-01","***",1.79193,"***",1.8217000000000001,1.9431400000000001,1.8327100000000001]
["CAP MODIFICADO POR POLÍMERO 55-75-E","2015-11-01","***",2.0899399999999999,"***",2.0610599999999999,2.09809,2.0821700000000001]
["CAP MODIFICADO POR POLÍMERO 55-75-E","2015-12-01","***",2.0899399999999999,"***",2.1194000000000002,1.9102399999999999,2.0405799999999998]
["CAP MODIFICADO POR POLÍMERO 55-75-E","2016-01-01","***",2.0091999999999999,"***",2.0785100000000001,1.7201900000000001,1.8957900000000001]
["CAP MODIFICADO POR POLÍMERO 55-75-E","2016-02-01","***",2.0063300000000002,2.3109099999999998,2.07918,1.8023100000000001,1.9841500000000001]
["CAP MODIFICADO POR POLÍMERO 55-75-E","2016-03-01","***",2.0214699999999999,"***",2.0672600000000001,2.03478,2.0276900000000002]
["CAP MODIFICADO POR POLÍMERO 55-75-E","2016-04-01","***",2.25454,"***","***",2.18242,2.2168700000000001]
["CAP MODIFICADO POR POLÍMERO 55-75-E","2016-05-01","***",2.1741100000000002,"***",2.1983199999999998,2.1202299999999998,2.1761499999999998]
["CAP MODIFICADO POR POLÍMERO 55-75-E","2016-06-01","***",2.2013699999999998,2.7226499999999998,2.3371900000000001,1.8951,2.2385999999999999]
["CAP MODIFICADO POR POLÍMERO 55-75-E","2016-07-01","***",2.00942,2.7444899999999999,2.1513399999999998,1.90307,2.1209899999999999]
["CAP MODIFICADO POR POLÍMERO 55-75-E","2016-08-01","***",2.3455900000000001,2.7878799999999999,2.2006000000000001,1.9521900000000001,2.26667]
["CAP MODIFICADO POR POLÍMERO 55-75-E","2016-09-01","***",1.91696,2.6876199999999999,2.1986400000000001,1.8482400000000001,2.0090400000000002]
["CAP MODIFICADO POR POLÍMERO 55-75-E","2016-10-01","***",1.65096,2.6469499999999999,2.22376,1.9299299999999999,1.9300900000000001]
["CAP MODIFICADO POR POLÍMERO 55-75-E","2016-11-01","***",1.6694199999999999,3.0737999999999999,"***",1.9879599999999999,2.0393300000000001]
["CAP MODIFICADO POR POLÍMERO 55-75-E","2016-12-01","***",2.0148999999999999,3.0649600000000001,1.8466100000000001,1.87984,1.93597]
["CAP MODIFICADO POR POLÍMERO 55-75-E","2017-01-01","***",1.7502899999999999,3.0767500000000001,1.8466100000000001,1.8666400000000001,1.84446]
["CAP MODIFICADO POR POLÍMERO 55-75-E","2017-02-01","***",1.9385399999999999,"***",1.7677400000000001,1.85379,1.87517]
["CAP MODIFICADO POR POLÍMERO 55-75-E","2017-03-01","***",1.93537,2.2661899999999999,1.7347999999999999,1.8579600000000001,1.9158500000000001]
["CAP MODIFICADO POR POLÍMERO 55-75-E","2017-04-01","***",1.9464300000000001,3.0990000000000002,1.8550800000000001,1.84277,1.9251]
["CAP MODIFICADO POR POLÍMERO 55-75-E","2017-05-01","***",1.9039600000000001,2.52691,1.9044099999999999,1.89283,1.9413899999999999]
["CAP MODIFICADO POR POLÍMERO 55-75-E","2017-06-01","***",2.11721,2.6693799999999999,2.0272800000000002,1.8706,2.01037]
["CAP MODIFICADO POR POLÍMERO 55-75-E","2017-07-01","***",2.1524899999999998,2.3494000000000002,2.1991100000000001,1.8121400000000001,2.0837300000000001]
["CAP MODIFICADO POR POLÍMERO 55-75-E","2017-08-01","***",1.7692600000000001,2.3960300000000001,2.2434599999999998,1.7969200000000001,1.9072499999999999]
["CAP MODIFICADO POR POLÍMERO 55-75-E","2017-09-01","***",2.0481400000000001,2.5192299999999999,2.0275500000000002,1.94373,2.0274700000000001]
["CAP MODIFICADO POR POLÍMERO 55-75-E","2017-10-01","***",1.9644699999999999,2.3753000000000002,1.85731,1.95137,1.94615]
["CAP MODIFICADO POR POLÍMERO 55-75-E","2017-11-01","***",2.13348,2.3496000000000001,2.1498599999999999,2.00258,2.1166499999999999]
["CAP MODIFICADO POR POLÍMERO 55-75-E","2017-12-01","***",2.27162,"***",1.86374,1.92683,2.09395]
["CAP MODIFICADO POR POLÍMERO 55-75-E","2018-01-01","***",2.3764400000000001,"***",2.0960399999999999,2.0950700000000002,2.3406799999999999]
["CAP MODIFICADO POR POLÍMERO 55-75-E","2018-02-01","***",2.36124,"***",2.0026099999999998,2.1370900000000002,2.2890799999999998]
["CAP MODIFICADO POR POLÍMERO 55-75-E","2018-03-01","***",2.26275,"***",2.14418,2.1094900000000001,2.2098200000000001]
["CAP MODIFICADO POR POLÍMERO 55-75-E","2018-04-01","***",2.2655599999999998,"***",2.1073900000000001,2.2154799999999999,2.2337500000000001]
["CAP MODIFICADO POR POLÍMERO 55-75-E","2018-05-01","***",2.47865,2.7254499999999999,2.0666600000000002,2.26051,2.35046]
["CAP MODIFICADO POR POLÍMERO 55-75-E","2018-06-01","***",2.54318,2.99715,2.55166,2.3813399999999998,2.5186899999999999]
["CAP MODIFICADO POR POLÍMERO 55-75-E","2018-07-01","***",2.5398100000000001,3.0834899999999998,2.4644400000000002,2.55362,2.60501]
["CAP MODIFICADO POR POLÍMERO 55-75-E","2018-08-01",3.5969600000000002,2.8070900000000001,3.2661899999999999,2.5613100000000002,2.6597900000000001,2.8346900000000002]
["CAP MODIFICADO POR POLÍMERO 55-75-E","2018-09-01",2.9570599999999998,2.7589700000000001,3.3111899999999999,2.7067600000000001,2.8481100000000001,2.79582]
["CAP MODIFICADO POR POLÍMERO 55-75-E","2018-10-01","***",2.7353999999999998,2.7538900000000002,2.6397200000000001,2.8005599999999999,2.7246600000000001]
["CAP MODIFICADO POR POLÍMERO 55-75-E","2018-11-01","***",3.05898,3.3192499999999998,3.0176500000000002,3.1071300000000002,3.0791300000000001]
["CAP MODIFICADO POR POLÍMERO 55-75-E","2018-12-01","***",2.99363,"***",3.0105400000000002,3.1236299999999999,3.05836]
["CAP MODIFICADO POR POLÍMERO 55-75-E","2019-01-01","***",3.1185800000000001,3.9446300000000001,2.8912499999999999,3.0740599999999998,3.0535999999999999]
["CAP MODIFICADO POR POLÍMERO 55-75-E","2019-02-01","***",3.2960500000000001,4.3303599999999998,3.1459199999999998,3.3861599999999998,3.3458800000000002]
["CAP MODIFICADO POR POLÍMERO 55-75-E","2019-03-01","***",3.2972100000000002,"***",3.1459199999999998,3.27807,3.2854100000000002]
["CAP MODIFICADO POR POLÍMERO 55-75-E","2019-04-01","***",3.33196,"***",2.9959500000000001,3.33962,3.2804500000000001]
["CAP MODIFICADO POR POLÍMERO 55-75-E","2019-05-01","***",3.18235,"***",3.2968899999999999,3.3079700000000001,3.24966]
["CAP MODIFICADO POR POLÍMERO 55-75-E","2019-06-01","***",3.9636200000000001,"***",3.4129200000000002,3.3003999999999998,3.5882700000000001]
["CAP MODIFICADO POR POLÍMERO 55-75-E","2019-07-01","***",3.6697600000000001,"***",3.2854100000000002,2.9635799999999999,3.3925399999999999]
["CAP MODIFICADO POR POLÍMERO 55-75-E","2019-08-01","***",3.3063199999999999,"***",3.1139299999999999,3.1123400000000001,3.1902300000000001]
["CAP MODIFICADO POR POLÍMERO 55-75-E","2019-09-01","***",3.1019800000000002,"***",3.0922200000000002,3.1185100000000001,3.1080000000000001]
["CAP MODIFICADO POR POLÍMERO 55-75-E","2019-10-01","***",3.0507599999999999,"***",3.20939,3.1185100000000001,3.1279300000000001]
["CAP MODIFICADO POR POLÍMERO 55-75-E","2019-11-01","***",3.0666799999999999,"***",3.2338300000000002,3.1174200000000001,3.1188199999999999]
["CAP MODIFICADO POR POLÍMERO 55-75-E","2019-12-01","***",2.9295399999999998,3.8813,3.3093699999999999,3.2227899999999998,3.0998999999999999]
["CAP MODIFICADO POR POLÍMERO 55-75-E","2020-01-01","***",2.80315,"***",3.302,3.1188099999999999,3.13836]
["CAP MODIFICADO POR POLÍMERO 55-75-E","2020-02-01","***",2.6827899999999998,"***",3.1567099999999999,3.0095800000000001,2.96495]
["CAP MODIFICADO POR POLÍMERO 55-75-E","2020-03-01","***",3.06487,3.92503,3.0358299999999998,3.0089700000000001,3.0533100000000002]
["CAP MODIFICADO POR POLÍMERO 55-75-E","2020-04-01","***",3.0405199999999999,"***",3.1726000000000001,2.9348399999999999,3.0010300000000001]
["CAP MODIFICADO POR POLÍMERO 55-75-E","2020-05-01","***",2.8702100000000002,"***",3.0671900000000001,3.07463,3.0234999999999999]
["CAP MODIFICADO POR POLÍMERO 55-75-E","2020-06-01","***",3.1015999999999999,3.33189,2.98889,2.9925199999999998,3.0760700000000001]
["CAP MODIFICADO POR POLÍMERO 55-75-E","2020-07-01","***",3.0593300000000001,3.3325499999999999,3.03003,2.8226599999999999,2.9510200000000002]
["CAP MODIFICADO POR POLÍMERO 55-75-E","2020-08-01","***",3.2288700000000001,"***",3.3453599999999999,3.00061,3.1001799999999999]
["CAP MODIFICADO POR POLÍMERO 55-75-E","2020-09-01","***",3.1570999999999998,"***",3.4847100000000002,2.9274900000000001,3.0578500000000002]
["CAP MODIFICADO POR POLÍMERO 55-75-E","2020-10-01","***",3.1668599999999998,"***",3.26939,2.9531499999999999,3.0613199999999998]
["CAP MODIFICADO POR POLÍMERO 55-75-E","2020-11-01","***",3.2584900000000001,"***",3.5242100000000001,3.0956700000000001,3.18357]
["CAP MODIFICADO POR POLÍMERO 55-75-E","2020-12-01","***",3.3574099999999998,3.6097700000000001,"***",3.0502699999999998,3.12059]
["CAP MODIFICADO POR POLÍMERO 55-75-E","2021-01-01","***",3.3368899999999999,"***",3.5026199999999998,3.1259700000000001,3.25387]
["CAP MODIFICADO POR POLÍMERO 55-75-E","2021-02-01","***",3.46082,"***",3.7320799999999998,3.2503700000000002,3.2991000000000001]
["CAP MODIFICADO POR POLÍMERO 55-75-E","2021-03-01","***",3.3307000000000002,"***",3.6629299999999998,3.3444099999999999,3.3629899999999999]
["CAP MODIFICADO POR POLÍMERO 55-75-E","2021-04-01","***",3.5072800000000002,"***",3.1572,3.1985600000000001,3.2281300000000002]
["CAP MODIFICADO POR POLÍMERO 55-75-E","2021-05-01","***",4.1816199999999997,"***",3.9331499999999999,3.37784,3.5347900000000001]
["CAP MODIFICADO POR POLÍMERO 55-75-E","2021-06-01","***",3.7342900000000001,"***",4.1063900000000002,2.9620899999999999,3.3002899999999999]
["CAP MODIFICADO POR POLÍMERO 55-75-E","2021-07-01","***",3.8271099999999998,"***",4.1063900000000002,3.74438,3.7703500000000001]
["CAP MODIFICADO POR POLÍMERO 55-75-E","2021-08-01","***",3.8607300000000002,4.3929900000000002,"***",4.5344499999999996,4.3854199999999999]
["CAP MODIFICADO POR POLÍMERO 55-75-E","2021-09-01","***",4.0217599999999996,"***","***",4.6568899999999998,4.45411]
["CAP MODIFICADO POR POLÍMERO 55-75-E","2021-10-01","***",4.0420400000000001,"***","***",4.5916800000000002,4.2886699999999998]
["CAP MODIFICADO POR POLÍMERO 55-75-E","2021-11-01","***",4.0831499999999998,"***","***",4.97037,4.3902999999999999]
["CAP MODIFICADO POR POLÍMERO 55-75-E","2021-12-01","***",4.35459,"***","***",4.9470400000000003,4.5688000000000004]
["CAP MODIFICADO POR POLÍMERO 55-75-E","2022-01-01","***",4.63462,"***","***",4.9880699999999996,4.7435799999999997]
["CAP MODIFICADO POR POLÍMERO 55-75-E","2022-02-01","***",5.29453,"***","***",4.8873699999999998,5.03545]
["CAP MODIFICADO POR POLÍMERO 55-75-E","2022-03-01","***",5.3661700000000003,"***",6.42,4.7783300000000004,5.0998700000000001]
["CAP MODIFICADO POR POLÍMERO 55-75-E","2022-04-01","***",5.65944,"***",5.5513000000000003,5.4203799999999998,5.4775999999999998]
["CAP MODIFICADO POR POLÍMERO 55-75-E","2022-05-01",5.2715699999999996,5.47973,"***",4.8512399999999998,5.2078300000000004,5.1857499999999996]
["CAP MODIFICADO POR POLÍMERO 55-75-E","2022-06-01","***",5.5487299999999999,5.0908800000000003,5.1639699999999999,5.1867599999999996,5.2266700000000004]
["CAP MODIFICADO POR POLÍMERO 55-75-E","2022-07-01","***",5.4155199999999999,5.61808,5.1412300000000002,5.2507999999999999,5.2698499999999999]
["CAP MODIFICADO POR POLÍMERO 55-75-E","2022-08-01","***",5.46441,5.6495100000000003,4.9378099999999998,5.0538100000000004,5.1658999999999997]
["CAP MODIFICADO POR POLÍMERO 55-75-E","2022-09-01","***",5.13443,5.3412499999999996,4.7593899999999998,5.0093199999999998,5.0858699999999999]
["CAP MODIFICADO POR POLÍMERO 55-75-E","2022-10-01","***",5.3534600000000001,"***",4.3557199999999998,4.5003200000000003,4.6318099999999998]
["CAP MODIFICADO POR POLÍMERO 55-75-E","2022-11-01","***",4.5991,"***",4.2361800000000001,4.4672499999999999,4.3522499999999997]
["CAP MODIFICADO POR POLÍMERO 55-75-E","2022-12-01","***",4.8277299999999999,"***",4.1038399999999999,4.4622900000000003,4.44686]
["CAP MODIFICADO POR POLÍMERO 55-75-E","2023-01-01","***",4.69719,"***",4.9421400000000002,4.22349,4.5094500000000002]
["CAP MODIFICADO POR POLÍMERO 55-75-E","2023-02-01","***",4.6169000000000002,4.2530900000000003,4.1887400000000001,4.1326299999999998,4.2797999999999998]
["CAP MODIFICADO POR POLÍMERO 55-75-E","2023-03-01","***",4.6876699999999998,4.2165900000000001,4.11287,3.81426,3.9390299999999998]
["CAP MODIFICADO POR POLÍMERO 55-75-E","2023-04-01","***",4.65341,"***",4.7817800000000004,3.6877499999999999,3.7740800000000001]
["CAP MODIFICADO POR POLÍMERO 55-75-E","2023-05-01","***",4.9023099999999999,"***",4.7817800000000004,3.7989700000000002,4.0087099999999998]
["CAP MODIFICADO POR POLÍMERO 55-75-E","2023-06-01","***",4.2684899999999999,"***",4.46671,3.7981799999999999,3.8420399999999999]
["CAP MODIFICADO POR POLÍMERO 55-75-E","2023-07-01","***",4.25373,"***",5.1262400000000001,3.6574200000000001,3.7110599999999998]
["CAP MODIFICADO POR POLÍMERO 55-75-E","2023-08-01","***",3.9885600000000001,3.8460200000000002,4.9014600000000002,3.7147000000000001,3.8117399999999999]
["CAP MODIFICADO POR POLÍMERO 55-75-E","2023-09-01","***",4.51884,"***",4.4313000000000002,3.8600500000000002,3.91797]
["CAP MODIFICADO POR POLÍMERO 55-75-E","2023-10-01","***",5.0547300000000002,"***",4.4627400000000002,3.8631700000000002,3.9647399999999999]
["CAP MODIFICADO POR POLÍMERO 60-85-E","2015-09-01","***",1.2531699999999999,1.89266,1.91144,1.9241200000000001,1.8930400000000001]
["CAP MODIFICADO POR POLÍMERO 60-85-E","2015-10-01","***",0.60526999999999997,1.93557,1.9158200000000001,2.05098,1.9452799999999999]
["CAP MODIFICADO POR POLÍMERO 60-85-E","2015-11-01","***",2.0164,2.11002,2.1082000000000001,2.1985899999999998,2.13442]
["CAP MODIFICADO POR POLÍMERO 60-85-E","2015-12-01","***",1.41113,2.1239400000000002,2.1856,2.1220599999999998,2.1529600000000002]
["CAP MODIFICADO POR POLÍMERO 60-85-E","2016-01-01","***",0.60104999999999997,"***",2.13137,2.2908300000000001,2.1936100000000001]
["CAP MODIFICADO POR POLÍMERO 60-85-E","2016-02-01","***",2.2221600000000001,2.14,2.1268099999999999,2.3190300000000001,2.2222499999999998]
["CAP MODIFICADO POR POLÍMERO 60-85-E","2016-03-01","***","***",2.3981699999999999,2.04575,2.2830699999999999,2.1505899999999998]
["CAP MODIFICADO POR POLÍMERO 60-85-E","2016-04-01","***","***",2.5878999999999999,2.2758099999999999,2.3371,2.3089300000000001]
["CAP MODIFICADO POR POLÍMERO 60-85-E","2016-05-01","***",2.5530900000000001,2.3583799999999999,2.33589,2.3672,2.3506]
["CAP MODIFICADO POR POLÍMERO 60-85-E","2016-06-01","***",1.7582100000000001,2.4876100000000001,2.2965800000000001,2.35859,2.3216299999999999]
["CAP MODIFICADO POR POLÍMERO 60-85-E","2016-07-01","***",1.78162,2.3945599999999998,2.3301799999999999,2.45642,2.3537400000000002]
["CAP MODIFICADO POR POLÍMERO 60-85-E","2016-08-01","***",2.51309,2.4430399999999999,2.3567300000000002,2.4340199999999999,2.4047900000000002]
["CAP MODIFICADO POR POLÍMERO 60-85-E","2016-09-01",2.2290999999999999,"***",1.98645,2.06602,2.3049599999999999,2.1656499999999999]
["CAP MODIFICADO POR POLÍMERO 60-85-E","2016-10-01","***","***",2.2503199999999999,2.0303800000000001,2.3369800000000001,2.2231800000000002]
["CAP MODIFICADO POR POLÍMERO 60-85-E","2016-11-01","***","***",2.2745700000000002,2.0196200000000002,2.30003,2.1856800000000001]
["CAP MODIFICADO POR POLÍMERO 60-85-E","2016-12-01","***","***",2.1792600000000002,1.9824600000000001,2.1652900000000002,2.0670099999999998]
["CAP MODIFICADO POR POLÍMERO 60-85-E","2017-01-01",1.81125,"***",1.9145300000000001,1.94516,2.0536699999999999,1.98515]
["CAP MODIFICADO POR POLÍMERO 60-85-E","2017-02-01","***","***",2.4048799999999999,2.00474,2.0215100000000001,2.0153799999999999]
["CAP MODIFICADO POR POLÍMERO 60-85-E","2017-03-01","***","***",1.9718100000000001,2.0431400000000002,1.9330099999999999,1.9916499999999999]
["CAP MODIFICADO POR POLÍMERO 60-85-E","2017-04-01","***","***",1.94174,1.92746,1.97011,1.9534199999999999]
["CAP MODIFICADO POR POLÍMERO 60-85-E","2017-05-01","***","***",1.83982,1.9236899999999999,1.9252400000000001,1.9212400000000001]
["CAP MODIFICADO POR POLÍMERO 60-85-E","2017-06-01","***","***",1.9590399999999999,2.02346,1.95469,1.9874099999999999]
["CAP MODIFICADO POR POLÍMERO 60-85-E","2017-07-01","***","***",1.95991,1.91231,1.9285699999999999,1.9257899999999999]
["CAP MODIFICADO POR POLÍMERO 60-85-E","2017-08-01","***",1.91,2.1789000000000001,1.87544,1.90526,1.93971]
["CAP MODIFICADO POR POLÍMERO 60-85-E","2017-09-01","***",2.0217299999999998,2.01315,1.8754999999999999,1.9285600000000001,1.91744]
["CAP MODIFICADO POR POLÍMERO 60-85-E","2017-10-01","***",2.2352099999999999,1.89191,1.8750800000000001,1.9318599999999999,1.9084099999999999]
["CAP MODIFICADO POR POLÍMERO 60-85-E","2017-11-01","***",2.46645,2.1126999999999998,2.1018500000000002,2.0434100000000002,2.1152500000000001]
["CAP MODIFICADO POR POLÍMERO 60-85-E","2017-12-01","***",2.4664700000000002,2.0255700000000001,2.1073900000000001,2.0163000000000002,2.0984400000000001]
["CAP MODIFICADO POR POLÍMERO 60-85-E","2018-01-01","***",2.5469900000000001,2.4384399999999999,2.2358600000000002,2.21712,2.2629100000000002]
["CAP MODIFICADO POR POLÍMERO 60-85-E","2018-02-01","***",2.5612900000000001,2.2360699999999998,2.2315700000000001,2.1762999999999999,2.21496]
["CAP MODIFICADO POR POLÍMERO 60-85-E","2018-03-01","***","***",2.2646000000000002,2.2070500000000002,2.1264799999999999,2.1795900000000001]
["CAP MODIFICADO POR POLÍMERO 60-85-E","2018-04-01","***","***",2.2530100000000002,2.23753,2.1921200000000001,2.2244700000000002]
["CAP MODIFICADO POR POLÍMERO 60-85-E","2018-05-01","***",2.6223700000000001,2.4159600000000001,2.4135,2.25482,2.3765700000000001]
["CAP MODIFICADO POR POLÍMERO 60-85-E","2018-06-01","***",2.7072600000000002,2.6366700000000001,2.4961099999999998,2.4197099999999998,2.4864000000000002]
["CAP MODIFICADO POR POLÍMERO 60-85-E","2018-07-01","***","***",2.9856500000000001,2.7688000000000001,2.5975199999999998,2.7183799999999998]
["CAP MODIFICADO POR POLÍMERO 60-85-E","2018-08-01","***",2.97858,3.4377499999999999,2.8099500000000002,2.8377400000000002,2.8595299999999999]
["CAP MODIFICADO POR POLÍMERO 60-85-E","2018-09-01","***",3.0288300000000001,3.15266,2.8229899999999999,2.8319200000000002,2.86612]
["CAP MODIFICADO POR POLÍMERO 60-85-E","2018-10-01","***",2.9754700000000001,2.69781,2.83996,2.90876,2.83053]
["CAP MODIFICADO POR POLÍMERO 60-85-E","2018-11-01","***",3.4960399999999998,3.5065599999999999,3.24796,3.2154099999999999,3.2653500000000002]
["CAP MODIFICADO POR POLÍMERO 60-85-E","2018-12-01","***",3.4762599999999999,"***",3.0624199999999999,3.2761,3.1850000000000001]
["CAP MODIFICADO POR POLÍMERO 60-85-E","2019-01-01","***","***",3.2984900000000001,3.1537899999999999,3.3104900000000002,3.2090900000000002]
["CAP MODIFICADO POR POLÍMERO 60-85-E","2019-02-01","***",3.8243,3.43709,3.24457,3.5067300000000001,3.39283]
["CAP MODIFICADO POR POLÍMERO 60-85-E","2019-03-01","***","***",3.4388100000000001,3.5817100000000002,3.4957400000000001,3.5314100000000002]
["CAP MODIFICADO POR POLÍMERO 60-85-E","2019-04-01","***","***",3.6030099999999998,3.6230699999999998,3.4086400000000001,3.5013800000000002]
["CAP MODIFICADO POR POLÍMERO 60-85-E","2019-05-01","***",2.92,3.4084500000000002,3.37717,3.33697,3.3513000000000002]
["CAP MODIFICADO POR POLÍMERO 60-85-E","2019-06-01","***",2.83,3.4956499999999999,3.2959100000000001,3.3172700000000002,3.3198400000000001]
["CAP MODIFICADO POR POLÍMERO 60-85-E","2019-07-01","***",2.8806099999999999,3.3714599999999999,3.2505899999999999,3.2993100000000002,3.2750499999999998]
["CAP MODIFICADO POR POLÍMERO 60-85-E","2019-08-01","***",2.8901699999999999,3.5205000000000002,3.0400100000000001,3.0217399999999999,3.0432000000000001]
["CAP MODIFICADO POR POLÍMERO 60-85-E","2019-09-01","***",2.93093,3.3454600000000001,3.09246,2.9447999999999999,3.0129000000000001]
["CAP MODIFICADO POR POLÍMERO 60-85-E","2019-10-01",5.1157300000000001,2.9521600000000001,3.4835199999999999,3.2067700000000001,3.02237,3.1716199999999999]
["CAP MODIFICADO POR POLÍMERO 60-85-E","2019-11-01",5.0523400000000001,3.0047600000000001,3.2270400000000001,3.1396199999999999,3.0644100000000001,3.1922299999999999]
["CAP MODIFICADO POR POLÍMERO 60-85-E","2019-12-01",2.96563,2.9665599999999999,3.33731,3.1291799999999999,3.10059,3.11897]
["CAP MODIFICADO POR POLÍMERO 60-85-E","2020-01-01","***","***",3.3063500000000001,3.2019099999999998,3.1703999999999999,3.19963]
["CAP MODIFICADO POR POLÍMERO 60-85-E","2020-02-01","***",3.09,3.3666700000000001,3.02847,3.0271499999999998,3.0350600000000001]
["CAP MODIFICADO POR POLÍMERO 60-85-E","2020-03-01",3.1619899999999999,"***",3.02094,3.01051,2.9941399999999998,3.0073099999999999]
["CAP MODIFICADO POR POLÍMERO 60-85-E","2020-04-01","***","***",2.85107,3.03952,3.0676000000000001,3.0370400000000002]
["CAP MODIFICADO POR POLÍMERO 60-85-E","2020-05-01",3.1061999999999999,"***",2.91282,2.8663699999999999,2.9475500000000001,2.8963299999999998]
["CAP MODIFICADO POR POLÍMERO 60-85-E","2020-06-01",3.3609200000000001,"***",2.9773399999999999,2.88571,3.0032800000000002,2.93283]
["CAP MODIFICADO POR POLÍMERO 60-85-E","2020-07-01","***",2.7247499999999998,3.0555699999999999,2.83745,2.9169299999999998,2.89758]
["CAP MODIFICADO POR POLÍMERO 60-85-E","2020-08-01","***",3.1703999999999999,3.2092800000000001,3.0019,3.0386299999999999,3.0748899999999999]
["CAP MODIFICADO POR POLÍMERO 60-85-E","2020-09-01","***",3.0878299999999999,3.2174,2.9978699999999998,3.06799,3.06996]
["CAP MODIFICADO POR POLÍMERO 60-85-E","2020-10-01","***",2.7798699999999998,3.0722999999999998,2.9720800000000001,3.0858099999999999,3.0262099999999998]
["CAP MODIFICADO POR POLÍMERO 60-85-E","2020-11-01","***",3.6761400000000002,3.26755,3.2709199999999998,3.3209499999999998,3.2906]
["CAP MODIFICADO POR POLÍMERO 60-85-E","2020-12-01","***",3.3960699999999999,3.3094800000000002,3.2038000000000002,3.3832300000000002,3.2786400000000002]
["CAP MODIFICADO POR POLÍMERO 60-85-E","2021-01-01","***",3.17658,3.5869800000000001,3.2539500000000001,3.3493300000000001,3.3107799999999998]
["CAP MODIFICADO POR POLÍMERO 60-85-E","2021-02-01","***",3.3177699999999999,3.77007,3.6072199999999999,3.54501,3.5782799999999999]
["CAP MODIFICADO POR POLÍMERO 60-85-E","2021-03-01","***",3.3587500000000001,3.2735500000000002,3.35928,3.5150899999999998,3.4129999999999998]
["CAP MODIFICADO POR POLÍMERO 60-85-E","2021-04-01",3.3293900000000001,3.32864,3.5621999999999998,3.3889200000000002,3.4756100000000001,3.4253800000000001]
["CAP MODIFICADO POR POLÍMERO 60-85-E","2021-05-01","***",3.4723600000000001,3.9515099999999999,4.1615799999999998,4.0945099999999996,4.1002000000000001]
["CAP MODIFICADO POR POLÍMERO 60-85-E","2021-06-01","***",3.4819800000000001,4.1761600000000003,4.0819999999999999,4.13849,4.0548799999999998]
["CAP MODIFICADO POR POLÍMERO 60-85-E","2021-07-01","***",3.66656,4.9451999999999998,4.1726999999999999,4.0925900000000004,4.1961500000000003]
["CAP MODIFICADO POR POLÍMERO 60-85-E","2021-08-01","***",3.8081999999999998,5.24573,4.2554800000000004,4.1890799999999997,4.3244100000000003]
["CAP MODIFICADO POR POLÍMERO 60-85-E","2021-09-01","***",4.2890499999999996,5.2728000000000002,4.4650800000000004,4.3244800000000003,4.5248499999999998]
["CAP MODIFICADO POR POLÍMERO 60-85-E","2021-10-01","***",4.4406800000000004,4.8686499999999997,4.3797899999999998,4.3980600000000001,4.4496500000000001]
["CAP MODIFICADO POR POLÍMERO 60-85-E","2021-11-01","***",4.7070800000000004,5.2863300000000004,4.8440099999999999,4.8874899999999997,4.8869100000000003]
["CAP MODIFICADO POR POLÍMERO 60-85-E","2021-12-01","***",4.9547299999999996,5.20709,4.8709199999999999,4.9947100000000004,4.9446099999999999]
["CAP MODIFICADO POR POLÍMERO 60-85-E","2022-01-01","***",4.8081100000000001,5.2638999999999996,4.8784599999999996,5.0011099999999997,4.9186699999999997]
["CAP MODIFICADO POR POLÍMERO 60-85-E","2022-02-01","***",4.6529499999999997,5.5707000000000004,5.20451,5.3145699999999998,5.2228399999999997]
["CAP MODIFICADO POR POLÍMERO 60-85-E","2022-03-01","***",5.1595000000000004,5.0533900000000003,5.21739,5.3696200000000003,5.23855]
["CAP MODIFICADO POR POLÍMERO 60-85-E","2022-04-01","***",5.6225500000000004,5.6189099999999996,5.6965000000000003,5.2529399999999997,5.5624900000000004]
["CAP MODIFICADO POR POLÍMERO 60-85-E","2022-05-01","***",5.4080399999999997,5.6160199999999998,5.6295400000000004,5.1251899999999999,5.4850399999999997]
["CAP MODIFICADO POR POLÍMERO 60-85-E","2022-06-01","***",5.3196899999999996,5.6202300000000003,5.52156,5.0901100000000001,5.4182399999999999]
["CAP MODIFICADO POR POLÍMERO 60-85-E","2022-07-01","***",6.2405900000000001,5.7030799999999999,5.4933800000000002,5.2367900000000001,5.51668]
["CAP MODIFICADO POR POLÍMERO 60-85-E","2022-08-01","***",5.6840799999999998,5.5853200000000003,5.3671199999999999,5.0136900000000004,5.4048400000000001]
["CAP MODIFICADO POR POLÍMERO 60-85-E","2022-09-01","***",5.4107200000000004,5.65916,5.1154500000000001,4.8087499999999999,5.1821299999999999]
["CAP MODIFICADO POR POLÍMERO 60-85-E","2022-10-01","***",5.0463699999999996,4.9083600000000001,4.7323300000000001,4.7512100000000004,4.7876500000000002]
["CAP MODIFICADO POR POLÍMERO 60-85-E","2022-11-01","***",5.0302199999999999,5.2320200000000003,4.6709300000000002,4.8135599999999998,4.8308999999999997]
["CAP MODIFICADO POR POLÍMERO 60-85-E","2022-12-01",4.9545000000000003,4.8125499999999999,6.0846400000000003,4.5058400000000001,4.7857000000000003,4.8264899999999997]
["CAP MODIFICADO POR POLÍMERO 60-85-E","2023-01-01","***",4.6664700000000003,5.54068,4.2945799999999998,4.3895299999999997,4.4577799999999996]
["CAP MODIFICADO POR POLÍMERO 60-85-E","2023-02-01","***",4.8532099999999998,4.6698199999999996,4.3089300000000001,4.2217900000000004,4.3542500000000004]
["CAP MODIFICADO POR POLÍMERO 60-85-E","2023-03-01","***",5.4251500000000004,4.5502500000000001,4.2404599999999997,3.9899,4.2200600000000001]
["CAP MODIFICADO POR POLÍMERO 60-85-E","2023-04-01","***",4.7343999999999999,4.49031,4.3576100000000002,3.9008699999999998,4.24688]
["CAP MODIFICADO POR POLÍMERO 60-85-E","2023-05-01",4.8071200000000003,4.4499199999999997,5.1892800000000001,4.3340399999999999,3.8808500000000001,4.4983000000000004]
["CAP MODIFICADO POR POLÍMERO 60-85-E","2023-06-01",4.5875300000000001,4.2594599999999998,5.0941200000000002,4.2321400000000002,3.7454399999999999,4.4674500000000004]
["CAP MODIFICADO POR POLÍMERO 60-85-E","2023-07-01",4.9154999999999998,4.6069399999999998,4.7788899999999996,4.0358200000000002,3.8635799999999998,4.2500299999999998]
["CAP MODIFICADO POR POLÍMERO 60-85-E","2023-08-01",4.8567400000000003,4.5233600000000003,4.8370699999999998,3.9270399999999999,3.8512200000000001,4.1282199999999998]
["CAP MODIFICADO POR POLÍMERO 60-85-E","2023-09-01",5.2653699999999999,5.4742100000000002,5.0956799999999998,4.2266899999999996,4.0660800000000004,4.4371600000000004]
["CAP MODIFICADO POR POLÍMERO 60-85-E","2023-10-01",4.6318299999999999,5.4991899999999996,4.8108399999999998,4.26037,4.05776,4.3307599999999997]
["CAP MODIFICADO POR POLÍMERO 65-90-E","2015-09-01","***","***","***","***","***","***"]
["CAP MODIFICADO POR POLÍMERO 65-90-E","2015-10-01","***","***",1.82155,1.55888,1.9466000000000001,1.8700600000000001]
["CAP MODIFICADO POR POLÍMERO 65-90-E","2015-11-01","***",2.2246999999999999,"***",1.69004,2.1355200000000001,1.87452]
["CAP MODIFICADO POR POLÍMERO 65-90-E","2015-12-01","***","***","***",1.69448,2.0958999999999999,1.71322]
["CAP MODIFICADO POR POLÍMERO 65-90-E","2016-01-01","***",2.3607,"***",2.3210899999999999,"***",2.3257300000000001]
["CAP MODIFICADO POR POLÍMERO 65-90-E","2016-02-01","***",2.1938,"***",2.6292200000000001,2.1470899999999999,2.29156]
["CAP MODIFICADO POR POLÍMERO 65-90-E","2016-03-01","***","***","***",1.92364,2.0958999999999999,1.9549399999999999]
["CAP MODIFICADO POR POLÍMERO 65-90-E","2016-04-01","***","***","***","***",2.4382100000000002,2.4382100000000002]
["CAP MODIFICADO POR POLÍMERO 65-90-E","2016-05-01","***","***","***",2.40266,2.3422499999999999,2.3804699999999999]
["CAP MODIFICADO POR POLÍMERO 65-90-E","2016-06-01","***","***",2.2805200000000001,2.37799,2.2599499999999999,2.3298700000000001]
["CAP MODIFICADO POR POLÍMERO 65-90-E","2016-07-01","***","***",2.2805200000000001,2.4198599999999999,2.2951999999999999,2.30593]
["CAP MODIFICADO POR POLÍMERO 65-90-E","2016-08-01","***","***",2.2805200000000001,"***",2.3170299999999999,2.3161399999999999]
["CAP MODIFICADO POR POLÍMERO 65-90-E","2016-09-01","***","***",2.4327000000000001,2.2052299999999998,2.0611799999999998,2.0836999999999999]
["CAP MODIFICADO POR POLÍMERO 65-90-E","2016-10-01","***","***",2.08188,1.91479,2.0459700000000001,2.02258]
["CAP MODIFICADO POR POLÍMERO 65-90-E","2016-11-01","***","***","***",1.82867,2.0089800000000002,1.9656899999999999]
["CAP MODIFICADO POR POLÍMERO 65-90-E","2016-12-01","***","***","***","***",1.8970100000000001,1.8970100000000001]
["CAP MODIFICADO POR POLÍMERO 65-90-E","2017-01-01","***","***","***","***",1.6231199999999999,1.6231199999999999]
["CAP MODIFICADO POR POLÍMERO 65-90-E","2017-02-01","***","***","***","***",1.6082000000000001,1.6082000000000001]
["CAP MODIFICADO POR POLÍMERO 65-90-E","2017-03-01","***","***","***","***",1.8309899999999999,1.8309899999999999]
["CAP MODIFICADO POR POLÍMERO 65-90-E","2017-04-01","***","***","***",2.0295299999999998,1.6899599999999999,1.7218500000000001]
["CAP MODIFICADO POR POLÍMERO 65-90-E","2017-05-01","***","***",1.8264199999999999,1.7750999999999999,1.85138,1.8503799999999999]
["CAP MODIFICADO POR POLÍMERO 65-90-E","2017-06-01","***","***",2.4799600000000002,2.0150399999999999,1.9689300000000001,2.0388799999999998]
["CAP MODIFICADO POR POLÍMERO 65-90-E","2017-07-01","***","***",2.2144499999999998,2.00352,1.9569000000000001,2.02766]
["CAP MODIFICADO POR POLÍMERO 65-90-E","2017-08-01","***","***",2.4127100000000001,1.97143,1.9569000000000001,2.0358800000000001]
["CAP MODIFICADO POR POLÍMERO 65-90-E","2017-09-01","***","***",2.53166,1.9940100000000001,1.96376,2.04643]
["CAP MODIFICADO POR POLÍMERO 65-90-E","2017-10-01","***","***",2.6283799999999999,2.01892,1.8366400000000001,2.14819]
["CAP MODIFICADO POR POLÍMERO 65-90-E","2017-11-01","***","***",2.56867,2.3690500000000001,2.06311,2.31698]
["CAP MODIFICADO POR POLÍMERO 65-90-E","2017-12-01","***",2.3750300000000002,2.6435599999999999,2.2241,2.1192000000000002,2.2447599999999999]
["CAP MODIFICADO POR POLÍMERO 65-90-E","2018-01-01","***",2.5321099999999999,2.4082699999999999,2.4470700000000001,"***",2.4583599999999999]
["CAP MODIFICADO POR POLÍMERO 65-90-E","2018-02-01","***",2.5274399999999999,"***","***",2.2187999999999999,2.2746300000000002]
["CAP MODIFICADO POR POLÍMERO 65-90-E","2018-03-01","***",2.5274399999999999,2.4082699999999999,"***",1.9971399999999999,2.1833]
["CAP MODIFICADO POR POLÍMERO 65-90-E","2018-04-01","***",2.47174,2.3693599999999999,"***",2.0878999999999999,2.3156300000000001]
["CAP MODIFICADO POR POLÍMERO 65-90-E","2018-05-01","***",2.5092300000000001,"***",2.1265399999999999,2.2503899999999999,2.3127900000000001]
["CAP MODIFICADO POR POLÍMERO 65-90-E","2018-06-01","***",2.7120500000000001,2.80463,2.2560099999999998,2.3363499999999999,2.4952200000000002]
["CAP MODIFICADO POR POLÍMERO 65-90-E","2018-07-01","***",2.8704700000000001,2.6909800000000001,2.6551100000000001,2.5738400000000001,2.6609099999999999]
["CAP MODIFICADO POR POLÍMERO 65-90-E","2018-08-01","***","***",2.8451,2.7500900000000001,2.6785999999999999,2.7819199999999999]
["CAP MODIFICADO POR POLÍMERO 65-90-E","2018-09-01","***","***",2.9582600000000001,2.5882299999999998,2.6945199999999998,2.7194799999999999]
["CAP MODIFICADO POR POLÍMERO 65-90-E","2018-10-01","***","***",2.48638,2.5823499999999999,2.6855799999999999,2.6461100000000002]
["CAP MODIFICADO POR POLÍMERO 65-90-E","2018-11-01","***","***",3.3710300000000002,2.8811200000000001,2.9951099999999999,3.0007600000000001]
["CAP MODIFICADO POR POLÍMERO 65-90-E","2018-12-01","***","***",2.8938600000000001,3.0402999999999998,2.9863900000000001,3.0072800000000002]
["CAP MODIFICADO POR POLÍMERO 65-90-E","2019-01-01","***","***",3.3668100000000001,3.0815299999999999,2.9702700000000002,3.0477500000000002]
["CAP MODIFICADO POR POLÍMERO 65-90-E","2019-02-01","***","***","***",3.2435499999999999,3.4847299999999999,3.2508499999999998]
["CAP MODIFICADO POR POLÍMERO 65-90-E","2019-03-01","***","***","***",3.2414100000000001,3.2869000000000002,3.2497500000000001]
["CAP MODIFICADO POR POLÍMERO 65-90-E","2019-04-01","***","***","***",2.9872100000000001,3.3973900000000001,3.0413100000000002]
["CAP MODIFICADO POR POLÍMERO 65-90-E","2019-05-01","***","***","***",3.58081,3.2869000000000002,3.4986899999999999]
["CAP MODIFICADO POR POLÍMERO 65-90-E","2019-06-01","***","***","***",3.4817399999999998,3.3253200000000001,3.41086]
["CAP MODIFICADO POR POLÍMERO 65-90-E","2019-07-01","***","***","***","***",3.1890999999999998,3.1890999999999998]
["CAP MODIFICADO POR POLÍMERO 65-90-E","2019-08-01","***","***","***",3.3295400000000002,3.1606299999999998,3.2140300000000002]
["CAP MODIFICADO POR POLÍMERO 65-90-E","2019-09-01","***","***","***",3.8885900000000002,3.1564100000000002,3.6911]
["CAP MODIFICADO POR POLÍMERO 65-90-E","2019-10-01","***","***","***",3.7084800000000002,"***",3.7084800000000002]
["CAP MODIFICADO POR POLÍMERO 65-90-E","2019-11-01","***","***","***",3.3165900000000001,"***",3.3165900000000001]
["CAP MODIFICADO POR POLÍMERO 65-90-E","2019-12-01","***","***","***",3.4165800000000002,3.4649999999999999,3.4441799999999998]
["CAP MODIFICADO POR POLÍMERO 65-90-E","2020-01-01","***","***","***",4.0702499999999997,"***",4.0702499999999997]
["CAP MODIFICADO POR POLÍMERO 65-90-E","2020-02-01","***","***","***","***","***","***"]
["CAP MODIFICADO POR POLÍMERO 65-90-E","2020-03-01","***","***","***",3.8525,"***",3.8525]
["CAP MODIFICADO POR POLÍMERO 65-90-E","2020-04-01","***","***","***","***",3.36836,3.36836]
["CAP MODIFICADO POR POLÍMERO 65-90-E","2020-05-01","***","***","***",3.1595300000000002,"***",3.1595300000000002]
["CAP MODIFICADO POR POLÍMERO 65-90-E","2020-06-01","***","***","***",3.0287700000000002,3.37113,3.0705800000000001]
["CAP MODIFICADO POR POLÍMERO 65-90-E","2020-07-01","***","***","***",2.9180100000000002,3.0287899999999999,2.9368699999999999]
["CAP MODIFICADO POR POLÍMERO 65-90-E","2020-08-01","***","***","***",3.2082999999999999,3.6035900000000001,3.3300200000000002]
["CAP MODIFICADO POR POLÍMERO 65-90-E","2020-09-01","***",3.6783999999999999,"***",2.95723,1.4694100000000001,2.0403600000000002]
["CAP MODIFICADO POR POLÍMERO 65-90-E","2020-10-01","***",3.6783999999999999,"***",3.07491,2.9420700000000002,3.0838100000000002]
["CAP MODIFICADO POR POLÍMERO 65-90-E","2020-11-01","***",3.2835800000000002,"***",3.1591999999999998,3.30776,3.2644299999999999]
["CAP MODIFICADO POR POLÍMERO 65-90-E","2020-12-01","***",3.2835800000000002,"***",3.15909,3.12595,3.14331]
["CAP MODIFICADO POR POLÍMERO 65-90-E","2021-01-01","***","***","***",3.1597599999999999,"***",3.1597599999999999]
["CAP MODIFICADO POR POLÍMERO 65-90-E","2021-02-01","***","***","***",3.42,"***",3.42]
["CAP MODIFICADO POR POLÍMERO 65-90-E","2021-03-01","***",4.2064000000000004,"***",3.4172799999999999,3.3537699999999999,3.4731900000000002]
["CAP MODIFICADO POR POLÍMERO 65-90-E","2021-04-01","***",4.2064000000000004,"***",3.4665499999999998,3.5064700000000002,3.53085]
["CAP MODIFICADO POR POLÍMERO 65-90-E","2021-05-01","***",5.2140000000000004,"***",4.2984,"***",4.4702599999999997]
["CAP MODIFICADO POR POLÍMERO 65-90-E","2021-06-01","***",5.2140000000000004,"***",4.1506699999999999,4.30755,4.3006900000000003]
["CAP MODIFICADO POR POLÍMERO 65-90-E","2021-07-01","***",4.4874499999999999,"***",4.28803,"***",4.2966699999999998]
["CAP MODIFICADO POR POLÍMERO 65-90-E","2021-08-01","***",4.7308300000000001,"***",4.3811299999999997,"***",4.4150600000000004]
["CAP MODIFICADO POR POLÍMERO 65-90-E","2021-09-01","***",4.5063899999999997,"***",4.3084699999999998,4.9359400000000004,4.3770199999999999]
["CAP MODIFICADO POR POLÍMERO 65-90-E","2021-10-01","***","***","***",4.6386099999999999,4.9359400000000004,4.6413399999999996]
["CAP MODIFICADO POR POLÍMERO 65-90-E","2021-11-01","***","***","***",4.8226300000000002,"***",4.8226300000000002]
["CAP MODIFICADO POR POLÍMERO 65-90-E","2021-12-01","***",5.5515299999999996,"***",5.0271400000000002,"***",5.0595100000000004]
["CAP MODIFICADO POR POLÍMERO 65-90-E","2022-01-01","***","***","***",5.1108900000000004,"***",5.1108900000000004]
["CAP MODIFICADO POR POLÍMERO 65-90-E","2022-02-01","***","***","***",5.5500100000000003,5.9308699999999996,5.5910500000000001]
["CAP MODIFICADO POR POLÍMERO 65-90-E","2022-03-01","***","***","***",5.6423800000000002,"***",5.6423800000000002]
["CAP MODIFICADO POR POLÍMERO 65-90-E","2022-04-01","***",6.3447699999999996,"***",6.0004299999999997,"***",6.1304800000000004]
["CAP MODIFICADO POR POLÍMERO 65-90-E","2022-05-01","***",6.1749700000000001,5.5873900000000001,6.1204000000000001,5.9695099999999996,6.0845900000000004]
["CAP MODIFICADO POR POLÍMERO 65-90-E","2022-06-01","***",6.1620100000000004,5.5873900000000001,5.9855099999999997,"***",5.8608500000000001]
["CAP MODIFICADO POR POLÍMERO 65-90-E","2022-07-01","***",6.1486499999999999,5.6879900000000001,"***",6.0167000000000002,6.0822900000000004]
["CAP MODIFICADO POR POLÍMERO 65-90-E","2022-08-01","***",6.2227899999999998,"***","***",5.3651799999999996,5.9160300000000001]
["CAP MODIFICADO POR POLÍMERO 65-90-E","2022-09-01","***",6.01234,"***","***",5.5873600000000003,5.91974]
["CAP MODIFICADO POR POLÍMERO 65-90-E","2022-10-01","***",5.5958699999999997,"***",5.1038399999999999,"***",5.1648199999999997]
["CAP MODIFICADO POR POLÍMERO 65-90-E","2022-11-01","***",5.1053300000000004,"***",5.1578400000000002,"***",5.1502600000000003]
["CAP MODIFICADO POR POLÍMERO 65-90-E","2022-12-01","***",5.0620799999999999,"***",4.6740599999999999,4.71814,4.7266199999999996]
["CAP MODIFICADO POR POLÍMERO 65-90-E","2023-01-01","***",5.1244699999999996,"***",4.7105499999999996,"***",4.7827700000000002]
["CAP MODIFICADO POR POLÍMERO 65-90-E","2023-02-01","***",5.06386,"***",4.68398,4.7410399999999999,4.7643399999999998]
["CAP MODIFICADO POR POLÍMERO 65-90-E","2023-03-01","***",5.2004900000000003,"***",4.4260799999999998,4.4109499999999997,4.4844799999999996]
["CAP MODIFICADO POR POLÍMERO 65-90-E","2023-04-01","***",5.1834199999999999,3.5742600000000002,4.5764100000000001,"***",4.4275000000000002]
["CAP MODIFICADO POR POLÍMERO 65-90-E","2023-05-01","***","***",3.7837900000000002,4.58134,4.4458299999999999,4.3592399999999998]
["CAP MODIFICADO POR POLÍMERO 65-90-E","2023-06-01","***","***","***",4.52285,4.3864999999999998,4.4752999999999998]
["CAP MODIFICADO POR POLÍMERO 65-90-E","2023-07-01","***","***","***",4.5322100000000001,4.48285,4.5197599999999998]
["CAP MODIFICADO POR POLÍMERO 65-90-E","2023-08-01","***","***","***",4.4510899999999998,4.4114800000000001,4.4442199999999996]
["CAP MODIFICADO POR POLÍMERO 65-90-E","2023-09-01","***","***","***",4.6859799999999998,4.4675799999999999,4.56379]
["CAP MODIFICADO POR POLÍMERO 65-90-E","2023-10-01","***","***","***",4.3485199999999997,4.7706299999999997,4.4421499999999998]
["CIMENTO ASFÁLTICO MODIFICADO POR POLÍMERO SBS 50-65","2009-12-01","***","***","***",1.5853699999999999,1.4175800000000001,1.4291]
["CIMENTO ASFÁLTICO MODIFICADO POR POLÍMERO SBS 50-65","2010-01-01","***","***","***","***",1.52271,1.52271]
["CIMENTO ASFÁLTICO MODIFICADO POR POLÍMERO SBS 50-65","2010-02-01","***","***","***","***",1.7089300000000001,1.7089300000000001]
["CIMENTO ASFÁLTICO MODIFICADO POR POLÍMERO SBS 50-65","2010-03-01","***","***",1.67397,"***",1.63601,1.63717]
["CIMENTO ASFÁLTICO MODIFICADO POR POLÍMERO SBS 50-65","2010-04-01","***","***",1.6727099999999999,"***",1.60928,1.62686]
["CIMENTO ASFÁLTICO MODIFICADO POR POLÍMERO SBS 50-65","2010-05-01","***","***",1.67411,1.70661,1.71584,1.70441]
["CIMENTO ASFÁLTICO MODIFICADO POR POLÍMERO SBS 50-65","2010-06-01","***","***","***",1.1916100000000001,1.5606899999999999,1.5222100000000001]
["CIMENTO ASFÁLTICO MODIFICADO POR POLÍMERO SBS 50-65","2010-07-01","***","***","***",1.1916100000000001,1.59823,1.50817]
["CIMENTO ASFÁLTICO MODIFICADO POR POLÍMERO SBS 50-65","2010-08-01","***","***","***",1.4410499999999999,1.6364300000000001,1.5933900000000001]
["CIMENTO ASFÁLTICO MODIFICADO POR POLÍMERO SBS 50-65","2010-09-01","***","***","***",1.78783,1.5395300000000001,1.58145]
["CIMENTO ASFÁLTICO MODIFICADO POR POLÍMERO SBS 50-65","2010-10-01","***","***","***",1.78783,1.4255100000000001,1.45322]
["CIMENTO ASFÁLTICO MODIFICADO POR POLÍMERO SBS 50-65","2010-11-01","***","***","***",1.1916100000000001,1.29477,1.2726599999999999]
["CIMENTO ASFÁLTICO MODIFICADO POR POLÍMERO SBS 50-65","2010-12-01","***","***","***","***","***","***"]
["CIMENTO ASFÁLTICO MODIFICADO POR POLÍMERO SBS 50-65","2011-01-01","***","***","***","***",1.29478,1.29478]
["CIMENTO ASFÁLTICO MODIFICADO POR POLÍMERO SBS 50-65","2011-02-01","***","***","***","***","***","***"]
["CIMENTO ASFÁLTICO MODIFICADO POR POLÍMERO SBS 50-65","2011-03-01","***","***","***","***","***","***"]
["CIMENTO ASFÁLTICO MODIFICADO POR POLÍMERO SBS 50-65","2011-04-01","***","***","***",1.2592000000000001,"***",1.2592000000000001]
["CIMENTO ASFÁLTICO MODIFICADO POR POLÍMERO SBS 50-65","2011-05-01","***","***",1.6439900000000001,1.1741600000000001,"***",1.32467]
["CIMENTO ASFÁLTICO MODIFICADO POR POLÍMERO SBS 50-65","2011-06-01","***","***",1.63832,1.1746700000000001,"***",1.6013999999999999]
["CIMENTO ASFÁLTICO MODIFICADO POR POLÍMERO SBS 50-65","2011-07-01","***","***",1.49254,1.1730400000000001,"***",1.47237]
["CIMENTO ASFÁLTICO MODIFICADO POR POLÍMERO SBS 50-65","2011-08-01","***","***",1.37517,1.17293,"***",1.3604400000000001]
["CIMENTO ASFÁLTICO MODIFICADO POR POLÍMERO SBS 50-65","2011-09-01","***","***",1.3750899999999999,1.173,1.5575300000000001,1.33114]
["CIMENTO ASFÁLTICO MODIFICADO POR POLÍMERO SBS 50-65","2011-10-01","***","***","***",1.1704699999999999,"***",1.1704699999999999]
["CIMENTO ASFÁLTICO MODIFICADO POR POLÍMERO SBS 50-65","2011-11-01","***","***","***","***","***","***"]
["CIMENTO ASFÁLTICO MODIFICADO POR POLÍMERO SBS 50-65","2011-12-01","***","***","***",1.10371,"***",1.10371]
["CIMENTO ASFÁLTICO MODIFICADO POR POLÍMERO SBS 50-65","2012-01-01","***","***","***",1.10371,"***",1.10371]
["CIMENTO ASFÁLTICO MODIFICADO POR POLÍMERO SBS 50-65","2012-02-01","***","***","***",1.10371,"***",1.10371]
["CIMENTO ASFÁLTICO MODIFICADO POR POLÍMERO SBS 50-65","2012-03-01","***","***","***",1.10371,"***",1.10371]
["CIMENTO ASFÁLTICO MODIFICADO POR POLÍMERO SBS 50-65","2012-04-01","***","***","***",1.10372,"***",1.10372]
["CIMENTO ASFÁLTICO MODIFICADO POR POLÍMERO SBS 50-65","2012-05-01","***","***",1.56877,1.12521,"***",1.3474900000000001]
["CIMENTO ASFÁLTICO MODIFICADO POR POLÍMERO SBS 50-65","2012-06-01","***","***",1.56877,1.14682,"***",1.43211]
["CIMENTO ASFÁLTICO MODIFICADO POR POLÍMERO SBS 50-65","2012-07-01","***","***",1.56877,1.17455,1.36588,1.3721399999999999]
["CIMENTO ASFÁLTICO MODIFICADO POR POLÍMERO SBS 50-65","2012-08-01","***","***",1.56877,1.17455,"***",1.42981]
["CIMENTO ASFÁLTICO MODIFICADO POR POLÍMERO SBS 50-65","2012-09-01","***","***",1.6187100000000001,"***","***",1.6187100000000001]
["CIMENTO ASFÁLTICO MODIFICADO POR POLÍMERO SBS 50-65","2012-10-01","***","***",1.6387499999999999,"***","***",1.6387499999999999]
["CIMENTO ASFÁLTICO MODIFICADO POR POLÍMERO SBS 50-65","2012-11-01","***","***","***","***","***","***"]
["CIMENTO ASFÁLTICO MODIFICADO POR POLÍMERO SBS 50-65","2012-12-01","***","***","***","***","***","***"]
["CIMENTO ASFÁLTICO MODIFICADO POR POLÍMERO SBS 50-65","2013-01-01","***","***","***","***","***","***"]
["CIMENTO ASFÁLTICO MODIFICADO POR POLÍMERO SBS 50-65","2013-02-01","***","***","***","***","***","***"]
["CIMENTO ASFÁLTICO MODIFICADO POR POLÍMERO SBS 50-65","2013-03-01","***","***","***","***","***","***"]
["CIMENTO ASFÁLTICO MODIFICADO POR POLÍMERO SBS 50-65","2013-04-01","***","***","***",1.3120000000000001,"***",1.3120000000000001]
["CIMENTO ASFÁLTICO MODIFICADO POR POLÍMERO SBS 50-65","2013-05-01","***","***","***",1.3120000000000001,1.3225199999999999,1.3135399999999999]
["CIMENTO ASFÁLTICO MODIFICADO POR POLÍMERO SBS 50-65","2013-06-01","***","***","***",1.3120000000000001,"***",1.3120000000000001]
["CIMENTO ASFÁLTICO MODIFICADO POR POLÍMERO SBS 50-65","2013-07-01","***","***","***",1.3120000000000001,"***",1.3120000000000001]
["CIMENTO ASFÁLTICO MODIFICADO POR POLÍMERO SBS 50-65","2013-08-01","***","***","***","***",1.56972,1.56972]
["CIMENTO ASFÁLTICO MODIFICADO POR POLÍMERO SBS 50-65","2013-09-01","***","***","***",1.3120000000000001,"***",1.3120000000000001]
["CIMENTO ASFÁLTICO MODIFICADO POR POLÍMERO SBS 50-65","2013-10-01","***","***","***","***",1.3614900000000001,1.3614900000000001]
["CIMENTO ASFÁLTICO MODIFICADO POR POLÍMERO SBS 50-65","2013-11-01","***","***","***",1.4475100000000001,"***",1.4475100000000001]
["CIMENTO ASFÁLTICO MODIFICADO POR POLÍMERO SBS 50-65","2013-12-01","***","***","***","***","***","***"]
["CIMENTO ASFÁLTICO MODIFICADO POR POLÍMERO SBS 50-65","2014-01-01","***","***","***",1.4235100000000001,"***",1.4235100000000001]
["CIMENTO ASFÁLTICO MODIFICADO POR POLÍMERO SBS 50-65","2014-02-01","***","***","***","***","***","***"]
["CIMENTO ASFÁLTICO MODIFICADO POR POLÍMERO SBS 50-65","2014-03-01","***","***",1.4269700000000001,"***","***",1.4269700000000001]
["CIMENTO ASFÁLTICO MODIFICADO POR POLÍMERO SBS 50-65","2014-04-01","***","***",1.30339,"***","***",1.30339]
["CIMENTO ASFÁLTICO MODIFICADO POR POLÍMERO SBS 50-65","2014-05-01","***","***","***","***","***","***"]
["CIMENTO ASFÁLTICO MODIFICADO POR POLÍMERO SBS 50-65","2014-06-01","***","***","***","***","***","***"]
["CIMENTO ASFÁLTICO MODIFICADO POR POLÍMERO SBS 50-65","2014-07-01","***","***","***","***","***","***"]
["CIMENTO ASFÁLTICO MODIFICADO POR POLÍMERO SBS 50-65","2014-08-01","***","***","***","***","***","***"]
["CIMENTO ASFÁLTICO MODIFICADO POR POLÍMERO SBS 50-65","2014-09-01","***","***","***","***","***","***"]
["CIMENTO ASFÁLTICO MODIFICADO POR POLÍMERO SBS 50-65","2014-10-01","***","***","***","***","***","***"]
["CIMENTO ASFÁLTICO MODIFICADO POR POLÍMERO SBS 50-65","2014-11-01","***","***","***","***","***","***"]
["CIMENTO ASFÁLTICO MODIFICADO POR POLÍMERO SBS 50-65","2014-12-01","***","***","***","***","***","***"]
["CIMENTO ASFÁLTICO MODIFICADO POR POLÍMERO SBS 50-65","2015-01-01","***","***","***","***","***","***"]
["CIMENTO ASFÁLTICO MODIFICADO POR POLÍMERO SBS 50-65","2015-02-01","***","***","***","***","***","***"]
["CIMENTO ASFÁLTICO MODIFICADO POR POLÍMERO SBS 50-65","2015-03-01","***","***","***","***","***","***"]
["CIMENTO ASFÁLTICO MODIFICADO POR POLÍMERO SBS 50-65","2015-04-01","***","***","***","***","***","***"]
["CIMENTO ASFÁLTICO MODIFICADO POR POLÍMERO SBS 50-65","2015-05-01","***","***","***","***","***","***"]
["CIMENTO ASFÁLTICO MODIFICADO POR POLÍMERO SBS 50-65","2015-06-01","***","***","***","***","***","***"]
["CIMENTO ASFÁLTICO MODIFICADO POR POLÍMERO SBS 50-65","2015-07-01","***","***","***","***","***","***"]
["CIMENTO ASFÁLTICO MODIFICADO POR POLÍMERO SBS 50-65","2015-08-01","***","***","***","***","***","***"]
["CIMENTO ASFÁLTICO MODIFICADO POR POLÍMERO SBS 55-75","2009-12-01","***","***","***","***",1.40852,1.40852]
["CIMENTO ASFÁLTICO MODIFICADO POR POLÍMERO SBS 55-75","2010-01-01","***",1.4791099999999999,"***","***",1.4119999999999999,1.45017]
["CIMENTO ASFÁLTICO MODIFICADO POR POLÍMERO SBS 55-75","2010-02-01","***","***","***","***",1.3579000000000001,1.3579000000000001]
["CIMENTO ASFÁLTICO MODIFICADO POR POLÍMERO SBS 55-75","2010-03-01","***","***","***","***",1.3579000000000001,1.3579000000000001]
["CIMENTO ASFÁLTICO MODIFICADO POR POLÍMERO SBS 55-75","2010-04-01","***","***","***","***",1.3579000000000001,1.3579000000000001]
["CIMENTO ASFÁLTICO MODIFICADO POR POLÍMERO SBS 55-75","2010-05-01","***","***","***",1.33582,1.33714,1.33653]
["CIMENTO ASFÁLTICO MODIFICADO POR POLÍMERO SBS 55-75","2010-06-01","***","***","***","***",1.3492500000000001,1.3492500000000001]
["CIMENTO ASFÁLTICO MODIFICADO POR POLÍMERO SBS 55-75","2010-07-01","***",1.44868,"***","***",1.3557300000000001,1.3633299999999999]
["CIMENTO ASFÁLTICO MODIFICADO POR POLÍMERO SBS 55-75","2010-08-01","***","***","***",1.62704,1.33961,1.3549500000000001]
["CIMENTO ASFÁLTICO MODIFICADO POR POLÍMERO SBS 55-75","2010-09-01","***",1.48319,"***",1.3705000000000001,1.33284,1.38662]
["CIMENTO ASFÁLTICO MODIFICADO POR POLÍMERO SBS 55-75","2010-10-01","***",1.48319,"***",1.3792599999999999,1.3094399999999999,1.3460300000000001]
["CIMENTO ASFÁLTICO MODIFICADO POR POLÍMERO SBS 55-75","2010-11-01","***",1.4832000000000001,"***",1.3082499999999999,1.32965,1.3515699999999999]
["CIMENTO ASFÁLTICO MODIFICADO POR POLÍMERO SBS 55-75","2010-12-01","***","***","***",1.3087299999999999,1.3200799999999999,1.31115]
["CIMENTO ASFÁLTICO MODIFICADO POR POLÍMERO SBS 55-75","2011-01-01","***","***","***",1.2826500000000001,1.24743,1.2795099999999999]
["CIMENTO ASFÁLTICO MODIFICADO POR POLÍMERO SBS 55-75","2011-02-01","***",0.78463000000000005,"***",1.26176,1.23996,1.12999]
["CIMENTO ASFÁLTICO MODIFICADO POR POLÍMERO SBS 55-75","2011-03-01","***",1.2996300000000001,"***",1.28085,1.2338,1.2566900000000001]
["CIMENTO ASFÁLTICO MODIFICADO POR POLÍMERO SBS 55-75","2011-04-01","***",1.00474,"***",1.3206800000000001,1.24285,1.2017599999999999]
["CIMENTO ASFÁLTICO MODIFICADO POR POLÍMERO SBS 55-75","2011-05-01","***",0.64171,1.6392,1.11873,1.2408399999999999,1.06829]
["CIMENTO ASFÁLTICO MODIFICADO POR POLÍMERO SBS 55-75","2011-06-01","***",0.96345999999999998,1.6392,1.1553199999999999,1.2211399999999999,1.1620600000000001]
["CIMENTO ASFÁLTICO MODIFICADO POR POLÍMERO SBS 55-75","2011-07-01","***",1.2441800000000001,1.64903,1.26274,1.23024,1.3480700000000001]
["CIMENTO ASFÁLTICO MODIFICADO POR POLÍMERO SBS 55-75","2011-08-01","***",1.23614,1.6640999999999999,"***",1.21723,1.2565900000000001]
["CIMENTO ASFÁLTICO MODIFICADO POR POLÍMERO SBS 55-75","2011-09-01","***",1.4429000000000001,"***",1.36294,1.2035,1.2434400000000001]
["CIMENTO ASFÁLTICO MODIFICADO POR POLÍMERO SBS 55-75","2011-10-01","***",1.39886,1.3739399999999999,1.4555,1.17378,1.3100499999999999]
["CIMENTO ASFÁLTICO MODIFICADO POR POLÍMERO SBS 55-75","2011-11-01","***",1.35042,"***",1.4382699999999999,1.2702,1.32816]
["CIMENTO ASFÁLTICO MODIFICADO POR POLÍMERO SBS 55-75","2011-12-01","***",1.31169,"***",1.3422099999999999,1.1460999999999999,1.2978700000000001]
["CIMENTO ASFÁLTICO MODIFICADO POR POLÍMERO SBS 55-75","2012-01-01","***",1.32091,"***",1.3580399999999999,1.2341800000000001,1.29569]
["CIMENTO ASFÁLTICO MODIFICADO POR POLÍMERO SBS 55-75","2012-02-01","***",1.2906899999999999,"***",1.3615200000000001,1.2902400000000001,1.29633]
["CIMENTO ASFÁLTICO MODIFICADO POR POLÍMERO SBS 55-75","2012-03-01","***",1.3115600000000001,"***",1.4140600000000001,1.2989900000000001,1.3129]
["CIMENTO ASFÁLTICO MODIFICADO POR POLÍMERO SBS 55-75","2012-04-01","***",1.30766,"***",1.45722,1.29026,1.31]
["CIMENTO ASFÁLTICO MODIFICADO POR POLÍMERO SBS 55-75","2012-05-01","***",0.96958999999999995,"***",1.38703,1.2912300000000001,1.1326700000000001]
["CIMENTO ASFÁLTICO MODIFICADO POR POLÍMERO SBS 55-75","2012-06-01","***",1.17014,"***",1.27664,1.3103100000000001,1.2445600000000001]
["CIMENTO ASFÁLTICO MODIFICADO POR POLÍMERO SBS 55-75","2012-07-01","***",1.4348799999999999,"***",1.3393999999999999,1.41787,1.4087499999999999]
["CIMENTO ASFÁLTICO MODIFICADO POR POLÍMERO SBS 55-75","2012-08-01","***",1.3960999999999999,1.7139,1.3468,1.36155,1.44713]
["CIMENTO ASFÁLTICO MODIFICADO POR POLÍMERO SBS 55-75","2012-09-01","***",1.35666,1.7139,1.4555,1.40154,1.4170100000000001]
["CIMENTO ASFÁLTICO MODIFICADO POR POLÍMERO SBS 55-75","2012-10-01","***",1.3691199999999999,1.8284,1.3163899999999999,1.25942,1.3767100000000001]
["CIMENTO ASFÁLTICO MODIFICADO POR POLÍMERO SBS 55-75","2012-11-01","***",1.3636200000000001,1.8284,1.3734999999999999,1.34579,1.4825600000000001]
["CIMENTO ASFÁLTICO MODIFICADO POR POLÍMERO SBS 55-75","2012-12-01","***",1.3432999999999999,1.8284,1.2056500000000001,1.38666,1.38802]
["CIMENTO ASFÁLTICO MODIFICADO POR POLÍMERO SBS 55-75","2013-01-01","***",1.37121,1.8284,1.34958,1.3870800000000001,1.3915]
["CIMENTO ASFÁLTICO MODIFICADO POR POLÍMERO SBS 55-75","2013-02-01","***",1.3809899999999999,1.8284,1.3744700000000001,1.3846000000000001,1.4128099999999999]
["CIMENTO ASFÁLTICO MODIFICADO POR POLÍMERO SBS 55-75","2013-03-01","***",1.3783099999999999,"***",1.30983,1.3793599999999999,1.3729800000000001]
["CIMENTO ASFÁLTICO MODIFICADO POR POLÍMERO SBS 55-75","2013-04-01","***",1.3669899999999999,1.8284,1.3284,1.40313,1.40703]
["CIMENTO ASFÁLTICO MODIFICADO POR POLÍMERO SBS 55-75","2013-05-01","***",1.38801,1.78043,1.2963800000000001,1.4290400000000001,1.4362699999999999]
["CIMENTO ASFÁLTICO MODIFICADO POR POLÍMERO SBS 55-75","2013-06-01","***",1.4021600000000001,1.8239000000000001,1.2984899999999999,1.55501,1.50044]
["CIMENTO ASFÁLTICO MODIFICADO POR POLÍMERO SBS 55-75","2013-07-01","***",1.38717,1.8052699999999999,1.33403,1.44763,1.46756]
["CIMENTO ASFÁLTICO MODIFICADO POR POLÍMERO SBS 55-75","2013-08-01","***",1.3728199999999999,1.8249299999999999,1.34887,1.4924999999999999,1.43919]
["CIMENTO ASFÁLTICO MODIFICADO POR POLÍMERO SBS 55-75","2013-09-01","***",1.3765700000000001,1.8167599999999999,1.3137700000000001,1.45967,1.44374]
["CIMENTO ASFÁLTICO MODIFICADO POR POLÍMERO SBS 55-75","2013-10-01","***",1.31681,1.8378699999999999,"***",1.48898,1.47482]
["CIMENTO ASFÁLTICO MODIFICADO POR POLÍMERO SBS 55-75","2013-11-01","***",1.3216699999999999,1.8283799999999999,"***",1.41289,1.42913]
["CIMENTO ASFÁLTICO MODIFICADO POR POLÍMERO SBS 55-75","2013-12-01","***",1.4425300000000001,"***",1.3446499999999999,1.38392,1.40937]
["CIMENTO ASFÁLTICO MODIFICADO POR POLÍMERO SBS 55-75","2014-01-01","***",1.3379000000000001,1.8284,1.38392,1.4586300000000001,1.4162399999999999]
["CIMENTO ASFÁLTICO MODIFICADO POR POLÍMERO SBS 55-75","2014-02-01","***",1.37168,"***",1.4903,1.40239,1.3955599999999999]
["CIMENTO ASFÁLTICO MODIFICADO POR POLÍMERO SBS 55-75","2014-03-01","***",1.33609,1.8592,1.48956,1.4185000000000001,1.38628]
["CIMENTO ASFÁLTICO MODIFICADO POR POLÍMERO SBS 55-75","2014-04-01","***",1.0858000000000001,1.7494499999999999,1.4887999999999999,1.45181,1.25831]
["CIMENTO ASFÁLTICO MODIFICADO POR POLÍMERO SBS 55-75","2014-05-01","***",1.33663,1.76725,1.3472500000000001,1.47519,1.41811]
["CIMENTO ASFÁLTICO MODIFICADO POR POLÍMERO SBS 55-75","2014-06-01","***",1.3528,"***",1.3493299999999999,1.4381600000000001,1.3952800000000001]
["CIMENTO ASFÁLTICO MODIFICADO POR POLÍMERO SBS 55-75","2014-07-01","***",1.3427500000000001,"***","***",1.42537,1.3890499999999999]
["CIMENTO ASFÁLTICO MODIFICADO POR POLÍMERO SBS 55-75","2014-08-01","***",1.4112,"***","***",1.4752799999999999,1.4495199999999999]
["CIMENTO ASFÁLTICO MODIFICADO POR POLÍMERO SBS 55-75","2014-09-01","***",1.39581,"***","***",1.58951,1.5040199999999999]
["CIMENTO ASFÁLTICO MODIFICADO POR POLÍMERO SBS 55-75","2014-10-01","***",1.37906,1.8783000000000001,1.4945900000000001,1.43571,1.4362600000000001]
["CIMENTO ASFÁLTICO MODIFICADO POR POLÍMERO SBS 55-75","2014-11-01","***",1.4297899999999999,1.8389800000000001,1.4940599999999999,1.5514300000000001,1.5108200000000001]
["CIMENTO ASFÁLTICO MODIFICADO POR POLÍMERO SBS 55-75","2014-12-01","***",1.5294300000000001,2.1386599999999998,1.7207300000000001,1.6982699999999999,1.6213500000000001]
["CIMENTO ASFÁLTICO MODIFICADO POR POLÍMERO SBS 55-75","2015-01-01","***",1.71018,"***","***",1.9804999999999999,1.8054600000000001]
["CIMENTO ASFÁLTICO MODIFICADO POR POLÍMERO SBS 55-75","2015-02-01","***",1.68387,"***","***",1.8121100000000001,1.74855]
["CIMENTO ASFÁLTICO MODIFICADO POR POLÍMERO SBS 55-75","2015-03-01","***",1.8045100000000001,"***",1.68685,1.8177700000000001,1.7696099999999999]
["CIMENTO ASFÁLTICO MODIFICADO POR POLÍMERO SBS 55-75","2015-04-01","***",1.80775,"***",1.73136,1.8111200000000001,1.7825500000000001]
["CIMENTO ASFÁLTICO MODIFICADO POR POLÍMERO SBS 55-75","2015-05-01","***",1.89642,"***",1.65154,1.7811999999999999,1.77715]
["CIMENTO ASFÁLTICO MODIFICADO POR POLÍMERO SBS 55-75","2015-06-01","***",2.0392000000000001,"***",1.71329,1.69309,1.74543]
["CIMENTO ASFÁLTICO MODIFICADO POR POLÍMERO SBS 55-75","2015-07-01","***",1.8790800000000001,"***",2.0011100000000002,1.8652299999999999,1.9063399999999999]
["CIMENTO ASFÁLTICO MODIFICADO POR POLÍMERO SBS 55-75","2015-08-01","***",1.61873,"***",1.8021400000000001,1.7062200000000001,1.73953]
["CIMENTO ASFÁLTICO MODIFICADO POR POLÍMERO SBS 60-85","2009-12-01","***","***",1.79731,1.34168,1.3299799999999999,1.45977]
["CIMENTO ASFÁLTICO MODIFICADO POR POLÍMERO SBS 60-85","2010-01-01","***","***",1.7598100000000001,1.3653599999999999,1.3749,1.4847900000000001]
["CIMENTO ASFÁLTICO MODIFICADO POR POLÍMERO SBS 60-85","2010-02-01","***","***",1.79179,1.3470500000000001,1.38958,1.4663900000000001]
["CIMENTO ASFÁLTICO MODIFICADO POR POLÍMERO SBS 60-85","2010-03-01","***","***",1.83064,1.3565499999999999,1.38286,1.4610799999999999]
["CIMENTO ASFÁLTICO MODIFICADO POR POLÍMERO SBS 60-85","2010-04-01","***","***",1.7870600000000001,1.36016,1.28973,1.56507]
["CIMENTO ASFÁLTICO MODIFICADO POR POLÍMERO SBS 60-85","2010-05-01","***",1.4083399999999999,1.8260799999999999,1.34802,1.34006,1.5217700000000001]
["CIMENTO ASFÁLTICO MODIFICADO POR POLÍMERO SBS 60-85","2010-06-01","***",1.4083399999999999,1.8446199999999999,1.2808600000000001,1.3389899999999999,1.3892800000000001]
["CIMENTO ASFÁLTICO MODIFICADO POR POLÍMERO SBS 60-85","2010-07-01","***",1.4083399999999999,1.83348,1.2855700000000001,1.3338399999999999,1.43245]
["CIMENTO ASFÁLTICO MODIFICADO POR POLÍMERO SBS 60-85","2010-08-01","***",1.4083399999999999,1.8200499999999999,1.2599100000000001,1.3488599999999999,1.39188]
["CIMENTO ASFÁLTICO MODIFICADO POR POLÍMERO SBS 60-85","2010-09-01","***","***",1.77738,1.2940100000000001,1.3686799999999999,1.41089]
["CIMENTO ASFÁLTICO MODIFICADO POR POLÍMERO SBS 60-85","2010-10-01","***","***",1.7855399999999999,1.28243,1.3481300000000001,1.42778]
["CIMENTO ASFÁLTICO MODIFICADO POR POLÍMERO SBS 60-85","2010-11-01","***","***",1.7713300000000001,1.2977000000000001,1.3487499999999999,1.45651]
["CIMENTO ASFÁLTICO MODIFICADO POR POLÍMERO SBS 60-85","2010-12-01","***",1.5686899999999999,1.8676200000000001,1.2801,1.3367100000000001,1.40333]
["CIMENTO ASFÁLTICO MODIFICADO POR POLÍMERO SBS 60-85","2011-01-01","***","***",1.7816099999999999,1.2666299999999999,1.3677600000000001,1.4008100000000001]
["CIMENTO ASFÁLTICO MODIFICADO POR POLÍMERO SBS 60-85","2011-02-01","***",1.6458900000000001,1.9541900000000001,1.32877,1.3742799999999999,1.4033899999999999]
["CIMENTO ASFÁLTICO MODIFICADO POR POLÍMERO SBS 60-85","2011-03-01","***",1.47681,1.84887,1.2339100000000001,1.3669,1.3465]
["CIMENTO ASFÁLTICO MODIFICADO POR POLÍMERO SBS 60-85","2011-04-01","***","***",1.83945,1.30749,1.36025,1.3911500000000001]
["CIMENTO ASFÁLTICO MODIFICADO POR POLÍMERO SBS 60-85","2011-05-01","***",1.3564799999999999,1.72916,1.2712699999999999,1.35761,1.3777900000000001]
["CIMENTO ASFÁLTICO MODIFICADO POR POLÍMERO SBS 60-85","2011-06-01","***",1.35687,1.69818,1.29925,1.32568,1.37693]
["CIMENTO ASFÁLTICO MODIFICADO POR POLÍMERO SBS 60-85","2011-07-01","***",1.3567400000000001,1.68007,1.3086899999999999,1.2673000000000001,1.4104000000000001]
["CIMENTO ASFÁLTICO MODIFICADO POR POLÍMERO SBS 60-85","2011-08-01","***",1.35544,1.7126399999999999,1.3169,1.29819,1.43011]
["CIMENTO ASFÁLTICO MODIFICADO POR POLÍMERO SBS 60-85","2011-09-01","***","***",1.73634,1.28078,1.27152,1.3711500000000001]
["CIMENTO ASFÁLTICO MODIFICADO POR POLÍMERO SBS 60-85","2011-10-01","***",1.43249,1.5629200000000001,1.2883100000000001,1.2820800000000001,1.3766099999999999]
["CIMENTO ASFÁLTICO MODIFICADO POR POLÍMERO SBS 60-85","2011-11-01","***","***",1.4480200000000001,1.29613,1.24448,1.33297]
["CIMENTO ASFÁLTICO MODIFICADO POR POLÍMERO SBS 60-85","2011-12-01","***",1.4181900000000001,1.3328800000000001,1.31806,1.2727999999999999,1.31856]
["CIMENTO ASFÁLTICO MODIFICADO POR POLÍMERO SBS 60-85","2012-01-01","***",1.41818,1.39262,1.30305,1.27481,1.3132699999999999]
["CIMENTO ASFÁLTICO MODIFICADO POR POLÍMERO SBS 60-85","2012-02-01","***",1.41818,1.3411500000000001,1.32358,1.27742,1.31839]
["CIMENTO ASFÁLTICO MODIFICADO POR POLÍMERO SBS 60-85","2012-03-01","***",1.4181999999999999,1.3177300000000001,1.34148,1.2391300000000001,1.3242]
["CIMENTO ASFÁLTICO MODIFICADO POR POLÍMERO SBS 60-85","2012-04-01","***",1.4181900000000001,1.42439,1.34873,1.2441800000000001,1.3345899999999999]
["CIMENTO ASFÁLTICO MODIFICADO POR POLÍMERO SBS 60-85","2012-05-01","***",1.4181999999999999,1.4416199999999999,1.38005,1.2616000000000001,1.3548]
["CIMENTO ASFÁLTICO MODIFICADO POR POLÍMERO SBS 60-85","2012-06-01","***","***",1.47339,1.4155599999999999,1.32315,1.4186700000000001]
["CIMENTO ASFÁLTICO MODIFICADO POR POLÍMERO SBS 60-85","2012-07-01","***","***",1.5829800000000001,1.44641,1.3657900000000001,1.4834700000000001]
["CIMENTO ASFÁLTICO MODIFICADO POR POLÍMERO SBS 60-85","2012-08-01","***","***",1.5409200000000001,1.39317,1.37242,1.4642900000000001]
["CIMENTO ASFÁLTICO MODIFICADO POR POLÍMERO SBS 60-85","2012-09-01","***","***",1.59432,1.4045700000000001,1.34605,1.50898]
["CIMENTO ASFÁLTICO MODIFICADO POR POLÍMERO SBS 60-85","2012-10-01",1.55,1.41822,1.58595,1.4288099999999999,1.3621000000000001,1.51067]
["CIMENTO ASFÁLTICO MODIFICADO POR POLÍMERO SBS 60-85","2012-11-01","***",1.43249,1.61961,1.4126799999999999,1.3269599999999999,1.4871799999999999]
["CIMENTO ASFÁLTICO MODIFICADO POR POLÍMERO SBS 60-85","2012-12-01","***",1.4182900000000001,1.5654600000000001,1.4057900000000001,1.3414200000000001,1.43546]
["CIMENTO ASFÁLTICO MODIFICADO POR POLÍMERO SBS 60-85","2013-01-01","***","***",1.49919,1.43483,1.34859,1.4289099999999999]
["CIMENTO ASFÁLTICO MODIFICADO POR POLÍMERO SBS 60-85","2013-02-01","***","***",1.4540999999999999,1.44617,1.3572,1.41387]
["CIMENTO ASFÁLTICO MODIFICADO POR POLÍMERO SBS 60-85","2013-03-01","***",1.4182399999999999,1.4616100000000001,1.33633,1.39693,1.3846799999999999]
["CIMENTO ASFÁLTICO MODIFICADO POR POLÍMERO SBS 60-85","2013-04-01","***",1.4182300000000001,1.4911799999999999,1.30393,1.3628,1.35853]
["CIMENTO ASFÁLTICO MODIFICADO POR POLÍMERO SBS 60-85","2013-05-01","***","***",1.5093799999999999,1.29158,1.34744,1.3711199999999999]
["CIMENTO ASFÁLTICO MODIFICADO POR POLÍMERO SBS 60-85","2013-06-01","***","***",1.6416500000000001,1.42614,1.3643099999999999,1.48793]
["CIMENTO ASFÁLTICO MODIFICADO POR POLÍMERO SBS 60-85","2013-07-01","***",1.41821,1.6992,1.4791099999999999,1.37121,1.5094799999999999]
["CIMENTO ASFÁLTICO MODIFICADO POR POLÍMERO SBS 60-85","2013-08-01","***",1.41821,1.8454299999999999,1.4910099999999999,1.3545700000000001,1.5182899999999999]
["CIMENTO ASFÁLTICO MODIFICADO POR POLÍMERO SBS 60-85","2013-09-01","***","***",1.72018,1.4576,1.3657999999999999,1.4906699999999999]
["CIMENTO ASFÁLTICO MODIFICADO POR POLÍMERO SBS 60-85","2013-10-01","***","***",1.64693,1.4773499999999999,1.38679,1.48451]
["CIMENTO ASFÁLTICO MODIFICADO POR POLÍMERO SBS 60-85","2013-11-01","***","***",1.6656599999999999,1.45899,1.4117200000000001,1.47658]
["CIMENTO ASFÁLTICO MODIFICADO POR POLÍMERO SBS 60-85","2013-12-01","***",2.21984,1.66744,1.44767,1.43344,1.4637100000000001]
["CIMENTO ASFÁLTICO MODIFICADO POR POLÍMERO SBS 60-85","2014-01-01","***","***",1.5931500000000001,1.4636400000000001,1.3649199999999999,1.4621299999999999]
["CIMENTO ASFÁLTICO MODIFICADO POR POLÍMERO SBS 60-85","2014-02-01","***",2.21984,1.6563600000000001,1.48624,1.4158599999999999,1.5072300000000001]
["CIMENTO ASFÁLTICO MODIFICADO POR POLÍMERO SBS 60-85","2014-03-01","***",2.21984,1.63758,1.5001500000000001,1.6499900000000001,1.55084]
["CIMENTO ASFÁLTICO MODIFICADO POR POLÍMERO SBS 60-85","2014-04-01","***",1.63164,1.57742,1.47357,1.55538,1.50756]
["CIMENTO ASFÁLTICO MODIFICADO POR POLÍMERO SBS 60-85","2014-05-01","***",1.33643,1.6735599999999999,1.5419099999999999,1.5283500000000001,1.5581700000000001]
["CIMENTO ASFÁLTICO MODIFICADO POR POLÍMERO SBS 60-85","2014-06-01","***","***",1.68574,1.5075099999999999,1.42658,1.52807]
["CIMENTO ASFÁLTICO MODIFICADO POR POLÍMERO SBS 60-85","2014-07-01","***","***",1.69598,1.45431,1.42035,1.53468]
["CIMENTO ASFÁLTICO MODIFICADO POR POLÍMERO SBS 60-85","2014-08-01","***","***",1.66015,1.44554,1.41608,1.48943]
["CIMENTO ASFÁLTICO MODIFICADO POR POLÍMERO SBS 60-85","2014-09-01","***",2.21983,1.8424100000000001,1.57846,1.4496800000000001,1.63141]
["CIMENTO ASFÁLTICO MODIFICADO POR POLÍMERO SBS 60-85","2014-10-01","***",2.21984,1.6926399999999999,1.50512,1.4412499999999999,1.5458499999999999]
["CIMENTO ASFÁLTICO MODIFICADO POR POLÍMERO SBS 60-85","2014-11-01","***",2.21984,1.7836700000000001,1.5214000000000001,1.47353,1.58196]
["CIMENTO ASFÁLTICO MODIFICADO POR POLÍMERO SBS 60-85","2014-12-01","***",2.21983,1.8157300000000001,1.65716,1.55844,1.6741200000000001]
["CIMENTO ASFÁLTICO MODIFICADO POR POLÍMERO SBS 60-85","2015-01-01","***","***",1.63449,1.7525599999999999,1.71008,1.7219100000000001]
["CIMENTO ASFÁLTICO MODIFICADO POR POLÍMERO SBS 60-85","2015-02-01","***",1.42256,1.74413,1.76555,1.6843300000000001,1.71313]
["CIMENTO ASFÁLTICO MODIFICADO POR POLÍMERO SBS 60-85","2015-03-01","***",2.2300800000000001,1.6817299999999999,1.73366,1.76172,1.73936]
["CIMENTO ASFÁLTICO MODIFICADO POR POLÍMERO SBS 60-85","2015-04-01","***",2.1488900000000002,1.7584200000000001,1.71424,1.7845800000000001,1.7547200000000001]
["CIMENTO ASFÁLTICO MODIFICADO POR POLÍMERO SBS 60-85","2015-05-01","***",2.11503,1.6313200000000001,1.6837599999999999,1.7766500000000001,1.7039899999999999]
["CIMENTO ASFÁLTICO MODIFICADO POR POLÍMERO SBS 60-85","2015-06-01","***","***",1.72739,1.6123700000000001,1.8777200000000001,1.7592000000000001]
["CIMENTO ASFÁLTICO MODIFICADO POR POLÍMERO SBS 60-85","2015-07-01","***",1.0702400000000001,1.7950999999999999,1.6676800000000001,1.8787100000000001,1.80406]
["CIMENTO ASFÁLTICO MODIFICADO POR POLÍMERO SBS 60-85","2015-08-01","***",1.08002,2.0048499999999998,1.66222,1.8720300000000001,1.8551]
["CIMENTO ASFÁLTICO MODIFICADO POR POLÍMERO SBS 65-90","2009-12-01","***","***","***","***",1.3855999999999999,1.3855999999999999]
["CIMENTO ASFÁLTICO MODIFICADO POR POLÍMERO SBS 65-90","2010-01-01","***","***","***","***",1.5105999999999999,1.5105999999999999]
["CIMENTO ASFÁLTICO MODIFICADO POR POLÍMERO SBS 65-90","2010-02-01","***","***","***",1.4157999999999999,1.50278,1.4372]
["CIMENTO ASFÁLTICO MODIFICADO POR POLÍMERO SBS 65-90","2010-03-01","***","***","***",1.7021299999999999,1.48072,1.5846800000000001]
["CIMENTO ASFÁLTICO MODIFICADO POR POLÍMERO SBS 65-90","2010-04-01","***","***","***","***","***","***"]
["CIMENTO ASFÁLTICO MODIFICADO POR POLÍMERO SBS 65-90","2010-05-01","***","***","***","***",1.3461000000000001,1.3461000000000001]
["CIMENTO ASFÁLTICO MODIFICADO POR POLÍMERO SBS 65-90","2010-06-01","***","***","***","***",1.3456999999999999,1.3456999999999999]
["CIMENTO ASFÁLTICO MODIFICADO POR POLÍMERO SBS 65-90","2010-07-01","***","***","***","***",1.43089,1.43089]
["CIMENTO ASFÁLTICO MODIFICADO POR POLÍMERO SBS 65-90","2010-08-01","***","***","***","***",1.3437600000000001,1.3437600000000001]
["CIMENTO ASFÁLTICO MODIFICADO POR POLÍMERO SBS 65-90","2010-09-01","***","***","***","***",1.3452999999999999,1.3452999999999999]
["CIMENTO ASFÁLTICO MODIFICADO POR POLÍMERO SBS 65-90","2010-10-01","***","***","***","***","***","***"]
["CIMENTO ASFÁLTICO MODIFICADO POR POLÍMERO SBS 65-90","2010-11-01","***","***","***","***",1.3455999999999999,1.3455999999999999]
["CIMENTO ASFÁLTICO MODIFICADO POR POLÍMERO SBS 65-90","2010-12-01","***","***","***",1.49577,"***",1.49577]
["CIMENTO ASFÁLTICO MODIFICADO POR POLÍMERO SBS 65-90","2011-01-01","***","***","***","***",1.4714700000000001,1.4714700000000001]
["CIMENTO ASFÁLTICO MODIFICADO POR POLÍMERO SBS 65-90","2011-02-01","***","***","***",1.4656400000000001,1.5205599999999999,1.4769300000000001]
["CIMENTO ASFÁLTICO MODIFICADO POR POLÍMERO SBS 65-90","2011-03-01","***","***","***",1.45316,1.5205599999999999,1.4915099999999999]
["CIMENTO ASFÁLTICO MODIFICADO POR POLÍMERO SBS 65-90","2011-04-01","***","***","***",1.46489,1.40984,1.4331499999999999]
["CIMENTO ASFÁLTICO MODIFICADO POR POLÍMERO SBS 65-90","2011-05-01","***","***","***",1.4505300000000001,1.2829999999999999,1.3635200000000001]
["CIMENTO ASFÁLTICO MODIFICADO POR POLÍMERO SBS 65-90","2011-06-01","***","***","***",1.44814,1.25423,1.3312299999999999]
["CIMENTO ASFÁLTICO MODIFICADO POR POLÍMERO SBS 65-90","2011-07-01","***","***","***",1.4477800000000001,1.34642,1.3996299999999999]
["CIMENTO ASFÁLTICO MODIFICADO POR POLÍMERO SBS 65-90","2011-08-01","***","***","***",1.48177,1.4175500000000001,1.45523]
["CIMENTO ASFÁLTICO MODIFICADO POR POLÍMERO SBS 65-90","2011-09-01","***","***","***",1.4739,1.3483099999999999,1.3953]
["CIMENTO ASFÁLTICO MODIFICADO POR POLÍMERO SBS 65-90","2011-10-01","***","***","***",3.81454,1.35,1.6363300000000001]
["CIMENTO ASFÁLTICO MODIFICADO POR POLÍMERO SBS 65-90","2011-11-01","***","***","***",1.4758100000000001,1.3992199999999999,1.4512400000000001]
["CIMENTO ASFÁLTICO MODIFICADO POR POLÍMERO SBS 65-90","2011-12-01","***","***","***",1.4191199999999999,1.27919,1.3707]
["CIMENTO ASFÁLTICO MODIFICADO POR POLÍMERO SBS 65-90","2012-01-01","***","***","***",1.4583600000000001,"***",1.4583600000000001]
["CIMENTO ASFÁLTICO MODIFICADO POR POLÍMERO SBS 65-90","2012-02-01","***","***","***",1.4323999999999999,1.4065700000000001,1.42797]
["CIMENTO ASFÁLTICO MODIFICADO POR POLÍMERO SBS 65-90","2012-03-01","***","***","***",1.48214,1.03999,1.36955]
["CIMENTO ASFÁLTICO MODIFICADO POR POLÍMERO SBS 65-90","2012-04-01","***","***","***",1.54863,"***",1.54863]
["CIMENTO ASFÁLTICO MODIFICADO POR POLÍMERO SBS 65-90","2012-05-01","***","***","***",1.5604899999999999,1.1076999999999999,1.5354699999999999]
["CIMENTO ASFÁLTICO MODIFICADO POR POLÍMERO SBS 65-90","2012-06-01","***","***","***",1.5808,"***",1.5808]
["CIMENTO ASFÁLTICO MODIFICADO POR POLÍMERO SBS 65-90","2012-07-01","***","***","***",1.70543,"***",1.70543]
["CIMENTO ASFÁLTICO MODIFICADO POR POLÍMERO SBS 65-90","2012-08-01","***","***","***",1.7291399999999999,"***",1.7291399999999999]
["CIMENTO ASFÁLTICO MODIFICADO POR POLÍMERO SBS 65-90","2012-09-01","***","***","***",1.61503,1.353,1.5983400000000001]
["CIMENTO ASFÁLTICO MODIFICADO POR POLÍMERO SBS 65-90","2012-10-01","***","***","***",1.6526000000000001,"***",1.6526000000000001]
["CIMENTO ASFÁLTICO MODIFICADO POR POLÍMERO SBS 65-90","2012-11-01","***","***","***",1.6797800000000001,1.5986,1.6664300000000001]
["CIMENTO ASFÁLTICO MODIFICADO POR POLÍMERO SBS 65-90","2012-12-01","***","***","***","***","***","***"]
["CIMENTO ASFÁLTICO MODIFICADO POR POLÍMERO SBS 65-90","2013-01-01","***","***","***",1.5523100000000001,"***",1.5523100000000001]
["CIMENTO ASFÁLTICO MODIFICADO POR POLÍMERO SBS 65-90","2013-02-01","***","***","***",1.5694300000000001,"***",1.5694300000000001]
["CIMENTO ASFÁLTICO MODIFICADO POR POLÍMERO SBS 65-90","2013-03-01","***","***","***","***","***","***"]
["CIMENTO ASFÁLTICO MODIFICADO POR POLÍMERO SBS 65-90","2013-04-01","***","***","***",1.2172000000000001,1.3603799999999999,1.3039000000000001]
["CIMENTO ASFÁLTICO MODIFICADO POR POLÍMERO SBS 65-90","2013-05-01","***","***",2.032,1.5507500000000001,1.3603799999999999,1.8671500000000001]
["CIMENTO ASFÁLTICO MODIFICADO POR POLÍMERO SBS 65-90","2013-06-01","***","***",2.032,"***","***",2.032]
["CIMENTO ASFÁLTICO MODIFICADO POR POLÍMERO SBS 65-90","2013-07-01","***","***",1.9375,"***",1.43022,1.7920199999999999]
["CIMENTO ASFÁLTICO MODIFICADO POR POLÍMERO SBS 65-90","2013-08-01","***","***",1.9973399999999999,"***",0.86665999999999999,1.8358000000000001]
["CIMENTO ASFÁLTICO MODIFICADO POR POLÍMERO SBS 65-90","2013-09-01","***","***",2.1069800000000001,1.7026699999999999,"***",1.9764600000000001]
["CIMENTO ASFÁLTICO MODIFICADO POR POLÍMERO SBS 65-90","2013-10-01","***","***",2.0745800000000001,1.8091900000000001,"***",2.0059]
["CIMENTO ASFÁLTICO MODIFICADO POR POLÍMERO SBS 65-90","2013-11-01","***","***",2.0416099999999999,1.6103099999999999,1.5908,1.83646]
["CIMENTO ASFÁLTICO MODIFICADO POR POLÍMERO SBS 65-90","2013-12-01","***","***",2.0897000000000001,1.6990799999999999,1.5908,1.68973]
["CIMENTO ASFÁLTICO MODIFICADO POR POLÍMERO SBS 65-90","2014-01-01","***","***","***",1.6241000000000001,1.5908,1.6142300000000001]
["CIMENTO ASFÁLTICO MODIFICADO POR POLÍMERO SBS 65-90","2014-02-01","***","***",2.21,1.61958,1.5908,1.6940200000000001]
["CIMENTO ASFÁLTICO MODIFICADO POR POLÍMERO SBS 65-90","2014-03-01","***","***",2.0563699999999998,1.7114,1.5908,1.82023]
["CIMENTO ASFÁLTICO MODIFICADO POR POLÍMERO SBS 65-90","2014-04-01","***","***","***","***","***","***"]
["CIMENTO ASFÁLTICO MODIFICADO POR POLÍMERO SBS 65-90","2014-05-01","***","***","***","***",1.5239199999999999,1.5239199999999999]
["CIMENTO ASFÁLTICO MODIFICADO POR POLÍMERO SBS 65-90","2014-06-01","***","***",2.1922000000000001,"***",1.4975799999999999,1.7475499999999999]
["CIMENTO ASFÁLTICO MODIFICADO POR POLÍMERO SBS 65-90","2014-07-01","***","***","***","***",1.3667400000000001,1.3667400000000001]
["CIMENTO ASFÁLTICO MODIFICADO POR POLÍMERO SBS 65-90","2014-08-01","***","***","***","***",1.4450499999999999,1.4450499999999999]
["CIMENTO ASFÁLTICO MODIFICADO POR POLÍMERO SBS 65-90","2014-09-01","***","***","***","***",1.2511399999999999,1.2511399999999999]
["CIMENTO ASFÁLTICO MODIFICADO POR POLÍMERO SBS 65-90","2014-10-01","***","***","***",1.12947,1.36988,1.28237]
["CIMENTO ASFÁLTICO MODIFICADO POR POLÍMERO SBS 65-90","2014-11-01","***","***","***",1.1404799999999999,1.48359,1.3369200000000001]
["CIMENTO ASFÁLTICO MODIFICADO POR POLÍMERO SBS 65-90","2014-12-01","***","***","***",1.24918,1.6455599999999999,1.5600499999999999]
["CIMENTO ASFÁLTICO MODIFICADO POR POLÍMERO SBS 65-90","2015-01-01","***","***","***",1.4214800000000001,1.84859,1.55115]
["CIMENTO ASFÁLTICO MODIFICADO POR POLÍMERO SBS 65-90","2015-02-01","***","***","***",1.4472400000000001,1.8332299999999999,1.4752000000000001]
["CIMENTO ASFÁLTICO MODIFICADO POR POLÍMERO SBS 65-90","2015-03-01","***","***",1.95696,1.5864799999999999,1.8187500000000001,1.6815500000000001]
["CIMENTO ASFÁLTICO MODIFICADO POR POLÍMERO SBS 65-90","2015-04-01","***","***","***",1.4080999999999999,1.8266100000000001,1.5415000000000001]
["CIMENTO ASFÁLTICO MODIFICADO POR POLÍMERO SBS 65-90","2015-05-01","***","***","***","***",1.77545,1.77545]
["CIMENTO ASFÁLTICO MODIFICADO POR POLÍMERO SBS 65-90","2015-06-01","***","***","***",1.7199599999999999,2.1328999999999998,1.92435]
["CIMENTO ASFÁLTICO MODIFICADO POR POLÍMERO SBS 65-90","2015-07-01","***","***","***",1.7629999999999999,"***",1.7629999999999999]
["CIMENTO ASFÁLTICO MODIFICADO POR POLÍMERO SBS 65-90","2015-08-01","***","***","***",1.7742899999999999,"***",1.7742899999999999]
["CIMENTOS ASFÁLTICOS CAP-150-200","2008-11-01","***","***","***","***","***","***"]
["CIMENTOS ASFÁLTICOS CAP-150-200","2008-12-01","***","***","***","***","***","***"]
["CIMENTOS ASFÁLTICOS CAP-150-200","2009-01-01","***","***","***","***","***","***"]
["CIMENTOS ASFÁLTICOS CAP-150-200","2009-02-01","***","***","***","***","***","***"]
["CIMENTOS ASFÁLTICOS CAP-150-200","2009-03-01","***","***","***","***","***","***"]
["CIMENTOS ASFÁLTICOS CAP-150-200","2009-04-01","***","***","***","***","***","***"]
["CIMENTOS ASFÁLTICOS CAP-150-200","2009-05-01","***","***","***","***","***","***"]
["CIMENTOS ASFÁLTICOS CAP-150-200","2009-06-01","***","***","***","***","***","***"]
["CIMENTOS ASFÁLTICOS CAP-150-200","2009-07-01","***","***","***","***","***","***"]
["CIMENTOS ASFÁLTICOS CAP-150-200","2009-08-01","***","***","***","***","***","***"]
["CIMENTOS ASFÁLTICOS CAP-150-200","2009-09-01","***","***","***","***","***","***"]
["CIMENTOS ASFÁLTICOS CAP-150-200","2009-10-01","***","***","***","***","***","***"]
["CIMENTOS ASFÁLTICOS CAP-150-200","2009-11-01","***","***","***","***","***","***"]
["CIMENTOS ASFÁLTICOS CAP-150-200","2009-12-01","***","***","***","***","***","***"]
["CIMENTOS ASFÁLTICOS CAP-150-200","2010-01-01","***","***","***","***","***","***"]
["CIMENTOS ASFÁLTICOS CAP-150-200","2010-02-01","***","***","***","***","***","***"]
["CIMENTOS ASFÁLTICOS CAP-150-200","2010-03-01","***","***","***","***","***","***"]
["CIMENTOS ASFÁLTICOS CAP-150-200","2010-04-01","***","***","***","***","***","***"]
["CIMENTOS ASFÁLTICOS CAP-150-200","2010-05-01","***","***","***","***","***","***"]
["CIMENTOS ASFÁLTICOS CAP-150-200","2010-06-01","***","***","***","***","***","***"]
["CIMENTOS ASFÁLTICOS CAP-150-200","2010-07-01","***","***","***","***","***","***"]
["CIMENTOS ASFÁLTICOS CAP-150-200","2010-08-01","***","***","***","***","***","***"]
["CIMENTOS ASFÁLTICOS CAP-150-200","2010-09-01","***","***","***","***","***","***"]
["CIMENTOS ASFÁLTICOS CAP-150-200","2010-10-01","***","***","***","***","***","***"]
["CIMENTOS ASFÁLTICOS CAP-150-200","2010-11-01","***","***","***","***","***","***"]
["CIMENTOS ASFÁLTICOS CAP-150-200","2010-12-01","***","***","***","***","***","***"]
["CIMENTOS ASFÁLTICOS CAP-150-200","2011-01-01","***","***","***","***","***","***"]
["CIMENTOS ASFÁLTICOS CAP-150-200","2011-02-01","***","***","***","***","***","***"]
["CIMENTOS ASFÁLTICOS CAP-150-200","2011-03-01","***","***","***","***","***","***"]
["CIMENTOS ASFÁLTICOS CAP-150-200","2011-04-01","***","***","***","***","***","***"]
["CIMENTOS ASFÁLTICOS CAP-150-200","2011-05-01","***","***","***","***","***","***"]
["CIMENTOS ASFÁLTICOS CAP-150-200","2011-06-01","***","***","***","***","***","***"]
["CIMENTOS ASFÁLTICOS CAP-150-200","2011-07-01","***","***","***","***","***","***"]
["CIMENTOS ASFÁLTICOS CAP-150-200","2011-08-01","***","***","***","***","***","***"]
["CIMENTOS ASFÁLTICOS CAP-150-200","2011-09-01","***","***","***","***","***","***"]
["CIMENTOS ASFÁLTICOS CAP-150-200","2011-10-01","***","***","***","***","***","***"]
["CIMENTOS ASFÁLTICOS CAP-150-200","2011-11-01","***","***","***","***","***","***"]
["CIMENTOS ASFÁLTICOS CAP-150-200","2011-12-01","***","***","***","***","***","***"]
["CIMENTOS ASFÁLTICOS CAP-150-200","2012-01-01","***","***","***","***","***","***"]
["CIMENTOS ASFÁLTICOS CAP-150-200","2012-02-01","***","***","***","***","***","***"]
["CIMENTOS ASFÁLTICOS CAP-150-200","2012-03-01","***","***","***","***","***","***"]
["CIMENTOS ASFÁLTICOS CAP-150-200","2012-04-01","***","***","***","***","***","***"]
["CIMENTOS ASFÁLTICOS CAP-150-200","2012-05-01","***","***","***","***","***","***"]
["CIMENTOS ASFÁLTICOS CAP-150-200","2012-06-01","***","***","***","***","***","***"]
["CIMENTOS ASFÁLTICOS CAP-150-200","2012-07-01","***","***","***","***","***","***"]
["CIMENTOS ASFÁLTICOS CAP-150-200","2012-08-01","***","***","***","***","***","***"]
["CIMENTOS ASFÁLTICOS CAP-150-200","2012-09-01","***","***","***","***","***","***"]
["CIMENTOS ASFÁLTICOS CAP-150-200","2012-10-01","***","***","***","***","***","***"]
["CIMENTOS ASFÁLTICOS CAP-150-200","2012-11-01","***","***","***","***","***","***"]
["CIMENTOS ASFÁLTICOS CAP-150-200","2012-12-01","***","***","***","***","***","***"]
["CIMENTOS ASFÁLTICOS CAP-150-200","2013-01-01","***","***","***","***","***","***"]
["CIMENTOS ASFÁLTICOS CAP-150-200","2013-02-01","***","***","***","***","***","***"]
["CIMENTOS ASFÁLTICOS CAP-150-200","2013-03-01","***","***","***","***","***","***"]
["CIMENTOS ASFÁLTICOS CAP-150-200","2013-04-01","***","***","***","***","***","***"]
["CIMENTOS ASFÁLTICOS CAP-150-200","2013-05-01","***","***","***","***","***","***"]
["CIMENTOS ASFÁLTICOS CAP-150-200","2013-06-01","***","***","***","***","***","***"]
["CIMENTOS ASFÁLTICOS CAP-150-200","2013-07-01","***","***","***","***","***","***"]
["CIMENTOS ASFÁLTICOS CAP-150-200","2013-08-01","***","***","***","***","***","***"]
["CIMENTOS ASFÁLTICOS CAP-150-200","2013-09-01","***","***","***","***","***","***"]
["CIMENTOS ASFÁLTICOS CAP-150-200","2013-10-01","***","***","***","***","***","***"]
["CIMENTOS ASFÁLTICOS CAP-150-200","2013-11-01","***","***","***","***","***","***"]
["CIMENTOS ASFÁLTICOS CAP-150-200","2013-12-01","***","***","***","***","***","***"]
["CIMENTOS ASFÁLTICOS CAP-150-200","2014-01-01","***","***","***","***","***","***"]
["CIMENTOS ASFÁLTICOS CAP-150-200","2014-02-01","***","***","***","***","***","***"]
["CIMENTOS ASFÁLTICOS CAP-150-200","2014-03-01","***","***","***","***","***","***"]
["CIMENTOS ASFÁLTICOS CAP-150-200","2014-04-01","***","***","***","***","***","***"]
["CIMENTOS ASFÁLTICOS CAP-150-200","2014-05-01","***","***","***","***","***","***"]
["CIMENTOS ASFÁLTICOS CAP-150-200","2014-06-01","***","***","***","***","***","***"]
["CIMENTOS ASFÁLTICOS CAP-150-200","2014-07-01","***","***","***","***","***","***"]
["CIMENTOS ASFÁLTICOS CAP-150-200","2014-08-01","***","***","***","***","***","***"]
["CIMENTOS ASFÁLTICOS CAP-150-200","2014-09-01","***","***","***","***","***","***"]
["CIMENTOS ASFÁLTICOS CAP-150-200","2014-10-01","***","***","***","***","***","***"]
["CIMENTOS ASFÁLTICOS CAP-150-200","2014-11-01","***","***","***","***","***","***"]
["CIMENTOS ASFÁLTICOS CAP-150-200","2014-12-01","***","***","***","***","***","***"]
["CIMENTOS ASFÁLTICOS CAP-150-200","2015-01-01","***","***","***","***","***","***"]
["CIMENTOS ASFÁLTICOS CAP-150-200","2015-02-01","***","***","***","***","***","***"]
["CIMENTOS ASFÁLTICOS CAP-150-200","2015-03-01","***","***","***","***","***","***"]
["CIMENTOS ASFÁLTICOS CAP-150-200","2015-04-01","***","***","***","***","***","***"]
["CIMENTOS ASFÁLTICOS CAP-150-200","2015-05-01","***","***","***","***","***","***"]
["CIMENTOS ASFÁLTICOS CAP-150-200","2015-06-01","***","***","***","***","***","***"]
["CIMENTOS ASFÁLTICOS CAP-150-200","2015-07-01","***","***","***","***","***","***"]
["CIMENTOS ASFÁLTICOS CAP-150-200","2015-08-01","***","***","***","***","***","***"]
["CIMENTOS ASFÁLTICOS CAP-150-200","2015-09-01","***","***","***","***","***","***"]
["CIMENTOS ASFÁLTICOS CAP-150-200","2015-10-01","***","***","***","***","***","***"]
["CIMENTOS ASFÁLTICOS CAP-150-200","2015-11-01","***","***","***","***","***","***"]
["CIMENTOS ASFÁLTICOS CAP-150-200","2015-12-01","***","***","***","***","***","***"]
["CIMENTOS ASFÁLTICOS CAP-150-200","2016-01-01","***","***","***","***","***","***"]
["CIMENTOS ASFÁLTICOS CAP-150-200","2016-02-01","***","***","***","***","***","***"]
["CIMENTOS ASFÁLTICOS CAP-150-200","2016-03-01","***","***","***","***","***","***"]
["CIMENTOS ASFÁLTICOS CAP-150-200","2016-04-01","***","***","***","***","***","***"]
["CIMENTOS ASFÁLTICOS CAP-150-200","2016-05-01","***","***","***","***","***","***"]
["CIMENTOS ASFÁLTICOS CAP-150-200","2016-06-01","***","***","***","***","***","***"]
["CIMENTOS ASFÁLTICOS CAP-150-200","2016-07-01","***","***","***","***","***","***"]
["CIMENTOS ASFÁLTICOS CAP-150-200","2016-08-01","***","***","***","***","***","***"]
["CIMENTOS ASFÁLTICOS CAP-150-200","2016-09-01","***","***","***","***","***","***"]
["CIMENTOS ASFÁLTICOS CAP-150-200","2016-10-01","***","***","***","***","***","***"]
["CIMENTOS ASFÁLTICOS CAP-150-200","2016-11-01","***","***","***","***","***","***"]
["CIMENTOS ASFÁLTICOS CAP-150-200","2016-12-01","***","***","***","***","***","***"]
["CIMENTOS ASFÁLTICOS CAP-150-200","2017-01-01","***","***","***","***","***","***"]
["CIMENTOS ASFÁLTICOS CAP-150-200","2017-02-01","***","***","***","***","***","***"]
["CIMENTOS ASFÁLTICOS CAP-150-200","2017-03-01","***","***","***","***","***","***"]
["CIMENTOS ASFÁLTICOS CAP-150-200","2017-04-01","***","***","***","***","***","***"]
["CIMENTOS ASFÁLTICOS CAP-150-200","2017-05-01","***","***","***","***","***","***"]
["CIMENTOS ASFÁLTICOS CAP-150-200","2017-06-01","***","***","***","***","***","***"]
["CIMENTOS ASFÁLTICOS CAP-150-200","2017-07-01","***","***","***","***","***","***"]
["CIMENTOS ASFÁLTICOS CAP-150-200","2017-08-01","***","***","***","***","***","***"]
["CIMENTOS ASFÁLTICOS CAP-150-200","2017-09-01","***","***","***","***","***","***"]
["CIMENTOS ASFÁLTICOS CAP-150-200","2017-10-01","***","***","***","***","***","***"]
["CIMENTOS ASFÁLTICOS CAP-150-200","2017-11-01","***","***","***","***","***","***"]
["CIMENTOS ASFÁLTICOS CAP-150-200","2017-12-01","***","***","***","***","***","***"]
["CIMENTOS ASFÁLTICOS CAP-150-200","2018-01-01","***","***","***","***","***","***"]
["CIMENTOS ASFÁLTICOS CAP-150-200","2018-02-01","***","***","***","***","***","***"]
["CIMENTOS ASFÁLTICOS CAP-150-200","2018-03-01","***","***","***","***","***","***"]
["CIMENTOS ASFÁLTICOS CAP-150-200","2018-04-01","***","***","***","***","***","***"]
["CIMENTOS ASFÁLTICOS CAP-150-200","2018-05-01","***","***","***","***","***","***"]
["CIMENTOS ASFÁLTICOS CAP-150-200","2018-06-01","***","***","***","***","***","***"]
["CIMENTOS ASFÁLTICOS CAP-150-200","2018-07-01","***","***","***","***","***","***"]
["CIMENTOS ASFÁLTICOS CAP-150-200","2018-08-01","***","***","***","***","***","***"]
["CIMENTOS ASFÁLTICOS CAP-150-200","2018-09-01","***","***","***","***","***","***"]
["CIMENTOS ASFÁLTICOS CAP-150-200","2018-10-01","***","***","***","***","***","***"]
["CIMENTOS ASFÁLTICOS CAP-150-200","2018-11-01","***","***","***","***","***","***"]
["CIMENTOS ASFÁLTICOS CAP-150-200","2018-12-01","***","***","***","***","***","***"]
["CIMENTOS ASFÁLTICOS CAP-150-200","2019-01-01","***","***","***","***","***","***"]
["CIMENTOS ASFÁLTICOS CAP-150-200","2019-02-01","***","***","***","***","***","***"]
["CIMENTOS ASFÁLTICOS CAP-150-200","2019-03-01","***","***","***","***","***","***"]
["CIMENTOS ASFÁLTICOS CAP-150-200","2019-04-01","***","***","***","***","***","***"]
["CIMENTOS ASFÁLTICOS CAP-150-200","2019-05-01","***","***","***","***","***","***"]
["CIMENTOS ASFÁLTICOS CAP-150-200","2019-06-01","***","***","***","***","***","***"]
["CIMENTOS ASFÁLTICOS CAP-150-200","2019-07-01","***","***","***","***","***","***"]
["CIMENTOS ASFÁLTICOS CAP-150-200","2019-08-01","***","***","***","***","***","***"]
["CIMENTOS ASFÁLTICOS CAP-150-200","2019-09-01","***","***","***","***","***","***"]
["CIMENTOS ASFÁLTICOS CAP-150-200","2019-10-01","***","***","***","***","***","***"]
["CIMENTOS ASFÁLTICOS CAP-150-200","2019-11-01","***","***","***","***","***","***"]
["CIMENTOS ASFÁLTICOS CAP-150-200","2019-12-01","***","***","***","***","***","***"]
["CIMENTOS ASFÁLTICOS CAP-150-200","2020-01-01","***","***","***","***","***","***"]
["CIMENTOS ASFÁLTICOS CAP-150-200","2020-02-01","***","***","***","***","***","***"]
["CIMENTOS ASFÁLTICOS CAP-150-200","2020-03-01","***","***","***","***","***","***"]
["CIMENTOS ASFÁLTICOS CAP-150-200","2020-04-01","***","***","***","***","***","***"]
["CIMENTOS ASFÁLTICOS CAP-150-200","2020-05-01","***","***","***","***","***","***"]
["CIMENTOS ASFÁLTICOS CAP-150-200","2020-06-01","***","***","***","***","***","***"]
["CIMENTOS ASFÁLTICOS CAP-150-200","2020-07-01","***","***","***","***","***","***"]
["CIMENTOS ASFÁLTICOS CAP-150-200","2020-08-01","***","***","***","***","***","***"]
["CIMENTOS ASFÁLTICOS CAP-150-200","2020-09-01","***","***","***","***","***","***"]
["CIMENTOS ASFÁLTICOS CAP-150-200","2020-10-01","***","***","***","***","***","***"]
["CIMENTOS ASFÁLTICOS CAP-150-200","2020-11-01","***","***","***","***","***","***"]
["CIMENTOS ASFÁLTICOS CAP-150-200","2020-12-01","***","***","***","***","***","***"]
["CIMENTOS ASFÁLTICOS CAP-150-200","2021-01-01","***","***","***","***","***","***"]
["CIMENTOS ASFÁLTICOS CAP-150-200","2021-02-01","***","***","***","***","***","***"]
["CIMENTOS ASFÁLTICOS CAP-150-200","2021-03-01","***","***","***","***","***","***"]
["CIMENTOS ASFÁLTICOS CAP-150-200","2021-04-01","***","***","***","***","***","***"]
["CIMENTOS ASFÁLTICOS CAP-150-200","2021-05-01","***","***","***",6.4181100000000004,"***",6.4181100000000004]
["CIMENTOS ASFÁLTICOS CAP-150-200","2021-06-01","***","***","***","***","***","***"]
["CIMENTOS ASFÁLTICOS CAP-150-200","2021-07-01","***","***","***","***","***","***"]
["CIMENTOS ASFÁLTICOS CAP-150-200","2021-08-01","***","***","***","***","***","***"]
["CIMENTOS ASFÁLTICOS CAP-150-200","2021-09-01","***","***","***","***","***","***"]
["CIMENTOS ASFÁLTICOS CAP-150-200","2021-10-01","***","***","***","***","***","***"]
["CIMENTOS ASFÁLTICOS CAP-150-200","2021-11-01","***","***","***","***","***","***"]
["CIMENTOS ASFÁLTICOS CAP-150-200","2021-12-01","***","***","***","***","***","***"]
["CIMENTOS ASFÁLTICOS CAP-150-200","2022-01-01","***","***","***","***","***","***"]
["CIMENTOS ASFÁLTICOS CAP-150-200","2022-02-01","***","***","***","***","***","***"]
["CIMENTOS ASFÁLTICOS CAP-150-200","2022-03-01","***","***","***","***","***","***"]
["CIMENTOS ASFÁLTICOS CAP-150-200","2022-04-01","***","***","***","***","***","***"]
["CIMENTOS ASFÁLTICOS CAP-150-200","2022-05-01","***","***","***","***","***","***"]
["CIMENTOS ASFÁLTICOS CAP-150-200","2022-06-01","***","***","***","***","***","***"]
["CIMENTOS ASFÁLTICOS CAP-150-200","2022-07-01","***","***","***","***","***","***"]
["CIMENTOS ASFÁLTICOS CAP-150-200","2022-08-01","***","***","***","***","***","***"]
["CIMENTOS ASFÁLTICOS CAP-150-200","2022-09-01","***","***","***","***","***","***"]
["CIMENTOS ASFÁLTICOS CAP-150-200","2022-10-01","***","***","***","***","***","***"]
["CIMENTOS ASFÁLTICOS CAP-150-200","2022-11-01","***","***","***",7.2317600000000004,"***",7.2317600000000004]
["CIMENTOS ASFÁLTICOS CAP-150-200","2022-12-01","***","***","***","***","***","***"]
["CIMENTOS ASFÁLTICOS CAP-150-200","2023-01-01","***","***","***","***","***","***"]
["CIMENTOS ASFÁLTICOS CAP-150-200","2023-02-01","***","***","***","***","***","***"]
["CIMENTOS ASFÁLTICOS CAP-150-200","2023-03-01","***","***","***","***","***","***"]
["CIMENTOS ASFÁLTICOS CAP-150-200","2023-04-01","***","***","***","***","***","***"]
["CIMENTOS ASFÁLTICOS CAP-150-200","2023-05-01","***","***","***","***","***","***"]
["CIMENTOS ASFÁLTICOS CAP-150-200","2023-06-01","***","***","***","***","***","***"]
["CIMENTOS ASFÁLTICOS CAP-150-200","2023-07-01","***","***","***","***","***","***"]
["CIMENTOS ASFÁLTICOS CAP-150-200","2023-08-01","***","***","***","***","***","***"]
["CIMENTOS ASFÁLTICOS CAP-150-200","2023-09-01","***","***","***","***","***","***"]
["CIMENTOS ASFÁLTICOS CAP-150-200","2023-10-01","***","***","***","***","***","***"]
["CIMENTOS ASFÁLTICOS CAP-30-45","2008-11-01","***","***",2.202,0.96389999999999998,"***",0.96845999999999999]
["CIMENTOS ASFÁLTICOS CAP-30-45","2008-12-01","***","***","***",1.0096400000000001,"***",1.0096400000000001]
["CIMENTOS ASFÁLTICOS CAP-30-45","2009-01-01","***","***","***",0.90312999999999999,0.90890000000000004,0.90315000000000001]
["CIMENTOS ASFÁLTICOS CAP-30-45","2009-02-01","***","***","***",0.95408000000000004,"***",0.95408000000000004]
["CIMENTOS ASFÁLTICOS CAP-30-45","2009-03-01","***","***",1.20916,0.96948999999999996,"***",0.98341000000000001]
["CIMENTOS ASFÁLTICOS CAP-30-45","2009-04-01","***","***",1.2592000000000001,0.96535000000000004,"***",0.98568999999999996]
["CIMENTOS ASFÁLTICOS CAP-30-45","2009-05-01","***","***",1.30179,0.93903000000000003,"***",0.96650999999999998]
["CIMENTOS ASFÁLTICOS CAP-30-45","2009-06-01","***","***",1.2924599999999999,0.91556999999999999,0.88366999999999996,0.97746999999999995]
["CIMENTOS ASFÁLTICOS CAP-30-45","2009-07-01",1.1983299999999999,"***",1.3162199999999999,1.0332699999999999,"***",1.0809299999999999]
["CIMENTOS ASFÁLTICOS CAP-30-45","2009-08-01",1.14252,"***",1.29142,0.94288000000000005,"***",0.99329000000000001]
["CIMENTOS ASFÁLTICOS CAP-30-45","2009-09-01",1.21797,"***",1.2733099999999999,0.95338999999999996,"***",1.0160100000000001]
["CIMENTOS ASFÁLTICOS CAP-30-45","2009-10-01",1.1499900000000001,"***",1.323,0.92445999999999995,0.90934000000000004,1.0011300000000001]
["CIMENTOS ASFÁLTICOS CAP-30-45","2009-11-01",1.14551,0.92452000000000001,1.3,0.92630000000000001,0.86553999999999998,0.97250000000000003]
["CIMENTOS ASFÁLTICOS CAP-30-45","2009-12-01",1.14185,"***",1.4794400000000001,0.97485999999999995,0.88865000000000005,0.98343000000000003]
["CIMENTOS ASFÁLTICOS CAP-30-45","2010-01-01",1.1327799999999999,"***",1.4777400000000001,0.93215000000000003,0.88843000000000005,0.94381999999999999]
["CIMENTOS ASFÁLTICOS CAP-30-45","2010-02-01",1.14411,"***",1.46776,0.91215000000000002,0.90125999999999995,0.92317000000000005]
["CIMENTOS ASFÁLTICOS CAP-30-45","2010-03-01",1.14052,"***",1.4205300000000001,0.90919000000000005,0.89570000000000005,0.92374000000000001]
["CIMENTOS ASFÁLTICOS CAP-30-45","2010-04-01",1.1443700000000001,"***",1.4627399999999999,0.91671999999999998,0.89346000000000003,0.92639000000000005]
["CIMENTOS ASFÁLTICOS CAP-30-45","2010-05-01",1.1417999999999999,"***","***",0.89498,0.88290000000000002,0.89676]
["CIMENTOS ASFÁLTICOS CAP-30-45","2010-06-01",0.93679000000000001,"***","***",0.88636999999999999,0.88685999999999998,0.88685999999999998]
["CIMENTOS ASFÁLTICOS CAP-30-45","2010-07-01",0.91215000000000002,"***","***",0.87158999999999998,0.96455000000000002,0.87197000000000002]
["CIMENTOS ASFÁLTICOS CAP-30-45","2010-08-01",0.91642999999999997,"***","***",0.86739999999999995,0.95062999999999998,0.86911000000000005]
["CIMENTOS ASFÁLTICOS CAP-30-45","2010-09-01",0.90717999999999999,"***","***",0.86278999999999995,0.95986000000000005,0.86450000000000005]
["CIMENTOS ASFÁLTICOS CAP-30-45","2010-10-01",0.98382999999999998,"***","***",0.89561999999999997,0.97526000000000002,0.89759999999999995]
["CIMENTOS ASFÁLTICOS CAP-30-45","2010-11-01",1.15629,"***","***",0.91139999999999999,"***",0.91263000000000005]
["CIMENTOS ASFÁLTICOS CAP-30-45","2010-12-01",1.21086,"***","***",0.91776000000000002,1.115,0.92013]
["CIMENTOS ASFÁLTICOS CAP-30-45","2011-01-01",1.15754,"***","***",0.91220999999999997,"***",0.91305999999999998]
["CIMENTOS ASFÁLTICOS CAP-30-45","2011-02-01",1.18533,"***","***",0.88668000000000002,"***",0.88754]
["CIMENTOS ASFÁLTICOS CAP-30-45","2011-03-01","***","***","***",0.86643000000000003,"***",0.86643000000000003]
["CIMENTOS ASFÁLTICOS CAP-30-45","2011-04-01","***","***","***",0.85189999999999999,"***",0.85189999999999999]
["CIMENTOS ASFÁLTICOS CAP-30-45","2011-05-01",1.1499900000000001,"***","***",0.84492999999999996,"***",0.84526000000000001]
["CIMENTOS ASFÁLTICOS CAP-30-45","2011-06-01",1.12191,"***","***",0.83362000000000003,"***",0.83435000000000004]
["CIMENTOS ASFÁLTICOS CAP-30-45","2011-07-01",0.87477000000000005,"***","***",0.83638999999999997,0.87853000000000003,0.83664000000000005]
["CIMENTOS ASFÁLTICOS CAP-30-45","2011-08-01",0.97814000000000001,"***","***",0.83792,0.87855000000000005,0.83923999999999999]
["CIMENTOS ASFÁLTICOS CAP-30-45","2011-09-01",1.0348999999999999,"***",1.2137,0.83506999999999998,0.87861999999999996,0.83818000000000004]
["CIMENTOS ASFÁLTICOS CAP-30-45","2011-10-01",1.0822499999999999,"***","***",0.83396999999999999,0.86319999999999997,0.83587999999999996]
["CIMENTOS ASFÁLTICOS CAP-30-45","2011-11-01",1.0822499999999999,"***","***",0.83074000000000003,0.86180000000000001,0.83218000000000003]
["CIMENTOS ASFÁLTICOS CAP-30-45","2011-12-01",0.87485000000000002,"***",1.0307999999999999,0.83026,0.94277999999999995,0.83067999999999997]
["CIMENTOS ASFÁLTICOS CAP-30-45","2012-01-01","***","***",1.034,0.83199000000000001,"***",0.83230000000000004]
["CIMENTOS ASFÁLTICOS CAP-30-45","2012-02-01","***","***",1.0352600000000001,0.83940000000000003,"***",0.84036]
["CIMENTOS ASFÁLTICOS CAP-30-45","2012-03-01",1.14157,"***",1.03335,0.85390999999999995,0.81542999999999999,0.85506000000000004]
["CIMENTOS ASFÁLTICOS CAP-30-45","2012-04-01","***","***",1.10809,0.86021999999999998,0.82633000000000001,0.86175000000000002]
["CIMENTOS ASFÁLTICOS CAP-30-45","2012-05-01",1.1564000000000001,"***",1.0928599999999999,0.86321999999999999,"***",0.86477000000000004]
["CIMENTOS ASFÁLTICOS CAP-30-45","2012-06-01","***","***",1.09429,0.86763999999999997,"***",0.86919000000000002]
["CIMENTOS ASFÁLTICOS CAP-30-45","2012-07-01","***","***",1.0966100000000001,0.86695,0.73311000000000004,0.86926000000000003]
["CIMENTOS ASFÁLTICOS CAP-30-45","2012-08-01","***","***",1.10907,0.86912,"***",0.87048000000000003]
["CIMENTOS ASFÁLTICOS CAP-30-45","2012-09-01","***","***",1.0989199999999999,0.87404999999999999,0.73311000000000004,0.87351999999999996]
["CIMENTOS ASFÁLTICOS CAP-30-45","2012-10-01","***","***",1.12073,0.87192999999999998,0.92335999999999996,0.87331000000000003]
["CIMENTOS ASFÁLTICOS CAP-30-45","2012-11-01","***","***",1.0935900000000001,0.88024999999999998,"***",0.88100999999999996]
["CIMENTOS ASFÁLTICOS CAP-30-45","2012-12-01","***","***",1.0942099999999999,0.87334999999999996,"***",0.87533000000000005]
["CIMENTOS ASFÁLTICOS CAP-30-45","2013-01-01","***","***",1.1126100000000001,0.86326000000000003,"***",0.86543999999999999]
["CIMENTOS ASFÁLTICOS CAP-30-45","2013-02-01","***","***","***",0.86809999999999998,"***",0.86809999999999998]
["CIMENTOS ASFÁLTICOS CAP-30-45","2013-03-01","***","***",1.0839799999999999,0.88675000000000004,"***",0.88712000000000002]
["CIMENTOS ASFÁLTICOS CAP-30-45","2013-04-01","***","***",1.09616,0.88449,"***",0.88522999999999996]
["CIMENTOS ASFÁLTICOS CAP-30-45","2013-05-01","***","***",1.1580299999999999,0.88688999999999996,"***",0.89341000000000004]
["CIMENTOS ASFÁLTICOS CAP-30-45","2013-06-01","***","***",1.0316000000000001,0.87333000000000005,"***",0.87705999999999995]
["CIMENTOS ASFÁLTICOS CAP-30-45","2013-07-01","***","***",1.1397600000000001,0.88105999999999995,"***",0.88758999999999999]
["CIMENTOS ASFÁLTICOS CAP-30-45","2013-08-01","***","***",1.1375,0.88988,0.96648000000000001,0.89673999999999998]
["CIMENTOS ASFÁLTICOS CAP-30-45","2013-09-01","***","***",1.16886,0.90564,"***",0.91710999999999998]
["CIMENTOS ASFÁLTICOS CAP-30-45","2013-10-01","***","***",1.1241300000000001,0.89339000000000002,"***",0.89910000000000001]
["CIMENTOS ASFÁLTICOS CAP-30-45","2013-11-01","***","***",1.1345700000000001,0.90200000000000002,"***",0.91291]
["CIMENTOS ASFÁLTICOS CAP-30-45","2013-12-01","***","***",1.0421800000000001,0.91215000000000002,1.0627200000000001,0.91569999999999996]
["CIMENTOS ASFÁLTICOS CAP-30-45","2014-01-01","***","***",1.14758,0.91088999999999998,1.0039499999999999,0.91844000000000003]
["CIMENTOS ASFÁLTICOS CAP-30-45","2014-02-01","***","***",1.0527599999999999,0.91579999999999995,1.0627200000000001,0.91776000000000002]
["CIMENTOS ASFÁLTICOS CAP-30-45","2014-03-01","***","***",1.1183700000000001,0.91376999999999997,1.0627200000000001,0.91879999999999995]
["CIMENTOS ASFÁLTICOS CAP-30-45","2014-04-01","***","***",1.0756699999999999,0.90678000000000003,1.0627200000000001,0.91227999999999998]
["CIMENTOS ASFÁLTICOS CAP-30-45","2014-05-01","***","***",1.0755300000000001,0.90280000000000005,1.0627200000000001,0.91264999999999996]
["CIMENTOS ASFÁLTICOS CAP-30-45","2014-06-01","***","***",1.12188,0.89763000000000004,"***",0.91527000000000003]
["CIMENTOS ASFÁLTICOS CAP-30-45","2014-07-01","***","***",1.05948,0.89398999999999995,"***",0.90503]
["CIMENTOS ASFÁLTICOS CAP-30-45","2014-08-01","***","***",1.0931299999999999,0.89302000000000004,0.92156000000000005,0.91096999999999995]
["CIMENTOS ASFÁLTICOS CAP-30-45","2014-09-01","***","***",1.2094,0.90881999999999996,0.92156000000000005,0.93303999999999998]
["CIMENTOS ASFÁLTICOS CAP-30-45","2014-10-01","***","***",1.12602,0.87978000000000001,1.0627200000000001,0.89566000000000001]
["CIMENTOS ASFÁLTICOS CAP-30-45","2014-11-01","***","***",1.1310800000000001,0.90049999999999997,1.0627200000000001,0.91620999999999997]
["CIMENTOS ASFÁLTICOS CAP-30-45","2014-12-01","***","***",1.20947,1.00617,"***",1.0174700000000001]
["CIMENTOS ASFÁLTICOS CAP-30-45","2015-01-01",1.5476000000000001,"***",1.47898,1.1831400000000001,"***",1.2079299999999999]
["CIMENTOS ASFÁLTICOS CAP-30-45","2015-02-01",1.5935999999999999,"***",1.4524699999999999,1.19034,"***",1.2011700000000001]
["CIMENTOS ASFÁLTICOS CAP-30-45","2015-03-01","***","***",1.4917499999999999,1.18632,0.92156000000000005,1.19916]
["CIMENTOS ASFÁLTICOS CAP-30-45","2015-04-01",1.3197000000000001,"***",1.3712200000000001,1.1669,1.1911,1.1707799999999999]
["CIMENTOS ASFÁLTICOS CAP-30-45","2015-05-01",1.2819400000000001,"***",1.24966,1.1716599999999999,"***",1.17581]
["CIMENTOS ASFÁLTICOS CAP-30-45","2015-06-01",1.3191200000000001,"***",1.30003,1.1597200000000001,"***",1.1656899999999999]
["CIMENTOS ASFÁLTICOS CAP-30-45","2015-07-01","***","***",1.22956,1.1497999999999999,1.1802999999999999,1.15415]
["CIMENTOS ASFÁLTICOS CAP-30-45","2015-08-01","***","***",1.2532799999999999,1.1488700000000001,1.18001,1.15415]
["CIMENTOS ASFÁLTICOS CAP-30-45","2015-09-01","***","***",1.399,1.2213799999999999,1.26508,1.23142]
["CIMENTOS ASFÁLTICOS CAP-30-45","2015-10-01","***","***",1.44364,1.28972,1.2984100000000001,1.29498]
["CIMENTOS ASFÁLTICOS CAP-30-45","2015-11-01","***","***",1.6947000000000001,1.45543,1.4437800000000001,1.4621599999999999]
["CIMENTOS ASFÁLTICOS CAP-30-45","2015-12-01","***","***",1.7588999999999999,1.4723200000000001,1.4418299999999999,1.47661]
["CIMENTOS ASFÁLTICOS CAP-30-45","2016-01-01","***","***",1.7401,1.4709399999999999,1.44282,1.4718100000000001]
["CIMENTOS ASFÁLTICOS CAP-30-45","2016-02-01","***","***",1.6206700000000001,1.46556,1.4466300000000001,1.46696]
["CIMENTOS ASFÁLTICOS CAP-30-45","2016-03-01","***","***",1.5191600000000001,1.4681500000000001,1.4417500000000001,1.4688600000000001]
["CIMENTOS ASFÁLTICOS CAP-30-45","2016-04-01",1.6218399999999999,"***",1.73645,1.6167899999999999,1.6047800000000001,1.6216299999999999]
["CIMENTOS ASFÁLTICOS CAP-30-45","2016-05-01",1.6218399999999999,"***",1.7533700000000001,1.62934,1.5871599999999999,1.63371]
["CIMENTOS ASFÁLTICOS CAP-30-45","2016-06-01","***","***",1.7332399999999999,1.6317999999999999,1.6465799999999999,1.6381699999999999]
["CIMENTOS ASFÁLTICOS CAP-30-45","2016-07-01","***","***",1.7055899999999999,1.63835,1.6782900000000001,1.6440699999999999]
["CIMENTOS ASFÁLTICOS CAP-30-45","2016-08-01","***","***",1.6664000000000001,1.63872,1.6350499999999999,1.64117]
["CIMENTOS ASFÁLTICOS CAP-30-45","2016-09-01","***","***",1.60466,1.52311,1.53261,1.53396]
["CIMENTOS ASFÁLTICOS CAP-30-45","2016-10-01",1.6735800000000001,"***",1.5772999999999999,1.49821,1.5383800000000001,1.51328]
["CIMENTOS ASFÁLTICOS CAP-30-45","2016-11-01","***","***",1.63808,1.4920100000000001,1.4957800000000001,1.50728]
["CIMENTOS ASFÁLTICOS CAP-30-45","2016-12-01","***","***",1.5144299999999999,1.4683600000000001,1.54714,1.4791300000000001]
["CIMENTOS ASFÁLTICOS CAP-30-45","2017-01-01",1.62096,"***",1.4978800000000001,1.4437800000000001,1.5408500000000001,1.4580900000000001]
["CIMENTOS ASFÁLTICOS CAP-30-45","2017-02-01","***","***",1.59321,1.4381299999999999,1.49472,1.45838]
["CIMENTOS ASFÁLTICOS CAP-30-45","2017-03-01",1.6719999999999999,"***",1.50373,1.4355199999999999,1.4720200000000001,1.4452]
["CIMENTOS ASFÁLTICOS CAP-30-45","2017-04-01","***","***",1.49918,1.3828400000000001,1.4307799999999999,1.3996900000000001]
["CIMENTOS ASFÁLTICOS CAP-30-45","2017-05-01","***",1.3877299999999999,1.4911700000000001,1.3481399999999999,1.40639,1.3723399999999999]
["CIMENTOS ASFÁLTICOS CAP-30-45","2017-06-01",1.1929000000000001,1.43754,1.5402899999999999,1.3617699999999999,1.4154800000000001,1.4005300000000001]
["CIMENTOS ASFÁLTICOS CAP-30-45","2017-07-01",1.3884300000000001,1.38588,1.54965,1.36589,1.3878200000000001,1.4015299999999999]
["CIMENTOS ASFÁLTICOS CAP-30-45","2017-08-01",1.4416899999999999,1.3736299999999999,1.4813700000000001,1.35947,1.38202,1.3831800000000001]
["CIMENTOS ASFÁLTICOS CAP-30-45","2017-09-01",1.47746,1.4207700000000001,1.54488,1.36256,1.39211,1.39889]
["CIMENTOS ASFÁLTICOS CAP-30-45","2017-10-01",1.5351300000000001,1.4319900000000001,1.55874,1.3903700000000001,1.41455,1.4252]
["CIMENTOS ASFÁLTICOS CAP-30-45","2017-11-01",1.4111800000000001,1.5713600000000001,1.63134,1.51129,1.5492699999999999,1.54247]
["CIMENTOS ASFÁLTICOS CAP-30-45","2017-12-01",1.3932599999999999,1.5672299999999999,1.6239600000000001,1.5359400000000001,1.51549,1.5402499999999999]
["CIMENTOS ASFÁLTICOS CAP-30-45","2018-01-01",1.6476900000000001,1.65655,1.72105,1.6345099999999999,1.5560499999999999,1.63205]
["CIMENTOS ASFÁLTICOS CAP-30-45","2018-02-01",1.52078,1.68485,1.7109799999999999,1.6502699999999999,1.60948,1.6487499999999999]
["CIMENTOS ASFÁLTICOS CAP-30-45","2018-03-01",1.4915799999999999,1.6337900000000001,1.6447700000000001,1.6423399999999999,1.60941,1.63374]
["CIMENTOS ASFÁLTICOS CAP-30-45","2018-04-01",1.5350900000000001,1.6156600000000001,1.7219599999999999,1.5829599999999999,1.58876,1.5957300000000001]
["CIMENTOS ASFÁLTICOS CAP-30-45","2018-05-01",1.6376599999999999,1.6812800000000001,1.8706400000000001,1.71919,1.7531000000000001,1.7327900000000001]
["CIMENTOS ASFÁLTICOS CAP-30-45","2018-06-01",1.8336300000000001,1.8275399999999999,1.9932099999999999,1.8084899999999999,1.7889999999999999,1.8325100000000001]
["CIMENTOS ASFÁLTICOS CAP-30-45","2018-07-01",1.7835399999999999,1.9503299999999999,2.05179,1.9350400000000001,1.94001,1.9501200000000001]
["CIMENTOS ASFÁLTICOS CAP-30-45","2018-08-01",1.8515299999999999,2.0970599999999999,2.2760899999999999,2.1250599999999999,2.0844200000000002,2.12588]
["CIMENTOS ASFÁLTICOS CAP-30-45","2018-09-01",1.87598,2.12222,2.2980200000000002,2.1623100000000002,2.13354,2.1598999999999999]
["CIMENTOS ASFÁLTICOS CAP-30-45","2018-10-01",2.0102600000000002,2.0943299999999998,2.1893099999999999,2.1812399999999998,2.2231299999999998,2.1666799999999999]
["CIMENTOS ASFÁLTICOS CAP-30-45","2018-11-01",2.24993,2.46713,2.6231599999999999,2.4524400000000002,2.4637500000000001,2.46007]
["CIMENTOS ASFÁLTICOS CAP-30-45","2018-12-01",2.1946300000000001,2.4114499999999999,2.4944500000000001,2.4846400000000002,2.5259,2.4792000000000001]
["CIMENTOS ASFÁLTICOS CAP-30-45","2019-01-01",2.1719499999999998,2.3904899999999998,2.6067399999999998,2.4580500000000001,2.49817,2.4630000000000001]
["CIMENTOS ASFÁLTICOS CAP-30-45","2019-02-01",2.4876499999999999,2.5380199999999999,2.7157100000000001,2.66953,2.7445400000000002,2.6634000000000002]
["CIMENTOS ASFÁLTICOS CAP-30-45","2019-03-01",2.3374199999999998,2.54975,2.87215,2.6691199999999999,2.6913100000000001,2.6752799999999999]
["CIMENTOS ASFÁLTICOS CAP-30-45","2019-04-01",2.4543300000000001,2.5871,2.9035000000000002,2.6731500000000001,2.78111,2.6960000000000002]
["CIMENTOS ASFÁLTICOS CAP-30-45","2019-05-01",2.2983699999999998,2.5964499999999999,2.8723700000000001,2.6876199999999999,2.7879299999999998,2.7041900000000001]
["CIMENTOS ASFÁLTICOS CAP-30-45","2019-06-01",2.4379400000000002,2.5312100000000002,2.9418000000000002,2.6577799999999998,2.7737699999999998,2.7044600000000001]
["CIMENTOS ASFÁLTICOS CAP-30-45","2019-07-01",2.3901400000000002,2.51519,2.9600900000000001,2.6722800000000002,2.75569,2.6992099999999999]
["CIMENTOS ASFÁLTICOS CAP-30-45","2019-08-01",2.19773,2.30986,2.70871,2.4541499999999998,2.53783,2.48184]
["CIMENTOS ASFÁLTICOS CAP-30-45","2019-09-01",2.1307800000000001,2.3214000000000001,2.6918000000000002,2.4380500000000001,2.5297100000000001,2.4629799999999999]
["CIMENTOS ASFÁLTICOS CAP-30-45","2019-10-01",2.2474799999999999,2.34917,2.6948099999999999,2.4738799999999999,2.4813700000000001,2.4752299999999998]
["CIMENTOS ASFÁLTICOS CAP-30-45","2019-11-01",2.0679799999999999,2.4090199999999999,2.7281499999999999,2.5423900000000001,2.5370699999999999,2.5280900000000002]
["CIMENTOS ASFÁLTICOS CAP-30-45","2019-12-01",2.0472299999999999,2.35961,2.7938800000000001,2.55063,2.5049000000000001,2.52284]
["CIMENTOS ASFÁLTICOS CAP-30-45","2020-01-01",2.1168200000000001,2.3938999999999999,2.90008,2.5499700000000001,2.6045799999999999,2.54081]
["CIMENTOS ASFÁLTICOS CAP-30-45","2020-02-01",2.0373899999999998,2.22641,2.6091899999999999,2.3458999999999999,2.3795500000000001,2.34083]
["CIMENTOS ASFÁLTICOS CAP-30-45","2020-03-01",1.87896,2.18737,2.5018099999999999,2.3410600000000001,2.3490899999999999,2.32117]
["CIMENTOS ASFÁLTICOS CAP-30-45","2020-04-01",1.83789,2.1612200000000001,2.4384100000000002,2.3045900000000001,2.3041999999999998,2.2924899999999999]
["CIMENTOS ASFÁLTICOS CAP-30-45","2020-05-01",2.0522200000000002,2.1252499999999999,2.4698899999999999,2.31732,2.3746399999999999,2.3105699999999998]
["CIMENTOS ASFÁLTICOS CAP-30-45","2020-06-01",2.0615000000000001,2.1663199999999998,2.4457100000000001,2.2961900000000002,2.3914399999999998,2.3010100000000002]
["CIMENTOS ASFÁLTICOS CAP-30-45","2020-07-01",2.0554899999999998,2.16404,2.43357,2.2979699999999998,2.3873199999999999,2.2939600000000002]
["CIMENTOS ASFÁLTICOS CAP-30-45","2020-08-01",2.21801,2.2648600000000001,2.57938,2.4143500000000002,2.4999600000000002,2.4070399999999998]
["CIMENTOS ASFÁLTICOS CAP-30-45","2020-09-01",2.18567,2.3238099999999999,2.6134900000000001,2.4114,2.4645700000000001,2.41201]
["CIMENTOS ASFÁLTICOS CAP-30-45","2020-10-01",2.0923099999999999,2.3199399999999999,2.6310099999999998,2.4331399999999999,2.4822299999999999,2.4307099999999999]
["CIMENTOS ASFÁLTICOS CAP-30-45","2020-11-01",2.3139699999999999,2.4969700000000001,2.7637700000000001,2.6207099999999999,2.70736,2.6184599999999998]
["CIMENTOS ASFÁLTICOS CAP-30-45","2020-12-01",2.45208,"***",2.8173400000000002,2.5323500000000001,2.6066699999999998,2.55844]
["CIMENTOS ASFÁLTICOS CAP-30-45","2021-01-01",2.5731999999999999,"***",2.7031100000000001,2.5777000000000001,3.2358799999999999,2.60114]
["CIMENTOS ASFÁLTICOS CAP-30-45","2021-02-01","***","***",2.7976100000000002,2.8399899999999998,3.2993299999999999,2.8431600000000001]
["CIMENTOS ASFÁLTICOS CAP-30-45","2021-03-01","***","***",2.85162,2.8418600000000001,3.4076399999999998,2.8594599999999999]
["CIMENTOS ASFÁLTICOS CAP-30-45","2021-04-01","***","***",2.9539,2.86151,3.4491499999999999,2.88991]
["CIMENTOS ASFÁLTICOS CAP-30-45","2021-05-01","***","***",3.4424199999999998,3.4946799999999998,3.8990499999999999,3.488]
["CIMENTOS ASFÁLTICOS CAP-30-45","2021-06-01",3.3012600000000001,"***",3.4260899999999999,3.5003199999999999,4.2544000000000004,3.5031599999999998]
["CIMENTOS ASFÁLTICOS CAP-30-45","2021-07-01","***","***",3.5858099999999999,3.53661,3.9937800000000001,3.54786]
["CIMENTOS ASFÁLTICOS CAP-30-45","2021-08-01",3.13307,3.53905,3.7062200000000001,3.6894100000000001,4.00075,3.6922700000000002]
["CIMENTOS ASFÁLTICOS CAP-30-45","2021-09-01","***","***",3.6148799999999999,3.6845599999999998,3.7792599999999998,3.6738599999999999]
["CIMENTOS ASFÁLTICOS CAP-30-45","2021-10-01",3.41161,"***",3.5771700000000002,3.6698,3.5521600000000002,3.6539600000000001]
["CIMENTOS ASFÁLTICOS CAP-30-45","2021-11-01",3.7868900000000001,"***",4.0105599999999999,4.0174899999999996,4.7354200000000004,4.0240999999999998]
["CIMENTOS ASFÁLTICOS CAP-30-45","2021-12-01",3.5705,"***",4.1179100000000002,4.0288199999999996,4.1219900000000003,4.0360199999999997]
["CIMENTOS ASFÁLTICOS CAP-30-45","2022-01-01",3.8230300000000002,"***",3.9163199999999998,4.0633299999999997,4.0234899999999998,4.0513599999999999]
["CIMENTOS ASFÁLTICOS CAP-30-45","2022-02-01",4.21868,"***",4.3323099999999997,4.33406,4.8795500000000001,4.33392]
["CIMENTOS ASFÁLTICOS CAP-30-45","2022-03-01",4.3115600000000001,"***",4.3120500000000002,4.3648100000000003,4.6404100000000001,4.3597900000000003]
["CIMENTOS ASFÁLTICOS CAP-30-45","2022-04-01",4.1670100000000003,"***",4.7773300000000001,4.5184100000000003,4.6458500000000003,4.5571900000000003]
["CIMENTOS ASFÁLTICOS CAP-30-45","2022-05-01",4.0886500000000003,"***",4.6237700000000004,4.4214599999999997,4.5072400000000004,4.4457399999999998]
["CIMENTOS ASFÁLTICOS CAP-30-45","2022-06-01",4.0256499999999997,"***",4.4687700000000001,4.4243600000000001,4.6000100000000002,4.4255100000000001]
["CIMENTOS ASFÁLTICOS CAP-30-45","2022-07-01",4.0883700000000003,"***",4.69339,4.4564899999999996,4.8369,4.4889400000000004]
["CIMENTOS ASFÁLTICOS CAP-30-45","2022-08-01",3.94387,"***",4.57925,4.2824400000000002,4.6279500000000002,4.3329800000000001]
["CIMENTOS ASFÁLTICOS CAP-30-45","2022-09-01",3.9329000000000001,"***",4.4003300000000003,4.0536000000000003,5.0696099999999999,4.1215900000000003]
["CIMENTOS ASFÁLTICOS CAP-30-45","2022-10-01",3.66099,3.8188300000000002,4.0447600000000001,3.62825,4.5973300000000004,3.7003400000000002]
["CIMENTOS ASFÁLTICOS CAP-30-45","2022-11-01",3.69876,3.8242799999999999,4.0644600000000004,3.6124999999999998,4.7007599999999998,3.6911]
["CIMENTOS ASFÁLTICOS CAP-30-45","2022-12-01",3.2604899999999999,3.85921,3.8759100000000002,3.5899700000000001,4.7159500000000003,3.6395]
["CIMENTOS ASFÁLTICOS CAP-30-45","2023-01-01",3.1283300000000001,"***",3.89628,3.4730699999999999,4.4178800000000003,3.5370300000000001]
["CIMENTOS ASFÁLTICOS CAP-30-45","2023-02-01",3.0192600000000001,"***",3.8398599999999998,3.3649200000000001,4.2690400000000004,3.4255499999999999]
["CIMENTOS ASFÁLTICOS CAP-30-45","2023-03-01",3.01132,"***",3.5059100000000001,3.2119800000000001,4.2052699999999996,3.2654399999999999]
["CIMENTOS ASFÁLTICOS CAP-30-45","2023-04-01",3.9201899999999998,"***",3.4449399999999999,3.20329,4.08962,3.2769300000000001]
["CIMENTOS ASFÁLTICOS CAP-30-45","2023-05-01",3.2905500000000001,"***",3.56013,3.1421899999999998,4.0716999999999999,3.23014]
["CIMENTOS ASFÁLTICOS CAP-30-45","2023-06-01",3.19211,"***",3.5697899999999998,3.15279,3.6930200000000002,3.2339000000000002]
["CIMENTOS ASFÁLTICOS CAP-30-45","2023-07-01",3.1687099999999999,4.1558000000000002,3.5175999999999998,3.0671599999999999,3.7299600000000002,3.1381299999999999]
["CIMENTOS ASFÁLTICOS CAP-30-45","2023-08-01",3.5699000000000001,2.714,3.4661,3.0596899999999998,3.3502000000000001,3.1581100000000002]
["CIMENTOS ASFÁLTICOS CAP-30-45","2023-09-01",3.8033600000000001,"***",3.6192199999999999,3.3147899999999999,3.2872300000000001,3.3925100000000001]
["CIMENTOS ASFÁLTICOS CAP-30-45","2023-10-01",3.76003,3.3619599999999998,3.82002,3.3105199999999999,3.3518699999999999,3.4367399999999999]
["CIMENTOS ASFÁLTICOS CAP-50-70","2008-11-01",1.1641999999999999,0.96806000000000003,1.44624,0.98865000000000003,0.96162999999999998,1.0166200000000001]
["CIMENTOS ASFÁLTICOS CAP-50-70","2008-12-01",1.1595299999999999,0.95494000000000001,1.33487,1.0002500000000001,0.97363,1.00725]
["CIMENTOS ASFÁLTICOS CAP-50-70","2009-01-01",1.04559,0.96128999999999998,1.18303,0.97635000000000005,0.97363999999999995,0.98096000000000005]
["CIMENTOS ASFÁLTICOS CAP-50-70","2009-02-01",1.0369999999999999,0.93894,1.1555899999999999,0.96609999999999996,0.96455000000000002,0.96989000000000003]
["CIMENTOS ASFÁLTICOS CAP-50-70","2009-03-01",0.99575000000000002,0.94506999999999997,1.1962900000000001,0.95562999999999998,0.95789000000000002,0.9607]
["CIMENTOS ASFÁLTICOS CAP-50-70","2009-04-01",1.0483800000000001,0.93276999999999999,1.2271099999999999,0.94696000000000002,0.95204,0.95891999999999999]
["CIMENTOS ASFÁLTICOS CAP-50-70","2009-05-01",0.98411000000000004,0.92757000000000001,1.2513799999999999,0.92701999999999996,0.94462999999999997,0.94843]
["CIMENTOS ASFÁLTICOS CAP-50-70","2009-06-01",1.0464199999999999,0.91673000000000004,1.23102,0.91940999999999995,0.93096999999999996,0.93837999999999999]
["CIMENTOS ASFÁLTICOS CAP-50-70","2009-07-01",1.0332600000000001,0.94908999999999999,1.2920799999999999,0.95872999999999997,0.99275000000000002,0.98199000000000003]
["CIMENTOS ASFÁLTICOS CAP-50-70","2009-08-01",1.03495,0.90676000000000001,1.1702399999999999,0.90785000000000005,0.91378999999999999,0.92532999999999999]
["CIMENTOS ASFÁLTICOS CAP-50-70","2009-09-01",1.0098100000000001,0.90300000000000002,1.17499,0.90903999999999996,0.91525999999999996,0.92867]
["CIMENTOS ASFÁLTICOS CAP-50-70","2009-10-01",1.0211699999999999,0.92535000000000001,1.171,0.91403999999999996,0.92001999999999995,0.93589999999999995]
["CIMENTOS ASFÁLTICOS CAP-50-70","2009-11-01",1.04434,0.91886999999999996,1.17153,0.92125999999999997,0.92071999999999998,0.94010000000000005]
["CIMENTOS ASFÁLTICOS CAP-50-70","2009-12-01",1.1218600000000001,0.91025999999999996,1.2558199999999999,0.91335999999999995,0.91920000000000002,0.94659000000000004]
["CIMENTOS ASFÁLTICOS CAP-50-70","2010-01-01",1.1334599999999999,0.90993000000000002,1.24048,0.90312000000000003,0.90925999999999996,0.93654000000000004]
["CIMENTOS ASFÁLTICOS CAP-50-70","2010-02-01",1.1013500000000001,0.90183999999999997,1.2042200000000001,0.88537999999999994,0.88195000000000001,0.91457999999999995]
["CIMENTOS ASFÁLTICOS CAP-50-70","2010-03-01",1.00868,0.90727999999999998,1.2472000000000001,0.89681,0.90539999999999998,0.92530999999999997]
["CIMENTOS ASFÁLTICOS CAP-50-70","2010-04-01",1.04684,0.90044999999999997,1.22709,0.89107999999999998,0.91191999999999995,0.92766000000000004]
["CIMENTOS ASFÁLTICOS CAP-50-70","2010-05-01",1.06609,0.90051000000000003,1.2580499999999999,0.88280000000000003,0.90803999999999996,0.92635999999999996]
["CIMENTOS ASFÁLTICOS CAP-50-70","2010-06-01",0.97358999999999996,0.87461,1.1188499999999999,0.86778,0.88487000000000005,0.89934999999999998]
["CIMENTOS ASFÁLTICOS CAP-50-70","2010-07-01",0.94047999999999998,0.88190999999999997,1.1161799999999999,0.87841000000000002,0.89487000000000005,0.91003000000000001]
["CIMENTOS ASFÁLTICOS CAP-50-70","2010-08-01",0.95537000000000005,0.87997999999999998,1.11446,0.87175000000000002,0.87190999999999996,0.89992000000000005]
["CIMENTOS ASFÁLTICOS CAP-50-70","2010-09-01",0.94857000000000002,0.88392000000000004,1.1472100000000001,0.88593,0.88619000000000003,0.91752999999999996]
["CIMENTOS ASFÁLTICOS CAP-50-70","2010-10-01",0.93154999999999999,0.87848999999999999,1.1449100000000001,0.92603999999999997,0.90666000000000002,0.93291999999999997]
["CIMENTOS ASFÁLTICOS CAP-50-70","2010-11-01",0.9466,0.88331000000000004,1.165,0.94140999999999997,0.93708999999999998,0.93981999999999999]
["CIMENTOS ASFÁLTICOS CAP-50-70","2010-12-01",0.98309000000000002,0.87958999999999998,1.14836,0.93364000000000003,0.97301000000000004,0.94452000000000003]
["CIMENTOS ASFÁLTICOS CAP-50-70","2011-01-01",1.14916,0.89178999999999997,1.18354,0.92996999999999996,0.97430000000000005,0.95452000000000004]
["CIMENTOS ASFÁLTICOS CAP-50-70","2011-02-01",0.99572000000000005,0.88568999999999998,1.1321300000000001,0.92935000000000001,0.90676999999999996,0.92939000000000005]
["CIMENTOS ASFÁLTICOS CAP-50-70","2011-03-01",0.95401000000000002,0.86206000000000005,1.15984,0.89649000000000001,0.88026000000000004,0.89793999999999996]
["CIMENTOS ASFÁLTICOS CAP-50-70","2011-04-01",0.92774999999999996,0.87539,1.10636,0.86568999999999996,0.87870000000000004,0.88707999999999998]
["CIMENTOS ASFÁLTICOS CAP-50-70","2011-05-01",0.95713000000000004,0.85089999999999999,1.05419,0.85914000000000001,0.87485000000000002,0.88656999999999997]
["CIMENTOS ASFÁLTICOS CAP-50-70","2011-06-01",0.89970000000000006,0.83799000000000001,1.07308,0.85585999999999995,0.87166999999999994,0.87649999999999995]
["CIMENTOS ASFÁLTICOS CAP-50-70","2011-07-01",0.85928000000000004,0.83472000000000002,1.06189,0.84584000000000004,0.86934,0.86621000000000004]
["CIMENTOS ASFÁLTICOS CAP-50-70","2011-08-01",0.93713999999999997,0.83184999999999998,1.0894699999999999,0.83591000000000004,0.86675999999999997,0.86656]
["CIMENTOS ASFÁLTICOS CAP-50-70","2011-09-01",0.96018000000000003,0.82940000000000003,1.13767,0.83733999999999997,0.86743999999999999,0.87207000000000001]
["CIMENTOS ASFÁLTICOS CAP-50-70","2011-10-01",0.94896999999999998,0.83194000000000001,1.1191599999999999,0.84496000000000004,0.85428000000000004,0.86895999999999995]
["CIMENTOS ASFÁLTICOS CAP-50-70","2011-11-01",0.94340999999999997,0.83555000000000001,1.1187400000000001,0.84763999999999995,0.86294999999999999,0.87341000000000002]
["CIMENTOS ASFÁLTICOS CAP-50-70","2011-12-01",0.96379999999999999,0.83848,1.02793,0.86470000000000002,0.87299000000000004,0.87729000000000001]
["CIMENTOS ASFÁLTICOS CAP-50-70","2012-01-01",0.91095000000000004,0.83848,1.1189100000000001,0.87824999999999998,0.86082999999999998,0.87175999999999998]
["CIMENTOS ASFÁLTICOS CAP-50-70","2012-02-01",0.89822000000000002,0.84048,1.1048199999999999,0.88878999999999997,0.87180999999999997,0.88305999999999996]
["CIMENTOS ASFÁLTICOS CAP-50-70","2012-03-01",0.92335999999999996,0.84223999999999999,1.05406,0.88500000000000001,0.88256999999999997,0.88519999999999999]
["CIMENTOS ASFÁLTICOS CAP-50-70","2012-04-01",0.97714999999999996,0.85548999999999997,1.0697399999999999,0.88116000000000005,0.87783,0.89910000000000001]
["CIMENTOS ASFÁLTICOS CAP-50-70","2012-05-01",1.05572,0.85995999999999995,1.07758,0.88832,0.87634000000000001,0.90491999999999995]
["CIMENTOS ASFÁLTICOS CAP-50-70","2012-06-01",1.0451900000000001,0.86495999999999995,1.1053999999999999,0.89334000000000002,0.87680999999999998,0.91622999999999999]
["CIMENTOS ASFÁLTICOS CAP-50-70","2012-07-01",1.0446599999999999,0.86263000000000001,1.1267,0.88602000000000003,0.87709000000000004,0.91046000000000005]
["CIMENTOS ASFÁLTICOS CAP-50-70","2012-08-01",1.0801799999999999,0.88019999999999998,1.13744,0.88507000000000002,0.87261999999999995,0.91439000000000004]
["CIMENTOS ASFÁLTICOS CAP-50-70","2012-09-01",1.0593900000000001,0.88000999999999996,1.1394,0.86836000000000002,0.84321000000000002,0.89827000000000001]
["CIMENTOS ASFÁLTICOS CAP-50-70","2012-10-01",1.0657300000000001,0.88800000000000001,1.2145999999999999,0.89293,0.87951000000000001,0.93045]
["CIMENTOS ASFÁLTICOS CAP-50-70","2012-11-01",1.0624499999999999,0.87602000000000002,1.18926,0.91064000000000001,0.89022000000000001,0.92845]
["CIMENTOS ASFÁLTICOS CAP-50-70","2012-12-01",1.0916300000000001,0.87465000000000004,1.1906699999999999,0.90825,0.90064999999999995,0.92884]
["CIMENTOS ASFÁLTICOS CAP-50-70","2013-01-01",1.0841099999999999,0.86617999999999995,1.1945300000000001,0.90573000000000004,0.90812999999999999,0.91737999999999997]
["CIMENTOS ASFÁLTICOS CAP-50-70","2013-02-01",1.0770200000000001,0.86416999999999999,1.1850000000000001,0.91349000000000002,0.92530999999999997,0.92551000000000005]
["CIMENTOS ASFÁLTICOS CAP-50-70","2013-03-01",1.0730999999999999,0.86382999999999999,1.2130300000000001,0.91629000000000005,0.93020999999999998,0.93071000000000004]
["CIMENTOS ASFÁLTICOS CAP-50-70","2013-04-01",1.0515399999999999,0.85970000000000002,1.22384,0.90925,0.92544000000000004,0.93423999999999996]
["CIMENTOS ASFÁLTICOS CAP-50-70","2013-05-01",1.10239,0.87292000000000003,1.22872,0.91281999999999996,0.91852,0.95455999999999996]
["CIMENTOS ASFÁLTICOS CAP-50-70","2013-06-01",1.05121,0.86931000000000003,1.21475,0.90586999999999995,0.89854000000000001,0.95457999999999998]
["CIMENTOS ASFÁLTICOS CAP-50-70","2013-07-01",1.12341,0.89127000000000001,1.19282,0.91059999999999997,0.93118999999999996,0.95877999999999997]
["CIMENTOS ASFÁLTICOS CAP-50-70","2013-08-01",1.07881,0.89697000000000005,1.22722,0.91664000000000001,0.93233999999999995,0.96362999999999999]
["CIMENTOS ASFÁLTICOS CAP-50-70","2013-09-01",1.0693600000000001,0.89600999999999997,1.2750900000000001,0.92039000000000004,0.92390000000000005,0.96208000000000005]
["CIMENTOS ASFÁLTICOS CAP-50-70","2013-10-01",1.0283500000000001,0.90602000000000005,1.19746,0.91491999999999996,0.89095000000000002,0.95082999999999995]
["CIMENTOS ASFÁLTICOS CAP-50-70","2013-11-01",1.0379400000000001,0.91347,1.1919,0.91076000000000001,0.91147,0.95423999999999998]
["CIMENTOS ASFÁLTICOS CAP-50-70","2013-12-01",1.0341100000000001,0.92856000000000005,1.2074,0.91361999999999999,0.90312000000000003,0.95884999999999998]
["CIMENTOS ASFÁLTICOS CAP-50-70","2014-01-01",1.03939,0.92864999999999998,1.1831400000000001,0.91390000000000005,0.91391999999999995,0.94955999999999996]
["CIMENTOS ASFÁLTICOS CAP-50-70","2014-02-01",1.0801099999999999,0.92349000000000003,1.14266,0.91722999999999999,0.91279999999999994,0.9466]
["CIMENTOS ASFÁLTICOS CAP-50-70","2014-03-01",1.0579000000000001,0.92210000000000003,1.1662300000000001,0.91834000000000005,0.91527000000000003,0.94969999999999999]
["CIMENTOS ASFÁLTICOS CAP-50-70","2014-04-01",1.0651600000000001,0.92425000000000002,1.16255,0.91307000000000005,0.89846000000000004,0.94772999999999996]
["CIMENTOS ASFÁLTICOS CAP-50-70","2014-05-01",1.0472399999999999,0.92303999999999997,1.17764,0.92379999999999995,0.90563000000000005,0.95586000000000004]
["CIMENTOS ASFÁLTICOS CAP-50-70","2014-06-01",1.0324800000000001,0.91856000000000004,1.2131700000000001,0.91366999999999998,0.90947999999999996,0.95769000000000004]
["CIMENTOS ASFÁLTICOS CAP-50-70","2014-07-01",1.0899300000000001,0.91251000000000004,1.15648,0.90124000000000004,0.90895999999999999,0.94462000000000002]
["CIMENTOS ASFÁLTICOS CAP-50-70","2014-08-01",1.1281300000000001,0.91344000000000003,1.12564,0.91376999999999997,0.90505000000000002,0.94947000000000004]
["CIMENTOS ASFÁLTICOS CAP-50-70","2014-09-01",1.0994200000000001,0.93074000000000001,1.2076499999999999,0.92076999999999998,0.91561999999999999,0.96687000000000001]
["CIMENTOS ASFÁLTICOS CAP-50-70","2014-10-01",1.1389800000000001,0.91437999999999997,1.1632100000000001,0.88626000000000005,0.89497000000000004,0.94296000000000002]
["CIMENTOS ASFÁLTICOS CAP-50-70","2014-11-01",1.09005,0.93601000000000001,1.1636500000000001,0.89858000000000005,0.91888000000000003,0.95477000000000001]
["CIMENTOS ASFÁLTICOS CAP-50-70","2014-12-01",1.23631,1.0293099999999999,1.3092699999999999,1.00369,0.99707000000000001,1.0413600000000001]
["CIMENTOS ASFÁLTICOS CAP-50-70","2015-01-01",1.3331,1.2658,1.5124,1.12002,1.1854800000000001,1.2112000000000001]
["CIMENTOS ASFÁLTICOS CAP-50-70","2015-02-01",1.42997,1.2573799999999999,1.53562,1.1254200000000001,1.1913400000000001,1.21167]
["CIMENTOS ASFÁLTICOS CAP-50-70","2015-03-01",1.37527,1.22468,1.4782299999999999,1.15815,1.19245,1.21272]
["CIMENTOS ASFÁLTICOS CAP-50-70","2015-04-01",1.3134699999999999,1.2112099999999999,1.48926,1.1450899999999999,1.17676,1.1936599999999999]
["CIMENTOS ASFÁLTICOS CAP-50-70","2015-05-01",1.4689000000000001,1.2198,1.4341200000000001,1.1299600000000001,1.1716,1.2047300000000001]
["CIMENTOS ASFÁLTICOS CAP-50-70","2015-06-01",1.4981,1.22963,1.4428300000000001,1.1293800000000001,1.17466,1.2163600000000001]
["CIMENTOS ASFÁLTICOS CAP-50-70","2015-07-01",1.32769,1.24655,1.20465,1.1244700000000001,1.1673,1.18886]
["CIMENTOS ASFÁLTICOS CAP-50-70","2015-08-01",1.3853800000000001,1.25675,1.39516,1.11693,1.1722399999999999,1.2189099999999999]
["CIMENTOS ASFÁLTICOS CAP-50-70","2015-09-01",1.40202,1.3081700000000001,1.4938,1.1819200000000001,1.22014,1.27603]
["CIMENTOS ASFÁLTICOS CAP-50-70","2015-10-01",1.49665,1.3527100000000001,1.57751,1.25267,1.2783500000000001,1.3435600000000001]
["CIMENTOS ASFÁLTICOS CAP-50-70","2015-11-01",1.6214900000000001,1.51725,1.7064299999999999,1.4186300000000001,1.4176500000000001,1.48892]
["CIMENTOS ASFÁLTICOS CAP-50-70","2015-12-01",1.7400599999999999,1.51946,1.7009099999999999,1.4181900000000001,1.42903,1.4964200000000001]
["CIMENTOS ASFÁLTICOS CAP-50-70","2016-01-01",1.78128,1.55003,1.7627900000000001,1.45129,1.44407,1.50481]
["CIMENTOS ASFÁLTICOS CAP-50-70","2016-02-01",1.79705,1.5343,1.70211,1.4394499999999999,1.43249,1.4856499999999999]
["CIMENTOS ASFÁLTICOS CAP-50-70","2016-03-01",1.7421199999999999,1.53365,1.7258500000000001,1.4247300000000001,1.4480500000000001,1.49203]
["CIMENTOS ASFÁLTICOS CAP-50-70","2016-04-01",1.92066,1.72462,1.9027799999999999,1.59676,1.6349499999999999,1.66832]
["CIMENTOS ASFÁLTICOS CAP-50-70","2016-05-01",1.98586,1.7261,1.9265300000000001,1.6084700000000001,1.69886,1.69987]
["CIMENTOS ASFÁLTICOS CAP-50-70","2016-06-01",1.9411,1.69462,1.92858,1.63487,1.6363700000000001,1.69346]
["CIMENTOS ASFÁLTICOS CAP-50-70","2016-07-01",1.7971699999999999,1.6791100000000001,1.91879,1.6443300000000001,1.61609,1.67794]
["CIMENTOS ASFÁLTICOS CAP-50-70","2016-08-01",1.83596,1.68641,1.9506600000000001,1.6481600000000001,1.6208800000000001,1.6895100000000001]
["CIMENTOS ASFÁLTICOS CAP-50-70","2016-09-01",1.7656400000000001,1.58626,1.8182400000000001,1.55745,1.47898,1.5823199999999999]
["CIMENTOS ASFÁLTICOS CAP-50-70","2016-10-01",1.66096,1.59022,1.7713300000000001,1.55779,1.4803900000000001,1.5742499999999999]
["CIMENTOS ASFÁLTICOS CAP-50-70","2016-11-01",1.62025,1.55914,1.8255699999999999,1.5165200000000001,1.4729699999999999,1.5504800000000001]
["CIMENTOS ASFÁLTICOS CAP-50-70","2016-12-01",1.53827,1.45933,1.7867599999999999,1.5048699999999999,1.4680500000000001,1.5063599999999999]
["CIMENTOS ASFÁLTICOS CAP-50-70","2017-01-01",1.5364500000000001,1.44929,1.6096600000000001,1.4488300000000001,1.4536500000000001,1.4670399999999999]
["CIMENTOS ASFÁLTICOS CAP-50-70","2017-02-01",1.56427,1.44763,1.64008,1.45695,1.4462299999999999,1.46868]
["CIMENTOS ASFÁLTICOS CAP-50-70","2017-03-01",1.5175700000000001,1.4358599999999999,1.68624,1.4562900000000001,1.4556899999999999,1.4736400000000001]
["CIMENTOS ASFÁLTICOS CAP-50-70","2017-04-01",1.65927,1.38826,1.66568,1.3894299999999999,1.40916,1.43527]
["CIMENTOS ASFÁLTICOS CAP-50-70","2017-05-01",1.50522,1.4006099999999999,1.7101299999999999,1.3738600000000001,1.39212,1.4294500000000001]
["CIMENTOS ASFÁLTICOS CAP-50-70","2017-06-01",1.63947,1.4246099999999999,1.6994,1.4290799999999999,1.38584,1.4659199999999999]
["CIMENTOS ASFÁLTICOS CAP-50-70","2017-07-01",1.6480300000000001,1.40283,1.75142,1.4180299999999999,1.35632,1.4531099999999999]
["CIMENTOS ASFÁLTICOS CAP-50-70","2017-08-01",1.4898800000000001,1.38283,1.6305700000000001,1.4068499999999999,1.37761,1.42563]
["CIMENTOS ASFÁLTICOS CAP-50-70","2017-09-01",1.54887,1.42364,1.69923,1.4166099999999999,1.37677,1.4484600000000001]
["CIMENTOS ASFÁLTICOS CAP-50-70","2017-10-01",1.57145,1.4051199999999999,1.7434400000000001,1.40781,1.3980300000000001,1.4473400000000001]
["CIMENTOS ASFÁLTICOS CAP-50-70","2017-11-01",1.7039500000000001,1.56169,1.88669,1.5108299999999999,1.5102100000000001,1.58755]
["CIMENTOS ASFÁLTICOS CAP-50-70","2017-12-01",1.67113,1.56976,1.8969199999999999,1.5463,1.51115,1.5843799999999999]
["CIMENTOS ASFÁLTICOS CAP-50-70","2018-01-01",1.7883899999999999,1.6422300000000001,1.85168,1.59067,1.6130199999999999,1.64469]
["CIMENTOS ASFÁLTICOS CAP-50-70","2018-02-01",1.7974000000000001,1.61046,1.7913699999999999,1.59938,1.60347,1.6212500000000001]
["CIMENTOS ASFÁLTICOS CAP-50-70","2018-03-01",1.8013600000000001,1.60646,1.8956999999999999,1.61174,1.6036300000000001,1.63886]
["CIMENTOS ASFÁLTICOS CAP-50-70","2018-04-01",1.7911699999999999,1.6050899999999999,1.8574999999999999,1.6006800000000001,1.6396299999999999,1.65621]
["CIMENTOS ASFÁLTICOS CAP-50-70","2018-05-01",1.9135,1.7246999999999999,1.9454400000000001,1.7140599999999999,1.71421,1.7573300000000001]
["CIMENTOS ASFÁLTICOS CAP-50-70","2018-06-01",2.0655600000000001,1.8224,2.0913200000000001,1.79948,1.79854,1.8596600000000001]
["CIMENTOS ASFÁLTICOS CAP-50-70","2018-07-01",2.0686300000000002,1.9451400000000001,2.1407799999999999,1.9402999999999999,1.94465,1.9756]
["CIMENTOS ASFÁLTICOS CAP-50-70","2018-08-01",2.2253500000000002,2.0957599999999998,2.48041,2.10243,2.0969799999999998,2.1397200000000001]
["CIMENTOS ASFÁLTICOS CAP-50-70","2018-09-01",2.3303199999999999,2.1234000000000002,2.49274,2.1340300000000001,2.1060400000000001,2.1733099999999999]
["CIMENTOS ASFÁLTICOS CAP-50-70","2018-10-01",2.2576200000000002,2.1476199999999999,2.2932100000000002,2.1766100000000002,2.1400399999999999,2.1776599999999999]
["CIMENTOS ASFÁLTICOS CAP-50-70","2018-11-01",2.4878100000000001,2.4027500000000002,2.8650600000000002,2.4286799999999999,2.4227799999999999,2.4454600000000002]
["CIMENTOS ASFÁLTICOS CAP-50-70","2018-12-01",2.4908100000000002,2.4209299999999998,2.70932,2.42828,2.464,2.4580500000000001]
["CIMENTOS ASFÁLTICOS CAP-50-70","2019-01-01",2.48597,2.3598400000000002,2.7708499999999998,2.4853299999999998,2.45201,2.4559199999999999]
["CIMENTOS ASFÁLTICOS CAP-50-70","2019-02-01",2.6443500000000002,2.5491700000000002,3.0507900000000001,2.7598799999999999,2.7581799999999999,2.7059199999999999]
["CIMENTOS ASFÁLTICOS CAP-50-70","2019-03-01",2.7049799999999999,2.52658,3.07396,2.7594400000000001,2.6930700000000001,2.6929699999999999]
["CIMENTOS ASFÁLTICOS CAP-50-70","2019-04-01",2.76078,2.5642399999999999,3.0739399999999999,2.75956,2.69665,2.7111900000000002]
["CIMENTOS ASFÁLTICOS CAP-50-70","2019-05-01",2.7623700000000002,2.5260600000000002,3.0756000000000001,2.7728000000000002,2.69374,2.71252]
["CIMENTOS ASFÁLTICOS CAP-50-70","2019-06-01",2.6275200000000001,2.5341,3.2093099999999999,2.68872,2.7048100000000002,2.6959900000000001]
["CIMENTOS ASFÁLTICOS CAP-50-70","2019-07-01",2.8485999999999998,2.5076700000000001,3.1298699999999999,2.7584900000000001,2.6989899999999998,2.7132900000000002]
["CIMENTOS ASFÁLTICOS CAP-50-70","2019-08-01",2.6754600000000002,2.3351199999999999,2.9180299999999999,2.5834199999999998,2.5319199999999999,2.53905]
["CIMENTOS ASFÁLTICOS CAP-50-70","2019-09-01",2.5980599999999998,2.2991899999999998,3.0343300000000002,2.4806499999999998,2.5148299999999999,2.496]
["CIMENTOS ASFÁLTICOS CAP-50-70","2019-10-01",2.5335399999999999,2.2703600000000002,2.8375599999999999,2.50989,2.5096400000000001,2.4733499999999999]
["CIMENTOS ASFÁLTICOS CAP-50-70","2019-11-01",2.6086399999999998,2.3242799999999999,2.8673600000000001,2.5682399999999999,2.5563400000000001,2.52963]
["CIMENTOS ASFÁLTICOS CAP-50-70","2019-12-01",2.52617,2.3189899999999999,2.9506299999999999,2.62513,2.5573600000000001,2.5301100000000001]
["CIMENTOS ASFÁLTICOS CAP-50-70","2020-01-01",2.6003599999999998,2.2974999999999999,3.09727,2.5739999999999998,2.5484200000000001,2.5181499999999999]
["CIMENTOS ASFÁLTICOS CAP-50-70","2020-02-01",2.4218999999999999,2.1732100000000001,2.88286,2.35832,2.36043,2.3511000000000002]
["CIMENTOS ASFÁLTICOS CAP-50-70","2020-03-01",2.3282500000000002,2.17109,2.7560500000000001,2.32152,2.3377599999999998,2.3218700000000001]
["CIMENTOS ASFÁLTICOS CAP-50-70","2020-04-01",2.37012,2.1900300000000001,2.6536900000000001,2.3451599999999999,2.3021099999999999,2.3360099999999999]
["CIMENTOS ASFÁLTICOS CAP-50-70","2020-05-01",2.3686400000000001,2.1247600000000002,2.6064400000000001,2.2712300000000001,2.3152400000000002,2.3241999999999998]
["CIMENTOS ASFÁLTICOS CAP-50-70","2020-06-01",2.30423,2.1289899999999999,2.62114,2.2628599999999999,2.3085399999999998,2.2965300000000002]
["CIMENTOS ASFÁLTICOS CAP-50-70","2020-07-01",2.3040400000000001,2.1338900000000001,2.62338,2.2346499999999998,2.28322,2.2747600000000001]
["CIMENTOS ASFÁLTICOS CAP-50-70","2020-08-01",2.4300000000000002,2.2669100000000002,2.7580800000000001,2.3709699999999998,2.47255,2.4126599999999998]
["CIMENTOS ASFÁLTICOS CAP-50-70","2020-09-01",2.46123,2.2840500000000001,2.73258,2.3662100000000001,2.4412199999999999,2.41004]
["CIMENTOS ASFÁLTICOS CAP-50-70","2020-10-01",2.3780299999999999,2.3047300000000002,2.73787,2.3705599999999998,2.4484400000000002,2.4070200000000002]
["CIMENTOS ASFÁLTICOS CAP-50-70","2020-11-01",2.6110000000000002,2.48394,2.8383099999999999,2.5426600000000001,2.5798399999999999,2.5728]
["CIMENTOS ASFÁLTICOS CAP-50-70","2020-12-01",2.4666700000000001,2.46408,2.8257400000000001,2.5868500000000001,2.6026099999999999,2.5712700000000002]
["CIMENTOS ASFÁLTICOS CAP-50-70","2021-01-01",2.3969,2.4622799999999998,2.9077799999999998,2.6226699999999998,2.6213199999999999,2.5653800000000002]
["CIMENTOS ASFÁLTICOS CAP-50-70","2021-02-01",2.6222300000000001,2.6737299999999999,3.0375299999999998,2.7814800000000002,2.7823500000000001,2.7530000000000001]
["CIMENTOS ASFÁLTICOS CAP-50-70","2021-03-01",2.5788099999999998,2.62704,3.01227,2.8348599999999999,2.8345400000000001,2.7743899999999999]
["CIMENTOS ASFÁLTICOS CAP-50-70","2021-04-01",2.6898399999999998,2.5990500000000001,3.0214500000000002,2.8122199999999999,2.8049900000000001,2.7659099999999999]
["CIMENTOS ASFÁLTICOS CAP-50-70","2021-05-01",3.2587999999999999,3.1995300000000002,3.6699099999999998,3.4186200000000002,3.41649,3.3918499999999998]
["CIMENTOS ASFÁLTICOS CAP-50-70","2021-06-01",3.23916,3.1810900000000002,3.5369000000000002,3.4429599999999998,3.4573200000000002,3.3804799999999999]
["CIMENTOS ASFÁLTICOS CAP-50-70","2021-07-01",3.1373199999999999,3.1549399999999999,3.59198,3.44848,3.4146999999999998,3.35894]
["CIMENTOS ASFÁLTICOS CAP-50-70","2021-08-01",3.4628700000000001,3.29399,3.7814100000000002,3.7031800000000001,3.67089,3.5867399999999998]
["CIMENTOS ASFÁLTICOS CAP-50-70","2021-09-01",3.5278900000000002,3.3263199999999999,3.7883300000000002,3.6540900000000001,3.6888800000000002,3.6044299999999998]
["CIMENTOS ASFÁLTICOS CAP-50-70","2021-10-01",3.52176,3.42103,3.6538400000000002,3.6802700000000002,3.69591,3.6127099999999999]
["CIMENTOS ASFÁLTICOS CAP-50-70","2021-11-01",3.8287399999999998,3.6976900000000001,4.0571999999999999,4.0328999999999997,4.0067199999999996,3.9406400000000001]
["CIMENTOS ASFÁLTICOS CAP-50-70","2021-12-01",3.89161,3.75292,4.0449000000000002,4.0493199999999998,4.0142899999999999,3.9617200000000001]
["CIMENTOS ASFÁLTICOS CAP-50-70","2022-01-01",3.9788800000000002,3.8120599999999998,4.1533100000000003,4.0374400000000001,4.0521099999999999,4.0006599999999999]
["CIMENTOS ASFÁLTICOS CAP-50-70","2022-02-01",4.3087,4.0336299999999996,4.4522399999999998,4.2784199999999997,4.28606,4.2600100000000003]
["CIMENTOS ASFÁLTICOS CAP-50-70","2022-03-01",4.2574500000000004,4.0946800000000003,4.48285,4.2688899999999999,4.3259499999999997,4.2756800000000004]
["CIMENTOS ASFÁLTICOS CAP-50-70","2022-04-01",4.3688500000000001,4.258,4.7632099999999999,4.4566100000000004,4.4459200000000001,4.4411800000000001]
["CIMENTOS ASFÁLTICOS CAP-50-70","2022-05-01",4.3528700000000002,4.2018599999999999,4.58331,4.30938,4.2489400000000002,4.3022900000000002]
["CIMENTOS ASFÁLTICOS CAP-50-70","2022-06-01",4.3936799999999998,4.1962200000000003,4.6136400000000002,4.2900099999999997,4.1810600000000004,4.2899399999999996]
["CIMENTOS ASFÁLTICOS CAP-50-70","2022-07-01",4.5439100000000003,4.3247200000000001,4.7301299999999999,4.3487299999999998,4.2994700000000003,4.4010600000000002]
["CIMENTOS ASFÁLTICOS CAP-50-70","2022-08-01",4.6539099999999998,4.3504300000000002,4.6025099999999997,4.2101800000000003,4.1273,4.3190499999999998]
["CIMENTOS ASFÁLTICOS CAP-50-70","2022-09-01",4.8752800000000001,4.3409599999999999,4.4076000000000004,4.0676600000000001,3.86145,4.2595700000000001]
["CIMENTOS ASFÁLTICOS CAP-50-70","2022-10-01",4.3733199999999997,4.1071099999999996,4.0682,3.6310600000000002,3.5514999999999999,3.8800500000000002]
["CIMENTOS ASFÁLTICOS CAP-50-70","2022-11-01",4.2011700000000003,3.9620099999999998,4.0475500000000002,3.5860099999999999,3.4743300000000001,3.7871999999999999]
["CIMENTOS ASFÁLTICOS CAP-50-70","2022-12-01",4.35975,3.7458900000000002,4.1321000000000003,3.4982700000000002,3.45153,3.73007]
["CIMENTOS ASFÁLTICOS CAP-50-70","2023-01-01",4.1198300000000003,3.5000399999999998,3.91466,3.2578900000000002,3.2964000000000002,3.4631699999999999]
["CIMENTOS ASFÁLTICOS CAP-50-70","2023-02-01",3.9385500000000002,3.4506299999999999,3.8368099999999998,3.1594000000000002,3.1787999999999998,3.3679700000000001]
["CIMENTOS ASFÁLTICOS CAP-50-70","2023-03-01",3.96,3.3172899999999998,3.6926600000000001,3.11755,2.9654500000000001,3.2359300000000002]
["CIMENTOS ASFÁLTICOS CAP-50-70","2023-04-01",3.73062,3.2681900000000002,3.58629,3.1234099999999998,2.9429599999999998,3.1899899999999999]
["CIMENTOS ASFÁLTICOS CAP-50-70","2023-05-01",3.84972,3.2905099999999998,3.5567600000000001,3.1463899999999998,2.91757,3.2268300000000001]
["CIMENTOS ASFÁLTICOS CAP-50-70","2023-06-01",3.7711999999999999,3.3323200000000002,3.4273699999999998,3.1240800000000002,2.89933,3.21861]
["CIMENTOS ASFÁLTICOS CAP-50-70","2023-07-01",3.7422499999999999,3.3812700000000002,3.5796999999999999,3.12005,2.9718399999999998,3.2652999999999999]
["CIMENTOS ASFÁLTICOS CAP-50-70","2023-08-01",3.7235800000000001,3.3628499999999999,3.68607,3.1350799999999999,2.9614699999999998,3.26118]
["CIMENTOS ASFÁLTICOS CAP-50-70","2023-09-01",4.0926200000000001,3.63104,3.8281999999999998,3.36503,3.1817600000000001,3.4998200000000002]
["CIMENTOS ASFÁLTICOS CAP-50-70","2023-10-01",4.0853000000000002,3.6154600000000001,3.7928199999999999,3.34674,3.1515399999999998,3.45642]
["CIMENTOS ASFÁLTICOS CAP-85-100","2008-11-01","***","***","***","***","***","***"]
["CIMENTOS ASFÁLTICOS CAP-85-100","2008-12-01","***","***","***","***","***","***"]
["CIMENTOS ASFÁLTICOS CAP-85-100","2009-01-01","***","***","***","***","***","***"]
["CIMENTOS ASFÁLTICOS CAP-85-100","2009-02-01","***","***","***","***","***","***"]
["CIMENTOS ASFÁLTICOS CAP-85-100","2009-03-01","***","***","***","***","***","***"]
["CIMENTOS ASFÁLTICOS CAP-85-100","2009-04-01","***","***","***","***","***","***"]
["CIMENTOS ASFÁLTICOS CAP-85-100","2009-05-01","***","***","***","***","***","***"]
["CIMENTOS ASFÁLTICOS CAP-85-100","2009-06-01","***","***","***","***","***","***"]
["CIMENTOS ASFÁLTICOS CAP-85-100","2009-07-01","***","***","***","***","***","***"]
["CIMENTOS ASFÁLTICOS CAP-85-100","2009-08-01","***","***","***","***","***","***"]
["CIMENTOS ASFÁLTICOS CAP-85-100","2009-09-01","***","***","***","***","***","***"]
["CIMENTOS ASFÁLTICOS CAP-85-100","2009-10-01","***","***","***","***","***","***"]
["CIMENTOS ASFÁLTICOS CAP-85-100","2009-11-01","***","***","***","***",1.13323,1.13323]
["CIMENTOS ASFÁLTICOS CAP-85-100","2009-12-01","***","***","***","***","***","***"]
["CIMENTOS ASFÁLTICOS CAP-85-100","2010-01-01","***","***","***","***","***","***"]
["CIMENTOS ASFÁLTICOS CAP-85-100","2010-02-01","***","***","***","***","***","***"]
["CIMENTOS ASFÁLTICOS CAP-85-100","2010-03-01","***","***","***","***","***","***"]
["CIMENTOS ASFÁLTICOS CAP-85-100","2010-04-01","***","***","***","***","***","***"]
["CIMENTOS ASFÁLTICOS CAP-85-100","2010-05-01","***","***","***","***","***","***"]
["CIMENTOS ASFÁLTICOS CAP-85-100","2010-06-01","***","***","***","***","***","***"]
["CIMENTOS ASFÁLTICOS CAP-85-100","2010-07-01","***","***","***","***","***","***"]
["CIMENTOS ASFÁLTICOS CAP-85-100","2010-08-01","***","***","***","***","***","***"]
["CIMENTOS ASFÁLTICOS CAP-85-100","2010-09-01","***","***","***","***","***","***"]
["CIMENTOS ASFÁLTICOS CAP-85-100","2010-10-01","***","***","***",1.19662,"***",1.19662]
["CIMENTOS ASFÁLTICOS CAP-85-100","2010-11-01","***","***","***",1.19662,"***",1.19662]
["CIMENTOS ASFÁLTICOS CAP-85-100","2010-12-01","***","***","***","***","***","***"]
["CIMENTOS ASFÁLTICOS CAP-85-100","2011-01-01","***","***","***","***","***","***"]
["CIMENTOS ASFÁLTICOS CAP-85-100","2011-02-01","***","***","***","***","***","***"]
["CIMENTOS ASFÁLTICOS CAP-85-100","2011-03-01","***","***","***","***","***","***"]
["CIMENTOS ASFÁLTICOS CAP-85-100","2011-04-01","***","***",1.2050000000000001,0.57030000000000003,"***",0.71767000000000003]
["CIMENTOS ASFÁLTICOS CAP-85-100","2011-05-01","***","***","***",0.56930000000000003,"***",0.56930000000000003]
["CIMENTOS ASFÁLTICOS CAP-85-100","2011-06-01","***","***","***","***",0.88490999999999997,0.88490999999999997]
["CIMENTOS ASFÁLTICOS CAP-85-100","2011-07-01","***","***",1.3649,"***","***",1.3649]
["CIMENTOS ASFÁLTICOS CAP-85-100","2011-08-01","***","***",1.3424499999999999,1.3506,"***",1.34317]
["CIMENTOS ASFÁLTICOS CAP-85-100","2011-09-01","***","***",1.3371500000000001,"***","***",1.3371500000000001]
["CIMENTOS ASFÁLTICOS CAP-85-100","2011-10-01","***","***","***","***","***","***"]
["CIMENTOS ASFÁLTICOS CAP-85-100","2011-11-01","***","***",1.4185399999999999,"***","***",1.4185399999999999]
["CIMENTOS ASFÁLTICOS CAP-85-100","2011-12-01","***","***","***",0.93511999999999995,"***",0.93511999999999995]
["CIMENTOS ASFÁLTICOS CAP-85-100","2012-01-01","***","***",1.4185399999999999,"***","***",1.4185399999999999]
["CIMENTOS ASFÁLTICOS CAP-85-100","2012-02-01","***","***",1.41855,"***","***",1.41855]
["CIMENTOS ASFÁLTICOS CAP-85-100","2012-03-01","***","***","***","***","***","***"]
["CIMENTOS ASFÁLTICOS CAP-85-100","2012-04-01","***","***",1.4185399999999999,"***","***",1.4185399999999999]
["CIMENTOS ASFÁLTICOS CAP-85-100","2012-05-01","***","***",1.4185399999999999,"***","***",1.4185399999999999]
["CIMENTOS ASFÁLTICOS CAP-85-100","2012-06-01","***","***",1.4185399999999999,"***","***",1.4185399999999999]
["CIMENTOS ASFÁLTICOS CAP-85-100","2012-07-01","***","***",1.41852,"***","***",1.41852]
["CIMENTOS ASFÁLTICOS CAP-85-100","2012-08-01","***","***",1.4185399999999999,"***","***",1.4185399999999999]
["CIMENTOS ASFÁLTICOS CAP-85-100","2012-09-01","***","***",1.4311499999999999,"***","***",1.4311499999999999]
["CIMENTOS ASFÁLTICOS CAP-85-100","2012-10-01","***","***",1.4027499999999999,"***","***",1.4027499999999999]
["CIMENTOS ASFÁLTICOS CAP-85-100","2012-11-01","***","***",1.4089400000000001,"***","***",1.4089400000000001]
["CIMENTOS ASFÁLTICOS CAP-85-100","2012-12-01","***","***","***","***","***","***"]
["CIMENTOS ASFÁLTICOS CAP-85-100","2013-01-01","***","***","***","***","***","***"]
["CIMENTOS ASFÁLTICOS CAP-85-100","2013-02-01","***","***","***","***","***","***"]
["CIMENTOS ASFÁLTICOS CAP-85-100","2013-03-01","***","***","***","***","***","***"]
["CIMENTOS ASFÁLTICOS CAP-85-100","2013-04-01","***","***","***","***","***","***"]
["CIMENTOS ASFÁLTICOS CAP-85-100","2013-05-01","***","***","***","***","***","***"]
["CIMENTOS ASFÁLTICOS CAP-85-100","2013-06-01","***","***","***","***","***","***"]
["CIMENTOS ASFÁLTICOS CAP-85-100","2013-07-01","***","***","***","***","***","***"]
["CIMENTOS ASFÁLTICOS CAP-85-100","2013-08-01","***","***","***","***","***","***"]
["CIMENTOS ASFÁLTICOS CAP-85-100","2013-09-01","***","***","***","***","***","***"]
["CIMENTOS ASFÁLTICOS CAP-85-100","2013-10-01","***","***","***","***","***","***"]
["CIMENTOS ASFÁLTICOS CAP-85-100","2013-11-01","***","***","***","***","***","***"]
["CIMENTOS ASFÁLTICOS CAP-85-100","2013-12-01","***","***","***","***","***","***"]
["CIMENTOS ASFÁLTICOS CAP-85-100","2014-01-01","***","***","***","***","***","***"]
["CIMENTOS ASFÁLTICOS CAP-85-100","2014-02-01","***","***","***","***","***","***"]
["CIMENTOS ASFÁLTICOS CAP-85-100","2014-03-01","***","***","***","***","***","***"]
["CIMENTOS ASFÁLTICOS CAP-85-100","2014-04-01","***","***","***","***","***","***"]
["CIMENTOS ASFÁLTICOS CAP-85-100","2014-05-01","***","***","***","***",0.94121999999999995,0.94121999999999995]
["CIMENTOS ASFÁLTICOS CAP-85-100","2014-06-01","***","***","***","***","***","***"]
["CIMENTOS ASFÁLTICOS CAP-85-100","2014-07-01","***","***","***","***","***","***"]
["CIMENTOS ASFÁLTICOS CAP-85-100","2014-08-01","***","***","***","***",1.0109900000000001,1.0109900000000001]
["CIMENTOS ASFÁLTICOS CAP-85-100","2014-09-01","***","***","***","***","***","***"]
["CIMENTOS ASFÁLTICOS CAP-85-100","2014-10-01","***","***","***","***","***","***"]
["CIMENTOS ASFÁLTICOS CAP-85-100","2014-11-01","***","***","***","***","***","***"]
["CIMENTOS ASFÁLTICOS CAP-85-100","2014-12-01","***","***","***","***","***","***"]
["CIMENTOS ASFÁLTICOS CAP-85-100","2015-01-01","***","***","***","***","***","***"]
["CIMENTOS ASFÁLTICOS CAP-85-100","2015-02-01","***","***","***","***","***","***"]
["CIMENTOS ASFÁLTICOS CAP-85-100","2015-03-01","***","***","***","***","***","***"]
["CIMENTOS ASFÁLTICOS CAP-85-100","2015-04-01","***","***","***","***","***","***"]
["CIMENTOS ASFÁLTICOS CAP-85-100","2015-05-01","***","***","***","***","***","***"]
["CIMENTOS ASFÁLTICOS CAP-85-100","2015-06-01","***","***","***","***",1.3446,1.3446]
["CIMENTOS ASFÁLTICOS CAP-85-100","2015-07-01","***","***","***","***","***","***"]
["CIMENTOS ASFÁLTICOS CAP-85-100","2015-08-01","***","***","***","***","***","***"]
["CIMENTOS ASFÁLTICOS CAP-85-100","2015-09-01","***","***","***","***","***","***"]
["CIMENTOS ASFÁLTICOS CAP-85-100","2015-10-01","***","***","***","***","***","***"]
["CIMENTOS ASFÁLTICOS CAP-85-100","2015-11-01","***","***","***","***","***","***"]
["CIMENTOS ASFÁLTICOS CAP-85-100","2015-12-01","***","***","***","***","***","***"]
["CIMENTOS ASFÁLTICOS CAP-85-100","2016-01-01","***","***","***","***","***","***"]
["CIMENTOS ASFÁLTICOS CAP-85-100","2016-02-01","***","***","***","***","***","***"]
["CIMENTOS ASFÁLTICOS CAP-85-100","2016-03-01","***","***","***","***","***","***"]
["CIMENTOS ASFÁLTICOS CAP-85-100","2016-04-01","***","***","***","***","***","***"]
["CIMENTOS ASFÁLTICOS CAP-85-100","2016-05-01","***","***","***","***","***","***"]
["CIMENTOS ASFÁLTICOS CAP-85-100","2016-06-01","***","***","***","***","***","***"]
["CIMENTOS ASFÁLTICOS CAP-85-100","2016-07-01","***","***","***","***","***","***"]
["CIMENTOS ASFÁLTICOS CAP-85-100","2016-08-01","***","***","***","***","***","***"]
["CIMENTOS ASFÁLTICOS CAP-85-100","2016-09-01","***","***","***","***","***","***"]
["CIMENTOS ASFÁLTICOS CAP-85-100","2016-10-01","***","***","***","***","***","***"]
["CIMENTOS ASFÁLTICOS CAP-85-100","2016-11-01","***","***","***","***","***","***"]
["CIMENTOS ASFÁLTICOS CAP-85-100","2016-12-01","***","***","***","***","***","***"]
["CIMENTOS ASFÁLTICOS CAP-85-100","2017-01-01","***","***","***",1.40442,2.2347600000000001,2.16214]
["CIMENTOS ASFÁLTICOS CAP-85-100","2017-02-01","***","***","***",1.90513,"***",1.90513]
["CIMENTOS ASFÁLTICOS CAP-85-100","2017-03-01","***","***","***","***","***","***"]
["CIMENTOS ASFÁLTICOS CAP-85-100","2017-04-01","***","***","***",2.12534,"***",2.12534]
["CIMENTOS ASFÁLTICOS CAP-85-100","2017-05-01","***","***","***","***","***","***"]
["CIMENTOS ASFÁLTICOS CAP-85-100","2017-06-01","***","***","***","***","***","***"]
["CIMENTOS ASFÁLTICOS CAP-85-100","2017-07-01","***","***","***","***","***","***"]
["CIMENTOS ASFÁLTICOS CAP-85-100","2017-08-01","***","***","***","***","***","***"]
["CIMENTOS ASFÁLTICOS CAP-85-100","2017-09-01","***","***","***","***","***","***"]
["CIMENTOS ASFÁLTICOS CAP-85-100","2017-10-01","***","***","***","***","***","***"]
["CIMENTOS ASFÁLTICOS CAP-85-100","2017-11-01","***","***","***","***","***","***"]
["CIMENTOS ASFÁLTICOS CAP-85-100","2017-12-01","***","***","***",2.0910000000000002,"***",2.0910000000000002]
["CIMENTOS ASFÁLTICOS CAP-85-100","2018-01-01","***","***","***","***","***","***"]
["CIMENTOS ASFÁLTICOS CAP-85-100","2018-02-01","***","***","***","***","***","***"]
["CIMENTOS ASFÁLTICOS CAP-85-100","2018-03-01","***","***","***",4.444,"***",4.444]
["CIMENTOS ASFÁLTICOS CAP-85-100","2018-04-01","***","***","***","***","***","***"]
["CIMENTOS ASFÁLTICOS CAP-85-100","2018-05-01","***","***","***","***","***","***"]
["CIMENTOS ASFÁLTICOS CAP-85-100","2018-06-01","***","***","***","***","***","***"]
["CIMENTOS ASFÁLTICOS CAP-85-100","2018-07-01","***","***","***","***","***","***"]
["CIMENTOS ASFÁLTICOS CAP-85-100","2018-08-01","***","***","***","***","***","***"]
["CIMENTOS ASFÁLTICOS CAP-85-100","2018-09-01","***","***","***","***","***","***"]
["CIMENTOS ASFÁLTICOS CAP-85-100","2018-10-01","***","***","***","***","***","***"]
["CIMENTOS ASFÁLTICOS CAP-85-100","2018-11-01","***","***","***","***","***","***"]
["CIMENTOS ASFÁLTICOS CAP-85-100","2018-12-01","***","***","***","***","***","***"]
["CIMENTOS ASFÁLTICOS CAP-85-100","2019-01-01","***","***","***","***","***","***"]
["CIMENTOS ASFÁLTICOS CAP-85-100","2019-02-01","***","***","***","***","***","***"]
["CIMENTOS ASFÁLTICOS CAP-85-100","2019-03-01","***","***","***","***","***","***"]
["CIMENTOS ASFÁLTICOS CAP-85-100","2019-04-01","***","***","***","***","***","***"]
["CIMENTOS ASFÁLTICOS CAP-85-100","2019-05-01","***","***","***","***","***","***"]
["CIMENTOS ASFÁLTICOS CAP-85-100","2019-06-01","***","***","***","***","***","***"]
["CIMENTOS ASFÁLTICOS CAP-85-100","2019-07-01","***","***","***","***","***","***"]
["CIMENTOS ASFÁLTICOS CAP-85-100","2019-08-01","***","***","***","***","***","***"]
["CIMENTOS ASFÁLTICOS CAP-85-100","2019-09-01","***","***","***","***","***","***"]
["CIMENTOS ASFÁLTICOS CAP-85-100","2019-10-01","***","***","***","***","***","***"]
["CIMENTOS ASFÁLTICOS CAP-85-100","2019-11-01","***","***","***","***","***","***"]
["CIMENTOS ASFÁLTICOS CAP-85-100","2019-12-01","***","***","***","***","***","***"]
["CIMENTOS ASFÁLTICOS CAP-85-100","2020-01-01","***","***","***","***","***","***"]
["CIMENTOS ASFÁLTICOS CAP-85-100","2020-02-01","***","***","***","***","***","***"]
["CIMENTOS ASFÁLTICOS CAP-85-100","2020-03-01","***","***","***","***","***","***"]
["CIMENTOS ASFÁLTICOS CAP-85-100","2020-04-01","***","***","***","***","***","***"]
["CIMENTOS ASFÁLTICOS CAP-85-100","2020-05-01","***","***","***","***","***","***"]
["CIMENTOS ASFÁLTICOS CAP-85-100","2020-06-01","***","***","***","***","***","***"]
["CIMENTOS ASFÁLTICOS CAP-85-100","2020-07-01","***","***","***","***","***","***"]
["CIMENTOS ASFÁLTICOS CAP-85-100","2020-08-01","***","***","***",1.73184,"***",1.73184]
["CIMENTOS ASFÁLTICOS CAP-85-100","2020-09-01","***","***","***",1.9205099999999999,"***",1.9205099999999999]
["CIMENTOS ASFÁLTICOS CAP-85-100","2020-10-01","***","***","***","***","***","***"]
["CIMENTOS ASFÁLTICOS CAP-85-100","2020-11-01","***","***","***","***","***","***"]
["CIMENTOS ASFÁLTICOS CAP-85-100","2020-12-01","***","***","***","***","***","***"]
["CIMENTOS ASFÁLTICOS CAP-85-100","2021-01-01","***","***","***","***","***","***"]
["CIMENTOS ASFÁLTICOS CAP-85-100","2021-02-01","***","***","***","***","***","***"]
["CIMENTOS ASFÁLTICOS CAP-85-100","2021-03-01","***","***","***","***","***","***"]
["CIMENTOS ASFÁLTICOS CAP-85-100","2021-04-01","***","***","***","***","***","***"]
["CIMENTOS ASFÁLTICOS CAP-85-100","2021-05-01","***","***","***","***","***","***"]
["CIMENTOS ASFÁLTICOS CAP-85-100","2021-06-01","***","***","***","***","***","***"]
["CIMENTOS ASFÁLTICOS CAP-85-100","2021-07-01","***","***","***","***","***","***"]
["CIMENTOS ASFÁLTICOS CAP-85-100","2021-08-01","***","***","***","***","***","***"]
["CIMENTOS ASFÁLTICOS CAP-85-100","2021-09-01","***","***","***","***","***","***"]
["CIMENTOS ASFÁLTICOS CAP-85-100","2021-10-01","***","***","***","***","***","***"]
["CIMENTOS ASFÁLTICOS CAP-85-100","2021-11-01","***","***","***","***","***","***"]
["CIMENTOS ASFÁLTICOS CAP-85-100","2021-12-01","***","***","***","***","***","***"]
["CIMENTOS ASFÁLTICOS CAP-85-100","2022-01-01","***","***","***","***","***","***"]
["CIMENTOS ASFÁLTICOS CAP-85-100","2022-02-01","***","***","***","***","***","***"]
["CIMENTOS ASFÁLTICOS CAP-85-100","2022-03-01","***","***","***","***","***","***"]
["CIMENTOS ASFÁLTICOS CAP-85-100","2022-04-01","***","***","***","***","***","***"]
["CIMENTOS ASFÁLTICOS CAP-85-100","2022-05-01","***","***","***","***","***","***"]
["CIMENTOS ASFÁLTICOS CAP-85-100","2022-06-01","***","***","***","***","***","***"]
["CIMENTOS ASFÁLTICOS CAP-85-100","2022-07-01","***","***","***","***","***","***"]
["CIMENTOS ASFÁLTICOS CAP-85-100","2022-08-01","***","***","***","***","***","***"]
["CIMENTOS ASFÁLTICOS CAP-85-100","2022-09-01","***","***","***","***","***","***"]
["CIMENTOS ASFÁLTICOS CAP-85-100","2022-10-01","***","***","***","***","***","***"]
["CIMENTOS ASFÁLTICOS CAP-85-100","2022-11-01","***","***","***","***","***","***"]
["CIMENTOS ASFÁLTICOS CAP-85-100","2022-12-01","***","***","***","***","***","***"]
["CIMENTOS ASFÁLTICOS CAP-85-100","2023-01-01","***","***","***","***","***","***"]
["CIMENTOS ASFÁLTICOS CAP-85-100","2023-02-01","***","***","***","***","***","***"]
["CIMENTOS ASFÁLTICOS CAP-85-100","2023-03-01","***","***","***","***","***","***"]
["CIMENTOS ASFÁLTICOS CAP-85-100","2023-04-01","***","***","***","***","***","***"]
["CIMENTOS ASFÁLTICOS CAP-85-100","2023-05-01","***","***","***","***","***","***"]
["CIMENTOS ASFÁLTICOS CAP-85-100","2023-06-01","***","***","***","***","***","***"]
["CIMENTOS ASFÁLTICOS CAP-85-100","2023-07-01","***","***","***","***","***","***"]
["CIMENTOS ASFÁLTICOS CAP-85-100","2023-08-01","***","***","***","***","***","***"]
["CIMENTOS ASFÁLTICOS CAP-85-100","2023-09-01","***","***","***","***","***","***"]
["CIMENTOS ASFÁLTICOS CAP-85-100","2023-10-01","***","***","***","***","***","***"]
["EMULSÃO ASFÁLTICA CATIÔNICA DE RUPTURA CONTROLADA PARA SERVIÇO DE LAMA ASFÁLTICA","2015-09-01","***",0.61,"***","***","***",0.61]
["EMULSÃO ASFÁLTICA CATIÔNICA DE RUPTURA CONTROLADA PARA SERVIÇO DE LAMA ASFÁLTICA","2015-10-01","***",0.61,"***","***","***",0.61]
["EMULSÃO ASFÁLTICA CATIÔNICA DE RUPTURA CONTROLADA PARA SERVIÇO DE LAMA ASFÁLTICA","2015-11-01","***",1.6898,"***","***","***",1.6898]
["EMULSÃO ASFÁLTICA CATIÔNICA DE RUPTURA CONTROLADA PARA SERVIÇO DE LAMA ASFÁLTICA","2015-12-01","***","***","***","***","***","***"]
["EMULSÃO ASFÁLTICA CATIÔNICA DE RUPTURA CONTROLADA PARA SERVIÇO DE LAMA ASFÁLTICA","2016-01-01","***","***","***","***","***","***"]
["EMULSÃO ASFÁLTICA CATIÔNICA DE RUPTURA CONTROLADA PARA SERVIÇO DE LAMA ASFÁLTICA","2016-02-01","***","***","***","***","***","***"]
["EMULSÃO ASFÁLTICA CATIÔNICA DE RUPTURA CONTROLADA PARA SERVIÇO DE LAMA ASFÁLTICA","2016-03-01","***","***","***","***","***","***"]
["EMULSÃO ASFÁLTICA CATIÔNICA DE RUPTURA CONTROLADA PARA SERVIÇO DE LAMA ASFÁLTICA","2016-04-01","***",2.13,"***","***","***",2.13]
["EMULSÃO ASFÁLTICA CATIÔNICA DE RUPTURA CONTROLADA PARA SERVIÇO DE LAMA ASFÁLTICA","2016-05-01","***",2.13,"***","***","***",2.13]
["EMULSÃO ASFÁLTICA CATIÔNICA DE RUPTURA CONTROLADA PARA SERVIÇO DE LAMA ASFÁLTICA","2016-06-01","***",1.42,"***","***","***",1.42]
["EMULSÃO ASFÁLTICA CATIÔNICA DE RUPTURA CONTROLADA PARA SERVIÇO DE LAMA ASFÁLTICA","2016-07-01","***","***","***",1.6910000000000001,"***",1.6910000000000001]
["EMULSÃO ASFÁLTICA CATIÔNICA DE RUPTURA CONTROLADA PARA SERVIÇO DE LAMA ASFÁLTICA","2016-08-01","***",1.42,"***",1.6920999999999999,"***",1.6412500000000001]
["EMULSÃO ASFÁLTICA CATIÔNICA DE RUPTURA CONTROLADA PARA SERVIÇO DE LAMA ASFÁLTICA","2016-09-01","***",1.42,1.4028,1.5048999999999999,"***",1.4719199999999999]
["EMULSÃO ASFÁLTICA CATIÔNICA DE RUPTURA CONTROLADA PARA SERVIÇO DE LAMA ASFÁLTICA","2016-10-01","***",1.42,1.4057999999999999,1.5065,"***",1.44323]
["EMULSÃO ASFÁLTICA CATIÔNICA DE RUPTURA CONTROLADA PARA SERVIÇO DE LAMA ASFÁLTICA","2016-11-01","***",1.42,"***","***","***",1.42]
["EMULSÃO ASFÁLTICA CATIÔNICA DE RUPTURA CONTROLADA PARA SERVIÇO DE LAMA ASFÁLTICA","2016-12-01","***","***","***","***","***","***"]
["EMULSÃO ASFÁLTICA CATIÔNICA DE RUPTURA CONTROLADA PARA SERVIÇO DE LAMA ASFÁLTICA","2017-01-01","***","***","***","***","***","***"]
["EMULSÃO ASFÁLTICA CATIÔNICA DE RUPTURA CONTROLADA PARA SERVIÇO DE LAMA ASFÁLTICA","2017-02-01","***","***","***","***","***","***"]
["EMULSÃO ASFÁLTICA CATIÔNICA DE RUPTURA CONTROLADA PARA SERVIÇO DE LAMA ASFÁLTICA","2017-03-01","***","***","***","***","***","***"]
["EMULSÃO ASFÁLTICA CATIÔNICA DE RUPTURA CONTROLADA PARA SERVIÇO DE LAMA ASFÁLTICA","2017-04-01","***","***","***","***","***","***"]
["EMULSÃO ASFÁLTICA CATIÔNICA DE RUPTURA CONTROLADA PARA SERVIÇO DE LAMA ASFÁLTICA","2017-05-01","***","***","***","***","***","***"]
["EMULSÃO ASFÁLTICA CATIÔNICA DE RUPTURA CONTROLADA PARA SERVIÇO DE LAMA ASFÁLTICA","2017-06-01","***",1.41,1.3833,"***","***",1.39618]
["EMULSÃO ASFÁLTICA CATIÔNICA DE RUPTURA CONTROLADA PARA SERVIÇO DE LAMA ASFÁLTICA","2017-07-01","***",1.4097,1.41944,"***","***",1.4186799999999999]
["EMULSÃO ASFÁLTICA CATIÔNICA DE RUPTURA CONTROLADA PARA SERVIÇO DE LAMA ASFÁLTICA","2017-08-01","***","***",1.3834,"***","***",1.3834]
["EMULSÃO ASFÁLTICA CATIÔNICA DE RUPTURA CONTROLADA PARA SERVIÇO DE LAMA ASFÁLTICA","2017-09-01","***","***",1.3422000000000001,"***","***",1.3422000000000001]
["EMULSÃO ASFÁLTICA CATIÔNICA DE RUPTURA CONTROLADA PARA SERVIÇO DE LAMA ASFÁLTICA","2017-10-01","***","***",1.3260000000000001,1.2660800000000001,1.1927000000000001,1.2618400000000001]
["EMULSÃO ASFÁLTICA CATIÔNICA DE RUPTURA CONTROLADA PARA SERVIÇO DE LAMA ASFÁLTICA","2017-11-01","***","***","***",1.3512599999999999,"***",1.3512599999999999]
["EMULSÃO ASFÁLTICA CATIÔNICA DE RUPTURA CONTROLADA PARA SERVIÇO DE LAMA ASFÁLTICA","2017-12-01","***","***","***",1.31134,1.1678200000000001,1.2862899999999999]
["EMULSÃO ASFÁLTICA CATIÔNICA DE RUPTURA CONTROLADA PARA SERVIÇO DE LAMA ASFÁLTICA","2018-01-01","***","***","***",1.3656299999999999,"***",1.3656299999999999]
["EMULSÃO ASFÁLTICA CATIÔNICA DE RUPTURA CONTROLADA PARA SERVIÇO DE LAMA ASFÁLTICA","2018-02-01","***","***","***",1.3656299999999999,"***",1.3656299999999999]
["EMULSÃO ASFÁLTICA CATIÔNICA DE RUPTURA CONTROLADA PARA SERVIÇO DE LAMA ASFÁLTICA","2018-03-01","***","***","***",1.36433,1.2826599999999999,1.35744]
["EMULSÃO ASFÁLTICA CATIÔNICA DE RUPTURA CONTROLADA PARA SERVIÇO DE LAMA ASFÁLTICA","2018-04-01","***","***","***",1.3468100000000001,"***",1.3468100000000001]
["EMULSÃO ASFÁLTICA CATIÔNICA DE RUPTURA CONTROLADA PARA SERVIÇO DE LAMA ASFÁLTICA","2018-05-01","***","***","***",1.40157,1.27651,1.3682700000000001]
["EMULSÃO ASFÁLTICA CATIÔNICA DE RUPTURA CONTROLADA PARA SERVIÇO DE LAMA ASFÁLTICA","2018-06-01","***",1.7265999999999999,"***",1.4650799999999999,"***",1.53999]
["EMULSÃO ASFÁLTICA CATIÔNICA DE RUPTURA CONTROLADA PARA SERVIÇO DE LAMA ASFÁLTICA","2018-07-01","***","***","***","***","***","***"]
["EMULSÃO ASFÁLTICA CATIÔNICA DE RUPTURA CONTROLADA PARA SERVIÇO DE LAMA ASFÁLTICA","2018-08-01","***","***","***","***","***","***"]
["EMULSÃO ASFÁLTICA CATIÔNICA DE RUPTURA CONTROLADA PARA SERVIÇO DE LAMA ASFÁLTICA","2018-09-01","***","***","***","***","***","***"]
["EMULSÃO ASFÁLTICA CATIÔNICA DE RUPTURA CONTROLADA PARA SERVIÇO DE LAMA ASFÁLTICA","2018-10-01","***","***","***","***",1.99068,1.99068]
["EMULSÃO ASFÁLTICA CATIÔNICA DE RUPTURA CONTROLADA PARA SERVIÇO DE LAMA ASFÁLTICA","2018-11-01","***","***","***","***","***","***"]
["EMULSÃO ASFÁLTICA CATIÔNICA DE RUPTURA CONTROLADA PARA SERVIÇO DE LAMA ASFÁLTICA","2018-12-01","***","***","***","***","***","***"]
["EMULSÃO ASFÁLTICA CATIÔNICA DE RUPTURA CONTROLADA PARA SERVIÇO DE LAMA ASFÁLTICA","2019-01-01","***","***","***","***","***","***"]
["EMULSÃO ASFÁLTICA CATIÔNICA DE RUPTURA CONTROLADA PARA SERVIÇO DE LAMA ASFÁLTICA","2019-02-01","***","***","***","***","***","***"]
["EMULSÃO ASFÁLTICA CATIÔNICA DE RUPTURA CONTROLADA PARA SERVIÇO DE LAMA ASFÁLTICA","2019-03-01","***","***","***","***","***","***"]
["EMULSÃO ASFÁLTICA CATIÔNICA DE RUPTURA CONTROLADA PARA SERVIÇO DE LAMA ASFÁLTICA","2019-04-01","***","***","***","***",2.3486199999999999,2.3486199999999999]
["EMULSÃO ASFÁLTICA CATIÔNICA DE RUPTURA CONTROLADA PARA SERVIÇO DE LAMA ASFÁLTICA","2019-05-01","***","***","***","***","***","***"]
["EMULSÃO ASFÁLTICA CATIÔNICA DE RUPTURA CONTROLADA PARA SERVIÇO DE LAMA ASFÁLTICA","2019-06-01","***","***","***","***","***","***"]
["EMULSÃO ASFÁLTICA CATIÔNICA DE RUPTURA CONTROLADA PARA SERVIÇO DE LAMA ASFÁLTICA","2019-07-01","***","***","***","***",2.3182499999999999,2.3182499999999999]
["EMULSÃO ASFÁLTICA CATIÔNICA DE RUPTURA CONTROLADA PARA SERVIÇO DE LAMA ASFÁLTICA","2019-08-01","***","***","***","***",2.3486199999999999,2.3486199999999999]
["EMULSÃO ASFÁLTICA CATIÔNICA DE RUPTURA CONTROLADA PARA SERVIÇO DE LAMA ASFÁLTICA","2019-09-01","***","***","***","***",2.3240099999999999,2.3240099999999999]
["EMULSÃO ASFÁLTICA CATIÔNICA DE RUPTURA CONTROLADA PARA SERVIÇO DE LAMA ASFÁLTICA","2019-10-01","***","***","***","***","***","***"]
["EMULSÃO ASFÁLTICA CATIÔNICA DE RUPTURA CONTROLADA PARA SERVIÇO DE LAMA ASFÁLTICA","2019-11-01","***","***","***",2.6280899999999998,"***",2.6280899999999998]
["EMULSÃO ASFÁLTICA CATIÔNICA DE RUPTURA CONTROLADA PARA SERVIÇO DE LAMA ASFÁLTICA","2019-12-01","***","***","***",2.6280899999999998,"***",2.6280899999999998]
["EMULSÃO ASFÁLTICA CATIÔNICA DE RUPTURA CONTROLADA PARA SERVIÇO DE LAMA ASFÁLTICA","2020-01-01","***",2.0081199999999999,"***","***","***",2.0081199999999999]
["EMULSÃO ASFÁLTICA CATIÔNICA DE RUPTURA CONTROLADA PARA SERVIÇO DE LAMA ASFÁLTICA","2020-02-01","***","***","***",2.6280899999999998,"***",2.6280899999999998]
["EMULSÃO ASFÁLTICA CATIÔNICA DE RUPTURA CONTROLADA PARA SERVIÇO DE LAMA ASFÁLTICA","2020-03-01","***",2.00813,"***","***","***",2.00813]
["EMULSÃO ASFÁLTICA CATIÔNICA DE RUPTURA CONTROLADA PARA SERVIÇO DE LAMA ASFÁLTICA","2020-04-01","***",2.0081199999999999,"***","***","***",2.0081199999999999]
["EMULSÃO ASFÁLTICA CATIÔNICA DE RUPTURA CONTROLADA PARA SERVIÇO DE LAMA ASFÁLTICA","2020-05-01","***",2.0081199999999999,"***",2.6280899999999998,"***",2.4163399999999999]
["EMULSÃO ASFÁLTICA CATIÔNICA DE RUPTURA CONTROLADA PARA SERVIÇO DE LAMA ASFÁLTICA","2020-06-01","***","***","***","***","***","***"]
["EMULSÃO ASFÁLTICA CATIÔNICA DE RUPTURA CONTROLADA PARA SERVIÇO DE LAMA ASFÁLTICA","2020-07-01","***","***","***",2.6280899999999998,"***",2.6280899999999998]
["EMULSÃO ASFÁLTICA CATIÔNICA DE RUPTURA CONTROLADA PARA SERVIÇO DE LAMA ASFÁLTICA","2020-08-01","***","***",2.4412500000000001,2.6280899999999998,"***",2.5034000000000001]
["EMULSÃO ASFÁLTICA CATIÔNICA DE RUPTURA CONTROLADA PARA SERVIÇO DE LAMA ASFÁLTICA","2020-09-01","***","***",2.4412500000000001,2.6280899999999998,"***",2.50379]
["EMULSÃO ASFÁLTICA CATIÔNICA DE RUPTURA CONTROLADA PARA SERVIÇO DE LAMA ASFÁLTICA","2020-10-01","***","***",2.4412500000000001,2.6280899999999998,"***",2.48766]
["EMULSÃO ASFÁLTICA CATIÔNICA DE RUPTURA CONTROLADA PARA SERVIÇO DE LAMA ASFÁLTICA","2020-11-01","***","***","***",2.6280899999999998,"***",2.6280899999999998]
["EMULSÃO ASFÁLTICA CATIÔNICA DE RUPTURA CONTROLADA PARA SERVIÇO DE LAMA ASFÁLTICA","2020-12-01","***","***",2.5987499999999999,2.4680200000000001,"***",2.5651299999999999]
["EMULSÃO ASFÁLTICA CATIÔNICA DE RUPTURA CONTROLADA PARA SERVIÇO DE LAMA ASFÁLTICA","2021-01-01","***","***","***","***","***","***"]
["EMULSÃO ASFÁLTICA CATIÔNICA DE RUPTURA CONTROLADA PARA SERVIÇO DE LAMA ASFÁLTICA","2021-02-01","***","***","***",2.4680200000000001,"***",2.4680200000000001]
["EMULSÃO ASFÁLTICA CATIÔNICA DE RUPTURA CONTROLADA PARA SERVIÇO DE LAMA ASFÁLTICA","2021-03-01","***","***","***",2.4623599999999999,"***",2.4623599999999999]
["EMULSÃO ASFÁLTICA CATIÔNICA DE RUPTURA CONTROLADA PARA SERVIÇO DE LAMA ASFÁLTICA","2021-04-01","***",2.331,"***","***","***",2.331]
["EMULSÃO ASFÁLTICA CATIÔNICA DE RUPTURA CONTROLADA PARA SERVIÇO DE LAMA ASFÁLTICA","2021-05-01","***","***","***",2.4258099999999998,"***",2.4258099999999998]
["EMULSÃO ASFÁLTICA CATIÔNICA DE RUPTURA CONTROLADA PARA SERVIÇO DE LAMA ASFÁLTICA","2021-06-01","***","***","***",2.4258099999999998,"***",2.4258099999999998]
["EMULSÃO ASFÁLTICA CATIÔNICA DE RUPTURA CONTROLADA PARA SERVIÇO DE LAMA ASFÁLTICA","2021-07-01","***","***","***",2.7059199999999999,"***",2.7059199999999999]
["EMULSÃO ASFÁLTICA CATIÔNICA DE RUPTURA CONTROLADA PARA SERVIÇO DE LAMA ASFÁLTICA","2021-08-01","***","***","***","***","***","***"]
["EMULSÃO ASFÁLTICA CATIÔNICA DE RUPTURA CONTROLADA PARA SERVIÇO DE LAMA ASFÁLTICA","2021-09-01","***","***","***",3.13598,"***",3.13598]
["EMULSÃO ASFÁLTICA CATIÔNICA DE RUPTURA CONTROLADA PARA SERVIÇO DE LAMA ASFÁLTICA","2021-10-01","***","***",3.1943999999999999,"***","***",3.1943999999999999]
["EMULSÃO ASFÁLTICA CATIÔNICA DE RUPTURA CONTROLADA PARA SERVIÇO DE LAMA ASFÁLTICA","2021-11-01","***","***",3.6162000000000001,"***","***",3.6162000000000001]
["EMULSÃO ASFÁLTICA CATIÔNICA DE RUPTURA CONTROLADA PARA SERVIÇO DE LAMA ASFÁLTICA","2021-12-01","***","***",3.7479800000000001,"***","***",3.7479800000000001]
["EMULSÃO ASFÁLTICA CATIÔNICA DE RUPTURA CONTROLADA PARA SERVIÇO DE LAMA ASFÁLTICA","2022-01-01","***","***","***","***","***","***"]
["EMULSÃO ASFÁLTICA CATIÔNICA DE RUPTURA CONTROLADA PARA SERVIÇO DE LAMA ASFÁLTICA","2022-02-01","***","***","***",3.4192499999999999,"***",3.4192499999999999]
["EMULSÃO ASFÁLTICA CATIÔNICA DE RUPTURA CONTROLADA PARA SERVIÇO DE LAMA ASFÁLTICA","2022-03-01","***","***","***","***","***","***"]
["EMULSÃO ASFÁLTICA CATIÔNICA DE RUPTURA CONTROLADA PARA SERVIÇO DE LAMA ASFÁLTICA","2022-04-01","***","***","***","***","***","***"]
["EMULSÃO ASFÁLTICA CATIÔNICA DE RUPTURA CONTROLADA PARA SERVIÇO DE LAMA ASFÁLTICA","2022-05-01","***","***","***","***","***","***"]
["EMULSÃO ASFÁLTICA CATIÔNICA DE RUPTURA CONTROLADA PARA SERVIÇO DE LAMA ASFÁLTICA","2022-06-01","***","***","***",3.5394700000000001,"***",3.5394700000000001]
["EMULSÃO ASFÁLTICA CATIÔNICA DE RUPTURA CONTROLADA PARA SERVIÇO DE LAMA ASFÁLTICA","2022-07-01","***","***","***",3.5394700000000001,"***",3.5394700000000001]
["EMULSÃO ASFÁLTICA CATIÔNICA DE RUPTURA CONTROLADA PARA SERVIÇO DE LAMA ASFÁLTICA","2022-08-01","***","***","***","***","***","***"]
["EMULSÃO ASFÁLTICA CATIÔNICA DE RUPTURA CONTROLADA PARA SERVIÇO DE LAMA ASFÁLTICA","2022-09-01","***","***","***","***","***","***"]
["EMULSÃO ASFÁLTICA CATIÔNICA DE RUPTURA CONTROLADA PARA SERVIÇO DE LAMA ASFÁLTICA","2022-10-01","***","***","***",3.5979100000000002,"***",3.5979100000000002]
["EMULSÃO ASFÁLTICA CATIÔNICA DE RUPTURA CONTROLADA PARA SERVIÇO DE LAMA ASFÁLTICA","2022-11-01","***","***","***",3.6105,"***",3.6105]
["EMULSÃO ASFÁLTICA CATIÔNICA DE RUPTURA CONTROLADA PARA SERVIÇO DE LAMA ASFÁLTICA","2022-12-01","***","***","***",3.6105,"***",3.6105]
["EMULSÃO ASFÁLTICA CATIÔNICA DE RUPTURA CONTROLADA PARA SERVIÇO DE LAMA ASFÁLTICA","2023-01-01","***","***","***","***","***","***"]
["EMULSÃO ASFÁLTICA CATIÔNICA DE RUPTURA CONTROLADA PARA SERVIÇO DE LAMA ASFÁLTICA","2023-02-01","***","***","***","***","***","***"]
["EMULSÃO ASFÁLTICA CATIÔNICA DE RUPTURA CONTROLADA PARA SERVIÇO DE LAMA ASFÁLTICA","2023-03-01","***","***","***","***","***","***"]
["EMULSÃO ASFÁLTICA CATIÔNICA DE RUPTURA CONTROLADA PARA SERVIÇO DE LAMA ASFÁLTICA","2023-04-01","***","***","***","***","***","***"]
["EMULSÃO ASFÁLTICA CATIÔNICA DE RUPTURA CONTROLADA PARA SERVIÇO DE LAMA ASFÁLTICA","2023-05-01","***","***","***","***","***","***"]
["EMULSÃO ASFÁLTICA CATIÔNICA DE RUPTURA CONTROLADA PARA SERVIÇO DE LAMA ASFÁLTICA","2023-06-01","***","***","***","***","***","***"]
["EMULSÃO ASFÁLTICA CATIÔNICA DE RUPTURA CONTROLADA PARA SERVIÇO DE LAMA ASFÁLTICA","2023-07-01","***","***","***","***","***","***"]
["EMULSÃO ASFÁLTICA CATIÔNICA DE RUPTURA CONTROLADA PARA SERVIÇO DE LAMA ASFÁLTICA","2023-08-01","***","***","***","***","***","***"]
["EMULSÃO ASFÁLTICA CATIÔNICA DE RUPTURA CONTROLADA PARA SERVIÇO DE LAMA ASFÁLTICA","2023-09-01","***","***","***","***","***","***"]
["EMULSÃO ASFÁLTICA CATIÔNICA DE RUPTURA CONTROLADA PARA SERVIÇO DE LAMA ASFÁLTICA","2023-10-01","***","***","***","***","***","***"]
["EMULSÃO ASFÁLTICA DE RUPTURA LENTA CATIÔNICA PARA SERVIÇO DE LAMA ASFÁLTICA","2015-09-01","***","***","***","***","***","***"]
["EMULSÃO ASFÁLTICA DE RUPTURA LENTA CATIÔNICA PARA SERVIÇO DE LAMA ASFÁLTICA","2015-10-01","***","***","***","***","***","***"]
["EMULSÃO ASFÁLTICA DE RUPTURA LENTA CATIÔNICA PARA SERVIÇO DE LAMA ASFÁLTICA","2015-11-01","***","***","***","***","***","***"]
["EMULSÃO ASFÁLTICA DE RUPTURA LENTA CATIÔNICA PARA SERVIÇO DE LAMA ASFÁLTICA","2015-12-01","***","***","***","***","***","***"]
["EMULSÃO ASFÁLTICA DE RUPTURA LENTA CATIÔNICA PARA SERVIÇO DE LAMA ASFÁLTICA","2016-01-01","***","***","***","***","***","***"]
["EMULSÃO ASFÁLTICA DE RUPTURA LENTA CATIÔNICA PARA SERVIÇO DE LAMA ASFÁLTICA","2016-02-01","***","***","***","***","***","***"]
["EMULSÃO ASFÁLTICA DE RUPTURA LENTA CATIÔNICA PARA SERVIÇO DE LAMA ASFÁLTICA","2016-03-01","***","***","***","***","***","***"]
["EMULSÃO ASFÁLTICA DE RUPTURA LENTA CATIÔNICA PARA SERVIÇO DE LAMA ASFÁLTICA","2016-04-01","***","***","***","***","***","***"]
["EMULSÃO ASFÁLTICA DE RUPTURA LENTA CATIÔNICA PARA SERVIÇO DE LAMA ASFÁLTICA","2016-05-01","***","***","***","***","***","***"]
["EMULSÃO ASFÁLTICA DE RUPTURA LENTA CATIÔNICA PARA SERVIÇO DE LAMA ASFÁLTICA","2016-06-01","***","***","***","***","***","***"]
["EMULSÃO ASFÁLTICA DE RUPTURA LENTA CATIÔNICA PARA SERVIÇO DE LAMA ASFÁLTICA","2016-07-01","***","***","***","***","***","***"]
["EMULSÃO ASFÁLTICA DE RUPTURA LENTA CATIÔNICA PARA SERVIÇO DE LAMA ASFÁLTICA","2016-08-01","***","***","***","***","***","***"]
["EMULSÃO ASFÁLTICA DE RUPTURA LENTA CATIÔNICA PARA SERVIÇO DE LAMA ASFÁLTICA","2016-09-01","***","***","***","***","***","***"]
["EMULSÃO ASFÁLTICA DE RUPTURA LENTA CATIÔNICA PARA SERVIÇO DE LAMA ASFÁLTICA","2016-10-01","***","***","***","***","***","***"]
["EMULSÃO ASFÁLTICA DE RUPTURA LENTA CATIÔNICA PARA SERVIÇO DE LAMA ASFÁLTICA","2016-11-01","***","***","***","***","***","***"]
["EMULSÃO ASFÁLTICA DE RUPTURA LENTA CATIÔNICA PARA SERVIÇO DE LAMA ASFÁLTICA","2016-12-01","***","***","***","***","***","***"]
["EMULSÃO ASFÁLTICA DE RUPTURA LENTA CATIÔNICA PARA SERVIÇO DE LAMA ASFÁLTICA","2017-01-01","***","***","***","***","***","***"]
["EMULSÃO ASFÁLTICA DE RUPTURA LENTA CATIÔNICA PARA SERVIÇO DE LAMA ASFÁLTICA","2017-02-01","***","***","***","***","***","***"]
["EMULSÃO ASFÁLTICA DE RUPTURA LENTA CATIÔNICA PARA SERVIÇO DE LAMA ASFÁLTICA","2017-03-01","***","***","***","***","***","***"]
["EMULSÃO ASFÁLTICA DE RUPTURA LENTA CATIÔNICA PARA SERVIÇO DE LAMA ASFÁLTICA","2017-04-01","***","***","***","***","***","***"]
["EMULSÃO ASFÁLTICA DE RUPTURA LENTA CATIÔNICA PARA SERVIÇO DE LAMA ASFÁLTICA","2017-05-01","***","***","***","***","***","***"]
["EMULSÃO ASFÁLTICA DE RUPTURA LENTA CATIÔNICA PARA SERVIÇO DE LAMA ASFÁLTICA","2017-06-01","***","***","***","***","***","***"]
["EMULSÃO ASFÁLTICA DE RUPTURA LENTA CATIÔNICA PARA SERVIÇO DE LAMA ASFÁLTICA","2017-07-01","***","***","***","***","***","***"]
["EMULSÃO ASFÁLTICA DE RUPTURA LENTA CATIÔNICA PARA SERVIÇO DE LAMA ASFÁLTICA","2017-08-01","***","***","***","***","***","***"]
["EMULSÃO ASFÁLTICA DE RUPTURA LENTA CATIÔNICA PARA SERVIÇO DE LAMA ASFÁLTICA","2017-09-01","***","***","***","***","***","***"]
["EMULSÃO ASFÁLTICA DE RUPTURA LENTA CATIÔNICA PARA SERVIÇO DE LAMA ASFÁLTICA","2017-10-01","***","***","***","***","***","***"]
["EMULSÃO ASFÁLTICA DE RUPTURA LENTA CATIÔNICA PARA SERVIÇO DE LAMA ASFÁLTICA","2017-11-01","***","***","***","***","***","***"]
["EMULSÃO ASFÁLTICA DE RUPTURA LENTA CATIÔNICA PARA SERVIÇO DE LAMA ASFÁLTICA","2017-12-01","***","***","***","***","***","***"]
["EMULSÃO ASFÁLTICA DE RUPTURA LENTA CATIÔNICA PARA SERVIÇO DE LAMA ASFÁLTICA","2018-01-01","***","***","***","***","***","***"]
["EMULSÃO ASFÁLTICA DE RUPTURA LENTA CATIÔNICA PARA SERVIÇO DE LAMA ASFÁLTICA","2018-02-01","***","***","***","***","***","***"]
["EMULSÃO ASFÁLTICA DE RUPTURA LENTA CATIÔNICA PARA SERVIÇO DE LAMA ASFÁLTICA","2018-03-01","***","***","***","***","***","***"]
["EMULSÃO ASFÁLTICA DE RUPTURA LENTA CATIÔNICA PARA SERVIÇO DE LAMA ASFÁLTICA","2018-04-01","***","***","***","***","***","***"]
["EMULSÃO ASFÁLTICA DE RUPTURA LENTA CATIÔNICA PARA SERVIÇO DE LAMA ASFÁLTICA","2018-05-01","***","***","***","***","***","***"]
["EMULSÃO ASFÁLTICA DE RUPTURA LENTA CATIÔNICA PARA SERVIÇO DE LAMA ASFÁLTICA","2018-06-01","***","***","***","***","***","***"]
["EMULSÃO ASFÁLTICA DE RUPTURA LENTA CATIÔNICA PARA SERVIÇO DE LAMA ASFÁLTICA","2018-07-01","***","***","***","***","***","***"]
["EMULSÃO ASFÁLTICA DE RUPTURA LENTA CATIÔNICA PARA SERVIÇO DE LAMA ASFÁLTICA","2018-08-01","***","***","***","***","***","***"]
["EMULSÃO ASFÁLTICA DE RUPTURA LENTA CATIÔNICA PARA SERVIÇO DE LAMA ASFÁLTICA","2018-09-01","***","***","***","***","***","***"]
["EMULSÃO ASFÁLTICA DE RUPTURA LENTA CATIÔNICA PARA SERVIÇO DE LAMA ASFÁLTICA","2018-10-01","***","***","***","***","***","***"]
["EMULSÃO ASFÁLTICA DE RUPTURA LENTA CATIÔNICA PARA SERVIÇO DE LAMA ASFÁLTICA","2018-11-01","***","***","***","***","***","***"]
["EMULSÃO ASFÁLTICA DE RUPTURA LENTA CATIÔNICA PARA SERVIÇO DE LAMA ASFÁLTICA","2018-12-01","***","***","***","***","***","***"]
["EMULSÃO ASFÁLTICA DE RUPTURA LENTA CATIÔNICA PARA SERVIÇO DE LAMA ASFÁLTICA","2019-01-01","***","***","***","***","***","***"]
["EMULSÃO ASFÁLTICA DE RUPTURA LENTA CATIÔNICA PARA SERVIÇO DE LAMA ASFÁLTICA","2019-02-01","***","***","***","***","***","***"]
["EMULSÃO ASFÁLTICA DE RUPTURA LENTA CATIÔNICA PARA SERVIÇO DE LAMA ASFÁLTICA","2019-03-01","***","***","***","***","***","***"]
["EMULSÃO ASFÁLTICA DE RUPTURA LENTA CATIÔNICA PARA SERVIÇO DE LAMA ASFÁLTICA","2019-04-01","***","***","***","***","***","***"]
["EMULSÃO ASFÁLTICA DE RUPTURA LENTA CATIÔNICA PARA SERVIÇO DE LAMA ASFÁLTICA","2019-05-01","***","***","***","***","***","***"]
["EMULSÃO ASFÁLTICA DE RUPTURA LENTA CATIÔNICA PARA SERVIÇO DE LAMA ASFÁLTICA","2019-06-01","***","***","***","***","***","***"]
["EMULSÃO ASFÁLTICA DE RUPTURA LENTA CATIÔNICA PARA SERVIÇO DE LAMA ASFÁLTICA","2019-07-01","***","***","***","***","***","***"]
["EMULSÃO ASFÁLTICA DE RUPTURA LENTA CATIÔNICA PARA SERVIÇO DE LAMA ASFÁLTICA","2019-08-01","***","***","***","***","***","***"]
["EMULSÃO ASFÁLTICA DE RUPTURA LENTA CATIÔNICA PARA SERVIÇO DE LAMA ASFÁLTICA","2019-09-01","***","***","***","***","***","***"]
["EMULSÃO ASFÁLTICA DE RUPTURA LENTA CATIÔNICA PARA SERVIÇO DE LAMA ASFÁLTICA","2019-10-01","***","***","***","***","***","***"]
["EMULSÃO ASFÁLTICA DE RUPTURA LENTA CATIÔNICA PARA SERVIÇO DE LAMA ASFÁLTICA","2019-11-01","***","***","***","***","***","***"]
["EMULSÃO ASFÁLTICA DE RUPTURA LENTA CATIÔNICA PARA SERVIÇO DE LAMA ASFÁLTICA","2019-12-01","***","***","***","***","***","***"]
["EMULSÃO ASFÁLTICA DE RUPTURA LENTA CATIÔNICA PARA SERVIÇO DE LAMA ASFÁLTICA","2020-01-01","***","***","***","***","***","***"]
["EMULSÃO ASFÁLTICA DE RUPTURA LENTA CATIÔNICA PARA SERVIÇO DE LAMA ASFÁLTICA","2020-02-01","***","***","***","***","***","***"]
["EMULSÃO ASFÁLTICA DE RUPTURA LENTA CATIÔNICA PARA SERVIÇO DE LAMA ASFÁLTICA","2020-03-01","***","***","***","***","***","***"]
["EMULSÃO ASFÁLTICA DE RUPTURA LENTA CATIÔNICA PARA SERVIÇO DE LAMA ASFÁLTICA","2020-04-01","***","***","***","***","***","***"]
["EMULSÃO ASFÁLTICA DE RUPTURA LENTA CATIÔNICA PARA SERVIÇO DE LAMA ASFÁLTICA","2020-05-01","***","***","***","***","***","***"]
["EMULSÃO ASFÁLTICA DE RUPTURA LENTA CATIÔNICA PARA SERVIÇO DE LAMA ASFÁLTICA","2020-06-01","***","***","***","***","***","***"]
["EMULSÃO ASFÁLTICA DE RUPTURA LENTA CATIÔNICA PARA SERVIÇO DE LAMA ASFÁLTICA","2020-07-01","***","***","***","***","***","***"]
["EMULSÃO ASFÁLTICA DE RUPTURA LENTA CATIÔNICA PARA SERVIÇO DE LAMA ASFÁLTICA","2020-08-01","***","***","***","***","***","***"]
["EMULSÃO ASFÁLTICA DE RUPTURA LENTA CATIÔNICA PARA SERVIÇO DE LAMA ASFÁLTICA","2020-09-01","***","***","***","***","***","***"]
["EMULSÃO ASFÁLTICA DE RUPTURA LENTA CATIÔNICA PARA SERVIÇO DE LAMA ASFÁLTICA","2020-10-01","***","***","***","***","***","***"]
["EMULSÃO ASFÁLTICA DE RUPTURA LENTA CATIÔNICA PARA SERVIÇO DE LAMA ASFÁLTICA","2020-11-01","***","***","***","***","***","***"]
["EMULSÃO ASFÁLTICA DE RUPTURA LENTA CATIÔNICA PARA SERVIÇO DE LAMA ASFÁLTICA","2020-12-01","***","***","***","***","***","***"]
["EMULSÃO ASFÁLTICA DE RUPTURA LENTA CATIÔNICA PARA SERVIÇO DE LAMA ASFÁLTICA","2021-01-01","***","***","***","***","***","***"]
["EMULSÃO ASFÁLTICA DE RUPTURA LENTA CATIÔNICA PARA SERVIÇO DE LAMA ASFÁLTICA","2021-02-01","***","***","***","***","***","***"]
["EMULSÃO ASFÁLTICA DE RUPTURA LENTA CATIÔNICA PARA SERVIÇO DE LAMA ASFÁLTICA","2021-03-01","***","***","***","***","***","***"]
["EMULSÃO ASFÁLTICA DE RUPTURA LENTA CATIÔNICA PARA SERVIÇO DE LAMA ASFÁLTICA","2021-04-01","***","***","***","***","***","***"]
["EMULSÃO ASFÁLTICA DE RUPTURA LENTA CATIÔNICA PARA SERVIÇO DE LAMA ASFÁLTICA","2021-05-01","***","***","***","***","***","***"]
["EMULSÃO ASFÁLTICA DE RUPTURA LENTA CATIÔNICA PARA SERVIÇO DE LAMA ASFÁLTICA","2021-06-01","***","***","***","***","***","***"]
["EMULSÃO ASFÁLTICA DE RUPTURA LENTA CATIÔNICA PARA SERVIÇO DE LAMA ASFÁLTICA","2021-07-01","***","***","***","***","***","***"]
["EMULSÃO ASFÁLTICA DE RUPTURA LENTA CATIÔNICA PARA SERVIÇO DE LAMA ASFÁLTICA","2021-08-01","***","***","***","***","***","***"]
["EMULSÃO ASFÁLTICA DE RUPTURA LENTA CATIÔNICA PARA SERVIÇO DE LAMA ASFÁLTICA","2021-09-01","***","***","***","***","***","***"]
["EMULSÃO ASFÁLTICA DE RUPTURA LENTA CATIÔNICA PARA SERVIÇO DE LAMA ASFÁLTICA","2021-10-01","***","***","***","***","***","***"]
["EMULSÃO ASFÁLTICA DE RUPTURA LENTA CATIÔNICA PARA SERVIÇO DE LAMA ASFÁLTICA","2021-11-01","***","***","***","***","***","***"]
["EMULSÃO ASFÁLTICA DE RUPTURA LENTA CATIÔNICA PARA SERVIÇO DE LAMA ASFÁLTICA","2021-12-01","***","***","***","***","***","***"]
["EMULSÃO ASFÁLTICA DE RUPTURA LENTA CATIÔNICA PARA SERVIÇO DE LAMA ASFÁLTICA","2022-01-01","***","***","***","***","***","***"]
["EMULSÃO ASFÁLTICA DE RUPTURA LENTA CATIÔNICA PARA SERVIÇO DE LAMA ASFÁLTICA","2022-02-01","***","***","***","***","***","***"]
["EMULSÃO ASFÁLTICA DE RUPTURA LENTA CATIÔNICA PARA SERVIÇO DE LAMA ASFÁLTICA","2022-03-01","***","***","***","***","***","***"]
["EMULSÃO ASFÁLTICA DE RUPTURA LENTA CATIÔNICA PARA SERVIÇO DE LAMA ASFÁLTICA","2022-04-01","***","***","***","***","***","***"]
["EMULSÃO ASFÁLTICA DE RUPTURA LENTA CATIÔNICA PARA SERVIÇO DE LAMA ASFÁLTICA","2022-05-01","***","***","***","***","***","***"]
["EMULSÃO ASFÁLTICA DE RUPTURA LENTA CATIÔNICA PARA SERVIÇO DE LAMA ASFÁLTICA","2022-06-01","***","***","***","***","***","***"]
["EMULSÃO ASFÁLTICA DE RUPTURA LENTA CATIÔNICA PARA SERVIÇO DE LAMA ASFÁLTICA","2022-07-01","***","***","***","***","***","***"]
["EMULSÃO ASFÁLTICA DE RUPTURA LENTA CATIÔNICA PARA SERVIÇO DE LAMA ASFÁLTICA","2022-08-01","***","***","***","***","***","***"]
["EMULSÃO ASFÁLTICA DE RUPTURA LENTA CATIÔNICA PARA SERVIÇO DE LAMA ASFÁLTICA","2022-09-01","***","***","***","***","***","***"]
["EMULSÃO ASFÁLTICA DE RUPTURA LENTA CATIÔNICA PARA SERVIÇO DE LAMA ASFÁLTICA","2022-10-01","***","***","***","***","***","***"]
["EMULSÃO ASFÁLTICA DE RUPTURA LENTA CATIÔNICA PARA SERVIÇO DE LAMA ASFÁLTICA","2022-11-01","***","***","***","***","***","***"]
["EMULSÃO ASFÁLTICA DE RUPTURA LENTA CATIÔNICA PARA SERVIÇO DE LAMA ASFÁLTICA","2022-12-01","***","***","***","***","***","***"]
["EMULSÃO ASFÁLTICA DE RUPTURA LENTA CATIÔNICA PARA SERVIÇO DE LAMA ASFÁLTICA","2023-01-01","***","***","***","***","***","***"]
["EMULSÃO ASFÁLTICA DE RUPTURA LENTA CATIÔNICA PARA SERVIÇO DE LAMA ASFÁLTICA","2023-02-01","***","***","***","***","***","***"]
["EMULSÃO ASFÁLTICA DE RUPTURA LENTA CATIÔNICA PARA SERVIÇO DE LAMA ASFÁLTICA","2023-03-01","***","***","***","***","***","***"]
["EMULSÃO ASFÁLTICA DE RUPTURA LENTA CATIÔNICA PARA SERVIÇO DE LAMA ASFÁLTICA","2023-04-01","***","***","***","***","***","***"]
["EMULSÃO ASFÁLTICA DE RUPTURA LENTA CATIÔNICA PARA SERVIÇO DE LAMA ASFÁLTICA","2023-05-01","***","***","***","***","***","***"]
["EMULSÃO ASFÁLTICA DE RUPTURA LENTA CATIÔNICA PARA SERVIÇO DE LAMA ASFÁLTICA","2023-06-01","***","***","***","***","***","***"]
["EMULSÃO ASFÁLTICA DE RUPTURA LENTA CATIÔNICA PARA SERVIÇO DE LAMA ASFÁLTICA","2023-07-01","***","***","***","***","***","***"]
["EMULSÃO ASFÁLTICA DE RUPTURA LENTA CATIÔNICA PARA SERVIÇO DE LAMA ASFÁLTICA","2023-08-01","***","***","***","***","***","***"]
["EMULSÃO ASFÁLTICA DE RUPTURA LENTA CATIÔNICA PARA SERVIÇO DE LAMA ASFÁLTICA","2023-09-01","***","***","***","***","***","***"]
["EMULSÃO ASFÁLTICA DE RUPTURA LENTA CATIÔNICA PARA SERVIÇO DE LAMA ASFÁLTICA","2023-10-01","***","***","***","***","***","***"]
["EMULSÃO ASFÁLTICA DE RUPTURA LENTA DE CARGA NEUTRA PARA SERVIÇO DE LAMA ASFÁLTICA","2015-09-01","***","***","***","***","***","***"]
["EMULSÃO ASFÁLTICA DE RUPTURA LENTA DE CARGA NEUTRA PARA SERVIÇO DE LAMA ASFÁLTICA","2015-10-01","***","***","***","***","***","***"]
["EMULSÃO ASFÁLTICA DE RUPTURA LENTA DE CARGA NEUTRA PARA SERVIÇO DE LAMA ASFÁLTICA","2015-11-01","***","***","***","***","***","***"]
["EMULSÃO ASFÁLTICA DE RUPTURA LENTA DE CARGA NEUTRA PARA SERVIÇO DE LAMA ASFÁLTICA","2015-12-01","***","***","***",1.78091,"***",1.78091]
["EMULSÃO ASFÁLTICA DE RUPTURA LENTA DE CARGA NEUTRA PARA SERVIÇO DE LAMA ASFÁLTICA","2016-01-01","***","***","***","***","***","***"]
["EMULSÃO ASFÁLTICA DE RUPTURA LENTA DE CARGA NEUTRA PARA SERVIÇO DE LAMA ASFÁLTICA","2016-02-01","***","***","***","***","***","***"]
["EMULSÃO ASFÁLTICA DE RUPTURA LENTA DE CARGA NEUTRA PARA SERVIÇO DE LAMA ASFÁLTICA","2016-03-01","***","***","***","***","***","***"]
["EMULSÃO ASFÁLTICA DE RUPTURA LENTA DE CARGA NEUTRA PARA SERVIÇO DE LAMA ASFÁLTICA","2016-04-01","***","***","***","***","***","***"]
["EMULSÃO ASFÁLTICA DE RUPTURA LENTA DE CARGA NEUTRA PARA SERVIÇO DE LAMA ASFÁLTICA","2016-05-01","***","***","***","***","***","***"]
["EMULSÃO ASFÁLTICA DE RUPTURA LENTA DE CARGA NEUTRA PARA SERVIÇO DE LAMA ASFÁLTICA","2016-06-01","***","***","***","***","***","***"]
["EMULSÃO ASFÁLTICA DE RUPTURA LENTA DE CARGA NEUTRA PARA SERVIÇO DE LAMA ASFÁLTICA","2016-07-01","***","***","***","***","***","***"]
["EMULSÃO ASFÁLTICA DE RUPTURA LENTA DE CARGA NEUTRA PARA SERVIÇO DE LAMA ASFÁLTICA","2016-08-01","***","***","***","***","***","***"]
["EMULSÃO ASFÁLTICA DE RUPTURA LENTA DE CARGA NEUTRA PARA SERVIÇO DE LAMA ASFÁLTICA","2016-09-01","***","***","***","***","***","***"]
["EMULSÃO ASFÁLTICA DE RUPTURA LENTA DE CARGA NEUTRA PARA SERVIÇO DE LAMA ASFÁLTICA","2016-10-01","***","***","***","***","***","***"]
["EMULSÃO ASFÁLTICA DE RUPTURA LENTA DE CARGA NEUTRA PARA SERVIÇO DE LAMA ASFÁLTICA","2016-11-01","***","***","***","***","***","***"]
["EMULSÃO ASFÁLTICA DE RUPTURA LENTA DE CARGA NEUTRA PARA SERVIÇO DE LAMA ASFÁLTICA","2016-12-01","***","***","***","***","***","***"]
["EMULSÃO ASFÁLTICA DE RUPTURA LENTA DE CARGA NEUTRA PARA SERVIÇO DE LAMA ASFÁLTICA","2017-01-01","***","***","***","***",1.3629899999999999,1.3629899999999999]
["EMULSÃO ASFÁLTICA DE RUPTURA LENTA DE CARGA NEUTRA PARA SERVIÇO DE LAMA ASFÁLTICA","2017-02-01","***","***","***","***",1.4107400000000001,1.4107400000000001]
["EMULSÃO ASFÁLTICA DE RUPTURA LENTA DE CARGA NEUTRA PARA SERVIÇO DE LAMA ASFÁLTICA","2017-03-01","***","***","***","***",1.4107400000000001,1.4107400000000001]
["EMULSÃO ASFÁLTICA DE RUPTURA LENTA DE CARGA NEUTRA PARA SERVIÇO DE LAMA ASFÁLTICA","2017-04-01","***","***","***",1.28121,"***",1.28121]
["EMULSÃO ASFÁLTICA DE RUPTURA LENTA DE CARGA NEUTRA PARA SERVIÇO DE LAMA ASFÁLTICA","2017-05-01","***","***","***",1.63401,"***",1.63401]
["EMULSÃO ASFÁLTICA DE RUPTURA LENTA DE CARGA NEUTRA PARA SERVIÇO DE LAMA ASFÁLTICA","2017-06-01","***","***","***",1.31921,"***",1.31921]
["EMULSÃO ASFÁLTICA DE RUPTURA LENTA DE CARGA NEUTRA PARA SERVIÇO DE LAMA ASFÁLTICA","2017-07-01","***","***","***","***","***","***"]
["EMULSÃO ASFÁLTICA DE RUPTURA LENTA DE CARGA NEUTRA PARA SERVIÇO DE LAMA ASFÁLTICA","2017-08-01","***","***","***",1.9680599999999999,"***",1.9680599999999999]
["EMULSÃO ASFÁLTICA DE RUPTURA LENTA DE CARGA NEUTRA PARA SERVIÇO DE LAMA ASFÁLTICA","2017-09-01","***","***","***","***","***","***"]
["EMULSÃO ASFÁLTICA DE RUPTURA LENTA DE CARGA NEUTRA PARA SERVIÇO DE LAMA ASFÁLTICA","2017-10-01","***","***","***","***","***","***"]
["EMULSÃO ASFÁLTICA DE RUPTURA LENTA DE CARGA NEUTRA PARA SERVIÇO DE LAMA ASFÁLTICA","2017-11-01","***","***","***","***","***","***"]
["EMULSÃO ASFÁLTICA DE RUPTURA LENTA DE CARGA NEUTRA PARA SERVIÇO DE LAMA ASFÁLTICA","2017-12-01","***","***","***","***","***","***"]
["EMULSÃO ASFÁLTICA DE RUPTURA LENTA DE CARGA NEUTRA PARA SERVIÇO DE LAMA ASFÁLTICA","2018-01-01","***","***","***","***","***","***"]
["EMULSÃO ASFÁLTICA DE RUPTURA LENTA DE CARGA NEUTRA PARA SERVIÇO DE LAMA ASFÁLTICA","2018-02-01","***","***","***","***","***","***"]
["EMULSÃO ASFÁLTICA DE RUPTURA LENTA DE CARGA NEUTRA PARA SERVIÇO DE LAMA ASFÁLTICA","2018-03-01","***","***","***","***","***","***"]
["EMULSÃO ASFÁLTICA DE RUPTURA LENTA DE CARGA NEUTRA PARA SERVIÇO DE LAMA ASFÁLTICA","2018-04-01","***","***","***","***","***","***"]
["EMULSÃO ASFÁLTICA DE RUPTURA LENTA DE CARGA NEUTRA PARA SERVIÇO DE LAMA ASFÁLTICA","2018-05-01","***","***","***","***","***","***"]
["EMULSÃO ASFÁLTICA DE RUPTURA LENTA DE CARGA NEUTRA PARA SERVIÇO DE LAMA ASFÁLTICA","2018-06-01","***","***","***","***","***","***"]
["EMULSÃO ASFÁLTICA DE RUPTURA LENTA DE CARGA NEUTRA PARA SERVIÇO DE LAMA ASFÁLTICA","2018-07-01","***","***","***","***","***","***"]
["EMULSÃO ASFÁLTICA DE RUPTURA LENTA DE CARGA NEUTRA PARA SERVIÇO DE LAMA ASFÁLTICA","2018-08-01","***","***","***","***","***","***"]
["EMULSÃO ASFÁLTICA DE RUPTURA LENTA DE CARGA NEUTRA PARA SERVIÇO DE LAMA ASFÁLTICA","2018-09-01","***","***","***","***","***","***"]
["EMULSÃO ASFÁLTICA DE RUPTURA LENTA DE CARGA NEUTRA PARA SERVIÇO DE LAMA ASFÁLTICA","2018-10-01","***","***","***","***","***","***"]
["EMULSÃO ASFÁLTICA DE RUPTURA LENTA DE CARGA NEUTRA PARA SERVIÇO DE LAMA ASFÁLTICA","2018-11-01","***","***","***","***","***","***"]
["EMULSÃO ASFÁLTICA DE RUPTURA LENTA DE CARGA NEUTRA PARA SERVIÇO DE LAMA ASFÁLTICA","2018-12-01","***","***","***","***","***","***"]
["EMULSÃO ASFÁLTICA DE RUPTURA LENTA DE CARGA NEUTRA PARA SERVIÇO DE LAMA ASFÁLTICA","2019-01-01","***","***","***","***","***","***"]
["EMULSÃO ASFÁLTICA DE RUPTURA LENTA DE CARGA NEUTRA PARA SERVIÇO DE LAMA ASFÁLTICA","2019-02-01","***","***","***","***","***","***"]
["EMULSÃO ASFÁLTICA DE RUPTURA LENTA DE CARGA NEUTRA PARA SERVIÇO DE LAMA ASFÁLTICA","2019-03-01","***","***","***","***","***","***"]
["EMULSÃO ASFÁLTICA DE RUPTURA LENTA DE CARGA NEUTRA PARA SERVIÇO DE LAMA ASFÁLTICA","2019-04-01","***","***","***","***","***","***"]
["EMULSÃO ASFÁLTICA DE RUPTURA LENTA DE CARGA NEUTRA PARA SERVIÇO DE LAMA ASFÁLTICA","2019-05-01","***","***","***","***","***","***"]
["EMULSÃO ASFÁLTICA DE RUPTURA LENTA DE CARGA NEUTRA PARA SERVIÇO DE LAMA ASFÁLTICA","2019-06-01","***","***","***","***","***","***"]
["EMULSÃO ASFÁLTICA DE RUPTURA LENTA DE CARGA NEUTRA PARA SERVIÇO DE LAMA ASFÁLTICA","2019-07-01","***","***","***","***","***","***"]
["EMULSÃO ASFÁLTICA DE RUPTURA LENTA DE CARGA NEUTRA PARA SERVIÇO DE LAMA ASFÁLTICA","2019-08-01","***","***","***","***","***","***"]
["EMULSÃO ASFÁLTICA DE RUPTURA LENTA DE CARGA NEUTRA PARA SERVIÇO DE LAMA ASFÁLTICA","2019-09-01","***","***","***","***","***","***"]
["EMULSÃO ASFÁLTICA DE RUPTURA LENTA DE CARGA NEUTRA PARA SERVIÇO DE LAMA ASFÁLTICA","2019-10-01","***","***","***","***","***","***"]
["EMULSÃO ASFÁLTICA DE RUPTURA LENTA DE CARGA NEUTRA PARA SERVIÇO DE LAMA ASFÁLTICA","2019-11-01","***","***","***","***","***","***"]
["EMULSÃO ASFÁLTICA DE RUPTURA LENTA DE CARGA NEUTRA PARA SERVIÇO DE LAMA ASFÁLTICA","2019-12-01","***","***","***","***","***","***"]
["EMULSÃO ASFÁLTICA DE RUPTURA LENTA DE CARGA NEUTRA PARA SERVIÇO DE LAMA ASFÁLTICA","2020-01-01","***","***","***","***","***","***"]
["EMULSÃO ASFÁLTICA DE RUPTURA LENTA DE CARGA NEUTRA PARA SERVIÇO DE LAMA ASFÁLTICA","2020-02-01","***","***","***","***","***","***"]
["EMULSÃO ASFÁLTICA DE RUPTURA LENTA DE CARGA NEUTRA PARA SERVIÇO DE LAMA ASFÁLTICA","2020-03-01","***","***","***","***","***","***"]
["EMULSÃO ASFÁLTICA DE RUPTURA LENTA DE CARGA NEUTRA PARA SERVIÇO DE LAMA ASFÁLTICA","2020-04-01","***","***","***","***","***","***"]
["EMULSÃO ASFÁLTICA DE RUPTURA LENTA DE CARGA NEUTRA PARA SERVIÇO DE LAMA ASFÁLTICA","2020-05-01","***","***","***","***","***","***"]
["EMULSÃO ASFÁLTICA DE RUPTURA LENTA DE CARGA NEUTRA PARA SERVIÇO DE LAMA ASFÁLTICA","2020-06-01","***","***","***","***","***","***"]
["EMULSÃO ASFÁLTICA DE RUPTURA LENTA DE CARGA NEUTRA PARA SERVIÇO DE LAMA ASFÁLTICA","2020-07-01","***","***","***","***","***","***"]
["EMULSÃO ASFÁLTICA DE RUPTURA LENTA DE CARGA NEUTRA PARA SERVIÇO DE LAMA ASFÁLTICA","2020-08-01","***","***","***","***","***","***"]
["EMULSÃO ASFÁLTICA DE RUPTURA LENTA DE CARGA NEUTRA PARA SERVIÇO DE LAMA ASFÁLTICA","2020-09-01","***","***","***","***","***","***"]
["EMULSÃO ASFÁLTICA DE RUPTURA LENTA DE CARGA NEUTRA PARA SERVIÇO DE LAMA ASFÁLTICA","2020-10-01","***","***","***","***","***","***"]
["EMULSÃO ASFÁLTICA DE RUPTURA LENTA DE CARGA NEUTRA PARA SERVIÇO DE LAMA ASFÁLTICA","2020-11-01","***","***","***","***","***","***"]
["EMULSÃO ASFÁLTICA DE RUPTURA LENTA DE CARGA NEUTRA PARA SERVIÇO DE LAMA ASFÁLTICA","2020-12-01","***","***","***","***","***","***"]
["EMULSÃO ASFÁLTICA DE RUPTURA LENTA DE CARGA NEUTRA PARA SERVIÇO DE LAMA ASFÁLTICA","2021-01-01","***","***","***","***","***","***"]
["EMULSÃO ASFÁLTICA DE RUPTURA LENTA DE CARGA NEUTRA PARA SERVIÇO DE LAMA ASFÁLTICA","2021-02-01","***","***","***","***","***","***"]
["EMULSÃO ASFÁLTICA DE RUPTURA LENTA DE CARGA NEUTRA PARA SERVIÇO DE LAMA ASFÁLTICA","2021-03-01","***","***","***","***","***","***"]
["EMULSÃO ASFÁLTICA DE RUPTURA LENTA DE CARGA NEUTRA PARA SERVIÇO DE LAMA ASFÁLTICA","2021-04-01","***","***","***","***","***","***"]
["EMULSÃO ASFÁLTICA DE RUPTURA LENTA DE CARGA NEUTRA PARA SERVIÇO DE LAMA ASFÁLTICA","2021-05-01","***","***","***","***","***","***"]
["EMULSÃO ASFÁLTICA DE RUPTURA LENTA DE CARGA NEUTRA PARA SERVIÇO DE LAMA ASFÁLTICA","2021-06-01","***","***","***","***","***","***"]
["EMULSÃO ASFÁLTICA DE RUPTURA LENTA DE CARGA NEUTRA PARA SERVIÇO DE LAMA ASFÁLTICA","2021-07-01","***","***","***","***","***","***"]
["EMULSÃO ASFÁLTICA DE RUPTURA LENTA DE CARGA NEUTRA PARA SERVIÇO DE LAMA ASFÁLTICA","2021-08-01","***","***","***","***","***","***"]
["EMULSÃO ASFÁLTICA DE RUPTURA LENTA DE CARGA NEUTRA PARA SERVIÇO DE LAMA ASFÁLTICA","2021-09-01","***","***","***","***","***","***"]
["EMULSÃO ASFÁLTICA DE RUPTURA LENTA DE CARGA NEUTRA PARA SERVIÇO DE LAMA ASFÁLTICA","2021-10-01","***","***","***","***","***","***"]
["EMULSÃO ASFÁLTICA DE RUPTURA LENTA DE CARGA NEUTRA PARA SERVIÇO DE LAMA ASFÁLTICA","2021-11-01","***","***","***","***","***","***"]
["EMULSÃO ASFÁLTICA DE RUPTURA LENTA DE CARGA NEUTRA PARA SERVIÇO DE LAMA ASFÁLTICA","2021-12-01","***","***","***","***","***","***"]
["EMULSÃO ASFÁLTICA DE RUPTURA LENTA DE CARGA NEUTRA PARA SERVIÇO DE LAMA ASFÁLTICA","2022-01-01","***","***","***","***","***","***"]
["EMULSÃO ASFÁLTICA DE RUPTURA LENTA DE CARGA NEUTRA PARA SERVIÇO DE LAMA ASFÁLTICA","2022-02-01","***","***","***","***","***","***"]
["EMULSÃO ASFÁLTICA DE RUPTURA LENTA DE CARGA NEUTRA PARA SERVIÇO DE LAMA ASFÁLTICA","2022-03-01","***","***","***","***","***","***"]
["EMULSÃO ASFÁLTICA DE RUPTURA LENTA DE CARGA NEUTRA PARA SERVIÇO DE LAMA ASFÁLTICA","2022-04-01","***","***","***","***","***","***"]
["EMULSÃO ASFÁLTICA DE RUPTURA LENTA DE CARGA NEUTRA PARA SERVIÇO DE LAMA ASFÁLTICA","2022-05-01","***","***","***","***","***","***"]
["EMULSÃO ASFÁLTICA DE RUPTURA LENTA DE CARGA NEUTRA PARA SERVIÇO DE LAMA ASFÁLTICA","2022-06-01","***","***","***","***","***","***"]
["EMULSÃO ASFÁLTICA DE RUPTURA LENTA DE CARGA NEUTRA PARA SERVIÇO DE LAMA ASFÁLTICA","2022-07-01","***","***","***","***","***","***"]
["EMULSÃO ASFÁLTICA DE RUPTURA LENTA DE CARGA NEUTRA PARA SERVIÇO DE LAMA ASFÁLTICA","2022-08-01","***","***","***","***","***","***"]
["EMULSÃO ASFÁLTICA DE RUPTURA LENTA DE CARGA NEUTRA PARA SERVIÇO DE LAMA ASFÁLTICA","2022-09-01","***","***","***","***","***","***"]
["EMULSÃO ASFÁLTICA DE RUPTURA LENTA DE CARGA NEUTRA PARA SERVIÇO DE LAMA ASFÁLTICA","2022-10-01","***","***","***","***","***","***"]
["EMULSÃO ASFÁLTICA DE RUPTURA LENTA DE CARGA NEUTRA PARA SERVIÇO DE LAMA ASFÁLTICA","2022-11-01","***","***","***","***","***","***"]
["EMULSÃO ASFÁLTICA DE RUPTURA LENTA DE CARGA NEUTRA PARA SERVIÇO DE LAMA ASFÁLTICA","2022-12-01","***","***","***","***","***","***"]
["EMULSÃO ASFÁLTICA DE RUPTURA LENTA DE CARGA NEUTRA PARA SERVIÇO DE LAMA ASFÁLTICA","2023-01-01","***","***","***","***","***","***"]
["EMULSÃO ASFÁLTICA DE RUPTURA LENTA DE CARGA NEUTRA PARA SERVIÇO DE LAMA ASFÁLTICA","2023-02-01","***","***","***","***","***","***"]
["EMULSÃO ASFÁLTICA DE RUPTURA LENTA DE CARGA NEUTRA PARA SERVIÇO DE LAMA ASFÁLTICA","2023-03-01","***","***","***","***","***","***"]
["EMULSÃO ASFÁLTICA DE RUPTURA LENTA DE CARGA NEUTRA PARA SERVIÇO DE LAMA ASFÁLTICA","2023-04-01","***","***","***","***","***","***"]
["EMULSÃO ASFÁLTICA DE RUPTURA LENTA DE CARGA NEUTRA PARA SERVIÇO DE LAMA ASFÁLTICA","2023-05-01","***","***","***","***","***","***"]
["EMULSÃO ASFÁLTICA DE RUPTURA LENTA DE CARGA NEUTRA PARA SERVIÇO DE LAMA ASFÁLTICA","2023-06-01","***","***","***","***","***","***"]
["EMULSÃO ASFÁLTICA DE RUPTURA LENTA DE CARGA NEUTRA PARA SERVIÇO DE LAMA ASFÁLTICA","2023-07-01","***","***","***","***","***","***"]
["EMULSÃO ASFÁLTICA DE RUPTURA LENTA DE CARGA NEUTRA PARA SERVIÇO DE LAMA ASFÁLTICA","2023-08-01","***","***","***","***","***","***"]
["EMULSÃO ASFÁLTICA DE RUPTURA LENTA DE CARGA NEUTRA PARA SERVIÇO DE LAMA ASFÁLTICA","2023-09-01","***","***","***","***","***","***"]
["EMULSÃO ASFÁLTICA DE RUPTURA LENTA DE CARGA NEUTRA PARA SERVIÇO DE LAMA ASFÁLTICA","2023-10-01","***","***","***","***","***","***"]
["EMULSÃO ASFÁLTICA PARA SERVIÇO DE IMPRIMAÇÃO","2015-09-01","***","***",1.4717199999999999,1.40961,1.4193100000000001,1.44682]
["EMULSÃO ASFÁLTICA PARA SERVIÇO DE IMPRIMAÇÃO","2015-10-01","***",1.9176,1.7810900000000001,1.49553,1.6322700000000001,1.65587]
["EMULSÃO ASFÁLTICA PARA SERVIÇO DE IMPRIMAÇÃO","2015-11-01","***",1.9491000000000001,1.8514999999999999,1.5423800000000001,1.7165699999999999,1.71116]
["EMULSÃO ASFÁLTICA PARA SERVIÇO DE IMPRIMAÇÃO","2015-12-01","***",1.9329000000000001,1.92899,1.5349200000000001,1.7583,1.74516]
["EMULSÃO ASFÁLTICA PARA SERVIÇO DE IMPRIMAÇÃO","2016-01-01","***",2.07342,1.72986,1.5701099999999999,1.8257699999999999,1.7351000000000001]
["EMULSÃO ASFÁLTICA PARA SERVIÇO DE IMPRIMAÇÃO","2016-02-01","***","***",1.97326,1.5621700000000001,1.77772,1.66035]
["EMULSÃO ASFÁLTICA PARA SERVIÇO DE IMPRIMAÇÃO","2016-03-01","***",2.0640000000000001,1.9541200000000001,1.57331,1.74224,1.6939299999999999]
["EMULSÃO ASFÁLTICA PARA SERVIÇO DE IMPRIMAÇÃO","2016-04-01","***","***",2.1729799999999999,1.7525299999999999,1.8008,1.8146800000000001]
["EMULSÃO ASFÁLTICA PARA SERVIÇO DE IMPRIMAÇÃO","2016-05-01","***",1.79192,2.1182300000000001,1.73552,1.91371,1.88026]
["EMULSÃO ASFÁLTICA PARA SERVIÇO DE IMPRIMAÇÃO","2016-06-01","***",2.3814000000000002,2.06854,1.7727599999999999,1.86677,1.8919600000000001]
["EMULSÃO ASFÁLTICA PARA SERVIÇO DE IMPRIMAÇÃO","2016-07-01","***",2.2549299999999999,2.0577200000000002,1.7455799999999999,1.92283,1.9082699999999999]
["EMULSÃO ASFÁLTICA PARA SERVIÇO DE IMPRIMAÇÃO","2016-08-01","***",1.97228,2.02088,1.8171900000000001,1.88567,1.91448]
["EMULSÃO ASFÁLTICA PARA SERVIÇO DE IMPRIMAÇÃO","2016-09-01","***",1.5627800000000001,1.84406,1.5798399999999999,1.69564,1.6977]
["EMULSÃO ASFÁLTICA PARA SERVIÇO DE IMPRIMAÇÃO","2016-10-01","***",1.38463,1.8077099999999999,1.5586800000000001,1.7103699999999999,1.6861699999999999]
["EMULSÃO ASFÁLTICA PARA SERVIÇO DE IMPRIMAÇÃO","2016-11-01",1.85555,1.5683199999999999,1.88446,1.50281,1.64547,1.6395900000000001]
["EMULSÃO ASFÁLTICA PARA SERVIÇO DE IMPRIMAÇÃO","2016-12-01",1.8355399999999999,1.7820199999999999,1.7095199999999999,1.46855,1.7295499999999999,1.6919900000000001]
["EMULSÃO ASFÁLTICA PARA SERVIÇO DE IMPRIMAÇÃO","2017-01-01",1.8523400000000001,1.91038,1.73471,1.3295999999999999,1.7152700000000001,1.6610400000000001]
["EMULSÃO ASFÁLTICA PARA SERVIÇO DE IMPRIMAÇÃO","2017-02-01",1.80267,1.65313,1.69217,1.5038800000000001,1.65215,1.6307]
["EMULSÃO ASFÁLTICA PARA SERVIÇO DE IMPRIMAÇÃO","2017-03-01","***",1.8867,1.8112699999999999,1.4228799999999999,1.6713100000000001,1.5907500000000001]
["EMULSÃO ASFÁLTICA PARA SERVIÇO DE IMPRIMAÇÃO","2017-04-01",1.80267,1.92211,1.90802,1.4540599999999999,1.48106,1.5422100000000001]
["EMULSÃO ASFÁLTICA PARA SERVIÇO DE IMPRIMAÇÃO","2017-05-01","***",1.7987200000000001,1.91086,1.4473499999999999,1.5792200000000001,1.6012500000000001]
["EMULSÃO ASFÁLTICA PARA SERVIÇO DE IMPRIMAÇÃO","2017-06-01","***",1.92804,1.7547200000000001,1.5224500000000001,1.6157900000000001,1.66262]
["EMULSÃO ASFÁLTICA PARA SERVIÇO DE IMPRIMAÇÃO","2017-07-01","***",1.8200499999999999,1.7937399999999999,1.5130399999999999,1.58419,1.6338999999999999]
["EMULSÃO ASFÁLTICA PARA SERVIÇO DE IMPRIMAÇÃO","2017-08-01",2.0585,1.8604499999999999,1.8188,1.46624,1.6024099999999999,1.6858900000000001]
["EMULSÃO ASFÁLTICA PARA SERVIÇO DE IMPRIMAÇÃO","2017-09-01",2.1347900000000002,1.9129799999999999,1.7309099999999999,1.4955099999999999,1.7016199999999999,1.63788]
["EMULSÃO ASFÁLTICA PARA SERVIÇO DE IMPRIMAÇÃO","2017-10-01",1.9739500000000001,2.04528,1.7446999999999999,1.5035499999999999,1.6649400000000001,1.6895199999999999]
["EMULSÃO ASFÁLTICA PARA SERVIÇO DE IMPRIMAÇÃO","2017-11-01",2.2336100000000001,2.1274700000000002,1.76586,1.59602,1.7149300000000001,1.7348399999999999]
["EMULSÃO ASFÁLTICA PARA SERVIÇO DE IMPRIMAÇÃO","2017-12-01",2.0474999999999999,2.1473499999999999,1.80568,1.50467,1.7133,1.79372]
["EMULSÃO ASFÁLTICA PARA SERVIÇO DE IMPRIMAÇÃO","2018-01-01","***",2.1136400000000002,1.7047399999999999,1.66153,1.79338,1.8390599999999999]
["EMULSÃO ASFÁLTICA PARA SERVIÇO DE IMPRIMAÇÃO","2018-02-01",2.2785099999999998,2.06589,1.80063,1.64191,1.78146,1.7641899999999999]
["EMULSÃO ASFÁLTICA PARA SERVIÇO DE IMPRIMAÇÃO","2018-03-01",2.2486999999999999,2.0861399999999999,1.9421999999999999,1.6115200000000001,1.8381099999999999,1.8777699999999999]
["EMULSÃO ASFÁLTICA PARA SERVIÇO DE IMPRIMAÇÃO","2018-04-01",2.2489599999999998,2.1246900000000002,1.8977999999999999,1.6093500000000001,1.81358,1.8005199999999999]
["EMULSÃO ASFÁLTICA PARA SERVIÇO DE IMPRIMAÇÃO","2018-05-01","***",1.6126499999999999,2.0263,1.7277400000000001,1.8867100000000001,1.79739]
["EMULSÃO ASFÁLTICA PARA SERVIÇO DE IMPRIMAÇÃO","2018-06-01",2.5311900000000001,1.8967000000000001,2.1122700000000001,1.7636099999999999,1.95828,1.95539]
["EMULSÃO ASFÁLTICA PARA SERVIÇO DE IMPRIMAÇÃO","2018-07-01",2.0369999999999999,1.7043699999999999,2.1750600000000002,1.86982,2.0236900000000002,1.9568300000000001]
["EMULSÃO ASFÁLTICA PARA SERVIÇO DE IMPRIMAÇÃO","2018-08-01",2.4222800000000002,2.1440100000000002,2.26403,1.9046099999999999,2.12792,2.1252200000000001]
["EMULSÃO ASFÁLTICA PARA SERVIÇO DE IMPRIMAÇÃO","2018-09-01",2.3363399999999999,2.2616499999999999,2.2680400000000001,1.8891,2.1329600000000002,2.1162700000000001]
["EMULSÃO ASFÁLTICA PARA SERVIÇO DE IMPRIMAÇÃO","2018-10-01",2.2061500000000001,2.3200400000000001,2.2529400000000002,1.9093899999999999,2.1501199999999998,2.1277300000000001]
["EMULSÃO ASFÁLTICA PARA SERVIÇO DE IMPRIMAÇÃO","2018-11-01","***",2.47756,2.3472400000000002,2.0481799999999999,2.2622200000000001,2.2770100000000002]
["EMULSÃO ASFÁLTICA PARA SERVIÇO DE IMPRIMAÇÃO","2018-12-01",2.6970100000000001,2.4878,2.2755899999999998,1.9267099999999999,2.27041,2.17733]
["EMULSÃO ASFÁLTICA PARA SERVIÇO DE IMPRIMAÇÃO","2019-01-01",2.5695299999999999,2.0477500000000002,2.2735400000000001,1.9027000000000001,2.2675999999999998,2.1379899999999998]
["EMULSÃO ASFÁLTICA PARA SERVIÇO DE IMPRIMAÇÃO","2019-02-01","***",2.0257299999999998,2.4624899999999998,1.9703200000000001,2.3070400000000002,2.15517]
["EMULSÃO ASFÁLTICA PARA SERVIÇO DE IMPRIMAÇÃO","2019-03-01",2.6691099999999999,1.69594,2.5465499999999999,1.9552400000000001,2.4281799999999998,2.2045400000000002]
["EMULSÃO ASFÁLTICA PARA SERVIÇO DE IMPRIMAÇÃO","2019-04-01",3.35955,1.9818100000000001,2.3125599999999999,2.0354299999999999,2.2397499999999999,2.17747]
["EMULSÃO ASFÁLTICA PARA SERVIÇO DE IMPRIMAÇÃO","2019-05-01","***",1.8234999999999999,2.42543,1.9132400000000001,2.2897099999999999,2.0706799999999999]
["EMULSÃO ASFÁLTICA PARA SERVIÇO DE IMPRIMAÇÃO","2019-06-01",2.2517200000000002,2.0564300000000002,2.3626399999999999,1.98536,2.3117399999999999,2.17543]
["EMULSÃO ASFÁLTICA PARA SERVIÇO DE IMPRIMAÇÃO","2019-07-01",2.3896999999999999,1.9267300000000001,2.3502999999999998,1.88612,2.3443100000000001,2.1300300000000001]
["EMULSÃO ASFÁLTICA PARA SERVIÇO DE IMPRIMAÇÃO","2019-08-01",2.4205000000000001,1.9366300000000001,2.2289599999999998,1.91919,2.0707499999999999,2.07464]
["EMULSÃO ASFÁLTICA PARA SERVIÇO DE IMPRIMAÇÃO","2019-09-01","***",1.7259599999999999,2.1658400000000002,1.9828699999999999,2.1233900000000001,2.0320100000000001]
["EMULSÃO ASFÁLTICA PARA SERVIÇO DE IMPRIMAÇÃO","2019-10-01",4.5373299999999999,2.4236499999999999,2.2699400000000001,1.9603600000000001,2.09192,2.2362899999999999]
["EMULSÃO ASFÁLTICA PARA SERVIÇO DE IMPRIMAÇÃO","2019-11-01",5.6230700000000002,2.6715900000000001,2.7934399999999999,2.09301,1.9917899999999999,2.4255800000000001]
["EMULSÃO ASFÁLTICA PARA SERVIÇO DE IMPRIMAÇÃO","2019-12-01",2.3584000000000001,3.0904500000000001,2.6985999999999999,1.9948300000000001,2.0674700000000001,2.3388399999999998]
["EMULSÃO ASFÁLTICA PARA SERVIÇO DE IMPRIMAÇÃO","2020-01-01",3.6791900000000002,4.1110199999999999,2.20905,2.2934700000000001,2.1807400000000001,2.3621400000000001]
["EMULSÃO ASFÁLTICA PARA SERVIÇO DE IMPRIMAÇÃO","2020-02-01",2.1811799999999999,2.1654900000000001,2.3830300000000002,2.2917200000000002,1.9559200000000001,2.1193300000000002]
["EMULSÃO ASFÁLTICA PARA SERVIÇO DE IMPRIMAÇÃO","2020-03-01",2.1471900000000002,1.97458,2.2907199999999999,2.1034899999999999,1.94312,2.0570300000000001]
["EMULSÃO ASFÁLTICA PARA SERVIÇO DE IMPRIMAÇÃO","2020-04-01",2.0778799999999999,1.7936099999999999,2.2504,1.8989100000000001,2.0198999999999998,1.9963599999999999]
["EMULSÃO ASFÁLTICA PARA SERVIÇO DE IMPRIMAÇÃO","2020-05-01",2.2555800000000001,1.8382499999999999,2.04921,1.8409800000000001,2.1390500000000001,2.00047]
["EMULSÃO ASFÁLTICA PARA SERVIÇO DE IMPRIMAÇÃO","2020-06-01",2.1355200000000001,1.87175,2.0038499999999999,1.8457600000000001,2.1776300000000002,1.9814499999999999]
["EMULSÃO ASFÁLTICA PARA SERVIÇO DE IMPRIMAÇÃO","2020-07-01",2.3472599999999999,1.8385499999999999,2.0749300000000002,1.8188,2.1207400000000001,1.9855499999999999]
["EMULSÃO ASFÁLTICA PARA SERVIÇO DE IMPRIMAÇÃO","2020-08-01",2.33941,1.87073,2.1051099999999998,1.8215300000000001,2.3315100000000002,2.02881]
["EMULSÃO ASFÁLTICA PARA SERVIÇO DE IMPRIMAÇÃO","2020-09-01",2.36205,1.8818299999999999,2.1206800000000001,1.8097799999999999,2.2764199999999999,2.0419800000000001]
["EMULSÃO ASFÁLTICA PARA SERVIÇO DE IMPRIMAÇÃO","2020-10-01",2.5521400000000001,2.0400200000000002,2.05653,1.8438099999999999,2.1179600000000001,2.04691]
["EMULSÃO ASFÁLTICA PARA SERVIÇO DE IMPRIMAÇÃO","2020-11-01",2.4177599999999999,2.0188299999999999,2.16798,1.9405699999999999,2.2862300000000002,2.1147800000000001]
["EMULSÃO ASFÁLTICA PARA SERVIÇO DE IMPRIMAÇÃO","2020-12-01",2.3378199999999998,2.08413,2.1625700000000001,1.83351,2.2766199999999999,2.0952700000000002]
["EMULSÃO ASFÁLTICA PARA SERVIÇO DE IMPRIMAÇÃO","2021-01-01",2.3472400000000002,2.03756,2.1396099999999998,2.0393500000000002,2.23767,2.0954100000000002]
["EMULSÃO ASFÁLTICA PARA SERVIÇO DE IMPRIMAÇÃO","2021-02-01",2.3501500000000002,2.0560100000000001,2.1588099999999999,1.98054,2.20364,2.1088300000000002]
["EMULSÃO ASFÁLTICA PARA SERVIÇO DE IMPRIMAÇÃO","2021-03-01",2.3438099999999999,1.96939,2.1533099999999998,2.0575700000000001,2.41696,2.1614499999999999]
["EMULSÃO ASFÁLTICA PARA SERVIÇO DE IMPRIMAÇÃO","2021-04-01",2.4893299999999998,2.0094699999999999,2.2065000000000001,2.02258,2.3671099999999998,2.1681900000000001]
["EMULSÃO ASFÁLTICA PARA SERVIÇO DE IMPRIMAÇÃO","2021-05-01",2.5603500000000001,2.3435199999999998,2.45797,2.42672,2.7680400000000001,2.5118499999999999]
["EMULSÃO ASFÁLTICA PARA SERVIÇO DE IMPRIMAÇÃO","2021-06-01",2.5979100000000002,2.2069899999999998,2.43926,2.3694899999999999,2.6562999999999999,2.4059200000000001]
["EMULSÃO ASFÁLTICA PARA SERVIÇO DE IMPRIMAÇÃO","2021-07-01",2.4877799999999999,2.2985699999999998,2.4157099999999998,2.3469500000000001,2.5056600000000002,2.3916200000000001]
["EMULSÃO ASFÁLTICA PARA SERVIÇO DE IMPRIMAÇÃO","2021-08-01",2.7429600000000001,2.2921499999999999,2.45818,2.4122300000000001,2.6645599999999998,2.4453200000000002]
["EMULSÃO ASFÁLTICA PARA SERVIÇO DE IMPRIMAÇÃO","2021-09-01",2.7361300000000002,2.34721,2.5007100000000002,2.4364499999999998,2.7185000000000001,2.4887000000000001]
["EMULSÃO ASFÁLTICA PARA SERVIÇO DE IMPRIMAÇÃO","2021-10-01",2.7711800000000002,2.2997899999999998,2.6102599999999998,2.3568500000000001,2.7147800000000002,2.50204]
["EMULSÃO ASFÁLTICA PARA SERVIÇO DE IMPRIMAÇÃO","2021-11-01",3.2692199999999998,2.4903300000000002,2.7374100000000001,2.68275,3.11938,2.7718400000000001]
["EMULSÃO ASFÁLTICA PARA SERVIÇO DE IMPRIMAÇÃO","2021-12-01",3.0232399999999999,2.4811100000000001,2.8399200000000002,2.78979,3.09076,2.7696000000000001]
["EMULSÃO ASFÁLTICA PARA SERVIÇO DE IMPRIMAÇÃO","2022-01-01",3.1666599999999998,2.4813900000000002,2.7500300000000002,2.8233700000000002,2.8680099999999999,2.7139799999999998]
["EMULSÃO ASFÁLTICA PARA SERVIÇO DE IMPRIMAÇÃO","2022-02-01",3.0130599999999998,2.5115500000000002,2.9902899999999999,2.87405,3.2858900000000002,2.7548900000000001]
["EMULSÃO ASFÁLTICA PARA SERVIÇO DE IMPRIMAÇÃO","2022-03-01",2.65307,2.58345,2.9893700000000001,2.9960900000000001,3.2109100000000002,2.8387799999999999]
["EMULSÃO ASFÁLTICA PARA SERVIÇO DE IMPRIMAÇÃO","2022-04-01",3.1752199999999999,2.9408099999999999,3.3647,3.0254099999999999,3.3443800000000001,3.1323699999999999]
["EMULSÃO ASFÁLTICA PARA SERVIÇO DE IMPRIMAÇÃO","2022-05-01",3.02549,3.0780400000000001,3.2428599999999999,2.9954700000000001,3.2211500000000002,3.1142300000000001]
["EMULSÃO ASFÁLTICA PARA SERVIÇO DE IMPRIMAÇÃO","2022-06-01",3.6042900000000002,2.8092800000000002,3.2421500000000001,3.0548700000000002,3.12025,3.10223]
["EMULSÃO ASFÁLTICA PARA SERVIÇO DE IMPRIMAÇÃO","2022-07-01",3.4499399999999998,3.0348799999999998,3.3563800000000001,3.0616599999999998,3.24824,3.2208199999999998]
["EMULSÃO ASFÁLTICA PARA SERVIÇO DE IMPRIMAÇÃO","2022-08-01",3.37514,3.1220500000000002,3.2507899999999998,3.0489899999999999,3.0750199999999999,3.18398]
["EMULSÃO ASFÁLTICA PARA SERVIÇO DE IMPRIMAÇÃO","2022-09-01",3.22973,2.9600200000000001,3.22559,3.02969,2.9285299999999999,3.0928499999999999]
["EMULSÃO ASFÁLTICA PARA SERVIÇO DE IMPRIMAÇÃO","2022-10-01",2.9350200000000002,2.90862,3.1679599999999999,2.8126799999999998,3.0105900000000001,2.9896600000000002]
["EMULSÃO ASFÁLTICA PARA SERVIÇO DE IMPRIMAÇÃO","2022-11-01",2.9075199999999999,2.8680300000000001,3.1302599999999998,2.7831199999999998,3.0188899999999999,2.9518399999999998]
["EMULSÃO ASFÁLTICA PARA SERVIÇO DE IMPRIMAÇÃO","2022-12-01",3.1460900000000001,2.8836200000000001,3.0842299999999998,2.6200600000000001,2.96835,2.94774]
["EMULSÃO ASFÁLTICA PARA SERVIÇO DE IMPRIMAÇÃO","2023-01-01",3.8304900000000002,2.6506500000000002,3.7344400000000002,2.9369299999999998,2.8237299999999999,2.9197700000000002]
["EMULSÃO ASFÁLTICA PARA SERVIÇO DE IMPRIMAÇÃO","2023-02-01",3.4133900000000001,2.47926,3.1333199999999999,2.6523300000000001,3.16797,2.8125599999999999]
["EMULSÃO ASFÁLTICA PARA SERVIÇO DE IMPRIMAÇÃO","2023-03-01",3.5901000000000001,2.41452,2.8183600000000002,2.4805999999999999,2.5785999999999998,2.6069100000000001]
["EMULSÃO ASFÁLTICA PARA SERVIÇO DE IMPRIMAÇÃO","2023-04-01",2.8250299999999999,2.5919599999999998,2.6577799999999998,2.5803099999999999,2.59321,2.6128200000000001]
["EMULSÃO ASFÁLTICA PARA SERVIÇO DE IMPRIMAÇÃO","2023-05-01",3.04297,2.5710299999999999,2.8081399999999999,2.3133499999999998,2.4410099999999999,2.58473]
["EMULSÃO ASFÁLTICA PARA SERVIÇO DE IMPRIMAÇÃO","2023-06-01",2.9723999999999999,2.2668499999999998,2.6939099999999998,2.2833199999999998,2.5303900000000001,2.5360100000000001]
["EMULSÃO ASFÁLTICA PARA SERVIÇO DE IMPRIMAÇÃO","2023-07-01",2.8822000000000001,2.2594099999999999,2.7539699999999998,2.2901600000000002,2.5120100000000001,2.5559400000000001]
["EMULSÃO ASFÁLTICA PARA SERVIÇO DE IMPRIMAÇÃO","2023-08-01",2.7599,2.2519800000000001,2.71915,2.24844,2.5402399999999998,2.5142600000000002]
["EMULSÃO ASFÁLTICA PARA SERVIÇO DE IMPRIMAÇÃO","2023-09-01",2.9963500000000001,2.46943,2.83596,2.3542100000000001,2.54406,2.6296200000000001]
["EMULSÃO ASFÁLTICA PARA SERVIÇO DE IMPRIMAÇÃO","2023-10-01",2.9068999999999998,2.3466200000000002,2.7833600000000001,2.2449599999999998,2.5161600000000002,2.5548899999999999]
["EMULSÕES ASF. MOD. POR POLÍMEROS RC1C-E","2009-12-01","***",1.125,1.5012000000000001,1.0900799999999999,1.15113,1.16832]
["EMULSÕES ASF. MOD. POR POLÍMEROS RC1C-E","2010-01-01","***",1.1223399999999999,1.4157900000000001,1.0761400000000001,1.1651899999999999,1.1467499999999999]
["EMULSÕES ASF. MOD. POR POLÍMEROS RC1C-E","2010-02-01","***",1.13443,1.41439,1.1024099999999999,1.1392500000000001,1.1564099999999999]
["EMULSÕES ASF. MOD. POR POLÍMEROS RC1C-E","2010-03-01","***",1.13001,1.38184,1.12819,1.13402,1.14808]
["EMULSÕES ASF. MOD. POR POLÍMEROS RC1C-E","2010-04-01","***",1.1171,1.29894,1.1023400000000001,1.2256400000000001,1.1585799999999999]
["EMULSÕES ASF. MOD. POR POLÍMEROS RC1C-E","2010-05-01","***",1.1152500000000001,1.29365,1.09188,1.22166,1.1487499999999999]
["EMULSÕES ASF. MOD. POR POLÍMEROS RC1C-E","2010-06-01","***",1.1061300000000001,1.2859700000000001,1.0848100000000001,1.2274,1.1676899999999999]
["EMULSÕES ASF. MOD. POR POLÍMEROS RC1C-E","2010-07-01","***",1.1020399999999999,1.30837,1.06711,1.2302599999999999,1.1417600000000001]
["EMULSÕES ASF. MOD. POR POLÍMEROS RC1C-E","2010-08-01","***",1.1477299999999999,1.2130700000000001,1.0671900000000001,1.2287300000000001,1.1263300000000001]
["EMULSÕES ASF. MOD. POR POLÍMEROS RC1C-E","2010-09-01","***",1.1240300000000001,1.20482,1.0811999999999999,1.2227600000000001,1.14073]
["EMULSÕES ASF. MOD. POR POLÍMEROS RC1C-E","2010-10-01","***",1.1238300000000001,1.24027,1.0629599999999999,1.22749,1.1605799999999999]
["EMULSÕES ASF. MOD. POR POLÍMEROS RC1C-E","2010-11-01","***",1.1271599999999999,1.25996,1.08344,1.1524399999999999,1.1519699999999999]
["EMULSÕES ASF. MOD. POR POLÍMEROS RC1C-E","2010-12-01","***",1.1180300000000001,1.22366,1.07498,1.0954699999999999,1.10823]
["EMULSÕES ASF. MOD. POR POLÍMEROS RC1C-E","2011-01-01","***",1.1461699999999999,1.23638,1.04158,1.0716699999999999,1.09897]
["EMULSÕES ASF. MOD. POR POLÍMEROS RC1C-E","2011-02-01","***",1.11643,1.2504599999999999,1.03589,1.02891,1.0539700000000001]
["EMULSÕES ASF. MOD. POR POLÍMEROS RC1C-E","2011-03-01","***",1.11741,1.31982,1.0419400000000001,1.06793,1.09917]
["EMULSÕES ASF. MOD. POR POLÍMEROS RC1C-E","2011-04-01","***",1.09291,1.27772,1.01555,1.03129,1.06132]
["EMULSÕES ASF. MOD. POR POLÍMEROS RC1C-E","2011-05-01","***",1.13331,1.33528,1.0280199999999999,1.03033,1.08294]
["EMULSÕES ASF. MOD. POR POLÍMEROS RC1C-E","2011-06-01","***",1.0548299999999999,1.19472,0.97101999999999999,1.0453300000000001,1.0295700000000001]
["EMULSÕES ASF. MOD. POR POLÍMEROS RC1C-E","2011-07-01","***",1.01033,1.2503299999999999,0.97314999999999996,1.1184700000000001,1.04888]
["EMULSÕES ASF. MOD. POR POLÍMEROS RC1C-E","2011-08-01","***",1.0243500000000001,1.29518,0.98326999999999998,1.18859,1.0788199999999999]
["EMULSÕES ASF. MOD. POR POLÍMEROS RC1C-E","2011-09-01","***",0.99319000000000002,1.32856,1.0054700000000001,1.56806,1.1857500000000001]
["EMULSÕES ASF. MOD. POR POLÍMEROS RC1C-E","2011-10-01","***",0.98001000000000005,1.12893,1.05219,1.21461,1.07602]
["EMULSÕES ASF. MOD. POR POLÍMEROS RC1C-E","2011-11-01","***",0.87861,1.18702,1.0452300000000001,1.37642,1.1040700000000001]
["EMULSÕES ASF. MOD. POR POLÍMEROS RC1C-E","2011-12-01","***",0.94986999999999999,1.2274,1.0099199999999999,1.50962,1.14943]
["EMULSÕES ASF. MOD. POR POLÍMEROS RC1C-E","2012-01-01","***",1.0273600000000001,1.20845,1.0538700000000001,1.4359599999999999,1.13601]
["EMULSÕES ASF. MOD. POR POLÍMEROS RC1C-E","2012-02-01","***",1.0265899999999999,1.19167,1.05647,1.1224099999999999,1.08229]
["EMULSÕES ASF. MOD. POR POLÍMEROS RC1C-E","2012-03-01","***",1.0515699999999999,1.18662,1.10145,1.12537,1.10486]
["EMULSÕES ASF. MOD. POR POLÍMEROS RC1C-E","2012-04-01","***",1.0463800000000001,1.2660400000000001,1.1202300000000001,1.1911499999999999,1.1305400000000001]
["EMULSÕES ASF. MOD. POR POLÍMEROS RC1C-E","2012-05-01","***",1.0230399999999999,1.2852699999999999,1.11856,1.13182,1.12686]
["EMULSÕES ASF. MOD. POR POLÍMEROS RC1C-E","2012-06-01","***",1.0763100000000001,1.2673700000000001,1.1315299999999999,1.17066,1.1558999999999999]
["EMULSÕES ASF. MOD. POR POLÍMEROS RC1C-E","2012-07-01","***",1.04982,1.3999600000000001,1.1109500000000001,1.22197,1.16429]
["EMULSÕES ASF. MOD. POR POLÍMEROS RC1C-E","2012-08-01",1.155,1.0576700000000001,1.4005099999999999,1.0772200000000001,1.2146300000000001,1.13439]
["EMULSÕES ASF. MOD. POR POLÍMEROS RC1C-E","2012-09-01",1.3127,1.0783499999999999,1.3711599999999999,1.13514,1.18546,1.1691499999999999]
["EMULSÕES ASF. MOD. POR POLÍMEROS RC1C-E","2012-10-01",1.3394600000000001,1.0826899999999999,1.3748800000000001,1.11327,1.2525999999999999,1.1668000000000001]
["EMULSÕES ASF. MOD. POR POLÍMEROS RC1C-E","2012-11-01","***",1.1480399999999999,1.38331,1.1337200000000001,1.2416,1.1803399999999999]
["EMULSÕES ASF. MOD. POR POLÍMEROS RC1C-E","2012-12-01",1.40892,1.1473100000000001,1.3479300000000001,1.11683,1.38863,1.18513]
["EMULSÕES ASF. MOD. POR POLÍMEROS RC1C-E","2013-01-01","***",1.1068899999999999,1.3186500000000001,1.1122700000000001,1.2091099999999999,1.1383399999999999]
["EMULSÕES ASF. MOD. POR POLÍMEROS RC1C-E","2013-02-01","***",1.12737,1.4234599999999999,1.0965499999999999,1.2003699999999999,1.1412899999999999]
["EMULSÕES ASF. MOD. POR POLÍMEROS RC1C-E","2013-03-01","***",1.10368,1.65,1.13069,1.2804800000000001,1.16412]
["EMULSÕES ASF. MOD. POR POLÍMEROS RC1C-E","2013-04-01","***",1.12748,1.55762,1.1483399999999999,1.30541,1.1976199999999999]
["EMULSÕES ASF. MOD. POR POLÍMEROS RC1C-E","2013-05-01","***",1.15754,1.54467,1.1811199999999999,1.3021199999999999,1.2215400000000001]
["EMULSÕES ASF. MOD. POR POLÍMEROS RC1C-E","2013-06-01","***",1.1916100000000001,1.50376,1.1814,1.2976399999999999,1.2357199999999999]
["EMULSÕES ASF. MOD. POR POLÍMEROS RC1C-E","2013-07-01","***",1.20459,1.4271,1.21424,1.3366,1.2522800000000001]
["EMULSÕES ASF. MOD. POR POLÍMEROS RC1C-E","2013-08-01","***",1.18651,1.43408,1.2367300000000001,1.39943,1.28969]
["EMULSÕES ASF. MOD. POR POLÍMEROS RC1C-E","2013-09-01","***",1.3049599999999999,1.51725,1.21774,1.27149,1.28647]
["EMULSÕES ASF. MOD. POR POLÍMEROS RC1C-E","2013-10-01",1.18493,1.2912699999999999,1.47173,1.22102,1.2904599999999999,1.2919099999999999]
["EMULSÕES ASF. MOD. POR POLÍMEROS RC1C-E","2013-11-01","***",1.3021799999999999,1.4578899999999999,1.23586,1.30453,1.2974300000000001]
["EMULSÕES ASF. MOD. POR POLÍMEROS RC1C-E","2013-12-01","***",1.34466,1.53807,1.1983600000000001,1.3178700000000001,1.3127800000000001]
["EMULSÕES ASF. MOD. POR POLÍMEROS RC1C-E","2014-01-01","***",1.3134999999999999,1.5090699999999999,1.22583,1.30932,1.2985500000000001]
["EMULSÕES ASF. MOD. POR POLÍMEROS RC1C-E","2014-02-01","***",1.3581700000000001,1.5106599999999999,1.2649600000000001,1.27999,1.31277]
["EMULSÕES ASF. MOD. POR POLÍMEROS RC1C-E","2014-03-01","***",1.30789,1.4241699999999999,1.23655,1.2641,1.29315]
["EMULSÕES ASF. MOD. POR POLÍMEROS RC1C-E","2014-04-01","***",1.35101,1.39137,1.18594,1.3038000000000001,1.3179700000000001]
["EMULSÕES ASF. MOD. POR POLÍMEROS RC1C-E","2014-05-01","***",1.3451200000000001,1.38388,1.24759,1.3925399999999999,1.34789]
["EMULSÕES ASF. MOD. POR POLÍMEROS RC1C-E","2014-06-01","***",1.4457800000000001,1.4443600000000001,1.2703500000000001,1.4261600000000001,1.3801000000000001]
["EMULSÕES ASF. MOD. POR POLÍMEROS RC1C-E","2014-07-01",1.4313199999999999,1.4092899999999999,1.4284600000000001,1.27491,1.3920399999999999,1.36314]
["EMULSÕES ASF. MOD. POR POLÍMEROS RC1C-E","2014-08-01",1.44587,1.3466499999999999,1.41951,1.28285,1.3820399999999999,1.34917]
["EMULSÕES ASF. MOD. POR POLÍMEROS RC1C-E","2014-09-01",1.40507,1.43096,1.5297000000000001,1.3451900000000001,1.40859,1.4251799999999999]
["EMULSÕES ASF. MOD. POR POLÍMEROS RC1C-E","2014-10-01",1.43727,1.3694,1.4275599999999999,1.23393,1.35449,1.3429]
["EMULSÕES ASF. MOD. POR POLÍMEROS RC1C-E","2014-11-01",1.4248400000000001,1.4517899999999999,1.49359,1.24075,1.41533,1.4148799999999999]
["EMULSÕES ASF. MOD. POR POLÍMEROS RC1C-E","2014-12-01",1.5414099999999999,1.4352499999999999,1.52407,1.3748800000000001,1.4681500000000001,1.45139]
["EMULSÕES ASF. MOD. POR POLÍMEROS RC1C-E","2015-01-01",1.6640699999999999,1.7476700000000001,1.95346,1.6948000000000001,1.7240500000000001,1.7601800000000001]
["EMULSÕES ASF. MOD. POR POLÍMEROS RC1C-E","2015-02-01",2.61246,1.5525899999999999,1.9964999999999999,1.47641,1.7395499999999999,1.70583]
["EMULSÕES ASF. MOD. POR POLÍMEROS RC1C-E","2015-03-01",2.3652500000000001,1.52101,1.9856799999999999,1.3858600000000001,1.6223099999999999,1.7150700000000001]
["EMULSÕES ASF. MOD. POR POLÍMEROS RC1C-E","2015-04-01",2.0753699999999999,1.36883,1.8940600000000001,1.36595,1.59989,1.58571]
["EMULSÕES ASF. MOD. POR POLÍMEROS RC1C-E","2015-05-01","***",1.43574,1.6709000000000001,1.3493999999999999,1.6362399999999999,1.4827999999999999]
["EMULSÕES ASF. MOD. POR POLÍMEROS RC1C-E","2015-06-01","***",1.36578,1.69818,1.39893,1.6059600000000001,1.5038100000000001]
["EMULSÕES ASF. MOD. POR POLÍMEROS RC1C-E","2015-07-01",1.49769,1.39297,1.679,1.3418399999999999,1.5588,1.45116]
["EMULSÕES ASF. MOD. POR POLÍMEROS RC1C-E","2015-08-01",1.5204299999999999,1.4889699999999999,1.6824699999999999,1.3287599999999999,1.6163700000000001,1.52081]
["EMULSÕES ASF. MOD. POR POLÍMEROS RC1C-E","2015-09-01",1.6019000000000001,1.63412,1.7166600000000001,1.4419599999999999,1.3044500000000001,1.4392199999999999]
["EMULSÕES ASF. MOD. POR POLÍMEROS RC1C-E","2015-10-01","***",1.7773099999999999,2.1423999999999999,1.42954,1.40171,1.4869000000000001]
["EMULSÕES ASF. MOD. POR POLÍMEROS RC1C-E","2015-11-01",1.7646999999999999,1.79291,2.2065100000000002,1.56097,1.6712800000000001,1.7161]
["EMULSÕES ASF. MOD. POR POLÍMEROS RC1C-E","2015-12-01",1.7646999999999999,1.65466,2.1055899999999999,1.5422400000000001,1.6166799999999999,1.6971499999999999]
["EMULSÕES ASF. MOD. POR POLÍMEROS RC1C-E","2016-01-01",2.9923700000000002,1.78088,1.8597600000000001,1.5274399999999999,1.8146100000000001,1.8182700000000001]
["EMULSÕES ASF. MOD. POR POLÍMEROS RC1C-E","2016-02-01",3.1519900000000001,1.80725,1.8585799999999999,1.56839,1.8562799999999999,1.85012]
["EMULSÕES ASF. MOD. POR POLÍMEROS RC1C-E","2016-03-01",3.2870599999999999,1.6666399999999999,1.8450800000000001,1.5569200000000001,1.7938799999999999,1.78739]
["EMULSÕES ASF. MOD. POR POLÍMEROS RC1C-E","2016-04-01",3.4336199999999999,1.8097799999999999,1.88866,1.66509,1.9426600000000001,1.8690100000000001]
["EMULSÕES ASF. MOD. POR POLÍMEROS RC1C-E","2016-05-01",2.6172200000000001,1.80951,1.7957399999999999,1.6998200000000001,1.9743999999999999,1.81823]
["EMULSÕES ASF. MOD. POR POLÍMEROS RC1C-E","2016-06-01",2.7742499999999999,1.5931,1.8162400000000001,1.6574800000000001,1.97644,1.7634700000000001]
["EMULSÕES ASF. MOD. POR POLÍMEROS RC1C-E","2016-07-01",2.7742499999999999,1.66038,1.8979900000000001,1.7104200000000001,1.95167,1.7943899999999999]
["EMULSÕES ASF. MOD. POR POLÍMEROS RC1C-E","2016-08-01",2.7742499999999999,1.6301099999999999,1.85405,1.7657799999999999,2.0064799999999998,1.8517999999999999]
["EMULSÕES ASF. MOD. POR POLÍMEROS RC1C-E","2016-09-01",2.9049700000000001,1.7015,1.83907,1.5794999999999999,1.7359199999999999,1.72444]
["EMULSÕES ASF. MOD. POR POLÍMEROS RC1C-E","2016-10-01",2.9049700000000001,1.74386,1.84751,1.64676,1.76502,1.78908]
["EMULSÕES ASF. MOD. POR POLÍMEROS RC1C-E","2016-11-01",2.6777600000000001,1.6858500000000001,1.84545,1.57917,1.7698,1.73139]
["EMULSÕES ASF. MOD. POR POLÍMEROS RC1C-E","2016-12-01",2.1479400000000002,1.62259,1.8404199999999999,1.47533,1.72725,1.6482399999999999]
["EMULSÕES ASF. MOD. POR POLÍMEROS RC1C-E","2017-01-01",2.4670999999999998,1.68588,1.74417,1.4762599999999999,1.75149,1.6587499999999999]
["EMULSÕES ASF. MOD. POR POLÍMEROS RC1C-E","2017-02-01",2.4565100000000002,1.6303700000000001,1.7786,1.4450700000000001,1.7261,1.6120699999999999]
["EMULSÕES ASF. MOD. POR POLÍMEROS RC1C-E","2017-03-01",2.6826599999999998,1.57257,1.76098,1.46817,1.7369300000000001,1.63246]
["EMULSÕES ASF. MOD. POR POLÍMEROS RC1C-E","2017-04-01",2.47166,1.52844,1.8316300000000001,1.4793700000000001,1.79497,1.6531400000000001]
["EMULSÕES ASF. MOD. POR POLÍMEROS RC1C-E","2017-05-01",2.00956,1.4773499999999999,1.8267100000000001,1.46854,1.7769699999999999,1.6135699999999999]
["EMULSÕES ASF. MOD. POR POLÍMEROS RC1C-E","2017-06-01",1.8188299999999999,1.46546,1.6728700000000001,1.45895,1.7685900000000001,1.5926899999999999]
["EMULSÕES ASF. MOD. POR POLÍMEROS RC1C-E","2017-07-01",1.92679,1.48899,1.68007,1.46244,1.7146999999999999,1.61683]
["EMULSÕES ASF. MOD. POR POLÍMEROS RC1C-E","2017-08-01",1.81006,1.4718899999999999,1.7042900000000001,1.44686,1.7404299999999999,1.6031899999999999]
["EMULSÕES ASF. MOD. POR POLÍMEROS RC1C-E","2017-09-01",2.3925000000000001,1.6634599999999999,1.70041,1.4469099999999999,1.70356,1.6321399999999999]
["EMULSÕES ASF. MOD. POR POLÍMEROS RC1C-E","2017-10-01",2.3850500000000001,1.7102900000000001,1.6327799999999999,1.4334499999999999,1.7517199999999999,1.66445]
["EMULSÕES ASF. MOD. POR POLÍMEROS RC1C-E","2017-11-01",2.40272,1.82256,1.73437,1.51892,1.74671,1.68126]
["EMULSÕES ASF. MOD. POR POLÍMEROS RC1C-E","2017-12-01","***",1.7769600000000001,1.81918,1.59284,1.7650600000000001,1.7102599999999999]
["EMULSÕES ASF. MOD. POR POLÍMEROS RC1C-E","2018-01-01","***",1.82657,1.85687,1.59335,1.8689199999999999,1.72027]
["EMULSÕES ASF. MOD. POR POLÍMEROS RC1C-E","2018-02-01","***",1.7613799999999999,1.70309,1.6070199999999999,1.83691,1.6962299999999999]
["EMULSÕES ASF. MOD. POR POLÍMEROS RC1C-E","2018-03-01","***",1.65425,1.8190900000000001,1.6130800000000001,1.81819,1.69502]
["EMULSÕES ASF. MOD. POR POLÍMEROS RC1C-E","2018-04-01","***",1.67754,1.8668100000000001,1.6367799999999999,1.8525400000000001,1.7267999999999999]
["EMULSÕES ASF. MOD. POR POLÍMEROS RC1C-E","2018-05-01",2.2947600000000001,1.74776,1.9497899999999999,1.67319,1.98031,1.78627]
["EMULSÕES ASF. MOD. POR POLÍMEROS RC1C-E","2018-06-01","***",1.7933699999999999,2.0408499999999998,1.70634,1.98211,1.8625]
["EMULSÕES ASF. MOD. POR POLÍMEROS RC1C-E","2018-07-01",2.0163000000000002,1.88269,2.1324900000000002,1.89438,2.0641400000000001,2.0139399999999998]
["EMULSÕES ASF. MOD. POR POLÍMEROS RC1C-E","2018-08-01",2.1330200000000001,1.9866299999999999,2.2509199999999998,2.0822500000000002,2.14886,2.1444999999999999]
["EMULSÕES ASF. MOD. POR POLÍMEROS RC1C-E","2018-09-01",2.1388500000000001,2.0752999999999999,2.21861,2.1962299999999999,2.1742300000000001,2.1740599999999999]
["EMULSÕES ASF. MOD. POR POLÍMEROS RC1C-E","2018-10-01",2.4091900000000002,2.1057700000000001,1.97532,2.1832799999999999,2.1484399999999999,2.0964900000000002]
["EMULSÕES ASF. MOD. POR POLÍMEROS RC1C-E","2018-11-01",2.56528,2.3693599999999999,2.5905800000000001,2.2962199999999999,2.3140399999999999,2.4028999999999998]
["EMULSÕES ASF. MOD. POR POLÍMEROS RC1C-E","2018-12-01",2.3493400000000002,2.3018700000000001,2.3176100000000002,2.3307799999999999,2.3912800000000001,2.3343799999999999]
["EMULSÕES ASF. MOD. POR POLÍMEROS RC1C-E","2019-01-01",2.3312499999999998,2.4228800000000001,2.6617299999999999,2.2698399999999999,2.35697,2.4454799999999999]
["EMULSÕES ASF. MOD. POR POLÍMEROS RC1C-E","2019-02-01","***",2.4552700000000001,2.6486299999999998,2.65218,2.3681199999999998,2.5282499999999999]
["EMULSÕES ASF. MOD. POR POLÍMEROS RC1C-E","2019-03-01","***",2.4194599999999999,2.8288099999999998,2.5014599999999998,2.39438,2.54061]
["EMULSÕES ASF. MOD. POR POLÍMEROS RC1C-E","2019-04-01","***",2.44523,2.8108200000000001,2.46414,2.4976699999999998,2.57978]
["EMULSÕES ASF. MOD. POR POLÍMEROS RC1C-E","2019-05-01","***",2.4268000000000001,2.6469,2.5045500000000001,2.4780899999999999,2.5380500000000001]
["EMULSÕES ASF. MOD. POR POLÍMEROS RC1C-E","2019-06-01",2.9501300000000001,2.4976600000000002,2.5252599999999998,2.5174099999999999,2.5332300000000001,2.52704]
["EMULSÕES ASF. MOD. POR POLÍMEROS RC1C-E","2019-07-01",2.3374600000000001,2.4251399999999999,2.60358,2.3528799999999999,2.5200100000000001,2.4757899999999999]
["EMULSÕES ASF. MOD. POR POLÍMEROS RC1C-E","2019-08-01",2.0994199999999998,2.3521399999999999,2.5834199999999998,2.2668300000000001,2.4340700000000002,2.3515700000000002]
["EMULSÕES ASF. MOD. POR POLÍMEROS RC1C-E","2019-09-01",2.1048900000000001,2.2944499999999999,2.6670600000000002,2.2493500000000002,2.3989099999999999,2.3559100000000002]
["EMULSÕES ASF. MOD. POR POLÍMEROS RC1C-E","2019-10-01",2.38795,2.2691400000000002,2.6843599999999999,2.3123300000000002,2.4141599999999999,2.40218]
["EMULSÕES ASF. MOD. POR POLÍMEROS RC1C-E","2019-11-01",3.2942999999999998,2.3900899999999998,2.57864,2.29237,2.4344299999999999,2.4130799999999999]
["EMULSÕES ASF. MOD. POR POLÍMEROS RC1C-E","2019-12-01",2.2023600000000001,2.3345199999999999,2.6329699999999998,2.3492999999999999,2.46407,2.4138999999999999]
["EMULSÕES ASF. MOD. POR POLÍMEROS RC1C-E","2020-01-01",3.6739999999999999,2.2181600000000001,2.6017399999999999,2.2589800000000002,2.4677699999999998,2.3464]
["EMULSÕES ASF. MOD. POR POLÍMEROS RC1C-E","2020-02-01","***",2.2861799999999999,2.5420500000000001,2.1435200000000001,2.3972199999999999,2.2802199999999999]
["EMULSÕES ASF. MOD. POR POLÍMEROS RC1C-E","2020-03-01","***",2.4240200000000001,2.4255300000000002,2.1633,2.3034300000000001,2.2867099999999998]
["EMULSÕES ASF. MOD. POR POLÍMEROS RC1C-E","2020-04-01","***",2.1124700000000001,2.36084,2.2124700000000002,2.3288199999999999,2.26877]
["EMULSÕES ASF. MOD. POR POLÍMEROS RC1C-E","2020-05-01","***",2.2371500000000002,2.02406,2.2246600000000001,2.34694,2.23075]
["EMULSÕES ASF. MOD. POR POLÍMEROS RC1C-E","2020-06-01",2.19842,2.12331,2.28593,2.2385199999999998,2.1942400000000002,2.2178499999999999]
["EMULSÕES ASF. MOD. POR POLÍMEROS RC1C-E","2020-07-01",2.1141299999999998,2.16961,2.3415900000000001,2.2059899999999999,2.3231799999999998,2.2482099999999998]
["EMULSÕES ASF. MOD. POR POLÍMEROS RC1C-E","2020-08-01",2.0930499999999999,2.31372,2.5084300000000002,2.28708,2.4287299999999998,2.35562]
["EMULSÕES ASF. MOD. POR POLÍMEROS RC1C-E","2020-09-01",2.1536499999999998,2.2967599999999999,2.5213899999999998,2.2744399999999998,2.4182100000000002,2.3526799999999999]
["EMULSÕES ASF. MOD. POR POLÍMEROS RC1C-E","2020-10-01",2.3380700000000001,2.2812299999999999,2.6107,2.3024100000000001,2.4427699999999999,2.4126300000000001]
["EMULSÕES ASF. MOD. POR POLÍMEROS RC1C-E","2020-11-01",2.4722599999999999,2.47736,2.7745600000000001,2.40029,2.5289100000000002,2.50543]
["EMULSÕES ASF. MOD. POR POLÍMEROS RC1C-E","2020-12-01",2.4139699999999999,2.4582000000000002,2.68601,2.3984999999999999,2.60642,2.52278]
["EMULSÕES ASF. MOD. POR POLÍMEROS RC1C-E","2021-01-01",2.3511799999999998,2.4541499999999998,2.89052,2.4674800000000001,2.59918,2.5405199999999999]
["EMULSÕES ASF. MOD. POR POLÍMEROS RC1C-E","2021-02-01",2.5284499999999999,2.5598000000000001,2.86842,2.6152199999999999,2.7056100000000001,2.66229]
["EMULSÕES ASF. MOD. POR POLÍMEROS RC1C-E","2021-03-01",2.5213199999999998,2.5617999999999999,2.9692099999999999,2.60541,2.6852800000000001,2.6543999999999999]
["EMULSÕES ASF. MOD. POR POLÍMEROS RC1C-E","2021-04-01","***",2.6402199999999998,2.7641900000000001,2.5655899999999998,2.7505500000000001,2.67388]
["EMULSÕES ASF. MOD. POR POLÍMEROS RC1C-E","2021-05-01",4.0621999999999998,3.02813,3.0619700000000001,3.0760299999999998,3.2403900000000001,3.1276000000000002]
["EMULSÕES ASF. MOD. POR POLÍMEROS RC1C-E","2021-06-01",3.2018800000000001,3.2717399999999999,3.0668099999999998,3.0542400000000001,3.1087799999999999,3.0851899999999999]
["EMULSÕES ASF. MOD. POR POLÍMEROS RC1C-E","2021-07-01",3.0459499999999999,3.1194299999999999,3.2114199999999999,3.1001300000000001,3.0640299999999998,3.1299700000000001]
["EMULSÕES ASF. MOD. POR POLÍMEROS RC1C-E","2021-08-01",3.21733,3.1087899999999999,3.4971399999999999,3.3262900000000002,3.1377999999999999,3.3201800000000001]
["EMULSÕES ASF. MOD. POR POLÍMEROS RC1C-E","2021-09-01",3.03146,3.20608,3.5059900000000002,3.3969399999999998,3.2153,3.3231799999999998]
["EMULSÕES ASF. MOD. POR POLÍMEROS RC1C-E","2021-10-01",3.0856699999999999,3.2189800000000002,3.4591699999999999,3.2942800000000001,3.33399,3.2974100000000002]
["EMULSÕES ASF. MOD. POR POLÍMEROS RC1C-E","2021-11-01",3.02887,3.3941599999999998,3.6928999999999998,3.59491,3.5570599999999999,3.5053800000000002]
["EMULSÕES ASF. MOD. POR POLÍMEROS RC1C-E","2021-12-01",3.3622200000000002,3.3961899999999998,3.7730999999999999,3.6122200000000002,3.8132899999999998,3.5482800000000001]
["EMULSÕES ASF. MOD. POR POLÍMEROS RC1C-E","2022-01-01",3.4506700000000001,3.4702199999999999,3.8188399999999998,3.5682200000000002,3.7456299999999998,3.5970599999999999]
["EMULSÕES ASF. MOD. POR POLÍMEROS RC1C-E","2022-02-01",3.43032,3.68641,4.0832600000000001,3.88341,3.7991999999999999,3.8113000000000001]
["EMULSÕES ASF. MOD. POR POLÍMEROS RC1C-E","2022-03-01",3.95764,3.6759499999999998,4.0053900000000002,3.8356599999999998,3.9055,3.8393099999999998]
["EMULSÕES ASF. MOD. POR POLÍMEROS RC1C-E","2022-04-01",3.6481499999999998,3.81962,4.2570300000000003,4.0358799999999997,4.1842300000000003,4.0335400000000003]
["EMULSÕES ASF. MOD. POR POLÍMEROS RC1C-E","2022-05-01",3.7789299999999999,4.05661,4.1492199999999997,3.8317899999999998,3.9077000000000002,3.9754399999999999]
["EMULSÕES ASF. MOD. POR POLÍMEROS RC1C-E","2022-06-01",3.7420900000000001,3.8482799999999999,4.0891700000000002,3.8118799999999999,4.0654599999999999,3.95377]
["EMULSÕES ASF. MOD. POR POLÍMEROS RC1C-E","2022-07-01",3.7913999999999999,3.9641999999999999,4.1669600000000004,3.85914,3.9695999999999998,4.0002199999999997]
["EMULSÕES ASF. MOD. POR POLÍMEROS RC1C-E","2022-08-01",3.6861999999999999,4.1020300000000001,4.11557,3.7726700000000002,3.9237899999999999,3.9814799999999999]
["EMULSÕES ASF. MOD. POR POLÍMEROS RC1C-E","2022-09-01",3.55843,4.2260600000000004,3.9567100000000002,3.6806700000000001,3.8551199999999999,3.88374]
["EMULSÕES ASF. MOD. POR POLÍMEROS RC1C-E","2022-10-01",3.5622500000000001,3.8060499999999999,3.60907,3.48346,3.7759499999999999,3.6087699999999998]
["EMULSÕES ASF. MOD. POR POLÍMEROS RC1C-E","2022-11-01",3.6595499999999999,4.04861,3.91601,3.5016400000000001,3.64811,3.7892100000000002]
["EMULSÕES ASF. MOD. POR POLÍMEROS RC1C-E","2022-12-01",3.5069300000000001,4.0045500000000001,3.85053,3.4750299999999998,3.6180400000000001,3.7605499999999998]
["EMULSÕES ASF. MOD. POR POLÍMEROS RC1C-E","2023-01-01",3.4736199999999999,3.4998200000000002,3.5830099999999998,3.3157899999999998,3.5328200000000001,3.45017]
["EMULSÕES ASF. MOD. POR POLÍMEROS RC1C-E","2023-02-01",3.4813000000000001,3.4358,3.7779099999999999,3.2578299999999998,3.3240400000000001,3.47289]
["EMULSÕES ASF. MOD. POR POLÍMEROS RC1C-E","2023-03-01",4.2333600000000002,3.3612899999999999,3.6757499999999999,3.2408999999999999,3.0781800000000001,3.3687100000000001]
["EMULSÕES ASF. MOD. POR POLÍMEROS RC1C-E","2023-04-01",3.1256900000000001,3.2173699999999998,3.5564200000000001,3.2739799999999999,3.2133699999999998,3.3334700000000002]
["EMULSÕES ASF. MOD. POR POLÍMEROS RC1C-E","2023-05-01",2.9559000000000002,3.2987099999999998,3.48516,3.2753700000000001,3.1359499999999998,3.3162699999999998]
["EMULSÕES ASF. MOD. POR POLÍMEROS RC1C-E","2023-06-01",2.90361,3.2454000000000001,3.3302,3.1118100000000002,3.07314,3.2039900000000001]
["EMULSÕES ASF. MOD. POR POLÍMEROS RC1C-E","2023-07-01",3.0960999999999999,3.4058600000000001,3.4294199999999999,3.0143399999999998,3.1028799999999999,3.29338]
["EMULSÕES ASF. MOD. POR POLÍMEROS RC1C-E","2023-08-01",2.9920499999999999,3.31657,3.4754399999999999,3.0665,3.0937299999999999,3.28701]
["EMULSÕES ASF. MOD. POR POLÍMEROS RC1C-E","2023-09-01",3.4922599999999999,3.5027499999999998,3.6023499999999999,3.2048199999999998,3.2642699999999998,3.4477899999999999]
["EMULSÕES ASF. MOD. POR POLÍMEROS RC1C-E","2023-10-01",3.4918300000000002,3.4758900000000001,3.5094400000000001,3.1777700000000002,3.18119,3.3903599999999998]
["EMULSÕES ASF. MOD. POR POLÍMEROS RL1C-E","2009-12-01","***",1.02372,1.53203,1.0725899999999999,1.1873400000000001,1.1883999999999999]
["EMULSÕES ASF. MOD. POR POLÍMEROS RL1C-E","2010-01-01","***",1.0585599999999999,1.48336,1.17665,1.2098500000000001,1.1402000000000001]
["EMULSÕES ASF. MOD. POR POLÍMEROS RL1C-E","2010-02-01","***",1.0601100000000001,1.4253400000000001,1.2112000000000001,1.20879,1.1747799999999999]
["EMULSÕES ASF. MOD. POR POLÍMEROS RL1C-E","2010-03-01","***",1.0742400000000001,1.36958,"***",1.17886,1.1462000000000001]
["EMULSÕES ASF. MOD. POR POLÍMEROS RL1C-E","2010-04-01","***",1.03176,1.27386,"***",1.19919,1.1410199999999999]
["EMULSÕES ASF. MOD. POR POLÍMEROS RL1C-E","2010-05-01","***",1.0249299999999999,1.3160099999999999,"***",1.2081,1.1657599999999999]
["EMULSÕES ASF. MOD. POR POLÍMEROS RL1C-E","2010-06-01","***",1.0630999999999999,1.2678400000000001,0.85331999999999997,1.1815500000000001,1.16927]
["EMULSÕES ASF. MOD. POR POLÍMEROS RL1C-E","2010-07-01","***",1.0301400000000001,1.33962,0.88134000000000001,1.13483,1.0875300000000001]
["EMULSÕES ASF. MOD. POR POLÍMEROS RL1C-E","2010-08-01","***",1.00084,1.2532399999999999,0.89368000000000003,1.1360300000000001,1.10209]
["EMULSÕES ASF. MOD. POR POLÍMEROS RL1C-E","2010-09-01","***",1.0244800000000001,1.21916,0.91600000000000004,1.1532800000000001,1.08683]
["EMULSÕES ASF. MOD. POR POLÍMEROS RL1C-E","2010-10-01","***",0.99909999999999999,1.25343,0.91820999999999997,1.1373899999999999,1.10158]
["EMULSÕES ASF. MOD. POR POLÍMEROS RL1C-E","2010-11-01","***",0.99885000000000002,1.3123,0.94103000000000003,1.09964,1.0879300000000001]
["EMULSÕES ASF. MOD. POR POLÍMEROS RL1C-E","2010-12-01","***",1.0231399999999999,1.3005199999999999,0.91044000000000003,1.1276900000000001,1.11981]
["EMULSÕES ASF. MOD. POR POLÍMEROS RL1C-E","2011-01-01","***",1.06846,1.2599499999999999,0.91578000000000004,1.0876300000000001,1.08291]
["EMULSÕES ASF. MOD. POR POLÍMEROS RL1C-E","2011-02-01","***",1.04684,1.27891,1.1173999999999999,1.0867899999999999,1.1014999999999999]
["EMULSÕES ASF. MOD. POR POLÍMEROS RL1C-E","2011-03-01","***",1.0460100000000001,1.19347,0.99345000000000006,1.0815900000000001,1.0778700000000001]
["EMULSÕES ASF. MOD. POR POLÍMEROS RL1C-E","2011-04-01","***",0.95189000000000001,1.1650700000000001,0.89339999999999997,1.06026,1.0759700000000001]
["EMULSÕES ASF. MOD. POR POLÍMEROS RL1C-E","2011-05-01","***",1.02355,1.1660600000000001,1.0630999999999999,1.09033,1.10914]
["EMULSÕES ASF. MOD. POR POLÍMEROS RL1C-E","2011-06-01","***",1.0037700000000001,1.1394299999999999,1.0609999999999999,1.09934,1.08799]
["EMULSÕES ASF. MOD. POR POLÍMEROS RL1C-E","2011-07-01","***",0.98570999999999998,1.0900700000000001,1.0712600000000001,1.1018300000000001,1.05905]
["EMULSÕES ASF. MOD. POR POLÍMEROS RL1C-E","2011-08-01","***",0.94732000000000005,1.17469,0.98680000000000001,1.07213,1.05983]
["EMULSÕES ASF. MOD. POR POLÍMEROS RL1C-E","2011-09-01","***","***",1.11944,1.0455399999999999,1.10816,1.10829]
["EMULSÕES ASF. MOD. POR POLÍMEROS RL1C-E","2011-10-01","***",0.91261000000000003,1.08694,0.87043000000000004,1.1025799999999999,1.0690599999999999]
["EMULSÕES ASF. MOD. POR POLÍMEROS RL1C-E","2011-11-01","***",0.96306999999999998,1.0956999999999999,0.82738,1.1349,1.08832]
["EMULSÕES ASF. MOD. POR POLÍMEROS RL1C-E","2011-12-01","***",0.87378999999999996,1.0967,1.0433399999999999,1.15886,1.1092299999999999]
["EMULSÕES ASF. MOD. POR POLÍMEROS RL1C-E","2012-01-01","***","***",1.0877699999999999,1.04619,1.08585,1.0762700000000001]
["EMULSÕES ASF. MOD. POR POLÍMEROS RL1C-E","2012-02-01","***","***",1.18364,"***",1.07091,1.0836399999999999]
["EMULSÕES ASF. MOD. POR POLÍMEROS RL1C-E","2012-03-01","***","***",1.08429,"***",1.10598,1.0987]
["EMULSÕES ASF. MOD. POR POLÍMEROS RL1C-E","2012-04-01","***","***",1.10954,"***",1.18912,1.13235]
["EMULSÕES ASF. MOD. POR POLÍMEROS RL1C-E","2012-05-01","***",0.94464999999999999,1.0985100000000001,1.0165,1.1673199999999999,1.1063700000000001]
["EMULSÕES ASF. MOD. POR POLÍMEROS RL1C-E","2012-06-01","***",0.96162999999999998,1.16106,1.04495,1.1351800000000001,1.1495899999999999]
["EMULSÕES ASF. MOD. POR POLÍMEROS RL1C-E","2012-07-01","***",0.95782,1.20187,1.05078,1.0943000000000001,1.1774800000000001]
["EMULSÕES ASF. MOD. POR POLÍMEROS RL1C-E","2012-08-01","***","***",1.2327300000000001,0.99990000000000001,1.1369199999999999,1.2108399999999999]
["EMULSÕES ASF. MOD. POR POLÍMEROS RL1C-E","2012-09-01","***",1.06264,1.24211,1.06135,1.1371899999999999,1.22184]
["EMULSÕES ASF. MOD. POR POLÍMEROS RL1C-E","2012-10-01","***",1.06264,1.2356799999999999,1.02084,1.1467400000000001,1.18519]
["EMULSÕES ASF. MOD. POR POLÍMEROS RL1C-E","2012-11-01","***","***",1.25162,1.03938,1.17763,1.1557299999999999]
["EMULSÕES ASF. MOD. POR POLÍMEROS RL1C-E","2012-12-01","***","***",1.26081,0.92764999999999997,1.1125700000000001,1.07067]
["EMULSÕES ASF. MOD. POR POLÍMEROS RL1C-E","2013-01-01","***",0.91137000000000001,1.1786000000000001,0.99685999999999997,1.15805,1.0904499999999999]
["EMULSÕES ASF. MOD. POR POLÍMEROS RL1C-E","2013-02-01","***","***",1.08152,1.1008599999999999,1.1232,1.10503]
["EMULSÕES ASF. MOD. POR POLÍMEROS RL1C-E","2013-03-01","***",0.91446000000000005,1.00621,1.0868500000000001,1.1539999999999999,1.0661400000000001]
["EMULSÕES ASF. MOD. POR POLÍMEROS RL1C-E","2013-04-01","***",0.91446000000000005,1.1475900000000001,1.0640099999999999,1.23292,1.1237299999999999]
["EMULSÕES ASF. MOD. POR POLÍMEROS RL1C-E","2013-05-01","***",1.0515300000000001,1.1847399999999999,1.06857,1.3428800000000001,1.1471]
["EMULSÕES ASF. MOD. POR POLÍMEROS RL1C-E","2013-06-01","***","***",1.18452,1.12835,1.2949200000000001,1.16568]
["EMULSÕES ASF. MOD. POR POLÍMEROS RL1C-E","2013-07-01","***",0.996,1.19754,1.1237999999999999,1.22414,1.1628099999999999]
["EMULSÕES ASF. MOD. POR POLÍMEROS RL1C-E","2013-08-01","***",0.99602999999999997,1.2494099999999999,1.13812,1.3113999999999999,1.20089]
["EMULSÕES ASF. MOD. POR POLÍMEROS RL1C-E","2013-09-01","***",1.13123,1.25206,1.1853800000000001,1.35304,1.23455]
["EMULSÕES ASF. MOD. POR POLÍMEROS RL1C-E","2013-10-01","***",1.1170599999999999,1.1945600000000001,1.12886,1.39299,1.1954100000000001]
["EMULSÕES ASF. MOD. POR POLÍMEROS RL1C-E","2013-11-01","***",1.1294500000000001,1.25197,1.17197,1.3726700000000001,1.2541500000000001]
["EMULSÕES ASF. MOD. POR POLÍMEROS RL1C-E","2013-12-01","***",1.1294500000000001,1.2989999999999999,1.15737,1.2879700000000001,1.27549]
["EMULSÕES ASF. MOD. POR POLÍMEROS RL1C-E","2014-01-01","***",1.1427700000000001,1.37239,1.2064999999999999,1.25606,1.27969]
["EMULSÕES ASF. MOD. POR POLÍMEROS RL1C-E","2014-02-01","***",1.1435999999999999,1.2299800000000001,1.03731,1.2104299999999999,1.1626700000000001]
["EMULSÕES ASF. MOD. POR POLÍMEROS RL1C-E","2014-03-01","***",1.0318799999999999,1.2303999999999999,0.88553999999999999,1.2202200000000001,1.1159300000000001]
["EMULSÕES ASF. MOD. POR POLÍMEROS RL1C-E","2014-04-01","***",0.90586,1.2149799999999999,0.92703999999999998,1.23508,1.13595]
["EMULSÕES ASF. MOD. POR POLÍMEROS RL1C-E","2014-05-01","***",1.25752,1.26973,1.1120699999999999,1.23556,1.2450699999999999]
["EMULSÕES ASF. MOD. POR POLÍMEROS RL1C-E","2014-06-01","***",1.41828,1.2673399999999999,1.09249,1.26617,1.2576000000000001]
["EMULSÕES ASF. MOD. POR POLÍMEROS RL1C-E","2014-07-01",1.3552,1.2211700000000001,1.1032200000000001,0.95884000000000003,1.2805,1.10869]
["EMULSÕES ASF. MOD. POR POLÍMEROS RL1C-E","2014-08-01",1.5751900000000001,1.0261400000000001,1.0015000000000001,0.92556000000000005,1.3060700000000001,1.01597]
["EMULSÕES ASF. MOD. POR POLÍMEROS RL1C-E","2014-09-01","***",1.2340199999999999,1.2697700000000001,0.93069999999999997,1.29576,1.25071]
["EMULSÕES ASF. MOD. POR POLÍMEROS RL1C-E","2014-10-01",0.89761999999999997,1.13229,1.13537,0.98687999999999998,1.22132,1.11717]
["EMULSÕES ASF. MOD. POR POLÍMEROS RL1C-E","2014-11-01",0.90525,1.0102100000000001,1.14368,1.0347599999999999,1.2373000000000001,1.1227499999999999]
["EMULSÕES ASF. MOD. POR POLÍMEROS RL1C-E","2014-12-01",0.99155000000000004,1.6238600000000001,1.10795,1.3198700000000001,1.3846799999999999,1.16927]
["EMULSÕES ASF. MOD. POR POLÍMEROS RL1C-E","2015-01-01","***",1.7783100000000001,1.5562,1.20302,1.24112,1.5202]
["EMULSÕES ASF. MOD. POR POLÍMEROS RL1C-E","2015-02-01","***",1.49,1.27773,1.5636399999999999,1.5059,1.3708499999999999]
["EMULSÕES ASF. MOD. POR POLÍMEROS RL1C-E","2015-03-01","***",1.3709100000000001,1.3892500000000001,1.56853,1.3179700000000001,1.3641099999999999]
["EMULSÕES ASF. MOD. POR POLÍMEROS RL1C-E","2015-04-01","***",1.2234799999999999,1.50864,1.5361199999999999,1.4224699999999999,1.4028]
["EMULSÕES ASF. MOD. POR POLÍMEROS RL1C-E","2015-05-01","***",1.1959299999999999,1.44425,1.48895,1.4042699999999999,1.42964]
["EMULSÕES ASF. MOD. POR POLÍMEROS RL1C-E","2015-06-01","***","***",1.44364,1.5652600000000001,1.27606,1.38713]
["EMULSÕES ASF. MOD. POR POLÍMEROS RL1C-E","2015-07-01","***",1.86,1.17675,1.10297,1.21868,1.1926300000000001]
["EMULSÕES ASF. MOD. POR POLÍMEROS RL1C-E","2015-08-01","***","***",1.5063,1.2201900000000001,1.3974500000000001,1.47559]
["EMULSÕES ASF. MOD. POR POLÍMEROS RL1C-E","2015-09-01",1.5381,"***",1.4976499999999999,1.2832600000000001,1.3325100000000001,1.47139]
["EMULSÕES ASF. MOD. POR POLÍMEROS RL1C-E","2015-10-01",1.5396300000000001,1.20509,1.5299,1.13005,1.5969199999999999,1.43584]
["EMULSÕES ASF. MOD. POR POLÍMEROS RL1C-E","2015-11-01",1.70207,1.78586,1.8087899999999999,1.6165700000000001,1.67411,1.7531099999999999]
["EMULSÕES ASF. MOD. POR POLÍMEROS RL1C-E","2015-12-01",1.7816000000000001,"***",1.7082599999999999,1.74004,1.43546,1.7101]
["EMULSÕES ASF. MOD. POR POLÍMEROS RL1C-E","2016-01-01","***","***",1.7428999999999999,1.27075,1.4631700000000001,1.4628399999999999]
["EMULSÕES ASF. MOD. POR POLÍMEROS RL1C-E","2016-02-01",1.6494500000000001,"***",1.5879300000000001,1.67858,1.6273599999999999,1.6131]
["EMULSÕES ASF. MOD. POR POLÍMEROS RL1C-E","2016-03-01",1.6285499999999999,"***",1.7172499999999999,1.5488999999999999,1.35365,1.6878599999999999]
["EMULSÕES ASF. MOD. POR POLÍMEROS RL1C-E","2016-04-01",1.6735,2.37,1.9555899999999999,"***",1.5416799999999999,1.92025]
["EMULSÕES ASF. MOD. POR POLÍMEROS RL1C-E","2016-05-01",1.6943699999999999,"***",1.9866600000000001,1.5920300000000001,1.70017,1.7926]
["EMULSÕES ASF. MOD. POR POLÍMEROS RL1C-E","2016-06-01",1.6409800000000001,"***",2.0489600000000001,1.5187999999999999,1.59189,1.7568999999999999]
["EMULSÕES ASF. MOD. POR POLÍMEROS RL1C-E","2016-07-01",1.64171,"***",2.01336,1.43981,1.4558,1.7123900000000001]
["EMULSÕES ASF. MOD. POR POLÍMEROS RL1C-E","2016-08-01",1.68981,"***",1.9006400000000001,1.4948900000000001,1.4560500000000001,1.7865800000000001]
["EMULSÕES ASF. MOD. POR POLÍMEROS RL1C-E","2016-09-01",1.46652,"***",1.7634799999999999,1.4484600000000001,1.371,1.6775599999999999]
["EMULSÕES ASF. MOD. POR POLÍMEROS RL1C-E","2016-10-01",1.42184,1.45,1.82141,2.1332,1.371,1.7792399999999999]
["EMULSÕES ASF. MOD. POR POLÍMEROS RL1C-E","2016-11-01",1.4315899999999999,"***",2.2905799999999998,1.91882,1.371,2.1880299999999999]
["EMULSÕES ASF. MOD. POR POLÍMEROS RL1C-E","2016-12-01","***","***",2.1212599999999999,1.87625,1.3709800000000001,2.0058500000000001]
["EMULSÕES ASF. MOD. POR POLÍMEROS RL1C-E","2017-01-01","***","***",2.3381699999999999,1.9404600000000001,1.37097,2.0445099999999998]
["EMULSÕES ASF. MOD. POR POLÍMEROS RL1C-E","2017-02-01","***","***",2.0834299999999999,2.2105800000000002,1.37097,2.0984099999999999]
["EMULSÕES ASF. MOD. POR POLÍMEROS RL1C-E","2017-03-01","***","***",2.2534700000000001,2.2575699999999999,1.37097,2.06081]
["EMULSÕES ASF. MOD. POR POLÍMEROS RL1C-E","2017-04-01","***","***",2.4231099999999999,2.0476700000000001,1.3665799999999999,2.19814]
["EMULSÕES ASF. MOD. POR POLÍMEROS RL1C-E","2017-05-01",1.3653200000000001,"***",2.194,2.1691400000000001,1.3665799999999999,1.9630399999999999]
["EMULSÕES ASF. MOD. POR POLÍMEROS RL1C-E","2017-06-01",1.37873,"***",2.18126,1.87351,"***",2.0261900000000002]
["EMULSÕES ASF. MOD. POR POLÍMEROS RL1C-E","2017-07-01",1.37233,"***",2.1024799999999999,1.77973,"***",2.0559099999999999]
["EMULSÕES ASF. MOD. POR POLÍMEROS RL1C-E","2017-08-01","***","***",1.9042399999999999,2.1384500000000002,"***",1.9085099999999999]
["EMULSÕES ASF. MOD. POR POLÍMEROS RL1C-E","2017-09-01",1.3805799999999999,"***",2.0671400000000002,2.0418599999999998,"***",2.0376400000000001]
["EMULSÕES ASF. MOD. POR POLÍMEROS RL1C-E","2017-10-01",1.41239,"***",2.0409000000000002,2.2484099999999998,"***",2.0695600000000001]
["EMULSÕES ASF. MOD. POR POLÍMEROS RL1C-E","2017-11-01",1.4712700000000001,1.55925,2.1338300000000001,2.2470699999999999,"***",2.1078700000000001]
["EMULSÕES ASF. MOD. POR POLÍMEROS RL1C-E","2017-12-01",1.4712700000000001,1.55925,2.1898300000000002,2.3804599999999998,"***",2.1280100000000002]
["EMULSÕES ASF. MOD. POR POLÍMEROS RL1C-E","2018-01-01","***","***",1.6145700000000001,"***","***",1.6145700000000001]
["EMULSÕES ASF. MOD. POR POLÍMEROS RL1C-E","2018-02-01","***","***",1.58728,"***","***",1.58728]
["EMULSÕES ASF. MOD. POR POLÍMEROS RL1C-E","2018-03-01","***","***",1.6476299999999999,"***","***",1.6476299999999999]
["EMULSÕES ASF. MOD. POR POLÍMEROS RL1C-E","2018-04-01","***","***",1.62524,1.6180600000000001,"***",1.62469]
["EMULSÕES ASF. MOD. POR POLÍMEROS RL1C-E","2018-05-01","***","***",1.58775,"***","***",1.58775]
["EMULSÕES ASF. MOD. POR POLÍMEROS RL1C-E","2018-06-01","***","***",1.8329299999999999,"***","***",1.8329299999999999]
["EMULSÕES ASF. MOD. POR POLÍMEROS RL1C-E","2018-07-01","***","***",1.9074800000000001,2.3034400000000002,"***",1.9439200000000001]
["EMULSÕES ASF. MOD. POR POLÍMEROS RL1C-E","2018-08-01",1.927,"***",2.0378400000000001,"***","***",2.0358499999999999]
["EMULSÕES ASF. MOD. POR POLÍMEROS RL1C-E","2018-09-01","***","***",2.1855500000000001,"***","***",2.1855500000000001]
["EMULSÕES ASF. MOD. POR POLÍMEROS RL1C-E","2018-10-01","***",1.9805600000000001,2.0937600000000001,1.968,"***",2.0864500000000001]
["EMULSÕES ASF. MOD. POR POLÍMEROS RL1C-E","2018-11-01","***",2.2325599999999999,2.35832,2.1648000000000001,"***",2.33527]
["EMULSÕES ASF. MOD. POR POLÍMEROS RL1C-E","2018-12-01","***",2.0299999999999998,2.0715599999999998,"***","***",2.05185]
["EMULSÕES ASF. MOD. POR POLÍMEROS RL1C-E","2019-01-01","***",2.2325599999999999,2.3638699999999999,"***","***",2.3505199999999999]
["EMULSÕES ASF. MOD. POR POLÍMEROS RL1C-E","2019-02-01","***","***",2.5128900000000001,"***",2.18248,2.5122300000000002]
["EMULSÕES ASF. MOD. POR POLÍMEROS RL1C-E","2019-03-01","***","***",2.5525699999999998,"***","***",2.5525699999999998]
["EMULSÕES ASF. MOD. POR POLÍMEROS RL1C-E","2019-04-01","***","***",2.5190100000000002,"***","***",2.5190100000000002]
["EMULSÕES ASF. MOD. POR POLÍMEROS RL1C-E","2019-05-01","***","***",2.5947499999999999,"***","***",2.5947499999999999]
["EMULSÕES ASF. MOD. POR POLÍMEROS RL1C-E","2019-06-01","***","***",2.5756800000000002,"***","***",2.5756800000000002]
["EMULSÕES ASF. MOD. POR POLÍMEROS RL1C-E","2019-07-01","***","***",2.6339000000000001,"***",3.6011199999999999,2.63646]
["EMULSÕES ASF. MOD. POR POLÍMEROS RL1C-E","2019-08-01","***","***",2.4592000000000001,"***","***",2.4592000000000001]
["EMULSÕES ASF. MOD. POR POLÍMEROS RL1C-E","2019-09-01","***","***",2.60961,"***","***",2.60961]
["EMULSÕES ASF. MOD. POR POLÍMEROS RL1C-E","2019-10-01","***","***",2.58629,1.92757,"***",2.41615]
["EMULSÕES ASF. MOD. POR POLÍMEROS RL1C-E","2019-11-01",2.05905,1.9530000000000001,2.3441800000000002,1.9105700000000001,"***",2.19841]
["EMULSÕES ASF. MOD. POR POLÍMEROS RL1C-E","2019-12-01","***","***",2.3397399999999999,1.91726,"***",2.2608199999999998]
["EMULSÕES ASF. MOD. POR POLÍMEROS RL1C-E","2020-01-01","***","***",2.65401,2.1825000000000001,"***",2.5109599999999999]
["EMULSÕES ASF. MOD. POR POLÍMEROS RL1C-E","2020-02-01","***","***","***","***","***","***"]
["EMULSÕES ASF. MOD. POR POLÍMEROS RL1C-E","2020-03-01","***","***",2.2298800000000001,"***","***",2.2298800000000001]
["EMULSÕES ASF. MOD. POR POLÍMEROS RL1C-E","2020-04-01","***","***",2.2285900000000001,"***","***",2.2285900000000001]
["EMULSÕES ASF. MOD. POR POLÍMEROS RL1C-E","2020-05-01","***","***",2.2617600000000002,"***",3.6011199999999999,2.2664399999999998]
["EMULSÕES ASF. MOD. POR POLÍMEROS RL1C-E","2020-06-01","***","***",2.1753900000000002,"***","***",2.1753900000000002]
["EMULSÕES ASF. MOD. POR POLÍMEROS RL1C-E","2020-07-01","***",1.8629500000000001,2.1324900000000002,"***","***",2.0647700000000002]
["EMULSÕES ASF. MOD. POR POLÍMEROS RL1C-E","2020-08-01",2.1328399999999998,2.0276999999999998,2.2073100000000001,2.0217100000000001,"***",2.14053]
["EMULSÕES ASF. MOD. POR POLÍMEROS RL1C-E","2020-09-01",2.1584300000000001,2.0163700000000002,2.1926100000000002,2.0217100000000001,3.2737500000000002,2.1198800000000002]
["EMULSÕES ASF. MOD. POR POLÍMEROS RL1C-E","2020-10-01",2.35676,1.96641,2.18526,"***","***",2.1072700000000002]
["EMULSÕES ASF. MOD. POR POLÍMEROS RL1C-E","2020-11-01",2.1065900000000002,2.03084,2.27237,"***","***",2.1886700000000001]
["EMULSÕES ASF. MOD. POR POLÍMEROS RL1C-E","2020-12-01",2.10276,2.0998000000000001,2.3340299999999998,"***","***",2.1719400000000002]
["EMULSÕES ASF. MOD. POR POLÍMEROS RL1C-E","2021-01-01","***",2.1425200000000002,2.4850400000000001,"***","***",2.2294]
["EMULSÕES ASF. MOD. POR POLÍMEROS RL1C-E","2021-02-01","***",2.2131099999999999,2.6752500000000001,"***","***",2.29088]
["EMULSÕES ASF. MOD. POR POLÍMEROS RL1C-E","2021-03-01","***",2.22661,2.3237000000000001,"***",4.8924399999999997,2.25169]
["EMULSÕES ASF. MOD. POR POLÍMEROS RL1C-E","2021-04-01","***",2.2226300000000001,2.3774899999999999,"***","***",2.2809599999999999]
["EMULSÕES ASF. MOD. POR POLÍMEROS RL1C-E","2021-05-01","***",2.6408200000000002,2.8201200000000002,"***","***",2.7782499999999999]
["EMULSÕES ASF. MOD. POR POLÍMEROS RL1C-E","2021-06-01",2.7940999999999998,2.7219799999999998,2.7303299999999999,"***",5.8745500000000002,2.7325599999999999]
["EMULSÕES ASF. MOD. POR POLÍMEROS RL1C-E","2021-07-01",2.6031599999999999,2.7435499999999999,2.8785799999999999,"***",5.8745599999999998,2.86551]
["EMULSÕES ASF. MOD. POR POLÍMEROS RL1C-E","2021-08-01","***",2.8309799999999998,3.0769299999999999,3.1686999999999999,"***",3.0452599999999999]
["EMULSÕES ASF. MOD. POR POLÍMEROS RL1C-E","2021-09-01",2.7897799999999999,2.8309799999999998,3.0950500000000001,3.1686999999999999,"***",2.9971199999999998]
["EMULSÕES ASF. MOD. POR POLÍMEROS RL1C-E","2021-10-01","***",2.8309799999999998,2.9890400000000001,"***","***",2.96428]
["EMULSÕES ASF. MOD. POR POLÍMEROS RL1C-E","2021-11-01","***",3.02915,2.9934400000000001,"***","***",2.9961199999999999]
["EMULSÕES ASF. MOD. POR POLÍMEROS RL1C-E","2021-12-01",2.50285,3.02915,3.38856,"***","***",3.2999100000000001]
["EMULSÕES ASF. MOD. POR POLÍMEROS RL1C-E","2022-01-01","***","***",3.38381,"***",3.3483299999999998,3.3837999999999999]
["EMULSÕES ASF. MOD. POR POLÍMEROS RL1C-E","2022-02-01","***","***",4.0285200000000003,"***","***",4.0285200000000003]
["EMULSÕES ASF. MOD. POR POLÍMEROS RL1C-E","2022-03-01","***","***",3.7434500000000002,"***","***",3.7434500000000002]
["EMULSÕES ASF. MOD. POR POLÍMEROS RL1C-E","2022-04-01","***",3.3810799999999999,3.8767399999999999,"***","***",3.8440500000000002]
["EMULSÕES ASF. MOD. POR POLÍMEROS RL1C-E","2022-05-01","***","***",3.8769200000000001,"***","***",3.8769200000000001]
["EMULSÕES ASF. MOD. POR POLÍMEROS RL1C-E","2022-06-01","***","***",3.8526500000000001,"***","***",3.8526500000000001]
["EMULSÕES ASF. MOD. POR POLÍMEROS RL1C-E","2022-07-01","***",3.51294,3.8424100000000001,"***","***",3.69374]
["EMULSÕES ASF. MOD. POR POLÍMEROS RL1C-E","2022-08-01","***",3.6054499999999998,3.9619399999999998,"***","***",3.8295400000000002]
["EMULSÕES ASF. MOD. POR POLÍMEROS RL1C-E","2022-09-01","***",3.6246200000000002,3.8362799999999999,"***","***",3.7212200000000002]
["EMULSÕES ASF. MOD. POR POLÍMEROS RL1C-E","2022-10-01","***",3.6125500000000001,3.4370699999999998,"***","***",3.5106999999999999]
["EMULSÕES ASF. MOD. POR POLÍMEROS RL1C-E","2022-11-01","***",3.5431300000000001,3.57525,"***","***",3.5644800000000001]
["EMULSÕES ASF. MOD. POR POLÍMEROS RL1C-E","2022-12-01","***",3.49797,3.5728300000000002,"***","***",3.5251100000000002]
["EMULSÕES ASF. MOD. POR POLÍMEROS RL1C-E","2023-01-01","***",3.4318200000000001,"***","***","***",3.4318200000000001]
["EMULSÕES ASF. MOD. POR POLÍMEROS RL1C-E","2023-02-01","***",3.4176899999999999,3.9512200000000002,"***","***",3.8854299999999999]
["EMULSÕES ASF. MOD. POR POLÍMEROS RL1C-E","2023-03-01","***","***",3.3465500000000001,4.0088800000000004,"***",3.53037]
["EMULSÕES ASF. MOD. POR POLÍMEROS RL1C-E","2023-04-01","***","***",3.6266600000000002,4.1654299999999997,"***",3.6557599999999999]
["EMULSÕES ASF. MOD. POR POLÍMEROS RL1C-E","2023-05-01","***","***",3.78132,4.1536799999999996,"***",3.7934000000000001]
["EMULSÕES ASF. MOD. POR POLÍMEROS RL1C-E","2023-06-01","***","***",3.4535499999999999,3.4182800000000002,"***",3.4535]
["EMULSÕES ASF. MOD. POR POLÍMEROS RL1C-E","2023-07-01","***","***",3.4999500000000001,4.0849200000000003,"***",3.5504199999999999]
["EMULSÕES ASF. MOD. POR POLÍMEROS RL1C-E","2023-08-01","***",3.2111000000000001,3.5256400000000001,"***","***",3.4538500000000001]
["EMULSÕES ASF. MOD. POR POLÍMEROS RL1C-E","2023-09-01","***",3.45262,3.4989599999999998,4.1815600000000002,"***",3.5613600000000001]
["EMULSÕES ASF. MOD. POR POLÍMEROS RL1C-E","2023-10-01","***",3.1278600000000001,3.5044200000000001,4.2376300000000002,"***",3.75143]
["EMULSÕES ASF. MOD. POR POLÍMEROS RM1C-E","2009-12-01","***","***","***","***","***","***"]
["EMULSÕES ASF. MOD. POR POLÍMEROS RM1C-E","2010-01-01","***","***","***","***","***","***"]
["EMULSÕES ASF. MOD. POR POLÍMEROS RM1C-E","2010-02-01","***","***","***","***","***","***"]
["EMULSÕES ASF. MOD. POR POLÍMEROS RM1C-E","2010-03-01","***","***","***","***","***","***"]
["EMULSÕES ASF. MOD. POR POLÍMEROS RM1C-E","2010-04-01","***","***","***","***",0.98838999999999999,0.98838999999999999]
["EMULSÕES ASF. MOD. POR POLÍMEROS RM1C-E","2010-05-01","***","***","***","***",1.0001899999999999,1.0001899999999999]
["EMULSÕES ASF. MOD. POR POLÍMEROS RM1C-E","2010-06-01","***","***","***","***",1.0179,1.0179]
["EMULSÕES ASF. MOD. POR POLÍMEROS RM1C-E","2010-07-01","***","***","***","***",1.00525,1.00525]
["EMULSÕES ASF. MOD. POR POLÍMEROS RM1C-E","2010-08-01","***","***","***","***","***","***"]
["EMULSÕES ASF. MOD. POR POLÍMEROS RM1C-E","2010-09-01","***","***","***","***","***","***"]
["EMULSÕES ASF. MOD. POR POLÍMEROS RM1C-E","2010-10-01","***","***","***","***","***","***"]
["EMULSÕES ASF. MOD. POR POLÍMEROS RM1C-E","2010-11-01","***","***","***","***","***","***"]
["EMULSÕES ASF. MOD. POR POLÍMEROS RM1C-E","2010-12-01","***","***","***","***","***","***"]
["EMULSÕES ASF. MOD. POR POLÍMEROS RM1C-E","2011-01-01","***","***","***","***","***","***"]
["EMULSÕES ASF. MOD. POR POLÍMEROS RM1C-E","2011-02-01","***","***","***","***","***","***"]
["EMULSÕES ASF. MOD. POR POLÍMEROS RM1C-E","2011-03-01","***","***","***","***","***","***"]
["EMULSÕES ASF. MOD. POR POLÍMEROS RM1C-E","2011-04-01","***","***","***","***","***","***"]
["EMULSÕES ASF. MOD. POR POLÍMEROS RM1C-E","2011-05-01","***","***","***","***","***","***"]
["EMULSÕES ASF. MOD. POR POLÍMEROS RM1C-E","2011-06-01","***","***","***","***","***","***"]
["EMULSÕES ASF. MOD. POR POLÍMEROS RM1C-E","2011-07-01","***","***","***","***","***","***"]
["EMULSÕES ASF. MOD. POR POLÍMEROS RM1C-E","2011-08-01","***","***","***","***","***","***"]
["EMULSÕES ASF. MOD. POR POLÍMEROS RM1C-E","2011-09-01","***","***","***","***","***","***"]
["EMULSÕES ASF. MOD. POR POLÍMEROS RM1C-E","2011-10-01","***","***","***","***","***","***"]
["EMULSÕES ASF. MOD. POR POLÍMEROS RM1C-E","2011-11-01","***","***","***","***","***","***"]
["EMULSÕES ASF. MOD. POR POLÍMEROS RM1C-E","2011-12-01","***","***","***","***","***","***"]
["EMULSÕES ASF. MOD. POR POLÍMEROS RM1C-E","2012-01-01","***","***","***","***","***","***"]
["EMULSÕES ASF. MOD. POR POLÍMEROS RM1C-E","2012-02-01","***","***","***","***","***","***"]
["EMULSÕES ASF. MOD. POR POLÍMEROS RM1C-E","2012-03-01","***","***","***","***","***","***"]
["EMULSÕES ASF. MOD. POR POLÍMEROS RM1C-E","2012-04-01","***","***","***","***","***","***"]
["EMULSÕES ASF. MOD. POR POLÍMEROS RM1C-E","2012-05-01","***","***","***","***","***","***"]
["EMULSÕES ASF. MOD. POR POLÍMEROS RM1C-E","2012-06-01","***","***","***","***","***","***"]
["EMULSÕES ASF. MOD. POR POLÍMEROS RM1C-E","2012-07-01","***","***","***","***","***","***"]
["EMULSÕES ASF. MOD. POR POLÍMEROS RM1C-E","2012-08-01","***","***","***","***","***","***"]
["EMULSÕES ASF. MOD. POR POLÍMEROS RM1C-E","2012-09-01","***","***","***","***","***","***"]
["EMULSÕES ASF. MOD. POR POLÍMEROS RM1C-E","2012-10-01","***","***","***","***","***","***"]
["EMULSÕES ASF. MOD. POR POLÍMEROS RM1C-E","2012-11-01","***","***","***","***","***","***"]
["EMULSÕES ASF. MOD. POR POLÍMEROS RM1C-E","2012-12-01","***","***","***","***","***","***"]
["EMULSÕES ASF. MOD. POR POLÍMEROS RM1C-E","2013-01-01","***","***","***","***","***","***"]
["EMULSÕES ASF. MOD. POR POLÍMEROS RM1C-E","2013-02-01","***","***","***","***","***","***"]
["EMULSÕES ASF. MOD. POR POLÍMEROS RM1C-E","2013-03-01","***","***","***","***","***","***"]
["EMULSÕES ASF. MOD. POR POLÍMEROS RM1C-E","2013-04-01","***","***","***","***","***","***"]
["EMULSÕES ASF. MOD. POR POLÍMEROS RM1C-E","2013-05-01","***","***","***","***","***","***"]
["EMULSÕES ASF. MOD. POR POLÍMEROS RM1C-E","2013-06-01","***","***","***","***","***","***"]
["EMULSÕES ASF. MOD. POR POLÍMEROS RM1C-E","2013-07-01","***","***","***","***","***","***"]
["EMULSÕES ASF. MOD. POR POLÍMEROS RM1C-E","2013-08-01","***","***","***","***","***","***"]
["EMULSÕES ASF. MOD. POR POLÍMEROS RM1C-E","2013-09-01","***","***","***","***","***","***"]
["EMULSÕES ASF. MOD. POR POLÍMEROS RM1C-E","2013-10-01","***","***","***","***",1.6719999999999999,1.6719999999999999]
["EMULSÕES ASF. MOD. POR POLÍMEROS RM1C-E","2013-11-01","***","***","***","***","***","***"]
["EMULSÕES ASF. MOD. POR POLÍMEROS RM1C-E","2013-12-01","***","***","***","***","***","***"]
["EMULSÕES ASF. MOD. POR POLÍMEROS RM1C-E","2014-01-01","***","***","***","***","***","***"]
["EMULSÕES ASF. MOD. POR POLÍMEROS RM1C-E","2014-02-01","***","***","***","***","***","***"]
["EMULSÕES ASF. MOD. POR POLÍMEROS RM1C-E","2014-03-01","***","***","***","***","***","***"]
["EMULSÕES ASF. MOD. POR POLÍMEROS RM1C-E","2014-04-01","***","***","***","***","***","***"]
["EMULSÕES ASF. MOD. POR POLÍMEROS RM1C-E","2014-05-01","***","***","***","***","***","***"]
["EMULSÕES ASF. MOD. POR POLÍMEROS RM1C-E","2014-06-01","***","***","***","***","***","***"]
["EMULSÕES ASF. MOD. POR POLÍMEROS RM1C-E","2014-07-01","***","***","***","***","***","***"]
["EMULSÕES ASF. MOD. POR POLÍMEROS RM1C-E","2014-08-01","***","***",1.4913099999999999,"***","***",1.4913099999999999]
["EMULSÕES ASF. MOD. POR POLÍMEROS RM1C-E","2014-09-01","***","***","***","***","***","***"]
["EMULSÕES ASF. MOD. POR POLÍMEROS RM1C-E","2014-10-01","***","***","***","***","***","***"]
["EMULSÕES ASF. MOD. POR POLÍMEROS RM1C-E","2014-11-01","***","***","***","***","***","***"]
["EMULSÕES ASF. MOD. POR POLÍMEROS RM1C-E","2014-12-01","***","***","***","***","***","***"]
["EMULSÕES ASF. MOD. POR POLÍMEROS RM1C-E","2015-01-01","***","***","***","***","***","***"]
["EMULSÕES ASF. MOD. POR POLÍMEROS RM1C-E","2015-02-01","***","***","***","***","***","***"]
["EMULSÕES ASF. MOD. POR POLÍMEROS RM1C-E","2015-03-01","***","***","***","***","***","***"]
["EMULSÕES ASF. MOD. POR POLÍMEROS RM1C-E","2015-04-01","***","***","***","***","***","***"]
["EMULSÕES ASF. MOD. POR POLÍMEROS RM1C-E","2015-05-01","***","***","***","***","***","***"]
["EMULSÕES ASF. MOD. POR POLÍMEROS RM1C-E","2015-06-01","***","***","***","***","***","***"]
["EMULSÕES ASF. MOD. POR POLÍMEROS RM1C-E","2015-07-01","***","***","***",1.65802,"***",1.65802]
["EMULSÕES ASF. MOD. POR POLÍMEROS RM1C-E","2015-08-01","***","***","***","***","***","***"]
["EMULSÕES ASF. MOD. POR POLÍMEROS RM1C-E","2015-09-01","***","***","***","***","***","***"]
["EMULSÕES ASF. MOD. POR POLÍMEROS RM1C-E","2015-10-01","***","***","***","***","***","***"]
["EMULSÕES ASF. MOD. POR POLÍMEROS RM1C-E","2015-11-01","***","***","***","***","***","***"]
["EMULSÕES ASF. MOD. POR POLÍMEROS RM1C-E","2015-12-01","***","***","***",2.1626400000000001,"***",2.1626400000000001]
["EMULSÕES ASF. MOD. POR POLÍMEROS RM1C-E","2016-01-01","***","***","***",2.1626400000000001,"***",2.1626400000000001]
["EMULSÕES ASF. MOD. POR POLÍMEROS RM1C-E","2016-02-01","***","***","***","***","***","***"]
["EMULSÕES ASF. MOD. POR POLÍMEROS RM1C-E","2016-03-01","***","***","***","***","***","***"]
["EMULSÕES ASF. MOD. POR POLÍMEROS RM1C-E","2016-04-01","***","***","***","***","***","***"]
["EMULSÕES ASF. MOD. POR POLÍMEROS RM1C-E","2016-05-01","***","***","***","***","***","***"]
["EMULSÕES ASF. MOD. POR POLÍMEROS RM1C-E","2016-06-01","***","***","***","***","***","***"]
["EMULSÕES ASF. MOD. POR POLÍMEROS RM1C-E","2016-07-01","***","***","***","***","***","***"]
["EMULSÕES ASF. MOD. POR POLÍMEROS RM1C-E","2016-08-01","***","***","***","***","***","***"]
["EMULSÕES ASF. MOD. POR POLÍMEROS RM1C-E","2016-09-01","***","***","***","***","***","***"]
["EMULSÕES ASF. MOD. POR POLÍMEROS RM1C-E","2016-10-01","***","***","***","***","***","***"]
["EMULSÕES ASF. MOD. POR POLÍMEROS RM1C-E","2016-11-01","***","***","***","***","***","***"]
["EMULSÕES ASF. MOD. POR POLÍMEROS RM1C-E","2016-12-01","***","***","***",1.7302,"***",1.7302]
["EMULSÕES ASF. MOD. POR POLÍMEROS RM1C-E","2017-01-01","***","***","***","***","***","***"]
["EMULSÕES ASF. MOD. POR POLÍMEROS RM1C-E","2017-02-01","***","***","***",2.2707700000000002,"***",2.2707700000000002]
["EMULSÕES ASF. MOD. POR POLÍMEROS RM1C-E","2017-03-01","***","***","***","***","***","***"]
["EMULSÕES ASF. MOD. POR POLÍMEROS RM1C-E","2017-04-01","***","***","***","***","***","***"]
["EMULSÕES ASF. MOD. POR POLÍMEROS RM1C-E","2017-05-01","***","***","***","***","***","***"]
["EMULSÕES ASF. MOD. POR POLÍMEROS RM1C-E","2017-06-01","***","***","***","***","***","***"]
["EMULSÕES ASF. MOD. POR POLÍMEROS RM1C-E","2017-07-01","***","***","***","***","***","***"]
["EMULSÕES ASF. MOD. POR POLÍMEROS RM1C-E","2017-08-01","***","***","***","***","***","***"]
["EMULSÕES ASF. MOD. POR POLÍMEROS RM1C-E","2017-09-01","***","***","***","***","***","***"]
["EMULSÕES ASF. MOD. POR POLÍMEROS RM1C-E","2017-10-01","***","***","***","***","***","***"]
["EMULSÕES ASF. MOD. POR POLÍMEROS RM1C-E","2017-11-01","***","***","***","***","***","***"]
["EMULSÕES ASF. MOD. POR POLÍMEROS RM1C-E","2017-12-01","***","***","***","***","***","***"]
["EMULSÕES ASF. MOD. POR POLÍMEROS RM1C-E","2018-01-01","***","***","***","***","***","***"]
["EMULSÕES ASF. MOD. POR POLÍMEROS RM1C-E","2018-02-01","***","***","***","***","***","***"]
["EMULSÕES ASF. MOD. POR POLÍMEROS RM1C-E","2018-03-01","***","***","***","***","***","***"]
["EMULSÕES ASF. MOD. POR POLÍMEROS RM1C-E","2018-04-01","***","***","***","***","***","***"]
["EMULSÕES ASF. MOD. POR POLÍMEROS RM1C-E","2018-05-01","***","***","***","***","***","***"]
["EMULSÕES ASF. MOD. POR POLÍMEROS RM1C-E","2018-06-01","***","***","***","***","***","***"]
["EMULSÕES ASF. MOD. POR POLÍMEROS RM1C-E","2018-07-01","***","***","***","***","***","***"]
["EMULSÕES ASF. MOD. POR POLÍMEROS RM1C-E","2018-08-01","***","***","***","***","***","***"]
["EMULSÕES ASF. MOD. POR POLÍMEROS RM1C-E","2018-09-01","***","***","***","***","***","***"]
["EMULSÕES ASF. MOD. POR POLÍMEROS RM1C-E","2018-10-01","***","***","***","***","***","***"]
["EMULSÕES ASF. MOD. POR POLÍMEROS RM1C-E","2018-11-01","***","***","***","***","***","***"]
["EMULSÕES ASF. MOD. POR POLÍMEROS RM1C-E","2018-12-01","***","***","***","***","***","***"]
["EMULSÕES ASF. MOD. POR POLÍMEROS RM1C-E","2019-01-01","***","***","***","***","***","***"]
["EMULSÕES ASF. MOD. POR POLÍMEROS RM1C-E","2019-02-01","***","***","***","***","***","***"]
["EMULSÕES ASF. MOD. POR POLÍMEROS RM1C-E","2019-03-01","***","***","***","***","***","***"]
["EMULSÕES ASF. MOD. POR POLÍMEROS RM1C-E","2019-04-01","***","***","***","***","***","***"]
["EMULSÕES ASF. MOD. POR POLÍMEROS RM1C-E","2019-05-01","***","***","***","***","***","***"]
["EMULSÕES ASF. MOD. POR POLÍMEROS RM1C-E","2019-06-01","***","***","***","***","***","***"]
["EMULSÕES ASF. MOD. POR POLÍMEROS RM1C-E","2019-07-01","***","***","***","***","***","***"]
["EMULSÕES ASF. MOD. POR POLÍMEROS RM1C-E","2019-08-01","***","***","***","***","***","***"]
["EMULSÕES ASF. MOD. POR POLÍMEROS RM1C-E","2019-09-01","***","***","***","***","***","***"]
["EMULSÕES ASF. MOD. POR POLÍMEROS RM1C-E","2019-10-01","***","***","***","***","***","***"]
["EMULSÕES ASF. MOD. POR POLÍMEROS RM1C-E","2019-11-01","***","***","***","***","***","***"]
["EMULSÕES ASF. MOD. POR POLÍMEROS RM1C-E","2019-12-01","***","***","***","***","***","***"]
["EMULSÕES ASF. MOD. POR POLÍMEROS RM1C-E","2020-01-01","***","***","***","***","***","***"]
["EMULSÕES ASF. MOD. POR POLÍMEROS RM1C-E","2020-02-01","***","***","***","***","***","***"]
["EMULSÕES ASF. MOD. POR POLÍMEROS RM1C-E","2020-03-01","***","***","***","***","***","***"]
["EMULSÕES ASF. MOD. POR POLÍMEROS RM1C-E","2020-04-01","***","***","***","***","***","***"]
["EMULSÕES ASF. MOD. POR POLÍMEROS RM1C-E","2020-05-01","***","***","***","***","***","***"]
["EMULSÕES ASF. MOD. POR POLÍMEROS RM1C-E","2020-06-01","***","***","***","***","***","***"]
["EMULSÕES ASF. MOD. POR POLÍMEROS RM1C-E","2020-07-01","***","***","***","***","***","***"]
["EMULSÕES ASF. MOD. POR POLÍMEROS RM1C-E","2020-08-01","***","***","***","***","***","***"]
["EMULSÕES ASF. MOD. POR POLÍMEROS RM1C-E","2020-09-01","***","***","***","***","***","***"]
["EMULSÕES ASF. MOD. POR POLÍMEROS RM1C-E","2020-10-01","***","***","***","***","***","***"]
["EMULSÕES ASF. MOD. POR POLÍMEROS RM1C-E","2020-11-01","***","***","***","***","***","***"]
["EMULSÕES ASF. MOD. POR POLÍMEROS RM1C-E","2020-12-01","***","***","***","***","***","***"]
["EMULSÕES ASF. MOD. POR POLÍMEROS RM1C-E","2021-01-01","***","***","***","***","***","***"]
["EMULSÕES ASF. MOD. POR POLÍMEROS RM1C-E","2021-02-01","***","***","***","***","***","***"]
["EMULSÕES ASF. MOD. POR POLÍMEROS RM1C-E","2021-03-01","***","***","***","***","***","***"]
["EMULSÕES ASF. MOD. POR POLÍMEROS RM1C-E","2021-04-01","***","***","***","***","***","***"]
["EMULSÕES ASF. MOD. POR POLÍMEROS RM1C-E","2021-05-01","***","***","***","***","***","***"]
["EMULSÕES ASF. MOD. POR POLÍMEROS RM1C-E","2021-06-01","***","***","***","***","***","***"]
["EMULSÕES ASF. MOD. POR POLÍMEROS RM1C-E","2021-07-01","***","***","***","***","***","***"]
["EMULSÕES ASF. MOD. POR POLÍMEROS RM1C-E","2021-08-01","***","***","***","***","***","***"]
["EMULSÕES ASF. MOD. POR POLÍMEROS RM1C-E","2021-09-01","***","***","***","***","***","***"]
["EMULSÕES ASF. MOD. POR POLÍMEROS RM1C-E","2021-10-01","***","***","***","***","***","***"]
["EMULSÕES ASF. MOD. POR POLÍMEROS RM1C-E","2021-11-01","***","***","***","***","***","***"]
["EMULSÕES ASF. MOD. POR POLÍMEROS RM1C-E","2021-12-01","***","***","***","***","***","***"]
["EMULSÕES ASF. MOD. POR POLÍMEROS RM1C-E","2022-01-01","***","***","***","***","***","***"]
["EMULSÕES ASF. MOD. POR POLÍMEROS RM1C-E","2022-02-01","***","***","***","***","***","***"]
["EMULSÕES ASF. MOD. POR POLÍMEROS RM1C-E","2022-03-01","***","***","***","***","***","***"]
["EMULSÕES ASF. MOD. POR POLÍMEROS RM1C-E","2022-04-01","***","***","***","***","***","***"]
["EMULSÕES ASF. MOD. POR POLÍMEROS RM1C-E","2022-05-01","***","***","***","***","***","***"]
["EMULSÕES ASF. MOD. POR POLÍMEROS RM1C-E","2022-06-01","***","***","***","***","***","***"]
["EMULSÕES ASF. MOD. POR POLÍMEROS RM1C-E","2022-07-01","***","***","***","***","***","***"]
["EMULSÕES ASF. MOD. POR POLÍMEROS RM1C-E","2022-08-01","***","***","***","***","***","***"]
["EMULSÕES ASF. MOD. POR POLÍMEROS RM1C-E","2022-09-01","***","***","***","***","***","***"]
["EMULSÕES ASF. MOD. POR POLÍMEROS RM1C-E","2022-10-01","***","***","***","***","***","***"]
["EMULSÕES ASF. MOD. POR POLÍMEROS RM1C-E","2022-11-01","***","***","***","***","***","***"]
["EMULSÕES ASF. MOD. POR POLÍMEROS RM1C-E","2022-12-01","***","***","***","***","***","***"]
["EMULSÕES ASF. MOD. POR POLÍMEROS RM1C-E","2023-01-01","***","***","***","***","***","***"]
["EMULSÕES ASF. MOD. POR POLÍMEROS RM1C-E","2023-02-01","***","***","***","***","***","***"]
["EMULSÕES ASF. MOD. POR POLÍMEROS RM1C-E","2023-03-01","***","***","***","***","***","***"]
["EMULSÕES ASF. MOD. POR POLÍMEROS RM1C-E","2023-04-01","***","***","***","***","***","***"]
["EMULSÕES ASF. MOD. POR POLÍMEROS RM1C-E","2023-05-01","***","***","***","***","***","***"]
["EMULSÕES ASF. MOD. POR POLÍMEROS RM1C-E","2023-06-01","***","***","***","***","***","***"]
["EMULSÕES ASF. MOD. POR POLÍMEROS RM1C-E","2023-07-01","***","***","***","***","***","***"]
["EMULSÕES ASF. MOD. POR POLÍMEROS RM1C-E","2023-08-01","***","***","***","***","***","***"]
["EMULSÕES ASF. MOD. POR POLÍMEROS RM1C-E","2023-09-01","***","***","***","***","***","***"]
["EMULSÕES ASF. MOD. POR POLÍMEROS RM1C-E","2023-10-01","***","***","***","***","***","***"]
["EMULSÕES ASF. MOD. POR POLÍMEROS RR1C-E","2009-12-01","***","***","***",0.89054,1.0026299999999999,0.93210999999999999]
["EMULSÕES ASF. MOD. POR POLÍMEROS RR1C-E","2010-01-01","***","***","***",0.84518000000000004,0.95167999999999997,0.86150000000000004]
["EMULSÕES ASF. MOD. POR POLÍMEROS RR1C-E","2010-02-01","***","***","***",0.85204999999999997,0.95277999999999996,0.86041999999999996]
["EMULSÕES ASF. MOD. POR POLÍMEROS RR1C-E","2010-03-01","***","***","***",0.87385999999999997,0.95218000000000003,0.88505]
["EMULSÕES ASF. MOD. POR POLÍMEROS RR1C-E","2010-04-01","***","***","***",0.87244999999999995,0.94730000000000003,0.87690000000000001]
["EMULSÕES ASF. MOD. POR POLÍMEROS RR1C-E","2010-05-01","***",1.0957600000000001,"***",0.87534999999999996,0.94730000000000003,0.91388999999999998]
["EMULSÕES ASF. MOD. POR POLÍMEROS RR1C-E","2010-06-01","***",1.09592,"***",0.88266,0.95084999999999997,0.93425999999999998]
["EMULSÕES ASF. MOD. POR POLÍMEROS RR1C-E","2010-07-01","***","***","***",0.85158999999999996,0.95133000000000001,0.90659999999999996]
["EMULSÕES ASF. MOD. POR POLÍMEROS RR1C-E","2010-08-01","***","***","***",0.84533999999999998,0.94989000000000001,0.90008999999999995]
["EMULSÕES ASF. MOD. POR POLÍMEROS RR1C-E","2010-09-01","***","***","***",0.85006999999999999,0.90564,0.87063000000000001]
["EMULSÕES ASF. MOD. POR POLÍMEROS RR1C-E","2010-10-01","***","***","***",0.87146000000000001,0.90261999999999998,0.87878999999999996]
["EMULSÕES ASF. MOD. POR POLÍMEROS RR1C-E","2010-11-01","***","***","***",0.85416000000000003,0.88002000000000002,0.86226000000000003]
["EMULSÕES ASF. MOD. POR POLÍMEROS RR1C-E","2010-12-01","***","***","***",0.83430000000000004,0.94730000000000003,0.85775999999999997]
["EMULSÕES ASF. MOD. POR POLÍMEROS RR1C-E","2011-01-01","***","***","***","***",0.84119999999999995,0.84119999999999995]
["EMULSÕES ASF. MOD. POR POLÍMEROS RR1C-E","2011-02-01","***","***","***",0.83430000000000004,0.95065999999999995,0.88202000000000003]
["EMULSÕES ASF. MOD. POR POLÍMEROS RR1C-E","2011-03-01","***","***","***",1.0020500000000001,0.87156999999999996,0.92535000000000001]
["EMULSÕES ASF. MOD. POR POLÍMEROS RR1C-E","2011-04-01","***","***","***",0.83430000000000004,0.88671999999999995,0.87121999999999999]
["EMULSÕES ASF. MOD. POR POLÍMEROS RR1C-E","2011-05-01","***","***","***",0.83430000000000004,0.89410000000000001,0.84452000000000005]
["EMULSÕES ASF. MOD. POR POLÍMEROS RR1C-E","2011-06-01","***","***","***",0.87007000000000001,0.85880000000000001,0.86890999999999996]
["EMULSÕES ASF. MOD. POR POLÍMEROS RR1C-E","2011-07-01","***","***","***",0.89393,0.89029999999999998,0.89354999999999996]
["EMULSÕES ASF. MOD. POR POLÍMEROS RR1C-E","2011-08-01","***","***","***",0.93508000000000002,"***",0.93508000000000002]
["EMULSÕES ASF. MOD. POR POLÍMEROS RR1C-E","2011-09-01","***","***","***",0.93006,0.92778000000000005,0.92898000000000003]
["EMULSÕES ASF. MOD. POR POLÍMEROS RR1C-E","2011-10-01","***","***","***",0.92381999999999997,0.84601999999999999,0.86448000000000003]
["EMULSÕES ASF. MOD. POR POLÍMEROS RR1C-E","2011-11-01","***","***","***",1.0047600000000001,1.24383,1.1863300000000001]
["EMULSÕES ASF. MOD. POR POLÍMEROS RR1C-E","2011-12-01","***","***","***",1.1453,1.39103,1.3303199999999999]
["EMULSÕES ASF. MOD. POR POLÍMEROS RR1C-E","2012-01-01","***","***","***","***",0.94469999999999998,0.94469999999999998]
["EMULSÕES ASF. MOD. POR POLÍMEROS RR1C-E","2012-02-01","***","***","***",1.1452899999999999,0.89324000000000003,0.97335000000000005]
["EMULSÕES ASF. MOD. POR POLÍMEROS RR1C-E","2012-03-01","***","***","***",0.95726,0.98370000000000002,0.98031999999999997]
["EMULSÕES ASF. MOD. POR POLÍMEROS RR1C-E","2012-04-01","***","***","***",1.008,0.89832000000000001,0.94357000000000002]
["EMULSÕES ASF. MOD. POR POLÍMEROS RR1C-E","2012-05-01","***","***","***",0.96094000000000002,0.89629000000000003,0.90697000000000005]
["EMULSÕES ASF. MOD. POR POLÍMEROS RR1C-E","2012-06-01","***","***","***",0.94838999999999996,0.94130000000000003,0.94338]
["EMULSÕES ASF. MOD. POR POLÍMEROS RR1C-E","2012-07-01","***","***","***",0.95052000000000003,1.00536,0.99194000000000004]
["EMULSÕES ASF. MOD. POR POLÍMEROS RR1C-E","2012-08-01","***","***","***",1.0327999999999999,0.97560000000000002,1.0059]
["EMULSÕES ASF. MOD. POR POLÍMEROS RR1C-E","2012-09-01","***","***","***",1.0316000000000001,1.0448999999999999,1.04206]
["EMULSÕES ASF. MOD. POR POLÍMEROS RR1C-E","2012-10-01","***","***","***",0.91969999999999996,1.0516000000000001,0.93591000000000002]
["EMULSÕES ASF. MOD. POR POLÍMEROS RR1C-E","2012-11-01","***","***","***","***",1.2484200000000001,1.2484200000000001]
["EMULSÕES ASF. MOD. POR POLÍMEROS RR1C-E","2012-12-01","***","***","***","***",1.32972,1.32972]
["EMULSÕES ASF. MOD. POR POLÍMEROS RR1C-E","2013-01-01","***","***","***","***",1.3249500000000001,1.3249500000000001]
["EMULSÕES ASF. MOD. POR POLÍMEROS RR1C-E","2013-02-01","***","***","***",0.91890000000000005,1.29619,1.2620199999999999]
["EMULSÕES ASF. MOD. POR POLÍMEROS RR1C-E","2013-03-01","***","***","***",0.96750000000000003,1.2785299999999999,1.232]
["EMULSÕES ASF. MOD. POR POLÍMEROS RR1C-E","2013-04-01","***","***","***",1.0285,1.3772899999999999,1.3750899999999999]
["EMULSÕES ASF. MOD. POR POLÍMEROS RR1C-E","2013-05-01","***","***","***","***",1.2222500000000001,1.2222500000000001]
["EMULSÕES ASF. MOD. POR POLÍMEROS RR1C-E","2013-06-01","***","***","***",0.98640000000000005,1.34937,1.2816399999999999]
["EMULSÕES ASF. MOD. POR POLÍMEROS RR1C-E","2013-07-01","***","***","***",1.08819,1.35666,1.3151299999999999]
["EMULSÕES ASF. MOD. POR POLÍMEROS RR1C-E","2013-08-01","***","***","***",1.2147699999999999,1.4131,1.39493]
["EMULSÕES ASF. MOD. POR POLÍMEROS RR1C-E","2013-09-01","***","***","***",1.2147699999999999,1.33826,1.33342]
["EMULSÕES ASF. MOD. POR POLÍMEROS RR1C-E","2013-10-01","***","***","***",0.98640000000000005,1.3498699999999999,1.33118]
["EMULSÕES ASF. MOD. POR POLÍMEROS RR1C-E","2013-11-01","***",1.1371,1.12436,"***",1.3890199999999999,1.3251599999999999]
["EMULSÕES ASF. MOD. POR POLÍMEROS RR1C-E","2013-12-01","***","***","***","***",1.2377,1.2377]
["EMULSÕES ASF. MOD. POR POLÍMEROS RR1C-E","2014-01-01","***","***","***",0.88609000000000004,1.4924599999999999,1.3393999999999999]
["EMULSÕES ASF. MOD. POR POLÍMEROS RR1C-E","2014-02-01","***","***","***",0.91218999999999995,1.345,1.24013]
["EMULSÕES ASF. MOD. POR POLÍMEROS RR1C-E","2014-03-01","***","***","***",0.88609000000000004,1.2881400000000001,1.19526]
["EMULSÕES ASF. MOD. POR POLÍMEROS RR1C-E","2014-04-01","***",0.69881000000000004,"***","***",1.33588,1.1936800000000001]
["EMULSÕES ASF. MOD. POR POLÍMEROS RR1C-E","2014-05-01","***",0.69882999999999995,"***","***",1.4274500000000001,1.16082]
["EMULSÕES ASF. MOD. POR POLÍMEROS RR1C-E","2014-06-01","***",1.2101,"***",1.0291600000000001,1.41656,1.2981499999999999]
["EMULSÕES ASF. MOD. POR POLÍMEROS RR1C-E","2014-07-01","***","***","***",0.97660000000000002,1.40133,1.3596600000000001]
["EMULSÕES ASF. MOD. POR POLÍMEROS RR1C-E","2014-08-01","***","***",0.99380000000000002,1.0403,1.40648,1.3386400000000001]
["EMULSÕES ASF. MOD. POR POLÍMEROS RR1C-E","2014-09-01","***","***",1.0986,"***",1.27278,1.1625099999999999]
["EMULSÕES ASF. MOD. POR POLÍMEROS RR1C-E","2014-10-01","***",1.0541,1.2507999999999999,"***",1.1422600000000001,1.1857]
["EMULSÕES ASF. MOD. POR POLÍMEROS RR1C-E","2014-11-01","***","***",1.29,1.0286999999999999,1.19974,1.24939]
["EMULSÕES ASF. MOD. POR POLÍMEROS RR1C-E","2014-12-01","***","***","***",1.0915699999999999,1.3793299999999999,1.22573]
["EMULSÕES ASF. MOD. POR POLÍMEROS RR1C-E","2015-01-01","***","***","***","***",1.3566800000000001,1.3566800000000001]
["EMULSÕES ASF. MOD. POR POLÍMEROS RR1C-E","2015-02-01","***",0.84189999999999998,"***",1.1667799999999999,1.35808,1.09273]
["EMULSÕES ASF. MOD. POR POLÍMEROS RR1C-E","2015-03-01","***",0.84174000000000004,"***",1.0744,1.34924,1.1550400000000001]
["EMULSÕES ASF. MOD. POR POLÍMEROS RR1C-E","2015-04-01","***","***","***",1.13229,1.27657,1.2417800000000001]
["EMULSÕES ASF. MOD. POR POLÍMEROS RR1C-E","2015-05-01","***","***","***",1.49102,1.3793299999999999,1.4785699999999999]
["EMULSÕES ASF. MOD. POR POLÍMEROS RR1C-E","2015-06-01","***","***","***",1.5112000000000001,1.2586599999999999,1.3759600000000001]
["EMULSÕES ASF. MOD. POR POLÍMEROS RR1C-E","2015-07-01","***","***","***","***",1.3793299999999999,1.3793299999999999]
["EMULSÕES ASF. MOD. POR POLÍMEROS RR1C-E","2015-08-01","***","***","***",1.3467,1.2338899999999999,1.3077399999999999]
["EMULSÕES ASF. MOD. POR POLÍMEROS RR1C-E","2015-09-01","***",0.87290999999999996,"***",1.2148399999999999,1.3793299999999999,1.14994]
["EMULSÕES ASF. MOD. POR POLÍMEROS RR1C-E","2015-10-01","***","***","***",1.20488,1.3793299999999999,1.3286800000000001]
["EMULSÕES ASF. MOD. POR POLÍMEROS RR1C-E","2015-11-01","***","***","***",1.29251,1.36981,1.3159099999999999]
["EMULSÕES ASF. MOD. POR POLÍMEROS RR1C-E","2015-12-01","***","***","***","***",1.36981,1.36981]
["EMULSÕES ASF. MOD. POR POLÍMEROS RR1C-E","2016-01-01","***","***","***","***",1.36981,1.36981]
["EMULSÕES ASF. MOD. POR POLÍMEROS RR1C-E","2016-02-01","***","***","***",1.18509,"***",1.18509]
["EMULSÕES ASF. MOD. POR POLÍMEROS RR1C-E","2016-03-01","***","***","***","***",1.3213900000000001,1.3213900000000001]
["EMULSÕES ASF. MOD. POR POLÍMEROS RR1C-E","2016-04-01","***","***","***","***","***","***"]
["EMULSÕES ASF. MOD. POR POLÍMEROS RR1C-E","2016-05-01","***","***","***","***",1.5653999999999999,1.5653999999999999]
["EMULSÕES ASF. MOD. POR POLÍMEROS RR1C-E","2016-06-01","***",1.5429600000000001,"***","***",1.79955,1.78661]
["EMULSÕES ASF. MOD. POR POLÍMEROS RR1C-E","2016-07-01","***",1.5505199999999999,"***","***",1.64697,1.6368799999999999]
["EMULSÕES ASF. MOD. POR POLÍMEROS RR1C-E","2016-08-01","***",1.54278,1.83039,"***",1.47332,1.6138300000000001]
["EMULSÕES ASF. MOD. POR POLÍMEROS RR1C-E","2016-09-01","***","***",1.64716,1.4177500000000001,1.54277,1.5583899999999999]
["EMULSÕES ASF. MOD. POR POLÍMEROS RR1C-E","2016-10-01","***","***","***",1.4019699999999999,1.37747,1.38131]
["EMULSÕES ASF. MOD. POR POLÍMEROS RR1C-E","2016-11-01","***","***","***","***",1.46079,1.46079]
["EMULSÕES ASF. MOD. POR POLÍMEROS RR1C-E","2016-12-01","***","***","***",1.2174700000000001,1.35297,1.34236]
["EMULSÕES ASF. MOD. POR POLÍMEROS RR1C-E","2017-01-01","***","***","***","***",1.42283,1.42283]
["EMULSÕES ASF. MOD. POR POLÍMEROS RR1C-E","2017-02-01","***","***","***","***",1.42395,1.42395]
["EMULSÕES ASF. MOD. POR POLÍMEROS RR1C-E","2017-03-01","***","***","***","***",1.46079,1.46079]
["EMULSÕES ASF. MOD. POR POLÍMEROS RR1C-E","2017-04-01","***","***","***",1.0603,1.46279,1.31551]
["EMULSÕES ASF. MOD. POR POLÍMEROS RR1C-E","2017-05-01","***","***","***","***",1.46079,1.46079]
["EMULSÕES ASF. MOD. POR POLÍMEROS RR1C-E","2017-06-01","***","***","***","***",1.3958699999999999,1.3958699999999999]
["EMULSÕES ASF. MOD. POR POLÍMEROS RR1C-E","2017-07-01","***","***",1.2437,"***",1.4303699999999999,1.40428]
["EMULSÕES ASF. MOD. POR POLÍMEROS RR1C-E","2017-08-01","***","***","***",1.3461000000000001,1.3415999999999999,1.34205]
["EMULSÕES ASF. MOD. POR POLÍMEROS RR1C-E","2017-09-01","***","***",1.1777,1.22024,1.3167800000000001,1.2706299999999999]
["EMULSÕES ASF. MOD. POR POLÍMEROS RR1C-E","2017-10-01","***","***","***","***",1.31098,1.31098]
["EMULSÕES ASF. MOD. POR POLÍMEROS RR1C-E","2017-11-01","***","***","***","***",1.43248,1.43248]
["EMULSÕES ASF. MOD. POR POLÍMEROS RR1C-E","2017-12-01","***","***","***",1.15527,1.4390499999999999,1.37846]
["EMULSÕES ASF. MOD. POR POLÍMEROS RR1C-E","2018-01-01","***","***","***","***",1.4603600000000001,1.4603600000000001]
["EMULSÕES ASF. MOD. POR POLÍMEROS RR1C-E","2018-02-01","***","***","***","***",1.45858,1.45858]
["EMULSÕES ASF. MOD. POR POLÍMEROS RR1C-E","2018-03-01","***","***","***",1.2067099999999999,1.4585999999999999,1.3936999999999999]
["EMULSÕES ASF. MOD. POR POLÍMEROS RR1C-E","2018-04-01","***","***","***",1.17615,1.46177,1.4191100000000001]
["EMULSÕES ASF. MOD. POR POLÍMEROS RR1C-E","2018-05-01","***","***",1.4948399999999999,1.2908299999999999,1.47156,1.4597100000000001]
["EMULSÕES ASF. MOD. POR POLÍMEROS RR1C-E","2018-06-01","***",1.57789,"***",1.63083,1.5913600000000001,1.5971900000000001]
["EMULSÕES ASF. MOD. POR POLÍMEROS RR1C-E","2018-07-01","***",1.57789,"***",1.60815,1.6020399999999999,1.6046100000000001]
["EMULSÕES ASF. MOD. POR POLÍMEROS RR1C-E","2018-08-01","***","***","***",1.6742300000000001,1.63693,1.6445000000000001]
["EMULSÕES ASF. MOD. POR POLÍMEROS RR1C-E","2018-09-01","***","***",2.2341700000000002,1.87845,1.4692400000000001,1.8123]
["EMULSÕES ASF. MOD. POR POLÍMEROS RR1C-E","2018-10-01","***","***",2.2341700000000002,1.84893,1.4692400000000001,1.9321699999999999]
["EMULSÕES ASF. MOD. POR POLÍMEROS RR1C-E","2018-11-01","***","***","***","***","***","***"]
["EMULSÕES ASF. MOD. POR POLÍMEROS RR1C-E","2018-12-01","***","***","***","***",2.2082000000000002,2.2082000000000002]
["EMULSÕES ASF. MOD. POR POLÍMEROS RR1C-E","2019-01-01","***","***","***","***",2.3943699999999999,2.3943699999999999]
["EMULSÕES ASF. MOD. POR POLÍMEROS RR1C-E","2019-02-01","***","***",2.46007,"***",2.53078,2.47932]
["EMULSÕES ASF. MOD. POR POLÍMEROS RR1C-E","2019-03-01","***","***","***",2.2281200000000001,"***",2.2281200000000001]
["EMULSÕES ASF. MOD. POR POLÍMEROS RR1C-E","2019-04-01","***","***",2.46007,"***","***",2.46007]
["EMULSÕES ASF. MOD. POR POLÍMEROS RR1C-E","2019-05-01","***",2.2618,2.6475200000000001,"***",2.1901099999999998,2.4639500000000001]
["EMULSÕES ASF. MOD. POR POLÍMEROS RR1C-E","2019-06-01","***",2.2618200000000002,2.64662,"***",2.2395700000000001,2.4087700000000001]
["EMULSÕES ASF. MOD. POR POLÍMEROS RR1C-E","2019-07-01","***",2.3224499999999999,2.6922299999999999,"***",2.1904599999999999,2.5693700000000002]
["EMULSÕES ASF. MOD. POR POLÍMEROS RR1C-E","2019-08-01","***",2.1289699999999998,2.6324100000000001,2.16777,2.17354,2.3804599999999998]
["EMULSÕES ASF. MOD. POR POLÍMEROS RR1C-E","2019-09-01","***",2.1289799999999999,2.5795499999999998,2.1032899999999999,"***",2.3751099999999998]
["EMULSÕES ASF. MOD. POR POLÍMEROS RR1C-E","2019-10-01","***","***","***",2.1116299999999999,"***",2.1116299999999999]
["EMULSÕES ASF. MOD. POR POLÍMEROS RR1C-E","2019-11-01","***","***","***",2.2421600000000002,2.2077599999999999,2.2182400000000002]
["EMULSÕES ASF. MOD. POR POLÍMEROS RR1C-E","2019-12-01","***","***","***",2.0493600000000001,2.23848,2.1376599999999999]
["EMULSÕES ASF. MOD. POR POLÍMEROS RR1C-E","2020-01-01","***","***","***",2.2421799999999998,"***",2.2421799999999998]
["EMULSÕES ASF. MOD. POR POLÍMEROS RR1C-E","2020-02-01","***","***","***",2.1088,"***",2.1088]
["EMULSÕES ASF. MOD. POR POLÍMEROS RR1C-E","2020-03-01","***","***","***",2.1085400000000001,"***",2.1085400000000001]
["EMULSÕES ASF. MOD. POR POLÍMEROS RR1C-E","2020-04-01","***","***","***","***","***","***"]
["EMULSÕES ASF. MOD. POR POLÍMEROS RR1C-E","2020-05-01","***","***","***","***","***","***"]
["EMULSÕES ASF. MOD. POR POLÍMEROS RR1C-E","2020-06-01","***","***","***",2.3820000000000001,2.1860900000000001,2.2816700000000001]
["EMULSÕES ASF. MOD. POR POLÍMEROS RR1C-E","2020-07-01","***",1.85456,"***","***","***",1.85456]
["EMULSÕES ASF. MOD. POR POLÍMEROS RR1C-E","2020-08-01","***",1.9805600000000001,"***",2.0933600000000001,2.2533300000000001,2.1754699999999998]
["EMULSÕES ASF. MOD. POR POLÍMEROS RR1C-E","2020-09-01","***",1.9805600000000001,"***","***",1.2230799999999999,1.3531599999999999]
["EMULSÕES ASF. MOD. POR POLÍMEROS RR1C-E","2020-10-01","***",2.1169899999999999,"***","***",2.08819,2.1075900000000001]
["EMULSÕES ASF. MOD. POR POLÍMEROS RR1C-E","2020-11-01","***",2.016,"***","***",2.2705299999999999,2.1381299999999999]
["EMULSÕES ASF. MOD. POR POLÍMEROS RR1C-E","2020-12-01","***","***","***","***","***","***"]
["EMULSÕES ASF. MOD. POR POLÍMEROS RR1C-E","2021-01-01","***",2.016,"***","***",2.2397499999999999,2.1207400000000001]
["EMULSÕES ASF. MOD. POR POLÍMEROS RR1C-E","2021-02-01","***","***","***","***",2.45947,2.45947]
["EMULSÕES ASF. MOD. POR POLÍMEROS RR1C-E","2021-03-01","***","***","***","***",2.44672,2.44672]
["EMULSÕES ASF. MOD. POR POLÍMEROS RR1C-E","2021-04-01","***",2.6312000000000002,"***","***",2.4843199999999999,2.5237400000000001]
["EMULSÕES ASF. MOD. POR POLÍMEROS RR1C-E","2021-05-01","***","***","***","***",3.0255000000000001,3.0255000000000001]
["EMULSÕES ASF. MOD. POR POLÍMEROS RR1C-E","2021-06-01","***",3.0931999999999999,"***","***",2.8313700000000002,2.9601600000000001]
["EMULSÕES ASF. MOD. POR POLÍMEROS RR1C-E","2021-07-01","***","***","***",2.7347000000000001,3.0211000000000001,2.90557]
["EMULSÕES ASF. MOD. POR POLÍMEROS RR1C-E","2021-08-01","***",2.9802499999999998,"***",2.7554599999999998,3.2498499999999999,3.1036299999999999]
["EMULSÕES ASF. MOD. POR POLÍMEROS RR1C-E","2021-09-01","***","***","***",3.0580500000000002,3.2546400000000002,3.1237699999999999]
["EMULSÕES ASF. MOD. POR POLÍMEROS RR1C-E","2021-10-01","***",3.0279400000000001,"***",3.3371900000000001,3.32233,3.2822399999999998]
["EMULSÕES ASF. MOD. POR POLÍMEROS RR1C-E","2021-11-01","***","***","***",3.1308099999999999,3.7198000000000002,3.4785300000000001]
["EMULSÕES ASF. MOD. POR POLÍMEROS RR1C-E","2021-12-01","***",3.3168799999999998,"***",3.3643000000000001,3.6635200000000001,3.4848400000000002]
["EMULSÕES ASF. MOD. POR POLÍMEROS RR1C-E","2022-01-01","***","***","***","***",3.6922600000000001,3.6922600000000001]
["EMULSÕES ASF. MOD. POR POLÍMEROS RR1C-E","2022-02-01","***","***","***","***",3.9474800000000001,3.9474800000000001]
["EMULSÕES ASF. MOD. POR POLÍMEROS RR1C-E","2022-03-01","***","***","***","***",3.8811100000000001,3.8811100000000001]
["EMULSÕES ASF. MOD. POR POLÍMEROS RR1C-E","2022-04-01","***","***","***","***",3.9067799999999999,3.9067799999999999]
["EMULSÕES ASF. MOD. POR POLÍMEROS RR1C-E","2022-05-01","***",3.5609299999999999,"***","***",3.78037,3.7113499999999999]
["EMULSÕES ASF. MOD. POR POLÍMEROS RR1C-E","2022-06-01","***","***","***","***",3.7705199999999999,3.7705199999999999]
["EMULSÕES ASF. MOD. POR POLÍMEROS RR1C-E","2022-07-01","***",3.5950899999999999,"***","***",3.5305300000000002,3.54237]
["EMULSÕES ASF. MOD. POR POLÍMEROS RR1C-E","2022-08-01","***",3.78295,"***","***",3.2968199999999999,3.5615899999999998]
["EMULSÕES ASF. MOD. POR POLÍMEROS RR1C-E","2022-09-01","***",3.7488000000000001,"***","***",3.20791,3.6753]
["EMULSÕES ASF. MOD. POR POLÍMEROS RR1C-E","2022-10-01","***",3.1893699999999998,"***","***",2.9241799999999998,3.06176]
["EMULSÕES ASF. MOD. POR POLÍMEROS RR1C-E","2022-11-01","***","***","***","***",3.28382,3.28382]
["EMULSÕES ASF. MOD. POR POLÍMEROS RR1C-E","2022-12-01","***","***","***","***",2.9880399999999998,2.9880399999999998]
["EMULSÕES ASF. MOD. POR POLÍMEROS RR1C-E","2023-01-01","***",3.0318700000000001,"***","***",3.3519600000000001,3.1779799999999998]
["EMULSÕES ASF. MOD. POR POLÍMEROS RR1C-E","2023-02-01","***","***","***","***",2.7701099999999999,2.7701099999999999]
["EMULSÕES ASF. MOD. POR POLÍMEROS RR1C-E","2023-03-01","***",2.9674399999999999,"***","***","***",2.9674399999999999]
["EMULSÕES ASF. MOD. POR POLÍMEROS RR1C-E","2023-04-01","***","***","***","***","***","***"]
["EMULSÕES ASF. MOD. POR POLÍMEROS RR1C-E","2023-05-01","***","***","***","***",3.4115500000000001,3.4115500000000001]
["EMULSÕES ASF. MOD. POR POLÍMEROS RR1C-E","2023-06-01","***","***","***","***","***","***"]
["EMULSÕES ASF. MOD. POR POLÍMEROS RR1C-E","2023-07-01","***","***","***",5.9894999999999996,2.43187,2.5307599999999999]
["EMULSÕES ASF. MOD. POR POLÍMEROS RR1C-E","2023-08-01","***","***","***",2.4742999999999999,1.83616,2.2469199999999998]
["EMULSÕES ASF. MOD. POR POLÍMEROS RR1C-E","2023-09-01","***",2.8280099999999999,3.5404,2.5739200000000002,2.7266699999999999,2.9644499999999998]
["EMULSÕES ASF. MOD. POR POLÍMEROS RR1C-E","2023-10-01","***",3.1496900000000001,3.5404,2.32484,2.7266699999999999,3.1715200000000001]
["EMULSÕES ASF. MOD. POR POLÍMEROS RR2C-E","2009-12-01","***",0.91073000000000004,1.3482000000000001,0.97463,1.0649,1.1251500000000001]
["EMULSÕES ASF. MOD. POR POLÍMEROS RR2C-E","2010-01-01","***",0.96936,1.38446,0.99360999999999999,1.14594,1.0605500000000001]
["EMULSÕES ASF. MOD. POR POLÍMEROS RR2C-E","2010-02-01","***",0.97387999999999997,1.3294699999999999,1.0192000000000001,1.02891,1.0252600000000001]
["EMULSÕES ASF. MOD. POR POLÍMEROS RR2C-E","2010-03-01","***",0.98538999999999999,1.35632,0.98312999999999995,1.03311,1.02112]
["EMULSÕES ASF. MOD. POR POLÍMEROS RR2C-E","2010-04-01","***",1.0259199999999999,1.36311,1.0063500000000001,1.0375700000000001,1.0555300000000001]
["EMULSÕES ASF. MOD. POR POLÍMEROS RR2C-E","2010-05-01","***",1.0057700000000001,1.37784,1.0196499999999999,1.01098,1.1181700000000001]
["EMULSÕES ASF. MOD. POR POLÍMEROS RR2C-E","2010-06-01","***",1.00227,1.2877000000000001,0.99831999999999999,1.04243,1.0345899999999999]
["EMULSÕES ASF. MOD. POR POLÍMEROS RR2C-E","2010-07-01","***",1.0265,1.3213200000000001,0.99370000000000003,1.1646399999999999,1.03894]
["EMULSÕES ASF. MOD. POR POLÍMEROS RR2C-E","2010-08-01","***",1.0369200000000001,1.43767,0.95223000000000002,1.0748200000000001,1.0824400000000001]
["EMULSÕES ASF. MOD. POR POLÍMEROS RR2C-E","2010-09-01","***",0.97521999999999998,1.2844599999999999,0.90286,1.13727,1.0656600000000001]
["EMULSÕES ASF. MOD. POR POLÍMEROS RR2C-E","2010-10-01","***",1.04274,1.2049300000000001,0.96586000000000005,1.0085299999999999,1.03291]
["EMULSÕES ASF. MOD. POR POLÍMEROS RR2C-E","2010-11-01","***",0.91288999999999998,1.17398,0.97726000000000002,0.92573000000000005,0.99951999999999996]
["EMULSÕES ASF. MOD. POR POLÍMEROS RR2C-E","2010-12-01","***",0.91351000000000004,1.1859999999999999,0.93655999999999995,0.96252000000000004,0.97345999999999999]
["EMULSÕES ASF. MOD. POR POLÍMEROS RR2C-E","2011-01-01","***",0.87699000000000005,1.2326600000000001,0.91837000000000002,0.93762000000000001,0.91315000000000002]
["EMULSÕES ASF. MOD. POR POLÍMEROS RR2C-E","2011-02-01","***",0.89595999999999998,"***",0.90391999999999995,0.94077999999999995,0.90510000000000002]
["EMULSÕES ASF. MOD. POR POLÍMEROS RR2C-E","2011-03-01","***",1.0425599999999999,1.14266,0.98263999999999996,0.94076000000000004,0.98168]
["EMULSÕES ASF. MOD. POR POLÍMEROS RR2C-E","2011-04-01","***",1.01892,"***",0.97933000000000003,0.93411,0.95511999999999997]
["EMULSÕES ASF. MOD. POR POLÍMEROS RR2C-E","2011-05-01","***","***",1.10368,0.95843999999999996,0.92871000000000004,0.96062000000000003]
["EMULSÕES ASF. MOD. POR POLÍMEROS RR2C-E","2011-06-01","***",0.99434,1.1808000000000001,0.92474000000000001,0.94269999999999998,0.95531999999999995]
["EMULSÕES ASF. MOD. POR POLÍMEROS RR2C-E","2011-07-01","***",0.90549999999999997,1.15933,0.93689999999999996,0.93796999999999997,0.94843999999999995]
["EMULSÕES ASF. MOD. POR POLÍMEROS RR2C-E","2011-08-01","***",0.92193000000000003,1.32785,0.90058000000000005,0.92986000000000002,0.95616999999999996]
["EMULSÕES ASF. MOD. POR POLÍMEROS RR2C-E","2011-09-01","***",1.0188999999999999,1.1825300000000001,0.92010999999999998,0.92208000000000001,1.02284]
["EMULSÕES ASF. MOD. POR POLÍMEROS RR2C-E","2011-10-01","***",1.0291999999999999,1.02111,0.85277999999999998,0.92232999999999998,0.95865]
["EMULSÕES ASF. MOD. POR POLÍMEROS RR2C-E","2011-11-01","***",1.0167200000000001,1.05721,0.90259999999999996,0.92230000000000001,1.0027900000000001]
["EMULSÕES ASF. MOD. POR POLÍMEROS RR2C-E","2011-12-01","***",0.94254000000000004,1.0198400000000001,0.94581000000000004,1.1406700000000001,1.00858]
["EMULSÕES ASF. MOD. POR POLÍMEROS RR2C-E","2012-01-01","***","***","***",0.94994999999999996,1.29599,1.14578]
["EMULSÕES ASF. MOD. POR POLÍMEROS RR2C-E","2012-02-01","***","***",0.98616999999999999,1.05966,0.94771000000000005,1.00621]
["EMULSÕES ASF. MOD. POR POLÍMEROS RR2C-E","2012-03-01","***",0.91442000000000001,1.01606,1.02719,0.90275000000000005,0.96543999999999996]
["EMULSÕES ASF. MOD. POR POLÍMEROS RR2C-E","2012-04-01","***",0.99975999999999998,1.0516799999999999,0.99400999999999995,0.81272,1.03285]
["EMULSÕES ASF. MOD. POR POLÍMEROS RR2C-E","2012-05-01","***",0.98931000000000002,1.0695699999999999,1.0661400000000001,0.93174000000000001,1.0610999999999999]
["EMULSÕES ASF. MOD. POR POLÍMEROS RR2C-E","2012-06-01","***",0.97567000000000004,1.1184000000000001,0.91790000000000005,0.97189000000000003,1.0730599999999999]
["EMULSÕES ASF. MOD. POR POLÍMEROS RR2C-E","2012-07-01","***",0.99143000000000003,1.1495599999999999,1.00061,0.77495000000000003,1.1135600000000001]
["EMULSÕES ASF. MOD. POR POLÍMEROS RR2C-E","2012-08-01","***",1.0083800000000001,1.17767,0.98260999999999998,0.85809000000000002,1.12999]
["EMULSÕES ASF. MOD. POR POLÍMEROS RR2C-E","2012-09-01","***",1.01586,1.1726300000000001,0.87997999999999998,0.77495000000000003,1.1052]
["EMULSÕES ASF. MOD. POR POLÍMEROS RR2C-E","2012-10-01","***",1.01586,1.2035199999999999,0.88131999999999999,0.77495000000000003,1.1371]
["EMULSÕES ASF. MOD. POR POLÍMEROS RR2C-E","2012-11-01","***","***",1.2075,0.92898000000000003,0.77495000000000003,1.12412]
["EMULSÕES ASF. MOD. POR POLÍMEROS RR2C-E","2012-12-01","***",1.0310600000000001,1.2244699999999999,1.08674,0.77495000000000003,1.1109500000000001]
["EMULSÕES ASF. MOD. POR POLÍMEROS RR2C-E","2013-01-01","***",1.02071,1.1639900000000001,1.01919,0.77495000000000003,1.01329]
["EMULSÕES ASF. MOD. POR POLÍMEROS RR2C-E","2013-02-01","***",1.0404100000000001,1.1656,1.12131,1.0846,1.0797099999999999]
["EMULSÕES ASF. MOD. POR POLÍMEROS RR2C-E","2013-03-01","***",1.0459000000000001,1.14577,1.04274,1.0860000000000001,1.05593]
["EMULSÕES ASF. MOD. POR POLÍMEROS RR2C-E","2013-04-01","***",1.0450600000000001,1.17225,1.0734699999999999,1.0851999999999999,1.09219]
["EMULSÕES ASF. MOD. POR POLÍMEROS RR2C-E","2013-05-01","***",1.01586,1.1956800000000001,1.01894,1.08748,1.1725300000000001]
["EMULSÕES ASF. MOD. POR POLÍMEROS RR2C-E","2013-06-01","***",1.0707800000000001,1.1652400000000001,1.13246,"***",1.15686]
["EMULSÕES ASF. MOD. POR POLÍMEROS RR2C-E","2013-07-01","***",1.0465800000000001,1.1494500000000001,1.3725700000000001,0.95026999999999995,1.1296299999999999]
["EMULSÕES ASF. MOD. POR POLÍMEROS RR2C-E","2013-08-01",1.1894199999999999,1.06826,1.23153,1.0074700000000001,1.0851200000000001,1.1654599999999999]
["EMULSÕES ASF. MOD. POR POLÍMEROS RR2C-E","2013-09-01",1.1894199999999999,1.1439999999999999,1.2528600000000001,1.1019600000000001,1.0836600000000001,1.2098500000000001]
["EMULSÕES ASF. MOD. POR POLÍMEROS RR2C-E","2013-10-01",1.1894199999999999,1.0918600000000001,1.1911400000000001,1.0903700000000001,1.1026400000000001,1.15134]
["EMULSÕES ASF. MOD. POR POLÍMEROS RR2C-E","2013-11-01",1.1894199999999999,1.15429,1.2205600000000001,1.06697,1.13456,1.1729099999999999]
["EMULSÕES ASF. MOD. POR POLÍMEROS RR2C-E","2013-12-01","***",1.26684,1.19353,0.98873,1.1240399999999999,1.1748099999999999]
["EMULSÕES ASF. MOD. POR POLÍMEROS RR2C-E","2014-01-01","***",1.24736,1.2159599999999999,1.0686500000000001,1.1166,1.17839]
["EMULSÕES ASF. MOD. POR POLÍMEROS RR2C-E","2014-02-01","***",1.0548500000000001,1.26129,1.05745,0.95132000000000005,1.1015299999999999]
["EMULSÕES ASF. MOD. POR POLÍMEROS RR2C-E","2014-03-01","***",1.05464,1.2107300000000001,1.0325,"***",1.10934]
["EMULSÕES ASF. MOD. POR POLÍMEROS RR2C-E","2014-04-01","***",1.0544500000000001,1.25952,1.0731999999999999,1.1143799999999999,1.1711499999999999]
["EMULSÕES ASF. MOD. POR POLÍMEROS RR2C-E","2014-05-01","***",1.05724,1.22241,1.06429,1.0906,1.1427099999999999]
["EMULSÕES ASF. MOD. POR POLÍMEROS RR2C-E","2014-06-01","***",1.01271,1.2330700000000001,1.05698,0.99095999999999995,1.1457200000000001]
["EMULSÕES ASF. MOD. POR POLÍMEROS RR2C-E","2014-07-01","***",1.0609999999999999,1.1877200000000001,1.0339799999999999,0.96319999999999995,1.1296299999999999]
["EMULSÕES ASF. MOD. POR POLÍMEROS RR2C-E","2014-08-01","***",1.18506,1.16313,1.1093599999999999,1.3945000000000001,1.15994]
["EMULSÕES ASF. MOD. POR POLÍMEROS RR2C-E","2014-09-01","***",1.28592,1.22922,1.0394000000000001,1.0980700000000001,1.20943]
["EMULSÕES ASF. MOD. POR POLÍMEROS RR2C-E","2014-10-01","***",1.2076,1.14076,1.02003,1.0012000000000001,1.1319399999999999]
["EMULSÕES ASF. MOD. POR POLÍMEROS RR2C-E","2014-11-01","***",1.20974,1.14818,1.0805800000000001,1.00674,1.15086]
["EMULSÕES ASF. MOD. POR POLÍMEROS RR2C-E","2014-12-01","***",1.4203600000000001,1.26563,1.2965100000000001,1.1009100000000001,1.3043199999999999]
["EMULSÕES ASF. MOD. POR POLÍMEROS RR2C-E","2015-01-01","***",1.89,"***",1.3687,"***",1.6658299999999999]
["EMULSÕES ASF. MOD. POR POLÍMEROS RR2C-E","2015-02-01","***","***","***",1.32403,1.47479,1.35328]
["EMULSÕES ASF. MOD. POR POLÍMEROS RR2C-E","2015-03-01","***",1.3441000000000001,1.5023,1.3077099999999999,1.4598500000000001,1.34805]
["EMULSÕES ASF. MOD. POR POLÍMEROS RR2C-E","2015-04-01","***",1.7966599999999999,1.4824299999999999,1.3020099999999999,1.1632400000000001,1.4613700000000001]
["EMULSÕES ASF. MOD. POR POLÍMEROS RR2C-E","2015-05-01","***","***",1.47367,1.34378,1.08667,1.36852]
["EMULSÕES ASF. MOD. POR POLÍMEROS RR2C-E","2015-06-01","***",2.0246,1.42211,1.2850600000000001,1.1362399999999999,1.3419099999999999]
["EMULSÕES ASF. MOD. POR POLÍMEROS RR2C-E","2015-07-01","***",1.30402,1.20503,1.27237,1.0527,1.21872]
["EMULSÕES ASF. MOD. POR POLÍMEROS RR2C-E","2015-08-01","***","***",1.43042,1.2877799999999999,1.1832100000000001,1.3109200000000001]
["EMULSÕES ASF. MOD. POR POLÍMEROS RR2C-E","2015-09-01","***","***",1.36816,1.3284400000000001,1.16543,1.3351500000000001]
["EMULSÕES ASF. MOD. POR POLÍMEROS RR2C-E","2015-10-01","***",1.98,1.53135,1.3928100000000001,1.4202399999999999,1.58473]
["EMULSÕES ASF. MOD. POR POLÍMEROS RR2C-E","2015-11-01","***",2.1295299999999999,1.72366,1.4987999999999999,"***",1.8252299999999999]
["EMULSÕES ASF. MOD. POR POLÍMEROS RR2C-E","2015-12-01","***",1.96593,1.5857699999999999,1.4862200000000001,"***",1.6522300000000001]
["EMULSÕES ASF. MOD. POR POLÍMEROS RR2C-E","2016-01-01","***","***",2.39249,1.4319500000000001,"***",1.7155499999999999]
["EMULSÕES ASF. MOD. POR POLÍMEROS RR2C-E","2016-02-01","***","***",2.3908800000000001,1.3519600000000001,"***",1.4472700000000001]
["EMULSÕES ASF. MOD. POR POLÍMEROS RR2C-E","2016-03-01","***",1.53504,1.70774,1.46058,"***",1.4744200000000001]
["EMULSÕES ASF. MOD. POR POLÍMEROS RR2C-E","2016-04-01","***",1.7567200000000001,1.73264,1.56436,1.6958899999999999,1.66042]
["EMULSÕES ASF. MOD. POR POLÍMEROS RR2C-E","2016-05-01","***","***",1.56698,1.5305500000000001,1.68326,1.55996]
["EMULSÕES ASF. MOD. POR POLÍMEROS RR2C-E","2016-06-01","***","***",1.7022999999999999,1.57525,1.7093499999999999,1.6420699999999999]
["EMULSÕES ASF. MOD. POR POLÍMEROS RR2C-E","2016-07-01","***",1.5349600000000001,1.7126600000000001,1.5712999999999999,1.7058199999999999,1.66967]
["EMULSÕES ASF. MOD. POR POLÍMEROS RR2C-E","2016-08-01","***",1.5955299999999999,1.75084,1.6220600000000001,1.5319,1.69547]
["EMULSÕES ASF. MOD. POR POLÍMEROS RR2C-E","2016-09-01","***",1.5374399999999999,1.62961,1.4705299999999999,1.4302900000000001,1.54854]
["EMULSÕES ASF. MOD. POR POLÍMEROS RR2C-E","2016-10-01","***",1.46576,1.4807399999999999,1.33145,1.40364,1.4397899999999999]
["EMULSÕES ASF. MOD. POR POLÍMEROS RR2C-E","2016-11-01","***",1.0907500000000001,1.5489599999999999,1.3345,1.49414,1.3178099999999999]
["EMULSÕES ASF. MOD. POR POLÍMEROS RR2C-E","2016-12-01","***",1.15446,1.9311799999999999,1.34358,"***",1.33514]
["EMULSÕES ASF. MOD. POR POLÍMEROS RR2C-E","2017-01-01","***",1.15388,"***",1.6008599999999999,1.52325,1.3988100000000001]
["EMULSÕES ASF. MOD. POR POLÍMEROS RR2C-E","2017-02-01","***",1.44045,1.8829,1.34436,1.52241,1.4582299999999999]
["EMULSÕES ASF. MOD. POR POLÍMEROS RR2C-E","2017-03-01","***",1.4158900000000001,"***",1.4039699999999999,"***",1.41242]
["EMULSÕES ASF. MOD. POR POLÍMEROS RR2C-E","2017-04-01","***",1.4214199999999999,1.87246,1.6077300000000001,1.4981199999999999,1.59392]
["EMULSÕES ASF. MOD. POR POLÍMEROS RR2C-E","2017-05-01","***",1.4158900000000001,1.7492700000000001,1.35937,1.5034799999999999,1.5978699999999999]
["EMULSÕES ASF. MOD. POR POLÍMEROS RR2C-E","2017-06-01","***",1.5218400000000001,1.7301500000000001,1.4325399999999999,1.4430000000000001,1.6799299999999999]
["EMULSÕES ASF. MOD. POR POLÍMEROS RR2C-E","2017-07-01","***",1.48312,1.6837599999999999,1.3304100000000001,1.3904099999999999,1.6380300000000001]
["EMULSÕES ASF. MOD. POR POLÍMEROS RR2C-E","2017-08-01","***",1.4828600000000001,1.47766,1.3592200000000001,1.3949,1.4655499999999999]
["EMULSÕES ASF. MOD. POR POLÍMEROS RR2C-E","2017-09-01","***",1.49241,1.58196,1.42259,1.3872599999999999,1.56379]
["EMULSÕES ASF. MOD. POR POLÍMEROS RR2C-E","2017-10-01","***","***",1.75481,1.53867,1.40283,1.7274499999999999]
["EMULSÕES ASF. MOD. POR POLÍMEROS RR2C-E","2017-11-01","***",1.6607000000000001,1.8019499999999999,2.0248499999999998,1.5366299999999999,1.7725200000000001]
["EMULSÕES ASF. MOD. POR POLÍMEROS RR2C-E","2017-12-01","***",1.71302,1.6872100000000001,1.6093299999999999,1.5150600000000001,1.6491]
["EMULSÕES ASF. MOD. POR POLÍMEROS RR2C-E","2018-01-01","***",1.7705200000000001,1.71225,1.65689,1.7231000000000001,1.7068300000000001]
["EMULSÕES ASF. MOD. POR POLÍMEROS RR2C-E","2018-02-01","***","***",1.6208800000000001,1.5017400000000001,1.66635,1.59935]
["EMULSÕES ASF. MOD. POR POLÍMEROS RR2C-E","2018-03-01","***",1.7359100000000001,1.7302,1.43953,1.59874,1.6489799999999999]
["EMULSÕES ASF. MOD. POR POLÍMEROS RR2C-E","2018-04-01","***",1.7084999999999999,1.69231,1.57822,1.63567,1.6785300000000001]
["EMULSÕES ASF. MOD. POR POLÍMEROS RR2C-E","2018-05-01","***",1.7765500000000001,1.7078,1.66873,1.6897599999999999,1.7256499999999999]
["EMULSÕES ASF. MOD. POR POLÍMEROS RR2C-E","2018-06-01","***",1.6690400000000001,1.7988900000000001,1.68411,1.7847599999999999,1.7646500000000001]
["EMULSÕES ASF. MOD. POR POLÍMEROS RR2C-E","2018-07-01","***",1.9692499999999999,1.84392,1.74411,2.2279599999999999,1.84928]
["EMULSÕES ASF. MOD. POR POLÍMEROS RR2C-E","2018-08-01",3.3587799999999999,1.9654199999999999,2.1854200000000001,1.8819600000000001,1.97194,2.1659799999999998]
["EMULSÕES ASF. MOD. POR POLÍMEROS RR2C-E","2018-09-01",2.4708199999999998,2.05654,2.2272400000000001,1.85236,1.9503299999999999,2.12412]
["EMULSÕES ASF. MOD. POR POLÍMEROS RR2C-E","2018-10-01","***",2.0033799999999999,1.7714000000000001,1.8022100000000001,1.98038,1.87025]
["EMULSÕES ASF. MOD. POR POLÍMEROS RR2C-E","2018-11-01","***",2.1326900000000002,2.4216299999999999,2.1122800000000002,2.25658,2.2388499999999998]
["EMULSÕES ASF. MOD. POR POLÍMEROS RR2C-E","2018-12-01",2.33256,2.0697199999999998,2.2177600000000002,2.1224799999999999,2.2301099999999998,2.1631100000000001]
["EMULSÕES ASF. MOD. POR POLÍMEROS RR2C-E","2019-01-01","***",2.2000099999999998,"***",2.1652,2.0644,2.1589800000000001]
["EMULSÕES ASF. MOD. POR POLÍMEROS RR2C-E","2019-02-01","***","***","***",2.31854,2.2951899999999998,2.3165200000000001]
["EMULSÕES ASF. MOD. POR POLÍMEROS RR2C-E","2019-03-01","***",2.4764300000000001,"***",2.2734999999999999,2.1978200000000001,2.3004899999999999]
["EMULSÕES ASF. MOD. POR POLÍMEROS RR2C-E","2019-04-01","***",2.48847,2.2523499999999999,2.6665199999999998,2.2597700000000001,2.3299400000000001]
["EMULSÕES ASF. MOD. POR POLÍMEROS RR2C-E","2019-05-01","***",2.3824900000000002,2.2493699999999999,2.5116499999999999,2.2641300000000002,2.32823]
["EMULSÕES ASF. MOD. POR POLÍMEROS RR2C-E","2019-06-01","***","***",2.74864,2.5123500000000001,2.2321499999999999,2.5941399999999999]
["EMULSÕES ASF. MOD. POR POLÍMEROS RR2C-E","2019-07-01",2.43831,2.7412800000000002,2.5618099999999999,2.2511999999999999,2.2679900000000002,2.5457399999999999]
["EMULSÕES ASF. MOD. POR POLÍMEROS RR2C-E","2019-08-01",2.34552,2.32273,2.5525000000000002,2.31291,"***",2.51274]
["EMULSÕES ASF. MOD. POR POLÍMEROS RR2C-E","2019-09-01",2.3281399999999999,2.0440499999999999,2.4817200000000001,2.3520799999999999,2.27291,2.42049]
["EMULSÕES ASF. MOD. POR POLÍMEROS RR2C-E","2019-10-01",2.3624800000000001,3.0112199999999998,2.35677,2.3191799999999998,2.1924700000000001,2.4712000000000001]
["EMULSÕES ASF. MOD. POR POLÍMEROS RR2C-E","2019-11-01",2.36849,3.3502200000000002,2.4676800000000001,2.32253,2.2315999999999998,2.8422200000000002]
["EMULSÕES ASF. MOD. POR POLÍMEROS RR2C-E","2019-12-01",2.3686799999999999,3.1151499999999999,2.3542999999999998,2.33745,2.35433,2.84145]
["EMULSÕES ASF. MOD. POR POLÍMEROS RR2C-E","2020-01-01","***",3.0619399999999999,2.4741200000000001,2.3700899999999998,2.3403800000000001,2.6374499999999999]
["EMULSÕES ASF. MOD. POR POLÍMEROS RR2C-E","2020-02-01",2.0538099999999999,3.2716599999999998,2.8653300000000002,2.41859,2.1598099999999998,2.7477399999999998]
["EMULSÕES ASF. MOD. POR POLÍMEROS RR2C-E","2020-03-01",2.1066600000000002,"***",2.1696399999999998,2.2224400000000002,2.08419,2.1507999999999998]
["EMULSÕES ASF. MOD. POR POLÍMEROS RR2C-E","2020-04-01",2.0356000000000001,"***",2.2016,2.1934100000000001,2.0950299999999999,2.1064500000000002]
["EMULSÕES ASF. MOD. POR POLÍMEROS RR2C-E","2020-05-01","***",2.2723900000000001,2.2972399999999999,2.2209599999999998,2.15537,2.2382599999999999]
["EMULSÕES ASF. MOD. POR POLÍMEROS RR2C-E","2020-06-01",2.0219900000000002,2.1570200000000002,2.4413200000000002,2.41859,2.5018799999999999,2.30281]
["EMULSÕES ASF. MOD. POR POLÍMEROS RR2C-E","2020-07-01",1.97315,2.1216200000000001,2.3637999999999999,2.2103299999999999,1.49949,2.1406399999999999]
["EMULSÕES ASF. MOD. POR POLÍMEROS RR2C-E","2020-08-01","***",2.20384,2.5932499999999998,2.3849100000000001,2.8673500000000001,2.5106700000000002]
["EMULSÕES ASF. MOD. POR POLÍMEROS RR2C-E","2020-09-01","***",2.1923900000000001,2.4273600000000002,2.2397800000000001,0.28672999999999998,2.3226599999999999]
["EMULSÕES ASF. MOD. POR POLÍMEROS RR2C-E","2020-10-01","***",2.20757,2.44231,2.3065600000000002,2.1341299999999999,2.3956200000000001]
["EMULSÕES ASF. MOD. POR POLÍMEROS RR2C-E","2020-11-01","***",2.2860399999999998,2.8261799999999999,2.3237399999999999,2.5703100000000001,2.6501800000000002]
["EMULSÕES ASF. MOD. POR POLÍMEROS RR2C-E","2020-12-01","***",2.3396300000000001,2.8462000000000001,2.3268200000000001,2.4197000000000002,2.5607000000000002]
["EMULSÕES ASF. MOD. POR POLÍMEROS RR2C-E","2021-01-01","***",2.3767399999999999,2.9341300000000001,2.2185299999999999,2.2601399999999998,2.55769]
["EMULSÕES ASF. MOD. POR POLÍMEROS RR2C-E","2021-02-01","***",2.3527499999999999,3.12541,2.36951,2.1555800000000001,2.8338700000000001]
["EMULSÕES ASF. MOD. POR POLÍMEROS RR2C-E","2021-03-01","***",2.7635700000000001,2.3166600000000002,2.3655900000000001,"***",2.50664]
["EMULSÕES ASF. MOD. POR POLÍMEROS RR2C-E","2021-04-01","***",2.3279999999999998,2.4540799999999998,2.37832,2.5152399999999999,2.4401199999999998]
["EMULSÕES ASF. MOD. POR POLÍMEROS RR2C-E","2021-05-01","***",2.8498000000000001,2.8310599999999999,2.8946200000000002,3.0639599999999998,2.8679899999999998]
["EMULSÕES ASF. MOD. POR POLÍMEROS RR2C-E","2021-06-01","***",2.7936000000000001,2.9242300000000001,2.8083300000000002,3.0637400000000001,2.93106]
["EMULSÕES ASF. MOD. POR POLÍMEROS RR2C-E","2021-07-01","***",2.9639899999999999,3.1259199999999998,2.93581,3.0126400000000002,3.08867]
["EMULSÕES ASF. MOD. POR POLÍMEROS RR2C-E","2021-08-01","***",2.8990900000000002,3.3423400000000001,3.1259199999999998,3.08467,3.2961999999999998]
["EMULSÕES ASF. MOD. POR POLÍMEROS RR2C-E","2021-09-01","***","***",3.29732,3.0889199999999999,3.00644,3.2717000000000001]
["EMULSÕES ASF. MOD. POR POLÍMEROS RR2C-E","2021-10-01","***",3.0912600000000001,3.28851,2.9791400000000001,3.0169600000000001,3.22397]
["EMULSÕES ASF. MOD. POR POLÍMEROS RR2C-E","2021-11-01","***",3.3856999999999999,3.50257,3.35853,3.2982100000000001,3.4017900000000001]
["EMULSÕES ASF. MOD. POR POLÍMEROS RR2C-E","2021-12-01","***","***",3.5586199999999999,3.5337100000000001,3.5015499999999999,3.5355500000000002]
["EMULSÕES ASF. MOD. POR POLÍMEROS RR2C-E","2022-01-01","***",3.2460900000000001,3.7693500000000002,3.5001899999999999,3.86435,3.6674600000000002]
["EMULSÕES ASF. MOD. POR POLÍMEROS RR2C-E","2022-02-01","***",3.5857100000000002,3.8406199999999999,3.8451499999999998,4.0422099999999999,3.8375900000000001]
["EMULSÕES ASF. MOD. POR POLÍMEROS RR2C-E","2022-03-01","***",3.6974200000000002,3.7419199999999999,3.95566,3.7222,3.8668399999999998]
["EMULSÕES ASF. MOD. POR POLÍMEROS RR2C-E","2022-04-01","***",3.8544299999999998,4.6856900000000001,4.04582,4.1241099999999999,4.1141500000000004]
["EMULSÕES ASF. MOD. POR POLÍMEROS RR2C-E","2022-05-01",4.0049999999999999,4.1313700000000004,3.91696,4.1508900000000004,3.78098,4.0369799999999998]
["EMULSÕES ASF. MOD. POR POLÍMEROS RR2C-E","2022-06-01",3.8654999999999999,"***",3.8453900000000001,4.0250300000000001,3.7830699999999999,3.9441199999999998]
["EMULSÕES ASF. MOD. POR POLÍMEROS RR2C-E","2022-07-01",3.9166799999999999,3.6922299999999999,3.9892300000000001,3.8733,3.70966,3.88775]
["EMULSÕES ASF. MOD. POR POLÍMEROS RR2C-E","2022-08-01",3.7444899999999999,3.7760500000000001,4.01898,3.8011499999999998,3.47926,3.8890799999999999]
["EMULSÕES ASF. MOD. POR POLÍMEROS RR2C-E","2022-09-01","***",4.2417999999999996,4.0529999999999999,3.7088800000000002,3.8063199999999999,3.8677100000000002]
["EMULSÕES ASF. MOD. POR POLÍMEROS RR2C-E","2022-10-01","***",3.10555,3.26953,3.71258,3.3054100000000002,3.5698699999999999]
["EMULSÕES ASF. MOD. POR POLÍMEROS RR2C-E","2022-11-01","***",3.5929099999999998,3.6400600000000001,3.4623699999999999,"***",3.5194700000000001]
["EMULSÕES ASF. MOD. POR POLÍMEROS RR2C-E","2022-12-01","***",3.2589800000000002,3.63035,3.41357,3.4572400000000001,3.5389400000000002]
["EMULSÕES ASF. MOD. POR POLÍMEROS RR2C-E","2023-01-01","***","***","***",3.36382,3.0793300000000001,3.34083]
["EMULSÕES ASF. MOD. POR POLÍMEROS RR2C-E","2023-02-01","***",3.1933099999999999,3.1039599999999998,3.3483399999999999,2.7357300000000002,3.19543]
["EMULSÕES ASF. MOD. POR POLÍMEROS RR2C-E","2023-03-01","***",3.6410300000000002,3.04467,3.1101899999999998,2.8713099999999998,3.2610600000000001]
["EMULSÕES ASF. MOD. POR POLÍMEROS RR2C-E","2023-04-01","***",3.8464,3.0449700000000002,3.0110800000000002,3.4107400000000001,3.1428400000000001]
["EMULSÕES ASF. MOD. POR POLÍMEROS RR2C-E","2023-05-01","***",3.2019899999999999,3.2197200000000001,2.94781,2.9409999999999998,3.0638200000000002]
["EMULSÕES ASF. MOD. POR POLÍMEROS RR2C-E","2023-06-01","***",3.21637,3.3218899999999998,2.9016999999999999,3.15632,3.1103000000000001]
["EMULSÕES ASF. MOD. POR POLÍMEROS RR2C-E","2023-07-01","***",3.0564399999999998,3.3476599999999999,3.0412599999999999,2.964,3.1562399999999999]
["EMULSÕES ASF. MOD. POR POLÍMEROS RR2C-E","2023-08-01",3.39527,2.9390999999999998,3.39405,2.90368,2.57056,3.0972]
["EMULSÕES ASF. MOD. POR POLÍMEROS RR2C-E","2023-09-01",3.7967399999999998,3.1265399999999999,3.3529599999999999,3.0066099999999998,3.01877,3.2114799999999999]
["EMULSÕES ASF. MOD. POR POLÍMEROS RR2C-E","2023-10-01",3.71895,3.0602399999999998,3.4672700000000001,3.1135899999999999,3.0655000000000001,3.29678]
["EMULSÕES ASFÁLTICAS LA-E","2008-11-01",2.3033199999999998,"***","***",0.98824000000000001,0.81794999999999995,2.0984400000000001]
["EMULSÕES ASFÁLTICAS LA-E","2008-12-01","***","***","***",1.0900300000000001,"***",1.0900300000000001]
["EMULSÕES ASFÁLTICAS LA-E","2009-01-01","***","***","***",1.1149199999999999,"***",1.1149199999999999]
["EMULSÕES ASFÁLTICAS LA-E","2009-02-01","***","***","***",1.10029,"***",1.10029]
["EMULSÕES ASFÁLTICAS LA-E","2009-03-01","***","***",0.77302999999999999,1.2231799999999999,"***",0.93672999999999995]
["EMULSÕES ASFÁLTICAS LA-E","2009-04-01","***","***","***",1.0326,"***",1.0326]
["EMULSÕES ASFÁLTICAS LA-E","2009-05-01","***","***","***",1.12548,0.67854999999999999,0.80113000000000001]
["EMULSÕES ASFÁLTICAS LA-E","2009-06-01","***","***","***",1.0738099999999999,"***",1.0738099999999999]
["EMULSÕES ASFÁLTICAS LA-E","2009-07-01","***","***","***",1.0759799999999999,"***",1.0759799999999999]
["EMULSÕES ASFÁLTICAS LA-E","2009-08-01","***","***",0.91225000000000001,1.06586,"***",0.92181000000000002]
["EMULSÕES ASFÁLTICAS LA-E","2009-09-01","***","***",0.92049000000000003,1.0538799999999999,"***",0.95201000000000002]
["EMULSÕES ASFÁLTICAS LA-E","2009-10-01","***","***",0.77695999999999998,1.1181300000000001,"***",0.85268999999999995]
["EMULSÕES ASFÁLTICAS LA-E","2009-11-01","***","***",0.74589000000000005,0.95687,"***",0.77736000000000005]
["EMULSÕES ASFÁLTICAS LA-E","2009-12-01","***","***","***",0.97667000000000004,"***",0.97667000000000004]
["EMULSÕES ASFÁLTICAS LA-E","2010-01-01","***","***","***",0.78244999999999998,"***",0.78244999999999998]
["EMULSÕES ASFÁLTICAS LA-E","2010-02-01","***","***","***",0.78837000000000002,"***",0.78837000000000002]
["EMULSÕES ASFÁLTICAS LA-E","2010-03-01","***","***","***",1.05176,"***",1.05176]
["EMULSÕES ASFÁLTICAS LA-E","2010-04-01","***","***",0.74590000000000001,0.98982000000000003,"***",0.82503000000000004]
["EMULSÕES ASFÁLTICAS LA-E","2010-05-01","***","***",0.81927000000000005,1.0002200000000001,0.66247999999999996,0.82116]
["EMULSÕES ASFÁLTICAS LA-E","2010-06-01","***","***",0.81640000000000001,1.01563,"***",0.86595]
["EMULSÕES ASFÁLTICAS LA-E","2010-07-01","***","***",0.7843,1.0380199999999999,"***",0.90122000000000002]
["EMULSÕES ASFÁLTICAS LA-E","2010-08-01","***","***",0.78390000000000004,0.99216000000000004,"***",0.81055999999999995]
["EMULSÕES ASFÁLTICAS LA-E","2010-09-01","***","***",0.83653,0.98462000000000005,"***",0.88036000000000003]
["EMULSÕES ASFÁLTICAS LA-E","2010-10-01","***","***",0.82889000000000002,1.05603,"***",0.85931000000000002]
["EMULSÕES ASFÁLTICAS LA-E","2010-11-01","***","***",0.79390000000000005,1.02634,"***",0.96836999999999995]
["EMULSÕES ASFÁLTICAS LA-E","2010-12-01","***","***",0.83321999999999996,1.01251,"***",0.94001000000000001]
["EMULSÕES ASFÁLTICAS LA-E","2011-01-01","***","***","***",1.01959,"***",1.01959]
["EMULSÕES ASFÁLTICAS LA-E","2011-02-01","***","***","***",1.03965,"***",1.03965]
["EMULSÕES ASFÁLTICAS LA-E","2011-03-01","***","***",0.78149999999999997,1.06199,"***",0.88726000000000005]
["EMULSÕES ASFÁLTICAS LA-E","2011-04-01","***","***",0.81405000000000005,1.0217700000000001,"***",0.85762000000000005]
["EMULSÕES ASFÁLTICAS LA-E","2011-05-01","***","***",0.79859999999999998,0.99948999999999999,"***",0.80735000000000001]
["EMULSÕES ASFÁLTICAS LA-E","2011-06-01","***","***",0.79322999999999999,1.0618000000000001,"***",0.81159999999999999]
["EMULSÕES ASFÁLTICAS LA-E","2011-07-01","***","***",0.75248999999999999,1.21566,"***",0.78754999999999997]
["EMULSÕES ASFÁLTICAS LA-E","2011-08-01","***","***",0.78047,1.0487,"***",0.82411000000000001]
["EMULSÕES ASFÁLTICAS LA-E","2011-09-01","***","***",0.81338999999999995,0.86075999999999997,"***",0.82686999999999999]
["EMULSÕES ASFÁLTICAS LA-E","2011-10-01","***","***",0.83520000000000005,1.0538799999999999,"***",0.91659999999999997]
["EMULSÕES ASFÁLTICAS LA-E","2011-11-01","***","***",0.75600000000000001,0.99929000000000001,"***",0.78530999999999995]
["EMULSÕES ASFÁLTICAS LA-E","2011-12-01","***","***",0.75697000000000003,1.1632100000000001,"***",0.78458000000000006]
["EMULSÕES ASFÁLTICAS LA-E","2012-01-01","***","***","***",1.0630500000000001,"***",1.0630500000000001]
["EMULSÕES ASFÁLTICAS LA-E","2012-02-01","***","***","***",1.0124500000000001,"***",1.0124500000000001]
["EMULSÕES ASFÁLTICAS LA-E","2012-03-01","***","***","***",0.92201,"***",0.92201]
["EMULSÕES ASFÁLTICAS LA-E","2012-04-01","***","***",0.82662999999999998,0.77034000000000002,"***",0.78746000000000005]
["EMULSÕES ASFÁLTICAS LA-E","2012-05-01","***","***",0.75283999999999995,0.94699999999999995,"***",0.79239999999999999]
["EMULSÕES ASFÁLTICAS LA-E","2012-06-01","***","***",0.77015999999999996,0.92279,0.91839999999999999,0.91186]
["EMULSÕES ASFÁLTICAS LA-E","2012-07-01","***","***",0.81428999999999996,0.91461999999999999,"***",0.89007000000000003]
["EMULSÕES ASFÁLTICAS LA-E","2012-08-01","***","***",0.81479000000000001,0.95714999999999995,0.91839999999999999,0.87914000000000003]
["EMULSÕES ASFÁLTICAS LA-E","2012-09-01","***","***",0.82345999999999997,0.91774,0.91839999999999999,0.88099000000000005]
["EMULSÕES ASFÁLTICAS LA-E","2012-10-01","***","***",0.80310999999999999,0.90958000000000006,0.91839999999999999,0.85945000000000005]
["EMULSÕES ASFÁLTICAS LA-E","2012-11-01","***","***",0.81469999999999998,1.1081799999999999,0.91839999999999999,0.87663000000000002]
["EMULSÕES ASFÁLTICAS LA-E","2012-12-01","***","***",0.81469999999999998,1.05799,1.0062,0.91354000000000002]
["EMULSÕES ASFÁLTICAS LA-E","2013-01-01","***","***","***",1.16656,"***",1.16656]
["EMULSÕES ASFÁLTICAS LA-E","2013-02-01","***","***","***",1.0060500000000001,"***",1.0060500000000001]
["EMULSÕES ASFÁLTICAS LA-E","2013-03-01","***",0.90100000000000002,0.80871999999999999,1.0150600000000001,"***",0.92901]
["EMULSÕES ASFÁLTICAS LA-E","2013-04-01","***",0.90100000000000002,0.80871999999999999,0.91012999999999999,"***",0.89673000000000003]
["EMULSÕES ASFÁLTICAS LA-E","2013-05-01","***","***",0.86768000000000001,0.99041000000000001,"***",0.90852999999999995]
["EMULSÕES ASFÁLTICAS LA-E","2013-06-01","***","***",0.8397,0.99261999999999995,"***",0.93503999999999998]
["EMULSÕES ASFÁLTICAS LA-E","2013-07-01","***","***","***",1.46529,0.91839999999999999,0.95408999999999999]
["EMULSÕES ASFÁLTICAS LA-E","2013-08-01","***","***",0.86448000000000003,1.01078,"***",0.92759000000000003]
["EMULSÕES ASFÁLTICAS LA-E","2013-09-01","***","***",0.83757999999999999,"***","***",0.83757999999999999]
["EMULSÕES ASFÁLTICAS LA-E","2013-10-01","***","***",0.82574000000000003,1.50783,0.91839999999999999,0.88102000000000003]
["EMULSÕES ASFÁLTICAS LA-E","2013-11-01","***","***","***",1.4759,"***",1.4759]
["EMULSÕES ASFÁLTICAS LA-E","2013-12-01","***","***","***",1.4713000000000001,1.1561999999999999,1.16774]
["EMULSÕES ASFÁLTICAS LA-E","2014-01-01","***","***",0.83343,1.4691000000000001,1.1561999999999999,0.97360999999999998]
["EMULSÕES ASFÁLTICAS LA-E","2014-02-01","***","***",0.79852999999999996,1.4131,"***",0.91008999999999995]
["EMULSÕES ASFÁLTICAS LA-E","2014-03-01","***","***",0.84553999999999996,1.46228,"***",0.85807]
["EMULSÕES ASFÁLTICAS LA-E","2014-04-01","***","***","***",0.98882999999999999,"***",0.98882999999999999]
["EMULSÕES ASFÁLTICAS LA-E","2014-05-01","***","***",1.21,1.0644100000000001,"***",1.1364399999999999]
["EMULSÕES ASFÁLTICAS LA-E","2014-06-01","***","***",0.85941999999999996,1.05613,"***",0.99789000000000005]
["EMULSÕES ASFÁLTICAS LA-E","2014-07-01","***","***",0.62121999999999999,1.04874,"***",0.89188000000000001]
["EMULSÕES ASFÁLTICAS LA-E","2014-08-01","***",1.53,"***",1.00275,"***",1.2251000000000001]
["EMULSÕES ASFÁLTICAS LA-E","2014-09-01","***",1.53,0.87405999999999995,1.0506800000000001,"***",1.12001]
["EMULSÕES ASFÁLTICAS LA-E","2014-10-01","***",1.27,0.69172,1.04992,"***",0.96197999999999995]
["EMULSÕES ASFÁLTICAS LA-E","2014-11-01","***",1.27,0.65868000000000004,1.5343,"***",1.0842700000000001]
["EMULSÕES ASFÁLTICAS LA-E","2014-12-01","***","***","***",1.68449,"***",1.68449]
["EMULSÕES ASFÁLTICAS LA-E","2015-01-01","***","***","***","***","***","***"]
["EMULSÕES ASFÁLTICAS LA-E","2015-02-01","***","***","***",1.2839,"***",1.2839]
["EMULSÕES ASFÁLTICAS LA-E","2015-03-01","***","***","***","***","***","***"]
["EMULSÕES ASFÁLTICAS LA-E","2015-04-01","***","***","***",1.2090000000000001,"***",1.2090000000000001]
["EMULSÕES ASFÁLTICAS LA-E","2015-05-01","***","***","***",1.2312000000000001,"***",1.2312000000000001]
["EMULSÕES ASFÁLTICAS LA-E","2015-06-01","***",1.97,"***","***","***",1.97]
["EMULSÕES ASFÁLTICAS LA-E","2015-07-01","***","***","***","***","***","***"]
["EMULSÕES ASFÁLTICAS LA-E","2015-08-01","***","***","***",1.1745000000000001,"***",1.1745000000000001]
["EMULSÕES ASFÁLTICAS RL-1C","2008-11-01",1.13374,0.82909999999999995,1.01231,0.76819000000000004,0.78295000000000003,0.83508000000000004]
["EMULSÕES ASFÁLTICAS RL-1C","2008-12-01",1.68164,0.90851999999999999,1.05186,0.77049000000000001,0.84096000000000004,0.88005999999999995]
["EMULSÕES ASFÁLTICAS RL-1C","2009-01-01",1.7767299999999999,0.95669999999999999,1.0480100000000001,0.77475000000000005,0.88205999999999996,0.92295000000000005]
["EMULSÕES ASFÁLTICAS RL-1C","2009-02-01",1.3359099999999999,0.98163999999999996,1.0424100000000001,0.86729999999999996,0.88039999999999996,0.92852000000000001]
["EMULSÕES ASFÁLTICAS RL-1C","2009-03-01",1.20946,1.0838699999999999,1.0157700000000001,0.81030000000000002,0.90061999999999998,0.89426000000000005]
["EMULSÕES ASFÁLTICAS RL-1C","2009-04-01",1.2226999999999999,1.0290299999999999,1.0452999999999999,0.79488999999999999,0.86328000000000005,0.88436999999999999]
["EMULSÕES ASFÁLTICAS RL-1C","2009-05-01",1.3993500000000001,0.98499000000000003,1.0550200000000001,0.81191000000000002,0.91002000000000005,0.91222000000000003]
["EMULSÕES ASFÁLTICAS RL-1C","2009-06-01",1.2842100000000001,0.89914000000000005,1.0397400000000001,0.79617000000000004,0.89537999999999995,0.90268000000000004]
["EMULSÕES ASFÁLTICAS RL-1C","2009-07-01",1.4179999999999999,0.97209999999999996,1.02993,0.81623999999999997,0.97433000000000003,0.93779000000000001]
["EMULSÕES ASFÁLTICAS RL-1C","2009-08-01",1.27075,0.91161999999999999,1.0356700000000001,0.81238999999999995,0.9163,0.91481000000000001]
["EMULSÕES ASFÁLTICAS RL-1C","2009-09-01",1.33266,0.87112000000000001,1.0558399999999999,0.79723999999999995,0.87356999999999996,0.89900000000000002]
["EMULSÕES ASFÁLTICAS RL-1C","2009-10-01",1.4479599999999999,0.89492000000000005,1.0223199999999999,0.8196,0.88476999999999995,0.90676999999999996]
["EMULSÕES ASFÁLTICAS RL-1C","2009-11-01",1.34721,0.92637999999999998,1.0228699999999999,0.81123999999999996,0.89988000000000001,0.91191]
["EMULSÕES ASFÁLTICAS RL-1C","2009-12-01",1.48705,0.93174000000000001,1.0103200000000001,0.79912000000000005,0.85675999999999997,0.90525]
["EMULSÕES ASFÁLTICAS RL-1C","2010-01-01",1.5100899999999999,0.84862000000000004,1.0485500000000001,0.84136999999999995,0.83260000000000001,0.89461000000000002]
["EMULSÕES ASFÁLTICAS RL-1C","2010-02-01",1.6671,0.85433999999999999,1.03016,0.87648999999999999,0.78188000000000002,0.89827999999999997]
["EMULSÕES ASFÁLTICAS RL-1C","2010-03-01",1.036,0.77929999999999999,1.01999,0.85709999999999997,0.79303999999999997,0.86189000000000004]
["EMULSÕES ASFÁLTICAS RL-1C","2010-04-01",1.1200300000000001,0.72409999999999997,1.04291,0.82494000000000001,0.76741000000000004,0.85111000000000003]
["EMULSÕES ASFÁLTICAS RL-1C","2010-05-01",1.5772699999999999,0.71157000000000004,1.0276700000000001,0.81083000000000005,0.73931000000000002,0.83067000000000002]
["EMULSÕES ASFÁLTICAS RL-1C","2010-06-01",1.3902300000000001,0.70777000000000001,0.97860000000000003,0.81847000000000003,0.75829999999999997,0.84118999999999999]
["EMULSÕES ASFÁLTICAS RL-1C","2010-07-01",1.4466000000000001,0.71160000000000001,0.95650000000000002,0.80791000000000002,0.75402000000000002,0.83359000000000005]
["EMULSÕES ASFÁLTICAS RL-1C","2010-08-01",1.1841299999999999,0.70828000000000002,0.94081000000000004,0.76587000000000005,0.74350000000000005,0.79203999999999997]
["EMULSÕES ASFÁLTICAS RL-1C","2010-09-01",1.2508300000000001,0.71616000000000002,0.96665000000000001,0.75317000000000001,0.75588999999999995,0.80083000000000004]
["EMULSÕES ASFÁLTICAS RL-1C","2010-10-01",1.2089399999999999,0.71789999999999998,0.99988999999999995,0.77678000000000003,0.80340999999999996,0.84889999999999999]
["EMULSÕES ASFÁLTICAS RL-1C","2010-11-01",1.2230799999999999,0.72646999999999995,0.98389000000000004,0.69450000000000001,0.75658000000000003,0.80137999999999998]
["EMULSÕES ASFÁLTICAS RL-1C","2010-12-01",1.22004,0.72270000000000001,0.94025999999999998,0.75597999999999999,0.76366999999999996,0.80325999999999997]
["EMULSÕES ASFÁLTICAS RL-1C","2011-01-01",1.01797,0.70476000000000005,0.98165999999999998,0.77190000000000003,0.76383000000000001,0.81354000000000004]
["EMULSÕES ASFÁLTICAS RL-1C","2011-02-01",1.25207,0.72504000000000002,0.93291999999999997,0.74383999999999995,0.77224000000000004,0.79420999999999997]
["EMULSÕES ASFÁLTICAS RL-1C","2011-03-01",1.27075,0.72167000000000003,0.95247999999999999,0.74651000000000001,0.73643999999999998,0.79074]
["EMULSÕES ASFÁLTICAS RL-1C","2011-04-01",1.3569199999999999,0.71943999999999997,0.89029999999999998,0.74570000000000003,0.71082999999999996,0.78547999999999996]
["EMULSÕES ASFÁLTICAS RL-1C","2011-05-01",1.2878000000000001,0.73875999999999997,0.90834000000000004,0.72124999999999995,0.70718999999999999,0.77210000000000001]
["EMULSÕES ASFÁLTICAS RL-1C","2011-06-01",1.30525,0.76883000000000001,0.87987000000000004,0.72377000000000002,0.71933000000000002,0.78146000000000004]
["EMULSÕES ASFÁLTICAS RL-1C","2011-07-01",1.2507999999999999,0.68572,0.93806,0.73072000000000004,0.71811999999999998,0.77156999999999998]
["EMULSÕES ASFÁLTICAS RL-1C","2011-08-01",1.2880400000000001,0.68610000000000004,0.91786000000000001,0.75721000000000005,0.71506000000000003,0.80493999999999999]
["EMULSÕES ASFÁLTICAS RL-1C","2011-09-01",1.2307600000000001,0.70167999999999997,0.91896999999999995,0.72896000000000005,0.71462000000000003,0.80381999999999998]
["EMULSÕES ASFÁLTICAS RL-1C","2011-10-01",1.19478,0.68710000000000004,0.86512,0.72923000000000004,0.73021999999999998,0.78066999999999998]
["EMULSÕES ASFÁLTICAS RL-1C","2011-11-01",1.2799499999999999,0.70635000000000003,0.83523999999999998,0.70948999999999995,0.75999000000000005,0.77419000000000004]
["EMULSÕES ASFÁLTICAS RL-1C","2011-12-01",1.3067299999999999,0.68145,0.84060999999999997,0.70184999999999997,0.72692999999999997,0.76395000000000002]
["EMULSÕES ASFÁLTICAS RL-1C","2012-01-01",1.19733,0.70413999999999999,0.82047999999999999,0.73021000000000003,0.72890999999999995,0.76127999999999996]
["EMULSÕES ASFÁLTICAS RL-1C","2012-02-01",1.2616700000000001,0.69679999999999997,0.83230000000000004,0.71548,0.72272000000000003,0.74953999999999998]
["EMULSÕES ASFÁLTICAS RL-1C","2012-03-01",1.25335,0.69198999999999999,0.79374,0.73316000000000003,0.72790999999999995,0.77027999999999996]
["EMULSÕES ASFÁLTICAS RL-1C","2012-04-01",1.31237,0.69201999999999997,0.82987,0.74204999999999999,0.72346999999999995,0.76915999999999995]
["EMULSÕES ASFÁLTICAS RL-1C","2012-05-01",1.3024800000000001,0.73763999999999996,0.84533000000000003,0.74844999999999995,0.73326999999999998,0.78410999999999997]
["EMULSÕES ASFÁLTICAS RL-1C","2012-06-01",1.29623,0.72424999999999995,0.86680999999999997,0.75080000000000002,0.77158000000000004,0.80018]
["EMULSÕES ASFÁLTICAS RL-1C","2012-07-01",1.47079,0.74361999999999995,0.91993000000000003,0.75368000000000002,0.77176,0.83453999999999995]
["EMULSÕES ASFÁLTICAS RL-1C","2012-08-01",1.3272699999999999,0.75699000000000005,0.88897000000000004,0.76617999999999997,0.77420999999999995,0.82448999999999995]
["EMULSÕES ASFÁLTICAS RL-1C","2012-09-01",1.4014599999999999,0.76429999999999998,0.91900999999999999,0.78846000000000005,0.76924000000000003,0.84484000000000004]
["EMULSÕES ASFÁLTICAS RL-1C","2012-10-01",1.2948500000000001,0.75654999999999994,0.93111999999999995,0.83726,0.76463000000000003,0.86063999999999996]
["EMULSÕES ASFÁLTICAS RL-1C","2012-11-01",1.23519,0.76297000000000004,0.95633000000000001,0.80918000000000001,0.76910999999999996,0.85507]
["EMULSÕES ASFÁLTICAS RL-1C","2012-12-01",1.28209,0.77695999999999998,0.87372000000000005,0.79264000000000001,0.80442000000000002,0.85158]
["EMULSÕES ASFÁLTICAS RL-1C","2013-01-01",1.23184,0.77973000000000003,0.92835999999999996,0.85214000000000001,0.83567999999999998,0.86565000000000003]
["EMULSÕES ASFÁLTICAS RL-1C","2013-02-01",1.1872499999999999,0.78910999999999998,0.81598000000000004,0.84619,0.79074999999999995,0.83816000000000002]
["EMULSÕES ASFÁLTICAS RL-1C","2013-03-01",1.3348899999999999,0.75695000000000001,0.88556999999999997,0.90629999999999999,0.79186000000000001,0.86883999999999995]
["EMULSÕES ASFÁLTICAS RL-1C","2013-04-01",1.33745,0.80169000000000001,0.88749999999999996,0.86492999999999998,0.81279000000000001,0.86478999999999995]
["EMULSÕES ASFÁLTICAS RL-1C","2013-05-01",1.6532199999999999,0.79474,0.83665999999999996,0.88475999999999999,0.82486000000000004,0.86272000000000004]
["EMULSÕES ASFÁLTICAS RL-1C","2013-06-01",1.46509,0.78281000000000001,0.9304,0.86638999999999999,0.81920999999999999,0.89824000000000004]
["EMULSÕES ASFÁLTICAS RL-1C","2013-07-01",1.4859199999999999,0.77641000000000004,0.95879999999999999,0.89622000000000002,0.85350999999999999,0.90341000000000005]
["EMULSÕES ASFÁLTICAS RL-1C","2013-08-01",1.4003699999999999,0.76095999999999997,0.88022999999999996,0.88185000000000002,0.84577999999999998,0.88226000000000004]
["EMULSÕES ASFÁLTICAS RL-1C","2013-09-01",1.32969,0.75878999999999996,0.98358000000000001,0.90386999999999995,0.83574000000000004,0.91459999999999997]
["EMULSÕES ASFÁLTICAS RL-1C","2013-10-01",1.4282300000000001,0.80881999999999998,0.87526000000000004,0.89139000000000002,0.86155999999999999,0.88646000000000003]
["EMULSÕES ASFÁLTICAS RL-1C","2013-11-01",1.2838000000000001,0.83794999999999997,0.94169999999999998,0.91134000000000004,0.87087000000000003,0.91766000000000003]
["EMULSÕES ASFÁLTICAS RL-1C","2013-12-01",1.5705,0.84016000000000002,1.02624,0.93757999999999997,0.90671999999999997,0.97041999999999995]
["EMULSÕES ASFÁLTICAS RL-1C","2014-01-01",1.3419300000000001,0.95242000000000004,1.0186900000000001,0.95430999999999999,0.90527999999999997,0.97143999999999997]
["EMULSÕES ASFÁLTICAS RL-1C","2014-02-01",1.4007499999999999,0.88782000000000005,1.0182899999999999,0.94894999999999996,0.92825000000000002,0.96648999999999996]
["EMULSÕES ASFÁLTICAS RL-1C","2014-03-01",1.54999,0.84750000000000003,1.07605,0.93276999999999999,0.97211999999999998,0.97148000000000001]
["EMULSÕES ASFÁLTICAS RL-1C","2014-04-01",1.46766,0.84994000000000003,1.0281100000000001,0.92803000000000002,1.01939,0.98150000000000004]
["EMULSÕES ASFÁLTICAS RL-1C","2014-05-01",1.41191,0.88339999999999996,1.04362,0.92623,1.0411699999999999,0.99817999999999996]
["EMULSÕES ASFÁLTICAS RL-1C","2014-06-01",1.39995,0.82667000000000002,1.0621799999999999,0.91110000000000002,1.00756,0.99890999999999996]
["EMULSÕES ASFÁLTICAS RL-1C","2014-07-01",1.4374800000000001,0.89998,0.90630999999999995,0.91718,0.98645000000000005,0.94677999999999995]
["EMULSÕES ASFÁLTICAS RL-1C","2014-08-01",1.29861,0.89305999999999996,0.81923000000000001,0.90810999999999997,1.03023,0.90297000000000005]
["EMULSÕES ASFÁLTICAS RL-1C","2014-09-01",1.33101,0.92652000000000001,1.03779,0.89966999999999997,1.0086999999999999,0.98202]
["EMULSÕES ASFÁLTICAS RL-1C","2014-10-01",1.4533700000000001,0.99312999999999996,0.91186999999999996,0.91478999999999999,1.0062500000000001,0.94796999999999998]
["EMULSÕES ASFÁLTICAS RL-1C","2014-11-01",1.4998800000000001,0.95767999999999998,0.89963000000000004,0.93569000000000002,0.97506000000000004,0.94696999999999998]
["EMULSÕES ASFÁLTICAS RL-1C","2014-12-01",1.2792699999999999,0.99758000000000002,1.01355,1.01756,1.0895999999999999,1.03904]
["EMULSÕES ASFÁLTICAS RL-1C","2015-01-01",1.3144,1.1408799999999999,1.37879,1.04847,1.22323,1.15808]
["EMULSÕES ASFÁLTICAS RL-1C","2015-02-01",1.5804100000000001,1.1718200000000001,1.33657,1.0380199999999999,1.3143800000000001,1.16412]
["EMULSÕES ASFÁLTICAS RL-1C","2015-03-01",1.6096900000000001,1.16571,1.3500099999999999,0.99666999999999994,1.2557,1.12588]
["EMULSÕES ASFÁLTICAS RL-1C","2015-04-01",1.5789,1.1651100000000001,1.29952,1.0027900000000001,1.2631300000000001,1.1111599999999999]
["EMULSÕES ASFÁLTICAS RL-1C","2015-05-01",1.5988,1.1009100000000001,1.3115399999999999,0.95599000000000001,1.2302,1.09649]
["EMULSÕES ASFÁLTICAS RL-1C","2015-06-01",1.34992,1.2324299999999999,1.32155,0.98,1.25284,1.1499900000000001]
["EMULSÕES ASFÁLTICAS RL-1C","2015-07-01",1.3788899999999999,1.12019,1.1293200000000001,0.85318000000000005,1.2735099999999999,1.0301400000000001]
["EMULSÕES ASFÁLTICAS RL-1C","2015-08-01",1.65693,1.0889,1.2906299999999999,0.91125999999999996,1.22024,1.0887500000000001]
["EMULSÕES ASFÁLTICAS RL-1C","2015-09-01",1.8234600000000001,1.08815,1.22892,0.92332000000000003,1.1932400000000001,1.08904]
["EMULSÕES ASFÁLTICAS RL-1C","2015-10-01",1.62646,1.21624,1.31881,1.08124,1.27756,1.2075499999999999]
["EMULSÕES ASFÁLTICAS RL-1C","2015-11-01",1.70316,1.2914000000000001,1.42947,1.1828099999999999,1.3834299999999999,1.3278399999999999]
["EMULSÕES ASFÁLTICAS RL-1C","2015-12-01",1.72641,1.2917000000000001,1.36477,1.18794,1.2982100000000001,1.28973]
["EMULSÕES ASFÁLTICAS RL-1C","2016-01-01",1.7343999999999999,1.2427999999999999,1.45922,1.2468699999999999,1.36008,1.3297600000000001]
["EMULSÕES ASFÁLTICAS RL-1C","2016-02-01",1.55735,1.1714899999999999,1.55304,1.19824,1.4229099999999999,1.32121]
["EMULSÕES ASFÁLTICAS RL-1C","2016-03-01",1.88605,1.57786,1.52569,1.16753,1.44458,1.30447]
["EMULSÕES ASFÁLTICAS RL-1C","2016-04-01",1.6487000000000001,1.3776299999999999,1.59057,1.2798,1.5043,1.4014]
["EMULSÕES ASFÁLTICAS RL-1C","2016-05-01",1.9573499999999999,1.3354900000000001,1.59426,1.26799,1.53047,1.4028099999999999]
["EMULSÕES ASFÁLTICAS RL-1C","2016-06-01",1.8918999999999999,1.36276,1.6663300000000001,1.3096099999999999,1.50319,1.4382900000000001]
["EMULSÕES ASFÁLTICAS RL-1C","2016-07-01",2.0076399999999999,1.36697,1.61897,1.3455600000000001,1.4832099999999999,1.4511499999999999]
["EMULSÕES ASFÁLTICAS RL-1C","2016-08-01",1.9143399999999999,1.4455899999999999,1.6572,1.3189200000000001,1.5168999999999999,1.47149]
["EMULSÕES ASFÁLTICAS RL-1C","2016-09-01",1.6240300000000001,1.30521,1.5025999999999999,1.2240500000000001,1.3857299999999999,1.3476300000000001]
["EMULSÕES ASFÁLTICAS RL-1C","2016-10-01",1.70692,1.26502,1.4832399999999999,1.25465,1.4039200000000001,1.3693299999999999]
["EMULSÕES ASFÁLTICAS RL-1C","2016-11-01",1.7655799999999999,1.3188,1.52519,1.2846900000000001,1.38165,1.3998900000000001]
["EMULSÕES ASFÁLTICAS RL-1C","2016-12-01",1.85172,1.3242700000000001,1.47705,1.27965,1.3139400000000001,1.3575999999999999]
["EMULSÕES ASFÁLTICAS RL-1C","2017-01-01",1.52762,1.1786000000000001,1.4543999999999999,1.2354400000000001,1.3149200000000001,1.30776]
["EMULSÕES ASFÁLTICAS RL-1C","2017-02-01",1.7921100000000001,1.1880599999999999,1.40846,1.2626900000000001,1.3403,1.2981400000000001]
["EMULSÕES ASFÁLTICAS RL-1C","2017-03-01",1.8590899999999999,1.1654,1.5095400000000001,1.2853399999999999,1.3289899999999999,1.3374600000000001]
["EMULSÕES ASFÁLTICAS RL-1C","2017-04-01",1.3857900000000001,1.1562399999999999,1.5365,1.3580300000000001,1.2795000000000001,1.35449]
["EMULSÕES ASFÁLTICAS RL-1C","2017-05-01",1.5691299999999999,1.12809,1.4814700000000001,1.3351900000000001,1.32124,1.33978]
["EMULSÕES ASFÁLTICAS RL-1C","2017-06-01",1.6032599999999999,1.1651800000000001,1.4477,1.2972399999999999,1.34029,1.35087]
["EMULSÕES ASFÁLTICAS RL-1C","2017-07-01",1.5405,1.13165,1.4508300000000001,1.28955,1.2886899999999999,1.3342099999999999]
["EMULSÕES ASFÁLTICAS RL-1C","2017-08-01",1.5666,1.1277299999999999,1.3886099999999999,1.28715,1.2566600000000001,1.31202]
["EMULSÕES ASFÁLTICAS RL-1C","2017-09-01",1.6322099999999999,1.2577400000000001,1.42073,1.3077799999999999,1.2104699999999999,1.3383400000000001]
["EMULSÕES ASFÁLTICAS RL-1C","2017-10-01",1.6466400000000001,1.1035699999999999,1.4483200000000001,1.30867,1.23702,1.34056]
["EMULSÕES ASFÁLTICAS RL-1C","2017-11-01",1.7094199999999999,1.19645,1.47478,1.38428,1.27854,1.3855900000000001]
["EMULSÕES ASFÁLTICAS RL-1C","2017-12-01",1.5684100000000001,1.1980599999999999,1.4608399999999999,1.3665400000000001,1.3477699999999999,1.37157]
["EMULSÕES ASFÁLTICAS RL-1C","2018-01-01",1.86009,1.2355,1.4758500000000001,1.2865599999999999,1.28922,1.35087]
["EMULSÕES ASFÁLTICAS RL-1C","2018-02-01",2.0282900000000001,1.2301200000000001,1.4837,1.2947900000000001,1.24807,1.31457]
["EMULSÕES ASFÁLTICAS RL-1C","2018-03-01",2.10656,1.2104900000000001,1.46306,1.2998400000000001,1.2841899999999999,1.3294999999999999]
["EMULSÕES ASFÁLTICAS RL-1C","2018-04-01",1.75928,1.2284999999999999,1.46959,1.28047,1.39351,1.35063]
["EMULSÕES ASFÁLTICAS RL-1C","2018-05-01",1.9193,1.26214,1.48634,1.3432999999999999,1.3587800000000001,1.36914]
["EMULSÕES ASFÁLTICAS RL-1C","2018-06-01",1.8240099999999999,1.3165500000000001,1.5827199999999999,1.40893,1.40046,1.4588099999999999]
["EMULSÕES ASFÁLTICAS RL-1C","2018-07-01",1.9609399999999999,1.3903099999999999,1.6041700000000001,1.4939499999999999,1.46438,1.5315700000000001]
["EMULSÕES ASFÁLTICAS RL-1C","2018-08-01",2.3817699999999999,1.4255,1.7692000000000001,1.60883,1.5221199999999999,1.6685099999999999]
["EMULSÕES ASFÁLTICAS RL-1C","2018-09-01",1.9841200000000001,1.49305,1.7757099999999999,1.6254999999999999,1.5437399999999999,1.6577599999999999]
["EMULSÕES ASFÁLTICAS RL-1C","2018-10-01",2.0631200000000001,1.4921500000000001,1.62975,1.59337,1.6716599999999999,1.61788]
["EMULSÕES ASFÁLTICAS RL-1C","2018-11-01",2.6475599999999999,1.5557000000000001,2.0112100000000002,1.7726200000000001,1.6644699999999999,1.8364499999999999]
["EMULSÕES ASFÁLTICAS RL-1C","2018-12-01",1.8279799999999999,1.5892999999999999,1.8603000000000001,1.7461100000000001,1.6307100000000001,1.7262299999999999]
["EMULSÕES ASFÁLTICAS RL-1C","2019-01-01",2.6358199999999998,2.0592999999999999,2.0636399999999999,1.83203,1.89412,1.9478899999999999]
["EMULSÕES ASFÁLTICAS RL-1C","2019-02-01",2.8139099999999999,2.1221199999999998,2.3206899999999999,1.8734599999999999,1.9015200000000001,2.0314999999999999]
["EMULSÕES ASFÁLTICAS RL-1C","2019-03-01",2.2855799999999999,2.2671899999999998,2.3798499999999998,1.96052,1.9987299999999999,2.08128]
["EMULSÕES ASFÁLTICAS RL-1C","2019-04-01",2.5571999999999999,1.9661200000000001,2.3709500000000001,1.99583,1.97298,2.0872099999999998]
["EMULSÕES ASFÁLTICAS RL-1C","2019-05-01",2.7298399999999998,1.9964999999999999,2.2912599999999999,2.00657,2.0324200000000001,2.1054400000000002]
["EMULSÕES ASFÁLTICAS RL-1C","2019-06-01",2.7454800000000001,1.9447000000000001,2.2656299999999998,2.0247899999999999,1.96347,2.1148199999999999]
["EMULSÕES ASFÁLTICAS RL-1C","2019-07-01",2.4095499999999999,1.9716,2.1764800000000002,2.0361500000000001,1.94424,2.0653299999999999]
["EMULSÕES ASFÁLTICAS RL-1C","2019-08-01",2.1070799999999998,1.9021600000000001,2.03715,1.9563600000000001,1.99047,1.9931300000000001]
["EMULSÕES ASFÁLTICAS RL-1C","2019-09-01",2.3977900000000001,1.8377699999999999,2.1395900000000001,1.9236500000000001,1.97306,2.0057]
["EMULSÕES ASFÁLTICAS RL-1C","2019-10-01",2.1139800000000002,1.8522700000000001,2.1244700000000001,1.9000999999999999,1.99526,1.99899]
["EMULSÕES ASFÁLTICAS RL-1C","2019-11-01",2.3902199999999998,1.9010400000000001,2.0119099999999999,1.9662200000000001,1.99332,1.9873000000000001]
["EMULSÕES ASFÁLTICAS RL-1C","2019-12-01",1.9947900000000001,1.9737499999999999,2.1164299999999998,1.9602200000000001,2.0434399999999999,2.0192899999999998]
["EMULSÕES ASFÁLTICAS RL-1C","2020-01-01",1.8509599999999999,1.7882400000000001,2.0848300000000002,1.9329799999999999,2.1184400000000001,1.99241]
["EMULSÕES ASFÁLTICAS RL-1C","2020-02-01",1.6422600000000001,1.7623599999999999,2.0939299999999998,1.9005000000000001,2.0293600000000001,1.96357]
["EMULSÕES ASFÁLTICAS RL-1C","2020-03-01",1.78213,1.73641,2.0405700000000002,1.7819199999999999,2.0651299999999999,1.92245]
["EMULSÕES ASFÁLTICAS RL-1C","2020-04-01",1.9212899999999999,1.70478,1.9414,1.8114699999999999,1.94299,1.86879]
["EMULSÕES ASFÁLTICAS RL-1C","2020-05-01",1.84602,1.62544,1.88693,1.7980100000000001,2.0133399999999999,1.8569800000000001]
["EMULSÕES ASFÁLTICAS RL-1C","2020-06-01",2.28694,1.6714500000000001,1.9532099999999999,1.7968299999999999,1.90743,1.86138]
["EMULSÕES ASFÁLTICAS RL-1C","2020-07-01",2.0723600000000002,1.74217,1.89133,1.85836,1.94486,1.89337]
["EMULSÕES ASFÁLTICAS RL-1C","2020-08-01",1.9322900000000001,1.8521300000000001,1.95034,1.9048099999999999,2.0141800000000001,1.94245]
["EMULSÕES ASFÁLTICAS RL-1C","2020-09-01",1.96804,1.84826,1.9633499999999999,1.86242,2.0097999999999998,1.93123]
["EMULSÕES ASFÁLTICAS RL-1C","2020-10-01",1.89676,1.7810600000000001,1.9246700000000001,1.8507400000000001,2.0678000000000001,1.9325600000000001]
["EMULSÕES ASFÁLTICAS RL-1C","2020-11-01",2.0042599999999999,1.8892500000000001,2.0644999999999998,1.93066,2.0898300000000001,2.0141100000000001]
["EMULSÕES ASFÁLTICAS RL-1C","2020-12-01",2.1916000000000002,1.8519399999999999,2.0439099999999999,1.90157,2.0520999999999998,1.98502]
["EMULSÕES ASFÁLTICAS RL-1C","2021-01-01",2.0646499999999999,1.8806400000000001,2.1260500000000002,1.8838699999999999,2.0964800000000001,1.99501]
["EMULSÕES ASFÁLTICAS RL-1C","2021-02-01",1.9684200000000001,2.0257800000000001,2.2510500000000002,2.0269599999999999,2.20784,2.1480899999999998]
["EMULSÕES ASFÁLTICAS RL-1C","2021-03-01",2.18459,2.0021499999999999,2.0672999999999999,1.9893099999999999,2.2333699999999999,2.0721099999999999]
["EMULSÕES ASFÁLTICAS RL-1C","2021-04-01",2.1715900000000001,2.04894,2.1493799999999998,1.96044,2.1773899999999999,2.0821000000000001]
["EMULSÕES ASFÁLTICAS RL-1C","2021-05-01",2.2092000000000001,2.4363999999999999,2.4948999999999999,2.3250500000000001,3.0522399999999998,2.4418500000000001]
["EMULSÕES ASFÁLTICAS RL-1C","2021-06-01",2.1730900000000002,2.3689399999999998,2.4800800000000001,2.4206599999999998,2.4896199999999999,2.4525199999999998]
["EMULSÕES ASFÁLTICAS RL-1C","2021-07-01",2.4191199999999999,2.3507899999999999,2.52014,2.4065300000000001,2.5230899999999998,2.4796900000000002]
["EMULSÕES ASFÁLTICAS RL-1C","2021-08-01",2.4679199999999999,2.4788199999999998,2.7081,2.5013200000000002,2.6132200000000001,2.6100599999999998]
["EMULSÕES ASFÁLTICAS RL-1C","2021-09-01",2.5034900000000002,2.4830399999999999,2.6537000000000002,2.56759,2.58121,2.5937199999999998]
["EMULSÕES ASFÁLTICAS RL-1C","2021-10-01",2.4335900000000001,2.4853700000000001,2.6188600000000002,2.65937,2.5835599999999999,2.5882100000000001]
["EMULSÕES ASFÁLTICAS RL-1C","2021-11-01",2.5315799999999999,2.7143899999999999,2.6511499999999999,2.7702,2.69184,2.6930800000000001]
["EMULSÕES ASFÁLTICAS RL-1C","2021-12-01",2.74051,2.7775699999999999,2.8055300000000001,2.80918,2.7559300000000002,2.7866200000000001]
["EMULSÕES ASFÁLTICAS RL-1C","2022-01-01",2.7448100000000002,2.65585,2.7855400000000001,2.82822,2.8284400000000001,2.7852399999999999]
["EMULSÕES ASFÁLTICAS RL-1C","2022-02-01",3.0746099999999998,2.7468599999999999,3.0430199999999998,3.0138799999999999,2.7225299999999999,2.8877600000000001]
["EMULSÕES ASFÁLTICAS RL-1C","2022-03-01",3.06914,2.7940399999999999,2.9168599999999998,3.03661,2.84477,2.9346899999999998]
["EMULSÕES ASFÁLTICAS RL-1C","2022-04-01",3.26728,2.7769499999999998,3.1469800000000001,3.1642899999999998,2.9036300000000002,3.0393400000000002]
["EMULSÕES ASFÁLTICAS RL-1C","2022-05-01",3.0305900000000001,3.18493,3.15055,3.17543,2.82524,3.1025999999999998]
["EMULSÕES ASFÁLTICAS RL-1C","2022-06-01",3.1817199999999999,3.1320600000000001,3.2004700000000001,3.1800199999999998,2.9744299999999999,3.14541]
["EMULSÕES ASFÁLTICAS RL-1C","2022-07-01",1.98217,3.1220300000000001,3.2229399999999999,3.0845500000000001,3.0547499999999999,3.1006399999999998]
["EMULSÕES ASFÁLTICAS RL-1C","2022-08-01",3.5353500000000002,3.3433299999999999,3.1706500000000002,3.0925099999999999,3.1815199999999999,3.18432]
["EMULSÕES ASFÁLTICAS RL-1C","2022-09-01",3.9180299999999999,3.3231099999999998,3.0134099999999999,3.0563400000000001,3.10609,3.13123]
["EMULSÕES ASFÁLTICAS RL-1C","2022-10-01",3.4268700000000001,3.42699,2.7883499999999999,2.9819399999999998,2.9856199999999999,3.0184600000000001]
["EMULSÕES ASFÁLTICAS RL-1C","2022-11-01",3.9012600000000002,3.4617399999999998,2.9066700000000001,2.8461799999999999,2.9765799999999998,3.0104099999999998]
["EMULSÕES ASFÁLTICAS RL-1C","2022-12-01",3.6678299999999999,3.3723900000000002,2.84944,2.7585899999999999,2.9296099999999998,2.9847999999999999]
["EMULSÕES ASFÁLTICAS RL-1C","2023-01-01",3.7258599999999999,3.1760999999999999,3.00162,2.6935699999999998,2.9308800000000002,2.9769299999999999]
["EMULSÕES ASFÁLTICAS RL-1C","2023-02-01",3.6420599999999999,3.2083699999999999,2.7016,2.59599,2.9152999999999998,2.8201000000000001]
["EMULSÕES ASFÁLTICAS RL-1C","2023-03-01",3.5813000000000001,3.0473699999999999,2.8273299999999999,2.56671,2.8425199999999999,2.7760799999999999]
["EMULSÕES ASFÁLTICAS RL-1C","2023-04-01",3.1944400000000002,2.9925999999999999,3.0112100000000002,2.6068600000000002,2.87473,2.83318]
["EMULSÕES ASFÁLTICAS RL-1C","2023-05-01",3.1670500000000001,2.9037000000000002,2.8583500000000002,2.5921699999999999,2.67252,2.7580300000000002]
["EMULSÕES ASFÁLTICAS RL-1C","2023-06-01",3.28356,2.9481000000000002,2.7721100000000001,2.57518,2.64412,2.73007]
["EMULSÕES ASFÁLTICAS RL-1C","2023-07-01",3.1708500000000002,2.7329699999999999,2.8267099999999998,2.5416099999999999,2.6841400000000002,2.6982499999999998]
["EMULSÕES ASFÁLTICAS RL-1C","2023-08-01",3.03668,2.7831399999999999,2.8830200000000001,2.4153799999999999,2.5814499999999998,2.6410499999999999]
["EMULSÕES ASFÁLTICAS RL-1C","2023-09-01",3.3483100000000001,2.75468,2.97628,2.64052,2.6080000000000001,2.7610600000000001]
["EMULSÕES ASFÁLTICAS RL-1C","2023-10-01",3.2890999999999999,2.8974000000000002,2.9504700000000001,2.5886300000000002,2.7132999999999998,2.7869000000000002]
["EMULSÕES ASFÁLTICAS RM-1C","2008-11-01",1.24407,0.83736999999999995,1.23021,1.0770200000000001,0.93030000000000002,0.99195]
["EMULSÕES ASFÁLTICAS RM-1C","2008-12-01",1.2757499999999999,0.88756999999999997,1.1972100000000001,1.0074799999999999,0.94581999999999999,0.99316000000000004]
["EMULSÕES ASFÁLTICAS RM-1C","2009-01-01",1.1692499999999999,0.93428,1.2056,0.93927000000000005,0.96282999999999996,1.0164899999999999]
["EMULSÕES ASFÁLTICAS RM-1C","2009-02-01",1.21858,0.91852,1.24563,0.99770000000000003,0.94974000000000003,1.03739]
["EMULSÕES ASFÁLTICAS RM-1C","2009-03-01",1.1628000000000001,0.92771000000000003,1.2102599999999999,0.91039999999999999,0.94035000000000002,1.0013700000000001]
["EMULSÕES ASFÁLTICAS RM-1C","2009-04-01",1.2711300000000001,0.87460000000000004,1.1978200000000001,0.92588999999999999,0.94191000000000003,0.98046]
["EMULSÕES ASFÁLTICAS RM-1C","2009-05-01",1.3754,0.86868999999999996,1.2314000000000001,0.88922999999999996,0.91996999999999995,0.98377999999999999]
["EMULSÕES ASFÁLTICAS RM-1C","2009-06-01",1.4422900000000001,0.88336000000000003,1.19861,0.87295,0.94399,0.9677]
["EMULSÕES ASFÁLTICAS RM-1C","2009-07-01",1.39917,0.85038000000000002,1.23973,0.98340000000000005,0.94137999999999999,0.94738999999999995]
["EMULSÕES ASFÁLTICAS RM-1C","2009-08-01",1.4135800000000001,0.84748000000000001,1.1266,0.89525999999999994,0.87568000000000001,0.91818]
["EMULSÕES ASFÁLTICAS RM-1C","2009-09-01",1.4715,0.83730000000000004,1.17326,0.87331000000000003,0.87514999999999998,0.90854000000000001]
["EMULSÕES ASFÁLTICAS RM-1C","2009-10-01",1.4403699999999999,0.84753999999999996,1.18988,0.88634000000000002,0.87800999999999996,0.95040000000000002]
["EMULSÕES ASFÁLTICAS RM-1C","2009-11-01",1.4752799999999999,0.84055999999999997,1.1394200000000001,0.92195000000000005,0.86982000000000004,0.90203]
["EMULSÕES ASFÁLTICAS RM-1C","2009-12-01",1.1704399999999999,0.83864000000000005,1.08989,0.88653000000000004,0.89810999999999996,0.92657]
["EMULSÕES ASFÁLTICAS RM-1C","2010-01-01",1.1511899999999999,0.82338999999999996,1.1519999999999999,0.85553000000000001,0.86880000000000002,0.94813000000000003]
["EMULSÕES ASFÁLTICAS RM-1C","2010-02-01",1.3483400000000001,0.83631,1.1046199999999999,0.86912,0.85550999999999999,0.91979]
["EMULSÕES ASFÁLTICAS RM-1C","2010-03-01",1.1104700000000001,0.83199000000000001,1.1299399999999999,0.85050999999999999,0.85755000000000003,0.91371999999999998]
["EMULSÕES ASFÁLTICAS RM-1C","2010-04-01",1.0966100000000001,0.84045000000000003,1.1456200000000001,0.82264999999999999,0.86950000000000005,0.92735999999999996]
["EMULSÕES ASFÁLTICAS RM-1C","2010-05-01",1.0738399999999999,0.84955000000000003,1.07683,0.83109999999999995,0.81874999999999998,0.89980000000000004]
["EMULSÕES ASFÁLTICAS RM-1C","2010-06-01",1.1880200000000001,0.88349,1.00275,0.81660999999999995,0.83043999999999996,0.89271999999999996]
["EMULSÕES ASFÁLTICAS RM-1C","2010-07-01",1.21479,0.85124999999999995,0.99521000000000004,1.0553399999999999,0.82130999999999998,0.92900000000000005]
["EMULSÕES ASFÁLTICAS RM-1C","2010-08-01",1.11765,0.86775000000000002,1.0402800000000001,0.83972999999999998,0.81359999999999999,0.87409000000000003]
["EMULSÕES ASFÁLTICAS RM-1C","2010-09-01",1.11907,0.84948000000000001,1.06525,0.79686999999999997,0.81479000000000001,0.86994000000000005]
["EMULSÕES ASFÁLTICAS RM-1C","2010-10-01",1.0159100000000001,0.82467999999999997,1.0316399999999999,0.95721000000000001,0.81430999999999998,0.89136000000000004]
["EMULSÕES ASFÁLTICAS RM-1C","2010-11-01",1.08786,0.80615999999999999,0.96709999999999996,0.9647,0.79957999999999996,0.87790000000000001]
["EMULSÕES ASFÁLTICAS RM-1C","2010-12-01",1.15066,0.81791000000000003,1.0254000000000001,0.92340999999999995,0.83162999999999998,0.92206999999999995]
["EMULSÕES ASFÁLTICAS RM-1C","2011-01-01",1.1009,0.80535999999999996,1.07413,0.86621000000000004,0.82743,0.90934999999999999]
["EMULSÕES ASFÁLTICAS RM-1C","2011-02-01",1.1893800000000001,0.80164999999999997,1.0819099999999999,0.83720000000000006,0.82581000000000004,0.90642]
["EMULSÕES ASFÁLTICAS RM-1C","2011-03-01",0.97992999999999997,0.80698999999999999,1.02281,0.99095999999999995,0.85468999999999995,0.90769999999999995]
["EMULSÕES ASFÁLTICAS RM-1C","2011-04-01",1.0216499999999999,0.80147999999999997,1.0355099999999999,0.91591999999999996,0.82447000000000004,0.89597000000000004]
["EMULSÕES ASFÁLTICAS RM-1C","2011-05-01",0.94108000000000003,0.80484,1.01912,0.96464000000000005,0.80120000000000002,0.86702000000000001]
["EMULSÕES ASFÁLTICAS RM-1C","2011-06-01",1.11032,0.79442999999999997,1.03318,0.97574000000000005,0.81325999999999998,0.90125999999999995]
["EMULSÕES ASFÁLTICAS RM-1C","2011-07-01",1.12012,0.79483999999999999,1.0299499999999999,0.82886000000000004,0.81181000000000003,0.86090999999999995]
["EMULSÕES ASFÁLTICAS RM-1C","2011-08-01",1.00379,0.78158000000000005,1.0255700000000001,0.78388000000000002,0.82023999999999997,0.83433999999999997]
["EMULSÕES ASFÁLTICAS RM-1C","2011-09-01",0.91247,0.77595999999999998,1.0267900000000001,0.75800999999999996,0.80537999999999998,0.82218999999999998]
["EMULSÕES ASFÁLTICAS RM-1C","2011-10-01",0.93742000000000003,0.77908999999999995,1.0558399999999999,0.74541000000000002,0.82193000000000005,0.83714999999999995]
["EMULSÕES ASFÁLTICAS RM-1C","2011-11-01",1.0057,0.78685000000000005,1.05009,0.76898999999999995,0.81640000000000001,0.83352000000000004]
["EMULSÕES ASFÁLTICAS RM-1C","2011-12-01",1.03217,0.78603000000000001,1.0557700000000001,0.74738000000000004,0.83096999999999999,0.85592999999999997]
["EMULSÕES ASFÁLTICAS RM-1C","2012-01-01",0.97719,0.78815999999999997,0.99055000000000004,0.83628999999999998,0.83567000000000002,0.87102000000000002]
["EMULSÕES ASFÁLTICAS RM-1C","2012-02-01",1.00562,0.78541000000000005,1.0436399999999999,0.90134000000000003,0.83223999999999998,0.88666]
["EMULSÕES ASFÁLTICAS RM-1C","2012-03-01",1.04657,0.79432999999999998,1.02945,0.89344999999999997,0.85219,0.87822]
["EMULSÕES ASFÁLTICAS RM-1C","2012-04-01",1.1323300000000001,0.79383999999999999,1.0168900000000001,0.93013999999999997,0.86082999999999998,0.89185000000000003]
["EMULSÕES ASFÁLTICAS RM-1C","2012-05-01",1.30724,0.84636999999999996,1.0515699999999999,0.94645999999999997,0.84982999999999997,0.90412000000000003]
["EMULSÕES ASFÁLTICAS RM-1C","2012-06-01",1.24176,0.83979999999999999,1.0832599999999999,0.97755000000000003,0.86736000000000002,0.91915000000000002]
["EMULSÕES ASFÁLTICAS RM-1C","2012-07-01",1.2161299999999999,0.83494000000000002,1.0359100000000001,0.98582000000000003,0.87017,0.92008000000000001]
["EMULSÕES ASFÁLTICAS RM-1C","2012-08-01",1.2314000000000001,0.83935999999999999,1.0913200000000001,0.98794000000000004,0.86168999999999996,0.90920999999999996]
["EMULSÕES ASFÁLTICAS RM-1C","2012-09-01",0.84728999999999999,0.86317999999999995,1.0604800000000001,0.90873999999999999,0.85438999999999998,0.87880999999999998]
["EMULSÕES ASFÁLTICAS RM-1C","2012-10-01",1.18326,0.88024000000000002,1.1000700000000001,0.96348999999999996,0.85031999999999996,0.91808000000000001]
["EMULSÕES ASFÁLTICAS RM-1C","2012-11-01",1.20919,0.88175999999999999,1.0960099999999999,0.92659000000000002,0.89229999999999998,0.93028999999999995]
["EMULSÕES ASFÁLTICAS RM-1C","2012-12-01",1.2201,0.85426000000000002,1.0558000000000001,0.92432999999999998,0.86409000000000002,0.94181000000000004]
["EMULSÕES ASFÁLTICAS RM-1C","2013-01-01",1.2284299999999999,0.87033000000000005,1.08874,1.0533300000000001,0.89237,0.98126000000000002]
["EMULSÕES ASFÁLTICAS RM-1C","2013-02-01",1.2253799999999999,0.84867000000000004,1.1485399999999999,0.86963999999999997,0.89363000000000004,0.99943000000000004]
["EMULSÕES ASFÁLTICAS RM-1C","2013-03-01",1.2156800000000001,0.84945000000000004,1.1520900000000001,0.86963000000000001,0.90751000000000004,0.99011000000000005]
["EMULSÕES ASFÁLTICAS RM-1C","2013-04-01",1.19869,0.84870000000000001,1.16933,0.87953999999999999,0.89015999999999995,0.98031000000000001]
["EMULSÕES ASFÁLTICAS RM-1C","2013-05-01",0.98938999999999999,0.86094999999999999,1.1444399999999999,0.88244,0.90422999999999998,0.95762000000000003]
["EMULSÕES ASFÁLTICAS RM-1C","2013-06-01",1.2174799999999999,0.86768999999999996,1.16414,0.89373000000000002,0.90495999999999999,0.96616000000000002]
["EMULSÕES ASFÁLTICAS RM-1C","2013-07-01",1.1171599999999999,0.88426000000000005,1.1571400000000001,0.91662999999999994,0.94249000000000005,0.96138000000000001]
["EMULSÕES ASFÁLTICAS RM-1C","2013-08-01",1.21187,0.87053999999999998,1.15699,0.91866999999999999,0.91801999999999995,0.96375999999999995]
["EMULSÕES ASFÁLTICAS RM-1C","2013-09-01",1.202,0.90663000000000005,1.1713,0.93298000000000003,0.90659000000000001,0.98568999999999996]
["EMULSÕES ASFÁLTICAS RM-1C","2013-10-01",1.2181500000000001,0.95006999999999997,1.13547,0.91839999999999999,0.89495999999999998,0.97928999999999999]
["EMULSÕES ASFÁLTICAS RM-1C","2013-11-01",1.1195600000000001,0.94801999999999997,1.1440300000000001,0.93025999999999998,0.91076000000000001,0.98575000000000002]
["EMULSÕES ASFÁLTICAS RM-1C","2013-12-01",1.2128099999999999,0.92422000000000004,1.1896599999999999,0.91844000000000003,0.90598999999999996,1.00712]
["EMULSÕES ASFÁLTICAS RM-1C","2014-01-01",1.2067000000000001,0.94259999999999999,1.1412899999999999,0.92889999999999995,0.92235,1.0024999999999999]
["EMULSÕES ASFÁLTICAS RM-1C","2014-02-01",1.05793,0.92369000000000001,1.1429199999999999,0.93218000000000001,0.87922999999999996,0.96796000000000004]
["EMULSÕES ASFÁLTICAS RM-1C","2014-03-01",0.99973999999999996,0.93791999999999998,1.1657,0.92193999999999998,0.91895000000000004,0.97821999999999998]
["EMULSÕES ASFÁLTICAS RM-1C","2014-04-01",1.0309999999999999,0.94274000000000002,1.1284799999999999,0.88914000000000004,0.91983999999999999,0.97323000000000004]
["EMULSÕES ASFÁLTICAS RM-1C","2014-05-01",1.11432,0.93449000000000004,1.15811,0.92386000000000001,0.90983000000000003,0.99509000000000003]
["EMULSÕES ASFÁLTICAS RM-1C","2014-06-01",1.0169699999999999,0.95564000000000004,1.19293,0.93608999999999998,0.93520999999999999,0.99275000000000002]
["EMULSÕES ASFÁLTICAS RM-1C","2014-07-01",0.88644999999999996,0.94837000000000005,1.00227,0.90942999999999996,0.91942999999999997,0.93979999999999997]
["EMULSÕES ASFÁLTICAS RM-1C","2014-08-01",1.2195499999999999,0.93945999999999996,1.0486899999999999,0.90207000000000004,0.92205000000000004,0.95508000000000004]
["EMULSÕES ASFÁLTICAS RM-1C","2014-09-01",1.1704699999999999,0.93115000000000003,1.15771,0.91022000000000003,0.93515999999999999,0.96430000000000005]
["EMULSÕES ASFÁLTICAS RM-1C","2014-10-01",1.3542400000000001,0.93506,1.0563199999999999,0.86316000000000004,0.97136,0.94893000000000005]
["EMULSÕES ASFÁLTICAS RM-1C","2014-11-01",1.22933,0.96016999999999997,1.0970800000000001,0.92481999999999998,0.95140000000000002,0.97467000000000004]
["EMULSÕES ASFÁLTICAS RM-1C","2014-12-01",1.1319699999999999,1.0689900000000001,1.10581,0.87838000000000005,1.0118499999999999,1.02826]
["EMULSÕES ASFÁLTICAS RM-1C","2015-01-01",1.3663000000000001,1.3352999999999999,1.4089799999999999,1.03931,1.19973,1.2703800000000001]
["EMULSÕES ASFÁLTICAS RM-1C","2015-02-01",1.64781,1.29552,1.39998,1.0165599999999999,1.1761600000000001,1.25264]
["EMULSÕES ASFÁLTICAS RM-1C","2015-03-01",1.55894,1.2605,1.46014,1.0875600000000001,1.1378299999999999,1.25251]
["EMULSÕES ASFÁLTICAS RM-1C","2015-04-01",1.3241799999999999,1.2771999999999999,1.41323,1.0923700000000001,1.2149300000000001,1.26241]
["EMULSÕES ASFÁLTICAS RM-1C","2015-05-01",1.55521,1.2786,1.4133199999999999,1.0234300000000001,1.1671400000000001,1.26698]
["EMULSÕES ASFÁLTICAS RM-1C","2015-06-01",1.56237,1.25223,1.4901800000000001,1.0220800000000001,1.15462,1.2854699999999999]
["EMULSÕES ASFÁLTICAS RM-1C","2015-07-01",1.49722,1.2644599999999999,1.2560800000000001,1.03471,1.181,1.2476]
["EMULSÕES ASFÁLTICAS RM-1C","2015-08-01",1.54772,1.33782,1.48316,1.02085,1.14212,1.2989200000000001]
["EMULSÕES ASFÁLTICAS RM-1C","2015-09-01",1.5578799999999999,1.2801100000000001,1.39445,1.1208800000000001,1.0859099999999999,1.2553300000000001]
["EMULSÕES ASFÁLTICAS RM-1C","2015-10-01",1.6625300000000001,1.2909600000000001,1.54556,1.0977600000000001,1.1332100000000001,1.3180400000000001]
["EMULSÕES ASFÁLTICAS RM-1C","2015-11-01",1.83386,1.5058199999999999,1.5859700000000001,1.37581,1.2458800000000001,1.4962]
["EMULSÕES ASFÁLTICAS RM-1C","2015-12-01",1.8777699999999999,1.4431799999999999,1.5835300000000001,1.2489399999999999,1.1891499999999999,1.4516100000000001]
["EMULSÕES ASFÁLTICAS RM-1C","2016-01-01",1.7409300000000001,1.47912,1.71346,1.24759,1.3203100000000001,1.46773]
["EMULSÕES ASFÁLTICAS RM-1C","2016-02-01",1.93851,1.5140400000000001,1.7216100000000001,1.2798799999999999,1.29294,1.5312399999999999]
["EMULSÕES ASFÁLTICAS RM-1C","2016-03-01",1.78437,1.5125900000000001,1.7015499999999999,1.34314,1.3335900000000001,1.4925999999999999]
["EMULSÕES ASFÁLTICAS RM-1C","2016-04-01",1.80006,1.61673,1.7867599999999999,1.3829199999999999,1.3426,1.5419]
["EMULSÕES ASFÁLTICAS RM-1C","2016-05-01",1.7551300000000001,1.7094499999999999,1.7928599999999999,1.46373,1.4273100000000001,1.60642]
["EMULSÕES ASFÁLTICAS RM-1C","2016-06-01",1.8205100000000001,1.5173099999999999,1.7171099999999999,1.5115499999999999,1.35337,1.5094099999999999]
["EMULSÕES ASFÁLTICAS RM-1C","2016-07-01",1.8189500000000001,1.4703299999999999,1.7296800000000001,1.49397,1.4122399999999999,1.5083899999999999]
["EMULSÕES ASFÁLTICAS RM-1C","2016-08-01",1.9758500000000001,1.5302199999999999,1.7112700000000001,1.5107600000000001,1.42855,1.5632600000000001]
["EMULSÕES ASFÁLTICAS RM-1C","2016-09-01",1.64446,1.50326,1.57419,1.33118,1.2786500000000001,1.4204600000000001]
["EMULSÕES ASFÁLTICAS RM-1C","2016-10-01",1.65581,1.47031,1.5116799999999999,1.35982,1.24956,1.41343]
["EMULSÕES ASFÁLTICAS RM-1C","2016-11-01",1.5986199999999999,1.45103,1.74299,1.3373600000000001,1.30891,1.4475199999999999]
["EMULSÕES ASFÁLTICAS RM-1C","2016-12-01",1.7842199999999999,1.4330099999999999,1.7616700000000001,1.3329,1.22882,1.45824]
["EMULSÕES ASFÁLTICAS RM-1C","2017-01-01",1.65164,1.32256,1.8125199999999999,1.3026500000000001,1.2190399999999999,1.41174]
["EMULSÕES ASFÁLTICAS RM-1C","2017-02-01",1.61968,1.1799200000000001,1.69703,1.3714299999999999,1.25482,1.32603]
["EMULSÕES ASFÁLTICAS RM-1C","2017-03-01",1.6939200000000001,1.2189000000000001,1.7763100000000001,1.3587499999999999,1.21532,1.3862099999999999]
["EMULSÕES ASFÁLTICAS RM-1C","2017-04-01",1.7124600000000001,1.2494400000000001,1.78721,1.2385900000000001,1.1621699999999999,1.3850199999999999]
["EMULSÕES ASFÁLTICAS RM-1C","2017-05-01",1.7094800000000001,1.20702,1.66642,1.3427899999999999,1.18161,1.37507]
["EMULSÕES ASFÁLTICAS RM-1C","2017-06-01",1.68163,1.2528300000000001,1.81467,1.6551,1.1163700000000001,1.3620000000000001]
["EMULSÕES ASFÁLTICAS RM-1C","2017-07-01",1.64107,1.2432799999999999,1.61239,1.40794,1.0758000000000001,1.25702]
["EMULSÕES ASFÁLTICAS RM-1C","2017-08-01",1.6761600000000001,1.24973,1.51363,1.43235,1.1387700000000001,1.2631300000000001]
["EMULSÕES ASFÁLTICAS RM-1C","2017-09-01",1.68862,1.2370699999999999,1.77956,1.4087099999999999,1.1357699999999999,1.29548]
["EMULSÕES ASFÁLTICAS RM-1C","2017-10-01",1.6789499999999999,1.2700499999999999,1.6104499999999999,1.50566,1.105,1.3260400000000001]
["EMULSÕES ASFÁLTICAS RM-1C","2017-11-01",1.6910099999999999,1.3185100000000001,1.68746,1.45909,1.0222,1.3548500000000001]
["EMULSÕES ASFÁLTICAS RM-1C","2017-12-01",1.7774700000000001,1.34198,1.6046499999999999,1.39317,1.1589400000000001,1.43258]
["EMULSÕES ASFÁLTICAS RM-1C","2018-01-01",1.8989100000000001,1.37832,1.5353000000000001,1.4613799999999999,1.1307499999999999,1.45719]
["EMULSÕES ASFÁLTICAS RM-1C","2018-02-01",1.71784,1.3067500000000001,1.5275099999999999,1.48709,1.1391100000000001,1.3625400000000001]
["EMULSÕES ASFÁLTICAS RM-1C","2018-03-01",1.9343999999999999,1.33057,1.5455099999999999,1.4533700000000001,1.3772,1.4806999999999999]
["EMULSÕES ASFÁLTICAS RM-1C","2018-04-01",1.6871,1.3260400000000001,1.5354000000000001,1.41472,1.4862899999999999,1.45234]
["EMULSÕES ASFÁLTICAS RM-1C","2018-05-01",1.69181,1.4503900000000001,1.55244,1.4594199999999999,1.2693000000000001,1.4601999999999999]
["EMULSÕES ASFÁLTICAS RM-1C","2018-06-01",1.86083,1.4646399999999999,1.7100200000000001,1.42963,1.64235,1.59626]
["EMULSÕES ASFÁLTICAS RM-1C","2018-07-01",1.88432,1.57538,1.68811,1.61642,1.6098399999999999,1.6409499999999999]
["EMULSÕES ASFÁLTICAS RM-1C","2018-08-01",1.7350099999999999,1.7074800000000001,1.8984399999999999,2.3351199999999999,1.7126600000000001,1.8653900000000001]
["EMULSÕES ASFÁLTICAS RM-1C","2018-09-01",2.2421799999999998,1.7385699999999999,1.9470499999999999,2.4022999999999999,1.8182700000000001,1.99298]
["EMULSÕES ASFÁLTICAS RM-1C","2018-10-01",2.6736499999999999,1.79396,1.7228300000000001,2.6811500000000001,1.87663,2.1360399999999999]
["EMULSÕES ASFÁLTICAS RM-1C","2018-11-01",3.1663000000000001,2.0049000000000001,2.0889099999999998,2.9803999999999999,1.9286099999999999,2.56182]
["EMULSÕES ASFÁLTICAS RM-1C","2018-12-01",2.52359,1.8902600000000001,1.87788,2.7595700000000001,2.0028600000000001,2.13889]
["EMULSÕES ASFÁLTICAS RM-1C","2019-01-01",2.70004,2.0263800000000001,2.1401400000000002,2.37527,2.1046100000000001,2.2377199999999999]
["EMULSÕES ASFÁLTICAS RM-1C","2019-02-01",2.5733600000000001,2.1542400000000002,2.3266200000000001,2.2246299999999999,2.2402899999999999,2.2885900000000001]
["EMULSÕES ASFÁLTICAS RM-1C","2019-03-01",2.8039100000000001,2.1164700000000001,2.29664,2.3552300000000002,2.2269100000000002,2.3395199999999998]
["EMULSÕES ASFÁLTICAS RM-1C","2019-04-01",2.7538399999999998,2.0658500000000002,2.3667699999999998,2.3377500000000002,2.3533499999999998,2.3333499999999998]
["EMULSÕES ASFÁLTICAS RM-1C","2019-05-01",2.79691,2.0706899999999999,2.387,2.1514099999999998,2.2615799999999999,2.2930100000000002]
["EMULSÕES ASFÁLTICAS RM-1C","2019-06-01",2.8786700000000001,2.0150100000000002,2.42719,2.4445600000000001,2.2218800000000001,2.2990900000000001]
["EMULSÕES ASFÁLTICAS RM-1C","2019-07-01",2.6715,2.0765400000000001,2.4750800000000002,2.4072300000000002,2.2616900000000002,2.3371400000000002]
["EMULSÕES ASFÁLTICAS RM-1C","2019-08-01",2.6105200000000002,2.0178199999999999,2.4382199999999998,2.8628,2.2316699999999998,2.34924]
["EMULSÕES ASFÁLTICAS RM-1C","2019-09-01",2.61694,2.03796,2.3889100000000001,2.8923800000000002,2.2615099999999999,2.3972099999999998]
["EMULSÕES ASFÁLTICAS RM-1C","2019-10-01",2.57952,1.9476199999999999,2.3166500000000001,3.0621,2.1438899999999999,2.3382499999999999]
["EMULSÕES ASFÁLTICAS RM-1C","2019-11-01",2.7559200000000001,1.9595,2.1892900000000002,3.40069,2.16059,2.47628]
["EMULSÕES ASFÁLTICAS RM-1C","2019-12-01",2.5644,1.9826299999999999,2.2382300000000002,3.2700399999999998,2.1397200000000001,2.5283500000000001]
["EMULSÕES ASFÁLTICAS RM-1C","2020-01-01",2.4148299999999998,2.0941299999999998,2.2094800000000001,3.1719499999999998,2.1970399999999999,2.4254600000000002]
["EMULSÕES ASFÁLTICAS RM-1C","2020-02-01",2.4923799999999998,1.82789,2.25068,2.7726500000000001,2.0965400000000001,2.1920000000000002]
["EMULSÕES ASFÁLTICAS RM-1C","2020-03-01",2.6220300000000001,1.8600099999999999,2.09355,2.9644900000000001,2.1074899999999999,2.2851699999999999]
["EMULSÕES ASFÁLTICAS RM-1C","2020-04-01",2.7685399999999998,1.8384,2.0556899999999998,3.2110300000000001,2.07402,2.5598299999999998]
["EMULSÕES ASFÁLTICAS RM-1C","2020-05-01",2.5873200000000001,1.8325,2.09877,3.0280100000000001,2.2628200000000001,2.3953099999999998]
["EMULSÕES ASFÁLTICAS RM-1C","2020-06-01",2.6653600000000002,1.8271500000000001,2.1006200000000002,2.5744199999999999,1.99488,2.1684000000000001]
["EMULSÕES ASFÁLTICAS RM-1C","2020-07-01",2.5187499999999998,1.7447600000000001,2.1587499999999999,2.8737200000000001,1.9952799999999999,2.2026500000000002]
["EMULSÕES ASFÁLTICAS RM-1C","2020-08-01",2.4850699999999999,1.80437,2.1120899999999998,2.8153100000000002,2.07809,2.2416200000000002]
["EMULSÕES ASFÁLTICAS RM-1C","2020-09-01",2.43872,1.81931,2.12493,3.15028,2.0462199999999999,2.29867]
["EMULSÕES ASFÁLTICAS RM-1C","2020-10-01",2.4537300000000002,1.8932,2.03491,2.89662,2.06697,2.2249599999999998]
["EMULSÕES ASFÁLTICAS RM-1C","2020-11-01",2.6788699999999999,2.0282300000000002,2.1591399999999998,2.9492600000000002,2.1978399999999998,2.29718]
["EMULSÕES ASFÁLTICAS RM-1C","2020-12-01",2.5782099999999999,2.0316200000000002,2.1823600000000001,2.8198599999999998,2.2336999999999998,2.25305]
["EMULSÕES ASFÁLTICAS RM-1C","2021-01-01",2.6460599999999999,1.9772000000000001,2.20391,2.9169100000000001,2.3310200000000001,2.26396]
["EMULSÕES ASFÁLTICAS RM-1C","2021-02-01",2.7763599999999999,2.2314099999999999,2.3617699999999999,2.4934799999999999,2.07911,2.3330600000000001]
["EMULSÕES ASFÁLTICAS RM-1C","2021-03-01",2.7488600000000001,2.2356199999999999,2.16106,2.8496600000000001,2.0248699999999999,2.4319700000000002]
["EMULSÕES ASFÁLTICAS RM-1C","2021-04-01",2.7022200000000001,2.1545399999999999,2.3513999999999999,2.6040800000000002,2.1756000000000002,2.3554900000000001]
["EMULSÕES ASFÁLTICAS RM-1C","2021-05-01",2.7691499999999998,2.5542199999999999,2.62113,2.9807100000000002,2.6535700000000002,2.6652100000000001]
["EMULSÕES ASFÁLTICAS RM-1C","2021-06-01",2.8310900000000001,2.5766499999999999,2.4944600000000001,2.8136899999999998,2.78572,2.6864699999999999]
["EMULSÕES ASFÁLTICAS RM-1C","2021-07-01",2.8192599999999999,2.5375299999999998,2.9232100000000001,3.0800900000000002,2.7666499999999998,2.7874400000000001]
["EMULSÕES ASFÁLTICAS RM-1C","2021-08-01",2.7901099999999999,2.7662200000000001,2.7345299999999999,3.2080299999999999,2.5996700000000001,2.8986200000000002]
["EMULSÕES ASFÁLTICAS RM-1C","2021-09-01",3.01498,2.7097799999999999,3.0281199999999999,3.3832399999999998,2.7640199999999999,3.0442800000000001]
["EMULSÕES ASFÁLTICAS RM-1C","2021-10-01",3.0577700000000001,2.7416100000000001,2.71373,3.3095699999999999,2.9249399999999999,3.00061]
["EMULSÕES ASFÁLTICAS RM-1C","2021-11-01",2.9741200000000001,2.9188499999999999,2.5755699999999999,3.2562799999999998,2.8298899999999998,3.01458]
["EMULSÕES ASFÁLTICAS RM-1C","2021-12-01",3.10222,3.03531,3.23421,3.2563499999999999,2.9829599999999998,3.1480700000000001]
["EMULSÕES ASFÁLTICAS RM-1C","2022-01-01",3.52433,2.9980199999999999,3.11172,3.18207,3.0274800000000002,3.1051700000000002]
["EMULSÕES ASFÁLTICAS RM-1C","2022-02-01",3.1470400000000001,3.1884399999999999,3.4177900000000001,3.3815300000000001,3.26762,3.2970100000000002]
["EMULSÕES ASFÁLTICAS RM-1C","2022-03-01",3.29711,3.2349700000000001,3.3957899999999999,3.4089700000000001,3.3167800000000001,3.3431199999999999]
["EMULSÕES ASFÁLTICAS RM-1C","2022-04-01",3.2324999999999999,3.2029800000000002,3.63252,3.4534799999999999,3.4965000000000002,3.35798]
["EMULSÕES ASFÁLTICAS RM-1C","2022-05-01",3.2677800000000001,3.3187899999999999,3.6409899999999999,3.4642400000000002,3.4431699999999998,3.4112100000000001]
["EMULSÕES ASFÁLTICAS RM-1C","2022-06-01",3.4891100000000002,3.2505600000000001,3.4968499999999998,3.4761899999999999,3.3329,3.3978600000000001]
["EMULSÕES ASFÁLTICAS RM-1C","2022-07-01",3.3716599999999999,3.4801700000000002,3.6377999999999999,3.48604,3.4087000000000001,3.4765899999999998]
["EMULSÕES ASFÁLTICAS RM-1C","2022-08-01",3.4159899999999999,3.34158,3.56427,3.4751699999999999,2.9704199999999998,3.39134]
["EMULSÕES ASFÁLTICAS RM-1C","2022-09-01",3.1840899999999999,3.30267,3.5577999999999999,3.4978199999999999,2.8967100000000001,3.3585199999999999]
["EMULSÕES ASFÁLTICAS RM-1C","2022-10-01",3.14364,3.1510199999999999,2.82803,3.48746,3.00692,3.15374]
["EMULSÕES ASFÁLTICAS RM-1C","2022-11-01",3.0149599999999999,3.0965600000000002,3.0093200000000002,3.3986999999999998,2.7949299999999999,3.0950099999999998]
["EMULSÕES ASFÁLTICAS RM-1C","2022-12-01",3.29739,3.34015,3.1573000000000002,3.3104399999999998,2.9710200000000002,3.2478400000000001]
["EMULSÕES ASFÁLTICAS RM-1C","2023-01-01",3.4618799999999998,2.7712599999999998,3.31386,3.77942,2.6575199999999999,3.0829499999999999]
["EMULSÕES ASFÁLTICAS RM-1C","2023-02-01",3.0512100000000002,2.8761999999999999,3.02338,3.1764600000000001,2.4314,2.9341400000000002]
["EMULSÕES ASFÁLTICAS RM-1C","2023-03-01",3.4308200000000002,2.7030099999999999,3.1772100000000001,3.1836099999999998,2.61883,2.98861]
["EMULSÕES ASFÁLTICAS RM-1C","2023-04-01",3.1746699999999999,2.5923799999999999,3.1717900000000001,3.03823,2.5593699999999999,2.7953800000000002]
["EMULSÕES ASFÁLTICAS RM-1C","2023-05-01",3.1638899999999999,2.7383600000000001,3.0077500000000001,2.9849100000000002,2.5990500000000001,2.83121]
["EMULSÕES ASFÁLTICAS RM-1C","2023-06-01",3.0911300000000002,2.5216599999999998,2.9951300000000001,2.7342300000000002,2.5804900000000002,2.68214]
["EMULSÕES ASFÁLTICAS RM-1C","2023-07-01",2.7902800000000001,2.6398199999999998,2.6615799999999998,2.8632499999999999,2.3590200000000001,2.6827100000000002]
["EMULSÕES ASFÁLTICAS RM-1C","2023-08-01",2.9437899999999999,2.6420400000000002,3.1345299999999998,2.7417899999999999,2.6281400000000001,2.7013600000000002]
["EMULSÕES ASFÁLTICAS RM-1C","2023-09-01",3.0708899999999999,2.86687,3.1969699999999999,2.9281999999999999,2.7481399999999998,2.8847100000000001]
["EMULSÕES ASFÁLTICAS RM-1C","2023-10-01",3.1194500000000001,2.8792499999999999,3.0315699999999999,2.9257900000000001,2.75583,2.88781]
["EMULSÕES ASFÁLTICAS RM-2C","2008-11-01","***","***","***","***","***","***"]
["EMULSÕES ASFÁLTICAS RM-2C","2008-12-01","***","***","***",0.81623000000000001,"***",0.81623000000000001]
["EMULSÕES ASFÁLTICAS RM-2C","2009-01-01",2.2606899999999999,"***","***",0.98309999999999997,"***",2.16289]
["EMULSÕES ASFÁLTICAS RM-2C","2009-02-01","***","***","***",2.77963,0.87446999999999997,2.16046]
["EMULSÕES ASFÁLTICAS RM-2C","2009-03-01","***","***","***",0.83382999999999996,0.92679999999999996,0.89309000000000005]
["EMULSÕES ASFÁLTICAS RM-2C","2009-04-01","***","***","***",0.78739999999999999,"***",0.78739999999999999]
["EMULSÕES ASFÁLTICAS RM-2C","2009-05-01","***","***","***","***","***","***"]
["EMULSÕES ASFÁLTICAS RM-2C","2009-06-01","***","***","***",0.78454000000000002,0.87446999999999997,0.80125999999999997]
["EMULSÕES ASFÁLTICAS RM-2C","2009-07-01","***","***","***",0.88127999999999995,"***",0.88127999999999995]
["EMULSÕES ASFÁLTICAS RM-2C","2009-08-01","***","***","***",0.90200000000000002,"***",0.90200000000000002]
["EMULSÕES ASFÁLTICAS RM-2C","2009-09-01","***","***","***",0.90200000000000002,"***",0.90200000000000002]
["EMULSÕES ASFÁLTICAS RM-2C","2009-10-01","***","***","***",0.86578999999999995,1.0888,0.96306000000000003]
["EMULSÕES ASFÁLTICAS RM-2C","2009-11-01","***","***","***",0.90200000000000002,"***",0.90200000000000002]
["EMULSÕES ASFÁLTICAS RM-2C","2009-12-01","***","***","***",0.90200000000000002,"***",0.90200000000000002]
["EMULSÕES ASFÁLTICAS RM-2C","2010-01-01","***","***","***",0.86584000000000005,"***",0.86584000000000005]
["EMULSÕES ASFÁLTICAS RM-2C","2010-02-01","***","***","***",0.86248000000000002,"***",0.86248000000000002]
["EMULSÕES ASFÁLTICAS RM-2C","2010-03-01","***","***","***",0.86248000000000002,0.87175999999999998,0.87080000000000002]
["EMULSÕES ASFÁLTICAS RM-2C","2010-04-01","***","***","***",0.86087999999999998,0.87951999999999997,0.87409000000000003]
["EMULSÕES ASFÁLTICAS RM-2C","2010-05-01","***","***","***",0.85102999999999995,0.89493999999999996,0.89220999999999995]
["EMULSÕES ASFÁLTICAS RM-2C","2010-06-01","***","***","***",0.84967999999999999,0.89132999999999996,0.88963999999999999]
["EMULSÕES ASFÁLTICAS RM-2C","2010-07-01","***","***","***",0.85033999999999998,0.89546000000000003,0.88917000000000002]
["EMULSÕES ASFÁLTICAS RM-2C","2010-08-01","***","***","***",0.84782999999999997,0.89268000000000003,0.89049999999999996]
["EMULSÕES ASFÁLTICAS RM-2C","2010-09-01","***","***","***",0.79874999999999996,0.90085999999999999,0.88522999999999996]
["EMULSÕES ASFÁLTICAS RM-2C","2010-10-01","***","***","***",0.84733000000000003,0.86026999999999998,0.85963000000000001]
["EMULSÕES ASFÁLTICAS RM-2C","2010-11-01","***","***","***",0.84867000000000004,0.89061999999999997,0.88519000000000003]
["EMULSÕES ASFÁLTICAS RM-2C","2010-12-01","***","***","***",0.80432999999999999,0.78766000000000003,0.79996]
["EMULSÕES ASFÁLTICAS RM-2C","2011-01-01","***","***","***",0.77276999999999996,0.90049999999999997,0.85328000000000004]
["EMULSÕES ASFÁLTICAS RM-2C","2011-02-01","***","***","***",0.69686000000000003,0.89415999999999995,0.88219000000000003]
["EMULSÕES ASFÁLTICAS RM-2C","2011-03-01","***","***","***",0.68035999999999996,0.90166999999999997,0.87687999999999999]
["EMULSÕES ASFÁLTICAS RM-2C","2011-04-01","***","***","***",0.73063999999999996,0.90529999999999999,0.89587000000000006]
["EMULSÕES ASFÁLTICAS RM-2C","2011-05-01","***","***","***",0.71970000000000001,0.89893000000000001,0.88888]
["EMULSÕES ASFÁLTICAS RM-2C","2011-06-01","***","***","***",0.68755999999999995,0.89427999999999996,0.89171999999999996]
["EMULSÕES ASFÁLTICAS RM-2C","2011-07-01","***","***","***",0.69352000000000003,0.88056999999999996,0.84884999999999999]
["EMULSÕES ASFÁLTICAS RM-2C","2011-08-01","***","***","***",0.68755999999999995,0.80647000000000002,0.79910000000000003]
["EMULSÕES ASFÁLTICAS RM-2C","2011-09-01","***","***",1.17,0.72070000000000001,0.80806999999999995,0.83813000000000004]
["EMULSÕES ASFÁLTICAS RM-2C","2011-10-01","***","***","***",0.67959999999999998,0.73729999999999996,0.70576000000000005]
["EMULSÕES ASFÁLTICAS RM-2C","2011-11-01","***","***","***",0.68755999999999995,0.82349000000000006,0.81901999999999997]
["EMULSÕES ASFÁLTICAS RM-2C","2011-12-01","***","***","***",0.69323999999999997,0.8599,0.82438999999999996]
["EMULSÕES ASFÁLTICAS RM-2C","2012-01-01","***","***","***",0.72282000000000002,"***",0.72282000000000002]
["EMULSÕES ASFÁLTICAS RM-2C","2012-02-01","***","***","***",0.75697999999999999,0.87980999999999998,0.86053000000000002]
["EMULSÕES ASFÁLTICAS RM-2C","2012-03-01","***","***","***",0.73287999999999998,0.81947000000000003,0.79337999999999997]
["EMULSÕES ASFÁLTICAS RM-2C","2012-04-01","***","***","***",0.86426000000000003,0.81718000000000002,0.82172999999999996]
["EMULSÕES ASFÁLTICAS RM-2C","2012-05-01","***","***","***",0.80364999999999998,0.88907999999999998,0.88407000000000002]
["EMULSÕES ASFÁLTICAS RM-2C","2012-06-01","***","***","***",0.80006999999999995,0.95421,0.92449999999999999]
["EMULSÕES ASFÁLTICAS RM-2C","2012-07-01","***","***","***",0.80957000000000001,0.94296000000000002,0.93162999999999996]
["EMULSÕES ASFÁLTICAS RM-2C","2012-08-01","***","***","***",0.73655999999999999,0.95421,0.91373000000000004]
["EMULSÕES ASFÁLTICAS RM-2C","2012-09-01","***","***","***",0.95794999999999997,0.95421,0.95694000000000001]
["EMULSÕES ASFÁLTICAS RM-2C","2012-10-01","***","***","***",0.75697999999999999,0.87016000000000004,0.84253]
["EMULSÕES ASFÁLTICAS RM-2C","2012-11-01","***","***","***",0.73406000000000005,1.22177,0.99724000000000002]
["EMULSÕES ASFÁLTICAS RM-2C","2012-12-01","***","***","***",1.1447799999999999,0.95421,1.0545]
["EMULSÕES ASFÁLTICAS RM-2C","2013-01-01","***","***","***",0.86675999999999997,"***",0.86675999999999997]
["EMULSÕES ASFÁLTICAS RM-2C","2013-02-01","***","***","***",0.73372999999999999,"***",0.73372999999999999]
["EMULSÕES ASFÁLTICAS RM-2C","2013-03-01","***","***","***",0.84782999999999997,1.0893600000000001,0.94789000000000001]
["EMULSÕES ASFÁLTICAS RM-2C","2013-04-01",1.18075,"***","***",0.73656999999999995,0.95421,0.99568999999999996]
["EMULSÕES ASFÁLTICAS RM-2C","2013-05-01","***","***","***",0.84741999999999995,0.95421,0.87163999999999997]
["EMULSÕES ASFÁLTICAS RM-2C","2013-06-01","***","***","***",0.83011999999999997,1.04348,0.97635000000000005]
["EMULSÕES ASFÁLTICAS RM-2C","2013-07-01","***","***","***",0.84782000000000002,0.84870000000000001,0.84840000000000004]
["EMULSÕES ASFÁLTICAS RM-2C","2013-08-01","***","***","***",0.78820999999999997,0.84870000000000001,0.80274000000000001]
["EMULSÕES ASFÁLTICAS RM-2C","2013-09-01","***","***","***",0.81859000000000004,0.84870000000000001,0.82906000000000002]
["EMULSÕES ASFÁLTICAS RM-2C","2013-10-01","***","***","***",0.74507999999999996,1.02064,0.88270999999999999]
["EMULSÕES ASFÁLTICAS RM-2C","2013-11-01","***","***","***",0.85118000000000005,0.84870000000000001,0.84984000000000004]
["EMULSÕES ASFÁLTICAS RM-2C","2013-12-01","***","***","***",0.78149000000000002,"***",0.78149000000000002]
["EMULSÕES ASFÁLTICAS RM-2C","2014-01-01","***","***","***","***","***","***"]
["EMULSÕES ASFÁLTICAS RM-2C","2014-02-01","***","***","***",0.78061000000000003,1.03461,0.88129000000000002]
["EMULSÕES ASFÁLTICAS RM-2C","2014-03-01","***","***","***",0.87641000000000002,0.87805,0.87727999999999995]
["EMULSÕES ASFÁLTICAS RM-2C","2014-04-01","***","***","***",0.78108999999999995,"***",0.78108999999999995]
["EMULSÕES ASFÁLTICAS RM-2C","2014-05-01","***","***","***","***","***","***"]
["EMULSÕES ASFÁLTICAS RM-2C","2014-06-01","***","***","***",0.77893000000000001,1.7374499999999999,1.0206500000000001]
["EMULSÕES ASFÁLTICAS RM-2C","2014-07-01","***","***","***",0.84741,"***",0.84741]
["EMULSÕES ASFÁLTICAS RM-2C","2014-08-01","***","***","***",0.77939999999999998,"***",0.77939999999999998]
["EMULSÕES ASFÁLTICAS RM-2C","2014-09-01","***","***","***",0.77976999999999996,"***",0.77976999999999996]
["EMULSÕES ASFÁLTICAS RM-2C","2014-10-01","***","***","***",0.78452999999999995,"***",0.78452999999999995]
["EMULSÕES ASFÁLTICAS RM-2C","2014-11-01","***","***","***",0.77605999999999997,1.28284,0.99151]
["EMULSÕES ASFÁLTICAS RM-2C","2014-12-01","***","***","***","***","***","***"]
["EMULSÕES ASFÁLTICAS RM-2C","2015-01-01","***","***","***",1.03118,"***",1.03118]
["EMULSÕES ASFÁLTICAS RM-2C","2015-02-01","***","***","***",1.0527899999999999,"***",1.0527899999999999]
["EMULSÕES ASFÁLTICAS RM-2C","2015-03-01","***","***","***",1.0361,1.4190799999999999,1.27769]
["EMULSÕES ASFÁLTICAS RM-2C","2015-04-01","***","***","***","***","***","***"]
["EMULSÕES ASFÁLTICAS RM-2C","2015-05-01","***","***","***",1.02511,1.0545199999999999,1.03311]
["EMULSÕES ASFÁLTICAS RM-2C","2015-06-01","***","***","***",1.02477,1.3727199999999999,1.17008]
["EMULSÕES ASFÁLTICAS RM-2C","2015-07-01","***","***","***",1.0739000000000001,"***",1.0739000000000001]
["EMULSÕES ASFÁLTICAS RM-2C","2015-08-01","***","***","***",0.99763999999999997,1.1069599999999999,1.06464]
["EMULSÕES ASFÁLTICAS RM-2C","2015-09-01","***","***","***",1.0611699999999999,"***",1.0611699999999999]
["EMULSÕES ASFÁLTICAS RM-2C","2015-10-01","***","***",1.53362,"***","***",1.53362]
["EMULSÕES ASFÁLTICAS RM-2C","2015-11-01","***","***","***",1.1672899999999999,1.0545199999999999,1.09602]
["EMULSÕES ASFÁLTICAS RM-2C","2015-12-01","***","***","***",1.1303399999999999,1.0850500000000001,1.0873200000000001]
["EMULSÕES ASFÁLTICAS RM-2C","2016-01-01",1.7201900000000001,"***","***",1.1303399999999999,1.47949,1.4760599999999999]
["EMULSÕES ASFÁLTICAS RM-2C","2016-02-01","***","***","***",1.2200599999999999,1.4104300000000001,1.36747]
["EMULSÕES ASFÁLTICAS RM-2C","2016-03-01","***","***","***",1.1303399999999999,1.4104300000000001,1.38517]
["EMULSÕES ASFÁLTICAS RM-2C","2016-04-01","***","***","***",1.2781899999999999,1.50214,1.47218]
["EMULSÕES ASFÁLTICAS RM-2C","2016-05-01","***","***","***",1.2615400000000001,1.4104300000000001,1.4065000000000001]
["EMULSÕES ASFÁLTICAS RM-2C","2016-06-01","***","***","***",1.2765899999999999,1.4104300000000001,1.39002]
["EMULSÕES ASFÁLTICAS RM-2C","2016-07-01","***","***","***",1.2615400000000001,1.51536,1.4904299999999999]
["EMULSÕES ASFÁLTICAS RM-2C","2016-08-01",2.1663000000000001,"***","***",1.2762,1.51536,1.47749]
["EMULSÕES ASFÁLTICAS RM-2C","2016-09-01","***","***","***",1.6482300000000001,1.35608,1.4511799999999999]
["EMULSÕES ASFÁLTICAS RM-2C","2016-10-01","***","***","***",1.2810299999999999,"***",1.2810299999999999]
["EMULSÕES ASFÁLTICAS RM-2C","2016-11-01","***","***","***",1.2787500000000001,"***",1.2787500000000001]
["EMULSÕES ASFÁLTICAS RM-2C","2016-12-01","***","***","***",1.2615400000000001,1.35608,1.34897]
["EMULSÕES ASFÁLTICAS RM-2C","2017-01-01","***","***",1.75,1.2615400000000001,1.3397600000000001,1.3989100000000001]
["EMULSÕES ASFÁLTICAS RM-2C","2017-02-01","***","***","***",1.2791600000000001,1.33324,1.3247800000000001]
["EMULSÕES ASFÁLTICAS RM-2C","2017-03-01","***","***","***",1.2615400000000001,1.33324,1.33046]
["EMULSÕES ASFÁLTICAS RM-2C","2017-04-01","***","***","***",1.83,1.33324,1.3977900000000001]
["EMULSÕES ASFÁLTICAS RM-2C","2017-05-01","***","***","***","***","***","***"]
["EMULSÕES ASFÁLTICAS RM-2C","2017-06-01","***","***",1.7129300000000001,1.2615400000000001,1.33324,1.44624]
["EMULSÕES ASFÁLTICAS RM-2C","2017-07-01","***","***",1.74051,1.2787999999999999,1.33324,1.3498300000000001]
["EMULSÕES ASFÁLTICAS RM-2C","2017-08-01","***","***","***",1.25719,1.33324,1.3148899999999999]
["EMULSÕES ASFÁLTICAS RM-2C","2017-09-01","***","***","***",1.27393,"***",1.27393]
["EMULSÕES ASFÁLTICAS RM-2C","2017-10-01","***","***","***",1.85215,"***",1.85215]
["EMULSÕES ASFÁLTICAS RM-2C","2017-11-01","***","***","***",1.2741499999999999,"***",1.2741499999999999]
["EMULSÕES ASFÁLTICAS RM-2C","2017-12-01",1.89551,"***",1.85331,1.50308,"***",1.8173999999999999]
["EMULSÕES ASFÁLTICAS RM-2C","2018-01-01",1.7751600000000001,"***","***",1.34555,1.3169,1.47454]
["EMULSÕES ASFÁLTICAS RM-2C","2018-02-01",1.89551,"***","***","***",1.4080999999999999,1.75623]
["EMULSÕES ASFÁLTICAS RM-2C","2018-03-01","***","***","***",1.33629,"***",1.33629]
["EMULSÕES ASFÁLTICAS RM-2C","2018-04-01","***","***","***",1.5862700000000001,"***",1.5862700000000001]
["EMULSÕES ASFÁLTICAS RM-2C","2018-05-01","***","***","***",1.7371399999999999,"***",1.7371399999999999]
["EMULSÕES ASFÁLTICAS RM-2C","2018-06-01","***","***","***","***",1.53973,1.53973]
["EMULSÕES ASFÁLTICAS RM-2C","2018-07-01","***","***","***",1.6635800000000001,"***",1.6635800000000001]
["EMULSÕES ASFÁLTICAS RM-2C","2018-08-01","***","***","***",1.8529,"***",1.8529]
["EMULSÕES ASFÁLTICAS RM-2C","2018-09-01","***","***","***","***","***","***"]
["EMULSÕES ASFÁLTICAS RM-2C","2018-10-01","***","***","***",1.7539400000000001,"***",1.7539400000000001]
["EMULSÕES ASFÁLTICAS RM-2C","2018-11-01",2.4884200000000001,"***","***",2.0099999999999998,"***",2.22045]
["EMULSÕES ASFÁLTICAS RM-2C","2018-12-01","***","***","***",2.3347500000000001,"***",2.3347500000000001]
["EMULSÕES ASFÁLTICAS RM-2C","2019-01-01","***","***","***",1.9040699999999999,"***",1.9040699999999999]
["EMULSÕES ASFÁLTICAS RM-2C","2019-02-01","***","***","***",2.04799,2.0344199999999999,2.04453]
["EMULSÕES ASFÁLTICAS RM-2C","2019-03-01",2.4885000000000002,"***","***",2.09382,2.2371300000000001,2.1625200000000002]
["EMULSÕES ASFÁLTICAS RM-2C","2019-04-01","***","***","***",2.1404999999999998,"***",2.1404999999999998]
["EMULSÕES ASFÁLTICAS RM-2C","2019-05-01","***","***","***",2.2083499999999998,"***",2.2083499999999998]
["EMULSÕES ASFÁLTICAS RM-2C","2019-06-01","***","***",2.2194600000000002,2.1846199999999998,2.2359100000000001,2.2065999999999999]
["EMULSÕES ASFÁLTICAS RM-2C","2019-07-01",2.4278200000000001,"***",2.2601399999999998,2.1467000000000001,1.9846600000000001,2.1183700000000001]
["EMULSÕES ASFÁLTICAS RM-2C","2019-08-01","***","***",2.04508,2.0812300000000001,1.9814000000000001,2.0364300000000002]
["EMULSÕES ASFÁLTICAS RM-2C","2019-09-01",2.27074,"***",2.0441699999999998,2.0449299999999999,1.8882699999999999,2.0237599999999998]
["EMULSÕES ASFÁLTICAS RM-2C","2019-10-01","***","***","***",2.0411299999999999,1.8625499999999999,1.9817800000000001]
["EMULSÕES ASFÁLTICAS RM-2C","2019-11-01","***","***","***",2.0620799999999999,2.0069699999999999,2.05199]
["EMULSÕES ASFÁLTICAS RM-2C","2019-12-01",3.0960299999999998,"***","***",2.0891299999999999,"***",2.13395]
["EMULSÕES ASFÁLTICAS RM-2C","2020-01-01","***","***","***",2.0250499999999998,2.2354699999999998,2.0509400000000002]
["EMULSÕES ASFÁLTICAS RM-2C","2020-02-01","***","***","***",2.0299999999999998,2.01735,2.0279699999999998]
["EMULSÕES ASFÁLTICAS RM-2C","2020-03-01","***","***","***",1.8831599999999999,1.9955400000000001,1.90432]
["EMULSÕES ASFÁLTICAS RM-2C","2020-04-01","***","***","***",1.9766699999999999,"***",1.9766699999999999]
["EMULSÕES ASFÁLTICAS RM-2C","2020-05-01","***","***",2.0392299999999999,1.88917,"***",1.90863]
["EMULSÕES ASFÁLTICAS RM-2C","2020-06-01",2.3037100000000001,"***",2.1768800000000001,1.91618,2.0230999999999999,1.97435]
["EMULSÕES ASFÁLTICAS RM-2C","2020-07-01","***","***","***",1.86341,1.90381,1.86748]
["EMULSÕES ASFÁLTICAS RM-2C","2020-08-01",2.33738,"***",2.07938,2.0678100000000001,2.0712299999999999,2.1090900000000001]
["EMULSÕES ASFÁLTICAS RM-2C","2020-09-01","***","***",2.0991599999999999,2.06995,2.089,2.07646]
["EMULSÕES ASFÁLTICAS RM-2C","2020-10-01","***","***",2.07348,1.9632700000000001,1.8769499999999999,1.9569099999999999]
["EMULSÕES ASFÁLTICAS RM-2C","2020-11-01","***","***","***",2.0825100000000001,2.2443300000000002,2.0884999999999998]
["EMULSÕES ASFÁLTICAS RM-2C","2020-12-01","***","***","***",2.0532699999999999,2.2418999999999998,2.12493]
["EMULSÕES ASFÁLTICAS RM-2C","2021-01-01","***","***","***",2.1730200000000002,"***",2.1730200000000002]
["EMULSÕES ASFÁLTICAS RM-2C","2021-02-01","***","***","***",2.3661099999999999,2.3188599999999999,2.3583799999999999]
["EMULSÕES ASFÁLTICAS RM-2C","2021-03-01","***","***","***",2.1841300000000001,2.2720600000000002,2.2140599999999999]
["EMULSÕES ASFÁLTICAS RM-2C","2021-04-01","***","***",2.3127200000000001,2.31514,2.2974600000000001,2.3109299999999999]
["EMULSÕES ASFÁLTICAS RM-2C","2021-05-01",2.64208,"***","***",2.7463099999999998,2.8340200000000002,2.7665000000000002]
["EMULSÕES ASFÁLTICAS RM-2C","2021-06-01","***","***",3.08643,2.6633,2.79888,2.7263799999999998]
["EMULSÕES ASFÁLTICAS RM-2C","2021-07-01","***","***",2.66974,2.8325,2.79888,2.8178299999999998]
["EMULSÕES ASFÁLTICAS RM-2C","2021-08-01",2.8018100000000001,"***","***",2.8098900000000002,3.0114999999999998,2.8660100000000002]
["EMULSÕES ASFÁLTICAS RM-2C","2021-09-01",2.8018100000000001,"***","***",2.7629199999999998,3.0114999999999998,2.8096999999999999]
["EMULSÕES ASFÁLTICAS RM-2C","2021-10-01","***","***","***",2.9013399999999998,3.0137999999999998,2.9305300000000001]
["EMULSÕES ASFÁLTICAS RM-2C","2021-11-01","***","***","***",2.9681899999999999,3.2958099999999999,3.0598900000000002]
["EMULSÕES ASFÁLTICAS RM-2C","2021-12-01","***","***","***",2.9297,"***",2.9297]
["EMULSÕES ASFÁLTICAS RM-2C","2022-01-01","***","***","***",2.9418899999999999,"***",2.9418899999999999]
["EMULSÕES ASFÁLTICAS RM-2C","2022-02-01","***","***","***",3.2677399999999999,"***",3.2677399999999999]
["EMULSÕES ASFÁLTICAS RM-2C","2022-03-01","***","***","***",3.2588900000000001,3.3854099999999998,3.27244]
["EMULSÕES ASFÁLTICAS RM-2C","2022-04-01","***","***","***",3.1581299999999999,3.5534699999999999,3.2061899999999999]
["EMULSÕES ASFÁLTICAS RM-2C","2022-05-01","***","***",2.5024299999999999,2.90245,3.3803800000000002,2.9276]
["EMULSÕES ASFÁLTICAS RM-2C","2022-06-01","***",4.0773900000000003,"***",3.29623,3.0686399999999998,3.3023899999999999]
["EMULSÕES ASFÁLTICAS RM-2C","2022-07-01","***",3.5488900000000001,"***",3.0599699999999999,3.34416,3.11761]
["EMULSÕES ASFÁLTICAS RM-2C","2022-08-01","***","***","***",2.9758300000000002,3.3727200000000002,3.0578500000000002]
["EMULSÕES ASFÁLTICAS RM-2C","2022-09-01","***","***","***",3.11348,3.1156999999999999,3.1140099999999999]
["EMULSÕES ASFÁLTICAS RM-2C","2022-10-01","***","***","***",2.7010299999999998,3.12398,2.74627]
["EMULSÕES ASFÁLTICAS RM-2C","2022-11-01","***","***","***",2.5237799999999999,3.2123499999999998,2.5737100000000002]
["EMULSÕES ASFÁLTICAS RM-2C","2022-12-01","***","***","***",2.8252600000000001,2.99743,2.85867]
["EMULSÕES ASFÁLTICAS RM-2C","2023-01-01","***","***","***",2.74376,3.14507,2.8035899999999998]
["EMULSÕES ASFÁLTICAS RM-2C","2023-02-01","***","***","***",2.6143700000000001,3.0775899999999998,2.6694200000000001]
["EMULSÕES ASFÁLTICAS RM-2C","2023-03-01","***","***","***",2.50224,2.86822,2.5504600000000002]
["EMULSÕES ASFÁLTICAS RM-2C","2023-04-01","***","***","***",2.4362699999999999,3.0515300000000001,2.5787499999999999]
["EMULSÕES ASFÁLTICAS RM-2C","2023-05-01","***","***",2.8923800000000002,2.49926,2.8214600000000001,2.54895]
["EMULSÕES ASFÁLTICAS RM-2C","2023-06-01","***","***","***",2.3311899999999999,2.7648199999999998,2.37521]
["EMULSÕES ASFÁLTICAS RM-2C","2023-07-01","***","***","***",2.3018299999999998,2.8190200000000001,2.37351]
["EMULSÕES ASFÁLTICAS RM-2C","2023-08-01","***","***",2.8209499999999998,2.36328,2.86259,2.4495300000000002]
["EMULSÕES ASFÁLTICAS RM-2C","2023-09-01","***","***",2.9722599999999999,2.2891900000000001,3.0964700000000001,2.53593]
["EMULSÕES ASFÁLTICAS RM-2C","2023-10-01","***","***",3.03844,2.4628100000000002,3.0611299999999999,2.6231200000000001]
["EMULSÕES ASFÁLTICAS RR-1C","2008-11-01",1.14619,0.76841000000000004,1.19025,0.77788000000000002,0.96364000000000005,0.87853999999999999]
["EMULSÕES ASFÁLTICAS RR-1C","2008-12-01",1.08785,0.73656999999999995,1.10066,0.77156000000000002,0.87144999999999995,0.82979999999999998]
["EMULSÕES ASFÁLTICAS RR-1C","2009-01-01",1.4035,0.72019999999999995,0.95774000000000004,0.75841999999999998,0.83003000000000005,0.80427999999999999]
["EMULSÕES ASFÁLTICAS RR-1C","2009-02-01",1.43591,0.68654999999999999,1.13164,0.84852000000000005,0.87289000000000005,0.84731999999999996]
["EMULSÕES ASFÁLTICAS RR-1C","2009-03-01",1.4614799999999999,0.71250999999999998,0.94049000000000005,0.74175000000000002,0.80403000000000002,0.76522000000000001]
["EMULSÕES ASFÁLTICAS RR-1C","2009-04-01",1.00268,0.73567000000000005,0.94099999999999995,0.72826000000000002,0.77542999999999995,0.75614000000000003]
["EMULSÕES ASFÁLTICAS RR-1C","2009-05-01",0.92584999999999995,0.66686999999999996,1.0083800000000001,0.72321999999999997,0.75009000000000003,0.75111000000000006]
["EMULSÕES ASFÁLTICAS RR-1C","2009-06-01",1.2886599999999999,0.68408000000000002,0.96153999999999995,0.70467000000000002,0.75990999999999997,0.74756999999999996]
["EMULSÕES ASFÁLTICAS RR-1C","2009-07-01",1.18997,0.70221999999999996,1.0138499999999999,0.75444,0.79230999999999996,0.79213999999999996]
["EMULSÕES ASFÁLTICAS RR-1C","2009-08-01",1.4389099999999999,0.66410999999999998,0.93393999999999999,0.71304000000000001,0.74217999999999995,0.73389000000000004]
["EMULSÕES ASFÁLTICAS RR-1C","2009-09-01",1.09162,0.66557999999999995,0.92876000000000003,0.70347999999999999,0.74483999999999995,0.73267000000000004]
["EMULSÕES ASFÁLTICAS RR-1C","2009-10-01",1.1404000000000001,0.70040000000000002,1.1091500000000001,0.72382999999999997,0.73738999999999999,0.80284999999999995]
["EMULSÕES ASFÁLTICAS RR-1C","2009-11-01",1.2463599999999999,0.67964999999999998,1.24386,0.71455999999999997,0.73792000000000002,0.84982000000000002]
["EMULSÕES ASFÁLTICAS RR-1C","2009-12-01",1.2760499999999999,0.69743999999999995,1.27234,0.71250999999999998,0.84294999999999998,0.90820999999999996]
["EMULSÕES ASFÁLTICAS RR-1C","2010-01-01",1.3433999999999999,0.70476000000000005,1.14754,0.70001999999999998,0.77798999999999996,0.85107999999999995]
["EMULSÕES ASFÁLTICAS RR-1C","2010-02-01",1.3348,0.70811000000000002,1.04433,0.72601000000000004,0.81888000000000005,0.81247999999999998]
["EMULSÕES ASFÁLTICAS RR-1C","2010-03-01",1.1319399999999999,0.70450000000000002,1.01518,0.71906000000000003,0.84058999999999995,0.81854000000000005]
["EMULSÕES ASFÁLTICAS RR-1C","2010-04-01",1.1922200000000001,0.69633,0.94064000000000003,0.67954999999999999,0.77876999999999996,0.77502000000000004]
["EMULSÕES ASFÁLTICAS RR-1C","2010-05-01",1.1094999999999999,0.67789999999999995,0.92139000000000004,0.69462999999999997,0.72455000000000003,0.77337]
["EMULSÕES ASFÁLTICAS RR-1C","2010-06-01",0.96053999999999995,0.65764,0.85631999999999997,0.69574000000000003,0.73546999999999996,0.73595999999999995]
["EMULSÕES ASFÁLTICAS RR-1C","2010-07-01",1.0180100000000001,0.66625999999999996,0.98102999999999996,0.69588000000000005,0.71557999999999999,0.78585000000000005]
["EMULSÕES ASFÁLTICAS RR-1C","2010-08-01",0.96338000000000001,0.69096000000000002,1.0127299999999999,0.67357999999999996,0.70496999999999999,0.76778999999999997]
["EMULSÕES ASFÁLTICAS RR-1C","2010-09-01",1.0610999999999999,0.68108000000000002,0.95674000000000003,0.67693999999999999,0.73063,0.77559999999999996]
["EMULSÕES ASFÁLTICAS RR-1C","2010-10-01",1.05179,0.69074000000000002,0.89698,0.66510999999999998,0.72202999999999995,0.75944999999999996]
["EMULSÕES ASFÁLTICAS RR-1C","2010-11-01",1.06026,0.69235999999999998,0.98778999999999995,0.67310000000000003,0.76061999999999996,0.77500999999999998]
["EMULSÕES ASFÁLTICAS RR-1C","2010-12-01",1.0048699999999999,0.70235999999999998,0.94952999999999999,0.68955999999999995,0.77407999999999999,0.77571999999999997]
["EMULSÕES ASFÁLTICAS RR-1C","2011-01-01",0.82965999999999995,0.72101999999999999,0.85329999999999995,0.67574999999999996,0.71408000000000005,0.71208000000000005]
["EMULSÕES ASFÁLTICAS RR-1C","2011-02-01",0.76244999999999996,0.69764000000000004,0.82747999999999999,0.66644999999999999,0.71494999999999997,0.69464000000000004]
["EMULSÕES ASFÁLTICAS RR-1C","2011-03-01",0.98667000000000005,0.67096999999999996,0.80976000000000004,0.68022000000000005,0.70772999999999997,0.73729]
["EMULSÕES ASFÁLTICAS RR-1C","2011-04-01",0.89607999999999999,0.67007000000000005,0.69635999999999998,0.67252999999999996,0.69757999999999998,0.68798999999999999]
["EMULSÕES ASFÁLTICAS RR-1C","2011-05-01",0.83294000000000001,0.66603999999999997,0.84079000000000004,0.66385000000000005,0.73063999999999996,0.72133999999999998]
["EMULSÕES ASFÁLTICAS RR-1C","2011-06-01",0.83372999999999997,0.66974,0.91361999999999999,0.66939000000000004,0.70489000000000002,0.73192999999999997]
["EMULSÕES ASFÁLTICAS RR-1C","2011-07-01",0.91810999999999998,0.66600999999999999,0.82806999999999997,0.66659000000000002,0.68378000000000005,0.74192000000000002]
["EMULSÕES ASFÁLTICAS RR-1C","2011-08-01",0.98116999999999999,0.67378000000000005,0.90432000000000001,0.68093000000000004,0.70676000000000005,0.75836000000000003]
["EMULSÕES ASFÁLTICAS RR-1C","2011-09-01",0.82557000000000003,0.70860999999999996,0.91227999999999998,0.68215999999999999,0.70301000000000002,0.74319999999999997]
["EMULSÕES ASFÁLTICAS RR-1C","2011-10-01",0.87383999999999995,0.69682999999999995,0.98255999999999999,0.67886999999999997,0.69133,0.78490000000000004]
["EMULSÕES ASFÁLTICAS RR-1C","2011-11-01",0.77498,0.69715000000000005,0.87922,0.67273000000000005,0.69352999999999998,0.72257000000000005]
["EMULSÕES ASFÁLTICAS RR-1C","2011-12-01",0.70152000000000003,0.69306999999999996,0.86775000000000002,0.67462999999999995,0.75504000000000004,0.71625000000000005]
["EMULSÕES ASFÁLTICAS RR-1C","2012-01-01",0.76844000000000001,0.69228000000000001,0.82294,0.68393000000000004,0.71323000000000003,0.70938999999999997]
["EMULSÕES ASFÁLTICAS RR-1C","2012-02-01",0.72350000000000003,0.67664000000000002,0.85528000000000004,0.68818000000000001,0.72977999999999998,0.71433999999999997]
["EMULSÕES ASFÁLTICAS RR-1C","2012-03-01",0.88170000000000004,0.68496999999999997,0.75299000000000005,0.70035999999999998,0.73111000000000004,0.72741999999999996]
["EMULSÕES ASFÁLTICAS RR-1C","2012-04-01",0.75975999999999999,0.66849000000000003,0.71587999999999996,0.71242000000000005,0.76541999999999999,0.71863999999999995]
["EMULSÕES ASFÁLTICAS RR-1C","2012-05-01",1.0643499999999999,0.67857000000000001,0.74292999999999998,0.69133999999999995,0.73631999999999997,0.71936]
["EMULSÕES ASFÁLTICAS RR-1C","2012-06-01",0.91444000000000003,0.67393000000000003,0.76034000000000002,0.69689999999999996,0.71997999999999995,0.71480999999999995]
["EMULSÕES ASFÁLTICAS RR-1C","2012-07-01",0.96287999999999996,0.68364999999999998,0.72175999999999996,0.70728000000000002,0.76571,0.72557000000000005]
["EMULSÕES ASFÁLTICAS RR-1C","2012-08-01",0.85926999999999998,0.69930000000000003,0.78198999999999996,0.70728000000000002,0.76666000000000001,0.73119000000000001]
["EMULSÕES ASFÁLTICAS RR-1C","2012-09-01",1.1816500000000001,0.70913000000000004,0.78312000000000004,0.73277000000000003,0.75068999999999997,0.75163999999999997]
["EMULSÕES ASFÁLTICAS RR-1C","2012-10-01",1.0021,0.72484000000000004,0.77088000000000001,0.72294000000000003,0.74429000000000001,0.74021999999999999]
["EMULSÕES ASFÁLTICAS RR-1C","2012-11-01",0.88046999999999997,0.75226000000000004,0.74482000000000004,0.72831000000000001,0.75895999999999997,0.74595999999999996]
["EMULSÕES ASFÁLTICAS RR-1C","2012-12-01",0.71948999999999996,0.72101999999999999,0.64859,0.68064000000000002,0.84492999999999996,0.70982000000000001]
["EMULSÕES ASFÁLTICAS RR-1C","2013-01-01",1.0986199999999999,0.69257000000000002,0.79603000000000002,0.74031000000000002,0.86487000000000003,0.78032000000000001]
["EMULSÕES ASFÁLTICAS RR-1C","2013-02-01",1.10571,0.69772999999999996,0.72684000000000004,0.72355999999999998,0.85496000000000005,0.75329000000000002]
["EMULSÕES ASFÁLTICAS RR-1C","2013-03-01",0.83818000000000004,0.70443999999999996,0.66127000000000002,0.71419999999999995,0.85067000000000004,0.73914000000000002]
["EMULSÕES ASFÁLTICAS RR-1C","2013-04-01",1.0802700000000001,0.70594000000000001,0.61453999999999998,0.73231999999999997,0.83660999999999996,0.74221000000000004]
["EMULSÕES ASFÁLTICAS RR-1C","2013-05-01",1.2172799999999999,0.69855999999999996,0.67484999999999995,0.71455000000000002,0.88163000000000002,0.74973999999999996]
["EMULSÕES ASFÁLTICAS RR-1C","2013-06-01",1.10561,0.70289000000000001,0.71330000000000005,0.70930000000000004,0.89519000000000004,0.75451000000000001]
["EMULSÕES ASFÁLTICAS RR-1C","2013-07-01",1.2564,0.71247000000000005,0.6079,0.69625000000000004,0.84328999999999998,0.72648999999999997]
["EMULSÕES ASFÁLTICAS RR-1C","2013-08-01",1.14415,0.71436999999999995,0.67444000000000004,0.73599999999999999,0.85562000000000005,0.75588999999999995]
["EMULSÕES ASFÁLTICAS RR-1C","2013-09-01",1.01379,0.78376999999999997,0.77059999999999995,0.74787999999999999,0.85867000000000004,0.78634000000000004]
["EMULSÕES ASFÁLTICAS RR-1C","2013-10-01",1.1110599999999999,0.87955000000000005,0.75033000000000005,0.75309999999999999,0.83847000000000005,0.80832000000000004]
["EMULSÕES ASFÁLTICAS RR-1C","2013-11-01",0.94925000000000004,0.87956000000000001,0.76776999999999995,0.77300999999999997,0.80769999999999997,0.81252999999999997]
["EMULSÕES ASFÁLTICAS RR-1C","2013-12-01",0.89690999999999999,0.90225,0.75180000000000002,0.76873000000000002,0.86631000000000002,0.82852999999999999]
["EMULSÕES ASFÁLTICAS RR-1C","2014-01-01",1.08924,0.86673999999999995,0.88348000000000004,0.78327000000000002,0.80284,0.83789999999999998]
["EMULSÕES ASFÁLTICAS RR-1C","2014-02-01",1.19722,0.87246999999999997,0.79788999999999999,0.77388000000000001,0.84616000000000002,0.81779000000000002]
["EMULSÕES ASFÁLTICAS RR-1C","2014-03-01",1.04515,0.80589999999999995,0.83338000000000001,0.77888999999999997,0.86426000000000003,0.81455999999999995]
["EMULSÕES ASFÁLTICAS RR-1C","2014-04-01",0.80889,0.91934000000000005,0.78996999999999995,0.77585999999999999,0.8407,0.81630999999999998]
["EMULSÕES ASFÁLTICAS RR-1C","2014-05-01",0.73614999999999997,0.8367,0.8952,0.75029000000000001,0.86434999999999995,0.80149999999999999]
["EMULSÕES ASFÁLTICAS RR-1C","2014-06-01",1.1539900000000001,0.81257999999999997,0.80186999999999997,0.74700999999999995,0.84638000000000002,0.78827000000000003]
["EMULSÕES ASFÁLTICAS RR-1C","2014-07-01",1.1934100000000001,0.84985999999999995,0.78646000000000005,0.74053999999999998,0.82323999999999997,0.78702000000000005]
["EMULSÕES ASFÁLTICAS RR-1C","2014-08-01",1.07331,0.73787999999999998,0.78335999999999995,0.75495000000000001,0.85311999999999999,0.79368000000000005]
["EMULSÕES ASFÁLTICAS RR-1C","2014-09-01",1.3248200000000001,0.76482000000000006,0.90903999999999996,0.75814999999999999,0.87056999999999995,0.82213999999999998]
["EMULSÕES ASFÁLTICAS RR-1C","2014-10-01",1.37738,0.79454999999999998,0.81108000000000002,0.72516000000000003,0.80901999999999996,0.78730999999999995]
["EMULSÕES ASFÁLTICAS RR-1C","2014-11-01",1.0855600000000001,0.83919999999999995,0.82586000000000004,0.74177999999999999,0.88058000000000003,0.82225000000000004]
["EMULSÕES ASFÁLTICAS RR-1C","2014-12-01",1.23376,0.91893999999999998,0.85153999999999996,0.82782999999999995,0.94018000000000002,0.89476999999999995]
["EMULSÕES ASFÁLTICAS RR-1C","2015-01-01",1.2718,1.1192599999999999,1.2016199999999999,0.90776999999999997,0.99709000000000003,0.99121999999999999]
["EMULSÕES ASFÁLTICAS RR-1C","2015-02-01",1.1330800000000001,1.0544100000000001,1.1385000000000001,0.92559000000000002,1.0668899999999999,1.0004999999999999]
["EMULSÕES ASFÁLTICAS RR-1C","2015-03-01",1.3890899999999999,0.99919999999999998,1.1228499999999999,0.93867,1.0773900000000001,1.01675]
["EMULSÕES ASFÁLTICAS RR-1C","2015-04-01",2.0947499999999999,1.0674600000000001,1.0225599999999999,0.92130000000000001,1.0633300000000001,0.99478999999999995]
["EMULSÕES ASFÁLTICAS RR-1C","2015-05-01",1.40672,1.0297700000000001,1.02512,0.89329999999999998,0.97392000000000001,0.96308000000000005]
["EMULSÕES ASFÁLTICAS RR-1C","2015-06-01",1.4724699999999999,1.0091600000000001,1.0931,0.91224000000000005,1.04511,1.0181100000000001]
["EMULSÕES ASFÁLTICAS RR-1C","2015-07-01",1.28545,1.03925,0.95167999999999997,0.84126000000000001,1.0025999999999999,0.92725000000000002]
["EMULSÕES ASFÁLTICAS RR-1C","2015-08-01",1.2441800000000001,1.13327,1.0791200000000001,0.88927,1.0610200000000001,0.98960000000000004]
["EMULSÕES ASFÁLTICAS RR-1C","2015-09-01",1.48011,1.0311999999999999,1.1086499999999999,0.94525000000000003,1.1208100000000001,1.03383]
["EMULSÕES ASFÁLTICAS RR-1C","2015-10-01",1.11531,1.17431,1.1786399999999999,0.98124,1.18177,1.06646]
["EMULSÕES ASFÁLTICAS RR-1C","2015-11-01",1.16317,1.2891999999999999,1.26414,1.0925400000000001,1.2281899999999999,1.17492]
["EMULSÕES ASFÁLTICAS RR-1C","2015-12-01",1.4940800000000001,1.3654999999999999,1.1662300000000001,1.0952599999999999,1.26285,1.19923]
["EMULSÕES ASFÁLTICAS RR-1C","2016-01-01",1.40154,1.2289699999999999,1.3744499999999999,1.0867199999999999,1.1797,1.1482399999999999]
["EMULSÕES ASFÁLTICAS RR-1C","2016-02-01",1.5451999999999999,1.26745,1.5475300000000001,1.11063,1.1878,1.1810400000000001]
["EMULSÕES ASFÁLTICAS RR-1C","2016-03-01",1.46939,1.27325,1.3389,1.0948199999999999,1.2045399999999999,1.16761]
["EMULSÕES ASFÁLTICAS RR-1C","2016-04-01",1.63452,1.41635,1.39567,1.2099899999999999,1.29914,1.26969]
["EMULSÕES ASFÁLTICAS RR-1C","2016-05-01",1.89842,1.39375,1.3543400000000001,1.2116499999999999,1.32325,1.2776700000000001]
["EMULSÕES ASFÁLTICAS RR-1C","2016-06-01",1.77139,1.29661,1.37029,1.20635,1.31436,1.2741]
["EMULSÕES ASFÁLTICAS RR-1C","2016-07-01",1.5538000000000001,1.2256899999999999,1.415,1.19855,1.30084,1.2498199999999999]
["EMULSÕES ASFÁLTICAS RR-1C","2016-08-01",1.65682,1.10188,1.46882,1.20665,1.2973699999999999,1.2641500000000001]
["EMULSÕES ASFÁLTICAS RR-1C","2016-09-01",1.77312,1.1322000000000001,1.48909,1.1408700000000001,1.1234900000000001,1.1711499999999999]
["EMULSÕES ASFÁLTICAS RR-1C","2016-10-01",1.23207,1.18713,1.3819900000000001,1.1197699999999999,1.13079,1.16283]
["EMULSÕES ASFÁLTICAS RR-1C","2016-11-01",1.54434,1.08727,1.4676400000000001,1.1199600000000001,1.1368499999999999,1.16282]
["EMULSÕES ASFÁLTICAS RR-1C","2016-12-01",1.5430699999999999,0.97824,1.51573,1.09121,1.13663,1.11894]
["EMULSÕES ASFÁLTICAS RR-1C","2017-01-01",1.6055299999999999,1.1315999999999999,1.32362,1.1104000000000001,1.07961,1.1109]
["EMULSÕES ASFÁLTICAS RR-1C","2017-02-01",1.89042,0.94496999999999998,1.49607,1.11314,1.1369100000000001,1.11991]
["EMULSÕES ASFÁLTICAS RR-1C","2017-03-01",1.9339900000000001,1.11778,1.37473,1.0993999999999999,1.12191,1.1447099999999999]
["EMULSÕES ASFÁLTICAS RR-1C","2017-04-01",1.2115800000000001,1.1688099999999999,1.33945,1.11025,1.0966,1.1319999999999999]
["EMULSÕES ASFÁLTICAS RR-1C","2017-05-01",1.29915,1.1579900000000001,1.3260400000000001,1.0828199999999999,1.09873,1.13056]
["EMULSÕES ASFÁLTICAS RR-1C","2017-06-01",1.76702,1.1659299999999999,1.3932100000000001,1.0809500000000001,1.0882000000000001,1.1718500000000001]
["EMULSÕES ASFÁLTICAS RR-1C","2017-07-01",1.74396,1.15351,1.3320099999999999,1.0685800000000001,1.0938000000000001,1.19008]
["EMULSÕES ASFÁLTICAS RR-1C","2017-08-01",1.7559400000000001,1.13998,1.2878499999999999,1.0949199999999999,1.0753999999999999,1.1872799999999999]
["EMULSÕES ASFÁLTICAS RR-1C","2017-09-01",1.6860299999999999,1.17334,1.4368300000000001,1.05623,1.1090899999999999,1.18093]
["EMULSÕES ASFÁLTICAS RR-1C","2017-10-01",1.7821,1.1261399999999999,1.50796,1.0986199999999999,1.0798700000000001,1.25301]
["EMULSÕES ASFÁLTICAS RR-1C","2017-11-01",1.8204,1.17395,1.6195299999999999,1.18957,1.16919,1.29857]
["EMULSÕES ASFÁLTICAS RR-1C","2017-12-01",1.98925,1.22428,1.5625500000000001,1.2056,1.23804,1.3907799999999999]
["EMULSÕES ASFÁLTICAS RR-1C","2018-01-01",1.9733000000000001,1.2430399999999999,1.52138,1.2112700000000001,1.2504999999999999,1.3286199999999999]
["EMULSÕES ASFÁLTICAS RR-1C","2018-02-01",2.09992,1.24794,1.41086,1.1767000000000001,1.24729,1.2866899999999999]
["EMULSÕES ASFÁLTICAS RR-1C","2018-03-01",1.93262,1.2164299999999999,1.4251199999999999,1.19926,1.24847,1.2792399999999999]
["EMULSÕES ASFÁLTICAS RR-1C","2018-04-01",2.01193,1.2311000000000001,1.48384,1.1769700000000001,1.26085,1.30955]
["EMULSÕES ASFÁLTICAS RR-1C","2018-05-01",2.0473499999999998,1.2953600000000001,1.4781899999999999,1.25969,1.28569,1.3682099999999999]
["EMULSÕES ASFÁLTICAS RR-1C","2018-06-01",1.9901199999999999,1.3999200000000001,1.53623,1.28746,1.3424,1.3849899999999999]
["EMULSÕES ASFÁLTICAS RR-1C","2018-07-01",2.0659100000000001,1.4309700000000001,1.62426,1.41831,1.45183,1.5318099999999999]
["EMULSÕES ASFÁLTICAS RR-1C","2018-08-01",2.16717,1.6505099999999999,1.7798499999999999,1.51515,1.5526899999999999,1.68584]
["EMULSÕES ASFÁLTICAS RR-1C","2018-09-01",2.2535500000000002,1.7104699999999999,1.7777499999999999,1.49383,1.56396,1.6543000000000001]
["EMULSÕES ASFÁLTICAS RR-1C","2018-10-01",2.2851599999999999,1.68788,1.6171199999999999,1.5367900000000001,1.5846800000000001,1.65859]
["EMULSÕES ASFÁLTICAS RR-1C","2018-11-01",2.5867200000000001,1.7802800000000001,1.92014,1.6847799999999999,1.70221,1.81212]
["EMULSÕES ASFÁLTICAS RR-1C","2018-12-01",2.3512499999999998,1.8444400000000001,1.7330300000000001,1.6817500000000001,1.7472099999999999,1.7741400000000001]
["EMULSÕES ASFÁLTICAS RR-1C","2019-01-01",2.0687099999999998,1.89523,2.06698,1.7076899999999999,1.7790600000000001,1.78084]
["EMULSÕES ASFÁLTICAS RR-1C","2019-02-01",2.0223200000000001,1.9319999999999999,2.1477200000000001,1.8965399999999999,1.9309400000000001,1.9369099999999999]
["EMULSÕES ASFÁLTICAS RR-1C","2019-03-01",2.2524500000000001,1.9399500000000001,2.1444200000000002,1.8834599999999999,1.8998900000000001,1.9251400000000001]
["EMULSÕES ASFÁLTICAS RR-1C","2019-04-01",2.1286999999999998,1.998,2.1748799999999999,1.87205,1.92797,1.93702]
["EMULSÕES ASFÁLTICAS RR-1C","2019-05-01",2.2397399999999998,1.9352499999999999,2.0646200000000001,1.90744,1.9559200000000001,1.9624600000000001]
["EMULSÕES ASFÁLTICAS RR-1C","2019-06-01",2.4906700000000002,1.96384,2.14479,1.8541300000000001,1.92041,2.0190999999999999]
["EMULSÕES ASFÁLTICAS RR-1C","2019-07-01",2.75196,1.8146100000000001,2.1238899999999998,1.88341,1.9674100000000001,2.0915499999999998]
["EMULSÕES ASFÁLTICAS RR-1C","2019-08-01",2.8825799999999999,1.7675799999999999,1.9548099999999999,1.7978000000000001,1.86564,1.9977]
["EMULSÕES ASFÁLTICAS RR-1C","2019-09-01",2.5821299999999998,1.8059000000000001,2.0088900000000001,1.9159200000000001,1.8371299999999999,2.02217]
["EMULSÕES ASFÁLTICAS RR-1C","2019-10-01",2.4494699999999998,1.8659600000000001,1.97749,1.81254,1.80017,1.92587]
["EMULSÕES ASFÁLTICAS RR-1C","2019-11-01",2.84259,1.7830999999999999,2.1317200000000001,1.8196099999999999,1.85175,2.00665]
["EMULSÕES ASFÁLTICAS RR-1C","2019-12-01",2.4724400000000002,1.77715,1.9883500000000001,1.8853200000000001,1.8518300000000001,1.9626399999999999]
["EMULSÕES ASFÁLTICAS RR-1C","2020-01-01",2.6174300000000001,1.78667,1.93618,1.8431599999999999,1.86988,1.9449700000000001]
["EMULSÕES ASFÁLTICAS RR-1C","2020-02-01",2.8933599999999999,1.7428399999999999,2.0062799999999998,1.7864599999999999,1.7488300000000001,1.92865]
["EMULSÕES ASFÁLTICAS RR-1C","2020-03-01",2.2749100000000002,1.7050000000000001,1.8660600000000001,1.76312,1.7080599999999999,1.7863500000000001]
["EMULSÕES ASFÁLTICAS RR-1C","2020-04-01",1.9611099999999999,1.6379600000000001,2.0078299999999998,1.7373799999999999,1.67882,1.75136]
["EMULSÕES ASFÁLTICAS RR-1C","2020-05-01",2.0337399999999999,1.6547799999999999,1.90151,1.68272,1.6614800000000001,1.7406600000000001]
["EMULSÕES ASFÁLTICAS RR-1C","2020-06-01",2.2046000000000001,1.68058,1.82395,1.6544000000000001,1.61676,1.7581599999999999]
["EMULSÕES ASFÁLTICAS RR-1C","2020-07-01",2.5070000000000001,1.6162700000000001,1.8233699999999999,1.6535500000000001,1.6830499999999999,1.8704499999999999]
["EMULSÕES ASFÁLTICAS RR-1C","2020-08-01",2.4917899999999999,1.74688,1.92788,1.72174,1.78024,1.9240299999999999]
["EMULSÕES ASFÁLTICAS RR-1C","2020-09-01",2.3584299999999998,1.7658,1.9576,1.7436700000000001,1.7529999999999999,1.87635]
["EMULSÕES ASFÁLTICAS RR-1C","2020-10-01",2.5568900000000001,1.76969,2.0094599999999998,1.7937700000000001,1.72187,1.9580599999999999]
["EMULSÕES ASFÁLTICAS RR-1C","2020-11-01",2.73563,1.93079,2.0352299999999999,1.82988,1.8590800000000001,2.0679599999999998]
["EMULSÕES ASFÁLTICAS RR-1C","2020-12-01",2.7671100000000002,1.9033199999999999,2.1622699999999999,1.82934,1.8843399999999999,2.4552100000000001]
["EMULSÕES ASFÁLTICAS RR-1C","2021-01-01",2.6858900000000001,1.877,2.0615700000000001,1.8715599999999999,1.8567,2.2742499999999999]
["EMULSÕES ASFÁLTICAS RR-1C","2021-02-01",2.86578,2.052,2.2528299999999999,1.96044,1.88242,2.3005100000000001]
["EMULSÕES ASFÁLTICAS RR-1C","2021-03-01",3.0249199999999998,2.0842299999999998,2.0668099999999998,1.95669,1.9640299999999999,2.40713]
["EMULSÕES ASFÁLTICAS RR-1C","2021-04-01",2.7492999999999999,2.0061800000000001,2.2219699999999998,1.95974,1.9507300000000001,2.3222100000000001]
["EMULSÕES ASFÁLTICAS RR-1C","2021-05-01",3.1200800000000002,2.5082100000000001,2.44015,2.3610199999999999,2.2611400000000001,2.6576]
["EMULSÕES ASFÁLTICAS RR-1C","2021-06-01",3.1263299999999998,2.4171999999999998,2.3939599999999999,2.3229299999999999,2.3720699999999999,2.7406299999999999]
["EMULSÕES ASFÁLTICAS RR-1C","2021-07-01",3.3433799999999998,2.4163999999999999,2.5552100000000002,2.3534099999999998,2.3952399999999998,2.9432399999999999]
["EMULSÕES ASFÁLTICAS RR-1C","2021-08-01",3.4928499999999998,2.6085799999999999,2.66614,2.5029499999999998,2.4650400000000001,3.0962800000000001]
["EMULSÕES ASFÁLTICAS RR-1C","2021-09-01",3.39778,2.5812499999999998,2.71435,2.5313099999999999,2.4611100000000001,3.0300500000000001]
["EMULSÕES ASFÁLTICAS RR-1C","2021-10-01",3.3623699999999999,2.6069200000000001,2.51803,2.53627,2.5364900000000001,3.0171100000000002]
["EMULSÕES ASFÁLTICAS RR-1C","2021-11-01",3.4521199999999999,2.82023,2.6760999999999999,2.7286199999999998,2.7640500000000001,3.22275]
["EMULSÕES ASFÁLTICAS RR-1C","2021-12-01",3.7255500000000001,2.8130199999999999,2.9570799999999999,2.7770999999999999,2.8673099999999998,3.3303400000000001]
["EMULSÕES ASFÁLTICAS RR-1C","2022-01-01",3.6476700000000002,2.8037800000000002,3.0954999999999999,2.8180100000000001,2.75162,3.1838799999999998]
["EMULSÕES ASFÁLTICAS RR-1C","2022-02-01",3.9100299999999999,3.0031400000000001,3.5929799999999998,2.9758800000000001,2.9933100000000001,3.3365300000000002]
["EMULSÕES ASFÁLTICAS RR-1C","2022-03-01",4.2870299999999997,3.2820100000000001,2.9357799999999998,3.0189699999999999,2.9340000000000002,3.51722]
["EMULSÕES ASFÁLTICAS RR-1C","2022-04-01",4.0835100000000004,3.59083,3.4177499999999998,3.1149800000000001,2.9741,3.4642499999999998]
["EMULSÕES ASFÁLTICAS RR-1C","2022-05-01",4.1192099999999998,3.9418700000000002,3.3636400000000002,3.0939399999999999,3.00467,3.5074800000000002]
["EMULSÕES ASFÁLTICAS RR-1C","2022-06-01",4.1097900000000003,3.7706300000000001,3.3917199999999998,3.06785,3.0347,3.5593900000000001]
["EMULSÕES ASFÁLTICAS RR-1C","2022-07-01",4.2199200000000001,3.8077800000000002,3.4131200000000002,3.0925600000000002,2.9306000000000001,3.5838000000000001]
["EMULSÕES ASFÁLTICAS RR-1C","2022-08-01",4.07186,4.0774400000000002,3.3608699999999998,3.1681400000000002,3.0182600000000002,3.5831499999999998]
["EMULSÕES ASFÁLTICAS RR-1C","2022-09-01",3.7545799999999998,3.9554200000000002,3.3313299999999999,3.0107499999999998,2.8184900000000002,3.40157]
["EMULSÕES ASFÁLTICAS RR-1C","2022-10-01",4.3218500000000004,3.8054000000000001,2.76213,2.8993799999999998,2.68587,3.5475699999999999]
["EMULSÕES ASFÁLTICAS RR-1C","2022-11-01",3.25766,4.13835,3.0710000000000002,2.6916600000000002,2.6425200000000002,3.19129]
["EMULSÕES ASFÁLTICAS RR-1C","2022-12-01",3.3948900000000002,4.2552300000000001,3.20573,2.8333599999999999,2.5506700000000002,3.4184100000000002]
["EMULSÕES ASFÁLTICAS RR-1C","2023-01-01",3.5664500000000001,3.5682200000000002,2.87188,2.6191200000000001,2.4621499999999998,3.00102]
["EMULSÕES ASFÁLTICAS RR-1C","2023-02-01",4.5959500000000002,3.5569099999999998,2.8922599999999998,2.59124,2.3104300000000002,3.1905999999999999]
["EMULSÕES ASFÁLTICAS RR-1C","2023-03-01",3.6466500000000002,3.39846,3.1330900000000002,2.42822,2.3026399999999998,2.8770199999999999]
["EMULSÕES ASFÁLTICAS RR-1C","2023-04-01",3.0298600000000002,3.45669,3.0581399999999999,2.4460000000000002,2.3075600000000001,2.8041399999999999]
["EMULSÕES ASFÁLTICAS RR-1C","2023-05-01",4.0740400000000001,3.3317600000000001,2.7561800000000001,2.4201700000000002,2.2049400000000001,2.7583700000000002]
["EMULSÕES ASFÁLTICAS RR-1C","2023-06-01",4.0367899999999999,3.2388499999999998,2.7517999999999998,2.34152,2.2262,3.1032000000000002]
["EMULSÕES ASFÁLTICAS RR-1C","2023-07-01",3.8529900000000001,3.14832,2.8254600000000001,2.2740999999999998,2.25488,2.8750300000000002]
["EMULSÕES ASFÁLTICAS RR-1C","2023-08-01",3.9178700000000002,3.1895699999999998,2.7467299999999999,2.2504300000000002,2.2239499999999999,2.8054100000000002]
["EMULSÕES ASFÁLTICAS RR-1C","2023-09-01",3.9033099999999998,3.3607499999999999,2.78409,2.3943099999999999,2.3614099999999998,3.0373999999999999]
["EMULSÕES ASFÁLTICAS RR-1C","2023-10-01",3.88775,3.4503200000000001,2.7490700000000001,2.3787400000000001,2.3323200000000002,3.1345900000000002]
["EMULSÕES ASFÁLTICAS RR-2C","2008-11-01",1.1859999999999999,0.77766999999999997,1.03566,0.87875000000000003,0.87899000000000005,0.93776000000000004]
["EMULSÕES ASFÁLTICAS RR-2C","2008-12-01",1.02769,0.78476000000000001,1.03338,0.92244000000000004,0.82038999999999995,0.91252999999999995]
["EMULSÕES ASFÁLTICAS RR-2C","2009-01-01",1.0510600000000001,0.77785000000000004,1.0325200000000001,0.88465000000000005,0.79964999999999997,0.88473000000000002]
["EMULSÕES ASFÁLTICAS RR-2C","2009-02-01",0.96216999999999997,0.76614000000000004,1.0474699999999999,0.83774999999999999,0.80466000000000004,0.84501999999999999]
["EMULSÕES ASFÁLTICAS RR-2C","2009-03-01",0.98514999999999997,0.77842999999999996,1.06369,0.84045999999999998,0.80125999999999997,0.86400999999999994]
["EMULSÕES ASFÁLTICAS RR-2C","2009-04-01",1.0495399999999999,0.76861000000000002,1.15151,0.85306999999999999,0.80613000000000001,0.87717000000000001]
["EMULSÕES ASFÁLTICAS RR-2C","2009-05-01",1.0193300000000001,0.75773000000000001,1.12277,0.74561999999999995,0.78983000000000003,0.85963000000000001]
["EMULSÕES ASFÁLTICAS RR-2C","2009-06-01",1.0861099999999999,0.74426999999999999,1.0554399999999999,0.72785999999999995,0.76176999999999995,0.84753999999999996]
["EMULSÕES ASFÁLTICAS RR-2C","2009-07-01",1.28498,0.74038000000000004,1.10941,0.78793000000000002,0.79164000000000001,0.92135]
["EMULSÕES ASFÁLTICAS RR-2C","2009-08-01",1.0892299999999999,0.72008000000000005,1.0215099999999999,0.81830999999999998,0.77978999999999998,0.88339000000000001]
["EMULSÕES ASFÁLTICAS RR-2C","2009-09-01",1.09419,0.71521999999999997,1.0263800000000001,0.82164000000000004,0.77327000000000001,0.87073]
["EMULSÕES ASFÁLTICAS RR-2C","2009-10-01",0.94038999999999995,0.73884000000000005,1.03193,0.82357999999999998,0.76034999999999997,0.89900000000000002]
["EMULSÕES ASFÁLTICAS RR-2C","2009-11-01",1.0568500000000001,0.73204000000000002,1.0771299999999999,0.79052999999999995,0.77119000000000004,0.85607]
["EMULSÕES ASFÁLTICAS RR-2C","2009-12-01",1.12924,0.73689000000000004,1.02868,0.77170000000000005,0.75505999999999995,0.82469999999999999]
["EMULSÕES ASFÁLTICAS RR-2C","2010-01-01",1.0499499999999999,0.72338000000000002,1.0445800000000001,0.77246000000000004,0.75617000000000001,0.79349000000000003]
["EMULSÕES ASFÁLTICAS RR-2C","2010-02-01",1.05487,0.72431000000000001,0.99573,0.76339999999999997,0.75163999999999997,0.78796999999999995]
["EMULSÕES ASFÁLTICAS RR-2C","2010-03-01",1.0236700000000001,0.72143000000000002,1.03345,0.75139,0.75360000000000005,0.78905000000000003]
["EMULSÕES ASFÁLTICAS RR-2C","2010-04-01",1.0246999999999999,0.72545999999999999,1.0163500000000001,0.77293000000000001,0.76992000000000005,0.80569000000000002]
["EMULSÕES ASFÁLTICAS RR-2C","2010-05-01",1.0625500000000001,0.71130000000000004,1.0107999999999999,0.75961999999999996,0.77512999999999999,0.82306000000000001]
["EMULSÕES ASFÁLTICAS RR-2C","2010-06-01",0.89863999999999999,0.69789000000000001,0.93440999999999996,0.76595999999999997,0.75494000000000006,0.80327999999999999]
["EMULSÕES ASFÁLTICAS RR-2C","2010-07-01",0.88636999999999999,0.69257999999999997,0.93171999999999999,0.76885999999999999,0.76685999999999999,0.80928]
["EMULSÕES ASFÁLTICAS RR-2C","2010-08-01",0.88956999999999997,0.69933000000000001,0.91444999999999999,0.71328999999999998,0.77107000000000003,0.79191]
["EMULSÕES ASFÁLTICAS RR-2C","2010-09-01",0.92245999999999995,0.69930000000000003,0.90654999999999997,0.73079000000000005,0.76261000000000001,0.80159000000000002]
["EMULSÕES ASFÁLTICAS RR-2C","2010-10-01",0.88743000000000005,0.71023000000000003,0.91478000000000004,0.73570999999999998,0.73555000000000004,0.79923999999999995]
["EMULSÕES ASFÁLTICAS RR-2C","2010-11-01",0.91442999999999997,0.70657000000000003,0.91120000000000001,0.73841000000000001,0.74478999999999995,0.79090000000000005]
["EMULSÕES ASFÁLTICAS RR-2C","2010-12-01",0.89985000000000004,0.70372000000000001,0.94916999999999996,0.76393999999999995,0.74439999999999995,0.78146000000000004]
["EMULSÕES ASFÁLTICAS RR-2C","2011-01-01",0.95069999999999999,0.71194000000000002,0.99751000000000001,0.75202000000000002,0.73553999999999997,0.76546000000000003]
["EMULSÕES ASFÁLTICAS RR-2C","2011-02-01",0.98821999999999999,0.71504999999999996,0.94460999999999995,0.74246999999999996,0.73921000000000003,0.76926000000000005]
["EMULSÕES ASFÁLTICAS RR-2C","2011-03-01",0.99590000000000001,0.71760000000000002,0.95430000000000004,0.73023000000000005,0.72199000000000002,0.75882000000000005]
["EMULSÕES ASFÁLTICAS RR-2C","2011-04-01",0.98387999999999998,0.70603000000000005,0.86260000000000003,0.71370999999999996,0.74390000000000001,0.76248000000000005]
["EMULSÕES ASFÁLTICAS RR-2C","2011-05-01",0.91615000000000002,0.68271999999999999,0.87622999999999995,0.72294000000000003,0.74907999999999997,0.77400999999999998]
["EMULSÕES ASFÁLTICAS RR-2C","2011-06-01",0.94781000000000004,0.67118999999999995,0.92569999999999997,0.72568999999999995,0.74473999999999996,0.80628]
["EMULSÕES ASFÁLTICAS RR-2C","2011-07-01",0.79337999999999997,0.64305000000000001,0.93300000000000005,0.72502,0.74470999999999998,0.78729000000000005]
["EMULSÕES ASFÁLTICAS RR-2C","2011-08-01",0.79654000000000003,0.66466000000000003,0.90937000000000001,0.72233999999999998,0.73924999999999996,0.78273999999999999]
["EMULSÕES ASFÁLTICAS RR-2C","2011-09-01",0.89863000000000004,0.67364999999999997,0.90888999999999998,0.67401999999999995,0.73684000000000005,0.77544000000000002]
["EMULSÕES ASFÁLTICAS RR-2C","2011-10-01",0.92081999999999997,0.67945,0.91163000000000005,0.69711000000000001,0.74114999999999998,0.78669]
["EMULSÕES ASFÁLTICAS RR-2C","2011-11-01",0.91827000000000003,0.66593000000000002,0.92234000000000005,0.71181000000000005,0.73899000000000004,0.79274999999999995]
["EMULSÕES ASFÁLTICAS RR-2C","2011-12-01",0.87178,0.67737000000000003,0.96701999999999999,0.74914999999999998,0.73882999999999999,0.78863000000000005]
["EMULSÕES ASFÁLTICAS RR-2C","2012-01-01",0.90680000000000005,0.68947999999999998,0.94618000000000002,0.75122999999999995,0.76136000000000004,0.75863999999999998]
["EMULSÕES ASFÁLTICAS RR-2C","2012-02-01",0.87910999999999995,0.69589000000000001,0.95726999999999995,0.73780999999999997,0.75666,0.75744999999999996]
["EMULSÕES ASFÁLTICAS RR-2C","2012-03-01",0.89278000000000002,0.69994999999999996,0.92661000000000004,0.76317000000000002,0.78071999999999997,0.78083000000000002]
["EMULSÕES ASFÁLTICAS RR-2C","2012-04-01",0.90095000000000003,0.70786000000000004,0.91844000000000003,0.75190000000000001,0.77546000000000004,0.77891999999999995]
["EMULSÕES ASFÁLTICAS RR-2C","2012-05-01",1.28457,0.71313000000000004,0.93242000000000003,0.75785000000000002,0.75602999999999998,0.82220000000000004]
["EMULSÕES ASFÁLTICAS RR-2C","2012-06-01",0.92045999999999994,0.71714,0.94328000000000001,0.74512999999999996,0.78771000000000002,0.83469000000000004]
["EMULSÕES ASFÁLTICAS RR-2C","2012-07-01",1.0769599999999999,0.71986000000000006,0.94530999999999998,0.74568000000000001,0.82667000000000002,0.82342000000000004]
["EMULSÕES ASFÁLTICAS RR-2C","2012-08-01",1.04471,0.74404999999999999,0.95828999999999998,0.75038000000000005,0.79474,0.83772000000000002]
["EMULSÕES ASFÁLTICAS RR-2C","2012-09-01",1.1105700000000001,0.76415999999999995,0.96569000000000005,0.78219000000000005,0.80700000000000005,0.86553999999999998]
["EMULSÕES ASFÁLTICAS RR-2C","2012-10-01",0.89651999999999998,0.76482000000000006,0.98309000000000002,0.77756999999999998,0.80183000000000004,0.86389000000000005]
["EMULSÕES ASFÁLTICAS RR-2C","2012-11-01",0.98353999999999997,0.77503999999999995,1.0105200000000001,0.79271999999999998,0.82121999999999995,0.86955000000000005]
["EMULSÕES ASFÁLTICAS RR-2C","2012-12-01",0.92596000000000001,0.76622999999999997,1.0014099999999999,0.75187999999999999,0.82608999999999999,0.83669000000000004]
["EMULSÕES ASFÁLTICAS RR-2C","2013-01-01",0.95774999999999999,0.75588,1.0427900000000001,0.79644000000000004,0.84616999999999998,0.82887]
["EMULSÕES ASFÁLTICAS RR-2C","2013-02-01",1.04064,0.74758999999999998,0.99507999999999996,0.78625999999999996,0.79784999999999995,0.80672999999999995]
["EMULSÕES ASFÁLTICAS RR-2C","2013-03-01",1.0105500000000001,0.73894000000000004,1.01311,0.76949000000000001,0.80933999999999995,0.80615999999999999]
["EMULSÕES ASFÁLTICAS RR-2C","2013-04-01",1.0281100000000001,0.75066999999999995,1.00136,0.76856000000000002,0.82338,0.82599]
["EMULSÕES ASFÁLTICAS RR-2C","2013-05-01",1.01206,0.75170999999999999,1.01494,0.78690000000000004,0.83743999999999996,0.85694000000000004]
["EMULSÕES ASFÁLTICAS RR-2C","2013-06-01",1.0984499999999999,0.76459999999999995,1.02301,0.75009000000000003,0.83492,0.87848000000000004]
["EMULSÕES ASFÁLTICAS RR-2C","2013-07-01",0.77393000000000001,0.77878000000000003,0.99878,0.79508999999999996,0.82813999999999999,0.86816000000000004]
["EMULSÕES ASFÁLTICAS RR-2C","2013-08-01",1.0117400000000001,0.75885999999999998,1.02217,0.80991999999999997,0.85638000000000003,0.91103000000000001]
["EMULSÕES ASFÁLTICAS RR-2C","2013-09-01",0.95682999999999996,0.78500999999999999,1.0670299999999999,0.80423999999999995,0.81904999999999994,0.92757000000000001]
["EMULSÕES ASFÁLTICAS RR-2C","2013-10-01",1.0257799999999999,0.79052,1.0278400000000001,0.76985000000000003,0.82560999999999996,0.9163]
["EMULSÕES ASFÁLTICAS RR-2C","2013-11-01",0.93691999999999998,0.82691999999999999,1.02755,0.83077999999999996,0.85016000000000003,0.92042000000000002]
["EMULSÕES ASFÁLTICAS RR-2C","2013-12-01",0.97543000000000002,0.80257999999999996,1.06274,0.84214999999999995,0.86129999999999995,0.92173000000000005]
["EMULSÕES ASFÁLTICAS RR-2C","2014-01-01",1.0837300000000001,0.79859000000000002,1.0497099999999999,0.82191000000000003,0.83897999999999995,0.87470000000000003]
["EMULSÕES ASFÁLTICAS RR-2C","2014-02-01",1.02569,0.80179999999999996,1.05907,0.80881000000000003,0.83782000000000001,0.86668000000000001]
["EMULSÕES ASFÁLTICAS RR-2C","2014-03-01",1.0008699999999999,0.81240000000000001,1.0616399999999999,0.80762999999999996,0.86780000000000002,0.85841000000000001]
["EMULSÕES ASFÁLTICAS RR-2C","2014-04-01",1.1594800000000001,0.79691000000000001,1.0859000000000001,0.82343999999999995,0.86368,0.88273000000000001]
["EMULSÕES ASFÁLTICAS RR-2C","2014-05-01",1.05826,0.80949000000000004,1.0491200000000001,0.83997999999999995,0.87050000000000005,0.90554000000000001]
["EMULSÕES ASFÁLTICAS RR-2C","2014-06-01",1.0109600000000001,0.83552000000000004,1.0587800000000001,0.78481999999999996,0.88870000000000005,0.92708999999999997]
["EMULSÕES ASFÁLTICAS RR-2C","2014-07-01",1.1508400000000001,0.84892000000000001,0.96591000000000005,0.81811999999999996,0.87038000000000004,0.91171000000000002]
["EMULSÕES ASFÁLTICAS RR-2C","2014-08-01",1.09168,0.83809,0.91947000000000001,0.82738999999999996,0.85585999999999995,0.88543000000000005]
["EMULSÕES ASFÁLTICAS RR-2C","2014-09-01",1.07423,0.85009000000000001,1.0659000000000001,0.81352999999999998,0.89119999999999999,0.95865999999999996]
["EMULSÕES ASFÁLTICAS RR-2C","2014-10-01",1.09338,0.88061,0.95303000000000004,0.78554000000000002,0.85443999999999998,0.91139999999999999]
["EMULSÕES ASFÁLTICAS RR-2C","2014-11-01",1.2084999999999999,0.9093,0.96672000000000002,0.79281000000000001,0.87831000000000004,0.93262999999999996]
["EMULSÕES ASFÁLTICAS RR-2C","2014-12-01",1.1733199999999999,0.9748,1.0810999999999999,0.95743,0.94472,1.00885]
["EMULSÕES ASFÁLTICAS RR-2C","2015-01-01",1.1974899999999999,1.17357,1.2467699999999999,1.0253399999999999,1.12256,1.15859]
["EMULSÕES ASFÁLTICAS RR-2C","2015-02-01",1.31386,1.12137,1.2216,0.98311000000000004,1.0495300000000001,1.1368400000000001]
["EMULSÕES ASFÁLTICAS RR-2C","2015-03-01",1.35599,1.05969,1.2894000000000001,1.0809599999999999,1.0636699999999999,1.12893]
["EMULSÕES ASFÁLTICAS RR-2C","2015-04-01",1.1985600000000001,1.0958300000000001,1.3005500000000001,1.04288,1.0826199999999999,1.1148899999999999]
["EMULSÕES ASFÁLTICAS RR-2C","2015-05-01",1.3960699999999999,1.0733600000000001,1.2461800000000001,1.0021899999999999,1.1007499999999999,1.1335999999999999]
["EMULSÕES ASFÁLTICAS RR-2C","2015-06-01",1.3737999999999999,1.0706,1.24003,0.99511000000000005,1.11371,1.1581399999999999]
["EMULSÕES ASFÁLTICAS RR-2C","2015-07-01",1.29155,1.0782400000000001,1.0611900000000001,1.00725,1.1404099999999999,1.08867]
["EMULSÕES ASFÁLTICAS RR-2C","2015-08-01",1.26444,1.1098699999999999,1.27857,1.00932,1.10179,1.2007399999999999]
["EMULSÕES ASFÁLTICAS RR-2C","2015-09-01",1.31782,1.0793200000000001,1.2729900000000001,1.04122,1.10151,1.1993199999999999]
["EMULSÕES ASFÁLTICAS RR-2C","2015-10-01",1.3475900000000001,1.1515899999999999,1.3034300000000001,1.1408799999999999,1.15384,1.24455]
["EMULSÕES ASFÁLTICAS RR-2C","2015-11-01",1.42195,1.2528999999999999,1.4632700000000001,1.2023299999999999,1.2091000000000001,1.35094]
["EMULSÕES ASFÁLTICAS RR-2C","2015-12-01",1.50058,1.2466900000000001,1.3857900000000001,1.2274400000000001,1.2352399999999999,1.32474]
["EMULSÕES ASFÁLTICAS RR-2C","2016-01-01",1.6489799999999999,1.3076300000000001,1.4491400000000001,1.23587,1.2644200000000001,1.3328100000000001]
["EMULSÕES ASFÁLTICAS RR-2C","2016-02-01",1.40404,1.29558,1.4551700000000001,1.28034,1.2506200000000001,1.32412]
["EMULSÕES ASFÁLTICAS RR-2C","2016-03-01",1.37374,1.27647,1.4700800000000001,1.2373799999999999,1.2705900000000001,1.30599]
["EMULSÕES ASFÁLTICAS RR-2C","2016-04-01",1.8031299999999999,1.3648800000000001,1.5460700000000001,1.33734,1.37147,1.4262699999999999]
["EMULSÕES ASFÁLTICAS RR-2C","2016-05-01",1.71021,1.3931899999999999,1.53047,1.3786099999999999,1.3875999999999999,1.44875]
["EMULSÕES ASFÁLTICAS RR-2C","2016-06-01",1.68346,1.30762,1.6010899999999999,1.35649,1.4241699999999999,1.4604600000000001]
["EMULSÕES ASFÁLTICAS RR-2C","2016-07-01",1.61117,1.3056000000000001,1.5874600000000001,1.4386000000000001,1.425,1.4681299999999999]
["EMULSÕES ASFÁLTICAS RR-2C","2016-08-01",1.60429,1.3044,1.6128499999999999,1.4229000000000001,1.42472,1.49037]
["EMULSÕES ASFÁLTICAS RR-2C","2016-09-01",1.55385,1.2150300000000001,1.48725,1.3105,1.2611699999999999,1.3821699999999999]
["EMULSÕES ASFÁLTICAS RR-2C","2017-01-01",1.32959,0.97528999999999999,1.50031,1.3613299999999999,1.22593,1.1624699999999999]
["EMULSÕES ASFÁLTICAS RR-2C","2017-02-01",1.40377,1.01986,1.4605300000000001,1.3429199999999999,1.2001599999999999,1.20723]
["EMULSÕES ASFÁLTICAS RR-2C","2017-03-01",1.3968700000000001,1.16658,1.42319,1.3160700000000001,1.2102200000000001,1.2717700000000001]
["EMULSÕES ASFÁLTICAS RR-2C","2017-04-01",1.4061600000000001,1.15063,1.4733000000000001,1.3193900000000001,1.1819999999999999,1.2910699999999999]
["EMULSÕES ASFÁLTICAS RR-2C","2017-05-01",1.4040900000000001,1.1726000000000001,1.4867699999999999,1.3141,1.1876500000000001,1.34039]
["EMULSÕES ASFÁLTICAS RR-2C","2017-06-01",1.4180200000000001,1.16842,1.5309999999999999,1.31019,1.19669,1.3648499999999999]
["EMULSÕES ASFÁLTICAS RR-2C","2017-07-01",1.4682999999999999,1.1820999999999999,1.5121500000000001,1.27905,1.1332500000000001,1.3596200000000001]
["EMULSÕES ASFÁLTICAS RR-2C","2017-08-01",1.46597,1.1767799999999999,1.4039600000000001,1.26634,1.1787399999999999,1.32379]
["EMULSÕES ASFÁLTICAS RR-2C","2017-09-01",1.4318200000000001,1.1898899999999999,1.45377,1.28569,1.18716,1.35571]
["EMULSÕES ASFÁLTICAS RR-2C","2017-10-01",1.4491799999999999,1.2072499999999999,1.4640200000000001,1.3324,1.17394,1.36568]
["EMULSÕES ASFÁLTICAS RR-2C","2017-11-01",1.6182799999999999,1.3028299999999999,1.61382,1.3221700000000001,1.31715,1.4703299999999999]
["EMULSÕES ASFÁLTICAS RR-2C","2017-12-01",1.7124999999999999,1.2886899999999999,1.54295,1.31959,1.29115,1.45882]
["EMULSÕES ASFÁLTICAS RR-2C","2018-01-01",1.75153,1.34229,1.5094099999999999,1.43282,1.33551,1.48367]
["EMULSÕES ASFÁLTICAS RR-2C","2018-02-01",1.6610400000000001,1.3617900000000001,1.4817499999999999,1.44739,1.3768199999999999,1.4648300000000001]
["EMULSÕES ASFÁLTICAS RR-2C","2018-03-01",1.6954400000000001,1.3542400000000001,1.53759,1.44706,1.37165,1.4762299999999999]
["EMULSÕES ASFÁLTICAS RR-2C","2018-04-01",1.5687500000000001,1.3328599999999999,1.5585,1.44577,1.3289899999999999,1.43746]
["EMULSÕES ASFÁLTICAS RR-2C","2018-05-01",1.7162999999999999,1.38348,1.5103800000000001,1.45766,1.38994,1.4705699999999999]
["EMULSÕES ASFÁLTICAS RR-2C","2018-06-01",1.67167,1.46095,1.6477900000000001,1.50562,1.47733,1.54931]
["EMULSÕES ASFÁLTICAS RR-2C","2018-07-01",1.82531,1.5732900000000001,1.75447,1.60049,1.5400799999999999,1.6672]
["EMULSÕES ASFÁLTICAS RR-2C","2018-08-01",1.8237300000000001,1.68567,1.9125300000000001,1.7922199999999999,1.6785300000000001,1.80375]
["EMULSÕES ASFÁLTICAS RR-2C","2018-09-01",2.0524,1.68605,1.93614,1.77766,1.6710400000000001,1.8592299999999999]
["EMULSÕES ASFÁLTICAS RR-2C","2018-10-01",2.09483,1.6883300000000001,1.7462899999999999,1.8021799999999999,1.8360399999999999,1.8157300000000001]
["EMULSÕES ASFÁLTICAS RR-2C","2018-11-01",2.3302100000000001,1.8411999999999999,2.21801,2.0313099999999999,1.94652,2.0870000000000002]
["EMULSÕES ASFÁLTICAS RR-2C","2018-12-01",2.4361299999999999,1.83935,2.1197699999999999,1.9650399999999999,1.89615,2.0415100000000002]
["EMULSÕES ASFÁLTICAS RR-2C","2019-01-01",2.39913,1.8794299999999999,2.1853799999999999,1.99302,1.92919,2.0567000000000002]
["EMULSÕES ASFÁLTICAS RR-2C","2019-02-01",2.3935300000000002,2.0101,2.5045700000000002,2.26308,2.01112,2.2216399999999998]
["EMULSÕES ASFÁLTICAS RR-2C","2019-03-01",2.6796899999999999,1.9902,2.5579100000000001,2.2044999999999999,2.1221899999999998,2.3186]
["EMULSÕES ASFÁLTICAS RR-2C","2019-04-01",2.5151400000000002,2.0008699999999999,2.6334,2.2328600000000001,2.0640800000000001,2.2770800000000002]
["EMULSÕES ASFÁLTICAS RR-2C","2019-05-01",2.1302400000000001,1.96028,2.3424700000000001,2.2107800000000002,2.1667800000000002,2.1630699999999998]
["EMULSÕES ASFÁLTICAS RR-2C","2019-06-01",2.1640000000000001,1.925,2.3795299999999999,2.1424799999999999,2.18025,2.16642]
["EMULSÕES ASFÁLTICAS RR-2C","2019-07-01",2.1615199999999999,1.90513,2.3700899999999998,2.1133199999999999,2.1665999999999999,2.1596799999999998]
["EMULSÕES ASFÁLTICAS RR-2C","2019-08-01",2.14818,1.7871300000000001,2.2736700000000001,2.1017299999999999,2.2305600000000001,2.0961099999999999]
["EMULSÕES ASFÁLTICAS RR-2C","2019-09-01",2.2749899999999998,1.7685900000000001,2.27495,2.1225399999999999,2.1952199999999999,2.1148600000000002]
["EMULSÕES ASFÁLTICAS RR-2C","2019-10-01",2.2524999999999999,1.9675199999999999,2.7384900000000001,2.14046,2.0307599999999999,2.29887]
["EMULSÕES ASFÁLTICAS RR-2C","2019-11-01",2.3917199999999998,1.9231199999999999,2.5121500000000001,2.2131400000000001,2.04311,2.2502499999999999]
["EMULSÕES ASFÁLTICAS RR-2C","2019-12-01",2.3919899999999998,1.9748000000000001,2.2505199999999999,2.1680700000000002,2.0507499999999999,2.1451899999999999]
["EMULSÕES ASFÁLTICAS RR-2C","2020-01-01",2.6177000000000001,1.8780399999999999,2.3352900000000001,2.1839900000000001,2.0472199999999998,2.1667999999999998]
["EMULSÕES ASFÁLTICAS RR-2C","2020-02-01",2.3231199999999999,1.80853,1.97899,2.0867399999999998,2.0257700000000001,2.0277400000000001]
["EMULSÕES ASFÁLTICAS RR-2C","2020-03-01",2.3428100000000001,1.79406,1.72113,2.0453100000000002,1.9732799999999999,1.97712]
["EMULSÕES ASFÁLTICAS RR-2C","2020-04-01",2.2240700000000002,1.7111400000000001,1.9436800000000001,1.9811399999999999,2.0587800000000001,1.9765299999999999]
["EMULSÕES ASFÁLTICAS RR-2C","2020-05-01",2.1531600000000002,1.6890000000000001,1.9149700000000001,1.9603299999999999,2.0178699999999998,1.9398599999999999]
["EMULSÕES ASFÁLTICAS RR-2C","2020-06-01",2.0788700000000002,1.6652400000000001,1.83304,1.8933,2.0136799999999999,1.87819]
["EMULSÕES ASFÁLTICAS RR-2C","2020-07-01",2.0544199999999999,1.66672,1.9149400000000001,1.89958,1.94614,1.8893599999999999]
["EMULSÕES ASFÁLTICAS RR-2C","2020-08-01",2.1543700000000001,1.7733699999999999,2.07775,1.99969,1.99126,2.0096799999999999]
["EMULSÕES ASFÁLTICAS RR-2C","2020-09-01",2.1187800000000001,1.78565,2.00942,1.9832700000000001,1.9852799999999999,1.9762]
["EMULSÕES ASFÁLTICAS RR-2C","2020-10-01",2.1464300000000001,1.8266500000000001,1.9794499999999999,1.98485,1.99136,1.978]
["EMULSÕES ASFÁLTICAS RR-2C","2020-11-01",2.13768,1.93808,2.1402399999999999,2.1672699999999998,2.0918299999999999,2.0903499999999999]
["EMULSÕES ASFÁLTICAS RR-2C","2020-12-01",2.149,1.9454800000000001,1.9606699999999999,2.1884000000000001,2.0951399999999998,2.03518]
["EMULSÕES ASFÁLTICAS RR-2C","2021-01-01",2.13937,1.8981600000000001,1.8354699999999999,2.21353,2.0580099999999999,2.0051199999999998]
["EMULSÕES ASFÁLTICAS RR-2C","2021-02-01",2.3508599999999999,2.0596000000000001,2.25197,2.4247299999999998,2.2197499999999999,2.2438099999999999]
["EMULSÕES ASFÁLTICAS RR-2C","2021-03-01",2.3250700000000002,2.05179,2.18283,2.34667,2.2734899999999998,2.2270400000000001]
["EMULSÕES ASFÁLTICAS RR-2C","2021-04-01",2.6889799999999999,2.06453,2.2891400000000002,2.2627299999999999,2.1779000000000002,2.2111399999999999]
["EMULSÕES ASFÁLTICAS RR-2C","2021-05-01",2.5745499999999999,2.51803,2.5567899999999999,2.6400299999999999,2.60948,2.5777999999999999]
["EMULSÕES ASFÁLTICAS RR-2C","2021-06-01",2.6722399999999999,2.48935,2.601,2.7065000000000001,2.5552899999999998,2.5931299999999999]
["EMULSÕES ASFÁLTICAS RR-2C","2021-07-01",2.6431800000000001,2.4692599999999998,2.6563300000000001,2.6793200000000001,2.66208,2.61063]
["EMULSÕES ASFÁLTICAS RR-2C","2021-08-01",2.7961399999999998,2.57599,2.8258100000000002,2.9191400000000001,2.7494499999999999,2.7664200000000001]
["EMULSÕES ASFÁLTICAS RR-2C","2021-09-01",2.8300900000000002,2.64446,2.87616,2.9267400000000001,2.8918400000000002,2.80687]
["EMULSÕES ASFÁLTICAS RR-2C","2021-10-01",2.9702899999999999,2.65964,2.82097,2.8878599999999999,2.7931900000000001,2.8043100000000001]
["EMULSÕES ASFÁLTICAS RR-2C","2021-11-01",3.1288399999999998,2.86416,3.1550699999999998,3.3298800000000002,3.0708700000000002,3.1101800000000002]
["EMULSÕES ASFÁLTICAS RR-2C","2021-12-01",3.14161,2.93947,3.1796099999999998,3.3832200000000001,3.1174200000000001,3.1190799999999999]
["EMULSÕES ASFÁLTICAS RR-2C","2022-01-01",3.1680199999999998,2.8978899999999999,3.17184,3.2245499999999998,3.0766900000000001,3.0550700000000002]
["EMULSÕES ASFÁLTICAS RR-2C","2022-02-01",3.2922799999999999,3.0297200000000002,3.3177300000000001,3.3996499999999998,3.2099000000000002,3.1989999999999998]
["EMULSÕES ASFÁLTICAS RR-2C","2022-03-01",3.0825100000000001,3.05,3.2790599999999999,3.4098600000000001,3.2383799999999998,3.20885]
["EMULSÕES ASFÁLTICAS RR-2C","2022-04-01",3.4104999999999999,3.2162199999999999,3.4789300000000001,3.5252699999999999,3.0005500000000001,3.3539699999999999]
["EMULSÕES ASFÁLTICAS RR-2C","2022-05-01",3.3636400000000002,3.1743800000000002,3.512,2.70242,3.20709,3.1292499999999999]
["EMULSÕES ASFÁLTICAS RR-2C","2022-06-01",3.6153,3.20539,3.4455800000000001,3.45824,3.1774399999999998,3.3735900000000001]
["EMULSÕES ASFÁLTICAS RR-2C","2022-07-01",3.5030000000000001,3.2969300000000001,3.6024600000000002,3.4750800000000002,3.3203800000000001,3.4479500000000001]
["EMULSÕES ASFÁLTICAS RR-2C","2022-08-01",3.5317099999999999,3.3395199999999998,3.5401500000000001,3.3854299999999999,3.1514600000000002,3.4327899999999998]
["EMULSÕES ASFÁLTICAS RR-2C","2022-09-01",3.4611200000000002,3.3477999999999999,3.3700100000000002,3.23611,3.04522,3.3458299999999999]
["EMULSÕES ASFÁLTICAS RR-2C","2022-10-01",3.4407100000000002,3.2397,3.0816400000000002,3.0884299999999998,2.9761700000000002,3.1785199999999998]
["EMULSÕES ASFÁLTICAS RR-2C","2022-11-01",3.2314400000000001,3.1429299999999998,3.2239399999999998,2.9171,2.7953899999999998,3.1216300000000001]
["EMULSÕES ASFÁLTICAS RR-2C","2022-12-01",3.1795300000000002,3.13931,3.0605799999999999,2.9247399999999999,2.7407300000000001,3.0496799999999999]
["EMULSÕES ASFÁLTICAS RR-2C","2023-01-01",3.2359200000000001,2.8821300000000001,3.1743999999999999,2.7981799999999999,2.6587000000000001,2.9041399999999999]
["EMULSÕES ASFÁLTICAS RR-2C","2023-02-01",3.1272600000000002,2.8628399999999998,3.18947,2.7364600000000001,2.6985100000000002,2.9003700000000001]
["EMULSÕES ASFÁLTICAS RR-2C","2023-03-01",3.2417199999999999,2.8190599999999999,2.90869,2.8172100000000002,2.5303900000000001,2.85073]
["EMULSÕES ASFÁLTICAS RR-2C","2023-04-01",3.4081399999999999,2.9193600000000002,2.89655,2.7395,2.5035599999999998,2.8547500000000001]
["EMULSÕES ASFÁLTICAS RR-2C","2023-05-01",3.1511800000000001,2.7778,2.9324699999999999,2.6186400000000001,2.3897400000000002,2.76878]
["EMULSÕES ASFÁLTICAS RR-2C","2023-06-01",3.2336,2.7193999999999998,2.92754,2.5910099999999998,2.57253,2.8185199999999999]
["EMULSÕES ASFÁLTICAS RR-2C","2023-07-01",3.1307999999999998,2.7247499999999998,2.9163899999999998,2.5821100000000001,2.5236499999999999,2.81182]
["EMULSÕES ASFÁLTICAS RR-2C","2023-08-01",3.0676999999999999,2.7216499999999999,2.9443700000000002,2.6178300000000001,2.6577099999999998,2.8367599999999999]
["EMULSÕES ASFÁLTICAS RR-2C","2023-09-01",3.2744499999999999,2.8096399999999999,3.1190099999999998,2.7245499999999998,2.4250699999999998,2.9664100000000002]
["EMULSÕES ASFÁLTICAS RR-2C","2023-10-01",3.2627000000000002,2.83988,2.97099,2.7051099999999999,2.6057299999999999,2.9142000000000001]
["***: Sem comercialização."]
["Nota 1: Preços à vista, sem frete, com todos os impostos inclusos, à exceção do ICMS, do PIS/Pasep e da Cofins."]
["Nota 2: As informações são baseadas em dados preliminares, portanto sujeitos a reprocessamento por parte dos informantes nos moldes da Resolução ANP nº 729/2018."]

{"sheet":"Planilha1","index":22,"n_rows":132,"n_cols":6,"rows_kept":132,"cut":false,"hidden":true,"merged":[[7,0,7,4],[0,0,2,4],[4,0,4,2],[4,3,5,3],[4,4,5,4],[5,0,5,2],[6,0,6,4]]}
[]
[]
[]
[]
["OBRA: "]
["LOCAL: "]
[]
["MAPA DE COTAÇÕES"]
[]
["COT.001","LOCAÇÃO CABINE SANITÁRIO QUIMICO, LIMPEZA  03  ( TRÊS ) VEZES POR SEMANA - 01 UNIDADE - INCLUSIVE MOBILIZAÇÃO E DESMOBILIZAÇÃO","MES","CONTATO",{"$f":"ROUND((AVERAGE(E11:E12)),2)","v":950}]
["EMPRESA 1","BW LOCAÇÕES","81 3339-1469","VIVIANE",1000]
["EMPRESA 2","LITORAL BANHEIRO QUÍMICO","81 9 9812-5679","-",900]
["COT.002","CAVALETE DE FERRO PARA SINALIZAÇÃO DE OBRA EM VIAS PUBLICAS, INCLUSIVE PINTURA E ADESIVO DIGITAL, CONFORME DETALHE, FORNECIMENTO, COLOCAÇÃO E TRANSPORTE;","UN",null,{"$f":"ROUND((AVERAGE(E14:E16)),2)","v":480}]
["EMPRESA 1","NOVA SINALIZAÇÃO - PLACAS E LETRAS",81985646277,"-",380]
["EMPRESA 2","COMPLACAS",8132288824,"ELISANGELA",380]
["EMPRESA 3","MUNO DAS PLACAS","comercial@mUNodasplacas.com.br","MIGUEL",680]
["COT.003","BARREIRA PLASTICA 1,20 MTS X 60CM LARANJA C/ REFLETIVO; CANALIZADOR PARA SINALIZAÇÃO DE TRANSITO FABRICADO EM POLIETILENO","UN",null,{"$f":"ROUND((AVERAGE(E18:E20)),2)","v":749.31}]
["EMPRESA 1","NATIVA DISTRIBUIÇÃO LTDA",8134456291,"MOACIR",594]
["EMPRESA 2","SEGNORTE",8134474045,"ANA PAULA",920]
["EMPRESA 3","SAFE PARK","https://safeparksinalizacao.com/produtos/detalhes/barreira-plastica-120x44x60cm","SITE",733.92]
["COT.004","PEDRA RACHÃO (POSTO OBRA).","M3",null,{"$f":"ROUND((AVERAGE(E22:E24)),2)","v":138.09},"2023-01-06"]
["EMPRESA 1","OJ - DISTRIBUIDOR DE MATERIAIS DE CONSTRUÇÃO","(81)9 9656-0904","JULIO",138.47]
["EMPRESA 2","AREIAS EXPRESS","(81) 99323-0009","-",134.9]
["EMPRESA 3","CCAREIA",8141370063,"CAIO",140.91]
["COT.005","TUBO CORRUGADO PEAD 200MM PARA DRENAGEM","M","CONTATO",{"$f":"ROUND((AVERAGE(E26:E27)),2)","v":86},"2023-01-22"]
["EMPRESA 1","TIGRE - ADS PE/PB/RN",81982577339,"ADIMES",{"$f":"438/6","v":73}]
["EMPRESA 2","PEAD BRASIL","(81) 9 8286-2852","ARTUR",{"$f":"594.02/6","v":99.003299999999996}]
["COT.006","TUBO CORRUGADO PEAD 250MM PARA DRENAGEM","M","CONTATO",{"$f":"ROUND((AVERAGE(E29:E30)),2)","v":118.49},"2023-01-22"]
["EMPRESA 1","TIGRE - ADS PE/PB/RN",81982577339,"ADIMES",{"$f":"547.5/6","v":91.25}]
["EMPRESA 3","PEAD BRASIL","(81) 9 8286-2852","ARTUR",{"$f":"874.32/6","v":145.72}]
["COT.007","TUBO CORRUGADO PEAD 300MM PARA DRENAGEM","M","CONTATO",{"$f":"ROUND((AVERAGE(E32:E32)),2)","v":135.05000000000001}]
["EMPRESA 1","TIGRE - ADS PE/PB/RN",81982577339,"ADIMES",135.05000000000001]
["COT.008","TUBO CORRUGADO PEAD 375MM PARA DRENAGEM","M","CONTATO",{"$f":"ROUND((AVERAGE(E34:E35)),2)","v":189.8},"2023-01-22"]
["EMPRESA 1","TIGRE - ADS PE/PB/RN",81982577339,"ADIMES",{"$f":"1138.8/6","v":189.8}]
["EMPRESA 2"]
["COT.009","TUBO CORRUGADO PEAD 400MM PARA DRENAGEM","M","CONTATO",{"$f":"ROUND((AVERAGE(E37:E38)),2)","v":284.08}]
["EMPRESA 1","TIGRE - ADS PE/PB/RN",81982577339,"ADIMES",{"$f":"1350/6","v":225}]
["EMPRESA 3","KANA FLEX","(81) 3461-3741","TALITA CRISTINA",{"$f":"2058.98/6","v":343.16329999999999}]
["COT.010","TUBO CORRUGADO PEAD 450MM PARA DRENAGEM","M",null,{"$f":"ROUND((AVERAGE(E40:E41)),2)","v":266.45},"2023-01-22"]
["EMPRESA 1","TIGRE - ADS PE/PB/RN",81982577339,"ADIMES",{"$f":"1598.71/6","v":266.45170000000002}]
["EMPRESA 2"]
["COT.011","TUBO CORRUGADO PEAD 600MM PARA DRENAGEM","M","CONTATO",{"$f":"ROUND((AVERAGE(E43:E44)),2)","v":383.57},"2023-01-22"]
["EMPRESA 1","TIGRE - ADS PE/PB/RN",81982577339,"ADIMES",{"$f":"2794.13/6","v":465.68830000000003}]
["EMPRESA 2","CORR PLASTIK TUBOS E CONEXÕES","114529-1500","HORTENCIA",{"$f":"1808.678/6","v":301.44630000000001}]
["COT.012","TUBO CORRUGADO PEAD 750MM PARA DRENAGEM","M","CONTATO",{"$f":"ROUND((AVERAGE(E46:E47)),2)","v":657.44},"2023-01-22"]
["EMPRESA 1","TIGRE - ADS PE/PB/RN",81982577339,"ADIMES",{"$f":"3944.64/6","v":657.44}]
["EMPRESA 2"]
["COT.013","TUBO CORRUGADO PEAD 800MM PARA DRENAGEM","M","CONTATO",{"$f":"ROUND((AVERAGE(E49:E51)),2)","v":892.46},"2023-01-22"]
["EMPRESA 1","CORR PLASTIK","114529-1500","ELAINE",{"$f":"2877.443/6","v":479.57380000000001}]
["EMPRESA 2","PEAD BRASIL","(81) 9 8286-2852","ARTUR",{"$f":"8355.45/6","v":1392.575}]
["EMPRESA 3","TIGRE - ADS PE/PB/RN",81982577339,"ADIMES",{"$f":"4831.3/6","v":805.21669999999995}]
["COT.014","TUBO CORRUGADO PEAD 900MM PARA DRENAGEM","M","CONTATO",{"$f":"ROUND((AVERAGE(E53:E54)),2)","v":803.54},"2023-01-22"]
["EMPRESA 1","TIGRE - ADS PE/PB/RN",81982577339,"ADIMES",{"$f":"4821.23/6","v":803.53830000000005}]
["EMPRESA 2"]
["COT.015","TUBO CORRUGADO PEAD 1000MM PARA DRENAGEM","M","CONTATO",{"$f":"ROUND((AVERAGE(E56:E58)),2)","v":1201.55},"2023-01-22"]
["EMPRESA 1","TIGRE - ADS PE/PB/RN",81982577339,"ADIMES",{"$f":"7185.01/6","v":1197.5017}]
["EMPRESA 2","CORR PLASTIK","114529-1500","ELAINE",{"$f":"4809.44/6","v":801.57330000000002}]
["EMPRESA 3","PEAD BRASIL","(81) 9 8286-2852","ARTUR",{"$f":"9633.38/6","v":1605.5633}]
["COT.016","TUBO CORRUGADO PEAD 1050MM PARA DRENAGEM","M","CONTATO",{"$f":"ROUND((AVERAGE(E60)),2)","v":1113.71}]
["EMPRESA 1","TIGRE - ADS PE/PB/RN",81982577339,"ADIMES",{"$f":"6682.28/6","v":1113.7132999999999}]
["COT.017","TUBO CORRUGADO PEAD 1200MM PARA DRENAGEM","M","CONTATO",{"$f":"ROUND((AVERAGE(E62:E63)),2)","v":1340.95},"2023-01-22"]
["EMPRESA 1","TIGRE - ADS PE/PB/RN",81982577339,"ADIMES",{"$f":"8075.68/6","v":1345.9467}]
["EMPRESA 2","CORR PLASTIK TUBOS E CONEXÕES","114529-1500","HORTENCIA",{"$f":"8015.773/6","v":1335.9621999999999}]
["COT.018","TUBO CORRUGADO PEAD 1500MM PARA DRENAGEM","M","CONTATO",{"$f":"ROUND((AVERAGE(E65)),2)","v":1876.44}]
["EMPRESA 1","TIGRE - ADS PE/PB/RN",81982577339,"ADIMES",{"$f":"11258.66/6","v":1876.4432999999999},"2023-01-22"]
["COT.019","GRADE EM PEAD, 0,90 X 0,30 X 0,70 M, CAP. CARGA DE 25T","M3",null,{"$f":"ROUND((AVERAGE(E67:E68)),2)","v":662.5}]
["EMPRESA 1","RTC","(71) 9 8717-0962","JOSÉ PEDRO",662.5]
[]
["COT.020","TAMPÃO EM POLIESTER REFORÇADO EM FIBRA DE VIDRO, COM DIÂMETRO DE 600MM E CAPACIDADE DE CARGA DE 40T E TEMP. 180°C","UN",null,{"$f":"ROUND((AVERAGE(E70:E72)),2)","v":1294.43},"2023-05-25"]
["EMPRESA 1","ECOLOGICA ENGENHARIA SUSTENTAVEL","(71) 99192-0179","Jackson Mazzei",1590]
["EMPRESA 2","RTC EC","(71) 98717-0962","José Pedro",998.85]
[]
["COT.021","PAVER 10X20 - TIPO DRENANTE - COR NATURAL (10X20X06CM)","M2",null,{"$f":"ROUND((AVERAGE(E74:E76)),2)","v":54.28},"2023-08-07"]
["EMPRESA 1","CONCREPOXL","(81) 9 9649-0897",null,65.44]
["EMPRESA 2","PRENORTE","(81) 3542-1485",null,48.5]
["EMPRESA 3","PREMOLPISOS","(81) 3631-3039",null,48.9]
["COT.022","EQUIPE TOPOGRÁFICA (PLANIMÉTRICO) DE PEQUENO PORTE, COMPREENDENDO 1 TOPÓGRAFO, 4 AUXILIARES E EQUIPAMENTOS. INCLUSO O FORNECIMENTO DE LEVANTAMENTO EM MÍDIA DIGITAL EM EXTENSÃO DWG.","DIÁRIA",null,{"$f":"ROUND((AVERAGE(E78:E80)),2)","v":1861.67}]
["EMPRESA 1","HULK TOPOGRAFIA LTDA",81996627168,"ROMUALDO QUEIROZ",2000]
["EMPRESA 2","ANS AGRIMENSURA",81997818221,"ALEXANDRE SOUZA",2385]
["EMPRESA 3","AG TOPOGRAFIA E CONSTRUÇÕES",8132725203,"SERGIO",1200]
["COT.023","GRADE DE FIBRA DE VIDRO COM CAIXILHO, 0,90X0,30X0,07M CAP. CARGA DE 25T.","UN",null,{"$f":"AVERAGE(E82:E83)","v":1020}]
["EMPRESA 1","MADEIRA.COM INDUSTRIA E COMERCIO LTDA","(11) 4035-5241",null,850,"2023-05-18"]
["EMPRESA 2","ECOLOGICA ENGENHARIA SUSTENTAVEL","(71) 99192-0179","Jackson Mazzei",1190,"2023-05-26"]
["COT.024","SALARIO MINIMO VIGENTE  - MAIO 2023","R$",null,{"$f":"ROUND((AVERAGE(E85)),2)","v":6}]
["MP 1.091/2021","SALARIO MINIMO - 2023 (R$1320,00/220H)",null,null,{"$f":"1320/220","v":6}]
["COT.025","BARRO DE JARDIM","M3",null,{"$f":"ROUND((AVERAGE(E87:E89)),2)","v":321.67},"2023-03-08"]
["EMPRESA 1","SEMENTEIRA SR GILBERTO"," 81 8657-5746","GILBERTO",400]
["EMPRESA 2","SEMENTEIRA LIMA","81 8807-0132","TAINARA",415]
["EMPRESA 3","RECIFE GARDEN CENTER","81 9996-1490",null,150]
["COT.026","ADUBO BOVINO","M3",null,{"$f":"ROUND((AVERAGE(E91:E93)),2)","v":455},"2023-03-08"]
["EMPRESA 1","SEMENTEIRA LIMA","81 8807-0132",null,615]
["EMPRESA 2","SEMENTEIRA FLORESCER","81 9998-1947",null,450]
["EMPRESA 3","RECIFE GARDEN CENTER","81 9996-1490",null,300]
["COT.027","PISO TÁTIL DIRECIONAL E/OU ALERTA DE CONCRETO DIM 25X25X0,25 CM, PARA PESSOA COM DEFICIÊNCIA VISUAL., POSTO OBRA.","M2",null,{"$f":"ROUND((AVERAGE(E95:E98)),2)","v":77.459999999999994},"2023-06-29"]
["EMPRESA 1","FÁBRICA DO FORTE","(81) 3227-2990 / 3228-2380 fabricadoforte@gmail.com","EDMILSON",{"$f":"3.8*(1/(0.25*0.25))","v":60.8}]
["EMPRESA 2","LAJES TIMBÍ","(81) 3458-1211","CRISTIANE",{"$f":"37+(400/(6.92*2))","v":65.900000000000006}]
["EMPRESA 3","ISO PRÉ MOLDADOS","(81)3132-6757/ isoengenharia@yahoo.com.br","RISOMAR",{"$f":"84+(300/(6.92*2))","v":105.68}]
["EMPRESA 4","PREMACIL"]
["COT.028","MADEIRA ECOLÓGICA, INCLUSIVE ENTREGA.","M2",null,{"$f":"ROUND((AVERAGE(E100:E102)),2)","v":437.45},"2023-06-28"]
["EMPRESA 1","CICLO MADEIRA PLÁSTICA","(81) 99428-6621/99193- 6127","REJANE",{"$f":"4998/11.74","v":425.72}]
["EMPRESA 2","AESA MADEIRA PLÁSTICA","(21) 98013-4726","ANTÔNIO SARAIVA",{"$f":"(5120+150)/11.74","v":448.89}]
["EMPRESA 3","ECO PEX","(11) 4181-1103\ncontato@ecopex.com.br","FELIPE",{"$f":"(4680+459)/11.74","v":437.73}]
["COT.029","FORNECIMENTO DE AGUA MINERAL EM BUJÃO DE 20 LITROS.","UN",null,{"$f":"ROUND((AVERAGE(E104:E106)),2)","v":7.33}]
["EMPRESA 1","BOM FERRO DISTRIBUIDORA DE ÁGUA MINERAL","(81)32247964","CRISTIANE",7]
["EMPRESA 2","JC DISTRIBUIDORA DE ÁGUA E GÁS ","(81)34238507","JOSIANE",8]
["EMPRESA 3","PORTO DAS ÁGUA","(81)32425310","BIANCA",7]
["COT.030","ÁGUA POTÁVEL - ATÉ 10M3","M3",null,{"$f":"ROUND((AVERAGE(E108)),2)","v":10.35}]
["EMPRESA 1","COMPESA - RESOLUÇÃO ARPE 230/2023","-",null,{"$f":"103.54/10","v":10.35}]
["COT.031","ÁGUA POTÁVEL - ACIMA DE 10M3","M3",null,{"$f":"ROUND((AVERAGE(E110)),2)","v":21.94}]
["EMPRESA 1","COMPESA - RESOLUÇÃO ARPE 230/2023","-",null,{"$f":"21.94","v":21.94}]
["COT.032","TUBO PVC RÍGIDO P/ESGOTO 100MM DE DIÂMETRO","M",null,{"$f":"ROUND((AVERAGE(E112:E114)),2)","v":14.37}]
["EMPRESA 1","ARMAZEM CORAL","SITE",null,14.85]
["EMPRESA 2","HOME CENTER TUPAN","SITE",null,14.12]
["EMPRESA 3","FERREIRA COSTA","SITE",null,14.13]
["COT.033","GRAMA SINTÉTICA 12 MM.","M2",null,{"$f":"ROUND((AVERAGE(E116:E119)),2)","v":67.400000000000006},"2023-06-30"]
["EMPRESA 1","FORTEGRAMA","(81) 98774-7474","CLAUDEMIR",{"$f":"1850/20","v":92.5}]
["EMPRESA 2","RASTEL GRAMAS SINTÉTICAS","(81)98866-8480 /\n(81) 998895241 ","RODRIGO LINS",{"$f":"1040/20","v":52}]
["EMPRESA 3","ECKO PISOS","(81) 99269-5244","ERALDO JUNIOR",{"$f":"1338/20","v":66.900000000000006}]
["EMPRESA 4","SINGRASS GRAMA SINTÉTICA","(21) 3135-7534/96911-8181/ 997023-4585\nwww.singrass.com.br","DAIANA",{"$f":"(900+264.01)/20","v":58.2}]
["COT.034","BALIZADOR TIPO OLEGÁRIO","UN",null,{"$f":"ROUND((AVERAGE(E121:E123)),2)","v":380},"2023-07-19"]
["EMPRESA 1","MADEIRA MADEIRA","0800 080 0099 / (41) 99877-0911 www.madeiramadeira.com.br","SITE",540]
["EMPRESA 2","LEROY MERLIN","4007-1380 (Capitais) /  (11) 4007-1380 www.leroymerlin.com.br","SITE",300]
["EMPRESA 3","FUNDIÇÃO SILVA","(24) 2255-3130 / (24) 98823-2777","SITE",300]
["COT.035","PARAFUSO SEXTAVADO ROSCA SOBERBA 1/4\" X 30MM DE FERRO ZINCADO.","UN",null,{"$f":"ROUND((AVERAGE(E125:E128)),2)","v":0.34},"2023-07-20"]
["EMPRESA 1","ATLAS PARAFUSO","https://www.atlasparafusos.com.br/","SITE",0.27]
["EMPRESA 2","CASA DOS PARAFUSOS FRANCA","https://www.casadosparafusosfranca.com.br/?gad=1&gclid=CjwKCAjwtuOlBhBREiwA7agf1kFh0jW2rpoLRKjRzXHBhuVcUHe3g4UA4mGObYGGkAIXY53Vzih2HhoCzbIQAvD_BwE","SITE",0.26]
["EMPRESA 3","CCP PARAFUSOS E FERRAMENTAS","https://www.ccpvirtual.com.br/","SITE",{"$f":"17.66/50","v":0.35320000000000001}]
["EMPRESA 4","JOFEPAR","https://www.jofepar.com.br/","SITE",0.47]
["COT.000",null,null,null,{"$f":"ROUND((AVERAGE(E130:E132)),2)","v":{"$error":"#DIV/0!"}}]
["EMPRESA 1"]
["EMPRESA 2"]
["EMPRESA 3"]

{"sheet":"SINTÉTICO SICRO","index":23,"n_rows":6373,"n_cols":4,"rows_kept":6373,"cut":false,"hidden":false,"merged":[[0,1,0,2]]}
["CGCIT","SISTEMA DE CUSTOS REFERENCIAIS DE OBRAS - SICRO",null,"DNIT"]
[null,"Pernambuco - Julho/2023"]
["Código","Descrição do Serviço","Unidade","Custo Unitário (R$)"]
[307731,"Aparelho de apoio de neoprene fretado para estruturas moldadas no local - fornecimento e instalação","dm³",114.37]
[307732,"Aparelho de apoio de neoprene fretado para estruturas pré-moldadas - fornecimento e instalação","dm³",91.31]
[308308,"Aparelho de apoio metálico elastomérico fixo com capacidade de 1.500 kN - fornecimento e instalação","un",14232.94]
[308313,"Aparelho de apoio metálico elastomérico fixo com capacidade de 10.000 kN - fornecimento e instalação","un",93251.58]
[308309,"Aparelho de apoio metálico elastomérico fixo com capacidade de 2.500 kN - fornecimento e instalação","un",23245.13]
[308310,"Aparelho de apoio metálico elastomérico fixo com capacidade de 4.000 kN - fornecimento e instalação","un",37431.68]
[308311,"Aparelho de apoio metálico elastomérico fixo com capacidade de 5.500 kN - fornecimento e instalação","un",50233.48]
[308312,"Aparelho de apoio metálico elastomérico fixo com capacidade de 7.500 kN - fornecimento e instalação","un",68907.37]
[308307,"Aparelho de apoio metálico elastomérico fixo com capacidade de 700 kN - fornecimento e instalação","un",10157.540000000001]
[308322,"Aparelho de apoio metálico elastomérico multidirecional com capacidade de 1.500 kN - fornecimento e instalação","un",9166.9]
[308327,"Aparelho de apoio metálico elastomérico multidirecional com capacidade de 10.000 kN - fornecimento e instalação","un",59662.39]
[308323,"Aparelho de apoio metálico elastomérico multidirecional com capacidade de 2.500 kN - fornecimento e instalação","un",12741.93]
[308324,"Aparelho de apoio metálico elastomérico multidirecional com capacidade de 4.000 kN - fornecimento e instalação","un",21220.45]
[308325,"Aparelho de apoio metálico elastomérico multidirecional com capacidade de 5.500 kN - fornecimento e instalação","un",30477.33]
[308326,"Aparelho de apoio metálico elastomérico multidirecional com capacidade de 7.500 kN - fornecimento e instalação","un",43107.87]
[308321,"Aparelho de apoio metálico elastomérico multidirecional com capacidade de 700 kN - fornecimento e instalação","un",5299.19]
[308315,"Aparelho de apoio metálico elastomérico unidirecional com capacidade de 1.500 kN - fornecimento e instalação","un",10847.95]
[308320,"Aparelho de apoio metálico elastomérico unidirecional com capacidade de 10.000 kN - fornecimento e instalação","un",63435.82]
[308316,"Aparelho de apoio metálico elastomérico unidirecional com capacidade de 2.500 kN - fornecimento e instalação","un",14876.26]
[308317,"Aparelho de apoio metálico elastomérico unidirecional com capacidade de 4.000 kN - fornecimento e instalação","un",26596.22]
[308318,"Aparelho de apoio metálico elastomérico unidirecional com capacidade de 5.500 kN - fornecimento e instalação","un",34556.559999999998]
[308319,"Aparelho de apoio metálico elastomérico unidirecional com capacidade de 7.500 kN - fornecimento e instalação","un",47951.7]
[308314,"Aparelho de apoio metálico elastomérico unidirecional com capacidade de 700 kN - fornecimento e instalação","un",6711.42]
[308250,"Aparelho de apoio metálico esférico fixo com capacidade de 1.000 kN - fornecimento e instalação","un",5816.51]
[308251,"Aparelho de apoio metálico esférico fixo com capacidade de 1.500 kN - fornecimento e instalação","un",8643.0499999999993]
[308268,"Aparelho de apoio metálico esférico fixo com capacidade de 10.000 kN - fornecimento e instalação","un",129106.67]
[308252,"Aparelho de apoio metálico esférico fixo com capacidade de 2.000 kN - fornecimento e instalação","un",10932.37]
[308253,"Aparelho de apoio metálico esférico fixo com capacidade de 2.500 kN - fornecimento e instalação","un",13789.89]
[308254,"Aparelho de apoio metálico esférico fixo com capacidade de 3.000 kN - fornecimento e instalação","un",15837.67]
[308255,"Aparelho de apoio metálico esférico fixo com capacidade de 3.500 kN - fornecimento e instalação","un",19125.759999999998]
[308256,"Aparelho de apoio metálico esférico fixo com capacidade de 4.000 kN - fornecimento e instalação","un",22544.02]
[308257,"Aparelho de apoio metálico esférico fixo com capacidade de 4.500 kN - fornecimento e instalação","un",57130.3]
[308258,"Aparelho de apoio metálico esférico fixo com capacidade de 5.000 kN - fornecimento e instalação","un",63516.55]
[308259,"Aparelho de apoio metálico esférico fixo com capacidade de 5.500 kN - fornecimento e instalação","un",68874.8]
[308260,"Aparelho de apoio metálico esférico fixo com capacidade de 6.000 kN - fornecimento e instalação","un",74285.23]
[308261,"Aparelho de apoio metálico esférico fixo com capacidade de 6.500 kN - fornecimento e instalação","un",84408.89]
[308262,"Aparelho de apoio metálico esférico fixo com capacidade de 7.000 kN - fornecimento e instalação","un",87108.39]
[308263,"Aparelho de apoio metálico esférico fixo com capacidade de 7.500 kN - fornecimento e instalação","un",97318.81]
[308264,"Aparelho de apoio metálico esférico fixo com capacidade de 8.000 kN - fornecimento e instalação","un",104059.99]
[308265,"Aparelho de apoio metálico esférico fixo com capacidade de 8.500 kN - fornecimento e instalação","un",106592.9]
[308266,"Aparelho de apoio metálico esférico fixo com capacidade de 9.000 kN - fornecimento e instalação","un",115190.03]
[308267,"Aparelho de apoio metálico esférico fixo com capacidade de 9.500 kN - fornecimento e instalação","un",121462.9]
[308288,"Aparelho de apoio metálico esférico multidirecional com capacidade de 1.000 kN - fornecimento e instalação","un",12952.87]
[308289,"Aparelho de apoio metálico esférico multidirecional com capacidade de 1.500 kN - fornecimento e instalação","un",18318.64]
[308306,"Aparelho de apoio metálico esférico multidirecional com capacidade de 10.000 kN - fornecimento e instalação","un",121768.48]
[308290,"Aparelho de apoio metálico esférico multidirecional com capacidade de 2.000 kN - fornecimento e instalação","un",24368.14]
[308291,"Aparelho de apoio metálico esférico multidirecional com capacidade de 2.500 kN - fornecimento e instalação","un",29042.54]
[308292,"Aparelho de apoio metálico esférico multidirecional com capacidade de 3.000 kN - fornecimento e instalação","un",34028.379999999997]
[308293,"Aparelho de apoio metálico esférico multidirecional com capacidade de 3.500 kN - fornecimento e instalação","un",38675.57]
[308294,"Aparelho de apoio metálico esférico multidirecional com capacidade de 4.000 kN - fornecimento e instalação","un",44121.760000000002]
[308295,"Aparelho de apoio metálico esférico multidirecional com capacidade de 4.500 kN - fornecimento e instalação","un",51127.32]
[308296,"Aparelho de apoio metálico esférico multidirecional com capacidade de 5.000 kN - fornecimento e instalação","un",56926.66]
[308297,"Aparelho de apoio metálico esférico multidirecional com capacidade de 5.500 kN - fornecimento e instalação","un",61690.98]
[308298,"Aparelho de apoio metálico esférico multidirecional com capacidade de 6.000 kN - fornecimento e instalação","un",70358.52]
[308299,"Aparelho de apoio metálico esférico multidirecional com capacidade de 6.500 kN - fornecimento e instalação","un",76022.66]
[308300,"Aparelho de apoio metálico esférico multidirecional com capacidade de 7.000 kN - fornecimento e instalação","un",81848.460000000006]
[308301,"Aparelho de apoio metálico esférico multidirecional com capacidade de 7.500 kN - fornecimento e instalação","un",88337.2]
[308302,"Aparelho de apoio metálico esférico multidirecional com capacidade de 8.000 kN - fornecimento e instalação","un",94124.93]
[308303,"Aparelho de apoio metálico esférico multidirecional com capacidade de 8.500 kN - fornecimento e instalação","un",103573.17]
[308304,"Aparelho de apoio metálico esférico multidirecional com capacidade de 9.000 kN - fornecimento e instalação","un",109143.59]
[308305,"Aparelho de apoio metálico esférico multidirecional com capacidade de 9.500 kN - fornecimento e instalação","un",115946.95]
[308269,"Aparelho de apoio metálico esférico unidirecional com capacidade de 1.000 kN - fornecimento e instalação","un",10154.57]
[308270,"Aparelho de apoio metálico esférico unidirecional com capacidade de 1.500 kN - fornecimento e instalação","un",14764.88]
[308287,"Aparelho de apoio metálico esférico unidirecional com capacidade de 10.000 kN - fornecimento e instalação","un",135669.5]
[308271,"Aparelho de apoio metálico esférico unidirecional com capacidade de 2.000 kN - fornecimento e instalação","un",18025.59]
[308272,"Aparelho de apoio metálico esférico unidirecional com capacidade de 2.500 kN - fornecimento e instalação","un",21255.61]
[308273,"Aparelho de apoio metálico esférico unidirecional com capacidade de 3.000 kN - fornecimento e instalação","un",26092.71]
[308274,"Aparelho de apoio metálico esférico unidirecional com capacidade de 3.500 kN - fornecimento e instalação","un",30026.400000000001]
[308275,"Aparelho de apoio metálico esférico unidirecional com capacidade de 4.000 kN - fornecimento e instalação","un",39119.61]
[308276,"Aparelho de apoio metálico esférico unidirecional com capacidade de 4.500 kN - fornecimento e instalação","un",59874.23]
[308277,"Aparelho de apoio metálico esférico unidirecional com capacidade de 5.000 kN - fornecimento e instalação","un",66288.58]
[308278,"Aparelho de apoio metálico esférico unidirecional com capacidade de 5.500 kN - fornecimento e instalação","un",72036.23]
[308279,"Aparelho de apoio metálico esférico unidirecional com capacidade de 6.000 kN - fornecimento e instalação","un",75765.14]
[308280,"Aparelho de apoio metálico esférico unidirecional com capacidade de 6.500 kN - fornecimento e instalação","un",86554.84]
[308281,"Aparelho de apoio metálico esférico unidirecional com capacidade de 7.000 kN - fornecimento e instalação","un",92983.679999999993]
[308282,"Aparelho de apoio metálico esférico unidirecional com capacidade de 7.500 kN - fornecimento e instalação","un",99995.75]
[308283,"Aparelho de apoio metálico esférico unidirecional com capacidade de 8.000 kN - fornecimento e instalação","un",106241.96]
[308284,"Aparelho de apoio metálico esférico unidirecional com capacidade de 8.500 kN - fornecimento e instalação","un",114902.95]
[308285,"Aparelho de apoio metálico esférico unidirecional com capacidade de 9.000 kN - fornecimento e instalação","un",122009.82]
[308286,"Aparelho de apoio metálico esférico unidirecional com capacidade de 9.500 kN - fornecimento e instalação","un",129158.48]
[307733,"Junta de dilatação em elastômero e perfil VV - L = 20 mm e H = 40 mm - fornecimento e instalação","m",459.42]
[307734,"Junta de dilatação em elastômero e perfil VV - L = 25 mm e H = 50 mm - fornecimento e instalação","m",594.30999999999995]
[307735,"Junta de dilatação em elastômero e perfil VV - L = 35 mm e H = 60 mm - fornecimento e instalação","m",1001.73]
[307736,"Junta de dilatação em elastômero e perfil VV - L = 40 mm e H = 70 mm - fornecimento e instalação","m",1362.96]
[307737,"Junta de dilatação em elastômero e perfil VV - L = 50 mm e H = 80 mm - fornecimento e instalação","m",1662.89]
[307730,"Junta de dilatação em perfil extrudado de borracha vulcanizada","m",0]
[307084,"Lábios poliméricos em junta de pavimento de concreto - L = 20 mm e H = 30 mm - confecção e assentamento","m",30.25]
[407818,"Armação em aço CA-25 - fornecimento, preparo e colocação","kg",12.07]
[407819,"Armação em aço CA-50 - fornecimento, preparo e colocação","kg",11.94]
[407820,"Armação em aço CA-60 - fornecimento, preparo e colocação","kg",12.99]
[407740,"Chumbador tipo espera em aço CA-25 para fixação de estrutura metálica em concreto - fornecimento e instalação","kg",14.78]
[408037,"Luva de emenda com rosca cônica para aço CA-50 - D = 12,5 mm - fornecimento e instalação","un",22.69]
[408038,"Luva de emenda com rosca cônica para aço CA-50 - D = 16 mm - fornecimento e instalação","un",33.03]
[408039,"Luva de emenda com rosca cônica para aço CA-50 - D = 20 mm - fornecimento e instalação","un",43.51]
[408041,"Luva de emenda com rosca cônica para aço CA-50 - D = 25 mm - fornecimento e instalação","un",61]
[408042,"Luva de emenda com rosca cônica para aço CA-50 - D = 32 mm - fornecimento e instalação","un",91.53]
[408031,"Luva de emenda prensada para aço CA-50 - D = 12,5 mm - fornecimento e instalação","un",21.46]
[408032,"Luva de emenda prensada para aço CA-50 - D = 16 mm - fornecimento e instalação","un",29.14]
[408033,"Luva de emenda prensada para aço CA-50 - D = 20 mm - fornecimento e instalação","un",40.96]
[408035,"Luva de emenda prensada para aço CA-50 - D = 25 mm - fornecimento e instalação","un",75.19]
[408036,"Luva de emenda prensada para aço CA-50 - D = 32 mm - fornecimento e instalação","un",145.53]
[408067,"Tela de aço eletrossoldada - fornecimento, preparo e colocação","kg",12.06]
[407743,"Treliça nervurada três barras longitudinais interligadas por duas diagonais sinusoidal - fornecimento e instalação","kg",13.19]
[607137,"Arco metálico galvanizado tipo MP 152S - arco alto - vão = 10,08 m e altura = 6,12 m - aterro rodoviário mínimo = 0,90 m e máximo = 5,00 m - areia e brita comerciais","m",60265.54]
[606785,"Arco metálico galvanizado tipo MP 152S - arco alto - vão = 10,08 m e altura = 6,12 m - aterro rodoviário mínimo = 0,90 m e máximo = 5,00 m - areia extraída e brita produzida","m",59695.72]
[607139,"Arco metálico galvanizado tipo MP 152S - arco alto - vão = 10,31 m e altura = 6,17 m - aterro rodoviário mínimo = 0,90 m e máximo = 4,90 m - areia e brita comerciais","m",61068.51]
[606787,"Arco metálico galvanizado tipo MP 152S - arco alto - vão = 10,31 m e altura = 6,17 m - aterro rodoviário mínimo = 0,90 m e máximo = 4,90 m - areia extraída e brita produzida","m",60184.33]
[607140,"Arco metálico galvanizado tipo MP 152S - arco alto - vão = 10,36 m e altura = 5,38 m - aterro rodoviário mínimo = 1,20 m e máximo = 3,60 m - areia e brita comerciais","m",55824.3]
[606788,"Arco metálico galvanizado tipo MP 152S - arco alto - vão = 10,36 m e altura = 5,38 m - aterro rodoviário mínimo = 1,20 m e máximo = 3,60 m - areia extraída e brita produzida","m",55627.22]
[607141,"Arco metálico galvanizado tipo MP 152S - arco alto - vão = 10,54 m e altura = 6,05 m - aterro rodoviário mínimo = 1,20 m e máximo = 4,20 m - areia e brita comerciais","m",62117.38]
[606789,"Arco metálico galvanizado tipo MP 152S - arco alto - vão = 10,54 m e altura = 6,05 m - aterro rodoviário mínimo = 1,20 m e máximo = 4,20 m - areia extraída e brita produzida","m",61525.19]
[607144,"Arco metálico galvanizado tipo MP 152S - arco alto - vão = 10,57 m e altura = 5,41 m - aterro rodoviário mínimo = 1,20 m e máximo = 4,10 m - areia e brita comerciais","m",72982.52]
[606792,"Arco metálico galvanizado tipo MP 152S - arco alto - vão = 10,57 m e altura = 5,41 m - aterro rodoviário mínimo = 1,20 m e máximo = 4,10 m - areia extraída e brita produzida","m",72441.62]
[607142,"Arco metálico galvanizado tipo MP 152S - arco alto - vão = 10,74 m e altura = 6,48 m - aterro rodoviário mínimo = 1,20 m e máximo = 4,70 m - areia e brita comerciais","m",65139.89]
[606790,"Arco metálico galvanizado tipo MP 152S - arco alto - vão = 10,74 m e altura = 6,48 m - aterro rodoviário mínimo = 1,20 m e máximo = 4,70 m - areia extraída e brita produzida","m",64502.92]
[607145,"Arco metálico galvanizado tipo MP 152S - arco alto - vão = 10,77 m e altura = 6,10 m - aterro rodoviário mínimo = 1,20 m e máximo = 4,70 m - areia e brita comerciais","m",80493.02]
[606793,"Arco metálico galvanizado tipo MP 152S - arco alto - vão = 10,77 m e altura = 6,10 m - aterro rodoviário mínimo = 1,20 m e máximo = 4,70 m - areia extraída e brita produzida","m",79888.070000000007]
[607146,"Arco metálico galvanizado tipo MP 152S - arco alto - vão = 10,97 m e altura = 6,53 m - aterro rodoviário mínimo = 1,20 m e máximo = 4,70 m - areia e brita comerciais","m",83968.19]
[606794,"Arco metálico galvanizado tipo MP 152S - arco alto - vão = 10,97 m e altura = 6,53 m - aterro rodoviário mínimo = 1,20 m e máximo = 4,70 m - areia extraída e brita produzida","m",83311.600000000006]
[607143,"Arco metálico galvanizado tipo MP 152S - arco alto - vão = 11,35 m e altura = 7,12 m - aterro rodoviário mínimo = 1,20 m e máximo = 4,70 m - areia e brita comerciais","m",70343.67]
[606791,"Arco metálico galvanizado tipo MP 152S - arco alto - vão = 11,35 m e altura = 7,12 m - aterro rodoviário mínimo = 1,20 m e máximo = 4,70 m - areia extraída e brita produzida","m",69610.34]
[607147,"Arco metálico galvanizado tipo MP 152S - arco alto - vão = 11,58 m e altura = 7,16 m - aterro rodoviário mínimo = 1,20 m e máximo = 6,40 m - areia e brita comerciais","m",90567.18]
[606795,"Arco metálico galvanizado tipo MP 152S - arco alto - vão = 11,58 m e altura = 7,16 m - aterro rodoviário mínimo = 1,20 m e máximo = 6,40 m - areia extraída e brita produzida","m",89810.58]
[607112,"Arco metálico galvanizado tipo MP 152S - arco alto - vão = 6,12 m e altura = 2,77 m - aterro rodoviário mínimo = 0,75 m e máximo = 5,40 m - areia e brita comerciais","m",29246.26]
[606760,"Arco metálico galvanizado tipo MP 152S - arco alto - vão = 6,12 m e altura = 2,77 m - aterro rodoviário mínimo = 0,75 m e máximo = 5,40 m - areia extraída e brita produzida","m",29047.93]
[607113,"Arco metálico galvanizado tipo MP 152S - arco alto - vão = 6,30 m e altura = 3,68 m - aterro rodoviário mínimo = 0,75 m e máximo = 7,50 m - areia e brita comerciais","m",34476.980000000003]
[606761,"Arco metálico galvanizado tipo MP 152S - arco alto - vão = 6,30 m e altura = 3,68 m - aterro rodoviário mínimo = 0,75 m e máximo = 7,50 m - areia extraída e brita produzida","m",34249]
[606762,"Arco metálico galvanizado tipo MP 152S - arco alto - vão = 6,55 m e altura = 3,56 m - aterro rodoviário mínimo = 0,75 m e máximo = 4,9 m - areia extraída e brita produzida","m",34625.269999999997]
[607114,"Arco metálico galvanizado tipo MP 152S - arco alto - vão = 6,55 m e altura = 3,56 m - aterro rodoviário mínimo = 0,75 m e máximo = 4,90 m - areia e brita comerciais","m",34857.550000000003]
[607116,"Arco metálico galvanizado tipo MP 152S - arco alto - vão = 6,78 m e altura = 3,61 m - aterro rodoviário mínimo = 0,75 m e máximo = 4,80 m - areia e brita comerciais","m",36373.449999999997]
[606764,"Arco metálico galvanizado tipo MP 152S - arco alto - vão = 6,78 m e altura = 3,61 m - aterro rodoviário mínimo = 0,75 m e máximo = 4,80 m - areia extraída e brita produzida","m",36131.39]
[607115,"Arco metálico galvanizado tipo MP 152S - arco alto - vão = 6,96 m e altura = 4,42 m - aterro rodoviário mínimo = 0,75 m e máximo = 8,10 m - areia e brita comerciais","m",41288.83]
[606763,"Arco metálico galvanizado tipo MP 152S - arco alto - vão = 6,96 m e altura = 4,42 m - aterro rodoviário mínimo = 0,75 m e máximo = 8,10 m - areia extraída e brita produzida","m",40997.61]
[607117,"Arco metálico galvanizado tipo MP 152S - arco alto - vão = 6,99 m e altura = 4,27 m - aterro rodoviário mínimo = 0,75 m e máximo = 5,70 m - areia e brita comerciais","m",41270.550000000003]
[606765,"Arco metálico galvanizado tipo MP 152S - arco alto - vão = 6,99 m e altura = 4,27 m - aterro rodoviário mínimo = 0,75 m e máximo = 5,70 m - areia extraída e brita produzida","m",40987.33]
[607118,"Arco metálico galvanizado tipo MP 152S - arco alto - vão = 7,01 m e altura = 3,63 m - aterro rodoviário mínimo = 0,75 m e máximo = 4,60 m - areia e brita comerciais","m",37011.17]
[606766,"Arco metálico galvanizado tipo MP 152S - arco alto - vão = 7,01 m e altura = 3,63 m - aterro rodoviário mínimo = 0,75 m e máximo = 4,60 m - areia extraída e brita produzida","m",36761.279999999999]
[607120,"Arco metálico galvanizado tipo MP 152S - arco alto - vão = 7,24 m e altura = 3,68 m - aterro rodoviário mínimo = 0,90 m e máximo = 4,4 m - areia e brita comerciais","m",37685.64]
[606768,"Arco metálico galvanizado tipo MP 152S - arco alto - vão = 7,24 m e altura = 3,68 m - aterro rodoviário mínimo = 0,90 m e máximo = 4,40 m - areia extraída e brita produzida","m",37422.49]
[607119,"Arco metálico galvanizado tipo MP 152S - arco alto - vão = 7,42 m e altura = 4,52 m - aterro rodoviário mínimo = 0,90 m e máximo = 6,40 m - areia e brita comerciais","m",43289.85]
[606767,"Arco metálico galvanizado tipo MP 152S - arco alto - vão = 7,42 m e altura = 4,52 m - aterro rodoviário mínimo = 0,90 m e máximo = 6,40 m - areia extraída e brita produzida","m",42968.93]
[607121,"Arco metálico galvanizado tipo MP 152S - arco alto - vão = 7,47 m e altura = 4,19 m - aterro rodoviário mínimo = 0,90 m e máximo = 4,30 m - areia e brita comerciais","m",40803.589999999997]
[606769,"Arco metálico galvanizado tipo MP 152S - arco alto - vão = 7,47 m e altura = 4,19 m - aterro rodoviário mínimo = 0,90 m e máximo = 4,30 m - areia extraída e brita produzida","m",40503.57]
[607123,"Arco metálico galvanizado tipo MP 152S - arco alto - vão = 7,67 m e altura = 3,99 m - aterro rodoviário mínimo = 0,90 m e máximo = 4,10 m - areia e brita comerciais","m",40256.71]
[606771,"Arco metálico galvanizado tipo MP 152S - arco alto - vão = 7,67 m e altura = 3,99 m - aterro rodoviário mínimo = 0,90 m e máximo = 4,10 m - areia extraída e brita produzida","m",39957.81]
[607122,"Arco metálico galvanizado tipo MP 152S - arco alto - vão = 7,85 m e altura = 4,60 m - aterro rodoviário mínimo = 0,90 m e máximo = 6,00 m - areia e brita comerciais","m",44631.12]
[606770,"Arco metálico galvanizado tipo MP 152S - arco alto - vão = 7,85 m e altura = 4,60 m - aterro rodoviário mínimo = 0,90 m e máximo = 6,00 m - areia extraída e brita produzida","m",44286.39]
[607125,"Arco metálico galvanizado tipo MP 152S - arco alto - vão = 7,90 m e altura = 4,04 m - aterro rodoviário mínimo = 0,90 m e máximo = 4,00 m - areia e brita comerciais","m",41599.68]
[606773,"Arco metálico galvanizado tipo MP 152S - arco alto - vão = 7,90 m e altura = 4,04 m - aterro rodoviário mínimo = 0,90 m e máximo = 4,00 m - areia extraída e brita produzida","m",41285.18]
[607124,"Arco metálico galvanizado tipo MP 152S - arco alto - vão = 8,08 m e altura = 4,65 m - aterro rodoviário mínimo = 0,90 m e máximo = 5,80 m - areia e brita comerciais","m",45298.39]
[606772,"Arco metálico galvanizado tipo MP 152S - arco alto - vão = 8,08 m e altura = 4,65 m - aterro rodoviário mínimo = 0,90 m e máximo = 5,80 m - areia extraída e brita produzida","m",44942.63]
[607126,"Arco metálico galvanizado tipo MP 152S - arco alto - vão = 8,31 m e altura = 4,70 m - aterro rodoviário mínimo = 0,90 m e máximo = 5,60 m - areia e brita comerciais","m",46548.73]
[606774,"Arco metálico galvanizado tipo MP 152S - arco alto - vão = 8,31 m e altura = 4,70 m - aterro rodoviário mínimo = 0,90 m e máximo = 5,60 m - areia extraída e brita produzida","m",46175.83]
[607127,"Arco metálico galvanizado tipo MP 152S - arco alto - vão = 8,36 m e altura = 4,11 m - aterro rodoviário mínimo = 0,90 m e máximo = 3,70 m - areia e brita comerciais","m",42881.99]
[606775,"Arco metálico galvanizado tipo MP 152S - arco alto - vão = 8,36 m e altura = 4,11 m - aterro rodoviário mínimo = 0,90 m e máximo = 3,70 m - areia extraída e brita produzida","m",42548.6]
[607129,"Arco metálico galvanizado tipo MP 152S - arco alto - vão = 8,59 m e altura = 4,39 m - aterro rodoviário mínimo = 0,90 m e máximo = 3,60 m - areia e brita comerciais","m",44867.46]
[606777,"Arco metálico galvanizado tipo MP 152S - arco alto - vão = 8,59 m e altura = 4,39 m - aterro rodoviário mínimo = 0,90 m e máximo = 3,60 m - areia extraída e brita produzida","m",44502.34]
[607128,"Arco metálico galvanizado tipo MP 152S - arco alto - vão = 8,97 m e altura = 5,00 m - aterro rodoviário mínimo = 0,90 m e máximo = 5,80 m - areia e brita comerciais","m",49311.79]
[606776,"Arco metálico galvanizado tipo MP 152S - arco alto - vão = 8,97 m e altura = 5,00 m - aterro rodoviário mínimo = 0,90 m e máximo = 5,80 m - areia extraída e brita produzida","m",48885.17]
[607130,"Arco metálico galvanizado tipo MP 152S - arco alto - vão = 9,17 m e altura = 5,49 m - aterro rodoviário mínimo = 0,90 m e máximo = 5,60 m - areia e brita comerciais","m",52549.89]
[606778,"Arco metálico galvanizado tipo MP 152S - arco alto - vão = 9,17 m e altura = 5,49 m - aterro rodoviário mínimo = 0,90 m e máximo = 5,60 m - areia extraída e brita produzida","m",52080.97]
[607131,"Arco metálico galvanizado tipo MP 152S - arco alto - vão = 9,22 m e altura = 4,70 m - aterro rodoviário mínimo = 0,90 m e máximo = 4,10 m - areia e brita comerciais","m",49311.39]
[606779,"Arco metálico galvanizado tipo MP 152S - arco alto - vão = 9,22 m e altura = 4,70 m - aterro rodoviário mínimo = 0,90 m e máximo = 4,10 m - areia extraída e brita produzida","m",48896.54]
[607133,"Arco metálico galvanizado tipo MP 152S - arco alto - vão = 9,45 m e altura = 4,75 m - aterro rodoviário mínimo = 0,90 m e máximo = 4,00 m - areia e brita comerciais","m",50048.13]
[606781,"Arco metálico galvanizado tipo MP 152S - arco alto - vão = 9,45 m e altura = 4,75 m - aterro rodoviário mínimo = 0,90 m e máximo = 4,00 m - areia extraída e brita produzida","m",49620.81]
[607132,"Arco metálico galvanizado tipo MP 152S - arco alto - vão = 9,63 m e altura = 5,59 m - aterro rodoviário mínimo = 0,90 m e máximo = 5,30 m - areia e brita comerciais","m",54564.65]
[606780,"Arco metálico galvanizado tipo MP 152S - arco alto - vão = 9,63 m e altura = 5,59 m - aterro rodoviário mínimo = 0,90 m e máximo = 5,30 m - areia extraída e brita produzida","m",54062.85]
[607134,"Arco metálico galvanizado tipo MP 152S - arco alto - vão = 9,65 m e altura = 5,41 m - aterro rodoviário mínimo = 0,90 m e máximo = 4,70 m - areia e brita comerciais","m",54023.41]
[606782,"Arco metálico galvanizado tipo MP 152S - arco alto - vão = 9,65 m e altura = 5,41 m - aterro rodoviário mínimo = 0,90 m e máximo = 4,70 m - areia extraída e brita produzida","m",53533.08]
[607136,"Arco metálico galvanizado tipo MP 152S - arco alto - vão = 9,68 m e altura = 5,23 m - aterro rodoviário mínimo = 0,90 m e máximo = 3,90 m - areia e brita comerciais","m",53303.89]
[606784,"Arco metálico galvanizado tipo MP 152S - arco alto - vão = 9,68 m e altura = 5,23 m - aterro rodoviário mínimo = 0,90 m e máximo = 3,90 m - areia extraída e brita produzida","m",52829.23]
[607135,"Arco metálico galvanizado tipo MP 152S - arco alto - vão = 9,86 m e altura = 6,07 m - aterro rodoviário mínimo = 0,90 m e máximo = 5,20 m - areia e brita comerciais","m",59417.74]
[606783,"Arco metálico galvanizado tipo MP 152S - arco alto - vão = 9,86 m e altura = 6,07 m - aterro rodoviário mínimo = 0,90 m e máximo = 5,20 m - areia extraída e brita produzida","m",58867.49]
[607138,"Arco metálico galvanizado tipo MP 152S - arco alto - vão = 9,91 m e altura = 5,28 m - aterro rodoviário mínimo = 0,90 m e máximo = 3,80 m - areia e brita comerciais","m",54208.62]
[606786,"Arco metálico galvanizado tipo MP 152S - arco alto - vão = 9,91 m e altura = 5,28 m - aterro rodoviário mínimo = 0,90 m e máximo = 3,80 m - areia extraída e brita produzida","m",53702.97]
[606842,"Arco metálico galvanizado tipo MP 152S - ovoide - vão = 7,21 m e altura = 7,82 m - aterro rodoviário mínimo = 0,75 m e máximo = 6,70 m - areia e brita comerciais","m",67560.94]
[606832,"Arco metálico galvanizado tipo MP 152S - ovoide - vão = 7,21 m e altura = 7,82 m - aterro rodoviário mínimo = 0,75 m e máximo = 6,70 m - areia extraída e brita produzida","m",67278.03]
[606843,"Arco metálico galvanizado tipo MP 152S - ovoide - vão = 7,31 m e altura = 7,87 m - aterro rodoviário mínimo = 0,90 m e máximo = 6,80 m - areia e brita comerciais","m",70192.289999999994]
[606833,"Arco metálico galvanizado tipo MP 152S - ovoide - vão = 7,31 m e altura = 7,87 m - aterro rodoviário mínimo = 0,90 m e máximo = 6,80 m - areia extraída e brita produzida","m",69894.89]
[606845,"Arco metálico galvanizado tipo MP 152S - ovoide - vão = 7,57 m e altura = 8,44 m - aterro rodoviário mínimo = 0,90 m e máximo = 5,60 m - areia e brita comerciais","m",72777.490000000005]
[606835,"Arco metálico galvanizado tipo MP 152S - ovoide - vão = 7,57 m e altura = 8,44 m - aterro rodoviário mínimo = 0,90 m e máximo = 5,60 m - areia extraída e brita produzida","m",72481.19]
[606844,"Arco metálico galvanizado tipo MP 152S - ovoide - vão = 7,77 m e altura = 7,90 m - aterro rodoviário mínimo = 0,90 m e máximo = 6,80 m - areia e brita comerciais","m",71004.81]
[606834,"Arco metálico galvanizado tipo MP 152S - ovoide - vão = 7,77 m e altura = 7,90 m - aterro rodoviário mínimo = 0,90 m e máximo = 6,80 m - areia extraída e brita produzida","m",70699.789999999994]
[606847,"Arco metálico galvanizado tipo MP 152S - ovoide - vão = 8,13 m e altura = 8,01 m - aterro rodoviário mínimo = 0,90 m e máximo = 3,50 m - areia e brita comerciais","m",76112.34]
[606837,"Arco metálico galvanizado tipo MP 152S - ovoide - vão = 8,13 m e altura = 8,01 m - aterro rodoviário mínimo = 0,90 m e máximo = 3,50 m - areia extraída e brita produzida","m",75778.740000000005]
[606846,"Arco metálico galvanizado tipo MP 152S - ovoide - vão = 8,36 m e altura = 8,23 m - aterro rodoviário mínimo = 0,90 m e máximo = 4,30 m - areia e brita comerciais","m",76576.05]
[606836,"Arco metálico galvanizado tipo MP 152S - ovoide - vão = 8,36 m e altura = 8,23 m - aterro rodoviário mínimo = 0,90 m e máximo = 4,30 m - areia extraída e brita produzida","m",76238.84]
[606848,"Arco metálico galvanizado tipo MP 152S - ovoide - vão = 8,56 m e altura = 8,48 m - aterro rodoviário mínimo = 0,90 m e máximo = 5,30 m - areia e brita comerciais","m",76414.179999999993]
[606838,"Arco metálico galvanizado tipo MP 152S - ovoide - vão = 8,56 m e altura = 8,48 m - aterro rodoviário mínimo = 0,90 m e máximo = 5,30 m - areia extraída e brita produzida","m",76063.37]
[606849,"Arco metálico galvanizado tipo MP 152S - ovoide - vão = 8,71 m e altura = 9,32 m - aterro rodoviário mínimo = 0,90 m e máximo = 6,00 m - areia e brita comerciais","m",82224.7]
[606839,"Arco metálico galvanizado tipo MP 152S - ovoide - vão = 8,71 m e altura = 9,32 m - aterro rodoviário mínimo = 0,90 m e máximo = 6,00 m - areia extraída e brita produzida","m",81882.67]
[606850,"Arco metálico galvanizado tipo MP 152S - ovoide - vão = 9,15 m e altura = 9,04 m - aterro rodoviário mínimo = 0,90 m e máximo = 4,70 m - areia e brita comerciais","m",83714.95]
[606840,"Arco metálico galvanizado tipo MP 152S - ovoide - vão = 9,15 m e altura = 9,04 m - aterro rodoviário mínimo = 0,90 m e máximo = 4,70 m - areia extraída e brita produzida","m",83340.740000000005]
[606851,"Arco metálico galvanizado tipo MP 152S - ovoide - vão = 9,15 m e altura = 9,50 m - aterro rodoviário mínimo = 0,90 m e máximo = 5,70 m - areia e brita comerciais","m",84443.71]
[606841,"Arco metálico galvanizado tipo MP 152S - ovoide - vão = 9,15 m e altura = 9,50 m - aterro rodoviário mínimo = 0,90 m e máximo = 5,70 m - areia extraída e brita produzida","m",84085.64]
[605604,"Argamassa de solo-cimento com 10% de cimento e material de jazida - preparo e injeção em tunnel liner","m³",289.49]
[605695,"Bueiro metálico com chapas múltiplas MP 100 com revestimento em epóxi - D = 0,60 m - brita comercial","m",1608.69]
[605607,"Bueiro metálico com chapas múltiplas MP 100 com revestimento em epóxi - D = 0,60 m - brita produzida","m",1585.92]
[605696,"Bueiro metálico com chapas múltiplas MP 100 com revestimento em epóxi - D = 0,70 m - brita comercial","m",1852.52]
[605608,"Bueiro metálico com chapas múltiplas MP 100 com revestimento em epóxi - D = 0,70 m - brita produzida","m",1828.32]
[605697,"Bueiro metálico com chapas múltiplas MP 100 com revestimento em epóxi - D = 0,80 m - brita comercial","m",2096.38]
[605609,"Bueiro metálico com chapas múltiplas MP 100 com revestimento em epóxi - D = 0,80 m - brita produzida","m",2070.7600000000002]
[605698,"Bueiro metálico com chapas múltiplas MP 100 com revestimento em epóxi - D = 0,90 m - brita comercial","m",2292.56]
[605610,"Bueiro metálico com chapas múltiplas MP 100 com revestimento em epóxi - D = 0,90 m - brita produzida","m",2265.52]
[605699,"Bueiro metálico com chapas múltiplas MP 100 com revestimento em epóxi - D = 1,00 m - brita comercial","m",2536.36]
[605611,"Bueiro metálico com chapas múltiplas MP 100 com revestimento em epóxi - D = 1,00 m - brita produzida","m",2507.9]
[605700,"Bueiro metálico com chapas múltiplas MP 100 com revestimento em epóxi - D = 1,10 m - brita comercial","m",2875.66]
[605612,"Bueiro metálico com chapas múltiplas MP 100 com revestimento em epóxi - D = 1,10 m - brita produzida","m",2845.77]
[605701,"Bueiro metálico com chapas múltiplas MP 100 com revestimento em epóxi - D = 1,20 m - brita comercial","m",3071.81]
[605613,"Bueiro metálico com chapas múltiplas MP 100 com revestimento em epóxi - D = 1,20 m - brita produzida","m",3040.5]
[605702,"Bueiro metálico com chapas múltiplas MP 100 com revestimento em epóxi - D = 1,30 m - brita comercial","m",3351.1]
[605614,"Bueiro metálico com chapas múltiplas MP 100 com revestimento em epóxi - D = 1,30 m - brita produzida","m",3302]
[605703,"Bueiro metálico com chapas múltiplas MP 100 com revestimento em epóxi - D = 1,40 m - brita comercial","m",3551.28]
[605615,"Bueiro metálico com chapas múltiplas MP 100 com revestimento em epóxi - D = 1,40 m - brita produzida","m",3500.04]
[605704,"Bueiro metálico com chapas múltiplas MP 100 com revestimento em epóxi - D = 1,50 m - brita comercial","m",3799.72]
[605616,"Bueiro metálico com chapas múltiplas MP 100 com revestimento em epóxi - D = 1,50 m - brita produzida","m",3746.35]
[605705,"Bueiro metálico com chapas múltiplas MP 100 com revestimento em epóxi - D = 1,60 m - brita comercial","m",4051.76]
[605617,"Bueiro metálico com chapas múltiplas MP 100 com revestimento em epóxi - D = 1,60 m - brita produzida","m",3996.25]
[605706,"Bueiro metálico com chapas múltiplas MP 100 com revestimento em epóxi - D = 1,70 m - brita comercial","m",4257.38]
[605618,"Bueiro metálico com chapas múltiplas MP 100 com revestimento em epóxi - D = 1,70 m - brita produzida","m",4199.74]
[605707,"Bueiro metálico com chapas múltiplas MP 100 com revestimento em epóxi - D = 1,80 m - brita comercial","m",4703.6000000000004]
[605619,"Bueiro metálico com chapas múltiplas MP 100 com revestimento em epóxi - D = 1,80 m - brita produzida","m",4643.82]
[605708,"Bueiro metálico com chapas múltiplas MP 100 com revestimento em epóxi - D = 1,90 m - brita comercial","m",5517.2]
[605620,"Bueiro metálico com chapas múltiplas MP 100 com revestimento em epóxi - D = 1,90 m - brita produzida","m",5455.29]
[605709,"Bueiro metálico com chapas múltiplas MP 100 com revestimento em epóxi - D = 2,00 m - brita comercial","m",5783.69]
[605621,"Bueiro metálico com chapas múltiplas MP 100 com revestimento em epóxi - D = 2,00 m - brita produzida","m",5719.65]
[605710,"Bueiro metálico com chapas múltiplas MP 100 com revestimento em epóxi - D = 2,10 m - brita comercial","m",6208.94]
[605622,"Bueiro metálico com chapas múltiplas MP 100 com revestimento em epóxi - D = 2,10 m - brita produzida","m",6142.76]
[605711,"Bueiro metálico com chapas múltiplas MP 100 com revestimento em epóxi - D = 2,20 m - brita comercial","m",6412.95]
[605623,"Bueiro metálico com chapas múltiplas MP 100 com revestimento em epóxi - D = 2,20 m - brita produzida","m",6344.63]
[605712,"Bueiro metálico com chapas múltiplas MP 100 com revestimento em epóxi - D = 2,30 m - brita comercial","m",6744.61]
[605624,"Bueiro metálico com chapas múltiplas MP 100 com revestimento em epóxi - D = 2,30 m - brita produzida","m",6674.16]
[605713,"Bueiro metálico com chapas múltiplas MP 100 com revestimento em epóxi - D = 2,40 m - brita comercial","m",9057.9699999999993]
[605625,"Bueiro metálico com chapas múltiplas MP 100 com revestimento em epóxi - D = 2,40 m - brita produzida","m",8985.39]
[605714,"Bueiro metálico com chapas múltiplas MP 100 com revestimento em epóxi - D = 2,50 m - brita comercial","m",11412.77]
[605626,"Bueiro metálico com chapas múltiplas MP 100 com revestimento em epóxi - D = 2,50 m - brita produzida","m",11338.05]
[605715,"Bueiro metálico com chapas múltiplas MP 100 com revestimento em epóxi - D = 2,60 m - brita comercial","m",12175.35]
[605627,"Bueiro metálico com chapas múltiplas MP 100 com revestimento em epóxi - D = 2,60 m - brita produzida","m",12098.5]
[605716,"Bueiro metálico com chapas múltiplas MP 100 com revestimento em epóxi - D = 2,70 m - brita comercial","m",12610.86]
[605628,"Bueiro metálico com chapas múltiplas MP 100 com revestimento em epóxi - D = 2,70 m - brita produzida","m",12531.87]
[605717,"Bueiro metálico com chapas múltiplas MP 100 com revestimento em epóxi - D = 2,80 m - brita comercial","m",13419.88]
[605629,"Bueiro metálico com chapas múltiplas MP 100 com revestimento em epóxi - D = 2,80 m - brita produzida","m",13338.76]
[605651,"Bueiro metálico com chapas múltiplas MP 100 galvanizadas - D = 0,60 m - brita comercial","m",1519.57]
[605460,"Bueiro metálico com chapas múltiplas MP 100 galvanizadas - D = 0,60 m - brita produzida","m",1496.8]
[605652,"Bueiro metálico com chapas múltiplas MP 100 galvanizadas - D = 0,70 m - brita comercial","m",1749.48]
[605461,"Bueiro metálico com chapas múltiplas MP 100 galvanizadas - D = 0,70 m - brita produzida","m",1725.29]
[605653,"Bueiro metálico com chapas múltiplas MP 100 galvanizadas - D = 0,80 m - brita comercial","m",1979.42]
[605462,"Bueiro metálico com chapas múltiplas MP 100 galvanizadas - D = 0,80 m - brita produzida","m",1953.8]
[605654,"Bueiro metálico com chapas múltiplas MP 100 galvanizadas - D = 0,90 m - brita comercial","m",2164.4699999999998]
[605463,"Bueiro metálico com chapas múltiplas MP 100 galvanizadas - D = 0,90 m - brita produzida","m",2137.4299999999998]
[605655,"Bueiro metálico com chapas múltiplas MP 100 galvanizadas - D = 1,00 m - brita comercial","m",2394.34]
[605464,"Bueiro metálico com chapas múltiplas MP 100 galvanizadas - D = 1,00 m - brita produzida","m",2365.87]
[605656,"Bueiro metálico com chapas múltiplas MP 100 galvanizadas - D = 1,10 m - brita comercial","m",2714.14]
[605465,"Bueiro metálico com chapas múltiplas MP 100 galvanizadas - D = 1,10 m - brita produzida","m",2684.25]
[605657,"Bueiro metálico com chapas múltiplas MP 100 galvanizadas - D = 1,20 m - brita comercial","m",2899.16]
[605466,"Bueiro metálico com chapas múltiplas MP 100 galvanizadas - D = 1,20 m - brita produzida","m",2867.85]
[605658,"Bueiro metálico com chapas múltiplas MP 100 galvanizadas - D = 1,30 m - brita comercial","m",3164.53]
[605467,"Bueiro metálico com chapas múltiplas MP 100 galvanizadas - D = 1,30 m - brita produzida","m",3115.43]
[605659,"Bueiro metálico com chapas múltiplas MP 100 galvanizadas - D = 1,40 m - brita comercial","m",3353.56]
[605468,"Bueiro metálico com chapas múltiplas MP 100 galvanizadas - D = 1,40 m - brita produzida","m",3302.32]
[605660,"Bueiro metálico com chapas múltiplas MP 100 galvanizadas - D = 1,50 m - brita comercial","m",3588.07]
[605469,"Bueiro metálico com chapas múltiplas MP 100 galvanizadas - D = 1,50 m - brita produzida","m",3534.7]
[605661,"Bueiro metálico com chapas múltiplas MP 100 galvanizadas - D = 1,60 m - brita comercial","m",3826.19]
[605470,"Bueiro metálico com chapas múltiplas MP 100 galvanizadas - D = 1,60 m - brita produzida","m",3770.69]
[605662,"Bueiro metálico com chapas múltiplas MP 100 galvanizadas - D = 1,70 m - brita comercial","m",4020.67]
[605471,"Bueiro metálico com chapas múltiplas MP 100 galvanizadas - D = 1,70 m - brita produzida","m",3963.03]
[605663,"Bueiro metálico com chapas múltiplas MP 100 galvanizadas - D = 1,80 m - brita comercial","m",4452.9799999999996]
[605472,"Bueiro metálico com chapas múltiplas MP 100 galvanizadas - D = 1,80 m - brita produzida","m",4393.21]
[605664,"Bueiro metálico com chapas múltiplas MP 100 galvanizadas - D = 1,90 m - brita comercial","m",5216.87]
[605473,"Bueiro metálico com chapas múltiplas MP 100 galvanizadas - D = 1,90 m - brita produzida","m",5154.96]
[605665,"Bueiro metálico com chapas múltiplas MP 100 galvanizadas - D = 2,00 m - brita comercial","m",5467.13]
[605474,"Bueiro metálico com chapas múltiplas MP 100 galvanizadas - D = 2,00 m - brita produzida","m",5403.09]
[605666,"Bueiro metálico com chapas múltiplas MP 100 galvanizadas - D = 2,10 m - brita comercial","m",5870.74]
[605475,"Bueiro metálico com chapas múltiplas MP 100 galvanizadas - D = 2,10 m - brita produzida","m",5804.56]
[605667,"Bueiro metálico com chapas múltiplas MP 100 galvanizadas - D = 2,20 m - brita comercial","m",6066.62]
[605476,"Bueiro metálico com chapas múltiplas MP 100 galvanizadas - D = 2,20 m - brita produzida","m",5998.31]
[605668,"Bueiro metálico com chapas múltiplas MP 100 galvanizadas - D = 2,30 m - brita comercial","m",6384.77]
[605477,"Bueiro metálico com chapas múltiplas MP 100 galvanizadas - D = 2,30 m - brita produzida","m",6314.32]
[605669,"Bueiro metálico com chapas múltiplas MP 100 galvanizadas - D = 2,40 m - brita comercial","m",8390.41]
[605478,"Bueiro metálico com chapas múltiplas MP 100 galvanizadas - D = 2,40 m - brita produzida","m",8317.82]
[605670,"Bueiro metálico com chapas múltiplas MP 100 galvanizadas - D = 2,50 m - brita comercial","m",10571.52]
[605479,"Bueiro metálico com chapas múltiplas MP 100 galvanizadas - D = 2,50 m - brita produzida","m",10496.8]
[605671,"Bueiro metálico com chapas múltiplas MP 100 galvanizadas - D = 2,60 m - brita comercial","m",11286.23]
[605480,"Bueiro metálico com chapas múltiplas MP 100 galvanizadas - D = 2,60 m - brita produzida","m",11209.38]
[605672,"Bueiro metálico com chapas múltiplas MP 100 galvanizadas - D = 2,70 m - brita comercial","m",11704.63]
[605481,"Bueiro metálico com chapas múltiplas MP 100 galvanizadas - D = 2,70 m - brita produzida","m",11625.64]
[605673,"Bueiro metálico com chapas múltiplas MP 100 galvanizadas - D = 2,80 m - brita comercial","m",12469.21]
[605482,"Bueiro metálico com chapas múltiplas MP 100 galvanizadas - D = 2,80 m - brita produzida","m",12388.09]
[605718,"Bueiro metálico com chapas múltiplas MP 152 com revestimento em epóxi - D = 1,50 m - brita comercial","m",7581.83]
[605630,"Bueiro metálico com chapas múltiplas MP 152 com revestimento em epóxi - D = 1,50 m - brita produzida","m",7528.46]
[605719,"Bueiro metálico com chapas múltiplas MP 152 com revestimento em epóxi - D = 1,80 m - brita comercial","m",9369.24]
[605631,"Bueiro metálico com chapas múltiplas MP 152 com revestimento em epóxi - D = 1,80 m - brita produzida","m",9309.4699999999993]
[605720,"Bueiro metálico com chapas múltiplas MP 152 com revestimento em epóxi - D = 1,90 m - brita comercial","m",9669.31]
[605632,"Bueiro metálico com chapas múltiplas MP 152 com revestimento em epóxi - D = 1,90 m - brita produzida","m",9607.4]
[605721,"Bueiro metálico com chapas múltiplas MP 152 com revestimento em epóxi - D = 2,15 m - brita comercial","m",10958.39]
[605633,"Bueiro metálico com chapas múltiplas MP 152 com revestimento em epóxi - D = 2,15 m - brita produzida","m",10891.14]
[605722,"Bueiro metálico com chapas múltiplas MP 152 com revestimento em epóxi - D = 2,30 m - brita comercial","m",11606.26]
[605634,"Bueiro metálico com chapas múltiplas MP 152 com revestimento em epóxi - D = 2,30 m - brita produzida","m",11535.81]
[605723,"Bueiro metálico com chapas múltiplas MP 152 com revestimento em epóxi - D = 2,65 m - brita comercial","m",13580.79]
[605635,"Bueiro metálico com chapas múltiplas MP 152 com revestimento em epóxi - D = 2,65 m - brita produzida","m",13502.87]
[605724,"Bueiro metálico com chapas múltiplas MP 152 com revestimento em epóxi - D = 3,05 m - brita comercial","m",15507.4]
[605636,"Bueiro metálico com chapas múltiplas MP 152 com revestimento em epóxi - D = 3,05 m - brita produzida","m",15399.59]
[605725,"Bueiro metálico com chapas múltiplas MP 152 com revestimento em epóxi - D = 3,20 m - brita comercial","m",16463.490000000002]
[605637,"Bueiro metálico com chapas múltiplas MP 152 com revestimento em epóxi - D = 3,20 m - brita produzida","m",16352.48]
[605726,"Bueiro metálico com chapas múltiplas MP 152 com revestimento em epóxi - D = 3,40 m - brita comercial","m",17425.63]
[605638,"Bueiro metálico com chapas múltiplas MP 152 com revestimento em epóxi - D = 3,40 m - brita produzida","m",17310.349999999999]
[605727,"Bueiro metálico com chapas múltiplas MP 152 com revestimento em epóxi - D = 3,65 m - brita comercial","m",18678.3]
[605639,"Bueiro metálico com chapas múltiplas MP 152 com revestimento em epóxi - D = 3,65 m - brita produzida","m",18557.68]
[605728,"Bueiro metálico com chapas múltiplas MP 152 com revestimento em epóxi - D = 3,80 m - brita comercial","m",19372.97]
[605640,"Bueiro metálico com chapas múltiplas MP 152 com revestimento em epóxi - D = 3,80 m - brita produzida","m",19249.16]
[605729,"Bueiro metálico com chapas múltiplas MP 152 com revestimento em epóxi - D = 4,20 m - brita comercial","m",21285.99]
[605641,"Bueiro metálico com chapas múltiplas MP 152 com revestimento em epóxi - D = 4,20 m - brita produzida","m",21153.63]
[605730,"Bueiro metálico com chapas múltiplas MP 152 com revestimento em epóxi - D = 4,60 m - brita comercial","m",23246.11]
[605642,"Bueiro metálico com chapas múltiplas MP 152 com revestimento em epóxi - D = 4,60 m - brita produzida","m",23105.21]
[605731,"Bueiro metálico com chapas múltiplas MP 152 com revestimento em epóxi - D = 4,80 m - brita comercial","m",29482.66]
[605643,"Bueiro metálico com chapas múltiplas MP 152 com revestimento em epóxi - D = 4,80 m - brita produzida","m",29337.49]
[605732,"Bueiro metálico com chapas múltiplas MP 152 com revestimento em epóxi - D = 5,00 m - brita comercial","m",30473.06]
[605644,"Bueiro metálico com chapas múltiplas MP 152 com revestimento em epóxi - D = 5,00 m - brita produzida","m",30298.720000000001]
[605733,"Bueiro metálico com chapas múltiplas MP 152 com revestimento em epóxi - D = 5,35 m - brita comercial","m",37127.120000000003]
[605645,"Bueiro metálico com chapas múltiplas MP 152 com revestimento em epóxi - D = 5,35 m - brita produzida","m",36944.07]
[605734,"Bueiro metálico com chapas múltiplas MP 152 com revestimento em epóxi - D = 5,70 m - brita comercial","m",39879.660000000003]
[605646,"Bueiro metálico com chapas múltiplas MP 152 com revestimento em epóxi - D = 5,70 m - brita produzida","m",39687.879999999997]
[605735,"Bueiro metálico com chapas múltiplas MP 152 com revestimento em epóxi - D = 6,10 m - brita comercial","m",49182.01]
[605647,"Bueiro metálico com chapas múltiplas MP 152 com revestimento em epóxi - D = 6,10 m - brita produzida","m",48980.27]
[605736,"Bueiro metálico com chapas múltiplas MP 152 com revestimento em epóxi - D = 6,50 m - brita comercial","m",62876.81]
[605648,"Bueiro metálico com chapas múltiplas MP 152 com revestimento em epóxi - D = 6,50 m - brita produzida","m",62665.11]
[605737,"Bueiro metálico com chapas múltiplas MP 152 com revestimento em epóxi - D = 6,85 m - brita comercial","m",66840.479999999996]
[605649,"Bueiro metálico com chapas múltiplas MP 152 com revestimento em epóxi - D = 6,85 m - brita produzida","m",66620.070000000007]
[605738,"Bueiro metálico com chapas múltiplas MP 152 com revestimento em epóxi - D = 7,25 m - brita comercial","m",70839.55]
[605650,"Bueiro metálico com chapas múltiplas MP 152 com revestimento em epóxi - D = 7,25 m - brita produzida","m",70609.17]
[605674,"Bueiro metálico com chapas múltiplas MP 152 galvanizadas - D = 1,50 m - brita comercial","m",7327.09]
[605483,"Bueiro metálico com chapas múltiplas MP 152 galvanizadas - D = 1,50 m - brita produzida","m",7273.72]
[605675,"Bueiro metálico com chapas múltiplas MP 152 galvanizadas - D = 1,80 m - brita comercial","m",9061.2199999999993]
[605484,"Bueiro metálico com chapas múltiplas MP 152 galvanizadas - D = 1,80 m - brita produzida","m",9001.44]
[605676,"Bueiro metálico com chapas múltiplas MP 152 galvanizadas - D = 1,90 m - brita comercial","m",9351.2999999999993]
[605485,"Bueiro metálico com chapas múltiplas MP 152 galvanizadas - D = 1,90 m - brita produzida","m",9289.39]
[605677,"Bueiro metálico com chapas múltiplas MP 152 galvanizadas - D = 2,15 m - brita comercial","m",10597.09]
[605486,"Bueiro metálico com chapas múltiplas MP 152 galvanizadas - D = 2,15 m - brita produzida","m",10529.84]
[605678,"Bueiro metálico com chapas múltiplas MP 152 galvanizadas - D = 2,30 m - brita comercial","m",11224.97]
[605487,"Bueiro metálico com chapas múltiplas MP 152 galvanizadas - D = 2,30 m - brita produzida","m",11154.52]
[605679,"Bueiro metálico com chapas múltiplas MP 152 galvanizadas - D = 2,65 m - brita comercial","m",13134.58]
[605488,"Bueiro metálico com chapas múltiplas MP 152 galvanizadas - D = 2,65 m - brita produzida","m",13056.66]
[605680,"Bueiro metálico com chapas múltiplas MP 152 galvanizadas - D = 3,05 m - brita comercial","m",14997.91]
[605489,"Bueiro metálico com chapas múltiplas MP 152 galvanizadas - D = 3,05 m - brita produzida","m",14890.1]
[605681,"Bueiro metálico com chapas múltiplas MP 152 galvanizadas - D = 3,20 m - brita comercial","m",15922.37]
[605490,"Bueiro metálico com chapas múltiplas MP 152 galvanizadas - D = 3,20 m - brita produzida","m",15811.36]
[605682,"Bueiro metálico com chapas múltiplas MP 152 galvanizadas - D = 3,40 m - brita comercial","m",16852.88]
[605491,"Bueiro metálico com chapas múltiplas MP 152 galvanizadas - D = 3,40 m - brita produzida","m",16737.599999999999]
[605683,"Bueiro metálico com chapas múltiplas MP 152 galvanizadas - D = 3,65 m - brita comercial","m",18063.919999999998]
[605492,"Bueiro metálico com chapas múltiplas MP 152 galvanizadas - D = 3,65 m - brita produzida","m",17943.3]
[605684,"Bueiro metálico com chapas múltiplas MP 152 galvanizadas - D = 3,80 m - brita comercial","m",18736.939999999999]
[605493,"Bueiro metálico com chapas múltiplas MP 152 galvanizadas - D = 3,80 m - brita produzida","m",18613.12]
[605685,"Bueiro metálico com chapas múltiplas MP 152 galvanizadas - D = 4,20 m - brita comercial","m",20585.03]
[605494,"Bueiro metálico com chapas múltiplas MP 152 galvanizadas - D = 4,20 m - brita produzida","m",20452.669999999998]
[605686,"Bueiro metálico com chapas múltiplas MP 152 galvanizadas - D = 4,60 m - brita comercial","m",22481.88]
[605495,"Bueiro metálico com chapas múltiplas MP 152 galvanizadas - D = 4,60 m - brita produzida","m",22340.99]
[605687,"Bueiro metálico com chapas múltiplas MP 152 galvanizadas - D = 4,80 m - brita comercial","m",25706.47]
[605496,"Bueiro metálico com chapas múltiplas MP 152 galvanizadas - D = 4,80 m - brita produzida","m",25561.31]
[605688,"Bueiro metálico com chapas múltiplas MP 152 galvanizadas - D = 5,00 m - brita comercial","m",26590.240000000002]
[605497,"Bueiro metálico com chapas múltiplas MP 152 galvanizadas - D = 5,00 m - brita produzida","m",26415.9]
[605689,"Bueiro metálico com chapas múltiplas MP 152 galvanizadas - D = 5,35 m - brita comercial","m",33361.760000000002]
[605498,"Bueiro metálico com chapas múltiplas MP 152 galvanizadas - D = 5,35 m - brita produzida","m",33178.699999999997]
[605690,"Bueiro metálico com chapas múltiplas MP 152 galvanizadas - D = 5,70 m - brita comercial","m",35845]
[605499,"Bueiro metálico com chapas múltiplas MP 152 galvanizadas - D = 5,70 m - brita produzida","m",35653.230000000003]
[605691,"Bueiro metálico com chapas múltiplas MP 152 galvanizadas - D = 6,10 m - brita comercial","m",44047.41]
[605500,"Bueiro metálico com chapas múltiplas MP 152 galvanizadas - D = 6,10 m - brita produzida","m",43845.67]
[605692,"Bueiro metálico com chapas múltiplas MP 152 galvanizadas - D = 6,50 m - brita comercial","m",52802.33]
[605501,"Bueiro metálico com chapas múltiplas MP 152 galvanizadas - D = 6,50 m - brita produzida","m",52590.62]
[605693,"Bueiro metálico com chapas múltiplas MP 152 galvanizadas - D = 6,85 m - brita comercial","m",56175.72]
[605502,"Bueiro metálico com chapas múltiplas MP 152 galvanizadas - D = 6,85 m - brita produzida","m",55955.3]
[605694,"Bueiro metálico com chapas múltiplas MP 152 galvanizadas - D = 7,25 m - brita comercial","m",59584.52]
[605503,"Bueiro metálico com chapas múltiplas MP 152 galvanizadas - D = 7,25 m - brita produzida","m",59354.14]
[606433,"Bueiro metálico com chapas múltiplas MP 152 galvanizadas - lenticular - vão = 1,95 m e altura = 1,40 m - aterro rodoviário mínimo = 0,60 m e máximo = 8,40 m - brita comercial","m",8824.23]
[606343,"Bueiro metálico com chapas múltiplas MP 152 galvanizadas - lenticular - vão = 1,95 m e altura = 1,40 m - aterro rodoviário mínimo = 0,60 m e máximo = 8,40 m - brita produzida","m",8761.25]
[606434,"Bueiro metálico com chapas múltiplas MP 152 galvanizadas - lenticular - vão = 2,15 m e altura = 1,50 m - aterro rodoviário mínimo = 0,60 m e máximo = 7,50 m - brita comercial","m",9756.73]
[606344,"Bueiro metálico com chapas múltiplas MP 152 galvanizadas - lenticular - vão = 2,15 m e altura = 1,50 m - aterro rodoviário mínimo = 0,60 m e máximo = 7,50 m - brita produzida","m",9689.48]
[606435,"Bueiro metálico com chapas múltiplas MP 152 galvanizadas - lenticular - vão = 2,30 m e altura = 1,60 m - aterro rodoviário mínimo = 0,60 m e máximo = 7,20 m - brita comercial","m",10640.28]
[606345,"Bueiro metálico com chapas múltiplas MP 152 galvanizadas - lenticular - vão = 2,30 m e altura = 1,60 m - aterro rodoviário mínimo = 0,60 m e máximo = 7,20 m - brita produzida","m",10569.83]
[606436,"Bueiro metálico com chapas múltiplas MP 152 galvanizadas - lenticular - vão = 2,55 m e altura = 1,65 m - aterro rodoviário mínimo = 0,60 m e máximo = 6,50 m - brita comercial","m",11311.08]
[606346,"Bueiro metálico com chapas múltiplas MP 152 galvanizadas - lenticular - vão = 2,55 m e altura = 1,65 m - aterro rodoviário mínimo = 0,60 m e máximo = 6,50 m - brita produzida","m",11235.29]
[606437,"Bueiro metálico com chapas múltiplas MP 152 galvanizadas - lenticular - vão = 2,70 m e altura = 1,85 m - aterro rodoviário mínimo = 0,60 m e máximo = 6,60 m - brita comercial","m",12243.33]
[606347,"Bueiro metálico com chapas múltiplas MP 152 galvanizadas - lenticular - vão = 2,70 m e altura = 1,85 m - aterro rodoviário mínimo = 0,60 m e máximo = 6,60 m - brita produzida","m",12164.34]
[606438,"Bueiro metálico com chapas múltiplas MP 152 galvanizadas - lenticular - vão = 2,75 m e altura = 1,90 m - aterro rodoviário mínimo = 0,60 m e máximo = 6,50 m - brita comercial","m",12570.61]
[606348,"Bueiro metálico com chapas múltiplas MP 152 galvanizadas - lenticular - vão = 2,75 m e altura = 1,90 m - aterro rodoviário mínimo = 0,60 m e máximo = 6,50 m - brita produzida","m",12490.56]
[606439,"Bueiro metálico com chapas múltiplas MP 152 galvanizadas - lenticular - vão = 3,00 m e altura = 2,00 m - aterro rodoviário mínimo = 0,60 m e máximo = 6,00 m - brita comercial","m",13248.92]
[606349,"Bueiro metálico com chapas múltiplas MP 152 galvanizadas - lenticular - vão = 3,00 m e altura = 2,00 m - aterro rodoviário mínimo = 0,60 m e máximo = 6,00 m - brita produzida","m",13142.18]
[606440,"Bueiro metálico com chapas múltiplas MP 152 galvanizadas - lenticular - vão = 3,20 m e altura = 2,10 m - aterro rodoviário mínimo = 0,60 m e máximo = 5,60 m - brita comercial","m",13859.66]
[606350,"Bueiro metálico com chapas múltiplas MP 152 galvanizadas - lenticular - vão = 3,20 m e altura = 2,10 m - aterro rodoviário mínimo = 0,60 m e máximo = 5,60 m - brita produzida","m",13748.65]
[606441,"Bueiro metálico com chapas múltiplas MP 152 galvanizadas - lenticular - vão = 3,35 m e altura = 2,15 m - aterro rodoviário mínimo = 0,60 m e máximo = 5,30 m - brita comercial","m",14518.34]
[606351,"Bueiro metálico com chapas múltiplas MP 152 galvanizadas - lenticular - vão = 3,35 m e altura = 2,15 m - aterro rodoviário mínimo = 0,60 m e máximo = 5,30 m - brita produzida","m",14404.13]
[606442,"Bueiro metálico com chapas múltiplas MP 152 galvanizadas - lenticular - vão = 3,55 m e altura = 2,25 m - aterro rodoviário mínimo = 0,60 m e máximo = 5,00 m - brita comercial","m",15153.06]
[606352,"Bueiro metálico com chapas múltiplas MP 152 galvanizadas - lenticular - vão = 3,55 m e altura = 2,25 m - aterro rodoviário mínimo = 0,60 m e máximo = 5,00 m - brita produzida","m",15034.58]
[606443,"Bueiro metálico com chapas múltiplas MP 152 galvanizadas - lenticular - vão = 3,70 m e altura = 2,35 m - aterro rodoviário mínimo = 0,60 m e máximo = 4,90 m - brita comercial","m",16070.21]
[606353,"Bueiro metálico com chapas múltiplas MP 152 galvanizadas - lenticular - vão = 3,70 m e altura = 2,35 m - aterro rodoviário mínimo = 0,60 m e máximo = 4,90 m - brita produzida","m",15948.53]
[606444,"Bueiro metálico com chapas múltiplas MP 152 galvanizadas - lenticular - vão = 3,90 m e altura = 2,45 m - aterro rodoviário mínimo = 0,60 m e máximo = 4,60 m - brita comercial","m",16765.68]
[606354,"Bueiro metálico com chapas múltiplas MP 152 galvanizadas - lenticular - vão = 3,90 m e altura = 2,45 m - aterro rodoviário mínimo = 0,60 m e máximo = 4,60 m - brita produzida","m",16639.72]
[606445,"Bueiro metálico com chapas múltiplas MP 152 galvanizadas - lenticular - vão = 4,00 m e altura = 2,55 m - aterro rodoviário mínimo = 0,60 m e máximo = 4,50 m - brita comercial","m",17419.54]
[606355,"Bueiro metálico com chapas múltiplas MP 152 galvanizadas - lenticular - vão = 4,00 m e altura = 2,55 m - aterro rodoviário mínimo = 0,60 m e máximo = 4,50 m - brita produzida","m",17291.45]
[606446,"Bueiro metálico com chapas múltiplas MP 152 galvanizadas - lenticular - vão = 4,15 m e altura = 2,80 m - aterro rodoviário mínimo = 0,60 m e máximo = 6,80 m - brita comercial","m",18055.23]
[606356,"Bueiro metálico com chapas múltiplas MP 152 galvanizadas - lenticular - vão = 4,15 m e altura = 2,80 m - aterro rodoviário mínimo = 0,60 m e máximo = 6,80 m - brita produzida","m",17923.939999999999]
[606447,"Bueiro metálico com chapas múltiplas MP 152 galvanizadas - lenticular - vão = 4,40 m e altura = 2,90 m - aterro rodoviário mínimo = 0,60 m e máximo = 6,40 m - brita comercial","m",18751.099999999999]
[606357,"Bueiro metálico com chapas múltiplas MP 152 galvanizadas - lenticular - vão = 4,40 m e altura = 2,90 m - aterro rodoviário mínimo = 0,60 m e máximo = 6,40 m - brita produzida","m",18591.7]
[606448,"Bueiro metálico com chapas múltiplas MP 152 galvanizadas - lenticular - vão = 4,60 m e altura = 3,00 m - aterro rodoviário mínimo = 0,60 m e máximo = 6,10 m - brita comercial","m",19727.939999999999]
[606358,"Bueiro metálico com chapas múltiplas MP 152 galvanizadas - lenticular - vão = 4,60 m e altura = 3,00 m - aterro rodoviário mínimo = 0,60 m e máximo = 6,10 m - brita produzida","m",19563.560000000001]
[606449,"Bueiro metálico com chapas múltiplas MP 152 galvanizadas - lenticular - vão = 4,80 m e altura = 3,05 m - aterro rodoviário mínimo = 0,60 m e máximo = 5,80 m - brita comercial","m",24337.61]
[606359,"Bueiro metálico com chapas múltiplas MP 152 galvanizadas - lenticular - vão = 4,80 m e altura = 3,05 m - aterro rodoviário mínimo = 0,60 m e máximo = 5,80 m - brita produzida","m",24168.25]
[606450,"Bueiro metálico com chapas múltiplas MP 152 galvanizadas - lenticular - vão = 5,05 m e altura = 3,15 m - aterro rodoviário mínimo = 0,90 m e máximo = 5,50 m - brita comercial","m",25316.35]
[606360,"Bueiro metálico com chapas múltiplas MP 152 galvanizadas - lenticular - vão = 5,05 m e altura = 3,15 m - aterro rodoviário mínimo = 0,90 m e máximo = 5,50 m - brita produzida","m",25140.77]
[606451,"Bueiro metálico com chapas múltiplas MP 152 galvanizadas - lenticular - vão = 5,25 m e altura = 3,25 m - aterro rodoviário mínimo = 0,90 m e máximo = 5,30 m - brita comercial","m",26130.1]
[606361,"Bueiro metálico com chapas múltiplas MP 152 galvanizadas - lenticular - vão = 5,25 m e altura = 3,25 m - aterro rodoviário mínimo = 0,90 m e máximo = 5,30 m - brita produzida","m",25949.53]
[606452,"Bueiro metálico com chapas múltiplas MP 152 galvanizadas - lenticular - vão = 5,45 m e altura = 3,35 m - aterro rodoviário mínimo = 0,90 m e máximo = 5,10 m - brita comercial","m",29792.01]
[606362,"Bueiro metálico com chapas múltiplas MP 152 galvanizadas - lenticular - vão = 5,45 m e altura = 3,35 m - aterro rodoviário mínimo = 0,90 m e máximo = 5,10 m - brita produzida","m",29606.47]
[606453,"Bueiro metálico com chapas múltiplas MP 152 galvanizadas - lenticular - vão = 5,60 m e altura = 3,40 m - aterro rodoviário mínimo = 0,90 m e máximo = 4,90 m - brita comercial","m",30251.41]
[606363,"Bueiro metálico com chapas múltiplas MP 152 galvanizadas - lenticular - vão = 5,60 m e altura = 3,40 m - aterro rodoviário mínimo = 0,90 m e máximo = 4,90 m - brita produzida","m",30062.12]
[606454,"Bueiro metálico com chapas múltiplas MP 152 galvanizadas - lenticular - vão = 5,80 m e altura = 3,50 m - aterro rodoviário mínimo = 0,90 m e máximo = 4,70 m - brita comercial","m",36136.03]
[606364,"Bueiro metálico com chapas múltiplas MP 152 galvanizadas - lenticular - vão = 5,80 m e altura = 3,50 m - aterro rodoviário mínimo = 0,90 m e máximo = 4,70 m - brita produzida","m",35941.769999999997]
[606455,"Bueiro metálico com chapas múltiplas MP 152 galvanizadas - lenticular - vão = 5,90 m e altura = 3,55 m - aterro rodoviário mínimo = 0,90 m e máximo = 4,70 m - brita comercial","m",36713.67]
[606365,"Bueiro metálico com chapas múltiplas MP 152 galvanizadas - lenticular - vão = 5,90 m e altura = 3,55 m - aterro rodoviário mínimo = 0,90 m e máximo = 4,70 m - brita produzida","m",36516.910000000003]
[606456,"Bueiro metálico com chapas múltiplas MP 152 galvanizadas - lenticular - vão = 6,10 m e altura = 3,65 m - aterro rodoviário mínimo = 0,90 m e máximo = 4,50 m - brita comercial","m",38121.43]
[606366,"Bueiro metálico com chapas múltiplas MP 152 galvanizadas - lenticular - vão = 6,10 m e altura = 3,65 m - aterro rodoviário mínimo = 0,90 m e máximo = 4,50 m - brita produzida","m",37919.69]
[606457,"Bueiro metálico com chapas múltiplas MP 152 galvanizadas - lenticular - vão = 6,25 m e altura = 3,65 m - aterro rodoviário mínimo = 0,90 m e máximo = 4,30 m - brita comercial","m",38730.36]
[606367,"Bueiro metálico com chapas múltiplas MP 152 galvanizadas - lenticular - vão = 6,25 m e altura = 3,65 m - aterro rodoviário mínimo = 0,90 m e máximo = 4,30 m - brita produzida","m",38524.89]
[606458,"Bueiro metálico com chapas múltiplas MP 152 galvanizadas - lenticular - vão = 6,40 m e altura = 3,75 m - aterro rodoviário mínimo = 0,90 m e máximo = 4,30 m - brita comercial","m",52682.97]
[606368,"Bueiro metálico com chapas múltiplas MP 152 galvanizadas - lenticular - vão = 6,40 m e altura = 3,75 m - aterro rodoviário mínimo = 0,90 m e máximo = 4,30 m - brita produzida","m",52473.760000000002]
[606459,"Bueiro metálico com chapas múltiplas MP 152 galvanizadas - lenticular - vão = 6,60 m e altura = 3,85 m - aterro rodoviário mínimo = 0,90 m e máximo = 4,10 m - brita comercial","m",54804.22]
[606369,"Bueiro metálico com chapas múltiplas MP 152 galvanizadas - lenticular - vão = 6,60 m e altura = 3,85 m - aterro rodoviário mínimo = 0,90 m e máximo = 4,10 m - brita produzida","m",54590.03]
[606479,"Bueiro metálico com chapas múltiplas MP 152 galvanizadas - passagem de gado - vão = 2,20 m e altura = 2,25 m -aterro rodoviário mínimo = 0,30 m e máximo = 8,90 m - brita comercial","m",12356.13]
[606460,"Bueiro metálico com chapas múltiplas MP 152 galvanizadas - passagem de gado - vão = 2,20 m e altura = 2,25 m -aterro rodoviário mínimo = 0,30 m e máximo = 8,90 m - brita produzida","m",12276.43]
[606480,"Bueiro metálico com chapas múltiplas MP 152 galvanizadas - passagem de gado - vão = 2,90 m e altura = 3,10 m - aterro rodoviário mínimo = 0,60 m e máximo = 11,40 m - brita comercial","m",16112.31]
[606461,"Bueiro metálico com chapas múltiplas MP 152 galvanizadas - passagem de gado - vão = 2,90 m e altura = 3,10 m - aterro rodoviário mínimo = 0,60 m e máximo = 11,40 m - brita produzida","m",16015.18]
[606481,"Bueiro metálico com chapas múltiplas MP 152 galvanizadas - passagem inferior - vão = 3,70 m e altura = 3,50 m - aterro rodoviário mínimo = 0,60 m e máximo = 10,30 m - brita comercial","m",18746.16]
[606462,"Bueiro metálico com chapas múltiplas MP 152 galvanizadas - passagem inferior - vão = 3,70 m e altura = 3,50 m - aterro rodoviário mínimo = 0,60 m e máximo = 10,30 m - brita produzida","m",18604.189999999999]
[606482,"Bueiro metálico com chapas múltiplas MP 152 galvanizadas - passagem inferior - vão = 3,90 m e altura = 3,60 m - aterro rodoviário mínimo = 0,60 m e máximo = 9,80 m - brita comercial","m",19721.330000000002]
[606463,"Bueiro metálico com chapas múltiplas MP 152 galvanizadas - passagem inferior - vão = 3,90 m e altura = 3,60 m - aterro rodoviário mínimo = 0,60 m e máximo = 9,80 m - brita produzida","m",19574.38]
[606483,"Bueiro metálico com chapas múltiplas MP 152 galvanizadas - passagem inferior - vão = 4,00 m e altura = 3,75 m - aterro rodoviário mínimo = 0,60 m e máximo = 9,50 m - brita comercial","m",20225.669999999998]
[606464,"Bueiro metálico com chapas múltiplas MP 152 galvanizadas - passagem inferior - vão = 4,00 m e altura = 3,75 m - aterro rodoviário mínimo = 0,60 m e máximo = 9,50 m - brita produzida","m",20076.240000000002]
[606484,"Bueiro metálico com chapas múltiplas MP 152 galvanizadas - passagem inferior - vão = 4,20 m e altura = 3,90 m - aterro rodoviário mínimo = 0,60 m e máximo = 9,10 m - brita comercial","m",20919.12]
[606465,"Bueiro metálico com chapas múltiplas MP 152 galvanizadas - passagem inferior - vão = 4,20 m e altura = 3,90 m - aterro rodoviário mínimo = 0,60 m e máximo = 9,10 m - brita produzida","m",20764.7]
[606485,"Bueiro metálico com chapas múltiplas MP 152 galvanizadas - passagem inferior - vão = 4,25 m e altura = 4,10 m - aterro rodoviário mínimo = 0,60 m e máximo = 8,90 m - brita comercial","m",21586.14]
[606466,"Bueiro metálico com chapas múltiplas MP 152 galvanizadas - passagem inferior - vão = 4,25 m e altura = 4,10 m - aterro rodoviário mínimo = 0,60 m e máximo = 8,90 m - brita produzida","m",21430.48]
[606486,"Bueiro metálico com chapas múltiplas MP 152 galvanizadas - passagem inferior - vão = 4,40 m e altura = 4,25 m - aterro rodoviário mínimo = 0,60 m e máximo = 8,60 m - brita comercial","m",22532.52]
[606467,"Bueiro metálico com chapas múltiplas MP 152 galvanizadas - passagem inferior - vão = 4,40 m e altura = 4,25 m - aterro rodoviário mínimo = 0,60 m e máximo = 8,60 m - brita produzida","m",22373.119999999999]
[606487,"Bueiro metálico com chapas múltiplas MP 152 galvanizadas - passagem inferior - vão = 4,50 m e altura = 4,40 m - aterro rodoviário mínimo = 0,60 m e máximo = 8,40 m - brita comercial","m",23186.15]
[606468,"Bueiro metálico com chapas múltiplas MP 152 galvanizadas - passagem inferior - vão = 4,50 m e altura = 4,40 m - aterro rodoviário mínimo = 0,60 m e máximo = 8,40 m - brita produzida","m",23024.26]
[606488,"Bueiro metálico com chapas múltiplas MP 152 galvanizadas - passagem inferior - vão = 4,70 m e altura = 4,50 m - aterro rodoviário mínimo = 0,60 m e máximo = 8,90 m - brita comercial","m",28662.77]
[606469,"Bueiro metálico com chapas múltiplas MP 152 galvanizadas - passagem inferior - vão = 4,70 m e altura = 4,50 m - aterro rodoviário mínimo = 0,60 m e máximo = 8,90 m - brita produzida","m",28495.9]
[606489,"Bueiro metálico com chapas múltiplas MP 152 galvanizadas - passagem inferior - vão = 4,80 m e altura = 4,75 m - aterro rodoviário mínimo = 0,90 m e máximo = 9,00 m - brita comercial","m",30231.07]
[606470,"Bueiro metálico com chapas múltiplas MP 152 galvanizadas - passagem inferior - vão = 4,80 m e altura = 4,75 m - aterro rodoviário mínimo = 0,90 m e máximo = 9,00 m - brita produzida","m",30061.71]
[606490,"Bueiro metálico com chapas múltiplas MP 152 galvanizadas - passagem inferior - vão = 5,00 m e altura = 4,85 m - aterro rodoviário mínimo = 0,90 m e máximo = 8,60 m - brita comercial","m",31111.74]
[606471,"Bueiro metálico com chapas múltiplas MP 152 galvanizadas - passagem inferior - vão = 5,00 m e altura = 4,85 m - aterro rodoviário mínimo = 0,90 m e máximo = 8,60 m - brita produzida","m",30937.4]
[606491,"Bueiro metálico com chapas múltiplas MP 152 galvanizadas - passagem inferior - vão = 5,15 m e altura = 4,90 m - aterro rodoviário mínimo = 0,90 m e máximo = 8,50 m - brita comercial","m",31976.84]
[606472,"Bueiro metálico com chapas múltiplas MP 152 galvanizadas - passagem inferior - vão = 5,15 m e altura = 4,90 m - aterro rodoviário mínimo = 0,90 m e máximo = 8,50 m - brita produzida","m",31798.77]
[606492,"Bueiro metálico com chapas múltiplas MP 152 galvanizadas - passagem inferior - vão = 5,25 m e altura = 5,00 m - aterro rodoviário mínimo = 0,90 m e máximo = 8,40 m - brita comercial","m",32618.95]
[606473,"Bueiro metálico com chapas múltiplas MP 152 galvanizadas - passagem inferior - vão = 5,25 m e altura = 5,00 m - aterro rodoviário mínimo = 0,90 m e máximo = 8,40 m - brita produzida","m",32438.38]
[606493,"Bueiro metálico com chapas múltiplas MP 152 galvanizadas - passagem inferior - vão = 5,30 m e altura = 5,30 m - aterro rodoviário mínimo = 0,90 m e máximo = 9,60 m - brita comercial","m",34360.14]
[606474,"Bueiro metálico com chapas múltiplas MP 152 galvanizadas - passagem inferior - vão = 5,30 m e altura = 5,30 m - aterro rodoviário mínimo = 0,90 m e máximo = 9,60 m - brita produzida","m",34178.33]
[606494,"Bueiro metálico com chapas múltiplas MP 152 galvanizadas - passagem inferior - vão = 5,65 m e altura = 5,25 m - aterro rodoviário mínimo = 0,90 m e máximo = 9,00 m - brita comercial","m",39694.58]
[606475,"Bueiro metálico com chapas múltiplas MP 152 galvanizadas - passagem inferior - vão = 5,65 m e altura = 5,25 m - aterro rodoviário mínimo = 0,90 m e máximo = 9,00 m - brita produzida","m",39504.050000000003]
[606495,"Bueiro metálico com chapas múltiplas MP 152 galvanizadas - passagem inferior - vão = 5,85 m e altura = 5,30 m - aterro rodoviário mínimo = 0,90 m e máximo = 8,40 m - brita comercial","m",46765.5]
[606476,"Bueiro metálico com chapas múltiplas MP 152 galvanizadas - passagem inferior - vão = 5,85 m e altura = 5,30 m - aterro rodoviário mínimo = 0,90 m e máximo = 8,40 m - brita produzida","m",46569.99]
[606496,"Bueiro metálico com chapas múltiplas MP 152 galvanizadas - passagem inferior - vão = 6,00 m e altura = 5,45 m - aterro rodoviário mínimo = 0,90 m e máximo = 8,30 m - brita comercial","m",47873.4]
[606477,"Bueiro metálico com chapas múltiplas MP 152 galvanizadas - passagem inferior - vão = 6,00 m e altura = 5,45 m - aterro rodoviário mínimo = 0,90 m e máximo = 8,30 m - brita produzida","m",47674.15]
[606497,"Bueiro metálico com chapas múltiplas MP 152 galvanizadas - passagem inferior - vão = 6,25 m e altura = 5,50 m - aterro rodoviário mínimo = 0,90 m e máximo = 7,90 m - brita comercial","m",48520.56]
[606478,"Bueiro metálico com chapas múltiplas MP 152 galvanizadas - passagem inferior - vão = 6,25 m e altura = 5,50 m - aterro rodoviário mínimo = 0,90 m e máximo = 7,90 m - brita produzida","m",48315.09]
[605835,"Bueiro metálico sem interrupção de tráfego - D = 1,20 m - chapa com epóxi - escavado em material de 1ª categoria - aterro ferroviário máximo = 12,90 m","m",7115.75]
[605571,"Bueiro metálico sem interrupção de tráfego - D = 1,20 m - chapa com epóxi - escavado em material de 1ª categoria - aterro rodoviário máximo = 9,00 m","m",6295.11]
[605850,"Bueiro metálico sem interrupção de tráfego - D = 1,20 m - chapa com epóxi - escavado em material de 2ª categoria - aterro ferroviário máximo = 12,90 m","m",7574.05]
[605582,"Bueiro metálico sem interrupção de tráfego - D = 1,20 m - chapa com epóxi - escavado em material de 2ª categoria - aterro rodoviário máximo = 9,00 m","m",6753.41]
[605889,"Bueiro metálico sem interrupção de tráfego - D = 1,20 m - chapa com epóxi - escavado em material de 3ª categoria - aterro ferroviário máximo = 12,90 m","m",8480.08]
[605593,"Bueiro metálico sem interrupção de tráfego - D = 1,20 m - chapa com epóxi - escavado em material de 3ª categoria - aterro rodoviário máximo = 9,00 m","m",7659.44]
[605739,"Bueiro metálico sem interrupção de tráfego - D = 1,20 m - chapa galvanizada - escavado em material de 1ª categoria - aterro ferroviário máximo = 12,90 m","m",6862.42]
[605504,"Bueiro metálico sem interrupção de tráfego - D = 1,20 m - chapa galvanizada - escavado em material de 1ª categoria - aterro rodoviário máximo = 9,00 m","m",5992.54]
[605781,"Bueiro metálico sem interrupção de tráfego - D = 1,20 m - chapa galvanizada - escavado em material de 2ª categoria - aterro ferroviário máximo = 12,90 m","m",7320.72]
[605524,"Bueiro metálico sem interrupção de tráfego - D = 1,20 m - chapa galvanizada - escavado em material de 2ª categoria - aterro rodoviário máximo = 9,00 m","m",6450.85]
[605815,"Bueiro metálico sem interrupção de tráfego - D = 1,20 m - chapa galvanizada - escavado em material de 3ª categoria - aterro ferroviário máximo = 12,90 m","m",8226.76]
[605544,"Bueiro metálico sem interrupção de tráfego - D = 1,20 m - chapa galvanizada - escavado em material de 3ª categoria - aterro rodoviário máximo = 9,00 m","m",7356.88]
[605836,"Bueiro metálico sem interrupção de tráfego - D = 1,40 m - chapa com epóxi - escavado em material de 1ª categoria - aterro ferroviário máximo = 11,00 m","m",8065.35]
[605572,"Bueiro metálico sem interrupção de tráfego - D = 1,40 m - chapa com epóxi - escavado em material de 1ª categoria - aterro rodoviário máximo = 7,70 m","m",7178.41]
[605851,"Bueiro metálico sem interrupção de tráfego - D = 1,40 m - chapa com epóxi - escavado em material de 2ª categoria - aterro ferroviário máximo = 11,00 m","m",8663.94]
[605583,"Bueiro metálico sem interrupção de tráfego - D = 1,40 m - chapa com epóxi - escavado em material de 2ª categoria - aterro rodoviário máximo = 7,70 m","m",7777]
[605890,"Bueiro metálico sem interrupção de tráfego - D = 1,40 m - chapa com epóxi - escavado em material de 3ª categoria - aterro ferroviário máximo = 11,00 m","m",9847.34]
[605594,"Bueiro metálico sem interrupção de tráfego - D = 1,40 m - chapa com epóxi - escavado em material de 3ª categoria - aterro rodoviário máximo = 7,70 m","m",8960.4]
[605740,"Bueiro metálico sem interrupção de tráfego - D = 1,40 m - chapa galvanizada - escavado em material de 1ª categoria - aterro ferroviário máximo = 11,00 m","m",7779.82]
[605505,"Bueiro metálico sem interrupção de tráfego - D = 1,40 m - chapa galvanizada - escavado em material de 1ª categoria - aterro rodoviário máximo = 7,70 m","m",6834.88]
[605782,"Bueiro metálico sem interrupção de tráfego - D = 1,40 m - chapa galvanizada - escavado em material de 2ª categoria - aterro ferroviário máximo = 11,00 m","m",8378.42]
[605525,"Bueiro metálico sem interrupção de tráfego - D = 1,40 m - chapa galvanizada - escavado em material de 2ª categoria - aterro rodoviário máximo = 7,70 m","m",7433.48]
[605816,"Bueiro metálico sem interrupção de tráfego - D = 1,40 m - chapa galvanizada - escavado em material de 3ª categoria - aterro ferroviário máximo = 11,00 m","m",9561.81]
[605545,"Bueiro metálico sem interrupção de tráfego - D = 1,40 m - chapa galvanizada - escavado em material de 3ª categoria - aterro rodoviário máximo = 7,70 m","m",8616.8700000000008]
[605837,"Bueiro metálico sem interrupção de tráfego - D = 1,60 m - chapa com epóxi - escavado em material de 1ª categoria - aterro ferroviário máximo = 9,60 m","m",9593]
[605573,"Bueiro metálico sem interrupção de tráfego - D = 1,60 m - chapa com epóxi - escavado em material de 1ª categoria - aterro rodoviário máximo = 6,70 m","m",8653.36]
[605852,"Bueiro metálico sem interrupção de tráfego - D = 1,60 m - chapa com epóxi - escavado em material de 2ª categoria - aterro ferroviário máximo = 9,60 m","m",10350.6]
[605584,"Bueiro metálico sem interrupção de tráfego - D = 1,60 m - chapa com epóxi - escavado em material de 2ª categoria - aterro rodoviário máximo = 6,70 m","m",9410.9599999999991]
[605891,"Bueiro metálico sem interrupção de tráfego - D = 1,60 m - chapa com epóxi - escavado em material de 3ª categoria - aterro ferroviário máximo = 9,60 m","m",11848.33]
[605595,"Bueiro metálico sem interrupção de tráfego - D = 1,60 m - chapa com epóxi - escavado em material de 3ª categoria - aterro rodoviário máximo = 6,70 m","m",10908.69]
[605741,"Bueiro metálico sem interrupção de tráfego - D = 1,60 m - chapa galvanizada - escavado em material de 1ª categoria - aterro ferroviário máximo = 9,60 m","m",9260.25]
[605506,"Bueiro metálico sem interrupção de tráfego - D = 1,60 m - chapa galvanizada - escavado em material de 1ª categoria - aterro rodoviário máximo = 6,70 m","m",8246.7800000000007]
[605783,"Bueiro metálico sem interrupção de tráfego - D = 1,60 m - chapa galvanizada - escavado em material de 2ª categoria - aterro ferroviário máximo = 9,60 m","m",10017.85]
[605526,"Bueiro metálico sem interrupção de tráfego - D = 1,60 m - chapa galvanizada - escavado em material de 2ª categoria - aterro rodoviário máximo = 6,70 m","m",9004.3799999999992]
[605817,"Bueiro metálico sem interrupção de tráfego - D = 1,60 m - chapa galvanizada - escavado em material de 3ª categoria - aterro ferroviário máximo = 9,60 m","m",11515.58]
[605546,"Bueiro metálico sem interrupção de tráfego - D = 1,60 m - chapa galvanizada - escavado em material de 3ª categoria - aterro rodoviário máximo = 6,70 m","m",10502.11]
[605838,"Bueiro metálico sem interrupção de tráfego - D = 1,80 m - chapa com epóxi - escavado em material de 1ª categoria - aterro ferroviário máximo = 8,00 m","m",10925.87]
[605574,"Bueiro metálico sem interrupção de tráfego - D = 1,80 m - chapa com epóxi - escavado em material de 1ª categoria - aterro rodoviário máximo = 6,00 m","m",9856.2800000000007]
[605853,"Bueiro metálico sem interrupção de tráfego - D = 1,80 m - chapa com epóxi - escavado em material de 2ª categoria - aterro ferroviário máximo = 8,00 m","m",11861.17]
[605585,"Bueiro metálico sem interrupção de tráfego - D = 1,80 m - chapa com epóxi - escavado em material de 2ª categoria - aterro rodoviário máximo = 6,00 m","m",10791.58]
[605892,"Bueiro metálico sem interrupção de tráfego - D = 1,80 m - chapa com epóxi - escavado em material de 3ª categoria - aterro ferroviário máximo = 8,00 m","m",13710.22]
[605596,"Bueiro metálico sem interrupção de tráfego - D = 1,80 m - chapa com epóxi - escavado em material de 3ª categoria - aterro rodoviário máximo = 6,00 m","m",12640.63]
[605742,"Bueiro metálico sem interrupção de tráfego - D = 1,80 m - chapa galvanizada - escavado em material de 1ª categoria - aterro ferroviário máximo = 8,00 m","m",10545.88]
[605507,"Bueiro metálico sem interrupção de tráfego - D = 1,80 m - chapa galvanizada - escavado em material de 1ª categoria - aterro rodoviário máximo = 6,00 m","m",9392.98]
[605784,"Bueiro metálico sem interrupção de tráfego - D = 1,80 m - chapa galvanizada - escavado em material de 2ª categoria - aterro ferroviário máximo = 8,00 m","m",11481.19]
[605527,"Bueiro metálico sem interrupção de tráfego - D = 1,80 m - chapa galvanizada - escavado em material de 2ª categoria - aterro rodoviário máximo = 6,00 m","m",10328.290000000001]
[605818,"Bueiro metálico sem interrupção de tráfego - D = 1,80 m - chapa galvanizada - escavado em material de 3ª categoria - aterro ferroviário máximo = 8,00 m","m",13330.24]
[605547,"Bueiro metálico sem interrupção de tráfego - D = 1,80 m - chapa galvanizada - escavado em material de 3ª categoria - aterro rodoviário máximo = 6,00 m","m",12177.34]
[605839,"Bueiro metálico sem interrupção de tráfego - D = 2,00 m - chapa com epóxi - escavado em material de 1ª categoria - aterro ferroviário máximo = 6,90 m","m",12299.1]
[605575,"Bueiro metálico sem interrupção de tráfego - D = 2,00 m - chapa com epóxi - escavado em material de 1ª categoria - aterro rodoviário máximo = 5,40 m","m",11123.13]
[605854,"Bueiro metálico sem interrupção de tráfego - D = 2,00 m - chapa com epóxi - escavado em material de 2ª categoria - aterro ferroviário máximo = 6,90 m","m",13430.83]
[605586,"Bueiro metálico sem interrupção de tráfego - D = 2,00 m - chapa com epóxi - escavado em material de 2ª categoria - aterro rodoviário máximo = 5,40 m","m",12254.85]
[605893,"Bueiro metálico sem interrupção de tráfego - D = 2,00 m - chapa com epóxi - escavado em material de 3ª categoria - aterro ferroviário máximo = 6,90 m","m",15668.18]
[605597,"Bueiro metálico sem interrupção de tráfego - D = 2,00 m - chapa com epóxi - escavado em material de 3ª categoria - aterro rodoviário máximo = 5,40 m","m",14492.21]
[605743,"Bueiro metálico sem interrupção de tráfego - D = 2,00 m - chapa galvanizada - escavado em material de 1ª categoria - aterro ferroviário máximo = 6,90 m","m",11880.48]
[605508,"Bueiro metálico sem interrupção de tráfego - D = 2,00 m - chapa galvanizada - escavado em material de 1ª categoria - aterro rodoviário máximo = 5,40 m","m",10612.56]
[605785,"Bueiro metálico sem interrupção de tráfego - D = 2,00 m - chapa galvanizada - escavado em material de 2ª categoria - aterro ferroviário máximo = 6,90 m","m",13012.2]
[605528,"Bueiro metálico sem interrupção de tráfego - D = 2,00 m - chapa galvanizada - escavado em material de 2ª categoria - aterro rodoviário máximo = 5,40 m","m",11744.29]
[605819,"Bueiro metálico sem interrupção de tráfego - D = 2,00 m - chapa galvanizada - escavado em material de 3ª categoria - aterro ferroviário máximo = 6,90 m","m",15249.56]
[605548,"Bueiro metálico sem interrupção de tráfego - D = 2,00 m - chapa galvanizada - escavado em material de 3ª categoria - aterro rodoviário máximo = 5,40 m","m",13981.64]
[605840,"Bueiro metálico sem interrupção de tráfego - D = 2,20 m - chapa com epóxi - escavado em material de 1ª categoria - aterro ferroviário máximo = 7,90 m","m",15957.87]
[605576,"Bueiro metálico sem interrupção de tráfego - D = 2,20 m - chapa com epóxi - escavado em material de 1ª categoria - aterro rodoviário máximo = 4,90 m","m",12547.89]
[605855,"Bueiro metálico sem interrupção de tráfego - D = 2,20 m - chapa com epóxi - escavado em material de 2ª categoria - aterro ferroviário máximo = 7,90 m","m",17304.71]
[605587,"Bueiro metálico sem interrupção de tráfego - D = 2,20 m - chapa com epóxi - escavado em material de 2ª categoria - aterro rodoviário máximo = 4,90 m","m",13894.73]
[605898,"Bueiro metálico sem interrupção de tráfego - D = 2,20 m - chapa com epóxi - escavado em material de 3ª categoria - aterro ferroviário máximo = 7,90 m","m",19967.34]
[605598,"Bueiro metálico sem interrupção de tráfego - D = 2,20 m - chapa com epóxi - escavado em material de 3ª categoria - aterro rodoviário máximo = 4,90 m","m",16557.36]
[605744,"Bueiro metálico sem interrupção de tráfego - D = 2,20 m - chapa galvanizada - escavado em material de 1ª categoria - aterro ferroviário máximo = 7,90 m","m",15075.74]
[605509,"Bueiro metálico sem interrupção de tráfego - D = 2,20 m - chapa galvanizada - escavado em material de 1ª categoria - aterro rodoviário máximo = 4,90 m","m",11983.73]
[605787,"Bueiro metálico sem interrupção de tráfego - D = 2,20 m - chapa galvanizada - escavado em material de 2ª categoria - aterro ferroviário máximo = 7,90 m","m",16422.580000000002]
[605529,"Bueiro metálico sem interrupção de tráfego - D = 2,20 m - chapa galvanizada - escavado em material de 2ª categoria - aterro rodoviário máximo = 4,90 m","m",13330.57]
[605820,"Bueiro metálico sem interrupção de tráfego - D = 2,20 m - chapa galvanizada - escavado em material de 3ª categoria - aterro ferroviário máximo = 7,90 m","m",19085.22]
[605549,"Bueiro metálico sem interrupção de tráfego - D = 2,20 m - chapa galvanizada - escavado em material de 3ª categoria - aterro rodoviário máximo = 4,90 m","m",15993.2]
[605841,"Bueiro metálico sem interrupção de tráfego - D = 2,40 m - chapa com epóxi - escavado em material de 1ª categoria - aterro ferroviário máximo = 7,00 m","m",17447.93]
[605577,"Bueiro metálico sem interrupção de tráfego - D = 2,40 m - chapa com epóxi - escavado em material de 1ª categoria - aterro rodoviário máximo = 4,50 m","m",13720.88]
[605856,"Bueiro metálico sem interrupção de tráfego - D = 2,40 m - chapa com epóxi - escavado em material de 2ª categoria - aterro ferroviário máximo = 7,00 m","m",19028.59]
[605588,"Bueiro metálico sem interrupção de tráfego - D = 2,40 m - chapa com epóxi - escavado em material de 2ª categoria - aterro rodoviário máximo = 4,50 m","m",15301.55]
[605899,"Bueiro metálico sem interrupção de tráfego - D = 2,40 m - chapa com epóxi - escavado em material de 3ª categoria - aterro ferroviário máximo = 7,00 m","m",22153.49]
[605599,"Bueiro metálico sem interrupção de tráfego - D = 2,40 m - chapa com epóxi - escavado em material de 3ª categoria - aterro rodoviário máximo = 4,50 m","m",18426.439999999999]
[605745,"Bueiro metálico sem interrupção de tráfego - D = 2,40 m - chapa galvanizada - escavado em material de 1ª categoria - aterro ferroviário máximo = 7,00 m","m",16493.11]
[605510,"Bueiro metálico sem interrupção de tráfego - D = 2,40 m - chapa galvanizada - escavado em material de 1ª categoria - aterro rodoviário máximo = 4,50 m","m",13112.61]
[605788,"Bueiro metálico sem interrupção de tráfego - D = 2,40 m - chapa galvanizada - escavado em material de 2ª categoria - aterro ferroviário máximo = 7,00 m","m",18073.78]
[605530,"Bueiro metálico sem interrupção de tráfego - D = 2,40 m - chapa galvanizada - escavado em material de 2ª categoria - aterro rodoviário máximo = 4,50 m","m",14693.28]
[605821,"Bueiro metálico sem interrupção de tráfego - D = 2,40 m - chapa galvanizada - escavado em material de 3ª categoria - aterro ferroviário máximo = 7,00 m","m",21198.67]
[605550,"Bueiro metálico sem interrupção de tráfego - D = 2,40 m - chapa galvanizada - escavado em material de 3ª categoria - aterro rodoviário máximo = 4,50 m","m",17818.18]
[605842,"Bueiro metálico sem interrupção de tráfego - D = 2,60 m - chapa com epóxi - escavado em material de 1ª categoria - aterro ferroviário máximo = 6,40 m","m",19271.38]
[605578,"Bueiro metálico sem interrupção de tráfego - D = 2,60 m - chapa com epóxi - escavado em material de 1ª categoria - aterro rodoviário máximo = 4,10 m","m",15190.89]
[605857,"Bueiro metálico sem interrupção de tráfego - D = 2,60 m - chapa com epóxi - escavado em material de 2ª categoria - aterro ferroviário máximo = 6,40 m","m",21104.59]
[605589,"Bueiro metálico sem interrupção de tráfego - D = 2,60 m - chapa com epóxi - escavado em material de 2ª categoria - aterro rodoviário máximo = 4,10 m","m",17024.099999999999]
[605900,"Bueiro metálico sem interrupção de tráfego - D = 2,60 m - chapa com epóxi - escavado em material de 3ª categoria - aterro ferroviário máximo = 6,40 m","m",24728.73]
[605600,"Bueiro metálico sem interrupção de tráfego - D = 2,60 m - chapa com epóxi - escavado em material de 3ª categoria - aterro rodoviário máximo = 4,10 m","m",20648.240000000002]
[605746,"Bueiro metálico sem interrupção de tráfego - D = 2,60 m - chapa galvanizada - escavado em material de 1ª categoria - aterro ferroviário máximo = 6,40 m","m",18230.669999999998]
[605511,"Bueiro metálico sem interrupção de tráfego - D = 2,60 m - chapa galvanizada - escavado em material de 1ª categoria - aterro rodoviário máximo = 4,10 m","m",14529.04]
[605789,"Bueiro metálico sem interrupção de tráfego - D = 2,60 m - chapa galvanizada - escavado em material de 2ª categoria - aterro ferroviário máximo = 6,40 m","m",20063.87]
[605531,"Bueiro metálico sem interrupção de tráfego - D = 2,60 m - chapa galvanizada - escavado em material de 2ª categoria - aterro rodoviário máximo = 4,10 m","m",16362.25]
[605822,"Bueiro metálico sem interrupção de tráfego - D = 2,60 m - chapa galvanizada - escavado em material de 3ª categoria - aterro ferroviário máximo = 6,40 m","m",23688.01]
[605551,"Bueiro metálico sem interrupção de tráfego - D = 2,60 m - chapa galvanizada - escavado em material de 3ª categoria - aterro rodoviário máximo = 4,10 m","m",19986.39]
[605843,"Bueiro metálico sem interrupção de tráfego - D = 2,80 m - chapa com epóxi - escavado em material de 1ª categoria - aterro ferroviário máximo = 5,50 m","m",20744.7]
[605579,"Bueiro metálico sem interrupção de tráfego - D = 2,80 m - chapa com epóxi - escavado em material de 1ª categoria - aterro rodoviário máximo = 3,80 m","m",16394.78]
[605858,"Bueiro metálico sem interrupção de tráfego - D = 2,80 m - chapa com epóxi - escavado em material de 2ª categoria - aterro ferroviário máximo = 5,50 m","m",22849.14]
[605590,"Bueiro metálico sem interrupção de tráfego - D = 2,80 m - chapa com epóxi - escavado em material de 2ª categoria - aterro rodoviário máximo = 3,80 m","m",18499.23]
[605901,"Bueiro metálico sem interrupção de tráfego - D = 2,80 m - chapa com epóxi - escavado em material de 3ª categoria - aterro ferroviário máximo = 5,50 m","m",27009.5]
[605601,"Bueiro metálico sem interrupção de tráfego - D = 2,80 m - chapa com epóxi - escavado em material de 3ª categoria - aterro rodoviário máximo = 3,80 m","m",22659.59]
[605747,"Bueiro metálico sem interrupção de tráfego - D = 2,80 m - chapa galvanizada - escavado em material de 1ª categoria - aterro ferroviário máximo = 5,50 m","m",19631.3]
[605512,"Bueiro metálico sem interrupção de tráfego - D = 2,80 m - chapa galvanizada - escavado em material de 1ª categoria - aterro rodoviário máximo = 3,80 m","m",15685.65]
[605790,"Bueiro metálico sem interrupção de tráfego - D = 2,80 m - chapa galvanizada - escavado em material de 2ª categoria - aterro ferroviário máximo = 5,50 m","m",21735.74]
[605532,"Bueiro metálico sem interrupção de tráfego - D = 2,80 m - chapa galvanizada - escavado em material de 2ª categoria - aterro rodoviário máximo = 3,80 m","m",17790.09]
[605823,"Bueiro metálico sem interrupção de tráfego - D = 2,80 m - chapa galvanizada - escavado em material de 3ª categoria - aterro ferroviário máximo = 5,50 m","m",25896.1]
[605552,"Bueiro metálico sem interrupção de tráfego - D = 2,80 m - chapa galvanizada - escavado em material de 3ª categoria - aterro rodoviário máximo = 3,80 m","m",21950.46]
[605844,"Bueiro metálico sem interrupção de tráfego - D = 3,00 m - chapa com epóxi - escavado em material de 1ª categoria - aterro ferroviário máximo = 4,70 m","m",22633.439999999999]
[605580,"Bueiro metálico sem interrupção de tráfego - D = 3,00 m - chapa com epóxi - escavado em material de 1ª categoria - aterro rodoviário máximo = 3,60 m","m",17978.54]
[605887,"Bueiro metálico sem interrupção de tráfego - D = 3,00 m - chapa com epóxi - escavado em material de 2ª categoria - aterro ferroviário máximo = 4,70 m","m",25027.83]
[605591,"Bueiro metálico sem interrupção de tráfego - D = 3,00 m - chapa com epóxi - escavado em material de 2ª categoria - aterro rodoviário máximo = 3,60 m","m",20372.93]
[605902,"Bueiro metálico sem interrupção de tráfego - D = 3,00 m - chapa com epóxi - escavado em material de 3ª categoria - aterro ferroviário máximo = 4,70 m","m",29761.4]
[605602,"Bueiro metálico sem interrupção de tráfego - D = 3,00 m - chapa com epóxi - escavado em material de 3ª categoria - aterro rodoviário máximo = 3,60 m","m",25106.5]
[605748,"Bueiro metálico sem interrupção de tráfego - D = 3,00 m - chapa galvanizada - escavado em material de 1ª categoria - aterro ferroviário máximo = 4,70 m","m",21434.14]
[605513,"Bueiro metálico sem interrupção de tráfego - D = 3,00 m - chapa galvanizada - escavado em material de 1ª categoria - aterro rodoviário máximo = 3,60 m","m",17212.68]
[605804,"Bueiro metálico sem interrupção de tráfego - D = 3,00 m - chapa galvanizada - escavado em material de 2ª categoria - aterro ferroviário máximo = 4,70 m","m",23828.53]
[605533,"Bueiro metálico sem interrupção de tráfego - D = 3,00 m - chapa galvanizada - escavado em material de 2ª categoria - aterro rodoviário máximo = 3,60 m","m",19607.07]
[605824,"Bueiro metálico sem interrupção de tráfego - D = 3,00 m - chapa galvanizada - escavado em material de 3ª categoria - aterro ferroviário máximo = 4,70 m","m",28562.1]
[605553,"Bueiro metálico sem interrupção de tráfego - D = 3,00 m - chapa galvanizada - escavado em material de 3ª categoria - aterro rodoviário máximo = 3,60 m","m",24340.639999999999]
[605845,"Bueiro metálico sem interrupção de tráfego - D = 3,20 m - chapa com epóxi - escavado em material de 1ª categoria - aterro ferroviário máximo = 4,00 m","m",24526.62]
[605581,"Bueiro metálico sem interrupção de tráfego - D = 3,20 m - chapa com epóxi - escavado em material de 1ª categoria - aterro rodoviário máximo = 4,80 m","m",21495.759999999998]
[605888,"Bueiro metálico sem interrupção de tráfego - D = 3,20 m - chapa com epóxi - escavado em material de 2ª categoria - aterro ferroviário máximo = 4,00 m","m",27229.66]
[605592,"Bueiro metálico sem interrupção de tráfego - D = 3,20 m - chapa com epóxi - escavado em material de 2ª categoria - aterro rodoviário máximo = 4,80 m","m",24198.79]
[605903,"Bueiro metálico sem interrupção de tráfego - D = 3,20 m - chapa com epóxi - escavado em material de 3ª categoria - aterro ferroviário máximo = 4,00 m","m",32573.41]
[605603,"Bueiro metálico sem interrupção de tráfego - D = 3,20 m - chapa com epóxi - escavado em material de 3ª categoria - aterro rodoviário máximo = 4,80 m","m",29542.55]
[605771,"Bueiro metálico sem interrupção de tráfego - D = 3,20 m - chapa galvanizada - escavado em material de 1ª categoria - aterro ferroviário máximo = 4,00 m","m",23254.639999999999]
[605514,"Bueiro metálico sem interrupção de tráfego - D = 3,20 m - chapa galvanizada - escavado em material de 1ª categoria - aterro rodoviário máximo = 4,80 m","m",20828.099999999999]
[605805,"Bueiro metálico sem interrupção de tráfego - D = 3,20 m - chapa galvanizada - escavado em material de 2ª categoria - aterro ferroviário máximo = 4,00 m","m",25957.67]
[605534,"Bueiro metálico sem interrupção de tráfego - D = 3,20 m - chapa galvanizada - escavado em material de 2ª categoria - aterro rodoviário máximo = 4,80 m","m",23531.14]
[605825,"Bueiro metálico sem interrupção de tráfego - D = 3,20 m - chapa galvanizada - escavado em material de 3ª categoria - aterro ferroviário máximo = 4,00 m","m",31301.43]
[605554,"Bueiro metálico sem interrupção de tráfego - D = 3,20 m - chapa galvanizada - escavado em material de 3ª categoria - aterro rodoviário máximo = 4,80 m","m",28874.89]
[605772,"Bueiro metálico sem interrupção de tráfego - D = 3,40 m - chapa galvanizada - escavado em material de 1ª categoria - aterro ferroviário máximo = 7,00 m","m",27189.61]
[605515,"Bueiro metálico sem interrupção de tráfego - D = 3,40 m - chapa galvanizada - escavado em material de 1ª categoria - aterro rodoviário máximo = 4,50 m","m",22640.01]
[605806,"Bueiro metálico sem interrupção de tráfego - D = 3,40 m - chapa galvanizada - escavado em material de 2ª categoria - aterro ferroviário máximo = 7,00 m","m",30220]
[605535,"Bueiro metálico sem interrupção de tráfego - D = 3,40 m - chapa galvanizada - escavado em material de 2ª categoria - aterro rodoviário máximo = 4,50 m","m",25670.400000000001]
[605826,"Bueiro metálico sem interrupção de tráfego - D = 3,40 m - chapa galvanizada - escavado em material de 3ª categoria - aterro ferroviário máximo = 7,00 m","m",36210.93]
[605555,"Bueiro metálico sem interrupção de tráfego - D = 3,40 m - chapa galvanizada - escavado em material de 3ª categoria - aterro rodoviário máximo = 4,50 m","m",31661.33]
[605773,"Bueiro metálico sem interrupção de tráfego - D = 3,60 m - chapa galvanizada - escavado em material de 1ª categoria - aterro ferroviário máximo = 6,60 m","m",28855.75]
[605516,"Bueiro metálico sem interrupção de tráfego - D = 3,60 m - chapa galvanizada - escavado em material de 1ª categoria - aterro rodoviário máximo = 4,30 m","m",24003.9]
[605807,"Bueiro metálico sem interrupção de tráfego - D = 3,60 m - chapa galvanizada - escavado em material de 2ª categoria - aterro ferroviário máximo = 6,60 m","m",32232.21]
[605536,"Bueiro metálico sem interrupção de tráfego - D = 3,60 m - chapa galvanizada - escavado em material de 2ª categoria - aterro rodoviário máximo = 4,30 m","m",27380.36]
[605827,"Bueiro metálico sem interrupção de tráfego - D = 3,60 m - chapa galvanizada - escavado em material de 3ª categoria - aterro ferroviário máximo = 6,60 m","m",38907.279999999999]
[605556,"Bueiro metálico sem interrupção de tráfego - D = 3,60 m - chapa galvanizada - escavado em material de 3ª categoria - aterro rodoviário máximo = 4,30 m","m",34055.440000000002]
[605774,"Bueiro metálico sem interrupção de tráfego - D = 3,80 m - chapa galvanizada - escavado em material de 1ª categoria - aterro ferroviário máximo = 6,20 m","m",31021.919999999998]
[605517,"Bueiro metálico sem interrupção de tráfego - D = 3,80 m - chapa galvanizada - escavado em material de 1ª categoria - aterro rodoviário máximo = 4,00 m","m",25798.47]
[605808,"Bueiro metálico sem interrupção de tráfego - D = 3,80 m - chapa galvanizada - escavado em material de 2ª categoria - aterro ferroviário máximo = 6,20 m","m",34763.15]
[605537,"Bueiro metálico sem interrupção de tráfego - D = 3,80 m - chapa galvanizada - escavado em material de 2ª categoria - aterro rodoviário máximo = 4,00 m","m",29539.7]
[605828,"Bueiro metálico sem interrupção de tráfego - D = 3,80 m - chapa galvanizada - escavado em material de 3ª categoria - aterro ferroviário máximo = 6,20 m","m",42159.35]
[605557,"Bueiro metálico sem interrupção de tráfego - D = 3,80 m - chapa galvanizada - escavado em material de 3ª categoria - aterro rodoviário máximo = 4,00 m","m",36935.9]
[605775,"Bueiro metálico sem interrupção de tráfego - D = 4,00 m - chapa galvanizada - escavado em material de 1ª categoria - aterro ferroviário máximo = 5,10 m","m",32666.45]
[605518,"Bueiro metálico sem interrupção de tráfego - D = 4,00 m - chapa galvanizada - escavado em material de 1ª categoria - aterro rodoviário máximo = 3,10 m","m",27277.09]
[605809,"Bueiro metálico sem interrupção de tráfego - D = 4,00 m - chapa galvanizada - escavado em material de 2ª categoria - aterro ferroviário máximo = 5,10 m","m",36791.15]
[605538,"Bueiro metálico sem interrupção de tráfego - D = 4,00 m - chapa galvanizada - escavado em material de 2ª categoria - aterro rodoviário máximo = 3,10 m","m",31401.79]
[605829,"Bueiro metálico sem interrupção de tráfego - D = 4,00 m - chapa galvanizada - escavado em material de 3ª categoria - aterro ferroviário máximo = 5,10 m","m",44945.46]
[605558,"Bueiro metálico sem interrupção de tráfego - D = 4,00 m - chapa galvanizada - escavado em material de 3ª categoria - aterro rodoviário máximo = 3,10 m","m",39556.1]
[605776,"Bueiro metálico sem interrupção de tráfego - D = 4,20 m - chapa galvanizada - escavado em material de 1ª categoria - aterro ferroviário máximo = 4,80 m","m",34823.99]
[605519,"Bueiro metálico sem interrupção de tráfego - D = 4,20 m - chapa galvanizada - escavado em material de 1ª categoria - aterro rodoviário máximo = 4,40 m","m",32392.720000000001]
[605810,"Bueiro metálico sem interrupção de tráfego - D = 4,20 m - chapa galvanizada - escavado em material de 2ª categoria - aterro ferroviário máximo = 4,80 m","m",39350.879999999997]
[605539,"Bueiro metálico sem interrupção de tráfego - D = 4,20 m - chapa galvanizada - escavado em material de 2ª categoria - aterro rodoviário máximo = 4,40 m","m",36919.61]
[605830,"Bueiro metálico sem interrupção de tráfego - D = 4,20 m - chapa galvanizada - escavado em material de 3ª categoria - aterro ferroviário máximo = 4,80 m","m",48300.29]
[605559,"Bueiro metálico sem interrupção de tráfego - D = 4,20 m - chapa galvanizada - escavado em material de 3ª categoria - aterro rodoviário máximo = 4,40 m","m",45869.01]
[605777,"Bueiro metálico sem interrupção de tráfego - D = 4,40 m - chapa galvanizada - escavado em material de 1ª categoria - aterro ferroviário máximo = 4,20 m","m",36991.730000000003]
[605520,"Bueiro metálico sem interrupção de tráfego - D = 4,40 m - chapa galvanizada - escavado em material de 1ª categoria - aterro rodoviário máximo = 4,20 m","m",34536.370000000003]
[605811,"Bueiro metálico sem interrupção de tráfego - D = 4,40 m - chapa galvanizada - escavado em material de 2ª categoria - aterro ferroviário máximo = 4,20 m","m",41939.51]
[605540,"Bueiro metálico sem interrupção de tráfego - D = 4,40 m - chapa galvanizada - escavado em material de 2ª categoria - aterro rodoviário máximo = 4,20 m","m",39484.15]
[605831,"Bueiro metálico sem interrupção de tráfego - D = 4,40 m - chapa galvanizada - escavado em material de 3ª categoria - aterro ferroviário máximo = 4,20 m","m",51720.99]
[605560,"Bueiro metálico sem interrupção de tráfego - D = 4,40 m - chapa galvanizada - escavado em material de 3ª categoria - aterro rodoviário máximo = 4,20 m","m",49265.63]
[605778,"Bueiro metálico sem interrupção de tráfego - D = 4,60 m - chapa galvanizada - escavado em material de 1ª categoria - aterro ferroviário máximo = 4,00 m","m",39345.65]
[605521,"Bueiro metálico sem interrupção de tráfego - D = 4,60 m - chapa galvanizada - escavado em material de 1ª categoria - aterro rodoviário máximo = 4,00 m","m",36704.17]
[605812,"Bueiro metálico sem interrupção de tráfego - D = 4,60 m - chapa galvanizada - escavado em material de 2ª categoria - aterro ferroviário máximo = 4,00 m","m",44733.01]
[605541,"Bueiro metálico sem interrupção de tráfego - D = 4,60 m - chapa galvanizada - escavado em material de 2ª categoria - aterro rodoviário máximo = 4,00 m","m",42091.54]
[605832,"Bueiro metálico sem interrupção de tráfego - D = 4,60 m - chapa galvanizada - escavado em material de 3ª categoria - aterro ferroviário máximo = 4,00 m","m",55383.55]
[605561,"Bueiro metálico sem interrupção de tráfego - D = 4,60 m - chapa galvanizada - escavado em material de 3ª categoria - aterro rodoviário máximo = 4,00 m","m",52742.080000000002]
[605779,"Bueiro metálico sem interrupção de tráfego - D = 4,80 m - chapa galvanizada - escavado em material de 1ª categoria - aterro ferroviário máximo = 5,10 m","m",44779.12]
[605522,"Bueiro metálico sem interrupção de tráfego - D = 4,80 m - chapa galvanizada - escavado em material de 1ª categoria - aterro rodoviário máximo = 5,50 m","m",41230.07]
[605813,"Bueiro metálico sem interrupção de tráfego - D = 4,80 m - chapa galvanizada - escavado em material de 2ª categoria - aterro ferroviário máximo = 5,10 m","m",50624.79]
[605542,"Bueiro metálico sem interrupção de tráfego - D = 4,80 m - chapa galvanizada - escavado em material de 2ª categoria - aterro rodoviário máximo = 5,50 m","m",47075.74]
[605833,"Bueiro metálico sem interrupção de tráfego - D = 4,80 m - chapa galvanizada - escavado em material de 3ª categoria - aterro ferroviário máximo = 5,10 m","m",62181.36]
[605562,"Bueiro metálico sem interrupção de tráfego - D = 4,80 m - chapa galvanizada - escavado em material de 3ª categoria - aterro rodoviário máximo = 5,50 m","m",58632.31]
[605780,"Bueiro metálico sem interrupção de tráfego - D = 5,00 m - chapa galvanizada - escavado em material de 1ª categoria - aterro ferroviário máximo = 4,80 m","m",48222.85]
[605523,"Bueiro metálico sem interrupção de tráfego - D = 5,00 m - chapa galvanizada - escavado em material de 1ª categoria - aterro rodoviário máximo = 5,30 m","m",43625.32]
[605814,"Bueiro metálico sem interrupção de tráfego - D = 5,00 m - chapa galvanizada - escavado em material de 2ª categoria - aterro ferroviário máximo = 4,80 m","m",54545.53]
[605543,"Bueiro metálico sem interrupção de tráfego - D = 5,00 m - chapa galvanizada - escavado em material de 2ª categoria - aterro rodoviário máximo = 5,30 m","m",49948]
[605834,"Bueiro metálico sem interrupção de tráfego - D = 5,00 m - chapa galvanizada - escavado em material de 3ª categoria - aterro ferroviário máximo = 4,80 m","m",67045.119999999995]
[605563,"Bueiro metálico sem interrupção de tráfego - D = 5,00 m - chapa galvanizada - escavado em material de 3ª categoria - aterro rodoviário máximo = 5,30 m","m",62447.58]
[605606,"Sistema de escoramento telescópico regulável para tunnel liner","m³",13.38]
[705314,"Boca de BDCC 1,50 x 1,50 m - esconsidade 0° - areia e brita comerciais","un",13021.64]
[705312,"Boca de BDCC 1,50 x 1,50 m - esconsidade 0° - areia extraída e brita produzida","un",12002.21]
[705316,"Boca de BDCC 1,50 x 1,50 m - esconsidade 15° - areia e brita comerciais","un",14276.28]
[705315,"Boca de BDCC 1,50 x 1,50 m - esconsidade 15° - areia extraída e brita produzida","un",13176.92]
[705318,"Boca de BDCC 1,50 x 1,50 m - esconsidade 30° - areia e brita comerciais","un",15236.14]
[705317,"Boca de BDCC 1,50 x 1,50 m - esconsidade 30° - areia extraída e brita produzida","un",13997.09]
[705320,"Boca de BDCC 1,50 x 1,50 m - esconsidade 45° - areia e brita comerciais","un",19114.2]
[705319,"Boca de BDCC 1,50 x 1,50 m - esconsidade 45° - areia extraída e brita produzida","un",17597.79]
[705322,"Boca de BDCC 2,00 x 2,00 m - esconsidade 0° - areia e brita comerciais","un",20105.13]
[705321,"Boca de BDCC 2,00 x 2,00 m - esconsidade 0° - areia extraída e brita produzida","un",18391.62]
[705324,"Boca de BDCC 2,00 x 2,00 m - esconsidade 15° - areia e brita comerciais","un",22073.67]
[705323,"Boca de BDCC 2,00 x 2,00 m - esconsidade 15° - areia extraída e brita produzida","un",20238.189999999999]
[705326,"Boca de BDCC 2,00 x 2,00 m - esconsidade 30° - areia e brita comerciais","un",23712.58]
[705325,"Boca de BDCC 2,00 x 2,00 m - esconsidade 30° - areia extraída e brita produzida","un",21703.35]
[705328,"Boca de BDCC 2,00 x 2,00 m - esconsidade 45° - areia e brita comerciais","un",30105.52]
[705327,"Boca de BDCC 2,00 x 2,00 m - esconsidade 45° - areia extraída e brita produzida","un",27612.83]
[705330,"Boca de BDCC 2,50 x 2,50 m - esconsidade 0° - areia e brita comerciais","un",28076.79]
[705329,"Boca de BDCC 2,50 x 2,50 m - esconsidade 0° - areia extraída e brita produzida","un",25583.9]
[705332,"Boca de BDCC 2,50 x 2,50 m - esconsidade 15° - areia e brita comerciais","un",30389.3]
[705331,"Boca de BDCC 2,50 x 2,50 m - esconsidade 15° - areia extraída e brita produzida","un",27847.46]
[705334,"Boca de BDCC 2,50 x 2,50 m - esconsidade 30° - areia e brita comerciais","un",32317.95]
[705333,"Boca de BDCC 2,50 x 2,50 m - esconsidade 30° - areia extraída e brita produzida","un",29799.59]
[705336,"Boca de BDCC 2,50 x 2,50 m - esconsidade 45° - areia e brita comerciais","un",43517.7]
[705335,"Boca de BDCC 2,50 x 2,50 m - esconsidade 45° - areia extraída e brita produzida","un",40007.480000000003]
[705338,"Boca de BDCC 3,00 x 3,00 m - esconsidade 0° - areia e brita comerciais","un",40517.49]
[705337,"Boca de BDCC 3,00 x 3,00 m - esconsidade 0° - areia extraída e brita produzida","un",36885.120000000003]
[705340,"Boca de BDCC 3,00 x 3,00 m - esconsidade 15° - areia e brita comerciais","un",43715.19]
[705339,"Boca de BDCC 3,00 x 3,00 m - esconsidade 15° - areia extraída e brita produzida","un",40045.449999999997]
[705342,"Boca de BDCC 3,00 x 3,00 m - esconsidade 30° - areia e brita comerciais","un",49614.81]
[705341,"Boca de BDCC 3,00 x 3,00 m - esconsidade 30° - areia extraída e brita produzida","un",45533.279999999999]
[705344,"Boca de BDCC 3,00 x 3,00 m - esconsidade 45° - areia e brita comerciais","un",62887.91]
[705343,"Boca de BDCC 3,00 x 3,00 m - esconsidade 45° - areia extraída e brita produzida","un",57888.01]
[705225,"Boca de BSCC 1,50 x 1,50 m - esconsidade 0° - areia e brita comerciais","un",11152.05]
[705224,"Boca de BSCC 1,50 x 1,50 m - esconsidade 0° - areia extraída e brita produzida","un",10212.370000000001]
[705227,"Boca de BSCC 1,50 x 1,50 m - esconsidade 15° - areia e brita comerciais","un",11544.99]
[705226,"Boca de BSCC 1,50 x 1,50 m - esconsidade 15° - areia extraída e brita produzida","un",10684.57]
[705229,"Boca de BSCC 1,50 x 1,50 m - esconsidade 30° - areia e brita comerciais","un",12428.66]
[705228,"Boca de BSCC 1,50 x 1,50 m - esconsidade 30° - areia extraída e brita produzida","un",11435.42]
[705231,"Boca de BSCC 1,50 x 1,50 m - esconsidade 45° - areia e brita comerciais","un",15490.61]
[705230,"Boca de BSCC 1,50 x 1,50 m - esconsidade 45° - areia extraída e brita produzida","un",14327.77]
[705233,"Boca de BSCC 2,00 x 2,00 m - esconsidade 0° - areia e brita comerciais","un",17338.87]
[705232,"Boca de BSCC 2,00 x 2,00 m - esconsidade 0° - areia extraída e brita produzida","un",15843.96]
[705235,"Boca de BSCC 2,00 x 2,00 m - esconsidade 15° - areia e brita comerciais","un",17817.900000000001]
[705234,"Boca de BSCC 2,00 x 2,00 m - esconsidade 15° - areia extraída e brita produzida","un",16424.7]
[705237,"Boca de BSCC 2,00 x 2,00 m - esconsidade 30° - areia e brita comerciais","un",19286.66]
[705236,"Boca de BSCC 2,00 x 2,00 m - esconsidade 30° - areia extraída e brita produzida","un",17723.07]
[705239,"Boca de BSCC 2,00 x 2,00 m - esconsidade 45° - areia e brita comerciais","un",24627.77]
[705238,"Boca de BSCC 2,00 x 2,00 m - esconsidade 45° - areia extraída e brita produzida","un",22672.86]
[705241,"Boca de BSCC 2,50 x 2,50 m - esconsidade 0° - areia e brita comerciais","un",23418.42]
[705240,"Boca de BSCC 2,50 x 2,50 m - esconsidade 0° - areia extraída e brita produzida","un",21364.78]
[705243,"Boca de BSCC 2,50 x 2,50 m - esconsidade 15° - areia e brita comerciais","un",24816.42]
[705242,"Boca de BSCC 2,50 x 2,50 m - esconsidade 15° - areia extraída e brita produzida","un",22760.12]
[705245,"Boca de BSCC 2,50 x 2,50 m - esconsidade 30° - areia e brita comerciais","un",27525.71]
[705244,"Boca de BSCC 2,50 x 2,50 m - esconsidade 30° - areia extraída e brita produzida","un",25331.9]
[705247,"Boca de BSCC 2,50 x 2,50 m - esconsidade 45° - areia e brita comerciais","un",34856.11]
[705246,"Boca de BSCC 2,50 x 2,50 m - esconsidade 45° - areia extraída e brita produzida","un",32168.28]
[705249,"Boca de BSCC 3,00 x 3,00 m - esconsidade 0° - areia e brita comerciais","un",33219.58]
[705248,"Boca de BSCC 3,00 x 3,00 m - esconsidade 0° - areia extraída e brita produzida","un",30241.07]
[705251,"Boca de BSCC 3,00 x 3,00 m - esconsidade 15° - areia e brita comerciais","un",35156.660000000003]
[705250,"Boca de BSCC 3,00 x 3,00 m - esconsidade 15° - areia extraída e brita produzida","un",32173.62]
[705253,"Boca de BSCC 3,00 x 3,00 m - esconsidade 30° - areia e brita comerciais","un",38469.72]
[705252,"Boca de BSCC 3,00 x 3,00 m - esconsidade 30° - areia extraída e brita produzida","un",35225.29]
[705255,"Boca de BSCC 3,00 x 3,00 m - esconsidade 45° - areia e brita comerciais","un",48661.47]
[705254,"Boca de BSCC 3,00 x 3,00 m - esconsidade 45° - areia extraída e brita produzida","un",44738.3]
[705403,"Boca de BTCC 1,50 x 1,50 m - esconsidade 0° - areia e brita comerciais","un",16263.47]
[705402,"Boca de BTCC 1,50 x 1,50 m - esconsidade 0° - areia extraída e brita produzida","un",14898.06]
[705405,"Boca de BTCC 1,50 x 1,50 m - esconsidade 15° - areia e brita comerciais","un",17599.43]
[705404,"Boca de BTCC 1,50 x 1,50 m - esconsidade 15° - areia extraída e brita produzida","un",16217.9]
[705407,"Boca de BTCC 1,50 x 1,50 m - esconsidade 30° - areia e brita comerciais","un",18437.89]
[705406,"Boca de BTCC 1,50 x 1,50 m - esconsidade 30° - areia extraída e brita produzida","un",16899.099999999999]
[705409,"Boca de BTCC 1,50 x 1,50 m - esconsidade 45° - areia e brita comerciais","un",23222.49]
[705408,"Boca de BTCC 1,50 x 1,50 m - esconsidade 45° - areia extraída e brita produzida","un",21326.87]
[705411,"Boca de BTCC 2,00 x 2,00 m - esconsidade 0° - areia e brita comerciais","un",24625.24]
[705410,"Boca de BTCC 2,00 x 2,00 m - esconsidade 0° - areia extraída e brita produzida","un",22423.98]
[705413,"Boca de BTCC 2,00 x 2,00 m - esconsidade 15° - areia e brita comerciais","un",26529.49]
[705412,"Boca de BTCC 2,00 x 2,00 m - esconsidade 15° - areia extraída e brita produzida","un",24324.959999999999]
[705415,"Boca de BTCC 2,00 x 2,00 m - esconsidade 30° - areia e brita comerciais","un",29214.75]
[705414,"Boca de BTCC 2,00 x 2,00 m - esconsidade 30° - areia extraída e brita produzida","un",26730.73]
[705417,"Boca de BTCC 2,00 x 2,00 m - esconsidade 45° - areia e brita comerciais","un",37008.480000000003]
[705416,"Boca de BTCC 2,00 x 2,00 m - esconsidade 45° - areia extraída e brita produzida","un",33950.97]
[705419,"Boca de BTCC 2,50 x 2,50 m - esconsidade 0° - areia e brita comerciais","un",34841.370000000003]
[705418,"Boca de BTCC 2,50 x 2,50 m - esconsidade 0° - areia extraída e brita produzida","un",31765.02]
[705421,"Boca de BTCC 2,50 x 2,50 m - esconsidade 15° - areia e brita comerciais","un",37533.17]
[705420,"Boca de BTCC 2,50 x 2,50 m - esconsidade 15° - areia extraída e brita produzida","un",34440.910000000003]
[705423,"Boca de BTCC 2,50 x 2,50 m - esconsidade 30° - areia e brita comerciais","un",42718.22]
[705422,"Boca de BTCC 2,50 x 2,50 m - esconsidade 30° - areia extraída e brita produzida","un",39258.32]
[705425,"Boca de BTCC 2,50 x 2,50 m - esconsidade 45° - areia e brita comerciais","un",54092.05]
[705424,"Boca de BTCC 2,50 x 2,50 m - esconsidade 45° - areia extraída e brita produzida","un",49846.49]
[705427,"Boca de BTCC 3,00 x 3,00 m - esconsidade 0° - areia e brita comerciais","un",49179.59]
[705426,"Boca de BTCC 3,00 x 3,00 m - esconsidade 0° - areia extraída e brita produzida","un",44730.14]
[705429,"Boca de BTCC 3,00 x 3,00 m - esconsidade 15° - areia e brita comerciais","un",50952.3]
[705428,"Boca de BTCC 3,00 x 3,00 m - esconsidade 15° - areia extraída e brita produzida","un",46572.97]
[705431,"Boca de BTCC 3,00 x 3,00 m - esconsidade 30° - areia e brita comerciais","un",61340.68]
[705430,"Boca de BTCC 3,00 x 3,00 m - esconsidade 30° - areia extraída e brita produzida","un",56453.46]
[705433,"Boca de BTCC 3,00 x 3,00 m - esconsidade 45° - areia e brita comerciais","un",77788.539999999994]
[705432,"Boca de BTCC 3,00 x 3,00 m - esconsidade 45° - areia extraída e brita produzida","un",71735.27]
[705257,"Corpo de BDCC 1,50 x 1,50 m - moldado no local - altura do aterro 0,00 a 1,00 m - areia e brita comerciais","m",3889.5]
[705256,"Corpo de BDCC 1,50 x 1,50 m - moldado no local - altura do aterro 0,00 a 1,00 m - areia extraída e brita produzida","m",3612.05]
[705259,"Corpo de BDCC 1,50 x 1,50 m - moldado no local - altura do aterro 1,00 a 2,50 m - areia e brita comerciais","m",3397.64]
[705258,"Corpo de BDCC 1,50 x 1,50 m - moldado no local - altura do aterro 1,00 a 2,50 m - areia extraída e brita produzida","m",3120.19]
[705267,"Corpo de BDCC 1,50 x 1,50 m - moldado no local - altura do aterro 10,00 a 12,50 m - areia e brita comerciais","m",4861.62]
[705266,"Corpo de BDCC 1,50 x 1,50 m - moldado no local - altura do aterro 10,00 a 12,50 m - areia extraída e brita produzida","m",4494.62]
[705269,"Corpo de BDCC 1,50 x 1,50 m - moldado no local - altura do aterro 12,50 a 15,00 m - areia e brita comerciais","m",5102.0200000000004]
[705268,"Corpo de BDCC 1,50 x 1,50 m - moldado no local - altura do aterro 12,50 a 15,00 m - areia extraída e brita produzida","m",4735.0200000000004]
[705261,"Corpo de BDCC 1,50 x 1,50 m - moldado no local - altura do aterro 2,50 a 5,00 m - areia e brita comerciais","m",3626.38]
[705260,"Corpo de BDCC 1,50 x 1,50 m - moldado no local - altura do aterro 2,50 a 5,00 m - areia extraída e brita produzida","m",3348.93]
[705263,"Corpo de BDCC 1,50 x 1,50 m - moldado no local - altura do aterro 5,00 a 7,50 m - areia e brita comerciais","m",4078.49]
[705262,"Corpo de BDCC 1,50 x 1,50 m - moldado no local - altura do aterro 5,00 a 7,50 m - areia extraída e brita produzida","m",3801.04]
[705265,"Corpo de BDCC 1,50 x 1,50 m - moldado no local - altura do aterro 7,50 a 10,00 m - areia e brita comerciais","m",4467.08]
[705264,"Corpo de BDCC 1,50 x 1,50 m - moldado no local - altura do aterro 7,50 a 10,00 m - areia extraída e brita produzida","m",4189.63]
[705271,"Corpo de BDCC 2,00 x 2,00 m - moldado no local - altura do aterro 0,00 a 1,00 m - areia e brita comerciais","m",5589.54]
[705270,"Corpo de BDCC 2,00 x 2,00 m - moldado no local - altura do aterro 0,00 a 1,00 m - areia extraída e brita produzida","m",5230.7700000000004]
[705273,"Corpo de BDCC 2,00 x 2,00 m - moldado no local - altura do aterro 1,00 a 2,50 m - areia e brita comerciais","m",4987.3900000000003]
[705272,"Corpo de BDCC 2,00 x 2,00 m - moldado no local - altura do aterro 1,00 a 2,50 m - areia extraída e brita produzida","m",4628.62]
[705281,"Corpo de BDCC 2,00 x 2,00 m - moldado no local - altura do aterro 10,00 a 12,50 m - areia e brita comerciais","m",7614.76]
[705280,"Corpo de BDCC 2,00 x 2,00 m - moldado no local - altura do aterro 10,00 a 12,50 m - areia extraída e brita produzida","m",7036.99]
[705283,"Corpo de BDCC 2,00 x 2,00 m - moldado no local - altura do aterro 12,50 a 15,00 m - areia e brita comerciais","m",7803.17]
[705282,"Corpo de BDCC 2,00 x 2,00 m - moldado no local - altura do aterro 12,50 a 15,00 m - areia extraída e brita produzida","m",7225.4]
[705275,"Corpo de BDCC 2,00 x 2,00 m - moldado no local - altura do aterro 2,50 a 5,00 m - areia e brita comerciais","m",5579.45]
[705274,"Corpo de BDCC 2,00 x 2,00 m - moldado no local - altura do aterro 2,50 a 5,00 m - areia extraída e brita produzida","m",5220.68]
[705277,"Corpo de BDCC 2,00 x 2,00 m - moldado no local - altura do aterro 5,00 a 7,50 m - areia e brita comerciais","m",6249.68]
[705276,"Corpo de BDCC 2,00 x 2,00 m - moldado no local - altura do aterro 5,00 a 7,50 m - areia extraída e brita produzida","m",5780.78]
[705279,"Corpo de BDCC 2,00 x 2,00 m - moldado no local - altura do aterro 7,50 a 10,00 m - areia e brita comerciais","m",7078.51]
[705278,"Corpo de BDCC 2,00 x 2,00 m - moldado no local - altura do aterro 7,50 a 10,00 m - areia extraída e brita produzida","m",6609.61]
[705285,"Corpo de BDCC 2,50 x 2,50 m - moldado no local - altura do aterro 0,00 a 1,00 m - areia e brita comerciais","m",7190.79]
[705284,"Corpo de BDCC 2,50 x 2,50 m - moldado no local - altura do aterro 0,00 a 1,00 m - areia extraída e brita produzida","m",6739.81]
[705287,"Corpo de BDCC 2,50 x 2,50 m - moldado no local - altura do aterro 1,00 a 2,50 m - areia e brita comerciais","m",6595.51]
[705286,"Corpo de BDCC 2,50 x 2,50 m - moldado no local - altura do aterro 1,00 a 2,50 m - areia extraída e brita produzida","m",6144.53]
[705295,"Corpo de BDCC 2,50 x 2,50 m - moldado no local - altura do aterro 10,00 a 12,50 m - areia e brita comerciais","m",9981.17]
[705294,"Corpo de BDCC 2,50 x 2,50 m - moldado no local - altura do aterro 10,00 a 12,50 m - areia extraída e brita produzida","m",9285.76]
[705297,"Corpo de BDCC 2,50 x 2,50 m - moldado no local - altura do aterro 12,50 a 15,00 m - areia e brita comerciais","m",10760.83]
[705296,"Corpo de BDCC 2,50 x 2,50 m - moldado no local - altura do aterro 12,50 a 15,00 m - areia extraída e brita produzida","m",10065.42]
[705289,"Corpo de BDCC 2,50 x 2,50 m - moldado no local - altura do aterro 2,50 a 5,00 m - areia e brita comerciais","m",7420.25]
[705288,"Corpo de BDCC 2,50 x 2,50 m - moldado no local - altura do aterro 2,50 a 5,00 m - areia extraída e brita produzida","m",6849.45]
[705291,"Corpo de BDCC 2,50 x 2,50 m - moldado no local - altura do aterro 5,00 a 7,50 m - areia e brita comerciais","m",8417.92]
[705290,"Corpo de BDCC 2,50 x 2,50 m - moldado no local - altura do aterro 5,00 a 7,50 m - areia extraída e brita produzida","m",7847.12]
[705293,"Corpo de BDCC 2,50 x 2,50 m - moldado no local - altura do aterro 7,50 a 10,00 m - areia e brita comerciais","m",9064.27]
[705292,"Corpo de BDCC 2,50 x 2,50 m - moldado no local - altura do aterro 7,50 a 10,00 m - areia extraída e brita produzida","m",8368.86]
[705299,"Corpo de BDCC 3,00 x 3,00 m - moldado no local - altura do aterro 0,00 a 1,00 m - areia e brita comerciais","m",9240.99]
[705298,"Corpo de BDCC 3,00 x 3,00 m - moldado no local - altura do aterro 0,00 a 1,00 m - areia extraída e brita produzida","m",8568.2800000000007]
[705301,"Corpo de BDCC 3,00 x 3,00 m - moldado no local - altura do aterro 1,00 a 2,50 m - areia e brita comerciais","m",8673.91]
[705300,"Corpo de BDCC 3,00 x 3,00 m - moldado no local - altura do aterro 1,00 a 2,50 m - areia extraída e brita produzida","m",8001.2]
[705309,"Corpo de BDCC 3,00 x 3,00 m - moldado no local - altura do aterro 10,00 a 12,50 m - areia e brita comerciais","m",13823.44]
[705308,"Corpo de BDCC 3,00 x 3,00 m - moldado no local - altura do aterro 10,00 a 12,50 m - areia extraída e brita produzida","m",12817.91]
[705311,"Corpo de BDCC 3,00 x 3,00 m - moldado no local - altura do aterro 12,50 a 15,00 m - areia e brita comerciais","m",13734.34]
[705310,"Corpo de BDCC 3,00 x 3,00 m - moldado no local - altura do aterro 12,50 a 15,00 m - areia extraída e brita produzida","m",12728.82]
[705303,"Corpo de BDCC 3,00 x 3,00 m - moldado no local - altura do aterro 2,50 a 5,00 m - areia e brita comerciais","m",9309.83]
[705302,"Corpo de BDCC 3,00 x 3,00 m - moldado no local - altura do aterro 2,50 a 5,00 m - areia extraída e brita produzida","m",8490.7199999999993]
[705305,"Corpo de BDCC 3,00 x 3,00 m - moldado no local - altura do aterro 5,00 a 7,50 m - areia e brita comerciais","m",11276.31]
[705304,"Corpo de BDCC 3,00 x 3,00 m - moldado no local - altura do aterro 5,00 a 7,50 m - areia extraída e brita produzida","m",10457.200000000001]
[705307,"Corpo de BDCC 3,00 x 3,00 m - moldado no local - altura do aterro 7,50 a 10,00 m - areia e brita comerciais","m",12406.95]
[705306,"Corpo de BDCC 3,00 x 3,00 m - moldado no local - altura do aterro 7,50 a 10,00 m - areia extraída e brita produzida","m",11401.42]
[705169,"Corpo de BSCC 1,50 x 1,50 m - moldado no local - altura do aterro 0,00 a 1,00 m - areia e brita comerciais","m",2335.39]
[705168,"Corpo de BSCC 1,50 x 1,50 m - moldado no local - altura do aterro 0,00 a 1,00 m - areia extraída e brita produzida","m",2179.87]
[705171,"Corpo de BSCC 1,50 x 1,50 m - moldado no local - altura do aterro 1,00 a 2,50 m - areia e brita comerciais","m",2074.0300000000002]
[705170,"Corpo de BSCC 1,50 x 1,50 m - moldado no local - altura do aterro 1,00 a 2,50 m - areia extraída e brita produzida","m",1918.51]
[705179,"Corpo de BSCC 1,50 x 1,50 m - moldado no local - altura do aterro 10,00 a 12,50 m - areia e brita comerciais","m",2919.67]
[705178,"Corpo de BSCC 1,50 x 1,50 m - moldado no local - altura do aterro 10,00 a 12,50 m - areia extraída e brita produzida","m",2714.55]
[705181,"Corpo de BSCC 1,50 x 1,50 m - moldado no local - altura do aterro 12,50 a 15,00 m - areia e brita comerciais","m",3047.95]
[705180,"Corpo de BSCC 1,50 x 1,50 m - moldado no local - altura do aterro 12,50 a 15,00 m - areia extraída e brita produzida","m",2842.84]
[705173,"Corpo de BSCC 1,50 x 1,50 m - moldado no local - altura do aterro 2,50 a 5,00 m - areia e brita comerciais","m",2256.31]
[705172,"Corpo de BSCC 1,50 x 1,50 m - moldado no local - altura do aterro 2,50 a 5,00 m - areia extraída e brita produzida","m",2100.79]
[705175,"Corpo de BSCC 1,50 x 1,50 m - moldado no local - altura do aterro 5,00 a 7,50 m - areia e brita comerciais","m",2507.4]
[705174,"Corpo de BSCC 1,50 x 1,50 m - moldado no local - altura do aterro 5,00 a 7,50 m - areia extraída e brita produzida","m",2351.87]
[705177,"Corpo de BSCC 1,50 x 1,50 m - moldado no local - altura do aterro 7,50 a 10,00 m - areia e brita comerciais","m",2813.31]
[705176,"Corpo de BSCC 1,50 x 1,50 m - moldado no local - altura do aterro 7,50 a 10,00 m - areia extraída e brita produzida","m",2608.19]
[705183,"Corpo de BSCC 2,00 x 2,00 m - moldado no local - altura do aterro 0,00 a 1,00 m - areia e brita comerciais","m",3261.3]
[705182,"Corpo de BSCC 2,00 x 2,00 m - moldado no local - altura do aterro 0,00 a 1,00 m - areia extraída e brita produzida","m",3061.43]
[705185,"Corpo de BSCC 2,00 x 2,00 m - moldado no local - altura do aterro 1,00 a 2,50 m - areia e brita comerciais","m",2958.37]
[705184,"Corpo de BSCC 2,00 x 2,00 m - moldado no local - altura do aterro 1,00 a 2,50 m - areia extraída e brita produzida","m",2758.5]
[705193,"Corpo de BSCC 2,00 x 2,00 m - moldado no local - altura do aterro 10,00 a 12,50 m - areia e brita comerciais","m",4439.99]
[705192,"Corpo de BSCC 2,00 x 2,00 m - moldado no local - altura do aterro 10,00 a 12,50 m - areia extraída e brita produzida","m",4117.93]
[705195,"Corpo de BSCC 2,00 x 2,00 m - moldado no local - altura do aterro 12,50 a 15,00 m - areia e brita comerciais","m",4747.49]
[705194,"Corpo de BSCC 2,00 x 2,00 m - moldado no local - altura do aterro 12,50 a 15,00 m - areia extraída e brita produzida","m",4425.43]
[705187,"Corpo de BSCC 2,00 x 2,00 m - moldado no local - altura do aterro 2,50 a 5,00 m - areia e brita comerciais","m",3344.2]
[705186,"Corpo de BSCC 2,00 x 2,00 m - moldado no local - altura do aterro 2,50 a 5,00 m - areia extraída e brita produzida","m",3082.64]
[705189,"Corpo de BSCC 2,00 x 2,00 m - moldado no local - altura do aterro 5,00 a 7,50 m - areia e brita comerciais","m",3743.73]
[705188,"Corpo de BSCC 2,00 x 2,00 m - moldado no local - altura do aterro 5,00 a 7,50 m - areia extraída e brita produzida","m",3482.16]
[705191,"Corpo de BSCC 2,00 x 2,00 m - moldado no local - altura do aterro 7,50 a 10,00 m - areia e brita comerciais","m",4091.36]
[705190,"Corpo de BSCC 2,00 x 2,00 m - moldado no local - altura do aterro 7,50 a 10,00 m - areia extraída e brita produzida","m",3769.31]
[705197,"Corpo de BSCC 2,50 x 2,50 m - moldado no local - altura do aterro 0,00 a 1,00 m - areia e brita comerciais","m",4441.2]
[705196,"Corpo de BSCC 2,50 x 2,50 m - moldado no local - altura do aterro 0,00 a 1,00 m - areia extraída e brita produzida","m",4122.08]
[705199,"Corpo de BSCC 2,50 x 2,50 m - moldado no local - altura do aterro 1,00 a 2,50 m - areia e brita comerciais","m",4212.04]
[705198,"Corpo de BSCC 2,50 x 2,50 m - moldado no local - altura do aterro 1,00 a 2,50 m - areia extraída e brita produzida","m",3892.91]
[705207,"Corpo de BSCC 2,50 x 2,50 m - moldado no local - altura do aterro 10,00 a 12,50 m - areia e brita comerciais","m",6270.27]
[705206,"Corpo de BSCC 2,50 x 2,50 m - moldado no local - altura do aterro 10,00 a 12,50 m - areia extraída e brita produzida","m",5795.05]
[705209,"Corpo de BSCC 2,50 x 2,50 m - moldado no local - altura do aterro 12,50 a 15,00 m - areia e brita comerciais","m",7095.95]
[705208,"Corpo de BSCC 2,50 x 2,50 m - moldado no local - altura do aterro 12,50 a 15,00 m - areia extraída e brita produzida","m",6542.08]
[705201,"Corpo de BSCC 2,50 x 2,50 m - moldado no local - altura do aterro 2,50 a 5,00 m - areia e brita comerciais","m",4814.3500000000004]
[705200,"Corpo de BSCC 2,50 x 2,50 m - moldado no local - altura do aterro 2,50 a 5,00 m - areia extraída e brita produzida","m",4495.2299999999996]
[705203,"Corpo de BSCC 2,50 x 2,50 m - moldado no local - altura do aterro 5,00 a 7,50 m - areia e brita comerciais","m",5277.24]
[705202,"Corpo de BSCC 2,50 x 2,50 m - moldado no local - altura do aterro 5,00 a 7,50 m - areia extraída e brita produzida","m",4885.5200000000004]
[705205,"Corpo de BSCC 2,50 x 2,50 m - moldado no local - altura do aterro 7,50 a 10,00 m - areia e brita comerciais","m",5759.95]
[705204,"Corpo de BSCC 2,50 x 2,50 m - moldado no local - altura do aterro 7,50 a 10,00 m - areia extraída e brita produzida","m",5368.23]
[705211,"Corpo de BSCC 3,00 x 3,00 m - moldado no local - altura do aterro 0,00 a 1,00 m - areia e brita comerciais","m",5667.68]
[705210,"Corpo de BSCC 3,00 x 3,00 m - moldado no local - altura do aterro 0,00 a 1,00 m - areia extraída e brita produzida","m",5207.3999999999996]
[705213,"Corpo de BSCC 3,00 x 3,00 m - moldado no local - altura do aterro 1,00 a 2,50 m - areia e brita comerciais","m",5598.74]
[705212,"Corpo de BSCC 3,00 x 3,00 m - moldado no local - altura do aterro 1,00 a 2,50 m - areia extraída e brita produzida","m",5138.46]
[705221,"Corpo de BSCC 3,00 x 3,00 m - moldado no local - altura do aterro 10,00 a 12,50 m - areia e brita comerciais","m",8601.68]
[705220,"Corpo de BSCC 3,00 x 3,00 m - moldado no local - altura do aterro 10,00 a 12,50 m - areia extraída e brita produzida","m",7955.03]
[705223,"Corpo de BSCC 3,00 x 3,00 m - moldado no local - altura do aterro 12,50 a 15,00 m - areia e brita comerciais","m",9284.3700000000008]
[705222,"Corpo de BSCC 3,00 x 3,00 m - moldado no local - altura do aterro 12,50 a 15,00 m - areia extraída e brita produzida","m",8539.7000000000007]
[705215,"Corpo de BSCC 3,00 x 3,00 m - moldado no local - altura do aterro 2,50 a 5,00 m - areia e brita comerciais","m",6599.54]
[705214,"Corpo de BSCC 3,00 x 3,00 m - moldado no local - altura do aterro 2,50 a 5,00 m - areia extraída e brita produzida","m",6042.44]
[705217,"Corpo de BSCC 3,00 x 3,00 m - moldado no local - altura do aterro 5,00 a 7,50 m - areia e brita comerciais","m",7312.19]
[705216,"Corpo de BSCC 3,00 x 3,00 m - moldado no local - altura do aterro 5,00 a 7,50 m - areia extraída e brita produzida","m",6755.09]
[705219,"Corpo de BSCC 3,00 x 3,00 m - moldado no local - altura do aterro 7,50 a 10,00 m - areia e brita comerciais","m",7946.43]
[705218,"Corpo de BSCC 3,00 x 3,00 m - moldado no local - altura do aterro 7,50 a 10,00 m - areia extraída e brita produzida","m",7299.79]
[705346,"Corpo de BTCC 1,50 x 1,50 m - moldado no local - altura do aterro 0,00 a 1,00 m - areia e brita comerciais","m",5348.27]
[705345,"Corpo de BTCC 1,50 x 1,50 m - moldado no local - altura do aterro 0,00 a 1,00 m - areia extraída e brita produzida","m",4948.9399999999996]
[705348,"Corpo de BTCC 1,50 x 1,50 m - moldado no local - altura do aterro 1,00 a 2,50 m - areia e brita comerciais","m",4818.5]
[705347,"Corpo de BTCC 1,50 x 1,50 m - moldado no local - altura do aterro 1,00 a 2,50 m - areia extraída e brita produzida","m",4419.18]
[705356,"Corpo de BTCC 1,50 x 1,50 m - moldado no local - altura do aterro 10,00 a 12,50 m - areia e brita comerciais","m",7071.23]
[705355,"Corpo de BTCC 1,50 x 1,50 m - moldado no local - altura do aterro 10,00 a 12,50 m - areia extraída e brita produzida","m",6540.03]
[705358,"Corpo de BTCC 1,50 x 1,50 m - moldado no local - altura do aterro 12,50 a 15,00 m - areia e brita comerciais","m",7178.63]
[705357,"Corpo de BTCC 1,50 x 1,50 m - moldado no local - altura do aterro 12,50 a 15,00 m - areia extraída e brita produzida","m",6647.43]
[705350,"Corpo de BTCC 1,50 x 1,50 m - moldado no local - altura do aterro 2,50 a 5,00 m - areia e brita comerciais","m",5251.5]
[705349,"Corpo de BTCC 1,50 x 1,50 m - moldado no local - altura do aterro 2,50 a 5,00 m - areia extraída e brita produzida","m",4852.17]
[705352,"Corpo de BTCC 1,50 x 1,50 m - moldado no local - altura do aterro 5,00 a 7,50 m - areia e brita comerciais","m",5621.31]
[705351,"Corpo de BTCC 1,50 x 1,50 m - moldado no local - altura do aterro 5,00 a 7,50 m - areia extraída e brita produzida","m",5221.99]
[705354,"Corpo de BTCC 1,50 x 1,50 m - moldado no local - altura do aterro 7,50 a 10,00 m - areia e brita comerciais","m",6180.34]
[705353,"Corpo de BTCC 1,50 x 1,50 m - moldado no local - altura do aterro 7,50 a 10,00 m - areia extraída e brita produzida","m",5781.02]
[705360,"Corpo de BTCC 2,00 x 2,00 m - moldado no local - altura do aterro 0,00 a 1,00 m - areia e brita comerciais","m",7689.64]
[705359,"Corpo de BTCC 2,00 x 2,00 m - moldado no local - altura do aterro 0,00 a 1,00 m - areia extraída e brita produzida","m",7174.34]
[705362,"Corpo de BTCC 2,00 x 2,00 m - moldado no local - altura do aterro 1,00 a 2,50 m - areia e brita comerciais","m",7006.02]
[705361,"Corpo de BTCC 2,00 x 2,00 m - moldado no local - altura do aterro 1,00 a 2,50 m - areia extraída e brita produzida","m",6490.72]
[705370,"Corpo de BTCC 2,00 x 2,00 m - moldado no local - altura do aterro 10,00 a 12,50 m - areia e brita comerciais","m",10370.52]
[705369,"Corpo de BTCC 2,00 x 2,00 m - moldado no local - altura do aterro 10,00 a 12,50 m - areia extraída e brita produzida","m",9547.8799999999992]
[705372,"Corpo de BTCC 2,00 x 2,00 m - moldado no local - altura do aterro 12,50 a 15,00 m - areia e brita comerciais","m",11039.96]
[705371,"Corpo de BTCC 2,00 x 2,00 m - moldado no local - altura do aterro 12,50 a 15,00 m - areia extraída e brita produzida","m",10217.32]
[705364,"Corpo de BTCC 2,00 x 2,00 m - moldado no local - altura do aterro 2,50 a 5,00 m - areia e brita comerciais","m",7920.39]
[705363,"Corpo de BTCC 2,00 x 2,00 m - moldado no local - altura do aterro 2,50 a 5,00 m - areia extraída e brita produzida","m",7405.09]
[705366,"Corpo de BTCC 2,00 x 2,00 m - moldado no local - altura do aterro 5,00 a 7,50 m - areia e brita comerciais","m",8625.6200000000008]
[705365,"Corpo de BTCC 2,00 x 2,00 m - moldado no local - altura do aterro 5,00 a 7,50 m - areia extraída e brita produzida","m",7948.18]
[705368,"Corpo de BTCC 2,00 x 2,00 m - moldado no local - altura do aterro 7,50 a 10,00 m - areia e brita comerciais","m",9659.7999999999993]
[705367,"Corpo de BTCC 2,00 x 2,00 m - moldado no local - altura do aterro 7,50 a 10,00 m - areia extraída e brita produzida","m",8982.35]
[705374,"Corpo de BTCC 2,50 x 2,50 m - moldado no local - altura do aterro 0,00 a 1,00 m - areia e brita comerciais","m",10161.99]
[705373,"Corpo de BTCC 2,50 x 2,50 m - moldado no local - altura do aterro 0,00 a 1,00 m - areia extraída e brita produzida","m",9507.82]
[705376,"Corpo de BTCC 2,50 x 2,50 m - moldado no local - altura do aterro 1,00 a 2,50 m - areia e brita comerciais","m",9123.64]
[705375,"Corpo de BTCC 2,50 x 2,50 m - moldado no local - altura do aterro 1,00 a 2,50 m - areia extraída e brita produzida","m",8469.4699999999993]
[705384,"Corpo de BTCC 2,50 x 2,50 m - moldado no local - altura do aterro 10,00 a 12,50 m - areia e brita comerciais","m",13737.8]
[705383,"Corpo de BTCC 2,50 x 2,50 m - moldado no local - altura do aterro 10,00 a 12,50 m - areia extraída e brita produzida","m",12737.54]
[705386,"Corpo de BTCC 2,50 x 2,50 m - moldado no local - altura do aterro 12,50 a 15,00 m - areia e brita comerciais","m",14800.7]
[705385,"Corpo de BTCC 2,50 x 2,50 m - moldado no local - altura do aterro 12,50 a 15,00 m - areia extraída e brita produzida","m",13800.44]
[705378,"Corpo de BTCC 2,50 x 2,50 m - moldado no local - altura do aterro 2,50 a 5,00 m - areia e brita comerciais","m",10328.959999999999]
[705377,"Corpo de BTCC 2,50 x 2,50 m - moldado no local - altura do aterro 2,50 a 5,00 m - areia extraída e brita produzida","m",9504.17]
[705380,"Corpo de BTCC 2,50 x 2,50 m - moldado no local - altura do aterro 5,00 a 7,50 m - areia e brita comerciais","m",11700]
[705379,"Corpo de BTCC 2,50 x 2,50 m - moldado no local - altura do aterro 5,00 a 7,50 m - areia extraída e brita produzida","m",10875.2]
[705382,"Corpo de BTCC 2,50 x 2,50 m - moldado no local - altura do aterro 7,50 a 10,00 m - areia e brita comerciais","m",12856]
[705381,"Corpo de BTCC 2,50 x 2,50 m - moldado no local - altura do aterro 7,50 a 10,00 m - areia extraída e brita produzida","m",11855.74]
[705388,"Corpo de BTCC 3,00 x 3,00 m - moldado no local - altura do aterro 0,00 a 1,00 m - areia e brita comerciais","m",12762.89]
[705387,"Corpo de BTCC 3,00 x 3,00 m - moldado no local - altura do aterro 0,00 a 1,00 m - areia extraída e brita produzida","m",11791.85]
[705390,"Corpo de BTCC 3,00 x 3,00 m - moldado no local - altura do aterro 1,00 a 2,50 m - areia e brita comerciais","m",12028.34]
[705389,"Corpo de BTCC 3,00 x 3,00 m - moldado no local - altura do aterro 1,00 a 2,50 m - areia extraída e brita produzida","m",11057.3]
[705399,"Corpo de BTCC 3,00 x 3,00 m - moldado no local - altura do aterro 10,00 a 12,50 m - areia e brita comerciais","m",18397.23]
[705398,"Corpo de BTCC 3,00 x 3,00 m - moldado no local - altura do aterro 10,00 a 12,50 m - areia extraída e brita produzida","m",16942.07]
[705401,"Corpo de BTCC 3,00 x 3,00 m - moldado no local - altura do aterro 12,50 a 15,00 m - areia e brita comerciais","m",19836.689999999999]
[705400,"Corpo de BTCC 3,00 x 3,00 m - moldado no local - altura do aterro 12,50 a 15,00 m - areia extraída e brita produzida","m",18381.53]
[705392,"Corpo de BTCC 3,00 x 3,00 m - moldado no local - altura do aterro 2,50 a 5,00 m - areia e brita comerciais","m",13670.5]
[705391,"Corpo de BTCC 3,00 x 3,00 m - moldado no local - altura do aterro 2,50 a 5,00 m - areia extraída e brita produzida","m",12493.72]
[705395,"Corpo de BTCC 3,00 x 3,00 m - moldado no local - altura do aterro 5,00 a 7,50 m - areia e brita comerciais","m",15580.08]
[705394,"Corpo de BTCC 3,00 x 3,00 m - moldado no local - altura do aterro 5,00 a 7,50 m - areia extraída e brita produzida","m",14403.31]
[705397,"Corpo de BTCC 3,00 x 3,00 m - moldado no local - altura do aterro 7,50 a 10,00 m - areia e brita comerciais","m",17023]
[705396,"Corpo de BTCC 3,00 x 3,00 m - moldado no local - altura do aterro 7,50 a 10,00 m - areia extraída e brita produzida","m",15567.84]
[804213,"Boca de BDTC D = 0,80 m - esconsidade 0° - areia e brita comerciais - alas retas","un",1473.92]
[804212,"Boca de BDTC D = 0,80 m - esconsidade 0° - areia extraída e brita produzida - alas retas","un",1236.96]
[804217,"Boca de BDTC D = 0,80 m - esconsidade 10° - areia e brita comerciais - alas retas","un",1482.58]
[804216,"Boca de BDTC D = 0,80 m - esconsidade 10° - areia extraída e brita produzida - alas retas","un",1245.1500000000001]
[804219,"Boca de BDTC D = 0,80 m - esconsidade 15° - areia e brita comerciais - alas retas","un",1493.57]
[804218,"Boca de BDTC D = 0,80 m - esconsidade 15° - areia extraída e brita produzida - alas retas","un",1255.6500000000001]
[804221,"Boca de BDTC D = 0,80 m - esconsidade 20° - areia e brita comerciais - alas retas","un",1511.25]
[804220,"Boca de BDTC D = 0,80 m - esconsidade 20° - areia extraída e brita produzida - alas retas","un",1272.48]
[804223,"Boca de BDTC D = 0,80 m - esconsidade 25° - areia e brita comerciais - alas retas","un",1534.42]
[804222,"Boca de BDTC D = 0,80 m - esconsidade 25° - areia extraída e brita produzida - alas retas","un",1294.56]
[804225,"Boca de BDTC D = 0,80 m - esconsidade 30° - areia e brita comerciais - alas retas","un",1564.98]
[804224,"Boca de BDTC D = 0,80 m - esconsidade 30° - areia extraída e brita produzida - alas retas","un",1323.91]
[804227,"Boca de BDTC D = 0,80 m - esconsidade 35° - areia e brita comerciais - alas retas","un",1606.44]
[804226,"Boca de BDTC D = 0,80 m - esconsidade 35° - areia extraída e brita produzida - alas retas","un",1363.92]
[804229,"Boca de BDTC D = 0,80 m - esconsidade 40° - areia e brita comerciais - alas retas","un",1660.7]
[804228,"Boca de BDTC D = 0,80 m - esconsidade 40° - areia extraída e brita produzida - alas retas","un",1416.6]
[804231,"Boca de BDTC D = 0,80 m - esconsidade 45° - areia e brita comerciais - alas retas","un",1735.14]
[804230,"Boca de BDTC D = 0,80 m - esconsidade 45° - areia extraída e brita produzida - alas retas","un",1489.23]
[804215,"Boca de BDTC D = 0,80 m - esconsidade 5° - areia e brita comerciais - alas retas","un",1475.89]
[804214,"Boca de BDTC D = 0,80 m - esconsidade 5° - areia extraída e brita produzida - alas retas","un",1238.82]
[804417,"Boca de BDTC D = 1,00 m - esconsidade 0° - areia e brita comerciais - alas esconsas","un",3811.18]
[804233,"Boca de BDTC D = 1,00 m - esconsidade 0° - areia e brita comerciais - alas retas","un",2187.37]
[804416,"Boca de BDTC D = 1,00 m - esconsidade 0° - areia extraída e brita produzida - alas esconsas","un",3192.95]
[804232,"Boca de BDTC D = 1,00 m - esconsidade 0° - areia extraída e brita produzida - alas retas","un",1819.65]
[804237,"Boca de BDTC D = 1,00 m - esconsidade 10° - areia e brita comerciais - alas retas","un",2200.41]
[804236,"Boca de BDTC D = 1,00 m - esconsidade 10° - areia extraída e brita produzida - alas retas","un",1831.84]
[804419,"Boca de BDTC D = 1,00 m - esconsidade 15° - areia e brita comerciais - alas esconsas","un",3986.55]
[804239,"Boca de BDTC D = 1,00 m - esconsidade 15° - areia e brita comerciais - alas retas","un",2217.39]
[804418,"Boca de BDTC D = 1,00 m - esconsidade 15° - areia extraída e brita produzida - alas esconsas","un",3338.78]
[804238,"Boca de BDTC D = 1,00 m - esconsidade 15° - areia extraída e brita produzida - alas retas","un",1847.74]
[804241,"Boca de BDTC D = 1,00 m - esconsidade 20° - areia e brita comerciais - alas retas","un",2241.85]
[804240,"Boca de BDTC D = 1,00 m - esconsidade 20° - areia extraída e brita produzida - alas retas","un",1870.74]
[804243,"Boca de BDTC D = 1,00 m - esconsidade 25° - areia e brita comerciais - alas retas","un",2275.3200000000002]
[804242,"Boca de BDTC D = 1,00 m - esconsidade 25° - areia extraída e brita produzida - alas retas","un",1902.39]
[804421,"Boca de BDTC D = 1,00 m - esconsidade 30° - areia e brita comerciais - alas esconsas","un",4448.12]
[804245,"Boca de BDTC D = 1,00 m - esconsidade 30° - areia e brita comerciais - alas retas","un",2320.54]
[804420,"Boca de BDTC D = 1,00 m - esconsidade 30° - areia extraída e brita produzida - alas esconsas","un",3723.21]
[804244,"Boca de BDTC D = 1,00 m - esconsidade 30° - areia extraída e brita produzida - alas retas","un",1945.32]
[804247,"Boca de BDTC D = 1,00 m - esconsidade 35° - areia e brita comerciais - alas retas","un",2379.77]
[804246,"Boca de BDTC D = 1,00 m - esconsidade 35° - areia extraída e brita produzida - alas retas","un",2002]
[804249,"Boca de BDTC D = 1,00 m - esconsidade 40° - areia e brita comerciais - alas retas","un",2459.25]
[804248,"Boca de BDTC D = 1,00 m - esconsidade 40° - areia extraída e brita produzida - alas retas","un",2078.46]
[804423,"Boca de BDTC D = 1,00 m - esconsidade 45° - areia e brita comerciais - alas esconsas","un",5506.14]
[804251,"Boca de BDTC D = 1,00 m - esconsidade 45° - areia e brita comerciais - alas retas","un",2565.4499999999998]
[804422,"Boca de BDTC D = 1,00 m - esconsidade 45° - areia extraída e brita produzida - alas esconsas","un",4601.68]
[804250,"Boca de BDTC D = 1,00 m - esconsidade 45° - areia extraída e brita produzida - alas retas","un",2181.5100000000002]
[804235,"Boca de BDTC D = 1,00 m - esconsidade 5° - areia e brita comerciais - alas retas","un",2190.54]
[804234,"Boca de BDTC D = 1,00 m - esconsidade 5° - areia extraída e brita produzida - alas retas","un",1822.58]
[804425,"Boca de BDTC D = 1,20 m - esconsidade 0° - areia e brita comerciais - alas esconsas","un",5515.85]
[804253,"Boca de BDTC D = 1,20 m - esconsidade 0° - areia e brita comerciais - alas retas","un",3036.74]
[804424,"Boca de BDTC D = 1,20 m - esconsidade 0° - areia extraída e brita produzida - alas esconsas","un",4560.6499999999996]
[804252,"Boca de BDTC D = 1,20 m - esconsidade 0° - areia extraída e brita produzida - alas retas","un",2503.02]
[804257,"Boca de BDTC D = 1,20 m - esconsidade 10° - areia e brita comerciais - alas retas","un",3055.86]
[804256,"Boca de BDTC D = 1,20 m - esconsidade 10° - areia extraída e brita produzida - alas retas","un",2520.4499999999998]
[804427,"Boca de BDTC D = 1,20 m - esconsidade 15° - areia e brita comerciais - alas esconsas","un",5782.61]
[804259,"Boca de BDTC D = 1,20 m - esconsidade 15° - areia e brita comerciais - alas retas","un",3080.13]
[804426,"Boca de BDTC D = 1,20 m - esconsidade 15° - areia extraída e brita produzida - alas esconsas","un",4778.9799999999996]
[804258,"Boca de BDTC D = 1,20 m - esconsidade 15° - areia extraída e brita produzida - alas retas","un",2542.66]
[804261,"Boca de BDTC D = 1,20 m - esconsidade 20° - areia e brita comerciais - alas retas","un",3115.9]
[804260,"Boca de BDTC D = 1,20 m - esconsidade 20° - areia extraída e brita produzida - alas retas","un",2575.52]
[804263,"Boca de BDTC D = 1,20 m - esconsidade 25° - areia e brita comerciais - alas retas","un",3164.71]
[804262,"Boca de BDTC D = 1,20 m - esconsidade 25° - areia extraída e brita produzida - alas retas","un",2620.5700000000002]
[804429,"Boca de BDTC D = 1,20 m - esconsidade 30° - areia e brita comerciais - alas esconsas","un",6453.99]
[804265,"Boca de BDTC D = 1,20 m - esconsidade 30° - areia e brita comerciais - alas retas","un",3229.99]
[804428,"Boca de BDTC D = 1,20 m - esconsidade 30° - areia extraída e brita produzida - alas esconsas","un",5329.76]
[804264,"Boca de BDTC D = 1,20 m - esconsidade 30° - areia extraída e brita produzida - alas retas","un",2681.38]
[804267,"Boca de BDTC D = 1,20 m - esconsidade 35° - areia e brita comerciais - alas retas","un",3313.65]
[804266,"Boca de BDTC D = 1,20 m - esconsidade 35° - areia extraída e brita produzida - alas retas","un",2759.95]
[804269,"Boca de BDTC D = 1,20 m - esconsidade 40° - areia e brita comerciais - alas retas","un",3425.04]
[804268,"Boca de BDTC D = 1,20 m - esconsidade 40° - areia extraída e brita produzida - alas retas","un",2865.41]
[804431,"Boca de BDTC D = 1,20 m - esconsidade 45° - areia e brita comerciais - alas esconsas","un",8001.12]
[804271,"Boca de BDTC D = 1,20 m - esconsidade 45° - areia e brita comerciais - alas retas","un",3574.13]
[804430,"Boca de BDTC D = 1,20 m - esconsidade 45° - areia extraída e brita produzida - alas esconsas","un",6595.75]
[804270,"Boca de BDTC D = 1,20 m - esconsidade 45° - areia extraída e brita produzida - alas retas","un",3007.96]
[804255,"Boca de BDTC D = 1,20 m - esconsidade 5° - areia e brita comerciais - alas retas","un",3041.54]
[804254,"Boca de BDTC D = 1,20 m - esconsidade 5° - areia extraída e brita produzida - alas retas","un",2507.34]
[804433,"Boca de BDTC D = 1,50 m - esconsidade 0° - areia e brita comerciais - alas esconsas","un",9725.4]
[804273,"Boca de BDTC D = 1,50 m - esconsidade 0° - areia e brita comerciais - alas retas","un",5205.67]
[804432,"Boca de BDTC D = 1,50 m - esconsidade 0° - areia extraída e brita produzida - alas esconsas","un",7892.49]
[804272,"Boca de BDTC D = 1,50 m - esconsidade 0° - areia extraída e brita produzida - alas retas","un",4250.96]
[804277,"Boca de BDTC D = 1,50 m - esconsidade 10° - areia e brita comerciais - alas retas","un",5234.4799999999996]
[804276,"Boca de BDTC D = 1,50 m - esconsidade 10° - areia extraída e brita produzida - alas retas","un",4276.8599999999997]
[804435,"Boca de BDTC D = 1,50 m - esconsidade 15° - areia e brita comerciais - alas esconsas","un",10206.84]
[804279,"Boca de BDTC D = 1,50 m - esconsidade 15° - areia e brita comerciais - alas retas","un",5270.49]
[804434,"Boca de BDTC D = 1,50 m - esconsidade 15° - areia extraída e brita produzida - alas esconsas","un",8280.2199999999993]
[804278,"Boca de BDTC D = 1,50 m - esconsidade 15° - areia extraída e brita produzida - alas retas","un",4309.24]
[804281,"Boca de BDTC D = 1,50 m - esconsidade 20° - areia e brita comerciais - alas retas","un",5323.57]
[804280,"Boca de BDTC D = 1,50 m - esconsidade 20° - areia extraída e brita produzida - alas retas","un",4357.3500000000004]
[804283,"Boca de BDTC D = 1,50 m - esconsidade 25° - areia e brita comerciais - alas retas","un",5396.04]
[804282,"Boca de BDTC D = 1,50 m - esconsidade 25° - areia extraída e brita produzida - alas retas","un",4423.5200000000004]
[804437,"Boca de BDTC D = 1,50 m - esconsidade 30° - areia e brita comerciais - alas esconsas","un",11430.17]
[804285,"Boca de BDTC D = 1,50 m - esconsidade 30° - areia e brita comerciais - alas retas","un",5491.41]
[804436,"Boca de BDTC D = 1,50 m - esconsidade 30° - areia extraída e brita produzida - alas esconsas","un",9265.74]
[804284,"Boca de BDTC D = 1,50 m - esconsidade 30° - areia extraída e brita produzida - alas retas","un",4511.1499999999996]
[804287,"Boca de BDTC D = 1,50 m - esconsidade 35° - areia e brita comerciais - alas retas","un",5615.38]
[804286,"Boca de BDTC D = 1,50 m - esconsidade 35° - areia extraída e brita produzida - alas retas","un",4626.2700000000004]
[804289,"Boca de BDTC D = 1,50 m - esconsidade 40° - areia e brita comerciais - alas retas","un",5778.05]
[804288,"Boca de BDTC D = 1,50 m - esconsidade 40° - areia extraída e brita produzida - alas retas","un",4778.78]
[804439,"Boca de BDTC D = 1,50 m - esconsidade 45° - areia e brita comerciais - alas esconsas","un",14232.09]
[804291,"Boca de BDTC D = 1,50 m - esconsidade 45° - areia e brita comerciais - alas retas","un",5993.62]
[804438,"Boca de BDTC D = 1,50 m - esconsidade 45° - areia extraída e brita produzida - alas esconsas","un",11517.24]
[804290,"Boca de BDTC D = 1,50 m - esconsidade 45° - areia extraída e brita produzida - alas retas","un",4983.21]
[804275,"Boca de BDTC D = 1,50 m - esconsidade 5° - areia e brita comerciais - alas retas","un",5212.88]
[804274,"Boca de BDTC D = 1,50 m - esconsidade 5° - areia extraída e brita produzida - alas retas","un",4257.43]
[804061,"Boca de BSTC D = 0,40 m - esconsidade 0° - areia e brita comerciais - alas retas","un",357.76]
[804060,"Boca de BSTC D = 0,40 m - esconsidade 0° - areia extraída e brita produzida - alas retas","un",306.55]
[804065,"Boca de BSTC D = 0,40 m - esconsidade 10° - areia e brita comerciais - alas retas","un",359.31]
[804064,"Boca de BSTC D = 0,40 m - esconsidade 10° - areia extraída e brita produzida - alas retas","un",308.08999999999997]
[804067,"Boca de BSTC D = 0,40 m - esconsidade 15° - areia e brita comerciais - alas retas","un",360.85]
[804066,"Boca de BSTC D = 0,40 m - esconsidade 15° - areia extraída e brita produzida - alas retas","un",309.64]
[804069,"Boca de BSTC D = 0,40 m - esconsidade 20° - areia e brita comerciais - alas retas","un",363.6]
[804068,"Boca de BSTC D = 0,40 m - esconsidade 20° - areia extraída e brita produzida - alas retas","un",312.26]
[804071,"Boca de BSTC D = 0,40 m - esconsidade 25° - areia e brita comerciais - alas retas","un",367.47]
[804070,"Boca de BSTC D = 0,40 m - esconsidade 25° - areia extraída e brita produzida - alas retas","un",316.13]
[804073,"Boca de BSTC D = 0,40 m - esconsidade 30° - areia e brita comerciais - alas retas","un",372.53]
[804072,"Boca de BSTC D = 0,40 m - esconsidade 30° - areia extraída e brita produzida - alas retas","un",321.07]
[804075,"Boca de BSTC D = 0,40 m - esconsidade 35° - areia e brita comerciais - alas retas","un",379.49]
[804074,"Boca de BSTC D = 0,40 m - esconsidade 35° - areia extraída e brita produzida - alas retas","un",328.03]
[804077,"Boca de BSTC D = 0,40 m - esconsidade 40° - areia e brita comerciais - alas retas","un",388.42]
[804076,"Boca de BSTC D = 0,40 m - esconsidade 40° - areia extraída e brita produzida - alas retas","un",336.84]
[804079,"Boca de BSTC D = 0,40 m - esconsidade 45° - areia e brita comerciais - alas retas","un",401.99]
[804078,"Boca de BSTC D = 0,40 m - esconsidade 45° - areia extraída e brita produzida - alas retas","un",350.29]
[804063,"Boca de BSTC D = 0,40 m - esconsidade 5° - areia e brita comerciais - alas retas","un",358.54]
[804062,"Boca de BSTC D = 0,40 m - esconsidade 5° - areia extraída e brita produzida - alas retas","un",307.32]
[804377,"Boca de BSTC D = 0,60 m - esconsidade 0° - areia e brita comerciais - alas esconsas","un",1068.57]
[804081,"Boca de BSTC D = 0,60 m - esconsidade 0° - areia e brita comerciais - alas retas","un",720.57]
[804376,"Boca de BSTC D = 0,60 m - esconsidade 0° - areia extraída e brita produzida - alas esconsas","un",928.96]
[804080,"Boca de BSTC D = 0,60 m - esconsidade 0° - areia extraída e brita produzida - alas retas","un",607.72]
[804085,"Boca de BSTC D = 0,60 m - esconsidade 10° - areia e brita comerciais - alas retas","un",723.32]
[804084,"Boca de BSTC D = 0,60 m - esconsidade 10° - areia extraída e brita produzida - alas retas","un",610.35]
[804379,"Boca de BSTC D = 0,60 m - esconsidade 15° - areia e brita comerciais - alas esconsas","un",893.01]
[804087,"Boca de BSTC D = 0,60 m - esconsidade 15° - areia e brita comerciais - alas retas","un",726.41]
[804378,"Boca de BSTC D = 0,60 m - esconsidade 15° - areia extraída e brita produzida - alas esconsas","un",745.54]
[804086,"Boca de BSTC D = 0,60 m - esconsidade 15° - areia extraída e brita produzida - alas retas","un",613.44000000000005]
[804089,"Boca de BSTC D = 0,60 m - esconsidade 20° - areia e brita comerciais - alas retas","un",731.48]
[804088,"Boca de BSTC D = 0,60 m - esconsidade 20° - areia extraída e brita produzida - alas retas","un",618.39]
[804091,"Boca de BSTC D = 0,60 m - esconsidade 25° - areia e brita comerciais - alas retas","un",738.09]
[804090,"Boca de BSTC D = 0,60 m - esconsidade 25° - areia extraída e brita produzida - alas retas","un",624.88]
[804381,"Boca de BSTC D = 0,60 m - esconsidade 30° - areia e brita comerciais - alas esconsas","un",1262.96]
[804093,"Boca de BSTC D = 0,60 m - esconsidade 30° - areia e brita comerciais - alas retas","un",747.45]
[804380,"Boca de BSTC D = 0,60 m - esconsidade 30° - areia extraída e brita produzida - alas esconsas","un",1095.8699999999999]
[804092,"Boca de BSTC D = 0,60 m - esconsidade 30° - areia extraída e brita produzida - alas retas","un",633.99]
[804095,"Boca de BSTC D = 0,60 m - esconsidade 35° - areia e brita comerciais - alas retas","un",760.24]
[804094,"Boca de BSTC D = 0,60 m - esconsidade 35° - areia extraída e brita produzida - alas retas","un",646.66999999999996]
[804097,"Boca de BSTC D = 0,60 m - esconsidade 40° - areia e brita comerciais - alas retas","un",776.56]
[804096,"Boca de BSTC D = 0,60 m - esconsidade 40° - areia extraída e brita produzida - alas retas","un",662.74]
[804383,"Boca de BSTC D = 0,60 m - esconsidade 45° - areia e brita comerciais - alas esconsas","un",1561.38]
[804099,"Boca de BSTC D = 0,60 m - esconsidade 45° - areia e brita comerciais - alas retas","un",799.83]
[804382,"Boca de BSTC D = 0,60 m - esconsidade 45° - areia extraída e brita produzida - alas esconsas","un",1352.88]
[804098,"Boca de BSTC D = 0,60 m - esconsidade 45° - areia extraída e brita produzida - alas retas","un",685.78]
[804083,"Boca de BSTC D = 0,60 m - esconsidade 5° - areia e brita comerciais - alas retas","un",721.34]
[804082,"Boca de BSTC D = 0,60 m - esconsidade 5° - areia extraída e brita produzida - alas retas","un",608.5]
[804385,"Boca de BSTC D = 0,80 m - esconsidade 0° - areia e brita comerciais - alas esconsas","un",1777.85]
[804101,"Boca de BSTC D = 0,80 m - esconsidade 0° - areia e brita comerciais - alas retas","un",1219.73]
[804384,"Boca de BSTC D = 0,80 m - esconsidade 0° - areia extraída e brita produzida - alas esconsas","un",1518.74]
[804100,"Boca de BSTC D = 0,80 m - esconsidade 0° - areia extraída e brita produzida - alas retas","un",1023.7]
[804105,"Boca de BSTC D = 0,80 m - esconsidade 10° - areia e brita comerciais - alas retas","un",1224.02]
[804104,"Boca de BSTC D = 0,80 m - esconsidade 10° - areia extraída e brita produzida - alas retas","un",1027.8699999999999]
[804387,"Boca de BSTC D = 0,80 m - esconsidade 15° - areia e brita comerciais - alas esconsas","un",1873.26]
[804107,"Boca de BSTC D = 0,80 m - esconsidade 15° - areia e brita comerciais - alas retas","un",1229.8599999999999]
[804386,"Boca de BSTC D = 0,80 m - esconsidade 15° - areia extraída e brita produzida - alas esconsas","un",1599.38]
[804106,"Boca de BSTC D = 0,80 m - esconsidade 15° - areia extraída e brita produzida - alas retas","un",1033.5899999999999]
[804109,"Boca de BSTC D = 0,80 m - esconsidade 20° - areia e brita comerciais - alas retas","un",1238.79]
[804108,"Boca de BSTC D = 0,80 m - esconsidade 20° - areia extraída e brita produzida - alas retas","un",1042.4000000000001]
[804111,"Boca de BSTC D = 0,80 m - esconsidade 25° - areia e brita comerciais - alas retas","un",1250.47]
[804110,"Boca de BSTC D = 0,80 m - esconsidade 25° - areia extraída e brita produzida - alas retas","un",1053.8399999999999]
[804389,"Boca de BSTC D = 0,80 m - esconsidade 30° - areia e brita comerciais - alas esconsas","un",2092.11]
[804113,"Boca de BSTC D = 0,80 m - esconsidade 30° - areia e brita comerciais - alas retas","un",1266.44]
[804388,"Boca de BSTC D = 0,80 m - esconsidade 30° - areia extraída e brita produzida - alas esconsas","un",1784.69]
[804112,"Boca de BSTC D = 0,80 m - esconsidade 30° - areia extraída e brita produzida - alas retas","un",1069.44]
[804115,"Boca de BSTC D = 0,80 m - esconsidade 35° - areia e brita comerciais - alas retas","un",1288.5999999999999]
[804114,"Boca de BSTC D = 0,80 m - esconsidade 35° - areia extraída e brita produzida - alas retas","un",1091.24]
[804117,"Boca de BSTC D = 0,80 m - esconsidade 40° - areia e brita comerciais - alas retas","un",1317.71]
[804116,"Boca de BSTC D = 0,80 m - esconsidade 40° - areia extraída e brita produzida - alas retas","un",1119.99]
[804391,"Boca de BSTC D = 0,80 m - esconsidade 45° - areia e brita comerciais - alas esconsas","un",2596.6799999999998]
[804119,"Boca de BSTC D = 0,80 m - esconsidade 45° - areia e brita comerciais - alas retas","un",1357.65]
[804390,"Boca de BSTC D = 0,80 m - esconsidade 45° - areia extraída e brita produzida - alas esconsas","un",2210.6799999999998]
[804118,"Boca de BSTC D = 0,80 m - esconsidade 45° - areia extraída e brita produzida - alas retas","un",1159.56]
[804103,"Boca de BSTC D = 0,80 m - esconsidade 5° - areia e brita comerciais - alas retas","un",1221.28]
[804102,"Boca de BSTC D = 0,80 m - esconsidade 5° - areia extraída e brita produzida - alas retas","un",1025.25]
[804393,"Boca de BSTC D = 1,00 m - esconsidade 0° - areia e brita comerciais - alas esconsas","un",2736.19]
[804121,"Boca de BSTC D = 1,00 m - esconsidade 0° - areia e brita comerciais - alas retas","un",1822.44]
[804392,"Boca de BSTC D = 1,00 m - esconsidade 0° - areia extraída e brita produzida - alas esconsas","un",2304.29]
[804120,"Boca de BSTC D = 1,00 m - esconsidade 0° - areia extraída e brita produzida - alas retas","un",1518.05]
[804125,"Boca de BSTC D = 1,00 m - esconsidade 10° - areia e brita comerciais - alas retas","un",1828.28]
[804124,"Boca de BSTC D = 1,00 m - esconsidade 10° - areia extraída e brita produzida - alas retas","un",1523.76]
[804395,"Boca de BSTC D = 1,00 m - esconsidade 15° - areia e brita comerciais - alas esconsas","un",2873.8]
[804127,"Boca de BSTC D = 1,00 m - esconsidade 15° - areia e brita comerciais - alas retas","un",1836.87]
[804394,"Boca de BSTC D = 1,00 m - esconsidade 15° - areia extraída e brita produzida - alas esconsas","un",2418.9]
[804126,"Boca de BSTC D = 1,00 m - esconsidade 15° - areia extraída e brita produzida - alas retas","un",1532.11]
[804129,"Boca de BSTC D = 1,00 m - esconsidade 20° - areia e brita comerciais - alas retas","un",1848.97]
[804128,"Boca de BSTC D = 1,00 m - esconsidade 20° - areia extraída e brita produzida - alas retas","un",1543.85]
[804131,"Boca de BSTC D = 1,00 m - esconsidade 25° - areia e brita comerciais - alas retas","un",1865.72]
[804130,"Boca de BSTC D = 1,00 m - esconsidade 25° - areia extraída e brita produzida - alas retas","un",1560.23]
[804397,"Boca de BSTC D = 1,00 m - esconsidade 30° - areia e brita comerciais - alas esconsas","un",3202.81]
[804133,"Boca de BSTC D = 1,00 m - esconsidade 30° - areia e brita comerciais - alas retas","un",1889.07]
[804396,"Boca de BSTC D = 1,00 m - esconsidade 30° - areia extraída e brita produzida - alas esconsas","un",2693.67]
[804132,"Boca de BSTC D = 1,00 m - esconsidade 30° - areia extraída e brita produzida - alas retas","un",1583.1]
[804135,"Boca de BSTC D = 1,00 m - esconsidade 35° - areia e brita comerciais - alas retas","un",1919.38]
[804134,"Boca de BSTC D = 1,00 m - esconsidade 35° - areia extraída e brita produzida - alas retas","un",1612.93]
[804137,"Boca de BSTC D = 1,00 m - esconsidade 40° - areia e brita comerciais - alas retas","un",1884.41]
[804136,"Boca de BSTC D = 1,00 m - esconsidade 40° - areia extraída e brita produzida - alas retas","un",1577.35]
[804399,"Boca de BSTC D = 1,00 m - esconsidade 45° - areia e brita comerciais - alas esconsas","un",3985.39]
[804139,"Boca de BSTC D = 1,00 m - esconsidade 45° - areia e brita comerciais - alas retas","un",2019.18]
[804398,"Boca de BSTC D = 1,00 m - esconsidade 45° - areia extraída e brita produzida - alas esconsas","un",3344.52]
[804138,"Boca de BSTC D = 1,00 m - esconsidade 45° - areia extraída e brita produzida - alas retas","un",1711.39]
[804123,"Boca de BSTC D = 1,00 m - esconsidade 5° - areia e brita comerciais - alas retas","un",1823.22]
[804122,"Boca de BSTC D = 1,00 m - esconsidade 5° - areia extraída e brita produzida - alas retas","un",1518.82]
[804401,"Boca de BSTC D = 1,20 m - esconsidade 0° - areia e brita comerciais - alas esconsas","un",3948.83]
[804141,"Boca de BSTC D = 1,20 m - esconsidade 0° - areia e brita comerciais - alas retas","un",2529.1799999999998]
[804400,"Boca de BSTC D = 1,20 m - esconsidade 0° - areia extraída e brita produzida - alas esconsas","un",3282.17]
[804140,"Boca de BSTC D = 1,20 m - esconsidade 0° - areia extraída e brita produzida - alas retas","un",2088.69]
[804145,"Boca de BSTC D = 1,20 m - esconsidade 10° - areia e brita comerciais - alas retas","un",2538.62]
[804144,"Boca de BSTC D = 1,20 m - esconsidade 10° - areia extraída e brita produzida - alas retas","un",2097.64]
[804403,"Boca de BSTC D = 1,20 m - esconsidade 15° - areia e brita comerciais - alas esconsas","un",4158.32]
[804147,"Boca de BSTC D = 1,20 m - esconsidade 15° - areia e brita comerciais - alas retas","un",2550.38]
[804402,"Boca de BSTC D = 1,20 m - esconsidade 15° - areia extraída e brita produzida - alas esconsas","un",3453.76]
[804146,"Boca de BSTC D = 1,20 m - esconsidade 15° - areia extraída e brita produzida - alas retas","un",2108.92]
[804149,"Boca de BSTC D = 1,20 m - esconsidade 20° - areia e brita comerciais - alas retas","un",2568.06]
[804148,"Boca de BSTC D = 1,20 m - esconsidade 20° - areia extraída e brita produzida - alas retas","un",2125.75]
[804151,"Boca de BSTC D = 1,20 m - esconsidade 25° - areia e brita comerciais - alas retas","un",2592.35]
[804150,"Boca de BSTC D = 1,20 m - esconsidade 25° - areia extraída e brita produzida - alas retas","un",2149.0700000000002]
[804405,"Boca de BSTC D = 1,20 m - esconsidade 30° - areia e brita comerciais - alas esconsas","un",4647.88]
[804153,"Boca de BSTC D = 1,20 m - esconsidade 30° - areia e brita comerciais - alas retas","un",2625.23]
[804404,"Boca de BSTC D = 1,20 m - esconsidade 30° - areia extraída e brita produzida - alas esconsas","un",3856.5]
[804152,"Boca de BSTC D = 1,20 m - esconsidade 30° - areia extraída e brita produzida - alas retas","un",2180.7399999999998]
[804155,"Boca de BSTC D = 1,20 m - esconsidade 35° - areia e brita comerciais - alas retas","un",2667.81]
[804154,"Boca de BSTC D = 1,20 m - esconsidade 35° - areia extraída e brita produzida - alas retas","un",2221.9899999999998]
[804157,"Boca de BSTC D = 1,20 m - esconsidade 40° - areia e brita comerciais - alas retas","un",2726.71]
[804156,"Boca de BSTC D = 1,20 m - esconsidade 40° - areia extraída e brita produzida - alas retas","un",2279.31]
[804407,"Boca de BSTC D = 1,20 m - esconsidade 45° - areia e brita comerciais - alas esconsas","un",5790.01]
[804159,"Boca de BSTC D = 1,20 m - esconsidade 45° - areia e brita comerciais - alas retas","un",2805.36]
[804406,"Boca de BSTC D = 1,20 m - esconsidade 45° - areia extraída e brita produzida - alas esconsas","un",4791.95]
[804158,"Boca de BSTC D = 1,20 m - esconsidade 45° - areia extraída e brita produzida - alas retas","un",2356.27]
[804143,"Boca de BSTC D = 1,20 m - esconsidade 5° - areia e brita comerciais - alas retas","un",2531.92]
[804142,"Boca de BSTC D = 1,20 m - esconsidade 5° - areia extraída e brita produzida - alas retas","un",2091.31]
[804409,"Boca de BSTC D = 1,50 m - esconsidade 0° - areia e brita comerciais - alas esconsas","un",7134.13]
[804161,"Boca de BSTC D = 1,50 m - esconsidade 0° - areia e brita comerciais - alas retas","un",4347.8599999999997]
[804408,"Boca de BSTC D = 1,50 m - esconsidade 0° - areia extraída e brita produzida - alas esconsas","un",5825.26]
[804160,"Boca de BSTC D = 1,50 m - esconsidade 0° - areia extraída e brita produzida - alas retas","un",3562.41]
[804165,"Boca de BSTC D = 1,50 m - esconsidade 10° - areia e brita comerciais - alas retas","un",4360.82]
[804164,"Boca de BSTC D = 1,50 m - esconsidade 10° - areia extraída e brita produzida - alas retas","un",3574.77]
[804411,"Boca de BSTC D = 1,50 m - esconsidade 15° - areia e brita comerciais - alas esconsas","un",7523.92]
[804167,"Boca de BSTC D = 1,50 m - esconsidade 15° - areia e brita comerciais - alas retas","un",4377.72]
[804410,"Boca de BSTC D = 1,50 m - esconsidade 15° - areia extraída e brita produzida - alas esconsas","un",6139.85]
[804166,"Boca de BSTC D = 1,50 m - esconsidade 15° - areia extraída e brita produzida - alas retas","un",3590.82]
[804169,"Boca de BSTC D = 1,50 m - esconsidade 20° - areia e brita comerciais - alas retas","un",4402.4399999999996]
[804168,"Boca de BSTC D = 1,50 m - esconsidade 20° - areia extraída e brita produzida - alas retas","un",3614.45]
[804171,"Boca de BSTC D = 1,50 m - esconsidade 25° - areia e brita comerciais - alas retas","un",4436.17]
[804170,"Boca de BSTC D = 1,50 m - esconsidade 25° - areia extraída e brita produzida - alas retas","un",3646.73]
[804413,"Boca de BSTC D = 1,50 m - esconsidade 30° - areia e brita comerciais - alas esconsas","un",8431.64]
[804173,"Boca de BSTC D = 1,50 m - esconsidade 30° - areia e brita comerciais - alas retas","un",4481.58]
[804412,"Boca de BSTC D = 1,50 m - esconsidade 30° - areia extraída e brita produzida - alas esconsas","un",6873.58]
[804172,"Boca de BSTC D = 1,50 m - esconsidade 30° - areia extraída e brita produzida - alas retas","un",3690.45]
[804175,"Boca de BSTC D = 1,50 m - esconsidade 35° - areia e brita comerciais - alas retas","un",4542.54]
[804174,"Boca de BSTC D = 1,50 m - esconsidade 35° - areia extraída e brita produzida - alas retas","un",3749.46]
[804177,"Boca de BSTC D = 1,50 m - esconsidade 40° - areia e brita comerciais - alas retas","un",4624.1000000000004]
[804176,"Boca de BSTC D = 1,50 m - esconsidade 40° - areia extraída e brita produzida - alas retas","un",3828.72]
[804415,"Boca de BSTC D = 1,50 m - esconsidade 45° - areia e brita comerciais - alas esconsas","un",10567.94]
[804179,"Boca de BSTC D = 1,50 m - esconsidade 45° - areia e brita comerciais - alas retas","un",4735.8900000000003]
[804414,"Boca de BSTC D = 1,50 m - esconsidade 45° - areia extraída e brita produzida - alas esconsas","un",8593.9699999999993]
[804178,"Boca de BSTC D = 1,50 m - esconsidade 45° - areia extraída e brita produzida - alas retas","un",3937.97]
[804163,"Boca de BSTC D = 1,50 m - esconsidade 5° - areia e brita comerciais - alas retas","un",4351.38]
[804162,"Boca de BSTC D = 1,50 m - esconsidade 5° - areia extraída e brita produzida - alas retas","un",3565.81]
[804441,"Boca de BTTC D = 1,00 m - esconsidade 0° - areia e brita comerciais - alas esconsas","un",4886.18]
[804317,"Boca de BTTC D = 1,00 m - esconsidade 0° - areia e brita comerciais - alas retas","un",2659.53]
[804440,"Boca de BTTC D = 1,00 m - esconsidade 0° - areia extraída e brita produzida - alas esconsas","un",4081.6]
[804316,"Boca de BTTC D = 1,00 m - esconsidade 0° - areia extraída e brita produzida - alas retas","un",2198.09]
[804321,"Boca de BTTC D = 1,00 m - esconsidade 10° - areia e brita comerciais - alas retas","un",2678.57]
[804320,"Boca de BTTC D = 1,00 m - esconsidade 10° - areia extraída e brita produzida - alas retas","un",2215.6799999999998]
[804443,"Boca de BTTC D = 1,00 m - esconsidade 15° - areia e brita comerciais - alas esconsas","un",5098.88]
[804323,"Boca de BTTC D = 1,00 m - esconsidade 15° - areia e brita comerciais - alas retas","un",2703.96]
[804442,"Boca de BTTC D = 1,00 m - esconsidade 15° - areia extraída e brita produzida - alas esconsas","un",4258.3500000000004]
[804322,"Boca de BTTC D = 1,00 m - esconsidade 15° - areia extraída e brita produzida - alas retas","un",2239.13]
[804325,"Boca de BTTC D = 1,00 m - esconsidade 20° - areia e brita comerciais - alas retas","un",2740.76]
[804324,"Boca de BTTC D = 1,00 m - esconsidade 20° - areia extraída e brita produzida - alas retas","un",2273.39]
[804327,"Boca de BTTC D = 1,00 m - esconsidade 25° - areia e brita comerciais - alas retas","un",2791.38]
[804326,"Boca de BTTC D = 1,00 m - esconsidade 25° - areia extraída e brita produzida - alas retas","un",2320.62]
[804445,"Boca de BTTC D = 1,00 m - esconsidade 30° - areia e brita comerciais - alas esconsas","un",5689.82]
[804329,"Boca de BTTC D = 1,00 m - esconsidade 30° - areia e brita comerciais - alas retas","un",2858.82]
[804444,"Boca de BTTC D = 1,00 m - esconsidade 30° - areia extraída e brita produzida - alas esconsas","un",4749.51]
[804328,"Boca de BTTC D = 1,00 m - esconsidade 30° - areia extraída e brita produzida - alas retas","un",2384.0700000000002]
[804331,"Boca de BTTC D = 1,00 m - esconsidade 35° - areia e brita comerciais - alas retas","un",2946.18]
[804330,"Boca de BTTC D = 1,00 m - esconsidade 35° - areia extraída e brita produzida - alas retas","un",2466.83]
[804333,"Boca de BTTC D = 1,00 m - esconsidade 40° - areia e brita comerciais - alas retas","un",3063.17]
[804332,"Boca de BTTC D = 1,00 m - esconsidade 40° - areia extraída e brita produzida - alas retas","un",2578.48]
[804447,"Boca de BTTC D = 1,00 m - esconsidade 45° - areia e brita comerciais - alas esconsas","un",7037.96]
[804335,"Boca de BTTC D = 1,00 m - esconsidade 45° - areia e brita comerciais - alas retas","un",3218.19]
[804446,"Boca de BTTC D = 1,00 m - esconsidade 45° - areia extraída e brita produzida - alas esconsas","un",5869.18]
[804334,"Boca de BTTC D = 1,00 m - esconsidade 45° - areia extraída e brita produzida - alas retas","un",2727.7]
[804319,"Boca de BTTC D = 1,00 m - esconsidade 5° - areia e brita comerciais - alas retas","un",2663.9]
[804318,"Boca de BTTC D = 1,00 m - esconsidade 5° - areia extraída e brita produzida - alas retas","un",2202.1]
[804449,"Boca de BTTC D = 1,20 m - esconsidade 0° - areia e brita comerciais - alas esconsas","un",7082.09]
[804337,"Boca de BTTC D = 1,20 m - esconsidade 0° - areia e brita comerciais - alas retas","un",3636.52]
[804448,"Boca de BTTC D = 1,20 m - esconsidade 0° - areia extraída e brita produzida - alas esconsas","un",5838.36]
[804336,"Boca de BTTC D = 1,20 m - esconsidade 0° - areia extraída e brita produzida - alas retas","un",2970.95]
[804341,"Boca de BTTC D = 1,20 m - esconsidade 10° - areia e brita comerciais - alas retas","un",3665.33]
[804340,"Boca de BTTC D = 1,20 m - esconsidade 10° - areia extraída e brita produzida - alas retas","un",2996.85]
[804451,"Boca de BTTC D = 1,20 m - esconsidade 15° - areia e brita comerciais - alas esconsas","un",7406.89]
[804343,"Boca de BTTC D = 1,20 m - esconsidade 15° - areia e brita comerciais - alas retas","un",3702.11]
[804450,"Boca de BTTC D = 1,20 m - esconsidade 15° - areia extraída e brita produzida - alas esconsas","un",6104.19]
[804342,"Boca de BTTC D = 1,20 m - esconsidade 15° - areia extraída e brita produzida - alas retas","un",3030]
[804345,"Boca de BTTC D = 1,20 m - esconsidade 20° - areia e brita comerciais - alas retas","un",3755.97]
[804344,"Boca de BTTC D = 1,20 m - esconsidade 20° - areia extraída e brita produzida - alas retas","un",3078.89]
[804347,"Boca de BTTC D = 1,20 m - esconsidade 25° - areia e brita comerciais - alas retas","un",3829.64]
[804346,"Boca de BTTC D = 1,20 m - esconsidade 25° - areia extraída e brita produzida - alas retas","un",3146.14]
[804453,"Boca de BTTC D = 1,20 m - esconsidade 30° - areia e brita comerciais - alas esconsas","un",8256.82]
[804349,"Boca de BTTC D = 1,20 m - esconsidade 30° - areia e brita comerciais - alas retas","un",3926.56]
[804452,"Boca de BTTC D = 1,20 m - esconsidade 30° - areia extraída e brita produzida - alas esconsas","un",6799.13]
[804348,"Boca de BTTC D = 1,20 m - esconsidade 30° - areia extraída e brita produzida - alas retas","un",3235.31]
[804351,"Boca de BTTC D = 1,20 m - esconsidade 35° - areia e brita comerciais - alas retas","un",4051.72]
[804350,"Boca de BTTC D = 1,20 m - esconsidade 35° - areia extraída e brita produzida - alas retas","un",3351.51]
[804353,"Boca de BTTC D = 1,20 m - esconsidade 40° - areia e brita comerciais - alas retas","un",4216.71]
[804352,"Boca de BTTC D = 1,20 m - esconsidade 40° - areia extraída e brita produzida - alas retas","un",3506.34]
[804455,"Boca de BTTC D = 1,20 m - esconsidade 45° - areia e brita comerciais - alas esconsas","un",10219.68]
[804355,"Boca de BTTC D = 1,20 m - esconsidade 45° - areia e brita comerciais - alas retas","un",4434.6899999999996]
[804454,"Boca de BTTC D = 1,20 m - esconsidade 45° - areia extraída e brita produzida - alas esconsas","un",8405.5400000000009]
[804354,"Boca de BTTC D = 1,20 m - esconsidade 45° - areia extraída e brita produzida - alas retas","un",3712.93]
[804339,"Boca de BTTC D = 1,20 m - esconsidade 5° - areia e brita comerciais - alas retas","un",3643.72]
[804338,"Boca de BTTC D = 1,20 m - esconsidade 5° - areia extraída e brita produzida - alas retas","un",2977.42]
[804457,"Boca de BTTC D = 1,50 m - esconsidade 0° - areia e brita comerciais - alas esconsas","un",12363.55]
[804357,"Boca de BTTC D = 1,50 m - esconsidade 0° - areia e brita comerciais - alas retas","un",6125.09]
[804456,"Boca de BTTC D = 1,50 m - esconsidade 0° - areia extraída e brita produzida - alas esconsas","un",10000.549999999999]
[804356,"Boca de BTTC D = 1,50 m - esconsidade 0° - areia extraída e brita produzida - alas retas","un",4946.62]
[804361,"Boca de BTTC D = 1,50 m - esconsidade 10° - areia e brita comerciais - alas retas","un",6169.32]
[804360,"Boca de BTTC D = 1,50 m - esconsidade 10° - areia extraída e brita produzida - alas retas","un",4985.7700000000004]
[804459,"Boca de BTTC D = 1,50 m - esconsidade 15° - areia e brita comerciais - alas esconsas","un",12938.69]
[804363,"Boca de BTTC D = 1,50 m - esconsidade 15° - areia e brita comerciais - alas retas","un",6225.98]
[804458,"Boca de BTTC D = 1,50 m - esconsidade 15° - areia extraída e brita produzida - alas esconsas","un",10463.09]
[804362,"Boca de BTTC D = 1,50 m - esconsidade 15° - areia extraída e brita produzida - alas retas","un",5036.01]
[804365,"Boca de BTTC D = 1,50 m - esconsidade 20° - areia e brita comerciais - alas retas","un",6307.85]
[804364,"Boca de BTTC D = 1,50 m - esconsidade 20° - areia extraída e brita produzida - alas retas","un",5108.92]
[804367,"Boca de BTTC D = 1,50 m - esconsidade 25° - areia e brita comerciais - alas retas","un",6419.14]
[804366,"Boca de BTTC D = 1,50 m - esconsidade 25° - areia extraída e brita produzida - alas retas","un",5208.82]
[804461,"Boca de BTTC D = 1,50 m - esconsidade 30° - areia e brita comerciais - alas esconsas","un",14465.91]
[804369,"Boca de BTTC D = 1,50 m - esconsidade 30° - areia e brita comerciais - alas retas","un",6564.48]
[804460,"Boca de BTTC D = 1,50 m - esconsidade 30° - areia extraída e brita produzida - alas esconsas","un",11691.37]
[804371,"Boca de BTTC D = 1,50 m - esconsidade 35° - areia e brita comerciais - alas retas","un",6752.3]
[804370,"Boca de BTTC D = 1,50 m - esconsidade 35° - areia extraída e brita produzida - alas retas","un",5512.2]
[804373,"Boca de BTTC D = 1,50 m - esconsidade 40° - areia e brita comerciais - alas retas","un",6995.32]
[804372,"Boca de BTTC D = 1,50 m - esconsidade 40° - areia extraída e brita produzida - alas retas","un",5737.18]
[804463,"Boca de BTTC D = 1,50 m - esconsidade 45° - areia e brita comerciais - alas esconsas","un",17963.849999999999]
[804375,"Boca de BTTC D = 1,50 m - esconsidade 45° - areia e brita comerciais - alas retas","un",7315.95]
[804462,"Boca de BTTC D = 1,50 m - esconsidade 45° - areia extraída e brita produzida - alas esconsas","un",14499.02]
[804374,"Boca de BTTC D = 1,50 m - esconsidade 45° - areia extraída e brita produzida - alas retas","un",6037.71]
[804359,"Boca de BTTC D = 1,50 m - esconsidade 5° - areia e brita comerciais - alas retas","un",6136.32]
[804358,"Boca de BTTC D = 1,50 m - esconsidade 5° - areia extraída e brita produzida - alas retas","un",4956.6400000000003]
[804368,"Boca de BTTC D = 1,50 m esconsidade 30° - areia extraída e brita produzida - alas retas","un",5340.36]
[804465,"Confecção de tubos de concreto armado D = 0,60 m PA1 - areia e brita comerciais","m",122.25]
[804464,"Confecção de tubos de concreto armado D = 0,60 m PA1 - areia extraída e brita produzida","m",105.91]
[804475,"Confecção de tubos de concreto armado D = 0,60 m PA2 - areia e brita comerciais","m",135.19]
[804474,"Confecção de tubos de concreto armado D = 0,60 m PA2 - areia extraída e brita produzida","m",118.87]
[804485,"Confecção de tubos de concreto armado D = 0,60 m PA3 - areia e brita comerciais","m",199.86]
[804484,"Confecção de tubos de concreto armado D = 0,60 m PA3 - areia extraída e brita produzida","m",183.62]
[804495,"Confecção de tubos de concreto armado D = 0,60 m PA4 - areia e brita comerciais","m",249.46]
[804494,"Confecção de tubos de concreto armado D = 0,60 m PA4 - areia extraída e brita produzida","m",230.21]
[804467,"Confecção de tubos de concreto armado D = 0,80 m PA1 - areia e brita comerciais","m",185.22]
[804466,"Confecção de tubos de concreto armado D = 0,80 m PA1 - areia extraída e brita produzida","m",159.19999999999999]
[804477,"Confecção de tubos de concreto armado D = 0,80 m PA2 - areia e brita comerciais","m",236.96]
[804476,"Confecção de tubos de concreto armado D = 0,80 m PA2 - areia extraída e brita produzida","m",211.01]
[804487,"Confecção de tubos de concreto armado D = 0,80 m PA3 - areia e brita comerciais","m",338.81]
[804486,"Confecção de tubos de concreto armado D = 0,80 m PA3 - areia extraída e brita produzida","m",309.76]
[804497,"Confecção de tubos de concreto armado D = 0,80 m PA4 - areia e brita comerciais","m",399.38]
[804496,"Confecção de tubos de concreto armado D = 0,80 m PA4 - areia extraída e brita produzida","m",364.21]
[804469,"Confecção de tubos de concreto armado D = 1,00 m PA1 - areia e brita comerciais","m",327.43]
[804468,"Confecção de tubos de concreto armado D = 1,00 m PA1 - areia extraída e brita produzida","m",291.76]
[804479,"Confecção de tubos de concreto armado D = 1,00 m PA2 - areia e brita comerciais","m",379.17]
[804478,"Confecção de tubos de concreto armado D = 1,00 m PA2 - areia extraída e brita produzida","m",343.57]
[804489,"Confecção de tubos de concreto armado D = 1,00 m PA3 - areia e brita comerciais","m",478.84]
[804488,"Confecção de tubos de concreto armado D = 1,00 m PA3 - areia extraída e brita produzida","m",433.39]
[804499,"Confecção de tubos de concreto armado D = 1,00 m PA4 - areia e brita comerciais","m",609.42999999999995]
[804498,"Confecção de tubos de concreto armado D = 1,00 m PA4 - areia extraída e brita produzida","m",556.42999999999995]
[804471,"Confecção de tubos de concreto armado D = 1,20 m PA1 - areia e brita comerciais","m",443.39]
[804470,"Confecção de tubos de concreto armado D = 1,20 m PA1 - areia extraída e brita produzida","m",391.45]
[804481,"Confecção de tubos de concreto armado D = 1,20 m PA2 - areia e brita comerciais","m",559.79999999999995]
[804480,"Confecção de tubos de concreto armado D = 1,20 m PA2 - areia extraída e brita produzida","m",508]
[804491,"Confecção de tubos de concreto armado D = 1,20 m PA3 - areia e brita comerciais","m",738.07]
[804490,"Confecção de tubos de concreto armado D = 1,20 m PA3 - areia extraída e brita produzida","m",668.88]
[804501,"Confecção de tubos de concreto armado D = 1,20 m PA4 - areia e brita comerciais","m",887.6]
[804500,"Confecção de tubos de concreto armado D = 1,20 m PA4 - areia extraída e brita produzida","m",809.17]
[804473,"Confecção de tubos de concreto armado D = 1,50 m PA1 - areia e brita comerciais","m",715.57]
[804472,"Confecção de tubos de concreto armado D = 1,50 m PA1 - areia extraída e brita produzida","m",634.45000000000005]
[804483,"Confecção de tubos de concreto armado D = 1,50 m PA2 - areia e brita comerciais","m",896.67]
[804482,"Confecção de tubos de concreto armado D = 1,50 m PA2 - areia extraída e brita produzida","m",815.76]
[804493,"Confecção de tubos de concreto armado D = 1,50 m PA3 - areia e brita comerciais","m",1183.92]
[804492,"Confecção de tubos de concreto armado D = 1,50 m PA3 - areia extraída e brita produzida","m",1076.83]
[804503,"Confecção de tubos de concreto armado D = 1,50 m PA4 - areia e brita comerciais","m",1417.48]
[804502,"Confecção de tubos de concreto armado D = 1,50 m PA4 - areia extraída e brita produzida","m",1306.78]
[804180,"Corpo de BDTC D = 0,80 m PA1 - areia extraída e brita e pedra de mão produzidas","m",990.09]
[804181,"Corpo de BDTC D = 0,80 m PA1 - areia, brita e pedra de mão comerciais","m",1064.79]
[804182,"Corpo de BDTC D = 0,80 m PA2 - areia extraída e brita e pedra de mão produzidas","m",1040.6199999999999]
[804183,"Corpo de BDTC D = 0,80 m PA2 - areia, brita e pedra de mão comerciais","m",1115.32]
[804184,"Corpo de BDTC D = 0,80 m PA3 - areia extraída e brita e pedra de mão produzidas","m",1256.0899999999999]
[804185,"Corpo de BDTC D = 0,80 m PA3 - areia, brita e pedra de mão comerciais","m",1330.79]
[804186,"Corpo de BDTC D = 0,80 m PA4 - areia extraída e brita e pedra de mão produzidas","m",1508.45]
[804187,"Corpo de BDTC D = 0,80 m PA4 - areia, brita e pedra de mão comerciais","m",1583.15]
[804188,"Corpo de BDTC D = 1,00 m PA1 - areia extraída e brita e pedra de mão produzidas","m",1314.51]
[804189,"Corpo de BDTC D = 1,00 m PA1 - areia, brita e pedra de mão comerciais","m",1414.42]
[804190,"Corpo de BDTC D = 1,00 m PA2 - areia extraída e brita e pedra de mão produzidas","m",1377.87]
[804191,"Corpo de BDTC D = 1,00 m PA2 - areia, brita e pedra de mão comerciais","m",1477.79]
[804192,"Corpo de BDTC D = 1,00 m PA3 - areia extraída e brita e pedra de mão produzidas","m",1526.77]
[804193,"Corpo de BDTC D = 1,00 m PA3 - areia, brita e pedra de mão comerciais","m",1626.69]
[804194,"Corpo de BDTC D = 1,00 m PA4 - areia extraída e brita e pedra de mão produzidas","m",1544.25]
[804195,"Corpo de BDTC D = 1,00 m PA4 - areia, brita e pedra de mão comerciais","m",1644.17]
[804196,"Corpo de BDTC D = 1,20 m PA1 - areia extraída e brita e pedra de mão produzidas","m",1879.64]
[804197,"Corpo de BDTC D = 1,20 m PA1 - areia, brita e pedra de mão comerciais","m",2007.01]
[804198,"Corpo de BDTC D = 1,20 m PA2 - areia extraída e brita e pedra de mão produzidas","m",1884.14]
[804199,"Corpo de BDTC D = 1,20 m PA2 - areia, brita e pedra de mão comerciais","m",2011.51]
[804200,"Corpo de BDTC D = 1,20 m PA3 - areia extraída e brita e pedra de mão produzidas","m",1956.78]
[804201,"Corpo de BDTC D = 1,20 m PA3 - areia, brita e pedra de mão comerciais","m",2084.15]
[804202,"Corpo de BDTC D = 1,20 m PA4 - areia extraída e brita e pedra de mão produzidas","m",2122.9]
[804203,"Corpo de BDTC D = 1,20 m PA4 - areia, brita e pedra de mão comerciais","m",2250.2800000000002]
[804204,"Corpo de BDTC D = 1,50 m PA1 - areia extraída e brita e pedra de mão produzidas","m",2550.1999999999998]
[804205,"Corpo de BDTC D = 1,50 m PA1 - areia, brita e pedra de mão comerciais","m",2714.69]
[804206,"Corpo de BDTC D = 1,50 m PA2 - areia extraída e brita e pedra de mão produzidas","m",2607.5700000000002]
[804207,"Corpo de BDTC D = 1,50 m PA2 - areia, brita e pedra de mão comerciais","m",2772.06]
[804208,"Corpo de BDTC D = 1,50 m PA3 - areia extraída e brita e pedra de mão produzidas","m",2843.39]
[804209,"Corpo de BDTC D = 1,50 m PA3 - areia, brita e pedra de mão comerciais","m",3007.88]
[804210,"Corpo de BDTC D = 1,50 m PA4 - areia extraída e brita e pedra de mão produzidas","m",3008.44]
[804211,"Corpo de BDTC D = 1,50 m PA4 - areia, brita e pedra de mão comerciais","m",3172.93]
[804012,"Corpo de BSTC D = 0,40 m PA1 - areia extraída e brita e pedra de mão produzidas","m",193.85]
[804013,"Corpo de BSTC D = 0,40 m PA1 - areia, brita e pedra de mão comerciais","m",212.03]
[804014,"Corpo de BSTC D = 0,40 m PA2 - areia extraída e brita e pedra de mão produzidas","m",207.33]
[804015,"Corpo de BSTC D = 0,40 m PA2 - areia, brita e pedra de mão comerciais","m",225.51]
[804016,"Corpo de BSTC D = 0,40 m PA3 - areia extraída e brita e pedra de mão produzidas","m",226.54]
[804017,"Corpo de BSTC D = 0,40 m PA3 - areia, brita e pedra de mão comerciais","m",244.72]
[804018,"Corpo de BSTC D = 0,40 m PA4 - areia extraída e brita e pedra de mão produzidas","m",265.23]
[804019,"Corpo de BSTC D = 0,40 m PA4 - areia, brita e pedra de mão comerciais","m",283.42]
[804020,"Corpo de BSTC D = 0,60 m PA1 - areia extraída e brita e pedra de mão produzidas","m",335.63]
[804021,"Corpo de BSTC D = 0,60 m PA1 - areia, brita e pedra de mão comerciais","m",362.94]
[804022,"Corpo de BSTC D = 0,60 m PA2 - areia extraída e brita e pedra de mão produzidas","m",354.76]
[804023,"Corpo de BSTC D = 0,60 m PA2 - areia, brita e pedra de mão comerciais","m",382.07]
[804024,"Corpo de BSTC D = 0,60 m PA3 - areia extraída e brita e pedra de mão produzidas","m",377.42]
[804025,"Corpo de BSTC D = 0,60 m PA3 - areia, brita e pedra de mão comerciais","m",404.74]
[804026,"Corpo de BSTC D = 0,60 m PA4 - areia extraída e brita e pedra de mão produzidas","m",443.69]
[804027,"Corpo de BSTC D = 0,60 m PA4 - areia, brita e pedra de mão comerciais","m",471]
[804028,"Corpo de BSTC D = 0,80 m PA1 - areia extraída e brita e pedra de mão produzidas","m",522.1]
[804029,"Corpo de BSTC D = 0,80 m PA1 - areia, brita e pedra de mão comerciais","m",559.45000000000005]
[804030,"Corpo de BSTC D = 0,80 m PA2 - areia extraída e brita e pedra de mão produzidas","m",547.37]
[804031,"Corpo de BSTC D = 0,80 m PA2 - areia, brita e pedra de mão comerciais","m",584.72]
[804032,"Corpo de BSTC D = 0,80 m PA3 - areia extraída e brita e pedra de mão produzidas","m",655.1]
[804033,"Corpo de BSTC D = 0,80 m PA3 - areia, brita e pedra de mão comerciais","m",692.45]
[804034,"Corpo de BSTC D = 0,80 m PA4 - areia extraída e brita e pedra de mão produzidas","m",781.28]
[804035,"Corpo de BSTC D = 0,80 m PA4 - areia, brita e pedra de mão comerciais","m",818.63]
[804036,"Corpo de BSTC D = 1,00 m PA1 - areia extraída e brita e pedra de mão produzidas","m",685.71]
[804037,"Corpo de BSTC D = 1,00 m PA1 - areia, brita e pedra de mão comerciais","m",734.48]
[804038,"Corpo de BSTC D = 1,00 m PA2 - areia extraída e brita e pedra de mão produzidas","m",717.4]
[804039,"Corpo de BSTC D = 1,00 m PA2 - areia, brita e pedra de mão comerciais","m",766.16]
[804040,"Corpo de BSTC D = 1,00 m PA3 - areia extraída e brita e pedra de mão produzidas","m",791.84]
[804041,"Corpo de BSTC D = 1,00 m PA3 - areia, brita e pedra de mão comerciais","m",840.61]
[804042,"Corpo de BSTC D = 1,00 m PA4 - areia extraída e brita e pedra de mão produzidas","m",800.58]
[804043,"Corpo de BSTC D = 1,00 m PA4 - areia, brita e pedra de mão comerciais","m",849.35]
[804044,"Corpo de BSTC D = 1,20 m PA1 - areia extraída e brita e pedra de mão produzidas","m",968.94]
[804045,"Corpo de BSTC D = 1,20 m PA1 - areia, brita e pedra de mão comerciais","m",1029.8800000000001]
[804046,"Corpo de BSTC D = 1,20 m PA2 - areia extraída e brita e pedra de mão produzidas","m",971.19]
[804047,"Corpo de BSTC D = 1,20 m PA2 - areia, brita e pedra de mão comerciais","m",1032.1400000000001]
[804048,"Corpo de BSTC D = 1,20 m PA3 - areia extraída e brita e pedra de mão produzidas","m",1007.51]
[804049,"Corpo de BSTC D = 1,20 m PA3 - areia, brita e pedra de mão comerciais","m",1068.46]
[804050,"Corpo de BSTC D = 1,20 m PA4 - areia extraída e brita e pedra de mão produzidas","m",1090.57]
[804051,"Corpo de BSTC D = 1,20 m PA4 - areia, brita e pedra de mão comerciais","m",1151.52]
[804052,"Corpo de BSTC D = 1,50 m PA1 - areia extraída e brita e pedra de mão produzidas","m",1307.5899999999999]
[804053,"Corpo de BSTC D = 1,50 m PA1 - areia, brita e pedra de mão comerciais","m",1386.86]
[804054,"Corpo de BSTC D = 1,50 m PA2 - areia extraída e brita e pedra de mão produzidas","m",1336.27]
[804055,"Corpo de BSTC D = 1,50 m PA2 - areia, brita e pedra de mão comerciais","m",1415.54]
[804056,"Corpo de BSTC D = 1,50 m PA3 - areia extraída e brita e pedra de mão produzidas","m",1454.18]
[804057,"Corpo de BSTC D = 1,50 m PA3 - areia, brita e pedra de mão comerciais","m",1533.45]
[804058,"Corpo de BSTC D = 1,50 m PA4 - areia extraída e brita e pedra de mão produzidas","m",1536.71]
[804059,"Corpo de BSTC D = 1,50 m PA4 - areia, brita e pedra de mão comerciais","m",1615.98]
[804292,"Corpo de BTTC D = 1,00 m PA1 - areia extraída e brita e pedra de mão produzidas","m",1943.3]
[804293,"Corpo de BTTC D = 1,00 m PA1 - areia, brita e pedra de mão comerciais","m",2094.37]
[804294,"Corpo de BTTC D = 1,00 m PA2 - areia extraída e brita e pedra de mão produzidas","m",2038.35]
[804295,"Corpo de BTTC D = 1,00 m PA2 - areia, brita e pedra de mão comerciais","m",2189.42]
[804296,"Corpo de BTTC D = 1,00 m PA3 - areia extraída e brita e pedra de mão produzidas","m",2261.6999999999998]
[804297,"Corpo de BTTC D = 1,00 m PA3 - areia, brita e pedra de mão comerciais","m",2412.77]
[804298,"Corpo de BTTC D = 1,00 m PA4 - areia extraída e brita e pedra de mão produzidas","m",2287.92]
[804299,"Corpo de BTTC D = 1,00 m PA4 - areia, brita e pedra de mão comerciais","m",2438.98]
[804300,"Corpo de BTTC D = 1,20 m PA1 - areia extraída e brita e pedra de mão produzidas","m",2790.09]
[804301,"Corpo de BTTC D = 1,20 m PA1 - areia, brita e pedra de mão comerciais","m",2983.77]
[804302,"Corpo de BTTC D = 1,20 m PA2 - areia extraída e brita e pedra de mão produzidas","m",2796.85]
[804303,"Corpo de BTTC D = 1,20 m PA2 - areia, brita e pedra de mão comerciais","m",2990.53]
[804304,"Corpo de BTTC D = 1,20 m PA3 - areia extraída e brita e pedra de mão produzidas","m",2905.81]
[804305,"Corpo de BTTC D = 1,20 m PA3 - areia, brita e pedra de mão comerciais","m",3099.49]
[804306,"Corpo de BTTC D = 1,20 m PA4 - areia extraída e brita e pedra de mão produzidas","m",3155]
[804307,"Corpo de BTTC D = 1,20 m PA4 - areia, brita e pedra de mão comerciais","m",3348.68]
[804308,"Corpo de BTTC D = 1,50 m PA1 - areia extraída e brita e pedra de mão produzidas","m",3793.06]
[804309,"Corpo de BTTC D = 1,50 m PA1 - areia, brita e pedra de mão comerciais","m",4042.89]
[804310,"Corpo de BTTC D = 1,50 m PA2 - areia extraída e brita e pedra de mão produzidas","m",3879.11]
[804311,"Corpo de BTTC D = 1,50 m PA2 - areia, brita e pedra de mão comerciais","m",4128.95]
[804312,"Corpo de BTTC D = 1,50 m PA3 - areia extraída e brita e pedra de mão produzidas","m",4232.84]
[804313,"Corpo de BTTC D = 1,50 m PA3 - areia, brita e pedra de mão comerciais","m",4482.67]
[804314,"Corpo de BTTC D = 1,50 m PA4 - areia extraída e brita e pedra de mão produzidas","m",4480.42]
[804315,"Corpo de BTTC D = 1,50 m PA4 - areia, brita e pedra de mão comerciais","m",4730.25]
[805446,"Dentes para bueiros duplos D = 0,80 m - areia extraída e brita e pedra de mão produzidas","un",38.6]
[805447,"Dentes para bueiros duplos D = 0,80 m - areia, brita e pedra de mão comerciais","un",50.04]
[805448,"Dentes para bueiros duplos D = 1,00 m - areia extraída e brita e pedra de mão produzidas","un",46.28]
[805449,"Dentes para bueiros duplos D = 1,00 m - areia, brita e pedra de mão comerciais","un",59.97]
[805450,"Dentes para bueiros duplos D = 1,20 m - areia extraída e brita e pedra de mão produzidas","un",53.7]
[805451,"Dentes para bueiros duplos D = 1,20 m - areia, brita e pedra de mão comerciais","un",69.540000000000006]
[805452,"Dentes para bueiros duplos D = 1,50 m - areia extraída e brita e pedra de mão produzidas","un",62.85]
[805453,"Dentes para bueiros duplos D = 1,50 m - areia, brita e pedra de mão comerciais","un",81.67]
[805434,"Dentes para bueiros simples D = 0,40 m - areia extraída e brita e pedra de mão produzidas","un",13.12]
[805435,"Dentes para bueiros simples D = 0,40 m - areia, brita e pedra de mão comerciais","un",16.579999999999998]
[805436,"Dentes para bueiros simples D = 0,60 m - areia extraída e brita e pedra de mão produzidas","un",15.34]
[805437,"Dentes para bueiros simples D = 0,60 m - areia, brita e pedra de mão comerciais","un",19.87]
[805438,"Dentes para bueiros simples D = 0,80 m - areia extraída e brita e pedra de mão produzidas","un",20.79]
[805439,"Dentes para bueiros simples D = 0,80 m - areia, brita e pedra de mão comerciais","un",26.51]
[805440,"Dentes para bueiros simples D = 1,00 m - areia extraída e brita e pedra de mão produzidas","un",23.26]
[805441,"Dentes para bueiros simples D = 1,00 m - areia, brita e pedra de mão comerciais","un",30.17]
[805442,"Dentes para bueiros simples D = 1,20 m - areia extraída e brita e pedra de mão produzidas","un",28.22]
[805443,"Dentes para bueiros simples D = 1,20 m - areia, brita e pedra de mão comerciais","un",36.08]
[805444,"Dentes para bueiros simples D = 1,50 m - areia extraída e brita e pedra de mão produzidas","un",31.43]
[805445,"Dentes para bueiros simples D = 1,50 m - areia, brita e pedra de mão comerciais","un",40.83]
[805454,"Dentes para bueiros triplos D = 1,00 m - areia extraída e brita e pedra de mão produzidas","un",69.540000000000006]
[805455,"Dentes para bueiros triplos D = 1,00 m - areia, brita e pedra de mão comerciais","un",90.14]
[805456,"Dentes para bueiros triplos D = 1,20 m - areia extraída e brita e pedra de mão produzidas","un",78.94]
[805457,"Dentes para bueiros triplos D = 1,20 m - areia, brita e pedra de mão comerciais","un",102.63]
[805458,"Dentes para bueiros triplos D = 1,50 m - areia extraída e brita e pedra de mão produzidas","un",94.53]
[805459,"Dentes para bueiros triplos D = 1,50 m - areia, brita e pedra de mão comerciais","un",122.87]
[909620,"Alvenaria de blocos de concreto 19 x 19 x 39 cm com espessura de 20 cm com argamassa traço 1:0,5:3,5 - areia comercial","m²",113.57]
[909621,"Alvenaria de blocos de concreto 19 x 19 x 39 cm com espessura de 20 cm com argamassa traço 1:0,5:3,5 - areia extraída","m²",112.21]
[903802,"Bacia de contenção para tanque de emulsão de 30.000 l - inclusive demolição","un",14126.51]
[919113,"Canaleta perfil cartola 50 x 50 x 3 mm - aba 25 mm","m",50.81]
[903788,"Chapisco com argamassa de cimento e areia 1:3 - aplicação manual","m²",3.94]
[919247,"Cobertura em chapas zincadas com espessura de 0,43 mm - utilização 2 vezes","m²",41.66]
[919016,"Depósito de óleo para oficina - inclusive demolição","un",7465.65]
[919079,"Dique de contenção para usina de asfalto a quente - inclusive demolição","m²",107.14]
[903789,"Emboço com argamassa de cimento, cal hidratada e areia 1:2:8 com espessura de 2 cm - aplicação manual","m²",30.25]
[919250,"Fornecimento e instalação de extintor de espuma 10 l","un",592.73]
[903807,"Instalação da central de britagem com capacidade de 80 m³/h","un",98283.839999999997]
[903806,"Instalação da central de concreto com capacidade de 150 m³/h","un",165707.15]
[903804,"Instalação da central de concreto com capacidade de 30 m³/h","un",60803.15]
[903805,"Instalação da central de concreto com capacidade de 40 m³/h","un",71329.789999999994]
[903810,"Instalação da usina de asfalto a quente capacidade de 120 t/h","un",177759.98]
[903809,"Instalação da usina de pré-misturado a frio com capacidade de 60 t/h","un",114730.69]
[903808,"Instalação da usina misturadora de solos com capacidade de 300 t/h","un",102341.55]
[903845,"Lastro de brita comercial - espalhamento mecânico","m³",130.68]
[919009,"Montagem e desmontagem da central de britagem com capacidade de 80 m³/h - inclusive construção de aterro, construção e demolição de rampa e bases","un",60882.48]
[919007,"Montagem e desmontagem da central de concreto com capacidade de 150 m³/h - inclusive construção e demolição de bases, rampas e depósitos de agregados","un",112800.53]
[919011,"Montagem e desmontagem da central de concreto com capacidade de 30 m³/h - inclusive construção e demolição de bases, rampas e depósitos de agregados","un",31948.49]
[919246,"Montagem e desmontagem da central de concreto com capacidade de 40 m³/h - inclusive construção e demolição de bases, rampas e depósitos de agregados","un",44090.45]
[919013,"Montagem e desmontagem da usina de asfalto a quente com capacidade de 120 t/h - inclusive construção e demolição de bases, rampas, depósitos de agregados e dique de contenção","un",124238.65]
[919008,"Montagem e desmontagem da usina de pré-misturado a frio com capacidade de 60 t/h - inclusive construção e demolição de bases, rampas, depósitos de agregados e bacia de contenção","un",89143.71]
[919012,"Montagem e desmontagem da usina misturadora de solos com capacidade de 300 t/h - inclusive construção e demolição de bases, rampas e depósitos de agregados","un",57242.42]
[903848,"Muro em alvenaria de blocos de concreto com espessura de 0,20 m h = 1,0 m","m",154.82]
[919002,"Posto de combustível - com reaproveitamento de 2 vezes do tanque/bomba/cobertura - inclusive demolição","un",33925.370000000003]
[919210,"Rampa de lavagem - inclusive demolição","un",19438.25]
[909612,"Rampa para acesso do misturador de agregados para centrais de 30 m³ e 40 m³ - inclusive demolição","un",12560.65]
[909613,"Rampa para acesso do misturador de agregados para central de 150 m³ - inclusive demolição","un",20664.939999999999]
[909614,"Rampa para acesso do misturador de agregados para central de britagem - inclusive demolição","un",44527.35]
[909616,"Rampa para acesso do misturador de agregados para PMF - inclusive demolição","un",35911.839999999997]
[909617,"Rampa para acesso do misturador de agregados para usina de asfalto a quente - inclusive demolição","un",21265.09]
[909615,"Rampa para acesso do misturador de agregados para usina de solos - inclusive demolição","un",16317.14]
[903860,"Selador acrílico - camada de fundo com aplicação manual","m²",2.93]
[919101,"Sistema separador água e óleo, inclusive demolição","un",1819.84]
[903818,"Tinta látex - duas camadas com aplicação manual","m²",14.38]
[1100657,"Adensamento de concreto por vibrador de imersão","m³",3.18]
[1108055,"Argamassa autoadensável para reparos e grauteamento - confecção em misturador e lançamento manual","m³",3013.33]
[1109665,"Argamassa de cimento e areia 1:1 - confecção em betoneira e lançamento manual - areia comercial","m³",747.24]
[1109664,"Argamassa de cimento e areia 1:1 - confecção em betoneira e lançamento manual - areia extraída","m³",693.9]
[1109667,"Argamassa de cimento e areia 1:2 - confecção em betoneira e lançamento manual - areia comercial","m³",568.15]
[1109666,"Argamassa de cimento e areia 1:2 - confecção em betoneira e lançamento manual - areia extraída","m³",475.71]
[1109669,"Argamassa de cimento e areia 1:3 - confecção em betoneira e lançamento manual - areia comercial","m³",479.93]
[1109668,"Argamassa de cimento e areia 1:3 - confecção em betoneira e lançamento manual - areia extraída","m³",369.04]
[1108060,"Argamassa de cimento e areia 1:3 com 8% de microssílica - confecção em betoneira e lançamento manual - areia comercial","m³",603.5]
[1109626,"Argamassa de cimento e areia 1:3 com 8% de microssílica - confecção em betoneira e lançamento manual - areia extraída","m³",463.62]
[1109671,"Argamassa de cimento e areia 1:4 - confecção em betoneira e lançamento manual - areia comercial","m³",435.77]
[1109670,"Argamassa de cimento e areia 1:4 - confecção em betoneira e lançamento manual - areia extraída","m³",314.14999999999998]
[1109672,"Argamassa de cimento e areia com aditivo aglutinante 1:8 - confecção em betoneira e lançamento manual - areia comercial","m³",350.39]
[1109624,"Argamassa de cimento e areia com aditivo aglutinante 1:8 - confecção em betoneira e lançamento manual - areia extraída","m³",210.25]
[1109622,"Argamassa de cimento, cal hidratada e areia 1:0,5:3,5 - confecção em betoneira e lançamento manual - areia comercial","m³",447.67]
[1109623,"Argamassa de cimento, cal hidratada e areia 1:0,5:3,5 - confecção em betoneira e lançamento manual - areia extraída","m³",357.06]
[1109697,"Argamassa de cimento, cal hidratada e areia 1:0,5:8 - confecção em betoneira e lançamento manual - areia comercial","m³",330.98]
[1109698,"Argamassa de cimento, cal hidratada e areia 1:0,5:8 - confecção em betoneira e lançamento manual - areia extraída","m³",216.23]
[1109679,"Argamassa de cimento, cal hidratada e areia 1:1:6 - confecção em betoneira e lançamento manual - areia comercial","m³",391.03]
[1109625,"Argamassa de cimento, cal hidratada e areia 1:1:6 - confecção em betoneira e lançamento manual - areia extraída","m³",286.94]
[1109678,"Argamassa de cimento, cal hidratada e areia 1:2:10 - confecção em betoneira e lançamento manual - areia comercial","m³",362.29]
[1109694,"Argamassa de cimento, cal hidratada e areia 1:2:10 - confecção em betoneira e lançamento manual - areia extraída","m³",250.7]
[1109673,"Argamassa de cimento, cal hidratada e areia 1:2:6 - confecção em betoneira e lançamento manual - areia comercial","m³",440.33]
[1109690,"Argamassa de cimento, cal hidratada e areia 1:2:6 - confecção em betoneira e lançamento manual - areia extraída","m³",343.14]
[1109674,"Argamassa de cimento, cal hidratada e areia 1:2:7 - confecção em betoneira e lançamento manual - areia comercial","m³",414.06]
[1109691,"Argamassa de cimento, cal hidratada e areia 1:2:7 - confecção em betoneira e lançamento manual - areia extraída","m³",312.02]
[1109675,"Argamassa de cimento, cal hidratada e areia 1:2:8 - confecção em betoneira e lançamento manual - areia comercial","m³",393.13]
[1109692,"Argamassa de cimento, cal hidratada e areia 1:2:8 - confecção em betoneira e lançamento manual - areia extraída","m³",287.24]
[1109676,"Argamassa de cimento, cal hidratada e areia 1:2:9 - confecção em betoneira e lançamento manual - areia comercial","m³",376.19]
[1109693,"Argamassa de cimento, cal hidratada e areia 1:2:9 - confecção em betoneira e lançamento manual - areia extraída","m³",267.18]
[1109680,"Argamassa para reparos e grauteamento - confecção em misturador e lançamento manual","m³",3633.48]
[1107748,"Argamassa polimérica de alto desempenho projetada para reparos superficiais e reforços estruturais - confecção em misturador e lançamento projetado","m³",10782.16]
[1110000,"Concreto","m³",0]
[1106059,"Concreto autoadensável com silicato de alumínio fck = 20 MPa - confecção em betoneira e lançamento manual - areia e brita comerciais","m³",555.41]
[1106060,"Concreto autoadensável com silicato de alumínio fck = 20 MPa - confecção em betoneira e lançamento manual - areia extraída e brita produzida","m³",436.63]
[1100658,"Concreto autoadensável com silicato de alumínio fck = 20 MPa - confecção em central dosadora de 30 m³/h - areia e brita comerciais","m³",476.42]
[1106159,"Concreto autoadensável com silicato de alumínio fck = 25 MPa - confecção em central dosadora de 30 m³/h - areia e brita comerciais","m³",508.7]
[1107902,"Concreto autoadensável com silicato de alumínio fck = 30 MPa - confecção em central dosadora de 30 m³/h - areia e brita comerciais","m³",544.74]
[1107906,"Concreto autoadensável com silicato de alumínio fck = 35 MPa - confecção em central dosadora de 30 m³/h - areia e brita comerciais","m³",585.01]
[1107910,"Concreto autoadensável com silicato de alumínio fck = 40 MPa - confecção em central dosadora de 30 m³/h - areia e brita comerciais","m³",630.03]
[1107911,"Concreto autoadensável com silicato de alumínio fck = 45 MPa - confecção em central dosadora de 30 m³/h - areia e brita comerciais","m³",680.34]
[1107912,"Concreto autoadensável com silicato de alumínio fck = 50 MPa - confecção em central dosadora de 30 m³/h - areia e brita comerciais","m³",750.61]
[1106164,"Concreto ciclópico fck = 20 MPa - confecção em betoneira e lançamento manual - areia extraída, brita e pedra de mão produzidas","m³",246.66]
[1106165,"Concreto ciclópico fck = 20 MPa - confecção em betoneira e lançamento manual - areia, brita e pedra de mão comerciais","m³",365.75]
[1106156,"Concreto com 10% de microssílica fck = 45 MPa - confecção em central dosadora de 30 m³/h - areia e brita comerciais","m³",536.98]
[1107932,"Concreto com 10% de microssílica fck = 50 MPa - confecção em central dosadora de 30 m³/h - areia e brita comerciais","m³",575.65]
[1108111,"Concreto com 8% de microssílica fck = 25 MPa - confecção em central dosadora de 30 m³/h - areia e brita comerciais","m³",426.33]
[1108112,"Concreto com 8% de microssílica fck = 30 MPa - confecção em central dosadora de 30 m³/h - areia e brita comerciais","m³",436.71]
[1108113,"Concreto com 8% de microssílica fck = 35 MPa - confecção em central dosadora de 30 m³/h - areia e brita comerciais","m³",463.58]
[1108114,"Concreto com 8% de microssílica fck = 40 MPa - confecção em central dosadora de 30 m³/h - areia e brita comerciais","m³",493.57]
[1108061,"Concreto com látex SBR fck = 25 MPa - confecção em betoneira e lançamento manual - areia e brita comerciais","m³",819.81]
[1108064,"Concreto com látex SBR fck = 30 MPa - confecção em betoneira e lançamento manual - areia e brita comerciais","m³",886.28]
[1107888,"Concreto fck = 15 MPa - confecção em betoneira e lançamento manual - areia e brita comerciais","m³",409.03]
[1107889,"Concreto fck = 15 MPa - confecção em betoneira e lançamento manual - areia extraída e brita produzida","m³",286.10000000000002]
[1107892,"Concreto fck = 20 MPa - confecção em betoneira e lançamento manual - areia e brita comerciais","m³",427.24]
[1107891,"Concreto fck = 20 MPa - confecção em betoneira e lançamento manual - areia extraída e brita produzida","m³",306.16000000000003]
[1107928,"Concreto fck = 20 MPa - confecção em central dosadora de 30 m³/h - areia e brita comerciais","m³",367.67]
[1107929,"Concreto fck = 20 MPa - confecção em central dosadora de 30 m³/h - areia extraída e brita produzida","m³",246.12]
[1106109,"Concreto fck = 20 MPa - confecção em central dosadora de 40 m³/h - areia e brita comerciais","m³",343.36]
[1106117,"Concreto fck = 20 MPa - confecção em central dosadora de 40 m³/h - areia extraída e brita produzida","m³",221.81]
[1107896,"Concreto fck = 25 MPa - confecção em betoneira e lançamento manual - areia e brita comerciais","m³",447.65]
[1107895,"Concreto fck = 25 MPa - confecção em betoneira e lançamento manual - areia extraída e brita produzida","m³",328.64]
[1119528,"Concreto fck = 25 MPa - confecção em central dosadora de 30 m³/h - areia e brita comerciais","m³",381.3]
[1106135,"Concreto fck = 25 MPa - confecção em central dosadora de 30 m³/h - areia extraída e brita produzida","m³",261.18]
[1106136,"Concreto fck = 25 MPa - confecção em central dosadora de 40 m³/h - areia e brita comerciais","m³",355.27]
[1106137,"Concreto fck = 25 MPa - confecção em central dosadora de 40 m³/h - areia extraída e brita produzida","m³",235.15]
[1116127,"Concreto fck = 25 MPa para pré-moldados (mourões) - confecção em betoneira e lançamento manual - areia e brita comerciais","m³",467.03]
[1116126,"Concreto fck = 25 MPa para pré-moldados (mourões) - confecção em betoneira e lançamento manual - areia extraída e brita produzida","m³",353.74]
[1107900,"Concreto fck = 30 MPa - confecção em betoneira e lançamento manual - areia e brita comerciais","m³",470.39]
[1107899,"Concreto fck = 30 MPa - confecção em betoneira e lançamento manual - areia extraída e brita produzida","m³",353.7]
[1107890,"Concreto fck = 30 MPa - confecção em central dosadora de 30 m³/h - areia e brita comerciais","m³",399.09]
[1106138,"Concreto fck = 30 MPa - confecção em central dosadora de 30 m³/h - areia extraída e brita produzida","m³",280.83999999999997]
[1106139,"Concreto fck = 30 MPa - confecção em central dosadora de 40 m³/h - areia e brita comerciais","m³",370.87]
[1106140,"Concreto fck = 30 MPa - confecção em central dosadora de 40 m³/h - areia extraída e brita produzida","m³",252.62]
[1107904,"Concreto fck = 35 MPa - confecção em betoneira e lançamento manual - areia e brita comerciais","m³",495.85]
[1107903,"Concreto fck = 35 MPa - confecção em betoneira e lançamento manual - areia extraída e brita produzida","m³",381.74]
[1107908,"Concreto fck = 40 MPa - confecção em betoneira e lançamento manual - areia e brita comerciais","m³",524.21]
[1107907,"Concreto fck = 40 MPa - confecção em betoneira e lançamento manual - areia extraída e brita produzida","m³",412.99]
[1107871,"Concreto fctm,k = 4,5 MPa - confecção em central dosadora de 30 m³/h - areia e brita comerciais","m³",431.69]
[1107870,"Concreto fctm,k = 4,5 MPa - confecção em central dosadora de 30 m³/h - areia extraída e brita produzida","m³",315.39]
[1106057,"Concreto magro - confecção em betoneira e lançamento manual - areia e brita comerciais","m³",414.82]
[1106058,"Concreto magro - confecção em betoneira e lançamento manual - areia extraída e brita produzida","m³",298.81]
[1106380,"Concreto para bombeamento fck = 25 MPa - confecção em central dosadora de 30 m³/h - areia e brita comerciais","m³",407.32]
[1106378,"Concreto para bombeamento fck = 25 MPa - confecção em central dosadora de 30 m³/h - areia extraída e brita produzida","m³",292.74]
[1116263,"Concreto para bombeamento fck = 25 MPa - confecção em central dosadora de 40 m³/h - areia e brita comerciais","m³",377.67]
[1116267,"Concreto para bombeamento fck = 25 MPa - confecção em central dosadora de 40 m³/h - areia extraída e brita produzida","m³",263.08999999999997]
[1106280,"Concreto para bombeamento fck = 30 MPa - confecção em central dosadora de 30 m³/h - areia e brita comerciais","m³",428.26]
[1106289,"Concreto para bombeamento fck = 30 MPa - confecção em central dosadora de 30 m³/h - areia extraída e brita produzida","m³",315.85000000000002]
[1116264,"Concreto para bombeamento fck = 30 MPa - confecção em central dosadora de 40 m³/h - areia e brita comerciais","m³",396.06]
[1116268,"Concreto para bombeamento fck = 30 MPa - confecção em central dosadora de 40 m³/h - areia extraída e brita produzida","m³",283.64999999999998]
[1106281,"Concreto para bombeamento fck = 35 MPa - confecção em central dosadora de 30 m³/h - areia e brita comerciais","m³",455.22]
[1106382,"Concreto para bombeamento fck = 35 MPa - confecção em central dosadora de 30 m³/h - areia extraída e brita produzida","m³",345.61]
[1116265,"Concreto para bombeamento fck = 35 MPa - confecção em central dosadora de 40 m³/h - areia e brita comerciais","m³",419.68]
[1116269,"Concreto para bombeamento fck = 35 MPa - confecção em central dosadora de 40 m³/h - areia extraída e brita produzida","m³",310.07]
[1106282,"Concreto para bombeamento fck = 40 MPa - confecção em central dosadora de 30 m³/h - areia e brita comerciais","m³",485.32]
[1106384,"Concreto para bombeamento fck = 40 MPa - confecção em central dosadora de 30 m³/h - areia extraída e brita produzida","m³",378.83]
[1116266,"Concreto para bombeamento fck = 40 MPa - confecção em central dosadora de 40 m³/h - areia e brita comerciais","m³",446.08]
[1116270,"Concreto para bombeamento fck = 40 MPa - confecção em central dosadora de 40 m³/h - areia extraída e brita produzida","m³",339.59]
[1107868,"Concreto para sub-base adensado por vibração fck = 7,5 MPa - confecção em central dosadora de 30 m³/h - areia e brita comerciais","m³",322.42]
[1107869,"Concreto para sub-base adensado por vibração fck = 7,5 MPa - confecção em central dosadora de 30 m³/h - areia extraída e brita produzida","m³",196.12]
[1103853,"Concreto poroso para tubos de drenagem fck = 25 MPa - confecção em betoneira e lançamento manual - areia e brita comerciais","m³",409.2]
[1103852,"Concreto poroso para tubos de drenagem fck = 25 MPa - confecção em betoneira e lançamento manual - areia extraída e brita produzida","m³",339.43]
[1106284,"Concreto submerso fck = 20 MPa - confecção em central dosadora de 30 m³/h - areia e brita comerciais","m³",430.25]
[1108116,"Concreto submerso fck = 25 MPa - confecção em central dosadora de 30 m³/h - areia e brita comerciais","m³",434.85]
[1108118,"Concreto submerso fck = 30 MPa - confecção em central dosadora de 30 m³/h - areia e brita comerciais","m³",456.58]
[1106158,"Concreto submerso fck = 35 MPa - confecção em central dosadora de 30 m³/h - areia e brita comerciais","m³",486.58]
[1108120,"Concreto submerso fck = 40 MPa - confecção em central dosadora de 30 m³/h - areia e brita comerciais","m³",520.1]
[1106050,"Lançamento livre de concreto usinado por meio de caminhão betoneira - confecção em central dosadora de 30 m³/h","m³",43.38]
[1106051,"Lançamento livre de concreto usinado por meio de caminhão betoneira - confecção em central dosadora de 40 m³/h","m³",36.049999999999997]
[1106061,"Lançamento manual de concreto usinado - confecção em central dosadora de 30 m³/h","m³",50.56]
[1106087,"Lançamento manual de concreto usinado - confecção em central dosadora de 40 m³/h","m³",43.44]
[1107860,"Lançamento mecânico de concreto com bomba lança sobre chassi com capacidade de 50 m³/h - confecção em central dosadora de 40 m³/h","m³",51.95]
[1106088,"Lançamento mecânico de concreto com bomba rebocável com capacidade de 30 m³/h - confecção em central dosadora de 30 m³/h","m³",53.64]
[1106128,"Lançamento mecânico de concreto com bomba rebocável com capacidade de 41 m³/h - confecção em central dosadora de 40 m³/h","m³",43.95]
[1108056,"Microconcreto autoadensável para reparos e grauteamento - confecção em misturador e lançamento manual","m³",2619.9899999999998]
[1108059,"Microconcreto para reparos e grauteamento - confecção em misturador e lançamento manual","m³",3280.02]
[1207700,"Concreto fck = 20 MPa para projeção via seca - confecção em betoneira - areia e brita comerciais","m³",520.15]
[1207701,"Concreto fck = 25 MPa para projeção via seca - confecção em betoneira - areia e brita comerciais","m³",553.80999999999995]
[1207702,"Concreto fck = 30 MPa para projeção via seca - confecção em betoneira - areia e brita comerciais","m³",591.46]
[1207708,"Concreto fck = 30 MPa para projeção via úmida - confecção em central dosadora de 30 m³/h - areia e brita comerciais","m³",533.64]
[1207703,"Concreto fck = 40 MPa para projeção via seca - confecção em betoneira - areia e brita comerciais","m³",680.68]
[1207709,"Concreto fck = 40 MPa para projeção via úmida - confecção em central dosadora de 30 m³/h - areia e brita comerciais","m³",615.46]
[1207710,"Concreto projetado via seca fck = 20 MPa aplicado em pisos","m³",804.26]
[1207711,"Concreto projetado via seca fck = 20 MPa aplicado em superfícies inclinadas e verticais","m³",1003.91]
[1207713,"Concreto projetado via seca fck = 20 MPa aplicado em teto","m³",1522.95]
[1207714,"Concreto projetado via seca fck = 25 MPa aplicado em pisos","m³",843.86]
[1207715,"Concreto projetado via seca fck = 25 MPa aplicado em superfícies inclinadas e verticais","m³",1051.99]
[1207717,"Concreto projetado via seca fck = 25 MPa aplicado em teto","m³",1590.27]
[1207718,"Concreto projetado via seca fck = 30 MPa aplicado em pisos","m³",888.16]
[1207719,"Concreto projetado via seca fck = 30 MPa aplicado em superfícies inclinadas e verticais","m³",1105.78]
[1207721,"Concreto projetado via seca fck = 30 MPa aplicado em teto","m³",1665.57]
[1207722,"Concreto projetado via seca fck = 40 MPa aplicado em pisos","m³",993.12]
[1207723,"Concreto projetado via seca fck = 40 MPa aplicado em superfícies inclinadas e verticais","m³",1233.23]
[1207725,"Concreto projetado via seca fck = 40 MPa via seca aplicado em teto","m³",1844.01]
[1207728,"Concreto projetado via úmida fck = 30 MPa aplicado em túneis classe I com seção de 20 a 40 m²","m³",816.5]
[1207727,"Concreto projetado via úmida fck = 30 MPa aplicado em túneis classe I com seção de 40 a 60 m²","m³",794.16]
[1207726,"Concreto projetado via úmida fck = 30 MPa aplicado em túneis classe I com seção de 60 a 90 m²","m³",776.3]
[1208329,"Concreto projetado via úmida fck = 30 MPa aplicado em túneis classe I com seção superior a 90 m²","m³",755.73]
[1207685,"Concreto projetado via úmida fck = 30 MPa aplicado em túneis classe II com seção de 20 a 40 m²","m³",862.12]
[1207684,"Concreto projetado via úmida fck = 30 MPa aplicado em túneis classe II com seção de 40 a 60 m²","m³",832.61]
[1207683,"Concreto projetado via úmida fck = 30 MPa aplicado em túneis classe II com seção de 60 a 90 m²","m³",810.12]
[1208337,"Concreto projetado via úmida fck = 30 MPa aplicado em túneis classe II com seção superior a 90 m²","m³",786.22]
[1207691,"Concreto projetado via úmida fck = 30 MPa aplicado em túneis classe III com seção de 20 a 40 m²","m³",917.76]
[1207690,"Concreto projetado via úmida fck = 30 MPa aplicado em túneis classe III com seção de 40 a 60 m²","m³",877.59]
[1207689,"Concreto projetado via úmida fck = 30 MPa aplicado em túneis classe III com seção de 60 a 90 m²","m³",843.8]
[1208345,"Concreto projetado via úmida fck = 30 MPa aplicado em túneis classe III com seção superior a 90 m²","m³",815.96]
[1207697,"Concreto projetado via úmida fck = 30 MPa aplicado em túneis classe IV com seção de 20 a 40 m²","m³",988.84]
[1207696,"Concreto projetado via úmida fck = 30 MPa aplicado em túneis classe IV com seção de 40 a 60 m²","m³",931.41]
[1207695,"Concreto projetado via úmida fck = 30 MPa aplicado em túneis classe IV com seção de 60 a 90 m²","m³",892.35]
[1208353,"Concreto projetado via úmida fck = 30 MPa aplicado em túneis classe IV com seção superior a 90 m²","m³",853.08]
[1207663,"Concreto projetado via úmida fck = 30 MPa aplicado em túneis classe V com seção de 20 a 40 m²","m³",1061.25]
[1207662,"Concreto projetado via úmida fck = 30 MPa aplicado em túneis classe V com seção de 40 a 60 m²","m³",1034.9100000000001]
[1207661,"Concreto projetado via úmida fck = 30 MPa aplicado em túneis classe V com seção de 60 a 90 m²","m³",1013.85]
[1208361,"Concreto projetado via úmida fck = 30 MPa aplicado em túneis classe V com seção superior a 90 m²","m³",982.25]
[1207669,"Concreto projetado via úmida fck = 30 MPa aplicado em túneis classe VI com seção de 20 a 40 m²","m³",1179.56]
[1207668,"Concreto projetado via úmida fck = 30 MPa aplicado em túneis classe VI com seção de 40 a 60 m²","m³",1146.8699999999999]
[1207667,"Concreto projetado via úmida fck = 30 MPa aplicado em túneis classe VI com seção de 60 a 90 m²","m³",1097.8399999999999]
[1208369,"Concreto projetado via úmida fck = 30 MPa aplicado em túneis classe VI com seção superior a 90 m²","m³",1048.81]
[1207682,"Concreto projetado via úmida fck = 40 MPa aplicado em túneis classe I com seção de 20 a 40 m²","m³",912.76]
[1207681,"Concreto projetado via úmida fck = 40 MPa aplicado em túneis classe I com seção de 40 a 60 m²","m³",890.42]
[1207729,"Concreto projetado via úmida fck = 40 MPa aplicado em túneis classe I com seção de 60 a 90 m²","m³",872.56]
[1208333,"Concreto projetado via úmida fck = 40 MPa aplicado em túneis classe I com seção superior a 90 m²","m³",851.99]
[1207688,"Concreto projetado via úmida fck = 40 MPa aplicado em túneis classe II com seção de 20 a 40 m²","m³",961.3]
[1207687,"Concreto projetado via úmida fck = 40 MPa aplicado em túneis classe II com seção de 40 a 60 m²","m³",931.79]
[1207686,"Concreto projetado via úmida fck = 40 MPa aplicado em túneis classe II com seção de 60 a 90 m²","m³",909.3]
[1208341,"Concreto projetado via úmida fck = 40 MPa aplicado em túneis classe II com seção superior a 90 m²","m³",885.39]
[1207694,"Concreto projetado via úmida fck = 40 MPa aplicado em túneis classe III com seção de 20 a 40 m²","m³",1020.04]
[1207693,"Concreto projetado via úmida fck = 40 MPa aplicado em túneis classe III com seção de 40 a 60 m²","m³",979.86]
[1207692,"Concreto projetado via úmida fck = 40 MPa aplicado em túneis classe III com seção de 60 a 90 m²","m³",946.08]
[1208349,"Concreto projetado via úmida fck = 40 MPa aplicado em túneis classe III com seção superior a 90 m²","m³",918.23]
[1207660,"Concreto projetado via úmida fck = 40 MPa aplicado em túneis classe IV com seção de 20 a 40 m²","m³",1094.4100000000001]
[1207699,"Concreto projetado via úmida fck = 40 MPa aplicado em túneis classe IV com seção de 40 a 60 m²","m³",1036.99]
[1207698,"Concreto projetado via úmida fck = 40 MPa aplicado em túneis classe IV com seção de 60 a 90 m²","m³",997.92]
[1208357,"Concreto projetado via úmida fck = 40 MPa aplicado em túneis classe IV com seção superior a 90 m²","m³",958.65]
[1207666,"Concreto projetado via úmida fck = 40 MPa aplicado em túneis classe V com seção de 20 a 40 m²","m³",1170.3399999999999]
[1207665,"Concreto projetado via úmida fck = 40 MPa aplicado em túneis classe V com seção de 40 a 60 m²","m³",1144.01]
[1207664,"Concreto projetado via úmida fck = 40 MPa aplicado em túneis classe V com seção de 60 a 90 m²","m³",1122.94]
[1208365,"Concreto projetado via úmida fck = 40 MPa aplicado em túneis classe V com seção superior a 90 m²","m³",1091.3399999999999]
[1207672,"Concreto projetado via úmida fck = 40 MPa aplicado em túneis classe VI com seção de 20 a 40 m²","m³",1292.42]
[1207671,"Concreto projetado via úmida fck = 40 MPa aplicado em túneis classe VI com seção de 40 a 60 m²","m³",1259.73]
[1207670,"Concreto projetado via úmida fck = 40 MPa aplicado em túneis classe VI com seção de 60 a 90 m²","m³",1210.7]
[1208373,"Concreto projetado via úmida fck = 40 MPa aplicado em túneis classe VI com seção superior a 90 m²","m³",1161.6600000000001]
[1400976,"Corte a plasma CNC em chapa com espessura de 6,3 a 10 mm","m",5.32]
[1400970,"Corte a plasma manual em chapa de aço-carbono com espessura de 4 a 8 mm","m",2.04]
[1400971,"Corte a plasma manual em chapa de aço-carbono com espessura de 9 a 25 mm","m",8.9]
[1400972,"Corte a plasma manual em chapa de alumínio com espessura de 1,5 mm","m",1.96]
[1416201,"Corte de barras de aço CA-50 com maçarico oxiacetileno","cm²",0.24]
[1400969,"Corte de cantoneira de alumínio","un",0.13]
[1400975,"Corte de chapa de aço com guilhotina hidráulica","m",3.82]
[1416141,"Corte de chapas de aço com espessura de 12,5 mm com maçarico oxiacetileno","m",3.73]
[1416142,"Corte de chapas de aço com espessura de 16 mm com maçarico oxiacetileno","m",5.79]
[1400973,"Corte de chapas de aço com espessura de 3 mm com maçarico oxiacetileno","m",1.54]
[1400974,"Corte de chapas de aço com espessura de 5 mm com maçarico oxiacetileno","m",1.82]
[1416139,"Corte de chapas de aço com espessura de 6,3 mm com maçarico oxiacetileno","m",2.04]
[1416202,"Corte de chapas de aço com espessura de 8 mm com maçarico oxiacetileno","m",2.38]
[1416140,"Corte de chapas de aço com espessura de 9,5 mm com maçarico oxiacetileno","m",2.74]
[1419543,"Corte de perfil metálico com máquina policorte com espessura de até 1/8\"","un",0.16]
[1408173,"Corte de perfis metálicos com maçarico oxiacetileno","cm²",0.06]
[1407063,"Corte de trilho TR45 com utilização de equipamento leve","un",7.5]
[1407064,"Corte de trilho TR57 com utilização de equipamento leve","un",7.73]
[1407065,"Corte de trilho TR68 com utilização de equipamento leve","un",7.9]
[1407066,"Corte de trilho UIC60 com utilização de equipamento leve","un",7.78]
[1400977,"Dobramento de chapas metálicas com espessuras de 6,3 a 10 mm","m",3.15]
[1407067,"Furação de trilho TR45 com utilização de equipamento leve","un",2.35]
[1407068,"Furação de trilho TR57 com utilização de equipamento leve","un",2.65]
[1407069,"Furação de trilho TR68 com utilização de equipamento leve","un",2.87]
[1407070,"Furação de trilho UIC60 com utilização de equipamento leve","un",2.73]
[1416257,"Solda com maçarico oxiacetileno de chapas de aço de 12,5 mm","m",284.19]
[1416253,"Solda com maçarico oxiacetileno de chapas de aço de 16 mm","m",659.79]
[1416254,"Solda com maçarico oxiacetileno de chapas de aço de 6,3 mm","m",52.64]
[1416255,"Solda com maçarico oxiacetileno de chapas de aço de 8 mm","m",93.85]
[1416256,"Solda com maçarico oxiacetileno de chapas de aço de 9,5 mm","m",146.25]
[1408028,"Solda elétrica manual de perfis metálicos e chapas de aço com eletrodo E70XX para beneficiamento de aço naval","kg",191.52]
[1408027,"Solda tipo MIG/MAG automatizada","kg",113.78]
[1400978,"Solda tipo MIG/MAG manual","kg",179.65]
[1513941,"Contenção em areia-cimento ensacada com mistura de areia com 8% de cimento - confecção e assentamento","m³",509.97]
[1513940,"Contenção em solo-cimento ensacado com mistura de solo de jazida com 8% de cimento - confecção e assentamento","m³",352.94]
[1505879,"Enrocamento de pedra arrumada manualmente - pedra de mão comercial - fornecimento e assentamento","m³",244.37]
[1505878,"Enrocamento de pedra arrumada manualmente - pedra de mão produzida - confecção e assentamento","m³",166.06]
[1505877,"Enrocamento de pedra espalhada e compactada mecanicamente - pedra de mão comercial - fornecimento e assentamento","m³",145.97999999999999]
[1505860,"Enrocamento de pedra jogada - pedra de mão comercial - fornecimento e assentamento","m³",154.51]
[1505859,"Enrocamento de pedra jogada - pedra de mão produzida - confecção e assentamento","m³",89.24]
[1516204,"Fabricação de blocos segmentais de face pré-moldados - C = 40 cm, L = 40 cm e H = 20 cm - massa de 25 kg","un",5.48]
[1516312,"Geocélula em PEAD, paredes perfuradas, soldadas - altura de 100 mm e 1.206 cm² de área de célula - fornecimento e instalação","m²",41.59]
[1516304,"Geocélula em PEAD, paredes perfuradas, soldadas - altura de 100 mm e 289 cm² de área de célula - fornecimento e instalação","m²",53.99]
[1516308,"Geocélula em PEAD, paredes perfuradas, soldadas - altura de 100 mm e 460 cm² de área de célula - fornecimento e instalação","m²",44.14]
[1516313,"Geocélula em PEAD, paredes perfuradas, soldadas - altura de 150 mm e 1.206 cm² de área de célula - fornecimento e instalação","m²",49.58]
[1516305,"Geocélula em PEAD, paredes perfuradas, soldadas - altura de 150 mm e 289 cm² de área de célula - fornecimento e instalação","m²",64.98]
[1516309,"Geocélula em PEAD, paredes perfuradas, soldadas - altura de 150 mm e 460 cm² de área de célula - fornecimento e instalação","m²",53.09]
[1516314,"Geocélula em PEAD, paredes perfuradas, soldadas - altura de 200 mm e 1.206 cm² de área de célula - fornecimento e instalação","m²",58.37]
[1516306,"Geocélula em PEAD, paredes perfuradas, soldadas - altura de 200 mm e 289 cm² de área de célula - fornecimento e instalação","m²",77.06]
[1516310,"Geocélula em PEAD, paredes perfuradas, soldadas - altura de 200 mm e 460 cm² de área de célula - fornecimento e instalação","m²",62.59]
[1516311,"Geocélula em PEAD, paredes perfuradas, soldadas - altura de 75 mm e 1.206 cm² de área de célula - fornecimento e instalação","m²",31.92]
[1516303,"Geocélula em PEAD, paredes perfuradas, soldadas - altura de 75 mm e 289 cm² de área de célula - fornecimento e instalação","m²",43.04]
[1516307,"Geocélula em PEAD, paredes perfuradas, soldadas - altura de 75 mm e 460 cm² de área de célula - fornecimento e instalação","m²",35.590000000000003]
[1516298,"Geogrelha unidirecional com resistência à tração de 100 kN/m - fornecimento e instalação","m²",29.86]
[1516299,"Geogrelha unidirecional com resistência à tração de 150 kN/m - fornecimento e instalação","m²",31.95]
[1516300,"Geogrelha unidirecional com resistência à tração de 200 kN/m - fornecimento e instalação","m²",41.94]
[1516301,"Geogrelha unidirecional com resistência à tração de 300 kN/m - fornecimento e instalação","m²",62]
[1516302,"Geogrelha unidirecional com resistência à tração de 400 kN/m - fornecimento e instalação","m²",81.94]
[1516296,"Geogrelha unidirecional com resistência à tração de 50 kN/m - fornecimento e instalação","m²",22.44]
[1516297,"Geogrelha unidirecional com resistência à tração de 90 kN/m - fornecimento e instalação","m²",28.86]
[1505847,"Muro em blocos segmentais de face pré-moldados - C = 40 cm, L = 40 cm, e H = 20 cm com altura de 4 a 6 m - confecção e assentamento","m²",166.68]
[1505848,"Muro em blocos segmentais de face pré-moldados - C = 40 cm, L = 40 cm, e H = 20 cm com altura de 6 a 8 m - confecção e assentamento","m²",162.5]
[1505849,"Muro em blocos segmentais de face pré-moldados - C = 40 cm, L = 40 cm, e H = 20 cm com altura de 8 a 10 m - confecção e assentamento","m²",160.18]
[1505930,"Muro em blocos segmentais de face pré-moldados - C = 40 cm, L = 40 cm, e H = 20 cm com altura de até 4 m - confecção e assentamento","m²",188.61]
[1506055,"Pedra argamassada com cimento e areia 1:3 - areia e pedra de mão comercial - fornecimento e assentamento","m³",387.8]
[1506056,"Pedra argamassada com cimento e areia 1:3 - areia extraída e pedra de mão produzida - confecção e assentamento","m³",274.49]
[1516318,"Tela metálica dobrada em L para muro em solo reforçado - C = 200 cm, L = 40 cm e H = 40 cm - fornecimento e instalação","m²",483.82]
[1516317,"Tela metálica dobrada em L para muro em solo reforçado - C = 200 cm, L = 50 cm e H = 50 cm - fornecimento e instalação","m²",594.85]
[1600965,"Abertura em muro de alvenaria de pedra argamassada com martelete","m³",94.98]
[1600408,"Apicoamento manual de concreto","m²",17.75]
[1600990,"Demolição de concreto armado com martelete e corte oxiacetileno","m³",728.43]
[1600989,"Demolição de concreto simples com martelete","m³",387.5]
[1600438,"Demolição manual de concreto armado","m³",562.72]
[1600436,"Demolição manual de concreto simples","m³",384.84]
[1600895,"Demolição manual de construções provisórias de madeira - sem reaproveitamento","m²",13.37]
[1600897,"Demolição manual de construções provisórias de madeira, sem fechamento lateral e sem pavimentação","m²",3.61]
[1619004,"Demolição mecânica de alvenaria com carregadeira de pneus","m³",6.97]
[1600896,"Demolição mecânica de alvenaria com escavadeira hidráulica","m²",15.94]
[1619003,"Demolição mecânica de concreto armado com escavadeira hidráulica","m³",77.61]
[1600414,"Fresagem de piso de concreto","m²",1.07]
[1608148,"Perfuração em concreto com coroa diamantada - D = 100 mm","m",448.84]
[1608021,"Perfuração em concreto com coroa diamantada - D = 16 mm","m",115.97]
[1608024,"Perfuração em concreto com coroa diamantada - D = 20 mm","m",119.91]
[1608026,"Perfuração em concreto com coroa diamantada - D = 25 mm","m",148.25]
[1608142,"Perfuração em concreto com coroa diamantada - D = 32 mm","m",177.79]
[1608143,"Perfuração em concreto com coroa diamantada - D = 38 mm","m",181.26]
[1608144,"Perfuração em concreto com coroa diamantada - D = 44 mm","m",195.81]
[1608145,"Perfuração em concreto com coroa diamantada - D = 50 mm","m",203.42]
[1608146,"Perfuração em concreto com coroa diamantada - D = 63 mm","m",219.25]
[1608147,"Perfuração em concreto com coroa diamantada - D = 75 mm","m",327.69]
[1608019,"Perfuração em concreto com martelete elétrico - D = 10 mm","m",18.29]
[1608020,"Perfuração em concreto com martelete elétrico - D = 13,0 mm","m",28.49]
[1608025,"Perfuração em concreto com martelete elétrico - D = 14 mm","m",34.61]
[1600966,"Remoção de cerca com mourões de concreto","m",0.73]
[1600898,"Remoção de painel publicitário, tipo outdoor, com estrutura e suportes em madeira","m²",12.08]
[1600441,"Remoção de paralelepípedos","m²",3.87]
[1600404,"Remoção de tubos de concreto com diâmetro de 0,40 m a 1,00 m em valas e bueiros","m",9.6999999999999993]
[1600405,"Remoção de tubos de concreto com diâmetro de 1,20 m a 1,50 m em valas e bueiros","m",10.77]
[1716605,"Derrocagem subaquática de material de 3ª categoria - carga e limpeza - plataforma com clamshell - flutuante e batelão rebocado de 100 t montado na obra - DMT até 200 m","m³",102.57]
[1716610,"Derrocagem subaquática de material de 3ª categoria - carga e limpeza - plataforma com clamshell - flutuante e batelão rebocado de 100 t montado na obra - DMT de 1.000 a 1200 m","m³",106.2]
[1716611,"Derrocagem subaquática de material de 3ª categoria - carga e limpeza - plataforma com clamshell - flutuante e batelão rebocado de 100 t montado na obra - DMT de 1.200 a 1.400 m","m³",106.66]
[1716612,"Derrocagem subaquática de material de 3ª categoria - carga e limpeza - plataforma com clamshell - flutuante e batelão rebocado de 100 t montado na obra - DMT de 1.400 a 1.600 m","m³",107.11]
[1716613,"Derrocagem subaquática de material de 3ª categoria - carga e limpeza - plataforma com clamshell - flutuante e batelão rebocado de 100 t montado na obra - DMT de 1.600 a 1.800 m","m³",107.56]
[1716614,"Derrocagem subaquática de material de 3ª categoria - carga e limpeza - plataforma com clamshell - flutuante e batelão rebocado de 100 t montado na obra - DMT de 1.800 a 2.000 m","m³",108.47]
[1716615,"Derrocagem subaquática de material de 3ª categoria - carga e limpeza - plataforma com clamshell - flutuante e batelão rebocado de 100 t montado na obra - DMT de 2.000 a 2.500 m","m³",109.38]
[1716616,"Derrocagem subaquática de material de 3ª categoria - carga e limpeza - plataforma com clamshell - flutuante e batelão rebocado de 100 t montado na obra - DMT de 2.500 a 3.000 m","m³",110.74]
[1716606,"Derrocagem subaquática de material de 3ª categoria - carga e limpeza - plataforma com clamshell - flutuante e batelão rebocado de 100 t montado na obra - DMT de 200 a 400 m","m³",103.93]
[1716617,"Derrocagem subaquática de material de 3ª categoria - carga e limpeza - plataforma com clamshell - flutuante e batelão rebocado de 100 t montado na obra - DMT de 3.000 m","m³",111.65]
[1716607,"Derrocagem subaquática de material de 3ª categoria - carga e limpeza - plataforma com clamshell - flutuante e batelão rebocado de 100 t montado na obra - DMT de 400 a 600 m","m³",104.38]
[1716608,"Derrocagem subaquática de material de 3ª categoria - carga e limpeza - plataforma com clamshell - flutuante e batelão rebocado de 100 t montado na obra - DMT de 600 a 800 m","m³",105.29]
[1716609,"Derrocagem subaquática de material de 3ª categoria - carga e limpeza - plataforma com clamshell - flutuante e batelão rebocado de 100 t montado na obra - DMT de 800 a 1.000 m","m³",105.75]
[1716604,"Derrocagem subaquática de material de 3ª categoria - carga e limpeza - plataforma com clamshell - flutuante montado na obra - sem transporte","m³",59.64]
[1716623,"Derrocagem subaquática de material de 3ª categoria - carga e limpeza - plataforma flutuante com clamshell - sem transporte","m³",58.48]
[1716624,"Derrocagem subaquática de material de 3ª categoria - carga e limpeza - plataforma flutuante com clamshell e batelão rebocado de 100 t - DMT até 200 m","m³",101.4]
[1716629,"Derrocagem subaquática de material de 3ª categoria - carga e limpeza - plataforma flutuante com clamshell e batelão rebocado de 100 t - DMT de 1.000 a 1.200 m","m³",105.04]
[1716630,"Derrocagem subaquática de material de 3ª categoria - carga e limpeza - plataforma flutuante com clamshell e batelão rebocado de 100 t - DMT de 1.200 a 1.400 m","m³",105.49]
[1716631,"Derrocagem subaquática de material de 3ª categoria - carga e limpeza - plataforma flutuante com clamshell e batelão rebocado de 100 t - DMT de 1.400 a 1.600 m","m³",105.95]
[1716632,"Derrocagem subaquática de material de 3ª categoria - carga e limpeza - plataforma flutuante com clamshell e batelão rebocado de 100 t - DMT de 1.600 a 1.800 m","m³",106.4]
[1716633,"Derrocagem subaquática de material de 3ª categoria - carga e limpeza - plataforma flutuante com clamshell e batelão rebocado de 100 t - DMT de 1.800 a 2.000 m","m³",107.31]
[1716634,"Derrocagem subaquática de material de 3ª categoria - carga e limpeza - plataforma flutuante com clamshell e batelão rebocado de 100 t - DMT de 2.000 a 2.500 m","m³",108.22]
[1716635,"Derrocagem subaquática de material de 3ª categoria - carga e limpeza - plataforma flutuante com clamshell e batelão rebocado de 100 t - DMT de 2.500 a 3.000 m","m³",109.58]
[1716625,"Derrocagem subaquática de material de 3ª categoria - carga e limpeza - plataforma flutuante com clamshell e batelão rebocado de 100 t - DMT de 200 a 400 m","m³",102.77]
[1716636,"Derrocagem subaquática de material de 3ª categoria - carga e limpeza - plataforma flutuante com clamshell e batelão rebocado de 100 t - DMT de 3.000 m","m³",110.49]
[1716626,"Derrocagem subaquática de material de 3ª categoria - carga e limpeza - plataforma flutuante com clamshell e batelão rebocado de 100 t - DMT de 400 a 600 m","m³",103.22]
[1716627,"Derrocagem subaquática de material de 3ª categoria - carga e limpeza - plataforma flutuante com clamshell e batelão rebocado de 100 t - DMT de 600 a 800 m","m³",104.13]
[1716628,"Derrocagem subaquática de material de 3ª categoria - carga e limpeza - plataforma flutuante com clamshell e batelão rebocado de 100 t - DMT de 800 a 1.000 m","m³",104.58]
[1716640,"Derrocagem subaquática de material de 3ª categoria - carga e limpeza com draga backhoe de 7 m³ - sem transporte","m³",29.83]
[1716641,"Derrocagem subaquática de material de 3ª categoria - carga e limpeza com draga backhoe de 7 m³ - transporte com batelão autopropelido de 300 m³ - DMT até 200 m","m³",38.64]
[1716646,"Derrocagem subaquática de material de 3ª categoria - carga e limpeza com draga backhoe de 7 m³ - transporte com batelão autopropelido de 300 m³ - DMT de 1.000 a 1.200 m","m³",39.18]
[1716647,"Derrocagem subaquática de material de 3ª categoria - carga e limpeza com draga backhoe de 7 m³ - transporte com batelão autopropelido de 300 m³ - DMT de 1.200 a 1.400 m","m³",39.24]
[1716648,"Derrocagem subaquática de material de 3ª categoria - carga e limpeza com draga backhoe de 7 m³ - transporte com batelão autopropelido de 300 m³ - DMT de 1.400 a 1.600 m","m³",39.35]
[1716649,"Derrocagem subaquática de material de 3ª categoria - carga e limpeza com draga backhoe de 7 m³ - transporte com batelão autopropelido de 300 m³ - DMT de 1.600 a 1.800 m","m³",39.4]
[1716650,"Derrocagem subaquática de material de 3ª categoria - carga e limpeza com draga backhoe de 7 m³ - transporte com batelão autopropelido de 300 m³ - DMT de 1.800 a 2.000 m","m³",39.51]
[1716651,"Derrocagem subaquática de material de 3ª categoria - carga e limpeza com draga backhoe de 7 m³ - transporte com batelão autopropelido de 300 m³ - DMT de 2.000 a 2.500 m","m³",39.619999999999997]
[1716652,"Derrocagem subaquática de material de 3ª categoria - carga e limpeza com draga backhoe de 7 m³ - transporte com batelão autopropelido de 300 m³ - DMT de 2.500 a 3.000 m","m³",39.840000000000003]
[1716642,"Derrocagem subaquática de material de 3ª categoria - carga e limpeza com draga backhoe de 7 m³ - transporte com batelão autopropelido de 300 m³ - DMT de 200 a 400 m","m³",38.799999999999997]
[1716653,"Derrocagem subaquática de material de 3ª categoria - carga e limpeza com draga backhoe de 7 m³ - transporte com batelão autopropelido de 300 m³ - DMT de 3.000 m","m³",40.01]
[1716643,"Derrocagem subaquática de material de 3ª categoria - carga e limpeza com draga backhoe de 7 m³ - transporte com batelão autopropelido de 300 m³ - DMT de 400 a 600 m","m³",38.909999999999997]
[1716644,"Derrocagem subaquática de material de 3ª categoria - carga e limpeza com draga backhoe de 7 m³ - transporte com batelão autopropelido de 300 m³ - DMT de 600 a 800 m","m³",39.020000000000003]
[1716645,"Derrocagem subaquática de material de 3ª categoria - carga e limpeza com draga backhoe de 7 m³ - transporte com batelão autopropelido de 300 m³ - DMT de 800 a 1.000 m","m³",39.07]
[1716622,"Derrocagem subaquática de material de 3ª categoria - malha de 1,5 m² - perfuração e detonação - plataforma autoelevatória com três torres de perfuração","m³",83.69]
[1716603,"Derrocagem subaquática de material de 3ª categoria - malha de 1,5 m² - perfuração e detonação - plataforma autoelevatória montada na obra com três torres de perfuração","m³",83.69]
[1716620,"Derrocagem subaquática de material de 3ª categoria - malha de 1,5 m² - perfuração e detonação - plataforma flutuante com duas torres de perfuração","m³",114.83]
[1716621,"Derrocagem subaquática de material de 3ª categoria - malha de 1,5 m² - perfuração e detonação - plataforma flutuante com três torres de perfuração","m³",90.86]
[1716619,"Derrocagem subaquática de material de 3ª categoria - malha de 1,5 m² - perfuração e detonação - plataforma flutuante com uma torre de perfuração","m³",186.77]
[1716601,"Derrocagem subaquática de material de 3ª categoria - malha de 1,5 m² - perfuração e detonação - plataforma montada na obra com duas torres de perfuração","m³",116.38]
[1716602,"Derrocagem subaquática de material de 3ª categoria - malha de 1,5 m² - perfuração e detonação - plataforma montada na obra com três torres de perfuração","m³",91.9]
[1716600,"Derrocagem subaquática de material de 3ª categoria - malha de 1,5 m² - perfuração e detonação - plataforma montada na obra com uma torre de perfuração","m³",189.89]
[1716655,"Derrocagem subaquática de material de 3ª categoria - malha de 2,5 m² - perfuração e detonação - plataforma com duas torres de perfuração","m³",67.95]
[1716639,"Derrocagem subaquática de material de 3ª categoria - malha de 4,0 m² - perfuração e detonação - plataforma com duas torres de perfuração","m³",47.94]
[1801636,"Levantamento batimétrico monofeixe longitudinal","km",17.59]
[1801637,"Levantamento batimétrico monofeixe transversal","km",23.46]
[1817720,"Levantamento batimétrico multifeixe","km",88.94]
[1817723,"Levantamento hidrométrico com ADCP em rios com velocidade de corrente acima de 1,5 m/s","km",42.44]
[1817721,"Levantamento hidrométrico com ADCP em rios com velocidade de corrente de 0,5 a 1,0 m/s","km",127.31]
[1817722,"Levantamento hidrométrico com ADCP em rios com velocidade de corrente de 1,0 a 1,5 m/s","km",63.65]
[1917483,"Dragagem de areia fina com draga de sucção e recalque - bomba de 1.350 kW e cortador de 170 kW - distância de recalque de 1.100 a 1.300 m","m³",4.17]
[1917484,"Dragagem de areia fina com draga de sucção e recalque - bomba de 1.350 kW e cortador de 170 kW - distância de recalque de 1.300 a 1.500 m","m³",4.3499999999999996]
[1917485,"Dragagem de areia fina com draga de sucção e recalque - bomba de 1.350 kW e cortador de 170 kW - distância de recalque de 1.500 a 1.700 m","m³",4.8600000000000003]
[1917486,"Dragagem de areia fina com draga de sucção e recalque - bomba de 1.350 kW e cortador de 170 kW - distância de recalque de 1.700 a 1.900 m","m³",5.07]
[1917487,"Dragagem de areia fina com draga de sucção e recalque - bomba de 1.350 kW e cortador de 170 kW - distância de recalque de 1.900 a 2.100 m","m³",5.35]
[1917528,"Dragagem de areia fina com draga de sucção e recalque - bomba de 1.350 kW e cortador de 170 kW - distância de recalque de 10.100 a 10.300 m","m³",28.4]
[1917529,"Dragagem de areia fina com draga de sucção e recalque - bomba de 1.350 kW e cortador de 170 kW - distância de recalque de 10.300 a 10.500 m","m³",29.33]
[1917530,"Dragagem de areia fina com draga de sucção e recalque - bomba de 1.350 kW e cortador de 170 kW - distância de recalque de 10.500 a 10.700 m","m³",30.85]
[1917531,"Dragagem de areia fina com draga de sucção e recalque - bomba de 1.350 kW e cortador de 170 kW - distância de recalque de 10.700 a 10.900 m","m³",32.42]
[1917532,"Dragagem de areia fina com draga de sucção e recalque - bomba de 1.350 kW e cortador de 170 kW - distância de recalque de 10.900 a 11.100 m","m³",34.19]
[1917533,"Dragagem de areia fina com draga de sucção e recalque - bomba de 1.350 kW e cortador de 170 kW - distância de recalque de 11.100 a 11.300 m","m³",35.159999999999997]
[1917534,"Dragagem de areia fina com draga de sucção e recalque - bomba de 1.350 kW e cortador de 170 kW - distância de recalque de 11.300 a 11.500 m","m³",36.159999999999997]
[1917535,"Dragagem de areia fina com draga de sucção e recalque - bomba de 1.350 kW e cortador de 170 kW - distância de recalque de 11.500 a 11.700 m","m³",37.520000000000003]
[1917536,"Dragagem de areia fina com draga de sucção e recalque - bomba de 1.350 kW e cortador de 170 kW - distância de recalque de 11.700 a 11.900 m","m³",38.65]
[1917537,"Dragagem de areia fina com draga de sucção e recalque - bomba de 1.350 kW e cortador de 170 kW - distância de recalque de 11.900 a 12.100 m","m³",39.83]
[1917488,"Dragagem de areia fina com draga de sucção e recalque - bomba de 1.350 kW e cortador de 170 kW - distância de recalque de 2.100 a 2.300 m","m³",5.57]
[1917489,"Dragagem de areia fina com draga de sucção e recalque - bomba de 1.350 kW e cortador de 170 kW - distância de recalque de 2.300 a 2.500 m","m³",5.84]
[1917490,"Dragagem de areia fina com draga de sucção e recalque - bomba de 1.350 kW e cortador de 170 kW - distância de recalque de 2.500 a 2.700 m","m³",6.3]
[1917491,"Dragagem de areia fina com draga de sucção e recalque - bomba de 1.350 kW e cortador de 170 kW - distância de recalque de 2.700 a 2.900 m","m³",6.6]
[1917492,"Dragagem de areia fina com draga de sucção e recalque - bomba de 1.350 kW e cortador de 170 kW - distância de recalque de 2.900 a 3.100 m","m³",6.84]
[1917493,"Dragagem de areia fina com draga de sucção e recalque - bomba de 1.350 kW e cortador de 170 kW - distância de recalque de 3.100 a 3.300 m","m³",7.15]
[1917494,"Dragagem de areia fina com draga de sucção e recalque - bomba de 1.350 kW e cortador de 170 kW - distância de recalque de 3.300 a 3.500 m","m³",7.47]
[1917495,"Dragagem de areia fina com draga de sucção e recalque - bomba de 1.350 kW e cortador de 170 kW - distância de recalque de 3.500 a 3.700 m","m³",7.98]
[1917496,"Dragagem de areia fina com draga de sucção e recalque - bomba de 1.350 kW e cortador de 170 kW - distância de recalque de 3.700 a 3.900 m","m³",8.2899999999999991]
[1917497,"Dragagem de areia fina com draga de sucção e recalque - bomba de 1.350 kW e cortador de 170 kW - distância de recalque de 3.900 a 4.100 m","m³",8.6]
[1917498,"Dragagem de areia fina com draga de sucção e recalque - bomba de 1.350 kW e cortador de 170 kW - distância de recalque de 4.100 a 4.300 m","m³",8.91]
[1917499,"Dragagem de areia fina com draga de sucção e recalque - bomba de 1.350 kW e cortador de 170 kW - distância de recalque de 4.300 a 4.500 m","m³",9.16]
[1917500,"Dragagem de areia fina com draga de sucção e recalque - bomba de 1.350 kW e cortador de 170 kW - distância de recalque de 4.500 a 4.700 m","m³",9.73]
[1917501,"Dragagem de areia fina com draga de sucção e recalque - bomba de 1.350 kW e cortador de 170 kW - distância de recalque de 4.700 a 4.900 m","m³",10.050000000000001]
[1917502,"Dragagem de areia fina com draga de sucção e recalque - bomba de 1.350 kW e cortador de 170 kW - distância de recalque de 4.900 a 5.100 m","m³",10.37]
[1917503,"Dragagem de areia fina com draga de sucção e recalque - bomba de 1.350 kW e cortador de 170 kW - distância de recalque de 5.100 a 5.300 m","m³",10.7]
[1917504,"Dragagem de areia fina com draga de sucção e recalque - bomba de 1.350 kW e cortador de 170 kW - distância de recalque de 5.300 a 5.500 m","m³",11.04]
[1917505,"Dragagem de areia fina com draga de sucção e recalque - bomba de 1.350 kW e cortador de 170 kW - distância de recalque de 5.500 a 5.700 m","m³",11.63]
[1917506,"Dragagem de areia fina com draga de sucção e recalque - bomba de 1.350 kW e cortador de 170 kW - distância de recalque de 5.700 a 5.900 m","m³",11.96]
[1917507,"Dragagem de areia fina com draga de sucção e recalque - bomba de 1.350 kW e cortador de 170 kW - distância de recalque de 5.900 a 6.100 m","m³",12.3]
[1917480,"Dragagem de areia fina com draga de sucção e recalque - bomba de 1.350 kW e cortador de 170 kW - distância de recalque de 500 a 700 m","m³",3.58]
[1917508,"Dragagem de areia fina com draga de sucção e recalque - bomba de 1.350 kW e cortador de 170 kW - distância de recalque de 6.100 a 6.300 m","m³",12.64]
[1917509,"Dragagem de areia fina com draga de sucção e recalque - bomba de 1.350 kW e cortador de 170 kW - distância de recalque de 6.300 a 6.500 m","m³",13.07]
[1917510,"Dragagem de areia fina com draga de sucção e recalque - bomba de 1.350 kW e cortador de 170 kW - distância de recalque de 6.500 a 6.700 m","m³",13.69]
[1917511,"Dragagem de areia fina com draga de sucção e recalque - bomba de 1.350 kW e cortador de 170 kW - distância de recalque de 6.700 a 6.900 m","m³",14.07]
[1917512,"Dragagem de areia fina com draga de sucção e recalque - bomba de 1.350 kW e cortador de 170 kW - distância de recalque de 6.900 a 7.100 m","m³",14.53]
[1917513,"Dragagem de areia fina com draga de sucção e recalque - bomba de 1.350 kW e cortador de 170 kW - distância de recalque de 7.100 a 7.300 m","m³",14.94]
[1917514,"Dragagem de areia fina com draga de sucção e recalque - bomba de 1.350 kW e cortador de 170 kW - distância de recalque de 7.300 a 7.500 m","m³",15.44]
[1917515,"Dragagem de areia fina com draga de sucção e recalque - bomba de 1.350 kW e cortador de 170 kW - distância de recalque de 7.500 a 7.700 m","m³",16.21]
[1917516,"Dragagem de areia fina com draga de sucção e recalque - bomba de 1.350 kW e cortador de 170 kW - distância de recalque de 7.700 a 7.900 m","m³",16.75]
[1917517,"Dragagem de areia fina com draga de sucção e recalque - bomba de 1.350 kW e cortador de 170 kW - distância de recalque de 7.900 a 8.100 m","m³",17.48]
[1917481,"Dragagem de areia fina com draga de sucção e recalque - bomba de 1.350 kW e cortador de 170 kW - distância de recalque de 700 a 900 m","m³",3.75]
[1917518,"Dragagem de areia fina com draga de sucção e recalque - bomba de 1.350 kW e cortador de 170 kW - distância de recalque de 8.100 a 8.300 m","m³",18.190000000000001]
[1917519,"Dragagem de areia fina com draga de sucção e recalque - bomba de 1.350 kW e cortador de 170 kW - distância de recalque de 8.300 a 8.500 m","m³",19.09]
[1917520,"Dragagem de areia fina com draga de sucção e recalque - bomba de 1.350 kW e cortador de 170 kW - distância de recalque de 8.500 a 8.700 m","m³",20.14]
[1917521,"Dragagem de areia fina com draga de sucção e recalque - bomba de 1.350 kW e cortador de 170 kW - distância de recalque de 8.700 a 8.900 m","m³",20.99]
[1917522,"Dragagem de areia fina com draga de sucção e recalque - bomba de 1.350 kW e cortador de 170 kW - distância de recalque de 8.900 a 9.100 m","m³",21.94]
[1917523,"Dragagem de areia fina com draga de sucção e recalque - bomba de 1.350 kW e cortador de 170 kW - distância de recalque de 9.100 a 9.300 m","m³",22.9]
[1917524,"Dragagem de areia fina com draga de sucção e recalque - bomba de 1.350 kW e cortador de 170 kW - distância de recalque de 9.300 a 9.500 m","m³",23.93]
[1917525,"Dragagem de areia fina com draga de sucção e recalque - bomba de 1.350 kW e cortador de 170 kW - distância de recalque de 9.500 a 9.700 m","m³",25.22]
[1917526,"Dragagem de areia fina com draga de sucção e recalque - bomba de 1.350 kW e cortador de 170 kW - distância de recalque de 9.700 a 9.900 m","m³",26.17]
[1917527,"Dragagem de areia fina com draga de sucção e recalque - bomba de 1.350 kW e cortador de 170 kW - distância de recalque de 9.900 a 10.100 m","m³",27.13]
[1917482,"Dragagem de areia fina com draga de sucção e recalque - bomba de 1.350 kW e cortador de 170 kW - distância de recalque de 900 a 1.100 m","m³",3.92]
[1917737,"Dragagem de areia fina com draga de sucção e recalque - bomba de 1.350 kW e cortador de 170 kW - distância de recalque de até 500 m","m³",3.55]
[1917220,"Dragagem de areia fina com draga de sucção e recalque - bomba de 294 kW e cortador de 30 kW - distância de recalque de 1.100 a 1.300 m","m³",6.02]
[1917221,"Dragagem de areia fina com draga de sucção e recalque - bomba de 294 kW e cortador de 30 kW - distância de recalque de 1.300 a 1.500 m","m³",6.45]
[1917222,"Dragagem de areia fina com draga de sucção e recalque - bomba de 294 kW e cortador de 30 kW - distância de recalque de 1.500 a 1.700 m","m³",7]
[1917223,"Dragagem de areia fina com draga de sucção e recalque - bomba de 294 kW e cortador de 30 kW - distância de recalque de 1.700 a 1.900 m","m³",7.33]
[1917224,"Dragagem de areia fina com draga de sucção e recalque - bomba de 294 kW e cortador de 30 kW - distância de recalque de 1.900 a 2.100 m","m³",7.69]
[1917225,"Dragagem de areia fina com draga de sucção e recalque - bomba de 294 kW e cortador de 30 kW - distância de recalque de 2.100 a 2.300 m","m³",8.1]
[1917226,"Dragagem de areia fina com draga de sucção e recalque - bomba de 294 kW e cortador de 30 kW - distância de recalque de 2.300 a 2.500 m","m³",8.49]
[1917227,"Dragagem de areia fina com draga de sucção e recalque - bomba de 294 kW e cortador de 30 kW - distância de recalque de 2.500 a 2.700 m","m³",9.06]
[1917228,"Dragagem de areia fina com draga de sucção e recalque - bomba de 294 kW e cortador de 30 kW - distância de recalque de 2.700 a 2.900 m","m³",9.5399999999999991]
[1917229,"Dragagem de areia fina com draga de sucção e recalque - bomba de 294 kW e cortador de 30 kW - distância de recalque de 2.900 a 3.100 m","m³",9.94]
[1917230,"Dragagem de areia fina com draga de sucção e recalque - bomba de 294 kW e cortador de 30 kW - distância de recalque de 3.100 a 3.300 m","m³",10.4]
[1917231,"Dragagem de areia fina com draga de sucção e recalque - bomba de 294 kW e cortador de 30 kW - distância de recalque de 3.300 a 3.500 m","m³",10.88]
[1917232,"Dragagem de areia fina com draga de sucção e recalque - bomba de 294 kW e cortador de 30 kW - distância de recalque de 3.500 a 3.700 m","m³",11.56]
[1917233,"Dragagem de areia fina com draga de sucção e recalque - bomba de 294 kW e cortador de 30 kW - distância de recalque de 3.700 a 3.900 m","m³",12.06]
[1917234,"Dragagem de areia fina com draga de sucção e recalque - bomba de 294 kW e cortador de 30 kW - distância de recalque de 3.900 a 4.100 m","m³",12.66]
[1917217,"Dragagem de areia fina com draga de sucção e recalque - bomba de 294 kW e cortador de 30 kW - distância de recalque de 500 a 700 m","m³",4.8899999999999997]
[1917218,"Dragagem de areia fina com draga de sucção e recalque - bomba de 294 kW e cortador de 30 kW - distância de recalque de 700 a 900 m","m³",5.1100000000000003]
[1917219,"Dragagem de areia fina com draga de sucção e recalque - bomba de 294 kW e cortador de 30 kW - distância de recalque de 900 a 1.100 m","m³",5.51]
[1917724,"Dragagem de areia fina com draga de sucção e recalque - bomba de 294 kW e cortador de 30 kW - distância de recalque de até 500 m","m³",4.78]
[1917274,"Dragagem de areia fina com draga de sucção e recalque - bomba de 483 kW e cortador de 55 kW - distância de recalque de 1.100 a 1.300 m","m³",4.46]
[1917275,"Dragagem de areia fina com draga de sucção e recalque - bomba de 483 kW e cortador de 55 kW - distância de recalque de 1.300 a 1.500 m","m³",4.75]
[1917276,"Dragagem de areia fina com draga de sucção e recalque - bomba de 483 kW e cortador de 55 kW - distância de recalque de 1.500 a 1.700 m","m³",5.25]
[1917277,"Dragagem de areia fina com draga de sucção e recalque - bomba de 483 kW e cortador de 55 kW - distância de recalque de 1.700 a 1.900 m","m³",5.64]
[1917278,"Dragagem de areia fina com draga de sucção e recalque - bomba de 483 kW e cortador de 55 kW - distância de recalque de 1.900 a 2.100 m","m³",5.83]
[1917279,"Dragagem de areia fina com draga de sucção e recalque - bomba de 483 kW e cortador de 55 kW - distância de recalque de 2.100 a 2.300 m","m³",6.22]
[1917280,"Dragagem de areia fina com draga de sucção e recalque - bomba de 483 kW e cortador de 55 kW - distância de recalque de 2.300 a 2.500 m","m³",6.59]
[1917281,"Dragagem de areia fina com draga de sucção e recalque - bomba de 483 kW e cortador de 55 kW - distância de recalque de 2.500 a 2.700 m","m³",7.12]
[1917282,"Dragagem de areia fina com draga de sucção e recalque - bomba de 483 kW e cortador de 55 kW - distância de recalque de 2.700 a 2.900 m","m³",7.48]
[1917283,"Dragagem de areia fina com draga de sucção e recalque - bomba de 483 kW e cortador de 55 kW - distância de recalque de 2.900 a 3.100 m","m³",7.86]
[1917284,"Dragagem de areia fina com draga de sucção e recalque - bomba de 483 kW e cortador de 55 kW - distância de recalque de 3.100 a 3.300 m","m³",8.1999999999999993]
[1917285,"Dragagem de areia fina com draga de sucção e recalque - bomba de 483 kW e cortador de 55 kW - distância de recalque de 3.300 a 3.500 m","m³",8.59]
[1917286,"Dragagem de areia fina com draga de sucção e recalque - bomba de 483 kW e cortador de 55 kW - distância de recalque de 3.500 a 3.700 m","m³",9.25]
[1917287,"Dragagem de areia fina com draga de sucção e recalque - bomba de 483 kW e cortador de 55 kW - distância de recalque de 3.700 a 3.900 m","m³",9.67]
[1917288,"Dragagem de areia fina com draga de sucção e recalque - bomba de 483 kW e cortador de 55 kW - distância de recalque de 3.900 a 4.100 m","m³",10.1]
[1917289,"Dragagem de areia fina com draga de sucção e recalque - bomba de 483 kW e cortador de 55 kW - distância de recalque de 4.100 a 4.300 m","m³",10.59]
[1917290,"Dragagem de areia fina com draga de sucção e recalque - bomba de 483 kW e cortador de 55 kW - distância de recalque de 4.300 a 4.500 m","m³",11.1]
[1917291,"Dragagem de areia fina com draga de sucção e recalque - bomba de 483 kW e cortador de 55 kW - distância de recalque de 4.500 a 4.700 m","m³",11.83]
[1917292,"Dragagem de areia fina com draga de sucção e recalque - bomba de 483 kW e cortador de 55 kW - distância de recalque de 4.700 a 4.900 m","m³",12.38]
[1917293,"Dragagem de areia fina com draga de sucção e recalque - bomba de 483 kW e cortador de 55 kW - distância de recalque de 4.900 a 5.100 m","m³",12.96]
[1917294,"Dragagem de areia fina com draga de sucção e recalque - bomba de 483 kW e cortador de 55 kW - distância de recalque de 5.100 a 5.300 m","m³",13.72]
[1917295,"Dragagem de areia fina com draga de sucção e recalque - bomba de 483 kW e cortador de 55 kW - distância de recalque de 5.300 a 5.500 m","m³",14.47]
[1917296,"Dragagem de areia fina com draga de sucção e recalque - bomba de 483 kW e cortador de 55 kW - distância de recalque de 5.500 a 5.700 m","m³",15.53]
[1917297,"Dragagem de areia fina com draga de sucção e recalque - bomba de 483 kW e cortador de 55 kW - distância de recalque de 5.700 a 5.900 m","m³",16.510000000000002]
[1917298,"Dragagem de areia fina com draga de sucção e recalque - bomba de 483 kW e cortador de 55 kW - distância de recalque de 5.900 a 6.100 m","m³",17.559999999999999]
[1917271,"Dragagem de areia fina com draga de sucção e recalque - bomba de 483 kW e cortador de 55 kW - distância de recalque de 500 a 700 m","m³",3.7]
[1917299,"Dragagem de areia fina com draga de sucção e recalque - bomba de 483 kW e cortador de 55 kW - distância de recalque de 6.100 a 6.300 m","m³",18.82]
[1917300,"Dragagem de areia fina com draga de sucção e recalque - bomba de 483 kW e cortador de 55 kW - distância de recalque de 6.300 a 6.500 m","m³",20.18]
[1917301,"Dragagem de areia fina com draga de sucção e recalque - bomba de 483 kW e cortador de 55 kW - distância de recalque de 6.500 a 6.700 m","m³",22]
[1917302,"Dragagem de areia fina com draga de sucção e recalque - bomba de 483 kW e cortador de 55 kW - distância de recalque de 6.700 a 6.900 m","m³",23.73]
[1917303,"Dragagem de areia fina com draga de sucção e recalque - bomba de 483 kW e cortador de 55 kW - distância de recalque de 6.900 a 7.100 m","m³",25.35]
[1917304,"Dragagem de areia fina com draga de sucção e recalque - bomba de 483 kW e cortador de 55 kW - distância de recalque de 7.100 a 7.300 m","m³",26.96]
[1917305,"Dragagem de areia fina com draga de sucção e recalque - bomba de 483 kW e cortador de 55 kW - distância de recalque de 7.300 a 7.500 m","m³",28.73]
[1917306,"Dragagem de areia fina com draga de sucção e recalque - bomba de 483 kW e cortador de 55 kW - distância de recalque de 7.500 a 7.700 m","m³",30.89]
[1917307,"Dragagem de areia fina com draga de sucção e recalque - bomba de 483 kW e cortador de 55 kW - distância de recalque de 7.700 a 7.900 m","m³",32.520000000000003]
[1917272,"Dragagem de areia fina com draga de sucção e recalque - bomba de 483 kW e cortador de 55 kW - distância de recalque de 700 a 900 m","m³",3.91]
[1917273,"Dragagem de areia fina com draga de sucção e recalque - bomba de 483 kW e cortador de 55 kW - distância de recalque de 900 a 1.100 m","m³",4.13]
[1917729,"Dragagem de areia fina com draga de sucção e recalque - bomba de 483 kW e cortador de 55 kW - distância de recalque de até 500 m","m³",3.65]
[1917367,"Dragagem de areia fina com draga de sucção e recalque - bomba de 746 kW e cortador de 110 kW - distância de recalque de 1.100 a 1.300 m","m³",4.21]
[1917368,"Dragagem de areia fina com draga de sucção e recalque - bomba de 746 kW e cortador de 110 kW - distância de recalque de 1.300 a 1.500 m","m³",4.5199999999999996]
[1917369,"Dragagem de areia fina com draga de sucção e recalque - bomba de 746 kW e cortador de 110 kW - distância de recalque de 1.500 a 1.700 m","m³",4.9800000000000004]
[1917370,"Dragagem de areia fina com draga de sucção e recalque - bomba de 746 kW e cortador de 110 kW - distância de recalque de 1.700 a 1.900 m","m³",5.27]
[1917371,"Dragagem de areia fina com draga de sucção e recalque - bomba de 746 kW e cortador de 110 kW - distância de recalque de 1.900 a 2.100 m","m³",5.53]
[1917372,"Dragagem de areia fina com draga de sucção e recalque - bomba de 746 kW e cortador de 110 kW - distância de recalque de 2.100 a 2.300 m","m³",5.81]
[1917373,"Dragagem de areia fina com draga de sucção e recalque - bomba de 746 kW e cortador de 110 kW - distância de recalque de 2.300 a 2.500 m","m³",6.02]
[1917374,"Dragagem de areia fina com draga de sucção e recalque - bomba de 746 kW e cortador de 110 kW - distância de recalque de 2.500 a 2.700 m","m³",6.55]
[1917375,"Dragagem de areia fina com draga de sucção e recalque - bomba de 746 kW e cortador de 110 kW - distância de recalque de 2.700 a 2.900 m","m³",6.8]
[1917376,"Dragagem de areia fina com draga de sucção e recalque - bomba de 746 kW e cortador de 110 kW - distância de recalque de 2.900 a 3.100 m","m³",7.06]
[1917377,"Dragagem de areia fina com draga de sucção e recalque - bomba de 746 kW e cortador de 110 kW - distância de recalque de 3.100 a 3.300 m","m³",7.32]
[1917378,"Dragagem de areia fina com draga de sucção e recalque - bomba de 746 kW e cortador de 110 kW - distância de recalque de 3.300 a 3.500 m","m³",7.58]
[1917379,"Dragagem de areia fina com draga de sucção e recalque - bomba de 746 kW e cortador de 110 kW - distância de recalque de 3.500 a 3.700 m","m³",8.1300000000000008]
[1917380,"Dragagem de areia fina com draga de sucção e recalque - bomba de 746 kW e cortador de 110 kW - distância de recalque de 3.700 a 3.900 m","m³",8.44]
[1917381,"Dragagem de areia fina com draga de sucção e recalque - bomba de 746 kW e cortador de 110 kW - distância de recalque de 3.900 a 4.100 m","m³",8.77]
[1917382,"Dragagem de areia fina com draga de sucção e recalque - bomba de 746 kW e cortador de 110 kW - distância de recalque de 4.100 a 4.300 m","m³",9.17]
[1917383,"Dragagem de areia fina com draga de sucção e recalque - bomba de 746 kW e cortador de 110 kW - distância de recalque de 4.300 a 4.500 m","m³",9.51]
[1917384,"Dragagem de areia fina com draga de sucção e recalque - bomba de 746 kW e cortador de 110 kW - distância de recalque de 4.500 a 4.700 m","m³",10.11]
[1917385,"Dragagem de areia fina com draga de sucção e recalque - bomba de 746 kW e cortador de 110 kW - distância de recalque de 4.700 a 4.900 m","m³",10.55]
[1917386,"Dragagem de areia fina com draga de sucção e recalque - bomba de 746 kW e cortador de 110 kW - distância de recalque de 4.900 a 5.100 m","m³",11]
[1917387,"Dragagem de areia fina com draga de sucção e recalque - bomba de 746 kW e cortador de 110 kW - distância de recalque de 5.100 a 5.300 m","m³",11.47]
[1917388,"Dragagem de areia fina com draga de sucção e recalque - bomba de 746 kW e cortador de 110 kW - distância de recalque de 5.300 a 5.500 m","m³",11.96]
[1917389,"Dragagem de areia fina com draga de sucção e recalque - bomba de 746 kW e cortador de 110 kW - distância de recalque de 5.500 a 5.700 m","m³",12.72]
[1917390,"Dragagem de areia fina com draga de sucção e recalque - bomba de 746 kW e cortador de 110 kW - distância de recalque de 5.700 a 5.900 m","m³",13.39]
[1917391,"Dragagem de areia fina com draga de sucção e recalque - bomba de 746 kW e cortador de 110 kW - distância de recalque de 5.900 a 6.100 m","m³",14.11]
[1917364,"Dragagem de areia fina com draga de sucção e recalque - bomba de 746 kW e cortador de 110 kW - distância de recalque de 500 a 700 m","m³",3.33]
[1917392,"Dragagem de areia fina com draga de sucção e recalque - bomba de 746 kW e cortador de 110 kW - distância de recalque de 6.100 a 6.300 m","m³",14.99]
[1917393,"Dragagem de areia fina com draga de sucção e recalque - bomba de 746 kW e cortador de 110 kW - distância de recalque de 6.300 a 6.500 m","m³",15.93]
[1917394,"Dragagem de areia fina com draga de sucção e recalque - bomba de 746 kW e cortador de 110 kW - distância de recalque de 6.500 a 6.700 m","m³",17.260000000000002]
[1917395,"Dragagem de areia fina com draga de sucção e recalque - bomba de 746 kW e cortador de 110 kW - distância de recalque de 6.700 a 6.900 m","m³",18.18]
[1917396,"Dragagem de areia fina com draga de sucção e recalque - bomba de 746 kW e cortador de 110 kW - distância de recalque de 6.900 a 7.100 m","m³",19.239999999999998]
[1917397,"Dragagem de areia fina com draga de sucção e recalque - bomba de 746 kW e cortador de 110 kW - distância de recalque de 7.100 a 7.300 m","m³",20.46]
[1917398,"Dragagem de areia fina com draga de sucção e recalque - bomba de 746 kW e cortador de 110 kW - distância de recalque de 7.300 a 7.500 m","m³",21.53]
[1917399,"Dragagem de areia fina com draga de sucção e recalque - bomba de 746 kW e cortador de 110 kW - distância de recalque de 7.500 a 7.700 m","m³",23.06]
[1917400,"Dragagem de areia fina com draga de sucção e recalque - bomba de 746 kW e cortador de 110 kW - distância de recalque de 7.700 a 7.900 m","m³",24.44]
[1917401,"Dragagem de areia fina com draga de sucção e recalque - bomba de 746 kW e cortador de 110 kW - distância de recalque de 7.900 a 8.100 m","m³",25.69]
[1917365,"Dragagem de areia fina com draga de sucção e recalque - bomba de 746 kW e cortador de 110 kW - distância de recalque de 700 a 900 m","m³",3.67]
[1917402,"Dragagem de areia fina com draga de sucção e recalque - bomba de 746 kW e cortador de 110 kW - distância de recalque de 8.100 a 8.300 m","m³",27.16]
[1917403,"Dragagem de areia fina com draga de sucção e recalque - bomba de 746 kW e cortador de 110 kW - distância de recalque de 8.300 a 8.500 m","m³",28.81]
[1917404,"Dragagem de areia fina com draga de sucção e recalque - bomba de 746 kW e cortador de 110 kW - distância de recalque de 8.500 a 8.700 m","m³",30.52]
[1917405,"Dragagem de areia fina com draga de sucção e recalque - bomba de 746 kW e cortador de 110 kW - distância de recalque de 8.700 a 8.900 m","m³",32.14]
[1917406,"Dragagem de areia fina com draga de sucção e recalque - bomba de 746 kW e cortador de 110 kW - distância de recalque de 8.900 a 9.100 m","m³",33.93]
[1917407,"Dragagem de areia fina com draga de sucção e recalque - bomba de 746 kW e cortador de 110 kW - distância de recalque de 9.100 a 9.300 m","m³",35.99]
[1917408,"Dragagem de areia fina com draga de sucção e recalque - bomba de 746 kW e cortador de 110 kW - distância de recalque de 9.300 a 9.500 m","m³",38.270000000000003]
[1917409,"Dragagem de areia fina com draga de sucção e recalque - bomba de 746 kW e cortador de 110 kW - distância de recalque de 9.500 a 9.700 m","m³",40.119999999999997]
[1917410,"Dragagem de areia fina com draga de sucção e recalque - bomba de 746 kW e cortador de 110 kW - distância de recalque de 9.700 a 9.900 m","m³",41.79]
[1917411,"Dragagem de areia fina com draga de sucção e recalque - bomba de 746 kW e cortador de 110 kW - distância de recalque de 9.900 a 10.100 m","m³",43.68]
[1917366,"Dragagem de areia fina com draga de sucção e recalque - bomba de 746 kW e cortador de 110 kW - distância de recalque de 900 a 1.100 m","m³",3.9]
[1917732,"Dragagem de areia fina com draga de sucção e recalque - bomba de 746 kW e cortador de 110 kW - distância de recalque de até 500 m","m³",3.12]
[1917043,"Dragagem de areia fina com draga hopper - capacidade da cisterna de 1.000 m³ - DMT de 1.500 a 1.800 m","m³",12.01]
[1917044,"Dragagem de areia fina com draga hopper - capacidade da cisterna de 1.000 m³ - DMT de 1.800 a 2.100 m","m³",12.22]
[1917045,"Dragagem de areia fina com draga hopper - capacidade da cisterna de 1.000 m³ - DMT de 2.100 a 2.400 m","m³",12.43]
[1917046,"Dragagem de areia fina com draga hopper - capacidade da cisterna de 1.000 m³ - DMT de 2.400 a 2.700 m","m³",12.66]
[1917047,"Dragagem de areia fina com draga hopper - capacidade da cisterna de 1.000 m³ - DMT de 2.700 a 3.000 m","m³",12.9]
[1917048,"Dragagem de areia fina com draga hopper - capacidade da cisterna de 1.000 m³ - DMT de 3.000 m","m³",13.02]
[1901518,"Dragagem de areia fina com draga hopper - capacidade da cisterna de 10.000 m³ - DMT de 1.500 a 1.800 m","m³",8.0299999999999994]
[1901519,"Dragagem de areia fina com draga hopper - capacidade da cisterna de 10.000 m³ - DMT de 1.800 a 2.100 m","m³",8.09]
[1901520,"Dragagem de areia fina com draga hopper - capacidade da cisterna de 10.000 m³ - DMT de 2.100 a 2.400 m","m³",8.16]
[1901521,"Dragagem de areia fina com draga hopper - capacidade da cisterna de 10.000 m³ - DMT de 2.400 a 2.700 m","m³",8.2200000000000006]
[1901522,"Dragagem de areia fina com draga hopper - capacidade da cisterna de 10.000 m³ - DMT de 2.700 a 3.000 m","m³",8.2899999999999991]
[1901517,"Dragagem de areia fina com draga hopper - capacidade da cisterna de 10.000 m³ - DMT de 3.000 m","m³",8.33]
[1901523,"Dragagem de areia fina com draga hopper - capacidade da cisterna de 15.000 m³ - DMT de 1.500 a 1.800 m","m³",10.67]
[1901524,"Dragagem de areia fina com draga hopper - capacidade da cisterna de 15.000 m³ - DMT de 1.800 a 2.100 m","m³",10.73]
[1901525,"Dragagem de areia fina com draga hopper - capacidade da cisterna de 15.000 m³ - DMT de 2.100 a 2.400 m","m³",10.79]
[1901526,"Dragagem de areia fina com draga hopper - capacidade da cisterna de 15.000 m³ - DMT de 2.400 a 2.700 m","m³",10.85]
[1901527,"Dragagem de areia fina com draga hopper - capacidade da cisterna de 15.000 m³ - DMT de 2.700 a 3.000 m","m³",10.92]
[1901528,"Dragagem de areia fina com draga hopper - capacidade da cisterna de 15.000 m³ - DMT de 3.000 m","m³",10.95]
[1917079,"Dragagem de areia fina com draga hopper - capacidade da cisterna de 2.000 m³ - DMT de 1.500 a 1.800 m","m³",8.44]
[1917080,"Dragagem de areia fina com draga hopper - capacidade da cisterna de 2.000 m³ - DMT de 1.800 a 2.100 m","m³",8.57]
[1917081,"Dragagem de areia fina com draga hopper - capacidade da cisterna de 2.000 m³ - DMT de 2.100 a 2.400 m","m³",8.7100000000000009]
[1917082,"Dragagem de areia fina com draga hopper - capacidade da cisterna de 2.000 m³ - DMT de 2.400 a 2.700 m","m³",8.84]
[1917083,"Dragagem de areia fina com draga hopper - capacidade da cisterna de 2.000 m³ - DMT de 2.700 a 3.000 m","m³",8.99]
[1917084,"Dragagem de areia fina com draga hopper - capacidade da cisterna de 2.000 m³ - DMT de 3.000 m","m³",9.07]
[1901529,"Dragagem de areia fina com draga hopper - capacidade da cisterna de 20.000 m³ - DMT de 1.500 a 1.800 m","m³",13.37]
[1901530,"Dragagem de areia fina com draga hopper - capacidade da cisterna de 20.000 m³ - DMT de 1.800 a 2.100 m","m³",13.42]
[1901531,"Dragagem de areia fina com draga hopper - capacidade da cisterna de 20.000 m³ - DMT de 2.100 a 2.400 m","m³",13.48]
[1901532,"Dragagem de areia fina com draga hopper - capacidade da cisterna de 20.000 m³ - DMT de 2.400 a 2.700 m","m³",13.54]
[1901533,"Dragagem de areia fina com draga hopper - capacidade da cisterna de 20.000 m³ - DMT de 2.700 a 3.000 m","m³",13.61]
[1901534,"Dragagem de areia fina com draga hopper - capacidade da cisterna de 20.000 m³ - DMT de 3.000 m","m³",13.64]
[1917115,"Dragagem de areia fina com draga hopper - capacidade da cisterna de 3.000 m³ - DMT de 1.500 a 1.800 m","m³",8.09]
[1917116,"Dragagem de areia fina com draga hopper - capacidade da cisterna de 3.000 m³ - DMT de 1.800 a 2.100 m","m³",8.19]
[1917117,"Dragagem de areia fina com draga hopper - capacidade da cisterna de 3.000 m³ - DMT de 2.100 a 2.400 m","m³",8.3000000000000007]
[1917118,"Dragagem de areia fina com draga hopper - capacidade da cisterna de 3.000 m³ - DMT de 2.400 a 2.700 m","m³",8.41]
[1917119,"Dragagem de areia fina com draga hopper - capacidade da cisterna de 3.000 m³ - DMT de 2.700 a 3.000 m","m³",8.5299999999999994]
[1917120,"Dragagem de areia fina com draga hopper - capacidade da cisterna de 3.000 m³ - DMT de 3.000 m","m³",8.6]
[1917151,"Dragagem de areia fina com draga hopper - capacidade da cisterna de 4.000 m³ - DMT de 1.500 a 1.800 m","m³",7.7]
[1917152,"Dragagem de areia fina com draga hopper - capacidade da cisterna de 4.000 m³ - DMT de 1.800 a 2.100 m","m³",7.79]
[1917153,"Dragagem de areia fina com draga hopper - capacidade da cisterna de 4.000 m³ - DMT de 2.100 a 2.400 m","m³",7.88]
[1917154,"Dragagem de areia fina com draga hopper - capacidade da cisterna de 4.000 m³ - DMT de 2.400 a 2.700 m","m³",7.98]
[1917155,"Dragagem de areia fina com draga hopper - capacidade da cisterna de 4.000 m³ - DMT de 2.700 a 3.000 m","m³",8.09]
[1917156,"Dragagem de areia fina com draga hopper - capacidade da cisterna de 4.000 m³ - DMT de 3.000 m","m³",8.15]
[1917187,"Dragagem de areia fina com draga hopper - capacidade da cisterna de 5.000 m³ - DMT de 1.500 a 1.800 m","m³",8.56]
[1917188,"Dragagem de areia fina com draga hopper - capacidade da cisterna de 5.000 m³ - DMT de 1.800 a 2.100 m","m³",8.64]
[1917189,"Dragagem de areia fina com draga hopper - capacidade da cisterna de 5.000 m³ - DMT de 2.100 a 2.400 m","m³",8.7200000000000006]
[1917190,"Dragagem de areia fina com draga hopper - capacidade da cisterna de 5.000 m³ - DMT de 2.400 a 2.700 m","m³",8.81]
[1917191,"Dragagem de areia fina com draga hopper - capacidade da cisterna de 5.000 m³ - DMT de 2.700 a 3.000 m","m³",8.9]
[1917192,"Dragagem de areia fina com draga hopper - capacidade da cisterna de 5.000 m³ - DMT de 3.000 m","m³",8.9499999999999993]
[1917007,"Dragagem de areia fina com draga hopper - capacidade da cisterna de 750 m³ - DMT de 1.500 a 1.800 m","m³",16.350000000000001]
[1917008,"Dragagem de areia fina com draga hopper - capacidade da cisterna de 750 m³ - DMT de 1.800 a 2.100 m","m³",16.649999999999999]
[1917009,"Dragagem de areia fina com draga hopper - capacidade da cisterna de 750 m³ - DMT de 2.100 a 2.400 m","m³",16.95]
[1917010,"Dragagem de areia fina com draga hopper - capacidade da cisterna de 750 m³ - DMT de 2.400 a 2.700 m","m³",17.28]
[1917011,"Dragagem de areia fina com draga hopper - capacidade da cisterna de 750 m³ - DMT de 2.700 a 3.000 m","m³",17.62]
[1917012,"Dragagem de areia fina com draga hopper - capacidade da cisterna de 750 m³ - DMT de 3.000 m","m³",17.8]
[1917578,"Dragagem de areia grossa com draga de sucção e recalque - bomba de 1.350 kW e cortador de 170 kW - distância de recalque de 1.100 a 1.300 m","m³",6]
[1917579,"Dragagem de areia grossa com draga de sucção e recalque - bomba de 1.350 kW e cortador de 170 kW - distância de recalque de 1.300 a 1.500 m","m³",6.45]
[1917580,"Dragagem de areia grossa com draga de sucção e recalque - bomba de 1.350 kW e cortador de 170 kW - distância de recalque de 1.500 a 1.700 m","m³",6.84]
[1917581,"Dragagem de areia grossa com draga de sucção e recalque - bomba de 1.350 kW e cortador de 170 kW - distância de recalque de 1.700 a 1.900 m","m³",7.28]
[1917582,"Dragagem de areia grossa com draga de sucção e recalque - bomba de 1.350 kW e cortador de 170 kW - distância de recalque de 1.900 a 2.100 m","m³",7.91]
[1917583,"Dragagem de areia grossa com draga de sucção e recalque - bomba de 1.350 kW e cortador de 170 kW - distância de recalque de 2.100 a 2.300 m","m³",8.4]
[1917584,"Dragagem de areia grossa com draga de sucção e recalque - bomba de 1.350 kW e cortador de 170 kW - distância de recalque de 2.300 a 2.500 m","m³",8.82]
[1917585,"Dragagem de areia grossa com draga de sucção e recalque - bomba de 1.350 kW e cortador de 170 kW - distância de recalque de 2.500 a 2.700 m","m³",9.43]
[1917586,"Dragagem de areia grossa com draga de sucção e recalque - bomba de 1.350 kW e cortador de 170 kW - distância de recalque de 2.700 a 2.900 m","m³",10.33]
[1917587,"Dragagem de areia grossa com draga de sucção e recalque - bomba de 1.350 kW e cortador de 170 kW - distância de recalque de 2.900 a 3.100 m","m³",11]
[1917588,"Dragagem de areia grossa com draga de sucção e recalque - bomba de 1.350 kW e cortador de 170 kW - distância de recalque de 3.100 a 3.300 m","m³",11.75]
[1917589,"Dragagem de areia grossa com draga de sucção e recalque - bomba de 1.350 kW e cortador de 170 kW - distância de recalque de 3.300 a 3.500 m","m³",13.2]
[1917590,"Dragagem de areia grossa com draga de sucção e recalque - bomba de 1.350 kW e cortador de 170 kW - distância de recalque de 3.500 a 3.700 m","m³",15.23]
[1917591,"Dragagem de areia grossa com draga de sucção e recalque - bomba de 1.350 kW e cortador de 170 kW - distância de recalque de 3.700 a 3.900 m","m³",17.02]
[1917592,"Dragagem de areia grossa com draga de sucção e recalque - bomba de 1.350 kW e cortador de 170 kW - distância de recalque de 3.900 a 4.100 m","m³",19.29]
[1917593,"Dragagem de areia grossa com draga de sucção e recalque - bomba de 1.350 kW e cortador de 170 kW - distância de recalque de 4.100 a 4.300 m","m³",21.64]
[1917594,"Dragagem de areia grossa com draga de sucção e recalque - bomba de 1.350 kW e cortador de 170 kW - distância de recalque de 4.300 a 4.500 m","m³",24.52]
[1917595,"Dragagem de areia grossa com draga de sucção e recalque - bomba de 1.350 kW e cortador de 170 kW - distância de recalque de 4.500 a 4.700 m","m³",27.58]
[1917596,"Dragagem de areia grossa com draga de sucção e recalque - bomba de 1.350 kW e cortador de 170 kW - distância de recalque de 4.700 a 4.900 m","m³",30.36]
[1917597,"Dragagem de areia grossa com draga de sucção e recalque - bomba de 1.350 kW e cortador de 170 kW - distância de recalque de 4.900 a 5.100 m","m³",34.19]
[1917598,"Dragagem de areia grossa com draga de sucção e recalque - bomba de 1.350 kW e cortador de 170 kW - distância de recalque de 5.100 a 5.300 m","m³",37.74]
[1917599,"Dragagem de areia grossa com draga de sucção e recalque - bomba de 1.350 kW e cortador de 170 kW - distância de recalque de 5.300 a 5.500 m","m³",41.77]
[1917600,"Dragagem de areia grossa com draga de sucção e recalque - bomba de 1.350 kW e cortador de 170 kW - distância de recalque de 5.500 a 5.700 m","m³",46.93]
[1917601,"Dragagem de areia grossa com draga de sucção e recalque - bomba de 1.350 kW e cortador de 170 kW - distância de recalque de 5.700 a 5.900 m","m³",49.32]
[1917575,"Dragagem de areia grossa com draga de sucção e recalque - bomba de 1.350 kW e cortador de 170 kW - distância de recalque de 500 a 700 m","m³",4.55]
[1917576,"Dragagem de areia grossa com draga de sucção e recalque - bomba de 1.350 kW e cortador de 170 kW - distância de recalque de 700 a 900 m","m³",4.91]
[1917577,"Dragagem de areia grossa com draga de sucção e recalque - bomba de 1.350 kW e cortador de 170 kW - distância de recalque de 900 a 1.100 m","m³",5.36]
[1917739,"Dragagem de areia grossa com draga de sucção e recalque - bomba de 1.350 kW e cortador de 170 kW - distância de recalque de até 500 m","m³",4.4800000000000004]
[1917253,"Dragagem de areia grossa com draga de sucção e recalque - bomba de 294 kW e cortador de 30 kW - distância de recalque de 1.100 a 1.300 m","m³",7.23]
[1917254,"Dragagem de areia grossa com draga de sucção e recalque - bomba de 294 kW e cortador de 30 kW - distância de recalque de 1.300 a 1.500 m","m³",7.75]
[1917255,"Dragagem de areia grossa com draga de sucção e recalque - bomba de 294 kW e cortador de 30 kW - distância de recalque de 1.500 a 1.700 m","m³",8.42]
[1917256,"Dragagem de areia grossa com draga de sucção e recalque - bomba de 294 kW e cortador de 30 kW - distância de recalque de 1.700 a 1.900 m","m³",9.11]
[1917257,"Dragagem de areia grossa com draga de sucção e recalque - bomba de 294 kW e cortador de 30 kW - distância de recalque de 1.900 a 2.100 m","m³",10.08]
[1917258,"Dragagem de areia grossa com draga de sucção e recalque - bomba de 294 kW e cortador de 30 kW - distância de recalque de 2.100 a 2.300 m","m³",11.05]
[1917259,"Dragagem de areia grossa com draga de sucção e recalque - bomba de 294 kW e cortador de 30 kW - distância de recalque de 2.300 a 2.500 m","m³",13.77]
[1917250,"Dragagem de areia grossa com draga de sucção e recalque - bomba de 294 kW e cortador de 30 kW - distância de recalque de 500 a 700 m","m³",5.37]
[1917251,"Dragagem de areia grossa com draga de sucção e recalque - bomba de 294 kW e cortador de 30 kW - distância de recalque de 700 a 900 m","m³",5.7]
[1917252,"Dragagem de areia grossa com draga de sucção e recalque - bomba de 294 kW e cortador de 30 kW - distância de recalque de 900 a 1.100 m","m³",6.39]
[1917726,"Dragagem de areia grossa com draga de sucção e recalque - bomba de 294 kW e cortador de 30 kW - distância de recalque de até 500 m","m³",5.24]
[1917335,"Dragagem de areia grossa com draga de sucção e recalque - bomba de 483 kW e cortador de 55 kW - distância de recalque de 1.100 a 1.300 m","m³",5.35]
[1917336,"Dragagem de areia grossa com draga de sucção e recalque - bomba de 483 kW e cortador de 55 kW - distância de recalque de 1.300 a 1.500 m","m³",6.1]
[1917337,"Dragagem de areia grossa com draga de sucção e recalque - bomba de 483 kW e cortador de 55 kW - distância de recalque de 1.500 a 1.700 m","m³",6.67]
[1917338,"Dragagem de areia grossa com draga de sucção e recalque - bomba de 483 kW e cortador de 55 kW - distância de recalque de 1.700 a 1.900 m","m³",7.39]
[1917339,"Dragagem de areia grossa com draga de sucção e recalque - bomba de 483 kW e cortador de 55 kW - distância de recalque de 1.900 a 2.100 m","m³",8.26]
[1917340,"Dragagem de areia grossa com draga de sucção e recalque - bomba de 483 kW e cortador de 55 kW - distância de recalque de 2.100 a 2.300 m","m³",9.61]
[1917341,"Dragagem de areia grossa com draga de sucção e recalque - bomba de 483 kW e cortador de 55 kW - distância de recalque de 2.300 a 2.500 m","m³",12.19]
[1917342,"Dragagem de areia grossa com draga de sucção e recalque - bomba de 483 kW e cortador de 55 kW - distância de recalque de 2.500 a 2.700 m","m³",15.13]
[1917343,"Dragagem de areia grossa com draga de sucção e recalque - bomba de 483 kW e cortador de 55 kW - distância de recalque de 2.700 a 2.900 m","m³",18.86]
[1917344,"Dragagem de areia grossa com draga de sucção e recalque - bomba de 483 kW e cortador de 55 kW - distância de recalque de 2.900 a 3.100 m","m³",22.82]
[1917345,"Dragagem de areia grossa com draga de sucção e recalque - bomba de 483 kW e cortador de 55 kW - distância de recalque de 3.100 a 3.300 m","m³",28.39]
[1917346,"Dragagem de areia grossa com draga de sucção e recalque - bomba de 483 kW e cortador de 55 kW - distância de recalque de 3.300 a 3.500 m","m³",33.880000000000003]
[1917347,"Dragagem de areia grossa com draga de sucção e recalque - bomba de 483 kW e cortador de 55 kW - distância de recalque de 3.500 a 3.700 m","m³",44.31]
[1917332,"Dragagem de areia grossa com draga de sucção e recalque - bomba de 483 kW e cortador de 55 kW - distância de recalque de 500 a 700 m","m³",4.3]
[1917333,"Dragagem de areia grossa com draga de sucção e recalque - bomba de 483 kW e cortador de 55 kW - distância de recalque de 700 a 900 m","m³",4.62]
[1917334,"Dragagem de areia grossa com draga de sucção e recalque - bomba de 483 kW e cortador de 55 kW - distância de recalque de 900 a 1.100 m","m³",4.93]
[1917331,"Dragagem de areia grossa com draga de sucção e recalque - bomba de 483 kW e cortador de 55 kW - distância de recalque de até 500 m","m³",3.89]
[1917443,"Dragagem de areia grossa com draga de sucção e recalque - bomba de 746 kW e cortador de 110 kW - distância de recalque de 1.100 a 1.300 m","m³",6.01]
[1917444,"Dragagem de areia grossa com draga de sucção e recalque - bomba de 746 kW e cortador de 110 kW - distância de recalque de 1.300 a 1.500 m","m³",6.51]
[1917445,"Dragagem de areia grossa com draga de sucção e recalque - bomba de 746 kW e cortador de 110 kW - distância de recalque de 1.500 a 1.700 m","m³",7.07]
[1917446,"Dragagem de areia grossa com draga de sucção e recalque - bomba de 746 kW e cortador de 110 kW - distância de recalque de 1.700 a 1.900 m","m³",7.64]
[1917447,"Dragagem de areia grossa com draga de sucção e recalque - bomba de 746 kW e cortador de 110 kW - distância de recalque de 1.900 a 2.100 m","m³",8.5399999999999991]
[1917448,"Dragagem de areia grossa com draga de sucção e recalque - bomba de 746 kW e cortador de 110 kW - distância de recalque de 2.100 a 2.300 m","m³",9.26]
[1917449,"Dragagem de areia grossa com draga de sucção e recalque - bomba de 746 kW e cortador de 110 kW - distância de recalque de 2.300 a 2.500 m","m³",10.199999999999999]
[1917450,"Dragagem de areia grossa com draga de sucção e recalque - bomba de 746 kW e cortador de 110 kW - distância de recalque de 2.500 a 2.700 m","m³",11.33]
[1917451,"Dragagem de areia grossa com draga de sucção e recalque - bomba de 746 kW e cortador de 110 kW - distância de recalque de 2.700 a 2.900 m","m³",13.8]
[1917452,"Dragagem de areia grossa com draga de sucção e recalque - bomba de 746 kW e cortador de 110 kW - distância de recalque de 2.900 a 3.100 m","m³",16.2]
[1917453,"Dragagem de areia grossa com draga de sucção e recalque - bomba de 746 kW e cortador de 110 kW - distância de recalque de 3.100 a 3.300 m","m³",19.079999999999998]
[1917454,"Dragagem de areia grossa com draga de sucção e recalque - bomba de 746 kW e cortador de 110 kW - distância de recalque de 3.300 a 3.500 m","m³",22.25]
[1917455,"Dragagem de areia grossa com draga de sucção e recalque - bomba de 746 kW e cortador de 110 kW - distância de recalque de 3.500 a 3.700 m","m³",26.34]
[1917456,"Dragagem de areia grossa com draga de sucção e recalque - bomba de 746 kW e cortador de 110 kW - distância de recalque de 3.700 a 3.900 m","m³",30.72]
[1917457,"Dragagem de areia grossa com draga de sucção e recalque - bomba de 746 kW e cortador de 110 kW - distância de recalque de 3.900 a 4.100 m","m³",34.659999999999997]
[1917458,"Dragagem de areia grossa com draga de sucção e recalque - bomba de 746 kW e cortador de 110 kW - distância de recalque de 4.100 a 4.300 m","m³",39.880000000000003]
[1917459,"Dragagem de areia grossa com draga de sucção e recalque - bomba de 746 kW e cortador de 110 kW - distância de recalque de 4.300 a 4.500 m","m³",42.06]
[1917440,"Dragagem de areia grossa com draga de sucção e recalque - bomba de 746 kW e cortador de 110 kW - distância de recalque de 500 a 700 m","m³",4.1100000000000003]
[1917441,"Dragagem de areia grossa com draga de sucção e recalque - bomba de 746 kW e cortador de 110 kW - distância de recalque de 700 a 900 m","m³",4.67]
[1917442,"Dragagem de areia grossa com draga de sucção e recalque - bomba de 746 kW e cortador de 110 kW - distância de recalque de 900 a 1.100 m","m³",5.23]
[1917734,"Dragagem de areia grossa com draga de sucção e recalque - bomba de 746 kW e cortador de 110 kW - distância de recalque de até 500 m","m³",3.82]
[1917055,"Dragagem de areia grossa com draga hopper - capacidade da cisterna de 1.000 m³ - DMT de 1.500 a 1.800 m","m³",10.94]
[1917056,"Dragagem de areia grossa com draga hopper - capacidade da cisterna de 1.000 m³ - DMT de 1.800 a 2.100 m","m³",11.15]
[1917057,"Dragagem de areia grossa com draga hopper - capacidade da cisterna de 1.000 m³ - DMT de 2.100 a 2.400 m","m³",11.35]
[1917058,"Dragagem de areia grossa com draga hopper - capacidade da cisterna de 1.000 m³ - DMT de 2.400 a 2.700 m","m³",11.57]
[1917059,"Dragagem de areia grossa com draga hopper - capacidade da cisterna de 1.000 m³ - DMT de 2.700 a 3.000 m","m³",11.81]
[1917060,"Dragagem de areia grossa com draga hopper - capacidade da cisterna de 1.000 m³ - DMT de 3.000 m","m³",11.93]
[1901536,"Dragagem de areia grossa com draga hopper - capacidade da cisterna de 10.000 m³ - DMT de 1.500 a 1.800 m","m³",7.22]
[1901537,"Dragagem de areia grossa com draga hopper - capacidade da cisterna de 10.000 m³ - DMT de 1.800 a 2.100 m","m³",7.28]
[1901538,"Dragagem de areia grossa com draga hopper - capacidade da cisterna de 10.000 m³ - DMT de 2.100 a 2.400 m","m³",7.34]
[1901539,"Dragagem de areia grossa com draga hopper - capacidade da cisterna de 10.000 m³ - DMT de 2.400 a 2.700 m","m³",7.4]
[1901540,"Dragagem de areia grossa com draga hopper - capacidade da cisterna de 10.000 m³ - DMT de 2.700 a 3.000 m","m³",7.47]
[1901535,"Dragagem de areia grossa com draga hopper - capacidade da cisterna de 10.000 m³ - DMT de 3.000 m","m³",7.5]
[1901542,"Dragagem de areia grossa com draga hopper - capacidade da cisterna de 15.000 m³ - DMT de 1.500 a 1.800 m","m³",9.5299999999999994]
[1901543,"Dragagem de areia grossa com draga hopper - capacidade da cisterna de 15.000 m³ - DMT de 1.800 a 2.100 m","m³",9.59]
[1901544,"Dragagem de areia grossa com draga hopper - capacidade da cisterna de 15.000 m³ - DMT de 2.100 a 2.400 m","m³",9.64]
[1901545,"Dragagem de areia grossa com draga hopper - capacidade da cisterna de 15.000 m³ - DMT de 2.400 a 2.700 m","m³",9.7100000000000009]
[1901546,"Dragagem de areia grossa com draga hopper - capacidade da cisterna de 15.000 m³ - DMT de 2.700 a 3.000 m","m³",9.77]
[1901541,"Dragagem de areia grossa com draga hopper - capacidade da cisterna de 15.000 m³ - DMT de 3.000 m","m³",9.8000000000000007]
[1917091,"Dragagem de areia grossa com draga hopper - capacidade da cisterna de 2.000 m³ - DMT de 1.500 a 1.800 m","m³",7.68]
[1917092,"Dragagem de areia grossa com draga hopper - capacidade da cisterna de 2.000 m³ - DMT de 1.800 a 2.100 m","m³",7.81]
[1917093,"Dragagem de areia grossa com draga hopper - capacidade da cisterna de 2.000 m³ - DMT de 2.100 a 2.400 m","m³",7.94]
[1917094,"Dragagem de areia grossa com draga hopper - capacidade da cisterna de 2.000 m³ - DMT de 2.400 a 2.700 m","m³",8.07]
[1917095,"Dragagem de areia grossa com draga hopper - capacidade da cisterna de 2.000 m³ - DMT de 2.700 a 3.000 m","m³",8.2200000000000006]
[1917096,"Dragagem de areia grossa com draga hopper - capacidade da cisterna de 2.000 m³ - DMT de 3.000 m","m³",8.2899999999999991]
[1901548,"Dragagem de areia grossa com draga hopper - capacidade da cisterna de 20.000 m³ - DMT de 1.500 a 1.800 m","m³",11.9]
[1901549,"Dragagem de areia grossa com draga hopper - capacidade da cisterna de 20.000 m³ - DMT de 1.800 a 2.100 m","m³",11.95]
[1901550,"Dragagem de areia grossa com draga hopper - capacidade da cisterna de 20.000 m³ - DMT de 2.100 a 2.400 m","m³",12.01]
[1901551,"Dragagem de areia grossa com draga hopper - capacidade da cisterna de 20.000 m³ - DMT de 2.400 a 2.700 m","m³",12.07]
[1901552,"Dragagem de areia grossa com draga hopper - capacidade da cisterna de 20.000 m³ - DMT de 2.700 a 3.000 m","m³",12.13]
[1901547,"Dragagem de areia grossa com draga hopper - capacidade da cisterna de 20.000 m³ - DMT de 3.000 m","m³",12.17]
[1917127,"Dragagem de areia grossa com draga hopper - capacidade da cisterna de 3.000 m³ - DMT de 1.500 a 1.800 m","m³",7.33]
[1917128,"Dragagem de areia grossa com draga hopper - capacidade da cisterna de 3.000 m³ - DMT de 1.800 a 2.100 m","m³",7.43]
[1917129,"Dragagem de areia grossa com draga hopper - capacidade da cisterna de 3.000 m³ - DMT de 2.100 a 2.400 m","m³",7.54]
[1917130,"Dragagem de areia grossa com draga hopper - capacidade da cisterna de 3.000 m³ - DMT de 2.400 a 2.700 m","m³",7.65]
[1917131,"Dragagem de areia grossa com draga hopper - capacidade da cisterna de 3.000 m³ - DMT de 2.700 a 3.000 m","m³",7.77]
[1917132,"Dragagem de areia grossa com draga hopper - capacidade da cisterna de 3.000 m³ - DMT de 3.000 m","m³",7.83]
[1917163,"Dragagem de areia grossa com draga hopper - capacidade da cisterna de 4.000 m³ - DMT de 1.500 a 1.800 m","m³",6.97]
[1917164,"Dragagem de areia grossa com draga hopper - capacidade da cisterna de 4.000 m³ - DMT de 1.800 a 2.100 m","m³",7.06]
[1917165,"Dragagem de areia grossa com draga hopper - capacidade da cisterna de 4.000 m³ - DMT de 2.100 a 2.400 m","m³",7.15]
[1917166,"Dragagem de areia grossa com draga hopper - capacidade da cisterna de 4.000 m³ - DMT de 2.400 a 2.700 m","m³",7.25]
[1917167,"Dragagem de areia grossa com draga hopper - capacidade da cisterna de 4.000 m³ - DMT de 2.700 a 3.000 m","m³",7.35]
[1917168,"Dragagem de areia grossa com draga hopper - capacidade da cisterna de 4.000 m³ - DMT de 3.000 m","m³",7.4]
[1917199,"Dragagem de areia grossa com draga hopper - capacidade da cisterna de 5.000 m³ - DMT de 1.500 a 1.800 m","m³",7.71]
[1917200,"Dragagem de areia grossa com draga hopper - capacidade da cisterna de 5.000 m³ - DMT de 1.800 a 2.100 m","m³",7.79]
[1917201,"Dragagem de areia grossa com draga hopper - capacidade da cisterna de 5.000 m³ - DMT de 2.100 a 2.400 m","m³",7.87]
[1917202,"Dragagem de areia grossa com draga hopper - capacidade da cisterna de 5.000 m³ - DMT de 2.400 a 2.700 m","m³",7.96]
[1917203,"Dragagem de areia grossa com draga hopper - capacidade da cisterna de 5.000 m³ - DMT de 2.700 a 3.000 m","m³",8.0500000000000007]
[1917204,"Dragagem de areia grossa com draga hopper - capacidade da cisterna de 5.000 m³ - DMT de 3.000 m","m³",8.1]
[1917019,"Dragagem de areia grossa com draga hopper - capacidade da cisterna de 750 m³ - DMT de 1.500 a 1.800 m","m³",14.87]
[1917020,"Dragagem de areia grossa com draga hopper - capacidade da cisterna de 750 m³ - DMT de 1.800 a 2.100 m","m³",15.16]
[1917021,"Dragagem de areia grossa com draga hopper - capacidade da cisterna de 750 m³ - DMT de 2.100 a 2.400 m","m³",15.46]
[1917022,"Dragagem de areia grossa com draga hopper - capacidade da cisterna de 750 m³ - DMT de 2.400 a 2.700 m","m³",15.77]
[1917023,"Dragagem de areia grossa com draga hopper - capacidade da cisterna de 750 m³ - DMT de 2.700 a 3.000 m","m³",16.100000000000001]
[1917024,"Dragagem de areia grossa com draga hopper - capacidade da cisterna de 750 m³ - DMT de 3.000 m","m³",16.28]
[1917541,"Dragagem de areia média com draga de sucção e recalque - bomba de 1.350 kW e cortador de 170 kW - distância de recalque de 1.100 a 1.300 m","m³",5.07]
[1917542,"Dragagem de areia média com draga de sucção e recalque - bomba de 1.350 kW e cortador de 170 kW - distância de recalque de 1.300 a 1.500 m","m³",5.7]
[1917543,"Dragagem de areia média com draga de sucção e recalque - bomba de 1.350 kW e cortador de 170 kW - distância de recalque de 1.500 a 1.700 m","m³",6.01]
[1917544,"Dragagem de areia média com draga de sucção e recalque - bomba de 1.350 kW e cortador de 170 kW - distância de recalque de 1.700 a 1.900 m","m³",6.32]
[1917545,"Dragagem de areia média com draga de sucção e recalque - bomba de 1.350 kW e cortador de 170 kW - distância de recalque de 1.900 a 2.100 m","m³",6.72]
[1917546,"Dragagem de areia média com draga de sucção e recalque - bomba de 1.350 kW e cortador de 170 kW - distância de recalque de 2.100 a 2.300 m","m³",7.05]
[1917547,"Dragagem de areia média com draga de sucção e recalque - bomba de 1.350 kW e cortador de 170 kW - distância de recalque de 2.300 a 2.500 m","m³",7.71]
[1917548,"Dragagem de areia média com draga de sucção e recalque - bomba de 1.350 kW e cortador de 170 kW - distância de recalque de 2.500 a 2.700 m","m³",8.1300000000000008]
[1917549,"Dragagem de areia média com draga de sucção e recalque - bomba de 1.350 kW e cortador de 170 kW - distância de recalque de 2.700 a 2.900 m","m³",8.5500000000000007]
[1917550,"Dragagem de areia média com draga de sucção e recalque - bomba de 1.350 kW e cortador de 170 kW - distância de recalque de 2.900 a 3.100 m","m³",9.01]
[1917551,"Dragagem de areia média com draga de sucção e recalque - bomba de 1.350 kW e cortador de 170 kW - distância de recalque de 3.100 a 3.300 m","m³",9.75]
[1917552,"Dragagem de areia média com draga de sucção e recalque - bomba de 1.350 kW e cortador de 170 kW - distância de recalque de 3.300 a 3.500 m","m³",10.25]
[1917553,"Dragagem de areia média com draga de sucção e recalque - bomba de 1.350 kW e cortador de 170 kW - distância de recalque de 3.500 a 3.700 m","m³",10.08]
[1917554,"Dragagem de areia média com draga de sucção e recalque - bomba de 1.350 kW e cortador de 170 kW - distância de recalque de 3.700 a 3.900 m","m³",11.18]
[1917555,"Dragagem de areia média com draga de sucção e recalque - bomba de 1.350 kW e cortador de 170 kW - distância de recalque de 3.900 a 4.100 m","m³",11.71]
[1917556,"Dragagem de areia média com draga de sucção e recalque - bomba de 1.350 kW e cortador de 170 kW - distância de recalque de 4.100 a 4.300 m","m³",12.58]
[1917557,"Dragagem de areia média com draga de sucção e recalque - bomba de 1.350 kW e cortador de 170 kW - distância de recalque de 4.300 a 4.500 m","m³",13.16]
[1917558,"Dragagem de areia média com draga de sucção e recalque - bomba de 1.350 kW e cortador de 170 kW - distância de recalque de 4.500 a 4.700 m","m³",13.98]
[1917559,"Dragagem de areia média com draga de sucção e recalque - bomba de 1.350 kW e cortador de 170 kW - distância de recalque de 4.700 a 4.900 m","m³",15.32]
[1917560,"Dragagem de areia média com draga de sucção e recalque - bomba de 1.350 kW e cortador de 170 kW - distância de recalque de 4.900 a 5.100 m","m³",17.03]
[1917561,"Dragagem de areia média com draga de sucção e recalque - bomba de 1.350 kW e cortador de 170 kW - distância de recalque de 5.100 a 5.300 m","m³",18.7]
[1917562,"Dragagem de areia média com draga de sucção e recalque - bomba de 1.350 kW e cortador de 170 kW - distância de recalque de 5.300 a 5.500 m","m³",20.61]
[1917563,"Dragagem de areia média com draga de sucção e recalque - bomba de 1.350 kW e cortador de 170 kW - distância de recalque de 5.500 a 5.700 m","m³",22.36]
[1917564,"Dragagem de areia média com draga de sucção e recalque - bomba de 1.350 kW e cortador de 170 kW - distância de recalque de 5.700 a 5.900 m","m³",24.25]
[1917565,"Dragagem de areia média com draga de sucção e recalque - bomba de 1.350 kW e cortador de 170 kW - distância de recalque de 5.900 a 6.100 m","m³",26.78]
[1917538,"Dragagem de areia média com draga de sucção e recalque - bomba de 1.350 kW e cortador de 170 kW - distância de recalque de 500 a 700 m","m³",4.1100000000000003]
[1917566,"Dragagem de areia média com draga de sucção e recalque - bomba de 1.350 kW e cortador de 170 kW - distância de recalque de 6.100 a 6.300 m","m³",29.31]
[1917567,"Dragagem de areia média com draga de sucção e recalque - bomba de 1.350 kW e cortador de 170 kW - distância de recalque de 6.300 a 6.500 m","m³",31.98]
[1917568,"Dragagem de areia média com draga de sucção e recalque - bomba de 1.350 kW e cortador de 170 kW - distância de recalque de 6.500 a 6.700 m","m³",34.57]
[1917569,"Dragagem de areia média com draga de sucção e recalque - bomba de 1.350 kW e cortador de 170 kW - distância de recalque de 6.700 a 6.900 m","m³",37.770000000000003]
[1917570,"Dragagem de areia média com draga de sucção e recalque - bomba de 1.350 kW e cortador de 170 kW - distância de recalque de 6.900 a 7.100 m","m³",40.71]
[1917571,"Dragagem de areia média com draga de sucção e recalque - bomba de 1.350 kW e cortador de 170 kW - distância de recalque de 7.100 a 7.300 m","m³",44.18]
[1917572,"Dragagem de areia média com draga de sucção e recalque - bomba de 1.350 kW e cortador de 170 kW - distância de recalque de 7.300 a 7.500 m","m³",48.06]
[1917573,"Dragagem de areia média com draga de sucção e recalque - bomba de 1.350 kW e cortador de 170 kW - distância de recalque de 7.500 a 7.700 m","m³",52.27]
[1917574,"Dragagem de areia média com draga de sucção e recalque - bomba de 1.350 kW e cortador de 170 kW - distância de recalque de 7.700 a 7.900 m","m³",56.17]
[1917539,"Dragagem de areia média com draga de sucção e recalque - bomba de 1.350 kW e cortador de 170 kW - distância de recalque de 700 a 900 m","m³",4.41]
[1917540,"Dragagem de areia média com draga de sucção e recalque - bomba de 1.350 kW e cortador de 170 kW - distância de recalque de 900 a 1.100 m","m³",4.7699999999999996]
[1917738,"Dragagem de areia média com draga de sucção e recalque - bomba de 1.350 kW e cortador de 170 kW - distância de recalque de até 500 m","m³",4.05]
[1917238,"Dragagem de areia média com draga de sucção e recalque - bomba de 294 kW e cortador de 30 kW - distância de recalque de 1.100 a 1.300 m","m³",6.41]
[1917239,"Dragagem de areia média com draga de sucção e recalque - bomba de 294 kW e cortador de 30 kW - distância de recalque de 1.300 a 1.500 m","m³",7.06]
[1917240,"Dragagem de areia média com draga de sucção e recalque - bomba de 294 kW e cortador de 30 kW - distância de recalque de 1.500 a 1.700 m","m³",7.55]
[1917241,"Dragagem de areia média com draga de sucção e recalque - bomba de 294 kW e cortador de 30 kW - distância de recalque de 1.700 a 1.900 m","m³",8.01]
[1917242,"Dragagem de areia média com draga de sucção e recalque - bomba de 294 kW e cortador de 30 kW - distância de recalque de 1.900 a 2.100 m","m³",8.4600000000000009]
[1917243,"Dragagem de areia média com draga de sucção e recalque - bomba de 294 kW e cortador de 30 kW - distância de recalque de 2.100 a 2.300 m","m³",8.8800000000000008]
[1917244,"Dragagem de areia média com draga de sucção e recalque - bomba de 294 kW e cortador de 30 kW - distância de recalque de 2.300 a 2.500 m","m³",9.5]
[1917245,"Dragagem de areia média com draga de sucção e recalque - bomba de 294 kW e cortador de 30 kW - distância de recalque de 2.500 a 2.700 m","m³",10.01]
[1917246,"Dragagem de areia média com draga de sucção e recalque - bomba de 294 kW e cortador de 30 kW - distância de recalque de 2.700 a 2.900 m","m³",10.56]
[1917247,"Dragagem de areia média com draga de sucção e recalque - bomba de 294 kW e cortador de 30 kW - distância de recalque de 2.900 a 3.100 m","m³",11.45]
[1917248,"Dragagem de areia média com draga de sucção e recalque - bomba de 294 kW e cortador de 30 kW - distância de recalque de 3.100 a 3.300 m","m³",13.13]
[1917249,"Dragagem de areia média com draga de sucção e recalque - bomba de 294 kW e cortador de 30 kW - distância de recalque de 3.300 a 3.500 m","m³",15.73]
[1917235,"Dragagem de areia média com draga de sucção e recalque - bomba de 294 kW e cortador de 30 kW - distância de recalque de 500 a 700 m","m³",5.0599999999999996]
[1917236,"Dragagem de areia média com draga de sucção e recalque - bomba de 294 kW e cortador de 30 kW - distância de recalque de 700 a 900 m","m³",5.42]
[1917237,"Dragagem de areia média com draga de sucção e recalque - bomba de 294 kW e cortador de 30 kW - distância de recalque de 900 a 1.100 m","m³",5.86]
[1917725,"Dragagem de areia média com draga de sucção e recalque - bomba de 294 kW e cortador de 30 kW - distância de recalque de até 500 m","m³",4.93]
[1917311,"Dragagem de areia média com draga de sucção e recalque - bomba de 483 kW e cortador de 55 kW - distância de recalque de 1.100 a 1.300 m","m³",5.09]
[1917312,"Dragagem de areia média com draga de sucção e recalque - bomba de 483 kW e cortador de 55 kW - distância de recalque de 1.300 a 1.500 m","m³",5.77]
[1917313,"Dragagem de areia média com draga de sucção e recalque - bomba de 483 kW e cortador de 55 kW - distância de recalque de 1.500 a 1.700 m","m³",6.23]
[1917314,"Dragagem de areia média com draga de sucção e recalque - bomba de 483 kW e cortador de 55 kW - distância de recalque de 1.700 a 1.900 m","m³",6.65]
[1917315,"Dragagem de areia média com draga de sucção e recalque - bomba de 483 kW e cortador de 55 kW - distância de recalque de 1.900 a 2.100 m","m³",7.17]
[1917316,"Dragagem de areia média com draga de sucção e recalque - bomba de 483 kW e cortador de 55 kW - distância de recalque de 2.100 a 2.300 m","m³",7.67]
[1917317,"Dragagem de areia média com draga de sucção e recalque - bomba de 483 kW e cortador de 55 kW - distância de recalque de 2.300 a 2.500 m","m³",8.4600000000000009]
[1917318,"Dragagem de areia média com draga de sucção e recalque - bomba de 483 kW e cortador de 55 kW - distância de recalque de 2.500 a 2.700 m","m³",9.16]
[1917319,"Dragagem de areia média com draga de sucção e recalque - bomba de 483 kW e cortador de 55 kW - distância de recalque de 2.700 a 2.900 m","m³",9.8000000000000007]
[1917320,"Dragagem de areia média com draga de sucção e recalque - bomba de 483 kW e cortador de 55 kW - distância de recalque de 2.900 a 3.100 m","m³",10.51]
[1917321,"Dragagem de areia média com draga de sucção e recalque - bomba de 483 kW e cortador de 55 kW - distância de recalque de 3.100 a 3.300 m","m³",12.81]
[1917322,"Dragagem de areia média com draga de sucção e recalque - bomba de 483 kW e cortador de 55 kW - distância de recalque de 3.300 a 3.500 m","m³",14.81]
[1917323,"Dragagem de areia média com draga de sucção e recalque - bomba de 483 kW e cortador de 55 kW - distância de recalque de 3.500 a 3.700 m","m³",17.38]
[1917324,"Dragagem de areia média com draga de sucção e recalque - bomba de 483 kW e cortador de 55 kW - distância de recalque de 3.700 a 3.900 m","m³",20.09]
[1917325,"Dragagem de areia média com draga de sucção e recalque - bomba de 483 kW e cortador de 55 kW - distância de recalque de 3.900 a 4.100 m","m³",23.3]
[1917326,"Dragagem de areia média com draga de sucção e recalque - bomba de 483 kW e cortador de 55 kW - distância de recalque de 4.100 a 4.300 m","m³",27.65]
[1917327,"Dragagem de areia média com draga de sucção e recalque - bomba de 483 kW e cortador de 55 kW - distância de recalque de 4.300 a 4.500 m","m³",32.07]
[1917328,"Dragagem de areia média com draga de sucção e recalque - bomba de 483 kW e cortador de 55 kW - distância de recalque de 4.500 a 4.700 m","m³",37.159999999999997]
[1917329,"Dragagem de areia média com draga de sucção e recalque - bomba de 483 kW e cortador de 55 kW - distância de recalque de 4.700 a 4.900 m","m³",40.68]
[1917330,"Dragagem de areia média com draga de sucção e recalque - bomba de 483 kW e cortador de 55 kW - distância de recalque de 4.900 a 5.100 m","m³",45.02]
[1917308,"Dragagem de areia média com draga de sucção e recalque - bomba de 483 kW e cortador de 55 kW - distância de recalque de 500 a 700 m","m³",4.1100000000000003]
[1917309,"Dragagem de areia média com draga de sucção e recalque - bomba de 483 kW e cortador de 55 kW - distância de recalque de 700 a 900 m","m³",4.3899999999999997]
[1917310,"Dragagem de areia média com draga de sucção e recalque - bomba de 483 kW e cortador de 55 kW - distância de recalque de 900 a 1.100 m","m³",4.7]
[1917730,"Dragagem de areia média com draga de sucção e recalque - bomba de 483 kW e cortador de 55 kW - distância de recalque de até 500 m","m³",4.0599999999999996]
[1917415,"Dragagem de areia média com draga de sucção e recalque - bomba de 746 kW e cortador de 110 kW - distância de recalque de 1.100 a 1.300 m","m³",5.08]
[1917416,"Dragagem de areia média com draga de sucção e recalque - bomba de 746 kW e cortador de 110 kW - distância de recalque de 1.300 a 1.500 m","m³",5.74]
[1917417,"Dragagem de areia média com draga de sucção e recalque - bomba de 746 kW e cortador de 110 kW - distância de recalque de 1.500 a 1.700 m","m³",6.17]
[1917418,"Dragagem de areia média com draga de sucção e recalque - bomba de 746 kW e cortador de 110 kW - distância de recalque de 1.700 a 1.900 m","m³",6.58]
[1917419,"Dragagem de areia média com draga de sucção e recalque - bomba de 746 kW e cortador de 110 kW - distância de recalque de 1.900 a 2.100 m","m³",6.93]
[1917420,"Dragagem de areia média com draga de sucção e recalque - bomba de 746 kW e cortador de 110 kW - distância de recalque de 2.100 a 2.300 m","m³",7.35]
[1917421,"Dragagem de areia média com draga de sucção e recalque - bomba de 746 kW e cortador de 110 kW - distância de recalque de 2.300 a 2.500 m","m³",8.0399999999999991]
[1917422,"Dragagem de areia média com draga de sucção e recalque - bomba de 746 kW e cortador de 110 kW - distância de recalque de 2.500 a 2.700 m","m³",8.4499999999999993]
[1917423,"Dragagem de areia média com draga de sucção e recalque - bomba de 746 kW e cortador de 110 kW - distância de recalque de 2.700 a 2.900 m","m³",8.8699999999999992]
[1917424,"Dragagem de areia média com draga de sucção e recalque - bomba de 746 kW e cortador de 110 kW - distância de recalque de 2.900 a 3.100 m","m³",9.2899999999999991]
[1917425,"Dragagem de areia média com draga de sucção e recalque - bomba de 746 kW e cortador de 110 kW - distância de recalque de 3.100 a 3.300 m","m³",10.130000000000001]
[1917426,"Dragagem de areia média com draga de sucção e recalque - bomba de 746 kW e cortador de 110 kW - distância de recalque de 3.300 a 3.500 m","m³",10.98]
[1917427,"Dragagem de areia média com draga de sucção e recalque - bomba de 746 kW e cortador de 110 kW - distância de recalque de 3.500 a 3.700 m","m³",12.48]
[1917428,"Dragagem de areia média com draga de sucção e recalque - bomba de 746 kW e cortador de 110 kW - distância de recalque de 3.700 a 3.900 m","m³",14.24]
[1917429,"Dragagem de areia média com draga de sucção e recalque - bomba de 746 kW e cortador de 110 kW - distância de recalque de 3.900 a 4.100 m","m³",16.07]
[1917430,"Dragagem de areia média com draga de sucção e recalque - bomba de 746 kW e cortador de 110 kW - distância de recalque de 4.100 a 4.300 m","m³",18.54]
[1917431,"Dragagem de areia média com draga de sucção e recalque - bomba de 746 kW e cortador de 110 kW - distância de recalque de 4.300 a 4.500 m","m³",20.7]
[1917432,"Dragagem de areia média com draga de sucção e recalque - bomba de 746 kW e cortador de 110 kW - distância de recalque de 4.500 a 4.700 m","m³",23.47]
[1917433,"Dragagem de areia média com draga de sucção e recalque - bomba de 746 kW e cortador de 110 kW - distância de recalque de 4.700 a 4.900 m","m³",26.33]
[1917434,"Dragagem de areia média com draga de sucção e recalque - bomba de 746 kW e cortador de 110 kW - distância de recalque de 4.900 a 5.100 m","m³",29.75]
[1917435,"Dragagem de areia média com draga de sucção e recalque - bomba de 746 kW e cortador de 110 kW - distância de recalque de 5.100 a 5.300 m","m³",33.81]
[1917436,"Dragagem de areia média com draga de sucção e recalque - bomba de 746 kW e cortador de 110 kW - distância de recalque de 5.300 a 5.500 m","m³",37.49]
[1917437,"Dragagem de areia média com draga de sucção e recalque - bomba de 746 kW e cortador de 110 kW - distância de recalque de 5.500 a 5.700 m","m³",42.21]
[1917438,"Dragagem de areia média com draga de sucção e recalque - bomba de 746 kW e cortador de 110 kW - distância de recalque de 5.700 a 5.900 m","m³",45.52]
[1917439,"Dragagem de areia média com draga de sucção e recalque - bomba de 746 kW e cortador de 110 kW - distância de recalque de 5.900 a 6.100 m","m³",48.51]
[1917412,"Dragagem de areia média com draga de sucção e recalque - bomba de 746 kW e cortador de 110 kW - distância de recalque de 500 a 700 m","m³",3.77]
[1917413,"Dragagem de areia média com draga de sucção e recalque - bomba de 746 kW e cortador de 110 kW - distância de recalque de 700 a 900 m","m³",4.24]
[1917414,"Dragagem de areia média com draga de sucção e recalque - bomba de 746 kW e cortador de 110 kW - distância de recalque de 900 a 1.100 m","m³",4.71]
[1917733,"Dragagem de areia média com draga de sucção e recalque - bomba de 746 kW e cortador de 110 kW - distância de recalque de até 500 m","m³",3.53]
[1917049,"Dragagem de areia média com draga hopper - capacidade da cisterna de 1.000 m³ - DMT de 1.500 a 1.800 m","m³",11.3]
[1917050,"Dragagem de areia média com draga hopper - capacidade da cisterna de 1.000 m³ - DMT de 1.800 a 2.100 m","m³",11.51]
[1917051,"Dragagem de areia média com draga hopper - capacidade da cisterna de 1.000 m³ - DMT de 2.100 a 2.400 m","m³",11.72]
[1917052,"Dragagem de areia média com draga hopper - capacidade da cisterna de 1.000 m³ - DMT de 2.400 a 2.700 m","m³",11.94]
[1917053,"Dragagem de areia média com draga hopper - capacidade da cisterna de 1.000 m³ - DMT de 2.700 a 3.000 m","m³",12.18]
[1917054,"Dragagem de areia média com draga hopper - capacidade da cisterna de 1.000 m³ - DMT de 3.000 m","m³",12.3]
[1901553,"Dragagem de areia média com draga hopper - capacidade da cisterna de 10.000 m³ - DMT de 1.500 a 1.800 m","m³",7.49]
[1901554,"Dragagem de areia média com draga hopper - capacidade da cisterna de 10.000 m³ - DMT de 1.800 a 2.100 m","m³",7.55]
[1901555,"Dragagem de areia média com draga hopper - capacidade da cisterna de 10.000 m³ - DMT de 2.100 a 2.400 m","m³",7.61]
[1901556,"Dragagem de areia média com draga hopper - capacidade da cisterna de 10.000 m³ - DMT de 2.400 a 2.700 m","m³",7.68]
[1901557,"Dragagem de areia média com draga hopper - capacidade da cisterna de 10.000 m³ - DMT de 2.700 a 3.000 m","m³",7.75]
[1901558,"Dragagem de areia média com draga hopper - capacidade da cisterna de 10.000 m³ - DMT de 3.000 m","m³",7.78]
[1901560,"Dragagem de areia média com draga hopper - capacidade da cisterna de 15.000 m³ - DMT de 1.500 a 1.800 m","m³",9.91]
[1901561,"Dragagem de areia média com draga hopper - capacidade da cisterna de 15.000 m³ - DMT de 1.800 a 2.100 m","m³",9.9700000000000006]
[1901562,"Dragagem de areia média com draga hopper - capacidade da cisterna de 15.000 m³ - DMT de 2.100 a 2.400 m","m³",10.029999999999999]
[1901563,"Dragagem de areia média com draga hopper - capacidade da cisterna de 15.000 m³ - DMT de 2.400 a 2.700 m","m³",10.09]
[1901564,"Dragagem de areia média com draga hopper - capacidade da cisterna de 15.000 m³ - DMT de 2.700 a 3.000 m","m³",10.16]
[1901559,"Dragagem de areia média com draga hopper - capacidade da cisterna de 15.000 m³ - DMT de 3.000 m","m³",10.19]
[1917085,"Dragagem de areia média com draga hopper - capacidade da cisterna de 2.000 m³ - DMT de 1.500 a 1.800 m","m³",7.94]
[1917086,"Dragagem de areia média com draga hopper - capacidade da cisterna de 2.000 m³ - DMT de 1.800 a 2.100 m","m³",8.07]
[1917087,"Dragagem de areia média com draga hopper - capacidade da cisterna de 2.000 m³ - DMT de 2.100 a 2.400 m","m³",8.1999999999999993]
[1917088,"Dragagem de areia média com draga hopper - capacidade da cisterna de 2.000 m³ - DMT de 2.400 a 2.700 m","m³",8.33]
[1917089,"Dragagem de areia média com draga hopper - capacidade da cisterna de 2.000 m³ - DMT de 2.700 a 3.000 m","m³",8.48]
[1917090,"Dragagem de areia média com draga hopper - capacidade da cisterna de 2.000 m³ - DMT de 3.000 m","m³",8.56]
[1901566,"Dragagem de areia média com draga hopper - capacidade da cisterna de 20.000 m³ - DMT de 1.500 a 1.800 m","m³",12.39]
[1901567,"Dragagem de areia média com draga hopper - capacidade da cisterna de 20.000 m³ - DMT de 1.800 a 2.100 m","m³",12.45]
[1901568,"Dragagem de areia média com draga hopper - capacidade da cisterna de 20.000 m³ - DMT de 2.100 a 2.400 m","m³",12.5]
[1901569,"Dragagem de areia média com draga hopper - capacidade da cisterna de 20.000 m³ - DMT de 2.400 a 2.700 m","m³",12.56]
[1901570,"Dragagem de areia média com draga hopper - capacidade da cisterna de 20.000 m³ - DMT de 2.700 a 3.000 m","m³",12.63]
[1901565,"Dragagem de areia média com draga hopper - capacidade da cisterna de 20.000 m³ - DMT de 3.000 m","m³",12.66]
[1917121,"Dragagem de areia média com draga hopper - capacidade da cisterna de 3.000 m³ - DMT de 1.500 a 1.800 m","m³",7.59]
[1917122,"Dragagem de areia média com draga hopper - capacidade da cisterna de 3.000 m³ - DMT de 1.800 a 2.100 m","m³",7.69]
[1917123,"Dragagem de areia média com draga hopper - capacidade da cisterna de 3.000 m³ - DMT de 2.100 a 2.400 m","m³",7.8]
[1917124,"Dragagem de areia média com draga hopper - capacidade da cisterna de 3.000 m³ - DMT de 2.400 a 2.700 m","m³",7.91]
[1917125,"Dragagem de areia média com draga hopper - capacidade da cisterna de 3.000 m³ - DMT de 2.700 a 3.000 m","m³",8.0299999999999994]
[1917126,"Dragagem de areia média com draga hopper - capacidade da cisterna de 3.000 m³ - DMT de 3.000 m","m³",8.09]
[1917157,"Dragagem de areia média com draga hopper - capacidade da cisterna de 4.000 m³ - DMT de 1.500 a 1.800 m","m³",7.21]
[1917158,"Dragagem de areia média com draga hopper - capacidade da cisterna de 4.000 m³ - DMT de 1.800 a 2.100 m","m³",7.3]
[1917159,"Dragagem de areia média com draga hopper - capacidade da cisterna de 4.000 m³ - DMT de 2.100 a 2.400 m","m³",7.4]
[1917160,"Dragagem de areia média com draga hopper - capacidade da cisterna de 4.000 m³ - DMT de 2.400 a 2.700 m","m³",7.5]
[1917161,"Dragagem de areia média com draga hopper - capacidade da cisterna de 4.000 m³ - DMT de 2.700 a 3.000 m","m³",7.6]
[1917162,"Dragagem de areia média com draga hopper - capacidade da cisterna de 4.000 m³ - DMT de 3.000 m","m³",7.66]
[1917193,"Dragagem de areia média com draga hopper - capacidade da cisterna de 5.000 m³ - DMT de 1.500 a 1.800 m","m³",8]
[1917194,"Dragagem de areia média com draga hopper - capacidade da cisterna de 5.000 m³ - DMT de 1.800 a 2.100 m","m³",8.08]
[1917195,"Dragagem de areia média com draga hopper - capacidade da cisterna de 5.000 m³ - DMT de 2.100 a 2.400 m","m³",8.16]
[1917196,"Dragagem de areia média com draga hopper - capacidade da cisterna de 5.000 m³ - DMT de 2.400 a 2.700 m","m³",8.25]
[1917197,"Dragagem de areia média com draga hopper - capacidade da cisterna de 5.000 m³ - DMT de 2.700 a 3.000 m","m³",8.34]
[1917198,"Dragagem de areia média com draga hopper - capacidade da cisterna de 5.000 m³ - DMT de 3.000 m","m³",8.39]
[1917013,"Dragagem de areia média com draga hopper - capacidade da cisterna de 750 m³ - DMT de 1.500 a 1.800 m","m³",15.37]
[1917014,"Dragagem de areia média com draga hopper - capacidade da cisterna de 750 m³ - DMT de 1.800 a 2.100 m","m³",15.67]
[1917015,"Dragagem de areia média com draga hopper - capacidade da cisterna de 750 m³ - DMT de 2.100 a 2.400 m","m³",15.97]
[1917016,"Dragagem de areia média com draga hopper - capacidade da cisterna de 750 m³ - DMT de 2.400 a 2.700 m","m³",16.29]
[1917017,"Dragagem de areia média com draga hopper - capacidade da cisterna de 750 m³ - DMT de 2.700 a 3.000 m","m³",16.62]
[1917018,"Dragagem de areia média com draga hopper - capacidade da cisterna de 750 m³ - DMT de 3.000 m","m³",16.8]
[1917623,"Dragagem de cascalho com draga de sucção e recalque - bomba de 1.350 kW e cortador de 170 kW - distância de recalque de 1.100 a 1.300 m","m³",17.25]
[1917624,"Dragagem de cascalho com draga de sucção e recalque - bomba de 1.350 kW e cortador de 170 kW - distância de recalque de 1.300 a 1.500 m","m³",21.69]
[1917625,"Dragagem de cascalho com draga de sucção e recalque - bomba de 1.350 kW e cortador de 170 kW - distância de recalque de 1.500 a 1.700 m","m³",27.16]
[1917626,"Dragagem de cascalho com draga de sucção e recalque - bomba de 1.350 kW e cortador de 170 kW - distância de recalque de 1.700 a 1.900 m","m³",33.15]
[1917627,"Dragagem de cascalho com draga de sucção e recalque - bomba de 1.350 kW e cortador de 170 kW - distância de recalque de 1.900 a 2.100 m","m³",39.79]
[1917628,"Dragagem de cascalho com draga de sucção e recalque - bomba de 1.350 kW e cortador de 170 kW - distância de recalque de 2.100 a 2.300 m","m³",46.53]
[1917620,"Dragagem de cascalho com draga de sucção e recalque - bomba de 1.350 kW e cortador de 170 kW - distância de recalque de 500 a 700 m","m³",8.09]
[1917621,"Dragagem de cascalho com draga de sucção e recalque - bomba de 1.350 kW e cortador de 170 kW - distância de recalque de 700 a 900 m","m³",9.4700000000000006]
[1917622,"Dragagem de cascalho com draga de sucção e recalque - bomba de 1.350 kW e cortador de 170 kW - distância de recalque de 900 a 1.100 m","m³",11.83]
[1917741,"Dragagem de cascalho com draga de sucção e recalque - bomba de 1.350 kW e cortador de 170 kW - distância de recalque de até 500 m","m³",7.51]
[1917269,"Dragagem de cascalho com draga de sucção e recalque - bomba de 294 kW e cortador de 30 kW - distância de recalque de 1.100 a 1.300 m","m³",20.98]
[1917270,"Dragagem de cascalho com draga de sucção e recalque - bomba de 294 kW e cortador de 30 kW - distância de recalque de 1.300 a 1.500 m","m³",28.31]
[1917266,"Dragagem de cascalho com draga de sucção e recalque - bomba de 294 kW e cortador de 30 kW - distância de recalque de 500 a 700 m","m³",6.87]
[1917267,"Dragagem de cascalho com draga de sucção e recalque - bomba de 294 kW e cortador de 30 kW - distância de recalque de 700 a 900 m","m³",9.9700000000000006]
[1917268,"Dragagem de cascalho com draga de sucção e recalque - bomba de 294 kW e cortador de 30 kW - distância de recalque de 900 a 1.100 m","m³",15.22]
[1917728,"Dragagem de cascalho com draga de sucção e recalque - bomba de 294 kW e cortador de 30 kW - distância de recalque de até 500 m","m³",6.34]
[1917358,"Dragagem de cascalho com draga de sucção e recalque - bomba de 483 kW e cortador de 55 kW - distância de recalque até 500 m","m³",6.42]
[1917362,"Dragagem de cascalho com draga de sucção e recalque - bomba de 483 kW e cortador de 55 kW - distância de recalque de 1.100 a 1.300 m","m³",30.8]
[1917363,"Dragagem de cascalho com draga de sucção e recalque - bomba de 483 kW e cortador de 55 kW - distância de recalque de 1.300 a 1.500 m","m³",37.58]
[1917359,"Dragagem de cascalho com draga de sucção e recalque - bomba de 483 kW e cortador de 55 kW - distância de recalque de 500 a 700 m","m³",9.07]
[1917360,"Dragagem de cascalho com draga de sucção e recalque - bomba de 483 kW e cortador de 55 kW - distância de recalque de 700 a 900 m","m³",14.79]
[1917361,"Dragagem de cascalho com draga de sucção e recalque - bomba de 483 kW e cortador de 55 kW - distância de recalque de 900 a 1.100 m","m³",22.1]
[1917476,"Dragagem de cascalho com draga de sucção e recalque - bomba de 746 kW e cortador de 110 kW - distância de recalque de 1.100 a 1.300 m","m³",23]
[1917477,"Dragagem de cascalho com draga de sucção e recalque - bomba de 746 kW e cortador de 110 kW - distância de recalque de 1.300 a 1.500 m","m³",29.58]
[1917478,"Dragagem de cascalho com draga de sucção e recalque - bomba de 746 kW e cortador de 110 kW - distância de recalque de 1.500 a 1.700 m","m³",37.979999999999997]
[1917479,"Dragagem de cascalho com draga de sucção e recalque - bomba de 746 kW e cortador de 110 kW - distância de recalque de 1.700 a 1.900 m","m³",41.38]
[1917473,"Dragagem de cascalho com draga de sucção e recalque - bomba de 746 kW e cortador de 110 kW - distância de recalque de 500 a 700 m","m³",10.51]
[1917474,"Dragagem de cascalho com draga de sucção e recalque - bomba de 746 kW e cortador de 110 kW - distância de recalque de 700 a 900 m","m³",13.54]
[1917475,"Dragagem de cascalho com draga de sucção e recalque - bomba de 746 kW e cortador de 110 kW - distância de recalque de 900 a 1.100 m","m³",17.38]
[1917736,"Dragagem de cascalho com draga de sucção e recalque - bomba de 746 kW e cortador de 110 kW - distância de recalque de até 500 m","m³",7.68]
[1917067,"Dragagem de cascalho com draga hopper - capacidade da cisterna de 1.000 m³ - DMT de 1.500 a 1.800 m","m³",10.56]
[1917068,"Dragagem de cascalho com draga hopper - capacidade da cisterna de 1.000 m³ - DMT de 1.800 a 2.100 m","m³",10.77]
[1917069,"Dragagem de cascalho com draga hopper - capacidade da cisterna de 1.000 m³ - DMT de 2.100 a 2.400 m","m³",10.99]
[1917070,"Dragagem de cascalho com draga hopper - capacidade da cisterna de 1.000 m³ - DMT de 2.400 a 2.700 m","m³",11.21]
[1917071,"Dragagem de cascalho com draga hopper - capacidade da cisterna de 1.000 m³ - DMT de 2.700 a 3.000 m","m³",11.45]
[1917072,"Dragagem de cascalho com draga hopper - capacidade da cisterna de 1.000 m³ - DMT de 3.000 m","m³",11.58]
[1901572,"Dragagem de cascalho com draga hopper - capacidade da cisterna de 10.000 m³ - DMT de 1.500 a 1.800 m","m³",6.86]
[1901573,"Dragagem de cascalho com draga hopper - capacidade da cisterna de 10.000 m³ - DMT de 1.800 a 2.100 m","m³",6.92]
[1901574,"Dragagem de cascalho com draga hopper - capacidade da cisterna de 10.000 m³ - DMT de 2.100 a 2.400 m","m³",6.98]
[1901575,"Dragagem de cascalho com draga hopper - capacidade da cisterna de 10.000 m³ - DMT de 2.400 a 2.700 m","m³",7.05]
[1901576,"Dragagem de cascalho com draga hopper - capacidade da cisterna de 10.000 m³ - DMT de 2.700 a 3.000 m","m³",7.12]
[1901571,"Dragagem de cascalho com draga hopper - capacidade da cisterna de 10.000 m³ - DMT de 3.000 m","m³",7.15]
[1901578,"Dragagem de cascalho com draga hopper - capacidade da cisterna de 15.000 m³ - DMT de 1.500 a 1.800 m","m³",8.99]
[1901579,"Dragagem de cascalho com draga hopper - capacidade da cisterna de 15.000 m³ - DMT de 1.800 a 2.100 m","m³",9.0500000000000007]
[1901580,"Dragagem de cascalho com draga hopper - capacidade da cisterna de 15.000 m³ - DMT de 2.100 a 2.400 m","m³",9.11]
[1901581,"Dragagem de cascalho com draga hopper - capacidade da cisterna de 15.000 m³ - DMT de 2.400 a 2.700 m","m³",9.17]
[1901582,"Dragagem de cascalho com draga hopper - capacidade da cisterna de 15.000 m³ - DMT de 2.700 a 3.000 m","m³",9.24]
[1901577,"Dragagem de cascalho com draga hopper - capacidade da cisterna de 15.000 m³ - DMT de 3.000 m","m³",9.2799999999999994]
[1917103,"Dragagem de cascalho com draga hopper - capacidade da cisterna de 2.000 m³ - DMT de 1.500 a 1.800 m","m³",7.4]
[1917104,"Dragagem de cascalho com draga hopper - capacidade da cisterna de 2.000 m³ - DMT de 1.800 a 2.100 m","m³",7.53]
[1917105,"Dragagem de cascalho com draga hopper - capacidade da cisterna de 2.000 m³ - DMT de 2.100 a 2.400 m","m³",7.67]
[1917106,"Dragagem de cascalho com draga hopper - capacidade da cisterna de 2.000 m³ - DMT de 2.400 a 2.700 m","m³",7.81]
[1917107,"Dragagem de cascalho com draga hopper - capacidade da cisterna de 2.000 m³ - DMT de 2.700 a 3.000 m","m³",7.95]
[1917108,"Dragagem de cascalho com draga hopper - capacidade da cisterna de 2.000 m³ - DMT de 3.000 m","m³",8.0299999999999994]
[1901583,"Dragagem de cascalho com draga hopper - capacidade da cisterna de 20.000 m³ - DMT de 1.500 a 1.800 m","m³",11.19]
[1901584,"Dragagem de cascalho com draga hopper - capacidade da cisterna de 20.000 m³ - DMT de 1.800 a 2.100 m","m³",11.24]
[1901585,"Dragagem de cascalho com draga hopper - capacidade da cisterna de 20.000 m³ - DMT de 2.100 a 2.400 m","m³",11.3]
[1901586,"Dragagem de cascalho com draga hopper - capacidade da cisterna de 20.000 m³ - DMT de 2.400 a 2.700 m","m³",11.36]
[1901587,"Dragagem de cascalho com draga hopper - capacidade da cisterna de 20.000 m³ - DMT de 2.700 a 3.000 m","m³",11.43]
[1901588,"Dragagem de cascalho com draga hopper - capacidade da cisterna de 20.000 m³ - DMT de 3.000 m","m³",11.46]
[1917139,"Dragagem de cascalho com draga hopper - capacidade da cisterna de 3.000 m³ - DMT de 1.500 a 1.800 m","m³",7.03]
[1917140,"Dragagem de cascalho com draga hopper - capacidade da cisterna de 3.000 m³ - DMT de 1.800 a 2.100 m","m³",7.14]
[1917141,"Dragagem de cascalho com draga hopper - capacidade da cisterna de 3.000 m³ - DMT de 2.100 a 2.400 m","m³",7.25]
[1917142,"Dragagem de cascalho com draga hopper - capacidade da cisterna de 3.000 m³ - DMT de 2.400 a 2.700 m","m³",7.36]
[1917143,"Dragagem de cascalho com draga hopper - capacidade da cisterna de 3.000 m³ - DMT de 2.700 a 3.000 m","m³",7.49]
[1917144,"Dragagem de cascalho com draga hopper - capacidade da cisterna de 3.000 m³ - DMT de 3.000 m","m³",7.55]
[1917175,"Dragagem de cascalho com draga hopper - capacidade da cisterna de 4.000 m³ - DMT de 1.500 a 1.800 m","m³",6.67]
[1917176,"Dragagem de cascalho com draga hopper - capacidade da cisterna de 4.000 m³ - DMT de 1.800 a 2.100 m","m³",6.77]
[1917177,"Dragagem de cascalho com draga hopper - capacidade da cisterna de 4.000 m³ - DMT de 2.100 a 2.400 m","m³",6.86]
[1917178,"Dragagem de cascalho com draga hopper - capacidade da cisterna de 4.000 m³ - DMT de 2.400 a 2.700 m","m³",6.96]
[1917179,"Dragagem de cascalho com draga hopper - capacidade da cisterna de 4.000 m³ - DMT de 2.700 a 3.000 m","m³",7.07]
[1917180,"Dragagem de cascalho com draga hopper - capacidade da cisterna de 4.000 m³ - DMT de 3.000 m","m³",7.13]
[1917211,"Dragagem de cascalho com draga hopper - capacidade da cisterna de 5.000 m³ - DMT de 1.500 a 1.800 m","m³",7.35]
[1917212,"Dragagem de cascalho com draga hopper - capacidade da cisterna de 5.000 m³ - DMT de 1.800 a 2.100 m","m³",7.43]
[1917213,"Dragagem de cascalho com draga hopper - capacidade da cisterna de 5.000 m³ - DMT de 2.100 a 2.400 m","m³",7.52]
[1917214,"Dragagem de cascalho com draga hopper - capacidade da cisterna de 5.000 m³ - DMT de 2.400 a 2.700 m","m³",7.6]
[1917215,"Dragagem de cascalho com draga hopper - capacidade da cisterna de 5.000 m³ - DMT de 2.700 a 3.000 m","m³",7.7]
[1917216,"Dragagem de cascalho com draga hopper - capacidade da cisterna de 5.000 m³ - DMT de 3.000 m","m³",7.75]
[1917031,"Dragagem de cascalho com draga hopper - capacidade da cisterna de 750 m³ - DMT de 1.500 a 1.800 m","m³",14.32]
[1917032,"Dragagem de cascalho com draga hopper - capacidade da cisterna de 750 m³ - DMT de 1.800 a 2.100 m","m³",14.62]
[1917033,"Dragagem de cascalho com draga hopper - capacidade da cisterna de 750 m³ - DMT de 2.100 a 2.400 m","m³",14.93]
[1917034,"Dragagem de cascalho com draga hopper - capacidade da cisterna de 750 m³ - DMT de 2.400 a 2.700 m","m³",15.26]
[1917035,"Dragagem de cascalho com draga hopper - capacidade da cisterna de 750 m³ - DMT de 2.700 a 3.000 m","m³",15.6]
[1917036,"Dragagem de cascalho com draga hopper - capacidade da cisterna de 750 m³ - DMT de 3.000 m","m³",15.78]
[1917605,"Dragagem de cascalho fino com draga de sucção e recalque - bomba de 1.350 kW e cortador de 170 kW - distância de recalque de 1.100 a 1.300 m","m³",7.75]
[1917606,"Dragagem de cascalho fino com draga de sucção e recalque - bomba de 1.350 kW e cortador de 170 kW - distância de recalque de 1.300 a 1.500 m","m³",8.4]
[1917607,"Dragagem de cascalho fino com draga de sucção e recalque - bomba de 1.350 kW e cortador de 170 kW - distância de recalque de 1.500 a 1.700 m","m³",9.0399999999999991]
[1917608,"Dragagem de cascalho fino com draga de sucção e recalque - bomba de 1.350 kW e cortador de 170 kW - distância de recalque de 1.700 a 1.900 m","m³",10.11]
[1917609,"Dragagem de cascalho fino com draga de sucção e recalque - bomba de 1.350 kW e cortador de 170 kW - distância de recalque de 1.900 a 2.100 m","m³",11.51]
[1917610,"Dragagem de cascalho fino com draga de sucção e recalque - bomba de 1.350 kW e cortador de 170 kW - distância de recalque de 2.100 a 2.300 m","m³",13.57]
[1917611,"Dragagem de cascalho fino com draga de sucção e recalque - bomba de 1.350 kW e cortador de 170 kW - distância de recalque de 2.300 a 2.500 m","m³",15.9]
[1917612,"Dragagem de cascalho fino com draga de sucção e recalque - bomba de 1.350 kW e cortador de 170 kW - distância de recalque de 2.500 a 2.700 m","m³",18.63]
[1917613,"Dragagem de cascalho fino com draga de sucção e recalque - bomba de 1.350 kW e cortador de 170 kW - distância de recalque de 2.700 a 2.900 m","m³",21.66]
[1917614,"Dragagem de cascalho fino com draga de sucção e recalque - bomba de 1.350 kW e cortador de 170 kW - distância de recalque de 2.900 a 3.100 m","m³",24.99]
[1917615,"Dragagem de cascalho fino com draga de sucção e recalque - bomba de 1.350 kW e cortador de 170 kW - distância de recalque de 3.100 a 3.300 m","m³",28.75]
[1917616,"Dragagem de cascalho fino com draga de sucção e recalque - bomba de 1.350 kW e cortador de 170 kW - distância de recalque de 3.300 a 3.500 m","m³",33.270000000000003]
[1917617,"Dragagem de cascalho fino com draga de sucção e recalque - bomba de 1.350 kW e cortador de 170 kW - distância de recalque de 3.500 a 3.700 m","m³",37.26]
[1917618,"Dragagem de cascalho fino com draga de sucção e recalque - bomba de 1.350 kW e cortador de 170 kW - distância de recalque de 3.700 a 3.900 m","m³",42.43]
[1917619,"Dragagem de cascalho fino com draga de sucção e recalque - bomba de 1.350 kW e cortador de 170 kW - distância de recalque de 3.900 a 4.100 m","m³",46.03]
[1917602,"Dragagem de cascalho fino com draga de sucção e recalque - bomba de 1.350 kW e cortador de 170 kW - distância de recalque de 500 a 700 m","m³",5.58]
[1917603,"Dragagem de cascalho fino com draga de sucção e recalque - bomba de 1.350 kW e cortador de 170 kW - distância de recalque de 700 a 900 m","m³",6.25]
[1917604,"Dragagem de cascalho fino com draga de sucção e recalque - bomba de 1.350 kW e cortador de 170 kW - distância de recalque de 900 a 1.100 m","m³",6.85]
[1917740,"Dragagem de cascalho fino com draga de sucção e recalque - bomba de 1.350 kW e cortador de 170 kW - distância de recalque de até 500 m","m³",5.38]
[1917263,"Dragagem de cascalho fino com draga de sucção e recalque - bomba de 294 kW e cortador de 30 kW - distância de recalque de 1.100 a 1.300 m","m³",9.73]
[1917264,"Dragagem de cascalho fino com draga de sucção e recalque - bomba de 294 kW e cortador de 30 kW - distância de recalque de 1.300 a 1.500 m","m³",12.06]
[1917265,"Dragagem de cascalho fino com draga de sucção e recalque - bomba de 294 kW e cortador de 30 kW - distância de recalque de 1.500 a 1.700 m","m³",15.64]
[1917260,"Dragagem de cascalho fino com draga de sucção e recalque - bomba de 294 kW e cortador de 30 kW - distância de recalque de 500 a 700 m","m³",5.88]
[1917261,"Dragagem de cascalho fino com draga de sucção e recalque - bomba de 294 kW e cortador de 30 kW - distância de recalque de 700 a 900 m","m³",6.56]
[1917262,"Dragagem de cascalho fino com draga de sucção e recalque - bomba de 294 kW e cortador de 30 kW - distância de recalque de 900 a 1.100 m","m³",7.77]
[1917727,"Dragagem de cascalho fino com draga de sucção e recalque - bomba de 294 kW e cortador de 30 kW - distância de recalque de até 500 m","m³",5.69]
[1917351,"Dragagem de cascalho fino com draga de sucção e recalque - bomba de 483 kW e cortador de 55 kW - distância de recalque de 1.100 a 1.300 m","m³",8.58]
[1917352,"Dragagem de cascalho fino com draga de sucção e recalque - bomba de 483 kW e cortador de 55 kW - distância de recalque de 1.300 a 1.500 m","m³",11.3]
[1917353,"Dragagem de cascalho fino com draga de sucção e recalque - bomba de 483 kW e cortador de 55 kW - distância de recalque de 1.500 a 1.700 m","m³",14.51]
[1917354,"Dragagem de cascalho fino com draga de sucção e recalque - bomba de 483 kW e cortador de 55 kW - distância de recalque de 1.700 a 1.900 m","m³",18.829999999999998]
[1917355,"Dragagem de cascalho fino com draga de sucção e recalque - bomba de 483 kW e cortador de 55 kW - distância de recalque de 1.900 a 2.100 m","m³",24.24]
[1917356,"Dragagem de cascalho fino com draga de sucção e recalque - bomba de 483 kW e cortador de 55 kW - distância de recalque de 2.100 a 2.300 m","m³",29.71]
[1917357,"Dragagem de cascalho fino com draga de sucção e recalque - bomba de 483 kW e cortador de 55 kW - distância de recalque de 2.300 a 2.500 m","m³",33.97]
[1917348,"Dragagem de cascalho fino com draga de sucção e recalque - bomba de 483 kW e cortador de 55 kW - distância de recalque de 500 a 700 m","m³",5.15]
[1917349,"Dragagem de cascalho fino com draga de sucção e recalque - bomba de 483 kW e cortador de 55 kW - distância de recalque de 700 a 900 m","m³",5.61]
[1917350,"Dragagem de cascalho fino com draga de sucção e recalque - bomba de 483 kW e cortador de 55 kW - distância de recalque de 900 a 1.100 m","m³",6.4]
[1917731,"Dragagem de cascalho fino com draga de sucção e recalque - bomba de 483 kW e cortador de 55 kW - distância de recalque de até 500 m","m³",5.04]
[1917463,"Dragagem de cascalho fino com draga de sucção e recalque - bomba de 746 kW e cortador de 110 kW - distância de recalque de 1.100 a 1.300 m","m³",8.76]
[1917464,"Dragagem de cascalho fino com draga de sucção e recalque - bomba de 746 kW e cortador de 110 kW - distância de recalque de 1.300 a 1.500 m","m³",10.15]
[1917465,"Dragagem de cascalho fino com draga de sucção e recalque - bomba de 746 kW e cortador de 110 kW - distância de recalque de 1.500 a 1.700 m","m³",11.69]
[1917466,"Dragagem de cascalho fino com draga de sucção e recalque - bomba de 746 kW e cortador de 110 kW - distância de recalque de 1.700 a 1.900 m","m³",13.91]
[1917467,"Dragagem de cascalho fino com draga de sucção e recalque - bomba de 746 kW e cortador de 110 kW - distância de recalque de 1.900 a 2.100 m","m³",17.18]
[1917468,"Dragagem de cascalho fino com draga de sucção e recalque - bomba de 746 kW e cortador de 110 kW - distância de recalque de 2.100 a 2.300 m","m³",20.9]
[1917469,"Dragagem de cascalho fino com draga de sucção e recalque - bomba de 746 kW e cortador de 110 kW - distância de recalque de 2.300 a 2.500 m","m³",25]
[1917470,"Dragagem de cascalho fino com draga de sucção e recalque - bomba de 746 kW e cortador de 110 kW - distância de recalque de 2.500 a 2.700 m","m³",29.81]
[1917471,"Dragagem de cascalho fino com draga de sucção e recalque - bomba de 746 kW e cortador de 110 kW - distância de recalque de 2.700 a 2.900 m","m³",35.479999999999997]
[1917472,"Dragagem de cascalho fino com draga de sucção e recalque - bomba de 746 kW e cortador de 110 kW - distância de recalque de 2.900 a 3.100 m","m³",38.01]
[1917460,"Dragagem de cascalho fino com draga de sucção e recalque - bomba de 746 kW e cortador de 110 kW - distância de recalque de 500 a 700 m","m³",5.04]
[1917461,"Dragagem de cascalho fino com draga de sucção e recalque - bomba de 746 kW e cortador de 110 kW - distância de recalque de 700 a 900 m","m³",6]
[1917462,"Dragagem de cascalho fino com draga de sucção e recalque - bomba de 746 kW e cortador de 110 kW - distância de recalque de 900 a 1.100 m","m³",7.15]
[1917735,"Dragagem de cascalho fino com draga de sucção e recalque - bomba de 746 kW e cortador de 110 kW - distância de recalque de até 500 m","m³",4.5199999999999996]
[1917061,"Dragagem de cascalho fino com draga hopper - capacidade da cisterna de 1.000 m³ - DMT de 1.500 a 1.800 m","m³",10.68]
[1917062,"Dragagem de cascalho fino com draga hopper - capacidade da cisterna de 1.000 m³ - DMT de 1.800 a 2.100 m","m³",10.89]
[1917063,"Dragagem de cascalho fino com draga hopper - capacidade da cisterna de 1.000 m³ - DMT de 2.100 a 2.400 m","m³",11.1]
[1917064,"Dragagem de cascalho fino com draga hopper - capacidade da cisterna de 1.000 m³ - DMT de 2.400 a 2.700 m","m³",11.32]
[1917065,"Dragagem de cascalho fino com draga hopper - capacidade da cisterna de 1.000 m³ - DMT de 2.700 a 3.000 m","m³",11.56]
[1917066,"Dragagem de cascalho fino com draga hopper - capacidade da cisterna de 1.000 m³ - DMT de 3.000 m","m³",11.68]
[1901590,"Dragagem de cascalho fino com draga hopper - capacidade da cisterna de 10.000 m³ - DMT de 1.500 a 1.800 m","m³",6.98]
[1901591,"Dragagem de cascalho fino com draga hopper - capacidade da cisterna de 10.000 m³ - DMT de 1.800 a 2.100 m","m³",7.04]
[1901592,"Dragagem de cascalho fino com draga hopper - capacidade da cisterna de 10.000 m³ - DMT de 2.100 a 2.400 m","m³",7.1]
[1901593,"Dragagem de cascalho fino com draga hopper - capacidade da cisterna de 10.000 m³ - DMT de 2.400 a 2.700 m","m³",7.17]
[1901594,"Dragagem de cascalho fino com draga hopper - capacidade da cisterna de 10.000 m³ - DMT de 2.700 a 3.000 m","m³",7.24]
[1901589,"Dragagem de cascalho fino com draga hopper - capacidade da cisterna de 10.000 m³ - DMT de 3.000 m","m³",7.28]
[1901596,"Dragagem de cascalho fino com draga hopper - capacidade da cisterna de 15.000 m³ - DMT de 1.500 a 1.800 m","m³",9.19]
[1901597,"Dragagem de cascalho fino com draga hopper - capacidade da cisterna de 15.000 m³ - DMT de 1.800 a 2.100 m","m³",9.24]
[1901598,"Dragagem de cascalho fino com draga hopper - capacidade da cisterna de 15.000 m³ - DMT de 2.100 a 2.400 m","m³",9.3000000000000007]
[1901599,"Dragagem de cascalho fino com draga hopper - capacidade da cisterna de 15.000 m³ - DMT de 2.400 a 2.700 m","m³",9.36]
[1901600,"Dragagem de cascalho fino com draga hopper - capacidade da cisterna de 15.000 m³ - DMT de 2.700 a 3.000 m","m³",9.43]
[1901595,"Dragagem de cascalho fino com draga hopper - capacidade da cisterna de 15.000 m³ - DMT de 3.000 m","m³",9.4600000000000009]
[1917097,"Dragagem de cascalho fino com draga hopper - capacidade da cisterna de 2.000 m³ - DMT de 1.500 a 1.800 m","m³",7.49]
[1917098,"Dragagem de cascalho fino com draga hopper - capacidade da cisterna de 2.000 m³ - DMT de 1.800 a 2.100 m","m³",7.62]
[1917099,"Dragagem de cascalho fino com draga hopper - capacidade da cisterna de 2.000 m³ - DMT de 2.100 a 2.400 m","m³",7.75]
[1917100,"Dragagem de cascalho fino com draga hopper - capacidade da cisterna de 2.000 m³ - DMT de 2.400 a 2.700 m","m³",7.89]
[1917101,"Dragagem de cascalho fino com draga hopper - capacidade da cisterna de 2.000 m³ - DMT de 2.700 a 3.000 m","m³",8.0299999999999994]
[1917102,"Dragagem de cascalho fino com draga hopper - capacidade da cisterna de 2.000 m³ - DMT de 3.000 m","m³",8.11]
[1901601,"Dragagem de cascalho fino com draga hopper - capacidade da cisterna de 20.000 m³ - DMT de 1.500 a 1.800 m","m³",11.45]
[1901602,"Dragagem de cascalho fino com draga hopper - capacidade da cisterna de 20.000 m³ - DMT de 1.800 a 2.100 m","m³",11.5]
[1901603,"Dragagem de cascalho fino com draga hopper - capacidade da cisterna de 20.000 m³ - DMT de 2.100 a 2.400 m","m³",11.56]
[1901604,"Dragagem de cascalho fino com draga hopper - capacidade da cisterna de 20.000 m³ - DMT de 2.400 a 2.700 m","m³",11.62]
[1901605,"Dragagem de cascalho fino com draga hopper - capacidade da cisterna de 20.000 m³ - DMT de 2.700 a 3.000 m","m³",11.68]
[1901606,"Dragagem de cascalho fino com draga hopper - capacidade da cisterna de 20.000 m³ - DMT de 3.000 m","m³",11.72]
[1917133,"Dragagem de cascalho fino com draga hopper - capacidade da cisterna de 3.000 m³ - DMT de 1.500 a 1.800 m","m³",7.13]
[1917134,"Dragagem de cascalho fino com draga hopper - capacidade da cisterna de 3.000 m³ - DMT de 1.800 a 2.100 m","m³",7.24]
[1917135,"Dragagem de cascalho fino com draga hopper - capacidade da cisterna de 3.000 m³ - DMT de 2.100 a 2.400 m","m³",7.34]
[1917136,"Dragagem de cascalho fino com draga hopper - capacidade da cisterna de 3.000 m³ - DMT de 2.400 a 2.700 m","m³",7.46]
[1917137,"Dragagem de cascalho fino com draga hopper - capacidade da cisterna de 3.000 m³ - DMT de 2.700 a 3.000 m","m³",7.57]
[1917138,"Dragagem de cascalho fino com draga hopper - capacidade da cisterna de 3.000 m³ - DMT de 3.000 m","m³",7.64]
[1917169,"Dragagem de cascalho fino com draga hopper - capacidade da cisterna de 4.000 m³ - DMT de 1.500 a 1.800 m","m³",6.77]
[1917170,"Dragagem de cascalho fino com draga hopper - capacidade da cisterna de 4.000 m³ - DMT de 1.800 a 2.100 m","m³",6.86]
[1917171,"Dragagem de cascalho fino com draga hopper - capacidade da cisterna de 4.000 m³ - DMT de 2.100 a 2.400 m","m³",6.96]
[1917172,"Dragagem de cascalho fino com draga hopper - capacidade da cisterna de 4.000 m³ - DMT de 2.400 a 2.700 m","m³",7.06]
[1917173,"Dragagem de cascalho fino com draga hopper - capacidade da cisterna de 4.000 m³ - DMT de 2.700 a 3.000 m","m³",7.16]
[1917174,"Dragagem de cascalho fino com draga hopper - capacidade da cisterna de 4.000 m³ - DMT de 3.000 m","m³",7.22]
[1917205,"Dragagem de cascalho fino com draga hopper - capacidade da cisterna de 5.000 m³ - DMT de 1.500 a 1.800 m","m³",7.47]
[1917206,"Dragagem de cascalho fino com draga hopper - capacidade da cisterna de 5.000 m³ - DMT de 1.800 a 2.100 m","m³",7.55]
[1917207,"Dragagem de cascalho fino com draga hopper - capacidade da cisterna de 5.000 m³ - DMT de 2.100 a 2.400 m","m³",7.64]
[1917208,"Dragagem de cascalho fino com draga hopper - capacidade da cisterna de 5.000 m³ - DMT de 2.400 a 2.700 m","m³",7.72]
[1917209,"Dragagem de cascalho fino com draga hopper - capacidade da cisterna de 5.000 m³ - DMT de 2.700 a 3.000 m","m³",7.82]
[1917210,"Dragagem de cascalho fino com draga hopper - capacidade da cisterna de 5.000 m³ - DMT de 3.000 m","m³",7.87]
[1917025,"Dragagem de cascalho fino com draga hopper - capacidade da cisterna de 750 m³ - DMT de 1.500 a 1.800 m","m³",14.49]
[1917026,"Dragagem de cascalho fino com draga hopper - capacidade da cisterna de 750 m³ - DMT de 1.800 a 2.100 m","m³",14.79]
[1917027,"Dragagem de cascalho fino com draga hopper - capacidade da cisterna de 750 m³ - DMT de 2.100 a 2.400 m","m³",15.09]
[1917028,"Dragagem de cascalho fino com draga hopper - capacidade da cisterna de 750 m³ - DMT de 2.400 a 2.700 m","m³",15.41]
[1917029,"Dragagem de cascalho fino com draga hopper - capacidade da cisterna de 750 m³ - DMT de 2.700 a 3.000 m","m³",15.75]
[1917030,"Dragagem de cascalho fino com draga hopper - capacidade da cisterna de 750 m³ - DMT de 3.000 m","m³",15.93]
[1917629,"Dragagem de material de 1ª categoria com clamshell sobre pontão flutuante - capacidade da caçamba de 4,6 m³ - transporte com batelão sem propulsão com capacidade de 100 t - DMT 0 a 300 m","m³",12.47]
[1917633,"Dragagem de material de 1ª categoria com clamshell sobre pontão flutuante - capacidade da caçamba de 4,6 m³ - transporte com batelão sem propulsão com capacidade de 100 t - DMT 1.200 a 1.500 m","m³",13.88]
[1917634,"Dragagem de material de 1ª categoria com clamshell sobre pontão flutuante - capacidade da caçamba de 4,6 m³ - transporte com batelão sem propulsão com capacidade de 100 t - DMT 1.500 a 1.800 m","m³",14.14]
[1917635,"Dragagem de material de 1ª categoria com clamshell sobre pontão flutuante - capacidade da caçamba de 4,6 m³ - transporte com batelão sem propulsão com capacidade de 100 t - DMT 1.800 a 2.100 m","m³",14.39]
[1917636,"Dragagem de material de 1ª categoria com clamshell sobre pontão flutuante - capacidade da caçamba de 4,6 m³ - transporte com batelão sem propulsão com capacidade de 100 t - DMT 2.100 a 2.400 m","m³",16.190000000000001]
[1917637,"Dragagem de material de 1ª categoria com clamshell sobre pontão flutuante - capacidade da caçamba de 4,6 m³ - transporte com batelão sem propulsão com capacidade de 100 t - DMT 2.400 a 2.700 m","m³",16.53]
[1917638,"Dragagem de material de 1ª categoria com clamshell sobre pontão flutuante - capacidade da caçamba de 4,6 m³ - transporte com batelão sem propulsão com capacidade de 100 t - DMT 2.700 a 3.000 m","m³",16.87]
[1917630,"Dragagem de material de 1ª categoria com clamshell sobre pontão flutuante - capacidade da caçamba de 4,6 m³ - transporte com batelão sem propulsão com capacidade de 100 t - DMT 300 a 600 m","m³",12.92]
[1917631,"Dragagem de material de 1ª categoria com clamshell sobre pontão flutuante - capacidade da caçamba de 4,6 m³ - transporte com batelão sem propulsão com capacidade de 100 t - DMT 600 a 900 m","m³",13.31]
[1917632,"Dragagem de material de 1ª categoria com clamshell sobre pontão flutuante - capacidade da caçamba de 4,6 m³ - transporte com batelão sem propulsão com capacidade de 100 t - DMT 900 a 1.200 m","m³",13.56]
[1917639,"Dragagem de material de 1ª categoria com clamshell sobre pontão flutuante - capacidade da caçamba de 4,6 m³ - transporte com batelão sem propulsão com capacidade de 100 t - DMT de 3.000 m","m³",17.04]
[1917646,"Dragagem de material de 1ª categoria com dragline - caçamba de 2,1 m³ - caminho de serviço em leito natural - DMT 1.000 a 1.200 m - com caminhão de 14 m³ e carregadeira","m³",17.670000000000002]
[1917647,"Dragagem de material de 1ª categoria com dragline - caçamba de 2,1 m³ - caminho de serviço em leito natural - DMT 1.200 a 1.400 m - com caminhão de 14 m³ e carregadeira","m³",17.91]
[1917648,"Dragagem de material de 1ª categoria com dragline - caçamba de 2,1 m³ - caminho de serviço em leito natural - DMT 1.400 a 1.600 m - com caminhão de 14 m³ e carregadeira","m³",18.09]
[1917649,"Dragagem de material de 1ª categoria com dragline - caçamba de 2,1 m³ - caminho de serviço em leito natural - DMT 1.600 a 1.800 m - com caminhão de 14 m³ e carregadeira","m³",18.329999999999998]
[1917650,"Dragagem de material de 1ª categoria com dragline - caçamba de 2,1 m³ - caminho de serviço em leito natural - DMT 1.800 a 2.000 m - com caminhão de 14 m³ e carregadeira","m³",18.57]
[1917651,"Dragagem de material de 1ª categoria com dragline - caçamba de 2,1 m³ - caminho de serviço em leito natural - DMT 2.000 a 2.500 m - com caminhão de 14 m³ e carregadeira","m³",18.940000000000001]
[1917652,"Dragagem de material de 1ª categoria com dragline - caçamba de 2,1 m³ - caminho de serviço em leito natural - DMT 2.500 a 3.000 m - com caminhão de 14 m³ e carregadeira","m³",21.19]
[1917642,"Dragagem de material de 1ª categoria com dragline - caçamba de 2,1 m³ - caminho de serviço em leito natural - DMT 200 a 400 m - com caminhão de 14 m³ e carregadeira","m³",16.649999999999999]
[1917643,"Dragagem de material de 1ª categoria com dragline - caçamba de 2,1 m³ - caminho de serviço em leito natural - DMT 400 a 600 m - com caminhão de 14 m³ e carregadeira","m³",16.95]
[1917641,"Dragagem de material de 1ª categoria com dragline - caçamba de 2,1 m³ - caminho de serviço em leito natural - DMT 50 a 200 m - com caminhão de 14 m³ e carregadeira","m³",14.7]
[1917644,"Dragagem de material de 1ª categoria com dragline - caçamba de 2,1 m³ - caminho de serviço em leito natural - DMT 600 a 800 m - com caminhão de 14 m³ e carregadeira","m³",17.25]
[1917645,"Dragagem de material de 1ª categoria com dragline - caçamba de 2,1 m³ - caminho de serviço em leito natural - DMT 800 a 1.000 m - com caminhão de 14 m³ e carregadeira","m³",17.43]
[1917653,"Dragagem de material de 1ª categoria com dragline - caçamba de 2,1 m³ - caminho de serviço em leito natural - DMT de 3.000 m - com caminhão de 14 m³ e carregadeira","m³",21.46]
[1917659,"Dragagem de material de 1ª categoria com dragline - caçamba de 2,1 m³ - caminho de serviço em revestimento primário - DMT 1.000 a 1.200 m - com caminhão de 14 m³ e carregadeira","m³",17.010000000000002]
[1917660,"Dragagem de material de 1ª categoria com dragline - caçamba de 2,1 m³ - caminho de serviço em revestimento primário - DMT 1.200 a 1.400 m - com caminhão de 14 m³ e carregadeira","m³",17.13]
[1917661,"Dragagem de material de 1ª categoria com dragline - caçamba de 2,1 m³ - caminho de serviço em revestimento primário - DMT 1.400 a 1.600 m - com caminhão de 14 m³ e carregadeira","m³",17.25]
[1917662,"Dragagem de material de 1ª categoria com dragline - caçamba de 2,1 m³ - caminho de serviço em revestimento primário - DMT 1.600 a 1.800 m - com caminhão de 14 m³ e carregadeira","m³",17.37]
[1917663,"Dragagem de material de 1ª categoria com dragline - caçamba de 2,1 m³ - caminho de serviço em revestimento primário - DMT 1.800 a 2.000 m - com caminhão de 14 m³ e carregadeira","m³",17.55]
[1917664,"Dragagem de material de 1ª categoria com dragline - caçamba de 2,1 m³ - caminho de serviço em revestimento primário - DMT 2.000 a 2.500 m - com caminhão de 14 m³ e carregadeira","m³",17.79]
[1917665,"Dragagem de material de 1ª categoria com dragline - caçamba de 2,1 m³ - caminho de serviço em revestimento primário - DMT 2.500 a 3.000 m - com caminhão de 14 m³ e carregadeira","m³",18.149999999999999]
[1917655,"Dragagem de material de 1ª categoria com dragline - caçamba de 2,1 m³ - caminho de serviço em revestimento primário - DMT 200 a 400 m - com caminhão de 14 m³ e carregadeira","m³",14.7]
[1917656,"Dragagem de material de 1ª categoria com dragline - caçamba de 2,1 m³ - caminho de serviço em revestimento primário - DMT 400 a 600 m - com caminhão de 14 m³ e carregadeira","m³",16.53]
[1917654,"Dragagem de material de 1ª categoria com dragline - caçamba de 2,1 m³ - caminho de serviço em revestimento primário - DMT 50 a 200 m - com caminhão de 14 m³ e carregadeira","m³",14.49]
[1917657,"Dragagem de material de 1ª categoria com dragline - caçamba de 2,1 m³ - caminho de serviço em revestimento primário - DMT 600 a 800 m - com caminhão de 14 m³ e carregadeira","m³",16.71]
[1917658,"Dragagem de material de 1ª categoria com dragline - caçamba de 2,1 m³ - caminho de serviço em revestimento primário - DMT 800 a 1.000 m - com caminhão de 14 m³ e carregadeira","m³",16.829999999999998]
[1917666,"Dragagem de material de 1ª categoria com dragline - caçamba de 2,1 m³ - caminho de serviço em revestimento primário - DMT de 3.000 m - com caminhão de 14 m³ e carregadeira","m³",18.39]
[1917672,"Dragagem de material de 1ª categoria com dragline - caçamba de 2,1 m³ - caminho de serviço pavimentado - DMT 1.000 a 1.200 m - com caminhão de 14 m³ e carregadeira","m³",16.77]
[1917673,"Dragagem de material de 1ª categoria com dragline - caçamba de 2,1 m³ - caminho de serviço pavimentado - DMT 1.200 a 1.400 m - com caminhão de 14 m³ e carregadeira","m³",16.89]
[1917674,"Dragagem de material de 1ª categoria com dragline - caçamba de 2,1 m³ - caminho de serviço pavimentado - DMT 1.400 a 1.600 m - com caminhão de 14 m³ e carregadeira","m³",17.010000000000002]
[1917675,"Dragagem de material de 1ª categoria com dragline - caçamba de 2,1 m³ - caminho de serviço pavimentado - DMT 1.600 a 1.800 m - com caminhão de 14 m³ e carregadeira","m³",17.13]
[1917676,"Dragagem de material de 1ª categoria com dragline - caçamba de 2,1 m³ - caminho de serviço pavimentado - DMT 1.800 a 2.000 m - com caminhão de 14 m³ e carregadeira","m³",17.190000000000001]
[1917677,"Dragagem de material de 1ª categoria com dragline - caçamba de 2,1 m³ - caminho de serviço pavimentado - DMT 2.000 a 2.500 m - com caminhão de 14 m³ e carregadeira","m³",17.43]
[1917678,"Dragagem de material de 1ª categoria com dragline - caçamba de 2,1 m³ - caminho de serviço pavimentado - DMT 2.500 a 3.000 m - com caminhão de 14 m³ e carregadeira","m³",17.73]
[1917668,"Dragagem de material de 1ª categoria com dragline - caçamba de 2,1 m³ - caminho de serviço pavimentado - DMT 200 a 400 m - com caminhão de 14 m³ e carregadeira","m³",14.61]
[1917669,"Dragagem de material de 1ª categoria com dragline - caçamba de 2,1 m³ - caminho de serviço pavimentado - DMT 400 a 600 m - com caminhão de 14 m³ e carregadeira","m³",16.350000000000001]
[1917667,"Dragagem de material de 1ª categoria com dragline - caçamba de 2,1 m³ - caminho de serviço pavimentado - DMT 50 a 200 m - com caminhão de 14 m³ e carregadeira","m³",14.4]
[1917670,"Dragagem de material de 1ª categoria com dragline - caçamba de 2,1 m³ - caminho de serviço pavimentado - DMT 600 a 800 m - com caminhão de 14 m³ e carregadeira","m³",16.53]
[1917671,"Dragagem de material de 1ª categoria com dragline - caçamba de 2,1 m³ - caminho de serviço pavimentado - DMT 800 a 1.000 m - com caminhão de 14 m³ e carregadeira","m³",16.649999999999999]
[1917679,"Dragagem de material de 1ª categoria com dragline - caçamba de 2,1 m³ - caminho de serviço pavimentado - DMT de 3.000 m - com caminhão de 14 m³ e carregadeira","m³",17.91]
[1917640,"Dragagem de material de 1ª categoria com dragline - caçamba de 2,1 m³ - DMT até 50 m","m³",7.77]
[1917686,"Dragagem de material de 1ª categoria com escavadeira hidráulica - capacidade de caçamba de 1,56 m³ - caminho de serviço em leito natural - DMT 1.000 a 1.200 m","m³",9.7200000000000006]
[1917687,"Dragagem de material de 1ª categoria com escavadeira hidráulica - capacidade de caçamba de 1,56 m³ - caminho de serviço em leito natural - DMT 1.200 a 1.400 m","m³",9.9499999999999993]
[1917688,"Dragagem de material de 1ª categoria com escavadeira hidráulica - capacidade de caçamba de 1,56 m³ - caminho de serviço em leito natural - DMT 1.400 a 1.600 m","m³",10.99]
[1917689,"Dragagem de material de 1ª categoria com escavadeira hidráulica - capacidade de caçamba de 1,56 m³ - caminho de serviço em leito natural - DMT 1.600 a 1.800 m","m³",11.24]
[1917690,"Dragagem de material de 1ª categoria com escavadeira hidráulica - capacidade de caçamba de 1,56 m³ - caminho de serviço em leito natural - DMT 1.800 a 2.000 m","m³",11.43]
[1917691,"Dragagem de material de 1ª categoria com escavadeira hidráulica - capacidade de caçamba de 1,56 m³ - caminho de serviço em leito natural - DMT 2.000 a 2.500 m","m³",11.81]
[1917692,"Dragagem de material de 1ª categoria com escavadeira hidráulica - capacidade de caçamba de 1,56 m³ - caminho de serviço em leito natural - DMT 2.500 a 3.000 m","m³",13.3]
[1917682,"Dragagem de material de 1ª categoria com escavadeira hidráulica - capacidade de caçamba de 1,56 m³ - caminho de serviço em leito natural - DMT 200 a 400 m","m³",8.73]
[1917693,"Dragagem de material de 1ª categoria com escavadeira hidráulica - capacidade de caçamba de 1,56 m³ - caminho de serviço em leito natural - DMT 3.000 m","m³",13.62]
[1917683,"Dragagem de material de 1ª categoria com escavadeira hidráulica - capacidade de caçamba de 1,56 m³ - caminho de serviço em leito natural - DMT 400 a 600 m","m³",9.01]
[1917681,"Dragagem de material de 1ª categoria com escavadeira hidráulica - capacidade de caçamba de 1,56 m³ - caminho de serviço em leito natural - DMT 50 a 200 m","m³",7.5]
[1917684,"Dragagem de material de 1ª categoria com escavadeira hidráulica - capacidade de caçamba de 1,56 m³ - caminho de serviço em leito natural - DMT 600 a 800 m","m³",9.25]
[1917685,"Dragagem de material de 1ª categoria com escavadeira hidráulica - capacidade de caçamba de 1,56 m³ - caminho de serviço em leito natural - DMT 800 a 1.000 m","m³",9.48]
[1917699,"Dragagem de material de 1ª categoria com escavadeira hidráulica - capacidade de caçamba de 1,56 m³ - caminho de serviço em revestimento primário - DMT 1.000 a 1.200 m","m³",9.01]
[1917700,"Dragagem de material de 1ª categoria com escavadeira hidráulica - capacidade de caçamba de 1,56 m³ - caminho de serviço em revestimento primário - DMT 1.200 a 1.400 m","m³",9.15]
[1917701,"Dragagem de material de 1ª categoria com escavadeira hidráulica - capacidade de caçamba de 1,56 m³ - caminho de serviço em revestimento primário - DMT 1.400 a 1.600 m","m³",9.2899999999999991]
[1917702,"Dragagem de material de 1ª categoria com escavadeira hidráulica - capacidade de caçamba de 1,56 m³ - caminho de serviço em revestimento primário - DMT 1.600 a 1.800 m","m³",9.43]
[1917703,"Dragagem de material de 1ª categoria com escavadeira hidráulica - capacidade de caçamba de 1,56 m³ - caminho de serviço em revestimento primário - DMT 1.800 a 2.000 m","m³",9.58]
[1917704,"Dragagem de material de 1ª categoria com escavadeira hidráulica - capacidade de caçamba de 1,56 m³ - caminho de serviço em revestimento primário - DMT 2.000 a 2.500 m","m³",9.81]
[1917705,"Dragagem de material de 1ª categoria com escavadeira hidráulica - capacidade de caçamba de 1,56 m³ - caminho de serviço em revestimento primário - DMT 2.500 a 3.000 m","m³",11.05]
[1917695,"Dragagem de material de 1ª categoria com escavadeira hidráulica - capacidade de caçamba de 1,56 m³ - caminho de serviço em revestimento primário - DMT 200 a 400 m","m³",7.5]
[1917706,"Dragagem de material de 1ª categoria com escavadeira hidráulica - capacidade de caçamba de 1,56 m³ - caminho de serviço em revestimento primário - DMT 3.000 m","m³",11.31]
[1917696,"Dragagem de material de 1ª categoria com escavadeira hidráulica - capacidade de caçamba de 1,56 m³ - caminho de serviço em revestimento primário - DMT 400 a 600 m","m³",8.5399999999999991]
[1917694,"Dragagem de material de 1ª categoria com escavadeira hidráulica - capacidade de caçamba de 1,56 m³ - caminho de serviço em revestimento primário - DMT 50 a 200 m","m³",7.28]
[1917697,"Dragagem de material de 1ª categoria com escavadeira hidráulica - capacidade de caçamba de 1,56 m³ - caminho de serviço em revestimento primário - DMT 600 a 800 m","m³",8.73]
[1917698,"Dragagem de material de 1ª categoria com escavadeira hidráulica - capacidade de caçamba de 1,56 m³ - caminho de serviço em revestimento primário - DMT 800 a 1.000 m","m³",8.8699999999999992]
[1917712,"Dragagem de material de 1ª categoria com escavadeira hidráulica - capacidade de caçamba de 1,56 m³ - caminho de serviço pavimentado - DMT 1.000 a 1.200 m","m³",8.77]
[1917713,"Dragagem de material de 1ª categoria com escavadeira hidráulica - capacidade de caçamba de 1,56 m³ - caminho de serviço pavimentado - DMT 1.200 a 1.400 m","m³",8.91]
[1917714,"Dragagem de material de 1ª categoria com escavadeira hidráulica - capacidade de caçamba de 1,56 m³ - caminho de serviço pavimentado - DMT 1.400 a 1.600 m","m³",9.01]
[1917715,"Dragagem de material de 1ª categoria com escavadeira hidráulica - capacidade de caçamba de 1,56 m³ - caminho de serviço pavimentado - DMT 1.600 a 1.800 m","m³",9.15]
[1917716,"Dragagem de material de 1ª categoria com escavadeira hidráulica - capacidade de caçamba de 1,56 m³ - caminho de serviço pavimentado - DMT 1.800 a 2.000 m","m³",9.25]
[1917717,"Dragagem de material de 1ª categoria com escavadeira hidráulica - capacidade de caçamba de 1,56 m³ - caminho de serviço pavimentado - DMT 2.000 a 2.500 m","m³",9.48]
[1917718,"Dragagem de material de 1ª categoria com escavadeira hidráulica - capacidade de caçamba de 1,56 m³ - caminho de serviço pavimentado - DMT 2.500 a 3.000 m","m³",9.77]
[1917708,"Dragagem de material de 1ª categoria com escavadeira hidráulica - capacidade de caçamba de 1,56 m³ - caminho de serviço pavimentado - DMT 200 a 400 m","m³",7.4]
[1917719,"Dragagem de material de 1ª categoria com escavadeira hidráulica - capacidade de caçamba de 1,56 m³ - caminho de serviço pavimentado - DMT 3.000 m","m³",9.9499999999999993]
[1917709,"Dragagem de material de 1ª categoria com escavadeira hidráulica - capacidade de caçamba de 1,56 m³ - caminho de serviço pavimentado - DMT 400 a 600 m","m³",8.39]
[1917707,"Dragagem de material de 1ª categoria com escavadeira hidráulica - capacidade de caçamba de 1,56 m³ - caminho de serviço pavimentado - DMT 50 a 200 m","m³",7.22]
[1917710,"Dragagem de material de 1ª categoria com escavadeira hidráulica - capacidade de caçamba de 1,56 m³ - caminho de serviço pavimentado - DMT 600 a 800 m","m³",8.5399999999999991]
[1917711,"Dragagem de material de 1ª categoria com escavadeira hidráulica - capacidade de caçamba de 1,56 m³ - caminho de serviço pavimentado - DMT 800 a 1.000 m","m³",8.68]
[1917680,"Dragagem de material de 1ª categoria com escavadeira hidráulica - capacidade de caçamba de 1,56 m³ - DMT 0 a 50 m","m³",2.68]
[1901607,"Dragagem de material de 1ª categoria com escavadeira hidráulica sobre pontão flutuante - capacidade da caçamba de 1,56 m³ - transporte com batelão sem propulsão com capacidade de 100 t - DMT 0 a 300 m","m³",13.31]
[1901611,"Dragagem de material de 1ª categoria com escavadeira hidráulica sobre pontão flutuante - capacidade da caçamba de 1,56 m³ - transporte com batelão sem propulsão com capacidade de 100 t - DMT 1.200 a 1.500 m","m³",16.7]
[1901612,"Dragagem de material de 1ª categoria com escavadeira hidráulica sobre pontão flutuante - capacidade da caçamba de 1,56 m³ - transporte com batelão sem propulsão com capacidade de 100 t - DMT 1.500 a 1.800 m","m³",17.05]
[1901613,"Dragagem de material de 1ª categoria com escavadeira hidráulica sobre pontão flutuante - capacidade da caçamba de 1,56 m³ - transporte com batelão sem propulsão com capacidade de 100 t - DMT 1.800 a 2.100 m","m³",17.309999999999999]
[1901614,"Dragagem de material de 1ª categoria com escavadeira hidráulica sobre pontão flutuante - capacidade da caçamba de 1,56 m³ - transporte com batelão sem propulsão com capacidade de 100 t - DMT 2.100 a 2.400 m","m³",17.579999999999998]
[1901615,"Dragagem de material de 1ª categoria com escavadeira hidráulica sobre pontão flutuante - capacidade da caçamba de 1,56 m³ - transporte com batelão sem propulsão com capacidade de 100 t - DMT 2.400 a 2.700 m","m³",17.93]
[1901616,"Dragagem de material de 1ª categoria com escavadeira hidráulica sobre pontão flutuante - capacidade da caçamba de 1,56 m³ - transporte com batelão sem propulsão com capacidade de 100 t - DMT 2.700 a 3.000 m","m³",18.190000000000001]
[1901608,"Dragagem de material de 1ª categoria com escavadeira hidráulica sobre pontão flutuante - capacidade da caçamba de 1,56 m³ - transporte com batelão sem propulsão com capacidade de 100 t - DMT 300 a 600 m","m³",13.73]
[1901609,"Dragagem de material de 1ª categoria com escavadeira hidráulica sobre pontão flutuante - capacidade da caçamba de 1,56 m³ - transporte com batelão sem propulsão com capacidade de 100 t - DMT 600 a 900 m","m³",14.08]
[1901610,"Dragagem de material de 1ª categoria com escavadeira hidráulica sobre pontão flutuante - capacidade da caçamba de 1,56 m³ - transporte com batelão sem propulsão com capacidade de 100 t - DMT 900 a 1.200 m","m³",16.43]
[1901617,"Dragagem de material de 1ª categoria com escavadeira hidráulica sobre pontão flutuante - capacidade da caçamba de 1,56 m³ - transporte com batelão sem propulsão com capacidade de 100 t - DMT de 3.000 m","m³",18.37]
[1917037,"Dragagem de silte com draga hopper - capacidade da cisterna de 1.000 m³ - DMT de 1.500 a 1.800 m","m³",17.77]
[1917038,"Dragagem de silte com draga hopper - capacidade da cisterna de 1.000 m³ - DMT de 1.800 a 2.100 m","m³",18.37]
[1917039,"Dragagem de silte com draga hopper - capacidade da cisterna de 1.000 m³ - DMT de 2.100 a 2.400 m","m³",18.989999999999998]
[1917040,"Dragagem de silte com draga hopper - capacidade da cisterna de 1.000 m³ - DMT de 2.400 a 2.700 m","m³",19.63]
[1917041,"Dragagem de silte com draga hopper - capacidade da cisterna de 1.000 m³ - DMT de 2.700 a 3.000 m","m³",20.309999999999999]
[1917042,"Dragagem de silte com draga hopper - capacidade da cisterna de 1.000 m³ - DMT de 3.000 m","m³",20.67]
[1901619,"Dragagem de silte com draga hopper - capacidade da cisterna de 10.000 m³ - DMT de 1.500 a 1.800 m","m³",9.66]
[1901620,"Dragagem de silte com draga hopper - capacidade da cisterna de 10.000 m³ - DMT de 1.800 a 2.100 m","m³",9.84]
[1901621,"Dragagem de silte com draga hopper - capacidade da cisterna de 10.000 m³ - DMT de 2.100 a 2.400 m","m³",10.02]
[1901622,"Dragagem de silte com draga hopper - capacidade da cisterna de 10.000 m³ - DMT de 2.400 a 2.700 m","m³",10.199999999999999]
[1901623,"Dragagem de silte com draga hopper - capacidade da cisterna de 10.000 m³ - DMT de 2.700 a 3.000 m","m³",10.4]
[1901618,"Dragagem de silte com draga hopper - capacidade da cisterna de 10.000 m³ - DMT de 3.000 m","m³",10.51]
[1901625,"Dragagem de silte com draga hopper - capacidade da cisterna de 15.000 m³ - DMT de 1.500 a 1.800 m","m³",11.6]
[1901626,"Dragagem de silte com draga hopper - capacidade da cisterna de 15.000 m³ - DMT de 1.800 a 2.100 m","m³",11.77]
[1901627,"Dragagem de silte com draga hopper - capacidade da cisterna de 15.000 m³ - DMT de 2.100 a 2.400 m","m³",11.94]
[1901628,"Dragagem de silte com draga hopper - capacidade da cisterna de 15.000 m³ - DMT de 2.400 a 2.700 m","m³",12.12]
[1901629,"Dragagem de silte com draga hopper - capacidade da cisterna de 15.000 m³ - DMT de 2.700 a 3.000 m","m³",12.31]
[1901624,"Dragagem de silte com draga hopper - capacidade da cisterna de 15.000 m³ - DMT de 3.000 m","m³",12.41]
[1917073,"Dragagem de silte com draga hopper - capacidade da cisterna de 2.000 m³ - DMT de 1.500 a 1.800 m","m³",12.24]
[1917074,"Dragagem de silte com draga hopper - capacidade da cisterna de 2.000 m³ - DMT de 1.800 a 2.100 m","m³",12.61]
[1917075,"Dragagem de silte com draga hopper - capacidade da cisterna de 2.000 m³ - DMT de 2.100 a 2.400 m","m³",12.99]
[1917076,"Dragagem de silte com draga hopper - capacidade da cisterna de 2.000 m³ - DMT de 2.400 a 2.700 m","m³",13.39]
[1917077,"Dragagem de silte com draga hopper - capacidade da cisterna de 2.000 m³ - DMT de 2.700 a 3.000 m","m³",13.81]
[1917078,"Dragagem de silte com draga hopper - capacidade da cisterna de 2.000 m³ - DMT de 3.000 m","m³",14.03]
[1901631,"Dragagem de silte com draga hopper - capacidade da cisterna de 20.000 m³ - DMT de 1.500 a 1.800 m","m³",13.68]
[1901632,"Dragagem de silte com draga hopper - capacidade da cisterna de 20.000 m³ - DMT de 1.800 a 2.100 m","m³",13.84]
[1901633,"Dragagem de silte com draga hopper - capacidade da cisterna de 20.000 m³ - DMT de 2.100 a 2.400 m","m³",14.01]
[1901634,"Dragagem de silte com draga hopper - capacidade da cisterna de 20.000 m³ - DMT de 2.400 a 2.700 m","m³",14.18]
[1901635,"Dragagem de silte com draga hopper - capacidade da cisterna de 20.000 m³ - DMT de 2.700 a 3.000 m","m³",14.36]
[1901630,"Dragagem de silte com draga hopper - capacidade da cisterna de 20.000 m³ - DMT de 3.000 m","m³",14.46]
[1917109,"Dragagem de silte com draga hopper - capacidade da cisterna de 3.000 m³ - DMT de 1.500 a 1.800 m","m³",11.15]
[1917110,"Dragagem de silte com draga hopper - capacidade da cisterna de 3.000 m³ - DMT de 1.800 a 2.100 m","m³",11.45]
[1917111,"Dragagem de silte com draga hopper - capacidade da cisterna de 3.000 m³ - DMT de 2.100 a 2.400 m","m³",11.76]
[1917112,"Dragagem de silte com draga hopper - capacidade da cisterna de 3.000 m³ - DMT de 2.400 a 2.700 m","m³",12.09]
[1917113,"Dragagem de silte com draga hopper - capacidade da cisterna de 3.000 m³ - DMT de 2.700 a 3.000 m","m³",12.43]
[1917114,"Dragagem de silte com draga hopper - capacidade da cisterna de 3.000 m³ - DMT de 3.000 m","m³",12.61]
[1917145,"Dragagem de silte com draga hopper - capacidade da cisterna de 4.000 m³ - DMT de 1.500 a 1.800 m","m³",10.4]
[1917146,"Dragagem de silte com draga hopper - capacidade da cisterna de 4.000 m³ - DMT de 1.800 a 2.100 m","m³",10.66]
[1917147,"Dragagem de silte com draga hopper - capacidade da cisterna de 4.000 m³ - DMT de 2.100 a 2.400 m","m³",10.94]
[1917148,"Dragagem de silte com draga hopper - capacidade da cisterna de 4.000 m³ - DMT de 2.400 a 2.700 m","m³",11.22]
[1917149,"Dragagem de silte com draga hopper - capacidade da cisterna de 4.000 m³ - DMT de 2.700 a 3.000 m","m³",11.53]
[1917150,"Dragagem de silte com draga hopper - capacidade da cisterna de 4.000 m³ - DMT de 3.000 m","m³",11.69]
[1917181,"Dragagem de silte com draga hopper - capacidade da cisterna de 5.000 m³ - DMT de 1.500 a 1.800 m","m³",10.77]
[1917182,"Dragagem de silte com draga hopper - capacidade da cisterna de 5.000 m³ - DMT de 1.800 a 2.100 m","m³",11.01]
[1917183,"Dragagem de silte com draga hopper - capacidade da cisterna de 5.000 m³ - DMT de 2.100 a 2.400 m","m³",11.25]
[1917184,"Dragagem de silte com draga hopper - capacidade da cisterna de 5.000 m³ - DMT de 2.400 a 2.700 m","m³",11.5]
[1917185,"Dragagem de silte com draga hopper - capacidade da cisterna de 5.000 m³ - DMT de 2.700 a 3.000 m","m³",11.77]
[1917186,"Dragagem de silte com draga hopper - capacidade da cisterna de 5.000 m³ - DMT de 3.000 m","m³",11.91]
[1917001,"Dragagem de silte com draga hopper - capacidade da cisterna de 750 m³ - DMT de 1.500 a 1.800 m","m³",23.56]
[1917002,"Dragagem de silte com draga hopper - capacidade da cisterna de 750 m³ - DMT de 1.800 a 2.100 m","m³",24.42]
[1917003,"Dragagem de silte com draga hopper - capacidade da cisterna de 750 m³ - DMT de 2.100 a 2.400 m","m³",25.3]
[1917004,"Dragagem de silte com draga hopper - capacidade da cisterna de 750 m³ - DMT de 2.400 a 2.700 m","m³",26.22]
[1917005,"Dragagem de silte com draga hopper - capacidade da cisterna de 750 m³ - DMT de 2.700 a 3.000 m","m³",27.2]
[1917006,"Dragagem de silte com draga hopper - capacidade da cisterna de 750 m³ - DMT de 3.000 m","m³",27.72]
[2009619,"Alvenaria de blocos de concreto 19 x 19 x 39 cm com espessura de 20 cm - areia comercial","m²",111.82]
[2009618,"Alvenaria de blocos de concreto 19 x 19 x 39 cm com espessura de 20 cm - areia extraída","m²",110.1]
[2003866,"Aplicação de geotêxtil não-tecido agulhado com resistência à tração longitudinal de 14 kN/m","m²",8.24]
[2003867,"Aplicação de geotêxtil não-tecido agulhado com resistência à tração longitudinal de 31 kN/m","m²",15.99]
[2003622,"Boca de lobo combinada - chapéu e grelha simples - BLC 01 - areia e brita comerciais","un",2351.17]
[2003621,"Boca de lobo combinada - chapéu e grelha simples - BLC 01 - areia extraída e brita produzida","un",2259.23]
[2003624,"Boca de lobo combinada - chapéu e grelha simples - BLC 02 - areia e brita comerciais","un",2717.34]
[2003623,"Boca de lobo combinada - chapéu e grelha simples - BLC 02 - areia extraída e brita produzida","un",2614.59]
[2003634,"Boca de lobo dupla - grelha de concreto - BLDG 01 - areia e brita comerciais","un",1705.54]
[2003633,"Boca de lobo dupla - grelha de concreto - BLDG 01 - areia extraída e brita produzida","un",1613.6]
[2003636,"Boca de lobo dupla - grelha de concreto - BLDG 02 - areia e brita comerciais","un",2071.71]
[2003635,"Boca de lobo dupla - grelha de concreto - BLDG 02 - areia extraída e brita produzida","un",1968.96]
[2003638,"Boca de lobo dupla - grelha de concreto - BLDG 03 - areia e brita comerciais","un",2442.67]
[2003637,"Boca de lobo dupla - grelha de concreto - BLDG 03 - areia extraída e brita produzida","un",2328.0100000000002]
[2003640,"Boca de lobo dupla - grelha de concreto - BLDG 04 - areia e brita comerciais","un",2808.84]
[2003639,"Boca de lobo dupla - grelha de concreto - BLDG 04 - areia extraída e brita produzida","un",2683.37]
[2003618,"Boca de lobo simples - BLS 01 - areia e brita comerciais","un",944.77]
[2003617,"Boca de lobo simples - BLS 01 - areia extraída e brita produzida","un",894.15]
[2003620,"Boca de lobo simples - BLS 02 - areia e brita comerciais","un",1168.27]
[2003619,"Boca de lobo simples - BLS 02 - areia extraída e brita produzida","un",1111.1099999999999]
[2003626,"Boca de lobo simples - grelha de concreto - BLSG 01 - areia e brita comerciais","un",879.19]
[2003625,"Boca de lobo simples - grelha de concreto - BLSG 01 - areia extraída e brita produzida","un",828.57]
[2003628,"Boca de lobo simples - grelha de concreto - BLSG 02 - areia e brita comerciais","un",1102.69]
[2003627,"Boca de lobo simples - grelha de concreto - BLSG 02 - areia extraída e brita produzida","un",1045.53]
[2003630,"Boca de lobo simples - grelha de concreto - BLSG 03 - areia e brita comerciais","un",1326.19]
[2003629,"Boca de lobo simples - grelha de concreto - BLSG 03 - areia extraída e brita produzida","un",1262.49]
[2003632,"Boca de lobo simples - grelha de concreto - BLSG 04 - areia e brita comerciais","un",1549.69]
[2003631,"Boca de lobo simples - grelha de concreto - BLSG 04 - areia extraída e brita produzida","un",1479.44]
[2003599,"Boca de saída para dreno longitudinal profundo - BSD 01 - tubo de concreto perfurado - areia e brita comerciais","un",202.72]
[2003598,"Boca de saída para dreno longitudinal profundo - BSD 01 - tubo de concreto perfurado - areia extraída e brita produzida","un",183.83]
[2003919,"Boca de saída para dreno longitudinal profundo - BSD 01 - tubo de PEAD - areia e brita comerciais","un",202.72]
[2003918,"Boca de saída para dreno longitudinal profundo - BSD 01 - tubo de PEAD - areia extraída e brita produzida","un",183.83]
[2003601,"Boca de saída para dreno longitudinal profundo - BSD 02 - tubo de concreto perfurado - areia e brita comerciais","un",254.15]
[2003600,"Boca de saída para dreno longitudinal profundo - BSD 02 - tubo de concreto perfurado - areia extraída e brita produzida","un",229.45]
[2003921,"Boca de saída para dreno longitudinal profundo - BSD 02 - tubo de PEAD - areia e brita comerciais","un",254.15]
[2003920,"Boca de saída para dreno longitudinal profundo - BSD 02 - tubo de PEAD - areia extraída e brita produzida","un",229.45]
[2003616,"Boca de saída para dreno sub-horizontal em material de 1ª categoria - BSD 04 - areia e brita comerciais","un",21.56]
[2003615,"Boca de saída para dreno sub-horizontal em material de 1ª categoria - BSD 04 - areia extraída e brita produzida","un",18.89]
[2003927,"Boca de saída para dreno sub-horizontal em material de 2ª categoria - BSD 04 - areia e brita comerciais","un",22.4]
[2003926,"Boca de saída para dreno sub-horizontal em material de 2ª categoria - BSD 04 - areia extraída e brita produzida","un",19.739999999999998]
[2003613,"Boca de saída para dreno subsuperficial - BSD 03 - areia e brita comerciais","un",145.38]
[2003612,"Boca de saída para dreno subsuperficial - BSD 03 - areia extraída e brita produzida","un",133.76]
[2003477,"Caixa coletora de sarjeta - CCS 01 - com grelha de concreto - TCC 01 - areia e brita comerciais","un",3746.78]
[2003476,"Caixa coletora de sarjeta - CCS 01 - com grelha de concreto - TCC 01 - areia extraída e brita produzida","un",3469.45]
[2003517,"Caixa coletora de sarjeta - CCS 01 - com grelha de ferro - TCC 02 - areia e brita comerciais","un",4076.82]
[2003516,"Caixa coletora de sarjeta - CCS 01 - com grelha de ferro - TCC 02 - areia extraída e brita produzida","un",3810.45]
[2003479,"Caixa coletora de sarjeta - CCS 02 - com grelha de concreto - TCC 01 - areia e brita comerciais","un",3704.05]
[2003478,"Caixa coletora de sarjeta - CCS 02 - com grelha de concreto - TCC 01 - areia extraída e brita produzida","un",3438.84]
[2003519,"Caixa coletora de sarjeta - CCS 02 - com grelha de ferro - TCC 02 - areia e brita comerciais","un",4034.1]
[2003518,"Caixa coletora de sarjeta - CCS 02 - com grelha de ferro - TCC 02 - areia extraída e brita produzida","un",3779.83]
[2003481,"Caixa coletora de sarjeta - CCS 03 - com grelha de concreto - TCC 01 - areia e brita comerciais","un",3661.33]
[2003480,"Caixa coletora de sarjeta - CCS 03 - com grelha de concreto - TCC 01 - areia extraída e brita produzida","un",3408.22]
[2003521,"Caixa coletora de sarjeta - CCS 03 - com grelha de ferro - TCC 02 - areia e brita comerciais","un",3991.37]
[2003520,"Caixa coletora de sarjeta - CCS 03 - com grelha de ferro - TCC 02 - areia extraída e brita produzida","un",3749.21]
[2003483,"Caixa coletora de sarjeta - CCS 04 - com grelha de concreto - TCC 01 - areia e brita comerciais","un",3618.61]
[2003482,"Caixa coletora de sarjeta - CCS 04 - com grelha de concreto - TCC 01 - areia extraída e brita produzida","un",3377.6]
[2003523,"Caixa coletora de sarjeta - CCS 04 - com grelha de ferro - TCC 02 - areia e brita comerciais","un",3948.65]
[2003522,"Caixa coletora de sarjeta - CCS 04 - com grelha de ferro - TCC 02 - areia extraída e brita produzida","un",3718.6]
[2003485,"Caixa coletora de sarjeta - CCS 05 - com grelha de concreto - TCC 01 - areia e brita comerciais","un",4833.49]
[2003484,"Caixa coletora de sarjeta - CCS 05 - com grelha de concreto - TCC 01 - areia extraída e brita produzida","un",4489.57]
[2003525,"Caixa coletora de sarjeta - CCS 05 - com grelha de ferro - TCC 02 - areia e brita comerciais","un",5163.54]
[2003524,"Caixa coletora de sarjeta - CCS 05 - com grelha de ferro - TCC 02 - areia extraída e brita produzida","un",4830.57]
[2003487,"Caixa coletora de sarjeta - CCS 06 - com grelha de concreto - TCC 01 - areia e brita comerciais","un",4790.7700000000004]
[2003486,"Caixa coletora de sarjeta - CCS 06 - com grelha de concreto - TCC 01 - areia extraída e brita produzida","un",4458.96]
[2003527,"Caixa coletora de sarjeta - CCS 06 - com grelha de ferro - TCC 02 - areia e brita comerciais","un",5120.8100000000004]
[2003526,"Caixa coletora de sarjeta - CCS 06 - com grelha de ferro - TCC 02 - areia extraída e brita produzida","un",4799.95]
[2003489,"Caixa coletora de sarjeta - CCS 07 - com grelha de concreto - TCC 01 - areia e brita comerciais","un",4748.04]
[2003488,"Caixa coletora de sarjeta - CCS 07 - com grelha de concreto - TCC 01 - areia extraída e brita produzida","un",4428.34]
[2003529,"Caixa coletora de sarjeta - CCS 07 - com grelha de ferro - TCC 02 - areia e brita comerciais","un",5078.09]
[2003528,"Caixa coletora de sarjeta - CCS 07 - com grelha de ferro - TCC 02 - areia extraída e brita produzida","un",4769.33]
[2003491,"Caixa coletora de sarjeta - CCS 08 - com grelha de concreto - TCC 01 - areia e brita comerciais","un",4705.32]
[2003490,"Caixa coletora de sarjeta - CCS 08 - com grelha de concreto - TCC 01 - areia extraída e brita produzida","un",4397.7299999999996]
[2003531,"Caixa coletora de sarjeta - CCS 08 - com grelha de ferro - TCC 02 - areia e brita comerciais","un",5035.3599999999997]
[2003530,"Caixa coletora de sarjeta - CCS 08 - com grelha de ferro - TCC 02 - areia extraída e brita produzida","un",4738.72]
[2003493,"Caixa coletora de sarjeta - CCS 09 - com grelha de concreto - TCC 01 - areia e brita comerciais","un",5762.11]
[2003492,"Caixa coletora de sarjeta - CCS 09 - com grelha de concreto - TCC 01 - areia extraída e brita produzida","un",5351.59]
[2003533,"Caixa coletora de sarjeta - CCS 09 - com grelha de ferro - TCC 02 - areia e brita comerciais","un",6092.15]
[2003532,"Caixa coletora de sarjeta - CCS 09 - com grelha de ferro - TCC 02 - areia extraída e brita produzida","un",5692.59]
[2003495,"Caixa coletora de sarjeta - CCS 10 - com grelha de concreto - TCC 01 - areia e brita comerciais","un",5719.38]
[2003494,"Caixa coletora de sarjeta - CCS 10 - com grelha de concreto - TCC 01 - areia extraída e brita produzida","un",5320.98]
[2003535,"Caixa coletora de sarjeta - CCS 10 - com grelha de ferro - TCC 02 - areia e brita comerciais","un",6049.43]
[2003534,"Caixa coletora de sarjeta - CCS 10 - com grelha de ferro - TCC 02 - areia extraída e brita produzida","un",5661.97]
[2003497,"Caixa coletora de sarjeta - CCS 11 - com grelha de concreto - TCC 01 - areia e brita comerciais","un",5676.66]
[2003496,"Caixa coletora de sarjeta - CCS 11 - com grelha de concreto - TCC 01 - areia extraída e brita produzida","un",5290.36]
[2003537,"Caixa coletora de sarjeta - CCS 11 - com grelha de ferro - TCC 02 - areia e brita comerciais","un",6006.7]
[2003536,"Caixa coletora de sarjeta - CCS 11 - com grelha de ferro - TCC 02 - areia extraída e brita produzida","un",5631.36]
[2003499,"Caixa coletora de sarjeta - CCS 12 - com grelha de concreto - TCC 01 - areia e brita comerciais","un",5633.94]
[2003498,"Caixa coletora de sarjeta - CCS 12 - com grelha de concreto - TCC 01 - areia extraída e brita produzida","un",5259.75]
[2003539,"Caixa coletora de sarjeta - CCS 12 - com grelha de ferro - TCC 02 - areia e brita comerciais","un",5921.26]
[2003538,"Caixa coletora de sarjeta - CCS 12 - com grelha de ferro - TCC 02 - areia extraída e brita produzida","un",5570.12]
[2003501,"Caixa coletora de sarjeta - CCS 13 - com grelha de concreto - TCC 01 - areia e brita comerciais","un",6901.3]
[2003500,"Caixa coletora de sarjeta - CCS 13 - com grelha de concreto - TCC 01 - areia extraída e brita produzida","un",6424.2]
[2003541,"Caixa coletora de sarjeta - CCS 13 - com grelha de ferro - TCC 02 - areia e brita comerciais","un",7231.35]
[2003540,"Caixa coletora de sarjeta - CCS 13 - com grelha de ferro - TCC 02 - areia extraída e brita produzida","un",6765.19]
[2003503,"Caixa coletora de sarjeta - CCS 14 - com grelha de concreto - TCC 01 - areia e brita comerciais","un",6858.58]
[2003502,"Caixa coletora de sarjeta - CCS 14 - com grelha de concreto - TCC 01 - areia extraída e brita produzida","un",6393.58]
[2003543,"Caixa coletora de sarjeta - CCS 14 - com grelha de ferro - TCC 02 - areia e brita comerciais","un",7188.62]
[2003542,"Caixa coletora de sarjeta - CCS 14 - com grelha de ferro - TCC 02 - areia extraída e brita produzida","un",6734.57]
[2003505,"Caixa coletora de sarjeta - CCS 15 - com grelha de concreto - TCC 01 - areia e brita comerciais","un",6815.85]
[2003504,"Caixa coletora de sarjeta - CCS 15 - com grelha de concreto - TCC 01 - areia extraída e brita produzida","un",6362.96]
[2003545,"Caixa coletora de sarjeta - CCS 15 - com grelha de ferro - TCC 02 - areia e brita comerciais","un",7145.9]
[2003544,"Caixa coletora de sarjeta - CCS 15 - com grelha de ferro - TCC 02 - areia extraída e brita produzida","un",6703.96]
[2003507,"Caixa coletora de sarjeta - CCS 16 - com grelha de concreto - TCC 01 - areia e brita comerciais","un",6773.13]
[2003506,"Caixa coletora de sarjeta - CCS 16 - com grelha de concreto - TCC 01 - areia extraída e brita produzida","un",6332.35]
[2003547,"Caixa coletora de sarjeta - CCS 16 - com grelha de ferro - TCC 02 - areia e brita comerciais","un",7103.17]
[2003546,"Caixa coletora de sarjeta - CCS 16 - com grelha de ferro - TCC 02 - areia extraída e brita produzida","un",6673.34]
[2003509,"Caixa coletora de sarjeta - CCS 17 - com grelha de concreto - TCC 01 - areia e brita comerciais","un",7872.04]
[2003508,"Caixa coletora de sarjeta - CCS 17 - com grelha de concreto - TCC 01 - areia extraída e brita produzida","un",7328.34]
[2003549,"Caixa coletora de sarjeta - CCS 17 - com grelha de ferro - TCC 02 - areia e brita comerciais","un",8202.08]
[2003548,"Caixa coletora de sarjeta - CCS 17 - com grelha de ferro - TCC 02 - areia extraída e brita produzida","un",7669.33]
[2003511,"Caixa coletora de sarjeta - CCS 18 - com grelha de concreto - TCC 01 - areia e brita comerciais","un",7829.31]
[2003510,"Caixa coletora de sarjeta - CCS 18 - com grelha de concreto - TCC 01 - areia extraída e brita produzida","un",7297.72]
[2003551,"Caixa coletora de sarjeta - CCS 18 - com grelha de ferro - TCC 02 - areia e brita comerciais","un",8159.36]
[2003550,"Caixa coletora de sarjeta - CCS 18 - com grelha de ferro - TCC 02 - areia extraída e brita produzida","un",7638.71]
[2003513,"Caixa coletora de sarjeta - CCS 19 - com grelha de concreto - TCC 01 - areia e brita comerciais","un",7786.59]
[2003512,"Caixa coletora de sarjeta - CCS 19 - com grelha de concreto - TCC 01 - areia extraída e brita produzida","un",7267.1]
[2003553,"Caixa coletora de sarjeta - CCS 19 - com grelha de ferro - TCC 02 - areia e brita comerciais","un",8116.63]
[2003552,"Caixa coletora de sarjeta - CCS 19 - com grelha de ferro - TCC 02 - areia extraída e brita produzida","un",7608.1]
[2003515,"Caixa coletora de sarjeta - CCS 20 - com grelha de concreto - TCC 01 - areia e brita comerciais","un",7743.87]
[2003514,"Caixa coletora de sarjeta - CCS 20 - com grelha de concreto - TCC 01 - areia extraída e brita produzida","un",7236.49]
[2003555,"Caixa coletora de sarjeta - CCS 20 - com grelha de ferro - TCC 02 - areia e brita comerciais","un",8073.91]
[2003554,"Caixa coletora de sarjeta - CCS 20 - com grelha de ferro - TCC 02 - areia extraída e brita produzida","un",7577.48]
[2003728,"Caixa coletora de talvegue - CCT 01 - areia e brita comerciais","un",3480.31]
[2003727,"Caixa coletora de talvegue - CCT 01 - areia extraída e brita produzida","un",3206.66]
[2003730,"Caixa coletora de talvegue - CCT 02 - areia e brita comerciais","un",3437.58]
[2003729,"Caixa coletora de talvegue - CCT 02 - areia extraída e brita produzida","un",3176.05]
[2003732,"Caixa coletora de talvegue - CCT 03 - areia e brita comerciais","un",3399.13]
[2003731,"Caixa coletora de talvegue - CCT 03 - areia extraída e brita produzida","un",3148.49]
[2003734,"Caixa coletora de talvegue - CCT 04 - areia e brita comerciais","un",3352.13]
[2003733,"Caixa coletora de talvegue - CCT 04 - areia extraída e brita produzida","un",3114.82]
[2003736,"Caixa coletora de talvegue - CCT 05 - areia e brita comerciais","un",4567.0200000000004]
[2003735,"Caixa coletora de talvegue - CCT 05 - areia extraída e brita produzida","un",4226.79]
[2003738,"Caixa coletora de talvegue - CCT 06 - areia e brita comerciais","un",4524.3]
[2003737,"Caixa coletora de talvegue - CCT 06 - areia extraída e brita produzida","un",4196.17]
[2003740,"Caixa coletora de talvegue - CCT 07 - areia e brita comerciais","un",4485.84]
[2003739,"Caixa coletora de talvegue - CCT 07 - areia extraída e brita produzida","un",4168.62]
[2003742,"Caixa coletora de talvegue - CCT 08 - areia e brita comerciais","un",4609.74]
[2003741,"Caixa coletora de talvegue - CCT 08 - areia extraída e brita produzida","un",4257.3999999999996]
[2003744,"Caixa coletora de talvegue - CCT 09 - areia e brita comerciais","un",5495.64]
[2003743,"Caixa coletora de talvegue - CCT 09 - areia extraída e brita produzida","un",5088.8100000000004]
[2003746,"Caixa coletora de talvegue - CCT 10 - areia e brita comerciais","un",5452.91]
[2003745,"Caixa coletora de talvegue - CCT 10 - areia extraída e brita produzida","un",5058.1899999999996]
[2003748,"Caixa coletora de talvegue - CCT 11 - areia e brita comerciais","un",5414.46]
[2003747,"Caixa coletora de talvegue - CCT 11 - areia extraída e brita produzida","un",5030.6400000000003]
[2003750,"Caixa coletora de talvegue - CCT 12 - areia e brita comerciais","un",5367.46]
[2003749,"Caixa coletora de talvegue - CCT 12 - areia extraída e brita produzida","un",4996.96]
[2003752,"Caixa coletora de talvegue - CCT 13 - areia e brita comerciais","un",6634.83]
[2003751,"Caixa coletora de talvegue - CCT 13 - areia extraída e brita produzida","un",6161.41]
[2003754,"Caixa coletora de talvegue - CCT 14 - areia e brita comerciais","un",6592.11]
[2003753,"Caixa coletora de talvegue - CCT 14 - areia extraída e brita produzida","un",6130.79]
[2003756,"Caixa coletora de talvegue - CCT 15 - areia e brita comerciais","un",6553.65]
[2003755,"Caixa coletora de talvegue - CCT 15 - areia extraída e brita produzida","un",6103.24]
[2003758,"Caixa coletora de talvegue - CCT 16 - areia e brita comerciais","un",6506.66]
[2003757,"Caixa coletora de talvegue - CCT 16 - areia extraída e brita produzida","un",6069.56]
[2003760,"Caixa coletora de talvegue - CCT 17 - areia e brita comerciais","un",6665.64]
[2003759,"Caixa coletora de talvegue - CCT 17 - areia extraída e brita produzida","un",6392]
[2003762,"Caixa coletora de talvegue - CCT 18 - areia e brita comerciais","un",7562.84]
[2003761,"Caixa coletora de talvegue - CCT 18 - areia extraída e brita produzida","un",7034.93]
[2003764,"Caixa coletora de talvegue - CCT 19 - areia e brita comerciais","un",7524.39]
[2003763,"Caixa coletora de talvegue - CCT 19 - areia extraída e brita produzida","un",7007.38]
[2003766,"Caixa coletora de talvegue - CCT 20 - areia e brita comerciais","un",7477.39]
[2003765,"Caixa coletora de talvegue - CCT 20 - areia extraída e brita produzida","un",6973.7]
[2003642,"Caixa de ligação e passagem - CLP 01 - areia e brita comerciais","un",1577.98]
[2003641,"Caixa de ligação e passagem - CLP 01 - areia extraída e brita produzida","un",1407.25]
[2003644,"Caixa de ligação e passagem - CLP 02 - areia e brita comerciais","un",1552.34]
[2003643,"Caixa de ligação e passagem - CLP 02 - areia extraída e brita produzida","un",1388.88]
[2003646,"Caixa de ligação e passagem - CLP 03 - areia e brita comerciais","un",2121.33]
[2003645,"Caixa de ligação e passagem - CLP 03 - areia extraída e brita produzida","un",1886.43]
[2003648,"Caixa de ligação e passagem - CLP 04 - areia e brita comerciais","un",2736.65]
[2003647,"Caixa de ligação e passagem - CLP 04 - areia extraída e brita produzida","un",2441.2199999999998]
[2003650,"Caixa de ligação e passagem - CLP 05 - areia e brita comerciais","un",3261.19]
[2003649,"Caixa de ligação e passagem - CLP 05 - areia extraída e brita produzida","un",2919.75]
[2003652,"Caixa de ligação e passagem - CLP 06 - areia e brita comerciais","un",4195.3599999999997]
[2003651,"Caixa de ligação e passagem - CLP 06 - areia extraída e brita produzida","un",3782.48]
[2003654,"Caixa de ligação e passagem - CLP 07 - areia e brita comerciais","un",1886.61]
[2003653,"Caixa de ligação e passagem - CLP 07 - areia extraída e brita produzida","un",1683.19]
[2003656,"Caixa de ligação e passagem - CLP 08 - areia e brita comerciais","un",1856.7]
[2003655,"Caixa de ligação e passagem - CLP 08 - areia extraída e brita produzida","un",1661.76]
[2003658,"Caixa de ligação e passagem - CLP 09 - areia e brita comerciais","un",2474.92]
[2003657,"Caixa de ligação e passagem - CLP 09 - areia extraída e brita produzida","un",2200.0700000000002]
[2003660,"Caixa de ligação e passagem - CLP 10 - areia e brita comerciais","un",3114.25]
[2003659,"Caixa de ligação e passagem - CLP 10 - areia extraída e brita produzida","un",2776.44]
[2003662,"Caixa de ligação e passagem - CLP 11 - areia e brita comerciais","un",3667.07]
[2003661,"Caixa de ligação e passagem - CLP 11 - areia extraída e brita produzida","un",3279.61]
[2003664,"Caixa de ligação e passagem - CLP 12 - areia e brita comerciais","un",4534.43]
[2003663,"Caixa de ligação e passagem - CLP 12 - areia extraída e brita produzida","un",4071.9]
[2003666,"Caixa de ligação e passagem - CLP 13 - areia e brita comerciais","un",2199.5100000000002]
[2003665,"Caixa de ligação e passagem - CLP 13 - areia extraída e brita produzida","un",1962.19]
[2003668,"Caixa de ligação e passagem - CLP 14 - areia e brita comerciais","un",2173.87]
[2003667,"Caixa de ligação e passagem - CLP 14 - areia extraída e brita produzida","un",1943.82]
[2003670,"Caixa de ligação e passagem - CLP 15 - areia e brita comerciais","un",2841.33]
[2003669,"Caixa de ligação e passagem - CLP 15 - areia extraída e brita produzida","un",2522.89]
[2003672,"Caixa de ligação e passagem - CLP 16 - areia e brita comerciais","un",3513.21]
[2003671,"Caixa de ligação e passagem - CLP 16 - areia extraída e brita produzida","un",3126.97]
[2003674,"Caixa de ligação e passagem - CLP 17 - areia e brita comerciais","un",4090.04]
[2003673,"Caixa de ligação e passagem - CLP 17 - areia extraída e brita produzida","un",3651.73]
[2003676,"Caixa de ligação e passagem - CLP 18 - areia e brita comerciais","un",5001.95]
[2003675,"Caixa de ligação e passagem - CLP 18 - areia extraída e brita produzida","un",4482.5200000000004]
[2003854,"Camada drenante para proteção de muros de contenção - areia comercial","m³",140.96]
[2003855,"Camada drenante para proteção de muros de contenção - areia extraída","m³",16.3]
[2003856,"Camada drenante para proteção de muros de contenção - brita comercial","m³",143.76]
[2003857,"Camada drenante para proteção de muros de contenção - brita produzida","m³",65.22]
[2019782,"Canal em polietileno e polipropileno com efeito autolimpante e abertura de captação em ferro fundido dúctil - carga de controle de 900 kN - 100,0 x 21,0 x 57,9 cm - fornecimento e instalação em pavimento de asfalto","m",858.82]
[2019783,"Canal em polietileno e polipropileno com efeito autolimpante e abertura de captação em ferro fundido dúctil - carga de controle de 900 kN - 100,0 x 25,2 x 66,5 cm - fornecimento e instalação em pavimento de asfalto","m",1324.11]
[2019784,"Canal em polietileno e polipropileno com efeito autolimpante e abertura de captação em ferro fundido dúctil - carga de controle de 900 kN - 100,0 x 42,0 x 95,0 cm - fornecimento e instalação em pavimento de asfalto","m",1748.14]
[2019785,"Canal em polietileno e polipropileno com efeito autolimpante e abertura de captação em ferro fundido dúctil - carga de controle de 900 kN - 114,2 x 78,0 x 106,0 cm - fornecimento e instalação em pavimento de asfalto","m",2420.9299999999998]
[2019776,"Canal em polietileno e polipropileno com efeito autolimpante e grelha de encaixe em ferro fundido dúctil - carga de controle de 400 kN - 100,0 x 14,7 x 18,6 cm - fornecimento e instalação em pavimento de asfalto","m",457.25]
[2019777,"Canal em polietileno e polipropileno com efeito autolimpante e grelha de encaixe em ferro fundido dúctil - carga de controle de 400 kN - 100,0 x 24,7 x 23,6 cm - fornecimento e instalação em pavimento de asfalto","m",991.88]
[2019778,"Canal em polietileno e polipropileno com efeito autolimpante e grelha de encaixe em ferro fundido dúctil - carga de controle de 400 kN - 100,0 x 34,9 x 29,4 cm - fornecimento e instalação em pavimento de asfalto","m",1958.67]
[2019779,"Canal em polietileno e polipropileno com efeito autolimpante e grelha de encaixe em ferro fundido dúctil - carga de controle de 600 kN - 100,0 x 16,0 x 15,0 cm - fornecimento e instalação em pavimento de asfalto","m",592.35]
[2019780,"Canal em polietileno e polipropileno com efeito autolimpante e grelha de encaixe em ferro fundido dúctil - carga de controle de 600 kN - 100,0 x 21,2 x 21,0 cm - fornecimento e instalação em pavimento de asfalto","m",736.84]
[2019781,"Canal em polietileno e polipropileno com efeito autolimpante e grelha de encaixe em ferro fundido dúctil - carga de controle de 600 kN - 100,0 x 26,2 x 20,0 cm - fornecimento e instalação em pavimento de asfalto","m",922.16]
[2019773,"Canal em polietileno e polipropileno com efeito autolimpante e grelha de encaixe em poliamida reforçada - carga de controle de 250 kN - 100,0 x 16,0 x 15,0 cm - fornecimento e instalação em pavimento de asfalto","m",314.29000000000002]
[2019774,"Canal em polietileno e polipropileno com efeito autolimpante e grelha de encaixe em poliamida reforçada - carga de controle de 250 kN - 100,0 x 16,0 x 20,0 cm - fornecimento e instalação em pavimento de asfalto","m",343.65]
[2019775,"Canal em polietileno e polipropileno com efeito autolimpante e grelha de encaixe em poliamida reforçada - carga de controle de 250 kN - 100,0 x 16,0 x 7,5 cm - fornecimento e instalação em pavimento de asfalto","m",281.70999999999998]
[2019755,"Canal monobloco com corpo e grelha em concreto polímero com efeito autolimpante - carga de controle de 400 kN - 100,0 x 15,0 x 23,0 cm - fornecimento e instalação em pavimento de asfalto","m",463.6]
[2019764,"Canal monobloco com corpo e grelha em concreto polímero com efeito autolimpante - carga de controle de 400 kN - 100,0 x 15,0 x 23,0 cm - fornecimento e instalação em pavimento de concreto","m",486.92]
[2019756,"Canal monobloco com corpo e grelha em concreto polímero com efeito autolimpante - carga de controle de 400 kN - 100,0 x 25,0 x 32,0 cm - fornecimento e instalação em pavimento de asfalto","m",839.45]
[2019765,"Canal monobloco com corpo e grelha em concreto polímero com efeito autolimpante - carga de controle de 400 kN - 100,0 x 25,0 x 32,0 cm - fornecimento e instalação em pavimento de concreto","m",862.77]
[2019757,"Canal monobloco com corpo e grelha em concreto polímero com efeito autolimpante - carga de controle de 900 kN - 100,0 x 16,0 x 26,5 cm - fornecimento e instalação em pavimento de asfalto","m",806.71]
[2019766,"Canal monobloco com corpo e grelha em concreto polímero com efeito autolimpante - carga de controle de 900 kN - 100,0 x 16,0 x 26,5 cm - fornecimento e instalação em pavimento de concreto","m",862.89]
[2019758,"Canal monobloco com corpo e grelha em concreto polímero com efeito autolimpante - carga de controle de 900 kN - 100,0 x 21,0 x 28,0 cm - fornecimento e instalação em pavimento de asfalto","m",836.97]
[2019767,"Canal monobloco com corpo e grelha em concreto polímero com efeito autolimpante - carga de controle de 900 kN - 100,0 x 21,0 x 28,0 cm - fornecimento e instalação em pavimento de concreto","m",893.6]
[2019759,"Canal monobloco com corpo e grelha em concreto polímero com efeito autolimpante - carga de controle de 900 kN - 100,0 x 21,0 x 38,0 cm - fornecimento e instalação em pavimento de asfalto","m",923.38]
[2019768,"Canal monobloco com corpo e grelha em concreto polímero com efeito autolimpante - carga de controle de 900 kN - 100,0 x 21,0 x 38,0 cm - fornecimento e instalação em pavimento de concreto","m",988.96]
[2019760,"Canal monobloco com corpo e grelha em concreto polímero com efeito autolimpante - carga de controle de 900 kN - 100,0 x 21,0 x 48,0 cm - fornecimento e instalação em pavimento de asfalto","m",1171.48]
[2019769,"Canal monobloco com corpo e grelha em concreto polímero com efeito autolimpante - carga de controle de 900 kN - 100,0 x 21,0 x 48,0 cm - fornecimento e instalação em pavimento de concreto","m",1246.01]
[2019761,"Canal monobloco com corpo e grelha em concreto polímero com efeito autolimpante - carga de controle de 900 kN - 100,0 x 26,0 x 33,0 cm - fornecimento e instalação em pavimento de asfalto","m",1101.8599999999999]
[2019770,"Canal monobloco com corpo e grelha em concreto polímero com efeito autolimpante - carga de controle de 900 kN - 100,0 x 26,0 x 33,0 cm - fornecimento e instalação em pavimento de concreto","m",1162.97]
[2019762,"Canal monobloco com corpo e grelha em concreto polímero com efeito autolimpante - carga de controle de 900 kN - 100,0 x 26,0 x 53,0 cm - fornecimento e instalação em pavimento de asfalto","m",1337.45]
[2019771,"Canal monobloco com corpo e grelha em concreto polímero com efeito autolimpante - carga de controle de 900 kN - 100,0 x 26,0 x 53,0 cm - fornecimento e instalação em pavimento de concreto","m",1416.46]
[2019763,"Canal monobloco com corpo e grelha em concreto polímero com efeito autolimpante - carga de controle de 900 kN - 200,0 x 40,0 x 59,5 cm - fornecimento e instalação em pavimento de asfalto","m",4964.8100000000004]
[2019772,"Canal monobloco com corpo e grelha em concreto polímero com efeito autolimpante - carga de controle de 900 kN - 200,0 x 40,0 x 59,5 cm - fornecimento e instalação em pavimento de concreto","m",5042.4799999999996]
[2003811,"Canaleta de concreto - CAU 01 - seção de 20 x 20 cm - espessura de 10 cm - apoiada em toda a extensão","m",137.61000000000001]
[2003812,"Canaleta de concreto - CAU 02 - seção de 25 x 25 cm - espessura de 10 cm - apoiada em toda a extensão","m",163]
[2003813,"Canaleta de concreto - CAU 03 - seção de 30 x 30 cm - espessura de 10 cm - apoiada em toda a extensão","m",194.4]
[2003814,"Canaleta de concreto - CAU 04 - seção de 35 x 35 cm - espessura de 10 cm - apoiada em toda a extensão","m",221.79]
[2003815,"Canaleta de concreto - CAU 05 - seção de 40 x 40 cm - espessura de 10 cm - apoiada em toda a extensão","m",249.18]
[2003816,"Canaleta de concreto - CAU 06 - seção de 50 x 50 cm - espessura de 10 cm - apoiada em toda a extensão","m",307.97000000000003]
[2003817,"Canaleta de concreto - CAU 07 - seção de 60 x 60 cm - espessura de 10 cm - apoiada em toda a extensão","m",360.76]
[2003799,"Canaleta meia cana D = 0,30 m assente sobre lastro de areia - areia e brita comerciais - fornecimento e instalação","m",56.24]
[2003798,"Canaleta meia cana D = 0,30 m assente sobre lastro de areia - areia extraída e brita produzida - fornecimento e instalação","m",48.28]
[2003801,"Canaleta meia cana D = 0,40 m assente sobre lastro de areia - areia e brita comerciais - fornecimento e instalação","m",71.150000000000006]
[2003800,"Canaleta meia cana D = 0,40 m assente sobre lastro de areia - areia extraída e brita produzida - fornecimento e instalação","m",60]
[2003714,"Chaminé dos poços de visita - CPV 01 - areia e brita comerciais","un",1493.71]
[2003713,"Chaminé dos poços de visita - CPV 01 - areia extraída e brita produzida","un",1457.29]
[2003716,"Chaminé dos poços de visita - CPV 02 - areia e brita comerciais","un",1737.16]
[2003715,"Chaminé dos poços de visita - CPV 02 - areia extraída e brita produzida","un",1694.6]
[2003718,"Chaminé dos poços de visita - CPV 03 - areia e brita comerciais","un",1974.7]
[2003717,"Chaminé dos poços de visita - CPV 03 - areia extraída e brita produzida","un",1927.12]
[2003720,"Chaminé dos poços de visita - CPV 04 - areia e brita comerciais","un",2218.12]
[2003719,"Chaminé dos poços de visita - CPV 04 - areia extraída e brita produzida","un",2164.39]
[2003722,"Chaminé dos poços de visita - CPV 05 - areia e brita comerciais","un",2455.66]
[2003721,"Chaminé dos poços de visita - CPV 05 - areia extraída e brita produzida","un",2396.9]
[2003724,"Chaminé dos poços de visita - CPV 06 - areia e brita comerciais","un",2699.11]
[2003723,"Chaminé dos poços de visita - CPV 06 - areia extraída e brita produzida","un",2634.21]
[2003726,"Chaminé dos poços de visita - CPV 07 - areia e brita comerciais","un",2936.65]
[2003725,"Chaminé dos poços de visita - CPV 07 - areia extraída e brita produzida","un",2866.73]
[2003859,"Colchão drenante com espalhamento e compactação mecânicos - brita produzida","m³",62.12]
[2003861,"Coluna drenante D = 20 cm - areia comercial","m",24.63]
[2003862,"Coluna drenante D = 20 cm - areia extraída","m",21.07]
[2003405,"Descida d'água de aterros em degraus - DAD 01 - areia e brita comerciais","m",206.04]
[2003404,"Descida d'água de aterros em degraus - DAD 01 - areia extraída e brita produzida","m",174.56]
[2003407,"Descida d'água de aterros em degraus - DAD 02 - areia e brita comerciais","m",262.16000000000003]
[2003406,"Descida d'água de aterros em degraus - DAD 02 - areia extraída e brita produzida","m",230.68]
[2003409,"Descida d'água de aterros em degraus - DAD 03 - areia e brita comerciais","m",436.46]
[2003408,"Descida d'água de aterros em degraus - DAD 03 - areia extraída e brita produzida","m",365.02]
[2003411,"Descida d'água de aterros em degraus - DAD 04 - areia e brita comerciais","m",591.82000000000005]
[2003410,"Descida d'água de aterros em degraus - DAD 04 - areia extraída e brita produzida","m",520.38]
[2003413,"Descida d'água de aterros em degraus - DAD 05 - areia e brita comerciais","m",611.24]
[2003412,"Descida d'água de aterros em degraus - DAD 05 - areia extraída e brita produzida","m",511.96]
[2003415,"Descida d'água de aterros em degraus - DAD 06 - areia e brita comerciais","m",797.39]
[2003414,"Descida d'água de aterros em degraus - DAD 06 - areia extraída e brita produzida","m",698.1]
[2003417,"Descida d'água de aterros em degraus - DAD 07 - areia e brita comerciais","m",795.41]
[2003416,"Descida d'água de aterros em degraus - DAD 07 - areia extraída e brita produzida","m",665.86]
[2003419,"Descida d'água de aterros em degraus - DAD 08 - areia e brita comerciais","m",1013.51]
[2003418,"Descida d'água de aterros em degraus - DAD 08 - areia extraída e brita produzida","m",883.96]
[2003421,"Descida d'água de aterros em degraus - DAD 09 - areia e brita comerciais","m",1002.76]
[2003420,"Descida d'água de aterros em degraus - DAD 09 - areia extraída e brita produzida","m",840.51]
[2003423,"Descida d'água de aterros em degraus - DAD 10 - areia e brita comerciais","m",1246.06]
[2003422,"Descida d'água de aterros em degraus - DAD 10 - areia extraída e brita produzida","m",1083.82]
[2003425,"Descida d'água de aterros em degraus - DAD 11 - areia e brita comerciais","m",1304.53]
[2003424,"Descida d'água de aterros em degraus - DAD 11 - areia extraída e brita produzida","m",1093.8599999999999]
[2003427,"Descida d'água de aterros em degraus - DAD 12 - areia e brita comerciais","m",1626.43]
[2003426,"Descida d'água de aterros em degraus - DAD 12 - areia extraída e brita produzida","m",1415.75]
[2003429,"Descida d'água de aterros em degraus - DAD 13 - areia e brita comerciais","m",1641]
[2003428,"Descida d'água de aterros em degraus - DAD 13 - areia extraída e brita produzida","m",1364.94]
[2003431,"Descida d'água de aterros em degraus - DAD 14 - areia e brita comerciais","m",1939.25]
[2003430,"Descida d'água de aterros em degraus - DAD 14 - areia extraída e brita produzida","m",1663.19]
[2003433,"Descida d'água de aterros em degraus - DAD 15 - areia e brita comerciais","m",2115.4899999999998]
[2003432,"Descida d'água de aterros em degraus - DAD 15 - areia extraída e brita produzida","m",1761.94]
[2003435,"Descida d'água de aterros em degraus - DAD 16 - areia e brita comerciais","m",2464.2800000000002]
[2003434,"Descida d'água de aterros em degraus - DAD 16 - areia extraída e brita produzida","m",2110.7199999999998]
[2003437,"Descida d'água de aterros em degraus - DAD 17 - areia e brita comerciais","m",2864.72]
[2003436,"Descida d'água de aterros em degraus - DAD 17 - areia extraída e brita produzida","m",2388.88]
[2003439,"Descida d'água de aterros em degraus - DAD 18 - areia e brita comerciais","m",3301.44]
[2003438,"Descida d'água de aterros em degraus - DAD 18 - areia extraída e brita produzida","m",2825.6]
[2003389,"Descida d'água de aterros tipo rápido - DAR 01 - areia e brita comerciais","m",242.22]
[2003388,"Descida d'água de aterros tipo rápido - DAR 01 - areia extraída e brita produzida","m",221.03]
[2003391,"Descida d'água de aterros tipo rápido - DAR 02 - areia e brita comerciais","m",157.16]
[2003390,"Descida d'água de aterros tipo rápido - DAR 02 - areia extraída e brita produzida","m",140.57]
[2003393,"Descida d'água de aterros tipo rápido - DAR 03 - areia e brita comerciais","m",224.67]
[2003392,"Descida d'água de aterros tipo rápido - DAR 03 - areia extraída e brita produzida","m",208.08]
[2003395,"Descida d'água de aterros tipo rápido - DAR 04 - areia e brita comerciais","m",694.43]
[2003394,"Descida d'água de aterros tipo rápido - DAR 04 - areia extraída e brita produzida","m",692.01]
[2003397,"Descida d'água de cortes em degraus - DCD 01 - areia e brita comerciais","m",507.87]
[2003396,"Descida d'água de cortes em degraus - DCD 01 - areia extraída e brita produzida","m",465.49]
[2003399,"Descida d'água de cortes em degraus - DCD 02 - areia e brita comerciais","m",645.17999999999995]
[2003398,"Descida d'água de cortes em degraus - DCD 02 - areia extraída e brita produzida","m",602.79999999999995]
[2003401,"Descida d'água de cortes em degraus - DCD 03 - areia e brita comerciais","m",573.64]
[2003400,"Descida d'água de cortes em degraus - DCD 03 - areia extraída e brita produzida","m",522.79]
[2003403,"Descida d'água de cortes em degraus - DCD 04 - areia e brita comerciais","m",718.35]
[2003402,"Descida d'água de cortes em degraus - DCD 04 - areia extraída e brita produzida","m",667.49]
[2003448,"Dissipador de energia - DEB 01 - areia extraída e brita e pedra de mão produzidas","un",380.83]
[2003449,"Dissipador de energia - DEB 01 - areia, brita e pedra de mão comerciais","un",445.39]
[2003450,"Dissipador de energia - DEB 02 - areia extraída e brita e pedra de mão produzidas","un",390.51]
[2003451,"Dissipador de energia - DEB 02 - areia, brita e pedra de mão comerciais","un",458.14]
[2003452,"Dissipador de energia - DEB 03 - areia extraída e brita e pedra de mão produzidas","un",1190.27]
[2003453,"Dissipador de energia - DEB 03 - areia, brita e pedra de mão comerciais","un",1392.34]
[2003454,"Dissipador de energia - DEB 04 - areia extraída e brita e pedra de mão produzidas","un",1663.98]
[2003455,"Dissipador de energia - DEB 04 - areia, brita e pedra de mão comerciais","un",1977.58]
[2003456,"Dissipador de energia - DEB 05 - areia extraída e brita e pedra de mão produzidas","un",2206.23]
[2003457,"Dissipador de energia - DEB 05 - areia, brita e pedra de mão comerciais","un",2654.92]
[2003458,"Dissipador de energia - DEB 06 - areia extraída e brita e pedra de mão produzidas","un",2783.83]
[2003459,"Dissipador de energia - DEB 06 - areia, brita e pedra de mão comerciais","un",3381.96]
[2003460,"Dissipador de energia - DEB 07 - areia extraída e brita e pedra de mão produzidas","un",3888.68]
[2003461,"Dissipador de energia - DEB 07 - areia, brita e pedra de mão comerciais","un",4794.45]
[2003462,"Dissipador de energia - DEB 08 - areia extraída e brita e pedra de mão produzidas","un",2812.88]
[2003463,"Dissipador de energia - DEB 08 - areia, brita e pedra de mão comerciais","un",3429.08]
[2003464,"Dissipador de energia - DEB 09 - areia extraída e brita e pedra de mão produzidas","un",3591.75]
[2003465,"Dissipador de energia - DEB 09 - areia, brita e pedra de mão comerciais","un",4421.3100000000004]
[2003466,"Dissipador de energia - DEB 10 - areia extraída e brita e pedra de mão produzidas","un",4981.1400000000003]
[2003467,"Dissipador de energia - DEB 10 - areia, brita e pedra de mão comerciais","un",6208.99]
[2003468,"Dissipador de energia - DEB 11 - areia extraída e brita e pedra de mão produzidas","un",3423.35]
[2003469,"Dissipador de energia - DEB 11 - areia, brita e pedra de mão comerciais","un",4208.9399999999996]
[2003470,"Dissipador de energia - DEB 12 - areia extraída e brita e pedra de mão produzidas","un",4399.66]
[2003471,"Dissipador de energia - DEB 12 - areia, brita e pedra de mão comerciais","un",5461.3]
[2003472,"Dissipador de energia - DEB 13 - areia extraída e brita e pedra de mão produzidas","un",6430.8]
[2003473,"Dissipador de energia - DEB 13 - areia, brita e pedra de mão comerciais","un",8086.21]
[2003475,"Dissipador de energia - DED 01 - areia e brita comerciais","un",534.75]
[2003474,"Dissipador de energia - DED 01 - areia extraída e brita produzida","un",489.95]
[2003441,"Dissipador de energia - DES 01 - areia e pedra de mão comerciais","un",200.05]
[2003440,"Dissipador de energia - DES 01 - areia extraída e pedra de mão produzida","un",145.66]
[2003443,"Dissipador de energia - DES 02 - areia e pedra de mão comerciais","un",237.48]
[2003442,"Dissipador de energia - DES 02 - areia extraída e pedra de mão produzida","un",172.89]
[2003445,"Dissipador de energia - DES 03 - areia e pedra de mão comerciais","un",283.51]
[2003444,"Dissipador de energia - DES 03 - areia extraída e pedra de mão produzida","un",206.45]
[2003447,"Dissipador de energia - DES 04 - areia e pedra de mão comerciais","un",349.77]
[2003446,"Dissipador de energia - DES 04 - areia extraída e pedra de mão produzida","un",254.59]
[2004516,"Dreno de pavimento em microvala com geocomposto drenante H = 0,40 m - inclusive corte, enchimento com areia e selo asfáltico","m",29.89]
[2004517,"Dreno de pavimento em microvala com geocomposto drenante H = 0,60 m - inclusive corte, enchimento com areia e selo asfáltico","m",62.61]
[2007971,"Dreno de PVC D = 100 mm para OAE - fornecimento e instalação","m",95.3]
[2008091,"Dreno de PVC D = 150 mm para OAE - fornecimento e instalação","m",106.4]
[2006408,"Dreno de PVC D = 75 mm para OAE - fornecimento e instalação","m",82.79]
[2015642,"Dreno em tubo de aço galvanizado D = 100 mm em OAE - fornecimento e instalação","m",173.71]
[2015641,"Dreno em tubo de aço galvanizado D = 80 mm em OAE - fornecimento e instalação","m",135.26]
[2004509,"Dreno longitudinal de pavimento H = 0,40 m - com geocomposto drenante","m",32.99]
[2004510,"Dreno longitudinal de pavimento H = 0,60 m - com geocomposto drenante","m",39.17]
[2004511,"Dreno longitudinal de pavimento H = 1,00 m - com geocomposto drenante","m",51.51]
[2004512,"Dreno longitudinal de pavimento H = 1,50 m - com geocomposto drenante","m",66.92]
[2003843,"Dreno longitudinal profundo em tubo de concreto D = 0,40 m em vala de H = 1,10 m e L = 1,00 m com brita envolta em geotêxtil","m",286.54000000000002]
[2003915,"Dreno longitudinal profundo para corte em rocha - DPR 01 - tubo de concreto perfurado e brita comercial","m",106.02]
[2003914,"Dreno longitudinal profundo para corte em rocha - DPR 01 - tubo de concreto perfurado e brita produzida","m",93.51]
[2003589,"Dreno longitudinal profundo para corte em rocha - DPR 01 - tubo PEAD e brita comercial","m",114.57]
[2003588,"Dreno longitudinal profundo para corte em rocha - DPR 01 - tubo PEAD e brita produzida","m",104.83]
[2003917,"Dreno longitudinal profundo para corte em rocha - DPR 02 - tubo de concreto perfurado e brita comercial","m",121.06]
[2003916,"Dreno longitudinal profundo para corte em rocha - DPR 02 - tubo de concreto perfurado e brita produzida","m",108.56]
[2003591,"Dreno longitudinal profundo para corte em rocha - DPR 02 - tubo PEAD e brita comercial","m",129.62]
[2003590,"Dreno longitudinal profundo para corte em rocha - DPR 02 - tubo PEAD e brita produzida","m",119.88]
[2003593,"Dreno longitudinal profundo para corte em rocha - DPR 03 - brita comercial","m",80.430000000000007]
[2003592,"Dreno longitudinal profundo para corte em rocha - DPR 03 - brita produzida","m",66.510000000000005]
[2003595,"Dreno longitudinal profundo para corte em rocha - DPR 04 - brita comercial","m",65.38]
[2003594,"Dreno longitudinal profundo para corte em rocha - DPR 04 - brita produzida","m",51.46]
[2003597,"Dreno longitudinal profundo para corte em rocha - DPR 05 - tubo de concreto poroso e areia comercial","m",104.95]
[2003596,"Dreno longitudinal profundo para corte em rocha - DPR 05 - tubo de concreto poroso e areia extraída","m",87.61]
[2003572,"Dreno longitudinal profundo para corte em solo - DPS 01 - tubo PEAD e areia comercial","m",121.32]
[2003580,"Dreno longitudinal profundo para corte em solo - DPS 01 - tubo PEAD e areia extraída","m",63.67]
[2003573,"Dreno longitudinal profundo para corte em solo - DPS 02 - tubo PEAD e areia comercial","m",128.49]
[2003581,"Dreno longitudinal profundo para corte em solo - DPS 02 - tubo PEAD e areia extraída","m",61.84]
[2003561,"Dreno longitudinal profundo para corte em solo - DPS 03 - tubo de concreto perfurado, areia e brita comerciais - madeira com utilização de 5 vezes","m",192.6]
[2003560,"Dreno longitudinal profundo para corte em solo - DPS 03 - tubo de concreto perfurado, areia extraída e brita produzida - madeira com utilização de 5 vezes","m",114.15]
[2003574,"Dreno longitudinal profundo para corte em solo - DPS 03 - tubo PEAD, areia e brita comerciais - madeira com utilização de 5 vezes","m",175.43]
[2003582,"Dreno longitudinal profundo para corte em solo - DPS 03 - tubo PEAD, areia extraída e brita produzida - madeira com utilização de 5 vezes","m",117.32]
[2003563,"Dreno longitudinal profundo para corte em solo - DPS 04 - tubo de concreto perfurado, areia e brita comerciais - madeira com utilização de 5 vezes","m",203.19]
[2003562,"Dreno longitudinal profundo para corte em solo - DPS 04 - tubo de concreto perfurado, areia extraída e brita produzida - madeira com utilização de 5 vezes","m",111.24]
[2003575,"Dreno longitudinal profundo para corte em solo - DPS 04 - tubo PEAD, areia e brita comerciais - madeira com utilização de 5 vezes","m",182.85]
[2003583,"Dreno longitudinal profundo para corte em solo - DPS 04 - tubo PEAD, areia extraída e brita produzida - madeira com utilização de 5 vezes","m",115.28]
[2003565,"Dreno longitudinal profundo para corte em solo - DPS 05 - dreno cego - brita comercial","m",125.63]
[2003564,"Dreno longitudinal profundo para corte em solo - DPS 05 - dreno cego - brita produzida","m",82.48]
[2003567,"Dreno longitudinal profundo para corte em solo - DPS 06 - dreno cego - brita comercial","m",141.93]
[2003566,"Dreno longitudinal profundo para corte em solo - DPS 06 - dreno cego - brita produzida","m",89.73]
[2003569,"Dreno longitudinal profundo para corte em solo - DPS 07 - tubo de concreto perfurado e brita comercial","m",166.06]
[2003568,"Dreno longitudinal profundo para corte em solo - DPS 07 - tubo de concreto perfurado e brita produzida","m",124.33]
[2003578,"Dreno longitudinal profundo para corte em solo - DPS 07 - tubo PEAD e brita comercial","m",162.59]
[2003586,"Dreno longitudinal profundo para corte em solo - DPS 07 - tubo PEAD e brita produzida","m",128.34]
[2003571,"Dreno longitudinal profundo para corte em solo - DPS 08 - tubo de concreto perfurado e brita comercial","m",182.35]
[2003570,"Dreno longitudinal profundo para corte em solo - DPS 08 - tubo de concreto perfurado e brita produzida","m",131.58000000000001]
[2003579,"Dreno longitudinal profundo para corte em solo - DPS 08 - tubo PEAD e brita comercial","m",176.19]
[2003587,"Dreno longitudinal profundo para corte em solo - DPS 08 - tubo PEAD e brita produzida","m",134.99]
[2004506,"Dreno profundo H = 1,0 m - com geocomposto drenante - inclusive escavação e reaterro","m",57.74]
[2004507,"Dreno profundo H = 1,5 m - com geocomposto drenante - inclusive escavação e reaterro","m",76.349999999999994]
[2003614,"Dreno sub-horizontal - DSH 01 - material de 1ª categoria","m",127.04]
[2003865,"Dreno sub-horizontal - DSH 01 - material de 2ª categoria","m",140.88]
[2003923,"Dreno subsuperficial - DSS 01 - tubo de concreto perfurado e areia comercial","m",55.43]
[2003922,"Dreno subsuperficial - DSS 01 - tubo de concreto perfurado e areia extraída","m",34.659999999999997]
[2003605,"Dreno subsuperficial - DSS 01 - tubo PEAD e areia comercial","m",43.44]
[2003604,"Dreno subsuperficial - DSS 01 - tubo PEAD e areia extraída","m",25.43]
[2003607,"Dreno subsuperficial - DSS 02 - brita comercial","m",39.51]
[2003606,"Dreno subsuperficial - DSS 02 - brita produzida","m",28.38]
[2003609,"Dreno subsuperficial - DSS 03 - brita comercial","m",23.34]
[2003608,"Dreno subsuperficial - DSS 03 - brita produzida","m",12.21]
[2003925,"Dreno subsuperficial - DSS 04 - tubo de concreto perfurado e brita comercial","m",73.92]
[2003924,"Dreno subsuperficial - DSS 04 - tubo de concreto perfurado e brita produzida","m",60.02]
[2003611,"Dreno subsuperficial - DSS 04 - tubo PEAD e brita comercial","m",61.92]
[2003610,"Dreno subsuperficial - DSS 04 - tubo PEAD e brita produzida","m",50.79]
[2003820,"Dreno tipo barbacã - DRB 01 - D = 75 mm em estrutura de contenção de encosta - excluso o tubo de drenagem","un",18.07]
[2003821,"Dreno tipo barbacã - DRB 02 - D = 50 mm em estrutura de contenção de encosta - excluso o tubo de drenagem","un",15.58]
[2003842,"Enchimento de junta de concreto com argamassa asfáltica de densidade 1.700 kg/m³ - espessura de 1 cm","kg",66.510000000000005]
[2003385,"Entrada para descida d'água - EDA 01 - areia e brita comerciais","un",54.73]
[2003384,"Entrada para descida d'água - EDA 01 - areia extraída e brita produzida","un",41.41]
[2003387,"Entrada para descida d'água - EDA 02 - areia e brita comerciais","un",67.540000000000006]
[2003386,"Entrada para descida d'água - EDA 02 - areia extraída e brita produzida","un",50.59]
[2003335,"Entrada para descida d'água - EDA 03 - areia e brita comerciais","un",1769.03]
[2003334,"Entrada para descida d'água - EDA 03 - areia extraída e brita produzida","un",1525.54]
[2003336,"Entrada para descida d'água - EDA 04 - areia e brita comerciais","un",1509.39]
[2003337,"Entrada para descida d'água - EDA 04 - areia extraída e brita produzida","un",1267.23]
[2003819,"Envelope de brita para tubos com diâmetro externo de 75 a 110 mm - L = 15 cm e H = 15 cm","m",6.24]
[2004504,"Escavação mecânica de vala para drenagem com valetadeira em material de 1ª categoria","m³",14.97]
[2004519,"Escavação mecânica de vala trapezoidal ou triangular em material de 1ª categoria para drenagem superficial com retroescavadeira - 0,10 m² ≤ seção < 0,15 m²","m³",25.87]
[2004520,"Escavação mecânica de vala trapezoidal ou triangular em material de 1ª categoria para drenagem superficial com retroescavadeira - 0,15 m² ≤ seção < 0,20 m²","m³",21.35]
[2004521,"Escavação mecânica de vala trapezoidal ou triangular em material de 1ª categoria para drenagem superficial com retroescavadeira - 0,20 m² ≤ seção < 0,30 m²","m³",14.6]
[2004522,"Escavação mecânica de vala trapezoidal ou triangular em material de 1ª categoria para drenagem superficial com retroescavadeira - 0,30 m² ≤ seção < 0,50 m²","m³",10.67]
[2004518,"Escavação mecânica de vala trapezoidal ou triangular em material de 1ª categoria para drenagem superficial com retroescavadeira - seção < 0,10 m²","m³",44.94]
[2003864,"Esgotamento de água com bomba submersa","h",12.25]
[2003863,"Esgotamento de dreno horizontal profundo a vácuo","h",20.57]
[2004508,"Geodreno vertical para tratamento de solos moles","m",13.48]
[2003316,"Grelha de concreto 54 x 100 cm para boca-de-lobo - areia e brita comerciais - sobrecarga do trem tipo TB 45","un",102.51]
[2003317,"Grelha de concreto 54 x 100 cm para boca-de-lobo - areia extraída e brita produzida - sobrecarga do trem tipo TB 45","un",98.08]
[2003767,"Lastro de areia comercial - espalhamento manual","m³",127.62]
[2003844,"Lastro de areia comercial - espalhamento mecânico","m³",124.84]
[2003576,"Lastro de areia extraída - espalhamento manual","m³",14.29]
[2003858,"Lastro de areia extraída - espalhamento mecânico","m³",11.51]
[2003850,"Lastro de brita comercial compactado com soquete vibratório - espalhamento manual","m³",140.53]
[2003849,"Lastro de brita produzida compactado com soquete vibratório - espalhamento manual","m³",69.37]
[2003868,"Lastro de pedra de mão ou rachão - espalhamento manual","m³",119.21]
[2003369,"Meio-fio de concreto - MFC 01 - areia e brita comerciais - fôrma de madeira","m",111.8]
[2003368,"Meio-fio de concreto - MFC 01 - areia extraída e brita produzida - fôrma de madeira","m",99.39]
[2003939,"Meio-fio de concreto - MFC 01 moldado no local com extrusora e concreto usinado - areia e brita comerciais","m",69.94]
[2003940,"Meio-fio de concreto - MFC 01 moldado no local com extrusora e concreto usinado - areia extraída e brita produzida","m",57.48]
[2003371,"Meio-fio de concreto - MFC 02 - areia e brita comerciais - fôrma de madeira","m",81.93]
[2003370,"Meio-fio de concreto - MFC 02 - areia extraída e brita produzida - fôrma de madeira","m",71.45]
[2003941,"Meio-fio de concreto - MFC 02 moldado no local com extrusora e concreto usinado - areia e brita comerciais","m",59.73]
[2003942,"Meio-fio de concreto - MFC 02 moldado no local com extrusora e concreto usinado - areia extraída e brita produzida","m",49.2]
[2003373,"Meio-fio de concreto - MFC 03 - areia e brita comerciais - fôrma de madeira","m",65.489999999999995]
[2003372,"Meio-fio de concreto - MFC 03 - areia extraída e brita produzida - fôrma de madeira","m",60.41]
[2003943,"Meio-fio de concreto - MFC 03 moldado no local com extrusora e concreto usinado - areia e brita comerciais","m",28.24]
[2003944,"Meio-fio de concreto - MFC 03 moldado no local com extrusora e concreto usinado - areia extraída e brita produzida","m",23.13]
[2003375,"Meio-fio de concreto - MFC 04 - areia e brita comerciais - fôrma de madeira","m",42.03]
[2003374,"Meio-fio de concreto - MFC 04 - areia extraída e brita produzida - fôrma de madeira","m",38.29]
[2003945,"Meio-fio de concreto - MFC 04 moldado no local com extrusora e concreto usinado - areia e brita comerciais","m",21.11]
[2003946,"Meio-fio de concreto - MFC 04 moldado no local com extrusora e concreto usinado - areia extraída e brita produzida","m",17.350000000000001]
[2003377,"Meio-fio de concreto - MFC 05 - areia e brita comerciais - fôrma de madeira","m",57.05]
[2003376,"Meio-fio de concreto - MFC 05 - areia extraída e brita produzida - fôrma de madeira","m",53.01]
[2003947,"Meio-fio de concreto - MFC 05 moldado no local com extrusora e concreto usinado - areia e brita comerciais","m",22.21]
[2003948,"Meio-fio de concreto - MFC 05 moldado no local com extrusora e concreto usinado - areia extraída e brita produzida","m",18.149999999999999]
[2003379,"Meio-fio de concreto - MFC 06 - areia e brita comerciais - fôrma de madeira","m",32.79]
[2003378,"Meio-fio de concreto - MFC 06 - areia extraída e brita produzida - fôrma de madeira","m",30.07]
[2003949,"Meio-fio de concreto - MFC 06 moldado no local com extrusora e concreto usinado - areia e brita comerciais","m",15.21]
[2003950,"Meio-fio de concreto - MFC 06 moldado no local com extrusora e concreto usinado - areia extraída e brita produzida","m",12.48]
[2003381,"Meio-fio de concreto - MFC 07 - areia e brita comerciais - fôrma de madeira","m",55.03]
[2003380,"Meio-fio de concreto - MFC 07 - areia extraída e brita produzida - fôrma de madeira","m",50.36]
[2003951,"Meio-fio de concreto - MFC 07 moldado no local com extrusora e concreto usinado - areia e brita comerciais","m",25.9]
[2003952,"Meio-fio de concreto - MFC 07 moldado no local com extrusora e concreto usinado - areia extraída e brita produzida","m",21.21]
[2003383,"Meio-fio de concreto - MFC 08 - areia e brita comerciais - fôrma de madeira","m",92.67]
[2003382,"Meio-fio de concreto - MFC 08 - areia extraída e brita produzida - fôrma de madeira","m",83.94]
[2003953,"Meio-fio de concreto - MFC 08 moldado no local com extrusora e concreto usinado - areia e brita comerciais","m",47.19]
[2003954,"Meio-fio de concreto - MFC 08 moldado no local com extrusora e concreto usinado - areia extraída e brita produzida","m",38.42]
[2004514,"Microvala para dreno de pavimento com geocomposto drenante H = 0,4 m","m",14.6]
[2004515,"Microvala para dreno de pavimento com geocomposto drenante H = 0,6 m","m",39.15]
[2005759,"Perfuração para dreno sub-horizontal em material de 1ª categoria com D = 75 mm (linha NW)","m",49.06]
[2005764,"Perfuração para dreno sub-horizontal em material de 2ª categoria com D = 75 mm (linha NW)","m",62.9]
[2003678,"Poço de visita - PVI 01 - areia e brita comerciais","un",2127.7399999999998]
[2003677,"Poço de visita - PVI 01 - areia extraída e brita produzida","un",1917.06]
[2003680,"Poço de visita - PVI 02 - areia e brita comerciais","un",2097.84]
[2003679,"Poço de visita - PVI 02 - areia extraída e brita produzida","un",1895.63]
[2003682,"Poço de visita - PVI 03 - areia e brita comerciais","un",2401.65]
[2003681,"Poço de visita - PVI 03 - areia extraída e brita produzida","un",2149.8000000000002]
[2003684,"Poço de visita - PVI 04 - areia e brita comerciais","un",2875.39]
[2003683,"Poço de visita - PVI 04 - areia extraída e brita produzida","un",2575.12]
[2003686,"Poço de visita - PVI 05 - areia e brita comerciais","un",3394.63]
[2003685,"Poço de visita - PVI 05 - areia extraída e brita produzida","un",3044.71]
[2003688,"Poço de visita - PVI 06 - areia e brita comerciais","un",4239.8100000000004]
[2003687,"Poço de visita - PVI 06 - areia extraída e brita produzida","un",3816.03]
[2003690,"Poço de visita - PVI 07 - areia e brita comerciais","un",2468.11]
[2003689,"Poço de visita - PVI 07 - areia extraída e brita produzida","un",2222.3200000000002]
[2003692,"Poço de visita - PVI 08 - areia e brita comerciais","un",2442.48]
[2003691,"Poço de visita - PVI 08 - areia extraída e brita produzida","un",2203.9499999999998]
[2003694,"Poço de visita - PVI 09 - areia e brita comerciais","un",2767.24]
[2003693,"Poço de visita - PVI 09 - areia extraída e brita produzida","un",2474.23]
[2003696,"Poço de visita - PVI 10 - areia e brita comerciais","un",3101.1]
[2003695,"Poço de visita - PVI 10 - areia extraída e brita produzida","un",2757.23]
[2003698,"Poço de visita - PVI 11 - areia e brita comerciais","un",3800.51]
[2003697,"Poço de visita - PVI 11 - areia extraída e brita produzida","un",3404.57]
[2003700,"Poço de visita - PVI 12 - areia e brita comerciais","un",4685.97]
[2003699,"Poço de visita - PVI 12 - areia extraída e brita produzida","un",4211.34]
[2003702,"Poço de visita - PVI 13 - areia e brita comerciais","un",2825.57]
[2003701,"Poço de visita - PVI 13 - areia extraída e brita produzida","un",2539.8200000000002]
[2003704,"Poço de visita - PVI 14 - areia e brita comerciais","un",2799.93]
[2003703,"Poço de visita - PVI 14 - areia extraída e brita produzida","un",2521.4499999999998]
[2003706,"Poço de visita - PVI 15 - areia e brita comerciais","un",3149.93]
[2003705,"Poço de visita - PVI 15 - areia extraída e brita produzida","un",2810.91]
[2003708,"Poço de visita - PVI 16 - areia e brita comerciais","un",3656.23]
[2003707,"Poço de visita - PVI 16 - areia extraída e brita produzida","un",3263.93]
[2003710,"Poço de visita - PVI 17 - areia e brita comerciais","un",4223.47]
[2003709,"Poço de visita - PVI 17 - areia extraída e brita produzida","un",3776.69]
[2003712,"Poço de visita - PVI 18 - areia e brita comerciais","un",5149.22]
[2003711,"Poço de visita - PVI 18 - areia extraída e brita produzida","un",4618.8900000000003]
[2004505,"Reaterro e compactação em vala de dreno com geocomposto","m³",17.91]
[2003353,"Sarjeta trapezoidal de canteiro central de concreto - SZCC 100-25 - areia e brita comerciais","m",76.73]
[2003352,"Sarjeta trapezoidal de canteiro central de concreto - SZCC 100-25 - areia extraída e brita produzida","m",59.9]
[2003979,"Sarjeta trapezoidal de canteiro central de concreto - SZCC 100-25 moldada no local com extrusora e concreto usinado - areia e brita comerciais","m",87.14]
[2003980,"Sarjeta trapezoidal de canteiro central de concreto - SZCC 100-25 moldada no local com extrusora e concreto usinado - areia extraída e brita produzida","m",70.25]
[2003355,"Sarjeta trapezoidal de canteiro central de concreto - SZCC 140-35 - areia e brita comerciais","m",103.22]
[2003354,"Sarjeta trapezoidal de canteiro central de concreto - SZCC 140-35 - areia extraída e brita produzida","m",80.540000000000006]
[2003981,"Sarjeta trapezoidal de canteiro central de concreto - SZCC 140-35 moldada no local com extrusora e concreto usinado - areia e brita comerciais","m",117.42]
[2003982,"Sarjeta trapezoidal de canteiro central de concreto - SZCC 140-35 moldada no local com extrusora e concreto usinado - areia extraída e brita produzida","m",94.65]
[2003345,"Sarjeta trapezoidal de concreto - SZC 60-20 - escavação mecânica - areia e brita comerciais","m",61.2]
[2003344,"Sarjeta trapezoidal de concreto - SZC 60-20 - escavação mecânica - areia extraída e brita produzida","m",49.71]
[2003973,"Sarjeta trapezoidal de concreto - SZC 60-20 moldada no local com extrusora e concreto usinado - escavação mecânica - areia e brita comerciais","m",68.5]
[2003974,"Sarjeta trapezoidal de concreto - SZC 60-20 moldada no local com extrusora e concreto usinado - escavação mecânica - areia extraída e brita produzida","m",56.96]
[2003343,"Sarjeta trapezoidal de concreto - SZC 90-30 - escavação mecânica - areia e brita comerciais","m",83.43]
[2003342,"Sarjeta trapezoidal de concreto - SZC 90-30 - escavação mecânica - areia extraída e brita produzida","m",67.319999999999993]
[2003971,"Sarjeta trapezoidal de concreto - SZC 90-30 moldada no local com extrusora e concreto usinado - escavação mecânica - areia e brita comerciais","m",93.84]
[2003972,"Sarjeta trapezoidal de concreto - SZC 90-30 moldada no local com extrusora e concreto usinado - escavação mecânica - areia extraída e brita produzida","m",77.67]
[2003347,"Sarjeta trapezoidal de grama - SZG 60-20 - escavação mecânica","m",14.55]
[2003346,"Sarjeta trapezoidal de grama - SZG 90-30 - escavação mecânica","m",20.28]
[2003933,"Sarjeta trapezoidal sem revestimento - SZT 60-20 - escavação mecânica","m",7.16]
[2003932,"Sarjeta trapezoidal sem revestimento - SZT 90-30 - escavação mecânica","m",9.1999999999999993]
[2003349,"Sarjeta triangular de canteiro central de concreto - STCC 100-25 - areia e brita comerciais","m",59.06]
[2003348,"Sarjeta triangular de canteiro central de concreto - STCC 100-25 - areia extraída e brita produzida","m",46.3]
[2003975,"Sarjeta triangular de canteiro central de concreto - STCC 100-25 moldada no local com extrusora e concreto usinado - areia e brita comerciais","m",66.08]
[2003976,"Sarjeta triangular de canteiro central de concreto - STCC 100-25 moldada no local com extrusora e concreto usinado - areia extraída e brita produzida","m",53.27]
[2003351,"Sarjeta triangular de canteiro central de concreto - STCC 140-35 - areia e brita comerciais","m",78.930000000000007]
[2003350,"Sarjeta triangular de canteiro central de concreto - STCC 140-35 - areia extraída e brita produzida","m",61.84]
[2003977,"Sarjeta triangular de canteiro central de concreto - STCC 140-35 moldada no local com extrusora e concreto usinado - areia e brita comerciais","m",88.52]
[2003978,"Sarjeta triangular de canteiro central de concreto - STCC 140-35 moldada no local com extrusora e concreto usinado - areia extraída e brita produzida","m",71.36]
[2003291,"Sarjeta triangular de canteiro central de grama - STCG 100-25 - escavação mecânica","m",10.79]
[2003292,"Sarjeta triangular de canteiro central de grama - STCG 140-35 - escavação mecânica","m",15.1]
[2003293,"Sarjeta triangular de canteiro central de grama - STCG 200-25 - escavação mecânica","m",19.89]
[2003294,"Sarjeta triangular de canteiro central de grama - STCG 300-37,5 - escavação mecânica","m",29.84]
[2003257,"Sarjeta triangular de concreto - STC 100-20 - escavação mecânica - areia e brita comerciais","m",62.74]
[2003258,"Sarjeta triangular de concreto - STC 100-20 - escavação mecânica - areia extraída e brita produzida","m",51.29]
[2003259,"Sarjeta triangular de concreto - STC 100-20 moldada no local com extrusora e concreto usinado - escavação mecânica - areia e brita comerciais","m",69.319999999999993]
[2003260,"Sarjeta triangular de concreto - STC 100-20 moldada no local com extrusora e concreto usinado - escavação mecânica - areia extraída e brita produzida","m",57.82]
[2003281,"Sarjeta triangular de concreto - STC 100-21 - escavação mecânica - areia e brita comerciais","m",62.87]
[2003282,"Sarjeta triangular de concreto - STC 100-21 - escavação mecânica - areia extraída e brita produzida","m",51.15]
[2003283,"Sarjeta triangular de concreto - STC 100-21 moldada no local com extrusora e concreto usinado - escavação mecânica - areia e brita comerciais","m",69.61]
[2003284,"Sarjeta triangular de concreto - STC 100-21 moldada no local com extrusora e concreto usinado - escavação mecânica - areia extraída e brita produzida","m",57.85]
[2003327,"Sarjeta triangular de concreto - STC 108-25 - escavação mecânica - areia e brita comerciais","m",91.73]
[2003326,"Sarjeta triangular de concreto - STC 108-25 - escavação mecânica - areia extraída e brita produzida","m",78.45]
[2003963,"Sarjeta triangular de concreto - STC 108-25 moldada no local com extrusora e concreto usinado - escavação mecânica - areia e brita comerciais","m",79.099999999999994]
[2003964,"Sarjeta triangular de concreto - STC 108-25 moldada no local com extrusora e concreto usinado - escavação mecânica - areia extraída e brita produzida","m",65.760000000000005]
[2003319,"Sarjeta triangular de concreto - STC 125-25 - escavação mecânica - areia e brita comerciais","m",76.19]
[2003318,"Sarjeta triangular de concreto - STC 125-25 - escavação mecânica - areia extraída e brita produzida","m",62.05]
[2003955,"Sarjeta triangular de concreto - STC 125-25 moldada no local com extrusora e concreto usinado - escavação mecânica - areia e brita comerciais","m",84.37]
[2003956,"Sarjeta triangular de concreto - STC 125-25 moldada no local com extrusora e concreto usinado - escavação mecânica - areia extraída e brita produzida","m",70.17]
[2003277,"Sarjeta triangular de concreto - STC 125-27 - escavação mecânica - areia e brita comerciais","m",78.430000000000007]
[2003278,"Sarjeta triangular de concreto - STC 125-27 - escavação mecânica - areia extraída e brita produzida","m",63.89]
[2003279,"Sarjeta triangular de concreto - STC 125-27 moldada no local com extrusora e concreto usinado - escavação mecânica - areia e brita comerciais","m",86.84]
[2003280,"Sarjeta triangular de concreto - STC 125-27 moldada no local com extrusora e concreto usinado - escavação mecânica - areia extraída e brita produzida","m",72.239999999999995]
[2003253,"Sarjeta triangular de concreto - STC 150-30 - escavação mecânica - areia e brita comerciais","m",89.65]
[2003254,"Sarjeta triangular de concreto - STC 150-30 - escavação mecânica - areia extraída e brita produzida","m",72.83]
[2003255,"Sarjeta triangular de concreto - STC 150-30 moldada no local com extrusora e concreto usinado - escavação mecânica - areia e brita comerciais","m",99.41]
[2003256,"Sarjeta triangular de concreto - STC 150-30 moldada no local com extrusora e concreto usinado - escavação mecânica - areia extraída e brita produzida","m",82.52]
[2003273,"Sarjeta triangular de concreto - STC 150-32 - escavação mecânica - areia e brita comerciais","m",92.04]
[2003274,"Sarjeta triangular de concreto - STC 150-32 - escavação mecânica - areia extraída e brita produzida","m",74.78]
[2003275,"Sarjeta triangular de concreto - STC 150-32 moldada no local com extrusora e concreto usinado - escavação mecânica - areia e brita comerciais","m",102.06]
[2003276,"Sarjeta triangular de concreto - STC 150-32 moldada no local com extrusora e concreto usinado - escavação mecânica - areia extraída e brita produzida","m",84.74]
[2003269,"Sarjeta triangular de concreto - STC 73-15 - escavação mecânica - areia e brita comerciais","m",61.65]
[2003270,"Sarjeta triangular de concreto - STC 73-15 - escavação mecânica - areia extraída e brita produzida","m",52.83]
[2003271,"Sarjeta triangular de concreto - STC 73-15 moldada no local com extrusora e concreto usinado - escavação mecânica - areia e brita comerciais","m",53.52]
[2003272,"Sarjeta triangular de concreto - STC 73-15 moldada no local com extrusora e concreto usinado - escavação mecânica - areia extraída e brita produzida","m",44.67]
[2003261,"Sarjeta triangular de concreto - STC 80-15 - escavação mecânica - areia e brita comerciais","m",50.89]
[2003262,"Sarjeta triangular de concreto - STC 80-15 - escavação mecânica - areia extraída e brita produzida","m",41.65]
[2003263,"Sarjeta triangular de concreto - STC 80-15 moldada no local com extrusora e concreto usinado - escavação mecânica - areia e brita comerciais","m",56.16]
[2003264,"Sarjeta triangular de concreto - STC 80-15 moldada no local com extrusora e concreto usinado - escavação mecânica - areia extraída e brita produzida","m",46.89]
[2003285,"Sarjeta triangular de concreto - STC 80-17 - escavação mecânica - areia e brita comerciais","m",52.55]
[2003286,"Sarjeta triangular de concreto - STC 80-17 - escavação mecânica - areia extraída e brita produzida","m",43.03]
[2003287,"Sarjeta triangular de concreto - STC 80-17 moldada no local com extrusora e concreto usinado - escavação mecânica - areia e brita comerciais","m",57.99]
[2003288,"Sarjeta triangular de concreto - STC 80-17 moldada no local com extrusora e concreto usinado - escavação mecânica - areia extraída e brita produzida","m",48.43]
[2003265,"Sarjeta triangular de concreto - STC 88-20 - escavação mecânica - areia e brita comerciais","m",75.78]
[2003266,"Sarjeta triangular de concreto - STC 88-20 - escavação mecânica - areia extraída e brita produzida","m",64.959999999999994]
[2003267,"Sarjeta triangular de concreto - STC 88-20 moldada no local com extrusora e concreto usinado - escavação mecânica - areia e brita comerciais","m",65.319999999999993]
[2003268,"Sarjeta triangular de concreto - STC 88-20 moldada no local com extrusora e concreto usinado - escavação mecânica - areia extraída e brita produzida","m",54.47]
[2003289,"Sarjeta triangular de grama - STG 100-20 - escavação mecânica","m",18.440000000000001]
[2003338,"Sarjeta triangular de grama - STG 125-25 - escavação mecânica","m",23.15]
[2003290,"Sarjeta triangular de grama - STG 80-15 - escavação mecânica","m",15.28]
[2003300,"Sarjeta triangular sem revestimento - STT 100-20 - escavação mecânica","m",7.75]
[2003299,"Sarjeta triangular sem revestimento - STT 125-25 - escavação mecânica","m",9.7899999999999991]
[2003301,"Sarjeta triangular sem revestimento - STT 80-15 - escavação mecânica","m",6.79]
[2004513,"Selo asfáltico de microvala para dreno de pavimento com geocomposto","m",0.12]
[2003357,"Transposição de segmentos de sarjeta - TSS 01 - areia e brita comerciais","m",195.28]
[2003356,"Transposição de segmentos de sarjeta - TSS 01 - areia extraída e brita produzida","m",154.94999999999999]
[2003359,"Transposição de segmentos de sarjeta - TSS 02 - areia e brita comerciais","m",238.79]
[2003358,"Transposição de segmentos de sarjeta - TSS 02 - areia extraída e brita produzida","m",189.17]
[2003361,"Transposição de segmentos de sarjeta - TSS 03 - areia e brita comerciais","m",513.76]
[2003360,"Transposição de segmentos de sarjeta - TSS 03 - areia extraída e brita produzida","m",474.15]
[2003363,"Transposição de segmentos de sarjeta - TSS 04 - areia e brita comerciais","m",441.21]
[2003362,"Transposição de segmentos de sarjeta - TSS 04 - areia extraída e brita produzida","m",405.18]
[2003365,"Transposição de segmentos de sarjeta - TSS 05 - areia e brita comerciais","m",392.81]
[2003364,"Transposição de segmentos de sarjeta - TSS 05 - areia extraída e brita produzida","m",359.16]
[2003367,"Transposição de segmentos de sarjeta - TSS 06 - areia e brita comerciais","m",368.55]
[2003366,"Transposição de segmentos de sarjeta - TSS 06 - areia extraída e brita produzida","m",336.09]
[2003869,"Tubo de concreto PA1 comercial para drenagem - D = 0,50 m - fornecimento e instalação","m",137.26]
[2003822,"Tubo de concreto PA1 comercial para drenagem - D = 0,60 m - fornecimento e instalação","m",223.53]
[2003826,"Tubo de concreto PA1 comercial para drenagem - D = 0,80 m - fornecimento e instalação","m",369.04]
[2003830,"Tubo de concreto PA1 comercial para drenagem - D = 1,00 m - fornecimento e instalação","m",489.08]
[2003834,"Tubo de concreto PA1 comercial para drenagem - D = 1,20 m - fornecimento e instalação","m",728.54]
[2003838,"Tubo de concreto PA1 comercial para drenagem - D = 1,50 m - fornecimento e instalação","m",1005.69]
[2003768,"Tubo de concreto PA1 produzido na obra para drenagem - D = 0,60 m - areia e brita comerciais - fornecimento e instalação","m",169.31]
[2003873,"Tubo de concreto PA1 produzido na obra para drenagem - D = 0,60 m - areia extraída e brita produzida - fornecimento e instalação","m",152.5]
[2003772,"Tubo de concreto PA1 produzido na obra para drenagem - D = 0,80 m - areia e brita comerciais - fornecimento e instalação","m",247.86]
[2003877,"Tubo de concreto PA1 produzido na obra para drenagem - D = 0,80 m - areia extraída e brita produzida - fornecimento e instalação","m",221.23]
[2003776,"Tubo de concreto PA1 produzido na obra para drenagem - D = 1,00 m - areia e brita comerciais - fornecimento e instalação","m",405.96]
[2003881,"Tubo de concreto PA1 produzido na obra para drenagem - D = 1,00 m - areia extraída e brita produzida - fornecimento e instalação","m",369.47]
[2003780,"Tubo de concreto PA1 produzido na obra para drenagem - D = 1,20 m - areia e brita comerciais - fornecimento e instalação","m",539.4]
[2003885,"Tubo de concreto PA1 produzido na obra para drenagem - D = 1,20 m - areia extraída e brita produzida - fornecimento e instalação","m",486.07]
[2003784,"Tubo de concreto PA1 produzido na obra para drenagem - D = 1,50 m - areia e brita comerciais - fornecimento e instalação","m",838.23]
[2003889,"Tubo de concreto PA1 produzido na obra para drenagem - D = 1,50 m - areia extraída e brita produzida - fornecimento e instalação","m",754.76]
[2003870,"Tubo de concreto PA2 comercial para drenagem - D = 0,50 m - fornecimento e instalação","m",192.33]
[2003823,"Tubo de concreto PA2 comercial para drenagem - D = 0,60 m - fornecimento e instalação","m",242.66]
[2003827,"Tubo de concreto PA2 comercial para drenagem - D = 0,80 m - fornecimento e instalação","m",394.31]
[2003831,"Tubo de concreto PA2 comercial para drenagem - D = 1,00 m - fornecimento e instalação","m",520.76]
[2003835,"Tubo de concreto PA2 comercial para drenagem - D = 1,20 m - fornecimento e instalação","m",730.79]
[2003839,"Tubo de concreto PA2 comercial para drenagem - D = 1,50 m - fornecimento e instalação","m",1034.3699999999999]
[2003769,"Tubo de concreto PA2 produzido na obra para drenagem - D = 0,60 m - areia e brita comerciais - fornecimento e instalação","m",182.25]
[2003874,"Tubo de concreto PA2 produzido na obra para drenagem - D = 0,60 m - areia extraída e brita produzida - fornecimento e instalação","m",165.46]
[2003773,"Tubo de concreto PA2 produzido na obra para drenagem - D = 0,80 m - areia e brita comerciais - fornecimento e instalação","m",299.60000000000002]
[2003878,"Tubo de concreto PA2 produzido na obra para drenagem - D = 0,80 m - areia extraída e brita produzida - fornecimento e instalação","m",273.04000000000002]
[2003777,"Tubo de concreto PA2 produzido na obra para drenagem - D = 1,00 m - areia e brita comerciais - fornecimento e instalação","m",457.7]
[2003882,"Tubo de concreto PA2 produzido na obra para drenagem - D = 1,00 m - areia extraída e brita produzida - fornecimento e instalação","m",421.28]
[2003781,"Tubo de concreto PA2 produzido na obra para drenagem - D = 1,20 m - areia e brita comerciais - fornecimento e instalação","m",655.81]
[2003886,"Tubo de concreto PA2 produzido na obra para drenagem - D = 1,20 m - areia extraída e brita produzida - fornecimento e instalação","m",602.62]
[2003785,"Tubo de concreto PA2 produzido na obra para drenagem - D = 1,50 m - areia e brita comerciais - fornecimento e instalação","m",1019.33]
[2003890,"Tubo de concreto PA2 produzido na obra para drenagem - D = 1,50 m - areia extraída e brita produzida - fornecimento e instalação","m",936.07]
[2003871,"Tubo de concreto PA3 comercial para drenagem - D = 0,50 m - fornecimento e instalação","m",199.28]
[2003824,"Tubo de concreto PA3 comercial para drenagem - D = 0,60 m - fornecimento e instalação","m",265.32]
[2003828,"Tubo de concreto PA3 comercial para drenagem - D = 0,80 m - fornecimento e instalação","m",502.32]
[2003832,"Tubo de concreto PA3 comercial para drenagem - D = 1,00 m - fornecimento e instalação","m",596.20000000000005]
[2003836,"Tubo de concreto PA3 comercial para drenagem - D = 1,20 m - fornecimento e instalação","m",769.24]
[2003840,"Tubo de concreto PA3 comercial para drenagem - D = 1,50 m - fornecimento e instalação","m",1156.22]
[2003770,"Tubo de concreto PA3 produzido na obra para drenagem - D = 0,60 m - areia e brita comerciais - fornecimento e instalação","m",246.92]
[2003875,"Tubo de concreto PA3 produzido na obra para drenagem - D = 0,60 m - areia extraída e brita produzida - fornecimento e instalação","m",230.21]
[2003774,"Tubo de concreto PA3 produzido na obra para drenagem - D = 0,80 m - areia e brita comerciais - fornecimento e instalação","m",401.73]
[2003879,"Tubo de concreto PA3 produzido na obra para drenagem - D = 0,80 m - areia extraída e brita produzida - fornecimento e instalação","m",372.01]
[2003778,"Tubo de concreto PA3 produzido na obra para drenagem - D = 1,00 m - areia e brita comerciais - fornecimento e instalação","m",558.36]
[2003883,"Tubo de concreto PA3 produzido na obra para drenagem - D = 1,00 m - areia extraída e brita produzida - fornecimento e instalação","m",511.87]
[2003782,"Tubo de concreto PA3 produzido na obra para drenagem - D = 1,20 m - areia e brita comerciais - fornecimento e instalação","m",836.21]
[2003887,"Tubo de concreto PA3 produzido na obra para drenagem - D = 1,20 m - areia extraída e brita produzida - fornecimento e instalação","m",765.14]
[2003786,"Tubo de concreto PA3 produzido na obra para drenagem - D = 1,50 m - areia e brita comerciais - fornecimento e instalação","m",1310.52]
[2003891,"Tubo de concreto PA3 produzido na obra para drenagem - D = 1,50 m - areia extraída e brita produzida - fornecimento e instalação","m",1200.17]
[2003872,"Tubo de concreto PA4 comercial para drenagem - D = 0,50 m - fornecimento e instalação","m",274.11]
[2003825,"Tubo de concreto PA4 comercial para drenagem - D = 0,60 m - fornecimento e instalação","m",332.43]
[2003829,"Tubo de concreto PA4 comercial para drenagem - D = 0,80 m - fornecimento e instalação","m",629.13]
[2003833,"Tubo de concreto PA4 comercial para drenagem - D = 1,00 m - fornecimento e instalação","m",605.87]
[2003837,"Tubo de concreto PA4 comercial para drenagem - D = 1,20 m - fornecimento e instalação","m",853.68]
[2003841,"Tubo de concreto PA4 comercial para drenagem - D = 1,50 m - fornecimento e instalação","m",1239.4100000000001]
[2003771,"Tubo de concreto PA4 produzido na obra para drenagem - D = 0,60 m - areia e brita comerciais - fornecimento e instalação","m",297.36]
[2003876,"Tubo de concreto PA4 produzido na obra para drenagem - D = 0,60 m - areia extraída e brita produzida - fornecimento e instalação","m",277.44]
[2003775,"Tubo de concreto PA4 produzido na obra para drenagem - D = 0,80 m - areia e brita comerciais - fornecimento e instalação","m",462.93]
[2003880,"Tubo de concreto PA4 produzido na obra para drenagem - D = 0,80 m - areia extraída e brita produzida - fornecimento e instalação","m",426.94]
[2003779,"Tubo de concreto PA4 produzido na obra para drenagem - D = 1,00 m - areia e brita comerciais - fornecimento e instalação","m",689.88]
[2003884,"Tubo de concreto PA4 produzido na obra para drenagem - D = 1,00 m - areia extraída e brita produzida - fornecimento e instalação","m",635.62]
[2003783,"Tubo de concreto PA4 produzido na obra para drenagem - D = 1,20 m - areia e brita comerciais - fornecimento e instalação","m",987.11]
[2003888,"Tubo de concreto PA4 produzido na obra para drenagem - D = 1,20 m - areia extraída e brita produzida - fornecimento e instalação","m",906.49]
[2003787,"Tubo de concreto PA4 produzido na obra para drenagem - D = 1,50 m - areia e brita comerciais - fornecimento e instalação","m",1544.74]
[2003892,"Tubo de concreto PA4 produzido na obra para drenagem - D = 1,50 m - areia extraída e brita produzida - fornecimento e instalação","m",1430.63]
[2003851,"Tubo de concreto perfurado produzido na obra para drenagem - D = 0,40 m - fornecimento e instalação","m",85.31]
[2003935,"Tubo de PVC para dreno tipo barbacã - D = 50 mm - fornecimento e instalação","m",11.38]
[2003934,"Tubo de PVC para dreno tipo barbacã - D = 75 mm - fornecimento e instalação","m",15.95]
[2003990,"Tubo PEAD para drenagem - D = 1.000 mm - fornecimento e instalação","m",1350.24]
[2003991,"Tubo PEAD para drenagem - D = 1.050 mm - fornecimento e instalação","m",1416.93]
[2003992,"Tubo PEAD para drenagem - D = 1.200 mm - fornecimento e instalação","m",1791.64]
[2003993,"Tubo PEAD para drenagem - D = 1.500 mm - fornecimento e instalação","m",2162.4699999999998]
[2003994,"Tubo PEAD para drenagem - D = 1.800 mm - fornecimento e instalação","m",7297.12]
[2003995,"Tubo PEAD para drenagem - D = 2.000 mm - fornecimento e instalação","m",8819.83]
[2003996,"Tubo PEAD para drenagem - D = 2.500 mm - fornecimento e instalação","m",14717.58]
[2003997,"Tubo PEAD para drenagem - D = 3.000 mm - fornecimento e instalação","m",20666.830000000002]
[2003983,"Tubo PEAD para drenagem - D = 400 mm - fornecimento e instalação","m",216.49]
[2003984,"Tubo PEAD para drenagem - D = 450 mm - fornecimento e instalação","m",245.09]
[2003985,"Tubo PEAD para drenagem - D = 500 mm - fornecimento e instalação","m",353.75]
[2003986,"Tubo PEAD para drenagem - D = 600 mm - fornecimento e instalação","m",515.83000000000004]
[2003987,"Tubo PEAD para drenagem - D = 750 mm - fornecimento e instalação","m",679.05]
[2003988,"Tubo PEAD para drenagem - D = 800 mm - fornecimento e instalação","m",755.75]
[2003989,"Tubo PEAD para drenagem - D = 900 mm - fornecimento e instalação","m",995.45]
[2003298,"Valeta de proteção de aterro sem revestimento - VPAT 120-30 - escavação mecânica","m",12.42]
[2003297,"Valeta de proteção de aterro sem revestimento - VPAT 160-30 - escavação mecânica","m",15.27]
[2003315,"Valeta de proteção de aterros com revestimento de concreto - VPAC 120-30 - escavação mecânica - areia e brita comerciais","m",102.94]
[2003314,"Valeta de proteção de aterros com revestimento de concreto - VPAC 120-30 - escavação mecânica - areia extraída e brita produzida","m",87.49]
[2003313,"Valeta de proteção de aterros com revestimento de concreto - VPAC 160-30 - escavação mecânica - areia e brita comerciais","m",127.7]
[2003312,"Valeta de proteção de aterros com revestimento de concreto - VPAC 160-30 - escavação mecânica - areia extraída e brita produzida","m",108.37]
[2003311,"Valeta de proteção de aterros com revestimento vegetal - VPAG 120-30 - escavação mecânica","m",40.380000000000003]
[2003310,"Valeta de proteção de aterros com revestimento vegetal - VPAG 160-30 - escavação mecânica","m",50.95]
[2003296,"Valeta de proteção de corte sem revestimento - VPCT 120-30 - escavação mecânica","m",12.42]
[2003295,"Valeta de proteção de corte sem revestimento - VPCT 160-30 - escavação mecânica","m",15.27]
[2003309,"Valeta de proteção de cortes com revestimento de concreto - VPCC 120-30 - escavação mecânica - areia e brita comerciais","m",102.94]
[2003308,"Valeta de proteção de cortes com revestimento de concreto - VPCC 120-30 - escavação mecânica - areia extraída e brita produzida","m",87.49]
[2003307,"Valeta de proteção de cortes com revestimento de concreto - VPCC 160-30 - escavação mecânica - areia e brita comerciais","m",127.7]
[2003306,"Valeta de proteção de cortes com revestimento de concreto - VPCC 160-30 - escavação mecânica - areia extraída e brita produzida","m",108.37]
[2003305,"Valeta de proteção de cortes com revestimento vegetal - VPCG 120-30 - escavação mecânica","m",40.380000000000003]
[2003304,"Valeta de proteção de cortes com revestimento vegetal - VPCG 160-30 - escavação mecânica","m",50.95]
[2105846,"Escoramento com estacas de perfis metálicos W 250 x 38,5 kg/m, espaçadas em 1,5 m, intercaladas com prancha de madeira com espessura de 5 cm e ficha de 0 a 0,2 H - sem reaproveitamento - fornecimento e instalação","m²",533.59]
[2105929,"Escoramento com estacas de perfis metálicos W 250 x 38,5 kg/m, espaçadas em 1,5 m, intercaladas com prancha de madeira com espessura de 5 cm e ficha de 0,20 a 0,4 H - sem reaproveitamento - fornecimento e instalação","m²",605.29999999999995]
[2105933,"Escoramento com estacas de perfis metálicos W 250 x 38,5 kg/m, espaçadas em 1,5 m, intercaladas com prancha de madeira com espessura de 5 cm e ficha de 0,40 a 0,6 H - sem reaproveitamento - fornecimento e instalação","m²",677.02]
[2106293,"Escoramento com perfis metálicos W 150 x 18,0 kg/m a cada metro e chapas de aço - estroncas a cada 2 m não incluídas - profundidade de até 10 m - aço com utilização de 20 vezes - fornecimento, instalação e retirada","m²",204.33]
[2108165,"Escoramento com pontaletes D = 10 cm - utilização de 1 vez - confecção, instalação e retirada","m³",39.93]
[2108166,"Escoramento com pontaletes D = 10 cm - utilização de 2 vezes - confecção, instalação e retirada","m³",26.78]
[2108167,"Escoramento com pontaletes D = 10 cm - utilização de 3 vezes - confecção, instalação e retirada","m³",23.2]
[2108168,"Escoramento com pontaletes D = 10 cm - utilização de 5 vezes - confecção, instalação e retirada","m³",21.77]
[2108169,"Escoramento com pontaletes D = 15 cm - utilização de 1 vez - confecção e instalação","m³",59.33]
[2108170,"Escoramento com pontaletes D = 15 cm - utilização de 2 vezes - confecção, instalação e retirada","m³",40.659999999999997]
[2108171,"Escoramento com pontaletes D = 15 cm - utilização de 3 vezes - confecção, instalação e retirada","m³",36.08]
[2108172,"Escoramento com pontaletes D = 15 cm - utilização de 5 vezes - confecção, instalação e retirada","m³",35.229999999999997]
[2106292,"Escoramento contínuo de valas com tábuas de 2,5 x 30 cm e longarinas de 6 x 16 cm - estroncas a cada metro não incluídas - profundidade de até 4 m - madeira com utilização de 3 vezes - confecção, instalação e retirada","m²",150.1]
[2106291,"Escoramento contínuo de valas com tábuas de 2,5 x 30 cm e longarinas de 6 x 16 cm - estroncas a cada metro não incluídas - profundidade de até 4 m - madeira sem reaproveitamento - confecção e instalação","m²",230.1]
[2106235,"Escoramento metálico com quadro tubular contraventado - capacidade de carga até 3,8 t/m² - quadro de 1,0 x 1,0 x 1,25 m - utilização de 50 vezes - fornecimento, instalação e retirada","m³",2.91]
[2106232,"Escoramento metálico tubular galvanizado para formas com capacidade de 2.100 a 750 kg por unidade - regulável de 3,0 a 4,5 m - utilização de 20 vezes - fornecimento, instalação e retirada","un",14.64]
[2106233,"Escoramento metálico tubular galvanizado para formas com capacidade de 3.200 a 1.600 kg por unidade - regulável de 1,8 a 3,0 m - utilização de 20 vezes - fornecimento, instalação e retirada","un",11.77]
[2105605,"Escoramento para corpo de bueiros celulares - utilização de 3 vezes - confecção, instalação e retirada","m³",61.89]
[2106298,"Estroncas em perfil metálico W 150 x 18,0 kg/m - utilização de 20 vezes","m",34.92]
[2106295,"Estroncas para valas com D = 15 cm - madeira com utilização de 3 vezes","m",19.010000000000002]
[2106294,"Estroncas para valas com D = 15 cm - madeira sem reaproveitamento","m",26.86]
[2106297,"Estroncas para valas com D = 20 cm - madeira com utilização de 3 vezes","m",31.02]
[2106296,"Estroncas para valas com D = 20 cm - madeira sem reaproveitamento","m",53.33]
[2306731,"Apoio náutico para a colocação da armação em camisa metálica","kg",0.61]
[2306728,"Apoio náutico para a escavação com perfuratriz tipo Wirth em rocha com média dureza e média abrasão - resistência à compressão menor que 80 MPa - D = 600 a 1.800 mm","m",1508.96]
[2306729,"Apoio náutico para a escavação com perfuratriz tipo Wirth em rocha de alta dureza e alta abrasão - resistência à compressão acima de 80 MPa - D = 600 a 1.800 mm","m",1838.39]
[2306727,"Apoio náutico para a escavação com perfuratriz tipo Wirth em solo D = 600 a 1.800 mm","m",353.1]
[2306730,"Apoio náutico para a execução da concretagem de camisas metálicas","m³",119.36]
[2306726,"Apoio náutico para a execução da cravação de camisa metálica D = 600 a 1.800 mm","m",230.77]
[2306076,"Armação de estaca escavada ou estaca barrete em aço CA-50 com apoio de guindaste - fornecimento, preparo e colocação","kg",11.63]
[2306247,"Arrasamento de estacas de concreto com seção de até 900 cm²","m³",224.24]
[2306248,"Arrasamento de estacas de concreto com seção superior à 900 cm²","m³",521.77]
[2306279,"Berço para pré-moldagem de estacas protendidas com capacidade de 19 m³, inclusive formas metálicas - utilização de 100 vezes","m³",82]
[2306651,"Camisa metálica com espessura de 12,5 mm D = 1.400 mm - cravada com martelo vibratório - sem escavação - cravação","m",7648.14]
[2306678,"Camisa metálica com espessura de 12,5 mm D = 1.400 mm - para passagem de lâmina d'água - posicionamento","m",7452.75]
[2306652,"Camisa metálica com espessura de 12,5 mm D = 1.500 mm - cravada com martelo vibratório - sem escavação - cravação","m",7709.44]
[2306679,"Camisa metálica com espessura de 12,5 mm D = 1.500 mm - para passagem de lâmina d'água - posicionamento","m",7506.81]
[2306653,"Camisa metálica com espessura de 12,5 mm D = 1.600 mm - cravada com martelo vibratório - sem escavação - cravação","m",7773.08]
[2306680,"Camisa metálica com espessura de 12,5 mm D = 1.600 mm - para passagem de lâmina d'água - posicionamento","m",7562.67]
[2306654,"Camisa metálica com espessura de 12,5 mm D = 1.700 mm - cravada com martelo vibratório - sem escavação - cravação","m",7835.69]
[2306681,"Camisa metálica com espessura de 12,5 mm D = 1.700 mm - para passagem de lâmina d'água - posicionamento","m",7616.86]
[2306655,"Camisa metálica com espessura de 12,5 mm D = 1.800 mm - cravada com martelo vibratório - sem escavação - cravação","m",7899.14]
[2306682,"Camisa metálica com espessura de 12,5 mm D = 1.800 mm - para passagem de lâmina d'água - posicionamento","m",7671.18]
[2306656,"Camisa metálica com espessura de 16 mm D = 1.500 mm - cravada com martelo vibratório - sem escavação - cravação","m",10877.21]
[2306683,"Camisa metálica com espessura de 16 mm D = 1.500 mm - para passagem de lâmina d'água - posicionamento","m",10674.59]
[2306657,"Camisa metálica com espessura de 16 mm D = 1.600 mm - cravada com martelo vibratório - sem escavação - cravação","m",11008.11]
[2306684,"Camisa metálica com espessura de 16 mm D = 1.600 mm - para passagem de lâmina d'água - posicionamento","m",10797.69]
[2306658,"Camisa metálica com espessura de 16 mm D = 1.700 mm - cravada com martelo vibratório - sem escavação - cravação","m",11135.86]
[2306685,"Camisa metálica com espessura de 16 mm D = 1.700 mm - para passagem de lâmina d'água - posicionamento","m",10917.02]
[2306659,"Camisa metálica com espessura de 16 mm D = 1.800 mm - cravada com martelo vibratório - sem escavação - cravação","m",11268.23]
[2306686,"Camisa metálica com espessura de 16 mm D = 1.800 mm - para passagem de lâmina d'água - posicionamento","m",11040.28]
[2306637,"Camisa metálica com espessura de 6,3 mm D = 1.000 mm - cravada com martelo vibratório - sem escavação - cravação","m",2536.5]
[2306664,"Camisa metálica com espessura de 6,3 mm D = 1.000 mm - para passagem de lâmina d'água - posicionamento","m",2365.54]
[2306732,"Camisa metálica com espessura de 6,3 mm D = 400 mm - cravada com martelo vibratório - sem escavação - cravação","m",1008.11]
[2306733,"Camisa metálica com espessura de 6,3 mm D = 400 mm - para passagem de lâmina d'água - posicionamento","m",864.14]
[2306734,"Camisa metálica com espessura de 6,3 mm D = 500 mm - cravada com martelo vibratório - sem escavação - cravação","m",1228.22]
[2306735,"Camisa metálica com espessura de 6,3 mm D = 500 mm - para passagem de lâmina d'água - posicionamento","m",1080.3499999999999]
[2306633,"Camisa metálica com espessura de 6,3 mm D = 600 mm - cravada com martelo vibratório - sem escavação - cravação","m",1397.76]
[2306660,"Camisa metálica com espessura de 6,3 mm D = 600 mm - para passagem de lâmina d'água - posicionamento","m",1245.79]
[2306634,"Camisa metálica com espessura de 6,3 mm D = 700 mm - cravada com martelo vibratório - sem escavação - cravação","m",1628.91]
[2306661,"Camisa metálica com espessura de 6,3 mm D = 700 mm - para passagem de lâmina d'água - posicionamento","m",1472.6]
[2306635,"Camisa metálica com espessura de 6,3 mm D = 800 mm - cravada com martelo vibratório - sem escavação - cravação","m",1966.51]
[2306662,"Camisa metálica com espessura de 6,3 mm D = 800 mm - para passagem de lâmina d'água - posicionamento","m",1805.6]
[2306636,"Camisa metálica com espessura de 6,3 mm D = 900 mm - cravada com martelo vibratório - sem escavação - cravação","m",1985.08]
[2306663,"Camisa metálica com espessura de 6,3 mm D = 900 mm - para passagem de lâmina d'água - posicionamento","m",1819.3]
[2306641,"Camisa metálica com espessura de 8 mm D = 1.000 mm - cravada com martelo vibratório - sem escavação - cravação","m",3228.08]
[2306668,"Camisa metálica com espessura de 8 mm D = 1.000 mm - para passagem de lâmina d'água - posicionamento","m",3057.12]
[2306642,"Camisa metálica com espessura de 8 mm D = 1.100 mm - cravada com martelo vibratório - sem escavação - cravação","m",3254.73]
[2306669,"Camisa metálica com espessura de 8 mm D = 1.100 mm - para passagem de lâmina d'água - posicionamento","m",3078.25]
[2306643,"Camisa metálica com espessura de 8 mm D = 1.200 mm - cravada com martelo vibratório - sem escavação - cravação","m",3281.37]
[2306670,"Camisa metálica com espessura de 8 mm D = 1.200 mm - para passagem de lâmina d'água - posicionamento","m",3099]
[2306638,"Camisa metálica com espessura de 8 mm D = 700 mm - cravada com martelo vibratório - sem escavação - cravação","m",2068.4]
[2306665,"Camisa metálica com espessura de 8 mm D = 700 mm - para passagem de lâmina d'água - posicionamento","m",1912.09]
[2306639,"Camisa metálica com espessura de 8 mm D = 800 mm - cravada com martelo vibratório - sem escavação - cravação","m",2499.61]
[2306666,"Camisa metálica com espessura de 8 mm D = 800 mm - para passagem de lâmina d'água - posicionamento","m",2338.6999999999998]
[2306640,"Camisa metálica com espessura de 8 mm D = 900 mm - cravada com martelo vibratório - sem escavação - cravação","m",2525.5500000000002]
[2306667,"Camisa metálica com espessura de 8 mm D = 900 mm - para passagem de lâmina d'água - posicionamento","m",2359.77]
[2306645,"Camisa metálica com espessura de 9,5 mm D = 1.000 mm - cravada com martelo vibratório - sem escavação - cravação","m",3883.83]
[2306672,"Camisa metálica com espessura de 9,5 mm D = 1.000 mm - para passagem de lâmina d'água - posicionamento","m",3712.86]
[2306646,"Camisa metálica com espessura de 9,5 mm D = 1.100 mm - cravada com martelo vibratório - sem escavação - cravação","m",3920]
[2306673,"Camisa metálica com espessura de 9,5 mm D = 1.100 mm - para passagem de lâmina d'água - posicionamento","m",3743.52]
[2306647,"Camisa metálica com espessura de 9,5 mm D = 1.200 mm - cravada com martelo vibratório - sem escavação - cravação","m",3955.76]
[2306674,"Camisa metálica com espessura de 9,5 mm D = 1.200 mm - para passagem de lâmina d'água - posicionamento","m",3773.4]
[2306648,"Camisa metálica com espessura de 9,5 mm D = 1.300 mm - cravada com martelo vibratório - sem escavação - cravação","m",5599.12]
[2306675,"Camisa metálica com espessura de 9,5 mm D = 1.300 mm - para passagem de lâmina d'água - posicionamento","m",5410.47]
[2306649,"Camisa metálica com espessura de 9,5 mm D = 1.400 mm - cravada com martelo vibratório - sem escavação - cravação","m",5636.71]
[2306676,"Camisa metálica com espessura de 9,5 mm D = 1.400 mm - para passagem de lâmina d'água - posicionamento","m",5441.33]
[2306650,"Camisa metálica com espessura de 9,5 mm D = 1.500 mm - cravada com martelo vibratório - sem escavação - cravação","m",5673.92]
[2306677,"Camisa metálica com espessura de 9,5 mm D = 1.500 mm - para passagem de lâmina d'água - posicionamento","m",5471.29]
[2306644,"Camisa metálica com espessura de 9,5 mm D = 900 mm - cravada com martelo vibratório - sem escavação - cravação","m",3045.24]
[2306671,"Camisa metálica com espessura de 9,5 mm D = 900 mm - para passagem de lâmina d'água - posicionamento","m",2879.46]
[2306141,"Coluna de brita D = 50 cm executada com perfuratriz tipo bottom feed - brita comercial - confecção e cravação","m",63.87]
[2306145,"Coluna de brita D = 50 cm executada com perfuratriz tipo bottom feed - brita produzida - confecção e cravação","m",49.23]
[2306142,"Coluna de brita D = 60 cm executada com perfuratriz tipo bottom feed - brita comercial - confecção e cravação","m",78.83]
[2306146,"Coluna de brita D = 60 cm executada com perfuratriz tipo bottom feed - brita produzida - confecção e cravação","m",57.75]
[2306143,"Coluna de brita D = 70 cm executada com perfuratriz tipo bottom feed - brita comercial - confecção e cravação","m",96.23]
[2306147,"Coluna de brita D = 70 cm executada com perfuratriz tipo bottom feed - brita produzida - confecção e cravação","m",67.53]
[2306144,"Coluna de brita D = 80 cm executada com perfuratriz tipo bottom feed - brita comercial - confecção e cravação","m",116.87]
[2306148,"Coluna de brita D = 80 cm executada com perfuratriz tipo bottom feed - brita produzida - confecção e cravação","m",79.400000000000006]
[2306624,"Confecção de camisa metálica em aço ASTM A36 com espessura de 12,5 mm - D = 1.400 mm","m",7415.75]
[2306625,"Confecção de camisa metálica em aço ASTM A36 com espessura de 12,5 mm - D = 1.500 mm","m",7467.95]
[2306626,"Confecção de camisa metálica em aço ASTM A36 com espessura de 12,5 mm - D = 1.600 mm","m",7521.85]
[2306627,"Confecção de camisa metálica em aço ASTM A36 com espessura de 12,5 mm - D = 1.700 mm","m",7574.05]
[2306628,"Confecção de camisa metálica em aço ASTM A36 com espessura de 12,5 mm - D = 1.800 mm","m",7626.31]
[2306629,"Confecção de camisa metálica em aço ASTM A36 com espessura de 16 mm - D = 1.500 mm","m",10628.53]
[2306630,"Confecção de camisa metálica em aço ASTM A36 com espessura de 16 mm - D = 1.600 mm","m",10749.21]
[2306631,"Confecção de camisa metálica em aço ASTM A36 com espessura de 16 mm - D = 1.700 mm","m",10866.09]
[2306632,"Confecção de camisa metálica em aço ASTM A36 com espessura de 16 mm - D = 1.800 mm","m",10986.77]
[2306610,"Confecção de camisa metálica em aço ASTM A36 com espessura de 6,3 mm - D = 1.000 mm","m",2342.3200000000002]
[2306604,"Confecção de camisa metálica em aço ASTM A36 com espessura de 6,3 mm - D = 400 mm","m",846.37]
[2306605,"Confecção de camisa metálica em aço ASTM A36 com espessura de 6,3 mm - D = 500 mm","m",1061.75]
[2306606,"Confecção de camisa metálica em aço ASTM A36 com espessura de 6,3 mm - D = 600 mm","m",1226.33]
[2306607,"Confecção de camisa metálica em aço ASTM A36 com espessura de 6,3 mm - D = 700 mm","m",1452.24]
[2306608,"Confecção de camisa metálica em aço ASTM A36 com espessura de 6,3 mm - D = 800 mm","m",1784.32]
[2306609,"Confecção de camisa metálica em aço ASTM A36 com espessura de 6,3 mm - D = 900 mm","m",1797.06]
[2306614,"Confecção de camisa metálica em aço ASTM A36 com espessura de 8 mm - D = 1.000 mm","m",3032.27]
[2306615,"Confecção de camisa metálica em aço ASTM A36 com espessura de 8 mm - D = 1.100 mm","m",3052.21]
[2306616,"Confecção de camisa metálica em aço ASTM A36 com espessura de 8 mm - D = 1.200 mm","m",3071.75]
[2306611,"Confecção de camisa metálica em aço ASTM A36 com espessura de 8 mm - D = 700 mm","m",1890.57]
[2306612,"Confecção de camisa metálica em aço ASTM A36 com espessura de 8 mm - D = 800 mm","m",2316.11]
[2306613,"Confecção de camisa metálica em aço ASTM A36 com espessura de 8 mm - D = 900 mm","m",2336.06]
[2306618,"Confecção de camisa metálica em aço ASTM A36 com espessura de 9,5 mm - D = 1.000 mm","m",3686.44]
[2306619,"Confecção de camisa metálica em aço ASTM A36 com espessura de 9,5 mm - D = 1.100 mm","m",3715.75]
[2306620,"Confecção de camisa metálica em aço ASTM A36 com espessura de 9,5 mm - D = 1.200 mm","m",3744.26]
[2306621,"Confecção de camisa metálica em aço ASTM A36 com espessura de 9,5 mm - D = 1.300 mm","m",5379.92]
[2306622,"Confecção de camisa metálica em aço ASTM A36 com espessura de 9,5 mm - D = 1.400 mm","m",5409.29]
[2306623,"Confecção de camisa metálica em aço ASTM A36 com espessura de 9,5 mm - D = 1.500 mm","m",5437.74]
[2306617,"Confecção de camisa metálica em aço ASTM A36 com espessura de 9,5 mm - D = 900 mm","m",2854.32]
[2306014,"Contraventamento de grupo de estacas submersas em aço ASTM A36 - confecção e instalação","kg",11.2]
[2306700,"Escavação com perfuratriz tipo Wirth em rocha com média dureza e média abrasão - resistência à compressão menor que 80 MPa - D = 1.000 mm","m",2049.37]
[2306703,"Escavação com perfuratriz tipo Wirth em rocha com média dureza e média abrasão - resistência à compressão menor que 80 MPa - D = 1.100 mm","m",2121.11]
[2306706,"Escavação com perfuratriz tipo Wirth em rocha com média dureza e média abrasão - resistência à compressão menor que 80 MPa - D = 1.200 mm","m",2234.36]
[2306709,"Escavação com perfuratriz tipo Wirth em rocha com média dureza e média abrasão - resistência à compressão menor que 80 MPa - D = 1.300 mm","m",2401.8000000000002]
[2306712,"Escavação com perfuratriz tipo Wirth em rocha com média dureza e média abrasão - resistência à compressão menor que 80 MPa - D = 1.400 mm","m",2485.56]
[2306715,"Escavação com perfuratriz tipo Wirth em rocha com média dureza e média abrasão - resistência à compressão menor que 80 MPa - D = 1.500 mm","m",2593.5700000000002]
[2306718,"Escavação com perfuratriz tipo Wirth em rocha com média dureza e média abrasão - resistência à compressão menor que 80 MPa - D = 1.600 mm","m",2759.31]
[2306721,"Escavação com perfuratriz tipo Wirth em rocha com média dureza e média abrasão - resistência à compressão menor que 80 MPa - D = 1.700 mm","m",2838.51]
[2306724,"Escavação com perfuratriz tipo Wirth em rocha com média dureza e média abrasão - resistência à compressão menor que 80 MPa - D = 1.800 mm","m",2988.25]
[2306688,"Escavação com perfuratriz tipo Wirth em rocha com média dureza e média abrasão - resistência à compressão menor que 80 MPa - D = 600 mm","m",1630.8]
[2306691,"Escavação com perfuratriz tipo Wirth em rocha com média dureza e média abrasão - resistência à compressão menor que 80 MPa - D = 700 mm","m",1719.23]
[2306694,"Escavação com perfuratriz tipo Wirth em rocha com média dureza e média abrasão - resistência à compressão menor que 80 MPa - D = 800 mm","m",1841.79]
[2306697,"Escavação com perfuratriz tipo Wirth em rocha com média dureza e média abrasão - resistência à compressão menor que 80 MPa - D = 900 mm","m",1926.36]
[2306701,"Escavação com perfuratriz tipo Wirth em rocha de alta dureza e alta abrasão - resistência à compressão acima de 80 MPa - D = 1.000 mm","m",3830.14]
[2306704,"Escavação com perfuratriz tipo Wirth em rocha de alta dureza e alta abrasão - resistência à compressão acima de 80 MPa - D = 1.100 mm","m",4060.64]
[2306707,"Escavação com perfuratriz tipo Wirth em rocha de alta dureza e alta abrasão - resistência à compressão acima de 80 MPa - D = 1.200 mm","m",4225.21]
[2306710,"Escavação com perfuratriz tipo Wirth em rocha de alta dureza e alta abrasão - resistência à compressão acima de 80 MPa - D = 1.300 mm","m",4433.75]
[2306713,"Escavação com perfuratriz tipo Wirth em rocha de alta dureza e alta abrasão - resistência à compressão acima de 80 MPa - D = 1.400 mm","m",4552.3599999999997]
[2306716,"Escavação com perfuratriz tipo Wirth em rocha de alta dureza e alta abrasão - resistência à compressão acima de 80 MPa - D = 1.500 mm","m",4815.8999999999996]
[2306719,"Escavação com perfuratriz tipo Wirth em rocha de alta dureza e alta abrasão - resistência à compressão acima de 80 MPa - D = 1.600 mm","m",5226.97]
[2306722,"Escavação com perfuratriz tipo Wirth em rocha de alta dureza e alta abrasão - resistência à compressão acima de 80 MPa - D = 1.700 mm","m",5463.15]
[2306725,"Escavação com perfuratriz tipo Wirth em rocha de alta dureza e alta abrasão - resistência à compressão acima de 80 MPa - D = 1.800 mm","m",5719.49]
[2306689,"Escavação com perfuratriz tipo Wirth em rocha de alta dureza e alta abrasão - resistência à compressão acima de 80 MPa - D = 600 mm","m",3037.31]
[2306692,"Escavação com perfuratriz tipo Wirth em rocha de alta dureza e alta abrasão - resistência à compressão acima de 80 MPa - D = 700 mm","m",3195.98]
[2306695,"Escavação com perfuratriz tipo Wirth em rocha de alta dureza e alta abrasão - resistência à compressão acima de 80 MPa - D = 800 mm","m",3359.4]
[2306698,"Escavação com perfuratriz tipo Wirth em rocha de alta dureza e alta abrasão - resistência à compressão acima de 80 MPa - D = 900 mm","m",3554.58]
[2306699,"Escavação com perfuratriz tipo Wirth em solo - D = 1.000 mm","m",320.12]
[2306702,"Escavação com perfuratriz tipo Wirth em solo - D = 1.100 mm","m",330.88]
[2306705,"Escavação com perfuratriz tipo Wirth em solo - D = 1.200 mm","m",348.45]
[2306708,"Escavação com perfuratriz tipo Wirth em solo - D = 1.300 mm","m",361.24]
[2306711,"Escavação com perfuratriz tipo Wirth em solo - D = 1.400 mm","m",375]
[2306714,"Escavação com perfuratriz tipo Wirth em solo - D = 1.500 mm","m",389.85]
[2306717,"Escavação com perfuratriz tipo Wirth em solo - D = 1.600 mm","m",406.98]
[2306720,"Escavação com perfuratriz tipo Wirth em solo - D = 1.700 mm","m",424.53]
[2306723,"Escavação com perfuratriz tipo Wirth em solo - D = 1.800 mm","m",433.89]
[2306687,"Escavação com perfuratriz tipo Wirth em solo - D = 600 mm","m",266.5]
[2306690,"Escavação com perfuratriz tipo Wirth em solo - D = 700 mm","m",278.76]
[2306693,"Escavação com perfuratriz tipo Wirth em solo - D = 800 mm","m",291.13]
[2306696,"Escavação com perfuratriz tipo Wirth em solo - D = 900 mm","m",304.64]
[2306239,"Estaca barrete escavada com uso de fluido estabilizante - confecção","m³",231.02]
[2306090,"Estaca broca manual D = 25 cm - confecção","m",40.33]
[2306091,"Estaca broca manual D = 30 cm - confecção","m",53.77]
[2306072,"Estaca circular tipo estacão escavada com uso de fluido estabilizante - confecção","m³",721.47]
[2306133,"Estaca duplo perfil metálico W 250 x 17,9 - com emenda - fornecimento e cravação","m",529.78]
[2306114,"Estaca duplo trilho TR 25 - com emenda - fornecimento e cravação","m",299.76]
[2306115,"Estaca duplo trilho TR 37 - com emenda - fornecimento e cravação","m",437.96]
[2306116,"Estaca duplo trilho TR 45 - com emenda - fornecimento e cravação","m",522.16]
[2306118,"Estaca duplo trilho TR 57 - com emenda - fornecimento e cravação","m",656.78]
[2306122,"Estaca duplo trilho TR 68 - com emenda - fornecimento e cravação","m",778.52]
[2306078,"Estaca Franki com fuste apiloado D = 35 cm - confecção","m",113.57]
[2306080,"Estaca Franki com fuste apiloado D = 40 cm - confecção","m",123.89]
[2306082,"Estaca Franki com fuste apiloado D = 45 cm - confecção","m",136.28]
[2306084,"Estaca Franki com fuste apiloado D = 52 cm - confecção","m",158.47]
[2306086,"Estaca Franki com fuste apiloado D = 60 cm - confecção","m",194.69]
[2309088,"Estaca Franki com fuste apiloado D = 70 cm - confecção","m",272.56]
[2306074,"Estaca hélice contínua - confecção","m³",188.13]
[2306095,"Estaca hélice de deslocamento - confecção","m³",225.58]
[2306132,"Estaca perfil metálico W 150 x 22,5 (H) - fornecimento e cravação","m",339.83]
[2306015,"Estaca prancha metálica - fornecimento e cravação até 12 metros","kg",15.8]
[2306019,"Estaca prancha metálica com apoio de flutuante - fornecimento e cravação de 12 metros","kg",16.37]
[2306018,"Estaca prancha metálica com apoio de flutuante e utilização de 10 vezes - fornecimento, cravação até 12 metros","kg",2.73]
[2306016,"Estaca prancha metálica com utilização de 10 vezes - fornecimento, cravação até 12 metros","kg",1.89]
[2305999,"Estaca pré-moldada de concreto armado centrifugado com compressão admissível de 100 t - sem emenda - fornecimento e cravação","m",316.29000000000002]
[2306000,"Estaca pré-moldada de concreto armado centrifugado com compressão admissível de 125 t - sem emenda - fornecimento e cravação","m",395.57]
[2306001,"Estaca pré-moldada de concreto armado centrifugado com compressão admissível de 170 t - sem emenda - fornecimento e cravação","m",608.35]
[2306002,"Estaca pré-moldada de concreto armado centrifugado com compressão admissível de 230 t - sem emenda - fornecimento e cravação","m",662.13]
[2306003,"Estaca pré-moldada de concreto armado centrifugado com compressão admissível de 300 t - sem emenda - fornecimento e cravação","m",937.82]
[2305997,"Estaca pré-moldada de concreto armado centrifugado com compressão admissível de 55 t - sem emenda - fornecimento e cravação","m",213.81]
[2305998,"Estaca pré-moldada de concreto armado centrifugado com compressão admissível de 80 t - sem emenda - fornecimento e cravação","m",297.87]
[2306101,"Estaca pré-moldada de concreto protendido 15 x 15 cm - produzida - sem emenda - cravação","m",69.69]
[2306102,"Estaca pré-moldada de concreto protendido 17 x 17 cm - produzida - sem emenda - cravação","m",73.930000000000007]
[2306103,"Estaca pré-moldada de concreto protendido 20 x 20 cm - produzida - sem emenda - cravação","m",83.84]
[2306104,"Estaca pré-moldada de concreto protendido 21 x 21 cm - produzida - sem emenda - cravação","m",89.28]
[2306105,"Estaca pré-moldada de concreto protendido 23 x 23 cm - produzida - sem emenda - cravação","m",94.75]
[2306106,"Estaca pré-moldada de concreto protendido 25 x 25 cm - produzida - sem emenda - cravação","m",103.06]
[2306107,"Estaca pré-moldada de concreto protendido 26 x 26 cm - produzida - sem emenda - cravação","m",106]
[2306269,"Estaca pré-moldada de concreto protendido 30 x 30 cm - produzida - sem emenda - cravação","m",119.71]
[2306270,"Estaca pré-moldada de concreto protendido 33 x 33 cm - produzida - sem emenda - cravação","m",134.16999999999999]
[2306271,"Estaca pré-moldada de concreto protendido 35 x 35 cm - produzida - sem emenda - cravação","m",147.63]
[2306272,"Estaca pré-moldada de concreto protendido 38 x 38 cm - produzida - sem emenda - cravação","m",156.09]
[2306273,"Estaca pré-moldada de concreto protendido 40 x 40 cm - produzida - sem emenda - cravação","m",174.88]
[2306274,"Estaca pré-moldada de concreto protendido 42 x 42 cm - produzida - sem emenda - cravação","m",187.82]
[2306275,"Estaca pré-moldada de concreto protendido 45 x 45 cm - produzida - sem emenda - cravação","m",217.62]
[2306100,"Estaca pré-moldada de concreto protendido com compressão admissível de 100 t - comercial - sem emenda - fornecimento e cravação","m",303.31]
[2306004,"Estaca pré-moldada de concreto protendido com compressão admissível de 25 t - comercial - sem emenda - fornecimento e cravação","m",125.31]
[2306097,"Estaca pré-moldada de concreto protendido com compressão admissível de 35 t - comercial - sem emenda - fornecimento e cravação","m",147.52000000000001]
[2306098,"Estaca pré-moldada de concreto protendido com compressão admissível de 60 t - comercial - sem emenda - fornecimento e cravação","m",178.01]
[2306007,"Estaca pré-moldada de concreto protendido com compressão admissível de 75 t - comercial - sem emenda - fornecimento e cravação","m",239.01]
[2306067,"Estaca raiz perfurada na rocha com D = 16 cm - confecção","m",441.94]
[2306068,"Estaca raiz perfurada na rocha com D = 20 cm - confecção","m",555.92999999999995]
[2306069,"Estaca raiz perfurada na rocha com D = 25 cm - confecção","m",753.56]
[2306070,"Estaca raiz perfurada na rocha com D = 31 cm - confecção","m",1180.7]
[2306071,"Estaca raiz perfurada na rocha com D = 40 cm - confecção","m",1776.65]
[2306181,"Estaca raiz perfurada na rocha com D = 45 cm - confecção","m",1785.88]
[2306062,"Estaca raiz perfurada no solo com D = 16 cm - confecção","m",81.819999999999993]
[2306063,"Estaca raiz perfurada no solo com D = 20 cm - confecção","m",99.01]
[2306064,"Estaca raiz perfurada no solo com D = 25 cm - confecção","m",122.56]
[2306065,"Estaca raiz perfurada no solo com D = 31 cm - confecção","m",158.75]
[2306066,"Estaca raiz perfurada no solo com D = 40 cm - confecção","m",223.84]
[2306180,"Estaca raiz perfurada no solo com D = 45 cm - confecção","m",251.99]
[2306009,"Estaca Strauss D = 25 cm - confecção","m",15.72]
[2306010,"Estaca Strauss D = 32 cm - confecção","m",19.59]
[2306011,"Estaca Strauss D = 38 cm - confecção","m",22.31]
[2306012,"Estaca Strauss D = 45 cm - confecção","m",26.12]
[2306108,"Estaca trilho TR 25 - fornecimento e cravação","m",159.24]
[2306110,"Estaca trilho TR 37 - fornecimento e cravação","m",228.54]
[2306111,"Estaca trilho TR 45 - fornecimento e cravação","m",270.29000000000002]
[2306112,"Estaca trilho TR 57 - fornecimento e cravação","m",337.39]
[2306113,"Estaca trilho TR 68 - fornecimento e cravação","m",398.12]
[2306123,"Estaca triplo trilho TR 25 - com emenda - fornecimento e cravação","m",439.01]
[2306124,"Estaca triplo trilho TR 37 - com emenda - fornecimento e cravação","m",645.75]
[2306125,"Estaca triplo trilho TR 45 - com emenda - fornecimento e cravação","m",771.65]
[2306126,"Estaca triplo trilho TR 57 - com emenda - fornecimento e cravação","m",973.02]
[2306127,"Estaca triplo trilho TR 68 - com emenda - fornecimento e cravação","m",1155.03]
[2306300,"Fabricação de estaca pré-moldada de concreto protendida seção 15 x 15 cm","m",34.270000000000003]
[2306301,"Fabricação de estaca pré-moldada de concreto protendida seção 17 x 17 cm","m",36.72]
[2306302,"Fabricação de estaca pré-moldada de concreto protendida seção 20 x 20 cm","m",44.4]
[2306303,"Fabricação de estaca pré-moldada de concreto protendida seção 21 x 21 cm","m",48.33]
[2306304,"Fabricação de estaca pré-moldada de concreto protendida seção 23 x 23 cm","m",51.55]
[2306305,"Fabricação de estaca pré-moldada de concreto protendida seção 25 x 25 cm","m",57.69]
[2306306,"Fabricação de estaca pré-moldada de concreto protendida seção 26 x 26 cm","m",59.11]
[2306307,"Fabricação de estaca pré-moldada de concreto protendida seção 30 x 30 cm","m",68.849999999999994]
[2306308,"Fabricação de estaca pré-moldada de concreto protendida seção 33 x 33 cm","m",78]
[2306309,"Fabricação de estaca pré-moldada de concreto protendida seção 35 x 35 cm","m",88.18]
[2306310,"Fabricação de estaca pré-moldada de concreto protendida seção 38 x 38 cm","m",93.31]
[2306311,"Fabricação de estaca pré-moldada de concreto protendida seção 40 x 40 cm","m",107.18]
[2306312,"Fabricação de estaca pré-moldada de concreto protendida seção 42 x 42 cm","m",116.34]
[2306313,"Fabricação de estaca pré-moldada de concreto protendida seção 45 x 45 cm","m",140.19999999999999]
[2306013,"Gabarito de cravação de estacas submersas em aço ASTM A36 - confecção e instalação","kg",11.11]
[2306243,"Muro guia para estaca barrete com duas cortinas de 10 x 110 cm","m",594.16999999999996]
[2408149,"Estrutura em chapa de aço ASTM A36 corte, solda e montagem - fornecimento e instalação","kg",14.4]
[2407972,"Fornecimento e aplicação de adesivo estrutural à base de resina epóxi","kg",73.010000000000005]
[2408075,"Jateamento abrasivo em chapa de aço por esteira contínua","m²",5.22]
[2408069,"Jateamento de chapa de aço com o uso de granalhas de aço grau SA2","m²",5.2]
[2419790,"Jateamento de chapa de aço com o uso de granalhas de aço grau SA2 1/2","m²",9.3800000000000008]
[2408068,"Jateamento de chapa de aço com o uso de granalhas de aço Grau SA3","m²",14.62]
[2419705,"Pintura com epóxi de dois componentes com pistola a ar comprimido, uma demão, espessura de até 120 µm","m²",10.220000000000001]
[2419704,"Pintura com primer epóxi de dois componentes com pistola a ar comprimido, uma demão, espessura de até 70 µm","m²",12.93]
[2419703,"Pintura com tinta anticorrosiva à base de epóxi poliamida de dois componentes com pistola a ar comprimido, uma demão, espessura de até 150 µm","m²",14.78]
[2408080,"Pintura de acabamento com esmalte epóxi com pistola a ar comprimido, uma demão, espessura de até 40 µm","m²",7.39]
[2408078,"Pintura de acabamento com esmalte sintético com pistola a ar comprimido, uma demão, espessura de até 30 µm","m²",2.99]
[2408077,"Pintura de fundo com tinta alquídica com pistola a ar comprimido, uma demão, espessura de até 30 µm","m²",7.66]
[2408079,"Pintura de fundo com tinta epóxi com pistola a ar comprimido, uma demão, espessura de até 120 µm","m²",38.32]
[2408076,"Pintura shop primer em chapa de aço por esteira contínua","m²",10.46]
[2408057,"Solda elétrica de perfis metálicos e chapas de aço com eletrodo E60XX","kg",93.06]
[2408058,"Solda elétrica de perfis metálicos e chapas de aço com eletrodo E70XX","kg",59.66]
[2419789,"Tratamento em chapa de aço por esteira contínua","m²",8.9700000000000006]
[2607183,"Alinhamento manual da grade do AMV para qualquer abertura e qualquer bitola","un",300.92]
[2607226,"Assentamento dos materiais metálicos do AMV 1:10, TR 45, bitola larga","un",333610.48]
[2607209,"Assentamento dos materiais metálicos do AMV 1:10, TR 45, bitola métrica","un",291345.96000000002]
[2607161,"Assentamento dos materiais metálicos do AMV 1:10, TR 45, bitola mista","un",398699.9]
[2607148,"Assentamento dos materiais metálicos do AMV 1:10, TR 57, bitola larga","un",419918.61]
[2607213,"Assentamento dos materiais metálicos do AMV 1:10, TR 57, bitola métrica","un",366323.12]
[2607165,"Assentamento dos materiais metálicos do AMV 1:10, TR 57, bitola mista","un",507513.59999999998]
[2607152,"Assentamento dos materiais metálicos do AMV 1:10, TR 68, bitola larga","un",503433.73]
[2607217,"Assentamento dos materiais metálicos do AMV 1:10, TR 68, bitola métrica","un",435023.22]
[2607169,"Assentamento dos materiais metálicos do AMV 1:10, TR 68, bitola mista","un",602379.37]
[2607156,"Assentamento dos materiais metálicos do AMV 1:10, UIC 60, bitola larga","un",441603.3]
[2607221,"Assentamento dos materiais metálicos do AMV 1:10, UIC 60, bitola métrica","un",385111.03]
[2607173,"Assentamento dos materiais metálicos do AMV 1:10, UIC 60, bitola mista","un",533459.19999999995]
[2607227,"Assentamento dos materiais metálicos do AMV 1:12, TR 45, bitola larga","un",366110.63]
[2607210,"Assentamento dos materiais metálicos do AMV 1:12, TR 45, bitola métrica","un",319586.93]
[2607162,"Assentamento dos materiais metálicos do AMV 1:12, TR 45, bitola mista","un",437789.41]
[2607149,"Assentamento dos materiais metálicos do AMV 1:12, TR 57, bitola larga","un",461083.98]
[2607214,"Assentamento dos materiais metálicos do AMV 1:12, TR 57, bitola métrica","un",402087.52]
[2607166,"Assentamento dos materiais metálicos do AMV 1:12, TR 57, bitola mista","un",557045.16]
[2607153,"Assentamento dos materiais metálicos do AMV 1:12, TR 68, bitola larga","un",552427.91]
[2607218,"Assentamento dos materiais metálicos do AMV 1:12, TR 68, bitola métrica","un",482626.45]
[2607170,"Assentamento dos materiais metálicos do AMV 1:12, TR 68, bitola mista","un",661427.11]
[2607157,"Assentamento dos materiais metálicos do AMV 1:12, UIC 60, bitola larga","un",489909.46]
[2607222,"Assentamento dos materiais metálicos do AMV 1:12, UIC 60, bitola métrica","un",422760.93]
[2607174,"Assentamento dos materiais metálicos do AMV 1:12, UIC 60, bitola mista","un",585599.06000000006]
[2607228,"Assentamento dos materiais metálicos do AMV 1:14, TR 45, bitola larga","un",401834.57]
[2607211,"Assentamento dos materiais metálicos do AMV 1:14, TR 45, bitola métrica","un",350632.22]
[2607163,"Assentamento dos materiais metálicos do AMV 1:14, TR 45, bitola mista","un",485699.97]
[2607150,"Assentamento dos materiais metálicos do AMV 1:14, TR 57, bitola larga","un",511350.74]
[2607215,"Assentamento dos materiais metálicos do AMV 1:14, TR 57, bitola métrica","un",441403.69]
[2607167,"Assentamento dos materiais metálicos do AMV 1:14, TR 57, bitola mista","un",611476.38]
[2607154,"Assentamento dos materiais metálicos do AMV 1:14, TR 68, bitola larga","un",606294.06999999995]
[2607219,"Assentamento dos materiais metálicos do AMV 1:14, TR 68, bitola métrica","un",529512.42000000004]
[2607171,"Assentamento dos materiais metálicos do AMV 1:14, TR 68, bitola mista","un",741183.72]
[2607158,"Assentamento dos materiais metálicos do AMV 1:14, UIC 60, bitola larga","un",537560.04]
[2607223,"Assentamento dos materiais metálicos do AMV 1:14, UIC 60, bitola métrica","un",464149.92]
[2607175,"Assentamento dos materiais metálicos do AMV 1:14, UIC 60, bitola mista","un",642897.15]
[2607151,"Assentamento dos materiais metálicos do AMV 1:20, TR 57, bitola larga","un",611098.43000000005]
[2607216,"Assentamento dos materiais metálicos do AMV 1:20, TR 57, bitola métrica","un",533050.4]
[2607168,"Assentamento dos materiais metálicos do AMV 1:20, TR 57, bitola mista","un",746514.86]
[2607155,"Assentamento dos materiais metálicos do AMV 1:20, TR 68, bitola larga","un",739882.26]
[2607220,"Assentamento dos materiais metálicos do AMV 1:20, TR 68, bitola métrica","un",632881.21]
[2607172,"Assentamento dos materiais metálicos do AMV 1:20, TR 68, bitola mista","un",884423.08]
[2607159,"Assentamento dos materiais metálicos do AMV 1:20, UIC 60, bitola larga","un",642682.66]
[2607224,"Assentamento dos materiais metálicos do AMV 1:20, UIC 60, bitola métrica","un",560367.89]
[2607176,"Assentamento dos materiais metálicos do AMV 1:20, UIC 60, bitola mista","un",784264.33]
[2607225,"Assentamento dos materiais metálicos do AMV 1:8, TR 45, bitola larga","un",304041.52]
[2607208,"Assentamento dos materiais metálicos do AMV 1:8, TR 45, bitola métrica","un",265655.07]
[2607160,"Assentamento dos materiais metálicos do AMV 1:8, TR 45, bitola mista","un",363125.82]
[2607229,"Assentamento dos materiais metálicos do AMV 1:8, TR 57, bitola larga","un",382439.16]
[2607212,"Assentamento dos materiais metálicos do AMV 1:8, TR 57, bitola métrica","un",333787.89]
[2607164,"Assentamento dos materiais metálicos do AMV 1:8, TR 57, bitola mista","un",457482.32]
[2607207,"Lançamento manual de lastro em AMV com descarga da brita por caminhão","m³",145.94]
[2607206,"Lançamento mecânico de lastro em AMV com descarga da brita por caminhão e espalhamento com carregadeira de pneus","m³",141.61000000000001]
[2607344,"Nivelamento de AMV com socaria com grupo vibrador e levante de até 10 cm, abertura 1:10, bitola larga, dormente de madeira ou concreto","un",217.84]
[2607339,"Nivelamento de AMV com socaria com grupo vibrador e levante de até 10 cm, abertura 1:10, bitola métrica, dormente de madeira ou concreto","un",149.66]
[2607349,"Nivelamento de AMV com socaria com grupo vibrador e levante de até 10 cm, abertura 1:10, bitola mista, dormente de madeira ou concreto","un",332.62]
[2607345,"Nivelamento de AMV com socaria com grupo vibrador e levante de até 10 cm, abertura 1:12, bitola larga, dormente de madeira ou concreto","un",248.57]
[2607340,"Nivelamento de AMV com socaria com grupo vibrador e levante de até 10 cm, abertura 1:12, bitola métrica, dormente de madeira ou concreto","un",170.88]
[2607350,"Nivelamento de AMV com socaria com grupo vibrador e levante de até 10 cm, abertura 1:12, bitola mista, dormente de madeira ou concreto","un",379.94]
[2607346,"Nivelamento de AMV com socaria com grupo vibrador e levante de até 10 cm, abertura 1:14, bitola larga, dormente de madeira ou concreto","un",288.70999999999998]
[2607341,"Nivelamento de AMV com socaria com grupo vibrador e levante de até 10 cm, abertura 1:14, bitola métrica, dormente de madeira ou concreto","un",201.58]
[2607351,"Nivelamento de AMV com socaria com grupo vibrador e levante de até 10 cm, abertura 1:14, bitola mista, dormente de madeira ou concreto","un",441.34]
[2607347,"Nivelamento de AMV com socaria com grupo vibrador e levante de até 10 cm, abertura 1:20, bitola larga, dormente de madeira ou concreto","un",380.93]
[2607342,"Nivelamento de AMV com socaria com grupo vibrador e levante de até 10 cm, abertura 1:20, bitola métrica, dormente de madeira ou concreto","un",248.57]
[2607352,"Nivelamento de AMV com socaria com grupo vibrador e levante de até 10 cm, abertura 1:20, bitola mista, dormente de madeira ou concreto","un",580.67999999999995]
[2607343,"Nivelamento de AMV com socaria com grupo vibrador e levante de até 10 cm, abertura 1:8, bitola larga, dormente de madeira","un",174.9]
[2607338,"Nivelamento de AMV com socaria com grupo vibrador e levante de até 10 cm, abertura 1:8, bitola métrica, dormente de madeira","un",127.98]
[2607348,"Nivelamento de AMV com socaria com grupo vibrador e levante de até 10 cm, abertura 1:8, bitola mista, dormente de madeira","un",267.22000000000003]
[2607329,"Nivelamento de AMV com socaria manual e levante de até 10 cm, abertura 1:10, bitola larga, dormente de madeira ou concreto","un",500.32]
[2607324,"Nivelamento de AMV com socaria manual e levante de até 10 cm, abertura 1:10, bitola métrica, dormente de madeira ou concreto","un",341.58]
[2607334,"Nivelamento de AMV com socaria manual e levante de até 10 cm, abertura 1:10, bitola mista, dormente de madeira ou concreto","un",725.39]
[2607330,"Nivelamento de AMV com socaria manual e levante de até 10 cm, abertura 1:12, bitola larga, dormente de madeira ou concreto","un",572.1]
[2607325,"Nivelamento de AMV com socaria manual e levante de até 10 cm, abertura 1:12, bitola métrica, dormente de madeira ou concreto","un",392.28]
[2607335,"Nivelamento de AMV com socaria manual e levante de até 10 cm, abertura 1:12, bitola mista, dormente de madeira ou concreto","un",828.9]
[2607331,"Nivelamento de AMV com socaria manual e levante de até 10 cm, abertura 1:14, bitola larga, dormente de madeira ou concreto","un",665.09]
[2607326,"Nivelamento de AMV com socaria manual e levante de até 10 cm, abertura 1:14, bitola métrica, dormente de madeira ou concreto","un",464.06]
[2607336,"Nivelamento de AMV com socaria manual e levante de até 10 cm, abertura 1:14, bitola mista, dormente de madeira ou concreto","un",964.19]
[2607332,"Nivelamento de AMV com socaria manual e levante de até 10 cm, abertura 1:20, bitola larga, dormente de madeira ou concreto","un",880.51]
[2607327,"Nivelamento de AMV com socaria manual e levante de até 10 cm, abertura 1:20, bitola métrica, dormente de madeira ou concreto","un",572.1]
[2607337,"Nivelamento de AMV com socaria manual e levante de até 10 cm, abertura 1:20, bitola mista, dormente de madeira ou concreto","un",1274.79]
[2607328,"Nivelamento de AMV com socaria manual e levante de até 10 cm, abertura 1:8, bitola larga, dormente de madeira","un",401.34]
[2607323,"Nivelamento de AMV com socaria manual e levante de até 10 cm, abertura 1:8, bitola métrica, dormente de madeira","un",293.24]
[2607333,"Nivelamento de AMV com socaria manual e levante de até 10 cm, abertura 1:8, bitola mista, dormente de madeira","un",581.11]
[2607106,"Posicionamento de jogo de dormentes de concreto para AMV 1:10, bitola larga","jg",94897.88]
[2607102,"Posicionamento de jogo de dormentes de concreto para AMV 1:10, bitola métrica","jg",46694.22]
[2607261,"Posicionamento de jogo de dormentes de concreto para AMV 1:10, bitola mista","jg",94897.88]
[2607107,"Posicionamento de jogo de dormentes de concreto para AMV 1:12, bitola larga","jg",108309.14]
[2607103,"Posicionamento de jogo de dormentes de concreto para AMV 1:12, bitola métrica","jg",53142.81]
[2607262,"Posicionamento de jogo de dormentes de concreto para AMV 1:12, bitola mista","jg",108309.14]
[2607108,"Posicionamento de jogo de dormentes de concreto para AMV 1:14, bitola larga","jg",126167.63]
[2607104,"Posicionamento de jogo de dormentes de concreto para AMV 1:14, bitola métrica","jg",62792.42]
[2607263,"Posicionamento de jogo de dormentes de concreto para AMV 1:14, bitola mista","jg",126167.63]
[2607109,"Posicionamento de jogo de dormentes de concreto para AMV 1:20, bitola larga","jg",166355]
[2607105,"Posicionamento de jogo de dormentes de concreto para AMV 1:20, bitola métrica","jg",78090.37]
[2607264,"Posicionamento de jogo de dormentes de concreto para AMV 1:20, bitola mista","jg",166355]
[2607093,"Posicionamento de jogo de dormentes de madeira para AMV 1:10, bitola larga","jg",56525.34]
[2607088,"Posicionamento de jogo de dormentes de madeira para AMV 1:10, bitola métrica","jg",23241.759999999998]
[2607098,"Posicionamento de jogo de dormentes de madeira para AMV 1:10, bitola mista","jg",56843.08]
[2607094,"Posicionamento de jogo de dormentes de madeira para AMV 1:12, bitola larga","jg",63710.43]
[2607089,"Posicionamento de jogo de dormentes de madeira para AMV 1:12, bitola métrica","jg",26609.91]
[2607099,"Posicionamento de jogo de dormentes de madeira para AMV 1:12, bitola mista","jg",64072.41]
[2607095,"Posicionamento de jogo de dormentes de madeira para AMV 1:14, bitola larga","jg",74843.12]
[2607090,"Posicionamento de jogo de dormentes de madeira para AMV 1:14, bitola métrica","jg",32407.88]
[2607260,"Posicionamento de jogo de dormentes de madeira para AMV 1:14, bitola mista","jg",75263.539999999994]
[2607096,"Posicionamento de jogo de dormentes de madeira para AMV 1:20, bitola larga","jg",98663.03]
[2607091,"Posicionamento de jogo de dormentes de madeira para AMV 1:20, bitola métrica","jg",40717.75]
[2607101,"Posicionamento de jogo de dormentes de madeira para AMV 1:20, bitola mista","jg",99217.13]
[2607092,"Posicionamento de jogo de dormentes de madeira para AMV 1:8, bitola larga","jg",44977.86]
[2607087,"Posicionamento de jogo de dormentes de madeira para AMV 1:8, bitola métrica","jg",19398.12]
[2607097,"Posicionamento de jogo de dormentes de madeira para AMV 1:8, bitola mista","jg",45232.25]
[2607198,"Regularização manual do lastro do AMV para qualquer abertura e qualquer bitola","un",302.55]
[2809170,"Demolição de AMV 1:10 TR 37, em bitola métrica, dormente de madeira, com separação e empilhamento","un",1817.03]
[2809183,"Demolição de AMV 1:10 TR 45, em bitola larga, dormente de madeira, com separação e empilhamento","un",2632.43]
[2809174,"Demolição de AMV 1:10 TR 45, em bitola métrica, dormente de madeira, com separação e empilhamento","un",1903.02]
[2809196,"Demolição de AMV 1:10 TR 45, em bitola mista, dormente de madeira, com separação e empilhamento","un",2767.32]
[2809187,"Demolição de AMV 1:10 TR 57, em bitola larga, dormente de madeira, com separação e empilhamento","un",2761.67]
[2809178,"Demolição de AMV 1:10 TR 57, em bitola métrica, dormente de madeira, com separação e empilhamento","un",2031.87]
[2809200,"Demolição de AMV 1:10 TR 57, em bitola mista, dormente de madeira, com separação e empilhamento","un",2901.9]
[2809191,"Demolição de AMV 1:10 TR 68, em bitola larga, dormente de madeira, com separação e empilhamento","un",2880.19]
[2809204,"Demolição de AMV 1:10 TR 68, em bitola mista, dormente de madeira, com separação e empilhamento","un",3025.11]
[2809171,"Demolição de AMV 1:12 TR 37, em bitola métrica, dormente de madeira, com separação e empilhamento","un",2051.4699999999998]
[2809184,"Demolição de AMV 1:12 TR 45, em bitola larga, dormente de madeira, com separação e empilhamento","un",2970.66]
[2809175,"Demolição de AMV 1:12 TR 45, em bitola métrica, dormente de madeira, com separação e empilhamento","un",2146.0500000000002]
[2809197,"Demolição de AMV 1:12 TR 45, em bitola mista, dormente de madeira, com separação e empilhamento","un",3119.49]
[2809188,"Demolição de AMV 1:12 TR 57, em bitola larga, dormente de madeira, com separação e empilhamento","un",3112.82]
[2809179,"Demolição de AMV 1:12 TR 57, em bitola métrica, dormente de madeira, com separação e empilhamento","un",2287.79]
[2809201,"Demolição de AMV 1:12 TR 57, em bitola mista, dormente de madeira, com separação e empilhamento","un",3267.53]
[2809192,"Demolição de AMV 1:12 TR 68, em bitola larga, dormente de madeira, com separação e empilhamento","un",3243.19]
[2809205,"Demolição de AMV 1:12 TR 68, em bitola mista, dormente de madeira, com separação e empilhamento","un",3403.05]
[2809172,"Demolição de AMV 1:14 TR 37, em bitola métrica, dormente de madeira, com separação e empilhamento","un",2399.04]
[2809185,"Demolição de AMV 1:14 TR 45, em bitola larga, dormente de madeira, com separação e empilhamento","un",3421.04]
[2809176,"Demolição de AMV 1:14 TR 45, em bitola métrica, dormente de madeira, com separação e empilhamento","un",2503.09]
[2809198,"Demolição de AMV 1:14 TR 45, em bitola mista, dormente de madeira, com separação e empilhamento","un",3587.63]
[2809189,"Demolição de AMV 1:14 TR 57, em bitola larga, dormente de madeira, com separação e empilhamento","un",3577.41]
[2809180,"Demolição de AMV 1:14 TR 57, em bitola métrica, dormente de madeira, com separação e empilhamento","un",2659]
[2809202,"Demolição de AMV 1:14 TR 57, em bitola mista, dormente de madeira, com separação e empilhamento","un",3750.47]
[2809193,"Demolição de AMV 1:14 TR 68, em bitola larga, dormente de madeira, com separação e empilhamento","un",3720.82]
[2809206,"Demolição de AMV 1:14 TR 68, em bitola mista, dormente de madeira, com separação e empilhamento","un",3899.55]
[2809190,"Demolição de AMV 1:20 TR 57, em bitola larga, dormente de madeira, com separação e empilhamento","un",4636.66]
[2809181,"Demolição de AMV 1:20 TR 57, em bitola métrica, dormente de madeira, com separação e empilhamento","un",3269.22]
[2809203,"Demolição de AMV 1:20 TR 57, em bitola mista, dormente de madeira, com separação e empilhamento","un",4846.1400000000003]
[2809194,"Demolição de AMV 1:20 TR 68, em bitola larga, dormente de madeira, com separação e empilhamento","un",4808.75]
[2809207,"Demolição de AMV 1:20 TR 68, em bitola mista, dormente de madeira, com separação e empilhamento","un",5025.04]
[2809169,"Demolição de AMV 1:8 TR 37, em bitola métrica, dormente de madeira, com separação e empilhamento","un",1561.7]
[2809182,"Demolição de AMV 1:8 TR 45, em bitola larga, dormente de madeira, com separação e empilhamento","un",2166.15]
[2809173,"Demolição de AMV 1:8 TR 45, em bitola métrica, dormente de madeira, com separação e empilhamento","un",1639.87]
[2809195,"Demolição de AMV 1:8 TR 45, em bitola mista, dormente de madeira, com separação e empilhamento","un",2267]
[2809186,"Demolição de AMV 1:8 TR 57, em bitola larga, dormente de madeira, com separação e empilhamento","un",2283.64]
[2809177,"Demolição de AMV 1:8 TR 57, em bitola métrica, dormente de madeira, com separação e empilhamento","un",1757.01]
[2809199,"Demolição de AMV 1:8 TR 57, em bitola mista, dormente de madeira, com separação e empilhamento","un",2389.35]
[2809219,"Demolição de via, bitola larga, 1.667 dormentes de madeira/km, trilho TR 45, barra com 12 m de comprimento, com separação e empilhamento","km",22258.04]
[2809220,"Demolição de via, bitola larga, 1.667 dormentes de madeira/km, trilho TR 57, barra com 12 m de comprimento, com separação e empilhamento","km",23653.77]
[2809221,"Demolição de via, bitola larga, 1.667 dormentes de madeira/km, trilho TR 68, barra com 12 m de comprimento, com separação e empilhamento","km",24318.99]
[2809163,"Demolição de via, bitola larga, 1.750 dormentes de madeira/km, trilho TR 45, barra com 12 m de comprimento, com separação e empilhamento","km",23244.41]
[2809164,"Demolição de via, bitola larga, 1.750 dormentes de madeira/km, trilho TR 57, barra com 12 m de comprimento, com separação e empilhamento","km",24691.7]
[2809165,"Demolição de via, bitola larga, 1.750 dormentes de madeira/km, trilho TR 68, barra com 12 m de comprimento, com separação e empilhamento","km",25375.49]
[2809216,"Demolição de via, bitola métrica, 1.667 dormentes de madeira/km, trilho TR 37, barra com 12 m de comprimento, com separação e empilhamento","km",20768.8]
[2809217,"Demolição de via, bitola métrica, 1.667 dormentes de madeira/km, trilho TR 45, barra com 12 m de comprimento, com separação e empilhamento","km",21121.02]
[2809218,"Demolição de via, bitola métrica, 1.667 dormentes de madeira/km, trilho TR 57, barra com 12 m de comprimento, com separação e empilhamento","km",22508.75]
[2809160,"Demolição de via, bitola métrica, 1.750 dormentes de madeira/km, trilho TR 37, barra com 12 m de comprimento, com separação e empilhamento","km",21697]
[2809161,"Demolição de via, bitola métrica, 1.750 dormentes de madeira/km, trilho TR 45, barra com 12 m de comprimento, com separação e empilhamento","km",22051.74]
[2809162,"Demolição de via, bitola métrica, 1.750 dormentes de madeira/km, trilho TR 57, barra com 12 m de comprimento, com separação e empilhamento","km",23490.87]
[2809222,"Demolição de via, bitola mista, 1.667 dormentes de madeira/km, trilho TR 45, barra com 12 m de comprimento, com separação e empilhamento","km",20176.330000000002]
[2809223,"Demolição de via, bitola mista, 1.667 dormentes de madeira/km, trilho TR 57, barra com 12 m de comprimento, com separação e empilhamento","km",25890.94]
[2809224,"Demolição de via, bitola mista, 1.667 dormentes de madeira/km, trilho TR 68, barra com 12 m de comprimento, com separação e empilhamento","km",26888.77]
[2809166,"Demolição de via, bitola mista, 1.750 dormentes de madeira/km, trilho TR 45, barra com 12 m de comprimento, com separação e empilhamento","km",21000.560000000001]
[2809167,"Demolição de via, bitola mista, 1.750 dormentes de madeira/km, trilho TR 57, barra com 12 m de comprimento, com separação e empilhamento","km",26995.97]
[2809168,"Demolição de via, bitola mista, 1.750 dormentes de madeira/km, trilho TR 68, barra com 12 m de comprimento, com separação e empilhamento","km",28021.66]
[2909152,"Aferição da geometria da via com carro controle","km",111.46]
[2909153,"Capina química da plataforma ferroviária","km",174.57]
[2909151,"Estabilização dinâmica da via","km",61.55]
[2909145,"Nivelamento de junta com socaria manual da via","un",10.029999999999999]
[2909379,"Nivelamento de via com grupo gerador/vibrador e levante de até 10 cm - bitola métrica ou larga com dormente de madeira ou concreto e taxa de dormentação de 1.667 un/km","km",5586.9]
[2909381,"Nivelamento de via com grupo gerador/vibrador e levante de até 10 cm - bitola métrica ou larga com dormente de madeira ou concreto e taxa de dormentação de 1.750 un/km","km",5846.18]
[2909380,"Nivelamento de via com grupo gerador/vibrador e levante de até 10 cm - bitola mista com dormente de madeira ou concreto e taxa de dormentação de 1.667 un/km","km",8188.67]
[2909382,"Nivelamento de via com grupo gerador/vibrador e levante de até 10 cm - bitola mista com dormente de madeira ou concreto e taxa de dormentação de 1.750 un/km","km",8576.7199999999993]
[2909375,"Nivelamento de via com socaria manual e levante de até 10 cm - bitola métrica ou larga com dormente de madeira ou concreto e taxa de dormentação de 1.667 un/km","km",8950.48]
[2909377,"Nivelamento de via com socaria manual e levante de até 10 cm - bitola métrica ou larga com dormente de madeira ou concreto e taxa de dormentação de 1.750 un/km","km",9368.4599999999991]
[2909376,"Nivelamento de via com socaria manual e levante de até 10 cm - bitola mista com dormente de madeira ou concreto e taxa de dormentação de 1.667 un/km","km",13146.13]
[2909378,"Nivelamento de via com socaria manual e levante de até 10 cm - bitola mista com dormente de madeira ou concreto e taxa de dormentação de 1.750 un/km","km",13778.16]
[2909383,"Nivelamento e alinhamento de via com socadora automática e levante de até 10 cm - qualquer bitola ou dormente e taxa de dormentação de 1.667 un/km","km",5417.09]
[2909384,"Nivelamento e alinhamento de via com socadora automática e levante de até 10 cm - qualquer bitola ou dormente e taxa de dormentação de 1.750 un/km","km",5686.83]
[2909148,"Regularização do lastro com reguladora de lastro","km",426.06]
[3009336,"Alívio de tensão, com martelo de bronze, em TLS com 120 de comprimento de TR45, taxa de dormentação de 1.667 un/km, para qualquer bitola e fixação elástica","un",91.02]
[3009337,"Alívio de tensão, com martelo de bronze, em TLS com 120 de comprimento de TR45, taxa de dormentação de 1.750 un/km, para qualquer bitola e fixação elástica","un",93.42]
[3009340,"Alívio de tensão, com martelo de bronze, em TLS com 120 de comprimento de TR57, taxa de dormentação de 1.667 un/km, para qualquer bitola e fixação elástica","un",173.84]
[3009341,"Alívio de tensão, com martelo de bronze, em TLS com 120 de comprimento de TR57, taxa de dormentação de 1.750 un/km, para qualquer bitola e fixação elástica","un",178.65]
[3009344,"Alívio de tensão, com martelo de bronze, em TLS com 120 de comprimento de TR68, taxa de dormentação de 1.667 un/km, para qualquer bitola e fixação elástica","un",91.42]
[3009345,"Alívio de tensão, com martelo de bronze, em TLS com 120 de comprimento de TR68, taxa de dormentação de 1.750 un/km, para qualquer bitola e fixação elástica","un",93.82]
[3009348,"Alívio de tensão, com martelo de bronze, em TLS com 120 de comprimento de UIC60, taxa de dormentação de 1.667 un/km, para qualquer bitola e fixação elástica","un",173.89]
[3009349,"Alívio de tensão, com martelo de bronze, em TLS com 120 de comprimento de UIC60, taxa de dormentação de 1.750 un/km, para qualquer bitola e fixação elástica","un",178.7]
[3009338,"Alívio de tensão, com martelo de bronze, em TLS com 240 de comprimento de TR45, taxa de dormentação de 1.667 un/km, para qualquer bitola e fixação elástica","un",91.02]
[3009339,"Alívio de tensão, com martelo de bronze, em TLS com 240 de comprimento de TR45, taxa de dormentação de 1.750 un/km, para qualquer bitola e fixação elástica","un",93.42]
[3009342,"Alívio de tensão, com martelo de bronze, em TLS com 240 de comprimento de TR57, taxa de dormentação de 1.667 un/km, para qualquer bitola e fixação elástica","un",173.84]
[3009343,"Alívio de tensão, com martelo de bronze, em TLS com 240 de comprimento de TR57, taxa de dormentação de 1.750 un/km, para qualquer bitola e fixação elástica","un",178.65]
[3009346,"Alívio de tensão, com martelo de bronze, em TLS com 240 de comprimento de TR68, taxa de dormentação de 1.667 un/km, para qualquer bitola e fixação elástica","un",91.42]
[3009347,"Alívio de tensão, com martelo de bronze, em TLS com 240 de comprimento de TR68, taxa de dormentação de 1.750 un/km, para qualquer bitola e fixação elástica","un",93.82]
[3009350,"Alívio de tensão, com martelo de bronze, em TLS com 240 de comprimento de UIC60, taxa de dormentação de 1.667 un/km, para qualquer bitola e fixação elástica","un",173.89]
[3009351,"Alívio de tensão, com martelo de bronze, em TLS com 240 de comprimento de UIC60, taxa de dormentação de 1.750 un/km, para qualquer bitola e fixação elástica","un",178.7]
[3009080,"Colocação manual de grampo elástico Pandrol","un",0.13]
[3009075,"Colocação manual de retensor para trilho TR45","un",43.66]
[3009076,"Colocação manual de retensor para trilho TR57","un",45.36]
[3009077,"Colocação manual de retensor para trilho TR68","un",46.82]
[3009078,"Colocação manual de retensor para trilho UIC60","un",48.26]
[3009087,"Colocação mecanizada de grampo elástico Pandrol","un",0.09]
[3009085,"Contratrilho TR45, comprimento de 12 m, sobre dormente de madeira, taxa de dormentação de 1.750 un/km, tala de junção de 6 furos e fixação rígida - posicionamento e assentamento manual","m",1704.15]
[3009086,"Contratrilho TR57, comprimento de 12 m, sobre dormente de madeira, taxa de dormentação de 1.750 un/km, tala de junção de 6 furos e fixação rígida - posicionamento e assentamento manual","m",2132.91]
[3009089,"Contratrilho TR68, comprimento de 12 m, sobre dormente de madeira, taxa de dormentação de 1.750 un/km, tala de junção de 6 furos e fixação rígida - posicionamento e assentamento manual","m",2510.17]
[3009090,"Contratrilho UIC60, comprimento de 12 m, sobre dormente de madeira, taxa de dormentação de 1.750 un/km, tala de junção de 6 furos e fixação rígida - posicionamento e assentamento manual","m",2380.79]
[3009004,"Dormente de concreto monobloco protendido bitola larga - confecção","un",418.4]
[3009002,"Dormente de concreto monobloco protendido bitola métrica - confecção","un",317.68]
[3009006,"Dormente de concreto monobloco protendido bitola mista - confecção","un",581.32000000000005]
[3009335,"Dormente de concreto monobloco protendido para AMV bitola larga ou mista - confecção","un",1094.1199999999999]
[3009334,"Dormente de concreto monobloco protendido para AMV bitola métrica - confecção","un",781.16]
[3009280,"Dormente de concreto monobloco, bitola larga, taxa de dormentação de 1.667 un/km, fixação elástica Pandrol - posicionamento mecanizado com carregadeira","km",718522.01]
[3009281,"Dormente de concreto monobloco, bitola larga, taxa de dormentação de 1.667 un/km, fixação elástica Pandrol - posicionamento mecanizado com pórtico","km",711601.36]
[3009061,"Dormente de concreto monobloco, bitola larga, taxa de dormentação de 1.750 un/km, fixação elástica Pandrol - posicionamento mecanizado com carregadeira","km",754298.19]
[3009062,"Dormente de concreto monobloco, bitola larga, taxa de dormentação de 1.750 un/km, fixação elástica Pandrol - posicionamento mecanizado com pórtico","km",747031.97]
[3009278,"Dormente de concreto monobloco, bitola métrica, taxa de dormentação de 1.667 un/km, fixação elástica Pandrol - posicionamento mecanizado com carregadeira","km",546230.73]
[3009279,"Dormente de concreto monobloco, bitola métrica, taxa de dormentação de 1.667 un/km, fixação elástica Pandrol - posicionamento mecanizado com pórtico","km",541267.49]
[3009059,"Dormente de concreto monobloco, bitola métrica, taxa de dormentação de 1.750 un/km, fixação elástica Pandrol - posicionamento mecanizado com carregadeira","km",573428.51]
[3009060,"Dormente de concreto monobloco, bitola métrica, taxa de dormentação de 1.750 un/km, fixação elástica Pandrol - posicionamento mecanizado com pórtico","km",568217.17000000004]
[3009282,"Dormente de concreto monobloco, bitola mista, taxa de dormentação de 1.667 un/km, fixação elástica Pandrol - posicionamento mecanizado com carregadeira","km",990116.65]
[3009283,"Dormente de concreto monobloco, bitola mista, taxa de dormentação de 1.667 un/km, fixação elástica Pandrol - posicionamento mecanizado com pórtico","km",983185.67]
[3009063,"Dormente de concreto monobloco, bitola mista, taxa de dormentação de 1.750 un/km, fixação elástica Pandrol - posicionamento mecanizado com carregadeira","km",1039415.54]
[3009064,"Dormente de concreto monobloco, bitola mista, taxa de dormentação de 1.750 un/km, fixação elástica Pandrol - posicionamento mecanizado com pórtico","km",1032138.47]
[3009081,"Dormente de madeira para ponte, bitola métrica ou larga, para TR45, fixação rígida - posicionamento e assentamento mecanizado","un",856.07]
[3009082,"Dormente de madeira para ponte, bitola métrica ou larga, para TR57, fixação rígida - posicionamento e assentamento mecanizado","un",1024.3399999999999]
[3009083,"Dormente de madeira para ponte, bitola métrica ou larga, para TR68, fixação rígida - posicionamento e assentamento mecanizado","un",1048.33]
[3009084,"Dormente de madeira para ponte, bitola métrica ou larga, para UIC60, fixação rígida - posicionamento e assentamento mecanizado","un",1052.53]
[3009070,"Dormente de madeira, bitola larga ou mista - posicionamento manual","un",486.97]
[3009285,"Dormente de madeira, bitola larga ou mista, taxa de dormentação de 1.667 un/km - posicionamento mecanizado com carregadeira","km",793290.35]
[3009072,"Dormente de madeira, bitola larga ou mista, taxa de dormentação de 1.750 un/km - posicionamento mecanizado com carregadeira","km",832789.25]
[3009069,"Dormente de madeira, bitola métrica - posicionamento manual","un",295.88]
[3009284,"Dormente de madeira, bitola métrica, taxa de dormentação de 1.667 un/km - posicionamento mecanizado com carregadeira","km",479192.21]
[3009071,"Dormente de madeira, bitola métrica, taxa de dormentação de 1.750 un/km - posicionamento mecanizado com carregadeira","km",503052.15]
[3009091,"Lançamento de lastro, 10 cm de altura, primeiro levante, descarga de pedra britada de caminhões","m³",154.83000000000001]
[3009058,"Lubrificador de trilhos e de flanges de rodas","un",92698.39]
[3009229,"Posicionamento mecanizado de trilhos","km",171]
[3009132,"Pré-alinhamento manual da grade com dormente de madeira","km",1203.6600000000001]
[3009133,"Pré-alinhamento mecanizado da grade","km",1513.58]
[3009321,"Solda aluminotérmica para TR45 com cadinho descartável, executada no campo, para formação de trilho longo soldado (TLS)","un",1312.84]
[3009322,"Solda aluminotérmica para TR57 com cadinho descartável, executada no campo, para formação de trilho longo soldado (TLS)","un",1322.6]
[3009323,"Solda aluminotérmica para TR68 com cadinho descartável, executada no campo, para formação de trilho longo soldado (TLS)","un",1396.67]
[3009324,"Solda aluminotérmica para UIC60 com cadinho descartável, executada no campo, para formação de trilho longo soldado (TLS)","un",1338.07]
[3009096,"Solda elétrica por caldeamento para qualquer perfil de trilho, comprimento de 12 m, em estaleiro para formação de trilho longo soldado","un",236.64]
[3009330,"Solda elétrica por caldeamento para trilho TR45, comprimento de até 24 m, em via com dormente de concreto para formação de barra ou trilho longo soldado","un",191.08]
[3009326,"Solda elétrica por caldeamento para trilho TR45, comprimento de até 24 m, em via com dormente de madeira para formação de barra ou trilho longo soldado","un",196.68]
[3009234,"Trilho TR45, comprimento de 12 m, sobre dormente de concreto, bitola métrica ou larga, taxa de dormentação de 1.667 un/km, tala de junção de 6 furos e fixação elástica Pandrol - posicionamento e assentamento manual","km",1775089.18]
[3009022,"Trilho TR45, comprimento de 12 m, sobre dormente de concreto, bitola métrica ou larga, taxa de dormentação de 1.750 un/km, tala de junção de 6 furos e fixação elástica Pandrol - posicionamento e assentamento manual","km",1782306.57]
[3009230,"Trilho TR45, comprimento de 12 m, sobre dormente de concreto, bitola mista, taxa de dormentação de 1.667 un/km, tala de junção de 6 furos e fixação elástica Pandrol - posicionamento e assentamento manual","km",2662784.35]
[3009018,"Trilho TR45, comprimento de 12 m, sobre dormente de concreto, bitola mista, taxa de dormentação de 1.750 un/km, tala de junção de 6 furos e fixação elástica Pandrol - posicionamento e assentamento manual","km",2673610.44]
[3009288,"Trilho TR45, comprimento de 12 m, sobre dormente de madeira, bitola métrica ou larga, taxa de dormentação de 1.667 un/km, tala de junção de 6 furos e fixação rígida - posicionamento e assentamento manual","km",2098362.0099999998]
[3009013,"Trilho TR45, comprimento de 12 m, sobre dormente de madeira, bitola métrica ou larga, taxa de dormentação de 1.750 un/km, tala de junção de 6 furos e fixação rígida - posicionamento e assentamento manual","km",2121476.31]
[3009292,"Trilho TR45, comprimento de 12 m, sobre dormente de madeira, bitola mista, taxa de dormentação de 1.667 un/km, tala de junção de 6 furos e fixação rígida - posicionamento e assentamento manual","km",3147545.5]
[3009225,"Trilho TR45, comprimento de 12 m, sobre dormente de madeira, bitola mista, taxa de dormentação de 1.750 un/km, tala de junção de 6 furos e fixação rígida - posicionamento e assentamento manual","km",3182217.11]
[3009100,"Trilho TR45, comprimento de 120 m (TLS), formado por trilhos curtos de 12 m soldados por caldeamento - confecção em estaleiro","un",90305.47]
[3009238,"Trilho TR45, comprimento de 120 m (TLS), sobre dormente de concreto, bitola métrica ou larga, taxa de dormentação de 1.667 un/km, tala de junção de 6 furos e fixação elástica Pandrol - posicionamento e assentamento mecanizado","km",1668793.64]
[3009304,"Trilho TR45, comprimento de 120 m (TLS), sobre dormente de concreto, bitola mista, taxa de dormentação de 1.667 un/km, tala de junção de 6 furos e fixação elástica Pandrol - posicionamento e assentamento mecanizado","km",2503104.59]
[3009030,"Trilho TR45, comprimento de 120 m (TLS), sobre dormente de concreto, bitola mista, taxa de dormentação de 1.750 un/km, tala de junção de 6 furos e fixação elástica Pandrol - posicionamento e assentamento mecanizado","km",2513923.31]
[3009254,"Trilho TR45, comprimento de 120 m (TLS), sobre dormente de madeira, bitola métrica ou larga, taxa de dormentação de 1.667 un/km, tala de junção de 6 furos e fixação elástica Pandrol - posicionamento e assentamento mecanizado","km",2136662.02]
[3009262,"Trilho TR45, comprimento de 120 m (TLS), sobre dormente de madeira, bitola métrica ou larga, taxa de dormentação de 1.667 un/km, tala de junção de 6 furos e fixação rígida - posicionamento e assentamento mecanizado","km",1990695.89]
[3009034,"Trilho TR45, comprimento de 120 m (TLS), sobre dormente de madeira, bitola métrica ou larga, taxa de dormentação de 1.750 un/km, tala de junção de 6 furos e fixação elástica Pandrol - posicionamento e assentamento mecanizado","km",2167430.66]
[3009042,"Trilho TR45, comprimento de 120 m (TLS), sobre dormente de madeira, bitola métrica ou larga, taxa de dormentação de 1.750 un/km, tala de junção de 6 furos e fixação rígida - posicionamento e assentamento mecanizado","km",2014196.72]
[3009270,"Trilho TR45, comprimento de 120 m (TLS), sobre dormente de madeira, bitola mista, taxa de dormentação de 1.667 un/km, tala de junção de 6 furos e fixação elástica Pandrol - posicionamento e assentamento mecanizado","km",3205634.13]
[3009050,"Trilho TR45, comprimento de 120 m (TLS), sobre dormente de madeira, bitola mista, taxa de dormentação de 1.750 un/km, tala de junção de 6 furos e fixação elástica Pandrol - posicionamento e assentamento mecanizado","km",3251823.71]
[3009101,"Trilho TR45, comprimento de 240 m (TLS), formado por trilhos curtos de 12 m soldados por caldeamento - confecção em estaleiro","un",180847.58]
[3009246,"Trilho TR45, comprimento de 240 m (TLS), sobre dormente de concreto, bitola métrica ou larga, taxa de dormentação de 1.667 un/km, tala de junção de 6 furos e fixação elástica Pandrol - posicionamento e assentamento mecanizado","km",1663306.93]
[3009208,"Trilho TR45, comprimento de 240 m (TLS), sobre dormente de concreto, bitola métrica ou larga, taxa de dormentação de 1.750 un/km, tala de junção de 6 furos e fixação elástica Pandrol - posicionamento e assentamento mecanizado","km",1670519.6]
[3009308,"Trilho TR45, comprimento de 240 m (TLS), sobre dormente de concreto, bitola mista, taxa de dormentação de 1.667 un/km, tala de junção de 6 furos e fixação elástica Pandrol - posicionamento e assentamento mecanizado","km",2494875.7999999998]
[3009212,"Trilho TR45, comprimento de 240 m (TLS), sobre dormente de concreto, bitola mista, taxa de dormentação de 1.750 un/km, tala de junção de 6 furos e fixação elástica Pandrol - posicionamento e assentamento mecanizado","km",2505694.81]
[3009258,"Trilho TR45, comprimento de 240 m (TLS), sobre dormente de madeira, bitola métrica ou larga, taxa de dormentação de 1.667 un/km, tala de junção de 6 furos e fixação elástica Pandrol - posicionamento e assentamento mecanizado","km",2131230.5]
[3009266,"Trilho TR45, comprimento de 240 m (TLS), sobre dormente de madeira, bitola métrica ou larga, taxa de dormentação de 1.667 un/km, tala de junção de 6 furos e fixação rígida - posicionamento e assentamento mecanizado","km",1985264.37]
[3009038,"Trilho TR45, comprimento de 240 m (TLS), sobre dormente de madeira, bitola métrica ou larga, taxa de dormentação de 1.750 un/km, tala de junção de 6 furos e fixação elástica Pandrol - posicionamento e assentamento mecanizado","km",2161999.14]
[3009046,"Trilho TR45, comprimento de 240 m (TLS), sobre dormente de madeira, bitola métrica ou larga, taxa de dormentação de 1.750 un/km, tala de junção de 6 furos e fixação rígida - posicionamento e assentamento mecanizado","km",2008765.2]
[3009274,"Trilho TR45, comprimento de 240 m (TLS), sobre dormente de madeira, bitola mista, taxa de dormentação de 1.667 un/km, tala de junção de 6 furos e fixação elástica Pandrol - posicionamento e assentamento mecanizado","km",3197488.22]
[3009054,"Trilho TR45, comprimento de 240 m (TLS), sobre dormente de madeira, bitola mista, taxa de dormentação de 1.750 un/km, tala de junção de 6 furos e fixação elástica Pandrol - posicionamento e assentamento mecanizado","km",3243677.8]
[3009235,"Trilho TR57, comprimento de 12 m, sobre dormente de concreto, bitola métrica ou larga, taxa de dormentação de 1.667 un/km, tala de junção de 6 furos e fixação elástica Pandrol - posicionamento e assentamento manual","km",2204251.37]
[3009023,"Trilho TR57, comprimento de 12 m, sobre dormente de concreto, bitola métrica ou larga, taxa de dormentação de 1.750 un/km, tala de junção de 6 furos e fixação elástica Pandrol - posicionamento e assentamento manual","km",2211268.15]
[3009231,"Trilho TR57, comprimento de 12 m, sobre dormente de concreto, bitola mista, taxa de dormentação de 1.667 un/km, tala de junção de 6 furos e fixação elástica Pandrol - posicionamento e assentamento manual","km",3304688.93]
[3009019,"Trilho TR57, comprimento de 12 m, sobre dormente de concreto, bitola mista, taxa de dormentação de 1.750 un/km, tala de junção de 6 furos e fixação elástica Pandrol - posicionamento e assentamento manual","km",3317504.2]
[3009289,"Trilho TR57, comprimento de 12 m, sobre dormente de madeira, bitola métrica ou larga, taxa de dormentação de 1.667 un/km, tala de junção de 6 furos e fixação rígida - posicionamento e assentamento manual","km",2807773.53]
[3009014,"Trilho TR57, comprimento de 12 m, sobre dormente de madeira, bitola métrica ou larga, taxa de dormentação de 1.750 un/km, tala de junção de 6 furos e fixação rígida - posicionamento e assentamento manual","km",2845120.31]
[3009293,"Trilho TR57, comprimento de 12 m, sobre dormente de madeira, bitola mista, taxa de dormentação de 1.667 un/km, tala de junção de 6 furos e fixação rígida - posicionamento e assentamento manual","km",4211662.87]
[3009226,"Trilho TR57, comprimento de 12 m, sobre dormente de madeira, bitola mista, taxa de dormentação de 1.750 un/km, tala de junção de 6 furos e fixação rígida - posicionamento e assentamento manual","km",4267683.3099999996]
[3009102,"Trilho TR57, comprimento de 120 m (TLS), formado por trilhos curtos de 12 m soldados por caldeamento - confecção em estaleiro","un",114522.18]
[3009297,"Trilho TR57, comprimento de 120 m (TLS), sobre dormente de concreto, bitola métrica ou larga, taxa de dormentação de 1.667 un/km, tala de junção de 6 furos e fixação elástica Pandrol - posicionamento e assentamento mecanizado","km",2074820.63]
[3009027,"Trilho TR57, comprimento de 120 m (TLS), sobre dormente de concreto, bitola métrica ou larga, taxa de dormentação de 1.750 un/km, tala de junção de 6 furos e fixação elástica Pandrol - posicionamento e assentamento mecanizado","km",2082033.22]
[3009305,"Trilho TR57, comprimento de 120 m (TLS), sobre dormente de concreto, bitola mista, taxa de dormentação de 1.667 un/km, tala de junção de 6 furos e fixação elástica Pandrol - posicionamento e assentamento mecanizado","km",3112144.94]
[3009031,"Trilho TR57, comprimento de 120 m (TLS), sobre dormente de concreto, bitola mista, taxa de dormentação de 1.750 un/km, tala de junção de 6 furos e fixação elástica Pandrol - posicionamento e assentamento mecanizado","km",3122963.67]
[3009255,"Trilho TR57, comprimento de 120 m (TLS), sobre dormente de madeira, bitola métrica ou larga, taxa de dormentação de 1.667 un/km, tala de junção de 6 furos e fixação elástica Pandrol - posicionamento e assentamento mecanizado","km",2660590.7799999998]
[3009263,"Trilho TR57, comprimento de 120 m (TLS), sobre dormente de madeira, bitola métrica ou larga, taxa de dormentação de 1.667 un/km, tala de junção de 6 furos e fixação rígida - posicionamento e assentamento mecanizado","km",2677232.0299999998]
[3009035,"Trilho TR57, comprimento de 120 m (TLS), sobre dormente de madeira, bitola métrica ou larga, taxa de dormentação de 1.750 un/km, tala de junção de 6 furos e fixação elástica Pandrol - posicionamento e assentamento mecanizado","km",2697229.75]
[3009043,"Trilho TR57, comprimento de 120 m (TLS), sobre dormente de madeira, bitola métrica ou larga, taxa de dormentação de 1.750 un/km, tala de junção de 6 furos e fixação rígida - posicionamento e assentamento mecanizado","km",2714699.42]
[3009271,"Trilho TR57, comprimento de 120 m (TLS), sobre dormente de madeira, bitola mista, taxa de dormentação de 1.667 un/km, tala de junção de 6 furos e fixação elástica Pandrol - posicionamento e assentamento mecanizado","km",3991527.15]
[3009051,"Trilho TR57, comprimento de 120 m (TLS), sobre dormente de madeira, bitola mista, taxa de dormentação de 1.750 un/km, tala de junção de 6 furos e fixação elástica Pandrol - posicionamento e assentamento mecanizado","km",4046522.23]
[3009103,"Trilho TR57, comprimento de 240 m (TLS), formado por trilhos curtos de 12 m soldados por caldeamento - confecção em estaleiro","un",229281.01]
[3009247,"Trilho TR57, comprimento de 240 m (TLS), sobre dormente de concreto, bitola métrica ou larga, taxa de dormentação de 1.667 un/km, tala de junção de 6 furos e fixação elástica Pandrol - posicionamento e assentamento mecanizado","km",2068125.79]
[3009209,"Trilho TR57, comprimento de 240 m (TLS), sobre dormente de concreto, bitola métrica ou larga, taxa de dormentação de 1.750 un/km, tala de junção de 6 furos e fixação elástica Pandrol - posicionamento e assentamento mecanizado","km",2075338.46]
[3009309,"Trilho TR57, comprimento de 240 m (TLS), sobre dormente de concreto, bitola mista, taxa de dormentação de 1.667 un/km, tala de junção de 6 furos e fixação elástica Pandrol - posicionamento e assentamento mecanizado","km",3102104.34]
[3009213,"Trilho TR57, comprimento de 240 m (TLS), sobre dormente de concreto, bitola mista, taxa de dormentação de 1.750 un/km, tala de junção de 6 furos e fixação elástica Pandrol - posicionamento e assentamento mecanizado","km",3112923.34]
[3009259,"Trilho TR57, comprimento de 240 m (TLS), sobre dormente de madeira, bitola métrica ou larga, taxa de dormentação de 1.667 un/km, tala de junção de 6 furos e fixação elástica Pandrol - posicionamento e assentamento mecanizado","km",2653951.14]
[3009267,"Trilho TR57, comprimento de 240 m (TLS), sobre dormente de madeira, bitola métrica ou larga, taxa de dormentação de 1.667 un/km, tala de junção de 6 furos e fixação rígida - posicionamento e assentamento mecanizado","km",2670592.39]
[3009039,"Trilho TR57, comprimento de 240 m (TLS), sobre dormente de madeira, bitola métrica ou larga, taxa de dormentação de 1.750 un/km, tala de junção de 6 furos e fixação elástica Pandrol - posicionamento e assentamento mecanizado","km",2690590.11]
[3009047,"Trilho TR57, comprimento de 240 m (TLS), sobre dormente de madeira, bitola métrica ou larga, taxa de dormentação de 1.750 un/km, tala de junção de 6 furos e fixação rígida - posicionamento e assentamento mecanizado","km",2708059.78]
[3009275,"Trilho TR57, comprimento de 240 m (TLS), sobre dormente de madeira, bitola mista, taxa de dormentação de 1.667 un/km, tala de junção de 6 furos e fixação elástica Pandrol - posicionamento e assentamento mecanizado","km",3981569.42]
[3009055,"Trilho TR57, comprimento de 240 m (TLS), sobre dormente de madeira, bitola mista, taxa de dormentação de 1.750 un/km, tala de junção de 6 furos e fixação elástica Pandrol - posicionamento e assentamento mecanizado","km",4036564.5]
[3009236,"Trilho TR68, comprimento de 12 m, sobre dormente de concreto, bitola métrica ou larga, taxa de dormentação de 1.667 un/km, tala de junção de 6 furos e fixação elástica Pandrol - posicionamento e assentamento manual","km",2582893.9700000002]
[3009024,"Trilho TR68, comprimento de 12 m, sobre dormente de concreto, bitola métrica ou larga, taxa de dormentação de 1.750 un/km, tala de junção de 6 furos e fixação elástica Pandrol - posicionamento e assentamento manual","km",2588423.11]
[3009232,"Trilho TR68, comprimento de 12 m, sobre dormente de concreto, bitola mista, taxa de dormentação de 1.667 un/km, tala de junção de 6 furos e fixação elástica Pandrol - posicionamento e assentamento manual","km",3870621.98]
[3009020,"Trilho TR68, comprimento de 12 m, sobre dormente de concreto, bitola mista, taxa de dormentação de 1.750 un/km, tala de junção de 6 furos e fixação elástica Pandrol - posicionamento e assentamento manual","km",3881097]
[3009290,"Trilho TR68, comprimento de 12 m, sobre dormente de madeira, bitola métrica ou larga, taxa de dormentação de 1.667 un/km, tala de junção de 6 furos e fixação rígida - posicionamento e assentamento manual","km",3224915.82]
[3009015,"Trilho TR68, comprimento de 12 m, sobre dormente de madeira, bitola métrica ou larga, taxa de dormentação de 1.750 un/km, tala de junção de 6 furos e fixação rígida - posicionamento e assentamento manual","km",3264253.57]
[3009294,"Trilho TR68, comprimento de 12 m, sobre dormente de madeira, bitola mista, taxa de dormentação de 1.667 un/km, tala de junção de 6 furos e fixação rígida - posicionamento e assentamento manual","km",4837376.3]
[3009227,"Trilho TR68, comprimento de 12 m, sobre dormente de madeira, bitola mista, taxa de dormentação de 1.750 un/km, tala de junção de 6 furos e fixação rígida - posicionamento e assentamento manual","km",4896383.2]
[3009104,"Trilho TR68, comprimento de 120 m (TLS), formado por trilhos curtos de 12 m soldados por caldeamento - confecção em estaleiro","un",135578.48000000001]
[3009240,"Trilho TR68, comprimento de 120 m (TLS), sobre dormente de concreto, bitola métrica ou larga, taxa de dormentação de 1.667 un/km, tala de junção de 6 furos e fixação elástica Pandrol - posicionamento e assentamento mecanizado","km",2428293.0699999998]
[3009028,"Trilho TR68, comprimento de 120 m (TLS), sobre dormente de concreto, bitola métrica ou larga, taxa de dormentação de 1.750 un/km, tala de junção de 6 furos e fixação elástica Pandrol - posicionamento e assentamento mecanizado","km",2435505.65]
[3009306,"Trilho TR68, comprimento de 120 m (TLS), sobre dormente de concreto, bitola mista, taxa de dormentação de 1.667 un/km, tala de junção de 6 furos e fixação elástica Pandrol - posicionamento e assentamento mecanizado","km",3642353.5]
[3009032,"Trilho TR68, comprimento de 120 m (TLS), sobre dormente de concreto, bitola mista, taxa de dormentação de 1.750 un/km, tala de junção de 6 furos e fixação elástica Pandrol - posicionamento e assentamento mecanizado","km",3653172.22]
[3009256,"Trilho TR68, comprimento de 120 m (TLS), sobre dormente de madeira, bitola métrica ou larga, taxa de dormentação de 1.667 un/km, tala de junção de 6 furos e fixação elástica Pandrol - posicionamento e assentamento mecanizado","km",3079532.71]
[3009264,"Trilho TR68, comprimento de 120 m (TLS), sobre dormente de madeira, bitola métrica ou larga, taxa de dormentação de 1.667 un/km, tala de junção de 6 furos e fixação rígida - posicionamento e assentamento mecanizado","km",3070691.8]
[3009036,"Trilho TR68, comprimento de 120 m (TLS), sobre dormente de madeira, bitola métrica ou larga, taxa de dormentação de 1.750 un/km, tala de junção de 6 furos e fixação elástica Pandrol - posicionamento e assentamento mecanizado","km",3119431.41]
[3009044,"Trilho TR68, comprimento de 120 m (TLS), sobre dormente de madeira, bitola métrica ou larga, taxa de dormentação de 1.750 un/km, tala de junção de 6 furos e fixação rígida - posicionamento e assentamento mecanizado","km",3110150.16]
[3009272,"Trilho TR68, comprimento de 120 m (TLS), sobre dormente de madeira, bitola mista, taxa de dormentação de 1.667 un/km, tala de junção de 6 furos e fixação elástica Pandrol - posicionamento e assentamento mecanizado","km",4619939.9400000004]
[3009052,"Trilho TR68, comprimento de 120 m (TLS), sobre dormente de madeira, bitola mista, taxa de dormentação de 1.750 un/km, tala de junção de 6 furos e fixação elástica Pandrol - posicionamento e assentamento mecanizado","km",4679824.62]
[3009105,"Trilho TR68, comprimento de 240 m (TLS), formado por trilhos curtos de 12 m soldados por caldeamento - confecção em estaleiro","un",271393.59999999998]
[3009248,"Trilho TR68, comprimento de 240 m (TLS), sobre dormente de concreto, bitola métrica ou larga, taxa de dormentação de 1.667 un/km, tala de junção de 6 furos e fixação elástica Pandrol - posicionamento e assentamento mecanizado","km",2420336.0099999998]
[3009210,"Trilho TR68, comprimento de 240 m (TLS), sobre dormente de concreto, bitola métrica ou larga, taxa de dormentação de 1.750 un/km, tala de junção de 6 furos e fixação elástica Pandrol - posicionamento e assentamento mecanizado","km",2427548.6800000002]
[3009310,"Trilho TR68, comprimento de 240 m (TLS), sobre dormente de concreto, bitola mista, taxa de dormentação de 1.667 un/km, tala de junção de 6 furos e fixação elástica Pandrol - posicionamento e assentamento mecanizado","km",3630419.88]
[3009214,"Trilho TR68, comprimento de 240 m (TLS), sobre dormente de concreto, bitola mista, taxa de dormentação de 1.750 un/km, tala de junção de 6 furos e fixação elástica Pandrol - posicionamento e assentamento mecanizado","km",3641238.88]
[3009260,"Trilho TR68, comprimento de 240 m (TLS), sobre dormente de madeira, bitola métrica ou larga, taxa de dormentação de 1.667 un/km, tala de junção de 6 furos e fixação elástica Pandrol - posicionamento e assentamento mecanizado","km",3071630.85]
[3009268,"Trilho TR68, comprimento de 240 m (TLS), sobre dormente de madeira, bitola métrica ou larga, taxa de dormentação de 1.667 un/km, tala de junção de 6 furos e fixação rígida - posicionamento e assentamento mecanizado","km",3062789.94]
[3009040,"Trilho TR68, comprimento de 240 m (TLS), sobre dormente de madeira, bitola métrica ou larga, taxa de dormentação de 1.750 un/km, tala de junção de 6 furos e fixação elástica Pandrol - posicionamento e assentamento mecanizado","km",3111529.55]
[3009048,"Trilho TR68, comprimento de 240 m (TLS), sobre dormente de madeira, bitola métrica ou larga, taxa de dormentação de 1.750 un/km, tala de junção de 6 furos e fixação rígida - posicionamento e assentamento mecanizado","km",3102248.3]
[3009276,"Trilho TR68, comprimento de 240 m (TLS), sobre dormente de madeira, bitola mista, taxa de dormentação de 1.667 un/km, tala de junção de 6 furos e fixação elástica Pandrol - posicionamento e assentamento mecanizado","km",4608089.1900000004]
[3009056,"Trilho TR68, comprimento de 240 m (TLS), sobre dormente de madeira, bitola mista, taxa de dormentação de 1.750 un/km, tala de junção de 6 furos e fixação elástica Pandrol - posicionamento e assentamento mecanizado","km",4667973.8600000003]
[3009237,"Trilho UIC60, comprimento de 12 m, sobre dormente de concreto, bitola métrica ou larga, taxa de dormentação de 1.667 un/km, tala de junção de 6 furos e fixação elástica Pandrol - posicionamento e assentamento manual","km",2453558.65]
[3009025,"Trilho UIC60, comprimento de 12 m, sobre dormente de concreto, bitola métrica ou larga, taxa de dormentação de 1.750 un/km, tala de junção de 6 furos e fixação elástica Pandrol - posicionamento e assentamento manual","km",2459188.1]
[3009319,"Trilho UIC60, comprimento de 12 m, sobre dormente de concreto, bitola mista, taxa de dormentação de 1.667 un/km, tala de junção de 6 furos e fixação elástica Pandrol - posicionamento e assentamento manual","km",3678558.04]
[3009021,"Trilho UIC60, comprimento de 12 m, sobre dormente de concreto, bitola mista, taxa de dormentação de 1.750 un/km, tala de junção de 6 furos e fixação elástica Pandrol - posicionamento e assentamento manual","km",3687294.63]
[3009291,"Trilho UIC60, comprimento de 12 m, sobre dormente de madeira, bitola métrica ou larga, taxa de dormentação de 1.667 un/km, tala de junção de 6 furos e fixação rígida - posicionamento e assentamento manual","km",3102588.64]
[3009016,"Trilho UIC60, comprimento de 12 m, sobre dormente de madeira, bitola métrica ou larga, taxa de dormentação de 1.750 un/km, tala de junção de 6 furos e fixação rígida - posicionamento e assentamento manual","km",3142275.33]
[3009295,"Trilho UIC60, comprimento de 12 m, sobre dormente de madeira, bitola mista, taxa de dormentação de 1.667 un/km, tala de junção de 6 furos e fixação rígida - posicionamento e assentamento manual","km",4653885.53]
[3009228,"Trilho UIC60, comprimento de 12 m, sobre dormente de madeira, bitola mista, taxa de dormentação de 1.750 un/km, tala de junção de 6 furos e fixação rígida - posicionamento e assentamento manual","km",4713415.83]
[3009106,"Trilho UIC60, comprimento de 120 m (TLS), formado por trilhos curtos de 12 m soldados por caldeamento - confecção em estaleiro","un",128574.85]
[3009299,"Trilho UIC60, comprimento de 120 m (TLS), sobre dormente de concreto, bitola métrica ou larga, taxa de dormentação de 1.667 un/km, tala de junção de 6 furos e fixação elástica Pandrol - posicionamento e assentamento mecanizado","km",2310349.29]
[3009029,"Trilho UIC60, comprimento de 120 m (TLS), sobre dormente de concreto, bitola métrica ou larga, taxa de dormentação de 1.750 un/km, tala de junção de 6 furos e fixação elástica Pandrol - posicionamento e assentamento mecanizado","km",2317561.88]
[3009245,"Trilho UIC60, comprimento de 120 m (TLS), sobre dormente de concreto, bitola mista, taxa de dormentação de 1.667 un/km, tala de junção de 6 furos e fixação elástica Pandrol - posicionamento e assentamento mecanizado","km",3465437.87]
[3009033,"Trilho UIC60, comprimento de 120 m (TLS), sobre dormente de concreto, bitola mista, taxa de dormentação de 1.750 un/km, tala de junção de 6 furos e fixação elástica Pandrol - posicionamento e assentamento mecanizado","km",3476256.59]
[3009257,"Trilho UIC60, comprimento de 120 m (TLS), sobre dormente de madeira, bitola métrica ou larga, taxa de dormentação de 1.667 un/km, tala de junção de 6 furos e fixação elástica Pandrol - posicionamento e assentamento mecanizado","km",2964137.78]
[3009265,"Trilho UIC60, comprimento de 120 m (TLS), sobre dormente de madeira, bitola métrica ou larga, taxa de dormentação de 1.667 un/km, tala de junção de 6 furos e fixação rígida - posicionamento e assentamento mecanizado","km",2959756.16]
[3009037,"Trilho UIC60, comprimento de 120 m (TLS), sobre dormente de madeira, bitola métrica ou larga, taxa de dormentação de 1.750 un/km, tala de junção de 6 furos e fixação elástica Pandrol - posicionamento e assentamento mecanizado","km",3004163.38]
[3009045,"Trilho UIC60, comprimento de 120 m (TLS), sobre dormente de madeira, bitola métrica ou larga, taxa de dormentação de 1.750 un/km, tala de junção de 6 furos e fixação rígida - posicionamento e assentamento mecanizado","km",2999563.45]
[3009273,"Trilho UIC60, comprimento de 120 m (TLS), sobre dormente de madeira, bitola mista, taxa de dormentação de 1.667 un/km, tala de junção de 6 furos e fixação elástica Pandrol - posicionamento e assentamento mecanizado","km",4446847.58]
[3009053,"Trilho UIC60, comprimento de 120 m (TLS), sobre dormente de madeira, bitola mista, taxa de dormentação de 1.750 un/km, tala de junção de 6 furos e fixação elástica Pandrol - posicionamento e assentamento mecanizado","km",4506922.6100000003]
[3009107,"Trilho UIC60, comprimento de 240 m (TLS), formado por trilhos curtos de 12 m soldados por caldeamento - confecção em estaleiro","un",257386.35]
[3009249,"Trilho UIC60, comprimento de 240 m (TLS), sobre dormente de concreto, bitola métrica ou larga, taxa de dormentação de 1.667 un/km, tala de junção de 6 furos e fixação elástica Pandrol - posicionamento e assentamento mecanizado","km",2303001.0699999998]
[3009211,"Trilho UIC60, comprimento de 240 m (TLS), sobre dormente de concreto, bitola métrica ou larga, taxa de dormentação de 1.750 un/km, tala de junção de 6 furos e fixação elástica Pandrol - posicionamento e assentamento mecanizado","km",2310213.7400000002]
[3009253,"Trilho UIC60, comprimento de 240 m (TLS), sobre dormente de concreto, bitola mista, taxa de dormentação de 1.667 un/km, tala de junção de 6 furos e fixação elástica Pandrol - posicionamento e assentamento mecanizado","km",3454417.39]
[3009215,"Trilho UIC60, comprimento de 240 m (TLS), sobre dormente de concreto, bitola mista, taxa de dormentação de 1.750 un/km, tala de junção de 6 furos e fixação elástica Pandrol - posicionamento e assentamento mecanizado","km",3465236.4]
[3009261,"Trilho UIC60, comprimento de 240 m (TLS), sobre dormente de madeira, bitola métrica ou larga, taxa de dormentação de 1.667 un/km, tala de junção de 6 furos e fixação elástica Pandrol - posicionamento e assentamento mecanizado","km",2956844.75]
[3009269,"Trilho UIC60, comprimento de 240 m (TLS), sobre dormente de madeira, bitola métrica ou larga, taxa de dormentação de 1.667 un/km, tala de junção de 6 furos e fixação rígida - posicionamento e assentamento mecanizado","km",2952463.13]
[3009041,"Trilho UIC60, comprimento de 240 m (TLS), sobre dormente de madeira, bitola métrica ou larga, taxa de dormentação de 1.750 un/km, tala de junção de 6 furos e fixação elástica Pandrol - posicionamento e assentamento mecanizado","km",2996870.36]
[3009049,"Trilho UIC60, comprimento de 240 m (TLS), sobre dormente de madeira, bitola métrica ou larga, taxa de dormentação de 1.750 un/km, tala de junção de 6 furos e fixação rígida - posicionamento e assentamento mecanizado","km",2992270.43]
[3009277,"Trilho UIC60, comprimento de 240 m (TLS), sobre dormente de madeira, bitola mista, taxa de dormentação de 1.667 un/km, tala de junção de 6 furos e fixação elástica Pandrol - posicionamento e assentamento mecanizado","km",4435909.97]
[3009057,"Trilho UIC60, comprimento de 240 m (TLS), sobre dormente de madeira, bitola mista, taxa de dormentação de 1.750 un/km, tala de junção de 6 furos e fixação elástica Pandrol - posicionamento e assentamento mecanizado","km",4495985.01]
[3108073,"Confecção de fôrma metálica em chapa 1/8\" para poita trapezoidal","m²",359.53]
[3107965,"Confecção de forma metálica em chapa 3/16\" para poita trapezoidal","m²",581.58000000000004]
[3105941,"Fôrma em chapa metálica 1/8\" para cabeça de tirantes - utilização de 50 vezes - confecção, instalação e retirada","m²",27.39]
[3108150,"Fôrma metálica curva em chapa 3/16\" reforçada com nervuras de 40 mm x 3/16\" dispostas em grelhas de 40 x 60 cm - utilização de 100 vezes - confecção, instalação e retirada","m²",18.12]
[3108071,"Fôrma metálica em chapa 1/8\" para poita trapezoidal - utilização de 50 vezes - montagem, instalação e retirada","m²",13.9]
[3107967,"Fôrma metálica em chapa 1/8\" reforçada com nervuras de 40 mm x 1/8\" dispostas em grelhas de 40 x 60 cm - utilização de 100 vezes - confecção, instalação e retirada","m²",10.050000000000001]
[3107966,"Fôrma metálica em chapa 3/16\" para poita trapezoidal - utilização de 50 vezes - montagem, instalação e retirada","m²",26.7]
[3108072,"Fôrma metálica em chapa 3/16\" reforçada com nervuras de 40 mm x 3/16\" dispostas em grelhas de 40 x 60 cm - utilização de 100 vezes - confecção, instalação e retirada","m²",14.9]
[3117750,"Fôrma metálica para aduelas de bueiros celulares de concreto pré-moldados - utilização de 100 vezes - confecção, instalação e retirada","m²",18.239999999999998]
[3117749,"Fôrma metálica para guarda-corpo de concreto - utilização de 50 vezes - confecção","m²",14.35]
[3106551,"Fôrma metálica para tetrápode - utilização de 100 vezes - confecção, instalação e retirada","m²",11.15]
[3106427,"Fôrma metálica para viga de concreto pré-moldada protendida para OAE - utilização de 20 vezes - confecção, instalação e retirada","m²",40.340000000000003]
[3106552,"Fôrma metálica para Xbloc - utilização de 100 vezes - confecção, instalação e retirada","m²",10.36]
[3107969,"Fôrmas curvas de compensado plastificado 10 mm - uso geral - utilização de 2 vezes - confecção, instalação e retirada","m²",125.96]
[3107970,"Fôrmas curvas de compensado resinado 10 mm - uso geral - utilização de 2 vezes - confecção, instalação e retirada","m²",119.4]
[3108007,"Fôrmas de compensado plastificado 10 mm - uso geral - utilização de 1 vez - confecção, instalação e retirada","m²",153.34]
[3108008,"Fôrmas de compensado plastificado 10 mm - uso geral - utilização de 2 vezes - confecção, instalação e retirada","m²",97.97]
[3108009,"Fôrmas de compensado plastificado 10 mm - uso geral - utilização de 3 vezes - confecção, instalação e retirada","m²",80.900000000000006]
[3108011,"Fôrmas de compensado plastificado 12 mm - uso geral - utilização de 1 vez - confecção, instalação e retirada","m²",170.49]
[3108012,"Fôrmas de compensado plastificado 12 mm - uso geral - utilização de 2 vezes - confecção, instalação e retirada","m²",106.98]
[3108013,"Fôrmas de compensado plastificado 12 mm - uso geral - utilização de 3 vezes - confecção, instalação e retirada","m²",87.2]
[3108015,"Fôrmas de compensado plastificado 14 mm - uso geral - utilização de 1 vez - confecção, instalação e retirada","m²",177.54]
[3108016,"Fôrmas de compensado plastificado 14 mm - uso geral - utilização de 2 vezes - confecção, instalação e retirada","m²",110.68]
[3108017,"Fôrmas de compensado plastificado 14 mm - uso geral - utilização de 3 vezes - confecção, instalação e retirada","m²",89.8]
[3107995,"Fôrmas de compensado resinado 10 mm - uso geral - utilização de 1 vez - confecção, instalação e retirada","m²",141.81]
[3107996,"Fôrmas de compensado resinado 10 mm - uso geral - utilização de 2 vezes - confecção, instalação e retirada","m²",91.96]
[3107997,"Fôrmas de compensado resinado 10 mm - uso geral - utilização de 3 vezes - confecção, instalação e retirada","m²",76.73]
[3107999,"Fôrmas de compensado resinado 12 mm - uso geral - utilização de 1 vez - confecção, instalação e retirada","m²",144.71]
[3108000,"Fôrmas de compensado resinado 12 mm - uso geral - utilização de 2 vezes - confecção, instalação e retirada","m²",93.49]
[3108001,"Fôrmas de compensado resinado 12 mm - uso geral - utilização de 3 vezes - confecção, instalação e retirada","m²",77.790000000000006]
[3108003,"Fôrmas de compensado resinado 14 mm - uso geral - utilização de 1 vez - confecção, instalação e retirada","m²",155.49]
[3108004,"Fôrmas de compensado resinado 14 mm - uso geral - utilização de 2 vezes - confecção, instalação e retirada","m²",99.15]
[3108005,"Fôrmas de compensado resinado 14 mm - uso geral - utilização de 3 vezes - confecção, instalação e retirada","m²",81.75]
[3106119,"Fôrmas de tábuas de pinho - utilização de 1 vez - confecção, instalação e retirada","m²",177.2]
[3106120,"Fôrmas de tábuas de pinho - utilização de 2 vezes - confecção, instalação e retirada","m²",117.5]
[3106121,"Fôrmas de tábuas de pinho - utilização de 3 vezes - confecção, instalação e retirada","m²",99.27]
[3103302,"Fôrmas de tábuas de pinho para dispositivos de drenagem - utilização de 3 vezes - confecção, instalação e retirada","m²",77.31]
[3103303,"Fôrmas de tábuas de pinho para drenos - utilização de 5 vezes - confecção, instalação e retirada","m²",40.380000000000003]
[3106759,"Fôrmas de tábuas de pinho para elementos estruturais dos arcos metálicos - utilização de 3 vezes - confecção, instalação e retirada","m²",121.66]
[3108023,"Guia de madeira de 2,5 x 10,0 cm - confecção e instalação","m",6.64]
[3108018,"Guia de madeira de 2,5 x 7,0 cm - confecção e instalação","m",4.79]
[3108022,"Guia de madeira de 2,5 x 8,0 cm - confecção e instalação","m",5.4]
[3205864,"Gabião caixa 2 x 1 x 0,50 m - Zn/Al + PVC - D = 2,4 mm - pedra de mão comercial - fornecimento e assentamento","m³",1002.72]
[3205863,"Gabião caixa 2 x 1 x 0,50 m - Zn/Al + PVC - D = 2,4 mm - pedra de mão produzida - confecção e assentamento","m³",927.67]
[3205868,"Gabião caixa 2 x 1 x 0,50 m Zn/Al - D = 2,7 mm - pedra de mão comercial - fornecimento e assentamento","m³",849.37]
[3205867,"Gabião caixa 2 x 1 x 0,50 m Zn/Al - D = 2,7 mm - pedra de mão produzida - confecção e assentamento","m³",774.32]
[3205866,"Gabião caixa 2 x 1 x 1,00 m - Zn/Al + PVC - D = 2,4 mm - pedra de mão comercial - fornecimento e assentamento","m³",761.57]
[3205865,"Gabião caixa 2 x 1 x 1,00 m - Zn/Al + PVC - D = 2,4 mm - pedra de mão produzida - confecção e assentamento","m³",686.52]
[3205870,"Gabião caixa 2 x 1 x 1,00 m Zn/Al - D = 2,7 mm - pedra de mão comercial - fornecimento e assentamento","m³",712.51]
[3205869,"Gabião caixa 2 x 1 x 1,00 m Zn/Al - D = 2,7 mm - pedra de mão produzida - confecção e assentamento","m³",637.46]
[3205872,"Gabião colchão espessura 0,17 m - Zn/Al + PVC - D = 2,0 mm - pedra de mão comercial - fornecimento e assentamento","m²",260.01]
[3205871,"Gabião colchão espessura 0,17 m - Zn/Al + PVC - D = 2,0 mm - pedra de mão produzida - confecção e assentamento","m²",247.25]
[3205874,"Gabião colchão espessura 0,23 m - Zn/Al + PVC - D = 2,0 mm - pedra de mão comercial - fornecimento e assentamento","m²",284.51]
[3205873,"Gabião colchão espessura 0,23 m - Zn/Al + PVC - D = 2,0 mm - pedra de mão produzida - confecção e assentamento","m²",267.25]
[3205876,"Gabião colchão espessura 0,30 m - Zn/Al + PVC - D = 2,0 mm - pedra de mão comercial - fornecimento e assentamento","m²",320.23]
[3205875,"Gabião colchão espessura 0,30 m - Zn/Al + PVC - D = 2,0 mm - pedra de mão produzida - confecção e assentamento","m²",297.72000000000003]
[3205862,"Gabião saco - diâmetro = 0,65 m - Zn/Al + PVC - D = 2,4 mm - pedra de mão comercial - fornecimento e assentamento","m³",796.53]
[3205861,"Gabião saco - diâmetro = 0,65 m - Zn/Al + PVC - D = 2,4 mm - pedra de mão produzida - confecção e assentamento","m³",721.48]
[3606579,"Carga, transporte e descarga de material pétreo para molhes com o uso de batelões e escavadeira hidráulica - DMT de 0 a 300 m","m³",21]
[3606583,"Carga, transporte e descarga de material pétreo para molhes com o uso de batelões e escavadeira hidráulica - DMT de 1.200 a 1.500 m","m³",21.76]
[3606584,"Carga, transporte e descarga de material pétreo para molhes com o uso de batelões e escavadeira hidráulica - DMT de 1.500 a 1.800 m","m³",21.87]
[3606585,"Carga, transporte e descarga de material pétreo para molhes com o uso de batelões e escavadeira hidráulica - DMT de 1.800 a 2.100 m","m³",21.98]
[3606586,"Carga, transporte e descarga de material pétreo para molhes com o uso de batelões e escavadeira hidráulica - DMT de 2.100 a 2.400 m","m³",22.2]
[3606587,"Carga, transporte e descarga de material pétreo para molhes com o uso de batelões e escavadeira hidráulica - DMT de 2.400 a 2.700 m","m³",22.42]
[3606588,"Carga, transporte e descarga de material pétreo para molhes com o uso de batelões e escavadeira hidráulica - DMT de 2.700 a 3.000 m","m³",22.53]
[3606589,"Carga, transporte e descarga de material pétreo para molhes com o uso de batelões e escavadeira hidráulica - DMT de 3.000 m","m³",22.64]
[3606580,"Carga, transporte e descarga de material pétreo para molhes com o uso de batelões e escavadeira hidráulica - DMT de 300 a 600 m","m³",21.22]
[3606581,"Carga, transporte e descarga de material pétreo para molhes com o uso de batelões e escavadeira hidráulica - DMT de 600 a 900 m","m³",21.43]
[3606582,"Carga, transporte e descarga de material pétreo para molhes com o uso de batelões e escavadeira hidráulica - DMT de 900 a 1.200 m","m³",21.54]
[3606527,"Escavação, carga e transporte de material pétreo para a subcarapaça - caminho de serviço em leito natural - DMT de 1.000 a 1.200 m - com caminhão basculante de 8 m³","m³",48.76]
[3606528,"Escavação, carga e transporte de material pétreo para a subcarapaça - caminho de serviço em leito natural - DMT de 1.200 a 1.400 m - com caminhão basculante de 8 m³","m³",49.44]
[3606529,"Escavação, carga e transporte de material pétreo para a subcarapaça - caminho de serviço em leito natural - DMT de 1.400 a 1.600 m - com caminhão basculante de 8 m³","m³",50]
[3606530,"Escavação, carga e transporte de material pétreo para a subcarapaça - caminho de serviço em leito natural - DMT de 1.600 a 1.800 m - com caminhão basculante de 8 m³","m³",50.68]
[3606531,"Escavação, carga e transporte de material pétreo para a subcarapaça - caminho de serviço em leito natural - DMT de 1.800 a 2.000 m - com caminhão basculante de 8 m³","m³",51.37]
[3606532,"Escavação, carga e transporte de material pétreo para a subcarapaça - caminho de serviço em leito natural - DMT de 2.000 a 2.500 m - com caminhão basculante de 8 m³","m³",52.48]
[3606533,"Escavação, carga e transporte de material pétreo para a subcarapaça - caminho de serviço em leito natural - DMT de 2.500 a 3.000 m - com caminhão basculante de 8 m³","m³",56.54]
[3606534,"Escavação, carga e transporte de material pétreo para a subcarapaça - caminho de serviço em leito natural - DMT de 3.000 m - com caminhão basculante de 8 m³","m³",57.46]
[3606535,"Escavação, carga e transporte de material pétreo para a subcarapaça - caminho de serviço em revestimento primário - DMT de 1.000 a 1.200 m - com caminhão basculante de 8 m³","m³",44.46]
[3606536,"Escavação, carga e transporte de material pétreo para a subcarapaça - caminho de serviço em revestimento primário - DMT de 1.200 a 1.400 m - com caminhão basculante de 8 m³","m³",44.83]
[3606537,"Escavação, carga e transporte de material pétreo para a subcarapaça - caminho de serviço em revestimento primário - DMT de 1.400 a 1.600 m - com caminhão basculante de 8 m³","m³",45.29]
[3606538,"Escavação, carga e transporte de material pétreo para a subcarapaça - caminho de serviço em revestimento primário - DMT de 1.600 a 1.800 m - com caminhão basculante de 8 m³","m³",45.66]
[3606539,"Escavação, carga e transporte de material pétreo para a subcarapaça - caminho de serviço em revestimento primário - DMT de 1.800 a 2.000 m - com caminhão basculante de 8 m³","m³",46.12]
[3606540,"Escavação, carga e transporte de material pétreo para a subcarapaça - caminho de serviço em revestimento primário - DMT de 2.000 a 2.500 m - com caminhão basculante de 8 m³","m³",49.03]
[3606541,"Escavação, carga e transporte de material pétreo para a subcarapaça - caminho de serviço em revestimento primário - DMT de 2.500 a 3.000 m - com caminhão basculante de 8 m³","m³",50.27]
[3606542,"Escavação, carga e transporte de material pétreo para a subcarapaça - caminho de serviço em revestimento primário - DMT de 3.000 m - com caminhão basculante de 8 m³","m³",50.82]
[3606543,"Escavação, carga e transporte de material pétreo para a subcarapaça - caminho de serviço pavimentado - DMT de 1.000 a 1.200 m - com caminhão basculante de 8 m³","m³",43.82]
[3606544,"Escavação, carga e transporte de material pétreo para a subcarapaça - caminho de serviço pavimentado - DMT de 1.200 a 1.400 m - com caminhão basculante de 8 m³","m³",44.1]
[3606545,"Escavação, carga e transporte de material pétreo para a subcarapaça - caminho de serviço pavimentado - DMT de 1.400 a 1.600 m - com caminhão basculante de 8 m³","m³",44.46]
[3606546,"Escavação, carga e transporte de material pétreo para a subcarapaça - caminho de serviço pavimentado - DMT de 1.600 a 1.800 m - com caminhão basculante de 8 m³","m³",44.83]
[3606547,"Escavação, carga e transporte de material pétreo para a subcarapaça - caminho de serviço pavimentado - DMT de 1.800 a 2.000 m - com caminhão basculante de 8 m³","m³",45.11]
[3606548,"Escavação, carga e transporte de material pétreo para a subcarapaça - caminho de serviço pavimentado - DMT de 2.000 a 2.500 m - com caminhão basculante de 8 m³","m³",45.75]
[3606549,"Escavação, carga e transporte de material pétreo para a subcarapaça - caminho de serviço pavimentado - DMT de 2.500 a 3.000 m - com caminhão basculante de 8 m³","m³",48.89]
[3606550,"Escavação, carga e transporte de material pétreo para a subcarapaça - caminho de serviço pavimentado - DMT de 3.000 m - com caminhão basculante de 8 m³","m³",49.44]
[3606500,"Escavação, carga e transporte de material pétreo para o núcleo - caminho de serviço em leito natural - DMT de 1.000 a 1.200 m - com caminhão basculante de 8 m³","m³",45.9]
[3606501,"Escavação, carga e transporte de material pétreo para o núcleo - caminho de serviço em leito natural - DMT de 1.200 a 1.400 m - com caminhão basculante de 8 m³","m³",46.59]
[3606502,"Escavação, carga e transporte de material pétreo para o núcleo - caminho de serviço em leito natural - DMT de 1.400 a 1.600 m - com caminhão basculante de 8 m³","m³",47.14]
[3606503,"Escavação, carga e transporte de material pétreo para o núcleo - caminho de serviço em leito natural - DMT de 1.600 a 1.800 m - com caminhão basculante de 8 m³","m³",47.83]
[3606504,"Escavação, carga e transporte de material pétreo para o núcleo - caminho de serviço em leito natural - DMT de 1.800 a 2.000 m - com caminhão basculante de 8 m³","m³",48.52]
[3606505,"Escavação, carga e transporte de material pétreo para o núcleo - caminho de serviço em leito natural - DMT de 2.000 a 2.500 m - com caminhão basculante de 8 m³","m³",49.62]
[3606506,"Escavação, carga e transporte de material pétreo para o núcleo - caminho de serviço em leito natural - DMT de 2.500 a 3.000 m - com caminhão basculante de 8 m³","m³",53.59]
[3606507,"Escavação, carga e transporte de material pétreo para o núcleo - caminho de serviço em leito natural - DMT de 3.000 m - com caminhão basculante de 8 m³","m³",54.69]
[3606509,"Escavação, carga e transporte de material pétreo para o núcleo - caminho de serviço em revestimento primário - DMT de 1.000 a 1.200 m - com caminhão basculante de 8 m³","m³",41.61]
[3606510,"Escavação, carga e transporte de material pétreo para o núcleo - caminho de serviço em revestimento primário - DMT de 1.200 a 1.400 m - com caminhão basculante de 8 m³","m³",42.06]
[3606511,"Escavação, carga e transporte de material pétreo para o núcleo - caminho de serviço em revestimento primário - DMT de 1.400 a 1.600 m - com caminhão basculante de 8 m³","m³",42.43]
[3606512,"Escavação, carga e transporte de material pétreo para o núcleo - caminho de serviço em revestimento primário - DMT de 1.600 a 1.800 m - com caminhão basculante de 8 m³","m³",42.8]
[3606513,"Escavação, carga e transporte de material pétreo para o núcleo - caminho de serviço em revestimento primário - DMT de 1.800 a 2.000 m - com caminhão basculante de 8 m³","m³",45.48]
[3606514,"Escavação, carga e transporte de material pétreo para o núcleo - caminho de serviço em revestimento primário - DMT de 2.000 a 2.500 m - com caminhão basculante de 8 m³","m³",46.31]
[3606515,"Escavação, carga e transporte de material pétreo para o núcleo - caminho de serviço em revestimento primário - DMT de 2.500 a 3.000 m - com caminhão basculante de 8 m³","m³",47.41]
[3606516,"Escavação, carga e transporte de material pétreo para o núcleo - caminho de serviço em revestimento primário - DMT de 3.000 m - com caminhão basculante de 8 m³","m³",47.96]
[3606518,"Escavação, carga e transporte de material pétreo para o núcleo - caminho de serviço pavimentado - DMT de 1.000 a 1.200 m - com caminhão basculante de 8 m³","m³",40.96]
[3606519,"Escavação, carga e transporte de material pétreo para o núcleo - caminho de serviço pavimentado - DMT de 1.200 a 1.400 m - com caminhão basculante de 8 m³","m³",41.33]
[3606520,"Escavação, carga e transporte de material pétreo para o núcleo - caminho de serviço pavimentado - DMT de 1.400 a 1.600 m - com caminhão basculante de 8 m³","m³",41.61]
[3606521,"Escavação, carga e transporte de material pétreo para o núcleo - caminho de serviço pavimentado - DMT de 1.600 a 1.800 m - com caminhão basculante de 8 m³","m³",41.97]
[3606522,"Escavação, carga e transporte de material pétreo para o núcleo - caminho de serviço pavimentado - DMT de 1.800 a 2.000 m - com caminhão basculante de 8 m³","m³",42.25]
[3606523,"Escavação, carga e transporte de material pétreo para o núcleo - caminho de serviço pavimentado - DMT de 2.000 a 2.500 m - com caminhão basculante de 8 m³","m³",42.89]
[3606524,"Escavação, carga e transporte de material pétreo para o núcleo - caminho de serviço pavimentado - DMT de 2.500 a 3.000 m - com caminhão basculante de 8 m³","m³",46.17]
[3606525,"Escavação, carga e transporte de material pétreo para o núcleo - caminho de serviço pavimentado - DMT de 3.000 m - com caminhão basculante de 8 m³","m³",46.59]
[3606577,"Espalhamento e conformação de material pétreo para núcleo","m³",10.78]
[3606576,"Espalhamento e conformação de material pétreo para subcarapaça","m³",4.41]
[3606561,"Fabricação de tetrápode de 10 t - concreto fck = 20 MPa - areia e brita comerciais","un",2017.78]
[3606556,"Fabricação de tetrápode de 10 t - concreto fck = 20 MPa - areia extraída e brita produzida","un",1511.32]
[3606562,"Fabricação de tetrápode de 11 t - concreto fck = 20 MPa - areia e brita comerciais","un",2206.31]
[3606557,"Fabricação de tetrápode de 11 t - concreto fck = 20 MPa - areia extraída e brita produzida","un",1649.21]
[3606563,"Fabricação de tetrápode de 12 t - concreto fck = 20 MPa - areia e brita comerciais","un",2403.0500000000002]
[3606558,"Fabricação de tetrápode de 12 t - concreto fck = 20 MPa - areia extraída e brita produzida","un",1795.3]
[3606559,"Fabricação de tetrápode de 8 t - concreto fck = 20 MPa - areia e brita comerciais","un",1615.51]
[3606554,"Fabricação de tetrápode de 8 t - concreto fck = 20 MPa - areia extraída e brita produzida","un",1210.3399999999999]
[3606560,"Fabricação de tetrápode de 9 t - concreto fck = 20 MPa - areia e brita comerciais","un",1804.9]
[3606555,"Fabricação de tetrápode de 9 t - concreto fck = 20 MPa - areia extraída e brita produzida","un",1349.08]
[3606571,"Fabricação de Xbloc de 10 t - concreto fck = 20 MPa - areia e brita comerciais","un",1988.35]
[3606566,"Fabricação de Xbloc de 10 t - concreto fck = 20 MPa - areia extraída e brita produzida","un",1481.89]
[3606572,"Fabricação de Xbloc de 11 t - concreto fck = 20 MPa - areia e brita comerciais","un",2179.63]
[3606567,"Fabricação de Xbloc de 11 t - concreto fck = 20 MPa - areia extraída e brita produzida","un",1622.53]
[3606573,"Fabricação de Xbloc de 12 t - concreto fck = 20 MPa - areia e brita comerciais","un",2370.48]
[3606568,"Fabricação de Xbloc de 12 t - concreto fck = 20 MPa - areia extraída e brita produzida","un",1762.73]
[3606569,"Fabricação de Xbloc de 8 t - concreto fck = 20 MPa - areia e brita comerciais","un",1604.25]
[3606564,"Fabricação de Xbloc de 8 t - concreto fck = 20 MPa - areia extraída e brita produzida","un",1199.08]
[3606570,"Fabricação de Xbloc de 9 t - concreto fck = 20 MPa - areia e brita comerciais","un",1796.58]
[3606565,"Fabricação de Xbloc de 9 t - concreto fck = 20 MPa - areia extraída e brita produzida","un",1340.77]
[3606578,"Lançamento de blocos artificias de concreto","un",108.99]
[3606575,"Seleção de material pétreo para a carapaça e subcarapaça","m³",1.69]
[3606574,"Seleção de material pétreo para o núcleo","m³",0.85]
[3713603,"Ancoragem de defensa maleável dupla - fornecimento e implantação","m",1014.46]
[3713601,"Ancoragem de defensa maleável simples - fornecimento e implantação","m",819.32]
[3713607,"Ancoragem de defensa semimaleável dupla - fornecimento e implantação","m",765.2]
[3713605,"Ancoragem de defensa semimaleável simples - fornecimento e implantação","m",547.75]
[3719530,"Barreira dupla de concreto, armada, pré-moldada (perfil New Jersey) - L > 3,00 m e H = 1.070 mm","m",301.73]
[3713828,"Barreira dupla de concreto, armada, pré-moldada (perfil New Jersey) - L > 3,00 m e H = 810 mm","m",225.29]
[3713875,"Barreira dupla de concreto, não armada, moldada no local (perfil F) - H = 810 + 100 mm","m",65.05]
[3713619,"Barreira dupla de concreto, não armada, moldada no local (perfil New Jersey) - H = 810 + 100 mm","m",65.47]
[3713876,"Barreira dupla de concreto, não armada, moldada no local, com extrusora (perfil F) - H = 810 + 100 mm","m",84.02]
[3713827,"Barreira dupla de concreto, não armada, moldada no local, com extrusora (perfil New Jersey) - H = 810 + 100 mm","m",82.64]
[3713904,"Barreira simples de concreto, armada, pré-moldada (perfil New Jersey) - L > 3,00 m e H = 1.070 mm","m",261]
[3719529,"Barreira simples de concreto, armada, pré-moldada (perfil New Jersey) - L > 3,00 m e H = 810 mm","m",190.52]
[3713878,"Barreira simples de concreto, não armada, moldada no local (perfil F) - H = 810 + 100 mm","m",64.67]
[3713617,"Barreira simples de concreto, não armada, moldada no local (perfil New Jersey) - H = 810 + 100 mm","m",64.88]
[3713879,"Barreira simples de concreto, não armada, moldada no local, com extrusora (perfil F) - H = 810 + 100 mm","m",75.680000000000007]
[3713826,"Barreira simples de concreto, não armada, moldada no local, com extrusora (perfil New Jersey) - H = 810 + 100 mm","m",72.33]
[3713610,"Cerca com 4 fios de arame farpado e mourão de concreto de seção quadrada de 11 cm a cada 2,5 m e esticador de 15 cm a cada 50 m - areia e brita comerciais","m",32.42]
[3713609,"Cerca com 4 fios de arame farpado e mourão de concreto de seção quadrada de 11 cm a cada 2,5 m e esticador de 15 cm a cada 50 m - areia extraída e brita produzida","m",31.1]
[3713612,"Cerca com 4 fios de arame farpado e mourão de concreto de seção triangular de 11 cm a cada 2,5 m e esticador de 15 cm a cada 50 m - areia e brita comerciais","m",26.7]
[3713611,"Cerca com 4 fios de arame farpado e mourão de concreto de seção triangular de 11 cm a cada 2,5 m e esticador de 15 cm a cada 50 m - areia extraída e brita produzida","m",26.13]
[3713608,"Cerca com 4 fios de arame farpado e mourão de madeira a cada 2,5 m e esticador a cada 50 m","m",22.1]
[3713613,"Cerca com 4 fios de arame liso galvanizado e mourão de madeira a cada 2,5 m e esticador a cada 50 m","m",20.190000000000001]
[3713822,"Confecção de barreira dupla de concreto, armada, pré-moldada (perfil New Jersey) - L > 3,00 m e H = 1.070 mm","m",295.29000000000002]
[3713824,"Confecção de barreira dupla de concreto, armada, pré-moldada (perfil New Jersey) - L > 3,00 m e H = 810 mm","m",218.85]
[3713825,"Confecção de barreira simples de concreto, armada, pré-moldada (perfil New Jersey) - L > 3,00 m e H = 1.070 mm","m",254.56]
[3713823,"Confecção de barreira simples de concreto, armada, pré-moldada (perfil New Jersey) - L > 3,00 m e H = 810 mm","m",184.08]
[3713602,"Defensa maleável dupla - fornecimento e implantação","m",939.65]
[3713600,"Defensa maleável simples - fornecimento e implantação","m",757.39]
[3713606,"Defensa semimaleável dupla - fornecimento e implantação","m",690.38]
[3713604,"Defensa semimaleável simples - fornecimento e implantação","m",496.5]
[3716129,"Fabricação de mourão de concreto esticador - seção quadrada de 15 cm - areia e brita comerciais","un",47.72]
[3716128,"Fabricação de mourão de concreto esticador - seção quadrada de 15 cm - areia extraída e brita produzida","un",42.11]
[3716133,"Fabricação de mourão de concreto esticador - seção triangular de 15 cm - areia e brita comercias","un",28.35]
[3716132,"Fabricação de mourão de concreto esticador - seção triangular de 15 cm - areia extraída e brita produzida","un",25.92]
[3716131,"Fabricação de mourão de concreto suporte - seção quadrada de 11 cm - areia e brita comerciais","un",31.19]
[3716130,"Fabricação de mourão de concreto suporte - seção quadrada de 11 cm - areia extraída e brita produzida","un",28.31]
[3716135,"Fabricação de mourão de concreto suporte - seção triangular de 11 cm - areia e brita comerciais","un",19.690000000000001]
[3716134,"Fabricação de mourão de concreto suporte - seção triangular de 11 cm - areia extraída e brita produzida","un",18.440000000000001]
[3713698,"Fornecimento e implantação de amortecedor retrátil (v <= 100 km/h) tipo TAU II afunilado - fixado em barreira de concreto, com largura de âncora traseira de 1.830 mm","un",369131.7]
[3713699,"Fornecimento e implantação de amortecedor retrátil (v <= 100 km/h) tipo TAU II afunilado - fixado em barreira de concreto, com largura de âncora traseira de 1.980 mm","un",374318.9]
[3713700,"Fornecimento e implantação de amortecedor retrátil (v <= 100 km/h) tipo TAU II afunilado - fixado em barreira de concreto, com largura de âncora traseira de 2.130 mm","un",382428.63]
[3713701,"Fornecimento e implantação de amortecedor retrátil (v <= 100 km/h) tipo TAU II afunilado - fixado em barreira de concreto, com largura de âncora traseira de 2.290 mm","un",395025.17]
[3713702,"Fornecimento e implantação de amortecedor retrátil (v <= 100 km/h) tipo TAU II afunilado - fixado em barreira de concreto, com largura de âncora traseira de 2.440 mm","un",403395.96]
[3713693,"Fornecimento e implantação de amortecedor retrátil (v <= 100 km/h) tipo TAU II combinado - fixado em barreira de concreto, com largura de âncora traseira de 1.060 mm","un",319875.01]
[3713694,"Fornecimento e implantação de amortecedor retrátil (v <= 100 km/h) tipo TAU II combinado - fixado em barreira de concreto, com largura de âncora traseira de 1.220 mm","un",333828.42]
[3713695,"Fornecimento e implantação de amortecedor retrátil (v <= 100 km/h) tipo TAU II combinado - fixado em barreira de concreto, com largura de âncora traseira de 1.370 mm","un",351418.35]
[3713696,"Fornecimento e implantação de amortecedor retrátil (v <= 100 km/h) tipo TAU II combinado - fixado em barreira de concreto, com largura de âncora traseira de 1.520 mm","un",364988.63]
[3713697,"Fornecimento e implantação de amortecedor retrátil (v <= 100 km/h) tipo TAU II combinado - fixado em barreira de concreto, com largura de âncora traseira de 1.680 mm","un",342106.91]
[3713692,"Fornecimento e implantação de amortecedor retrátil (v <= 100 km/h) tipo TAU II combinado - fixado em barreira de concreto, com largura de âncora traseira de 900 mm","un",280615.84999999998]
[3713691,"Fornecimento e implantação de amortecedor retrátil (v <= 100 km/h) tipo TAU II paralelo - fixado em barreira de concreto, com largura de âncora traseira de até 700 mm","un",236640.7]
[3713873,"Módulo de transição de defensa metálica para barreira rígida - fornecimento e implantação","un",6809.67]
[3713705,"Remoção de defensa metálica","m",22.46]
[3713902,"Terminal absorvedor de energia de abertura com nível de contenção TL3 para defensa metálica - fornecimento e implantação","un",46187.95]
[3713903,"Terminal absorvedor de energia de não abertura com nível de contenção TL3 para defensa metálica - fornecimento e implantação","un",62543.87]
[3713689,"Terminal aéreo de defensa metálica - tipo A - fornecimento e implantação","un",426.17]
[3713690,"Terminal de ancoragem de defensa metálica em barreira New Jersey - fornecimento e implantação","un",566.37]
[3713897,"Terminal de ancoragem para barreira dupla de concreto, moldada no local (perfil F) - H = 810 + 250 mm","m",278.77999999999997]
[3713893,"Terminal de ancoragem para barreira dupla de concreto, moldada no local (perfil New Jersey) - H = 810 + 250 mm","m",282.51]
[3713898,"Terminal de ancoragem para barreira dupla de concreto, moldada no local, com extrusora (perfil F) - H = 810 + 250 mm","m",293.08]
[3713894,"Terminal de ancoragem para barreira dupla de concreto, moldada no local, com extrusora (perfil New Jersey) - H = 810 + 250 mm","m",294.54000000000002]
[3713895,"Terminal de ancoragem para barreira simples de concreto, moldada no local (perfil F) - H = 810 + 250 mm","m",259.55]
[3713891,"Terminal de ancoragem para barreira simples de concreto, moldada no local (perfil New Jersey) - H = 810 + 250 mm","m",258.39999999999998]
[3713896,"Terminal de ancoragem para barreira simples de concreto, moldada no local, com extrusora (perfil F) - H = 810 + 250 mm","m",268.06]
[3713892,"Terminal de ancoragem para barreira simples de concreto, moldada no local, com extrusora (perfil New Jersey) - H = 810 + 250 mm","m",263.39999999999998]
[3806412,"Abertura de janela em estrutura de concreto existente para inspeção com espessura até 0,20 m e seção 0,49 m²","un",60.33]
[3806413,"Apicoamento mecanizado de concreto","m²",21.27]
[3807863,"Chumbador de expansão controlada por torque para concreto D = 12,5 mm - fornecimento e instalação","un",12.19]
[3807864,"Chumbador de expansão controlada por torque para concreto D = 16 mm - fornecimento e instalação","un",18.510000000000002]
[3807865,"Chumbador de expansão controlada por torque para concreto D = 20 mm - fornecimento e instalação","un",28.04]
[3807861,"Chumbador de expansão controlada por torque para concreto D = 6,3 mm - fornecimento e instalação","un",3.39]
[3807862,"Chumbador de expansão controlada por torque para concreto D = 8 mm - fornecimento e instalação","un",4.45]
[3807752,"Corte linear em superfície de concreto para fixação de barras de aço de 10 mm - L = 12 mm e H = 12 mm","m",8.35]
[3807753,"Corte linear em superfície de concreto para fixação de barras de aço de 12,5 mm - L = 15 mm e H = 15 mm","m",12.01]
[3807750,"Corte linear em superfície de concreto para fixação de barras de aço de 6,3 mm - L = 8 mm e H = 8 mm","m",4.9000000000000004]
[3807751,"Corte linear em superfície de concreto para fixação de barras de aço de 8 mm - L = 10 mm e H = 10 mm","m",6.41]
[3806415,"Demolição controlada de concreto com martelete","m³",618.29]
[3806416,"Elevação de estruturas até 496 kN para substituição de aparelho de apoio com a utilização de macaco hidráulico","un",71.209999999999994]
[3806419,"Elevação de estruturas de 1.390 a 1.859 kN para substituição de aparelho de apoio com a utilização de macaco hidráulico","un",96.63]
[3806417,"Elevação de estruturas de 496 a 929 kN para substituição de aparelho de apoio com a utilização de macaco hidráulico","un",79.97]
[3806418,"Elevação de estruturas de 929 a 1.390 kN para substituição de aparelho de apoio com a utilização de macaco hidráulico","un",95.33]
[3808207,"Escada tubular multidirecional em aço galvanizado - utilização de 100 vezes - fornecimento, instalação e retirada","m",178.31]
[3806400,"Fabricação de superestrutura metálica para passarela PL-15 - exceto piso de concreto","un",168112.26]
[3806399,"Fabricação de superestrutura metálica para passarela PL-20 - exceto piso de concreto","un",239038.87]
[3806387,"Fabricação de superestrutura metálica para passarela PL-25 - exceto piso de concreto","un",299057.40000000002]
[3806397,"Fabricação de superestrutura metálica para passarela PL-30 - exceto piso de concreto","un",400921.75]
[3806396,"Fabricação de superestrutura metálica para passarela PL-35 - exceto piso de concreto","un",461783.68]
[3816118,"Guarda-corpo de concreto - fabricação - areia e brita comerciais","m",94.27]
[3816117,"Guarda-corpo de concreto - fabricação - areia extraída e brita produzida","m",87.68]
[3806386,"Guarda-corpo e corrimão metálico para passarelas para pedestres - fornecimento e instalação","m",715.72]
[3816196,"Injeção de nata de cimento","m³",1000.77]
[3806426,"Lançamento de pré-laje com utilização de guindauto","t",58.55]
[3806401,"Lançamento de superestrutura de passarela metálica de 12 a 24 t com utilização de guindaste","un",14149.91]
[3806423,"Lançamento de viga pré-moldada de 1.000 a 1.250 kN com utilização de guindaste","un",10067.799999999999]
[3806421,"Lançamento de viga pré-moldada de 500 a 750 kN com utilização de guindaste","un",4722.1099999999997]
[3806422,"Lançamento de viga pré-moldada de 750 a 1.000 kN com utilização de guindaste","un",9061.0400000000009]
[3806425,"Lançamento de viga pré-moldada de 980 a 1.225 kN com utilização de treliça lançadeira","un",3426.03]
[3806424,"Lançamento de viga pré-moldada de 980 a 1.225 kN com utilização de treliça lançadeira e carrelone","un",5495.16]
[3806420,"Lançamento de viga pré-moldada de até 500 kN com utilização de guindaste","un",4131.8599999999997]
[3806405,"Limpeza de aparelhos de apoio em obras de arte especiais - exclusa a plataforma","un",139.01]
[3806404,"Limpeza de material retido em fundações submersas de obras de arte especiais","m³",118.61]
[3806406,"Limpeza em junta de dilatação","m",6.03]
[3806403,"Limpeza em superfície de concreto com jateamento abrasivo com uso de granalhas de aço","m²",8.33]
[3806402,"Limpeza em superfície de concreto com jateamento d'água sob pressão","m²",2.41]
[3806407,"Pingadeira de elastômero perfil 40 x 40 mm com aba inclinada e fixada com adesivo estrutural e pinos - fornecimento e instalação - exclusa a plataforma","m",182.91]
[3808043,"Pintura manual com nata de cimento - 3 demãos","m²",4.16]
[3806431,"Placa de aço de apoio para protensão externa em reforço de viga de OAE - confecção e instalação","un",6037.38]
[3806432,"Placa de aço de desvio para protensão externa em reforço de viga de OAE - confecção e instalação","un",3197.09]
[3806429,"Plataforma de trabalho em aço tubular apoiada no solo - altura de 4 a 6 m - utilização de 100 vezes - fornecimento, instalação e retirada","m³",17]
[3806430,"Plataforma de trabalho em aço tubular apoiada no solo - altura de 6 a 8 m - utilização de 100 vezes - fornecimento, instalação e retirada","m³",10.6]
[3806428,"Plataforma de trabalho em aço tubular apoiada no solo - altura de até 4 m - utilização de 100 vezes - fornecimento, instalação e retirada","m³",38.18]
[3816198,"Plataforma de trabalho em madeira apoiada no solo - altura de 6 a 12 m - utilização de 5 vezes - confecção, instalação e retirada","m³",69.92]
[3816197,"Plataforma de trabalho em madeira apoiada no solo - altura de até 6 m - utilização de 5 vezes - confecção, instalação e retirada","m³",65.64]
[3806410,"Plataforma de trabalho suspensa sob tabuleiro de pontes com treliças metálicas e tábuas - utilização de 100 vezes - confecção, instalação e retirada","m²",62.4]
[3806411,"Plataforma mecanizada de inspeção sob pontes com capacidade de 500 kg e alcance de 15 m","h",626.67999999999995]
[3815644,"Recomposição de dreno em tubo de aço galvanizado D = 100 mm em OAE - fornecimento e instalação","un",111.33]
[3815643,"Recomposição de dreno em tubo de aço galvanizado D = 80 mm em OAE - fornecimento e instalação","un",91.81]
[3815706,"Recomposição de guarda-corpo com agregados comerciais - instalação","m",126.44]
[3815597,"Recomposição de guarda-corpo com agregados produzidos - instalação","m",119.85]
[3815600,"Recuperação de guarda-corpo metálico em ambiente agressivo","m²",62.48]
[3815601,"Recuperação de guarda-corpo metálico em ambiente muito agressivo","m²",57.92]
[3815599,"Recuperação de guarda-corpo metálico em ambiente pouco agressivo","m²",28.56]
[3806414,"Remoção de concreto com jateamento d'água sob alta pressão","m³",531.66999999999996]
[3806409,"Restauração de berços de apoio para junta de dilatação - fornecimento e instalação","m",59.31]
[3815602,"Substituição de junta de dilatação e lábios poliméricos - fornecimento e instalação","m",30.25]
[4011444,"Areia asfalto a quente - faixa A - areia comercial","t",179.69]
[4011443,"Areia asfalto a quente - faixa A - areia extraída","t",113.36]
[4011446,"Areia asfalto a quente - faixa B - areia comercial","t",169.76]
[4011445,"Areia asfalto a quente - faixa B - areia extraída","t",101.98]
[4011448,"Areia asfalto a quente com asfalto polímero - faixa A - areia comercial","t",172.39]
[4011447,"Areia asfalto a quente com asfalto polímero - faixa A - areia extraída","t",102.69]
[4011450,"Areia asfalto a quente com asfalto polímero - faixa B - areia comercial","t",177.98]
[4011449,"Areia asfalto a quente com asfalto polímero - faixa B - areia extraída","t",109.53]
[4011452,"Areia asfalto a quente com asfalto polímero - faixa C - areia comercial","t",181.61]
[4011451,"Areia asfalto a quente com asfalto polímero - faixa C - areia extraída","t",114.05]
[4011219,"Base de solo estabilizado granulometricamente sem mistura com material de jazida","m³",11.39]
[4011291,"Base de solo melhorado com 3% de cimento e mistura em usina com material de jazida","m³",59.68]
[4011287,"Base de solo melhorado com 3% de cimento e mistura na pista com material de jazida","m³",52.72]
[4011305,"Base de solo-cal com 7% de cal e mistura na pista com material de jazida","m³",85.5]
[4011313,"Base de solo-cimento com 7% de cimento e mistura em usina com material de jazida","m³",106.68]
[4011297,"Base de solo-cimento com 7% de cimento e mistura na pista com material de jazida","m³",105.91]
[4011221,"Base estabilizada granulometricamente com mistura de solos na pista com material de jazida","m³",12.14]
[4011226,"Base estabilizada granulometricamente com mistura solo areia (70% - 30%) em usina com material de jazida e areia extraída","m³",29.07]
[4011240,"Base estabilizada granulometricamente com mistura solo brita (70% - 30%) com 3% de cimento em usina com material de jazida e brita comercial","m³",113.67]
[4011239,"Base estabilizada granulometricamente com mistura solo brita (70% - 30%) com 3% de cimento em usina com material de jazida e brita produzida","m³",85.09]
[4011268,"Base estabilizada granulometricamente com mistura solo brita (70% - 30%) em usina com material de jazida e brita comercial","m³",75.36]
[4011267,"Base estabilizada granulometricamente com mistura solo brita (70% - 30%) em usina com material de jazida e brita produzida","m³",45.89]
[4011256,"Base estabilizada granulometricamente com mistura solo brita (70% - 30%) na pista com material de jazida e brita comercial","m³",62.96]
[4011255,"Base estabilizada granulometricamente com mistura solo brita (70% - 30%) na pista com material de jazida e brita produzida","m³",33.5]
[4011276,"Base ou sub-base de brita graduada com brita comercial","m³",189.28]
[4011275,"Base ou sub-base de brita graduada com brita produzida","m³",104.05]
[4011549,"Base ou sub-base de brita graduada executada com vibroacabadora - brita comercial","m³",190.87]
[4011548,"Base ou sub-base de brita graduada executada com vibroacabadora - brita produzida","m³",105.64]
[4011278,"Base ou sub-base de brita graduada tratada com cimento com brita comercial","m³",234.45]
[4011277,"Base ou sub-base de brita graduada tratada com cimento com brita produzida","m³",151.13]
[4011561,"Base ou sub-base de brita graduada tratada com cimento executada com vibroacabadora - brita comercial","m³",236.04]
[4011560,"Base ou sub-base de brita graduada tratada com cimento executada com vibroacabadora - brita produzida","m³",152.72]
[4011282,"Base ou sub-base de macadame hidráulico com brita comercial","m³",171.59]
[4011281,"Base ou sub-base de macadame hidráulico com brita produzida","m³",90.1]
[4011279,"Base ou sub-base de macadame seco com brita comercial","m³",166.27]
[4011280,"Base ou sub-base de macadame seco com brita produzida","m³",84.78]
[4011327,"Base ou sub-base estabilizada granulometricamente com mistura solo escória de aciaria (50%-50%) em usina com material de jazida","m³",35.020000000000003]
[4011325,"Base ou sub-base estabilizada granulometricamente com mistura solo escória de aciaria (50%-50%) na pista com material de jazida","m³",20.85]
[4011454,"Concreto asfáltico - faixa A - areia e brita comerciais","t",176.31]
[4011453,"Concreto asfáltico - faixa A - areia extraída e brita produzida","t",123.6]
[4011455,"Concreto asfáltico - faixa A - massa comercial","t",17.39]
[4011459,"Concreto asfáltico - faixa B - areia e brita comerciais","t",180.15]
[4011458,"Concreto asfáltico - faixa B - areia extraída e brita produzida","t",126.3]
[4011463,"Concreto asfáltico - faixa C - areia e brita comerciais","t",181.47]
[4011462,"Concreto asfáltico - faixa C - areia extraída e brita produzida","t",124.61]
[4011464,"Concreto asfáltico - faixa C - massa comercial","t",17.39]
[4011457,"Concreto asfáltico com asfalto polímero - faixa A - areia e brita comerciais","t",176.94]
[4011456,"Concreto asfáltico com asfalto polímero - faixa A - areia extraída e brita produzida","t",123.81]
[4011461,"Concreto asfáltico com asfalto polímero - faixa B - areia e brita comerciais","t",180.64]
[4011460,"Concreto asfáltico com asfalto polímero - faixa B - areia extraída e brita produzida","t",126.54]
[4011466,"Concreto asfáltico com asfalto polímero - faixa C - areia e brita comerciais","t",187.81]
[4011465,"Concreto asfáltico com asfalto polímero - faixa C - areia extraída e brita produzida","t",129.29]
[4011469,"Concreto asfáltico com borracha - faixa A - brita comercial","t",203.73]
[4011473,"Concreto asfáltico com borracha - faixa A - brita produzida","t",167.64]
[4011470,"Concreto asfáltico com borracha - faixa B - brita comercial","t",206.27]
[4011474,"Concreto asfáltico com borracha - faixa B - brita produzida","t",171.75]
[4011471,"Concreto asfáltico com borracha - faixa C - brita comercial","t",204.88]
[4011475,"Concreto asfáltico com borracha - faixa C - brita produzida","t",173.78]
[4011472,"Concreto asfáltico com borracha - faixa GAP GRADED - brita comercial","t",204.25]
[4011476,"Concreto asfáltico com borracha - faixa GAP GRADED - brita produzida","t",167.27]
[4011478,"Concreto asfáltico reciclado em usina com adição de asfalto - brita comercial","t",157.93]
[4011477,"Concreto asfáltico reciclado em usina com adição de asfalto - brita produzida","t",129.41]
[4011538,"Cura com pintura asfáltica para pavimento de concreto compactado com rolo","m²",0.15]
[4016096,"Escavação e carga de material de jazida com escavadeira hidráulica de 1,56 m³","m³",1.42]
[4016008,"Escavação e carga de material de jazida com trator de 127 kW e carregadeira de 3,4 m³","m³",3.74]
[4016007,"Escavação e carga de material de jazida com trator de 97 kW e carregadeira de 1,72 m³","m³",4.4400000000000004]
[4015612,"Execução de revestimento primário com material de jazida","m³",11.22]
[4011562,"Geogrelha bidirecional com resistência à tração de 30 kN/m - deformação < 5% - malha de 36 x 34 mm - para reforço de base granular","m²",31.21]
[4011351,"Imprimação com asfalto diluído","m²",0.35]
[4011352,"Imprimação com emulsão asfáltica","m²",0.38]
[4011402,"Lama asfáltica - faixa I - areia e brita comerciais","m²",0.78]
[4011401,"Lama asfáltica - faixa I - areia extraída e brita produzida","m²",0.55000000000000004]
[4011404,"Lama asfáltica - faixa II - areia e brita comerciais","m²",0.55000000000000004]
[4011403,"Lama asfáltica - faixa II - areia extraída e brita produzida","m²",0.38]
[4011406,"Lama asfáltica - faixa III - areia e brita comerciais","m²",1.01]
[4011405,"Lama asfáltica - faixa III - areia extraída e brita produzida","m²",0.72]
[4011392,"Macadame betuminoso por penetração - faixa A - brita comercial","m³",202.46]
[4011391,"Macadame betuminoso por penetração - faixa A - brita produzida","m³",119.12]
[4011394,"Macadame betuminoso por penetração - faixa B - brita comercial","m³",203.06]
[4011393,"Macadame betuminoso por penetração - faixa B - brita produzida","m³",119.7]
[4011396,"Macadame betuminoso por penetração - faixa C - brita comercial","m³",205.43]
[4011395,"Macadame betuminoso por penetração - faixa C - brita produzida","m³",120.36]
[4011398,"Macadame betuminoso por penetração - faixa D - brita comercial","m³",205.8]
[4011397,"Macadame betuminoso por penetração - faixa D - brita produzida","m³",120.63]
[4011400,"Macadame betuminoso por penetração com asfalto com polímero - faixa A - brita comercial","m³",216.85]
[4011399,"Macadame betuminoso por penetração com asfalto com polímero - faixa A - brita produzida","m³",137.41999999999999]
[4011490,"Manta sintética para recapeamento asfáltico com geotêxtil RT - 09 - fornecimento e aplicação","m²",5.67]
[4011536,"Membrana plástica isolante e impermeabilizante com espessura de 0,2 mm - fornecimento e instalação","m²",1.88]
[4011415,"Micro pré-misturado a quente com asfalto polímero - brita comercial","t",154.55000000000001]
[4011416,"Micro pré-misturado a quente com asfalto polímero - brita produzida","t",126.24]
[4011408,"Microrrevestimento a frio com emulsão modificada com polímero de 0,8 cm - faixa II - brita comercial","m²",1.97]
[4011407,"Microrrevestimento a frio com emulsão modificada com polímero de 0,8 cm - faixa II - brita produzida","m²",1.63]
[4011410,"Microrrevestimento a frio com emulsão modificada com polímero de 1,5 cm - faixa III - brita comercial","m²",3.86]
[4011409,"Microrrevestimento a frio com emulsão modificada com polímero de 1,5 cm - faixa III - brita produzida","m²",3.19]
[4011412,"Microrrevestimento a frio com emulsão modificada com polímero de 2,0 cm - faixa III - brita comercial","m²",5.14]
[4011411,"Microrrevestimento a frio com emulsão modificada com polímero de 2,0 cm - faixa III - brita produzida","m²",4.25]
[4011520,"Pavimento de concreto com equipamento de pequeno porte - areia e brita comerciais","m³",517.66]
[4011507,"Pavimento de concreto com equipamento de pequeno porte - areia extraída e brita produzida","m³",401.36]
[4011535,"Pavimento de concreto com equipamento fôrma-trilho - areia e brita comerciais","m³",400.24]
[4011534,"Pavimento de concreto com equipamento fôrma-trilho - areia extraída e brita produzida","m³",291.45]
[4011533,"Pavimento de concreto com fôrmas deslizantes - areia e brita comerciais","m³",405.65]
[4011532,"Pavimento de concreto com fôrmas deslizantes - areia extraída e brita produzida","m³",296.86]
[4011492,"Pavimento de concreto compactado com rolo - brita comercial","m³",302.69]
[4011491,"Pavimento de concreto compactado com rolo - brita produzida","m³",221.08]
[4011353,"Pintura de ligação","m²",0.27]
[4011354,"Pintura de ligação - emulsão com polímero","m²",0.27]
[4011418,"Pré-misturado a frio - faixa A - areia e brita comerciais","m³",299.37]
[4011417,"Pré-misturado a frio - faixa A - areia extraída e brita produzida","m³",182.46]
[4011420,"Pré-misturado a frio - faixa B - areia e brita comerciais","m³",299.93]
[4011419,"Pré-misturado a frio - faixa B - areia extraída e brita produzida","m³",179.42]
[4011422,"Pré-misturado a frio - faixa C - areia e brita comerciais","m³",313.11]
[4011421,"Pré-misturado a frio - faixa C - areia extraída e brita produzida","m³",194.03]
[4011424,"Pré-misturado a frio - faixa D - areia e brita comerciais","m³",313.73]
[4011423,"Pré-misturado a frio - faixa D - areia extraída e brita produzida","m³",191]
[4011426,"Pré-misturado a frio com emulsão asfáltica com polímero - faixa A - areia e brita comerciais","m³",299.37]
[4011425,"Pré-misturado a frio com emulsão asfáltica com polímero - faixa A - areia extraída e brita produzida","m³",182.46]
[4011428,"Pré-misturado a frio com emulsão asfáltica com polímero - faixa B - areia e brita comerciais","m³",299.93]
[4011427,"Pré-misturado a frio com emulsão asfáltica com polímero - faixa B - areia extraída e brita produzida","m³",179.42]
[4011430,"Pré-misturado a frio com emulsão asfáltica com polímero - faixa C - areia e brita comerciais","m³",312.02999999999997]
[4011429,"Pré-misturado a frio com emulsão asfáltica com polímero - faixa C - areia extraída e brita produzida","m³",193.51]
[4011432,"Pré-misturado a frio com emulsão asfáltica com polímero - faixa D - areia e brita comerciais","m³",312.64999999999998]
[4011431,"Pré-misturado a frio com emulsão asfáltica com polímero - faixa D - areia extraída e brita produzida","m³",190.49]
[4011434,"Pré-misturado a quente com asfalto polímero - faixa I - camada porosa de atrito - areia e brita comerciais","t",175]
[4011433,"Pré-misturado a quente com asfalto polímero - faixa I - camada porosa de atrito - areia extraída e brita produzida","t",122.94]
[4011436,"Pré-misturado a quente com asfalto polímero - faixa II - camada porosa de atrito - areia e brita comerciais","t",167.1]
[4011435,"Pré-misturado a quente com asfalto polímero - faixa II - camada porosa de atrito - areia extraída e brita produzida","t",113.58]
[4011438,"Pré-misturado a quente com asfalto polímero - faixa III - camada porosa de atrito - areia e brita comerciais","t",176.92]
[4011437,"Pré-misturado a quente com asfalto polímero - faixa III - camada porosa de atrito - areia extraída e brita produzida","t",121.32]
[4011440,"Pré-misturado a quente com asfalto polímero - faixa IV - camada porosa de atrito - areia e brita comerciais","t",176.99]
[4011439,"Pré-misturado a quente com asfalto polímero - faixa IV - camada porosa de atrito - areia extraída e brita produzida","t",127.25]
[4011442,"Pré-misturado a quente com asfalto polímero - faixa V - camada porosa de atrito - areia e brita comerciais","t",176.85]
[4011441,"Pré-misturado a quente com asfalto polímero - faixa V - camada porosa de atrito - areia extraída e brita produzida","t",126.86]
[4011482,"Reciclagem com adição de 3% de cimento e incorporação do revestimento asfáltico à base","m³",69.430000000000007]
[4011484,"Reciclagem com adição de brita comercial e incorporação do revestimento asfáltico à base","m³",64.14]
[4011483,"Reciclagem com adição de brita produzida e incorporação do revestimento asfáltico à base","m³",46.29]
[4011488,"Reciclagem com espuma asfáltica e incorporação do revestimento asfáltico à base com adição de cimento","m³",50.34]
[4011487,"Reciclagem com espuma asfáltica e incorporação do revestimento asfáltico à base com adição de pó de pedra comercial e cimento","m³",71.430000000000007]
[4011486,"Reciclagem com incorporação do revestimento asfáltico à base com adição de 3% de cimento e de brita comercial","m³",104.22]
[4011485,"Reciclagem com incorporação do revestimento asfáltico à base com adição de 3% de cimento e de brita produzida","m³",86.37]
[4011489,"Reciclagem de revestimento asfáltico em usina com adição de espuma asfáltica, pó de pedra comercial e cimento","m³",122.74]
[4011481,"Reciclagem simples com incorporação do revestimento asfáltico à base","m³",29.36]
[4011347,"Reestabilização de camada de base com adição de 3% de cimento","m³",58.14]
[4011342,"Reestabilização de camada de base com adição de 30% de brita comercial","m³",75.72]
[4011344,"Reestabilização de camada de base com adição de 30% de brita produzida","m³",46.27]
[4011341,"Reestabilização de camada de base com adição de 30% de material fresado retirado da pista","m³",11.44]
[4011346,"Reestabilização de camada de base sem adição de material","m³",7.92]
[4011211,"Reforço do subleito com material de jazida","m³",10.72]
[4011304,"Reforço do subleito de solo melhorado com 4% de cal e mistura na pista com material de jazida","m³",54.12]
[4011209,"Regularização do subleito","m²",1.06]
[4011210,"Regularização do subleito com fresagem corte e controle automático de greide","m²",1.1100000000000001]
[4011537,"Serragem de juntas em pavimento de concreto, limpeza e enchimento com selante a frio","m",18.68]
[4011218,"Sub-base de concreto adensado por vibração - areia e brita comerciais","m³",395.4]
[4011217,"Sub-base de concreto adensado por vibração - areia extraída e brita produzida","m³",269.10000000000002]
[4011214,"Sub-base de concreto compactado com rolo - brita comercial","m³",252.89]
[4011213,"Sub-base de concreto compactado com rolo - brita produzida","m³",167.58]
[4011227,"Sub-base de solo estabilizado granulometricamente sem mistura com material de jazida","m³",10.72]
[4011302,"Sub-base de solo melhorado com 3% de cimento e mistura em usina com material de jazida","m³",59.35]
[4011300,"Sub-base de solo melhorado com 3% de cimento e mistura na pista com material de jazida","m³",52.4]
[4011306,"Sub-base de solo-cal com 7% de cal e mistura na pista com material de jazida","m³",85.17]
[4011303,"Sub-base de solo-cimento com 7% de cimento e mistura em usina com material de jazida","m³",106.35]
[4011301,"Sub-base de solo-cimento com 7% de cimento e mistura na pista com material de jazida","m³",105.58]
[4011228,"Sub-base estabilizada granulometricamente com mistura de solos na pista com material de jazida","m³",11.81]
[4011229,"Sub-base estabilizada granulometricamente com mistura solo areia (70% - 30%) em usina com material de jazida e areia extraída","m³",28.74]
[4011231,"Sub-base estabilizada granulometricamente com mistura solo brita (70% - 30%) com 3% de cimento em usina com material de jazida e brita comercial","m³",113.34]
[4011230,"Sub-base estabilizada granulometricamente com mistura solo brita (70% - 30%) com 3% de cimento em usina com material de jazida e brita produzida","m³",84.76]
[4011235,"Sub-base estabilizada granulometricamente com mistura solo brita (70% - 30%) em usina com material de jazida e brita comercial","m³",75.03]
[4011234,"Sub-base estabilizada granulometricamente com mistura solo brita (70% - 30%) em usina com material de jazida e brita produzida","m³",45.56]
[4011233,"Sub-base estabilizada granulometricamente com mistura solo brita (70% - 30%) na pista com material de jazida e brita comercial","m³",62.63]
[4011232,"Sub-base estabilizada granulometricamente com mistura solo brita (70% - 30%) na pista com material de jazida e brita produzida","m³",33.17]
[4011372,"Tratamento superficial duplo com banho diluído - brita comercial","m²",5.42]
[4011371,"Tratamento superficial duplo com banho diluído - brita produzida","m²",3.82]
[4011378,"Tratamento superficial duplo com banho diluído com emulsão com polímero - brita comercial","m²",5.42]
[4011377,"Tratamento superficial duplo com banho diluído com emulsão com polímero - brita produzida","m²",3.82]
[4011368,"Tratamento superficial duplo com CAP - brita comercial","m²",4.33]
[4011367,"Tratamento superficial duplo com CAP - brita produzida","m²",2.72]
[4011374,"Tratamento superficial duplo com CAP com polímero - brita comercial","m²",4.33]
[4011373,"Tratamento superficial duplo com CAP com polímero - brita produzida","m²",2.72]
[4011370,"Tratamento superficial duplo com emulsão - brita comercial","m²",4.92]
[4011369,"Tratamento superficial duplo com emulsão - brita produzida","m²",3.32]
[4011376,"Tratamento superficial duplo com emulsão com polímero - brita comercial","m²",4.92]
[4011375,"Tratamento superficial duplo com emulsão com polímero - brita produzida","m²",3.32]
[4011360,"Tratamento superficial simples com banho diluído - brita comercial","m²",1.88]
[4011359,"Tratamento superficial simples com banho diluído - brita produzida","m²",1.39]
[4011366,"Tratamento superficial simples com banho diluído com emulsão com polímero - brita comercial","m²",1.88]
[4011365,"Tratamento superficial simples com banho diluído com emulsão com polímero - brita produzida","m²",1.39]
[4011356,"Tratamento superficial simples com CAP - brita comercial","m²",1.43]
[4011355,"Tratamento superficial simples com CAP - brita produzida","m²",0.94]
[4011362,"Tratamento superficial simples com CAP com polímero - brita comercial","m²",1.43]
[4011361,"Tratamento superficial simples com CAP com polímero - brita produzida","m²",0.94]
[4011358,"Tratamento superficial simples com emulsão - brita comercial","m²",1.66]
[4011357,"Tratamento superficial simples com emulsão - brita produzida","m²",1.18]
[4011364,"Tratamento superficial simples com emulsão com polímero - brita comercial","m²",1.66]
[4011363,"Tratamento superficial simples com emulsão com polímero - brita produzida","m²",1.18]
[4011384,"Tratamento superficial triplo com banho diluído - brita comercial","m²",5.86]
[4011383,"Tratamento superficial triplo com banho diluído - brita produzida","m²",4.17]
[4011390,"Tratamento superficial triplo com banho diluído - emulsão com polímero - brita comercial","m²",5.86]
[4011389,"Tratamento superficial triplo com banho diluído - emulsão com polímero - brita produzida","m²",4.17]
[4011380,"Tratamento superficial triplo com CAP - brita comercial","m²",4.7699999999999996]
[4011379,"Tratamento superficial triplo com CAP - brita produzida","m²",3.08]
[4011386,"Tratamento superficial triplo com CAP com polímero - brita comercial","m²",4.7699999999999996]
[4011385,"Tratamento superficial triplo com CAP com polímero - brita produzida","m²",3.08]
[4011382,"Tratamento superficial triplo com emulsão - brita comercial","m²",5.36]
[4011381,"Tratamento superficial triplo com emulsão - brita produzida","m²",3.67]
[4011388,"Tratamento superficial triplo com emulsão com polímero - brita comercial","m²",5.36]
[4011387,"Tratamento superficial triplo com emulsão com polímero - brita produzida","m²",3.67]
[4011212,"Varredura da superfície para execução de revestimento asfáltico","m²",0.06]
[4208197,"Ancoragem fixa para estais de 12 cordoalhas D = 15,7 mm - inclusive injeção de cera","un",13882.58]
[4208158,"Ancoragem fixa para estais de 19 cordoalhas D = 15,7 mm - inclusive injeção de cera","un",19009.87]
[4208198,"Ancoragem fixa para estais de 22 cordoalhas D = 15,7 mm - inclusive injeção de cera","un",20240.419999999998]
[4208159,"Ancoragem fixa para estais de 31 cordoalhas D = 15,7 mm - inclusive injeção de cera","un",30668.47]
[4208160,"Ancoragem fixa para estais de 37 cordoalhas D = 15,7 mm - inclusive injeção de cera","un",36486.65]
[4208199,"Ancoragem fixa para estais de 43 cordoalhas D = 15,7 mm - inclusive injeção de cera","un",42333.33]
[4208161,"Ancoragem fixa para estais de 55 cordoalhas D = 15,7 mm - inclusive injeção de cera","un",53859.65]
[4208162,"Ancoragem fixa para estais de 61 cordoalhas D = 15,7 mm - inclusive injeção de cera","un",60017.03]
[4208163,"Ancoragem fixa para estais de 73 cordoalhas D = 15,7 mm - inclusive injeção de cera","un",76158.320000000007]
[4208200,"Ancoragem fixa para estais de 85 cordoalhas D = 15,7 mm - inclusive injeção de cera","un",82922.52]
[4208164,"Ancoragem fixa para estais de 91 cordoalhas D = 15,7 mm - inclusive injeção de cera","un",100394.06]
[4208201,"Ancoragem regulável para estais de 12 cordoalhas D = 15,7 mm - inclusive protensão, injeção de cera e regulagem final","un",19103.080000000002]
[4208151,"Ancoragem regulável para estais de 19 cordoalhas D = 15,7 mm - inclusive protensão, injeção de cera e regulagem final","un",26853.78]
[4208202,"Ancoragem regulável para estais de 22 cordoalhas D = 15,7 mm - inclusive protensão, injeção de cera e regulagem final","un",30548.05]
[4208152,"Ancoragem regulável para estais de 31 cordoalhas D = 15,7 mm - inclusive protensão, injeção de cera e regulagem final","un",43063.94]
[4208153,"Ancoragem regulável para estais de 37 cordoalhas D = 15,7 mm - inclusive protensão, injeção de cera e regulagem final","un",51176.84]
[4208203,"Ancoragem regulável para estais de 43 cordoalhas D = 15,7 mm - inclusive protensão, injeção de cera e regulagem final","un",59418.28]
[4208154,"Ancoragem regulável para estais de 55 cordoalhas D = 15,7 mm - inclusive protensão, injeção de cera e regulagem final","un",75338.19]
[4208155,"Ancoragem regulável para estais de 61 cordoalhas D = 15,7 mm - inclusive protensão, injeção de cera e regulagem final","un",85023.81]
[4208156,"Ancoragem regulável para estais de 73 cordoalhas D = 15,7 mm - inclusive protensão, injeção de cera e regulagem final","un",103242.64]
[4208204,"Ancoragem regulável para estais de 85 cordoalhas D = 15,7 mm - inclusive protensão, injeção de cera e regulagem final","un",116700.52]
[4208157,"Ancoragem regulável para estais de 91 cordoalhas D = 15,7 mm - inclusive protensão, injeção de cera e regulagem final","un",136817.76999999999]
[4208127,"Cordoalha para estais CP 177 RB D = 15,7 mm - fornecimento, preparo e colocação","kg",28.13]
[4208196,"Elevador de cremalheira - ascensão e ancoragem da torre a partir de 16 m com cada elevação de até 9 m - utilização de 50 vezes - inclusive desmontagem","un",2416.87]
[4208209,"Elevador de cremalheira - montagem e desmontagem até a altura de 16 m - exceto fundações","un",10322.379999999999]
[4208206,"Elevador de cremalheira com cabine simples, com capacidade de 1.500 kg e altura de até 100 m - operação","h",113.9]
[4208210,"Grua fixa - montagem e desmontagem até a altura de 60 m - exceto fundações","un",23314.42]
[4208195,"Grua fixa - telescopagem e ancoragem da torre a partir de 60 m com cada elevação de até 18 m - inclusive desmontagem","un",12288.96]
[4208208,"Grua fixa com altura de 60 a 102 m, com alcance de 60 m e capacidade de 1.500 kg na ponta da lança - operação","h",531.91]
[4208135,"Tubo antivandalismo em aço galvanizado para estais de 12 cordoalhas D = 15,7 mm - fornecimento e instalação","m",11293.62]
[4208136,"Tubo antivandalismo em aço galvanizado para estais de 19 cordoalhas D = 15,7 mm - fornecimento e instalação","m",13380.11]
[4208137,"Tubo antivandalismo em aço galvanizado para estais de 22 cordoalhas D = 15,7 mm - fornecimento e instalação","m",15627.68]
[4208138,"Tubo antivandalismo em aço galvanizado para estais de 31 cordoalhas D = 15,7 mm - fornecimento e instalação","m",19566.490000000002]
[4208139,"Tubo antivandalismo em aço galvanizado para estais de 37 cordoalhas D = 15,7 mm - fornecimento e instalação","m",22569.119999999999]
[4208140,"Tubo antivandalismo em aço galvanizado para estais de 43 cordoalhas D = 15,7 mm - fornecimento e instalação","m",29501.94]
[4208141,"Tubo antivandalismo em aço galvanizado para estais de 55 cordoalhas D = 15,7 mm - fornecimento e instalação","m",33261.64]
[4208212,"Tubo antivandalismo em aço galvanizado para estais de 61 cordoalhas D = 15,7 mm - fornecimento e instalação","m",38129.440000000002]
[4208213,"Tubo antivandalismo em aço galvanizado para estais de 73 cordoalhas D = 15,7 mm - fornecimento e instalação","m",48362]
[4208214,"Tubo antivandalismo em aço galvanizado para estais de 85 cordoalhas D = 15,7 mm - fornecimento e instalação","m",56302.25]
[4208215,"Tubo antivandalismo em aço galvanizado para estais de 91 cordoalhas D = 15,7 mm - fornecimento e instalação","m",74620.100000000006]
[4208216,"Tubo fôrma lado fixo em aço galvanizado para estais de 12 cordoalhas D = 15,7 mm - fornecimento e instalação","m",10550.51]
[4208217,"Tubo fôrma lado fixo em aço galvanizado para estais de 19 cordoalhas D = 15,7 mm - fornecimento e instalação","m",12438.49]
[4208218,"Tubo fôrma lado fixo em aço galvanizado para estais de 22 cordoalhas D = 15,7 mm - fornecimento e instalação","m",15255.71]
[4208219,"Tubo fôrma lado fixo em aço galvanizado para estais de 31 cordoalhas D = 15,7 mm - fornecimento e instalação","m",18826.240000000002]
[4208220,"Tubo fôrma lado fixo em aço galvanizado para estais de 37 cordoalhas D = 15,7 mm - fornecimento e instalação","m",22026.41]
[4208221,"Tubo fôrma lado fixo em aço galvanizado para estais de 43 cordoalhas D = 15,7 mm - fornecimento e instalação","m",28978.28]
[4208222,"Tubo fôrma lado fixo em aço galvanizado para estais de 55 cordoalhas D = 15,7 mm - fornecimento e instalação","m",32365.86]
[4208223,"Tubo fôrma lado fixo em aço galvanizado para estais de 61 cordoalhas D = 15,7 mm - fornecimento e instalação","m",37421.64]
[4208224,"Tubo fôrma lado fixo em aço galvanizado para estais de 73 cordoalhas D = 15,7 mm - fornecimento e instalação","m",47579.38]
[4208225,"Tubo fôrma lado fixo em aço galvanizado para estais de 85 cordoalhas D = 15,7 mm - fornecimento e instalação","m",55630.59]
[4208226,"Tubo fôrma lado fixo em aço galvanizado para estais de 91 cordoalhas D = 15,7 mm - fornecimento e instalação","m",73684]
[4208227,"Tubo fôrma lado regulável em aço galvanizado para estais de 12 cordoalhas D = 15,7 mm - fornecimento e instalação","m",10531.75]
[4208228,"Tubo fôrma lado regulável em aço galvanizado para estais de 19 cordoalhas D = 15,7 mm - fornecimento e instalação","m",12438.57]
[4208229,"Tubo fôrma lado regulável em aço galvanizado para estais de 22 cordoalhas D = 15,7 mm - fornecimento e instalação","m",15255.74]
[4208230,"Tubo fôrma lado regulável em aço galvanizado para estais de 31 cordoalhas D = 15,7 mm - fornecimento e instalação","m",18826.41]
[4208231,"Tubo fôrma lado regulável em aço galvanizado para estais de 37 cordoalhas D = 15,7 mm - fornecimento e instalação","m",22026.47]
[4208232,"Tubo fôrma lado regulável em aço galvanizado para estais de 43 cordoalhas D = 15,7 mm - fornecimento e instalação","m",28978.36]
[4208233,"Tubo fôrma lado regulável em aço galvanizado para estais de 55 cordoalhas D = 15,7 mm - fornecimento e instalação","m",32366.080000000002]
[4208234,"Tubo fôrma lado regulável em aço galvanizado para estais de 61 cordoalhas D = 15,7 mm - fornecimento e instalação","m",37421.67]
[4208235,"Tubo fôrma lado regulável em aço galvanizado para estais de 73 cordoalhas D = 15,7 mm - fornecimento e instalação","m",47579.5]
[4208236,"Tubo fôrma lado regulável em aço galvanizado para estais de 85 cordoalhas D = 15,7 mm - fornecimento e instalação","m",55529.41]
[4208237,"Tubo fôrma lado regulável em aço galvanizado para estais de 91 cordoalhas D = 15,7 mm - fornecimento e instalação","m",73711.259999999995]
[4208128,"Tubo PEAD para estais - D = 110 mm - fornecimento e instalação","m",393]
[4208129,"Tubo PEAD para estais - D = 140 mm - fornecimento e instalação","m",625.67999999999995]
[4208130,"Tubo PEAD para estais - D = 160 mm - fornecimento e instalação","m",819.23]
[4208131,"Tubo PEAD para estais - D = 180 mm - fornecimento e instalação","m",1051.3699999999999]
[4208132,"Tubo PEAD para estais - D = 200 mm - fornecimento e instalação","m",1207.29]
[4208133,"Tubo PEAD para estais - D = 225 mm - fornecimento e instalação","m",1516.31]
[4208134,"Tubo PEAD para estais - D = 250 mm - fornecimento e instalação","m",1692.48]
[4208238,"Tubo PEAD para estais - D = 280 mm - fornecimento e instalação","m",1964.07]
[4208239,"Tubo PEAD para estais - D = 315 mm - fornecimento e instalação","m",2277]
[4413920,"Adubação de cobertura por equipamento de hidrossemeadura em áreas de semeadura via seca ou de hidrossemeadura","m²",0.61]
[4413024,"Adubação manual de cobertura em áreas de enleivamento ou de plantio de mudas de gramíneas","m²",0.44]
[4413022,"Adubação manual de cobertura em áreas de semeadura via seca ou de hidrossemeadura","m²",0.69]
[4413020,"Barreira arbórea para tratamento acústico das áreas lindeiras da faixa de domínio – densidade de plantio de 1,0 m entre mudas","m",37.6]
[4413013,"Cerca de passagem de fauna com tela de alambrado sobre mureta de blocos de concreto - H = 20 cm - mourões de madeira a cada 2,5 m e esticador a cada 50 m","m",89.05]
[4413019,"Cerca viva para tratamento acústico das áreas lindeiras da faixa de domínio – densidade de plantio de 1,0 m entre mudas","m",35.99]
[4413026,"Dique de bambu para controle de erosão de taludes","m²",236.17]
[4413996,"Enleivamento","m²",9.65]
[4413942,"Espalhamento de material em bota-fora","m³",1.57]
[4413018,"Fixação de tela eletrossoldada em talude para lançamento de argamassa ou concreto projetado","kg",13.58]
[4413905,"Hidrossemeadura","m²",6.39]
[4413987,"Irrigação de área plantada para proteção vegetal do corpo estradal","m²",0.32]
[4413995,"Obtenção de grama para replantio","m²",2.68]
[4413994,"Passagem aérea de animais com rede de cabos de aço e sisal apoiadas em 6 postes de concreto de 15 m - extensão total de 100 m","m",621.6]
[4413200,"Plantio de grama comercial em placas","m²",14.84]
[4413990,"Plantio de muda de arbusto com altura até 0,50 m em cova de 0,40 x 0,40 x 0,40 m","un",35.99]
[4413989,"Plantio de muda de árvore com altura de 0,30 a 0,80 m em cova de 0,60 x 0,60 x 0,60 m","un",37.6]
[4413951,"Plantio de muda de árvore frutífera com altura até 1,00 m em cova de 0,60 x 0,60 x 0,60 m","un",67.87]
[4413950,"Plantio de muda de árvore frutífera com altura de 1,00 a 2,00 m em cova de 0,60 x 0,60 x 0,60 m","un",120.84]
[4413949,"Plantio de muda de árvore frutífera com altura de 2,00 a 3,00 m em cova de 0,60 x 0,60 x 0,60 m","un",212.66]
[4413948,"Plantio de muda de árvore ornamental com altura até 1,00 m em cova de 0,60 x 0,60 x 0,60 m","un",56.59]
[4413947,"Plantio de muda de árvore ornamental com altura de 1,00 a 2,00 m em cova de 0,60 x 0,60 x 0,60 m","un",98.37]
[4413946,"Plantio de muda de árvore ornamental com altura de 2,00 a 3,00 m em cova de 0,60 x 0,60 x 0,60 m","un",124.43]
[4413952,"Plantio de tapete de floríferas com altura até 0,50 m","m²",77.72]
[4413012,"Preenchimento de erosão em talude com terra vegetal e sementes de gramíneas ensacadas","m³",396.72]
[4413014,"Recuperação ambiental de pedreiras ou áreas degradadas com biomanta vegetal de fibras de coco","m²",16.53]
[4413016,"Recuperação ambiental de pedreiras ou áreas degradadas com biomanta vegetal de fibras de palha em áreas com inclinação máxima de 1:1,5","m²",10.3]
[4413984,"Regularização de bota-fora com espalhamento e compactação","m³",3.49]
[4413986,"Regularização de superfície com motoniveladora","m²",0.06]
[4413985,"Regularização manual de taludes de cortes e aterros","m²",21.07]
[4413017,"Retentores de sedimentos em fibras vegetais - D = 20 cm","m",55.06]
[4415673,"Revestimento vegetal com grama em mudas em superfícies inclinadas","m²",7.68]
[4415684,"Revestimento vegetal com grama em mudas em superfícies planas","m²",4.3600000000000003]
[4413993,"Revestimento vegetal por semeadura a lanço manual de gramíneas e leguminosas","m²",0.64]
[4507754,"Ancoragem ativa com 10 cordoalhas aderentes D = 12,7 mm - fornecimento e instalação","un",929.92]
[4507738,"Ancoragem ativa com 10 cordoalhas aderentes D = 15,2 mm - fornecimento e instalação","un",1259.32]
[4507755,"Ancoragem ativa com 12 cordoalhas aderentes D = 12,7 mm - fornecimento e instalação","un",1165.03]
[4507756,"Ancoragem ativa com 12 cordoalhas aderentes D = 15,2 mm - fornecimento e instalação","un",1529.61]
[4507757,"Ancoragem ativa com 15 cordoalhas aderentes D = 12,7 mm - fornecimento e instalação","un",1615.68]
[4507758,"Ancoragem ativa com 15 cordoalhas aderentes D = 15,2 mm - fornecimento e instalação","un",2004.66]
[4507759,"Ancoragem ativa com 19 cordoalhas aderentes D = 12,7 mm - fornecimento e instalação","un",2039.62]
[4507760,"Ancoragem ativa com 19 cordoalhas aderentes D = 15,2 mm - fornecimento e instalação","un",2592.23]
[4507761,"Ancoragem ativa com 22 cordoalhas aderentes D = 12,7 mm - fornecimento e instalação","un",2630.8]
[4507762,"Ancoragem ativa com 22 cordoalhas aderentes D = 15,2 mm - fornecimento e instalação","un",3347.01]
[4507763,"Ancoragem ativa com 27 cordoalhas aderentes D = 12,7 mm - fornecimento e instalação","un",3191.08]
[4507764,"Ancoragem ativa com 27 cordoalhas aderentes D = 15,2 mm - fornecimento e instalação","un",4359.53]
[4507765,"Ancoragem ativa com 31 cordoalhas aderentes D = 12,7 mm - fornecimento e instalação","un",3590.47]
[4508192,"Ancoragem ativa com 31 cordoalhas aderentes D = 15,2 mm - fornecimento e instalação","un",6067.49]
[4507766,"Ancoragem ativa com 4 cordoalhas aderentes D = 12,7 mm - fornecimento e instalação","un",417.55]
[4507767,"Ancoragem ativa com 4 cordoalhas aderentes D = 15,2 mm - fornecimento e instalação","un",510.2]
[4507768,"Ancoragem ativa com 6 cordoalhas aderentes D = 12,7 mm - fornecimento e instalação","un",561.35]
[4507769,"Ancoragem ativa com 6 cordoalhas aderentes D = 15,2 mm - fornecimento e instalação","un",706.7]
[4507770,"Ancoragem ativa com 7 cordoalhas aderentes D = 12,7 mm - fornecimento e instalação","un",643.37]
[4507771,"Ancoragem ativa com 7 cordoalhas aderentes D = 15,2 mm - fornecimento e instalação","un",825.33]
[4507772,"Ancoragem ativa com 8 cordoalhas aderentes D = 12,7 mm - fornecimento e instalação","un",751.63]
[4508193,"Ancoragem ativa com 8 cordoalhas aderentes D = 15,2 mm - fornecimento e instalação","un",951.03]
[4507773,"Ancoragem ativa com 9 cordoalhas aderentes D = 12,7 mm - fornecimento e instalação","un",843.87]
[4507774,"Ancoragem ativa com 9 cordoalhas aderentes D = 15,2 mm - fornecimento e instalação","un",1126.6500000000001]
[4507775,"Ancoragem ativa para lajes com 1 cordoalha aderente D = 12,7 mm - fornecimento e instalação","un",103.63]
[4507776,"Ancoragem ativa para lajes com 1 cordoalha aderente D = 15,2 mm - fornecimento e instalação","un",114.13]
[4507783,"Ancoragem ativa para lajes com 1 cordoalha engraxada D = 12,7 mm - fornecimento e instalação","un",81.290000000000006]
[4507784,"Ancoragem ativa para lajes com 1 cordoalha engraxada D = 15,2 mm - fornecimento e instalação","un",114.38]
[4507777,"Ancoragem ativa para lajes com 2 cordoalhas aderentes D = 12,7 mm - fornecimento e instalação","un",195.98]
[4507778,"Ancoragem ativa para lajes com 2 cordoalhas aderentes D = 15,2 mm - fornecimento e instalação","un",243.35]
[4507779,"Ancoragem ativa para lajes com 3 cordoalhas aderentes D = 12,7 mm - fornecimento e instalação","un",264.68]
[4507780,"Ancoragem ativa para lajes com 3 cordoalhas aderentes D = 15,2 mm - fornecimento e instalação","un",320.13]
[4507781,"Ancoragem ativa para lajes com 4 cordoalhas aderentes D = 12,7 mm - fornecimento e instalação","un",335.82]
[4507782,"Ancoragem ativa para lajes com 4 cordoalhas aderentes D = 15,2 mm - fornecimento e instalação","un",398.56]
[4507785,"Ancoragem passiva com 10 cordoalhas aderentes D = 12,7 mm - fornecimento e instalação","un",148.30000000000001]
[4508194,"Ancoragem passiva com 10 cordoalhas aderentes D = 15,2 mm - fornecimento e instalação","un",157.99]
[4507786,"Ancoragem passiva com 12 cordoalhas aderentes D = 12,7 mm - fornecimento e instalação","un",171.88]
[4507787,"Ancoragem passiva com 12 cordoalhas aderentes D = 15,2 mm - fornecimento e instalação","un",181.64]
[4507788,"Ancoragem passiva com 15 cordoalhas aderentes D = 12,7 mm - fornecimento e instalação","un",232.88]
[4507789,"Ancoragem passiva com 15 cordoalhas aderentes D = 15,2 mm - fornecimento e instalação","un",252.83]
[4507790,"Ancoragem passiva com 19 cordoalhas aderentes D = 12,7 mm - fornecimento e instalação","un",285.35000000000002]
[4507791,"Ancoragem passiva com 19 cordoalhas aderentes D = 15,2 mm - fornecimento e instalação","un",310.67]
[4507792,"Ancoragem passiva com 22 cordoalhas aderentes D = 12,7 mm - fornecimento e instalação","un",376.67]
[4507793,"Ancoragem passiva com 22 cordoalhas aderentes D = 15,2 mm - fornecimento e instalação","un",379.45]
[4507794,"Ancoragem passiva com 27 cordoalhas aderentes D = 12,7 mm - fornecimento e instalação","un",513.47]
[4507795,"Ancoragem passiva com 27 cordoalhas aderentes D = 15,2 mm - fornecimento e instalação","un",536.19000000000005]
[4507796,"Ancoragem passiva com 31 cordoalhas aderentes D = 12,7 mm - fornecimento e instalação","un",592.57000000000005]
[4508190,"Ancoragem passiva com 31 cordoalhas aderentes D = 15,2 mm - fornecimento e instalação","un",655.85]
[4507797,"Ancoragem passiva com 4 cordoalhas aderentes D = 12,7 mm - fornecimento e instalação","un",65.959999999999994]
[4507798,"Ancoragem passiva com 4 cordoalhas aderentes D = 15,2 mm - fornecimento e instalação","un",71.22]
[4507799,"Ancoragem passiva com 6 cordoalhas aderentes D = 12,7 mm - fornecimento e instalação","un",96.08]
[4507800,"Ancoragem passiva com 6 cordoalhas aderentes D = 15,2 mm - fornecimento e instalação","un",99.83]
[4507801,"Ancoragem passiva com 7 cordoalhas aderentes D = 12,7 mm - fornecimento e instalação","un",115.24]
[4507802,"Ancoragem passiva com 7 cordoalhas aderentes D = 15,2 mm - fornecimento e instalação","un",118.99]
[4507803,"Ancoragem passiva com 8 cordoalhas aderentes D = 12,7 mm - fornecimento e instalação","un",115.65]
[4508191,"Ancoragem passiva com 8 cordoalhas aderentes D = 15,2 mm - fornecimento e instalação","un",119.4]
[4507804,"Ancoragem passiva com 9 cordoalhas aderentes D = 12,7 mm - fornecimento e instalação","un",143.33000000000001]
[4507805,"Ancoragem passiva com 9 cordoalhas aderentes D = 15,2 mm - fornecimento e instalação","un",149.31]
[4507806,"Ancoragem passiva para lajes com 1 cordoalha aderente D = 12,7 mm - fornecimento e instalação","un",27.57]
[4507807,"Ancoragem passiva para lajes com 1 cordoalha aderente D = 15,2 mm - fornecimento e instalação","un",33.090000000000003]
[4507866,"Ancoragem passiva para lajes com 1 cordoalha engraxada D = 12,7 mm - fornecimento e instalação","un",76.760000000000005]
[4507867,"Ancoragem passiva para lajes com 1 cordoalha engraxada D = 15,2 mm - fornecimento e instalação","un",109.85]
[4507808,"Ancoragem passiva para lajes com 2 cordoalhas aderentes D = 12,7 mm - fornecimento e instalação","un",31.26]
[4507809,"Ancoragem passiva para lajes com 2 cordoalhas aderentes D = 15,2 mm - fornecimento e instalação","un",38.69]
[4507810,"Ancoragem passiva para lajes com 3 cordoalhas aderentes D = 12,7 mm - fornecimento e instalação","un",50.96]
[4507811,"Ancoragem passiva para lajes com 3 cordoalhas aderentes D = 15,2 mm - fornecimento e instalação","un",51.1]
[4507812,"Ancoragem passiva para lajes com 4 cordoalhas aderentes D = 12,7 mm - fornecimento e instalação","un",58.67]
[4507813,"Ancoragem passiva para lajes com 4 cordoalhas aderentes D = 15,2 mm - fornecimento e instalação","un",76.400000000000006]
[4507851,"Bainha metálica ovalizada seção 19 x 36 mm para 1 cordoalha D = 12,7 mm - fornecimento, instalação e injeção de nata de cimento","m",35.1]
[4507852,"Bainha metálica ovalizada seção 19 x 36 mm para 2 cordoalhas D = 12,7 mm - fornecimento, instalação e injeção de nata de cimento","m",34.97]
[4507853,"Bainha metálica ovalizada seção 19 x 48 mm para 3 cordoalhas D = 12,7 mm - fornecimento, instalação e injeção de nata de cimento","m",38.1]
[4507854,"Bainha metálica ovalizada seção 19 x 62 mm para 4 cordoalhas D = 12,7 mm - fornecimento, instalação e injeção de nata de cimento","m",42.14]
[4507855,"Bainha metálica ovalizada seção 22 x 32 mm para 1 cordoalha D = 15,2 mm - fornecimento, instalação e injeção de nata de cimento","m",33.43]
[4507856,"Bainha metálica ovalizada seção 22 x 32 mm para 2 cordoalhas D = 15,2 mm - fornecimento, instalação e injeção de nata de cimento","m",33.24]
[4507857,"Bainha metálica ovalizada seção 22 x 55 mm para 3 cordoalhas D = 15,2 mm - fornecimento, instalação e injeção de nata de cimento","m",40.17]
[4507858,"Bainha metálica ovalizada seção 22 x 73 mm para 4 cordoalhas D = 15,2 mm - fornecimento, instalação e injeção de nata de cimento","m",45.66]
[4508177,"Bainha metálica redonda D = 100 mm para 21 cordoalhas D = 15,2 mm - fornecimento, instalação e injeção de nata de cimento","m",86.87]
[4508178,"Bainha metálica redonda D = 100 mm para 22 cordoalhas D = 15,2 mm - fornecimento, instalação e injeção de nata de cimento","m",86.68]
[4507821,"Bainha metálica redonda D = 100 mm para 24 cordoalhas D = 15,2 mm - fornecimento, instalação e injeção de nata de cimento","m",86.29]
[4507822,"Bainha metálica redonda D = 100 mm para 25 cordoalhas D = 15,2 mm - fornecimento, instalação e injeção de nata de cimento","m",86.09]
[4507823,"Bainha metálica redonda D = 100 mm para 30 cordoalhas D = 12,7 mm - fornecimento, instalação e injeção de nata de cimento","m",86.88]
[4508188,"Bainha metálica redonda D = 100 mm para 31 cordoalhas D = 12,7 mm - fornecimento, instalação e injeção de nata de cimento","m",86.75]
[4507824,"Bainha metálica redonda D = 110 mm para 27 cordoalhas D = 15,2 mm - fornecimento, instalação e injeção de nata de cimento","m",96.37]
[4507825,"Bainha metálica redonda D = 110 mm para 37 cordoalhas D = 12,7 mm - fornecimento, instalação e injeção de nata de cimento","m",96.6]
[4507826,"Bainha metálica redonda D = 120 mm para 30 cordoalhas D = 15,2 mm - fornecimento, instalação e injeção de nata de cimento","m",103.47]
[4508179,"Bainha metálica redonda D = 120 mm para 31 cordoalhas D = 15,2 mm - fornecimento, instalação e injeção de nata de cimento","m",103.27]
[4507827,"Bainha metálica redonda D = 130 mm para 37 cordoalhas D = 15,2 mm - fornecimento, instalação e injeção de nata de cimento","m",109.26]
[4508180,"Bainha metálica redonda D = 30 mm para 2 cordoalhas D = 12,7 mm - fornecimento, instalação e injeção de nata de cimento","m",32.380000000000003]
[4507739,"Bainha metálica redonda D = 35 mm para 2 cordoalhas D = 15,2 mm - fornecimento, instalação e injeção de nata de cimento","m",34.21]
[4508181,"Bainha metálica redonda D = 35 mm para 3 cordoalhas D = 12,7 mm - fornecimento, instalação e injeção de nata de cimento","m",34.19]
[4508125,"Bainha metálica redonda D = 40 mm para 3 cordoalhas D = 15,2 mm - fornecimento, instalação e injeção de nata de cimento","m",37.229999999999997]
[4507828,"Bainha metálica redonda D = 40 mm para 4 cordoalhas D = 12,7 mm - fornecimento, instalação e injeção de nata de cimento","m",37.270000000000003]
[4507829,"Bainha metálica redonda D = 45 mm para 4 cordoalhas D = 15,2 mm - fornecimento, instalação e injeção de nata de cimento","m",40.549999999999997]
[4508182,"Bainha metálica redonda D = 45 mm para 5 cordoalhas D = 12,7 mm - fornecimento, instalação e injeção de nata de cimento","m",40.65]
[4508092,"Bainha metálica redonda D = 50 mm para 5 cordoalhas D = 15,2 mm - fornecimento, instalação e injeção de nata de cimento","m",43.52]
[4507830,"Bainha metálica redonda D = 50 mm para 6 cordoalhas D = 12,7 mm - fornecimento, instalação e injeção de nata de cimento","m",43.68]
[4508183,"Bainha metálica redonda D = 55 mm para 7 cordoalhas D = 12,7 mm - fornecimento, instalação e injeção de nata de cimento","m",52.24]
[4507831,"Bainha metálica redonda D = 55 mm para 8 cordoalhas D = 12,7 mm - fornecimento, instalação e injeção de nata de cimento","m",47.13]
[4507832,"Bainha metálica redonda D = 60 mm para 6 cordoalhas D = 15,2 mm - fornecimento, instalação e injeção de nata de cimento","m",52.87]
[4507833,"Bainha metálica redonda D = 60 mm para 9 cordoalhas D = 12,7 mm - fornecimento, instalação e injeção de nata de cimento","m",52.82]
[4507834,"Bainha metálica redonda D = 65 mm para 10 cordoalhas D = 12,7 mm - fornecimento, instalação e injeção de nata de cimento","m",55.19]
[4508184,"Bainha metálica redonda D = 65 mm para 11 cordoalhas D = 12,7 mm - fornecimento, instalação e injeção de nata de cimento","m",55.06]
[4507835,"Bainha metálica redonda D = 65 mm para 12 cordoalhas D = 12,7 mm - fornecimento, instalação e injeção de nata de cimento","m",54.92]
[4508174,"Bainha metálica redonda D = 65 mm para 7 cordoalhas D = 15,2 mm - fornecimento, instalação e injeção de nata de cimento","m",55.19]
[4507836,"Bainha metálica redonda D = 65 mm para 8 cordoalhas D = 15,2 mm - fornecimento, instalação e injeção de nata de cimento","m",54.99]
[4507837,"Bainha metálica redonda D = 70 mm para 15 cordoalhas D = 12,7 mm - fornecimento, instalação e injeção de nata de cimento","m",59.15]
[4507838,"Bainha metálica redonda D = 70 mm para 9 cordoalhas D = 15,2 mm - fornecimento, instalação e injeção de nata de cimento","m",59.43]
[4507839,"Bainha metálica redonda D = 75 mm para 10 cordoalhas D = 15,2 mm - fornecimento, instalação e injeção de nata de cimento","m",61.83]
[4508175,"Bainha metálica redonda D = 75 mm para 11 cordoalhas D = 15,2 mm - fornecimento, instalação e injeção de nata de cimento","m",61.63]
[4507840,"Bainha metálica redonda D = 75 mm para 16 cordoalhas D = 12,7 mm - fornecimento, instalação e injeção de nata de cimento","m",61.6]
[4507841,"Bainha metálica redonda D = 75 mm para 18 cordoalhas D = 12,7 mm - fornecimento, instalação e injeção de nata de cimento","m",61.33]
[4507842,"Bainha metálica redonda D = 80 mm para 12 cordoalhas D = 15,2 mm - fornecimento, instalação e injeção de nata de cimento","m",66.650000000000006]
[4508185,"Bainha metálica redonda D = 80 mm para 19 cordoalhas D = 12,7 mm - fornecimento, instalação e injeção de nata de cimento","m",66.400000000000006]
[4507843,"Bainha metálica redonda D = 80 mm para 20 cordoalhas D = 12,7 mm - fornecimento, instalação e injeção de nata de cimento","m",66.27]
[4507844,"Bainha metálica redonda D = 85 mm para 15 cordoalhas D = 15,2 mm - fornecimento, instalação e injeção de nata de cimento","m",70.27]
[4508186,"Bainha metálica redonda D = 85 mm para 21 cordoalhas D = 12,7 mm - fornecimento, instalação e injeção de nata de cimento","m",70.34]
[4508187,"Bainha metálica redonda D = 85 mm para 22 cordoalhas D = 12,7 mm - fornecimento, instalação e injeção de nata de cimento","m",70.2]
[4507845,"Bainha metálica redonda D = 85 mm para 24 cordoalhas D = 12,7 mm - fornecimento, instalação e injeção de nata de cimento","m",69.930000000000007]
[4507846,"Bainha metálica redonda D = 85 mm para 25 cordoalhas D = 12,7 mm - fornecimento, instalação e injeção de nata de cimento","m",69.790000000000006]
[4507847,"Bainha metálica redonda D = 90 mm para 16 cordoalhas D = 15,2 mm - fornecimento, instalação e injeção de nata de cimento","m",79.67]
[4507848,"Bainha metálica redonda D = 90 mm para 18 cordoalhas D = 15,2 mm - fornecimento, instalação e injeção de nata de cimento","m",79.28]
[4507849,"Bainha metálica redonda D = 90 mm para 27 cordoalhas D = 12,7 mm - fornecimento, instalação e injeção de nata de cimento","m",79.11]
[4508176,"Bainha metálica redonda D = 95 mm para 19 cordoalhas D = 15,2 mm - fornecimento, instalação e injeção de nata de cimento","m",84.47]
[4507850,"Bainha metálica redonda D = 95 mm para 20 cordoalhas D = 15,2 mm - fornecimento, instalação e injeção de nata de cimento","m",84.28]
[4507956,"Cordoalha CP 190 RB D = 12,7 mm - fornecimento e instalação","kg",13.57]
[4507957,"Cordoalha CP 190 RB D = 15,2 mm - fornecimento e instalação","kg",13.55]
[4507958,"Cordoalha engraxada CP 190 RB D = 12,7 mm - fornecimento e instalação","kg",15.79]
[4507959,"Cordoalha engraxada CP 190 RB D = 15,2 mm - fornecimento e instalação","kg",15.79]
[4516138,"Gaiola metálica em cantoneira para armazenamento e manipulação de cordoalha - confecção","kg",10.88]
[4516137,"Nicho de madeira para dispositivo de ancoragem de protensão - confecção e instalação","m²",130.54]
[4805755,"Apiloamento manual","m³",31.09]
[4805756,"Apiloamento manual de superfície com espessura de 15 cm","m²",4.66]
[4816020,"Areia extraída com draga de sucção tipo bomba","m³",10.88]
[4816019,"Areia extraída com escavadeira hidráulica de longo alcance","m³",7.19]
[4816018,"Areia extraída com trator e carregadeira","m³",4.45]
[4816012,"Brita produzida em central de britagem de 80 m³/h","m³",51.66]
[4815805,"Calandragem de chapa metálica com espessura de 3 mm","m²",12.72]
[4815802,"Calandragem de chapa metálica com espessura de 5 mm","m²",18.78]
[4805754,"Compactação manual com soquete vibratório","m³",6.4]
[4816145,"Confecção de canaleta meia cana D = 0,30 m - areia e brita comerciais","m",25.46]
[4816144,"Confecção de canaleta meia cana D = 0,30 m - areia extraída e brita produzida","m",23.49]
[4816147,"Confecção de canaleta meia cana D = 0,40 m - areia e brita comerciais","m",35.33]
[4816146,"Confecção de canaleta meia cana D = 0,40 m - areia extraída e brita produzida","m",31.79]
[4816121,"Confecção de tubos de concreto D = 0,20 m - areia e brita comerciais","m",29.56]
[4816120,"Confecção de tubos de concreto D = 0,20 m - areia extraída e brita produzida","m",26.81]
[4816123,"Confecção de tubos de concreto D = 0,30 m - areia e brita comerciais","m",39.130000000000003]
[4816122,"Confecção de tubos de concreto D = 0,30 m - areia extraída e brita produzida","m",35.19]
[4816125,"Confecção de tubos de concreto D = 0,40 m - areia e brita comerciais","m",55.44]
[4816124,"Confecção de tubos de concreto D = 0,40 m - areia extraída e brita produzida","m",48.34]
[4816022,"Confecção de tubos de concreto D = 0,50 m - areia e brita comerciais","m",74.12]
[4816021,"Confecção de tubos de concreto D = 0,50 m - areia extraída e brita produzida","m",63.24]
[4816106,"Confecção de tubos de concreto perfurado D = 0,20 m - areia e brita comerciais","m",30.6]
[4816105,"Confecção de tubos de concreto perfurado D = 0,20 m - areia extraída e brita produzida","m",27.84]
[4816108,"Confecção de tubos de concreto perfurado D = 0,30 m - areia e brita comerciais","m",40.159999999999997]
[4816107,"Confecção de tubos de concreto perfurado D = 0,30 m - areia extraída e brita produzida","m",36.22]
[4816110,"Confecção de tubos de concreto perfurado D = 0,40 m - areia e brita comerciais","m",56.47]
[4816109,"Confecção de tubos de concreto perfurado D = 0,40 m - areia extraída e brita produzida","m",49.38]
[4816100,"Confecção de tubos de concreto poroso D = 0,20 m - areia e brita comerciais","m",30.19]
[4816099,"Confecção de tubos de concreto poroso D = 0,20 m - areia extraída e brita produzida","m",28.6]
[4816102,"Confecção de tubos de concreto poroso D = 0,30 m - areia e brita comerciais","m",38.659999999999997]
[4816101,"Confecção de tubos de concreto poroso D = 0,30 m - areia extraída e brita produzida","m",37.31]
[4816104,"Confecção de tubos de concreto poroso D = 0,40 m - areia e brita comerciais","m",54.7]
[4816103,"Confecção de tubos de concreto poroso D = 0,40 m - areia extraída e brita produzida","m",50.61]
[4815804,"Dobramento de chapas de alumínio com espessura de 1,5 mm e comprimento de dobra de até 500 mm","un",0.5]
[4816002,"Escavação de tunnel liner em material de 3ª categoria","m³",1369.53]
[4805765,"Escavação de vala em material de 3ª categoria","m³",184.21]
[4816000,"Escavação manual de tunnel liner em material de 1ª categoria","m³",445.4]
[4816001,"Escavação manual de tunnel liner em material de 2ª categoria","m³",737.33]
[4805749,"Escavação manual de vala em material de 1ª categoria","m³",70.22]
[4805751,"Escavação manual em material de 1ª categoria na profundidade de 1 a 2 m","m³",52.66]
[4805752,"Escavação manual em material de 1ª categoria na profundidade de 2 a 3 m","m³",63.2]
[4805753,"Escavação manual em material de 1ª categoria na profundidade de 3 a 4 m","m³",73.73]
[4805750,"Escavação manual em material de 1ª categoria na profundidade de até 1 m","m³",42.13]
[4805767,"Escavação manual em material de 2ª categoria na profundidade de 1 a 2 m","m³",72.94]
[4805769,"Escavação manual em material de 2ª categoria na profundidade de 2 a 3 m","m³",86.83]
[4805770,"Escavação manual em material de 2ª categoria na profundidade de 3 a 4 m","m³",100.73]
[4805760,"Escavação manual em material de 2ª categoria na profundidade de até 1 m","m³",59.05]
[4805757,"Escavação mecânica de vala em material de 1ª categoria","m³",6.54]
[4805762,"Escavação mecânica de vala em material de 2ª categoria","m³",8.09]
[4806395,"Fixação de parafuso em estrutura metálica","un",5.17]
[4816003,"Iluminação provisória para tunnel liner","m",41.52]
[4816017,"Material pétreo produzido em britador de mandíbulas móvel - camada final de aterro em rocha","m³",20.2]
[4816023,"Operação de mergulho autônomo em profundidade de até 20 m","h",225.26]
[4816025,"Operação de mergulho dependente em profundidade de 30 a 50 m - inclusive descompressão","h",413.21]
[4816024,"Operação de mergulho dependente em profundidade de até 30 m - inclusive descompressão","h",287.18]
[4816005,"Pedra de mão produzida manualmente","m³",81.37]
[4800400,"Preparo e regularização de terreno em desnível","m²",4.9000000000000004]
[4816016,"Rachão ou pedra de mão produzida","m³",37.68]
[4800412,"Raspagem e limpeza de terreno plano","m²",4.21]
[4815671,"Reaterro e compactação com soquete vibratório","m³",16.100000000000001]
[4815803,"Rebordeamento de chapa metálica com espessura de 5 mm","m",7.31]
[4816011,"Recarga de cilindro com ar respirável para atividades de mergulho","m³",1451.7]
[4816014,"Rocha para britagem com perfuratriz manual","m³",47.13]
[4816010,"Rocha para britagem com perfuratriz sobre esteira","m³",33.369999999999997]
[4816015,"Rocha para britagem com perfuratriz sobre esteira - camada final de aterro em rocha","m³",19.739999999999998]
[4816119,"Selo de argila apiloado (solo local)","m³",35.24]
[4816004,"Ventilação provisória para tunnel liner","m",50.11]
[4915652,"Bico de adesão para injeção de adesivo estrutural à base de resina epóxi - fornecimento, instalação e retirada","un",7.67]
[4915651,"Bico de perfuração para injeção de adesivo estrutural à base de resina epóxi - fornecimento, instalação e retirada","un",8.94]
[4915723,"Caiação manual com fixador de cal","m²",3.13]
[4915724,"Caiação mecanizada com fixador de cal","m²",1.72]
[4915637,"Capa selante - areia comercial","m²",0.94]
[4915779,"Capa selante - areia extraída","m²",0.61]
[4915638,"Capa selante - brita produzida","m²",0.73]
[4915636,"Capa selante - pedrisco comercial","m²",0.94]
[4915744,"Capina manual","m²",0.7]
[4915700,"Combate à exsudação - areia comercial","m²",1.1200000000000001]
[4915590,"Combate à exsudação - areia extraída","m²",0.74]
[4915591,"Combate à exsudação - brita produzida","m²",0.86]
[4915701,"Combate à exsudação - pedrisco comercial","m²",1.08]
[4915703,"Correção de defeitos com mistura betuminosa","m³",99.88]
[4915705,"Correção de defeitos por fresagem descontínua do revestimento asfáltico - espessura de 5 cm","m³",120.08]
[4915743,"Corte e limpeza de áreas gramadas","m²",0.08]
[4915768,"Corte e remoção de árvores","m³",14.43]
[4915713,"Desobstrução de bueiro","m³",62.18]
[4915655,"Fresagem contínua de revestimento asfáltico - espessura de 3 cm","m³",85.39]
[4915656,"Fresagem contínua de revestimento asfáltico - espessura de 4 cm","m³",66.98]
[4915657,"Fresagem contínua de revestimento asfáltico - espessura de 5 cm","m³",55.85]
[4915658,"Fresagem contínua de revestimento asfáltico - espessura de 6 cm","m³",48.61]
[4915659,"Fresagem contínua de revestimento asfáltico - espessura de 7 cm","m³",43.53]
[4915660,"Fresagem contínua de revestimento asfáltico - espessura de 8 cm","m³",39.9]
[4915661,"Fresagem descontínua de revestimento asfáltico - espessura de 3 cm","m³",109.75]
[4915662,"Fresagem descontínua de revestimento asfáltico - espessura de 4 cm","m³",86.53]
[4915663,"Fresagem descontínua de revestimento asfáltico - espessura de 5 cm","m³",71.47]
[4915664,"Fresagem descontínua de revestimento asfáltico - espessura de 6 cm","m³",62.71]
[4915665,"Fresagem descontínua de revestimento asfáltico - espessura de 7 cm","m³",56.69]
[4915666,"Fresagem descontínua de revestimento asfáltico - espessura de 8 cm","m³",52.38]
[4915650,"Injeção de adesivo estrutural à base de resina epóxi de baixa viscosidade para tratamento de fissuras em estruturas de concreto - fornecimento e aplicação manual","kg",355.49]
[4915645,"Injeção de adesivo estrutural à base de resina epóxi de baixa viscosidade para tratamento de fissuras em estruturas de concreto - fornecimento e aplicação mecanizada","kg",281.83]
[4915712,"Limpeza de bueiro","m³",20.73]
[4915711,"Limpeza de descida d'água","m",1.38]
[4915790,"Limpeza de emulsão asfáltica ou asfalto diluído derramados na pista - remoção com minicarregadeira com vassoura e descarga livre","t",219.55]
[4915793,"Limpeza de líquidos combustíveis derramados na pista - remoção com minicarregadeira com vassoura e descarga livre","t",171.9]
[4915792,"Limpeza de material asfáltico derramado fora da pista - remoção com escavadeira hidráulica e caminhão basculante","t",74.739999999999995]
[4915718,"Limpeza de placa de sinalização","m²",8.91]
[4915672,"Limpeza de ponte","m",4.1500000000000004]
[4915708,"Limpeza de sarjeta e meio-fio","m",0.69]
[4915710,"Limpeza de vala de drenagem","m",4.1500000000000004]
[4915709,"Limpeza de valeta de corte","m",1.04]
[4915686,"Limpeza e desobstrução de dispositivos de drenagem em OAE","un",4.1500000000000004]
[4915687,"Limpeza e desobstrução de drenos de obras de contenção","un",2.59]
[4915634,"Limpeza e desobstrução mecanizada de bueiros com diâmetro acima de 1,00 até 1,50 m","m",56.58]
[4915633,"Limpeza e desobstrução mecanizada de bueiros com diâmetro de até 1,00 m","m",18.66]
[4915714,"Limpeza e enchimento com resina epóxi de fissuras niveladas com abertura máxima de 0,4 mm e profundidade de 20 mm em pavimento de concreto que não atravessam toda a espessura da placa","m",3.68]
[4915759,"Limpeza e remoção de vegetação junto aos aparelhos de apoio de OAE com o uso de herbicida","un",7]
[4915758,"Limpeza e remoção de vegetação nas juntas de dilatação com o uso de herbicida","m",4.17]
[4915640,"Limpeza e remoção manual de material retido em terra firme em OAE","m³",20.73]
[4915639,"Limpeza em superfície de concreto com escova de aço","m²",4.1500000000000004]
[4915695,"Limpeza, serragem e enchimento de fissuras niveladas com abertura entre 0,4 mm e 1,0 mm e profundidade de 25 mm em pavimento de concreto com CAP","m",6.3]
[4915696,"Limpeza, serragem e enchimento de fissuras niveladas com abertura entre 0,4 mm e 1,0 mm e profundidade de 25 mm em pavimento de concreto com CAP com polímero","m",6.3]
[4915694,"Limpeza, serragem e enchimento de fissuras niveladas com abertura entre 0,4 mm e 1,0 mm e profundidade de 25 mm em pavimento de concreto com selante elástico a frio","m",29.08]
[4915654,"Lixamento mecanizado em superfície de concreto","m²",11.29]
[4900001,"Material de base","m³",0]
[4915801,"Mistura betuminosa","m³",0]
[4916290,"Mistura betuminosa a frio executada em betoneira - faixa C - areia e brita comerciais","m³",341.38]
[4915765,"Poda de árvores com 5,0 m a 7,5 m de altura","m³",192.6]
[4915766,"Poda de árvores com 7,5 m a 10 m de altura","m³",113.05]
[4915764,"Poda de árvores com até 5 m de altura","m³",346.68]
[4915767,"Poda de árvores com mais de 10 m de altura","m³",74.290000000000006]
[4915777,"Reassentamento manual de meio-fio com material arrancado da pista","m",13.37]
[4915618,"Recomposição de camada granular do pavimento com material de jazida","m²",2.99]
[4915774,"Recomposição de erosão em corte ou aterro com material de jazida","m³",22.69]
[4915719,"Recomposição de placa de sinalização","m²",33.130000000000003]
[4915611,"Recomposição de revestimento primário com material de jazida","m³",10.41]
[4915733,"Recomposição manual de aterro com material de jazida","m³",37.67]
[4915734,"Recomposição mecanizada de aterro com material de jazida","m³",11.06]
[4915727,"Recomposição parcial de cerca com mourão de concreto - arame","m",10.69]
[4915726,"Recomposição parcial de cerca com mourão de concreto seção quadrada - mourão - areia e brita comerciais","m",23.68]
[4915594,"Recomposição parcial de cerca com mourão de concreto seção quadrada - mourão - areia extraída e brita produzida","m",22.35]
[4915729,"Recomposição parcial de cerca com mourão de concreto seção triangular - mourão - areia e brita comerciais","m",18.46]
[4915596,"Recomposição parcial de cerca com mourão de concreto seção triangular - mourão - areia extraída e brita comercial","m",17.88]
[4915732,"Recomposição parcial de cerca com mourão de madeira - arame","m",8.2200000000000006]
[4915731,"Recomposição parcial de cerca com mourão de madeira - mourão","m",18.38]
[4915725,"Recomposição total de cerca com mourão de concreto seção quadrada - areia e brita comerciais","m",28.87]
[4915593,"Recomposição total de cerca com mourão de concreto seção quadrada - areia extraída e brita produzida","m",27.55]
[4915728,"Recomposição total de cerca com mourão de concreto seção triangular - areia e brita comerciais","m",28.72]
[4915595,"Recomposição total de cerca com mourão de concreto seção triangular - areia extraída e brita produzida","m",28.15]
[4915730,"Recomposição total de cerca com mourão de madeira","m",25.82]
[4915598,"Reconformação da plataforma","m²",0.1]
[4915748,"Recuperação de desgaste superficial em pavimentos de concreto","m²",237.84]
[4915608,"Regularização de taludes e valas com soquete vibratório","m²",2.46]
[4915613,"Regularização mecânica da faixa de domínio","m²",0.15]
[4915692,"Remendo profundo com imprimação com asfalto diluído - demolição manual","m³",349.69]
[4915746,"Remendo profundo com imprimação com asfalto diluído - demolição mecânica e corte com serra","m³",270.47000000000003]
[4915630,"Remendo profundo com imprimação com emulsão asfáltica - demolição manual","m³",349.69]
[4915631,"Remendo profundo com imprimação com emulsão asfáltica - demolição mecânica e corte com serra","m³",270.47000000000003]
[4915785,"Remoção de animais de grande porte mortos em rodovia - carga e descarga com guindauto","t",365.46]
[4915786,"Remoção de animais de pequeno porte mortos em rodovia - carga manual","t",159.52000000000001]
[4915795,"Remoção de emborrachados de pneus em rodovia","t",327.68]
[4915800,"Remoção de espécimes arbóreos de 20 a 40 m tombados na pista","t",51.84]
[4915799,"Remoção de espécimes arbóreos de até 20 m tombados na pista","t",40.22]
[4915698,"Remoção de grãos, agregados e solos derramados na pista em rodovias","t",17.77]
[4915794,"Remoção de sucatas derramadas em rodovia - cinta com utilização de 100 vezes","t",559.55999999999995]
[4915789,"Remoção de veículos de grande porte incendiados em rodovia - carga e descarga com guindaste - cinta com utilização de 100 vezes","un",1633.43]
[4915798,"Remoção de veículos de grande porte tombados em rodovia - cinta com utilização de 100 vezes","un",1461.17]
[4915788,"Remoção de veículos de médio porte incendiados em rodovia - carga e descarga com guindaste - cinta com utilização de 100 vezes","un",1481.49]
[4915797,"Remoção de veículos de médio porte tombados em rodovia - cinta com utilização de 100 vezes","un",713.99]
[4915787,"Remoção de veículos de pequeno porte incendiados em rodovia - carga e descarga com guindauto - cinta com utilização de 100 vezes","un",832.16]
[4915796,"Remoção de veículos de pequeno porte tombados em rodovia - cinta com utilização de 100 vezes","un",291.38]
[4915760,"Remoção de vestígios de óleo ou graxa na superfície do revestimento do pavimento","m²",50.56]
[4915699,"Remoção de vidros, caixas e engradados derramados na pista em rodovia","t",27.36]
[4915736,"Remoção manual de barreira em rocha","m³",15.59]
[4915735,"Remoção manual de barreira em solo","m³",12.64]
[4915670,"Remoção manual de camada granular do pavimento","m³",183.25]
[4915668,"Remoção manual de revestimento asfáltico","m³",287.27]
[4915761,"Remoção manual de vegetação daninha","m²",4.1500000000000004]
[4915762,"Remoção manual de vegetação daninha em frestas","m",2.0699999999999998]
[4915738,"Remoção mecanizada de barreira em rocha","m³",5.42]
[4915737,"Remoção mecanizada de barreira em solo","m³",4.5599999999999996]
[4915669,"Remoção mecanizada de camada granular do pavimento","m³",7.24]
[4915667,"Remoção mecanizada de revestimento asfáltico","m³",11.53]
[4915632,"Reparo localizado com pintura de ligação - demolição mecânica e corte com serra","m³",387.95]
[4915753,"Reparo no interior de placa de pavimento de concreto","m³",1356.42]
[4915776,"Roçada com roçadeira costal","ha",730.16]
[4915740,"Roçada manual","ha",1755.49]
[4915741,"Roçada manual de capim colonião","ha",4213.18]
[4915775,"Roçada mecanizada com roçadeira articulada","ha",629.92999999999995]
[4915742,"Roçada mecanizada com roçadeira de arraste","ha",384.71]
[4915626,"Selagem de trincas mecanizada em pavimento flexível com emulsão - areia comercial","m",1.99]
[4915653,"Selagem superficial de fissuras com adesivo estrutural à base de resina epóxi de alta viscosidade, inclusive limpeza superficial - fornecimento e aplicação","kg",74.09]
[4915623,"Solo brita para base de remendo profundo - brita comercial","m³",55.74]
[4915625,"Solo melhorado com cimento para base de remendo profundo","m³",44.33]
[4915621,"Solo para base de remendo profundo","m³",4.57]
[4915720,"Substituição de balizador - areia e brita comerciais","un",29.85]
[4915592,"Substituição de balizador - areia extraída e brita produzida","un",29.27]
[4913703,"Substituição de cartucho de absorção de energia tipo A - fornecimento e instalação, e reposicionamento do amortecedor retrátil","un",5627.9]
[4913704,"Substituição de cartucho de absorção de energia tipo B - fornecimento, instalação e reposicionamento do amortecedor retrátil","un",5507.94]
[4915757,"Tapa buraco com pintura de ligação - demolição com serra corta piso","m³",403.83]
[4915678,"Tapa buraco com pintura de ligação - demolição manual","m³",355.55]
[4919547,"Tela de proteção para roçada em tubo galvanizado 4,0 X 1,5 m - confecção","un",544.6]
[4915716,"Tratamento de fissuras do tipo rendilhado em pavimentos de concreto","m²",11.73]
[4915750,"Tratamento de fissuras transversais com abertura maior que 1,0 mm em pavimentos de concreto","m",198.33]
[4915769,"Trituração de galhos e troncos com diâmetro de até 350 mm","m³",30.62]
[5213836,"Balizador cônico refletivo em polietileno semiflexível de 114 x 11 x 40 cm - utilização de 150 ciclos - fornecimento, 01 implantação e 01 retirada diária","un.dia",1.1000000000000001]
[5213368,"Balizador de concreto - areia e brita comerciais - fornecimento e implantação","un",18.88]
[5213367,"Balizador de concreto - areia extraída e brita produzida - fornecimento e implantação","un",17.79]
[5213385,"Barreira de sinalização tipo I de direcionamento ou bloqueio - confecção","un",358.2]
[5213343,"Barreira de sinalização tipo I de direcionamento ou bloqueio - utilização de 150 ciclos - fornecimento, 01 implantação e 01 retirada diária","un.dia",3.82]
[5213390,"Barreira de sinalização tipo I de direcionamento ou bloqueio contínua - confecção","m",308.79000000000002]
[5213344,"Barreira de sinalização tipo I de direcionamento ou bloqueio contínua - utilização de 150 ciclos - fornecimento, 01 implantação e 01 retirada diária","m.dia",3.34]
[5213386,"Barreira de sinalização tipo II de direcionamento ou bloqueio - confecção","un",573.61]
[5213345,"Barreira de sinalização tipo II de direcionamento ou bloqueio - utilização de 150 ciclos - fornecimento, 01 implantação e 01 retirada diária","un.dia",5.58]
[5213387,"Barreira de sinalização tipo III de direcionamento ou bloqueio - confecção","un",818.64]
[5213346,"Barreira de sinalização tipo III de direcionamento ou bloqueio - utilização de 150 ciclos - fornecimento, 01 implantação e 01 retirada diária","un.dia",7.8]
[5213843,"Barreira plástica articulável modular 240 x 100 cm na cor amarela - utilização de 600 ciclos - fornecimento, 01 implantação e 01 retirada diária","m.dia",1.02]
[5213833,"Barreira plástica monobloco para canalização de trânsito - 101 x 50 x 55 cm - utilização de 600 ciclos - fornecimento, 01 implantação e 01 retirada diária","un.dia",9.7200000000000006]
[5213834,"Barreira plástica para canalização de trânsito - 60 x 45 x 60 cm - utilização de 600 ciclos - fornecimento, 01 implantação e 01 retirada diária","un.dia",6.31]
[5219544,"Cavalete em perfil metálico para placa de sinalização - 1,00 m x 1,00 m - confecção","un",226.53]
[5213383,"Cavalete em polietileno zebrado com faixa refletiva - H = 1,00 m - utilização de 600 ciclos - fornecimento, 01 implantação e 01 retirada diária","un.dia",0.82]
[5213380,"Cavalete em polietileno zebrado com faixa refletiva e com sinalizador a LED com bateria - H = 1,00 m - utilização de 600 ciclos - fornecimento, 01 implantação e 01 retirada diária","un.dia",1.86]
[5213838,"Cilindro canalizador de tráfego com base quadrada de 111 x 56 x 56 cm - utilização de 600 ciclos - fornecimento, 01 implantação e 01 retirada diária","un.dia",4.3]
[5213837,"Cilindro flexível delimitador de tráfego com duas faixas refletivas e chumbador - D = 20 cm e H = 80 cm","un",177.68]
[5213835,"Cone plástico para canalização de trânsito - utilização de 150 ciclos - fornecimento, 01 implantação e 01 retirada diária","un.dia",0.82]
[5213839,"Dispositivo de direcionamento ou bloqueio tipo tapume - confecção","m²",315.13]
[5213347,"Dispositivo de direcionamento ou bloqueio tipo tapume - utilização de 150 ciclos - fornecimento, 01 implantação e 01 retirada diária","m².dia",7.07]
[5213840,"Dispositivo de direcionamento ou bloqueio tipo tela plástica com suporte fixo - confecção","m²",46.57]
[5213349,"Dispositivo de direcionamento ou bloqueio tipo tela plástica com suporte fixo - utilização de 150 ciclos - fornecimento, 01 implantação e 01 retirada diária","m².dia",0.73]
[5213841,"Dispositivo de direcionamento ou bloqueio tipo tela plástica com suporte móvel afixado em bloco de concreto - confecção","m²",74.58]
[5213348,"Dispositivo de direcionamento ou bloqueio tipo tela plástica com suporte móvel afixado em bloco de concreto - utilização de 150 ciclos - fornecimento, 01 implantação e 01 retirada diária","m².dia",0.83]
[5216116,"Fabricação de balizador de concreto - seção circular de 10 cm - areia e brita comerciais","un",16.11]
[5216115,"Fabricação de balizador de concreto - seção circular de 10 cm - areia extraída e brita produzida","un",15.53]
[5213842,"Fita zebrada para dispositivos de canalização de trânsito - fornecimento, implantação e retirada","m",0.13]
[5213358,"Laminado elastoplástico para sinalização horizontal - espessura de 1,5 mm - fornecimento e implantação","m²",253.77]
[5213848,"Luz de advertência e bateria para dispositivos de sinalização - utilização de 200 ciclos - fornecimento, 01 implantação e 01 retirada diária","un.dia",1.04]
[5214012,"Manutenção/recomposição de sinalização - pintura de faixa com tinta acrílica - espessura de 0,4 mm","m²",30.53]
[5213356,"Manutenção/recomposição de sinalização - pintura de faixa com tinta acrílica - espessura de 0,6 mm","m²",43.02]
[5214011,"Manutenção/recomposição de sinalização - pintura de faixa com tinta acrílica emulsionada em água - espessura de 0,3 mm","m²",14.23]
[5213354,"Manutenção/recomposição de sinalização - pintura de faixa com tinta acrílica emulsionada em água - espessura de 0,4 mm","m²",17.07]
[5213355,"Manutenção/recomposição de sinalização - pintura de faixa com tinta acrílica emulsionada em água - espessura de 0,5 mm","m²",19.93]
[5213850,"Operação de sinalização por bandeirola de tecido ou com placa metálica","h",20.73]
[5213846,"Painel com seta luminosa montado em chassi de caminhão com prancha","h",5.51]
[5213847,"Painel com seta luminosa montado em chassi de caminhão com prancha e amortecedor retrátil","h",85.59]
[5213845,"Painel de mensagens variáveis, portátil móvel, LED, com banco fotovoltaico de energia e montado em chassi com engate","h",26.42]
[5213412,"Pintura de faixa com plástico a frio bicomponente à base de resinas metacrílicas por dispersão (estrutura)","m²",115.78]
[5213411,"Pintura de faixa com plástico a frio bicomponente à base de resinas metacrílicas por extrusão (alto relevo)","m²",205.55]
[5214009,"Pintura de faixa com plástico a frio bicomponente à base de resinas metacrílicas por extrusão (plano) - espessura de 1,5 mm","m²",115.78]
[5214010,"Pintura de faixa com plástico a frio bicomponente à base de resinas metacrílicas por extrusão (plano) - espessura de 3,0 mm","m²",213.35]
[5213413,"Pintura de faixa com plástico a frio tricomponente à base de resinas metacrílicas por aspersão - espessura de 0,6 mm","m²",70.92]
[5213410,"Pintura de faixa com termoplástico em alto relevo tipo I por extrusão - relevo duplo com base","m²",133.49]
[5214004,"Pintura de faixa com termoplástico em alto relevo tipo II por extrusão - relevo simples ranhurado com base","m²",161.4]
[5214005,"Pintura de faixa com termoplástico em alto relevo tipo III por extrusão - relevo simples com base","m²",144.21]
[5214006,"Pintura de faixa com termoplástico em alto relevo tipo IV por extrusão - relevo simples sem base","m²",90.88]
[5214007,"Pintura de faixa com termoplástico em alto relevo tipo V por extrusão - relevo multipontos sem base (gotas)","m²",76.930000000000007]
[5214008,"Pintura de faixa com termoplástico em alto relevo tipo VI por extrusão - relevo multipontos sem base (calotas)","m²",75.430000000000007]
[5213408,"Pintura de faixa com termoplástico por aspersão - espessura de 1,5 mm","m²",49.31]
[5213400,"Pintura de faixa com tinta acrílica - espessura de 0,4 mm","m²",30.79]
[5213401,"Pintura de faixa com tinta acrílica - espessura de 0,6 mm","m²",43.33]
[5214001,"Pintura de faixa com tinta acrílica emulsionada em água - espessura de 0,3 mm","m²",14.47]
[5213402,"Pintura de faixa com tinta acrílica emulsionada em água - espessura de 0,4 mm","m²",17.329999999999998]
[5213403,"Pintura de faixa com tinta acrílica emulsionada em água - espessura de 0,5 mm","m²",20.21]
[5214003,"Pintura de setas e zebrados com termoplástico por aspersão - espessura de 1,5 mm","m²",58.69]
[5213409,"Pintura de setas e zebrados com termoplástico por extrusão - espessura de 3,0 mm","m²",95.45]
[5213404,"Pintura de setas e zebrados com tinta acrílica - espessura de 0,4 mm","m²",43.28]
[5213405,"Pintura de setas e zebrados com tinta acrílica - espessura de 0,6 mm","m²",55.34]
[5214002,"Pintura de setas e zebrados com tinta acrílica emulsionada em água - espessura de 0,3 mm","m²",27.15]
[5213406,"Pintura de setas e zebrados com tinta acrílica emulsionada em água - espessura de 0,4 mm","m²",29.81]
[5213407,"Pintura de setas e zebrados com tinta acrílica emulsionada em água - espessura de 0,5 mm","m²",32.479999999999997]
[5212552,"Pintura eletrostática a pó com tinta poliéster em chapa de aço","m²",16.940000000000001]
[5213464,"Placa de advertência em aço, lado de 0,60 m - película retrorrefletiva tipo I + SI - fornecimento e implantação","un",255.11]
[5213465,"Placa de advertência em aço, lado de 0,80 m - película retrorrefletiva tipo I + SI - fornecimento e implantação","un",438.21]
[5213466,"Placa de advertência em aço, lado de 1,00 m - película retrorrefletiva tipo I + SI - fornecimento e implantação","un",614.86]
[5213467,"Placa de advertência em aço, lado de 1,20 m - película retrorrefletiva tipo III + SI - fornecimento e implantação","un",972.33]
[5213468,"Placa de advertência em fibra, lado de 0,60 m - película retrorrefletiva tipo I + SI - fornecimento e implantação","un",243.59]
[5213469,"Placa de advertência em fibra, lado de 0,80 m - película retrorrefletiva tipo I + SI - fornecimento e implantação","un",416.27]
[5213470,"Placa de advertência em fibra, lado de 1,00 m - película retrorrefletiva tipo I + SI - fornecimento e implantação","un",582.86]
[5213471,"Placa de advertência em fibra, lado de 1,20 m - película retrorrefletiva tipo III + SI - fornecimento e implantação","un",926.26]
[5212560,"Placa de advertência para sinalização de obras montada em suporte metálico móvel, lado 1,00 m - utilização de 600 ciclos - fornecimento, 01 implantação e 01 retirada diária","un.dia",3.82]
[5213472,"Placa de marco quilométrico em aço - 0,60 x 0,865 m - película retrorrefletiva tipo I + I - fornecimento e implantação","un",302.27999999999997]
[5213473,"Placa de marco quilométrico em aço - 0,70 x 1,00 m - película retrorrefletiva tipo I + III - fornecimento e implantação","un",392.56]
[5213474,"Placa de marco quilométrico em fibra - 0,60 x 0,865 m - película retrorrefletiva tipo I + I - fornecimento e implantação","un",283.08]
[5213475,"Placa de marco quilométrico em fibra - 0,70 x 1,00 m - película retrorrefletiva tipo I + III - fornecimento e implantação","un",368.56]
[5213440,"Placa de regulamentação em aço D = 0,60 m - película retrorrefletiva tipo I + SI - fornecimento e implantação","un",255.08]
[5213441,"Placa de regulamentação em aço D = 0,80 m - película retrorrefletiva tipo I + SI - fornecimento e implantação","un",438.25]
[5213442,"Placa de regulamentação em aço D = 1,00 m - película retrorrefletiva tipo I + SI - fornecimento e implantação","un",614.86]
[5213443,"Placa de regulamentação em aço D = 1,20 m - película retrorrefletiva tipo III + SI - fornecimento e implantação","un",972.35]
[5213444,"Placa de regulamentação em aço, R1 lado 0,248 m - película retrorrefletiva tipo I + SI - fornecimento e implantação","un",255.14]
[5213445,"Placa de regulamentação em aço, R1 lado 0,331 m - película retrorrefletiva tipo I + SI - fornecimento e implantação","un",438.18]
[5213446,"Placa de regulamentação em aço, R1 lado 0,414 m - película retrorrefletiva tipo I + SI - fornecimento e implantação","un",614.86]
[5213447,"Placa de regulamentação em aço, R1 lado 0,497 m - película retrorrefletiva tipo III + SI - fornecimento e implantação","un",972.4]
[5213448,"Placa de regulamentação em aço, R2 lado 0,60 m - película retrorrefletiva tipo I + SI - fornecimento e implantação","un",175.4]
[5213449,"Placa de regulamentação em aço, R2 lado 0,80 m - película retrorrefletiva tipo I + SI - fornecimento e implantação","un",277.58]
[5213450,"Placa de regulamentação em aço, R2 lado 1,00 m - película retrorrefletiva tipo I + SI - fornecimento e implantação","un",390]
[5213451,"Placa de regulamentação em aço, R2 lado 1,20 m - película retrorrefletiva tipo III + SI - fornecimento e implantação","un",563.61]
[5213452,"Placa de regulamentação em fibra, D = 0,60 m - película retrorrefletiva tipo I + SI - fornecimento e implantação","un",243.56]
[5213453,"Placa de regulamentação em fibra, D = 0,80 m - película retrorrefletiva tipo I + SI - fornecimento e implantação","un",416.3]
[5213454,"Placa de regulamentação em fibra, D = 1,00 m - película retrorrefletiva tipo I + SI - fornecimento e implantação","un",582.86]
[5213455,"Placa de regulamentação em fibra, D = 1,20 m - película retrorrefletiva tipo III + SI - fornecimento e implantação","un",926.28]
[5213456,"Placa de regulamentação em fibra, R1 lado 0,248 m - película retrorrefletiva tipo I + SI - fornecimento e implantação","un",243.61]
[5213457,"Placa de regulamentação em fibra, R1 lado 0,331 m - película retrorrefletiva tipo I + SI - fornecimento e implantação","un",416.24]
[5213458,"Placa de regulamentação em fibra, R1 lado 0,414 m - película retrorrefletiva tipo I + SI - fornecimento e implantação","un",582.86]
[5213459,"Placa de regulamentação em fibra, R1 lado 0,497 m - película retrorrefletiva tipo III + SI - fornecimento e implantação","un",926.33]
[5213460,"Placa de regulamentação em fibra, R2 lado 0,60 m - película retrorrefletiva tipo I + SI - fornecimento e implantação","un",168.42]
[5213461,"Placa de regulamentação em fibra, R2 lado 0,80 m - película retrorrefletiva tipo I + SI - fornecimento e implantação","un",264.77999999999997]
[5213462,"Placa de regulamentação em fibra, R2 lado 1,00 m - película retrorrefletiva tipo I + SI - fornecimento e implantação","un",370.8]
[5213463,"Placa de regulamentação em fibra, R2 lado 1,20 m - película retrorrefletiva tipo I + SI - fornecimento e implantação","un",476.82]
[5212557,"Placa de regulamentação para sinalização de obras montada em suporte metálico móvel - D = 1,00 m - utilização de 600 ciclos - fornecimento, 01 implantação e 01 retirada diária","un.dia",3.59]
[5212558,"Placa de regulamentação para sinalização de obras montada em suporte metálico móvel, R1 lado 0,414 m - utilização de 600 ciclos - fornecimento, 01 implantação e 01 retirada diária","un.dia",3.63]
[5212559,"Placa de regulamentação para sinalização de obras montada em suporte metálico móvel, R2 lado 1,00 m - utilização de 600 ciclos - fornecimento, 01 implantação e 01 retirada diária","un.dia",3.21]
[5213477,"Placa delineador em aço - 0,30 x 0,90 m - película retrorrefletiva tipo I + IV - fornecimento e implantação","un",171.27]
[5213476,"Placa delineador em aço - 0,50 x 0,60 m - película retrorrefletiva tipo I + IV - fornecimento e implantação","un",184.43]
[5213479,"Placa delineador em fibra - 0,30 x 0,90 m - película retrorrefletiva tipo I + IV - fornecimento e implantação","un",162.63]
[5213478,"Placa delineador em fibra - 0,50 x 0,60 m - película retrorrefletiva tipo I + IV - fornecimento e implantação","un",174.84]
[5213489,"Placa em aço - 2,00 x 1,00 m - película retrorrefletiva tipo I + I - fornecimento e implantação","un",910.9]
[5213498,"Placa em aço - 2,00 x 1,00 m - película retrorrefletiva tipo I + III - fornecimento e implantação","un",985.24]
[5213365,"Placa em aço - 2,00 x 1,00 m - película retrorrefletiva tipo I + X - fornecimento e implantação","un",1110.24]
[5213507,"Placa em aço - 2,00 x 1,00 m - película retrorrefletiva tipo III + III - fornecimento e implantação","un",1171.1400000000001]
[5213372,"Placa em aço - 2,00 x 1,00 m - película retrorrefletiva tipo III + X - fornecimento e implantação","un",1296.1199999999999]
[5213490,"Placa em aço - 3,00 x 1,50 m - película retrorrefletiva tipo I + I - fornecimento e implantação","un",1950.6]
[5213499,"Placa em aço - 3,00 x 1,50 m - película retrorrefletiva tipo I + III - fornecimento e implantação","un",2117.86]
[5213366,"Placa em aço - 3,00 x 1,50 m - película retrorrefletiva tipo I + X - fornecimento e implantação","un",2399.11]
[5213508,"Placa em aço - 3,00 x 1,50 m - película retrorrefletiva tipo III + III - fornecimento e implantação","un",2536.14]
[5213373,"Placa em aço - 3,00 x 1,50 m - película retrorrefletiva tipo III + X - fornecimento e implantação","un",2817.34]
[5213491,"Placa em aço - 3,00 x 2,00 m - película retrorrefletiva tipo I + I - fornecimento e implantação","un",2574.42]
[5213500,"Placa em aço - 3,00 x 2,00 m - película retrorrefletiva tipo I + III - fornecimento e implantação","un",2797.44]
[5213369,"Placa em aço - 3,00 x 2,00 m - película retrorrefletiva tipo I + X - fornecimento e implantação","un",3172.44]
[5213509,"Placa em aço - 3,00 x 2,00 m - película retrorrefletiva tipo III + III - fornecimento e implantação","un",3355.14]
[5213374,"Placa em aço - 3,00 x 2,00 m - película retrorrefletiva tipo III + X - fornecimento e implantação","un",3730.08]
[5213492,"Placa em aço - 4,00 x 2,00 m - película retrorrefletiva tipo I + I - fornecimento e implantação","un",3485.31]
[5213501,"Placa em aço - 4,00 x 2,00 m - película retrorrefletiva tipo I + III - fornecimento e implantação","un",3782.67]
[5213370,"Placa em aço - 4,00 x 2,00 m - película retrorrefletiva tipo I + X - fornecimento e implantação","un",4282.67]
[5213510,"Placa em aço - 4,00 x 2,00 m - película retrorrefletiva tipo III + III - fornecimento e implantação","un",4526.2700000000004]
[5213375,"Placa em aço - 4,00 x 2,00 m - película retrorrefletiva tipo III + X - fornecimento e implantação","un",5026.1899999999996]
[5213494,"Placa em aço - 4,00 x 3,00 m - película retrorrefletiva tipo I + I - fornecimento e implantação","un",5148.83]
[5213503,"Placa em aço - 4,00 x 3,00 m - película retrorrefletiva tipo I + III - fornecimento e implantação","un",5594.87]
[5213371,"Placa em aço - 4,00 x 3,00 m - película retrorrefletiva tipo I + X - fornecimento e implantação","un",6344.87]
[5213512,"Placa em aço - 4,00 x 3,00 m - película retrorrefletiva tipo III + III - fornecimento e implantação","un",6710.27]
[5213376,"Placa em aço - 4,00 x 3,00 m - película retrorrefletiva tipo III + X - fornecimento e implantação","un",7460.15]
[5213377,"Placa em aço - película I + I - chapa recuperada - fornecimento e implantação","m²",325.60000000000002]
[5213570,"Placa em aço - película I + I - fornecimento e implantação","m²",468.64]
[5213378,"Placa em aço - película I + III - chapa recuperada - fornecimento e implantação","m²",362.78]
[5213571,"Placa em aço - película I + III - fornecimento e implantação","m²",505.81]
[5213379,"Placa em aço - película III + III - chapa recuperada - fornecimento e implantação","m²",455.72]
[5213572,"Placa em aço - película III + III - fornecimento e implantação","m²",598.76]
[5212553,"Placa em aço nº 16 galvanizado com película retrorrefletiva tipo I + I - chapa recuperada - confecção","m²",272.83999999999997]
[5213416,"Placa em aço nº 16 galvanizado com película retrorrefletiva tipo I + I - confecção","m²",415.88]
[5212554,"Placa em aço nº 16 galvanizado com película retrorrefletiva tipo I + III - chapa recuperada - confecção","m²",310.02]
[5213417,"Placa em aço nº 16 galvanizado com película retrorrefletiva tipo I + III - confecção","m²",453.05]
[5213421,"Placa em aço nº 16 galvanizado com película retrorrefletiva tipo I + IV - confecção","m²",438.92]
[5213414,"Placa em aço nº 16 galvanizado com película retrorrefletiva tipo I + SI - confecção","m²",562.1]
[5213419,"Placa em aço nº 16 galvanizado com película retrorrefletiva tipo I + X - confecção","m²",515.54999999999995]
[5212555,"Placa em aço nº 16 galvanizado com película retrorrefletiva tipo III + III - chapa recuperada - confecção","m²",402.96]
[5213418,"Placa em aço nº 16 galvanizado com película retrorrefletiva tipo III + III - confecção","m²",546]
[5213415,"Placa em aço nº 16 galvanizado com película retrorrefletiva tipo III + SI - confecção","m²",638.59]
[5213420,"Placa em aço nº 16 galvanizado com película retrorrefletiva tipo III + X - confecção","m²",608.49]
[5213543,"Placa em aço, modulada - 2,00 x 1,00 m - película retrorrefletiva tipo I + I - fornecimento e implantação","un",1149.8]
[5213552,"Placa em aço, modulada - 2,00 x 1,00 m - película retrorrefletiva tipo I + III - fornecimento e implantação","un",1224.1600000000001]
[5213561,"Placa em aço, modulada - 2,00 x 1,00 m - película retrorrefletiva tipo III + III - fornecimento e implantação","un",1410.04]
[5213544,"Placa em aço, modulada - 3,00 x 1,50 m - película retrorrefletiva tipo I + I - fornecimento e implantação","un",2488.12]
[5213553,"Placa em aço, modulada - 3,00 x 1,50 m - película retrorrefletiva tipo I + III - fornecimento e implantação","un",2655.43]
[5213562,"Placa em aço, modulada - 3,00 x 1,50 m - película retrorrefletiva tipo III + III - fornecimento e implantação","un",3073.66]
[5213545,"Placa em aço, modulada - 3,00 x 2,00 m - película retrorrefletiva tipo I + I - fornecimento e implantação","un",3291.12]
[5213554,"Placa em aço, modulada - 3,00 x 2,00 m - película retrorrefletiva tipo I + III - fornecimento e implantação","un",3514.2]
[5213563,"Placa em aço, modulada - 3,00 x 2,00 m - película retrorrefletiva tipo III + III - fornecimento e implantação","un",4071.84]
[5213546,"Placa em aço, modulada - 4,00 x 2,00 m - película retrorrefletiva tipo I + I - fornecimento e implantação","un",4440.91]
[5213555,"Placa em aço, modulada - 4,00 x 2,00 m - película retrorrefletiva tipo I + III - fornecimento e implantação","un",4738.3500000000004]
[5213564,"Placa em aço, modulada - 4,00 x 2,00 m - película retrorrefletiva tipo III + III - fornecimento e implantação","un",5481.87]
[5213548,"Placa em aço, modulada - 4,00 x 3,00 m - película retrorrefletiva tipo I + I - fornecimento e implantação","un",6582.23]
[5213557,"Placa em aço, modulada - 4,00 x 3,00 m - película retrorrefletiva tipo I + III - fornecimento e implantação","un",7028.39]
[5213566,"Placa em aço, modulada - 4,00 x 3,00 m - película retrorrefletiva tipo III + III - fornecimento e implantação","un",8143.67]
[5213576,"Placa em aço, modulada - acima de 2 m² - película I + I - fornecimento e implantação","m²",588.09]
[5213577,"Placa em aço, modulada - acima de 2 m² - película I + III - fornecimento e implantação","m²",625.27]
[5213578,"Placa em aço, modulada - acima de 2 m² - película III + III - fornecimento e implantação","m²",718.21]
[5213425,"Placa em alumínio composto de 3 mm, modulada, aérea, com película retrorrefletiva tipo I + III - confecção","m²",607.82000000000005]
[5213426,"Placa em alumínio composto de 3 mm, modulada, aérea, com película retrorrefletiva tipo III + III - confecção","m²",700.77]
[5213427,"Placa em alumínio composto de 3 mm, modulada, aérea, com película retrorrefletiva tipo III + X - confecção","m²",763.26]
[5213567,"Placa em alumínio composto de 3 mm, modulada, aérea, com película retrorrefletiva tipo X + SI - confecção","m²",891.48]
[5213486,"Placa em alumínio composto, espessura de 3,0 mm, modulada, aérea - película retrorrefletiva tipo I + III - fornecimento e implantação","m²",941.91]
[5213487,"Placa em alumínio composto, espessura de 3,0 mm, modulada, aérea - película retrorrefletiva tipo III + III - fornecimento e implantação","m²",1034.8599999999999]
[5213488,"Placa em alumínio composto, espessura de 3,0 mm, modulada, aérea - película retrorrefletiva tipo III + X - fornecimento e implantação","m²",1097.3499999999999]
[5213568,"Placa em alumínio composto, espessura de 3,0 mm, modulada, aérea - película retrorrefletiva tipo X + SI - fornecimento e implantação","m²",1225.57]
[5213483,"Placa em alumínio, espessura de 1,5 mm, modulada, aérea - película retrorrefletiva tipo I + III - fornecimento e implantação","m²",977.89]
[5213484,"Placa em alumínio, espessura de 1,5 mm, modulada, aérea - película retrorrefletiva tipo III + III - fornecimento e implantação","m²",1070.83]
[5213485,"Placa em alumínio, espessura de 1,5 mm, modulada, aérea - película retrorrefletiva tipo III + X - fornecimento e implantação","m²",1133.33]
[5213434,"Placa em alumínio, espessura de 1,5 mm, modulada, aérea, com película retrorrefletiva tipo I + III - confecção","m²",643.79999999999995]
[5213435,"Placa em alumínio, espessura de 1,5 mm, modulada, aérea, com película retrorrefletiva tipo III + III - confecção","m²",736.74]
[5213436,"Placa em alumínio, espessura de 1,5 mm, modulada, aérea, com película retrorrefletiva tipo III + X - confecção","m²",799.24]
[5213430,"Placa em chapa de poliéster reforçada com fibra de vidro com película retrorrefletiva tipo I + I - confecção","m²",383.88]
[5213431,"Placa em chapa de poliéster reforçada com fibra de vidro com película retrorrefletiva tipo I + III - confecção","m²",421.06]
[5213433,"Placa em chapa de poliéster reforçada com fibra de vidro com película retrorrefletiva tipo I + IV - confecção","m²",406.93]
[5213428,"Placa em chapa de poliéster reforçada com fibra de vidro com película retrorrefletiva tipo I + SI - confecção","m²",530.1]
[5213432,"Placa em chapa de poliéster reforçada com fibra de vidro com película retrorrefletiva tipo III + III - confecção","m²",514]
[5213429,"Placa em chapa de poliéster reforçada com fibra de vidro com película retrorrefletiva tipo III + SI - confecção","m²",606.6]
[5213516,"Placa em fibra - 2,00 x 1,00 m - película retrorrefletiva tipo I + I - fornecimento e implantação","un",846.9]
[5213525,"Placa em fibra - 2,00 x 1,00 m - película retrorrefletiva tipo I + III - fornecimento e implantação","un",921.26]
[5213534,"Placa em fibra - 2,00 x 1,00 m - película retrorrefletiva tipo III + III - fornecimento e implantação","un",1107.1400000000001]
[5213517,"Placa em fibra - 3,00 x 1,50 m - película retrorrefletiva tipo I + I - fornecimento e implantação","un",1806.6]
[5213526,"Placa em fibra - 3,00 x 1,50 m - película retrorrefletiva tipo I + III - fornecimento e implantação","un",1973.91]
[5213535,"Placa em fibra - 3,00 x 1,50 m - película retrorrefletiva tipo III + III - fornecimento e implantação","un",2392.14]
[5213518,"Placa em fibra - 3,00 x 2,00 m - película retrorrefletiva tipo I + I - fornecimento e implantação","un",2382.42]
[5213527,"Placa em fibra - 3,00 x 2,00 m - película retrorrefletiva tipo I + III - fornecimento e implantação","un",2605.5]
[5213536,"Placa em fibra - 3,00 x 2,00 m - película retrorrefletiva tipo III + III - fornecimento e implantação","un",3163.14]
[5213519,"Placa em fibra - 4,00 x 2,00 m - película retrorrefletiva tipo I + I - fornecimento e implantação","un",3229.31]
[5213528,"Placa em fibra - 4,00 x 2,00 m - película retrorrefletiva tipo I + III - fornecimento e implantação","un",3526.75]
[5213537,"Placa em fibra - 4,00 x 2,00 m - película retrorrefletiva tipo III + III - fornecimento e implantação","un",4270.2700000000004]
[5213521,"Placa em fibra - 4,00 x 3,00 m - película retrorrefletiva tipo I + I - fornecimento e implantação","un",4764.83]
[5213530,"Placa em fibra - 4,00 x 3,00 m - película retrorrefletiva tipo I + III - fornecimento e implantação","un",5210.99]
[5213539,"Placa em fibra - 4,00 x 3,00 m - película retrorrefletiva tipo III + III - fornecimento e implantação","un",6326.27]
[5213573,"Placa em fibra - película I + I - fornecimento e implantação","m²",436.64]
[5213574,"Placa em fibra - película I + III - fornecimento e implantação","m²",473.82]
[5213575,"Placa em fibra - película III + III - fornecimento e implantação","m²",566.76]
[5213480,"Placa em fibra, modulada, aérea - película retrorrefletiva tipo I + III - fornecimento e implantação","m²",871.31]
[5213481,"Placa em fibra, modulada, aérea - película retrorrefletiva tipo III + III - fornecimento e implantação","m²",964.25]
[5213482,"Placa em fibra, modulada, aérea - película retrorrefletiva tipo III + X - fornecimento e implantação","m²",1026.74]
[5213422,"Placa modulada em aço nº 18 galvanizado com película retrorrefletiva tipo I + I - confecção","m²",535.33000000000004]
[5213423,"Placa modulada em aço nº 18 galvanizado com película retrorrefletiva tipo I + III - confecção","m²",572.51]
[5213424,"Placa modulada em aço nº 18 galvanizado com película retrorrefletiva tipo III + III - confecção","m²",665.45]
[5213437,"Placa modulada em chapa de poliéster reforçada com fibra de vidro, aérea, com película retrorrefletiva tipo I + III - confecção","m²",537.22]
[5213438,"Placa modulada em chapa de poliéster reforçada com fibra de vidro, aérea, com película retrorrefletiva tipo III + III - confecção","m²",630.16]
[5213439,"Placa modulada em chapa de poliéster reforçada com fibra de vidro, aérea, com película retrorrefletiva tipo III + X - confecção","m²",692.65]
[5212556,"Placa para sinalização de obras montada em cavalete metálico - 1,00 x 1,00 m - utilização de 600 ciclos - fornecimento, 01 implantação e 01 retirada diária","un.dia",1.92]
[5213649,"Pórtico metálico com vão de 15,9 m, vento de 35 m/s e área de exposição de até 23,85 m² - fornecimento e implantação - areia e brita comerciais","un",102701.07]
[5213591,"Pórtico metálico com vão de 15,9 m, vento de 35 m/s e área de exposição de até 23,85 m² - fornecimento e implantação - areia extraída e brita produzida","un",102701.07]
[5213718,"Pórtico metálico com vão de 15,9 m, vento de 40 m/s e área de exposição de até 23,85 m² - fornecimento e implantação - areia e brita comerciais","un",113505.99]
[5213741,"Pórtico metálico com vão de 15,9 m, vento de 40 m/s e área de exposição de até 23,85 m² - fornecimento e implantação - areia extraída e brita produzida","un",113505.99]
[5213776,"Pórtico metálico com vão de 15,9 m, vento de 45 m/s e área de exposição de até 23,85 m² - fornecimento e implantação - areia e brita comerciais","un",124310.9]
[5213799,"Pórtico metálico com vão de 15,9 m, vento de 45 m/s e área de exposição de até 23,85 m² - fornecimento e implantação - areia extraída e brita produzida","un",124310.9]
[5213363,"Recuperação de chapa em aço para placa de sinalização","m²",34.29]
[5213616,"Remoção da estrutura de fundação de pórtico e semipórtico metálico","m³",848.24]
[5213667,"Remoção da estrutura de pórtico metálico","un",319.3]
[5213683,"Remoção da estrutura de semipórtico duplo metálico","un",227.04]
[5213660,"Remoção da estrutura de semipórtico metálico","un",189.2]
[5213364,"Remoção de placa de sinalização","m²",19.420000000000002]
[5213832,"Remoção de sinalização horizontal com maçarico","m²",3.22]
[5213830,"Remoção de sinalização horizontal por fresagem","m²",4.09]
[5213831,"Remoção de sinalização horizontal tipo pintura acrílica por jateamento abrasivo úmido com vidro - utilização de 3 vezes","m²",54.32]
[5213849,"Semáforo móvel com 3 lentes D = 200 mm","h",3.29]
[5213636,"Semipórtico duplo metálico com vão de 2 x 8,3 m, vento de 35 m/s e área de exposição de até 2 x 12,45 m² - fornecimento e implantação - areia e brita comerciais","un",100234.79]
[5213642,"Semipórtico duplo metálico com vão de 2 x 8,3 m, vento de 35 m/s e área de exposição de até 2 x 12,45 m² - fornecimento e implantação - areia extraída e brita produzida","un",100234.79]
[5213757,"Semipórtico duplo metálico com vão de 2 x 8,3 m, vento de 40 m/s e área de exposição de até 2 x 12,45 m² - fornecimento e implantação - areia e brita comerciais","un",111071.2]
[5213763,"Semipórtico duplo metálico com vão de 2 x 8,3 m, vento de 40 m/s e área de exposição de até 2 x 12,45 m² - fornecimento e implantação - areia extraída e brita produzida","un",111071.2]
[5213815,"Semipórtico duplo metálico com vão de 2 x 8,3 m, vento de 45 m/s e área de exposição de até 2 x 12,45 m² - fornecimento e implantação - areia e brita comerciais","un",121907.62]
[5213821,"Semipórtico duplo metálico com vão de 2 x 8,3 m, vento de 45 m/s e área de exposição de até 2 x 12,45 m² - fornecimento e implantação - areia extraída e brita produzida","un",121907.62]
[5213630,"Semipórtico metálico com vão de 8,3 m, vento de 35 m/s e área de exposição de até 12,45 m² - fornecimento e implantação - areia e brita comerciais","un",60415.78]
[5213584,"Semipórtico metálico com vão de 8,3 m, vento de 35 m/s e área de exposição de até 12,45 m² - fornecimento e implantação - areia extraída e brita produzida","un",60415.78]
[5213711,"Semipórtico metálico com vão de 8,3 m, vento de 40 m/s e área de exposição de até 12,45 m² - fornecimento e implantação - areia e brita comerciais","un",66827.86]
[5213734,"Semipórtico metálico com vão de 8,3 m, vento de 40 m/s e área de exposição de até 12,45 m² - fornecimento e implantação - areia extraída e brita produzida","un",66827.86]
[5213769,"Semipórtico metálico com vão de 8,3 m, vento de 45 m/s e área de exposição de até 12,45 m² - fornecimento e implantação - areia e brita comerciais","un",73239.94]
[5213792,"Semipórtico metálico com vão de 8,3 m, vento de 45 m/s e área de exposição de até 12,45 m² - fornecimento e implantação - areia extraída e brita produzida","un",73239.94]
[5213844,"Sinalizador direcional móvel, LED, com banco fotovoltaico de energia e montado em chassi com engate","h",3.57]
[5213869,"Suporte duplo metálico galvanizado para placas - 3,00 x 1,50 m - fornecimento e implantação","un",2395.4499999999998]
[5213870,"Suporte duplo metálico galvanizado para placas - 3,00 x 2,00 m - fornecimento e implantação","un",3296.34]
[5213871,"Suporte duplo metálico galvanizado para placas - 4,00 x 2,00 m - fornecimento e implantação","un",3372.6]
[5213872,"Suporte duplo metálico galvanizado para placas - 4,00 x 3,00 m - fornecimento e implantação","un",5345.55]
[5213867,"Suporte metálico galvanizado para marco quilométrico - fornecimento e implantação","un",563.04999999999995]
[5213863,"Suporte metálico galvanizado para placa de advertência ou regulamentação - lado ou diâmetro de 0,60 m - fornecimento e implantação","un",451.59]
[5213864,"Suporte metálico galvanizado para placa de advertência ou regulamentação - lado ou diâmetro de 0,80 m - fornecimento e implantação","un",481.01]
[5213865,"Suporte metálico galvanizado para placa de advertência ou regulamentação - lado ou diâmetro de 1,00 m - fornecimento e implantação","un",510.61]
[5213866,"Suporte metálico galvanizado para placa de advertência ou regulamentação - lado ou diâmetro de 1,20 m - fornecimento e implantação","un",575.66999999999996]
[5213855,"Suporte metálico galvanizado para placa de regulamentação - R1 - lado de 0,248 m - fornecimento e implantação","un",405.76]
[5213856,"Suporte metálico galvanizado para placa de regulamentação - R1 - lado de 0,331 m - fornecimento e implantação","un",420.91]
[5213857,"Suporte metálico galvanizado para placa de regulamentação - R1 - lado de 0,414 m - fornecimento e implantação","un",435.45]
[5213858,"Suporte metálico galvanizado para placa de regulamentação - R1 - lado de 0,497 m - fornecimento e implantação","un",450.79]
[5213859,"Suporte metálico galvanizado para placa de regulamentação - R2 - lado de 0,60 m - fornecimento e implantação","un",446.7]
[5213860,"Suporte metálico galvanizado para placa de regulamentação - R2 - lado de 0,80 m - fornecimento e implantação","un",461.79]
[5213861,"Suporte metálico galvanizado para placa de regulamentação - R2 - lado de 1,00 m - fornecimento e implantação","un",490.15]
[5213862,"Suporte metálico galvanizado para placa de regulamentação - R2 - lado de 1,20 m - fornecimento e implantação","un",554.87]
[5213868,"Suporte metálico galvanizado para placas - 2,00 x 1,00 m - fornecimento e implantação","un",1108.74]
[5219546,"Suporte metálico móvel para placa de sinalização - confecção","un",337.85]
[5216111,"Suporte para placa de sinalização em madeira de lei tratada 8 x 8 cm - fornecimento e implantação","un",135.11000000000001]
[5213351,"Suporte polimérico ecológico maciço colapsível D = 6,5 cm para placa de sinalização - fornecimento e implantação","un",733.84]
[5213350,"Suporte polimérico ecológico maciço colapsível quadrado de 10 cm para placa de sinalização - fornecimento e implantação","un",1974.19]
[5213352,"Suporte polimérico ecológico maciço colapsível quadrado de 8 cm para placa de sinalização - fornecimento e implantação","un",1032.07]
[5213353,"Suporte polimérico ecológico maciço colapsível retangular de 7 x 15 cm para placa de sinalização - fornecimento e implantação","un",2610.5100000000002]
[5213360,"Tacha refletiva em plástico injetado - bidirecional tipo I - com um pino - fornecimento e colocação","un",33.53]
[5219605,"Tacha refletiva em plástico injetado - bidirecional tipo I - fornecimento e colocação","un",31.33]
[5219606,"Tacha refletiva em plástico injetado - bidirecional tipo II - com um pino - fornecimento e colocação","un",40.950000000000003]
[5219607,"Tacha refletiva em plástico injetado - bidirecional tipo II - fornecimento e colocação","un",34.14]
[5219608,"Tacha refletiva em plástico injetado - bidirecional tipo III - com um pino - fornecimento e colocação","un",40.950000000000003]
[5219609,"Tacha refletiva em plástico injetado - bidirecional tipo III - fornecimento e colocação","un",34.14]
[5219610,"Tacha refletiva em plástico injetado - bidirecional tipo IV - com um pino - fornecimento e colocação","un",36.340000000000003]
[5219611,"Tacha refletiva em plástico injetado - bidirecional tipo IV - fornecimento e colocação","un",39.799999999999997]
[5213359,"Tacha refletiva em plástico injetado - monodirecional tipo I - com um pino - fornecimento e colocação","un",29.42]
[5219612,"Tacha refletiva em plástico injetado - monodirecional tipo I - fornecimento e colocação","un",26.35]
[5219613,"Tacha refletiva em plástico injetado - monodirecional tipo II - com um pino - fornecimento e colocação","un",33.78]
[5219614,"Tacha refletiva em plástico injetado - monodirecional tipo II - fornecimento e colocação","un",31.4]
[5219615,"Tacha refletiva em plástico injetado - monodirecional tipo III - com um pino - fornecimento e colocação","un",34.65]
[5219616,"Tacha refletiva em plástico injetado - monodirecional tipo III - fornecimento e colocação","un",31.98]
[5219617,"Tacha refletiva em plástico injetado - monodirecional tipo IV - com um pino - fornecimento e colocação","un",41.05]
[5219618,"Tacha refletiva em plástico injetado - monodirecional tipo IV - fornecimento e colocação","un",38.67]
[5219619,"Tacha refletiva em resina sintética - bidirecional tipo I - com um pino - fornecimento e colocação","un",43.98]
[5219620,"Tacha refletiva em resina sintética - bidirecional tipo I - fornecimento e colocação","un",41.6]
[5219621,"Tacha refletiva em resina sintética - bidirecional tipo II - com um pino - fornecimento e colocação","un",51.24]
[5219622,"Tacha refletiva em resina sintética - bidirecional tipo II - fornecimento e colocação","un",48.82]
[5219623,"Tacha refletiva em resina sintética - bidirecional tipo III - com um pino - fornecimento e colocação","un",55.56]
[5219624,"Tacha refletiva em resina sintética - bidirecional tipo III - fornecimento e colocação","un",53.06]
[5219625,"Tacha refletiva em resina sintética - bidirecional tipo IV - com um pino - fornecimento e colocação","un",57.42]
[5219626,"Tacha refletiva em resina sintética - bidirecional tipo IV - fornecimento e colocação","un",69.87]
[5219627,"Tacha refletiva em resina sintética - monodirecional tipo I - com um pino - fornecimento e colocação","un",42.54]
[5219628,"Tacha refletiva em resina sintética - monodirecional tipo I - fornecimento e colocação","un",40.04]
[5219629,"Tacha refletiva em resina sintética - monodirecional tipo II - com um pino - fornecimento e colocação","un",49.65]
[5219630,"Tacha refletiva em resina sintética - monodirecional tipo II - fornecimento e colocação","un",47.14]
[5219631,"Tacha refletiva em resina sintética - monodirecional tipo III - com um pino - fornecimento e colocação","un",53.91]
[5219632,"Tacha refletiva em resina sintética - monodirecional tipo III - fornecimento e colocação","un",51.31]
[5219633,"Tacha refletiva em resina sintética - monodirecional tipo IV - com um pino - fornecimento e colocação","un",55.97]
[5219634,"Tacha refletiva em resina sintética - monodirecional tipo IV - fornecimento e colocação","un",69.87]
[5213395,"Tacha refletiva metálica - bidirecional tipo II - com dois pinos - fornecimento e colocação","un",39.799999999999997]
[5213394,"Tacha refletiva metálica - bidirecional tipo II - com um pino - fornecimento e colocação","un",35.29]
[5219635,"Tacha refletiva metálica - bidirecional tipo III - com dois pinos - fornecimento e colocação","un",34.81]
[5219636,"Tacha refletiva metálica - bidirecional tipo III - com um pino - fornecimento e colocação","un",29.46]
[5219637,"Tacha refletiva metálica - bidirecional tipo IV - com dois pinos - fornecimento e colocação","un",75.23]
[5219638,"Tacha refletiva metálica - bidirecional tipo IV - com um pino - fornecimento e colocação","un",71.97]
[5213393,"Tacha refletiva metálica - monodirecional tipo II - com dois pinos - fornecimento e colocação","un",34.630000000000003]
[5213392,"Tacha refletiva metálica - monodirecional tipo II - com um pino - fornecimento e colocação","un",29.18]
[5219639,"Tacha refletiva metálica - monodirecional tipo III - com dois pinos - fornecimento e colocação","un",31.41]
[5219640,"Tacha refletiva metálica - monodirecional tipo III - com um pino - fornecimento e colocação","un",26.55]
[5219641,"Tacha refletiva metálica - monodirecional tipo IV - com dois pinos - fornecimento e colocação","un",66.5]
[5219642,"Tacha refletiva metálica - monodirecional tipo IV - com um pino - fornecimento e colocação","un",63.24]
[5213362,"Tachão refletivo em plástico injetado - bidirecional - fornecimento e colocação","un",97.52]
[5213361,"Tachão refletivo em plástico injetado - monodirecional - fornecimento e colocação","un",96.07]
[5219643,"Tachão refletivo em resina sintética - bidirecional - fornecimento e colocação","un",80.36]
[5219644,"Tachão refletivo em resina sintética - monodirecional - fornecimento e colocação","un",78.650000000000006]
[5214000,"Termoplástico pré-formado para sinalização horizontal - espessura de 2 mm - fornecimento e implantação","m²",353.12]
[5301014,"Comboio balizador em deslocamento","km",129.16]
[5300995,"Confecção de corpo de boia flutuante cilíndrico D = 1,10m","un",2856.1]
[5300996,"Confecção de corpo de boia flutuante cilíndrico D = 1,10m - com lastro","un",3713.32]
[5300998,"Confecção de corpo de boia flutuante cilíndrico D = 1,42m - boia de amarração","un",7339.3]
[5300997,"Confecção de corpo de boia flutuante cilíndrico D = 1,43m - com lastro","un",6080.85]
[5300999,"Confecção de mangrulho H = 0,90m","un",910.95]
[5301000,"Confecção de mangrulho H = 1,50m","un",1383.85]
[5301001,"Confecção de marca de tope de bombordo","un",635.37]
[5301002,"Confecção de marca de tope de boreste","un",396.35]
[5301003,"Confecção de marca de tope especial","un",387.92]
[5301064,"Fornecimento e implantação de suporte duplo em madeira com travessa para placa de sinalização náutica em margem - altura total de 4,0 m","un",641.83000000000004]
[5301046,"Fornecimento e implantação de suporte duplo em madeira com travessa para placa de sinalização náutica em margem - altura total de 4,0 m - com embarcação","un",1239.0899999999999]
[5301065,"Fornecimento e implantação de suporte duplo em madeira com travessa para placa de sinalização náutica em margem - altura total de 5,0 m","un",1101.5]
[5301047,"Fornecimento e implantação de suporte duplo em madeira com travessa para placa de sinalização náutica em margem - altura total de 5,0 m - com embarcação","un",2091.56]
[5301066,"Fornecimento e implantação de suporte duplo em madeira com travessa para placa de sinalização náutica em margem - altura total de 5,5 m","un",1230.77]
[5301048,"Fornecimento e implantação de suporte duplo em madeira com travessa para placa de sinalização náutica em margem - altura total de 5,5 m - com embarcação","un",2277.27]
[5301040,"Fornecimento e implantação de suporte duplo metálico galvanizado para placa de sinalização náutica em margem - altura total de 4 m - com embarcação","un",2197.8200000000002]
[5301058,"Fornecimento e implantação de suporte duplo metálico galvanizado para placa de sinalização náutica em margem - altura total de 4,0 m","un",1592.88]
[5301041,"Fornecimento e implantação de suporte duplo metálico galvanizado para placa de sinalização náutica em margem - altura total de 5 m - com embarcação","un",4941.25]
[5301059,"Fornecimento e implantação de suporte duplo metálico galvanizado para placa de sinalização náutica em margem - altura total de 5,0 m","un",3929]
[5301060,"Fornecimento e implantação de suporte duplo metálico galvanizado para placa de sinalização náutica em margem - altura total de 5,5 m","un",4347.22]
[5301042,"Fornecimento e implantação de suporte duplo metálico galvanizado para placa de sinalização náutica em margem - altura total de 5,5 m - com embarcação","un",5417.72]
[5301072,"Fornecimento e implantação de suporte duplo polimérico ecológico maciço quadrado de 10 cm para placa de sinalização náutica em margem - altura total de 5,5 m","un",5469.84]
[5301054,"Fornecimento e implantação de suporte duplo polimérico ecológico maciço quadrado de 10 cm para placa de sinalização náutica em margem - altura total de 5,5 m - com embarcação","un",5969.26]
[5301070,"Fornecimento e implantação de suporte duplo polimérico ecológico maciço quadrado de 8 cm para placa de sinalização náutica em margem - altura total de 4,0 m","un",2371.3200000000002]
[5301052,"Fornecimento e implantação de suporte duplo polimérico ecológico maciço quadrado de 8 cm para placa de sinalização náutica em margem - altura total de 4,0 m - com embarcação","un",2848.44]
[5301071,"Fornecimento e implantação de suporte duplo polimérico ecológico maciço quadrado de 8 cm para placa de sinalização náutica em margem - altura total de 5,0 m","un",3138.58]
[5301053,"Fornecimento e implantação de suporte duplo polimérico ecológico maciço quadrado de 8 cm para placa de sinalização náutica em margem - altura total de 5,0 m - com embarcação","un",3616.06]
[5301061,"Fornecimento e implantação de suporte simples em madeira com travessa para placa de sinalização náutica em margem - altura total de 4 m","un",211.4]
[5301043,"Fornecimento e implantação de suporte simples em madeira com travessa para placa de sinalização náutica em margem - altura total de 4 m - com embarcação","un",683.19]
[5301062,"Fornecimento e implantação de suporte simples em madeira com travessa para placa de sinalização náutica em margem - altura total de 5 m","un",343.93]
[5301044,"Fornecimento e implantação de suporte simples em madeira com travessa para placa de sinalização náutica em margem - altura total de 5 m - com embarcação","un",1021.74]
[5301063,"Fornecimento e implantação de suporte simples em madeira com travessa para placa de sinalização náutica em margem - altura total de 5,5 m","un",395.62]
[5301045,"Fornecimento e implantação de suporte simples em madeira com travessa para placa de sinalização náutica em margem - altura total de 5,5 m - com embarcação","un",1121.96]
[5301037,"Fornecimento e implantação de suporte simples metálico galvanizado para placa de sinalização náutica em margem - altura total de 4 m - com embarcação","un",1148.1500000000001]
[5301055,"Fornecimento e implantação de suporte simples metálico galvanizado para placa de sinalização náutica em margem - altura total de 4,0 m","un",672.42]
[5301038,"Fornecimento e implantação de suporte simples metálico galvanizado para placa de sinalização náutica em margem - altura total de 5 m - com embarcação","un",2417.04]
[5301056,"Fornecimento e implantação de suporte simples metálico galvanizado para placa de sinalização náutica em margem - altura total de 5,0 m","un",1727.74]
[5301057,"Fornecimento e implantação de suporte simples metálico galvanizado para placa de sinalização náutica em margem - altura total de 5,5 m","un",1920.33]
[5301039,"Fornecimento e implantação de suporte simples metálico galvanizado para placa de sinalização náutica em margem - altura total de 5,5 m - com embarcação","un",2659.72]
[5301069,"Fornecimento e implantação de suporte simples polimérico ecológico maciço quadrado de 10 cm para placa de sinalização náutica em margem - altura total de 5,5 m","un",2503.9899999999998]
[5301051,"Fornecimento e implantação de suporte simples polimérico ecológico maciço quadrado de 10 cm para placa de sinalização náutica em margem - altura total de 5,5 m - com embarcação","un",2912.01]
[5301067,"Fornecimento e implantação de suporte simples polimérico ecológico maciço quadrado de 8 cm para placa de sinalização náutica em margem - altura total de 4 m","un",1074.75]
[5301049,"Fornecimento e implantação de suporte simples polimérico ecológico maciço quadrado de 8 cm para placa de sinalização náutica em margem - altura total de 4 m - com embarcação","un",1481.94]
[5301068,"Fornecimento e implantação de suporte simples polimérico ecológico maciço quadrado de 8 cm para placa de sinalização náutica em margem - altura total de 5 m","un",1357.94]
[5301050,"Fornecimento e implantação de suporte simples polimérico ecológico maciço quadrado de 8 cm para placa de sinalização náutica em margem - altura total de 5 m - com embarcação","un",1765.31]
[5301022,"Fornecimento e instalação de conjunto de acessórios para sistema de fundeio de boia de amarração náutica com 4 manilhas","un",975.92]
[5301021,"Fornecimento e instalação de conjunto de acessórios para sistema de fundeio de boia de sinalização náutica com 7 manilhas","un",619.76]
[5301020,"Fornecimento e instalação de corrente 1\" para sistema de fundeio de boia de sinalização náutica","m",374.92]
[5301018,"Fornecimento e instalação de corrente 1/2\" para sistema de fundeio de boia de sinalização náutica","m",97.4]
[5301019,"Fornecimento e instalação de corrente 3/4\" para sistema de fundeio de boia de sinalização náutica","m",253.3]
[5301077,"Fornecimento e instalação de lanterna de sinalização náutica com alcance luminoso de 2 MN em obra de arte especial - com embarcação","un",4747.5200000000004]
[5301078,"Fornecimento e instalação de lanterna de sinalização náutica com alcance luminoso de 3 MN em obra de arte especial - com embarcação","un",5283.67]
[5301079,"Fornecimento e instalação de lanterna de sinalização náutica com alcance luminoso de 4 MN em obra de arte especial - com embarcação","un",7609.44]
[5301080,"Fornecimento e instalação de lanterna de sinalização náutica com alcance luminoso de 5 MN em obra de arte especial - com embarcação","un",9136.81]
[5301081,"Fornecimento e instalação de lanterna de sinalização náutica com alcance luminoso de 8 MN em obra de arte especial - com embarcação","un",10106.73]
[5301023,"Fornecimento e instalação de suporte e lanterna de sinalização náutica com alcance luminoso de 2 MN em boia","un",3669.93]
[5301024,"Fornecimento e instalação de suporte e lanterna de sinalização náutica com alcance luminoso de 3 MN em boia","un",4206.08]
[5301025,"Fornecimento e instalação de suporte e lanterna de sinalização náutica com alcance luminoso de 4 MN em boia","un",6531.85]
[5301026,"Fornecimento e instalação de suporte e lanterna de sinalização náutica com alcance luminoso de 5 MN em boia","un",8059.22]
[5301027,"Fornecimento e instalação de suporte e lanterna de sinalização náutica com alcance luminoso de 8 MN em boia","un",9029.14]
[5301028,"Fornecimento e substituição de lanterna de sinalização náutica com alcance luminoso de 2 MN em boia","un",3610.88]
[5301082,"Fornecimento e substituição de lanterna de sinalização náutica com alcance luminoso de 2 MN em obra de arte especial - com embarcação","un",4603.49]
[5301029,"Fornecimento e substituição de lanterna de sinalização náutica com alcance luminoso de 3 MN em boia","un",4147.03]
[5301083,"Fornecimento e substituição de lanterna de sinalização náutica com alcance luminoso de 3 MN em obra de arte especial - com embarcação","un",5139.6400000000003]
[5301030,"Fornecimento e substituição de lanterna de sinalização náutica com alcance luminoso de 4 MN em boia","un",6472.8]
[5301084,"Fornecimento e substituição de lanterna de sinalização náutica com alcance luminoso de 4 MN em obra de arte especial - com embarcação","un",7465.41]
[5301031,"Fornecimento e substituição de lanterna de sinalização náutica com alcance luminoso de 5 MN em boia","un",8000.17]
[5301085,"Fornecimento e substituição de lanterna de sinalização náutica com alcance luminoso de 5 MN em obra de arte especial - com embarcação","un",8992.7900000000009]
[5301032,"Fornecimento e substituição de lanterna de sinalização náutica com alcance luminoso de 8 MN em boia","un",8970.09]
[5301086,"Fornecimento e substituição de lanterna de sinalização náutica com alcance luminoso de 8 MN em obra de arte especial - com embarcação","un",9962.7000000000007]
[5301033,"Implantação de placa de sinalização náutica em margem - equipamentos e mão de obra","un",71.53]
[5301034,"Implantação de placa de sinalização náutica em margem - equipamentos e mão de obra - com embarcação","un",528.34]
[5301073,"Implantação de placa de sinalização náutica em obra de arte especial - equipamentos e mão de obra","un",426.74]
[5301074,"Implantação de placa de sinalização náutica em obra de arte especial - equipamentos e mão de obra - com embarcação","un",1531.02]
[5301015,"Lançamento de boia de sinalização náutica com sistema de fundeio - equipamentos e mão de obra","un",946.25]
[5300992,"Pintura com epóxi óxido de ferro em chapa metálica com pistola a ar comprimido, uma demão, espessura até 35 µm","m²",15.86]
[5300994,"Pintura com esmalte poliuretano de dois componentes em chapa metálica com pistola a ar comprimido, uma demão, espessura até 35 µm","m²",14.69]
[5300993,"Pintura com fundo fosfatizante, uma demão, em chapa de alumínio com pistola a ar comprimido","m²",10.1]
[5301088,"Poita de concreto com 1.000 kg para boia de sinalização náutica","un",331.02]
[5301004,"Poita de concreto com 1.500 kg para boia de sinalização náutica","un",470.3]
[5301087,"Poita de concreto com 500 kg para boia de sinalização náutica","un",195.28]
[5301005,"Reforma de corpo de boia flutuante cilíndrico D = 1,10m","un",412.1]
[5301006,"Reforma de corpo de boia flutuante cilíndrico D = 1,10m - com lastro","un",509.27]
[5301008,"Reforma de corpo de boia flutuante cilíndrico D = 1,42m - boia de amarração","un",924.21]
[5301007,"Reforma de corpo de boia flutuante cilíndrico D = 1,43m - com lastro","un",843.63]
[5301009,"Reforma de mangrulho H = 0,90m","un",256.08]
[5301010,"Reforma de mangrulho H = 1,50m","un",392.91]
[5301011,"Reforma de marca de tope de bombordo","un",311.20999999999998]
[5301012,"Reforma de marca de tope de boreste","un",218.91]
[5301013,"Reforma de marca de tope especial","un",186]
[5301016,"Substituição de boia de sinalização náutica com sistema de fundeio - equipamentos e mão de obra","un",1568.14]
[5301017,"Substituição de boia de sinalização náutica sem sistema de fundeio - equipamentos e mão de obra","un",1145.57]
[5301035,"Substituição de placa de sinalização náutica em margem - equipamentos e mão de obra","un",105.51]
[5301036,"Substituição de placa de sinalização náutica em margem - equipamentos e mão de obra - com embarcação","un",1056.68]
[5301075,"Substituição de placa de sinalização náutica em obra de arte especial - equipamentos e mão de obra","un",488.24]
[5301076,"Substituição de placa de sinalização náutica em obra de arte especial - equipamentos e mão de obra - com embarcação","un",1694.69]
[5405977,"Aterro compactado em solo reforçado com fita metálica galvanizada - taxa 1,65 kg/m³ - material de jazida","m³",43.14]
[5406044,"Aterro compactado em solo reforçado com fita metálica galvanizada - taxa 12,40 kg/m³ - material de jazida","m³",259.26]
[5406045,"Aterro compactado em solo reforçado com fita metálica galvanizada - taxa 13,23 kg/m³ - material de jazida","m³",275.95]
[5406046,"Aterro compactado em solo reforçado com fita metálica galvanizada - taxa 14,88 kg/m³ - material de jazida","m³",309.12]
[5406047,"Aterro compactado em solo reforçado com fita metálica galvanizada - taxa 19,84 kg/m³ - material de jazida","m³",408.83]
[5405978,"Aterro compactado em solo reforçado com fita metálica galvanizada - taxa 3,31 kg/m³ - material de jazida","m³",76.52]
[5405982,"Aterro compactado em solo reforçado com fita metálica galvanizada - taxa 4,13 kg/m³ - material de jazida","m³",93]
[5405983,"Aterro compactado em solo reforçado com fita metálica galvanizada - taxa 4,96 kg/m³ - material de jazida","m³",109.69]
[5405984,"Aterro compactado em solo reforçado com fita metálica galvanizada - taxa 6,61 kg/m³ - material de jazida","m³",142.86000000000001]
[5405985,"Aterro compactado em solo reforçado com fita metálica galvanizada - taxa 8,27 kg/m³ - material de jazida","m³",176.23]
[5406043,"Aterro compactado em solo reforçado com fita metálica galvanizada - taxa 9,92 kg/m³ - material de jazida","m³",209.4]
[5405975,"Escoramento da primeira linha de escamas de concreto armado em solo reforçado com fita metálica – utilização de 3 vezes - confecção, instalação e retirada","m²",38.33]
[5405970,"Fabricação de escama de concreto armado para solo reforçado com fita metálica - 2 a 5 ligações - areia e brita comerciais","m³",1389.73]
[5405972,"Fabricação de escama de concreto armado para solo reforçado com fita metálica - 2 a 5 ligações - areia extraída e brita produzida","m³",1270.72]
[5405971,"Fabricação de escama de concreto armado para solo reforçado com fita metálica - 6 a 8 ligações - areia e brita comerciais","m³",1562]
[5405973,"Fabricação de escama de concreto armado para solo reforçado com fita metálica - 6 a 8 ligações - areia extraída e brita produzida","m³",1442.99]
[5405986,"Moldes metálicos para escama de concreto armado para solo reforçado com fita metálica - formato cruciforme de 1,50 x 1,50 m - utilização de 100 vezes","m²",9.82]
[5405976,"Montagem das escamas de concreto armado em solo reforçado com fita metálica","m²",122.51]
[5406023,"Muro de escama de concreto armado em solo reforçado com fita metálica com altura até 4 m - tipo 1 - areia e brita comerciais","m²",338.63]
[5406033,"Muro de escama de concreto armado em solo reforçado com fita metálica com altura até 4 m - tipo 1 - areia extraída e brita produzida","m²",321.97000000000003]
[5406024,"Muro de escama de concreto armado em solo reforçado com fita metálica com altura até 4 m - tipo 2 - areia e brita comerciais","m²",362.75]
[5406034,"Muro de escama de concreto armado em solo reforçado com fita metálica com altura até 4 m - tipo 2 - areia extraída e brita produzida","m²",346.09]
[5406031,"Muro de escama de concreto armado em solo reforçado com fita metálica com altura de 10,0 a 12 m - tipo 1 - areia e brita comerciais","m²",320.99]
[5406041,"Muro de escama de concreto armado em solo reforçado com fita metálica com altura de 10,0 a 12 m - tipo 1 - areia extraída e brita produzida","m²",304.33]
[5406032,"Muro de escama de concreto armado em solo reforçado com fita metálica com altura de 10,0 a 12 m - tipo 2 - areia e brita comerciais","m²",345.11]
[5406042,"Muro de escama de concreto armado em solo reforçado com fita metálica com altura de 10,0 a 12 m - tipo 2 - areia extraída e brita produzida","m²",328.45]
[5406025,"Muro de escama de concreto armado em solo reforçado com fita metálica com altura de 4,0 a 6 m - tipo 1 - areia e brita comerciais","m²",325.7]
[5406035,"Muro de escama de concreto armado em solo reforçado com fita metálica com altura de 4,0 a 6 m - tipo 1 - areia extraída e brita produzida","m²",309.04000000000002]
[5406026,"Muro de escama de concreto armado em solo reforçado com fita metálica com altura de 4,0 a 6 m - tipo 2 - areia e brita comerciais","m²",349.81]
[5406036,"Muro de escama de concreto armado em solo reforçado com fita metálica com altura de 4,0 a 6 m - tipo 2 - areia extraída e brita produzida","m²",333.15]
[5406027,"Muro de escama de concreto armado em solo reforçado com fita metálica com altura de 6,0 a 8 m - tipo 1 - areia e brita comerciais","m²",323.23]
[5406037,"Muro de escama de concreto armado em solo reforçado com fita metálica com altura de 6,0 a 8 m - tipo 1 - areia extraída e brita produzida","m²",306.57]
[5406028,"Muro de escama de concreto armado em solo reforçado com fita metálica com altura de 6,0 a 8 m - tipo 2 - areia e brita comerciais","m²",347.35]
[5406038,"Muro de escama de concreto armado em solo reforçado com fita metálica com altura de 6,0 a 8 m - tipo 2 - areia extraída e brita produzida","m²",330.69]
[5406029,"Muro de escama de concreto armado em solo reforçado com fita metálica com altura de 8,0 a 10 m - tipo 1 - areia e brita comerciais","m²",321.86]
[5406039,"Muro de escama de concreto armado em solo reforçado com fita metálica com altura de 8,0 a 10 m - tipo 1 - areia extraída e brita produzida","m²",305.2]
[5406030,"Muro de escama de concreto armado em solo reforçado com fita metálica com altura de 8,0 a 10 m - tipo 2 - areia e brita comerciais","m²",345.98]
[5406040,"Muro de escama de concreto armado em solo reforçado com fita metálica com altura de 8,0 a 10 m - tipo 2 - areia extraída e brita produzida","m²",329.32]
[5405987,"Travador de madeira para escama de concreto armado - utilização de 10 vezes","un",9.11]
[5405979,"Travamento e nivelamento de escama de concreto armado em solo reforçado com fita metálica","m²",15.68]
[5502806,"Camada drenante com conformação de trator de esteira - areia comercial","m³",138.66999999999999]
[5502807,"Camada drenante com conformação de trator de esteira - areia extraída","m³",14.01]
[5503041,"Compactação de aterros a 100% do Proctor intermediário","m³",7.92]
[5502978,"Compactação de aterros a 100% do Proctor normal","m³",4.5199999999999996]
[5502822,"Compactação de camada final de aterro de rocha","m³",36.99]
[5502979,"Construção de corpo de aterro com material de 3ª categoria oriundo de corte","m³",15.95]
[5501700,"Desmatamento, destocamento e limpeza de área com árvores de diâmetro até 0,15 m","m²",0.51]
[5500991,"Desmonte de blocos de rocha com martelete pneumático","m³",150.96]
[5515739,"Desmonte de matacões ou bloco de rocha por meio de explosivos","m³",43.18]
[5505766,"Desmonte de material de 3ª categoria a frio com argamassa expansiva a céu aberto","m³",324.23]
[5501701,"Destocamento de árvores com diâmetro de 0,15 a 0,30 m","un",37.51]
[5501702,"Destocamento de árvores com diâmetro maior que 0,30 m","un",93.78]
[5502972,"Escavação de vala em material de 3ª categoria - resistência à compressão acima de 110 MPa - com escavadeira e rompedor hidráulico 1.700 kg","m³",225.4]
[5502968,"Escavação de vala em material de 3ª categoria - resistência à compressão até 50 MPa - com escavadeira e rompedor hidráulico 1.700 kg","m³",25.52]
[5502969,"Escavação de vala em material de 3ª categoria - resistência à compressão de 50 a 70 MPa - com escavadeira e rompedor hidráulico 1.700 kg","m³",32.18]
[5502970,"Escavação de vala em material de 3ª categoria - resistência à compressão de 70 a 90 MPa - com escavadeira e rompedor hidráulico 1.700 kg","m³",58.91]
[5502971,"Escavação de vala em material de 3ª categoria - resistência à compressão de 90 a 110 MPa - com escavadeira e rompedor hidráulico 1.700 kg","m³",109.54]
[5502663,"Escavação e transporte de material de 3ª categoria - DMT de 0 a 50 m","m³",31.69]
[5502993,"Escavação em material de 3ª categoria","m³",23.46]
[5502967,"Escavação em material de 3ª categoria - resistência à compressão acima de 110 MPa - com escavadeira e rompedor hidráulico 1.700 kg","m³",124.72]
[5502963,"Escavação em material de 3ª categoria - resistência à compressão até 50 MPa - com escavadeira e rompedor hidráulico 1.700 kg","m³",15.28]
[5502964,"Escavação em material de 3ª categoria - resistência à compressão de 50 a 70 MPa - com escavadeira e rompedor hidráulico 1.700 kg","m³",19.12]
[5502965,"Escavação em material de 3ª categoria - resistência à compressão de 70 a 90 MPa - com escavadeira e rompedor hidráulico 1.700 kg","m³",34.4]
[5502966,"Escavação em material de 3ª categoria - resistência à compressão de 90 a 110 MPa - com escavadeira e rompedor hidráulico 1.700 kg","m³",63.02]
[5501706,"Escavação mecânica com retroescavadeira em material de 1ª categoria","m³",6.54]
[5501880,"Escavação, carga e transporte de material de 1ª categoria - DMT de 1.000 a 1.200 m - caminho de serviço em leito natural - com carregadeira e caminhão basculante de 14 m³","m³",10.95]
[5502114,"Escavação, carga e transporte de material de 1ª categoria - DMT de 1.000 a 1.200 m - caminho de serviço em leito natural - com escavadeira e caminhão basculante de 14 m³","m³",7.24]
[5501906,"Escavação, carga e transporte de material de 1ª categoria - DMT de 1.000 a 1.200 m - caminho de serviço em revestimento primário - com carregadeira e caminhão basculante de 14 m³","m³",9.82]
[5502140,"Escavação, carga e transporte de material de 1ª categoria - DMT de 1.000 a 1.200 m - caminho de serviço em revestimento primário - com escavadeira e caminhão basculante de 14 m³","m³",6.11]
[5501932,"Escavação, carga e transporte de material de 1ª categoria - DMT de 1.000 a 1.200 m - caminho de serviço pavimentado - com carregadeira e caminhão basculante de 14 m³","m³",9.2100000000000009]
[5502166,"Escavação, carga e transporte de material de 1ª categoria - DMT de 1.000 a 1.200 m - caminho de serviço pavimentado - com escavadeira e caminhão basculante de 14 m³","m³",5.89]
[5501881,"Escavação, carga e transporte de material de 1ª categoria - DMT de 1.200 a 1.400 m - caminho de serviço em leito natural - com carregadeira e caminhão basculante de 14 m³","m³",11.17]
[5502115,"Escavação, carga e transporte de material de 1ª categoria - DMT de 1.200 a 1.400 m - caminho de serviço em leito natural - com escavadeira e caminhão basculante de 14 m³","m³",7.9]
[5501907,"Escavação, carga e transporte de material de 1ª categoria - DMT de 1.200 a 1.400 m - caminho de serviço em revestimento primário - com carregadeira e caminhão basculante de 14 m³","m³",9.9700000000000006]
[5502141,"Escavação, carga e transporte de material de 1ª categoria - DMT de 1.200 a 1.400 m - caminho de serviço em revestimento primário - com escavadeira e caminhão basculante de 14 m³","m³",6.66]
[5501933,"Escavação, carga e transporte de material de 1ª categoria - DMT de 1.200 a 1.400 m - caminho de serviço pavimentado - com carregadeira e caminhão basculante de 14 m³","m³",9.33]
[5502167,"Escavação, carga e transporte de material de 1ª categoria - DMT de 1.200 a 1.400 m - caminho de serviço pavimentado - com escavadeira e caminhão basculante de 14 m³","m³",6.02]
[5501882,"Escavação, carga e transporte de material de 1ª categoria - DMT de 1.400 a 1.600 m - caminho de serviço em leito natural - com carregadeira e caminhão basculante de 14 m³","m³",11.39]
[5502116,"Escavação, carga e transporte de material de 1ª categoria - DMT de 1.400 a 1.600 m - caminho de serviço em leito natural - com escavadeira e caminhão basculante de 14 m³","m³",8.08]
[5501908,"Escavação, carga e transporte de material de 1ª categoria - DMT de 1.400 a 1.600 m - caminho de serviço em revestimento primário - com carregadeira e caminhão basculante de 14 m³","m³",10.119999999999999]
[5502142,"Escavação, carga e transporte de material de 1ª categoria - DMT de 1.400 a 1.600 m - caminho de serviço em revestimento primário - com escavadeira e caminhão basculante de 14 m³","m³",6.82]
[5501934,"Escavação, carga e transporte de material de 1ª categoria - DMT de 1.400 a 1.600 m - caminho de serviço pavimentado - com carregadeira e caminhão basculante de 14 m³","m³",9.82]
[5502168,"Escavação, carga e transporte de material de 1ª categoria - DMT de 1.400 a 1.600 m - caminho de serviço pavimentado - com escavadeira e caminhão basculante de 14 m³","m³",6.11]
[5501883,"Escavação, carga e transporte de material de 1ª categoria - DMT de 1.600 a 1.800 m - caminho de serviço em leito natural - com carregadeira e caminhão basculante de 14 m³","m³",11.61]
[5502117,"Escavação, carga e transporte de material de 1ª categoria - DMT de 1.600 a 1.800 m - caminho de serviço em leito natural - com escavadeira e caminhão basculante de 14 m³","m³",8.32]
[5501909,"Escavação, carga e transporte de material de 1ª categoria - DMT de 1.600 a 1.800 m - caminho de serviço em revestimento primário - com carregadeira e caminhão basculante de 14 m³","m³",10.26]
[5502143,"Escavação, carga e transporte de material de 1ª categoria - DMT de 1.600 a 1.800 m - caminho de serviço em revestimento primário - com escavadeira e caminhão basculante de 14 m³","m³",6.97]
[5501935,"Escavação, carga e transporte de material de 1ª categoria - DMT de 1.600 a 1.800 m - caminho de serviço pavimentado - com carregadeira e caminhão basculante de 14 m³","m³",9.9700000000000006]
[5502169,"Escavação, carga e transporte de material de 1ª categoria - DMT de 1.600 a 1.800 m - caminho de serviço pavimentado - com escavadeira e caminhão basculante de 14 m³","m³",6.66]
[5501884,"Escavação, carga e transporte de material de 1ª categoria - DMT de 1.800 a 2.000 m - caminho de serviço em leito natural - com carregadeira e caminhão basculante de 14 m³","m³",12.21]
[5502118,"Escavação, carga e transporte de material de 1ª categoria - DMT de 1.800 a 2.000 m - caminho de serviço em leito natural - com escavadeira e caminhão basculante de 14 m³","m³",8.5500000000000007]
[5501910,"Escavação, carga e transporte de material de 1ª categoria - DMT de 1.800 a 2.000 m - caminho de serviço em revestimento primário - com carregadeira e caminhão basculante de 14 m³","m³",10.41]
[5502144,"Escavação, carga e transporte de material de 1ª categoria - DMT de 1.800 a 2.000 m - caminho de serviço em revestimento primário - com escavadeira e caminhão basculante de 14 m³","m³",7.09]
[5501936,"Escavação, carga e transporte de material de 1ª categoria - DMT de 1.800 a 2.000 m - caminho de serviço pavimentado - com carregadeira e caminhão basculante de 14 m³","m³",10.08]
[5502170,"Escavação, carga e transporte de material de 1ª categoria - DMT de 1.800 a 2.000 m - caminho de serviço pavimentado - com escavadeira e caminhão basculante de 14 m³","m³",6.78]
[5501885,"Escavação, carga e transporte de material de 1ª categoria - DMT de 2.000 a 2.500 m - caminho de serviço em leito natural - com carregadeira e caminhão basculante de 14 m³","m³",12.63]
[5502119,"Escavação, carga e transporte de material de 1ª categoria - DMT de 2.000 a 2.500 m - caminho de serviço em leito natural - com escavadeira e caminhão basculante de 14 m³","m³",9.36]
[5501911,"Escavação, carga e transporte de material de 1ª categoria - DMT de 2.000 a 2.500 m - caminho de serviço em revestimento primário - com carregadeira e caminhão basculante de 14 m³","m³",11.03]
[5502145,"Escavação, carga e transporte de material de 1ª categoria - DMT de 2.000 a 2.500 m - caminho de serviço em revestimento primário - com escavadeira e caminhão basculante de 14 m³","m³",7.36]
[5501937,"Escavação, carga e transporte de material de 1ª categoria - DMT de 2.000 a 2.500 m - caminho de serviço pavimentado - com carregadeira e caminhão basculante de 14 m³","m³",10.26]
[5502171,"Escavação, carga e transporte de material de 1ª categoria - DMT de 2.000 a 2.500 m - caminho de serviço pavimentado - com escavadeira e caminhão basculante de 14 m³","m³",6.97]
[5501886,"Escavação, carga e transporte de material de 1ª categoria - DMT de 2.500 a 3.000 m - caminho de serviço em leito natural - com carregadeira e caminhão basculante de 14 m³","m³",13.62]
[5502120,"Escavação, carga e transporte de material de 1ª categoria - DMT de 2.500 a 3.000 m - caminho de serviço em leito natural - com escavadeira e caminhão basculante de 14 m³","m³",10.37]
[5501912,"Escavação, carga e transporte de material de 1ª categoria - DMT de 2.500 a 3.000 m - caminho de serviço em revestimento primário - com carregadeira e caminhão basculante de 14 m³","m³",11.43]
[5502146,"Escavação, carga e transporte de material de 1ª categoria - DMT de 2.500 a 3.000 m - caminho de serviço em revestimento primário - com escavadeira e caminhão basculante de 14 m³","m³",8.18]
[5501938,"Escavação, carga e transporte de material de 1ª categoria - DMT de 2.500 a 3.000 m - caminho de serviço pavimentado - com carregadeira e caminhão basculante de 14 m³","m³",10.99]
[5502172,"Escavação, carga e transporte de material de 1ª categoria - DMT de 2.500 a 3.000 m - caminho de serviço pavimentado - com escavadeira e caminhão basculante de 14 m³","m³",7.32]
[5501876,"Escavação, carga e transporte de material de 1ª categoria - DMT de 200 a 400 m - caminho de serviço em leito natural - com carregadeira e caminhão basculante de 14 m³","m³",9.1300000000000008]
[5502110,"Escavação, carga e transporte de material de 1ª categoria - DMT de 200 a 400 m - caminho de serviço em leito natural - com escavadeira e caminhão basculante de 14 m³","m³",5.8]
[5501902,"Escavação, carga e transporte de material de 1ª categoria - DMT de 200 a 400 m - caminho de serviço em revestimento primário - com carregadeira e caminhão basculante de 14 m³","m³",8.77]
[5502136,"Escavação, carga e transporte de material de 1ª categoria - DMT de 200 a 400 m - caminho de serviço em revestimento primário - com escavadeira e caminhão basculante de 14 m³","m³",5.46]
[5501928,"Escavação, carga e transporte de material de 1ª categoria - DMT de 200 a 400 m - caminho de serviço pavimentado - com carregadeira e caminhão basculante de 14 m³","m³",8.26]
[5502162,"Escavação, carga e transporte de material de 1ª categoria - DMT de 200 a 400 m - caminho de serviço pavimentado - com escavadeira e caminhão basculante de 14 m³","m³",4.91]
[5501877,"Escavação, carga e transporte de material de 1ª categoria - DMT de 400 a 600 m - caminho de serviço em leito natural - com carregadeira e caminhão basculante de 14 m³","m³",9.82]
[5502111,"Escavação, carga e transporte de material de 1ª categoria - DMT de 400 a 600 m - caminho de serviço em leito natural - com escavadeira e caminhão basculante de 14 m³","m³",6.11]
[5501903,"Escavação, carga e transporte de material de 1ª categoria - DMT de 400 a 600 m - caminho de serviço em revestimento primário - com carregadeira e caminhão basculante de 14 m³","m³",8.98]
[5502137,"Escavação, carga e transporte de material de 1ª categoria - DMT de 400 a 600 m - caminho de serviço em revestimento primário - com escavadeira e caminhão basculante de 14 m³","m³",5.64]
[5501929,"Escavação, carga e transporte de material de 1ª categoria - DMT de 400 a 600 m - caminho de serviço pavimentado - com carregadeira e caminhão basculante de 14 m³","m³",8.83]
[5502163,"Escavação, carga e transporte de material de 1ª categoria - DMT de 400 a 600 m - caminho de serviço pavimentado - com escavadeira e caminhão basculante de 14 m³","m³",5.49]
[5501875,"Escavação, carga e transporte de material de 1ª categoria - DMT de 50 a 200 m - caminho de serviço em leito natural - com carregadeira e caminhão basculante de 14 m³","m³",8.77]
[5502109,"Escavação, carga e transporte de material de 1ª categoria - DMT de 50 a 200 m - caminho de serviço em leito natural - com escavadeira e caminhão basculante de 14 m³","m³",5.46]
[5501901,"Escavação, carga e transporte de material de 1ª categoria - DMT de 50 a 200 m - caminho de serviço em revestimento primário - com carregadeira e caminhão basculante de 14 m³","m³",8.15]
[5502135,"Escavação, carga e transporte de material de 1ª categoria - DMT de 50 a 200 m - caminho de serviço em revestimento primário - com escavadeira e caminhão basculante de 14 m³","m³",4.8]
[5501927,"Escavação, carga e transporte de material de 1ª categoria - DMT de 50 a 200 m - caminho de serviço pavimentado - com carregadeira e caminhão basculante de 14 m³","m³",8.09]
[5502161,"Escavação, carga e transporte de material de 1ª categoria - DMT de 50 a 200 m - caminho de serviço pavimentado - com escavadeira e caminhão basculante de 14 m³","m³",4.7300000000000004]
[5501878,"Escavação, carga e transporte de material de 1ª categoria - DMT de 600 a 800 m - caminho de serviço em leito natural - com carregadeira e caminhão basculante de 14 m³","m³",10.08]
[5502112,"Escavação, carga e transporte de material de 1ª categoria - DMT de 600 a 800 m - caminho de serviço em leito natural - com escavadeira e caminhão basculante de 14 m³","m³",6.78]
[5501904,"Escavação, carga e transporte de material de 1ª categoria - DMT de 600 a 800 m - caminho de serviço em revestimento primário - com carregadeira e caminhão basculante de 14 m³","m³",9.1300000000000008]
[5502138,"Escavação, carga e transporte de material de 1ª categoria - DMT de 600 a 800 m - caminho de serviço em revestimento primário - com escavadeira e caminhão basculante de 14 m³","m³",5.83]
[5501930,"Escavação, carga e transporte de material de 1ª categoria - DMT de 600 a 800 m - caminho de serviço pavimentado - com carregadeira e caminhão basculante de 14 m³","m³",8.9499999999999993]
[5502164,"Escavação, carga e transporte de material de 1ª categoria - DMT de 600 a 800 m - caminho de serviço pavimentado - com escavadeira e caminhão basculante de 14 m³","m³",5.64]
[5501879,"Escavação, carga e transporte de material de 1ª categoria - DMT de 800 a 1.000 m - caminho de serviço em leito natural - com carregadeira e caminhão basculante de 14 m³","m³",10.34]
[5502113,"Escavação, carga e transporte de material de 1ª categoria - DMT de 800 a 1.000 m - caminho de serviço em leito natural - com escavadeira e caminhão basculante de 14 m³","m³",7.01]
[5501905,"Escavação, carga e transporte de material de 1ª categoria - DMT de 800 a 1.000 m - caminho de serviço em revestimento primário - com carregadeira e caminhão basculante de 14 m³","m³",9.3000000000000007]
[5502139,"Escavação, carga e transporte de material de 1ª categoria - DMT de 800 a 1.000 m - caminho de serviço em revestimento primário - com escavadeira e caminhão basculante de 14 m³","m³",5.99]
[5501931,"Escavação, carga e transporte de material de 1ª categoria - DMT de 800 a 1.000 m - caminho de serviço pavimentado - com carregadeira e caminhão basculante de 14 m³","m³",9.1]
[5502165,"Escavação, carga e transporte de material de 1ª categoria - DMT de 800 a 1.000 m - caminho de serviço pavimentado - com escavadeira e caminhão basculante de 14 m³","m³",5.77]
[5502825,"Escavação, carga e transporte de material de 1ª categoria na distância de 3.000 m - caminho de serviço em leito natural - com carregadeira e caminhão basculante de 14 m³","m³",14.38]
[5502834,"Escavação, carga e transporte de material de 1ª categoria na distância de 3.000 m - caminho de serviço em leito natural - com escavadeira e caminhão basculante de 14 m³","m³",10.74]
[5502826,"Escavação, carga e transporte de material de 1ª categoria na distância de 3.000 m - caminho de serviço em revestimento primário - com carregadeira e caminhão basculante de 14 m³","m³",11.65]
[5502835,"Escavação, carga e transporte de material de 1ª categoria na distância de 3.000 m - caminho de serviço em revestimento primário - com escavadeira e caminhão basculante de 14 m³","m³",8.41]
[5502827,"Escavação, carga e transporte de material de 1ª categoria na distância de 3.000 m - caminho de serviço pavimentado - com carregadeira e caminhão basculante de 14 m³","m³",11.17]
[5502836,"Escavação, carga e transporte de material de 1ª categoria na distância de 3.000 m - caminho de serviço pavimentado - com escavadeira e caminhão basculante de 14 m³","m³",7.9]
[5502356,"Escavação, carga e transporte de material de 2ª categoria - DMT de 1.000 a 1.200 m - caminho de serviço em leito natural - com carregadeira e caminhão basculante de 14 m³","m³",17.03]
[5502590,"Escavação, carga e transporte de material de 2ª categoria - DMT de 1.000 a 1.200 m - caminho de serviço em leito natural - com escavadeira e caminhão basculante de 14 m³","m³",9.93]
[5502382,"Escavação, carga e transporte de material de 2ª categoria - DMT de 1.000 a 1.200 m - caminho de serviço em revestimento primário - com carregadeira e caminhão basculante de 14 m³","m³",15.73]
[5502616,"Escavação, carga e transporte de material de 2ª categoria - DMT de 1.000 a 1.200 m - caminho de serviço em revestimento primário - com escavadeira e caminhão basculante de 14 m³","m³",8.4600000000000009]
[5502408,"Escavação, carga e transporte de material de 2ª categoria - DMT de 1.000 a 1.200 m - caminho de serviço pavimentado - com carregadeira e caminhão basculante de 14 m³","m³",15.49]
[5502642,"Escavação, carga e transporte de material de 2ª categoria - DMT de 1.000 a 1.200 m - caminho de serviço pavimentado - com escavadeira e caminhão basculante de 14 m³","m³",8.18]
[5502357,"Escavação, carga e transporte de material de 2ª categoria - DMT de 1.200 a 1.400 m - caminho de serviço em leito natural - com carregadeira e caminhão basculante de 14 m³","m³",17.28]
[5502591,"Escavação, carga e transporte de material de 2ª categoria - DMT de 1.200 a 1.400 m - caminho de serviço em leito natural - com escavadeira e caminhão basculante de 14 m³","m³",10.199999999999999]
[5502383,"Escavação, carga e transporte de material de 2ª categoria - DMT de 1.200 a 1.400 m - caminho de serviço em revestimento primário - com carregadeira e caminhão basculante de 14 m³","m³",15.89]
[5502617,"Escavação, carga e transporte de material de 2ª categoria - DMT de 1.200 a 1.400 m - caminho de serviço em revestimento primário - com escavadeira e caminhão basculante de 14 m³","m³",8.58]
[5502409,"Escavação, carga e transporte de material de 2ª categoria - DMT de 1.200 a 1.400 m - caminho de serviço pavimentado - com carregadeira e caminhão basculante de 14 m³","m³",15.61]
[5502643,"Escavação, carga e transporte de material de 2ª categoria - DMT de 1.200 a 1.400 m - caminho de serviço pavimentado - com escavadeira e caminhão basculante de 14 m³","m³",8.34]
[5502358,"Escavação, carga e transporte de material de 2ª categoria - DMT de 1.400 a 1.600 m - caminho de serviço em leito natural - com carregadeira e caminhão basculante de 14 m³","m³",17.53]
[5502592,"Escavação, carga e transporte de material de 2ª categoria - DMT de 1.400 a 1.600 m - caminho de serviço em leito natural - com escavadeira e caminhão basculante de 14 m³","m³",10.41]
[5502384,"Escavação, carga e transporte de material de 2ª categoria - DMT de 1.400 a 1.600 m - caminho de serviço em revestimento primário - com carregadeira e caminhão basculante de 14 m³","m³",16.05]
[5502618,"Escavação, carga e transporte de material de 2ª categoria - DMT de 1.400 a 1.600 m - caminho de serviço em revestimento primário - com escavadeira e caminhão basculante de 14 m³","m³",9.5]
[5502410,"Escavação, carga e transporte de material de 2ª categoria - DMT de 1.400 a 1.600 m - caminho de serviço pavimentado - com carregadeira e caminhão basculante de 14 m³","m³",15.73]
[5502644,"Escavação, carga e transporte de material de 2ª categoria - DMT de 1.400 a 1.600 m - caminho de serviço pavimentado - com escavadeira e caminhão basculante de 14 m³","m³",8.4600000000000009]
[5502359,"Escavação, carga e transporte de material de 2ª categoria - DMT de 1.600 a 1.800 m - caminho de serviço em leito natural - com carregadeira e caminhão basculante de 14 m³","m³",17.78]
[5502593,"Escavação, carga e transporte de material de 2ª categoria - DMT de 1.600 a 1.800 m - caminho de serviço em leito natural - com escavadeira e caminhão basculante de 14 m³","m³",10.68]
[5502385,"Escavação, carga e transporte de material de 2ª categoria - DMT de 1.600 a 1.800 m - caminho de serviço em revestimento primário - com carregadeira e caminhão basculante de 14 m³","m³",16.21]
[5502619,"Escavação, carga e transporte de material de 2ª categoria - DMT de 1.600 a 1.800 m - caminho de serviço em revestimento primário - com escavadeira e caminhão basculante de 14 m³","m³",9.66]
[5502411,"Escavação, carga e transporte de material de 2ª categoria - DMT de 1.600 a 1.800 m - caminho de serviço pavimentado - com carregadeira e caminhão basculante de 14 m³","m³",15.85]
[5502645,"Escavação, carga e transporte de material de 2ª categoria - DMT de 1.600 a 1.800 m - caminho de serviço pavimentado - com escavadeira e caminhão basculante de 14 m³","m³",8.58]
[5502360,"Escavação, carga e transporte de material de 2ª categoria - DMT de 1.800 a 2.000 m - caminho de serviço em leito natural - com carregadeira e caminhão basculante de 14 m³","m³",18.54]
[5502594,"Escavação, carga e transporte de material de 2ª categoria - DMT de 1.800 a 2.000 m - caminho de serviço em leito natural - com escavadeira e caminhão basculante de 14 m³","m³",11.66]
[5502386,"Escavação, carga e transporte de material de 2ª categoria - DMT de 1.800 a 2.000 m - caminho de serviço em revestimento primário - com carregadeira e caminhão basculante de 14 m³","m³",16.88]
[5502620,"Escavação, carga e transporte de material de 2ª categoria - DMT de 1.800 a 2.000 m - caminho de serviço em revestimento primário - com escavadeira e caminhão basculante de 14 m³","m³",9.76]
[5502412,"Escavação, carga e transporte de material de 2ª categoria - DMT de 1.800 a 2.000 m - caminho de serviço pavimentado - com carregadeira e caminhão basculante de 14 m³","m³",15.97]
[5502646,"Escavação, carga e transporte de material de 2ª categoria - DMT de 1.800 a 2.000 m - caminho de serviço pavimentado - com escavadeira e caminhão basculante de 14 m³","m³",9.44]
[5502361,"Escavação, carga e transporte de material de 2ª categoria - DMT de 2.000 a 2.500 m - caminho de serviço em leito natural - com carregadeira e caminhão basculante de 14 m³","m³",18.96]
[5502595,"Escavação, carga e transporte de material de 2ª categoria - DMT de 2.000 a 2.500 m - caminho de serviço em leito natural - com escavadeira e caminhão basculante de 14 m³","m³",12.06]
[5502387,"Escavação, carga e transporte de material de 2ª categoria - DMT de 2.000 a 2.500 m - caminho de serviço em revestimento primário - com carregadeira e caminhão basculante de 14 m³","m³",17.18]
[5502621,"Escavação, carga e transporte de material de 2ª categoria - DMT de 2.000 a 2.500 m - caminho de serviço em revestimento primário - com escavadeira e caminhão basculante de 14 m³","m³",10.09]
[5502413,"Escavação, carga e transporte de material de 2ª categoria - DMT de 2.000 a 2.500 m - caminho de serviço pavimentado - com carregadeira e caminhão basculante de 14 m³","m³",16.21]
[5502647,"Escavação, carga e transporte de material de 2ª categoria - DMT de 2.000 a 2.500 m - caminho de serviço pavimentado - com escavadeira e caminhão basculante de 14 m³","m³",9.66]
[5502362,"Escavação, carga e transporte de material de 2ª categoria - DMT de 2.500 a 3.000 m - caminho de serviço em leito natural - com carregadeira e caminhão basculante de 14 m³","m³",20.23]
[5502596,"Escavação, carga e transporte de material de 2ª categoria - DMT de 2.500 a 3.000 m - caminho de serviço em leito natural - com escavadeira e caminhão basculante de 14 m³","m³",12.74]
[5502388,"Escavação, carga e transporte de material de 2ª categoria - DMT de 2.500 a 3.000 m - caminho de serviço em revestimento primário - com carregadeira e caminhão basculante de 14 m³","m³",17.579999999999998]
[5502622,"Escavação, carga e transporte de material de 2ª categoria - DMT de 2.500 a 3.000 m - caminho de serviço em revestimento primário - com escavadeira e caminhão basculante de 14 m³","m³",10.52]
[5502414,"Escavação, carga e transporte de material de 2ª categoria - DMT de 2.500 a 3.000 m - caminho de serviço pavimentado - com carregadeira e caminhão basculante de 14 m³","m³",17.13]
[5502648,"Escavação, carga e transporte de material de 2ª categoria - DMT de 2.500 a 3.000 m - caminho de serviço pavimentado - com escavadeira e caminhão basculante de 14 m³","m³",10.029999999999999]
[5502352,"Escavação, carga e transporte de material de 2ª categoria - DMT de 200 a 400 m - caminho de serviço em leito natural - com carregadeira e caminhão basculante de 14 m³","m³",15.37]
[5502586,"Escavação, carga e transporte de material de 2ª categoria - DMT de 200 a 400 m - caminho de serviço em leito natural - com escavadeira e caminhão basculante de 14 m³","m³",8.1]
[5502378,"Escavação, carga e transporte de material de 2ª categoria - DMT de 200 a 400 m - caminho de serviço em revestimento primário - com carregadeira e caminhão basculante de 14 m³","m³",14.44]
[5502612,"Escavação, carga e transporte de material de 2ª categoria - DMT de 200 a 400 m - caminho de serviço em revestimento primário - com escavadeira e caminhão basculante de 14 m³","m³",7.69]
[5502404,"Escavação, carga e transporte de material de 2ª categoria - DMT de 200 a 400 m - caminho de serviço pavimentado - com carregadeira e caminhão basculante de 14 m³","m³",14.32]
[5502638,"Escavação, carga e transporte de material de 2ª categoria - DMT de 200 a 400 m - caminho de serviço pavimentado - com escavadeira e caminhão basculante de 14 m³","m³",7.57]
[5502353,"Escavação, carga e transporte de material de 2ª categoria - DMT de 400 a 600 m - caminho de serviço em leito natural - com carregadeira e caminhão basculante de 14 m³","m³",15.69]
[5502587,"Escavação, carga e transporte de material de 2ª categoria - DMT de 400 a 600 m - caminho de serviço em leito natural - com escavadeira e caminhão basculante de 14 m³","m³",8.42]
[5502379,"Escavação, carga e transporte de material de 2ª categoria - DMT de 400 a 600 m - caminho de serviço em revestimento primário - com carregadeira e caminhão basculante de 14 m³","m³",14.68]
[5502613,"Escavação, carga e transporte de material de 2ª categoria - DMT de 400 a 600 m - caminho de serviço em revestimento primário - com escavadeira e caminhão basculante de 14 m³","m³",7.94]
[5502405,"Escavação, carga e transporte de material de 2ª categoria - DMT de 400 a 600 m - caminho de serviço pavimentado - com carregadeira e caminhão basculante de 14 m³","m³",14.5]
[5502639,"Escavação, carga e transporte de material de 2ª categoria - DMT de 400 a 600 m - caminho de serviço pavimentado - com escavadeira e caminhão basculante de 14 m³","m³",7.78]
[5502351,"Escavação, carga e transporte de material de 2ª categoria - DMT de 50 a 200 m - caminho de serviço em leito natural - com carregadeira e caminhão basculante de 14 m³","m³",14.44]
[5502585,"Escavação, carga e transporte de material de 2ª categoria - DMT de 50 a 200 m - caminho de serviço em leito natural - com escavadeira e caminhão basculante de 14 m³","m³",7.69]
[5502377,"Escavação, carga e transporte de material de 2ª categoria - DMT de 50 a 200 m - caminho de serviço em revestimento primário - com carregadeira e caminhão basculante de 14 m³","m³",14.2]
[5502611,"Escavação, carga e transporte de material de 2ª categoria - DMT de 50 a 200 m - caminho de serviço em revestimento primário - com escavadeira e caminhão basculante de 14 m³","m³",7.45]
[5502403,"Escavação, carga e transporte de material de 2ª categoria - DMT de 50 a 200 m - caminho de serviço pavimentado - com carregadeira e caminhão basculante de 14 m³","m³",14.11]
[5502637,"Escavação, carga e transporte de material de 2ª categoria - DMT de 50 a 200 m - caminho de serviço pavimentado - com escavadeira e caminhão basculante de 14 m³","m³",7.37]
[5502187,"Escavação, carga e transporte de material de 2ª categoria - DMT de 50 m","m³",6.98]
[5502354,"Escavação, carga e transporte de material de 2ª categoria - DMT de 600 a 800 m - caminho de serviço em leito natural - com carregadeira e caminhão basculante de 14 m³","m³",16.010000000000002]
[5502588,"Escavação, carga e transporte de material de 2ª categoria - DMT de 600 a 800 m - caminho de serviço em leito natural - com escavadeira e caminhão basculante de 14 m³","m³",9.44]
[5502380,"Escavação, carga e transporte de material de 2ª categoria - DMT de 600 a 800 m - caminho de serviço em revestimento primário - com carregadeira e caminhão basculante de 14 m³","m³",15.41]
[5502614,"Escavação, carga e transporte de material de 2ª categoria - DMT de 600 a 800 m - caminho de serviço em revestimento primário - com escavadeira e caminhão basculante de 14 m³","m³",8.1]
[5502406,"Escavação, carga e transporte de material de 2ª categoria - DMT de 600 a 800 m - caminho de serviço pavimentado - com carregadeira e caminhão basculante de 14 m³","m³",14.65]
[5502640,"Escavação, carga e transporte de material de 2ª categoria - DMT de 600 a 800 m - caminho de serviço pavimentado - com escavadeira e caminhão basculante de 14 m³","m³",7.94]
[5502355,"Escavação, carga e transporte de material de 2ª categoria - DMT de 800 a 1.000 m - caminho de serviço em leito natural - com carregadeira e caminhão basculante de 14 m³","m³",16.25]
[5502589,"Escavação, carga e transporte de material de 2ª categoria - DMT de 800 a 1.000 m - caminho de serviço em leito natural - com escavadeira e caminhão basculante de 14 m³","m³",9.7100000000000009]
[5502381,"Escavação, carga e transporte de material de 2ª categoria - DMT de 800 a 1.000 m - caminho de serviço em revestimento primário - com carregadeira e caminhão basculante de 14 m³","m³",15.57]
[5502615,"Escavação, carga e transporte de material de 2ª categoria - DMT de 800 a 1.000 m - caminho de serviço em revestimento primário - com escavadeira e caminhão basculante de 14 m³","m³",8.3000000000000007]
[5502407,"Escavação, carga e transporte de material de 2ª categoria - DMT de 800 a 1.000 m - caminho de serviço pavimentado - com carregadeira e caminhão basculante de 14 m³","m³",15.33]
[5502641,"Escavação, carga e transporte de material de 2ª categoria - DMT de 800 a 1.000 m - caminho de serviço pavimentado - com escavadeira e caminhão basculante de 14 m³","m³",8.06]
[5502880,"Escavação, carga e transporte de material de 2ª categoria na distância de 3.000 m - caminho de serviço em leito natural - com escavadeira e caminhão basculante de 14 m³","m³",13.82]
[5502857,"Escavação, carga e transporte de material de 2ª categoria na distância de 3.000 m - caminho de serviço em leito natural com carregadeira e caminhão basculante de 14 m³","m³",20.58]
[5502881,"Escavação, carga e transporte de material de 2ª categoria na distância de 3.000 m - caminho de serviço em revestimento primário - com escavadeira e caminhão basculante de 14 m³","m³",10.73]
[5502859,"Escavação, carga e transporte de material de 2ª categoria na distância de 3.000 m - caminho de serviço pavimentado - com carregadeira e caminhão basculante de 14 m³","m³",17.28]
[5502882,"Escavação, carga e transporte de material de 2ª categoria na distância de 3.000 m - caminho de serviço pavimentado - com escavadeira e caminhão basculante de 14 m³","m³",10.199999999999999]
[5502858,"Escavação, carga e transporte de material de 2ª categoria na distância de 3.000 m -caminho de serviço com revestimento primário com carregadeira e caminhão basculante de 14 m³","m³",18.36]
[5502747,"Escavação, carga e transporte de material de 3ª categoria - DMT de 1.000 a 1.200 m - caminho de serviço em leito natural com caminhão basculante de 12 m³","m³",42.48]
[5502773,"Escavação, carga e transporte de material de 3ª categoria - DMT de 1.000 a 1.200 m - caminho de serviço em revestimento primário - com caminhão basculante de 12 m³","m³",41.12]
[5502799,"Escavação, carga e transporte de material de 3ª categoria - DMT de 1.000 a 1.200 m - caminho de serviço pavimentado - com caminhão basculante de 12 m³","m³",40.69]
[5502748,"Escavação, carga e transporte de material de 3ª categoria - DMT de 1.200 a 1.400 m - caminho de serviço em leito natural com caminhão basculante de 12 m³","m³",42.91]
[5502774,"Escavação, carga e transporte de material de 3ª categoria - DMT de 1.200 a 1.400 m - caminho de serviço em revestimento primário - com caminhão basculante de 12 m³","m³",41.38]
[5502800,"Escavação, carga e transporte de material de 3ª categoria - DMT de 1.200 a 1.400 m - caminho de serviço pavimentado - com caminhão basculante de 12 m³","m³",40.950000000000003]
[5502749,"Escavação, carga e transporte de material de 3ª categoria - DMT de 1.400 a 1.600 m - caminho de serviço em leito natural com caminhão basculante de 12 m³","m³",43.25]
[5502775,"Escavação, carga e transporte de material de 3ª categoria - DMT de 1.400 a 1.600 m - caminho de serviço em revestimento primário - com caminhão basculante de 12 m³","m³",41.63]
[5502801,"Escavação, carga e transporte de material de 3ª categoria - DMT de 1.400 a 1.600 m - caminho de serviço pavimentado - com caminhão basculante de 12 m³","m³",41.12]
[5502750,"Escavação, carga e transporte de material de 3ª categoria - DMT de 1.600 a 1.800 m - caminho de serviço em leito natural com caminhão basculante de 12 m³","m³",45.27]
[5502776,"Escavação, carga e transporte de material de 3ª categoria - DMT de 1.600 a 1.800 m - caminho de serviço em revestimento primário - com caminhão basculante de 12 m³","m³",41.89]
[5502802,"Escavação, carga e transporte de material de 3ª categoria - DMT de 1.600 a 1.800 m - caminho de serviço pavimentado - com caminhão basculante de 12 m³","m³",41.38]
[5502751,"Escavação, carga e transporte de material de 3ª categoria - DMT de 1.800 a 2.000 m - caminho de serviço em leito natural com caminhão basculante de 12 m³","m³",45.73]
[5502777,"Escavação, carga e transporte de material de 3ª categoria - DMT de 1.800 a 2.000 m - caminho de serviço em revestimento primário - com caminhão basculante de 12 m³","m³",42.14]
[5502803,"Escavação, carga e transporte de material de 3ª categoria - DMT de 1.800 a 2.000 m - caminho de serviço pavimentado - com caminhão basculante de 12 m³","m³",41.55]
[5502752,"Escavação, carga e transporte de material de 3ª categoria - DMT de 2.000 a 2.500 m - caminho de serviço em leito natural com caminhão basculante de 12 m³","m³",46.41]
[5502778,"Escavação, carga e transporte de material de 3ª categoria - DMT de 2.000 a 2.500 m - caminho de serviço em revestimento primário - com caminhão basculante de 12 m³","m³",42.66]
[5502804,"Escavação, carga e transporte de material de 3ª categoria - DMT de 2.000 a 2.500 m - caminho de serviço pavimentado - com caminhão basculante de 12 m³","m³",41.97]
[5502753,"Escavação, carga e transporte de material de 3ª categoria - DMT de 2.500 a 3.000 m - caminho de serviço em leito natural com caminhão basculante de 12 m³","m³",47.55]
[5502779,"Escavação, carga e transporte de material de 3ª categoria - DMT de 2.500 a 3.000 m - caminho de serviço em revestimento primário - com caminhão basculante de 12 m³","m³",45.04]
[5502805,"Escavação, carga e transporte de material de 3ª categoria - DMT de 2.500 a 3.000 m - caminho de serviço pavimentado - com caminhão basculante de 12 m³","m³",42.57]
[5502743,"Escavação, carga e transporte de material de 3ª categoria - DMT de 200 a 400 m - caminho de serviço em leito natural com caminhão basculante de 12 m³","m³",40.520000000000003]
[5502769,"Escavação, carga e transporte de material de 3ª categoria - DMT de 200 a 400 m - caminho de serviço em revestimento primário - com caminhão basculante de 12 m³","m³",38.28]
[5502795,"Escavação, carga e transporte de material de 3ª categoria - DMT de 200 a 400 m - caminho de serviço pavimentado - com caminhão basculante de 12 m³","m³",38.11]
[5502744,"Escavação, carga e transporte de material de 3ª categoria - DMT de 400 a 600 m - caminho de serviço em leito natural com caminhão basculante de 12 m³","m³",41.12]
[5502770,"Escavação, carga e transporte de material de 3ª categoria - DMT de 400 a 600 m - caminho de serviço em revestimento primário - com caminhão basculante de 12 m³","m³",38.67]
[5502796,"Escavação, carga e transporte de material de 3ª categoria - DMT de 400 a 600 m - caminho de serviço pavimentado - com caminhão basculante de 12 m³","m³",38.39]
[5502742,"Escavação, carga e transporte de material de 3ª categoria - DMT de 50 a 200 m - caminho de serviço em leito natural com caminhão basculante de 12 m³","m³",38.28]
[5502768,"Escavação, carga e transporte de material de 3ª categoria - DMT de 50 a 200 m - caminho de serviço em revestimento primário - com caminhão basculante de 12 m³","m³",37.880000000000003]
[5502794,"Escavação, carga e transporte de material de 3ª categoria - DMT de 50 a 200 m - caminho de serviço pavimentado - com caminhão basculante de 12 m³","m³",37.71]
[5502745,"Escavação, carga e transporte de material de 3ª categoria - DMT de 600 a 800 m - caminho de serviço em leito natural com caminhão basculante de 12 m³","m³",41.63]
[5502771,"Escavação, carga e transporte de material de 3ª categoria - DMT de 600 a 800 m - caminho de serviço em revestimento primário - com caminhão basculante de 12 m³","m³",40.61]
[5502797,"Escavação, carga e transporte de material de 3ª categoria - DMT de 600 a 800 m - caminho de serviço pavimentado - com caminhão basculante de 12 m³","m³",38.619999999999997]
[5502746,"Escavação, carga e transporte de material de 3ª categoria - DMT de 800 a 1.000 m - caminho de serviço em leito natural com caminhão basculante de 12 m³","m³",42.06]
[5502772,"Escavação, carga e transporte de material de 3ª categoria - DMT de 800 a 1.000 m - caminho de serviço em revestimento primário - com caminhão basculante de 12 m³","m³",40.86]
[5502798,"Escavação, carga e transporte de material de 3ª categoria - DMT de 800 a 1.000 m - caminho de serviço pavimentado - com caminhão basculante de 12 m³","m³",38.9]
[5502886,"Escavação, carga e transporte de material de 3ª categoria na distância de 3.000 m - caminho de serviço em leito natural com caminhão basculante de 12 m³","m³",49.79]
[5502887,"Escavação, carga e transporte de material de 3ª categoria na distância de 3.000 m - caminho de serviço em revestimento primário - com caminhão basculante de 12 m³","m³",45.39]
[5502888,"Escavação, carga e transporte de material de 3ª categoria na distância de 3.000 m - caminho de serviço pavimentado - com caminhão basculante de 12 m³","m³",42.91]
[5502820,"Escavação, carga e transporte de solos moles - DMT de 0 a 50 m","m³",6.82]
[5502904,"Escavação, carga e transporte de solos moles - DMT de 1.000 a 1.200 m - caminho de serviço em leito natural - com caminhão basculante de 14 m³","m³",18.690000000000001]
[5502930,"Escavação, carga e transporte de solos moles - DMT de 1.000 a 1.200 m - caminho de serviço em revestimento primário - com caminhão basculante de 14 m³","m³",17.82]
[5502956,"Escavação, carga e transporte de solos moles - DMT de 1.000 a 1.200 m - caminho de serviço pavimentado - com caminhão basculante de 14 m³","m³",17.510000000000002]
[5502905,"Escavação, carga e transporte de solos moles - DMT de 1.200 a 1.400 m - caminho de serviço em leito natural - com caminhão basculante de 14 m³","m³",21.08]
[5502931,"Escavação, carga e transporte de solos moles - DMT de 1.200 a 1.400 m - caminho de serviço em revestimento primário - com caminhão basculante de 14 m³","m³",17.98]
[5502957,"Escavação, carga e transporte de solos moles - DMT de 1.200 a 1.400 m - caminho de serviço pavimentado - com caminhão basculante de 14 m³","m³",17.670000000000002]
[5502906,"Escavação, carga e transporte de solos moles - DMT de 1.400 a 1.600 m - caminho de serviço em leito natural - com caminhão basculante de 14 m³","m³",21.32]
[5502932,"Escavação, carga e transporte de solos moles - DMT de 1.400 a 1.600 m - caminho de serviço em revestimento primário - com caminhão basculante de 14 m³","m³",18.14]
[5502958,"Escavação, carga e transporte de solos moles - DMT de 1.400 a 1.600 m - caminho de serviço pavimentado - com caminhão basculante de 14 m³","m³",17.82]
[5502907,"Escavação, carga e transporte de solos moles - DMT de 1.600 a 1.800 m - caminho de serviço em leito natural - com caminhão basculante de 14 m³","m³",21.67]
[5502933,"Escavação, carga e transporte de solos moles - DMT de 1.600 a 1.800 m - caminho de serviço em revestimento primário - com caminhão basculante de 14 m³","m³",18.37]
[5502959,"Escavação, carga e transporte de solos moles - DMT de 1.600 a 1.800 m - caminho de serviço pavimentado - com caminhão basculante de 14 m³","m³",17.98]
[5502908,"Escavação, carga e transporte de solos moles - DMT de 1.800 a 2.000 m - caminho de serviço em leito natural - com caminhão basculante de 14 m³","m³",21.91]
[5502934,"Escavação, carga e transporte de solos moles - DMT de 1.800 a 2.000 m - caminho de serviço em revestimento primário - com caminhão basculante de 14 m³","m³",18.53]
[5502960,"Escavação, carga e transporte de solos moles - DMT de 1.800 a 2.000 m - caminho de serviço pavimentado - com caminhão basculante de 14 m³","m³",18.059999999999999]
[5502909,"Escavação, carga e transporte de solos moles - DMT de 2.000 a 2.500 m - caminho de serviço em leito natural - com caminhão basculante de 14 m³","m³",22.38]
[5502935,"Escavação, carga e transporte de solos moles - DMT de 2.000 a 2.500 m - caminho de serviço em revestimento primário - com caminhão basculante de 14 m³","m³",18.850000000000001]
[5502961,"Escavação, carga e transporte de solos moles - DMT de 2.000 a 2.500 m - caminho de serviço pavimentado - com caminhão basculante de 14 m³","m³",18.37]
[5502910,"Escavação, carga e transporte de solos moles - DMT de 2.500 a 3.000 m - caminho de serviço em leito natural - com caminhão basculante de 14 m³","m³",23.21]
[5502936,"Escavação, carga e transporte de solos moles - DMT de 2.500 a 3.000 m - caminho de serviço em revestimento primário - com caminhão basculante de 14 m³","m³",21.44]
[5502962,"Escavação, carga e transporte de solos moles - DMT de 2.500 a 3.000 m - caminho de serviço pavimentado - com caminhão basculante de 14 m³","m³",18.77]
[5502900,"Escavação, carga e transporte de solos moles - DMT de 200 a 400 m - caminho de serviço em leito natural - com caminhão basculante de 14 m³","m³",17.43]
[5502926,"Escavação, carga e transporte de solos moles - DMT de 200 a 400 m - caminho de serviço em revestimento primário - com caminhão basculante de 14 m³","m³",16.96]
[5502952,"Escavação, carga e transporte de solos moles - DMT de 200 a 400 m - caminho de serviço pavimentado - com caminhão basculante de 14 m³","m³",16.8]
[5502901,"Escavação, carga e transporte de solos moles - DMT de 400 a 600 m - caminho de serviço em leito natural - com caminhão basculante de 14 m³","m³",17.739999999999998]
[5502927,"Escavação, carga e transporte de solos moles - DMT de 400 a 600 m - caminho de serviço em revestimento primário - com caminhão basculante de 14 m³","m³",17.190000000000001]
[5502953,"Escavação, carga e transporte de solos moles - DMT de 400 a 600 m - caminho de serviço pavimentado - com caminhão basculante de 14 m³","m³",17.04]
[5502899,"Escavação, carga e transporte de solos moles - DMT de 50 a 200 m - caminho de serviço em leito natural - com caminhão basculante de 14 m³","m³",16.96]
[5502925,"Escavação, carga e transporte de solos moles - DMT de 50 a 200 m - caminho de serviço em revestimento primário - com caminhão basculante de 14 m³","m³",16.72]
[5502951,"Escavação, carga e transporte de solos moles - DMT de 50 a 200 m - caminho de serviço pavimentado - com caminhão basculante de 14 m³","m³",16.559999999999999]
[5502902,"Escavação, carga e transporte de solos moles - DMT de 600 a 800 m - caminho de serviço em leito natural - com caminhão basculante de 14 m³","m³",18.14]
[5502928,"Escavação, carga e transporte de solos moles - DMT de 600 a 800 m - caminho de serviço em revestimento primário - com caminhão basculante de 14 m³","m³",17.43]
[5502954,"Escavação, carga e transporte de solos moles - DMT de 600 a 800 m - caminho de serviço pavimentado - com caminhão basculante de 14 m³","m³",17.190000000000001]
[5502903,"Escavação, carga e transporte de solos moles - DMT de 800 a 1.000 m - caminho de serviço em leito natural - com caminhão basculante de 14 m³","m³",18.37]
[5502929,"Escavação, carga e transporte de solos moles - DMT de 800 a 1.000 m - caminho de serviço em revestimento primário - com caminhão basculante de 14 m³","m³",17.59]
[5502955,"Escavação, carga e transporte de solos moles - DMT de 800 a 1.000 m - caminho de serviço pavimentado - com caminhão basculante de 14 m³","m³",17.350000000000001]
[5502889,"Escavação, carga e transporte de solos moles na distância de 3.000 m - caminho de serviço em leito natural - com caminhão basculante de 14 m³","m³",23.56]
[5502996,"Escavação, carga e transporte de solos moles na distância de 3.000 m - caminho de serviço em revestimento primário - com caminhão basculante de 14 m³","m³",21.67]
[5502997,"Escavação, carga e transporte de solos moles na distância de 3.000 m - caminho de serviço pavimentado - com caminhão basculante de 14 m³","m³",21.08]
[5501716,"Escavação, carga e transporte em material de 1ª categoria - DMT de 1.000 a 1.200 m com motoscraper","m³",18.78]
[5501717,"Escavação, carga e transporte em material de 1ª categoria - DMT de 1.200 a 1.400 m com motoscraper","m³",21.16]
[5501712,"Escavação, carga e transporte em material de 1ª categoria - DMT de 200 a 400 m com motoscraper","m³",10.96]
[5501713,"Escavação, carga e transporte em material de 1ª categoria - DMT de 400 a 600 m com motoscraper","m³",12.11]
[5501711,"Escavação, carga e transporte em material de 1ª categoria - DMT de 50 a 200 m com motoscraper","m³",8.7899999999999991]
[5501710,"Escavação, carga e transporte em material de 1ª categoria - DMT de 50 m","m³",2.68]
[5501714,"Escavação, carga e transporte em material de 1ª categoria - DMT de 600 a 800 m com motoscraper","m³",14.24]
[5501715,"Escavação, carga e transporte em material de 1ª categoria - DMT de 800 a 1.000 m com motoscraper","m³",16.399999999999999]
[5502986,"Expurgo de jazida","m³",2.52]
[5502977,"Fragmentação de blocos de rocha com escavadeira e rompedor hidráulico 1.700 kg","m³",9.82]
[5502985,"Limpeza mecanizada da camada vegetal","m²",0.45]
[5503018,"Manutenção de caminho de serviço","km",62.65]
[5505768,"Pré-fissuramento de material de 3ª categoria","m²",81.31]
[5503020,"Umedecimento de caminho de serviço","km",268.66000000000003]
[5605798,"Chumbador de aço CA-50 - D = 20 mm - ancorado na rocha com cartucho de cimento - fornecimento, perfuração e instalação","m",86.34]
[5605925,"Chumbador de aço CA-50 - D = 20 mm - ancorado na rocha com injeção de nata de cimento - fornecimento, perfuração e instalação","m",81.3]
[5605799,"Chumbador de aço CA-50 - D = 22 mm - ancorado na rocha com cartucho de cimento - fornecimento, perfuração e instalação","m",91.71]
[5605800,"Chumbador de aço CA-50 - D = 25 mm - ancorado na rocha com cartucho de cimento - fornecimento, perfuração e instalação","m",101.59]
[5605894,"Grampo de aço CA-50 D = 12,5 mm para solo grampeado com capacidade de 30 kN - fornecimento, perfuração e instalação","m",47.51]
[5605895,"Grampo de aço CA-50 D = 16 mm para solo grampeado com capacidade de 50 kN - fornecimento, perfuração e instalação","m",51.42]
[5605896,"Grampo de aço CA-50 D = 20 mm para solo grampeado com capacidade de 80 kN - fornecimento, perfuração e instalação","m",57.3]
[5605911,"Perfuração para tirante permanente protendido autoinjetável em material de 1ª categoria com diâmetro de até 120 mm","m",32.340000000000003]
[5605912,"Perfuração para tirante permanente protendido autoinjetável em material de 2ª categoria com diâmetro de até 87 mm","m",49.1]
[5605938,"Perfuração para tirantes em material de 1ª categoria com diâmetro de até 120 mm","m",19.57]
[5605939,"Perfuração para tirantes em material de 2ª categoria com diâmetro de até 120 mm","m",23.53]
[5605940,"Perfuração para tirantes em material de 3ª categoria com diâmetro de até 120 mm","m",55.76]
[5605942,"Pintura eletrostática com tinta em pó à base de resina epóxi - E = 200 µm","m²",51.58]
[5605955,"Protensão de tirante com 10 cordoalhas D = 12,7 mm aço CP 190 RB, com capacidade de 860 kN - inclusive ancoragem e grauteamento da cabeça","un",672.68]
[5605956,"Protensão de tirante com 12 cordoalhas D = 12,7 mm aço CP 190 RB, com capacidade de 1.040 kN - inclusive ancoragem e grauteamento da cabeça","un",803.53]
[5605953,"Protensão de tirante com 6 cordoalhas D = 12,7 mm aço CP 190 RB, com capacidade de 520 kN - inclusive ancoragem e grauteamento da cabeça","un",473.97]
[5605954,"Protensão de tirante com 8 cordoalhas D = 12,7 mm aço CP 190 RB, com capacidade de 690 kN - inclusive ancoragem e grauteamento da cabeça","un",577.62]
[5605909,"Protensão de tirante permanente autoinjetável de aço D = 40 mm, seção de 684 mm², tensão de escoamento = 440 MPa e tensão de ruptura = 580 MPa - inclusive ancoragem e grauteamento da cabeça","un",467.14]
[5605908,"Protensão de tirante permanente autoinjetável de aço D = 40 mm, seção de 822 mm², tensão de escoamento = 470 MPa e tensão de ruptura = 600 MPa - inclusive ancoragem e grauteamento da cabeça","un",467.14]
[5605907,"Protensão de tirante permanente autoinjetável de aço D = 40 mm, seção de 936 mm², tensão de escoamento = 700 MPa e tensão de ruptura = 830 MPa - inclusive ancoragem e grauteamento da cabeça","un",500.99]
[5605906,"Protensão de tirante permanente autoinjetável de aço D = 50 mm, seção de 1.330 mm², tensão de escoamento = 630 MPa e tensão de ruptura = 740 MPa - inclusive ancoragem e grauteamento da cabeça","un",603.49]
[5605905,"Protensão de tirante permanente autoinjetável de aço D = 50 mm, seção de 1.569 mm², tensão de escoamento = 630 MPa e tensão de ruptura = 740 MP - inclusive ancoragem e grauteamento da cabeça","un",678.76]
[5605944,"Protensão de tirante permanente protendido de aço D = 30 mm, tensão de escoamento = 600 MPa e tensão de ruptura = 720 MPa - inclusive ancoragem e grauteamento da cabeça","un",422.42]
[5605910,"Protensão de tirante permanente protendido de aço D = 32 mm, tensão de escoamento = 500 MPa e tensão de ruptura = 550 MPa - inclusive ancoragem e grauteamento da cabeça","un",493.31]
[5605945,"Protensão de tirante permanente protendido de aço D = 32 mm, tensão de escoamento = 950 MPa e tensão de ruptura = 1.050 MPa - inclusive ancoragem e grauteamento da cabeça","un",521.79]
[5605946,"Protensão de tirante permanente protendido de aço D = 40 mm, tensão de escoamento = 600 MPa e tensão de ruptura = 720 MPa - inclusive ancoragem e grauteamento da cabeça","un",500.99]
[5605947,"Protensão de tirante permanente protendido de aço D = 44 mm, tensão de escoamento = 680 MPa e tensão de ruptura = 870 MPa - inclusive ancoragem e grauteamento da cabeça","un",562.04999999999995]
[5605948,"Protensão de tirante permanente protendido de aço D = 50 mm, tensão de escoamento = 600 MPa e tensão de ruptura = 720 MPa - inclusive ancoragem e grauteamento da cabeça","un",678.76]
[5605949,"Protensão de tirante permanente protendido de aço D = 53 mm, tensão de escoamento = 600 MPa e tensão de ruptura = 720 MPa - inclusive ancoragem e grauteamento da cabeça","un",960.46]
[5605950,"Protensão de tirante permanente protendido de aço D = 57 mm, tensão de escoamento = 600 MPa e tensão de ruptura = 720 MPa - inclusive ancoragem e grauteamento da cabeça","un",1039.6300000000001]
[5605951,"Protensão de tirante permanente protendido de aço D = 63 mm, tensão de escoamento = 600 MPa e tensão de ruptura = 720 MPa - inclusive ancoragem e grauteamento da cabeça","un",1655.74]
[5605952,"Protensão de tirante permanente protendido de aço D = 69 mm, tensão de escoamento = 600 MPa e tensão de ruptura = 720 MPa - inclusive ancoragem e grauteamento da cabeça","un",2526.4899999999998]
[5605932,"Tirante de barra de aço ancorado na rocha com resina de poliéster, D = 19 mm, tensão de escoamento = 686 MPa e tensão de ruptura = 789 MPa - fornecimento, perfuração e instalação","m",130.75]
[5605934,"Tirante de barra de aço ancorado na rocha com resina de poliéster, D = 22 mm, tensão de escoamento = 686 MPa e tensão de ruptura = 789 MPa - fornecimento, perfuração e instalação","m",143.11000000000001]
[5605928,"Tirante de barra de aço ancorado na rocha com resina de poliéster, D = 25 mm, tensão de escoamento = 500 MPa e tensão de ruptura = 750 MPa - fornecimento, perfuração e instalação","m",159.19]
[5605935,"Tirante de barra de aço ancorado na rocha com resina de poliéster, D = 25 mm, tensão de escoamento = 686 MPa, tensão de ruptura = 789 MPa - fornecimento, perfuração e instalação","m",158.24]
[5605936,"Tirante de barra de aço ancorado na rocha com resina de poliéster, D = 32 mm, tensão de escoamento = 686 MPa, tensão de ruptura = 789 MPa - fornecimento, perfuração e instalação","m",245.22]
[5605937,"Tirante de barra de aço ancorado na rocha com resina de poliéster, D = 36 mm, tensão de escoamento = 686 MPa e tensão de ruptura = 789 MPa - fornecimento, perfuração e instalação","m",301.64]
[5605957,"Tirante permanente protendido autoinjetável de aço D = 40 mm, seção de 684 mm², tensão de escoamento = 440 MPa e tensão de ruptura = 580 MPa - exceto perfuração","m",205.22]
[5605958,"Tirante permanente protendido autoinjetável de aço D = 40 mm, seção de 822 mm², tensão de escoamento = 470 MPa e tensão de ruptura = 600 MPa - exceto perfuração","m",234.35]
[5605959,"Tirante permanente protendido autoinjetável de aço D = 40 mm, seção de 936 mm², tensão de escoamento = 700 MPa e tensão de ruptura = 830 MPa - exceto perfuração","m",281.39999999999998]
[5605960,"Tirante permanente protendido autoinjetável de aço D = 50 mm, seção de 1.330 mm², tensão de escoamento = 630 MPa e tensão de ruptura = 740 MPa - exceto perfuração","m",350.05]
[5605961,"Tirante permanente protendido autoinjetável de aço D = 50 mm, seção de 1.569 mm², tensão de escoamento = 630 MPa e tensão de ruptura = 740 MPa - exceto perfuração","m",448.22]
[5605885,"Tirante permanente protendido com 10 cordoalhas D = 12,7 mm, aço CP 190 RB, com capacidade de 860 kN - exceto perfuração","m",251.66]
[5605886,"Tirante permanente protendido com 12 cordoalhas D = 12,7 mm, aço CP 190 RB, com capacidade de 1.030 kN - exceto perfuração","m",274.02]
[5605883,"Tirante permanente protendido com 6 cordoalhas D = 12,7 mm, aço CP 190 RB, com capacidade de 510 kN - exceto perfuração","m",202.14]
[5605884,"Tirante permanente protendido com 8 cordoalhas D = 12,7 mm, aço CP 190 RB, com capacidade de 690 kN - exceto perfuração","m",224.5]
[5605962,"Tirante permanente protendido de aço D = 30 mm, tensão de escoamento = 600 MPa e tensão de ruptura = 720 MPa - exceto perfuração","m",159.84]
[5605881,"Tirante permanente protendido de aço D = 32 mm, tensão de escoamento = 500 MPa e tensão de ruptura = 550 MPa - exceto perfuração","m",239.25]
[5605882,"Tirante permanente protendido de aço D = 32 mm, tensão de escoamento = 950 MPa e tensão de ruptura = 1.050 MPa - exceto perfuração","m",404.12]
[5605963,"Tirante permanente protendido de aço D = 40 mm, tensão de escoamento = 600 MPa e tensão de ruptura = 720 MPa - exceto perfuração","m",251.7]
[5605964,"Tirante permanente protendido de aço D = 44 mm, tensão de escoamento = 680 MPa e tensão de ruptura = 870 MPa - exceto perfuração","m",297.61]
[5605965,"Tirante permanente protendido de aço D = 50 mm, tensão de escoamento = 600 MPa e tensão de ruptura = 720 MPa - exceto perfuração","m",380.34]
[5605966,"Tirante permanente protendido de aço D = 53mm, tensão de escoamento = 600 MPa e tensão de ruptura = 720 MPa - exceto perfuração","m",423.97]
[5605967,"Tirante permanente protendido de aço D = 57 mm, tensão de escoamento = 600 MPa e tensão de ruptura = 720 MPa - exceto perfuração","m",478.47]
[5605968,"Tirante permanente protendido de aço D = 63 mm, tensão de escoamento = 600 MPa e tensão de ruptura = 720 MPa - exceto perfuração","m",586.65]
[5605969,"Tirante permanente protendido de aço D = 69 mm, tensão de escoamento = 600 MPa e tensão de ruptura = 720 MPa - exceto perfuração","m",708.88]
[5909130,"Carga e manobra de aduelas de concreto pré-moldadas em cavalo mecânico com semirreboque 22 t - carga com caminhão guindauto de 45 t.m","t",24.11]
[5914703,"Carga e manobra de brita para lastro com locomotiva diesel-elétrica em vagão hopper aberto com capacidade de 45 m³ - carga com carregadeira e descarga automática - bitola métrica","t",4.9400000000000004]
[5914704,"Carga e manobra de brita para lastro com locomotiva diesel-elétrica em vagão hopper aberto com capacidade de 63 m³ - carga com carregadeira e descarga automática - bitola larga","t",4.96]
[5914710,"Carga e manobra de dormentes de concreto de bitola larga com locomotiva diesel-elétrica e vagão plataforma com capacidade de 98 t - carga com carregadeira - bitola larga","t",9.84]
[5914711,"Carga e manobra de dormentes de concreto de bitola métrica com locomotiva diesel-elétrica e vagão plataforma com capacidade de 82 t - carga com carregadeira - bitola métrica","t",9]
[5914712,"Carga e manobra de dormentes de concreto de bitola mista com locomotiva diesel-elétrica e vagão plataforma com capacidade de 98 t - carga com carregadeira - bitola larga","t",8.92]
[5915369,"Carga, descarga e manobra de vigas pré-moldadas de 1.000 a 1.250 kN em cavalo mecânico com reboques de 5 e 4 eixos com capacidade de 130 t","un",7073.8]
[5915401,"Carga, descarga e manobra de vigas pré-moldadas de 500 a 750 kN em cavalo mecânico com dollys de 3 e 4 eixos com capacidade de 77 t","un",6494.98]
[5915402,"Carga, descarga e manobra de vigas pré-moldadas de 750 a 1.000 kN em cavalo mecânico com dollys de 5 e 4 eixos com capacidade de 111 t","un",3712.94]
[5915400,"Carga, descarga e manobra de vigas pré-moldadas de até 500 kN em cavalo mecânico com dolly de 4 eixos com capacidade de 57 t","un",3271.21]
[5914651,"Carga, manobra e descarga de agregados ou solos em caminhão basculante de 10 m³ - carga com carregadeira de 3,40 m³ (exclusa) e descarga em distribuidor autopropelido","t",2.29]
[5914648,"Carga, manobra e descarga de agregados ou solos em caminhão basculante de 10 m³ - carga com carregadeira de 3,40 m³ (exclusa) e descarga em distribuidor rebocável","t",6.93]
[5914647,"Carga, manobra e descarga de agregados ou solos em caminhão basculante de 10 m³ - carga com carregadeira de 3,40 m³ (exclusa) e descarga livre","t",1.61]
[5915411,"Carga, manobra e descarga de agregados ou solos em caminhão basculante de 10 m³ - carga com carregadeira de 3,40 m³ e descarga em distribuidor autopropelido","t",3.2]
[5915409,"Carga, manobra e descarga de agregados ou solos em caminhão basculante de 10 m³ - carga com carregadeira de 3,40 m³ e descarga em distribuidor rebocável","t",7.83]
[5915407,"Carga, manobra e descarga de agregados ou solos em caminhão basculante de 10 m³ - carga com carregadeira de 3,40 m³ e descarga livre","t",2.5099999999999998]
[5914354,"Carga, manobra e descarga de agregados ou solos em caminhão basculante de 10 m³ - carga com escavadeira de 1,56 m³ (exclusa) e descarga livre","t",1.68]
[5915406,"Carga, manobra e descarga de agregados ou solos em caminhão basculante de 10 m³ - carga em usina de 60 t/h (PMF) e descarga livre","t",8.6199999999999992]
[5914652,"Carga, manobra e descarga de agregados ou solos em caminhão basculante de 10 m³ - carga em usina de solos de 300 t/h e descarga em distribuidor autopropelido","t",3.07]
[5915417,"Carga, manobra e descarga de agregados ou solos em caminhão basculante de 10 m³ - carga em usina de solos de 300 t/h e descarga em vibroacabadora","t",4.88]
[5915414,"Carga, manobra e descarga de agregados ou solos em caminhão basculante de 10 m³ - carga em usina de solos de 300 t/h e descarga livre","t",2.59]
[5914351,"Carga, manobra e descarga de agregados ou solos em caminhão basculante de 14 m³ - carga com carregadeira de 3,40 m³ e descarga livre","t",2.42]
[5914645,"Carga, manobra e descarga de agregados ou solos em caminhão basculante de 6 m³ - carga com carregadeira de 1,72 m³ (exclusa) e descarga em distribuidor autopropelido","t",2.79]
[5914642,"Carga, manobra e descarga de agregados ou solos em caminhão basculante de 6 m³ - carga com carregadeira de 1,72 m³ (exclusa) e descarga em distribuidor rebocável","t",5.37]
[5914641,"Carga, manobra e descarga de agregados ou solos em caminhão basculante de 6 m³ - carga com carregadeira de 1,72 m³ (exclusa) e descarga livre","t",1.94]
[5915456,"Carga, manobra e descarga de agregados ou solos em caminhão basculante de 6 m³ - carga com carregadeira de 1,72 m³ e descarga em distribuidor autopropelido","t",3.58]
[5915454,"Carga, manobra e descarga de agregados ou solos em caminhão basculante de 6 m³ - carga com carregadeira de 1,72 m³ e descarga em distribuidor rebocável","t",6.17]
[5915399,"Carga, manobra e descarga de agregados ou solos em caminhão basculante de 6 m³ - carga com carregadeira de 1,72 m³ e descarga livre","t",2.74]
[5914353,"Carga, manobra e descarga de agregados ou solos em caminhão basculante de 6 m³ - carga com escavadeira de 1,56 m³ (exclusa) e descarga livre","t",1.46]
[5915470,"Carga, manobra e descarga de agregados ou solos em caminhão basculante de 6 m³ - carga com escavadeira de 1,56 m³ e descarga livre","t",2.15]
[5915459,"Carga, manobra e descarga de agregados ou solos em caminhão basculante de 6 m³ - carga com minicarregadeira de 0,45 m³ e descarga livre","t",7.12]
[5915476,"Carga, manobra e descarga de agregados ou solos em caminhão basculante de 6 m³ - carga manual e descarga livre","t",27.56]
[5914702,"Carga, manobra e descarga de barras de trilho de 12 m com locomotiva diesel-elétrica em vagão plataforma com capacidade de 82 t - carga e descarga com carregadeira - bitola métrica","t",13.38]
[5914701,"Carga, manobra e descarga de barras de trilho de 12 m com locomotiva diesel-elétrica em vagão plataforma com capacidade de 98 t - carga e descarga com carregadeira - bitola larga","t",13.58]
[5906592,"Carga, manobra e descarga de blocos artificiais de concreto com 10 a 12 t para molhe em cavalo mecânico com semirreboque com capacidade de 30 t - carga e descarga com guindaste com pinça","un",30.26]
[5906591,"Carga, manobra e descarga de blocos artificiais de concreto com 8 a 9 t para molhe em cavalo mecânico com semirreboque com capacidade de 30 t - carga e descarga com guindaste com pinça","un",28.84]
[5914653,"Carga, manobra e descarga de blocos de rocha em caminhão basculante de 8 m³ - carga com carregadeira de 1,72 m³ (exclusa) e descarga livre","t",3.37]
[5915405,"Carga, manobra e descarga de blocos de rocha em caminhão basculante de 8 m³ - carga com carregadeira de 1,72 m³ e descarga livre","t",5.26]
[5914657,"Carga, manobra e descarga de blocos de rocha em caminhão basculante de 8 m³ - carga com retroescavadeira de 0,29 m³ e descarga livre","t",17.04]
[5914363,"Carga, manobra e descarga de cimento ou cal hidratada a granel em caminhão silo de 30 m³","t",15.85]
[5914646,"Carga, manobra e descarga de concreto asfáltico com borracha em caminhão basculante de 10 m³ - carga em usina de asfalto 100/140 t/h e descarga em vibroacabadora","t",7.98]
[5919535,"Carga, manobra e descarga de concreto com caminhão betoneira - carga em central de concreto de 30 m³/h e descarga em extrusora de barreira de concreto","t",17.86]
[5919533,"Carga, manobra e descarga de concreto com caminhão betoneira - carga em central de concreto de 30 m³/h e descarga em extrusora de meio-fio","t",60.47]
[5919534,"Carga, manobra e descarga de concreto com caminhão betoneira - carga em central de concreto de 30 m³/h e descarga em extrusora de sarjeta","t",55.19]
[5909007,"Carga, manobra e descarga de concreto com caminhão betoneira - carga em central de concreto de 30 m³/h e descarga livre","t",16.61]
[5919538,"Carga, manobra e descarga de concreto com caminhão betoneira - carga em central de concreto de 40 m³/h e descarga livre","t",13.92]
[5919540,"Carga, manobra e descarga de concreto de cimento em caminhão basculante de 7 m³ - carga em central de concreto de 150 m³/h e descarga em vibroacabadora","t",2.97]
[5914705,"Carga, manobra e descarga de dormentes de concreto de bitola larga com locomotiva diesel-elétrica e vagão plataforma com capacidade de 98 t - carga e descarga com carregadeira - bitola larga","t",19.670000000000002]
[5914706,"Carga, manobra e descarga de dormentes de concreto de bitola métrica com locomotiva diesel-elétrica e vagão plataforma com capacidade de 82 t - carga e descarga com carregadeira - bitola métrica","t",17.989999999999998]
[5914707,"Carga, manobra e descarga de dormentes de concreto de bitola mista com locomotiva diesel-elétrica e vagão plataforma com capacidade de 98 t - carga e descarga com carregadeira - bitola larga","t",17.850000000000001]
[5914677,"Carga, manobra e descarga de dormentes de madeira com locomotiva diesel-elétrica em vagão plataforma com capacidade de 82 t - carga e descarga com carregadeira - bitola métrica","t",26.83]
[5914676,"Carga, manobra e descarga de dormentes de madeira com locomotiva diesel-elétrica em vagão plataforma com capacidade de 98 t - carga e descarga com carregadeira - bitola larga","t",22.39]
[5914678,"Carga, manobra e descarga de jogo de dormentes de concreto para AMV de bitola larga ou mista, qualquer abertura, com locomotiva diesel-elétrica em vagão plataforma com capacidade de 98 t - carga e descarga com carregadeira - bitola larga","t",31.16]
[5914679,"Carga, manobra e descarga de jogo de dormentes de concreto para AMV de bitola métrica, qualquer abertura, com locomotiva diesel-elétrica em vagão plataforma com capacidade de 82 t - carga e descarga com carregadeira - bitola métrica","t",49.62]
[5914681,"Carga, manobra e descarga de jogo de dormentes de madeira para AMV bitola métrica, qualquer abertura, com locomotiva diesel-elétrica em vagão plataforma com capacidade de 82 t - carga e descarga com carregadeira - bitola métrica","t",59.2]
[5914680,"Carga, manobra e descarga de jogo de dormentes de madeira para AMV de bitola larga ou mista, qualquer abertura, com locomotiva diesel-elétrica em vagão plataforma com capacidade de 98 t - carga e descarga com carregadeira - bitola larga","t",41.22]
[5915015,"Carga, manobra e descarga de materiais diversos em caminhão carroceria com capacidade de 11 t e com guindauto de 45 t.m","t",19.809999999999999]
[5915373,"Carga, manobra e descarga de materiais diversos em caminhão carroceria com capacidade de 7 t e com guindauto de 20 t.m","t",16.72]
[5914333,"Carga, manobra e descarga de materiais diversos em caminhão carroceria de 15 t - carga e descarga com caminhão guindauto de 20 t.m","t",31.24]
[5914655,"Carga, manobra e descarga de materiais diversos em caminhão carroceria de 15 t - carga e descarga manuais","t",31.42]
[5915474,"Carga, manobra e descarga de materiais diversos em caminhão carroceria de 5 t - carga e descarga manuais","t",29.09]
[5914654,"Carga, manobra e descarga de materiais diversos em caminhão carroceria de 9 t - carga e descarga manuais","t",26.44]
[5914686,"Carga, manobra e descarga de materiais metálicos e acessórios diversos com locomotiva diesel-elétrica em vagão fechado com capacidade de 64 t - carga e descarga com carregadeira - bitola métrica","t",22.06]
[5914685,"Carga, manobra e descarga de materiais metálicos e acessórios diversos com locomotiva diesel-elétrica em vagão fechado com capacidade de 99 t - carga e descarga com carregadeira - bitola larga","t",22.2]
[5914682,"Carga, manobra e descarga de materiais metálicos para AMV de bitola larga, qualquer abertura, com locomotiva diesel-elétrica em vagão plataforma com capacidade de 98 t - carga e descarga com carregadeira - bitola larga","t",28.37]
[5914683,"Carga, manobra e descarga de materiais metálicos para AMV de bitola métrica, qualquer abertura, com locomotiva diesel-elétrica em vagão plataforma com capacidade de 82 t - carga e descarga com carregadeira - bitola métrica","t",32.549999999999997]
[5914684,"Carga, manobra e descarga de materiais metálicos para AMV de bitola mista, qualquer abertura, com locomotiva diesel-elétrica e vagão plataforma com capacidade de 98 t - carga e descarga com carregadeira","t",24.58]